{"text_format":"3","workbook":"xlsx","n_sheets":9,"sheets":["Table S1","Table S2","Table S3","Table S4","Table S5","Table S6","Table S7","Table S8","Table S9"],"not_rendered":{"defined_names":8},"read":"whole","date_system":"1900"}

{"sheet":"Table S1","index":0,"n_rows":59,"n_cols":4,"rows_kept":59,"merged":[[0,0,0,3],[2,0,2,3],[4,0,4,3],[7,0,7,3],[8,0,13,0],[16,0,20,0],[23,0,25,0],[26,0,26,3],[27,0,31,0],[32,0,36,0],[37,0,39,0],[40,0,45,0],[46,0,46,3],[49,0,52,0],[54,0,54,3],[58,0,60,3]]}
["Supplementary Table S1. STROBE-MR Checklist."]
["Item No.","Section","Checklist item","Manuscript section and paragraph"]
["Title and abstract"]
[1,"Title and abstract","Indicate mendelian randomization (MR) as the study’s design in the title and/or the abstract if that is a main purpose of the study.","PAGE 2-3"]
["Introduction"]
[2,"Background","Explain the scientific background and rationale for the reported study. What is the exposure? Is a potential causal relationship between exposure and outcome plausible? Justify why MR is a helpful method to address the study question.","PAGE 4-5"]
[3,"Objectives","State specific objectives clearly, including prespecified causal hypotheses (if any). State that MR is a method that, under specific assumptions, intends to estimate causal effects.","PAGE 5"]
["Methods"]
[4,"Study design and data sources","Present key elements of the study design early in the article. Consider including a table listing sources of data for all phases of the study. For each data source contributing to the analysis, describe the following:","PAGE 6"]
[null,"a","Setting: Describe the study design and the underlying population, if possible. Describe the setting, locations, and relevant dates, including periods of recruitment, exposure, follow-up, and data collection, when available.","PAGE 6-7"]
[null,"b","Participants: Report the eligibility criteria and the sources and methods of selection of participants. Report the sample size and whether any power or sample size calculations were carried out prior to the main analysis.","PAGE 6-7"]
[null,"c","Describe measurement, quality control, and selection of genetic variants.","PAGE 8"]
[null,"d","For each exposure, outcome, and other relevant variables, describe methods of assessment and diagnostic criteria for diseases.","PAGE 8"]
[null,"e","Provide details of ethics committee approval and participant informed consent, if relevant.","PAGE 8"]
[5,"Assumptions","Explicitly state the 3 core instrumental variable (IV) assumptions for the main analysis (relevance, independence, and exclusion restriction), as well assumptions for any additional or sensitivity analysis.","PAGE 8"]
[6,"Statistical methods: main analysis","Describe statistical methods and statistics used.","PAGE 8"]
[null,"a","Describe how quantitative variables were handled in the analyses (ie, scale, units, model).","PAGE 9-10"]
[null,"b","Describe how genetic variants were handled in the analyses and, if applicable, how their weights were selected.","PAGE 9-10"]
[null,"c","Describe the MR estimator (eg, 2-stage least squares, Wald ratio) and related statistics. Detail the included covariates and, in case of 2-sample MR, whether the same covariate set was used for adjustment in the 2 samples.","PAGE 9-10"]
[null,"d","Explain how missing data were addressed.","PAGE 9-10"]
[null,"e","If applicable, indicate how multiple testing was addressed."]
[7,"Assessment of assumptions","Describe any methods or prior knowledge used to assess the assumptions or justify their validity.","PAGE 9-10"]
[8,"Sensitivity analyses\nand additional analyses","Describe any sensitivity analyses or additional analyses performed (eg, comparison of effect estimates from different approaches, independent replication, bias analytic techniques, validation of instruments, simulations).","PAGE 9-10"]
[9,"Software and\npreregistration",null,"PAGE 9-10"]
[null,"a","Name statistical software and package(s), including version and settings used.","PAGE 9-10"]
[null,"b","State whether the study protocol and details were preregistered (as well as when and where).","PAGE 9-10"]
["Results"]
[10,"Descriptive data"]
[null,"a","Report the numbers of individuals at each stage of included studies and reasons for exclusion. Consider use of a flow diagram.","PAGE 11"]
[null,"b","Report summary statistics for phenotypic exposure(s), outcome(s), and other relevant variables (eg, means, SDs, proportions).","PAGE 11-13"]
[null,"c","If the data sources include meta-analyses of previous studies, provide the assessments of heterogeneity across these studies.","PAGE 11-13"]
[null,"d","For 2-sample MR:\ni. Provide justification of the similarity of the genetic variant–exposure associations between the exposure and outcome samples.\nii. Provide information on the number of individuals who overlap between the exposure and outcome studies.","PAGE 11-13"]
[11,"Main results"]
[null,"a","Report the associations between genetic variant and exposure and between genetic variant and outcome, preferably on an interpretable scale.","PAGE 11-13"]
[null,"b","Report MR estimates of the relationship between exposure and outcome and the measures of uncertainty from the MR analysis, on an interpretable scale, such as odds ratio or relative risk per SD difference.","PAGE 11-13"]
[null,"c","If relevant, consider translating estimates of relative risk into absolute risk for a meaningful time period.","PAGE 11-13"]
[null,"d","Consider plots to visualize results (eg, forest plot, scatterplot of associations between genetic variants and outcome vs between genetic variants and exposure).","PAGE 11-13"]
[12,"Assessment\nof assumptions"]
[null,"a","Report the assessment of the validity of the assumptions.","PAGE 11-13"]
[null,"b","Report any additional statistics (eg, assessments of heterogeneity across genetic variants, such as I2, Q statistic, or E-value).","PAGE 11-13"]
[13,"Sensitivity analyses\nand additional analyses"]
[null,"a","Report any sensitivity analyses to assess the robustness of the main results to violations of the assumptions.","PAGE 11-13"]
[null,"b","Report results from other sensitivity analyses or additional analyses.","PAGE 11-13"]
[null,"c","Report any assessment of the direction of the causal relationship (eg, bidirectional MR).","PAGE 11-13"]
[null,"d","When relevant, report and compare with estimates from non-MR analyses.","PAGE 11-13"]
[null,"e","Consider additional plots to visualize results (eg, leave-one-out analyses)."]
["Discussion"]
[14,"Key results","Summarize key results with reference to study objectives.","PAGE 14"]
[15,"Limitations","Discuss limitations of the study, taking into account the validity of the IV assumptions, other sources of potential bias, and imprecision. Discuss both direction and magnitude of any potential bias and any efforts to address them.","PAGE 16-17"]
[16,"Interpretation"]
[null,"a","Meaning: Give a cautious overall interpretation of results in the context of their limitations and in comparison with other studies.","PAGE 14-16"]
[null,"b","Mechanism: Discuss underlying biological mechanisms that could drive a potential causal relationship between the investigated exposure and the outcome, and whether the gene-environment equivalence assumption is reasonable. Use causal language carefully, clarifying that IV estimates may provide causal effects only under certain assumptions.","PAGE 14-16"]
[null,"c","Clinical relevance: Discuss whether the results have clinical or public policy relevance, and to what extent they inform effect sizes of possible interventions.","PAGE 14-16"]
[17,"Generalizability","Discuss the generalizability of the study results (a) to other populations, (b) across other exposure periods/timings, and (c) across other levels of exposure.","PAGE 17"]
["Other Information"]
[18,"Funding","Describe sources of funding and the role of funders in the present study and, if applicable, sources of funding for the databases and original study or studies on which the present study is based.","PAGE 18"]
[19,"Data and data sharing","Provide the data used to perform all analyses or report where and how the data can be accessed, and reference these sources in the article. Provide the statistical code needed to reproduce the results in the article or report whether the code is publicly accessible and, if so, where.","PAGE 18"]
[20,"Conflicts of interest","All authors should declare all potential conflicts of interest.","PAGE 18"]
["Reference:\nSkrivankova, V.W., Richmond, R.C., Woolf, B.A.R., Yarmolinsky, J., Davies, N.M., Swanson, S.A., et al. (2021). Strengthening the Reporting of Observational Studies in Epidemiology Using Mendelian Randomization: The STROBE-MR Statement. JAMA 326, 1614-1621. doi: 10.1001/jama.2021.18236 "]

{"sheet":"Table S2","index":1,"n_rows":1033,"n_cols":11,"rows_kept":1033,"merged":[[0,0,0,10],[1032,0,1033,10]]}
["Supplementary Table S2. GWAS summary data of lung function, smoking, and education at P < 5 × 10-8."]
["Phenotype","SNP","Effect allele","Other allele","MAF","Beta","SE","P-value","Samplesize","R2","F"]
["FEV1","rs11588312","T","C",{"v":0.071357,"d":"0.071"},{"v":-0.0261719,"d":"-0.026"},{"v":3.37433E-3,"d":"0.003"},{"v":8.80035111687322e-15,"d":"8.800E-15"},421986,{"$f":"2*E3*(1-E3)*F3*F3","v":9.07790999773809E-5},{"$f":"J3/(1-J3)*(I3-2)","v":{"v":38.3108055453019,"d":"38.311"}}]
["FEV1","rs761422","G","A",{"v":0.49067,"d":"0.491"},{"v":0.0118383,"d":"0.012"},{"v":0.00173246,"d":"0.002"},{"v":8.30041869715702e-12,"d":"8.300E-12"},421986,{"$f":"2*E4*(1-E4)*F4*F4","v":7.00482744484262e-05},{"$f":"J4/(1-J4)*(I4-2)","v":{"v":29.5613217644247,"d":"29.561"}}]
["FEV1","rs4655027","T","C",{"v":0.575109,"d":"0.575"},{"v":-0.0122217,"d":"-0.012"},{"v":1.75308E-3,"d":"0.002"},{"v":3.10027344199819E-12,"d":"3.100E-12"},421986,7.29996755507646e-05,{"v":30.8069439845294,"d":"30.807"}]
["FEV1","rs6690055","A","G",{"v":0.253509,"d":"0.254"},{"v":-0.0166819,"d":"-0.017"},{"v":1.98913E-3,"d":"0.002"},{"v":5.0003453497698E-17,"d":"5.000E-17"},421986,1.05326822071585E-4,{"v":44.4509155587299,"d":"44.451"}]
["FEV1","rs11576892","C","T",{"v":0.083935,"d":"0.084"},{"v":-0.0208479,"d":"-0.021"},{"v":3.12824E-3,"d":"0.003"},{"v":2.70022528688824e-11,"d":"2.700E-11"},421986,6.68380869993151E-5,{"v":28.2064885720561,"d":"28.206"}]
["FEV1","rs2885697","T","G",{"v":0.665178,"d":"0.665"},{"v":-0.0169491,"d":"-0.017"},{"v":0.00183524,"d":"0.002"},{"v":2.60015956316527e-20,"d":"2.600E-20"},421986,1.27960268588064E-4,{"v":54.0040963585403,"d":"54.004"}]
["FEV1","rs72906804","G","A",{"v":0.088639,"d":"0.089"},{"v":0.0204272,"d":"0.020"},{"v":0.00304972,"d":"0.003"},{"v":2.09990670376243E-11,"d":"2.100E-11"},421986,6.74159975895101e-05,{"v":28.4503903382583,"d":"28.450"}]
["FEV1","rs1679910","A","G",{"v":0.437215,"d":"0.437"},{"v":0.0097413,"d":"0.010"},{"v":0.001762,"d":"0.002"},{"v":3.20000015974484e-08,"d":"3.200E-08"},421986,4.66983353267357e-05,{"v":19.7068706125693,"d":"19.707"}]
["FEV1","rs10789246","C","T",{"v":0.301089,"d":"0.301"},{"v":-0.011118,"d":"-0.011"},{"v":0.00188847,"d":"0.002"},{"v":3.89995862874433e-09,"d":"3.900E-09"},421986,5.20235638625794e-05,{"v":21.9542537115067,"d":"21.954"}]
["FEV1","rs681907","C","T",{"v":0.200558,"d":"0.201"},{"v":-0.0155049,"d":"-0.016"},{"v":2.17293E-3,"d":"0.002"},{"v":9.60063590945348e-13,"d":"9.601E-13"},421986,7.70894391065078e-05,{"v":32.5330178240171,"d":"32.533"}]
["FEV1","rs6429838","G","A",{"v":0.493347,"d":"0.493"},{"v":0.0105519,"d":"0.011"},{"v":0.00173342,"d":"0.002"},{"v":1.09999319893519e-09,"d":"1.100E-09"},421986,5.5661440222165e-05,{"v":23.4895446525956,"d":"23.490"}]
["FEV1","rs183967755","A","G",{"v":0.016158,"d":"0.016"},{"v":0.0469685,"d":"0.047"},{"v":0.00687981,"d":"0.007"},{"v":8.69961433065269e-12,"d":"8.700E-12"},421986,7.01384782939526e-05,{"v":29.5993916806862,"d":"29.599"}]
["FEV1","rs10911335","C","T",{"v":0.21106,"d":"0.211"},{"v":0.0160149,"d":"0.016"},{"v":0.00212544,"d":"0.002"},{"v":4.90004422793237e-14,"d":"4.900E-14"},421986,8.54138636940176e-05,{"v":36.046362716168,"d":"36.046"}]
["FEV1","rs35418511","C","G",{"v":0.087779,"d":"0.088"},{"v":-0.0174776,"d":"-0.017"},{"v":0.00318956,"d":"0.003"},{"v":4.3000152915127e-08,"d":"4.300E-08"},421986,4.89197559482493e-05,{"v":20.644364211325,"d":"20.644"}]
["FEV1","rs61821293","G","T",{"v":0.218739,"d":"0.219"},{"v":0.0125044,"d":"0.013"},{"v":0.00209657,"d":"0.002"},{"v":2.49999995007974e-09,"d":"2.500E-09"},421986,5.34414309991088e-05,{"v":22.5526340637651,"d":"22.553"}]
["FEV1","rs6671370","A","G",{"v":0.287459,"d":"0.287"},{"v":0.0183728,"d":"0.018"},{"v":0.0019151,"d":"0.002"},{"v":8.49962959449622e-22,"d":"8.500E-22"},421986,1.38282257209997E-4,{"v":58.3609703132111,"d":"58.361"}]
["FEV1","rs28514522","A","G",{"v":0.093681,"d":"0.094"},{"v":0.0171552,"d":"0.017"},{"v":0.00297447,"d":"0.003"},{"v":8.00000023961727e-09,"d":"8.000E-09"},421986,4.99751572507076e-05,{"v":21.0897707218908,"d":"21.090"}]
["FEV1","rs149850621","A","G",{"v":0.433712,"d":"0.434"},{"v":-0.0097514,"d":"-0.010"},{"v":0.00177602,"d":"0.002"},{"v":4.00000007987242e-08,"d":"4.000E-08"},421986,4.67092329832448e-05,{"v":19.7114696788312,"d":"19.711"}]
["FEV1","rs1390403","A","C",{"v":0.808334,"d":"0.808"},{"v":0.0149666,"d":"0.015"},{"v":0.00220795,"d":"0.002"},{"v":1.20005182020427e-11,"d":"1.200E-11"},421986,6.94084306580781e-05,{"v":29.2912802646136,"d":"29.291"}]
["FEV1","rs1867264","T","A",{"v":0.384943,"d":"0.385"},{"v":-0.0107832,"d":"-0.011"},{"v":1.78929E-3,"d":"0.002"},{"v":1.70000422215636e-09,"d":"1.700E-09"},421986,5.50601142816947e-05,{"v":23.2357666290127,"d":"23.236"}]
["FEV1","rs2544535","C","T",{"v":0.513332,"d":"0.513"},{"v":0.0135193,"d":"0.014"},{"v":1.7354E-3,"d":"0.002"},{"v":6.70038873807757e-15,"d":"6.700E-15"},421986,9.13207638289917e-05,{"v":38.5394206529448,"d":"38.539"}]
["FEV1","rs62126408","C","T",{"v":0.143096,"d":"0.143"},{"v":0.021851,"d":"0.022"},{"v":0.00247954,"d":"0.002"},{"v":1.20005182020427E-18,"d":"1.200E-18"},421986,1.17093366883408E-4,{"v":49.4173137705796,"d":"49.417"}]
["FEV1","rs7558918","G","T",{"v":0.447756,"d":"0.448"},{"v":0.0172521,"d":"0.017"},{"v":0.00174429,"d":"0.002"},{"v":4.60044666393479e-23,"d":"4.600E-23"},421986,0.000147192726362355,{"v":62.1221193654089,"d":"62.122"}]
["FEV1","rs11694842","G","A",{"v":0.336566,"d":"0.337"},{"v":-0.0108635,"d":"-0.011"},{"v":0.00183761,"d":"0.002"},{"v":3.4000084782586e-09,"d":"3.400E-09"},421986,5.27032623531681E-5,{"v":22.2411056396648,"d":"22.241"}]
["FEV1","rs9295","A","G",{"v":0.295687,"d":"0.296"},{"v":0.0117931,"d":"0.012"},{"v":0.00190411,"d":"0.002"},{"v":5.89997267139772e-10,"d":"5.900E-10"},421986,5.79273809792533e-05,{"v":24.4458440188691,"d":"24.446"}]
["FEV1","rs10490551","A","T",{"v":0.276305,"d":"0.276"},{"v":0.013707,"d":"0.014"},{"v":0.00193897,"d":"0.002"},{"v":1.5999263828686E-12,"d":"1.600E-12"},421986,7.51379145854287e-05,{"v":31.709380325128,"d":"31.709"}]
["FEV1","rs3791679","G","A",{"v":0.227266,"d":"0.227"},{"v":-0.0318929,"d":"-0.032"},{"v":0.00206608,"d":"0.002"},{"v":9.30036514753958e-54,"d":"9.300E-54"},421986,0.000357258448312451,{"v":150.811227637855,"d":"150.811"}]
["FEV1","rs71427097","T","C",{"v":0.029368,"d":"0.029"},{"v":-0.0295611,"d":"-0.030"},{"v":0.00523086,"d":"0.005"},{"v":1.60000006389793e-08,"d":"1.600E-08"},421986,4.98195904989658e-05,{"v":21.0241174900395,"d":"21.024"}]
["FEV1","rs56332326","C","T",{"v":0.135028,"d":"0.135"},{"v":-0.0157077,"d":"-0.016"},{"v":0.00253804,"d":"0.003"},{"v":6.10000231740111e-10,"d":"6.100E-10"},421986,5.76343070768942e-05,{"v":24.3221572282146,"d":"24.322"}]
["FEV1","rs10167980","G","A",{"v":0.734288,"d":"0.734"},{"v":-0.0111231,"d":"-0.011"},{"v":1.96218E-3,"d":"0.002"},{"v":1.40000633223953E-8,"d":"1.400E-08"},421986,4.8279112523256e-05,{"v":20.3739966574909,"d":"20.374"}]
["FEV1","rs2680880","T","A",{"v":0.619688,"d":"0.620"},{"v":-0.0127528,"d":"-0.013"},{"v":1.79411E-3,"d":"0.002"},{"v":1.20005182020427e-12,"d":"1.200E-12"},421986,7.66574217653759e-05,{"v":32.3506853863744,"d":"32.351"}]
["FEV1","rs72904209","C","T",{"v":0.13427,"d":"0.134"},{"v":-0.0221176,"d":"-0.022"},{"v":2.54798E-3,"d":"0.003"},{"v":3.90031784475066e-18,"d":"3.900E-18"},421986,1.13728012868355E-4,{"v":47.9968603697935,"d":"47.997"}]
["FEV1","rs13429514","A","G",{"v":0.23795,"d":"0.238"},{"v":0.0136376,"d":"0.014"},{"v":0.00203576,"d":"0.002"},{"v":2.09990670376243E-11,"d":"2.100E-11"},421986,6.74489306258274e-05,{"v":28.464289427092,"d":"28.464"}]
["FEV1","rs17221848","A","G",{"v":0.200049,"d":"0.200"},{"v":-0.0126077,"d":"-0.013"},{"v":0.00217218,"d":"0.002"},{"v":6.49994976198144e-09,"d":"6.500E-09"},421986,5.08746575105407e-05,{"v":21.4693837224718,"d":"21.469"}]
["FEV1","rs17400325","C","T",{"v":0.041599,"d":"0.042"},{"v":0.0308028,"d":"0.031"},{"v":0.00433779,"d":"0.004"},{"v":1.20005182020427e-12,"d":"1.200E-12"},421986,7.56555053658999e-05,{"v":31.9278282923086,"d":"31.928"}]
["FEV1","rs2678408","C","T",{"v":0.46299,"d":"0.463"},{"v":-0.0133678,"d":"-0.013"},{"v":1.74456E-3,"d":"0.002"},{"v":1.80011396041801E-14,"d":"1.800E-14"},421986,8.88594985767188e-05,{"v":37.5006189335928,"d":"37.501"}]
["FEV1","rs6729308","A","G",{"v":0.438991,"d":"0.439"},{"v":-0.0150416,"d":"-0.015"},{"v":0.00175349,"d":"0.002"},{"v":9.60063590945344e-18,"d":"9.601E-18"},421986,1.11440617904112E-4,{"v":47.0313989138045,"d":"47.031"}]
["FEV1","rs183587141","T","C",{"v":0.016314,"d":"0.016"},{"v":-0.0543397,"d":"-0.054"},{"v":0.00697435,"d":"0.007"},{"v":6.59933234263564e-15,"d":"6.599E-15"},421986,9.47722992242886e-05,{"v":39.9961844462224,"d":"39.996"}]
["FEV1","rs35945722","A","G",{"v":0.188457,"d":"0.188"},{"v":0.0178664,"d":"0.018"},{"v":0.00222614,"d":"0.002"},{"v":1e-15,"d":"1.000E-15"},421986,9.76400315297072e-05,{"v":41.2065544743101,"d":"41.207"}]
["FEV1","rs4413161","A","T",{"v":0.715755,"d":"0.716"},{"v":-0.0105207,"d":"-0.011"},{"v":1.92117E-3,"d":"0.002"},{"v":4.3000152915127e-08,"d":"4.300E-08"},421986,4.50377300755902e-05,{"v":19.0060574779043,"d":"19.006"}]
["FEV1","rs876531","T","C",{"v":0.455993,"d":"0.456"},{"v":-0.016464,"d":"-0.016"},{"v":0.00174605,"d":"0.002"},{"v":4.10015240506613e-21,"d":"4.100E-21"},421986,0.000134481756941343,{"v":56.756782472961,"d":"56.757"}]
["FEV1","rs9310389","T","C",{"v":0.5454,"d":"0.545"},{"v":0.0100077,"d":"0.010"},{"v":1.74847E-3,"d":"0.002"},{"v":1E-8,"d":"1.000E-08"},421986,4.96641625633076E-5,{"v":20.9585228626013,"d":"20.959"}]
["FEV1","rs7638143","A","G",{"v":0.582086,"d":"0.582"},{"v":-0.014996,"d":"-0.015"},{"v":0.0017596,"d":"0.002"},{"v":1.5999263828686e-17,"d":"1.600E-17"},421986,1.09409474802915E-4,{"v":46.1740996992311,"d":"46.174"}]
["FEV1","rs13433809","G","A",{"v":0.439229,"d":"0.439"},{"v":-0.0128272,"d":"-0.013"},{"v":0.00174729,"d":"0.002"},{"v":2.09990670376243E-13,"d":"2.100E-13"},421986,8.10532215364504e-05,{"v":34.2059351380761,"d":"34.206"}]
["FEV1","rs6790568","T","C",{"v":0.174664,"d":"0.175"},{"v":-0.0147262,"d":"-0.015"},{"v":0.00228448,"d":"0.002"},{"v":1.09999319893519e-10,"d":"1.100E-10"},421986,6.25238302239377e-05,{"v":26.3857057086022,"d":"26.386"}]
["FEV1","rs9864975","G","A",{"v":0.24399,"d":"0.244"},{"v":0.0167741,"d":"0.017"},{"v":0.00202079,"d":"0.002"},{"v":1e-16,"d":"1.000E-16"},421986,1.03802549008386E-4,{"v":43.8075621773747,"d":"43.808"}]
["FEV1","rs7630228","C","T",{"v":0.434209,"d":"0.434"},{"v":0.0139094,"d":"0.014"},{"v":1.76048E-3,"d":"0.002"},{"v":2.80027059501064e-15,"d":"2.800E-15"},421986,9.50608393467462e-05,{"v":40.1179668785017,"d":"40.118"}]
["FEV1","rs75216331","A","G",{"v":0.237224,"d":"0.237"},{"v":-0.0124016,"d":"-0.012"},{"v":0.00204074,"d":"0.002"},{"v":1.19999655704811E-9,"d":"1.200E-09"},421986,5.56597279475049e-05,{"v":23.4888220196433,"d":"23.489"}]
["FEV1","rs1829935","G","A",{"v":0.250856,"d":"0.251"},{"v":-0.0184902,"d":"-0.018"},{"v":0.00200267,"d":"0.002"},{"v":2.60015956316527e-20,"d":"2.600E-20"},421986,0.000128499965685058,{"v":54.2318983167161,"d":"54.232"}]
["FEV1","rs11707746","C","T",{"v":0.286941,"d":"0.287"},{"v":-0.0118845,"d":"-0.012"},{"v":0.00192893,"d":"0.002"},{"v":7.19995861275188E-10,"d":"7.200E-10"},421986,5.77976124903816e-05,{"v":24.3910774551842,"d":"24.391"}]
["FEV1","rs6762578","A","G",{"v":0.77845,"d":"0.778"},{"v":0.017359,"d":"0.017"},{"v":0.00209804,"d":"0.002"},{"v":1.2998702373886e-16,"d":"1.300E-16"},421986,1.03939800598513E-4,{"v":43.8654921862738,"d":"43.865"}]
["FEV1","rs3846054","T","C",{"v":0.450793,"d":"0.451"},{"v":0.00994881,"d":"0.010"},{"v":0.00174162,"d":"0.002"},{"v":1.09999319893519E-8,"d":"1.100E-08"},421986,4.9010089661423e-05,{"v":20.6824873262442,"d":"20.682"}]
["FEV1","rs1344674","G","A",{"v":0.446057,"d":"0.446"},{"v":0.0139325,"d":"0.014"},{"v":1.7434E-3,"d":"0.002"},{"v":1.2998702373886e-15,"d":"1.300E-15"},421986,9.59275907100102e-05,{"v":40.4837919507976,"d":"40.484"}]
["FEV1","rs62275574","A","C",{"v":0.040109,"d":"0.040"},{"v":-0.0280072,"d":"-0.028"},{"v":0.00451584,"d":"0.005"},{"v":5.60002544078e-10,"d":"5.600E-10"},421986,6.0399471018511e-05,{"v":25.4891499094466,"d":"25.489"}]
["FEV1","rs73154314","C","A",{"v":0.267598,"d":"0.268"},{"v":-0.0154831,"d":"-0.015"},{"v":0.00195515,"d":"0.002"},{"v":2.39993787680988e-15,"d":"2.400E-15"},421986,9.3967617998859E-5,{"v":39.6565577458999,"d":"39.657"}]
["FEV1","rs879394","T","G",{"v":0.233436,"d":"0.233"},{"v":-0.0190885,"d":"-0.019"},{"v":0.00205722,"d":"0.002"},{"v":1.69980851320349e-20,"d":"1.700E-20"},421986,0.00013040368162288,{"v":55.0354440104679,"d":"55.035"}]
["FEV1","rs78101726","G","A",{"v":0.152397,"d":"0.152"},{"v":-0.0225814,"d":"-0.023"},{"v":2.41391E-3,"d":"0.002"},{"v":8.40040065263766e-21,"d":"8.400E-21"},421986,0.000131734833303012,{"v":55.5973159996936,"d":"55.597"}]
["FEV1","rs4894559","G","A",{"v":0.733221,"d":"0.733"},{"v":-0.0117781,"d":"-0.012"},{"v":0.00196997,"d":"0.002"},{"v":2.19998641983517e-09,"d":"2.200E-09"},421986,5.42708977271251e-05,{"v":22.9026934562174,"d":"22.903"}]
["FEV1","rs2194411","A","G",{"v":0.128337,"d":"0.128"},{"v":0.0217026,"d":"0.022"},{"v":2.62547E-3,"d":"0.003"},{"v":1.39990962656834e-16,"d":"1.400E-16"},421986,0.000105378987708809,{"v":44.4729332620015,"d":"44.473"}]
["FEV1","rs12152266","T","C",{"v":0.27447,"d":"0.274"},{"v":0.0141313,"d":"0.014"},{"v":0.00194446,"d":"0.002"},{"v":3.69998531172859e-13,"d":"3.700E-13"},421986,7.95324727723686E-5,{"v":33.5641004262785,"d":"33.564"}]
["FEV1","rs62275880","T","A",{"v":0.261262,"d":"0.261"},{"v":-0.011583,"d":"-0.012"},{"v":0.00197816,"d":"0.002"},{"v":4.7999863240391E-9,"d":"4.800E-09"},421986,5.1789151388045e-05,{"v":21.8553251280745,"d":"21.855"}]
["FEV1","rs4478172","C","A",{"v":0.261589,"d":"0.262"},{"v":-0.0134452,"d":"-0.013"},{"v":1.9792E-3,"d":"0.002"},{"v":1.10001852750622E-11,"d":"1.100E-11"},421986,6.98364515926022e-05,{"v":29.4719234034047,"d":"29.472"}]
["FEV1","rs11938781","C","T",{"v":0.165403,"d":"0.165"},{"v":-0.032099,"d":"-0.032"},{"v":0.0023426,"d":"0.002"},{"v":9.79941161095593e-43,"d":"9.799E-43"},421986,0.000284467858130144,{"v":120.075042135242,"d":"120.075"}]
["FEV1","rs12641030","G","A",{"v":0.467529,"d":"0.468"},{"v":-0.0131533,"d":"-0.013"},{"v":0.00173853,"d":"0.002"},{"v":3.90031784475066e-14,"d":"3.900E-14"},421986,8.61398202509326e-05,{"v":36.3527573287515,"d":"36.353"}]
["FEV1","rs2099930","A","G",{"v":0.34083,"d":"0.341"},{"v":0.0110552,"d":"0.011"},{"v":0.00189199,"d":"0.002"},{"v":5.09999793204996e-09,"d":"5.100E-09"},421986,5.49159437482211e-05,{"v":23.1749222793776,"d":"23.175"}]
["FEV1","rs12645165","C","T",{"v":0.364275,"d":"0.364"},{"v":0.0135283,"d":"0.014"},{"v":0.00180117,"d":"0.002"},{"v":5.90065196995665e-14,"d":"5.901E-14"},421986,{"$f":"2*E68*(1-E68)*F68*F68","v":8.47647145794465e-05},{"$f":"J68/(1-J68)*(I68-2)","v":{"v":35.7723855531444,"d":"35.772"}}]
["FEV1","rs34712979","A","G",{"v":0.254628,"d":"0.255"},{"v":-0.0287069,"d":"-0.029"},{"v":0.00198983,"d":"0.002"},{"v":3.50025754158434e-47,"d":"3.500E-47"},421986,0.000312810859674365,{"v":132.042482131176,"d":"132.042"}]
["FEV1","rs13101469","T","A",{"v":0.196758,"d":"0.197"},{"v":-0.0152995,"d":"-0.015"},{"v":0.00218825,"d":"0.002"},{"v":2.70022528688824E-12,"d":"2.700E-12"},421986,7.39883393519119e-05,{"v":31.2242056201986,"d":"31.224"}]
["FEV1","rs2292839","A","T",{"v":0.219592,"d":"0.220"},{"v":0.0118305,"d":"0.012"},{"v":0.00209518,"d":"0.002"},{"v":1.60000006389793e-08,"d":"1.600E-08"},421986,4.7970519569659e-05,{"v":20.2437628339042,"d":"20.244"}]
["FEV1","rs7663740","T","G",{"v":0.542403,"d":"0.542"},{"v":0.0285998,"d":"0.029"},{"v":0.00173867,"d":"0.002"},{"v":8.49962959449622e-61,"d":"8.500E-61"},421986,0.000406032913426455,{"v":171.408990631202,"d":"171.409"}]
["FEV1","rs28409044","A","C",{"v":0.333596,"d":"0.334"},{"v":0.0111861,"d":"0.011"},{"v":0.00184115,"d":"0.002"},{"v":1.19999655704811E-9,"d":"1.200E-09"},421986,5.56347089427936e-05,{"v":23.4782632248568,"d":"23.478"}]
["FEV1","rs7723049","G","A",{"v":0.198601,"d":"0.199"},{"v":-0.0149625,"d":"-0.015"},{"v":0.00218333,"d":"0.002"},{"v":7.1994612744084e-12,"d":"7.199E-12"},421986,7.12637299469351e-05,{"v":30.074297024509,"d":"30.074"}]
["FEV1","rs72754977","A","G",{"v":0.058687,"d":"0.059"},{"v":0.0207184,"d":"0.021"},{"v":0.00376165,"d":"0.004"},{"v":3.59997927043357E-8,"d":"3.600E-08"},421986,4.74262065934255e-05,{"v":20.0140495535689,"d":"20.014"}]
["FEV1","rs75301758","T","C",{"v":0.18351,"d":"0.184"},{"v":-0.0124621,"d":"-0.012"},{"v":0.00223767,"d":"0.002"},{"v":2.59997995670925e-08,"d":"2.600E-08"},421986,4.65396448336809E-5,{"v":19.6398995194442,"d":"19.640"}]
["FEV1","rs278064","C","T",{"v":0.376633,"d":"0.377"},{"v":-0.0107284,"d":"-0.011"},{"v":0.00179279,"d":"0.002"},{"v":2.19998641983517e-09,"d":"2.200E-09"},421986,5.40458171904335e-05,{"v":22.807702782223,"d":"22.808"}]
["FEV1","rs264770","C","T",{"v":0.671374,"d":"0.671"},{"v":0.0105473,"d":"0.011"},{"v":0.00184573,"d":"0.002"},{"v":1.09999319893519E-8,"d":"1.100E-08"},421986,4.90884176236773E-5,{"v":20.7155437157711,"d":"20.716"}]
["FEV1","rs425102","G","T",{"v":0.240797,"d":"0.241"},{"v":-0.0162187,"d":"-0.016"},{"v":0.00202529,"d":"0.002"},{"v":1.20005182020427e-15,"d":"1.200E-15"},421986,9.61769641711124e-05,{"v":40.589043779792,"d":"40.589"}]
["FEV1","rs13178887","C","T",{"v":0.386603,"d":"0.387"},{"v":-0.0103386,"d":"-0.010"},{"v":0.00177913,"d":"0.002"},{"v":6.19997588072324e-09,"d":"6.200E-09"},421986,5.06944398527101e-05,{"v":21.3933270295364,"d":"21.393"}]
["FEV1","rs75421844","C","T",{"v":0.083714,"d":"0.084"},{"v":0.02276,"d":"0.023"},{"v":3.14204E-3,"d":"0.003"},{"v":4.40047947835983e-13,"d":"4.400E-13"},421986,7.94700810373544e-05,{"v":33.5377679256018,"d":"33.538"}]
["FEV1","rs56318219","A","G",{"v":0.263367,"d":"0.263"},{"v":0.0125434,"d":"0.013"},{"v":0.00200752,"d":"0.002"},{"v":4.20000686246632e-10,"d":"4.200E-10"},421986,6.10482285907224e-05,{"v":25.7629484759951,"d":"25.763"}]
["FEV1","rs4836528","C","T",{"v":0.409166,"d":"0.409"},{"v":-0.0153205,"d":"-0.015"},{"v":1.78134E-3,"d":"0.002"},{"v":7.89950721335818e-18,"d":"7.900E-18"},421986,1.13485634889985E-4,{"v":47.8945574976808,"d":"47.895"}]
["FEV1","rs56353224","C","T",{"v":0.371209,"d":"0.371"},{"v":-0.0104971,"d":"-0.010"},{"v":0.00183397,"d":"0.002"},{"v":1E-8,"d":"1.000E-08"},421986,5.14391139067649E-5,{"v":21.707599662524,"d":"21.708"}]
["FEV1","rs7733410","A","G",{"v":0.442953,"d":"0.443"},{"v":0.0202565,"d":"0.020"},{"v":0.00174619,"d":"0.002"},{"v":4.10015240506613E-31,"d":"4.100E-31"},421986,0.00020249220026295,{"v":85.465774788545,"d":"85.466"}]
["FEV1","rs1011400","C","G",{"v":0.465882,"d":"0.466"},{"v":-0.0112119,"d":"-0.011"},{"v":0.00174107,"d":"0.002"},{"v":1.19999655704811e-10,"d":"1.200E-10"},421986,6.256069606905e-05,{"v":26.4012644514832,"d":"26.401"}]
["FEV1","rs11134789","A","C",{"v":0.341728,"d":"0.342"},{"v":-0.01435,"d":"-0.014"},{"v":1.82876E-3,"d":"0.002"},{"v":4.30031233630544e-15,"d":"4.300E-15"},421986,9.26445220486195e-05,{"v":39.0981282195666,"d":"39.098"}]
["FEV1","rs72643433","A","G",{"v":0.252489,"d":"0.252"},{"v":-0.0172939,"d":"-0.017"},{"v":0.00200221,"d":"0.002"},{"v":5.79962615819643e-18,"d":"5.800E-18"},421986,0.000112895318367121,{"v":47.6453969680906,"d":"47.645"}]
["FEV1","rs75831829","T","C",{"v":0.234053,"d":"0.234"},{"v":-0.0146225,"d":"-0.015"},{"v":0.0020589,"d":"0.002"},{"v":1.20005182020427e-12,"d":"1.200E-12"},421986,7.66630665761357e-05,{"v":32.3530677714526,"d":"32.353"}]
["FEV1","rs1966265","A","G",{"v":0.245129,"d":"0.245"},{"v":0.0135248,"d":"0.014"},{"v":0.00201382,"d":"0.002"},{"v":1.90020300257723e-11,"d":"1.900E-11"},421986,6.76953961079924e-05,{"v":28.5683079741595,"d":"28.568"}]
["FEV1","rs879098","G","A",{"v":0.39884,"d":"0.399"},{"v":-0.0113983,"d":"-0.011"},{"v":1.77623E-3,"d":"0.002"},{"v":1.40000633223953E-10,"d":"1.400E-10"},421986,6.23015634864502e-05,{"v":26.2919009928051,"d":"26.292"}]
["FEV1","rs9379084","A","G",{"v":0.115664,"d":"0.116"},{"v":-0.0172744,"d":"-0.017"},{"v":0.00279331,"d":"0.003"},{"v":6.19997588072324e-10,"d":"6.200E-10"},421986,6.10451902292778e-05,{"v":25.7616661795241,"d":"25.762"}]
["FEV1","rs196038","A","C",{"v":0.631193,"d":"0.631"},{"v":0.0163001,"d":"0.016"},{"v":0.00180593,"d":"0.002"},{"v":1.800113960418e-19,"d":"1.800E-19"},421986,0.000123700616050549,{"v":52.2061386949931,"d":"52.206"}]
["FEV1","rs853678","A","T",{"v":0.163236,"d":"0.163"},{"v":-0.0214029,"d":"-0.021"},{"v":0.00234368,"d":"0.002"},{"v":6.70038873807757e-20,"d":"6.700E-20"},421986,0.000125139429806905,{"v":52.8134461921796,"d":"52.813"}]
["FEV1","rs4959021","C","T",{"v":0.814313,"d":"0.814"},{"v":-0.0277285,"d":"-0.028"},{"v":0.00234216,"d":"0.002"},{"v":2.49976970217851e-32,"d":"2.500E-32"},421986,2.32517484963967E-4,{"v":98.1414779846663,"d":"98.141"}]
["FEV1","rs1187115","A","C",{"v":0.830007,"d":"0.830"},{"v":-0.0284605,"d":"-0.028"},{"v":2.30876E-3,"d":"0.002"},{"v":6.49980009683024e-35,"d":"6.500E-35"},421986,2.28574532522613E-4,{"v":96.4768476823807,"d":"96.477"}]
["FEV1","rs2076170","G","T",{"v":0.580701,"d":"0.581"},{"v":0.018811,"d":"0.019"},{"v":0.00176281,"d":"0.002"},{"v":1.39990962656834e-26,"d":"1.400E-26"},421986,0.000172317808636361,{"v":72.7278904703186,"d":"72.728"}]
["FEV1","rs76010139","A","G",{"v":0.031028,"d":"0.031"},{"v":0.0366433,"d":"0.037"},{"v":5.07888E-3,"d":"0.005"},{"v":5.40007759066593e-13,"d":"5.400E-13"},421986,8.07391480367304e-05,{"v":34.0733797007794,"d":"34.073"}]
["FEV1","rs6902142","G","A",{"v":0.181862,"d":"0.182"},{"v":-0.0132249,"d":"-0.013"},{"v":2.26845E-3,"d":"0.002"},{"v":5.49996593976403e-09,"d":"5.500E-09"},421986,5.20455157906042e-05,{"v":21.9635180380072,"d":"21.964"}]
["FEV1","rs2806356","C","T",{"v":0.185674,"d":"0.186"},{"v":-0.019879,"d":"-0.020"},{"v":0.00222854,"d":"0.002"},{"v":4.70002318179802e-19,"d":"4.700E-19"},421986,1.19500152068962E-4,{"v":50.4331789432221,"d":"50.433"}]
["FEV1","rs7753558","A","C",{"v":0.63408,"d":"0.634"},{"v":0.00987335,"d":"0.010"},{"v":0.00181129,"d":"0.002"},{"v":4.99999995007974e-08,"d":"5.000E-08"},421986,4.52365278502319e-05,{"v":19.0899545316121,"d":"19.090"}]
["FEV1","rs1155938","A","C",{"v":0.493871,"d":"0.494"},{"v":0.0191536,"d":"0.019"},{"v":0.0017344,"d":"0.002"},{"v":2.39993787680987e-28,"d":"2.400E-28"},421986,0.000183402634522083,{"v":77.4071740058101,"d":"77.407"}]
["FEV1","rs2571570","A","G",{"v":0.702751,"d":"0.703"},{"v":0.0120254,"d":"0.012"},{"v":0.00190174,"d":"0.002"},{"v":2.59997995670925E-10,"d":"2.600E-10"},421986,6.04158559186919e-05,{"v":25.4960649105774,"d":"25.496"}]
["FEV1","rs1415701","A","G",{"v":0.267657,"d":"0.268"},{"v":-0.0233013,"d":"-0.023"},{"v":0.00198294,"d":"0.002"},{"v":7.00003159130895e-32,"d":"7.000E-32"},421986,0.000212854795530095,{"v":89.840441005672,"d":"89.840"}]
["FEV1","rs56795193","C","T",{"v":0.202824,"d":"0.203"},{"v":0.0136377,"d":"0.014"},{"v":0.00219095,"d":"0.002"},{"v":4.7999863240391E-10,"d":"4.800E-10"},421986,6.01431014068293e-05,{"v":25.3809529932892,"d":"25.381"}]
["FEV1","rs225646","A","G",{"v":0.757234,"d":"0.757"},{"v":0.0167576,"d":"0.017"},{"v":0.0020231,"d":"0.002"},{"v":1.20005182020427e-16,"d":"1.200E-16"},421986,1.03245612092437E-4,{"v":43.5724950421362,"d":"43.572"}]
["FEV1","rs9322332","A","C",{"v":0.45633,"d":"0.456"},{"v":0.013407,"d":"0.013"},{"v":0.00174017,"d":"0.002"},{"v":1.2998702373886E-14,"d":"1.300E-14"},421986,8.9188242197488e-05,{"v":37.6393681845506,"d":"37.639"}]
["FEV1","rs262827","T","A",{"v":0.336148,"d":"0.336"},{"v":0.0142653,"d":"0.014"},{"v":0.00183602,"d":"0.002"},{"v":7.89950721335818e-15,"d":"7.900E-15"},421986,9.08225338263057e-05,{"v":38.3291372635254,"d":"38.329"}]
["FEV1","rs3253","T","C",{"v":0.314156,"d":"0.314"},{"v":0.0110971,"d":"0.011"},{"v":0.00186964,"d":"0.002"},{"v":2.90001336905407e-09,"d":"2.900E-09"},421986,5.3066408664527e-05,{"v":22.394363782352,"d":"22.394"}]
["FEV1","rs11559147","G","C",{"v":0.709183,"d":"0.709"},{"v":0.0122536,"d":"0.012"},{"v":0.00192261,"d":"0.002"},{"v":1.79998961724559E-10,"d":"1.800E-10"},421986,6.19349085803197e-05,{"v":26.1371592649273,"d":"26.137"}]
["FEV1","rs2971040","C","T",{"v":0.518228,"d":"0.518"},{"v":0.00967267,"d":"0.010"},{"v":0.00173783,"d":"0.002"},{"v":2.59997995670925e-08,"d":"2.600E-08"},421986,4.67180996141278e-05,{"v":19.7152116047878,"d":"19.715"}]
["FEV1","rs76226639","T","G",{"v":0.080255,"d":"0.080"},{"v":-0.0193954,"d":"-0.019"},{"v":0.0032029,"d":"0.003"},{"v":1.40000633223953e-09,"d":"1.400E-09"},421986,5.55350301085755E-5,{"v":23.4361956751696,"d":"23.436"}]
["FEV1","rs2717329","A","G",{"v":0.294673,"d":"0.295"},{"v":0.0160165,"d":"0.016"},{"v":0.00193769,"d":"0.002"},{"v":1.39990962656834e-16,"d":"1.400E-16"},421986,1.06634094490843E-4,{"v":45.002680549714,"d":"45.003"}]
["FEV1","rs13229167","A","G",{"v":0.271146,"d":"0.271"},{"v":-0.018447,"d":"-0.018"},{"v":1.95743E-3,"d":"0.002"},{"v":4.30031233630546e-21,"d":"4.300E-21"},421986,0.00013450091374651,{"v":56.764868513091,"d":"56.765"}]
["FEV1","rs6462426","C","T",{"v":0.945001,"d":"0.945"},{"v":-0.020934,"d":"-0.021"},{"v":0.00380918,"d":"0.004"},{"v":3.89995862874433e-08,"d":"3.900E-08"},421986,4.55534733517299e-05,{"v":19.2237126057363,"d":"19.224"}]
["FEV1","rs7778674","G","A",{"v":0.421388,"d":"0.421"},{"v":0.013351,"d":"0.013"},{"v":0.00175562,"d":"0.002"},{"v":2.90001336905407E-14,"d":"2.900E-14"},421986,8.69214950824588e-05,{"v":36.6826686932827,"d":"36.683"}]
["FEV1","rs17855988","C","G",{"v":0.098792,"d":"0.099"},{"v":0.0162076,"d":"0.016"},{"v":0.00295592,"d":"0.003"},{"v":4.20000686246631e-08,"d":"4.200E-08"},421986,4.67750468631742e-05,{"v":19.7392446796046,"d":"19.739"}]
["FEV1","rs6965423","C","T",{"v":0.50901,"d":"0.509"},{"v":-0.0102531,"d":"-0.010"},{"v":0.00173955,"d":"0.002"},{"v":3.79996853036855e-09,"d":"3.800E-09"},421986,5.25459615169365e-05,{"v":22.1747202167581,"d":"22.175"}]
["FEV1","rs42032","A","G",{"v":0.262805,"d":"0.263"},{"v":0.0144136,"d":"0.014"},{"v":1.97796E-3,"d":"0.002"},{"v":3.19963176731835e-13,"d":"3.200E-13"},421986,8.04990826648377e-05,{"v":33.9720596188744,"d":"33.972"}]
["FEV1","rs4728358","T","C",{"v":0.687154,"d":"0.687"},{"v":-0.010465,"d":"-0.010"},{"v":0.00187807,"d":"0.002"},{"v":2.49999995007974e-08,"d":"2.500E-08"},421986,4.70861461683862e-05,{"v":19.8705359316796,"d":"19.871"}]
["FEV1","rs9886260","A","G",{"v":0.722783,"d":"0.723"},{"v":-0.0128429,"d":"-0.013"},{"v":0.00194321,"d":"0.002"},{"v":3.90031784475066e-11,"d":"3.900E-11"},421986,6.60973406155798e-05,{"v":27.8938638925476,"d":"27.894"}]
["FEV1","rs12698403","A","G",{"v":0.439685,"d":"0.440"},{"v":-0.0139202,"d":"-0.014"},{"v":0.00175386,"d":"0.002"},{"v":2.09990670376243e-15,"d":"2.100E-15"},421986,9.54761382352811e-05,{"v":40.293249760961,"d":"40.293"}]
["FEV1","rs777707","A","G",{"v":0.531166,"d":"0.531"},{"v":0.012224,"d":"0.012"},{"v":0.0017418,"d":"0.002"},{"v":2.29985258668621e-12,"d":"2.300E-12"},421986,7.44228068661458e-05,{"v":31.4075711722072,"d":"31.408"}]
["FEV1","rs200784406","T","G",{"v":0.093961,"d":"0.094"},{"v":-0.0165024,"d":"-0.017"},{"v":0.00300514,"d":"0.003"},{"v":4.00000007987242e-08,"d":"4.000E-08"},421986,4.63680398876878e-05,{"v":19.567478249578,"d":"19.567"}]
["FEV1","rs76785101","T","C",{"v":0.059317,"d":"0.059"},{"v":-0.0226689,"d":"-0.023"},{"v":0.00369598,"d":"0.004"},{"v":8.60003066888856E-10,"d":"8.600E-10"},421986,5.73473511304324E-5,{"v":24.201052485679,"d":"24.201"}]
["FEV1","rs34563869","A","T",{"v":0.14379,"d":"0.144"},{"v":-0.0237821,"d":"-0.024"},{"v":0.00250582,"d":"0.003"},{"v":2.2998525866862e-21,"d":"2.300E-21"},421986,1.39264164188656E-4,{"v":58.7754343727287,"d":"58.775"}]
["FEV1","rs72666766","G","A",{"v":0.181385,"d":"0.181"},{"v":-0.0134569,"d":"-0.013"},{"v":0.00225303,"d":"0.002"},{"v":2.3000114603619e-09,"d":"2.300E-09"},421986,5.37775624766208e-05,{"v":22.6944913785623,"d":"22.694"}]
["FEV1","rs6473015","C","A",{"v":0.285558,"d":"0.286"},{"v":0.0116677,"d":"0.012"},{"v":1.92246E-3,"d":"0.002"},{"v":1.29998996537545E-9,"d":"1.300E-09"},421986,5.55471540475766e-05,{"v":23.4413123518008,"d":"23.441"}]
["FEV1","rs784808","C","T",{"v":0.556276,"d":"0.556"},{"v":0.00970754,"d":"0.010"},{"v":1.75016E-3,"d":"0.002"},{"v":2.90001336905407E-8,"d":"2.900E-08"},421986,4.65212757220188e-05,{"v":19.6321473268192,"d":"19.632"}]
["FEV1","rs10283100","G","A",{"v":0.944478,"d":"0.944"},{"v":0.0251031,"d":"0.025"},{"v":0.00379228,"d":"0.004"},{"v":3.59997927043357e-11,"d":"3.600E-11"},421986,6.6090898474265e-05,{"v":27.8911450526003,"d":"27.891"}]
["FEV1","rs7004355","C","T",{"v":0.463259,"d":"0.463"},{"v":-0.0158221,"d":"-0.016"},{"v":1.74121E-3,"d":"0.002"},{"v":1e-19,"d":"1.000E-19"},421986,0.00012449355884083,{"v":52.5408309289156,"d":"52.541"}]
["FEV1","rs10107584","T","C",{"v":0.611245,"d":"0.611"},{"v":0.00982184,"d":"0.010"},{"v":1.79714E-3,"d":"0.002"},{"v":4.60002296665068e-08,"d":"4.600E-08"},421986,{"$f":"2*E132*(1-E132)*F132*F132","v":4.58465872768961e-05},{"$f":"J132/(1-J132)*(I132-2)","v":{"v":19.3474132983261,"d":"19.347"}}]
["FEV1","rs11166592","T","G",{"v":0.577472,"d":"0.577"},{"v":0.0125753,"d":"0.013"},{"v":0.00176215,"d":"0.002"},{"v":9.60063590945348e-13,"d":"9.601E-13"},421986,7.71708226681496e-05,{"v":32.5673656831983,"d":"32.567"}]
["FEV1","rs1983753","A","G",{"v":0.851273,"d":"0.851"},{"v":0.0197842,"d":"0.020"},{"v":2.45174E-3,"d":"0.002"},{"v":7.10068096254533e-16,"d":"7.101E-16"},421986,9.91118676148653e-05,{"v":41.8277679717932,"d":"41.828"}]
["FEV1","rs72718111","C","A",{"v":0.25821,"d":"0.258"},{"v":0.0124661,"d":"0.012"},{"v":0.00200909,"d":"0.002"},{"v":5.49996593976403e-10,"d":"5.500E-10"},421986,5.95312827275407e-05,{"v":25.1227443996983,"d":"25.123"}]
["FEV1","rs10965947","T","C",{"v":0.458692,"d":"0.459"},{"v":0.0129574,"d":"0.013"},{"v":0.00174086,"d":"0.002"},{"v":9.79941161095592e-14,"d":"9.799E-14"},421986,8.33741345031673e-05,{"v":35.1854843334879,"d":"35.185"}]
["FEV1","rs3814115","C","T",{"v":0.319922,"d":"0.320"},{"v":0.0105084,"d":"0.011"},{"v":1.85925E-3,"d":"0.002"},{"v":1.60000006389793e-08,"d":"1.600E-08"},421986,4.8051397093456e-05,{"v":20.2778951322762,"d":"20.278"}]
["FEV1","rs10797116","C","T",{"v":0.542079,"d":"0.542"},{"v":-0.0126837,"d":"-0.013"},{"v":1.74658E-3,"d":"0.002"},{"v":3.80014352941586e-13,"d":"3.800E-13"},421986,7.98684142926156e-05,{"v":33.7058849724402,"d":"33.706"}]
["FEV1","rs7854962","G","C",{"v":0.212959,"d":"0.213"},{"v":-0.0158986,"d":"-0.016"},{"v":2.13883E-3,"d":"0.002"},{"v":1.10001852750622E-13,"d":"1.100E-13"},421986,8.47307629973711e-05,{"v":35.7580561000593,"d":"35.758"}]
["FEV1","rs28427480","C","A",{"v":0.093765,"d":"0.094"},{"v":0.0231464,"d":"0.023"},{"v":2.98781E-3,"d":"0.003"},{"v":9.39939714766782e-15,"d":"9.399E-15"},421986,9.10496944860883e-05,{"v":38.4250128636993,"d":"38.425"}]
["FEV1","rs1516890","A","G",{"v":0.469749,"d":"0.470"},{"v":-0.0130475,"d":"-0.013"},{"v":0.00174914,"d":"0.002"},{"v":8.69961433065269e-14,"d":"8.700E-14"},421986,8.4807052067357e-05,{"v":35.7902543255537,"d":"35.790"}]
["FEV1","rs803906","C","G",{"v":0.534522,"d":"0.535"},{"v":-0.0156185,"d":"-0.016"},{"v":1.73862E-3,"d":"0.002"},{"v":2.60015956316527e-19,"d":"2.600E-19"},421986,0.000121387336975164,{"v":51.2297326469476,"d":"51.230"}]
["FEV1","rs28446901","G","C",{"v":0.15458,"d":"0.155"},{"v":-0.0138545,"d":"-0.014"},{"v":0.00241368,"d":"0.002"},{"v":9.49992113622595e-09,"d":"9.500E-09"},421986,5.01692409481489e-05,{"v":21.1716791393357,"d":"21.172"}]
["FEV1","rs12684650","T","C",{"v":0.316579,"d":"0.317"},{"v":-0.0165789,"d":"-0.017"},{"v":0.0018661,"d":"0.002"},{"v":6.40029512108372e-19,"d":"6.400E-19"},421986,0.000118935592968517,{"v":50.1948872219023,"d":"50.195"}]
["FEV1","rs2001546","T","A",{"v":0.514483,"d":"0.514"},{"v":0.0201608,"d":"0.020"},{"v":0.00173757,"d":"0.002"},{"v":4.00036851046125e-31,"d":"4.000E-31"},421986,2.03058413323797E-4,{"v":85.7048045696592,"d":"85.705"}]
["FEV1","rs663378","A","G",{"v":0.833573,"d":"0.834"},{"v":-0.0159719,"d":"-0.016"},{"v":0.00235108,"d":"0.002"},{"v":1.10001852750622E-11,"d":"1.100E-11"},421986,7.07800042331262e-05,{"v":29.870143515196,"d":"29.870"}]
["FEV1","rs67326273","G","A",{"v":0.192532,"d":"0.193"},{"v":0.0133963,"d":"0.013"},{"v":0.00220699,"d":"0.002"},{"v":1.29998996537545E-9,"d":"1.300E-09"},421986,5.57991993632153E-5,{"v":23.5476832859612,"d":"23.548"}]
["FEV1","rs2808096","G","A",{"v":0.21446,"d":"0.214"},{"v":0.0124524,"d":"0.012"},{"v":0.00211416,"d":"0.002"},{"v":3.89995862874433e-09,"d":"3.900E-09"},421986,5.22457210441728E-5,{"v":22.048010263298,"d":"22.048"}]
["FEV1","rs7075773","T","C",{"v":0.410246,"d":"0.410"},{"v":-0.0128718,"d":"-0.013"},{"v":1.76867E-3,"d":"0.002"},{"v":3.40016505804071e-13,"d":"3.400E-13"},421986,8.01722020634515e-05,{"v":33.8340990697708,"d":"33.834"}]
["FEV1","rs12413039","G","C",{"v":0.267488,"d":"0.267"},{"v":0.0142023,"d":"0.014"},{"v":0.00195704,"d":"0.002"},{"v":4.00036851046125e-13,"d":"4.000E-13"},421986,7.90435445750635e-05,{"v":33.357747828591,"d":"33.358"}]
["FEV1","rs2579762","C","A",{"v":0.471399,"d":"0.471"},{"v":-0.0151761,"d":"-0.015"},{"v":0.00173678,"d":"0.002"},{"v":2.39993787680987E-18,"d":"2.400E-18"},421986,1.14780203959398E-4,{"v":48.4409696519792,"d":"48.441"}]
["FEV1","rs2450444","A","G",{"v":0.348866,"d":"0.349"},{"v":0.0134235,"d":"0.013"},{"v":1.81913E-3,"d":"0.002"},{"v":1.5999263828686e-13,"d":"1.600E-13"},421986,8.18635453243499e-05,{"v":34.5479345265544,"d":"34.548"}]
["FEV1","rs12358810","A","G",{"v":0.392273,"d":"0.392"},{"v":-0.0114193,"d":"-0.011"},{"v":1.78594E-3,"d":"0.002"},{"v":1.60000006389793E-10,"d":"1.600E-10"},421986,6.2173584888256e-05,{"v":26.2378893491266,"d":"26.238"}]
["FEV1","rs56192823","A","G",{"v":0.039576,"d":"0.040"},{"v":0.0246685,"d":"0.025"},{"v":0.00446777,"d":"0.004"},{"v":3.4000084782586e-08,"d":"3.400E-08"},421986,4.62605063433247e-05,{"v":19.5220966108556,"d":"19.522"}]
["FEV1","rs10883928","T","C",{"v":0.359436,"d":"0.359"},{"v":-0.0135899,"d":"-0.014"},{"v":1.80959E-3,"d":"0.002"},{"v":5.90065196995665e-14,"d":"5.901E-14"},421986,8.50445755037914e-05,{"v":35.8905024419367,"d":"35.891"}]
["FEV1","rs12571363","A","C",{"v":0.10664,"d":"0.107"},{"v":-0.0228143,"d":"-0.023"},{"v":0.00281378,"d":"0.003"},{"v":5.10035023959446e-16,"d":"5.100E-16"},421986,9.91724246453693e-05,{"v":41.8533271374832,"d":"41.853"}]
["FEV1","rs4320932","C","T",{"v":0.185678,"d":"0.186"},{"v":-0.0161835,"d":"-0.016"},{"v":0.00224453,"d":"0.002"},{"v":5.60015438761557e-13,"d":"5.600E-13"},421986,7.92011554569831e-05,{"v":33.4242676249758,"d":"33.424"}]
["FEV1","rs7105777","T","C",{"v":0.631869,"d":"0.632"},{"v":-0.010458,"d":"-0.010"},{"v":1.8051E-3,"d":"0.002"},{"v":6.90001444623354E-9,"d":"6.900E-09"},421986,5.08811255981753e-05,{"v":21.4721134297207,"d":"21.472"}]
["FEV1","rs75166711","A","G",{"v":0.144555,"d":"0.145"},{"v":0.0144954,"d":"0.014"},{"v":0.00248171,"d":"0.002"},{"v":5.19995996533515e-09,"d":"5.200E-09"},421986,5.19655603070232e-05,{"v":21.929774593623,"d":"21.930"}]
["FEV1","rs7124681","A","C",{"v":0.408392,"d":"0.408"},{"v":-0.0120528,"d":"-0.012"},{"v":0.00176185,"d":"0.002"},{"v":7.89950721335818e-12,"d":"7.900E-12"},421986,7.01967749876755e-05,{"v":29.623995405339,"d":"29.624"}]
["FEV1","rs681397","T","G",{"v":0.443866,"d":"0.444"},{"v":0.0105692,"d":"0.011"},{"v":0.00175094,"d":"0.002"},{"v":1.60000006389793e-09,"d":"1.600E-09"},421986,5.51500047766056e-05,{"v":23.2737031604916,"d":"23.274"}]
["FEV1","rs11231173","A","T",{"v":0.397259,"d":"0.397"},{"v":0.0114095,"d":"0.011"},{"v":1.77764E-3,"d":"0.002"},{"v":1.40000633223953E-10,"d":"1.400E-10"},421986,6.23401295407736e-05,{"v":26.3081772793134,"d":"26.308"}]
["FEV1","rs12790261","A","C",{"v":0.082405,"d":"0.082"},{"v":-0.0399934,"d":"-0.040"},{"v":0.00316131,"d":"0.003"},{"v":1.10001852750623E-36,"d":"1.100E-36"},421986,0.000241886288884258,{"v":102.096839554161,"d":"102.097"}]
["FEV1","rs7930706","A","G",{"v":0.26492,"d":"0.265"},{"v":0.0113551,"d":"0.011"},{"v":0.00197209,"d":"0.002"},{"v":8.50002102591718E-9,"d":"8.500E-09"},421986,5.02182154004254e-05,{"v":21.1923476494122,"d":"21.192"}]
["FEV1","rs3918292","T","C",{"v":0.099391,"d":"0.099"},{"v":-0.0218746,"d":"-0.022"},{"v":3.06179E-3,"d":"0.003"},{"v":8.99911910870052e-13,"d":"8.999E-13"},421986,8.56630590239178e-05,{"v":36.1515371504096,"d":"36.152"}]
["FEV1","rs56397594","C","T",{"v":0.21379,"d":"0.214"},{"v":0.0129215,"d":"0.013"},{"v":0.00211484,"d":"0.002"},{"v":1e-09,"d":"1.000E-09"},421986,5.61282898652918e-05,{"v":23.6865697571685,"d":"23.687"}]
["FEV1","rs2118022","C","T",{"v":0.360318,"d":"0.360"},{"v":-0.0101606,"d":"-0.010"},{"v":0.00181403,"d":"0.002"},{"v":2.10000341026661e-08,"d":"2.100E-08"},421986,4.75903384259144e-05,{"v":20.0833171421806,"d":"20.083"}]
["FEV1","rs541601","C","T",{"v":0.81685,"d":"0.817"},{"v":0.0137087,"d":"0.014"},{"v":0.00224025,"d":"0.002"},{"v":9.40004645744656e-10,"d":"9.400E-10"},421986,5.62304782128269e-05,{"v":23.7296964503408,"d":"23.730"}]
["FEV1","rs67551338","T","C",{"v":0.06134,"d":"0.061"},{"v":0.0236757,"d":"0.024"},{"v":0.00365713,"d":"0.004"},{"v":9.60063590945348E-11,"d":"9.601E-11"},421986,6.4548734940763e-05,{"v":27.2402916916111,"d":"27.240"}]
["FEV1","rs76895963","G","T",{"v":0.020683,"d":"0.021"},{"v":0.0570791,"d":"0.057"},{"v":0.00671974,"d":"0.007"},{"v":1.99986186963274e-17,"d":"2.000E-17"},421986,1.31983929585151E-4,{"v":55.7024583714038,"d":"55.702"}]
["FEV1","rs7132318","C","T",{"v":0.337297,"d":"0.337"},{"v":-0.0109793,"d":"-0.011"},{"v":1.84173E-3,"d":"0.002"},{"v":2.49999995007974e-09,"d":"2.500E-09"},421986,5.38903140762825e-05,{"v":22.7420758727775,"d":"22.742"}]
["FEV1","rs11049229","T","A",{"v":0.054116,"d":"0.054"},{"v":0.0213472,"d":"0.021"},{"v":0.00387585,"d":"0.004"},{"v":3.59997927043357E-8,"d":"3.600E-08"},421986,4.66525515018772E-5,{"v":19.687548767351,"d":"19.688"}]
["FEV1","rs11049381","A","G",{"v":0.564116,"d":"0.564"},{"v":0.0134548,"d":"0.013"},{"v":1.75227E-3,"d":"0.002"},{"v":1.5999263828686E-14,"d":"1.600E-14"},421986,8.9027429512621e-05,{"v":37.5714957091398,"d":"37.571"}]
["FEV1","rs10771751","A","T",{"v":0.516413,"d":"0.516"},{"v":0.0138816,"d":"0.014"},{"v":0.00173652,"d":"0.002"},{"v":1.2998702373886e-15,"d":"1.300E-15"},421986,9.62455883328355e-05,{"v":40.6180076510866,"d":"40.618"}]
["FEV1","rs138198562","C","T",{"v":0.048489,"d":"0.048"},{"v":0.022895,"d":"0.023"},{"v":4.13817E-3,"d":"0.004"},{"v":3.20000015974484e-08,"d":"3.200E-08"},421986,4.8369136285793e-05,{"v":20.4119889166979,"d":"20.412"}]
["FEV1","rs7961994","T","A",{"v":0.609755,"d":"0.610"},{"v":0.0112438,"d":"0.011"},{"v":0.00177642,"d":"0.002"},{"v":2.49999995007974e-10,"d":"2.500E-10"},421986,6.01656949162101e-05,{"v":25.3904882398912,"d":"25.390"}]
["FEV1","rs772920","G","C",{"v":0.335384,"d":"0.335"},{"v":-0.0123802,"d":"-0.012"},{"v":0.00183642,"d":"0.002"},{"v":1.5999263828686e-11,"d":"1.600E-11"},421986,6.83279591850319e-05,{"v":28.8352757842834,"d":"28.835"}]
["FEV1","rs2358947","G","C",{"v":0.861631,"d":"0.862"},{"v":-0.0141619,"d":"-0.014"},{"v":2.51614E-3,"d":"0.003"},{"v":1.79998961724559E-8,"d":"1.800E-08"},421986,4.78225974185544e-05,{"v":20.1813360729816,"d":"20.181"}]
["FEV1","rs7968682","T","G",{"v":0.517742,"d":"0.518"},{"v":-0.0239081,"d":"-0.024"},{"v":1.74147E-3,"d":"0.002"},{"v":6.79986045003327E-43,"d":"6.800E-43"},421986,0.000285438769684681,{"v":120.484984872468,"d":"120.485"}]
["FEV1","rs1240293","A","T",{"v":0.575433,"d":"0.575"},{"v":0.0106725,"d":"0.011"},{"v":0.00176471,"d":"0.002"},{"v":1.49999565138204E-9,"d":"1.500E-09"},421986,5.56548891282604e-05,{"v":23.4867798880305,"d":"23.487"}]
["FEV1","rs2645977","A","G",{"v":0.357445,"d":"0.357"},{"v":0.0100995,"d":"0.010"},{"v":0.00180964,"d":"0.002"},{"v":2.39999313805789e-08,"d":"2.400E-08"},421986,4.68542808621247e-05,{"v":19.7726832901791,"d":"19.773"}]
["FEV1","rs11107119","A","T",{"v":0.219982,"d":"0.220"},{"v":0.0209728,"d":"0.021"},{"v":2.09596E-3,"d":"0.002"},{"v":1.39990962656834E-23,"d":"1.400E-23"},421986,1.50950514403929E-4,{"v":63.708318673703,"d":"63.708"}]
["FEV1","rs3858603","A","G",{"v":0.501593,"d":"0.502"},{"v":-0.0105008,"d":"-0.011"},{"v":1.73339E-3,"d":"0.002"},{"v":1.40000633223953e-09,"d":"1.400E-09"},421986,5.51328406831272e-05,{"v":23.2664593888275,"d":"23.266"}]
["FEV1","rs11111130","A","G",{"v":0.176753,"d":"0.177"},{"v":0.0144067,"d":"0.014"},{"v":0.00227815,"d":"0.002"},{"v":2.59997995670925E-10,"d":"2.600E-10"},421986,6.04026470803273e-05,{"v":25.4904903186355,"d":"25.490"}]
["FEV1","rs2555009","G","A",{"v":0.534585,"d":"0.535"},{"v":0.00999505,"d":"0.010"},{"v":0.00173809,"d":"0.002"},{"v":8.89999986382574e-09,"d":"8.900E-09"},421986,4.97115245798346e-05,{"v":20.9785108620553,"d":"20.979"}]
["FEV1","rs35506","A","T",{"v":0.715534,"d":"0.716"},{"v":0.0131164,"d":"0.013"},{"v":1.92867E-3,"d":"0.002"},{"v":1e-11,"d":"1.000E-11"},421986,7.00357754560402e-05,{"v":29.5560466506883,"d":"29.556"}]
["FEV1","rs9988963","G","C",{"v":0.737251,"d":"0.737"},{"v":0.0109336,"d":"0.011"},{"v":0.00197337,"d":"0.002"},{"v":2.99999133271615e-08,"d":"3.000E-08"},421986,4.63140543112529E-5,{"v":19.5446950885496,"d":"19.545"}]
["FEV1","rs560805","A","T",{"v":0.67787,"d":"0.678"},{"v":-0.0103877,"d":"-0.010"},{"v":0.00185785,"d":"0.002"},{"v":2.3000114603619e-08,"d":"2.300E-08"},421986,4.71244592230626e-05,{"v":19.8867049510014,"d":"19.887"}]
["FEV1","rs2812208","C","G",{"v":0.020816,"d":"0.021"},{"v":0.0754929,"d":"0.075"},{"v":0.00608983,"d":"0.006"},{"v":2.70022528688822E-35,"d":"2.700E-35"},421986,2.32329202070872E-4,{"v":98.061988670256,"d":"98.062"}]
["FEV1","rs9535455","A","G",0.211,{"v":-0.0118005,"d":"-0.012"},{"v":0.0021458,"d":"0.002"},{"v":3.79996853036855e-08,"d":"3.800E-08"},421986,4.63650009076395e-05,{"v":19.5661957296921,"d":"19.566"}]
["FEV1","rs803765","A","C",{"v":0.346274,"d":"0.346"},{"v":-0.0115526,"d":"-0.012"},{"v":0.00182565,"d":"0.002"},{"v":2.49999995007974e-10,"d":"2.500E-10"},421986,6.04233932196364e-05,{"v":25.4992459153578,"d":"25.499"}]
["FEV1","rs7336610","T","C",{"v":0.575324,"d":"0.575"},{"v":-0.011074,"d":"-0.011"},{"v":0.00176087,"d":"0.002"},{"v":3.20000015974484E-10,"d":"3.200E-10"},421986,5.99251656739893e-05,{"v":25.2889765578826,"d":"25.289"}]
["FEV1","rs7320104","G","A",{"v":0.150307,"d":"0.150"},{"v":-0.0134523,"d":"-0.013"},{"v":2.43896E-3,"d":"0.002"},{"v":3.50001576071014e-08,"d":"3.500E-08"},421986,4.62236600760268e-05,{"v":19.5065466375031,"d":"19.507"}]
["FEV1","rs36226649","C","T",{"v":0.066506,"d":"0.067"},{"v":0.0265355,"d":"0.027"},{"v":0.00348696,"d":"0.003"},{"v":2.70022528688824E-14,"d":"2.700E-14"},421986,8.7429280661759e-05,{"v":36.8969834474931,"d":"36.897"}]
["FEV1","rs7359156","G","A",{"v":0.209384,"d":"0.209"},{"v":-0.013569,"d":"-0.014"},{"v":0.00214141,"d":"0.002"},{"v":2.39999313805789e-10,"d":"2.400E-10"},421986,6.09585701833216E-5,{"v":25.7251094461284,"d":"25.725"}]
["FEV1","rs7493429","C","A",{"v":0.304929,"d":"0.305"},{"v":0.0124504,"d":"0.012"},{"v":0.00189746,"d":"0.002"},{"v":5.30029448835795e-11,"d":"5.300E-11"},421986,{"$f":"2*E196*(1-E196)*F196*F196","v":6.57089463319527e-05},{"$f":"J196/(1-J196)*(I196-2)","v":{"v":27.7299461144838,"d":"27.730"}}]
["FEV1","rs10141786","G","A",{"v":0.596493,"d":"0.596"},{"v":-0.0121024,"d":"-0.012"},{"v":1.77709E-3,"d":"0.002"},{"v":9.70063133783958e-12,"d":"9.701E-12"},421986,7.05065437591767e-05,{"v":29.7547312649344,"d":"29.755"}]
["FEV1","rs11621587","C","G",{"v":0.183978,"d":"0.184"},{"v":0.0206492,"d":"0.021"},{"v":0.00223832,"d":"0.002"},{"v":2.80027059501063E-20,"d":"2.800E-20"},421986,0.000128027780905798,{"v":54.0325927707012,"d":"54.033"}]
["FEV1","rs12894780","C","T",{"v":0.126445,"d":"0.126"},{"v":-0.0226382,"d":"-0.023"},{"v":0.00262602,"d":"0.003"},{"v":6.70038873807757e-18,"d":"6.700E-18"},421986,1.13215449487926E-4,{"v":47.7805177295044,"d":"47.781"}]
["FEV1","rs112635299","T","G",{"v":0.02048,"d":"0.020"},{"v":0.0386522,"d":"0.039"},{"v":0.00614151,"d":"0.006"},{"v":3.09998790941119e-10,"d":"3.100E-10"},421986,5.99406836577107e-05,{"v":25.2955256837183,"d":"25.296"}]
["FEV1","rs11623570","A","C",{"v":0.232947,"d":"0.233"},{"v":-0.0117,"d":"-0.012"},{"v":2.05404E-3,"d":"0.002"},{"v":1.19999655704812E-8,"d":"1.200E-08"},421986,4.8919748289392e-05,{"v":20.6443609790935,"d":"20.644"}]
["FEV1","rs8034236","T","C",{"v":0.624791,"d":"0.625"},{"v":0.00983122,"d":"0.010"},{"v":1.79312E-3,"d":"0.002"},{"v":4.20000686246631e-08,"d":"4.200E-08"},421986,4.53161324180569e-05,{"v":19.1235494275995,"d":"19.124"}]
["FEV1","rs12917612","A","C",{"v":0.232311,"d":"0.232"},{"v":-0.012019,"d":"-0.012"},{"v":0.00205725,"d":"0.002"},{"v":5.09999793204996e-09,"d":"5.100E-09"},421986,5.15254458062511e-05,{"v":21.7440340941554,"d":"21.744"}]
["FEV1","rs10851839","A","T",{"v":0.668554,"d":"0.669"},{"v":0.0103302,"d":"0.010"},{"v":0.00184696,"d":"0.002"},{"v":2.19998641983516e-08,"d":"2.200E-08"},421986,4.72929853022601e-05,{"v":19.9578269750067,"d":"19.958"}]
["FEV1","rs2415128","C","T",{"v":0.737026,"d":"0.737"},{"v":-0.0132057,"d":"-0.013"},{"v":0.00197595,"d":"0.002"},{"v":2.29985258668621e-11,"d":"2.300E-11"},421986,6.76002762397706e-05,{"v":28.5281634804952,"d":"28.528"}]
["FEV1","rs4886778","A","C",{"v":0.494385,"d":"0.494"},{"v":0.0155869,"d":"0.016"},{"v":1.73745E-3,"d":"0.002"},{"v":2.90001336905406E-19,"d":"2.900E-19"},421986,1.21460406148939E-4,{"v":51.2605741585107,"d":"51.261"}]
["FEV1","rs4079029","T","C",{"v":0.33955,"d":"0.340"},{"v":0.0120784,"d":"0.012"},{"v":1.83566E-3,"d":"0.002"},{"v":4.70002318179801e-11,"d":"4.700E-11"},421986,6.54323459005814e-05,{"v":27.6132098496092,"d":"27.613"}]
["FEV1","rs11259936","C","A",{"v":0.52286,"d":"0.523"},{"v":0.023076,"d":"0.023"},{"v":0.00173772,"d":"0.002"},{"v":2.99985318119079e-40,"d":"3.000E-40"},421986,0.000265694338869797,{"v":112.148557130374,"d":"112.149"}]
["FEV1","rs7402983","C","A",{"v":0.601505,"d":"0.602"},{"v":-0.0113048,"d":"-0.011"},{"v":0.00179997,"d":"0.002"},{"v":3.4000084782586e-10,"d":"3.400E-10"},421986,6.12657678267612e-05,{"v":25.8547577821955,"d":"25.855"}]
["FEV1","rs72755233","A","G",{"v":0.111547,"d":"0.112"},{"v":-0.0312731,"d":"-0.031"},{"v":0.00275452,"d":"0.003"},{"v":7.1006809625453e-30,"d":"7.101E-30"},421986,0.000193849290412586,{"v":81.8171591637123,"d":"81.817"}]
["FEV1","rs4965600","A","G",{"v":0.612068,"d":"0.612"},{"v":-0.00975459,"d":"-0.010"},{"v":0.00178467,"d":"0.002"},{"v":4.60002296665068e-08,"d":"4.600E-08"},421986,4.51859394127654E-5,{"v":19.0686050899907,"d":"19.069"}]
["FEV1","rs735830","A","G",{"v":0.208865,"d":"0.209"},{"v":-0.0134849,"d":"-0.013"},{"v":0.0021364,"d":"0.002"},{"v":2.80001269243454e-10,"d":"2.800E-10"},421986,6.00954684131587e-05,{"v":25.3608502150314,"d":"25.361"}]
["FEV1","rs841217","C","T",{"v":0.542519,"d":"0.543"},{"v":-0.0102795,"d":"-0.010"},{"v":1.74789E-3,"d":"0.002"},{"v":4.09996359041765e-09,"d":"4.100E-09"},421986,5.24519926562761e-05,{"v":22.1350626972121,"d":"22.135"}]
["FEV1","rs30232","A","G",{"v":0.582657,"d":"0.583"},{"v":0.011432,"d":"0.011"},{"v":1.75946E-3,"d":"0.002"},{"v":8.19973845457475e-11,"d":"8.200E-11"},421986,6.35595083567842e-05,{"v":26.8228004184366,"d":"26.823"}]
["FEV1","rs8062719","G","A",{"v":0.635212,"d":"0.635"},{"v":0.0128509,"d":"0.013"},{"v":1.81379E-3,"d":"0.002"},{"v":1.39990962656834e-12,"d":"1.400E-12"},421986,7.65343364455499e-05,{"v":32.2987373930733,"d":"32.299"}]
["FEV1","rs3790076","T","G",{"v":0.572955,"d":"0.573"},{"v":-0.0195938,"d":"-0.020"},{"v":1.75665E-3,"d":"0.002"},{"v":6.79986045003322e-29,"d":"6.800E-29"},421986,0.000187871754965122,{"v":79.2937717072506,"d":"79.294"}]
["FEV1","rs11641308","C","T",{"v":0.654691,"d":"0.655"},{"v":-0.0107516,"d":"-0.011"},{"v":0.00184605,"d":"0.002"},{"v":5.69993627094142e-09,"d":"5.700E-09"},421986,5.22661440919687e-05,{"v":22.0566293634738,"d":"22.057"}]
["FEV1","rs2345443","G","A",{"v":0.690225,"d":"0.690"},{"v":-0.0119531,"d":"-0.012"},{"v":1.87776E-3,"d":"0.002"},{"v":1.89998424621474e-10,"d":"1.900E-10"},421986,6.1098162948369e-05,{"v":25.7840225500158,"d":"25.784"}]
["FEV1","rs78579285","T","C",{"v":0.181123,"d":"0.181"},{"v":-0.0174186,"d":"-0.017"},{"v":0.00225239,"d":"0.002"},{"v":1E-14,"d":"1.000E-14"},421986,9.00012961689401e-05,{"v":37.9825254390753,"d":"37.983"}]
["FEV1","rs4785677","G","A",{"v":0.549173,"d":"0.549"},{"v":-0.010584,"d":"-0.011"},{"v":0.00174426,"d":"0.002"},{"v":1.29998996537545E-9,"d":"1.300E-09"},421986,5.54687977737648e-05,{"v":23.4082435868941,"d":"23.408"}]
["FEV1","rs55831773","T","C",{"v":0.199579,"d":"0.200"},{"v":-0.0123999,"d":"-0.012"},{"v":0.00221625,"d":"0.002"},{"v":2.19998641983516e-08,"d":"2.200E-08"},421986,4.91246735998177e-05,{"v":20.7308446603229,"d":"20.731"}]
["FEV1","rs78378222","G","T",{"v":0.01219,"d":"0.012"},{"v":0.0537379,"d":"0.054"},{"v":0.00808453,"d":"0.008"},{"v":2.99985318119079e-11,"d":"3.000E-11"},421986,6.95454147234055e-05,{"v":29.3490933815125,"d":"29.349"}]
["FEV1","rs17182434","G","A",{"v":0.138591,"d":"0.139"},{"v":0.0150443,"d":"0.015"},{"v":0.00251576,"d":"0.003"},{"v":2.19998641983517e-09,"d":"2.200E-09"},421986,5.40403806368192e-05,{"v":22.8054083955978,"d":"22.805"}]
["FEV1","rs8069671","T","G",{"v":0.390081,"d":"0.390"},{"v":-0.0125899,"d":"-0.013"},{"v":1.77871E-3,"d":"0.002"},{"v":1.50003019045595E-12,"d":"1.500E-12"},421986,7.54226029793906e-05,{"v":31.8295323618375,"d":"31.830"}]
["FEV1","rs9894577","A","G",{"v":0.318121,"d":"0.318"},{"v":-0.0114022,"d":"-0.011"},{"v":1.86765E-3,"d":"0.002"},{"v":1e-09,"d":"1.000E-09"},421986,5.64036175481224e-05,{"v":23.802766709577,"d":"23.803"}]
["FEV1","rs77804065","T","C",{"v":0.224606,"d":"0.225"},{"v":-0.0296159,"d":"-0.030"},{"v":0.00209468,"d":"0.002"},{"v":2.19988510904924e-45,"d":"2.200E-45"},421986,0.000305508751447701,{"v":128.959203136044,"d":"128.959"}]
["FEV1","rs7211143","G","A",{"v":0.295757,"d":"0.296"},{"v":0.0106612,"d":"0.011"},{"v":1.91077E-3,"d":"0.002"},{"v":2.39999313805789e-08,"d":"2.400E-08"},421986,4.73477938611607E-5,{"v":19.9809574989648,"d":"19.981"}]
["FEV1","rs2005172","C","A",{"v":0.64023,"d":"0.640"},{"v":0.0198386,"d":"0.020"},{"v":1.83045E-3,"d":"0.002"},{"v":2.2998525866862e-27,"d":"2.300E-27"},421986,0.000181306345559422,{"v":76.5222508942107,"d":"76.522"}]
["FEV1","rs113252144","T","C",{"v":0.07642,"d":"0.076"},{"v":0.0234999,"d":"0.023"},{"v":0.00332447,"d":"0.003"},{"v":1.5999263828686E-12,"d":"1.600E-12"},421986,7.79549284357657e-05,{"v":32.8982971054347,"d":"32.898"}]
["FEV1","rs17178377","A","G",{"v":0.484564,"d":"0.485"},{"v":-0.0156306,"d":"-0.016"},{"v":1.72788E-3,"d":"0.002"},{"v":1.50003019045595e-19,"d":"1.500E-19"},421986,0.00012204140195021,{"v":51.5058048011838,"d":"51.506"}]
["FEV1","rs9912553","G","C",{"v":0.723438,"d":"0.723"},{"v":0.0199953,"d":"0.020"},{"v":0.00194048,"d":"0.002"},{"v":6.70038873807757e-25,"d":"6.700E-25"},421986,0.000159985148591115,{"v":67.5219754563497,"d":"67.522"}]
["FEV1","rs513953","G","A",{"v":0.745133,"d":"0.745"},{"v":0.0152258,"d":"0.015"},{"v":0.00199806,"d":"0.002"},{"v":2.49976970217851E-14,"d":"2.500E-14"},421986,8.80516790237853e-05,{"v":37.1596716926575,"d":"37.160"}]
["FEV1","rs60839038","C","A",{"v":0.47352,"d":"0.474"},{"v":0.0110861,"d":"0.011"},{"v":1.76794E-3,"d":"0.002"},{"v":3.59997927043357e-10,"d":"3.600E-10"},421986,6.12784517423453e-05,{"v":25.8601108475965,"d":"25.860"}]
["FEV1","rs1668091","C","T",{"v":0.31711,"d":"0.317"},{"v":0.0108304,"d":"0.011"},{"v":0.00187606,"d":"0.002"},{"v":7.79991733536343e-09,"d":"7.800E-09"},421986,5.08018677889566e-05,{"v":21.4386645012546,"d":"21.439"}]
["FEV1","rs11877758","G","T",{"v":0.3121,"d":"0.312"},{"v":-0.0117186,"d":"-0.012"},{"v":1.88255E-3,"d":"0.002"},{"v":4.7999863240391E-10,"d":"4.800E-10"},421986,5.8965846097212e-05,{"v":24.8841109121402,"d":"24.884"}]
["FEV1","rs62092156","A","G",{"v":0.095162,"d":"0.095"},{"v":0.0174257,"d":"0.017"},{"v":0.00295931,"d":"0.003"},{"v":3.89995862874433e-09,"d":"3.900E-09"},421986,5.22931560585882e-05,{"v":22.0680291731207,"d":"22.068"}]
["FEV1","rs56291455","A","C",{"v":0.384652,"d":"0.385"},{"v":-0.0115801,"d":"-0.012"},{"v":1.78991E-3,"d":"0.002"},{"v":9.79941161095592e-11,"d":"9.799E-11"},421986,6.34809479642948e-05,{"v":26.7896449778238,"d":"26.790"}]
["FEV1","rs784257","C","T",{"v":0.812414,"d":"0.812"},{"v":-0.0123644,"d":"-0.012"},{"v":0.0022371,"d":"0.002"},{"v":3.29997006285229E-8,"d":"3.300E-08"},421986,4.65965658140141e-05,{"v":19.6639214996732,"d":"19.664"}]
["FEV1","rs72976986","A","G",{"v":0.190197,"d":"0.190"},{"v":0.0135612,"d":"0.014"},{"v":0.00223359,"d":"0.002"},{"v":1.29998996537545E-9,"d":"1.300E-09"},421986,5.66512218852129e-05,{"v":23.9072635917041,"d":"23.907"}]
["FEV1","rs2602691","G","A",{"v":0.449662,"d":"0.450"},{"v":-0.00977323,"d":"-0.010"},{"v":1.75814E-3,"d":"0.002"},{"v":2.69997659840121e-08,"d":"2.700E-08"},421986,4.72739534857549e-05,{"v":19.9497950934181,"d":"19.950"}]
["FEV1","rs62621197","T","C",{"v":0.037085,"d":"0.037"},{"v":-0.0566593,"d":"-0.057"},{"v":0.00477416,"d":"0.005"},{"v":1.69980851320349E-32,"d":"1.700E-32"},421986,0.000229276023318183,{"v":96.7730011527691,"d":"96.773"}]
["FEV1","rs2010492","G","A",{"v":0.665231,"d":"0.665"},{"v":-0.0139699,"d":"-0.014"},{"v":1.8418E-3,"d":"0.002"},{"v":3.29989407910835e-14,"d":"3.300E-14"},421986,8.69229195002498e-05,{"v":36.6832698793081,"d":"36.683"}]
["FEV1","rs73923824","A","C",{"v":0.187487,"d":"0.187"},{"v":0.0127579,"d":"0.013"},{"v":0.00225261,"d":"0.002"},{"v":1.49999565138204e-08,"d":"1.500E-08"},421986,4.9589515060956e-05,{"v":20.9270196842403,"d":"20.927"}]
["FEV1","rs11883412","T","G",{"v":0.100546,"d":"0.101"},{"v":-0.0190492,"d":"-0.019"},{"v":0.00289518,"d":"0.003"},{"v":4.70002318179801e-11,"d":"4.700E-11"},421986,6.56337523565205e-05,{"v":27.6982112919546,"d":"27.698"}]
["FEV1","rs157580","A","G",{"v":0.605625,"d":"0.606"},{"v":0.0102918,"d":"0.010"},{"v":1.77323E-3,"d":"0.002"},{"v":6.49994976198144e-09,"d":"6.500E-09"},421986,5.05971252713112e-05,{"v":21.3522576733453,"d":"21.352"}]
["FEV1","rs12985660","C","T",{"v":0.475562,"d":"0.476"},{"v":-0.0098092,"d":"-0.010"},{"v":0.00174527,"d":"0.002"},{"v":1.89998424621473e-08,"d":"1.900E-08"},421986,4.79952736196658e-05,{"v":20.2542096494551,"d":"20.254"}]
["FEV1","rs147110934","T","G",{"v":0.024261,"d":"0.024"},{"v":-0.0437965,"d":"-0.044"},{"v":5.6422E-3,"d":"0.006"},{"v":8.30041869715702e-15,"d":"8.300E-15"},421986,9.08136576571728e-05,{"v":38.3253909817406,"d":"38.325"}]
["FEV1","rs11699903","A","G",{"v":0.123342,"d":"0.123"},{"v":-0.0160743,"d":"-0.016"},{"v":0.00266362,"d":"0.003"},{"v":1.60000006389793e-09,"d":"1.600E-09"},421986,5.5877288214736E-5,{"v":23.5806392121807,"d":"23.581"}]
["FEV1","rs6140000","G","T",{"v":0.497765,"d":"0.498"},{"v":-0.00990775,"d":"-0.010"},{"v":1.7392E-3,"d":"0.002"},{"v":1.19999655704812E-8,"d":"1.200E-08"},421986,4.90807743336109e-05,{"v":20.7123180530028,"d":"20.712"}]
["FEV1","rs2327790","G","A",{"v":0.702446,"d":"0.702"},{"v":0.0105458,"d":"0.011"},{"v":0.00190444,"d":"0.002"},{"v":3.09998790941119e-08,"d":"3.100E-08"},421986,4.64908828870828e-05,{"v":19.6193208437704,"d":"19.619"}]
["FEV1","rs6138639","G","C",{"v":0.178422,"d":"0.178"},{"v":-0.0132042,"d":"-0.013"},{"v":0.00227185,"d":"0.002"},{"v":6.19997588072324e-09,"d":"6.200E-09"},421986,5.11153557694776E-5,{"v":21.5709648965722,"d":"21.571"}]
["FEV1","rs6119786","A","G",{"v":0.156746,"d":"0.157"},{"v":-0.0148894,"d":"-0.015"},{"v":0.00239158,"d":"0.002"},{"v":4.7999863240391E-10,"d":"4.800E-10"},421986,5.86056203088599E-5,{"v":24.7320835195101,"d":"24.732"}]
["FEV1","rs34587839","A","G",{"v":0.154712,"d":"0.155"},{"v":-0.0174389,"d":"-0.017"},{"v":0.00240416,"d":"0.002"},{"v":4.10015240506613e-13,"d":"4.100E-13"},421986,7.95420673320047e-05,{"v":33.568149821062,"d":"33.568"}]
["FEV1","rs6088619","G","A",{"v":0.135815,"d":"0.136"},{"v":0.0182288,"d":"0.018"},{"v":0.0025538,"d":"0.003"},{"v":9.49948365876347e-13,"d":"9.499E-13"},421986,7.80010802811101e-05,{"v":32.9177754833921,"d":"32.918"}]
["FEV1","rs3091552","G","C",{"v":0.735538,"d":"0.736"},{"v":-0.0154813,"d":"-0.015"},{"v":0.00201796,"d":"0.002"},{"v":1.69980851320349e-14,"d":"1.700E-14"},421986,9.32423566033152e-05,{"v":39.3504517377468,"d":"39.350"}]
["FEV1","rs13044144","C","G",{"v":0.262827,"d":"0.263"},{"v":0.0158381,"d":"0.016"},{"v":0.00197778,"d":"0.002"},{"v":1.20005182020427e-15,"d":"1.200E-15"},421986,9.72020792895655e-05,{"v":41.0217096223993,"d":"41.022"}]
["FEV1","rs4809328","T","C",{"v":0.667431,"d":"0.667"},{"v":-0.0128687,"d":"-0.013"},{"v":0.00184134,"d":"0.002"},{"v":2.80027059501064e-12,"d":"2.800E-12"},421986,7.35169511055358e-05,{"v":31.0252579776922,"d":"31.025"}]
["FEV1","rs11909473","G","A",{"v":0.28953,"d":"0.290"},{"v":0.011076,"d":"0.011"},{"v":1.92519E-3,"d":"0.002"},{"v":8.79994585505891e-09,"d":"8.800E-09"},421986,5.04702207717938E-5,{"v":21.2987005922857,"d":"21.299"}]
["FEV1","rs2236610","G","C",{"v":0.199727,"d":"0.200"},{"v":-0.0125089,"d":"-0.013"},{"v":0.0021751,"d":"0.002"},{"v":8.89999986382574e-09,"d":"8.900E-09"},421986,5.00199416067611e-05,{"v":21.108670893473,"d":"21.109"}]
["FEV1","rs5992929","T","C",{"v":0.284928,"d":"0.285"},{"v":0.0145607,"d":"0.015"},{"v":0.00192981,"d":"0.002"},{"v":4.49987033872151e-14,"d":"4.500E-14"},421986,{"$f":"2*E260*(1-E260)*F260*F260","v":8.63931692748189e-05},{"$f":"J260/(1-J260)*(I260-2)","v":{"v":36.459685011004,"d":"36.460"}}]
["FEV1","rs2412981","C","G",{"v":0.908102,"d":"0.908"},{"v":-0.0279897,"d":"-0.028"},{"v":0.00300763,"d":"0.003"},{"v":1.29987023738861e-20,"d":"1.300E-20"},421986,1.30757670516371E-4,{"v":55.1848606790106,"d":"55.185"}]
["FEV1","rs41311445","C","A",{"v":0.095863,"d":"0.096"},{"v":-0.0191099,"d":"-0.019"},{"v":0.00295295,"d":"0.003"},{"v":9.70063133783958e-11,"d":"9.701E-11"},421986,6.33041355659569E-5,{"v":26.7150235141349,"d":"26.715"}]
["FVC","rs11588312","T","C",{"v":0.071357,"d":"0.071"},{"v":-0.0257716,"d":"-0.026"},{"v":0.00318955,"d":"0.003"},{"v":6.49980009683026e-16,"d":"6.500E-16"},421986,8.80233985085485e-05,{"v":37.1477356661716,"d":"37.148"}]
["FVC","rs11122148","A","C",{"v":0.157016,"d":"0.157"},{"v":0.0123512,"d":"0.012"},{"v":0.0022522,"d":"0.002"},{"v":4.20000686246631e-08,"d":"4.200E-08"},421986,4.03842056899531e-05,{"v":17.042176888646,"d":"17.042"}]
["FVC","rs9442580","T","C",{"v":0.12853,"d":"0.129"},{"v":0.0140876,"d":"0.014"},{"v":2.44925E-3,"d":"0.002"},{"v":8.79994585505891e-09,"d":"8.800E-09"},421986,4.44591308513243e-05,{"v":18.7618760098657,"d":"18.762"}]
["FVC","rs9435731","A","C",{"v":0.519025,"d":"0.519"},{"v":0.0236663,"d":"0.024"},{"v":0.0016398,"d":"0.002"},{"v":3.19963176731834e-47,"d":"3.200E-47"},421986,0.000279641425275139,{"v":118.037215298426,"d":"118.037"}]
["FVC","rs3790743","G","A",{"v":0.599509,"d":"0.600"},{"v":-0.00959075,"d":"-0.010"},{"v":1.69268E-3,"d":"0.002"},{"v":1.49999565138204e-08,"d":"1.500E-08"},421986,4.41696140797053e-05,{"v":18.6396937358892,"d":"18.640"}]
["FVC","rs1474647","T","C",{"v":0.550866,"d":"0.551"},{"v":-0.0134877,"d":"-0.013"},{"v":0.0016468,"d":"0.002"},{"v":2.60015956316527e-16,"d":"2.600E-16"},421986,9.00176543209984E-5,{"v":37.9894295603302,"d":"37.989"}]
["FVC","rs2807339","C","T",{"v":0.758119,"d":"0.758"},{"v":0.0126736,"d":"0.013"},{"v":1.91263E-3,"d":"0.002"},{"v":3.40016505804071e-11,"d":"3.400E-11"},421986,5.89073008999258e-05,{"v":24.859402863279,"d":"24.859"}]
["FVC","rs2219320","C","T",{"v":0.253726,"d":"0.254"},{"v":-0.015474,"d":"-0.015"},{"v":1.88065E-3,"d":"0.002"},{"v":1.90020300257723E-16,"d":"1.900E-16"},421986,9.06772759055066e-05,{"v":38.2678296182539,"d":"38.268"}]
["FVC","rs28391281","C","T",{"v":0.456626,"d":"0.457"},{"v":-0.0108229,"d":"-0.011"},{"v":1.64482E-3,"d":"0.002"},{"v":4.70002318179801e-11,"d":"4.700E-11"},421986,5.81268485273591E-5,{"v":24.5300259020691,"d":"24.530"}]
["FVC","rs2885697","T","G",{"v":0.665178,"d":"0.665"},{"v":-0.0207198,"d":"-0.021"},{"v":1.73474E-3,"d":"0.002"},{"v":7.000031591309e-33,"d":"7.000E-33"},421986,0.000191228657862936,{"v":80.7108681906324,"d":"80.711"}]
["FVC","rs9701805","C","G",{"v":0.089685,"d":"0.090"},{"v":0.019097,"d":"0.019"},{"v":0.00286501,"d":"0.003"},{"v":2.60015956316527E-11,"d":"2.600E-11"},421986,5.95486339721067e-05,{"v":25.13006721926,"d":"25.130"}]
["FVC","rs10789246","C","T",{"v":0.301089,"d":"0.301"},{"v":-0.0123427,"d":"-0.012"},{"v":1.78506E-3,"d":"0.002"},{"v":4.70002318179801e-12,"d":"4.700E-12"},421986,6.41161014124232e-05,{"v":27.0577037728991,"d":"27.058"}]
["FVC","rs4650619","T","C",{"v":0.658131,"d":"0.658"},{"v":0.0110735,"d":"0.011"},{"v":0.00173535,"d":"0.002"},{"v":1.79998961724559E-10,"d":"1.800E-10"},421986,5.51787534628888E-5,{"v":23.2858359846867,"d":"23.286"}]
["FVC","rs10874340","T","G",{"v":0.493361,"d":"0.493"},{"v":0.0103061,"d":"0.010"},{"v":0.00163772,"d":"0.002"},{"v":3.09998790941119e-10,"d":"3.100E-10"},421986,5.30984854106691e-05,{"v":22.4079010931451,"d":"22.408"}]
["FVC","rs11164653","C","T",{"v":0.59054,"d":"0.591"},{"v":-0.0114085,"d":"-0.011"},{"v":1.67402E-3,"d":"0.002"},{"v":9.39939714766782e-12,"d":"9.399E-12"},421986,6.29430655760463e-05,{"v":26.5626385179404,"d":"26.563"}]
["FVC","rs3806443","G","C",{"v":0.265329,"d":"0.265"},{"v":0.0108763,"d":"0.011"},{"v":0.00186138,"d":"0.002"},{"v":5.09999793204996e-09,"d":"5.100E-09"},421986,4.61179473668757e-05,{"v":19.461933446086,"d":"19.462"}]
["FVC","rs7535275","G","A",{"v":0.130968,"d":"0.131"},{"v":0.0135894,"d":"0.014"},{"v":0.00243438,"d":"0.002"},{"v":2.39999313805789e-08,"d":"2.400E-08"},421986,4.20369815446355e-05,{"v":17.7396793427046,"d":"17.740"}]
["FVC","rs12139563","G","A",{"v":0.5652,"d":"0.565"},{"v":-0.014803,"d":"-0.015"},{"v":0.00165293,"d":"0.002"},{"v":3.40016505804072e-19,"d":"3.400E-19"},421986,1.07701353835577E-4,{"v":45.4531434620392,"d":"45.453"}]
["FVC","rs3814316","A","G",{"v":0.368453,"d":"0.368"},{"v":-0.00946144,"d":"-0.009"},{"v":0.00170087,"d":"0.002"},{"v":2.69997659840121e-08,"d":"2.700E-08"},421986,4.16612453966733e-05,{"v":17.5811114284674,"d":"17.581"}]
["FVC","rs12402966","A","G",{"v":0.213339,"d":"0.213"},{"v":0.0202071,"d":"0.020"},{"v":0.00199879,"d":"0.002"},{"v":5.0003453497698e-24,"d":"5.000E-24"},421986,0.000137055305474563,{"v":57.843073725517,"d":"57.843"}]
["FVC","rs1044299","T","C",{"v":0.545769,"d":"0.546"},{"v":0.00926438,"d":"0.009"},{"v":0.00165027,"d":"0.002"},{"v":2.0000000199681E-8,"d":"2.000E-08"},421986,4.25547800829423E-5,{"v":17.9582005257944,"d":"17.958"}]
["FVC","rs74767794","G","A",{"v":0.316352,"d":"0.316"},{"v":0.0116672,"d":"0.012"},{"v":1.77224E-3,"d":"0.002"},{"v":4.60044666393479e-11,"d":"4.600E-11"},421986,5.88798117763144e-05,{"v":24.8478015264932,"d":"24.848"}]
["FVC","rs2821334","T","G",{"v":0.44435,"d":"0.444"},{"v":0.0096939,"d":"0.010"},{"v":0.00164775,"d":"0.002"},{"v":4.00000007987242e-09,"d":"4.000E-09"},421986,4.64038024780943E-5,{"v":19.5825708906678,"d":"19.583"}]
["FVC","rs4951407","G","T",{"v":0.661152,"d":"0.661"},{"v":0.0115513,"d":"0.012"},{"v":0.00173213,"d":"0.002"},{"v":2.60015956316527E-11,"d":"2.600E-11"},421986,5.97857889278145E-5,{"v":25.230154759622,"d":"25.230"}]
["FVC","rs12407259","C","G",{"v":0.091572,"d":"0.092"},{"v":0.0159188,"d":"0.016"},{"v":0.0028656,"d":"0.003"},{"v":2.80001269243454e-08,"d":"2.800E-08"},421986,4.21603162442696e-05,{"v":17.7917289949428,"d":"17.792"}]
["FVC","rs6658835","G","A",{"v":0.269388,"d":"0.269"},{"v":0.019046,"d":"0.019"},{"v":1.85345E-3,"d":"0.002"},{"v":8.99911910870052e-25,"d":"8.999E-25"},421986,1.42791581170128E-4,{"v":60.2643678328666,"d":"60.264"}]
["FVC","rs6671370","A","G",{"v":0.287459,"d":"0.287"},{"v":0.0174763,"d":"0.017"},{"v":0.00181023,"d":"0.002"},{"v":4.70002318179801e-22,"d":"4.700E-22"},421986,0.000125116546260296,{"v":52.8037872845994,"d":"52.804"}]
["FVC","rs77328429","A","G",{"v":0.114012,"d":"0.114"},{"v":0.0188547,"d":"0.019"},{"v":2.57478E-3,"d":"0.003"},{"v":2.39993787680988E-13,"d":"2.400E-13"},421986,7.18203724361584e-05,{"v":30.3092248619177,"d":"30.309"}]
["FVC","rs10916137","A","G",{"v":0.170792,"d":"0.171"},{"v":-0.0161307,"d":"-0.016"},{"v":0.00218459,"d":"0.002"},{"v":1.50003019045595e-13,"d":"1.500E-13"},421986,7.3699990478116e-05,{"v":31.1025090365371,"d":"31.103"}]
["FVC","rs13023718","G","A",{"v":0.66664,"d":"0.667"},{"v":0.0100463,"d":"0.010"},{"v":0.00174447,"d":"0.002"},{"v":8.50002102591718E-9,"d":"8.500E-09"},421986,4.48587468856789e-05,{"v":18.9305226453301,"d":"18.931"}]
["FVC","rs7632","C","T",{"v":0.512981,"d":"0.513"},{"v":-0.0104067,"d":"-0.010"},{"v":1.6401E-3,"d":"0.002"},{"v":2.19998641983517E-10,"d":"2.200E-10"},421986,5.4113204167767e-05,{"v":22.83614208435,"d":"22.836"}]
["FVC","rs1007194","C","G",{"v":0.458695,"d":"0.459"},{"v":0.0133705,"d":"0.013"},{"v":0.00165027,"d":"0.002"},{"v":5.40007759066593e-16,"d":"5.400E-16"},421986,8.87751341272928e-05,{"v":37.4650121610512,"d":"37.465"}]
["FVC","rs754537","T","A",{"v":0.493813,"d":"0.494"},{"v":0.0178003,"d":"0.018"},{"v":0.00163946,"d":"0.002"},{"v":1.800113960418e-27,"d":"1.800E-27"},421986,0.000158401082610278,{"v":66.8533120812255,"d":"66.853"}]
["FVC","rs848606","T","G",{"v":0.32697,"d":"0.327"},{"v":-0.013659,"d":"-0.014"},{"v":1.75059E-3,"d":"0.002"},{"v":6.09958095872238E-15,"d":"6.100E-15"},421986,8.21126628425655e-05,{"v":34.6530753732518,"d":"34.653"}]
["FVC","rs35943760","T","A",{"v":0.467551,"d":"0.468"},{"v":0.0110376,"d":"0.011"},{"v":1.64948E-3,"d":"0.002"},{"v":2.19988510904925E-11,"d":"2.200E-11"},421986,6.06577510233888e-05,{"v":25.5981531342532,"d":"25.598"}]
["FVC","rs3791679","G","A",{"v":0.227266,"d":"0.227"},{"v":-0.0417426,"d":"-0.042"},{"v":0.00195359,"d":"0.002"},{"v":2.6977394324449E-101,"d":"2.698E-101"},421986,0.000612002896837713,{"v":258.413580278878,"d":"258.414"}]
["FVC","rs12713685","C","T",{"v":0.374424,"d":"0.374"},{"v":-0.0110318,"d":"-0.011"},{"v":1.69411E-3,"d":"0.002"},{"v":7.39945954312723e-11,"d":"7.399E-11"},421986,5.70120309880289e-05,{"v":24.0595365674967,"d":"24.060"}]
["FVC","rs55707322","A","C",{"v":0.163689,"d":"0.164"},{"v":0.0129997,"d":"0.013"},{"v":0.00221808,"d":"0.002"},{"v":4.60002296665069e-09,"d":"4.600E-09"},421986,4.62683444763271E-5,{"v":19.5254044836391,"d":"19.525"}]
["FVC","rs56107042","G","C",{"v":0.024063,"d":"0.024"},{"v":-0.0303108,"d":"-0.030"},{"v":0.00545244,"d":"0.005"},{"v":2.69997659840121e-08,"d":"2.700E-08"},421986,4.31515448222523e-05,{"v":18.2100472819448,"d":"18.210"}]
["FVC","rs183743021","C","T",{"v":0.023696,"d":"0.024"},{"v":-0.036332,"d":"-0.036"},{"v":0.00550585,"d":"0.006"},{"v":4.10015240506613e-11,"d":"4.100E-11"},421986,6.10757370320042e-05,{"v":25.7745580158407,"d":"25.775"}]
["FVC","rs309137","C","T",{"v":0.227462,"d":"0.227"},{"v":0.0154018,"d":"0.015"},{"v":1.94955E-3,"d":"0.002"},{"v":2.80027059501064e-15,"d":"2.800E-15"},421986,8.33684369570823e-05,{"v":35.1830796592559,"d":"35.183"}]
["FVC","rs72904209","C","T",{"v":0.13427,"d":"0.134"},{"v":-0.0149893,"d":"-0.015"},{"v":0.00240925,"d":"0.002"},{"v":4.90004422793237e-10,"d":"4.900E-10"},421986,5.22341047259158E-5,{"v":22.0431078506648,"d":"22.043"}]
["FVC","rs62194733","T","C",{"v":0.118104,"d":"0.118"},{"v":-0.0160803,"d":"-0.016"},{"v":0.0025514,"d":"0.003"},{"v":2.90001336905407e-10,"d":"2.900E-10"},421986,5.38642068054667e-05,{"v":22.7310578349982,"d":"22.731"}]
["FVC","rs12052537","A","C",{"v":0.20591,"d":"0.206"},{"v":-0.0145821,"d":"-0.015"},{"v":0.00203664,"d":"0.002"},{"v":8.10027941680351e-13,"d":"8.100E-13"},421986,6.95372170194517e-05,{"v":29.3456336004286,"d":"29.346"}]
["FVC","rs17400325","C","T",{"v":0.041599,"d":"0.042"},{"v":0.0337427,"d":"0.034"},{"v":0.0041016,"d":"0.004"},{"v":1.90020300257723E-16,"d":"1.900E-16"},421986,9.07861932322965e-05,{"v":38.3137993289267,"d":"38.314"}]
["FVC","rs11896404","T","C",{"v":0.38932,"d":"0.389"},{"v":0.0097226,"d":"0.010"},{"v":0.00168555,"d":"0.002"},{"v":8.00000023961727e-09,"d":"8.000E-09"},421986,4.49485042891669E-5,{"v":18.9684022352691,"d":"18.968"}]
["FVC","rs12614240","T","C",{"v":0.433883,"d":"0.434"},{"v":-0.0156274,"d":"-0.016"},{"v":1.65606E-3,"d":"0.002"},{"v":3.90031784475066e-21,"d":"3.900E-21"},421986,1.1997265878628E-4,{"v":50.6326169749496,"d":"50.633"}]
["FVC","rs2882485","G","A",{"v":0.527663,"d":"0.528"},{"v":-0.0115807,"d":"-0.012"},{"v":1.64247E-3,"d":"0.002"},{"v":1.80011396041801E-12,"d":"1.800E-12"},421986,6.68510491529909e-05,{"v":28.2119591248419,"d":"28.212"}]
["FVC","rs668844","A","C",{"v":0.482052,"d":"0.482"},{"v":0.00944665,"d":"0.009"},{"v":1.64055E-3,"d":"0.002"},{"v":8.50002102591718E-9,"d":"8.500E-09"},421986,4.45621047410429e-05,{"v":18.8053332122725,"d":"18.805"}]
["FVC","rs7562385","T","C",{"v":0.895666,"d":"0.896"},{"v":0.0207069,"d":"0.021"},{"v":0.00267966,"d":"0.003"},{"v":1.10001852750622E-14,"d":"1.100E-14"},421986,8.01368217716201e-05,{"v":33.8191667590144,"d":"33.819"}]
["FVC","rs2168704","A","G",{"v":0.561551,"d":"0.562"},{"v":0.0106636,"d":"0.011"},{"v":1.652E-3,"d":"0.002"},{"v":1.09999319893519e-10,"d":"1.100E-10"},421986,5.59945780683976e-05,{"v":23.6301391912884,"d":"23.630"}]
["FVC","rs183587141","T","C",{"v":0.016314,"d":"0.016"},{"v":-0.0536734,"d":"-0.054"},{"v":0.0065946,"d":"0.007"},{"v":4.00036851046125e-16,"d":"4.000E-16"},421986,9.24623991757625e-05,{"v":39.0212610532008,"d":"39.021"}]
["FVC","rs2433733","A","G",{"v":0.677805,"d":"0.678"},{"v":0.0100332,"d":"0.010"},{"v":1.75482E-3,"d":"0.002"},{"v":1.09999319893519E-8,"d":"1.100E-08"},421986,4.39675736084697e-05,{"v":18.5544283747918,"d":"18.554"}]
["FVC","rs10202701","T","C",{"v":0.541923,"d":"0.542"},{"v":0.0115889,"d":"0.012"},{"v":1.65011E-3,"d":"0.002"},{"v":2.19988510904925e-12,"d":"2.200E-12"},421986,6.667921776679e-05,{"v":28.1394393459051,"d":"28.139"}]
["FVC","rs4497878","C","T",{"v":0.715464,"d":"0.715"},{"v":-0.0146752,"d":"-0.015"},{"v":1.81627E-3,"d":"0.002"},{"v":6.49980009683026e-16,"d":"6.500E-16"},421986,8.76845467196344e-05,{"v":37.0047205050822,"d":"37.005"}]
["FVC","rs2286325","C","G",{"v":0.081106,"d":"0.081"},{"v":0.0204239,"d":"0.020"},{"v":0.00300144,"d":"0.003"},{"v":1e-11,"d":"1.000E-11"},421986,6.21764247204467e-05,{"v":26.2390878619042,"d":"26.239"}]
["FVC","rs876531","T","C",{"v":0.455993,"d":"0.456"},{"v":-0.01839,"d":"-0.018"},{"v":1.65098E-3,"d":"0.002"},{"v":8.10027941680351e-29,"d":"8.100E-29"},421986,0.00016778615350299,{"v":70.8149539685426,"d":"70.815"}]
["FVC","rs6803045","A","G",{"v":0.582831,"d":"0.583"},{"v":0.0104255,"d":"0.010"},{"v":0.00167546,"d":"0.002"},{"v":4.90004422793237e-10,"d":"4.900E-10"},421986,5.28540720634528e-05,{"v":22.3047516425747,"d":"22.305"}]
["FVC","rs3732987","A","C",{"v":0.524508,"d":"0.525"},{"v":0.0105337,"d":"0.011"},{"v":0.00164918,"d":"0.002"},{"v":1.70000422215636e-10,"d":"1.700E-10"},421986,5.53461247568242e-05,{"v":23.3564717995858,"d":"23.356"}]
["FVC","rs7638143","A","G",{"v":0.582086,"d":"0.582"},{"v":-0.0139644,"d":"-0.014"},{"v":0.00166448,"d":"0.002"},{"v":4.90004422793237e-17,"d":"4.900E-17"},421986,9.48743100324213e-05,{"v":40.0392395399469,"d":"40.039"}]
["FVC","rs4909017","T","C",{"v":0.557895,"d":"0.558"},{"v":0.0127025,"d":"0.013"},{"v":0.00165126,"d":"0.002"},{"v":1.39990962656834e-14,"d":"1.400E-14"},421986,7.95950937485174e-05,{"v":33.5905296817335,"d":"33.591"}]
["FVC","rs57072412","A","G",{"v":0.383191,"d":"0.383"},{"v":0.010773,"d":"0.011"},{"v":1.68954E-3,"d":"0.002"},{"v":1.79998961724559E-10,"d":"1.800E-10"},421986,{"$f":"2*E324*(1-E324)*F324*F324","v":5.48617071536508e-05},{"$f":"J324/(1-J324)*(I324-2)","v":{"v":23.1520327915692,"d":"23.152"}}]
["FVC","rs4678778","G","A",{"v":0.103138,"d":"0.103"},{"v":0.01628,"d":"0.016"},{"v":0.00272878,"d":"0.003"},{"v":2.39999313805789E-9,"d":"2.400E-09"},421986,4.9032397109147e-05,{"v":20.6919016352442,"d":"20.692"}]
["FVC","rs55786114","T","C",{"v":0.073277,"d":"0.073"},{"v":-0.0230827,"d":"-0.023"},{"v":0.00314939,"d":"0.003"},{"v":2.29985258668621e-13,"d":"2.300E-13"},421986,7.23637113431354e-05,{"v":30.5385382493884,"d":"30.539"}]
["FVC","rs141829833","T","C",{"v":0.022627,"d":"0.023"},{"v":0.0329309,"d":"0.033"},{"v":0.00560483,"d":"0.006"},{"v":4.20000686246632E-9,"d":"4.200E-09"},421986,4.79650067809383e-05,{"v":20.241436302077,"d":"20.241"}]
["FVC","rs12486605","C","T",{"v":0.428162,"d":"0.428"},{"v":0.00910894,"d":"0.009"},{"v":0.00165849,"d":"0.002"},{"v":4.00000007987242e-08,"d":"4.000E-08"},421986,4.06299989199258e-05,{"v":17.1459061023724,"d":"17.146"}]
["FVC","rs35480566","G","A",{"v":0.439723,"d":"0.440"},{"v":0.0149967,"d":"0.015"},{"v":0.0016583,"d":"0.002"},{"v":1.50003019045595e-19,"d":"1.500E-19"},421986,1.10816232234529E-4,{"v":46.7678595812438,"d":"46.768"}]
["FVC","rs9821691","T","G",{"v":0.428996,"d":"0.429"},{"v":-0.0126874,"d":"-0.013"},{"v":0.00167142,"d":"0.002"},{"v":3.19963176731835E-14,"d":"3.200E-14"},421986,7.88619757754557e-05,{"v":33.281116600241,"d":"33.281"}]
["FVC","rs1608592","A","G",{"v":0.261845,"d":"0.262"},{"v":-0.018905,"d":"-0.019"},{"v":0.00187413,"d":"0.002"},{"v":6.29941180548557e-24,"d":"6.299E-24"},421986,0.000138157736782648,{"v":58.3084101564715,"d":"58.308"}]
["FVC","rs6762578","A","G",{"v":0.77845,"d":"0.778"},{"v":0.0195725,"d":"0.020"},{"v":0.00198462,"d":"0.002"},{"v":6.09958095872238e-23,"d":"6.100E-23"},421986,0.000132137192897206,{"v":55.7671501222077,"d":"55.767"}]
["FVC","rs2871960","C","A",{"v":0.444976,"d":"0.445"},{"v":0.0197056,"d":"0.020"},{"v":0.00165006,"d":"0.002"},{"v":7.10068096254536e-33,"d":"7.101E-33"},421986,0.000191804005390593,{"v":80.9537486639893,"d":"80.954"}]
["FVC","rs62276616","A","G",{"v":0.042615,"d":"0.043"},{"v":-0.0265894,"d":"-0.027"},{"v":4.0951E-3,"d":"0.004"},{"v":8.4004006526377e-11,"d":"8.400E-11"},421986,5.76894212543324e-05,{"v":24.3454172116173,"d":"24.345"}]
["FVC","rs1656373","T","C",{"v":0.55742,"d":"0.557"},{"v":-0.0172006,"d":"-0.017"},{"v":0.00165265,"d":"0.002"},{"v":2.2998525866862e-25,"d":"2.300E-25"},421986,0.000145979381744386,{"v":61.6099572094857,"d":"61.610"}]
["FVC","rs1344555","T","C",{"v":0.20277,"d":"0.203"},{"v":-0.0184191,"d":"-0.018"},{"v":0.00203961,"d":"0.002"},{"v":1.69980851320349e-19,"d":"1.700E-19"},421986,0.000109686743099046,{"v":46.2911281229861,"d":"46.291"}]
["FVC","rs582780","G","A",{"v":0.422609,"d":"0.423"},{"v":0.0125544,"d":"0.013"},{"v":1.6756E-3,"d":"0.002"},{"v":6.79986045003322e-14,"d":"6.800E-14"},421986,7.69184760023856e-05,{"v":32.4608630175037,"d":"32.461"}]
["FVC","rs2194411","A","G",{"v":0.128337,"d":"0.128"},{"v":0.0278083,"d":"0.028"},{"v":0.00248353,"d":"0.002"},{"v":4.19952334664066e-29,"d":"4.200E-29"},421986,0.000173013252417145,{"v":73.0214579879395,"d":"73.021"}]
["FVC","rs61732778","A","G",{"v":0.071158,"d":"0.071"},{"v":0.0185311,"d":"0.019"},{"v":0.0031876,"d":"0.003"},{"v":6.10000231740111e-09,"d":"6.100E-09"},421986,4.53939497968776e-05,{"v":19.1563900952959,"d":"19.156"}]
["FVC","rs12152266","T","C",{"v":0.27447,"d":"0.274"},{"v":0.0143563,"d":"0.014"},{"v":0.00183934,"d":"0.002"},{"v":5.90065196995665e-15,"d":"5.901E-15"},421986,8.20852836022235e-05,{"v":34.641519874584,"d":"34.642"}]
["FVC","rs35654957","C","T",{"v":0.369551,"d":"0.370"},{"v":-0.0100677,"d":"-0.010"},{"v":0.00171015,"d":"0.002"},{"v":3.89995862874433e-09,"d":"3.900E-09"},421986,4.7229665459788E-5,{"v":19.9311044887804,"d":"19.931"}]
["FVC","rs13108218","G","A",{"v":0.614862,"d":"0.615"},{"v":0.0148225,"d":"0.015"},{"v":0.00169865,"d":"0.002"},{"v":2.60015956316527e-18,"d":"2.600E-18"},421986,0.000104055954635523,{"v":43.9145175279602,"d":"43.915"}]
["FVC","rs1054661","C","T",{"v":0.342598,"d":"0.343"},{"v":0.0101651,"d":"0.010"},{"v":0.00172786,"d":"0.002"},{"v":4.00000007987242e-09,"d":"4.000E-09"},421986,4.654458375562e-05,{"v":19.6419838594944,"d":"19.642"}]
["FVC","rs11938781","C","T",{"v":0.165403,"d":"0.165"},{"v":-0.036626,"d":"-0.037"},{"v":0.00221596,"d":"0.002"},{"v":2.2998525866862e-61,"d":"2.300E-61"},421986,0.000370364352622504,{"v":156.345735864303,"d":"156.346"}]
["FVC","rs6849555","C","G",{"v":0.201305,"d":"0.201"},{"v":0.0136053,"d":"0.014"},{"v":2.10903E-3,"d":"0.002"},{"v":1.09999319893519e-10,"d":"1.100E-10"},421986,5.95225828732291e-05,{"v":25.119072763267,"d":"25.119"}]
["FVC","rs12641030","G","A",{"v":0.467529,"d":"0.468"},{"v":-0.0110493,"d":"-0.011"},{"v":0.00164454,"d":"0.002"},{"v":1.80011396041801E-11,"d":"1.800E-11"},421986,6.07860664558444e-05,{"v":25.6523067701271,"d":"25.652"}]
["FVC","rs344133","A","G",{"v":0.614205,"d":"0.614"},{"v":0.0111994,"d":"0.011"},{"v":1.68384E-3,"d":"0.002"},{"v":2.90001336905407e-11,"d":"2.900E-11"},421986,5.9441457606158e-05,{"v":25.0848351256407,"d":"25.085"}]
["FVC","rs4693974","G","A",{"v":0.574007,"d":"0.574"},{"v":0.0115384,"d":"0.012"},{"v":1.66303E-3,"d":"0.002"},{"v":4.00036851046125E-12,"d":"4.000E-12"},421986,6.5108970456126e-05,{"v":27.4767327707401,"d":"27.477"}]
["FVC","rs28444681","A","C",{"v":0.255224,"d":"0.255"},{"v":0.0114328,"d":"0.011"},{"v":0.00188044,"d":"0.002"},{"v":1.19999655704811E-9,"d":"1.200E-09"},421986,4.96915326777121e-05,{"v":20.9700737605772,"d":"20.970"}]
["FVC","rs72665944","A","G",{"v":0.07632,"d":"0.076"},{"v":-0.0220313,"d":"-0.022"},{"v":0.00313425,"d":"0.003"},{"v":2.09990670376243E-12,"d":"2.100E-12"},421986,6.84337196213313e-05,{"v":28.8799111004268,"d":"28.880"}]
["FVC","rs72673891","G","A",{"v":0.067566,"d":"0.068"},{"v":0.0325497,"d":"0.033"},{"v":0.00328044,"d":"0.003"},{"v":3.29989407910835e-23,"d":"3.300E-23"},421986,0.000133496624932514,{"v":56.3409611036748,"d":"56.341"}]
["FVC","rs13112742","A","G",{"v":0.170661,"d":"0.171"},{"v":-0.0126802,"d":"-0.013"},{"v":0.00218292,"d":"0.002"},{"v":6.29999202947421e-09,"d":"6.300E-09"},421986,4.55143743919462e-05,{"v":19.2072119676475,"d":"19.207"}]
["FVC","rs28925904","T","C",{"v":0.024757,"d":"0.025"},{"v":-0.0344046,"d":"-0.034"},{"v":0.00527986,"d":"0.005"},{"v":7.1994612744084e-11,"d":"7.199E-11"},421986,5.7157586201137e-05,{"v":24.1209655516684,"d":"24.121"}]
["FVC","rs2131354","A","G",{"v":0.526265,"d":"0.526"},{"v":0.0230512,"d":"0.023"},{"v":0.00164614,"d":"0.002"},{"v":1.50003019045594e-44,"d":"1.500E-44"},421986,0.000264945796094648,{"v":111.832516374284,"d":"111.833"}]
["FVC","rs28409044","A","C",{"v":0.333596,"d":"0.334"},{"v":0.0128599,"d":"0.013"},{"v":1.74168E-3,"d":"0.002"},{"v":1.50003019045595e-13,"d":"1.500E-13"},421986,7.3529837872933e-05,{"v":31.0306967870756,"d":"31.031"}]
["FVC","rs3828559","G","A",{"v":0.758433,"d":"0.758"},{"v":0.0117356,"d":"0.012"},{"v":0.00191612,"d":"0.002"},{"v":9.09997082601283e-10,"d":"9.100E-10"},421986,5.04655975131029e-05,{"v":21.2967494541555,"d":"21.297"}]
["FVC","rs1818116","G","A",{"v":0.381268,"d":"0.381"},{"v":-0.00974805,"d":"-0.010"},{"v":0.00170614,"d":"0.002"},{"v":1.09999319893519E-8,"d":"1.100E-08"},421986,4.48330645452411e-05,{"v":18.9196841364791,"d":"18.920"}]
["FVC","rs55681913","C","T",{"v":0.10621,"d":"0.106"},{"v":0.0206406,"d":"0.021"},{"v":2.69286E-3,"d":"0.003"},{"v":1.80011396041801E-14,"d":"1.800E-14"},421986,8.08864045248552e-05,{"v":34.1355296272746,"d":"34.136"}]
["FVC","rs12054747","T","C",{"v":0.216455,"d":"0.216"},{"v":0.0112373,"d":"0.011"},{"v":0.0019943,"d":"0.002"},{"v":1.79998961724559E-8,"d":"1.800E-08"},421986,4.283369225594e-05,{"v":18.0759070507704,"d":"18.076"}]
["FVC","rs149542","A","G",{"v":0.375642,"d":"0.376"},{"v":-0.0114549,"d":"-0.011"},{"v":1.69827E-3,"d":"0.002"},{"v":1.50003019045595E-11,"d":"1.500E-11"},421986,6.15489183328254e-05,{"v":25.974257441209,"d":"25.974"}]
["FVC","rs889312","A","C",{"v":0.715882,"d":"0.716"},{"v":0.0107735,"d":"0.011"},{"v":1.82098E-3,"d":"0.002"},{"v":3.29997006285228E-9,"d":"3.300E-09"},421986,4.72154158687289E-5,{"v":19.9250908213991,"d":"19.925"}]
["FVC","rs4700662","T","C",{"v":0.664035,"d":"0.664"},{"v":0.0130245,"d":"0.013"},{"v":1.74731E-3,"d":"0.002"},{"v":9.09913272632251e-14,"d":"9.099E-14"},421986,7.56897590374381E-5,{"v":31.9422849815076,"d":"31.942"}]
["FVC","rs6886191","G","A",{"v":0.559405,"d":"0.559"},{"v":0.0111534,"d":"0.011"},{"v":1.65843E-3,"d":"0.002"},{"v":1.80011396041801E-11,"d":"1.800E-11"},421986,6.13211737942761e-05,{"v":25.8781410803905,"d":"25.878"}]
["FVC","rs425102","G","T",{"v":0.240797,"d":"0.241"},{"v":-0.0194207,"d":"-0.019"},{"v":0.00191587,"d":"0.002"},{"v":3.80014352941585e-24,"d":"3.800E-24"},421986,0.000137901421280968,{"v":58.2002192507815,"d":"58.200"}]
["FVC","rs985296","A","G",{"v":0.385446,"d":"0.385"},{"v":-0.0110356,"d":"-0.011"},{"v":0.00168371,"d":"0.002"},{"v":5.60015438761557e-11,"d":"5.600E-11"},421986,5.76959713698934e-05,{"v":24.3481815745401,"d":"24.348"}]
["FVC","rs75421844","C","T",{"v":0.083714,"d":"0.084"},{"v":0.0271346,"d":"0.027"},{"v":0.00297229,"d":"0.003"},{"v":6.9008088854845e-20,"d":"6.901E-20"},421986,1.12955137403472E-4,{"v":47.6706453463618,"d":"47.671"}]
["FVC","rs56318219","A","G",{"v":0.263367,"d":"0.263"},{"v":0.0142622,"d":"0.014"},{"v":0.00189906,"d":"0.002"},{"v":5.90065196995665e-14,"d":"5.901E-14"},421986,7.89251775726661e-05,{"v":33.3077909561397,"d":"33.308"}]
["FVC","rs13156484","A","G",{"v":0.472145,"d":"0.472"},{"v":-0.0142036,"d":"-0.014"},{"v":1.66004E-3,"d":"0.002"},{"v":1.20005182020427E-17,"d":"1.200E-17"},421986,0.000100558062438285,{"v":42.4381609191928,"d":"42.438"}]
["FVC","rs35897671","T","C",{"v":0.345283,"d":"0.345"},{"v":0.0114551,"d":"0.011"},{"v":0.00172695,"d":"0.002"},{"v":3.29989407910834e-11,"d":"3.300E-11"},421986,5.9327572593459e-05,{"v":25.0367717641725,"d":"25.037"}]
["FVC","rs32799","A","C",{"v":0.915153,"d":"0.915"},{"v":-0.0188883,"d":"-0.019"},{"v":0.00295509,"d":"0.003"},{"v":1.60000006389793E-10,"d":"1.600E-10"},421986,5.54046146417085e-05,{"v":23.381156328923,"d":"23.381"}]
["FVC","rs58746189","C","T",{"v":0.114418,"d":"0.114"},{"v":-0.0165389,"d":"-0.017"},{"v":0.00257892,"d":"0.003"},{"v":1.40000633223953E-10,"d":"1.400E-10"},421986,5.54327432021165e-05,{"v":23.3930274470851,"d":"23.393"}]
["FVC","rs59032271","T","C",{"v":0.467565,"d":"0.468"},{"v":-0.0102701,"d":"-0.010"},{"v":0.00164133,"d":"0.002"},{"v":3.89995862874433e-10,"d":"3.900E-10"},421986,5.25155515367519e-05,{"v":22.1618863433691,"d":"22.162"}]
["FVC","rs72643433","A","G",{"v":0.252489,"d":"0.252"},{"v":-0.0198047,"d":"-0.020"},{"v":1.89404E-3,"d":"0.002"},{"v":1.39990962656834e-25,"d":"1.400E-25"},421986,0.000148056194374593,{"v":62.4865966546683,"d":"62.487"}]
["FVC","rs35668185","C","T",{"v":0.207881,"d":"0.208"},{"v":-0.0115562,"d":"-0.012"},{"v":2.01805E-3,"d":"0.002"},{"v":1E-8,"d":"1.000E-08"},421986,4.39810225504036E-5,{"v":18.560104112267,"d":"18.560"}]
["FVC","rs111365325","T","C",{"v":0.231244,"d":"0.231"},{"v":-0.0185706,"d":"-0.019"},{"v":0.00194997,"d":"0.002"},{"v":1.69980851320349e-21,"d":"1.700E-21"},421986,1.22614225271077E-4,{"v":51.7475862269852,"d":"51.748"}]
["FVC","rs55758152","A","G",{"v":0.325764,"d":"0.326"},{"v":0.0108471,"d":"0.011"},{"v":0.00177131,"d":"0.002"},{"v":9.09997082601283e-10,"d":"9.100E-10"},421986,5.16859270150706E-5,{"v":21.811761586645,"d":"21.812"}]
["FVC","rs1966265","A","G",{"v":0.245129,"d":"0.245"},{"v":0.0152999,"d":"0.015"},{"v":0.00190502,"d":"0.002"},{"v":9.60063590945348e-16,"d":"9.601E-16"},421986,8.66312568253845e-05,{"v":36.5601715338128,"d":"36.560"}]
["FVC","rs879098","G","A",{"v":0.39884,"d":"0.399"},{"v":-0.010048,"d":"-0.010"},{"v":0.00167973,"d":"0.002"},{"v":2.19998641983517e-09,"d":"2.200E-09"},421986,4.84147877011915e-05,{"v":20.4312549481704,"d":"20.431"}]
["FVC","rs9379084","A","G",{"v":0.115664,"d":"0.116"},{"v":-0.0251572,"d":"-0.025"},{"v":0.00264155,"d":"0.003"},{"v":1.69980851320349e-21,"d":"1.700E-21"},421986,0.000129470287613295,{"v":54.6414642943066,"d":"54.641"}]
["FVC","rs196052","A","T",{"v":0.381786,"d":"0.382"},{"v":-0.0136847,"d":"-0.014"},{"v":0.00168854,"d":"0.002"},{"v":5.30029448835795e-16,"d":"5.300E-16"},421986,8.84014508215038e-05,{"v":37.3072958425402,"d":"37.307"}]
["FVC","rs4713135","A","G",{"v":0.237248,"d":"0.237"},{"v":-0.0160487,"d":"-0.016"},{"v":0.00192704,"d":"0.002"},{"v":8.19973845457472e-17,"d":"8.200E-17"},421986,9.32171087040042e-05,{"v":39.3397955413479,"d":"39.340"}]
["FVC","rs4959021","C","T",{"v":0.814313,"d":"0.814"},{"v":-0.0309176,"d":"-0.031"},{"v":0.00221491,"d":"0.002"},{"v":2.80027059501065e-44,"d":"2.800E-44"},421986,0.000289077580921587,{"v":122.02138755515,"d":"122.021"}]
["FVC","rs28821528","G","A",{"v":0.627819,"d":"0.628"},{"v":-0.0138973,"d":"-0.014"},{"v":0.00206688,"d":"0.002"},{"v":1.80011396041801E-11,"d":"1.800E-11"},421986,9.02567132394485e-05,{"v":38.0903267873375,"d":"38.090"}]
["FVC","rs6919321","A","G",{"v":0.60753,"d":"0.608"},{"v":0.0108866,"d":"0.011"},{"v":1.68563E-3,"d":"0.002"},{"v":1.09999319893519e-10,"d":"1.100E-10"},421986,5.65182520321187e-05,{"v":23.8511460906076,"d":"23.851"}]
["FVC","rs2780226","T","C",{"v":0.910509,"d":"0.911"},{"v":-0.0426163,"d":"-0.043"},{"v":0.0028699,"d":"0.003"},{"v":7.00003159130901e-50,"d":"7.000E-50"},421986,2.95968220787926E-4,{"v":124.930829236223,"d":"124.931"}]
["FVC","rs3734254","T","C",{"v":0.790532,"d":"0.791"},{"v":0.0207412,"d":"0.021"},{"v":0.00201522,"d":"0.002"},{"v":7.59976214361039e-25,"d":"7.600E-25"},421986,1.42473762916661E-4,{"v":60.13021534867,"d":"60.130"}]
["FVC","rs2181246","A","T",{"v":0.315032,"d":"0.315"},{"v":-0.0105367,"d":"-0.011"},{"v":1.76834E-3,"d":"0.002"},{"v":2.49999995007974e-09,"d":"2.500E-09"},421986,4.79141931100767e-05,{"v":20.2199916899491,"d":"20.220"}]
["FVC","rs723588","C","T",{"v":0.142475,"d":"0.142"},{"v":0.0194088,"d":"0.019"},{"v":0.00234291,"d":"0.002"},{"v":1.20005182020427e-16,"d":"1.200E-16"},421986,{"$f":"2*E388*(1-E388)*F388*F388","v":9.20476745432426e-05},{"$f":"J388/(1-J388)*(I388-2)","v":{"v":38.8462215988187,"d":"38.846"}}]
["FVC","rs6906411","A","G",{"v":0.449499,"d":"0.449"},{"v":-0.00953023,"d":"-0.010"},{"v":1.65975E-3,"d":"0.002"},{"v":9.40004645744656E-9,"d":"9.400E-09"},421986,4.49493692192693E-5,{"v":18.9687672547471,"d":"18.969"}]
["FVC","rs9391253","T","A",{"v":0.32,"d":"0.320"},{"v":0.0117856,"d":"0.012"},{"v":1.75829E-3,"d":"0.002"},{"v":1.99986186963274e-11,"d":"2.000E-11"},421986,6.0449439875072e-05,{"v":25.5102385158717,"d":"25.510"}]
["FVC","rs9480936","T","G",{"v":0.408304,"d":"0.408"},{"v":-0.0146472,"d":"-0.015"},{"v":0.00167142,"d":"0.002"},{"v":1.90020300257723e-18,"d":"1.900E-18"},421986,1.03662454297679E-4,{"v":43.7484321842036,"d":"43.748"}]
["FVC","rs575837","G","A",{"v":0.784728,"d":"0.785"},{"v":0.0127629,"d":"0.013"},{"v":0.0020075,"d":"0.002"},{"v":2.00000001996811e-10,"d":"2.000E-10"},421986,5.50345504488652e-05,{"v":23.2249779128326,"d":"23.225"}]
["FVC","rs1490384","T","C",{"v":0.500495,"d":"0.500"},{"v":0.0246328,"d":"0.025"},{"v":0.00163964,"d":"0.002"},{"v":5.19995996533517E-51,"d":"5.200E-51"},421986,0.000303387120569992,{"v":128.063363461699,"d":"128.063"}]
["FVC","rs9483032","A","G",{"v":0.719323,"d":"0.719"},{"v":0.0132373,"d":"0.013"},{"v":0.00182813,"d":"0.002"},{"v":4.49987033872151e-13,"d":"4.500E-13"},421986,7.07554001577734e-05,{"v":29.8597595194113,"d":"29.860"}]
["FVC","rs9398932","A","G",{"v":0.14842,"d":"0.148"},{"v":-0.021229,"d":"-0.021"},{"v":0.00234405,"d":"0.002"},{"v":1.29987023738861e-19,"d":"1.300E-19"},421986,1.1392182933213E-4,{"v":48.0786664385222,"d":"48.079"}]
["FVC","rs9494331","A","G",{"v":0.32104,"d":"0.321"},{"v":-0.0143218,"d":"-0.014"},{"v":0.00175835,"d":"0.002"},{"v":3.80014352941586e-16,"d":"3.800E-16"},421986,8.94187389476238e-05,{"v":37.7366514998633,"d":"37.737"}]
["FVC","rs56099233","T","G",{"v":0.203137,"d":"0.203"},{"v":0.0119603,"d":"0.012"},{"v":0.00205819,"d":"0.002"},{"v":6.19997588072324e-09,"d":"6.200E-09"},421986,4.63112857415907e-05,{"v":19.5435266882283,"d":"19.544"}]
["FVC","rs4279453","C","T",{"v":0.439777,"d":"0.440"},{"v":-0.009822,"d":"-0.010"},{"v":1.65712E-3,"d":"0.002"},{"v":3.09998790941119e-09,"d":"3.100E-09"},421986,4.75360731157916e-05,{"v":20.0604158710898,"d":"20.060"}]
["FVC","rs6937121","G","T",{"v":0.289184,"d":"0.289"},{"v":-0.0233431,"d":"-0.023"},{"v":1.80879E-3,"d":"0.002"},{"v":4.19952334664063E-38,"d":"4.200E-38"},421986,0.000224015728667804,{"v":94.5522344338483,"d":"94.552"}]
["FVC","rs6902771","T","C",{"v":0.463035,"d":"0.463"},{"v":0.0139043,"d":"0.014"},{"v":0.00164169,"d":"0.002"},{"v":2.49976970217851E-17,"d":"2.500E-17"},421986,9.61364438873099E-5,{"v":40.5719415795277,"d":"40.572"}]
["FVC","rs11967850","T","C",{"v":0.203699,"d":"0.204"},{"v":-0.0117444,"d":"-0.012"},{"v":2.03397E-3,"d":"0.002"},{"v":7.69998714277137e-09,"d":"7.700E-09"},421986,4.47463713455221e-05,{"v":18.8830977159713,"d":"18.883"}]
["FVC","rs661857","C","T",{"v":0.482472,"d":"0.482"},{"v":0.0148279,"d":"0.015"},{"v":0.00164183,"d":"0.002"},{"v":1.69980851320349e-19,"d":"1.700E-19"},421986,0.000109798209617901,{"v":46.3381755361111,"d":"46.338"}]
["FVC","rs3253","T","C",{"v":0.314156,"d":"0.314"},{"v":0.0133966,"d":"0.013"},{"v":0.00176807,"d":"0.002"},{"v":3.50025754158434E-14,"d":"3.500E-14"},421986,7.73374553775006e-05,{"v":32.6376928861364,"d":"32.638"}]
["FVC","rs1637746","A","G",{"v":0.226569,"d":"0.227"},{"v":-0.0110712,"d":"-0.011"},{"v":0.00196778,"d":"0.002"},{"v":1.79998961724559E-8,"d":"1.800E-08"},421986,4.29577425829801e-05,{"v":18.1282587952111,"d":"18.128"}]
["FVC","rs798551","T","A",{"v":0.288946,"d":"0.289"},{"v":-0.0167727,"d":"-0.017"},{"v":1.82292E-3,"d":"0.002"},{"v":3.50025754158434e-20,"d":"3.500E-20"},421986,1.15599305409715E-4,{"v":48.7866970023,"d":"48.787"}]
["FVC","rs1474419","C","T",{"v":0.577669,"d":"0.578"},{"v":-0.00937242,"d":"-0.009"},{"v":1.66461E-3,"d":"0.002"},{"v":1.79998961724559E-8,"d":"1.800E-08"},421986,4.28613161465634e-05,{"v":18.0875648896285,"d":"18.088"}]
["FVC","rs644570","A","G",{"v":0.632228,"d":"0.632"},{"v":0.0105147,"d":"0.011"},{"v":0.00170914,"d":"0.002"},{"v":7.59993713661527e-10,"d":"7.600E-10"},421986,5.14133799179517e-05,{"v":21.6967392139931,"d":"21.697"}]
["FVC","rs2717329","A","G",{"v":0.294673,"d":"0.295"},{"v":0.014239,"d":"0.014"},{"v":0.0018328,"d":"0.002"},{"v":7.89950721335818e-15,"d":"7.900E-15"},421986,8.42790883711236e-05,{"v":35.5674244173058,"d":"35.567"}]
["FVC","rs13229167","A","G",{"v":0.271146,"d":"0.271"},{"v":-0.0205426,"d":"-0.021"},{"v":1.85147E-3,"d":"0.002"},{"v":1.29987023738861E-28,"d":"1.300E-28"},421986,1.66795588032502E-4,{"v":70.3968112978432,"d":"70.397"}]
["FVC","rs6462426","C","T",{"v":0.945001,"d":"0.945"},{"v":-0.0209309,"d":"-0.021"},{"v":3.60298E-3,"d":"0.004"},{"v":6.29999202947421e-09,"d":"6.300E-09"},421986,4.55399828280401e-05,{"v":19.2180193019767,"d":"19.218"}]
["FVC","rs723149","G","A",{"v":0.56266,"d":"0.563"},{"v":-0.014312,"d":"-0.014"},{"v":1.65522E-3,"d":"0.002"},{"v":5.30029448835795e-18,"d":"5.300E-18"},421986,1.00808207678773E-4,{"v":42.5437394672429,"d":"42.544"}]
["FVC","rs6965423","C","T",{"v":0.50901,"d":"0.509"},{"v":-0.0108395,"d":"-0.011"},{"v":1.64539E-3,"d":"0.002"},{"v":4.49987033872151e-11,"d":"4.500E-11"},421986,5.87283036522269e-05,{"v":24.7838600024372,"d":"24.784"}]
["FVC","rs42038","T","C",{"v":0.298973,"d":"0.299"},{"v":0.0162055,"d":"0.016"},{"v":0.001795,"d":"0.002"},{"v":1.69980851320349e-19,"d":"1.700E-19"},421986,0.0001100833355849,{"v":46.4585205923715,"d":"46.459"}]
["FVC","rs4728358","T","C",{"v":0.687154,"d":"0.687"},{"v":-0.0105408,"d":"-0.011"},{"v":1.7764E-3,"d":"0.002"},{"v":2.99999133271614e-09,"d":"3.000E-09"},421986,4.77707244436522e-05,{"v":20.1594444148942,"d":"20.159"}]
["FVC","rs9886260","A","G",{"v":0.722783,"d":"0.723"},{"v":-0.0149214,"d":"-0.015"},{"v":0.00183802,"d":"0.002"},{"v":4.70002318179801e-16,"d":"4.700E-16"},421986,8.92230221998129e-05,{"v":37.6540474078736,"d":"37.654"}]
["FVC","rs6977081","T","G",{"v":0.333825,"d":"0.334"},{"v":0.0158604,"d":"0.016"},{"v":0.00175433,"d":"0.002"},{"v":1.5999263828686e-19,"d":"1.600E-19"},421986,1.11883348591464E-4,{"v":47.2182659097251,"d":"47.218"}]
["FVC","rs7012637","A","G",{"v":0.4738,"d":"0.474"},{"v":-0.0101349,"d":"-0.010"},{"v":1.65698E-3,"d":"0.002"},{"v":9.59997274392481e-10,"d":"9.600E-10"},421986,5.1217081991076e-05,{"v":21.6138961276123,"d":"21.614"}]
["FVC","rs76785101","T","C",{"v":0.059317,"d":"0.059"},{"v":-0.0221296,"d":"-0.022"},{"v":0.00349654,"d":"0.003"},{"v":2.49999995007974e-10,"d":"2.500E-10"},421986,5.46511867782918e-05,{"v":23.0631868319819,"d":"23.063"}]
["FVC","rs2468964","G","T",{"v":0.60054,"d":"0.601"},{"v":0.00965778,"d":"0.010"},{"v":1.67483E-3,"d":"0.002"},{"v":8.1000929031245e-09,"d":"8.100E-09"},421986,4.47507016706468e-05,{"v":18.8849252074402,"d":"18.885"}]
["FVC","rs72656010","C","T",{"v":0.132118,"d":"0.132"},{"v":-0.0309087,"d":"-0.031"},{"v":0.00243307,"d":"0.002"},{"v":5.60015438761553e-37,"d":"5.600E-37"},421986,0.00021908575780461,{"v":92.4709434881494,"d":"92.471"}]
["FVC","rs75201573","C","T",{"v":0.228688,"d":"0.229"},{"v":0.0160282,"d":"0.016"},{"v":0.00196373,"d":"0.002"},{"v":3.29989407910835e-16,"d":"3.300E-16"},421986,9.06302057649333e-05,{"v":38.2479631702818,"d":"38.248"}]
["FVC","rs2355595","T","C",{"v":0.353472,"d":"0.353"},{"v":0.0096053,"d":"0.010"},{"v":0.00171679,"d":"0.002"},{"v":2.19998641983516e-08,"d":"2.200E-08"},421986,4.21690889460453e-05,{"v":17.7954312469311,"d":"17.795"}]
["FVC","rs17387279","G","T",{"v":0.181103,"d":"0.181"},{"v":-0.0143769,"d":"-0.014"},{"v":0.0021417,"d":"0.002"},{"v":1.90020300257723e-11,"d":"1.900E-11"},421986,6.13077565579171e-05,{"v":25.8724785269512,"d":"25.872"}]
["FVC","rs4735766","T","G",{"v":0.285258,"d":"0.285"},{"v":0.0149222,"d":"0.015"},{"v":1.81989E-3,"d":"0.002"},{"v":2.39993787680988E-16,"d":"2.400E-16"},421986,9.07993719661411e-05,{"v":38.3193615537233,"d":"38.319"}]
["FVC","rs784808","C","T",{"v":0.556276,"d":"0.556"},{"v":0.0100268,"d":"0.010"},{"v":0.00165571,"d":"0.002"},{"v":1.40000633223953e-09,"d":"1.400E-09"},421986,4.96315619241602e-05,{"v":20.9447645483835,"d":"20.945"}]
["FVC","rs76563195","G","C",{"v":0.242852,"d":"0.243"},{"v":-0.0142082,"d":"-0.014"},{"v":0.00192116,"d":"0.002"},{"v":1.39990962656834E-13,"d":"1.400E-13"},421986,7.42387384341555e-05,{"v":31.3298856905876,"d":"31.330"}]
["FVC","rs10283100","G","A",{"v":0.944478,"d":"0.944"},{"v":0.0296833,"d":"0.030"},{"v":3.58764E-3,"d":"0.004"},{"v":1.2998702373886e-16,"d":"1.300E-16"},421986,9.24083692946343e-05,{"v":38.9984570922519,"d":"38.998"}]
["FVC","rs7815955","T","A",{"v":0.203201,"d":"0.203"},{"v":-0.0239073,"d":"-0.024"},{"v":0.00204165,"d":"0.002"},{"v":1.10001852750622E-31,"d":"1.100E-31"},421986,0.000185082637412545,{"v":78.1163696496151,"d":"78.116"}]
["FVC","rs16905189","G","C",{"v":0.366604,"d":"0.367"},{"v":-0.0159501,"d":"-0.016"},{"v":1.71036E-3,"d":"0.002"},{"v":1.10001852750622E-20,"d":"1.100E-20"},421986,1.18148804558535E-4,{"v":49.8627963726122,"d":"49.863"}]
["FVC","rs2760402","C","A",{"v":0.649252,"d":"0.649"},{"v":0.00977621,"d":"0.010"},{"v":0.00172753,"d":"0.002"},{"v":1.49999565138204e-08,"d":"1.500E-08"},421986,4.35290850830249e-05,{"v":18.3693770418513,"d":"18.369"}]
["FVC","rs1983753","A","G",{"v":0.851273,"d":"0.851"},{"v":0.0155112,"d":"0.016"},{"v":0.00231937,"d":"0.002"},{"v":2.29985258668621e-11,"d":"2.300E-11"},421986,6.09227456439144e-05,{"v":25.7099902209963,"d":"25.710"}]
["FVC","rs1984246","A","C",{"v":0.42304,"d":"0.423"},{"v":0.0128671,"d":"0.013"},{"v":0.00166162,"d":"0.002"},{"v":9.70063133783958e-15,"d":"9.701E-15"},421986,8.08199330946159e-05,{"v":34.107475210863,"d":"34.107"}]
["FVC","rs7029491","G","C",{"v":0.334337,"d":"0.334"},{"v":0.0134513,"d":"0.013"},{"v":0.0017552,"d":"0.002"},{"v":1.80011396041801E-14,"d":"1.800E-14"},421986,8.05373568236104e-05,{"v":33.988213302717,"d":"33.988"}]
["FVC","rs12348523","A","G",{"v":0.156387,"d":"0.156"},{"v":0.0148259,"d":"0.015"},{"v":0.00226513,"d":"0.002"},{"v":5.90065196995665e-11,"d":"5.901E-11"},421986,5.79984037310275e-05,{"v":24.4758179584055,"d":"24.476"}]
["FVC","rs35344761","A","C",{"v":0.122131,"d":"0.122"},{"v":-0.0192934,"d":"-0.019"},{"v":2.52637E-3,"d":"0.003"},{"v":2.19988510904925E-14,"d":"2.200E-14"},421986,7.98184258788518e-05,{"v":33.6847872927592,"d":"33.685"}]
["FVC","rs10797116","C","T",{"v":0.542079,"d":"0.542"},{"v":-0.0121521,"d":"-0.012"},{"v":0.00165228,"d":"0.002"},{"v":1.90020300257723e-13,"d":"1.900E-13"},421986,7.33138132091918e-05,{"v":30.9395244477837,"d":"30.940"}]
["FVC","rs7854962","G","C",{"v":0.212959,"d":"0.213"},{"v":-0.017877,"d":"-0.018"},{"v":0.00202336,"d":"0.002"},{"v":1e-18,"d":"1.000E-18"},421986,0.000107130376641358,{"v":45.2121484511193,"d":"45.212"}]
["FVC","rs28427480","C","A",{"v":0.093765,"d":"0.094"},{"v":0.0395816,"d":"0.040"},{"v":0.00282649,"d":"0.003"},{"v":1.50003019045594e-44,"d":"1.500E-44"},421986,0.000266255308960786,{"v":112.385403506842,"d":"112.385"}]
["FVC","rs7852321","C","T",{"v":0.282452,"d":"0.282"},{"v":0.0103028,"d":"0.010"},{"v":0.00182407,"d":"0.002"},{"v":1.60000006389793e-08,"d":"1.600E-08"},421986,4.30265125876653e-05,{"v":18.1572811322785,"d":"18.157"}]
["FVC","rs1516890","A","G",{"v":0.469749,"d":"0.470"},{"v":-0.0114366,"d":"-0.011"},{"v":1.65471E-3,"d":"0.002"},{"v":4.79954424931945e-12,"d":"4.800E-12"},421986,6.5158521254172e-05,{"v":27.4976451388157,"d":"27.498"}]
["FVC","rs13284734","C","T",{"v":0.020117,"d":"0.020"},{"v":-0.0354992,"d":"-0.035"},{"v":0.00598441,"d":"0.006"},{"v":2.99999133271614e-09,"d":"3.000E-09"},421986,4.96826287641103E-5,{"v":20.9663160780926,"d":"20.966"}]
["FVC","rs7027103","C","G",{"v":0.203801,"d":"0.204"},{"v":-0.0165277,"d":"-0.017"},{"v":2.04156E-3,"d":"0.002"},{"v":5.70033002218961e-16,"d":"5.700E-16"},421986,8.86508239714635e-05,{"v":37.4125459557999,"d":"37.413"}]
["FVC","rs28446901","G","C",{"v":0.15458,"d":"0.155"},{"v":-0.0140506,"d":"-0.014"},{"v":0.00228337,"d":"0.002"},{"v":7.59993713661527e-10,"d":"7.600E-10"},421986,5.1599507535487e-05,{"v":21.7752901821048,"d":"21.775"}]
["FVC","rs12684650","T","C",{"v":0.316579,"d":"0.317"},{"v":-0.0207794,"d":"-0.021"},{"v":1.76534E-3,"d":"0.002"},{"v":5.50047252867635e-32,"d":"5.500E-32"},421986,0.000186838522670851,{"v":78.8576007883691,"d":"78.858"}]
["FVC","rs7916879","A","G",{"v":0.369335,"d":"0.369"},{"v":-0.0108696,"d":"-0.011"},{"v":0.00170511,"d":"0.002"},{"v":1.79998961724559E-10,"d":"1.800E-10"},421986,5.50397326342143e-05,{"v":23.2271649528651,"d":"23.227"}]
["FVC","rs663378","A","G",{"v":0.833573,"d":"0.834"},{"v":-0.0151571,"d":"-0.015"},{"v":0.00222469,"d":"0.002"},{"v":9.49948365876348e-12,"d":"9.499E-12"},421986,6.37425819916999e-05,{"v":26.900064398746,"d":"26.900"}]
["FVC","rs2808096","G","A",{"v":0.21446,"d":"0.214"},{"v":0.0110218,"d":"0.011"},{"v":0.0020005,"d":"0.002"},{"v":3.59997927043357E-8,"d":"3.600E-08"},421986,4.09307454157644e-05,{"v":17.2728266631967,"d":"17.273"}]
["FVC","rs10761495","C","A",{"v":0.597215,"d":"0.597"},{"v":0.0117777,"d":"0.012"},{"v":0.00167988,"d":"0.002"},{"v":2.39993787680988E-12,"d":"2.400E-12"},421986,6.67352001399011e-05,{"v":28.163066163693,"d":"28.163"}]
["FVC","rs11000765","C","G",{"v":0.720336,"d":"0.720"},{"v":-0.0112364,"d":"-0.011"},{"v":0.00182542,"d":"0.002"},{"v":7.49997818203001e-10,"d":"7.500E-10"},421986,5.08693352915136e-05,{"v":21.4671376026745,"d":"21.467"}]
["FVC","rs7907533","A","C",{"v":0.548538,"d":"0.549"},{"v":0.00988224,"d":"0.010"},{"v":1.6501E-3,"d":"0.002"},{"v":2.10000341026661e-09,"d":"2.100E-09"},421986,4.83691782861995e-05,{"v":20.412006641912,"d":"20.412"}]
["FVC","rs2289308","A","G",{"v":0.342889,"d":"0.343"},{"v":-0.00962747,"d":"-0.010"},{"v":0.00173144,"d":"0.002"},{"v":2.69997659840121e-08,"d":"2.700E-08"},421986,4.17682840802068e-05,{"v":17.6262838089314,"d":"17.626"}]
["FVC","rs1250535","G","C",{"v":0.675489,"d":"0.675"},{"v":-0.0117947,"d":"-0.012"},{"v":1.76235E-3,"d":"0.002"},{"v":2.19988510904925E-11,"d":"2.200E-11"},421986,{"$f":"2*E452*(1-E452)*F452*F452","v":6.09889978971453E-5},{"$f":"J452/(1-J452)*(I452-2)","v":{"v":25.7379510204696,"d":"25.738"}}]
["FVC","rs564443","A","G",{"v":0.162319,"d":"0.162"},{"v":0.0124309,"d":"0.012"},{"v":0.00222876,"d":"0.002"},{"v":2.39999313805789e-08,"d":"2.400E-08"},421986,4.20226237478109e-05,{"v":17.7336200728403,"d":"17.734"}]
["FVC","rs2648725","A","T",{"v":0.213148,"d":"0.213"},{"v":0.0171275,"d":"0.017"},{"v":0.00200708,"d":"0.002"},{"v":1.39990962656834e-17,"d":"1.400E-17"},421986,9.83993575735976e-05,{"v":41.5270407404678,"d":"41.527"}]
["FVC","rs4918293","A","G",{"v":0.335439,"d":"0.335"},{"v":-0.0108452,"d":"-0.011"},{"v":0.00174452,"d":"0.002"},{"v":5.09999793204996e-10,"d":"5.100E-10"},421986,5.24388950619221e-05,{"v":22.1295351421812,"d":"22.130"}]
["FVC","rs10883560","G","C",{"v":0.428966,"d":"0.429"},{"v":0.0120946,"d":"0.012"},{"v":0.00166148,"d":"0.002"},{"v":3.40016505804071e-13,"d":"3.400E-13"},421986,7.16634733701756e-05,{"v":30.2430064655286,"d":"30.243"}]
["FVC","rs145583731","A","G",{"v":0.066524,"d":"0.067"},{"v":0.018996,"d":"0.019"},{"v":0.00329456,"d":"0.003"},{"v":8.1000929031245e-09,"d":"8.100E-09"},421986,4.48162824858249e-05,{"v":18.9126017410005,"d":"18.913"}]
["FVC","rs12570809","G","T",{"v":0.504251,"d":"0.504"},{"v":0.0109403,"d":"0.011"},{"v":0.00164206,"d":"0.002"},{"v":2.70022528688824e-11,"d":"2.700E-11"},421986,5.98407562028501e-05,{"v":25.2533528452344,"d":"25.253"}]
["FVC","rs2420991","G","T",{"v":0.157205,"d":"0.157"},{"v":0.0131879,"d":"0.013"},{"v":0.00231045,"d":"0.002"},{"v":1.09999319893519E-8,"d":"1.100E-08"},421986,4.60860611479893e-05,{"v":19.448476731161,"d":"19.448"}]
["FVC","rs12571363","A","C",{"v":0.10664,"d":"0.107"},{"v":-0.0297543,"d":"-0.030"},{"v":0.00266251,"d":"0.003"},{"v":5.40007759066591e-29,"d":"5.400E-29"},421986,1.68684862009559E-4,{"v":71.1943222146604,"d":"71.194"}]
["FVC","rs4244808","G","T",{"v":0.459999,"d":"0.460"},{"v":0.0116467,"d":"0.012"},{"v":1.65946E-3,"d":"0.002"},{"v":2.19988510904925e-12,"d":"2.200E-12"},421986,6.73887227545813e-05,{"v":28.438879242618,"d":"28.439"}]
["FVC","rs61884008","A","G",{"v":0.055359,"d":"0.055"},{"v":0.0243436,"d":"0.024"},{"v":3.63066E-3,"d":"0.004"},{"v":1.99986186963274e-11,"d":"2.000E-11"},421986,6.19804364366019e-05,{"v":26.1563736727189,"d":"26.156"}]
["FVC","rs7120175","C","G",{"v":0.451334,"d":"0.451"},{"v":-0.00932151,"d":"-0.009"},{"v":1.65416E-3,"d":"0.002"},{"v":1.70000422215637e-08,"d":"1.700E-08"},421986,4.30336947418429e-05,{"v":18.1603121472712,"d":"18.160"}]
["FVC","rs7105777","T","C",{"v":0.631869,"d":"0.632"},{"v":-0.0108209,"d":"-0.011"},{"v":1.70784E-3,"d":"0.002"},{"v":2.39999313805789e-10,"d":"2.400E-10"},421986,5.44736156740329e-05,{"v":22.9882464894954,"d":"22.988"}]
["FVC","rs10769125","A","G",{"v":0.759887,"d":"0.760"},{"v":-0.0108837,"d":"-0.011"},{"v":0.00191996,"d":"0.002"},{"v":1.40000633223953E-8,"d":"1.400E-08"},421986,4.32262746894772e-05,{"v":18.2415848143203,"d":"18.242"}]
["FVC","rs117372259","G","A",{"v":0.031174,"d":"0.031"},{"v":0.0318746,"d":"0.032"},{"v":0.00495553,"d":"0.005"},{"v":1.29998996537545e-10,"d":"1.300E-10"},421986,6.13702367797437e-05,{"v":25.8988474156616,"d":"25.899"}]
["FVC","rs35805829","C","T",{"v":0.346839,"d":"0.347"},{"v":-0.0133102,"d":"-0.013"},{"v":1.72266E-3,"d":"0.002"},{"v":1.10001852750622E-14,"d":"1.100E-14"},421986,8.02689032154592e-05,{"v":33.8749119565016,"d":"33.875"}]
["FVC","rs145183935","C","T",{"v":0.07345,"d":"0.073"},{"v":-0.0196256,"d":"-0.020"},{"v":3.1714E-3,"d":"0.003"},{"v":6.10000231740111e-10,"d":"6.100E-10"},421986,5.24247710152638e-05,{"v":22.1235743954268,"d":"22.124"}]
["FVC","rs12790261","A","C",{"v":0.082405,"d":"0.082"},{"v":-0.0447471,"d":"-0.045"},{"v":2.99096E-3,"d":"0.003"},{"v":1.29987023738861e-50,"d":"1.300E-50"},421986,0.000302805937610374,{"v":127.817964815255,"d":"127.818"}]
["FVC","rs880610","A","G",{"v":0.166836,"d":"0.167"},{"v":-0.0152687,"d":"-0.015"},{"v":0.00220268,"d":"0.002"},{"v":4.19952334664066e-12,"d":"4.200E-12"},421986,6.48118450622442e-05,{"v":27.3513343171881,"d":"27.351"}]
["FVC","rs2118022","C","T",{"v":0.360318,"d":"0.360"},{"v":-0.0114524,"d":"-0.011"},{"v":0.00171628,"d":"0.002"},{"v":2.49976970217851E-11,"d":"2.500E-11"},421986,6.04606902173754e-05,{"v":25.5149865543869,"d":"25.515"}]
["FVC","rs10892061","T","C",{"v":0.655603,"d":"0.656"},{"v":0.010252,"d":"0.010"},{"v":1.72686E-3,"d":"0.002"},{"v":2.90001336905407e-09,"d":"2.900E-09"},421986,4.74621582036346e-05,{"v":20.0292219975057,"d":"20.029"}]
["FVC","rs11608103","A","G",{"v":0.131252,"d":"0.131"},{"v":0.0136037,"d":"0.014"},{"v":0.00243411,"d":"0.002"},{"v":2.3000114603619e-08,"d":"2.300E-08"},421986,4.22030496869096e-05,{"v":17.8097633454082,"d":"17.810"}]
["FVC","rs67232546","T","C",{"v":0.21257,"d":"0.213"},{"v":-0.0120519,"d":"-0.012"},{"v":0.0020216,"d":"0.002"},{"v":2.49999995007974e-09,"d":"2.500E-09"},421986,4.86244793317992e-05,{"v":20.5197500485121,"d":"20.520"}]
["FVC","rs7980065","G","T",{"v":0.43574,"d":"0.436"},{"v":-0.0106182,"d":"-0.011"},{"v":0.00165768,"d":"0.002"},{"v":1.49999565138204e-10,"d":"1.500E-10"},421986,5.54419493567618e-05,{"v":23.3969127278143,"d":"23.397"}]
["FVC","rs67551338","T","C",{"v":0.06134,"d":"0.061"},{"v":0.0247464,"d":"0.025"},{"v":0.00345878,"d":"0.003"},{"v":8.4004006526377e-13,"d":"8.400E-13"},421986,7.05189984710282e-05,{"v":29.7599876953251,"d":"29.760"}]
["FVC","rs76895963","G","T",{"v":0.020683,"d":"0.021"},{"v":0.0711121,"d":"0.071"},{"v":0.00635528,"d":"0.006"},{"v":4.60044666393479e-29,"d":"4.600E-29"},421986,0.000204858424767959,{"v":86.4646905375839,"d":"86.465"}]
["FVC","rs7309492","A","T",{"v":0.568336,"d":"0.568"},{"v":0.0111949,"d":"0.011"},{"v":0.00166969,"d":"0.002"},{"v":1.99986186963274e-11,"d":"2.000E-11"},421986,6.14923980641846e-05,{"v":25.9504038572808,"d":"25.950"}]
["FVC","rs11049229","T","A",{"v":0.054116,"d":"0.054"},{"v":0.0200488,"d":"0.020"},{"v":3.66563E-3,"d":"0.004"},{"v":4.49997395325803e-08,"d":"4.500E-08"},421986,4.11500464730783e-05,{"v":17.3653757969165,"d":"17.365"}]
["FVC","rs6487686","C","T",{"v":0.772904,"d":"0.773"},{"v":-0.0171409,"d":"-0.017"},{"v":0.00196297,"d":"0.002"},{"v":2.49976970217851e-18,"d":"2.500E-18"},421986,1.03141223251922E-4,{"v":43.5284355288256,"d":"43.528"}]
["FVC","rs10771751","A","T",{"v":0.516413,"d":"0.516"},{"v":0.0140648,"d":"0.014"},{"v":0.00164234,"d":"0.002"},{"v":1.10001852750622E-17,"d":"1.100E-17"},421986,9.88027201726405e-05,{"v":41.6972868746986,"d":"41.697"}]
["FVC","rs12099669","A","G",{"v":0.696156,"d":"0.696"},{"v":0.0127696,"d":"0.013"},{"v":0.00178372,"d":"0.002"},{"v":8.10027941680351e-13,"d":"8.100E-13"},421986,6.89829587755084e-05,{"v":29.111713088028,"d":"29.112"}]
["FVC","rs7956181","C","T",{"v":0.096091,"d":"0.096"},{"v":0.017134,"d":"0.017"},{"v":0.00278289,"d":"0.003"},{"v":7.39997069733888e-10,"d":"7.400E-10"},421986,5.09982113445097e-05,{"v":21.5215267753725,"d":"21.522"}]
["FVC","rs4759316","A","G",{"v":0.57091,"d":"0.571"},{"v":0.0104193,"d":"0.010"},{"v":0.00165644,"d":"0.002"},{"v":3.20000015974484E-10,"d":"3.200E-10"},421986,5.31891591327017e-05,{"v":22.4461680202567,"d":"22.446"}]
["FVC","rs11575234","G","C",{"v":0.067886,"d":"0.068"},{"v":0.019485,"d":"0.019"},{"v":0.00325807,"d":"0.003"},{"v":2.19998641983517e-09,"d":"2.200E-09"},421986,4.80485257189383e-05,{"v":20.2766833417215,"d":"20.277"}]
["FVC","rs10878321","G","T",{"v":0.13768,"d":"0.138"},{"v":0.0146485,"d":"0.015"},{"v":2.38528E-3,"d":"0.002"},{"v":8.19992726270379e-10,"d":"8.200E-10"},421986,5.09513414592439e-05,{"v":21.5017464171613,"d":"21.502"}]
["FVC","rs7968682","T","G",{"v":0.517742,"d":"0.518"},{"v":-0.0246342,"d":"-0.025"},{"v":0.00164702,"d":"0.002"},{"v":1.39990962656833e-50,"d":"1.400E-50"},421986,3.03039861974058E-4,{"v":127.916736985581,"d":"127.917"}]
["FVC","rs2645977","A","G",{"v":0.357445,"d":"0.357"},{"v":0.00992959,"d":"0.010"},{"v":1.71149E-3,"d":"0.002"},{"v":6.59994019159873e-09,"d":"6.600E-09"},421986,4.52910263624554e-05,{"v":19.112954113843,"d":"19.113"}]
["FVC","rs11107119","A","T",{"v":0.219982,"d":"0.220"},{"v":0.0234084,"d":"0.023"},{"v":0.00198228,"d":"0.002"},{"v":3.50025754158434e-32,"d":"3.500E-32"},421986,1.88046487908797E-4,{"v":79.367533939717,"d":"79.368"}]
["FVC","rs3858603","A","G",{"v":0.501593,"d":"0.502"},{"v":-0.012366,"d":"-0.012"},{"v":1.63937E-3,"d":"0.002"},{"v":4.60044666393479e-14,"d":"4.600E-14"},421986,7.64582018958038e-05,{"v":32.266604915392,"d":"32.267"}]
["FVC","rs11111178","T","C",{"v":0.176659,"d":"0.177"},{"v":0.0156769,"d":"0.016"},{"v":2.15168E-3,"d":"0.002"},{"v":3.19963176731835e-13,"d":"3.200E-13"},421986,7.14933886182005e-05,{"v":30.1712231456442,"d":"30.171"}]
["FVC","rs2058780","T","C",{"v":0.609391,"d":"0.609"},{"v":-0.00993703,"d":"-0.010"},{"v":0.00168463,"d":"0.002"},{"v":3.69998531172859e-09,"d":"3.700E-09"},421986,4.70090504808346e-05,{"v":19.837999723635,"d":"19.838"}]
["FVC","rs35506","A","T",{"v":0.715534,"d":"0.716"},{"v":0.0135949,"d":"0.014"},{"v":0.00182407,"d":"0.002"},{"v":9.09913272632251e-14,"d":"9.099E-14"},421986,7.52389405219948e-05,{"v":31.7520180654321,"d":"31.752"}]
["FVC","rs9988963","G","C",{"v":0.737251,"d":"0.737"},{"v":0.0135266,"d":"0.014"},{"v":1.86634E-3,"d":"0.002"},{"v":4.19952334664066e-13,"d":"4.200E-13"},421986,7.08865325024603e-05,{"v":29.9151031094471,"d":"29.915"}]
["FVC","rs11060406","T","C",{"v":0.036679,"d":"0.037"},{"v":-0.0273377,"d":"-0.027"},{"v":4.43481E-3,"d":"0.004"},{"v":7.1000269957767e-10,"d":"7.100E-10"},421986,5.28131968728098E-5,{"v":22.2875011433615,"d":"22.288"}]
["FVC","rs12323020","C","T",{"v":0.113463,"d":"0.113"},{"v":-0.0144116,"d":"-0.014"},{"v":0.00260325,"d":"0.003"},{"v":3.09998790941119e-08,"d":"3.100E-08"},421986,4.17835680209609e-05,{"v":17.6327339262945,"d":"17.633"}]
["FVC","rs558107","G","A",{"v":0.587806,"d":"0.588"},{"v":-0.0109259,"d":"-0.011"},{"v":1.67201E-3,"d":"0.002"},{"v":6.40029512108372E-11,"d":"6.400E-11"},421986,5.78469038151767E-5,{"v":24.4118800112185,"d":"24.412"}]
["FVC","rs2812208","C","G",{"v":0.020816,"d":"0.021"},{"v":0.0825904,"d":"0.083"},{"v":0.00576265,"d":"0.006"},{"v":1.39990962656833E-46,"d":"1.400E-46"},421986,0.000278067813708179,{"v":117.372805899358,"d":"117.373"}]
["FVC","rs3116605","C","T",{"v":0.215238,"d":"0.215"},{"v":-0.0153157,"d":"-0.015"},{"v":0.00199894,"d":"0.002"},{"v":1.80011396041801E-14,"d":"1.800E-14"},421986,7.92429456128899e-05,{"v":33.4419051965844,"d":"33.442"}]
["FVC","rs803765","A","C",{"v":0.346274,"d":"0.346"},{"v":-0.013468,"d":"-0.013"},{"v":0.00172756,"d":"0.002"},{"v":6.40029512108372e-15,"d":"6.400E-15"},421986,8.21205506694664e-05,{"v":34.6564044567223,"d":"34.656"}]
["FVC","rs8001781","G","A",{"v":0.661562,"d":"0.662"},{"v":-0.0118573,"d":"-0.012"},{"v":0.00173947,"d":"0.002"},{"v":9.30036514753962e-12,"d":"9.300E-12"},421986,6.29580521693592e-05,{"v":26.5689634168198,"d":"26.569"}]
["FVC","rs12430764","A","G",{"v":0.512974,"d":"0.513"},{"v":-0.0100933,"d":"-0.010"},{"v":1.64288E-3,"d":"0.002"},{"v":8.1000929031245e-10,"d":"8.100E-10"},421986,5.09030563916136e-05,{"v":21.4813688156869,"d":"21.481"}]
["FVC","rs2039092","T","G",{"v":0.142069,"d":"0.142"},{"v":-0.0136207,"d":"-0.014"},{"v":2.37872E-3,"d":"0.002"},{"v":1E-8,"d":"1.000E-08"},421986,4.52252040502154e-05,{"v":19.0851756368886,"d":"19.085"}]
["FVC","rs17197170","G","A",{"v":0.169899,"d":"0.170"},{"v":0.012524,"d":"0.013"},{"v":0.00221253,"d":"0.002"},{"v":1.49999565138204e-08,"d":"1.500E-08"},421986,4.42423180283422e-05,{"v":18.6703763516002,"d":"18.670"}]
["FVC","rs36226649","C","T",{"v":0.066506,"d":"0.067"},{"v":0.0264724,"d":"0.026"},{"v":0.00329988,"d":"0.003"},{"v":1e-15,"d":"1.000E-15"},421986,8.70139707337911e-05,{"v":36.7216987269464,"d":"36.722"}]
["FVC","rs7359156","G","A",{"v":0.209384,"d":"0.209"},{"v":-0.0137136,"d":"-0.014"},{"v":2.02651E-3,"d":"0.002"},{"v":1.2998702373886e-11,"d":"1.300E-11"},421986,6.226472042639e-05,{"v":26.276351874113,"d":"26.276"}]
["FVC","rs1555211","T","C",{"v":0.292035,"d":"0.292"},{"v":0.014396,"d":"0.014"},{"v":1.80824E-3,"d":"0.002"},{"v":1.69980851320349E-15,"d":"1.700E-15"},421986,8.56959630224441e-05,{"v":36.1654244909429,"d":"36.165"}]
["FVC","rs10141786","G","A",{"v":0.596493,"d":"0.596"},{"v":-0.0135681,"d":"-0.014"},{"v":0.00168175,"d":"0.002"},{"v":7.1994612744084e-16,"d":"7.199E-16"},421986,8.86185198408396e-05,{"v":37.3989117127165,"d":"37.399"}]
["FVC","rs11621587","C","G",{"v":0.183978,"d":"0.184"},{"v":0.0212612,"d":"0.021"},{"v":2.11823E-3,"d":"0.002"},{"v":1e-23,"d":"1.000E-23"},421986,0.000135729204028457,{"v":57.2833274531838,"d":"57.283"}]
["FVC","rs28929474","T","C",{"v":0.019693,"d":"0.020"},{"v":0.0489397,"d":"0.049"},{"v":0.00592126,"d":"0.006"},{"v":1.39990962656834e-16,"d":"1.400E-16"},421986,9.24754782377338e-05,{"v":39.0267812289301,"d":"39.027"}]
["FVC","rs56144019","A","G",{"v":0.23362,"d":"0.234"},{"v":-0.0126675,"d":"-0.013"},{"v":0.00194171,"d":"0.002"},{"v":6.89922009844049e-11,"d":"6.899E-11"},421986,5.74600505527944e-05,{"v":24.2486152991313,"d":"24.249"}]
["FVC","rs4924413","A","G",{"v":0.283479,"d":"0.283"},{"v":0.0108259,"d":"0.011"},{"v":0.00182023,"d":"0.002"},{"v":2.69997659840121e-09,"d":"2.700E-09"},421986,4.76110581125863e-05,{"v":20.0920613508822,"d":"20.092"}]
["FVC","rs11637681","G","A",{"v":0.276249,"d":"0.276"},{"v":-0.0114817,"d":"-0.011"},{"v":1.85184E-3,"d":"0.002"},{"v":5.60002544078e-10,"d":"5.600E-10"},421986,5.27147653220468e-05,{"v":22.245960220231,"d":"22.246"}]
["FVC","rs8033776","G","A",{"v":0.4683,"d":"0.468"},{"v":0.0109236,"d":"0.011"},{"v":0.00164896,"d":"0.002"},{"v":3.50025754158434E-11,"d":"3.500E-11"},421986,5.94227014072185e-05,{"v":25.0769193689156,"d":"25.077"}]
["FVC","rs3743347","A","C",{"v":0.231535,"d":"0.232"},{"v":-0.0169457,"d":"-0.017"},{"v":1.94802E-3,"d":"0.002"},{"v":3.40016505804072e-18,"d":"3.400E-18"},421986,1.02185615560985E-4,{"v":43.1251015619361,"d":"43.125"}]
["FVC","rs11632611","A","G",{"v":0.658418,"d":"0.658"},{"v":-0.011446,"d":"-0.011"},{"v":1.75909E-3,"d":"0.002"},{"v":7.70016444356872e-11,"d":"7.700E-11"},421986,{"$f":"2*E516*(1-E516)*F516*F516","v":5.89296892647042e-05},{"$f":"J516/(1-J516)*(I516-2)","v":{"v":24.8688515083687,"d":"24.869"}}]
["FVC","rs2165241","C","T",{"v":0.508667,"d":"0.509"},{"v":0.0196955,"d":"0.020"},{"v":1.64442E-3,"d":"0.002"},{"v":4.70002318179801e-33,"d":"4.700E-33"},421986,1.93898082531503E-4,{"v":81.8377566430654,"d":"81.838"}]
["FVC","rs11259936","C","A",{"v":0.52286,"d":"0.523"},{"v":0.0173043,"d":"0.017"},{"v":0.00164414,"d":"0.002"},{"v":6.59933234263567e-26,"d":"6.599E-26"},421986,1.49406438029921E-4,{"v":63.0565473997598,"d":"63.057"}]
["FVC","rs12385976","C","T",{"v":0.043977,"d":"0.044"},{"v":-0.0329018,"d":"-0.033"},{"v":0.0040288,"d":"0.004"},{"v":3.19963176731835E-16,"d":"3.200E-16"},421986,9.10255374943288e-05,{"v":38.4148171433851,"d":"38.415"}]
["FVC","rs7176647","G","C",{"v":0.599761,"d":"0.600"},{"v":-0.0123614,"d":"-0.012"},{"v":1.69264E-3,"d":"0.002"},{"v":2.80027059501064E-13,"d":"2.800E-13"},421986,7.33606114066136E-5,{"v":30.9592754351831,"d":"30.959"}]
["FVC","rs72755233","A","G",{"v":0.111547,"d":"0.112"},{"v":-0.0339278,"d":"-0.034"},{"v":2.60619E-3,"d":"0.003"},{"v":9.60063590945352e-39,"d":"9.601E-39"},421986,0.00022815697343369,{"v":96.3005639226468,"d":"96.301"}]
["FVC","rs4302014","C","G",{"v":0.508026,"d":"0.508"},{"v":-0.0107688,"d":"-0.011"},{"v":1.64865E-3,"d":"0.002"},{"v":6.49980009683026e-11,"d":"6.500E-11"},421986,5.79685862957838e-05,{"v":24.4632340185323,"d":"24.463"}]
["FVC","rs12051245","C","T",{"v":0.231666,"d":"0.232"},{"v":0.0125612,"d":"0.013"},{"v":0.00194877,"d":"0.002"},{"v":1.19999655704811e-10,"d":"1.200E-10"},421986,5.61700238971006e-05,{"v":23.70418282871,"d":"23.704"}]
["FVC","rs735830","A","G",{"v":0.208865,"d":"0.209"},{"v":-0.0162617,"d":"-0.016"},{"v":2.02148E-3,"d":"0.002"},{"v":8.69961433065269e-16,"d":"8.700E-16"},421986,8.73933030413467e-05,{"v":36.88179881282,"d":"36.882"}]
["FVC","rs841212","G","C",{"v":0.540999,"d":"0.541"},{"v":-0.0101899,"d":"-0.010"},{"v":0.00165159,"d":"0.002"},{"v":6.8000170244089E-10,"d":"6.800E-10"},421986,5.15679579171009e-05,{"v":21.7619753743202,"d":"21.762"}]
["FVC","rs62018872","A","G",{"v":0.120637,"d":"0.121"},{"v":-0.0151197,"d":"-0.015"},{"v":0.00253721,"d":"0.003"},{"v":2.49999995007974e-09,"d":"2.500E-09"},421986,4.85026045935671e-05,{"v":20.4683158634428,"d":"20.468"}]
["FVC","rs246185","C","T",{"v":0.32244,"d":"0.322"},{"v":0.0125927,"d":"0.013"},{"v":1.774E-3,"d":"0.002"},{"v":1.2998702373886e-12,"d":"1.300E-12"},421986,6.92890140832418e-05,{"v":29.2408813907452,"d":"29.241"}]
["FVC","rs74483355","T","C",{"v":0.112455,"d":"0.112"},{"v":-0.0195417,"d":"-0.020"},{"v":0.00260367,"d":"0.003"},{"v":6.09958095872238E-14,"d":"6.100E-14"},421986,7.62296333510282e-05,{"v":32.1701379178186,"d":"32.170"}]
["FVC","rs9745989","C","T",{"v":0.62791,"d":"0.628"},{"v":0.0107594,"d":"0.011"},{"v":0.00174129,"d":"0.002"},{"v":6.49994976198144e-10,"d":"6.500E-10"},421986,5.40942994332712e-05,{"v":22.8281637255736,"d":"22.828"}]
["FVC","rs76219171","A","G",{"v":0.06075,"d":"0.061"},{"v":-0.0193054,"d":"-0.019"},{"v":0.00348454,"d":"0.003"},{"v":2.99999133271615e-08,"d":"3.000E-08"},421986,4.25319300147614E-5,{"v":17.9485573421338,"d":"17.949"}]
["FVC","rs3790076","T","G",{"v":0.572955,"d":"0.573"},{"v":-0.0208074,"d":"-0.021"},{"v":1.66216E-3,"d":"0.002"},{"v":5.90065196995663e-36,"d":"5.901E-36"},421986,0.000211865275899546,{"v":89.4227021506569,"d":"89.423"}]
["FVC","rs11645649","G","C",{"v":0.593954,"d":"0.594"},{"v":0.0107058,"d":"0.011"},{"v":0.00170463,"d":"0.002"},{"v":3.4000084782586e-10,"d":"3.400E-10"},421986,5.52835973782282e-05,{"v":23.3300833269877,"d":"23.330"}]
["FVC","rs78579285","T","C",{"v":0.181123,"d":"0.181"},{"v":-0.0147405,"d":"-0.015"},{"v":2.13123E-3,"d":"0.002"},{"v":4.60044666393479e-12,"d":"4.600E-12"},421986,6.4453529126848e-05,{"v":27.2001111782219,"d":"27.200"}]
["FVC","rs4785677","G","A",{"v":0.549173,"d":"0.549"},{"v":-0.00984707,"d":"-0.010"},{"v":1.65043E-3,"d":"0.002"},{"v":2.39999313805789E-9,"d":"2.400E-09"},421986,4.80134751963316E-5,{"v":20.2618911610575,"d":"20.262"}]
["FVC","rs55831773","T","C",{"v":0.199579,"d":"0.200"},{"v":-0.0143551,"d":"-0.014"},{"v":0.00209681,"d":"0.002"},{"v":7.59976214361039E-12,"d":"7.600E-12"},421986,6.58378676692214e-05,{"v":27.7843560132832,"d":"27.784"}]
["FVC","rs78378222","G","T",{"v":0.01219,"d":"0.012"},{"v":0.0600012,"d":"0.060"},{"v":0.00764883,"d":"0.008"},{"v":4.30031233630544e-15,"d":"4.300E-15"},421986,8.67015760390024e-05,{"v":36.5898502609271,"d":"36.590"}]
["FVC","rs11545700","A","C",{"v":0.124616,"d":"0.125"},{"v":-0.0144667,"d":"-0.014"},{"v":0.00249861,"d":"0.002"},{"v":7.00003159130898e-09,"d":"7.000E-09"},421986,4.56605730783884e-05,{"v":19.268911099434,"d":"19.269"}]
["FVC","rs13723","G","A",{"v":0.491918,"d":"0.492"},{"v":-0.0100373,"d":"-0.010"},{"v":0.00164308,"d":"0.002"},{"v":1e-09,"d":"1.000E-09"},421986,5.03605342629092e-05,{"v":21.2524099731201,"d":"21.252"}]
["FVC","rs150032562","A","C",{"v":0.049667,"d":"0.050"},{"v":0.0262551,"d":"0.026"},{"v":3.78634E-3,"d":"0.004"},{"v":4.10015240506613e-12,"d":"4.100E-12"},421986,6.50730387752197e-05,{"v":27.4615682022147,"d":"27.462"}]
["FVC","rs77804065","T","C",{"v":0.224606,"d":"0.225"},{"v":-0.0293446,"d":"-0.029"},{"v":0.00198179,"d":"0.002"},{"v":1.29987023738861e-49,"d":"1.300E-49"},421986,0.000299937089775382,{"v":126.606626914998,"d":"126.607"}]
["FVC","rs11079810","T","C",{"v":0.103307,"d":"0.103"},{"v":0.018367,"d":"0.018"},{"v":0.00271137,"d":"0.003"},{"v":1.2998702373886e-11,"d":"1.300E-11"},421986,6.24999942060563e-05,{"v":26.3756460327727,"d":"26.376"}]
["FVC","rs4794006","A","G",{"v":0.555023,"d":"0.555"},{"v":-0.010443,"d":"-0.010"},{"v":0.00165309,"d":"0.002"},{"v":2.69997659840121E-10,"d":"2.700E-10"},421986,5.38677822535485e-05,{"v":22.7325667794388,"d":"22.733"}]
["FVC","rs12452590","G","T",{"v":0.361692,"d":"0.362"},{"v":0.0110851,"d":"0.011"},{"v":0.00172892,"d":"0.002"},{"v":1.40000633223953E-10,"d":"1.400E-10"},421986,5.67385740328396e-05,{"v":23.9441289804086,"d":"23.944"}]
["FVC","rs2005172","C","A",{"v":0.64023,"d":"0.640"},{"v":0.0219024,"d":"0.022"},{"v":0.0017318,"d":"0.002"},{"v":1.20005182020427E-36,"d":"1.200E-36"},421986,0.00022099089188815,{"v":93.2752334995711,"d":"93.275"}]
["FVC","rs2007530","T","C",{"v":0.173998,"d":"0.174"},{"v":0.0202027,"d":"0.020"},{"v":2.17301E-3,"d":"0.002"},{"v":1.39990962656834e-20,"d":"1.400E-20"},421986,1.17320574387251E-4,{"v":49.5132141809572,"d":"49.513"}]
["FVC","rs11867847","G","A",{"v":0.505622,"d":"0.506"},{"v":0.00976717,"d":"0.010"},{"v":0.00164721,"d":"0.002"},{"v":2.99999133271614e-09,"d":"3.000E-09"},421986,4.76927744620758e-05,{"v":20.1265476295014,"d":"20.127"}]
["FVC","rs6501431","T","C",{"v":0.784491,"d":"0.784"},{"v":0.01294,"d":"0.013"},{"v":0.00199944,"d":"0.002"},{"v":9.70063133783958e-11,"d":"9.701E-11"},421986,5.66176612404253E-5,{"v":23.8930999323176,"d":"23.893"}]
["FVC","rs8064926","G","A",{"v":0.208126,"d":"0.208"},{"v":-0.0120312,"d":"-0.012"},{"v":2.02461E-3,"d":"0.002"},{"v":2.80001269243454e-09,"d":"2.800E-09"},421986,4.77122952933865e-05,{"v":20.1347858939346,"d":"20.135"}]
["FVC","rs35344256","A","C",{"v":0.305163,"d":"0.305"},{"v":-0.0173682,"d":"-0.017"},{"v":1.7847E-3,"d":"0.002"},{"v":2.19988510904926e-22,"d":"2.200E-22"},421986,0.000127924706994647,{"v":53.9890860944489,"d":"53.989"}]
["FVC","rs1299113","A","G",{"v":0.5241,"d":"0.524"},{"v":0.0102322,"d":"0.010"},{"v":1.65011E-3,"d":"0.002"},{"v":5.60002544078e-10,"d":"5.600E-10"},421986,5.22273392258403e-05,{"v":22.0402526196272,"d":"22.040"}]
["FVC","rs60839038","C","A",{"v":0.47352,"d":"0.474"},{"v":0.0125201,"d":"0.013"},{"v":0.00167309,"d":"0.002"},{"v":7.29961575729299e-14,"d":"7.300E-14"},421986,7.81566247420721e-05,{"v":32.9834230081733,"d":"32.983"}]
["FVC","rs1668091","C","T",{"v":0.31711,"d":"0.317"},{"v":0.0124279,"d":"0.012"},{"v":0.00177541,"d":"0.002"},{"v":2.60015956316527E-12,"d":"2.600E-12"},421986,6.68938491644157e-05,{"v":28.2300224606612,"d":"28.230"}]
["FVC","rs11877758","G","T",{"v":0.3121,"d":"0.312"},{"v":-0.010769,"d":"-0.011"},{"v":1.78155E-3,"d":"0.002"},{"v":1.49999565138204E-9,"d":"1.500E-09"},421986,4.9796615660552e-05,{"v":21.0144215099736,"d":"21.014"}]
["FVC","rs11664552","C","T",{"v":0.300477,"d":"0.300"},{"v":0.0103612,"d":"0.010"},{"v":0.00180111,"d":"0.002"},{"v":8.79994585505891e-09,"d":"8.800E-09"},421986,4.51297930963036e-05,{"v":19.044910102803,"d":"19.045"}]
["FVC","rs10853628","C","T",{"v":0.384831,"d":"0.385"},{"v":-0.0134021,"d":"-0.013"},{"v":0.00168952,"d":"0.002"},{"v":2.09990670376243e-15,"d":"2.100E-15"},421986,8.50433178523641e-05,{"v":35.8899716428781,"d":"35.890"}]
["FVC","rs76084836","T","C",{"v":0.018081,"d":"0.018"},{"v":-0.033974,"d":"-0.034"},{"v":0.00617832,"d":"0.006"},{"v":3.79996853036855e-08,"d":"3.800E-08"},421986,4.09846726246564e-05,{"v":17.2955849467299,"d":"17.296"}]
["FVC","rs698748","G","A",{"v":0.581469,"d":"0.581"},{"v":0.00936006,"d":"0.009"},{"v":0.00167978,"d":"0.002"},{"v":2.49999995007974e-08,"d":"2.500E-08"},421986,4.26423821749827e-05,{"v":17.9951703566595,"d":"17.995"}]
["FVC","rs72976986","A","G",{"v":0.190197,"d":"0.190"},{"v":0.0157335,"d":"0.016"},{"v":2.11371E-3,"d":"0.002"},{"v":9.79941161095592e-14,"d":"9.799E-14"},421986,7.62541928442309e-05,{"v":32.1805032114777,"d":"32.181"}]
["FVC","rs2602691","G","A",{"v":0.449662,"d":"0.450"},{"v":-0.0108873,"d":"-0.011"},{"v":0.00166378,"d":"0.002"},{"v":6.00067353864116e-11,"d":"6.001E-11"},421986,5.86659442039459E-5,{"v":24.7575422235486,"d":"24.758"}]
["FVC","rs62621197","T","C",{"v":0.037085,"d":"0.037"},{"v":-0.0676827,"d":"-0.068"},{"v":0.00451793,"d":"0.005"},{"v":9.79941161095592e-51,"d":"9.799E-51"},421986,3.27168574394425E-4,{"v":138.105087341799,"d":"138.105"}]
["FVC","rs8107719","C","T",{"v":0.664833,"d":"0.665"},{"v":-0.0130467,"d":"-0.013"},{"v":1.74248E-3,"d":"0.002"},{"v":7.00003159130898e-14,"d":"7.000E-14"},421986,7.58586602607119e-05,{"v":32.0135693979409,"d":"32.014"}]
["FVC","rs73923824","A","C",{"v":0.187487,"d":"0.187"},{"v":0.0119593,"d":"0.012"},{"v":0.00213172,"d":"0.002"},{"v":2.0000000199681E-8,"d":"2.000E-08"},421986,4.35755617595365E-5,{"v":18.3889911641564,"d":"18.389"}]
["FVC","rs11668582","T","C",{"v":0.390878,"d":"0.391"},{"v":0.0138094,"d":"0.014"},{"v":1.68764E-3,"d":"0.002"},{"v":2.80027059501064e-16,"d":"2.800E-16"},421986,9.08082126210536e-05,{"v":38.3230928462461,"d":"38.323"}]
["FVC","rs76660472","C","G",{"v":0.078285,"d":"0.078"},{"v":-0.0174303,"d":"-0.017"},{"v":3.06179E-3,"d":"0.003"},{"v":1.19999655704812E-8,"d":"1.200E-08"},421986,4.38444807224659e-05,{"v":18.5024805848424,"d":"18.502"}]
["FVC","rs157595","G","A",{"v":0.616263,"d":"0.616"},{"v":0.0116135,"d":"0.012"},{"v":1.73044E-3,"d":"0.002"},{"v":1.90020300257723e-11,"d":"1.900E-11"},421986,6.37905011351913e-05,{"v":26.9202880897005,"d":"26.920"}]
["FVC","rs12985660","C","T",{"v":0.475562,"d":"0.476"},{"v":-0.0103226,"d":"-0.010"},{"v":1.65161E-3,"d":"0.002"},{"v":4.09996359041765e-10,"d":"4.100E-10"},421986,5.31507614325355e-05,{"v":22.4299630819638,"d":"22.430"}]
["FVC","rs147110934","T","G",{"v":0.024261,"d":"0.024"},{"v":-0.0458378,"d":"-0.046"},{"v":0.00533939,"d":"0.005"},{"v":9.09913272632251e-18,"d":"9.099E-18"},421986,9.94763606436121e-05,{"v":41.9816087474862,"d":"41.982"}]
["FVC","rs6107411","G","A",{"v":0.165223,"d":"0.165"},{"v":0.012641,"d":"0.013"},{"v":0.00221407,"d":"0.002"},{"v":1.09999319893519E-8,"d":"1.100E-08"},421986,4.40792134730111e-05,{"v":18.6015427595694,"d":"18.602"}]
["FVC","rs6140000","G","T",{"v":0.497765,"d":"0.498"},{"v":-0.00979911,"d":"-0.010"},{"v":1.64577E-3,"d":"0.002"},{"v":2.59997995670925e-09,"d":"2.600E-09"},421986,4.80103190874975e-05,{"v":20.2605592057309,"d":"20.261"}]
["FVC","rs73125628","T","C",{"v":0.27862,"d":"0.279"},{"v":-0.0107868,"d":"-0.011"},{"v":0.00183637,"d":"0.002"},{"v":4.30001529151271e-09,"d":"4.300E-09"},421986,4.67726131185683e-05,{"v":19.7382175822406,"d":"19.738"}]
["FVC","rs55962189","T","A",{"v":0.299312,"d":"0.299"},{"v":0.0113377,"d":"0.011"},{"v":0.00180553,"d":"0.002"},{"v":3.4000084782586e-10,"d":"3.400E-10"},421986,5.39173733411806e-05,{"v":22.7534956807262,"d":"22.753"}]
["FVC","rs34587839","A","G",{"v":0.154712,"d":"0.155"},{"v":-0.0191516,"d":"-0.019"},{"v":0.00227501,"d":"0.002"},{"v":3.80014352941585e-17,"d":"3.800E-17"},421986,9.59331764500232e-05,{"v":40.48614949601,"d":"40.486"}]
["FVC","rs6088619","G","A",{"v":0.135815,"d":"0.136"},{"v":0.0175247,"d":"0.018"},{"v":2.41661E-3,"d":"0.002"},{"v":4.10015240506613e-13,"d":"4.100E-13"},421986,7.20917622439476e-05,{"v":30.4237635014749,"d":"30.424"}]
["FVC","rs11698277","T","C",{"v":0.319648,"d":"0.320"},{"v":0.016012,"d":"0.016"},{"v":1.76946E-3,"d":"0.002"},{"v":1.39990962656834e-19,"d":"1.400E-19"},421986,0.000111513337937303,{"v":47.0620924471538,"d":"47.062"}]
["FVC","rs2273101","T","C",{"v":0.245563,"d":"0.246"},{"v":0.021089,"d":"0.021"},{"v":1.90985E-3,"d":"0.002"},{"v":2.39993787680987e-28,"d":"2.400E-28"},421986,0.000164788871325204,{"v":69.5497280984891,"d":"69.550"}]
["FVC","rs2315007","C","T",{"v":0.667421,"d":"0.667"},{"v":-0.0146598,"d":"-0.015"},{"v":0.00174235,"d":"0.002"},{"v":4.00036851046125e-17,"d":"4.000E-17"},421986,9.54071179462808e-05,{"v":40.2641187429693,"d":"40.264"}]
["FVC","rs11909473","G","A",{"v":0.28953,"d":"0.290"},{"v":0.0107787,"d":"0.011"},{"v":0.00182218,"d":"0.002"},{"v":3.29997006285228E-9,"d":"3.300E-09"},421986,4.77971585455201E-5,{"v":20.1706002490508,"d":"20.171"}]
["FVC","rs2186288","A","G",{"v":0.369909,"d":"0.370"},{"v":-0.0111102,"d":"-0.011"},{"v":0.00170446,"d":"0.002"},{"v":7.10068096254533e-11,"d":"7.101E-11"},421986,5.7540273769828e-05,{"v":24.2824721065799,"d":"24.282"}]
["FVC","rs5992929","T","C",{"v":0.284928,"d":"0.285"},{"v":0.0107963,"d":"0.011"},{"v":0.0018267,"d":"0.002"},{"v":3.4000084782586e-09,"d":"3.400E-09"},421986,4.74968475738632E-5,{"v":20.0438617468553,"d":"20.044"}]
["FVC","rs5763821","C","A",{"v":0.391169,"d":"0.391"},{"v":0.0137039,"d":"0.014"},{"v":1.7265E-3,"d":"0.002"},{"v":2.09990670376243e-15,"d":"2.100E-15"},421986,{"$f":"2*E580*(1-E580)*F580*F580","v":8.94498351538799e-05},{"$f":"J580/(1-J580)*(I580-2)","v":{"v":37.7497759488106,"d":"37.750"}}]
["FVC","rs55906059","T","C",{"v":0.093726,"d":"0.094"},{"v":-0.015781,"d":"-0.016"},{"v":0.0028489,"d":"0.003"},{"v":2.99999133271615e-08,"d":"3.000E-08"},421986,4.23076242776738e-05,{"v":17.8538958791087,"d":"17.854"}]
["FEV1/FVC","rs2794360","A","G",0.104,0.033,{"v":0.0039,"d":"0.004"},{"v":2.26986485188383e-17,"d":"2.270E-17"},321047,0.000202954752,{"v":65.1708350865126,"d":"65.171"}]
["FEV1/FVC","rs12034227","C","A",0.336,{"v":-0.0248,"d":"-0.025"},{"v":0.0025,"d":"0.003"},{"v":3.80978089846419e-23,"d":"3.810E-23"},321047,0.00027443576832,{"v":88.1304173791002,"d":"88.130"}]
["FEV1/FVC","rs3754512","T","C",0.523,-0.039,{"v":0.0024,"d":"0.002"},{"v":4.35010760630698e-61,"d":"4.350E-61"},321047,0.000758890782,{"v":243.823126230124,"d":"243.823"}]
["FEV1/FVC","rs72651496","A","G",0.263,{"v":-0.0169,"d":"-0.017"},{"v":0.0027,"d":"0.003"},{"v":2.78997299740827e-10,"d":"2.790E-10"},321047,1.1072014382E-4,{"v":35.5500846831808,"d":"35.550"}]
["FEV1/FVC","rs111628829","A","G",{"v":0.0438,"d":"0.044"},{"v":0.0335,"d":"0.034"},{"v":0.0058,"d":"0.006"},{"v":7.69998714277137e-09,"d":"7.700E-09"},321047,9.400316142e-05,{"v":30.182082169226,"d":"30.182"}]
["FEV1/FVC","rs755249","T","C",0.233,{"v":-0.0239,"d":"-0.024"},{"v":2.8E-3,"d":"0.003"},{"v":9.81974024865489e-18,"d":"9.820E-18"},321047,2.0416302062E-4,{"v":65.558901658339,"d":"65.559"}]
["FEV1/FVC","rs4353138","T","C",0.456,{"v":0.0146,"d":"0.015"},{"v":0.0024,"d":"0.002"},{"v":7.60991840137155e-10,"d":"7.610E-10"},321047,1.0575464448E-4,{"v":33.9555907985146,"d":"33.956"}]
["FEV1/FVC","rs28787109","A","G",0.399,{"v":0.0193,"d":"0.019"},{"v":0.0024,"d":"0.002"},{"v":1.29003056421799E-15,"d":"1.290E-15"},321047,1.7864545902E-4,{"v":57.3634791161336,"d":"57.363"}]
["FEV1/FVC","rs72673442","C","T",0.049,{"v":-0.0517,"d":"-0.052"},{"v":0.0055,"d":"0.006"},{"v":8.80035111687326e-21,"d":"8.800E-21"},321047,0.00024910800222,{"v":79.9948059190104,"d":"79.995"}]
["FEV1/FVC","rs9661687","T","C",0.863,{"v":-0.0271,"d":"-0.027"},{"v":0.0035,"d":"0.004"},{"v":6.10942024905571e-15,"d":"6.109E-15"},321047,1.7366005742E-4,{"v":55.7623768319664,"d":"55.762"}]
["FEV1/FVC","rs1192415","A","G",0.812,0.044,0.003,{"v":2.2798170642803e-47,"d":"2.280E-47"},321047,0.000591084032,{"v":189.876806201633,"d":"189.877"}]
["FEV1/FVC","rs6676141","C","T",0.205,{"v":0.0264,"d":"0.026"},0.003,{"v":4.1696538224499e-19,"d":"4.170E-19"},321047,2.27174112E-4,{"v":72.9496850669658,"d":"72.950"}]
["FEV1/FVC","rs9970286","A","G",0.329,{"v":0.0236,"d":"0.024"},{"v":0.0025,"d":"0.003"},{"v":1.91999456795429E-20,"d":"1.920E-20"},321047,0.00024590786528,{"v":78.966909192885,"d":"78.967"}]
["FEV1/FVC","rs72692823","C","T",0.149,{"v":0.0205,"d":"0.021"},{"v":0.0034,"d":"0.003"},{"v":9.34996531931504e-10,"d":"9.350E-10"},321047,1.065745595E-4,{"v":34.2188763163475,"d":"34.219"}]
["FEV1/FVC","rs141942982","T","G",0.106,{"v":-0.0362,"d":"-0.036"},{"v":0.0039,"d":"0.004"},{"v":9.56973694587654e-21,"d":"9.570E-21"},321047,0.00024836507232,{"v":79.7561732907217,"d":"79.756"}]
["FEV1/FVC","rs2021956","G","A",0.189,{"v":-0.0167,"d":"-0.017"},0.003,{"v":3.68001848354504e-08,"d":"3.680E-08"},321047,8.549596062e-05,{"v":27.450397575358,"d":"27.450"}]
["FEV1/FVC","rs12134019","T","C",{"v":0.14,"d":"0.140"},{"v":0.0311,"d":"0.031"},{"v":0.0035,"d":"0.004"},{"v":2.44005715942821E-19,"d":"2.440E-19"},321047,0.000232904168,{"v":74.7901375503208,"d":"74.790"}]
["FEV1/FVC","rs1293994","G","A",0.558,{"v":-0.0154,"d":"-0.015"},{"v":0.0024,"d":"0.002"},{"v":1.79998961724559E-10,"d":"1.800E-10"},321047,0.00011698438752,{"v":37.5616468176056,"d":"37.562"}]
["FEV1/FVC","rs12023835","C","T",0.398,{"v":-0.02,"d":"-0.020"},{"v":0.0024,"d":"0.002"},{"v":2.54976408779928e-16,"d":"2.550E-16"},321047,1.916768E-4,{"v":61.5486757092042,"d":"61.549"}]
["FEV1/FVC","rs55966786","A","G",{"v":0.0723,"d":"0.072"},-0.029,{"v":0.0046,"d":"0.005"},{"v":3.84999353294714e-10,"d":"3.850E-10"},321047,1.1281629822E-4,{"v":36.2231950288128,"d":"36.223"}]
["FEV1/FVC","rs7555534","T","C",0.631,{"v":0.0174,"d":"0.017"},{"v":0.0025,"d":"0.003"},{"v":1.71001531509029E-12,"d":"1.710E-12"},321047,1.4098867128E-4,{"v":45.2700905410017,"d":"45.270"}]
["FEV1/FVC","rs12402871","T","C",0.194,-0.017,0.003,{"v":1.7500078628829e-08,"d":"1.750E-08"},321047,9.0378392E-5,{"v":29.0181534736898,"d":"29.018"}]
["FEV1/FVC","rs62817","C","G",0.445,{"v":-0.0166,"d":"-0.017"},{"v":0.0024,"d":"0.002"},{"v":5.39013943632551e-12,"d":"5.390E-12"},321047,1.36112862E-4,{"v":43.7043024984848,"d":"43.704"}]
["FEV1/FVC","rs2802544","C","T",0.721,{"v":0.0162,"d":"0.016"},{"v":0.0027,"d":"0.003"},{"v":1.81000593949755E-9,"d":"1.810E-09"},321047,1.0558433592E-4,{"v":33.9009025297171,"d":"33.901"}]
["FEV1/FVC","rs12134534","C","T",0.591,{"v":0.0249,"d":"0.025"},{"v":0.0024,"d":"0.002"},{"v":6.9598519276479e-25,"d":"6.960E-25"},321047,2.9973639438E-4,{"v":96.2577226764534,"d":"96.258"}]
["FEV1/FVC","rs1155612","C","T",0.509,{"v":-0.0285,"d":"-0.029"},{"v":0.0024,"d":"0.002"},{"v":6.49980009683024e-33,"d":"6.500E-33"},321047,0.0004059934155,{"v":130.395095629437,"d":"130.395"}]
["FEV1/FVC","rs4854343","A","G",0.828,0.018,{"v":0.0031,"d":"0.003"},{"v":8.15999701715927e-09,"d":"8.160E-09"},321047,9.2285568e-05,{"v":29.6305546511261,"d":"29.631"}]
["FEV1/FVC","rs11691805","A","T",0.616,{"v":-0.0224,"d":"-0.022"},{"v":0.0024,"d":"0.002"},{"v":2.70022528688824e-20,"d":"2.700E-20"},321047,2.3737663488E-4,{"v":76.2266761769286,"d":"76.227"}]
["FEV1/FVC","rs2544536","C","T",0.512,{"v":0.0239,"d":"0.024"},{"v":0.0024,"d":"0.002"},{"v":4.14954042634362e-24,"d":"4.150E-24"},321047,0.00028544049152,{"v":91.6654076190446,"d":"91.665"}]
["FEV1/FVC","rs55884799","C","T",0.173,{"v":0.0415,"d":"0.042"},{"v":0.0031,"d":"0.003"},{"v":4.00959031227718e-40,"d":"4.010E-40"},321047,0.0004928080595,{"v":158.29157082403,"d":"158.292"}]
["FEV1/FVC","rs7565460","T","C",{"v":0.45,"d":"0.450"},{"v":0.0144,"d":"0.014"},{"v":0.0024,"d":"0.002"},{"v":1.15000571869924e-09,"d":"1.150E-09"},321047,1.026432E-4,{"v":32.9564689014287,"d":"32.956"}]
["FEV1/FVC","rs11888819","C","A",0.274,{"v":0.0255,"d":"0.026"},{"v":0.0027,"d":"0.003"},{"v":6.87068440014232e-22,"d":"6.871E-22"},321047,0.000258700662,{"v":83.0760458598503,"d":"83.076"}]
["FEV1/FVC","rs10460533","A","G",0.285,{"v":0.0211,"d":"0.021"},{"v":0.0026,"d":"0.003"},{"v":5.93061866400718e-16,"d":"5.931E-16"},321047,0.0001814453355,{"v":58.2626892287918,"d":"58.263"}]
["FEV1/FVC","rs77059113","G","T",0.073,{"v":0.0306,"d":"0.031"},{"v":0.0046,"d":"0.005"},{"v":1.80011396041801E-11,"d":"1.800E-11"},321047,0.00012672883512,{"v":40.6908155707578,"d":"40.691"}]
["FEV1/FVC","rs7426380","G","A",0.449,{"v":0.0216,"d":"0.022"},{"v":0.0024,"d":"0.002"},{"v":2.0100182471137e-19,"d":"2.010E-19"},321047,2.3085295488E-4,{"v":74.1313003291797,"d":"74.131"}]
["FEV1/FVC","rs2302643","A","G",0.444,{"v":-0.0193,"d":"-0.019"},{"v":0.0024,"d":"0.002"},{"v":1.8901662311869E-15,"d":"1.890E-15"},321047,0.00018390874272,{"v":59.0538428245291,"d":"59.054"}]
["FEV1/FVC","rs35195586","T","G",{"v":0.0662,"d":"0.066"},{"v":-0.0408,"d":"-0.041"},{"v":0.0048,"d":"0.005"},{"v":1.77010895831743e-17,"d":"1.770E-17"},321047,0.0002058079661568,{"v":66.0872197710999,"d":"66.087"}]
["FEV1/FVC","rs12470864","A","G",0.385,{"v":-0.0203,"d":"-0.020"},{"v":0.0024,"d":"0.002"},{"v":1.03992016582906E-16,"d":"1.040E-16"},321047,0.0001951452195,{"v":62.6626253061473,"d":"62.663"}]
["FEV1/FVC","rs4848578","T","C",0.788,{"v":-0.0173,"d":"-0.017"},{"v":0.0029,"d":"0.003"},{"v":2.83002322734476E-9,"d":"2.830E-09"},321047,9.999638048e-05,{"v":32.1065485098423,"d":"32.107"}]
["FEV1/FVC","rs6722557","C","G",0.256,{"v":-0.0204,"d":"-0.020"},{"v":0.0027,"d":"0.003"},{"v":8.05007636108061e-14,"d":"8.050E-14"},321047,1.5852699648E-4,{"v":50.9023689845904,"d":"50.902"}]
["FEV1/FVC","rs10172023","G","C",0.334,{"v":0.0146,"d":"0.015"},{"v":0.0025,"d":"0.003"},{"v":7.46002014086309e-09,"d":"7.460E-09"},321047,9.483232608E-5,{"v":30.4483316124657,"d":"30.448"}]
["FEV1/FVC","rs72907878","A","G",0.134,{"v":-0.0334,"d":"-0.033"},{"v":0.0035,"d":"0.004"},{"v":1.96019826292881e-21,"d":"1.960E-21"},321047,0.00025890808928,{"v":83.1426738337175,"d":"83.143"}]
["FEV1/FVC","rs6433079","C","A",0.239,{"v":0.0223,"d":"0.022"},{"v":2.8E-3,"d":"0.003"},{"v":1.50003019045595E-15,"d":"1.500E-15"},321047,1.8089321582E-4,{"v":58.085369722253,"d":"58.085"}]
["FEV1/FVC","rs13030866","C","T",0.649,0.015,{"v":0.0025,"d":"0.003"},{"v":1.94997929490347e-09,"d":"1.950E-09"},321047,1.0250955E-4,{"v":32.9135524331988,"d":"32.914"}]
["FEV1/FVC","rs2084448","C","T",0.294,{"v":-0.0197,"d":"-0.020"},{"v":0.0026,"d":"0.003"},{"v":4.65050376166607e-14,"d":"4.651E-14"},321047,1.6110702552E-4,{"v":51.7309392258144,"d":"51.731"}]
["FEV1/FVC","rs985256","C","A",0.782,{"v":-0.0179,"d":"-0.018"},{"v":0.0029,"d":"0.003"},{"v":5.86003216751055e-10,"d":"5.860E-10"},321047,1.0924443032E-4,{"v":35.076210012665,"d":"35.076"}]
["FEV1/FVC","rs2571445","G","A",0.603,{"v":0.0199,"d":"0.020"},{"v":0.0024,"d":"0.002"},{"v":3.08034953654257e-16,"d":"3.080E-16"},321047,0.00018960245982,{"v":60.8824651780696,"d":"60.882"}]
["FEV1/FVC","rs62201738","C","A",0.078,{"v":0.0743,"d":"0.074"},{"v":0.0044,"d":"0.004"},{"v":9.449307890343e-63,"d":"9.449E-63"},321047,0.00079402311768,{"v":255.119722773234,"d":"255.120"}]
["FEV1/FVC","rs1050785","A","C",0.602,{"v":-0.0182,"d":"-0.018"},{"v":0.0025,"d":"0.003"},{"v":2.99985318119079e-13,"d":"3.000E-13"},321047,0.00015872755808,{"v":50.9667787161224,"d":"50.967"}]
["FEV1/FVC","rs74001718","T","A",0.044,{"v":-0.0336,"d":"-0.034"},{"v":0.0058,"d":"0.006"},{"v":8.23000312277345e-09,"d":"8.230E-09"},321047,9.497714688e-05,{"v":30.4948344324586,"d":"30.495"}]
["FEV1/FVC","rs4308141","G","C",0.199,{"v":0.0484,"d":"0.048"},0.003,{"v":3.58013991843068e-59,"d":"3.580E-59"},321047,0.00074680344288,{"v":239.936696870706,"d":"239.937"}]
["FEV1/FVC","rs3732986","G","A",0.538,{"v":-0.0157,"d":"-0.016"},{"v":0.0024,"d":"0.002"},{"v":3.34965439157828e-11,"d":"3.350E-11"},321047,0.00012253313688,{"v":39.3434718086561,"d":"39.343"}]
["FEV1/FVC","rs1561073","A","T",0.734,{"v":0.0201,"d":"0.020"},{"v":0.0027,"d":"0.003"},{"v":6.42983754108246e-14,"d":"6.430E-14"},321047,1.5776105688E-4,{"v":50.6563901116814,"d":"50.656"}]
["FEV1/FVC","rs9874847","T","C",0.143,{"v":0.0278,"d":"0.028"},{"v":0.0034,"d":"0.003"},{"v":6.03948629376381e-16,"d":"6.039E-16"},321047,1.8942462968E-4,{"v":60.8253520554038,"d":"60.825"}]
["FEV1/FVC","rs1529672","A","C",0.174,{"v":0.0423,"d":"0.042"},{"v":0.0031,"d":"0.003"},{"v":1.7298163592151E-41,"d":"1.730E-41"},321047,0.00051432783192,{"v":165.207349536661,"d":"165.207"}]
["FEV1/FVC","rs17666332","G","T",0.276,{"v":-0.0267,"d":"-0.027"},{"v":0.0027,"d":"0.003"},{"v":9.21934357451561e-24,"d":"9.219E-24"},321047,0.00028490506272,{"v":91.493412797454,"d":"91.493"}]
["FEV1/FVC","rs6809164","G","T",0.271,{"v":-0.0232,"d":"-0.023"},{"v":0.0027,"d":"0.003"},{"v":5.26017266390706e-18,"d":"5.260E-18"},321047,2.1266831232E-4,{"v":68.2906215800131,"d":"68.291"}]
["FEV1/FVC","rs12715478","G","A",0.406,-0.025,{"v":0.0024,"d":"0.002"},{"v":1.34989503505597E-24,"d":"1.350E-24"},321047,0.000301455,{"v":96.8098042745476,"d":"96.810"}]
["FEV1/FVC","rs9850438","C","T",0.172,0.019,{"v":0.0032,"d":"0.003"},{"v":2.06001318473549e-09,"d":"2.060E-09"},321047,0.000102824352,{"v":33.0146387966808,"d":"33.015"}]
["FEV1/FVC","rs7634731","G","A",0.264,{"v":0.0237,"d":"0.024"},{"v":0.0027,"d":"0.003"},{"v":2.18021839718594e-18,"d":"2.180E-18"},321047,2.1827722752E-4,{"v":70.0921120210414,"d":"70.092"}]
["FEV1/FVC","rs2687199","A","G",0.676,{"v":-0.0188,"d":"-0.019"},{"v":0.0026,"d":"0.003"},{"v":1.93018972763458E-13,"d":"1.930E-13"},321047,0.00015482368512,{"v":49.7130667495432,"d":"49.713"}]
["FEV1/FVC","rs13069228","C","T",0.361,{"v":-0.0138,"d":"-0.014"},{"v":0.0025,"d":"0.003"},{"v":3.20000015974484e-08,"d":"3.200E-08"},321047,8.786101752e-05,{"v":28.2098189131022,"d":"28.210"}]
["FEV1/FVC","rs146612591","G","C",0.023,0.052,0.008,{"v":8.85931206973053E-11,"d":"8.859E-11"},321047,{"$f":"2*E644*(1-E644)*F644*F644","v":1.21523168E-4},{"$f":"J644/(1-J644)*(I644-2)","v":{"v":39.0191472009405,"d":"39.019"}}]
["FEV1/FVC","rs1849496","A","C",{"v":0.0616,"d":"0.062"},{"v":0.0343,"d":"0.034"},0.005,{"v":4.96020927395974e-12,"d":"4.960E-12"},321047,0.0001360150442112,{"v":43.6728900388542,"d":"43.673"}]
["FEV1/FVC","rs6769798","G","A",0.168,{"v":-0.0194,"d":"-0.019"},{"v":3.3E-3,"d":"0.003"},{"v":4.20000686246632E-9,"d":"4.200E-09"},321047,1.0521219072E-4,{"v":33.7814019850108,"d":"33.781"}]
["FEV1/FVC","rs2999089","G","C",0.881,{"v":-0.0434,"d":"-0.043"},{"v":0.0037,"d":"0.004"},{"v":3.92012576295164E-32,"d":"3.920E-32"},321047,0.00039494109368,{"v":126.843959312513,"d":"126.844"}]
["FEV1/FVC","rs1799807","C","T",0.019,{"v":-0.0598,"d":"-0.060"},{"v":0.0088,"d":"0.009"},{"v":8.59013521505394e-12,"d":"8.590E-12"},321047,0.00013330761912,{"v":42.8034506064709,"d":"42.803"}]
["FEV1/FVC","rs879394","T","G",0.235,{"v":-0.0298,"d":"-0.030"},{"v":2.8E-3,"d":"0.003"},{"v":4.70977326396951e-26,"d":"4.710E-26"},321047,0.000319294782,{"v":102.540734008501,"d":"102.541"}]
["FEV1/FVC","rs11709963","C","T",0.163,{"v":-0.0178,"d":"-0.018"},{"v":0.0032,"d":"0.003"},{"v":3.68001848354504e-08,"d":"3.680E-08"},321047,8.645359608e-05,{"v":27.7578945233047,"d":"27.758"}]
["FEV1/FVC","rs62283793","T","C",0.053,0.034,{"v":5.3E-3,"d":"0.005"},{"v":2.06999835343168E-10,"d":"2.070E-10"},321047,1.16041592E-4,{"v":37.2588964853043,"d":"37.259"}]
["FEV1/FVC","rs12635856","T","C",0.173,{"v":-0.0187,"d":"-0.019"},{"v":0.0032,"d":"0.003"},{"v":3.5899632269922e-09,"d":"3.590E-09"},321047,1.0006099598E-4,{"v":32.1272971437494,"d":"32.127"}]
["FEV1/FVC","rs73182224","A","G",0.239,{"v":-0.0197,"d":"-0.020"},{"v":0.0029,"d":"0.003"},{"v":2.0100182471137e-11,"d":"2.010E-11"},321047,0.00014117084222,{"v":45.3285921160456,"d":"45.329"}]
["FEV1/FVC","rs3135877","A","G",0.044,{"v":0.0378,"d":"0.038"},{"v":0.0061,"d":"0.006"},{"v":5.41003406863468E-10,"d":"5.410E-10"},321047,1.2020545152E-4,{"v":38.5959986326809,"d":"38.596"}]
["FEV1/FVC","rs62289340","T","C",0.436,{"v":0.0167,"d":"0.017"},{"v":0.0024,"d":"0.002"},{"v":2.35993477555164e-12,"d":"2.360E-12"},321047,1.3716033312E-4,{"v":44.04067978082,"d":"44.041"}]
["FEV1/FVC","rs1566834","C","T",0.338,-0.015,{"v":0.0025,"d":"0.003"},{"v":2.18001760089786E-9,"d":"2.180E-09"},321047,1.006902E-4,{"v":32.3293405067615,"d":"32.329"}]
["FEV1/FVC","rs2324154","A","C",0.509,{"v":0.0157,"d":"0.016"},{"v":0.0024,"d":"0.002"},{"v":2.51999686210924E-11,"d":"2.520E-11"},321047,0.00012320506862,{"v":39.5592451546217,"d":"39.559"}]
["FEV1/FVC","rs115503647","G","A",0.052,-0.038,{"v":5.3E-3,"d":"0.005"},{"v":1.20005182020427e-12,"d":"1.200E-12"},321047,1.42366848E-4,{"v":45.7126726852838,"d":"45.713"}]
["FEV1/FVC","rs301127","T","A",0.201,{"v":0.0195,"d":"0.020"},0.003,{"v":5.33949273574176e-11,"d":"5.339E-11"},321047,0.0001221355395,{"v":39.2157939209249,"d":"39.216"}]
["FEV1/FVC","rs62316310","A","G",{"v":0.26,"d":"0.260"},{"v":0.0272,"d":"0.027"},{"v":0.0027,"d":"0.003"},{"v":2.23975234517842e-23,"d":"2.240E-23"},321047,2.84690432E-4,{"v":91.424467412563,"d":"91.424"}]
["FEV1/FVC","rs11098196","T","G",0.508,{"v":-0.0196,"d":"-0.020"},{"v":0.0024,"d":"0.002"},{"v":2.41991437833922e-16,"d":"2.420E-16"},321047,1.9203082752E-4,{"v":61.6623780986515,"d":"61.662"}]
["FEV1/FVC","rs2609280","G","A",0.785,{"v":-0.0537,"d":"-0.054"},{"v":0.0029,"d":"0.003"},{"v":1.83020610631107E-76,"d":"1.830E-76"},321047,9.733895595E-4,{"v":312.806333548899,"d":"312.806"}]
["FEV1/FVC","rs34624010","A","G",0.266,{"v":0.0243,"d":"0.024"},{"v":0.0027,"d":"0.003"},{"v":2.06015549032001e-19,"d":"2.060E-19"},321047,2.3057925912E-4,{"v":74.0433911144463,"d":"74.043"}]
["FEV1/FVC","rs988799","C","G",0.793,{"v":-0.0288,"d":"-0.029"},{"v":0.0029,"d":"0.003"},{"v":9.89008445021067e-23,"d":"9.890E-23"},321047,0.00027230681088,{"v":87.4465523907736,"d":"87.447"}]
["FEV1/FVC","rs34712979","A","G",0.256,{"v":-0.0682,"d":"-0.068"},{"v":2.8E-3,"d":"0.003"},{"v":4.17830366646631e-134,"d":"4.178E-134"},321047,0.00177178755072,{"v":569.833157515376,"d":"569.833"}]
["FEV1/FVC","rs62321845","G","A",0.194,{"v":-0.0229,"d":"-0.023"},0.003,{"v":3.3296608520688e-14,"d":"3.330E-14"},321047,0.00016399769048,{"v":52.6592745395584,"d":"52.659"}]
["FEV1/FVC","rs58769314","C","T",0.266,{"v":-0.0174,"d":"-0.017"},{"v":0.0027,"d":"0.003"},{"v":1.13998726556998E-10,"d":"1.140E-10"},321047,1.1822414688E-4,{"v":37.9597589952126,"d":"37.960"}]
["FEV1/FVC","rs995758","T","C",0.398,{"v":0.0707,"d":"0.071"},{"v":0.0024,"d":"0.002"},{"v":1.47910838816817e-185,"d":"1.479E-185"},321047,0.00239523642008,{"v":770.824984561112,"d":"770.825"}]
["FEV1/FVC","rs2333570","G","C",{"v":0.75,"d":"0.750"},0.017,{"v":0.0027,"d":"0.003"},{"v":5.62004767868478e-10,"d":"5.620E-10"},321047,0.000108375,{"v":34.7970230023679,"d":"34.797"}]
["FEV1/FVC","rs11738281","C","T",0.201,{"v":-0.0183,"d":"-0.018"},0.003,{"v":7.85000620443256e-10,"d":"7.850E-10"},321047,1.0756599822E-4,{"v":34.5372409313364,"d":"34.537"}]
["FEV1/FVC","rs61603681","A","T",0.349,{"v":0.0172,"d":"0.017"},{"v":0.0025,"d":"0.003"},{"v":3.17980142769152E-12,"d":"3.180E-12"},321047,1.3442910432E-4,{"v":43.1635942397273,"d":"43.164"}]
["FEV1/FVC","rs12189242","A","C",0.247,{"v":0.0185,"d":"0.019"},{"v":0.0027,"d":"0.003"},{"v":1.21004076085696e-11,"d":"1.210E-11"},321047,0.0001273108395,{"v":40.8777126431909,"d":"40.878"}]
["FEV1/FVC","rs2126951","C","G",0.183,{"v":0.0196,"d":"0.020"},{"v":0.0034,"d":"0.003"},{"v":1.13998726556998E-8,"d":"1.140E-08"},321047,1.1487229152E-4,{"v":36.8834117130609,"d":"36.883"}]
["FEV1/FVC","rs12522114","A","C",0.265,{"v":-0.0367,"d":"-0.037"},{"v":0.0027,"d":"0.003"},{"v":1.46994132651384e-41,"d":"1.470E-41"},321047,0.0005246809995,{"v":168.534638407007,"d":"168.535"}]
["FEV1/FVC","rs1054085","C","T",0.624,{"v":0.0155,"d":"0.016"},{"v":0.0025,"d":"0.003"},{"v":2.95998833804091e-10,"d":"2.960E-10"},321047,1.12736832E-4,{"v":36.1976770408753,"d":"36.198"}]
["FEV1/FVC","rs335651","C","T",{"v":0.42,"d":"0.420"},{"v":-0.0146,"d":"-0.015"},{"v":0.0024,"d":"0.002"},{"v":1.6100152882906e-09,"d":"1.610E-09"},321047,1.03851552E-4,{"v":33.3444843882944,"d":"33.344"}]
["FEV1/FVC","rs987068","C","G",0.689,{"v":-0.0296,"d":"-0.030"},{"v":0.0026,"d":"0.003"},{"v":1.46015849681179E-30,"d":"1.460E-30"},321047,0.00037548537728,{"v":120.592983850896,"d":"120.593"}]
["FEV1/FVC","rs377731","A","G",0.379,{"v":-0.0185,"d":"-0.019"},{"v":0.0025,"d":"0.003"},{"v":5.12979488285858e-14,"d":"5.130E-14"},321047,0.0001611032355,{"v":51.729722066694,"d":"51.730"}]
["FEV1/FVC","rs12517895","G","C",0.558,{"v":0.0209,"d":"0.021"},{"v":0.0024,"d":"0.002"},{"v":3.41979442513708e-18,"d":"3.420E-18"},321047,0.00021546614232,{"v":69.1892355988089,"d":"69.189"}]
["FEV1/FVC","rs840467","C","T",0.812,{"v":-0.0301,"d":"-0.030"},{"v":0.0031,"d":"0.003"},{"v":1.61994399390362e-22,"d":"1.620E-22"},321047,0.00027661572512,{"v":88.8306674306346,"d":"88.831"}]
["FEV1/FVC","rs10062622","C","G",0.463,{"v":-0.0146,"d":"-0.015"},{"v":0.0024,"d":"0.002"},{"v":1.13998726556998E-9,"d":"1.140E-09"},321047,1.0599636792E-4,{"v":34.0332113356666,"d":"34.033"}]
["FEV1/FVC","rs78227763","T","C",{"v":0.0315,"d":"0.032"},0.047,{"v":0.0069,"d":"0.007"},{"v":8.64967918775692e-12,"d":"8.650E-12"},321047,0.0001347832395,{"v":43.277318182419,"d":"43.277"}]
["FEV1/FVC","rs7713065","C","A",0.735,{"v":0.0285,"d":"0.029"},{"v":0.0027,"d":"0.003"},{"v":8.20918418869905e-26,"d":"8.209E-26"},321047,0.0003164119875,{"v":101.614638616701,"d":"101.615"}]
["FEV1/FVC","rs864354","G","T",0.566,{"v":0.0142,"d":"0.014"},{"v":0.0024,"d":"0.002"},{"v":3.52996175422501e-09,"d":"3.530E-09"},321047,9.906331232e-05,{"v":31.8069320038134,"d":"31.807"}]
["FEV1/FVC","rs7733410","A","G",0.441,{"v":0.0505,"d":"0.051"},{"v":0.0024,"d":"0.002"},{"v":1.55991164440755E-96,"d":"1.560E-96"},321047,0.0012573701595,{"v":404.180607491586,"d":"404.181"}]
["FEV1/FVC","rs979455","C","T",0.325,{"v":-0.0173,"d":"-0.017"},{"v":0.0025,"d":"0.003"},{"v":9.21934357451561e-12,"d":"9.219E-12"},321047,0.0001313134875,{"v":42.1630751748824,"d":"42.163"}]
["FEV1/FVC","rs6880851","T","G",0.189,{"v":0.0253,"d":"0.025"},{"v":0.0031,"d":"0.003"},{"v":1.45010683642197e-16,"d":"1.450E-16"},321047,1.9622471022E-4,{"v":63.009326079331,"d":"63.009"}]
["FEV1/FVC","rs13361953","C","T",0.336,{"v":-0.0412,"d":"-0.041"},{"v":0.0025,"d":"0.003"},{"v":6.45059833284836e-60,"d":"6.451E-60"},321047,0.00075741130752,{"v":243.347427315863,"d":"243.347"}]
["FEV1/FVC","rs10059996","G","T",0.645,{"v":0.0352,"d":"0.035"},{"v":0.0026,"d":"0.003"},{"v":1.53003018914347e-42,"d":"1.530E-42"},321047,0.000567418368,{"v":182.270253444304,"d":"182.270"}]
["FEV1/FVC","rs17681353","G","A",0.039,{"v":-0.0353,"d":"-0.035"},{"v":0.0062,"d":"0.006"},{"v":9.41000815932782e-09,"d":"9.410E-09"},321047,9.340441422e-05,{"v":29.9898213449552,"d":"29.990"}]
["FEV1/FVC","rs62394997","A","G",{"v":0.0598,"d":"0.060"},{"v":0.0298,"d":"0.030"},{"v":0.0051,"d":"0.005"},{"v":4.90004422793237e-09,"d":"4.900E-09"},321047,9.98582508768e-05,{"v":32.0621938273371,"d":"32.062"}]
["FEV1/FVC","rs79898473","C","T",0.329,{"v":0.0308,"d":"0.031"},{"v":0.0026,"d":"0.003"},{"v":2.30993628017318e-33,"d":"2.310E-33"},321047,4.1884163552E-4,{"v":134.523356858321,"d":"134.523"}]
["FEV1/FVC","rs1294417","C","T",0.542,{"v":0.0311,"d":"0.031"},{"v":0.0024,"d":"0.002"},{"v":3.93006741341853E-39,"d":"3.930E-39"},321047,0.00048019268312,{"v":154.237523682595,"d":"154.238"}]
["FEV1/FVC","rs943613","T","C",0.446,{"v":-0.0132,"d":"-0.013"},{"v":0.0024,"d":"0.002"},{"v":3.29997006285229E-8,"d":"3.300E-08"},321047,8.610383232e-05,{"v":27.6455852380101,"d":"27.646"}]
["FEV1/FVC","rs2842895","C","G",0.557,{"v":0.0289,"d":"0.029"},{"v":0.0024,"d":"0.002"},{"v":9.42106499588191e-34,"d":"9.421E-34"},321047,0.00041217780542,{"v":132.382188541013,"d":"132.382"}]
["FEV1/FVC","rs11755954","T","C",0.156,{"v":0.0203,"d":"0.020"},{"v":3.3E-3,"d":"0.003"},{"v":5.47003367530964e-10,"d":"5.470E-10"},321047,1.0851483552E-4,{"v":34.841926235413,"d":"34.842"}]
["FEV1/FVC","rs1928160","A","G",0.515,{"v":-0.0296,"d":"-0.030"},{"v":0.0024,"d":"0.002"},{"v":5.77962951195462e-36,"d":"5.780E-36"},321047,0.000437685728,{"v":140.578343680455,"d":"140.578"}]
["FEV1/FVC","rs9295562","T","C",0.306,{"v":-0.0159,"d":"-0.016"},{"v":0.0026,"d":"0.003"},{"v":5.37997180932844E-10,"d":"5.380E-10"},321047,1.0737548568E-4,{"v":34.4760646843254,"d":"34.476"}]
["FEV1/FVC","rs62399430","T","A",0.131,{"v":0.0212,"d":"0.021"},{"v":0.0036,"d":"0.004"},{"v":2.69997659840121e-09,"d":"2.700E-09"},321047,0.00010232760032,{"v":32.8551264309803,"d":"32.855"}]
["FEV1/FVC","rs2070600","T","C",{"v":0.0629,"d":"0.063"},0.145,{"v":0.0049,"d":"0.005"},{"v":2.99916251898768e-189,"d":"2.999E-189"},321047,0.0024785779595,{"v":797.712253016026,"d":"797.712"}]
["FEV1/FVC","rs6933740","T","G",{"v":0.0796,"d":"0.080"},{"v":0.0889,"d":"0.089"},{"v":0.0052,"d":"0.005"},{"v":1.22011284703192e-66,"d":"1.220E-66"},321047,1.1580390258528E-3,{"v":372.213677018856,"d":"372.214"}]
["FEV1/FVC","rs575662827","C","T",0.099,{"v":0.0708,"d":"0.071"},{"v":0.0046,"d":"0.005"},{"v":3.55959018006084e-54,"d":"3.560E-54"},321047,8.9424495072E-4,{"v":287.349831339668,"d":"287.350"}]
["FEV1/FVC","rs6907678","C","T",0.607,{"v":0.0166,"d":"0.017"},{"v":0.0024,"d":"0.002"},{"v":6.20011864208725e-12,"d":"6.200E-12"},321047,0.00013147022712,{"v":42.2134088721923,"d":"42.213"}]
["FEV1/FVC","rs12202314","C","T",0.325,{"v":0.0209,"d":"0.021"},{"v":0.0025,"d":"0.003"},{"v":2.17020120356835E-16,"d":"2.170E-16"},321047,0.0001916503875,{"v":61.5401928567453,"d":"61.540"}]
["FEV1/FVC","rs115830429","A","G",{"v":0.0237,"d":"0.024"},{"v":0.0586,"d":"0.059"},0.008,{"v":1.93018972763458E-13,"d":"1.930E-13"},321047,0.0001589120620152,{"v":51.0260316015681,"d":"51.026"}]
["FEV1/FVC","rs9351958","C","G",0.202,{"v":0.0345,"d":"0.035"},0.003,{"v":3.22998124059562E-31,"d":"3.230E-31"},321047,0.000383727078,{"v":123.240950646392,"d":"123.241"}]
["FEV1/FVC","rs17513531","T","C",0.344,{"v":0.0162,"d":"0.016"},{"v":0.0025,"d":"0.003"},{"v":1.2499999625598e-10,"d":"1.250E-10"},321047,1.1844652032E-4,{"v":38.0311677756211,"d":"38.031"}]
["FEV1/FVC","rs2798641","T","C",0.183,-0.045,{"v":0.0031,"d":"0.003"},{"v":3.89045144994284e-48,"d":"3.890E-48"},321047,{"$f":"2*E708*(1-E708)*F708*F708","v":0.00060551955},{"$f":"J708/(1-J708)*(I708-2)","v":{"v":194.516807659591,"d":"194.517"}}]
["FEV1/FVC","rs674621","C","T",0.319,{"v":-0.0161,"d":"-0.016"},{"v":0.0026,"d":"0.003"},{"v":3.02002125816073e-10,"d":"3.020E-10"},321047,1.1262104238E-4,{"v":36.1604949835251,"d":"36.160"}]
["FEV1/FVC","rs57347370","T","G",0.257,0.016,{"v":0.0027,"d":"0.003"},{"v":4.97004132695834e-09,"d":"4.970E-09"},321047,9.7766912E-5,{"v":31.3906472296853,"d":"31.391"}]
["FEV1/FVC","rs13199674","A","G",0.443,{"v":-0.0137,"d":"-0.014"},{"v":0.0024,"d":"0.002"},{"v":1.3399851948998e-08,"d":"1.340E-08"},321047,9.262539038e-05,{"v":29.7396731033781,"d":"29.740"}]
["FEV1/FVC","rs9321207","G","A",0.581,{"v":0.0153,"d":"0.015"},{"v":0.0024,"d":"0.002"},{"v":2.39999313805789e-10,"d":"2.400E-10"},321047,1.1397327102E-4,{"v":36.5947196145124,"d":"36.595"}]
["FEV1/FVC","rs9403133","G","A",0.758,0.017,{"v":2.8E-3,"d":"0.003"},{"v":1.51001061400434e-09,"d":"1.510E-09"},321047,1.06026008E-4,{"v":34.0427291530335,"d":"34.043"}]
["FEV1/FVC","rs111231071","T","C",{"v":0.0717,"d":"0.072"},{"v":0.0343,"d":"0.034"},{"v":0.0046,"d":"0.005"},{"v":1.23993808595095e-13,"d":"1.240E-13"},321047,0.0001566122546478,{"v":50.2874569254125,"d":"50.287"}]
["FEV1/FVC","rs7753012","G","T",0.305,{"v":0.0712,"d":"0.071"},{"v":0.0026,"d":"0.003"},{"v":4.70977326396955e-165,"d":"4.710E-165"},321047,0.002149189088,{"v":691.472515942876,"d":"691.473"}]
["FEV1/FVC","rs2533889","C","G",{"v":0.29,"d":"0.290"},{"v":0.0163,"d":"0.016"},{"v":0.0026,"d":"0.003"},{"v":4.43996963520292e-10,"d":"4.440E-10"},321047,1.09411142E-4,{"v":35.129743668763,"d":"35.130"}]
["FEV1/FVC","rs11771259","G","C",0.119,{"v":-0.0275,"d":"-0.028"},{"v":0.0036,"d":"0.004"},{"v":5.03037081084624e-14,"d":"5.030E-14"},321047,1.585689875E-4,{"v":50.9158542673964,"d":"50.916"}]
["FEV1/FVC","rs7784940","G","T",0.204,{"v":-0.0174,"d":"-0.017"},{"v":0.0029,"d":"0.003"},{"v":3.16002122743251e-09,"d":"3.160E-09"},321047,9.832675968e-05,{"v":31.5704187784458,"d":"31.570"}]
["FEV1/FVC","rs4721457","C","T",0.151,{"v":-0.0244,"d":"-0.024"},{"v":3.3E-3,"d":"0.003"},{"v":1.7298163592151E-13,"d":"1.730E-13"},321047,1.5264911328E-4,{"v":49.0147166260082,"d":"49.015"}]
["FEV1/FVC","rs3779505","A","G",0.101,{"v":0.0277,"d":"0.028"},{"v":0.0039,"d":"0.004"},{"v":1.7298163592151e-12,"d":"1.730E-12"},321047,0.00013933832942,{"v":44.740107980548,"d":"44.740"}]
["FEV1/FVC","rs1391805","A","G",0.761,-0.019,{"v":2.8E-3,"d":"0.003"},{"v":7.54049749485307e-12,"d":"7.540E-12"},321047,1.31316638E-4,{"v":42.1640868928451,"d":"42.164"}]
["FEV1/FVC","rs56919232","C","T",0.214,{"v":0.0176,"d":"0.018"},{"v":0.0029,"d":"0.003"},{"v":1.63000899120869e-09,"d":"1.630E-09"},321047,1.0420574208E-4,{"v":33.4582190046137,"d":"33.458"}]
["FEV1/FVC","rs113336697","T","C",{"v":0.0887,"d":"0.089"},{"v":0.0262,"d":"0.026"},{"v":0.0042,"d":"0.004"},{"v":7.01003199231399e-10,"d":"7.010E-10"},321047,1.109730617528E-4,{"v":35.6313007249634,"d":"35.631"}]
["FEV1/FVC","rs73158411","A","G",0.368,0.023,{"v":0.0025,"d":"0.003"},{"v":1.40993794935872E-20,"d":"1.410E-20"},321047,0.000246065408,{"v":79.0175123877848,"d":"79.018"}]
["FEV1/FVC","rs12705390","A","G",0.201,{"v":-0.0173,"d":"-0.017"},0.003,{"v":6.18002169948747e-09,"d":"6.180E-09"},321047,9.613134942e-05,{"v":30.8654562125001,"d":"30.865"}]
["FEV1/FVC","rs193686","T","C",0.684,{"v":-0.0178,"d":"-0.018"},{"v":0.0026,"d":"0.003"},{"v":4.07005239440234e-12,"d":"4.070E-12"},321047,1.3696612992E-4,{"v":43.978314719734,"d":"43.978"}]
["FEV1/FVC","rs1452909","A","G",0.251,{"v":-0.0185,"d":"-0.019"},{"v":2.8E-3,"d":"0.003"},{"v":2.17020120356835E-11,"d":"2.170E-11"},321047,0.0001286853155,{"v":41.3190942753805,"d":"41.319"}]
["FEV1/FVC","rs1233553","A","G",0.934,{"v":-0.0286,"d":"-0.029"},{"v":0.0051,"d":"0.005"},{"v":2.82000578994688e-08,"d":"2.820E-08"},321047,1.0084465248E-4,{"v":32.3789366980606,"d":"32.379"}]
["FEV1/FVC","rs12698403","A","G",0.442,{"v":-0.0236,"d":"-0.024"},{"v":0.0024,"d":"0.002"},{"v":1.48013047302083e-22,"d":"1.480E-22"},321047,0.00027473277312,{"v":88.2258216709589,"d":"88.226"}]
["FEV1/FVC","rs330939","G","T",0.379,{"v":-0.0232,"d":"-0.023"},{"v":0.0025,"d":"0.003"},{"v":4.45964203179319E-21,"d":"4.460E-21"},321047,0.00025335925632,{"v":81.3603358394366,"d":"81.360"}]
["FEV1/FVC","rs1528628","G","A",0.545,{"v":0.0142,"d":"0.014"},{"v":0.0024,"d":"0.002"},{"v":2.39001155148472e-09,"d":"2.390E-09"},321047,1.00003358E-4,{"v":32.1087890558369,"d":"32.109"}]
["FEV1/FVC","rs2285261","A","C",0.384,{"v":0.0191,"d":"0.019"},{"v":0.0024,"d":"0.002"},{"v":4.90004422793237e-15,"d":"4.900E-15"},321047,0.00017258723328,{"v":55.4178327188009,"d":"55.418"}]
["FEV1/FVC","rs36049816","C","T",0.624,{"v":0.0189,"d":"0.019"},{"v":0.0024,"d":"0.002"},{"v":1.21004076085696E-14,"d":"1.210E-14"},321047,0.00016762007808,{"v":53.8226097172369,"d":"53.823"}]
["FEV1/FVC","rs1441207","C","G",{"v":0.26,"d":"0.260"},{"v":0.0181,"d":"0.018"},{"v":0.0027,"d":"0.003"},{"v":2.93967960949241e-11,"d":"2.940E-11"},321047,1.26064328E-4,{"v":40.4774249421345,"d":"40.477"}]
["FEV1/FVC","rs2452995","C","T",0.691,{"v":0.0167,"d":"0.017"},{"v":0.0026,"d":"0.003"},{"v":9.66050878989812e-11,"d":"9.661E-11"},321047,0.00011909662782,{"v":38.239931125317,"d":"38.240"}]
["FEV1/FVC","rs659398","C","T",0.728,{"v":0.0254,"d":"0.025"},{"v":0.0027,"d":"0.003"},{"v":5.08042447994844e-21,"d":"5.080E-21"},321047,2.5550400512E-4,{"v":82.049247235036,"d":"82.049"}]
["FEV1/FVC","rs4478547","G","T",0.647,{"v":-0.0194,"d":"-0.019"},{"v":0.0025,"d":"0.003"},{"v":8.000184448551e-15,"d":"8.000E-15"},321047,0.00017191447352,{"v":55.2017721348223,"d":"55.202"}]
["FEV1/FVC","rs6470085","A","G",0.464,{"v":0.0142,"d":"0.014"},{"v":0.0024,"d":"0.002"},{"v":2.87998350260858e-09,"d":"2.880E-09"},321047,1.0029734912E-4,{"v":32.2031923430556,"d":"32.203"}]
["FEV1/FVC","rs5027392","A","G",0.389,{"v":0.0147,"d":"0.015"},{"v":0.0025,"d":"0.003"},{"v":2.10998807108148e-09,"d":"2.110E-09"},321047,1.0272011022E-4,{"v":32.981165614547,"d":"32.981"}]
["FEV1/FVC","rs1570203","A","G",{"v":0.53,"d":"0.530"},{"v":0.0246,"d":"0.025"},{"v":0.0024,"d":"0.002"},{"v":5.77962951195467e-25,"d":"5.780E-25"},321047,0.000301490712,{"v":96.8212763495834,"d":"96.821"}]
["FEV1/FVC","rs4247294","A","G",{"v":0.44,"d":"0.440"},{"v":-0.0135,"d":"-0.014"},{"v":0.0024,"d":"0.002"},{"v":1.58001059794135e-08,"d":"1.580E-08"},321047,8.98128e-05,{"v":28.8365402664236,"d":"28.837"}]
["FEV1/FVC","rs201191","A","C",0.486,{"v":0.0221,"d":"0.022"},{"v":0.0024,"d":"0.002"},{"v":1.54988687314019e-20,"d":"1.550E-20"},321047,0.00024401354328,{"v":78.3584485249981,"d":"78.358"}]
["FEV1/FVC","rs7046050","C","G",0.709,-0.015,{"v":0.0026,"d":"0.003"},{"v":1.4100028808959e-08,"d":"1.410E-08"},321047,9.284355e-05,{"v":29.8097251504575,"d":"29.810"}]
["FEV1/FVC","rs7048006","C","T",0.413,{"v":-0.0141,"d":"-0.014"},{"v":0.0024,"d":"0.002"},{"v":7.00003159130898e-09,"d":"7.000E-09"},321047,9.639541422e-05,{"v":30.9502492203537,"d":"30.950"}]
["FEV1/FVC","rs1593438","C","A",0.348,{"v":0.0171,"d":"0.017"},{"v":0.0025,"d":"0.003"},{"v":1.10994127077482E-11,"d":"1.110E-11"},321047,0.00013269331872,{"v":42.606180063893,"d":"42.606"}]
["FEV1/FVC","rs16909922","G","A",0.095,{"v":-0.0514,"d":"-0.051"},{"v":0.0041,"d":"0.004"},{"v":3.30978665072838e-36,"d":"3.310E-36"},321047,0.000454285022,{"v":145.912220624346,"d":"145.912"}]
["FEV1/FVC","rs911930","G","T",0.694,{"v":0.0167,"d":"0.017"},{"v":0.0026,"d":"0.003"},{"v":1.29998996537545e-10,"d":"1.300E-10"},321047,1.1845239192E-4,{"v":38.0330532700883,"d":"38.033"}]
["FEV1/FVC","rs60568503","A","G",0.376,{"v":0.0247,"d":"0.025"},{"v":0.0025,"d":"0.003"},{"v":1.26998911891811E-23,"d":"1.270E-23"},321047,0.00028628351232,{"v":91.9362100338923,"d":"91.936"}]
["FEV1/FVC","rs61147355","A","G",0.141,{"v":0.0284,"d":"0.028"},{"v":0.0034,"d":"0.003"},{"v":1.53992652605949E-16,"d":"1.540E-16"},321047,0.00019537948128,{"v":62.7378632587177,"d":"62.738"}]
["FEV1/FVC","rs10983184","T","C",{"v":0.64,"d":"0.640"},{"v":0.0273,"d":"0.027"},{"v":0.0025,"d":"0.003"},{"v":9.04898774394417e-28,"d":"9.049E-28"},321047,0.000343429632,{"v":110.294244517246,"d":"110.294"}]
["FEV1/FVC","rs10987386","T","C",0.187,{"v":-0.0259,"d":"-0.026"},{"v":0.0031,"d":"0.003"},{"v":4.51024361117193e-17,"d":"4.510E-17"},321047,2.0396783022E-4,{"v":65.4962111730605,"d":"65.496"}]
["FEV1/FVC","rs10904220","G","A",0.659,-0.014,{"v":0.0025,"d":"0.003"},{"v":2.18997925035306e-08,"d":"2.190E-08"},321047,8.8089848e-05,{"v":28.2832967224692,"d":"28.283"}]
["FEV1/FVC","rs7093310","T","C",0.902,0.034,0.004,{"v":2.13993213245595e-17,"d":"2.140E-17"},321047,2.04371552E-4,{"v":65.6258769741686,"d":"65.626"}]
["FEV1/FVC","rs7090277","A","T",0.516,{"v":0.0409,"d":"0.041"},{"v":0.0024,"d":"0.002"},{"v":3.96004389611528e-67,"d":"3.960E-67"},321047,0.00083554852128,{"v":268.472997230177,"d":"268.473"}]
["FEV1/FVC","rs10508468","C","T",0.379,-0.015,{"v":0.0024,"d":"0.002"},{"v":8.70001497192316E-10,"d":"8.700E-10"},321047,0.00010591155,{"v":34.0059751952922,"d":"34.006"}]
["FEV1/FVC","rs9333118","A","C",0.094,{"v":-0.0275,"d":"-0.028"},0.004,{"v":1.05002587211089E-11,"d":"1.050E-11"},321047,0.00012881055,{"v":41.3593105402883,"d":"41.359"}]
["FEV1/FVC","rs35495115","T","A",0.135,{"v":-0.0206,"d":"-0.021"},{"v":0.0035,"d":"0.004"},{"v":2.82000578994689e-09,"d":"2.820E-09"},321047,9.9109278e-05,{"v":31.8216919804269,"d":"31.822"}]
["FEV1/FVC","rs58095595","A","G",0.172,{"v":0.0192,"d":"0.019"},{"v":0.0032,"d":"0.003"},{"v":2.10998807108148e-09,"d":"2.110E-09"},321047,1.0500046848E-4,{"v":33.7134153275651,"d":"33.713"}]
["FEV1/FVC","rs1274475","A","G",0.392,{"v":0.0168,"d":"0.017"},{"v":0.0025,"d":"0.003"},{"v":8.30041869715702e-12,"d":"8.300E-12"},321047,1.3453590528E-4,{"v":43.1978913780403,"d":"43.198"}]
["FEV1/FVC","rs7896518","G","A",0.427,{"v":-0.0161,"d":"-0.016"},{"v":0.0024,"d":"0.002"},{"v":3.71022288617465E-11,"d":"3.710E-11"},321047,1.2684233982E-4,{"v":40.72726492909,"d":"40.727"}]
["FEV1/FVC","rs11000805","C","G",0.187,{"v":-0.0223,"d":"-0.022"},{"v":0.0031,"d":"0.003"},{"v":5.37031796370253e-13,"d":"5.370E-13"},321047,0.00015120699198,{"v":48.551590080111,"d":"48.552"}]
["FEV1/FVC","rs2579762","C","A",0.473,{"v":-0.0205,"d":"-0.021"},{"v":0.0024,"d":"0.002"},{"v":9.25976574561246e-18,"d":"9.260E-18"},321047,0.0002095122755,{"v":67.2769638376799,"d":"67.277"}]
["FEV1/FVC","rs2168721","G","A",0.612,{"v":0.0198,"d":"0.020"},{"v":0.0024,"d":"0.002"},{"v":6.88969505481138e-16,"d":"6.890E-16"},321047,0.00018618450048,{"v":59.7847339474279,"d":"59.785"}]
["FEV1/FVC","rs1855971","A","G",0.835,{"v":0.0191,"d":"0.019"},{"v":0.0032,"d":"0.003"},{"v":2.73999644912167E-9,"d":"2.740E-09"},321047,1.005233955E-4,{"v":32.2757779790924,"d":"32.276"}]
["FEV1/FVC","rs11596235","T","C",0.309,{"v":-0.0143,"d":"-0.014"},{"v":0.0026,"d":"0.003"},{"v":3.47000419640784e-08,"d":"3.470E-08"},321047,8.732500062e-05,{"v":28.0377032164987,"d":"28.038"}]
["FEV1/FVC","rs10748849","T","C",0.393,{"v":0.0178,"d":"0.018"},{"v":0.0024,"d":"0.002"},{"v":2.88004981744286e-13,"d":"2.880E-13"},321047,0.00015116499768,{"v":48.5381039425455,"d":"48.538"}]
["FEV1/FVC","rs12781987","T","G",0.217,{"v":-0.0201,"d":"-0.020"},{"v":0.0029,"d":"0.003"},{"v":5.88030699481162e-12,"d":"5.880E-12"},321047,1.3729148622E-4,{"v":44.0827973862698,"d":"44.083"}]
["FEV1/FVC","rs1219514","G","A",{"v":0.9211,"d":"0.921"},{"v":-0.0251,"d":"-0.025"},{"v":0.0044,"d":"0.004"},{"v":1.47000902137229E-8,"d":"1.470E-08"},321047,9.15716888958e-05,{"v":29.4013251905556,"d":"29.401"}]
["FEV1/FVC","rs11200633","T","C",0.216,{"v":-0.0192,"d":"-0.019"},{"v":0.0029,"d":"0.003"},{"v":3.94003427644745e-11,"d":"3.940E-11"},321047,0.00012485394432,{"v":40.0887397915002,"d":"40.089"}]
["FEV1/FVC","rs9888193","G","T",0.273,{"v":0.0148,"d":"0.015"},{"v":0.0026,"d":"0.003"},{"v":2.42002582208076E-8,"d":"2.420E-08"},321047,8.694617568e-05,{"v":27.916062166031,"d":"27.916"}]
["FEV1/FVC","rs11042775","A","G",0.356,{"v":0.0145,"d":"0.015"},{"v":0.0025,"d":"0.003"},{"v":5.58997672992753e-09,"d":"5.590E-09"},321047,9.6405512e-05,{"v":30.9534916872543,"d":"30.953"}]
["FEV1/FVC","rs10831984","G","A",0.454,{"v":0.0234,"d":"0.023"},{"v":0.0024,"d":"0.002"},{"v":7.24936555587396e-23,"d":"7.249E-23"},321047,{"$f":"2*E772*(1-E772)*F772*F772","v":0.00027146272608},{"$f":"J772/(1-J772)*(I772-2)","v":{"v":87.1754157703658,"d":"87.175"}}]
["FEV1/FVC","rs2762969","G","C",0.713,{"v":-0.0151,"d":"-0.015"},{"v":0.0026,"d":"0.003"},{"v":7.76998177256644e-09,"d":"7.770E-09"},321047,9.331582862e-05,{"v":29.9613760699425,"d":"29.961"}]
["FEV1/FVC","rs10836366","C","T",0.251,{"v":-0.0191,"d":"-0.019"},{"v":0.0027,"d":"0.003"},{"v":2.33023649672246E-12,"d":"2.330E-12"},321047,1.3716783038E-4,{"v":44.0430873990889,"d":"44.043"}]
["FEV1/FVC","rs76525968","T","G",0.268,{"v":-0.0175,"d":"-0.018"},{"v":0.0027,"d":"0.003"},{"v":8.02971257669863e-11,"d":"8.030E-11"},321047,1.201578E-4,{"v":38.5806966726347,"d":"38.581"}]
["FEV1/FVC","rs4099470","T","C",{"v":0.0545,"d":"0.055"},{"v":0.0287,"d":"0.029"},{"v":5.3E-3,"d":"0.005"},{"v":4.94003470541478e-08,"d":"4.940E-08"},321047,8.4889079555e-05,{"v":27.2555282424403,"d":"27.256"}]
["FEV1/FVC","rs163694","C","T",0.539,{"v":-0.0166,"d":"-0.017"},{"v":0.0024,"d":"0.002"},{"v":4.97966354164486e-12,"d":"4.980E-12"},321047,0.00013694174648,{"v":43.970484393598,"d":"43.970"}]
["FEV1/FVC","rs2027761","T","C",0.113,{"v":0.0369,"d":"0.037"},{"v":3.8E-3,"d":"0.004"},{"v":1.31008658625703e-22,"d":"1.310E-22"},321047,0.00027295106382,{"v":87.6534994000007,"d":"87.653"}]
["FEV1/FVC","rs11234768","C","T",0.154,{"v":-0.0303,"d":"-0.030"},{"v":3.3E-3,"d":"0.003"},{"v":5.06990708274702e-20,"d":"5.070E-20"},321047,2.3922487512E-4,{"v":76.8203273661212,"d":"76.820"}]
["FEV1/FVC","rs12575589","T","C",0.121,{"v":0.0205,"d":"0.021"},{"v":0.0037,"d":"0.004"},{"v":2.67997041655656e-08,"d":"2.680E-08"},321047,8.93947395e-05,{"v":28.702299977407,"d":"28.702"}]
["FEV1/FVC","rs594476","C","G",0.707,{"v":0.0182,"d":"0.018"},{"v":0.0026,"d":"0.003"},{"v":5.50047252867633E-12,"d":"5.500E-12"},321047,0.00013723339448,{"v":44.0641422026409,"d":"44.064"}]
["FEV1/FVC","rs11824553","A","C",{"v":0.0815,"d":"0.082"},{"v":-0.0247,"d":"-0.025"},{"v":0.0044,"d":"0.004"},{"v":1.680002778533e-08,"d":"1.680E-08"},321047,9.1339929395e-05,{"v":29.3269063501732,"d":"29.327"}]
["FEV1/FVC","rs898614","T","C",0.648,{"v":0.0151,"d":"0.015"},{"v":0.0025,"d":"0.003"},{"v":1.55998348264765e-09,"d":"1.560E-09"},321047,0.00010401633792,{"v":33.397399082675,"d":"33.397"}]
["FEV1/FVC","rs567508","A","G",0.842,{"v":0.0224,"d":"0.022"},{"v":3.3E-3,"d":"0.003"},{"v":1.58015612899719e-11,"d":"1.580E-11"},321047,0.00013350428672,{"v":42.8666066057614,"d":"42.867"}]
["FEV1/FVC","rs7118465","T","C",0.681,{"v":-0.0249,"d":"-0.025"},{"v":0.0026,"d":"0.003"},{"v":2.08977726445704e-22,"d":"2.090E-22"},321047,0.00026938070478,{"v":86.5066315834792,"d":"86.507"}]
["FEV1/FVC","rs7974933","G","A",0.143,0.023,{"v":0.0034,"d":"0.003"},{"v":2.53980281377282e-11,"d":"2.540E-11"},321047,0.000129658958,{"v":41.6317581014851,"d":"41.632"}]
["FEV1/FVC","rs7139311","T","C",0.535,{"v":0.0152,"d":"0.015"},{"v":0.0024,"d":"0.002"},{"v":1.45000667005009e-10,"d":"1.450E-10"},321047,1.14953952E-4,{"v":36.9096344281844,"d":"36.910"}]
["FEV1/FVC","rs10841302","C","G",0.546,{"v":0.0167,"d":"0.017"},{"v":0.0024,"d":"0.002"},{"v":2.28981291210797e-12,"d":"2.290E-12"},321047,0.00013826473752,{"v":44.3953409672743,"d":"44.395"}]
["FEV1/FVC","rs274995","C","T",{"v":0.42,"d":"0.420"},{"v":-0.0163,"d":"-0.016"},{"v":0.0024,"d":"0.002"},{"v":1.46994132651384e-11,"d":"1.470E-11"},321047,1.29444168E-4,{"v":41.562782975422,"d":"41.563"}]
["FEV1/FVC","rs35320030","C","T",0.168,{"v":-0.0183,"d":"-0.018"},{"v":0.0032,"d":"0.003"},{"v":8.4000138087988e-09,"d":"8.400E-09"},321047,9.361916928e-05,{"v":30.0587802795369,"d":"30.059"}]
["FEV1/FVC","rs2077177","C","T",0.409,{"v":-0.0187,"d":"-0.019"},{"v":0.0024,"d":"0.002"},{"v":1.21004076085696E-14,"d":"1.210E-14"},321047,1.6905343422E-4,{"v":54.2829365059958,"d":"54.283"}]
["FEV1/FVC","rs11172113","C","T",0.411,{"v":0.0227,"d":"0.023"},{"v":0.0024,"d":"0.002"},{"v":7.04044321469975e-21,"d":"7.040E-21"},321047,2.4948177582E-4,{"v":80.1148639166514,"d":"80.115"}]
["FEV1/FVC","rs1245035","A","C",0.626,-0.014,{"v":0.0025,"d":"0.003"},{"v":1.6100152882906e-08,"d":"1.610E-08"},321047,9.1776608e-05,{"v":29.4671255081866,"d":"29.467"}]
["FEV1/FVC","rs1240293","A","T",0.577,{"v":0.0138,"d":"0.014"},{"v":0.0024,"d":"0.002"},{"v":1.63998546891446e-08,"d":"1.640E-08"},321047,9.296176248e-05,{"v":29.847683728677,"d":"29.848"}]
["FEV1/FVC","rs55703445","T","C",0.219,{"v":-0.0275,"d":"-0.028"},{"v":0.0029,"d":"0.003"},{"v":1.69980851320349e-21,"d":"1.700E-21"},321047,0.0002586964875,{"v":83.0747049638117,"d":"83.075"}]
["FEV1/FVC","rs7307510","C","T",0.813,{"v":-0.0439,"d":"-0.044"},{"v":0.0031,"d":"0.003"},{"v":1.44012437117557e-46,"d":"1.440E-46"},321047,0.00058599132702,{"v":188.239892527556,"d":"188.240"}]
["FEV1/FVC","rs838327","G","A",{"v":0.25,"d":"0.250"},{"v":-0.0151,"d":"-0.015"},{"v":2.8E-3,"d":"0.003"},{"v":4.29002674812652e-08,"d":"4.290E-08"},321047,8.550375e-05,{"v":27.452898744541,"d":"27.453"}]
["FEV1/FVC","rs11067615","G","T",0.513,{"v":0.0162,"d":"0.016"},{"v":0.0024,"d":"0.002"},{"v":1.15000571869924E-11,"d":"1.150E-11"},321047,0.00013113129528,{"v":42.1045679196961,"d":"42.105"}]
["FEV1/FVC","rs9533803","T","C",0.213,{"v":-0.0261,"d":"-0.026"},{"v":0.0029,"d":"0.003"},{"v":2.92011530139415e-19,"d":"2.920E-19"},321047,0.00022838382702,{"v":73.3382350124149,"d":"73.338"}]
["FEV1/FVC","rs12875005","G","T",0.319,{"v":0.0182,"d":"0.018"},{"v":0.0025,"d":"0.003"},{"v":7.85959196518192e-13,"d":"7.860E-13"},321047,0.00014391649272,{"v":46.2103208325941,"d":"46.210"}]
["FEV1/FVC","rs9600261","A","G",0.184,{"v":0.0207,"d":"0.021"},{"v":0.0031,"d":"0.003"},{"v":2.11008524186048e-11,"d":"2.110E-11"},321047,0.00012867040512,{"v":41.3143061402587,"d":"41.314"}]
["FEV1/FVC","rs4884168","G","A",0.361,{"v":-0.0139,"d":"-0.014"},{"v":0.0025,"d":"0.003"},{"v":2.56998151730474e-08,"d":"2.570E-08"},321047,8.913897918e-05,{"v":28.6201747440037,"d":"28.620"}]
["FEV1/FVC","rs11620380","A","C",0.105,-0.027,{"v":0.0039,"d":"0.004"},{"v":4.60044666393479e-12,"d":"4.600E-12"},321047,0.00013701555,{"v":43.9941851372234,"d":"43.994"}]
["FEV1/FVC","rs9634470","C","T",0.265,{"v":0.0208,"d":"0.021"},{"v":0.0027,"d":"0.003"},{"v":2.73023481294007e-14,"d":"2.730E-14"},321047,0.000168534912,{"v":54.1164113276609,"d":"54.116"}]
["FEV1/FVC","rs61963203","G","T",0.021,{"v":0.0517,"d":"0.052"},{"v":0.0084,"d":"0.008"},{"v":9.45997524641149e-10,"d":"9.460E-10"},321047,1.0990389102E-4,{"v":35.2879729780524,"d":"35.288"}]
["FEV1/FVC","rs4982712","G","A",0.603,{"v":0.0189,"d":"0.019"},{"v":0.0024,"d":"0.002"},{"v":6.51928549134064e-15,"d":"6.519E-15"},321047,0.00017102571822,{"v":54.9163438130825,"d":"54.916"}]
["FEV1/FVC","rs941747","T","C",0.468,{"v":-0.0139,"d":"-0.014"},{"v":0.0024,"d":"0.002"},{"v":4.56005415125173e-09,"d":"4.560E-09"},321047,9.620930592e-05,{"v":30.8904885715514,"d":"30.890"}]
["FEV1/FVC","rs7401714","G","A",0.574,{"v":-0.0161,"d":"-0.016"},{"v":0.0024,"d":"0.002"},{"v":1.67996409548482E-11,"d":"1.680E-11"},321047,0.00012676613208,{"v":40.7027926092075,"d":"40.703"}]
["FEV1/FVC","rs112731178","T","C",{"v":0.0958,"d":"0.096"},{"v":0.04,"d":"0.040"},{"v":0.0041,"d":"0.004"},{"v":5.75970181254672e-23,"d":"5.760E-23"},321047,2.77191552E-4,{"v":89.0156361941889,"d":"89.016"}]
["FEV1/FVC","rs35107139","C","A",0.404,{"v":-0.0315,"d":"-0.032"},{"v":0.0025,"d":"0.003"},{"v":3.40016505804072e-36,"d":"3.400E-36"},321047,0.000477835848,{"v":153.480148137897,"d":"153.480"}]
["FEV1/FVC","rs7155530","A","G",0.398,{"v":-0.0144,"d":"-0.014"},{"v":0.0024,"d":"0.002"},{"v":2.60999695102702e-09,"d":"2.610E-09"},321047,9.936525312e-05,{"v":31.9038878257997,"d":"31.904"}]
["FEV1/FVC","rs177392","T","C",0.595,{"v":0.0137,"d":"0.014"},{"v":0.0025,"d":"0.003"},{"v":3.83998917424723e-08,"d":"3.840E-08"},321047,9.04571955e-05,{"v":29.0434575190123,"d":"29.043"}]
["FEV1/FVC","rs2543350","C","T",0.141,{"v":0.0202,"d":"0.020"},{"v":0.0034,"d":"0.003"},{"v":4.27002089288657e-09,"d":"4.270E-09"},321047,9.884279352e-05,{"v":31.7361215325362,"d":"31.736"}]
["FEV1/FVC","rs1756281","G","A",0.301,{"v":-0.0237,"d":"-0.024"},{"v":0.0026,"d":"0.003"},{"v":1.38006645597033E-19,"d":"1.380E-19"},321047,2.3635802862E-4,{"v":75.8995027551523,"d":"75.900"}]
["FEV1/FVC","rs2003254","T","A",0.283,{"v":-0.0152,"d":"-0.015"},{"v":0.0027,"d":"0.003"},{"v":1.09000878956623E-8,"d":"1.090E-08"},321047,9.376111488e-05,{"v":30.104359744982,"d":"30.104"}]
["FEV1/FVC","rs1956028","C","T",0.126,{"v":-0.0306,"d":"-0.031"},{"v":0.0036,"d":"0.004"},{"v":2.36973618438321e-17,"d":"2.370E-17"},321047,0.00020623141728,{"v":66.2232226697256,"d":"66.223"}]
["FEV1/FVC","rs17129265","T","C",0.167,{"v":0.0195,"d":"0.020"},{"v":0.0032,"d":"0.003"},{"v":1.57000125656149E-9,"d":"1.570E-09"},321047,1.057939155E-4,{"v":33.9682012307082,"d":"33.968"}]
["FEV1/FVC","rs11637595","T","C",0.273,{"v":0.0174,"d":"0.017"},{"v":0.0027,"d":"0.003"},{"v":8.23948372044989e-11,"d":"8.239E-11"},321047,1.2017815992E-4,{"v":38.5872346943784,"d":"38.587"}]
["FEV1/FVC","rs2012453","G","A",0.589,{"v":-0.0239,"d":"-0.024"},{"v":0.0024,"d":"0.002"},{"v":4.25990584332205E-23,"d":"4.260E-23"},321047,0.00027655589118,{"v":88.8114474128694,"d":"88.811"}]
["FEV1/FVC","rs1429555","T","C",{"v":0.0689,"d":"0.069"},{"v":0.0508,"d":"0.051"},{"v":0.0047,"d":"0.005"},{"v":2.09990670376242E-27,"d":"2.100E-27"},321047,0.0003311105119712,{"v":106.33658347639,"d":"106.337"}]
["FEV1/FVC","rs10400826","A","G",0.189,{"v":-0.0192,"d":"-0.019"},0.003,{"v":1.91999456795429e-10,"d":"1.920E-10"},321047,0.00011300954112,{"v":36.2852487081763,"d":"36.285"}]
["FEV1/FVC","rs2173982","C","G",0.673,-0.015,{"v":0.0025,"d":"0.003"},{"v":2.81002381128697e-09,"d":"2.810E-09"},321047,9.903195e-05,{"v":31.7968612929277,"d":"31.797"}]
["FEV1/FVC","rs4438257","G","T",0.131,{"v":-0.0288,"d":"-0.029"},{"v":0.0035,"d":"0.004"},{"v":2.18021839718594e-16,"d":"2.180E-16"},321047,1.8884524032E-4,{"v":60.6392716163556,"d":"60.639"}]
["FEV1/FVC","rs10851744","T","C",0.867,{"v":-0.0197,"d":"-0.020"},{"v":0.0035,"d":"0.004"},{"v":1.45000667005009E-8,"d":"1.450E-08"},321047,8.950209198e-05,{"v":28.7367711208512,"d":"28.737"}]
["FEV1/FVC","rs1441358","G","T",0.336,{"v":-0.0642,"d":"-0.064"},{"v":0.0025,"d":"0.003"},{"v":4.12097519097339E-145,"d":"4.121E-145"},321047,0.00183910874112,{"v":591.524543751871,"d":"591.525"}]
["FEV1/FVC","rs4886509","A","C",0.669,{"v":0.0251,"d":"0.025"},{"v":0.0025,"d":"0.003"},{"v":6.09958095872238e-23,"d":"6.100E-23"},321047,0.00027901756878,{"v":89.6021959558481,"d":"89.602"}]
["FEV1/FVC","rs56077333","A","C",0.324,{"v":-0.0143,"d":"-0.014"},{"v":0.0026,"d":"0.003"},{"v":2.21998479543701e-08,"d":"2.220E-08"},321047,8.957643552e-05,{"v":28.7606430174032,"d":"28.761"}]
["FEV1/FVC","rs1896797","A","G",{"v":0.49,"d":"0.490"},{"v":0.0292,"d":"0.029"},{"v":0.0024,"d":"0.002"},{"v":2.48027593769296e-34,"d":"2.480E-34"},321047,0.000426149472,{"v":136.871484949283,"d":"136.871"}]
["FEV1/FVC","rs7162245","G","A",0.646,{"v":0.0159,"d":"0.016"},{"v":0.0025,"d":"0.003"},{"v":1.72000615095035e-10,"d":"1.720E-10"},321047,0.00011562720408,{"v":37.125828489611,"d":"37.126"}]
["FEV1/FVC","rs28490195","C","T",0.337,{"v":-0.0142,"d":"-0.014"},{"v":0.0025,"d":"0.003"},{"v":1.88000931025943e-08,"d":"1.880E-08"},321047,9.010525368e-05,{"v":28.9304479530475,"d":"28.930"}]
["FEV1/FVC","rs8039637","T","C",0.137,{"v":-0.0264,"d":"-0.026"},{"v":0.0035,"d":"0.004"},{"v":2.99019836717057e-14,"d":"2.990E-14"},321047,0.00016480455552,{"v":52.9183997202631,"d":"52.918"}]
["FEV1/FVC","rs75928020","A","G",0.219,{"v":-0.0173,"d":"-0.017"},{"v":0.0029,"d":"0.003"},{"v":1.70000422215636e-09,"d":"1.700E-09"},321047,0.00010238052462,{"v":32.8721209916204,"d":"32.872"}]
["FEV1/FVC","rs78442819","C","G",{"v":0.2,"d":"0.200"},{"v":-0.0355,"d":"-0.036"},{"v":0.0031,"d":"0.003"},{"v":2.25009057227931e-31,"d":"2.250E-31"},321047,4.0328E-4,{"v":129.523261740995,"d":"129.523"}]
["FEV1/FVC","rs12935657","A","G",0.247,{"v":0.0154,"d":"0.015"},{"v":0.0027,"d":"0.003"},{"v":1.88999214846034E-8,"d":"1.890E-08"},321047,8.821925112e-05,{"v":28.3248482727231,"d":"28.325"}]
["FEV1/FVC","rs61764202","T","C",0.327,{"v":0.0164,"d":"0.016"},{"v":0.0025,"d":"0.003"},{"v":1.09999319893519e-10,"d":"1.100E-10"},321047,1.1838059232E-4,{"v":38.0099969073224,"d":"38.010"}]
["FEV1/FVC","rs35420030","C","T",0.053,0.045,{"v":5.3E-3,"d":"0.005"},{"v":3.08034953654258e-17,"d":"3.080E-17"},321047,{"$f":"2*E836*(1-E836)*F836*F836","v":0.00020327355},{"$f":"J836/(1-J836)*(I836-2)","v":{"v":65.2732251799523,"d":"65.273"}}]
["FEV1/FVC","rs11648508","T","G",0.683,{"v":0.0332,"d":"0.033"},{"v":0.0026,"d":"0.003"},{"v":9.86052412530848e-39,"d":"9.861E-39"},321047,0.00047729416928,{"v":153.306078673964,"d":"153.306"}]
["FEV1/FVC","rs13332450","C","T",0.075,{"v":0.0385,"d":"0.039"},{"v":0.0046,"d":"0.005"},{"v":3.54976824467209e-17,"d":"3.550E-17"},321047,0.0002056621875,{"v":66.040398998859,"d":"66.040"}]
["FEV1/FVC","rs811075","C","G",0.351,{"v":0.0144,"d":"0.014"},{"v":0.0025,"d":"0.003"},{"v":9.21000784234801e-09,"d":"9.210E-09"},321047,9.447280128e-05,{"v":30.3328861196602,"d":"30.333"}]
["FEV1/FVC","rs12928722","T","A",0.595,{"v":-0.0386,"d":"-0.039"},{"v":0.0024,"d":"0.002"},{"v":1.93999227239097E-56,"d":"1.940E-56"},321047,0.000718086222,{"v":230.703656258915,"d":"230.704"}]
["FEV1/FVC","rs12918140","C","G",0.115,-0.027,{"v":3.8E-3,"d":"0.004"},{"v":6.72047546628297e-13,"d":"6.720E-13"},321047,0.00014838795,{"v":47.6462795414963,"d":"47.646"}]
["FEV1/FVC","rs2760751","G","A",0.728,{"v":-0.0191,"d":"-0.019"},{"v":0.0027,"d":"0.003"},{"v":6.29941180548559e-13,"d":"6.299E-13"},321047,0.00014447643392,{"v":46.3901390096996,"d":"46.390"}]
["FEV1/FVC","rs9912501","T","C",0.522,{"v":0.0239,"d":"0.024"},{"v":0.0024,"d":"0.002"},{"v":6.07015806341045E-24,"d":"6.070E-24"},321047,0.00028505206872,{"v":91.5406352496623,"d":"91.541"}]
["FEV1/FVC","rs764688","C","T",0.714,{"v":0.0151,"d":"0.015"},{"v":0.0026,"d":"0.003"},{"v":8.34007584215871e-09,"d":"8.340E-09"},321047,9.312110808e-05,{"v":29.8988503576192,"d":"29.899"}]
["FEV1/FVC","rs12941356","G","A",0.587,{"v":-0.0139,"d":"-0.014"},{"v":0.0024,"d":"0.002"},{"v":8.73997116886224E-9,"d":"8.740E-09"},321047,9.368018702e-05,{"v":30.0783733894803,"d":"30.078"}]
["FEV1/FVC","rs2244592","G","A",0.547,{"v":0.0323,"d":"0.032"},{"v":0.0024,"d":"0.002"},{"v":4.60044666393475e-42,"d":"4.600E-42"},321047,0.00051703574478,{"v":166.077608743023,"d":"166.078"}]
["FEV1/FVC","rs35246838","C","T",0.132,{"v":-0.0386,"d":"-0.039"},{"v":0.0036,"d":"0.004"},{"v":1.39990962656834e-27,"d":"1.400E-27"},321047,0.00034142731392,{"v":109.650969833545,"d":"109.651"}]
["FEV1/FVC","rs117827273","G","C",{"v":0.15,"d":"0.150"},{"v":-0.0262,"d":"-0.026"},{"v":3.3E-3,"d":"0.003"},{"v":4.92039535681451e-15,"d":"4.920E-15"},321047,1.750422E-4,{"v":56.2062615666784,"d":"56.206"}]
["FEV1/FVC","rs8080108","C","T",0.311,{"v":-0.0158,"d":"-0.016"},{"v":0.0026,"d":"0.003"},{"v":1e-09,"d":"1.000E-09"},321047,1.0698521912E-4,{"v":34.3507446943285,"d":"34.351"}]
["FEV1/FVC","rs227728","A","T",0.334,{"v":-0.0171,"d":"-0.017"},{"v":0.0025,"d":"0.003"},{"v":1.20005182020427e-11,"d":"1.200E-11"},321047,1.3008970008E-4,{"v":41.7700816195738,"d":"41.770"}]
["FEV1/FVC","rs8068952","C","G",0.784,{"v":-0.0285,"d":"-0.029"},{"v":0.0029,"d":"0.003"},{"v":1.21004076085695e-22,"d":"1.210E-22"},321047,0.000275099328,{"v":88.3435670136786,"d":"88.344"}]
["FEV1/FVC","rs11653958","A","G",0.743,{"v":0.0197,"d":"0.020"},{"v":2.8E-3,"d":"0.003"},{"v":9.17064749114933e-13,"d":"9.171E-13"},321047,1.4821234718E-4,{"v":47.5898864091698,"d":"47.590"}]
["FEV1/FVC","rs9905278","T","C",0.492,{"v":-0.0208,"d":"-0.021"},{"v":0.0024,"d":"0.002"},{"v":2.90001336905406e-18,"d":"2.900E-18"},321047,0.00021626462208,{"v":69.445694242494,"d":"69.446"}]
["FEV1/FVC","rs996865","T","C",{"v":0.0752,"d":"0.075"},{"v":-0.0475,"d":"-0.048"},{"v":0.0046,"d":"0.005"},{"v":1.82011990846011e-25,"d":"1.820E-25"},321047,0.000313821632,{"v":100.78249357205,"d":"100.782"}]
["FEV1/FVC","rs11077593","T","A",0.589,0.014,{"v":0.0024,"d":"0.002"},{"v":8.19992726270379E-9,"d":"8.200E-09"},321047,9.4894968e-05,{"v":30.468446303797,"d":"30.468"}]
["FEV1/FVC","rs117014247","T","C",0.024,{"v":-0.0445,"d":"-0.045"},{"v":0.0079,"d":"0.008"},{"v":2.09001787280615e-08,"d":"2.090E-08"},321047,9.2770752e-05,{"v":29.7863493778711,"d":"29.786"}]
["FEV1/FVC","rs631126","C","T",{"v":0.75,"d":"0.750"},{"v":0.0256,"d":"0.026"},{"v":0.0027,"d":"0.003"},{"v":7.23935710242304e-21,"d":"7.239E-21"},321047,0.00024576,{"v":78.9194144352916,"d":"78.919"}]
["FEV1/FVC","rs8089099","A","G",0.275,{"v":0.0235,"d":"0.024"},{"v":0.0027,"d":"0.003"},{"v":1.51984745292848E-18,"d":"1.520E-18"},321047,0.0002202096875,{"v":70.7127907649941,"d":"70.713"}]
["FEV1/FVC","rs10775456","G","A",0.681,{"v":-0.0141,"d":"-0.014"},{"v":0.0026,"d":"0.003"},{"v":4.18996118727866e-08,"d":"4.190E-08"},321047,8.637857118e-05,{"v":27.7338039908452,"d":"27.734"}]
["FEV1/FVC","rs12607689","G","T",0.409,{"v":0.0158,"d":"0.016"},{"v":0.0024,"d":"0.002"},{"v":6.82967440807965e-11,"d":"6.830E-11"},321047,0.00012068546232,{"v":38.7501408291853,"d":"38.750"}]
["FEV1/FVC","rs1424393","G","C",0.378,-0.015,{"v":0.0024,"d":"0.002"},{"v":8.10998404850637e-10,"d":"8.110E-10"},321047,1.058022E-4,{"v":33.9708614908816,"d":"33.971"}]
["FEV1/FVC","rs62092156","A","G",{"v":0.0942,"d":"0.094"},{"v":0.0254,"d":"0.025"},{"v":0.0041,"d":"0.004"},{"v":4.06003708025499e-10,"d":"4.060E-10"},321047,1.100983088352E-4,{"v":35.3504035796475,"d":"35.350"}]
["FEV1/FVC","rs3752243","G","A",{"v":0.43,"d":"0.430"},{"v":-0.0136,"d":"-0.014"},{"v":0.0024,"d":"0.002"},{"v":1.26998911891811e-08,"d":"1.270E-08"},321047,9.0667392e-05,{"v":29.1109522787618,"d":"29.111"}]
["FEV1/FVC","rs9636166","C","A",0.126,{"v":-0.0355,"d":"-0.036"},{"v":0.0036,"d":"0.004"},{"v":3.6601594055805e-23,"d":"3.660E-23"},321047,2.77567542E-4,{"v":89.1364128964204,"d":"89.136"}]
["FEV1/FVC","rs112009052","A","T",0.014,0.143,{"v":0.0104,"d":"0.010"},{"v":3.82032226884408e-43,"d":"3.820E-43"},321047,0.000564555992,{"v":181.350260828041,"d":"181.350"}]
["FEV1/FVC","rs35506173","T","C",0.275,{"v":0.0256,"d":"0.026"},{"v":0.0027,"d":"0.003"},{"v":1.79019359926501e-21,"d":"1.790E-21"},321047,0.0002613248,{"v":83.9189505189606,"d":"83.919"}]
["FEV1/FVC","rs12609373","C","T",0.224,{"v":-0.0172,"d":"-0.017"},{"v":0.0029,"d":"0.003"},{"v":1.82999540817517E-9,"d":"1.830E-09"},321047,0.00010284818432,{"v":33.0222916177494,"d":"33.022"}]
["FEV1/FVC","rs751859","A","T",{"v":0.21,"d":"0.210"},{"v":0.0242,"d":"0.024"},{"v":0.0029,"d":"0.003"},{"v":8.77000821143638e-17,"d":"8.770E-17"},321047,1.94315352E-4,{"v":62.3960967023341,"d":"62.396"}]
["FEV1/FVC","rs6134919","T","C",0.416,{"v":-0.0137,"d":"-0.014"},{"v":0.0024,"d":"0.002"},{"v":9.45997524641149e-09,"d":"9.460E-09"},321047,9.119631872e-05,{"v":29.2807924439425,"d":"29.281"}]
["FEV1/FVC","rs6132863","A","G",{"v":0.18,"d":"0.180"},{"v":-0.0175,"d":"-0.018"},{"v":0.0031,"d":"0.003"},{"v":1.32999497464925e-08,"d":"1.330E-08"},321047,9.0405e-05,{"v":29.026697383577,"d":"29.027"}]
["FEV1/FVC","rs6119231","A","G",0.169,{"v":-0.0237,"d":"-0.024"},{"v":0.0032,"d":"0.003"},{"v":6.29941180548559e-14,"d":"6.299E-14"},321047,1.5776636382E-4,{"v":50.658094415946,"d":"50.658"}]
["FEV1/FVC","rs6059938","A","G",0.486,{"v":0.0159,"d":"0.016"},{"v":0.0024,"d":"0.002"},{"v":1.86982085773665E-11,"d":"1.870E-11"},321047,0.00012630589848,{"v":40.554999513163,"d":"40.555"}]
["FEV1/FVC","rs6421437","T","G",0.363,{"v":-0.0179,"d":"-0.018"},{"v":0.0025,"d":"0.003"},{"v":1.7298163592151e-12,"d":"1.730E-12"},321047,0.00014817744942,{"v":47.5786793363947,"d":"47.579"}]
["FEV1/FVC","rs442217","C","G",0.332,{"v":-0.0148,"d":"-0.015"},{"v":0.0025,"d":"0.003"},{"v":4.54004335334532e-09,"d":"4.540E-09"},321047,9.715563008e-05,{"v":31.1943599667311,"d":"31.194"}]
["FEV1/FVC","rs12627254","T","G",0.128,{"v":0.0357,"d":"0.036"},{"v":0.0035,"d":"0.004"},{"v":6.85014871471006e-24,"d":"6.850E-24"},321047,0.00028450695168,{"v":91.3655284300879,"d":"91.366"}]
["FEV1/FVC","rs2834457","A","T",0.622,{"v":0.0247,"d":"0.025"},{"v":0.0024,"d":"0.002"},{"v":5.16059764663022e-24,"d":"5.161E-24"},321047,2.8688384088E-4,{"v":92.12905303191,"d":"92.129"}]
["FEV1/FVC","rs2297291","G","A",0.592,{"v":0.0136,"d":"0.014"},{"v":0.0024,"d":"0.002"},{"v":2.13998140678151e-08,"d":"2.140E-08"},321047,8.934899712e-05,{"v":28.6876119897514,"d":"28.688"}]
["FEV1/FVC","rs374597","T","C",0.477,{"v":0.0225,"d":"0.023"},{"v":0.0024,"d":"0.002"},{"v":2.38012628219499e-21,"d":"2.380E-21"},321047,0.0002525893875,{"v":81.1130482051019,"d":"81.113"}]
["FEV1/FVC","rs5748428","T","G",0.222,{"v":0.0178,"d":"0.018"},{"v":2.8E-3,"d":"0.003"},{"v":3.79996853036855e-10,"d":"3.800E-10"},321047,1.0944667488E-4,{"v":35.1411538192866,"d":"35.141"}]
["FEV1/FVC","rs1076135","T","A",0.475,{"v":0.0245,"d":"0.025"},{"v":0.0024,"d":"0.002"},{"v":5.61953007700133e-25,"d":"5.620E-25"},321047,2.993746875E-4,{"v":96.1415288886043,"d":"96.142"}]
["FEV1/FVC","rs73158393","G","C",0.257,{"v":0.0205,"d":"0.021"},{"v":0.0027,"d":"0.003"},{"v":3.55959018006082E-14,"d":"3.560E-14"},321047,1.604943155E-4,{"v":51.5341684607895,"d":"51.534"}]
["FEV1/FVC","rs5758000","T","C",0.645,{"v":0.0152,"d":"0.015"},{"v":0.0025,"d":"0.003"},{"v":7.299951924762e-10,"d":"7.300E-10"},321047,1.05804768E-4,{"v":33.9716861089273,"d":"33.972"}]
["Smoking","rs2073045","A","G",{"v":0.301773,"d":"0.302"},{"v":0.147412,"d":"0.147"},{"v":0.026522,"d":"0.027"},{"v":2.73E-8,"d":"2.730E-08"},155619,0.00915741068715781,{"v":1438.21914224713,"d":"1438.219"}]
["Smoking","rs2036527","A","G",{"v":0.335723,"d":"0.336"},{"v":0.175792,"d":"0.176"},{"v":0.025201,"d":"0.025"},{"v":3.04E-12,"d":"3.040E-12"},155619,0.0137834685909811,{"v":2174.91997285646,"d":"2174.920"}]
["Educaition","rs2352974","T","C",{"v":0.5,"d":"0.500"},{"v":-0.0319,"d":"-0.032"},{"v":0.00285,"d":"0.003"},{"v":5.19e-29,"d":"5.190E-29"},1131881,0.000508805,{"v":576.198867459758,"d":"576.199"}]
["Educaition","rs1906252","C","A",{"v":0.5034,"d":"0.503"},{"v":-0.03071,"d":"-0.031"},{"v":0.00285,"d":"0.003"},{"v":4.44e-27,"d":"4.440E-27"},1131881,4.71530245433208E-4,{"v":533.966964244398,"d":"533.967"}]
["Educaition","rs13107325","C","T",{"v":0.90986,"d":"0.910"},{"v":0.05434,"d":"0.054"},{"v":0.00542,"d":"0.005"},{"v":1.09e-23,"d":"1.090E-23"},1131881,0.000484352326582605,{"v":548.493891352385,"d":"548.494"}]
["Educaition","rs9384679","T","C",{"v":0.4082,"d":"0.408"},{"v":-0.02822,"d":"-0.028"},{"v":0.00295,"d":"0.003"},{"v":1.14e-21,"d":"1.140E-21"},1131881,0.000384761824729568,{"v":435.671459158687,"d":"435.671"}]
["Educaition","rs3128341","T","C",{"v":0.1752,"d":"0.175"},{"v":-0.03343,"d":"-0.033"},{"v":0.00353,"d":"0.004"},{"v":2.52E-21,"d":"2.520E-21"},1131881,0.000322987342343808,{"v":365.700706764138,"d":"365.701"}]
["Educaition","rs2426132","G","C",{"v":0.5272,"d":"0.527"},-0.027,{"v":0.00286,"d":"0.003"},{"v":3.57e-21,"d":"3.570E-21"},1131881,0.00036342131328,{"v":411.498499979328,"d":"411.498"}]
["Educaition","rs11793831","T","G",{"v":0.4354,"d":"0.435"},{"v":0.02693,"d":"0.027"},{"v":0.0029,"d":"0.003"},{"v":1.69e-20,"d":"1.690E-20"},1131881,3.56559490912632E-4,{"v":403.726152406069,"d":"403.726"}]
["Educaition","rs148696809","T","C",{"v":0.91837,"d":"0.918"},{"v":-0.0406,"d":"-0.041"},{"v":4.45E-3,"d":"0.004"},{"v":7.79e-20,"d":"7.790E-20"},1131881,2.47143701968632E-4,{"v":279.805918511087,"d":"279.806"}]
["Educaition","rs12448902","G","C",{"v":0.3197,"d":"0.320"},-0.026,{"v":0.00292,"d":"0.003"},{"v":5.12e-19,"d":"5.120E-19"},1131881,0.00029404906232,{"v":332.925855145227,"d":"332.926"}]
["Educaition","rs3740422","G","C",{"v":0.6514,"d":"0.651"},{"v":0.02553,"d":"0.026"},{"v":2.99E-3,"d":"0.003"},{"v":1.23e-17,"d":"1.230E-17"},1131881,0.000296010258562872,{"v":335.147002402723,"d":"335.147"}]
["Educaition","rs8054299","G","C",{"v":0.3316,"d":"0.332"},{"v":0.02556,"d":"0.026"},{"v":0.00306,"d":"0.003"},{"v":7.22e-17,"d":"7.220E-17"},1131881,2.89602734151168E-4,{"v":327.890211029905,"d":"327.890"}]
["Educaition","rs11123820","G","A",{"v":0.4065,"d":"0.407"},{"v":0.0243,"d":"0.024"},{"v":0.00292,"d":"0.003"},{"v":9.17e-17,"d":"9.170E-17"},1131881,0.000284920577595,{"v":322.587530273101,"d":"322.588"}]
["Educaition","rs10874938","T","A",{"v":0.5068,"d":"0.507"},{"v":-0.02364,"d":"-0.024"},{"v":0.00285,"d":"0.003"},{"v":1.19e-16,"d":"1.190E-16"},1131881,0.000279373117588992,{"v":316.304932058489,"d":"316.305"}]
["Educaition","rs10875914","G","A",{"v":0.3554,"d":"0.355"},{"v":0.02373,"d":"0.024"},{"v":0.00291,"d":"0.003"},{"v":3.45e-16,"d":"3.450E-16"},1131881,0.000258008014551672,{"v":292.109220022622,"d":"292.109"}]
["Educaition","rs1892419","C","T",0.233,{"v":-0.0276,"d":"-0.028"},{"v":0.00338,"d":"0.003"},{"v":3.47e-16,"d":"3.470E-16"},1131881,0.00027226978272,{"v":308.260379381846,"d":"308.260"}]
["Educaition","rs6550835","G","A",{"v":0.6973,"d":"0.697"},{"v":0.02479,"d":"0.025"},{"v":0.00304,"d":"0.003"},{"v":3.89e-16,"d":"3.890E-16"},1131881,{"$f":"2*E900*(1-E900)*F900*F900","v":2.59426977203022E-4},{"$f":"J900/(1-J900)*(I900-2)","v":{"v":293.716145421342,"d":"293.716"}}]
["Educaition","rs11662271","T","C",{"v":0.4847,"d":"0.485"},{"v":0.0232,"d":"0.023"},{"v":0.00285,"d":"0.003"},{"v":4.39e-16,"d":"4.390E-16"},1131881,0.0002688680067968,{"v":304.407896209462,"d":"304.408"}]
["Educaition","rs13163336","C","A",{"v":0.8265,"d":"0.827"},{"v":-0.0317,"d":"-0.032"},{"v":0.00391,"d":"0.004"},{"v":5.04e-16,"d":"5.040E-16"},1131881,0.000288197929995,{"v":326.299223565601,"d":"326.299"}]
["Educaition","rs34811474","G","A",{"v":0.7704,"d":"0.770"},{"v":-0.02761,"d":"-0.028"},{"v":3.46E-3,"d":"0.003"},{"v":1.42E-15,"d":"1.420E-15"},1131881,2.69681383052928E-4,{"v":305.329035725206,"d":"305.329"}]
["Educaition","rs10189857","G","A",{"v":0.4184,"d":"0.418"},{"v":-0.02289,"d":"-0.023"},{"v":0.00288,"d":"0.003"},{"v":2.03e-15,"d":"2.030E-15"},1131881,0.000254998517010048,{"v":288.701084783295,"d":"288.701"}]
["Educaition","rs7963801","C","T",{"v":0.5476,"d":"0.548"},{"v":-0.02296,"d":"-0.023"},{"v":0.00292,"d":"0.003"},{"v":3.46e-15,"d":"3.460E-15"},1131881,2.61191956666368E-4,{"v":295.714929080514,"d":"295.715"}]
["Educaition","rs5751191","C","T",{"v":0.4779,"d":"0.478"},{"v":-0.02214,"d":"-0.022"},{"v":0.00286,"d":"0.003"},{"v":8.93e-15,"d":"8.930E-15"},1131881,0.000244610982763128,{"v":276.93777658064,"d":"276.938"}]
["Educaition","rs4463213","A","G",{"v":0.5408,"d":"0.541"},{"v":0.02183,"d":"0.022"},{"v":0.00287,"d":"0.003"},{"v":2.56e-14,"d":"2.560E-14"},1131881,0.000236687885278208,{"v":267.965471081491,"d":"267.965"}]
["Educaition","rs6975134","C","T",{"v":0.4218,"d":"0.422"},{"v":0.02194,"d":"0.022"},{"v":0.00291,"d":"0.003"},{"v":4.55e-14,"d":"4.550E-14"},1131881,0.000234794492117472,{"v":265.821368336605,"d":"265.821"}]
["Educaition","rs1144593","G","A",{"v":0.2993,"d":"0.299"},{"v":0.02276,"d":"0.023"},{"v":0.00309,"d":"0.003"},{"v":1.82e-13,"d":"1.820E-13"},1131881,0.000217276794486752,{"v":245.984487587827,"d":"245.984"}]
["Educaition","rs2239647","A","C",{"v":0.4541,"d":"0.454"},{"v":-0.02093,"d":"-0.021"},{"v":0.00289,"d":"0.003"},{"v":4.71e-13,"d":"4.710E-13"},1131881,2.17186610976062E-4,{"v":245.882366402832,"d":"245.882"}]
["Educaition","rs3735478","T","G",{"v":0.2857,"d":"0.286"},{"v":0.02279,"d":"0.023"},{"v":3.15E-3,"d":"0.003"},{"v":4.85e-13,"d":"4.850E-13"},1131881,2.11987150186782E-4,{"v":239.994679354401,"d":"239.995"}]
["Educaition","rs991871","A","T",{"v":0.7551,"d":"0.755"},{"v":0.0243,"d":"0.024"},{"v":0.00337,"d":"0.003"},{"v":5.72e-13,"d":"5.720E-13"},1131881,0.0002183915337102,{"v":247.24678738947,"d":"247.247"}]
["Educaition","rs11693702","A","T",0.449,{"v":-0.02045,"d":"-0.020"},{"v":0.00286,"d":"0.003"},{"v":9.17e-13,"d":"9.170E-13"},1131881,0.000206925760595,{"v":234.263398108341,"d":"234.263"}]
["Educaition","rs113322852","A","T",{"v":0.2007,"d":"0.201"},{"v":-0.02611,"d":"-0.026"},{"v":0.00369,"d":"0.004"},{"v":1.5e-12,"d":"1.500E-12"},1131881,0.000218726258866542,{"v":247.625821429123,"d":"247.626"}]
["Educaition","rs26046","T","C",{"v":0.3673,"d":"0.367"},{"v":-0.02044,"d":"-0.020"},{"v":0.00292,"d":"0.003"},{"v":2.44e-12,"d":"2.440E-12"},1131881,0.000194182702674912,{"v":219.834011283428,"d":"219.834"}]
["Educaition","rs2478281","G","A",{"v":0.2466,"d":"0.247"},{"v":0.02273,"d":"0.023"},{"v":0.00326,"d":"0.003"},{"v":3.1e-12,"d":"3.100E-12"},1131881,1.91976272624952E-4,{"v":217.335634767529,"d":"217.336"}]
["Educaition","rs9436866","C","A",{"v":0.09524,"d":"0.095"},{"v":0.03309,"d":"0.033"},{"v":4.81E-3,"d":"0.005"},{"v":6.01e-12,"d":"6.010E-12"},1131881,1.88701915478259E-4,{"v":213.628047411363,"d":"213.628"}]
["Educaition","rs3113262","G","C",{"v":0.5068,"d":"0.507"},{"v":0.01963,"d":"0.020"},{"v":0.00286,"d":"0.003"},{"v":6.18e-12,"d":"6.180E-12"},1131881,0.000192632814043488,{"v":218.079046107065,"d":"218.079"}]
["Educaition","rs35526560","C","G",{"v":0.4235,"d":"0.424"},{"v":0.01958,"d":"0.020"},{"v":0.00285,"d":"0.003"},{"v":6.71e-12,"d":"6.710E-12"},1131881,1.872009709262E-4,{"v":211.928520995874,"d":"211.929"}]
["Educaition","rs6535809","G","A",{"v":0.5,"d":"0.500"},{"v":-0.01956,"d":"-0.020"},{"v":0.00285,"d":"0.003"},{"v":6.9e-12,"d":"6.900E-12"},1131881,0.0001912968,{"v":216.566259119558,"d":"216.566"}]
["Educaition","rs335426","C","A",{"v":0.5,"d":"0.500"},{"v":-0.01973,"d":"-0.020"},{"v":0.00288,"d":"0.003"},{"v":7.24e-12,"d":"7.240E-12"},1131881,1.9463645E-4,{"v":220.347798102738,"d":"220.348"}]
["Educaition","rs4976976","A","G",{"v":0.3861,"d":"0.386"},{"v":0.01978,"d":"0.020"},{"v":0.00292,"d":"0.003"},{"v":1.24E-11,"d":"1.240E-11"},1131881,1.85472704689272E-4,{"v":209.9716035122,"d":"209.972"}]
["Educaition","rs13428598","T","C",{"v":0.3793,"d":"0.379"},{"v":0.01978,"d":"0.020"},{"v":0.00292,"d":"0.003"},{"v":1.32E-11,"d":"1.320E-11"},1131881,1.84224403194168E-4,{"v":208.558154764604,"d":"208.558"}]
["Educaition","rs702222","C","T",{"v":0.6718,"d":"0.672"},{"v":0.02002,"d":"0.020"},{"v":2.97E-3,"d":"0.003"},{"v":1.66E-11,"d":"1.660E-11"},1131881,0.000176740760003808,{"v":200.084517782088,"d":"200.085"}]
["Educaition","rs10129426","G","A",{"v":0.4694,"d":"0.469"},{"v":-0.01926,"d":"-0.019"},{"v":0.00287,"d":"0.003"},{"v":1.87e-11,"d":"1.870E-11"},1131881,0.000184779119010528,{"v":209.186257698924,"d":"209.186"}]
["Educaition","rs58489175","G","A",{"v":0.2823,"d":"0.282"},{"v":0.02121,"d":"0.021"},{"v":3.16E-3,"d":"0.003"},{"v":2.02e-11,"d":"2.020E-11"},1131881,0.000182290970496222,{"v":206.368940588753,"d":"206.369"}]
["Educaition","rs2295499","T","C",{"v":0.4439,"d":"0.444"},{"v":-0.0191,"d":"-0.019"},{"v":0.00287,"d":"0.003"},{"v":2.85e-11,"d":"2.850E-11"},1131881,0.0001801087326398,{"v":203.898016004855,"d":"203.898"}]
["Educaition","rs602512","G","A",{"v":0.6139,"d":"0.614"},{"v":-0.01948,"d":"-0.019"},{"v":0.00293,"d":"0.003"},{"v":2.92E-11,"d":"2.920E-11"},1131881,0.000179889301624032,{"v":203.64955720953,"d":"203.650"}]
["Educaition","rs17002025","A","G",{"v":0.1378,"d":"0.138"},{"v":0.02886,"d":"0.029"},{"v":0.00434,"d":"0.004"},{"v":2.96E-11,"d":"2.960E-11"},1131881,0.000197915535279072,{"v":224.060783265996,"d":"224.061"}]
["Educaition","rs1035738","T","C",{"v":0.02721,"d":"0.027"},{"v":0.05092,"d":"0.051"},{"v":0.00769,"d":"0.008"},{"v":3.47E-11,"d":"3.470E-11"},1131881,0.000137263296591396,{"v":155.386771783114,"d":"155.387"}]
["Educaition","rs830383","A","G",0.369,{"v":0.01952,"d":"0.020"},{"v":0.00295,"d":"0.003"},{"v":3.73e-11,"d":"3.730E-11"},1131881,0.0001774374746112,{"v":200.873393793162,"d":"200.873"}]
["Educaition","rs112780312","G","A",{"v":0.7466,"d":"0.747"},{"v":0.02121,"d":"0.021"},{"v":0.00321,"d":"0.003"},{"v":3.73e-11,"d":"3.730E-11"},1131881,0.000170218174582008,{"v":192.699178130053,"d":"192.699"}]
["Educaition","rs11079849","C","T",{"v":0.6922,"d":"0.692"},{"v":-0.01996,"d":"-0.020"},{"v":0.00305,"d":"0.003"},{"v":5.96e-11,"d":"5.960E-11"},1131881,0.000169766220477312,{"v":192.187446804107,"d":"192.187"}]
["Educaition","rs6952104","T","C",{"v":0.5221,"d":"0.522"},{"v":0.01864,"d":"0.019"},{"v":0.00285,"d":"0.003"},{"v":6.32e-11,"d":"6.320E-11"},1131881,0.000173385404281728,{"v":196.285331024472,"d":"196.285"}]
["Educaition","rs6819372","G","A",{"v":0.5357,"d":"0.536"},{"v":0.01865,"d":"0.019"},{"v":0.00286,"d":"0.003"},{"v":6.57e-11,"d":"6.570E-11"},1131881,0.00017302465740395,{"v":195.876867725657,"d":"195.877"}]
["Educaition","rs5757670","A","G",{"v":0.6582,"d":"0.658"},{"v":0.02009,"d":"0.020"},{"v":0.00308,"d":"0.003"},{"v":7.15e-11,"d":"7.150E-11"},1131881,0.000181601656430712,{"v":205.588436479746,"d":"205.588"}]
["Educaition","rs12439619","G","T",{"v":0.3129,"d":"0.313"},{"v":0.01994,"d":"0.020"},{"v":0.00307,"d":"0.003"},{"v":7.94e-11,"d":"7.940E-11"},1131881,0.000170964450721848,{"v":193.544160689717,"d":"193.544"}]
["Educaition","rs80170948","T","G",{"v":0.94728,"d":"0.947"},{"v":0.04589,"d":"0.046"},{"v":0.00706,"d":"0.007"},{"v":7.99e-11,"d":"7.990E-11"},1131881,0.000210339036757375,{"v":238.128426289711,"d":"238.128"}]
["Educaition","rs1009950","T","G",{"v":0.4184,"d":"0.418"},{"v":-0.01903,"d":"-0.019"},{"v":0.00293,"d":"0.003"},{"v":8.15e-11,"d":"8.150E-11"},1131881,1.76247776177792E-4,{"v":199.526322723012,"d":"199.526"}]
["Educaition","rs10990610","T","C",0.835,{"v":-0.02498,"d":"-0.025"},{"v":0.00385,"d":"0.004"},{"v":8.69e-11,"d":"8.690E-11"},1131881,1.7194331022E-4,{"v":194.652491222187,"d":"194.652"}]
["Educaition","rs62047970","T","G",{"v":0.5782,"d":"0.578"},{"v":-0.01879,"d":"-0.019"},{"v":0.00291,"d":"0.003"},{"v":9.9e-11,"d":"9.900E-11"},1131881,1.72213906586232E-4,{"v":194.958879003094,"d":"194.959"}]
["Educaition","rs2852931","A","G",{"v":0.8486,"d":"0.849"},{"v":0.02842,"d":"0.028"},{"v":0.0044,"d":"0.004"},{"v":1.08E-10,"d":"1.080E-10"},1131881,2.07542500774112E-4,{"v":234.961762785536,"d":"234.962"}]
["Educaition","rs2806048","A","G",{"v":0.6429,"d":"0.643"},{"v":-0.01897,"d":"-0.019"},{"v":0.00295,"d":"0.003"},{"v":1.25e-10,"d":"1.250E-10"},1131881,0.000165233435758062,{"v":187.05516379979,"d":"187.055"}]
["Educaition","rs13253386","T","G",{"v":0.4949,"d":"0.495"},{"v":-0.01836,"d":"-0.018"},{"v":0.00285,"d":"0.003"},{"v":1.26E-10,"d":"1.260E-10"},1131881,0.000168527264599008,{"v":190.784624137894,"d":"190.785"}]
["Educaition","rs2005078","G","A",{"v":0.3333,"d":"0.333"},{"v":0.01924,"d":"0.019"},{"v":0.00304,"d":"0.003"},{"v":2.35e-10,"d":"2.350E-10"},1131881,0.000164515150786272,{"v":186.241883968439,"d":"186.242"}]
["Educaition","rs1064608","G","C",{"v":0.6361,"d":"0.636"},{"v":0.01884,"d":"0.019"},{"v":2.99E-3,"d":"0.003"},{"v":2.86e-10,"d":"2.860E-10"},1131881,0.000164323336225248,{"v":186.024701682898,"d":"186.025"}]
["Educaition","rs620729","A","C",{"v":0.6854,"d":"0.685"},{"v":-0.01912,"d":"-0.019"},{"v":0.00304,"d":"0.003"},{"v":3.05e-10,"d":"3.050E-10"},1131881,1.57655305313792E-4,{"v":178.474866832891,"d":"178.475"}]
["Educaition","rs4470366","T","A",{"v":0.4388,"d":"0.439"},{"v":-0.01815,"d":"-0.018"},{"v":0.0029,"d":"0.003"},{"v":3.61e-10,"d":"3.610E-10"},1131881,1.622435855832E-4,{"v":183.669906670549,"d":"183.670"}]
["Educaition","rs11117646","A","T",{"v":0.1905,"d":"0.191"},{"v":-0.02248,"d":"-0.022"},{"v":0.00359,"d":"0.004"},{"v":3.66e-10,"d":"3.660E-10"},1131881,0.0001558599176928,{"v":176.442068024409,"d":"176.442"}]
["Educaition","rs2737339","G","A",{"v":0.4099,"d":"0.410"},{"v":0.01827,"d":"0.018"},{"v":0.00292,"d":"0.003"},{"v":4.14e-10,"d":"4.140E-10"},1131881,0.000161476981799742,{"v":182.801922985301,"d":"182.802"}]
["Educaition","rs6587843","T","C",{"v":0.4711,"d":"0.471"},{"v":0.01774,"d":"0.018"},{"v":0.00285,"d":"0.003"},{"v":4.82e-10,"d":"4.820E-10"},1131881,1.56828106130808E-4,{"v":177.538282931911,"d":"177.538"}]
["Educaition","rs72821233","T","G",{"v":0.2721,"d":"0.272"},{"v":-0.0201,"d":"-0.020"},{"v":0.00323,"d":"0.003"},{"v":4.88e-10,"d":"4.880E-10"},1131881,1.600377259518E-4,{"v":181.172335621196,"d":"181.172"}]
["Educaition","rs13120565","T","A",{"v":0.6429,"d":"0.643"},{"v":0.01825,"d":"0.018"},{"v":0.00294,"d":"0.003"},{"v":5.66e-10,"d":"5.660E-10"},1131881,1.5292870438875E-4,{"v":173.123264511375,"d":"173.123"}]
["Educaition","rs78358737","T","G",{"v":0.96599,"d":"0.966"},{"v":-0.04248,"d":"-0.042"},{"v":0.00687,"d":"0.007"},{"v":6.18e-10,"d":"6.180E-10"},1131881,1.18570943133746E-4,{"v":134.223875594801,"d":"134.224"}]
["Educaition","rs3843954","G","C",{"v":0.75,"d":"0.750"},{"v":0.02084,"d":"0.021"},{"v":0.00337,"d":"0.003"},{"v":6.33e-10,"d":"6.330E-10"},1131881,0.0001628646,{"v":184.373048426183,"d":"184.373"}]
["Educaition","rs12773747","A","T",{"v":0.2262,"d":"0.226"},{"v":0.0205,"d":"0.021"},{"v":3.32E-3,"d":"0.003"},{"v":6.73e-10,"d":"6.730E-10"},1131881,0.00014711570718,{"v":166.541680424282,"d":"166.542"}]
["Educaition","rs7626560","C","T",{"v":0.8639,"d":"0.864"},{"v":-0.02393,"d":"-0.024"},{"v":0.00389,"d":"0.004"},{"v":7.34e-10,"d":"7.340E-10"},1131881,0.000134659498303742,{"v":152.438785610934,"d":"152.439"}]
["Educaition","rs11210871","C","G",{"v":0.3299,"d":"0.330"},{"v":-0.01917,"d":"-0.019"},{"v":0.00312,"d":"0.003"},{"v":7.67e-10,"d":"7.670E-10"},1131881,1.62478594985022E-4,{"v":183.935995275131,"d":"183.936"}]
["Educaition","rs7256776","G","A",{"v":0.7092,"d":"0.709"},{"v":0.01864,"d":"0.019"},{"v":0.00304,"d":"0.003"},{"v":9.28E-10,"d":"9.280E-10"},1131881,1.43312786675712E-4,{"v":162.235984160707,"d":"162.236"}]
["Educaition","rs4744250","A","G",0.352,{"v":0.01834,"d":"0.018"},0.003,{"v":9.34e-10,"d":"9.340E-10"},1131881,1.534427338752E-4,{"v":173.705261986215,"d":"173.705"}]
["Educaition","rs74370218","T","C",{"v":0.3827,"d":"0.383"},-0.018,{"v":0.00295,"d":"0.003"},{"v":9.81e-10,"d":"9.810E-10"},1131881,1.5308398008E-4,{"v":173.299071600595,"d":"173.299"}]
["Educaition","rs4342312","C","A",{"v":0.6259,"d":"0.626"},{"v":0.01793,"d":"0.018"},{"v":0.00294,"d":"0.003"},{"v":1.05e-09,"d":"1.050E-09"},1131881,1.50550857864462E-4,{"v":170.431012983981,"d":"170.431"}]
["Educaition","rs12441495","G","C",{"v":0.8639,"d":"0.864"},{"v":0.02575,"d":"0.026"},{"v":0.00424,"d":"0.004"},{"v":1.24e-09,"d":"1.240E-09"},1131881,0.00015592152063875,{"v":176.511816849962,"d":"176.512"}]
["Educaition","rs1507010","G","A",{"v":0.4949,"d":"0.495"},{"v":0.01728,"d":"0.017"},{"v":0.00286,"d":"0.003"},{"v":1.52e-09,"d":"1.520E-09"},1131881,{"$f":"2*E964*(1-E964)*F964*F964","v":1.49283666911232E-4},{"$f":"J964/(1-J964)*(I964-2)","v":{"v":168.996276003595,"d":"168.996"}}]
["Educaition","rs12536800","G","C",{"v":0.7194,"d":"0.719"},{"v":-0.01939,"d":"-0.019"},{"v":0.00321,"d":"0.003"},{"v":1.53e-09,"d":"1.530E-09"},1131881,1.51790193288888E-4,{"v":171.834214938332,"d":"171.834"}]
["Educaition","rs77128898","T","C",{"v":0.02211,"d":"0.022"},{"v":-0.04626,"d":"-0.046"},{"v":0.00768,"d":"0.008"},{"v":1.72e-09,"d":"1.720E-09"},1131881,9.25379768075321e-05,{"v":104.751486141528,"d":"104.751"}]
["Educaition","rs1523048","T","C",{"v":0.3997,"d":"0.400"},{"v":0.01776,"d":"0.018"},{"v":2.96E-3,"d":"0.003"},{"v":2.06e-09,"d":"2.060E-09"},1131881,1.51362541112832E-4,{"v":171.350017646342,"d":"171.350"}]
["Educaition","rs12635303","C","T",{"v":0.7075,"d":"0.708"},{"v":-0.01849,"d":"-0.018"},{"v":0.00309,"d":"0.003"},{"v":2.21E-9,"d":"2.210E-09"},1131881,0.00014149989988875,{"v":160.183431125647,"d":"160.183"}]
["Educaition","rs10497818","A","T",{"v":0.5697,"d":"0.570"},{"v":0.01715,"d":"0.017"},{"v":0.00288,"d":"0.003"},{"v":2.65e-09,"d":"2.650E-09"},1131881,0.00014420350284795,{"v":163.244457022558,"d":"163.244"}]
["Educaition","rs287883","T","A",{"v":0.3112,"d":"0.311"},{"v":0.01858,"d":"0.019"},{"v":3.14E-3,"d":"0.003"},{"v":3.28e-09,"d":"3.280E-09"},1131881,1.47997419053568E-4,{"v":167.539966163514,"d":"167.540"}]
["Educaition","rs17049085","T","C",{"v":0.8895,"d":"0.890"},{"v":0.02602,"d":"0.026"},{"v":0.0044,"d":"0.004"},{"v":3.44e-09,"d":"3.440E-09"},1131881,0.0001330922633118,{"v":150.664390169785,"d":"150.664"}]
["Educaition","rs3943667","T","C",{"v":0.7228,"d":"0.723"},{"v":-0.0185,"d":"-0.019"},{"v":3.13E-3,"d":"0.003"},{"v":3.56e-09,"d":"3.560E-09"},1131881,1.3714652952E-4,{"v":155.254569311941,"d":"155.255"}]
["Educaition","rs73189617","G","C",{"v":0.3299,"d":"0.330"},{"v":0.01854,"d":"0.019"},{"v":3.15E-3,"d":"0.003"},{"v":3.87e-09,"d":"3.870E-09"},1131881,0.000151974732896568,{"v":172.043154908748,"d":"172.043"}]
["Educaition","rs7599860","A","C",{"v":0.2279,"d":"0.228"},{"v":0.01967,"d":"0.020"},{"v":0.00334,"d":"0.003"},{"v":3.92e-09,"d":"3.920E-09"},1131881,0.000136162210458302,{"v":154.14013467279,"d":"154.140"}]
["Educaition","rs1408579","C","T",{"v":0.5,"d":"0.500"},{"v":-0.0168,"d":"-0.017"},{"v":0.00286,"d":"0.003"},{"v":4.11e-09,"d":"4.110E-09"},1131881,1.4112E-4,{"v":159.753308866947,"d":"159.753"}]
["Educaition","rs7588384","C","G",{"v":0.3129,"d":"0.313"},{"v":-0.01891,"d":"-0.019"},{"v":0.00322,"d":"0.003"},{"v":4.26e-09,"d":"4.260E-09"},1131881,0.000153758298720558,{"v":174.06255295954,"d":"174.063"}]
["Educaition","rs12535854","G","C",{"v":0.6667,"d":"0.667"},{"v":0.01783,"d":"0.018"},{"v":0.00304,"d":"0.003"},{"v":4.46e-09,"d":"4.460E-09"},1131881,0.000141285779095758,{"v":159.941003746451,"d":"159.941"}]
["Educaition","rs39302","C","T",{"v":0.8078,"d":"0.808"},{"v":0.02088,"d":"0.021"},{"v":0.00356,"d":"0.004"},{"v":4.49E-9,"d":"4.490E-09"},1131881,0.000135378038251008,{"v":153.252305553996,"d":"153.252"}]
["Educaition","rs1567154","C","T",{"v":0.7347,"d":"0.735"},{"v":0.02045,"d":"0.020"},{"v":3.49E-3,"d":"0.003"},{"v":4.51e-09,"d":"4.510E-09"},1131881,0.00016302864170355,{"v":184.558784310693,"d":"184.559"}]
["Educaition","rs6903716","G","A",{"v":0.2738,"d":"0.274"},{"v":-0.01842,"d":"-0.018"},{"v":3.14E-3,"d":"0.003"},{"v":4.62e-09,"d":"4.620E-09"},1131881,1.34927022214368E-4,{"v":152.741671955942,"d":"152.742"}]
["Educaition","rs1415802","T","G",{"v":0.5969,"d":"0.597"},{"v":-0.01718,"d":"-0.017"},{"v":0.00293,"d":"0.003"},{"v":4.76e-09,"d":"4.760E-09"},1131881,1.42033468146872E-4,{"v":160.787537104143,"d":"160.788"}]
["Educaition","rs2647995","C","T",{"v":0.2925,"d":"0.293"},{"v":0.01861,"d":"0.019"},{"v":0.00318,"d":"0.003"},{"v":4.99e-09,"d":"4.990E-09"},1131881,0.00014334252703875,{"v":162.26965630469,"d":"162.270"}]
["Educaition","rs889169","A","G",{"v":0.5867,"d":"0.587"},{"v":0.01743,"d":"0.017"},0.003,{"v":6.13e-09,"d":"6.130E-09"},1131881,1.47335113970478E-4,{"v":166.790095503521,"d":"166.790"}]
["Educaition","rs2721173","C","T",0.551,{"v":0.01661,"d":"0.017"},{"v":0.00286,"d":"0.003"},{"v":6.13e-09,"d":"6.130E-09"},1131881,0.0001365108592958,{"v":154.534870596847,"d":"154.535"}]
["Educaition","rs73989053","A","G",{"v":0.1616,"d":"0.162"},{"v":-0.02211,"d":"-0.022"},{"v":3.81E-3,"d":"0.004"},{"v":6.31e-09,"d":"6.310E-09"},1131881,1.32464683726848E-4,{"v":149.953857342348,"d":"149.954"}]
["Educaition","rs10865397","G","A",{"v":0.5221,"d":"0.522"},{"v":0.01675,"d":"0.017"},{"v":0.00289,"d":"0.003"},{"v":6.84e-09,"d":"6.840E-09"},1131881,0.00014000719093875,{"v":158.493389486806,"d":"158.493"}]
["Educaition","rs17106817","T","C",0.716,{"v":0.01854,"d":"0.019"},{"v":0.0032,"d":"0.003"},{"v":6.88e-09,"d":"6.880E-09"},1131881,0.0001397915169408,{"v":158.24920429976,"d":"158.249"}]
["Educaition","rs159428","T","C",{"v":0.4932,"d":"0.493"},{"v":0.01676,"d":"0.017"},{"v":0.00289,"d":"0.003"},{"v":6.97e-09,"d":"6.970E-09"},1131881,0.000140422822589952,{"v":158.963966179113,"d":"158.964"}]
["Educaition","rs75973558","G","A",0.119,{"v":-0.02463,"d":"-0.025"},{"v":0.00426,"d":"0.004"},{"v":7.38e-09,"d":"7.380E-09"},1131881,0.0001271984119182,{"v":143.991526777096,"d":"143.992"}]
["Educaition","rs72739469","T","C",{"v":0.94558,"d":"0.946"},{"v":-0.03577,"d":"-0.036"},{"v":0.00619,"d":"0.006"},{"v":7.51e-09,"d":"7.510E-09"},1131881,0.000131681477642217,{"v":149.067128611958,"d":"149.067"}]
["Educaition","rs73845427","A","G",{"v":0.02891,"d":"0.029"},{"v":-0.0466,"d":"-0.047"},{"v":0.00807,"d":"0.008"},{"v":7.69e-09,"d":"7.690E-09"},1131881,1.21929671187128E-4,{"v":138.026463814963,"d":"138.026"}]
["Educaition","rs66752974","C","A",{"v":0.8418,"d":"0.842"},{"v":0.02214,"d":"0.022"},{"v":0.00384,"d":"0.004"},{"v":7.92e-09,"d":"7.920E-09"},1131881,1.30557140455392E-4,{"v":147.794181167178,"d":"147.794"}]
["Educaition","rs61815057","A","G",{"v":0.3963,"d":"0.396"},{"v":0.01681,"d":"0.017"},{"v":0.00292,"d":"0.003"},{"v":8.06e-09,"d":"8.060E-09"},1131881,0.000135210578438382,{"v":153.062710009815,"d":"153.063"}]
["Educaition","rs17428810","T","C",{"v":0.7313,"d":"0.731"},{"v":0.01788,"d":"0.018"},{"v":0.0031,"d":"0.003"},{"v":8.1e-09,"d":"8.100E-09"},1131881,0.000125640097410528,{"v":142.227257263388,"d":"142.227"}]
["Educaition","rs78382112","A","G",{"v":0.05782,"d":"0.058"},{"v":0.03682,"d":"0.037"},{"v":0.00639,"d":"0.006"},{"v":8.54e-09,"d":"8.540E-09"},1131881,1.4770987560846E-4,{"v":167.214405512867,"d":"167.214"}]
["Educaition","rs6718450","C","G",{"v":0.4252,"d":"0.425"},{"v":0.01698,"d":"0.017"},{"v":2.96E-3,"d":"0.003"},{"v":9.53E-9,"d":"9.530E-09"},1131881,1.40933871658368E-4,{"v":159.542574671545,"d":"159.543"}]
["Educaition","rs6798941","C","T",{"v":0.7143,"d":"0.714"},{"v":-0.01794,"d":"-0.018"},{"v":3.13E-3,"d":"0.003"},{"v":9.53E-9,"d":"9.530E-09"},1131881,0.000131360793620472,{"v":148.704057605368,"d":"148.704"}]
["Educaition","rs2143103","A","G",{"v":0.1446,"d":"0.145"},{"v":0.02382,"d":"0.024"},{"v":4.15E-3,"d":"0.004"},{"v":9.64e-09,"d":"9.640E-09"},1131881,1.40362485131232E-4,{"v":158.895652296487,"d":"158.896"}]
["Educaition","rs2977464","T","C",{"v":0.1684,"d":"0.168"},{"v":0.02091,"d":"0.021"},{"v":3.65E-3,"d":"0.004"},{"v":9.86e-09,"d":"9.860E-09"},1131881,0.000122460105464928,{"v":138.626997990331,"d":"138.627"}]
["Educaition","rs6860626","T","C",{"v":0.1412,"d":"0.141"},{"v":-0.02149,"d":"-0.021"},{"v":0.00376,"d":"0.004"},{"v":1.11E-8,"d":"1.110E-08"},1131881,1.12002975170912E-4,{"v":126.788016168504,"d":"126.788"}]
["Educaition","rs9930063","C","T",{"v":0.4592,"d":"0.459"},{"v":0.01633,"d":"0.016"},{"v":0.00288,"d":"0.003"},{"v":1.43e-08,"d":"1.430E-08"},1131881,0.000132446634564608,{"v":149.933422461568,"d":"149.933"}]
["Educaition","rs35853157","A","T",{"v":0.6837,"d":"0.684"},{"v":-0.0172,"d":"-0.017"},{"v":0.00304,"d":"0.003"},{"v":1.48E-8,"d":"1.480E-08"},1131881,0.0001279533501408,{"v":144.846243566138,"d":"144.846"}]
["Educaition","rs875361","A","G",0.449,{"v":-0.01623,"d":"-0.016"},{"v":0.00287,"d":"0.003"},{"v":1.5e-08,"d":"1.500E-08"},1131881,0.0001303361760942,{"v":147.544010983524,"d":"147.544"}]
["Educaition","rs2180111","A","G",{"v":0.2942,"d":"0.294"},{"v":0.01812,"d":"0.018"},{"v":0.0032,"d":"0.003"},{"v":1.55E-8,"d":"1.550E-08"},1131881,0.000136354886045568,{"v":154.358279567992,"d":"154.358"}]
["Educaition","rs11720523","C","A",{"v":0.5544,"d":"0.554"},{"v":-0.01622,"d":"-0.016"},{"v":0.00288,"d":"0.003"},{"v":1.73e-08,"d":"1.730E-08"},1131881,1.29987053425152E-4,{"v":147.148743475387,"d":"147.149"}]
["Educaition","rs1479073","C","T",{"v":0.3112,"d":"0.311"},{"v":0.01731,"d":"0.017"},{"v":0.00308,"d":"0.003"},{"v":1.92E-8,"d":"1.920E-08"},1131881,0.000128456728751232,{"v":145.416153365585,"d":"145.416"}]
["Educaition","rs7044246","T","C",{"v":0.6956,"d":"0.696"},{"v":0.01748,"d":"0.017"},{"v":0.00311,"d":"0.003"},{"v":1.96E-8,"d":"1.960E-08"},1131881,1.29394874496512E-4,{"v":146.478294690795,"d":"146.478"}]
["Educaition","rs2439649","G","A",{"v":0.4609,"d":"0.461"},{"v":-0.01605,"d":"-0.016"},{"v":0.00286,"d":"0.003"},{"v":1.98e-08,"d":"1.980E-08"},1131881,1.2801359944395E-4,{"v":144.914455946136,"d":"144.914"}]
["Educaition","rs6708515","G","A",{"v":0.6207,"d":"0.621"},{"v":-0.01671,"d":"-0.017"},{"v":2.98E-3,"d":"0.003"},{"v":2.11E-8,"d":"2.110E-08"},1131881,0.000131476302982782,{"v":148.834834597656,"d":"148.835"}]
["Educaition","rs7573001","C","G",0.415,{"v":-0.01647,"d":"-0.016"},{"v":0.00295,"d":"0.003"},{"v":2.35e-08,"d":"2.350E-08"},1131881,0.000131710729995,{"v":149.100247458446,"d":"149.100"}]
["Educaition","rs4937860","G","A",{"v":0.09354,"d":"0.094"},{"v":-0.02588,"d":"-0.026"},{"v":4.64E-3,"d":"0.005"},{"v":2.4E-8,"d":"2.400E-08"},1131881,0.000113580702286898,{"v":128.574215273459,"d":"128.574"}]
["Educaition","rs7312770","T","C",{"v":0.5136,"d":"0.514"},-0.016,{"v":0.00287,"d":"0.003"},{"v":2.52e-08,"d":"2.520E-08"},1131881,1.2790530048E-4,{"v":144.791843246219,"d":"144.792"}]
["Educaition","rs56290130","A","T",{"v":0.3231,"d":"0.323"},{"v":-0.01692,"d":"-0.017"},{"v":0.00304,"d":"0.003"},{"v":2.59E-8,"d":"2.590E-08"},1131881,0.000125225330100192,{"v":141.757673059878,"d":"141.758"}]
["Educaition","rs62169190","T","C",{"v":0.1769,"d":"0.177"},{"v":-0.02043,"d":"-0.020"},{"v":0.00368,"d":"0.004"},{"v":2.74e-08,"d":"2.740E-08"},1131881,1.21547817059022E-4,{"v":137.594145893022,"d":"137.594"}]
["Educaition","rs4347883","T","C",{"v":0.5612,"d":"0.561"},{"v":-0.01595,"d":"-0.016"},{"v":0.00287,"d":"0.003"},{"v":2.79e-08,"d":"2.790E-08"},1131881,1.252955514008E-4,{"v":141.837174991036,"d":"141.837"}]
["Educaition","rs1812587","G","T",{"v":0.5544,"d":"0.554"},{"v":0.01594,"d":"0.016"},{"v":0.00287,"d":"0.003"},{"v":2.84E-8,"d":"2.840E-08"},1131881,1.25537950315008E-4,{"v":142.111610064844,"d":"142.112"}]
["Educaition","rs56135595","T","G",{"v":0.1412,"d":"0.141"},{"v":-0.02216,"d":"-0.022"},0.004,{"v":2.97e-08,"d":"2.970E-08"},1131881,1.19095743567872E-4,{"v":134.818027387077,"d":"134.818"}]
["Educaition","rs3860537","T","C",{"v":0.2415,"d":"0.242"},{"v":0.01861,"d":"0.019"},{"v":0.00336,"d":"0.003"},{"v":3.14e-08,"d":"3.140E-08"},1131881,0.00012688066966155,{"v":143.631789593494,"d":"143.632"}]
["Educaition","rs2652454","T","C",{"v":0.4779,"d":"0.478"},{"v":-0.01587,"d":"-0.016"},{"v":0.00287,"d":"0.003"},{"v":3.23e-08,"d":"3.230E-08"},1131881,0.000125682431142942,{"v":142.275185970906,"d":"142.275"}]
["Educaition","rs1391438","T","C",{"v":0.3146,"d":"0.315"},{"v":0.01691,"d":"0.017"},{"v":0.00306,"d":"0.003"},{"v":3.26e-08,"d":"3.260E-08"},1131881,0.000123316170414008,{"v":139.596198120594,"d":"139.596"}]
["Educaition","rs6509441","T","A",{"v":0.7687,"d":"0.769"},{"v":-0.01876,"d":"-0.019"},{"v":0.0034,"d":"0.003"},{"v":3.3e-08,"d":"3.300E-08"},1131881,0.000125149228761312,{"v":141.671513981837,"d":"141.672"}]
["Educaition","rs136554","A","G",{"v":0.4592,"d":"0.459"},{"v":0.01586,"d":"0.016"},{"v":0.00288,"d":"0.003"},{"v":3.53e-08,"d":"3.530E-08"},1131881,0.000124932354240512,{"v":141.425976865637,"d":"141.426"}]
["Educaition","rs11259916","G","A",0.733,{"v":0.01744,"d":"0.017"},{"v":3.16E-3,"d":"0.003"},{"v":3.53e-08,"d":"3.530E-08"},1131881,0.0001190524104192,{"v":134.768967823343,"d":"134.769"}]
["Educaition","rs297589","A","T",{"v":0.6684,"d":"0.668"},{"v":0.01715,"d":"0.017"},{"v":0.00312,"d":"0.003"},{"v":3.73e-08,"d":"3.730E-08"},1131881,0.0001303794688728,{"v":147.593025948608,"d":"147.593"}]
["Educaition","rs12435486","A","G",{"v":0.2483,"d":"0.248"},{"v":-0.01823,"d":"-0.018"},{"v":3.31E-3,"d":"0.003"},{"v":3.75e-08,"d":"3.750E-08"},1131881,1.24057950685838E-4,{"v":140.436011368108,"d":"140.436"}]
["Educaition","rs8058881","G","C",{"v":0.25,"d":"0.250"},{"v":0.01831,"d":"0.018"},{"v":0.00334,"d":"0.003"},{"v":4.14E-8,"d":"4.140E-08"},1131881,0.0001257210375,{"v":142.318894683558,"d":"142.319"}]
["Educaition","rs2836921","A","G",{"v":0.3248,"d":"0.325"},{"v":0.01632,"d":"0.016"},{"v":2.98E-3,"d":"0.003"},{"v":4.21E-8,"d":"4.210E-08"},1131881,1.16820418756608E-4,{"v":132.242027330821,"d":"132.242"}]
["Educaition","rs2799399","G","T",{"v":0.5833,"d":"0.583"},{"v":0.01572,"d":"0.016"},{"v":0.00288,"d":"0.003"},{"v":4.55e-08,"d":"4.550E-08"},1131881,{"$f":"2*E1028*(1-E1028)*F1028*F1028","v":1.20129745210848E-4},{"$f":"J1028/(1-J1028)*(I1028-2)","v":{"v":135.988672164048,"d":"135.989"}}]
["Educaition","rs276626","G","A",{"v":0.1616,"d":"0.162"},{"v":-0.02075,"d":"-0.021"},{"v":3.8E-3,"d":"0.004"},{"v":4.81e-08,"d":"4.810E-08"},1131881,{"$f":"2*E1029*(1-E1029)*F1029*F1029","v":0.00011666989952},{"$f":"J1029/(1-J1029)*(I1029-2)","v":{"v":132.071617981197,"d":"132.072"}}]
["Educaition","rs11138947","C","T",0.267,{"v":-0.01737,"d":"-0.017"},{"v":0.00318,"d":"0.003"},{"v":4.83e-08,"d":"4.830E-08"},1131881,{"$f":"2*E1030*(1-E1030)*F1030*F1030","v":1.180986324318E-4},{"$f":"J1030/(1-J1030)*(I1030-2)","v":{"v":133.689150484116,"d":"133.689"}}]
["Educaition","rs34802460","C","T",{"v":0.7432,"d":"0.743"},{"v":-0.01917,"d":"-0.019"},{"v":0.00351,"d":"0.004"},{"v":4.94e-08,"d":"4.940E-08"},1131881,{"$f":"2*E1031*(1-E1031)*F1031*F1031","v":0.000140273276646528},{"$f":"J1031/(1-J1031)*(I1031-2)","v":{"v":158.794650743369,"d":"158.795"}}]
[]
["Notes: GWAS, Genome wide association study; SNP, single nucleotide polymorphisms; MAF, minor allele frequency; Beta, estimate coefficient; SE, standard error of coefficient estimate; FEV1, forced expiratory volume in one second; FVC, forced vital capacity."]

{"sheet":"Table S3","index":2,"n_rows":4898,"n_cols":15,"rows_kept":4898,"merged":[[0,0,0,14],[1,0,2,0],[1,1,2,1],[1,2,2,2],[1,3,2,3],[1,4,2,4],[1,5,2,5],[1,6,2,6],[1,7,2,7],[1,8,2,8],[1,9,1,11],[1,12,1,14],[4897,0,4897,14]]}
["Supplementary Table S3. Detailed information of instrumental variables used in identified univariable MR analysis results (P < 5 × 10-8)."]
["Exposure","Outcome","SNP","Effect allele","Other allele","MAF","R2","Samplesize","F","Exposure (lung function)",null,null,"Outcome (brain cortical structure)"]
[{"$nulls":9},"Beta","SE","P-value","Beta","SE","P-value"]
["FEV1","SA_global cortex","rs10107584","T","C",0.611245,{"$f":"2*F4*(1-F4)*J4*J4","v":4.58465872768961e-05},421986,{"$f":"G4/(1-G4)*(H4-2)","v":{"v":19.3474132983261,"d":"19.347"}},{"v":0.00982184,"d":"0.010"},{"v":1.79714E-3,"d":"0.002"},{"v":4.60002296665068e-08,"d":"4.600E-08"},{"v":82.0886,"d":"82.089"},{"v":112.4862,"d":"112.486"},{"v":0.4655,"d":"0.466"}]
["FEV1","SA_global cortex","rs10141786","G","A",0.596493,{"$f":"2*F5*(1-F5)*J5*J5","v":7.05065437591767e-05},421986,{"$f":"G5/(1-G5)*(H5-2)","v":{"v":29.7547312649344,"d":"29.755"}},{"v":-0.0121024,"d":"-0.012"},{"v":1.77709E-3,"d":"0.002"},{"v":9.70063133783958e-12,"d":"9.701E-12"},{"v":-178.0491,"d":"-178.049"},123.349,{"v":0.1489,"d":"0.149"}]
["FEV1","SA_global cortex","rs10167980","G","A",0.734288,4.8279112523256e-05,421986,{"v":20.3739966574909,"d":"20.374"},{"v":-0.0111231,"d":"-0.011"},{"v":1.96218E-3,"d":"0.002"},{"v":1.40000633223953E-8,"d":"1.400E-08"},{"v":-181.0433,"d":"-181.043"},{"v":126.2991,"d":"126.299"},{"v":0.1517,"d":"0.152"}]
["FEV1","SA_global cortex","rs10283100","G","A",0.944478,6.6090898474265e-05,421986,{"v":27.8911450526003,"d":"27.891"},{"v":0.0251031,"d":"0.025"},{"v":0.00379228,"d":"0.004"},{"v":3.59997927043357e-11,"d":"3.600E-11"},449.727,{"v":284.7951,"d":"284.795"},{"v":0.1143,"d":"0.114"}]
["FEV1","SA_global cortex","rs10490551","A","T",0.276305,7.51379145854287e-05,421986,{"v":31.709380325128,"d":"31.709"},{"v":0.013707,"d":"0.014"},{"v":0.00193897,"d":"0.002"},{"v":1.5999263828686E-12,"d":"1.600E-12"},{"v":-74.0277,"d":"-74.028"},{"v":121.69,"d":"121.690"},0.543]
["FEV1","SA_global cortex","rs10789246","C","T",0.301089,5.20235638625794e-05,421986,{"v":21.9542537115067,"d":"21.954"},{"v":-0.011118,"d":"-0.011"},{"v":0.00188847,"d":"0.002"},{"v":3.89995862874433e-09,"d":"3.900E-09"},{"v":40.3231,"d":"40.323"},{"v":119.2255,"d":"119.226"},{"v":0.7352,"d":"0.735"}]
["FEV1","SA_global cortex","rs10851839","A","T",0.668554,4.72929853022601e-05,421986,{"v":19.9578269750067,"d":"19.958"},{"v":0.0103302,"d":"0.010"},{"v":0.00184696,"d":"0.002"},{"v":2.19998641983516e-08,"d":"2.200E-08"},{"v":86.0923,"d":"86.092"},{"v":116.2332,"d":"116.233"},{"v":0.4589,"d":"0.459"}]
["FEV1","SA_global cortex","rs10911335","C","T",0.21106,8.54138636940176e-05,421986,{"v":36.046362716168,"d":"36.046"},{"v":0.0160149,"d":"0.016"},{"v":0.00212544,"d":"0.002"},{"v":4.90004422793237e-14,"d":"4.900E-14"},{"v":-178.4348,"d":"-178.435"},{"v":132.8191,"d":"132.819"},{"v":0.1791,"d":"0.179"}]
["FEV1","SA_global cortex","rs10965947","T","C",0.458692,8.33741345031673e-05,421986,{"v":35.1854843334879,"d":"35.185"},{"v":0.0129574,"d":"0.013"},{"v":0.00174086,"d":"0.002"},{"v":9.79941161095592e-14,"d":"9.799E-14"},{"v":184.5662,"d":"184.566"},{"v":117.7481,"d":"117.748"},0.117]
["FEV1","SA_global cortex","rs11049229","T","A",0.054116,4.66525515018772E-5,421986,{"v":19.687548767351,"d":"19.688"},{"v":0.0213472,"d":"0.021"},{"v":0.00387585,"d":"0.004"},{"v":3.59997927043357E-8,"d":"3.600E-08"},{"v":63.4307,"d":"63.431"},{"v":251.0055,"d":"251.006"},{"v":0.8005,"d":"0.801"}]
["FEV1","SA_global cortex","rs11049381","A","G",0.564116,8.9027429512621e-05,421986,{"v":37.5714957091398,"d":"37.571"},{"v":0.0134548,"d":"0.013"},{"v":1.75227E-3,"d":"0.002"},{"v":1.5999263828686E-14,"d":"1.600E-14"},{"v":104.4544,"d":"104.454"},110.469,{"v":0.3444,"d":"0.344"}]
["FEV1","SA_global cortex","rs11107119","A","T",0.219982,1.50950514403929E-4,421986,{"v":63.708318673703,"d":"63.708"},{"v":0.0209728,"d":"0.021"},{"v":2.09596E-3,"d":"0.002"},{"v":1.39990962656834E-23,"d":"1.400E-23"},{"v":220.2594,"d":"220.259"},{"v":130.8311,"d":"130.831"},{"v":0.09227,"d":"0.092"}]
["FEV1","SA_global cortex","rs11134789","A","C",0.341728,9.26445220486195e-05,421986,{"v":39.0981282195666,"d":"39.098"},{"v":-0.01435,"d":"-0.014"},{"v":1.82876E-3,"d":"0.002"},{"v":4.30031233630544e-15,"d":"4.300E-15"},{"v":-268.7476,"d":"-268.748"},{"v":115.5249,"d":"115.525"},{"v":0.02,"d":"0.020"}]
["FEV1","SA_global cortex","rs11166592","T","G",0.577472,7.71708226681496e-05,421986,{"v":32.5673656831983,"d":"32.567"},{"v":0.0125753,"d":"0.013"},{"v":0.00176215,"d":"0.002"},{"v":9.60063590945348e-13,"d":"9.601E-13"},{"v":-61.9251,"d":"-61.925"},{"v":110.6658,"d":"110.666"},{"v":0.5758,"d":"0.576"}]
["FEV1","SA_global cortex","rs11231173","A","T",0.397259,6.23401295407736e-05,421986,{"v":26.3081772793134,"d":"26.308"},{"v":0.0114095,"d":"0.011"},{"v":1.77764E-3,"d":"0.002"},{"v":1.40000633223953E-10,"d":"1.400E-10"},{"v":-138.0462,"d":"-138.046"},{"v":113.4396,"d":"113.440"},{"v":0.2236,"d":"0.224"}]
["FEV1","SA_global cortex","rs11259936","C","A",0.52286,0.000265694338869797,421986,{"v":112.148557130374,"d":"112.149"},{"v":0.023076,"d":"0.023"},{"v":0.00173772,"d":"0.002"},{"v":2.99985318119079e-40,"d":"3.000E-40"},{"v":196.7852,"d":"196.785"},{"v":109.7115,"d":"109.712"},{"v":0.07287,"d":"0.073"}]
["FEV1","SA_global cortex","rs112635299","T","G",0.02048,5.99406836577107e-05,421986,{"v":25.2955256837183,"d":"25.296"},{"v":0.0386522,"d":"0.039"},{"v":0.00614151,"d":"0.006"},{"v":3.09998790941119e-10,"d":"3.100E-10"},{"v":924.4393,"d":"924.439"},{"v":425.5309,"d":"425.531"},{"v":0.02982,"d":"0.030"}]
["FEV1","SA_global cortex","rs11559147","G","C",0.709183,6.19349085803197e-05,421986,{"v":26.1371592649273,"d":"26.137"},{"v":0.0122536,"d":"0.012"},{"v":0.00192261,"d":"0.002"},{"v":1.79998961724559E-10,"d":"1.800E-10"},{"v":260.2133,"d":"260.213"},{"v":126.3576,"d":"126.358"},{"v":0.03946,"d":"0.039"}]
["FEV1","SA_global cortex","rs11576892","C","T",0.083935,6.68380869993151E-5,421986,{"v":28.2064885720561,"d":"28.206"},{"v":-0.0208479,"d":"-0.021"},{"v":3.12824E-3,"d":"0.003"},{"v":2.70022528688824e-11,"d":"2.700E-11"},{"v":-278.6646,"d":"-278.665"},{"v":201.8929,"d":"201.893"},{"v":0.1675,"d":"0.168"}]
["FEV1","SA_global cortex","rs11588312","T","C",0.071357,9.07790999773809E-5,421986,{"v":38.3108055453019,"d":"38.311"},{"v":-0.0261719,"d":"-0.026"},{"v":3.37433E-3,"d":"0.003"},{"v":8.80035111687322e-15,"d":"8.800E-15"},{"v":-425.4241,"d":"-425.424"},{"v":227.5209,"d":"227.521"},{"v":0.06151,"d":"0.062"}]
["FEV1","SA_global cortex","rs11621587","C","G",0.183978,0.000128027780905798,421986,{"v":54.0325927707012,"d":"54.033"},{"v":0.0206492,"d":"0.021"},{"v":0.00223832,"d":"0.002"},{"v":2.80027059501063E-20,"d":"2.800E-20"},{"v":335.3863,"d":"335.386"},{"v":143.6572,"d":"143.657"},{"v":0.01956,"d":"0.020"}]
["FEV1","SA_global cortex","rs11641308","C","T",0.654691,5.22661440919687e-05,421986,{"v":22.0566293634738,"d":"22.057"},{"v":-0.0107516,"d":"-0.011"},{"v":0.00184605,"d":"0.002"},{"v":5.69993627094142e-09,"d":"5.700E-09"},{"v":44.7913,"d":"44.791"},124.553,{"v":0.7191,"d":"0.719"}]
["FEV1","SA_global cortex","rs11694842","G","A",0.336566,5.27032623531681E-5,421986,{"v":22.2411056396648,"d":"22.241"},{"v":-0.0108635,"d":"-0.011"},{"v":0.00183761,"d":"0.002"},{"v":3.4000084782586e-09,"d":"3.400E-09"},{"v":-77.2881,"d":"-77.288"},116.173,{"v":0.5059,"d":"0.506"}]
["FEV1","SA_global cortex","rs11699903","A","G",0.123342,5.5877288214736E-5,421986,{"v":23.5806392121807,"d":"23.581"},{"v":-0.0160743,"d":"-0.016"},{"v":0.00266362,"d":"0.003"},{"v":1.60000006389793e-09,"d":"1.600E-09"},{"v":117.2053,"d":"117.205"},{"v":163.8909,"d":"163.891"},{"v":0.4745,"d":"0.475"}]
["FEV1","SA_global cortex","rs11707746","C","T",0.286941,5.77976124903816e-05,421986,{"v":24.3910774551842,"d":"24.391"},{"v":-0.0118845,"d":"-0.012"},{"v":0.00192893,"d":"0.002"},{"v":7.19995861275188E-10,"d":"7.200E-10"},{"v":-4.8071,"d":"-4.807"},{"v":123.5334,"d":"123.533"},0.969]
["FEV1","SA_global cortex","rs1187115","A","C",0.830007,2.28574532522613E-4,421986,{"v":96.4768476823807,"d":"96.477"},{"v":-0.0284605,"d":"-0.028"},{"v":2.30876E-3,"d":"0.002"},{"v":6.49980009683024e-35,"d":"6.500E-35"},{"v":13.2853,"d":"13.285"},{"v":146.4609,"d":"146.461"},{"v":0.9277,"d":"0.928"}]
["FEV1","SA_global cortex","rs11877758","G","T",0.3121,5.8965846097212e-05,421986,{"v":24.8841109121402,"d":"24.884"},{"v":-0.0117186,"d":"-0.012"},{"v":1.88255E-3,"d":"0.002"},{"v":4.7999863240391E-10,"d":"4.800E-10"},{"v":-155.7202,"d":"-155.720"},{"v":119.7689,"d":"119.769"},{"v":0.1935,"d":"0.194"}]
["FEV1","SA_global cortex","rs11883412","T","G",0.100546,6.56337523565205e-05,421986,{"v":27.6982112919546,"d":"27.698"},{"v":-0.0190492,"d":"-0.019"},{"v":0.00289518,"d":"0.003"},{"v":4.70002318179801e-11,"d":"4.700E-11"},{"v":-245.3432,"d":"-245.343"},{"v":183.2548,"d":"183.255"},{"v":0.1806,"d":"0.181"}]
["FEV1","SA_global cortex","rs11909473","G","A",0.28953,5.04702207717938E-5,421986,{"v":21.2987005922857,"d":"21.299"},{"v":0.011076,"d":"0.011"},{"v":1.92519E-3,"d":"0.002"},{"v":8.79994585505891e-09,"d":"8.800E-09"},{"v":55.6036,"d":"55.604"},120.168,{"v":0.6436,"d":"0.644"}]
["FEV1","SA_global cortex","rs12152266","T","C",0.27447,7.95324727723686E-5,421986,{"v":33.5641004262785,"d":"33.564"},{"v":0.0141313,"d":"0.014"},{"v":0.00194446,"d":"0.002"},{"v":3.69998531172859e-13,"d":"3.700E-13"},{"v":259.5655,"d":"259.566"},{"v":125.6058,"d":"125.606"},{"v":0.03878,"d":"0.039"}]
["FEV1","SA_global cortex","rs12358810","A","G",0.392273,6.2173584888256e-05,421986,{"v":26.2378893491266,"d":"26.238"},{"v":-0.0114193,"d":"-0.011"},{"v":1.78594E-3,"d":"0.002"},{"v":1.60000006389793E-10,"d":"1.600E-10"},{"v":124.9593,"d":"124.959"},{"v":112.0881,"d":"112.088"},{"v":0.2649,"d":"0.265"}]
["FEV1","SA_global cortex","rs12413039","G","C",0.267488,7.90435445750635e-05,421986,{"v":33.357747828591,"d":"33.358"},{"v":0.0142023,"d":"0.014"},{"v":0.00195704,"d":"0.002"},{"v":4.00036851046125e-13,"d":"4.000E-13"},{"v":294.7226,"d":"294.723"},{"v":124.3347,"d":"124.335"},{"v":0.01777,"d":"0.018"}]
["FEV1","SA_global cortex","rs12571363","A","C",0.10664,9.91724246453693e-05,421986,{"v":41.8533271374832,"d":"41.853"},{"v":-0.0228143,"d":"-0.023"},{"v":0.00281378,"d":"0.003"},{"v":5.10035023959446e-16,"d":"5.100E-16"},{"v":90.4088,"d":"90.409"},{"v":181.9193,"d":"181.919"},{"v":0.6192,"d":"0.619"}]
["FEV1","SA_global cortex","rs12641030","G","A",0.467529,8.61398202509326e-05,421986,{"v":36.3527573287515,"d":"36.353"},{"v":-0.0131533,"d":"-0.013"},{"v":0.00173853,"d":"0.002"},{"v":3.90031784475066e-14,"d":"3.900E-14"},{"v":-172.9408,"d":"-172.941"},{"v":109.2174,"d":"109.217"},{"v":0.1133,"d":"0.113"}]
["FEV1","SA_global cortex","rs12645165","C","T",0.364275,8.47647145794465e-05,421986,{"v":35.7723855531444,"d":"35.772"},{"v":0.0135283,"d":"0.014"},{"v":0.00180117,"d":"0.002"},{"v":5.90065196995665e-14,"d":"5.901E-14"},{"v":-53.5432,"d":"-53.543"},{"v":112.2767,"d":"112.277"},{"v":0.6334,"d":"0.633"}]
["FEV1","SA_global cortex","rs12698403","A","G",0.439685,9.54761382352811e-05,421986,{"v":40.293249760961,"d":"40.293"},{"v":-0.0139202,"d":"-0.014"},{"v":0.00175386,"d":"0.002"},{"v":2.09990670376243e-15,"d":"2.100E-15"},{"v":94.1926,"d":"94.193"},{"v":111.1086,"d":"111.109"},{"v":0.3966,"d":"0.397"}]
["FEV1","SA_global cortex","rs12894780","C","T",0.126445,1.13215449487926E-4,421986,{"v":47.7805177295044,"d":"47.781"},{"v":-0.0226382,"d":"-0.023"},{"v":0.00262602,"d":"0.003"},{"v":6.70038873807757e-18,"d":"6.700E-18"},{"v":-122.2454,"d":"-122.245"},164.258,{"v":0.4567,"d":"0.457"}]
["FEV1","SA_global cortex","rs12917612","A","C",0.232311,5.15254458062511e-05,421986,{"v":21.7440340941554,"d":"21.744"},{"v":-0.012019,"d":"-0.012"},{"v":0.00205725,"d":"0.002"},{"v":5.09999793204996e-09,"d":"5.100E-09"},{"v":-56.8243,"d":"-56.824"},{"v":129.9356,"d":"129.936"},{"v":0.6619,"d":"0.662"}]
["FEV1","SA_global cortex","rs12985660","C","T",0.475562,4.79952736196658e-05,421986,{"v":20.2542096494551,"d":"20.254"},{"v":-0.0098092,"d":"-0.010"},{"v":0.00174527,"d":"0.002"},{"v":1.89998424621473e-08,"d":"1.900E-08"},{"v":157.6675,"d":"157.668"},{"v":118.0104,"d":"118.010"},{"v":0.1815,"d":"0.182"}]
["FEV1","SA_global cortex","rs13044144","C","G",0.262827,9.72020792895655e-05,421986,{"v":41.0217096223993,"d":"41.022"},{"v":0.0158381,"d":"0.016"},{"v":0.00197778,"d":"0.002"},{"v":1.20005182020427e-15,"d":"1.200E-15"},{"v":308.8706,"d":"308.871"},{"v":123.9857,"d":"123.986"},{"v":0.01273,"d":"0.013"}]
["FEV1","SA_global cortex","rs13101469","T","A",0.196758,7.39883393519119e-05,421986,{"v":31.2242056201986,"d":"31.224"},{"v":-0.0152995,"d":"-0.015"},{"v":0.00218825,"d":"0.002"},{"v":2.70022528688824E-12,"d":"2.700E-12"},{"v":-52.3931,"d":"-52.393"},{"v":139.0058,"d":"139.006"},{"v":0.7062,"d":"0.706"}]
["FEV1","SA_global cortex","rs13178887","C","T",0.386603,5.06944398527101e-05,421986,{"v":21.3933270295364,"d":"21.393"},{"v":-0.0103386,"d":"-0.010"},{"v":0.00177913,"d":"0.002"},{"v":6.19997588072324e-09,"d":"6.200E-09"},{"v":-184.1737,"d":"-184.174"},{"v":112.6412,"d":"112.641"},0.102]
["FEV1","SA_global cortex","rs13229167","A","G",0.271146,0.00013450091374651,421986,{"v":56.764868513091,"d":"56.765"},{"v":-0.018447,"d":"-0.018"},{"v":1.95743E-3,"d":"0.002"},{"v":4.30031233630546e-21,"d":"4.300E-21"},{"v":-283.2534,"d":"-283.253"},{"v":124.4012,"d":"124.401"},{"v":0.02279,"d":"0.023"}]
["FEV1","SA_global cortex","rs13429514","A","G",0.23795,6.74489306258274e-05,421986,{"v":28.464289427092,"d":"28.464"},{"v":0.0136376,"d":"0.014"},{"v":0.00203576,"d":"0.002"},{"v":2.09990670376243E-11,"d":"2.100E-11"},{"v":72.1997,"d":"72.200"},{"v":127.6924,"d":"127.692"},{"v":0.5718,"d":"0.572"}]
["FEV1","SA_global cortex","rs13433809","G","A",0.439229,8.10532215364504e-05,421986,{"v":34.2059351380761,"d":"34.206"},{"v":-0.0128272,"d":"-0.013"},{"v":0.00174729,"d":"0.002"},{"v":2.09990670376243E-13,"d":"2.100E-13"},{"v":-21.5772,"d":"-21.577"},{"v":111.1005,"d":"111.101"},0.846]
["FEV1","SA_global cortex","rs138198562","C","T",0.048489,4.8369136285793e-05,421986,{"v":20.4119889166979,"d":"20.412"},{"v":0.022895,"d":"0.023"},{"v":4.13817E-3,"d":"0.004"},{"v":3.20000015974484e-08,"d":"3.200E-08"},{"v":21.8677,"d":"21.868"},{"v":323.5545,"d":"323.555"},{"v":0.9461,"d":"0.946"}]
["FEV1","SA_global cortex","rs1390403","A","C",0.808334,6.94084306580781e-05,421986,{"v":29.2912802646136,"d":"29.291"},{"v":0.0149666,"d":"0.015"},{"v":0.00220795,"d":"0.002"},{"v":1.20005182020427e-11,"d":"1.200E-11"},-31.265,{"v":139.9101,"d":"139.910"},{"v":0.8232,"d":"0.823"}]
["FEV1","SA_global cortex","rs1415701","A","G",0.267657,0.000212854795530095,421986,{"v":89.840441005672,"d":"89.840"},{"v":-0.0233013,"d":"-0.023"},{"v":0.00198294,"d":"0.002"},{"v":7.00003159130895e-32,"d":"7.000E-32"},{"v":-172.6231,"d":"-172.623"},128.609,{"v":0.1795,"d":"0.180"}]
["FEV1","SA_global cortex","rs147110934","T","G",0.024261,9.08136576571728e-05,421986,{"v":38.3253909817406,"d":"38.325"},{"v":-0.0437965,"d":"-0.044"},{"v":5.6422E-3,"d":"0.006"},{"v":8.30041869715702e-15,"d":"8.300E-15"},{"v":-589.9063,"d":"-589.906"},{"v":381.2152,"d":"381.215"},{"v":0.1218,"d":"0.122"}]
["FEV1","SA_global cortex","rs1516890","A","G",0.469749,8.4807052067357e-05,421986,{"v":35.7902543255537,"d":"35.790"},{"v":-0.0130475,"d":"-0.013"},{"v":0.00174914,"d":"0.002"},{"v":8.69961433065269e-14,"d":"8.700E-14"},{"v":87.3578,"d":"87.358"},{"v":110.6582,"d":"110.658"},{"v":0.4299,"d":"0.430"}]
["FEV1","SA_global cortex","rs157580","A","G",0.605625,5.05971252713112e-05,421986,{"v":21.3522576733453,"d":"21.352"},{"v":0.0102918,"d":"0.010"},{"v":1.77323E-3,"d":"0.002"},{"v":6.49994976198144e-09,"d":"6.500E-09"},{"v":-57.3923,"d":"-57.392"},{"v":114.5988,"d":"114.599"},{"v":0.6165,"d":"0.617"}]
["FEV1","SA_global cortex","rs1668091","C","T",0.31711,5.08018677889566e-05,421986,{"v":21.4386645012546,"d":"21.439"},{"v":0.0108304,"d":"0.011"},{"v":0.00187606,"d":"0.002"},{"v":7.79991733536343e-09,"d":"7.800E-09"},{"v":109.4546,"d":"109.455"},{"v":116.8484,"d":"116.848"},{"v":0.3489,"d":"0.349"}]
["FEV1","SA_global cortex","rs1679910","A","G",0.437215,4.66983353267357e-05,421986,{"v":19.7068706125693,"d":"19.707"},{"v":0.0097413,"d":"0.010"},{"v":0.001762,"d":"0.002"},{"v":3.20000015974484e-08,"d":"3.200E-08"},{"v":-96.3444,"d":"-96.344"},113.269,0.395]
["FEV1","SA_global cortex","rs17178377","A","G",0.484564,0.00012204140195021,421986,{"v":51.5058048011838,"d":"51.506"},{"v":-0.0156306,"d":"-0.016"},{"v":1.72788E-3,"d":"0.002"},{"v":1.50003019045595e-19,"d":"1.500E-19"},{"v":45.0681,"d":"45.068"},{"v":108.6855,"d":"108.686"},{"v":0.6784,"d":"0.678"}]
["FEV1","SA_global cortex","rs17182434","G","A",0.138591,5.40403806368192e-05,421986,{"v":22.8054083955978,"d":"22.805"},{"v":0.0150443,"d":"0.015"},{"v":0.00251576,"d":"0.003"},{"v":2.19998641983517e-09,"d":"2.200E-09"},{"v":190.0318,"d":"190.032"},{"v":170.2268,"d":"170.227"},{"v":0.2643,"d":"0.264"}]
["FEV1","SA_global cortex","rs17221848","A","G",0.200049,5.08746575105407e-05,421986,{"v":21.4693837224718,"d":"21.469"},{"v":-0.0126077,"d":"-0.013"},{"v":0.00217218,"d":"0.002"},{"v":6.49994976198144e-09,"d":"6.500E-09"},{"v":-118.1331,"d":"-118.133"},{"v":138.4287,"d":"138.429"},{"v":0.3934,"d":"0.393"}]
["FEV1","SA_global cortex","rs17400325","C","T",0.041599,7.56555053658999e-05,421986,{"v":31.9278282923086,"d":"31.928"},{"v":0.0308028,"d":"0.031"},{"v":0.00433779,"d":"0.004"},{"v":1.20005182020427e-12,"d":"1.200E-12"},{"v":316.9207,"d":"316.921"},{"v":286.0711,"d":"286.071"},{"v":0.2679,"d":"0.268"}]
["FEV1","SA_global cortex","rs17855988","C","G",0.098792,4.67750468631742e-05,421986,{"v":19.7392446796046,"d":"19.739"},{"v":0.0162076,"d":"0.016"},{"v":0.00295592,"d":"0.003"},{"v":4.20000686246631e-08,"d":"4.200E-08"},{"v":-71.0361,"d":"-71.036"},207.882,{"v":0.7326,"d":"0.733"}]
["FEV1","SA_global cortex","rs1829935","G","A",0.250856,0.000128499965685058,421986,{"v":54.2318983167161,"d":"54.232"},{"v":-0.0184902,"d":"-0.018"},{"v":0.00200267,"d":"0.002"},{"v":2.60015956316527e-20,"d":"2.600E-20"},{"v":34.6973,"d":"34.697"},{"v":124.6125,"d":"124.613"},{"v":0.7807,"d":"0.781"}]
["FEV1","SA_global cortex","rs183967755","A","G",0.016158,7.01384782939526e-05,421986,{"v":29.5993916806862,"d":"29.599"},{"v":0.0469685,"d":"0.047"},{"v":0.00687981,"d":"0.007"},{"v":8.69961433065269e-12,"d":"8.700E-12"},588.637,{"v":445.4574,"d":"445.457"},{"v":0.1864,"d":"0.186"}]
["FEV1","SA_global cortex","rs1867264","T","A",0.384943,5.50601142816947e-05,421986,{"v":23.2357666290127,"d":"23.236"},{"v":-0.0107832,"d":"-0.011"},{"v":1.78929E-3,"d":"0.002"},{"v":1.70000422215636e-09,"d":"1.700E-09"},{"v":47.0088,"d":"47.009"},{"v":113.2077,"d":"113.208"},0.678]
["FEV1","SA_global cortex","rs196038","A","C",0.631193,0.000123700616050549,421986,{"v":52.2061386949931,"d":"52.206"},{"v":0.0163001,"d":"0.016"},{"v":0.00180593,"d":"0.002"},{"v":1.800113960418e-19,"d":"1.800E-19"},{"v":-116.0445,"d":"-116.045"},{"v":115.2635,"d":"115.264"},0.314]
["FEV1","SA_global cortex","rs1966265","A","G",0.245129,6.76953961079924e-05,421986,{"v":28.5683079741595,"d":"28.568"},{"v":0.0135248,"d":"0.014"},{"v":0.00201382,"d":"0.002"},{"v":1.90020300257723e-11,"d":"1.900E-11"},{"v":106.1728,"d":"106.173"},{"v":131.7702,"d":"131.770"},{"v":0.4204,"d":"0.420"}]
["FEV1","SA_global cortex","rs1983753","A","G",0.851273,9.91118676148653e-05,421986,{"v":41.8277679717932,"d":"41.828"},{"v":0.0197842,"d":"0.020"},{"v":2.45174E-3,"d":"0.002"},{"v":7.10068096254533e-16,"d":"7.101E-16"},{"v":-184.5277,"d":"-184.528"},{"v":153.4783,"d":"153.478"},{"v":0.2292,"d":"0.229"}]
["FEV1","SA_global cortex","rs2005172","C","A",0.64023,0.000181306345559422,421986,{"v":76.5222508942107,"d":"76.522"},{"v":0.0198386,"d":"0.020"},{"v":1.83045E-3,"d":"0.002"},{"v":2.2998525866862e-27,"d":"2.300E-27"},{"v":78.4022,"d":"78.402"},{"v":118.1337,"d":"118.134"},{"v":0.5069,"d":"0.507"}]
["FEV1","SA_global cortex","rs2010492","G","A",0.665231,{"$f":"2*F69*(1-F69)*J69*J69","v":8.69229195002498e-05},421986,{"$f":"G69/(1-G69)*(H69-2)","v":{"v":36.6832698793081,"d":"36.683"}},{"v":-0.0139699,"d":"-0.014"},{"v":1.8418E-3,"d":"0.002"},{"v":3.29989407910835e-14,"d":"3.300E-14"},{"v":-249.7318,"d":"-249.732"},{"v":118.6314,"d":"118.631"},{"v":0.03528,"d":"0.035"}]
["FEV1","SA_global cortex","rs2076170","G","T",0.580701,0.000172317808636361,421986,{"v":72.7278904703186,"d":"72.728"},{"v":0.018811,"d":"0.019"},{"v":0.00176281,"d":"0.002"},{"v":1.39990962656834e-26,"d":"1.400E-26"},{"v":148.3522,"d":"148.352"},{"v":112.5925,"d":"112.593"},{"v":0.1876,"d":"0.188"}]
["FEV1","SA_global cortex","rs2118022","C","T",0.360318,4.75903384259144e-05,421986,{"v":20.0833171421806,"d":"20.083"},{"v":-0.0101606,"d":"-0.010"},{"v":0.00181403,"d":"0.002"},{"v":2.10000341026661e-08,"d":"2.100E-08"},{"v":-22.2294,"d":"-22.229"},{"v":117.8333,"d":"117.833"},{"v":0.8504,"d":"0.850"}]
["FEV1","SA_global cortex","rs2194411","A","G",0.128337,0.000105378987708809,421986,{"v":44.4729332620015,"d":"44.473"},{"v":0.0217026,"d":"0.022"},{"v":2.62547E-3,"d":"0.003"},{"v":1.39990962656834e-16,"d":"1.400E-16"},-116.181,{"v":179.3775,"d":"179.378"},{"v":0.5172,"d":"0.517"}]
["FEV1","SA_global cortex","rs225646","A","G",0.757234,1.03245612092437E-4,421986,{"v":43.5724950421362,"d":"43.572"},{"v":0.0167576,"d":"0.017"},{"v":0.0020231,"d":"0.002"},{"v":1.20005182020427e-16,"d":"1.200E-16"},{"v":195.9485,"d":"195.949"},{"v":127.8033,"d":"127.803"},{"v":0.1252,"d":"0.125"}]
["FEV1","SA_global cortex","rs2327790","G","A",0.702446,4.64908828870828e-05,421986,{"v":19.6193208437704,"d":"19.619"},{"v":0.0105458,"d":"0.011"},{"v":0.00190444,"d":"0.002"},{"v":3.09998790941119e-08,"d":"3.100E-08"},{"v":86.7653,"d":"86.765"},{"v":118.6544,"d":"118.654"},{"v":0.4646,"d":"0.465"}]
["FEV1","SA_global cortex","rs2345443","G","A",0.690225,6.1098162948369e-05,421986,{"v":25.7840225500158,"d":"25.784"},{"v":-0.0119531,"d":"-0.012"},{"v":1.87776E-3,"d":"0.002"},{"v":1.89998424621474e-10,"d":"1.900E-10"},{"v":-91.2641,"d":"-91.264"},{"v":118.4536,"d":"118.454"},0.441]
["FEV1","SA_global cortex","rs2358947","G","C",0.861631,4.78225974185544e-05,421986,{"v":20.1813360729816,"d":"20.181"},{"v":-0.0141619,"d":"-0.014"},{"v":2.51614E-3,"d":"0.003"},{"v":1.79998961724559E-8,"d":"1.800E-08"},{"v":-115.9676,"d":"-115.968"},{"v":158.4692,"d":"158.469"},{"v":0.4643,"d":"0.464"}]
["FEV1","SA_global cortex","rs2412981","C","G",0.908102,1.30757670516371E-4,421986,{"v":55.1848606790106,"d":"55.185"},{"v":-0.0279897,"d":"-0.028"},{"v":0.00300763,"d":"0.003"},{"v":1.29987023738861e-20,"d":"1.300E-20"},{"v":-133.2209,"d":"-133.221"},{"v":194.9047,"d":"194.905"},{"v":0.4943,"d":"0.494"}]
["FEV1","SA_global cortex","rs2415128","C","T",0.737026,6.76002762397706e-05,421986,{"v":28.5281634804952,"d":"28.528"},{"v":-0.0132057,"d":"-0.013"},{"v":0.00197595,"d":"0.002"},{"v":2.29985258668621e-11,"d":"2.300E-11"},{"v":122.3837,"d":"122.384"},124.318,{"v":0.3249,"d":"0.325"}]
["FEV1","SA_global cortex","rs2450444","A","G",0.348866,8.18635453243499e-05,421986,{"v":34.5479345265544,"d":"34.548"},{"v":0.0134235,"d":"0.013"},{"v":1.81913E-3,"d":"0.002"},{"v":1.5999263828686e-13,"d":"1.600E-13"},185.112,{"v":114.9227,"d":"114.923"},{"v":0.1072,"d":"0.107"}]
["FEV1","SA_global cortex","rs2544535","C","T",0.513332,9.13207638289917e-05,421986,{"v":38.5394206529448,"d":"38.539"},{"v":0.0135193,"d":"0.014"},{"v":1.7354E-3,"d":"0.002"},{"v":6.70038873807757e-15,"d":"6.700E-15"},{"v":-29.3951,"d":"-29.395"},{"v":109.1807,"d":"109.181"},{"v":0.7877,"d":"0.788"}]
["FEV1","SA_global cortex","rs2555009","G","A",0.534585,4.97115245798346e-05,421986,{"v":20.9785108620553,"d":"20.979"},{"v":0.00999505,"d":"0.010"},{"v":0.00173809,"d":"0.002"},{"v":8.89999986382574e-09,"d":"8.900E-09"},{"v":160.2292,"d":"160.229"},{"v":110.3919,"d":"110.392"},{"v":0.1467,"d":"0.147"}]
["FEV1","SA_global cortex","rs2571570","A","G",0.702751,6.04158559186919e-05,421986,{"v":25.4960649105774,"d":"25.496"},{"v":0.0120254,"d":"0.012"},{"v":0.00190174,"d":"0.002"},{"v":2.59997995670925E-10,"d":"2.600E-10"},{"v":-55.5373,"d":"-55.537"},{"v":119.9501,"d":"119.950"},{"v":0.6434,"d":"0.643"}]
["FEV1","SA_global cortex","rs2579762","C","A",0.471399,1.14780203959398E-4,421986,{"v":48.4409696519792,"d":"48.441"},{"v":-0.0151761,"d":"-0.015"},{"v":0.00173678,"d":"0.002"},{"v":2.39993787680987E-18,"d":"2.400E-18"},{"v":-21.3365,"d":"-21.337"},{"v":109.9017,"d":"109.902"},{"v":0.8461,"d":"0.846"}]
["FEV1","SA_global cortex","rs2602691","G","A",0.449662,4.72739534857549e-05,421986,{"v":19.9497950934181,"d":"19.950"},{"v":-0.00977323,"d":"-0.010"},{"v":1.75814E-3,"d":"0.002"},{"v":2.69997659840121e-08,"d":"2.700E-08"},{"v":-265.0311,"d":"-265.031"},{"v":112.8035,"d":"112.804"},{"v":0.0188,"d":"0.019"}]
["FEV1","SA_global cortex","rs262827","T","A",0.336148,9.08225338263057e-05,421986,{"v":38.3291372635254,"d":"38.329"},{"v":0.0142653,"d":"0.014"},{"v":0.00183602,"d":"0.002"},{"v":7.89950721335818e-15,"d":"7.900E-15"},{"v":224.3326,"d":"224.333"},{"v":116.5462,"d":"116.546"},{"v":0.05425,"d":"0.054"}]
["FEV1","SA_global cortex","rs264770","C","T",0.671374,4.90884176236773E-5,421986,{"v":20.7155437157711,"d":"20.716"},{"v":0.0105473,"d":"0.011"},{"v":0.00184573,"d":"0.002"},{"v":1.09999319893519E-8,"d":"1.100E-08"},{"v":0.1439,"d":"0.144"},{"v":116.9414,"d":"116.941"},0.999]
["FEV1","SA_global cortex","rs2678408","C","T",0.46299,8.88594985767188e-05,421986,{"v":37.5006189335928,"d":"37.501"},{"v":-0.0133678,"d":"-0.013"},{"v":1.74456E-3,"d":"0.002"},{"v":1.80011396041801E-14,"d":"1.800E-14"},-141.322,{"v":111.5712,"d":"111.571"},{"v":0.2053,"d":"0.205"}]
["FEV1","SA_global cortex","rs2717329","A","G",0.294673,1.06634094490843E-4,421986,{"v":45.002680549714,"d":"45.003"},{"v":0.0160165,"d":"0.016"},{"v":0.00193769,"d":"0.002"},{"v":1.39990962656834e-16,"d":"1.400E-16"},{"v":223.53,"d":"223.530"},{"v":125.0091,"d":"125.009"},{"v":0.07376,"d":"0.074"}]
["FEV1","SA_global cortex","rs278064","C","T",0.376633,5.40458171904335e-05,421986,{"v":22.807702782223,"d":"22.808"},{"v":-0.0107284,"d":"-0.011"},{"v":0.00179279,"d":"0.002"},{"v":2.19998641983517e-09,"d":"2.200E-09"},{"v":33.8343,"d":"33.834"},{"v":112.7111,"d":"112.711"},0.764]
["FEV1","SA_global cortex","rs2806356","C","T",0.185674,1.19500152068962E-4,421986,{"v":50.4331789432221,"d":"50.433"},{"v":-0.019879,"d":"-0.020"},{"v":0.00222854,"d":"0.002"},{"v":4.70002318179802e-19,"d":"4.700E-19"},{"v":-12.7818,"d":"-12.782"},{"v":140.7761,"d":"140.776"},{"v":0.9277,"d":"0.928"}]
["FEV1","SA_global cortex","rs2808096","G","A",0.21446,5.22457210441728E-5,421986,{"v":22.048010263298,"d":"22.048"},{"v":0.0124524,"d":"0.012"},{"v":0.00211416,"d":"0.002"},{"v":3.89995862874433e-09,"d":"3.900E-09"},{"v":-47.7073,"d":"-47.707"},{"v":132.3483,"d":"132.348"},{"v":0.7185,"d":"0.719"}]
["FEV1","SA_global cortex","rs2812208","C","G",0.020816,2.32329202070872E-4,421986,{"v":98.061988670256,"d":"98.062"},{"v":0.0754929,"d":"0.075"},{"v":0.00608983,"d":"0.006"},{"v":2.70022528688822E-35,"d":"2.700E-35"},{"v":-224.2916,"d":"-224.292"},{"v":344.7132,"d":"344.713"},{"v":0.5153,"d":"0.515"}]
["FEV1","SA_global cortex","rs28409044","A","C",0.333596,5.56347089427936e-05,421986,{"v":23.4782632248568,"d":"23.478"},{"v":0.0111861,"d":"0.011"},{"v":0.00184115,"d":"0.002"},{"v":1.19999655704811E-9,"d":"1.200E-09"},{"v":158.6822,"d":"158.682"},{"v":115.4313,"d":"115.431"},{"v":0.1692,"d":"0.169"}]
["FEV1","SA_global cortex","rs28446901","G","C",0.15458,5.01692409481489e-05,421986,{"v":21.1716791393357,"d":"21.172"},{"v":-0.0138545,"d":"-0.014"},{"v":0.00241368,"d":"0.002"},{"v":9.49992113622595e-09,"d":"9.500E-09"},{"v":-94.2511,"d":"-94.251"},{"v":157.3435,"d":"157.344"},{"v":0.5492,"d":"0.549"}]
["FEV1","SA_global cortex","rs28514522","A","G",0.093681,4.99751572507076e-05,421986,{"v":21.0897707218908,"d":"21.090"},{"v":0.0171552,"d":"0.017"},{"v":0.00297447,"d":"0.003"},{"v":8.00000023961727e-09,"d":"8.000E-09"},{"v":98.4804,"d":"98.480"},{"v":199.5414,"d":"199.541"},{"v":0.6216,"d":"0.622"}]
["FEV1","SA_global cortex","rs2885697","T","G",0.665178,1.27960268588064E-4,421986,{"v":54.0040963585403,"d":"54.004"},{"v":-0.0169491,"d":"-0.017"},{"v":0.00183524,"d":"0.002"},{"v":2.60015956316527e-20,"d":"2.600E-20"},{"v":-142.0079,"d":"-142.008"},{"v":115.7775,"d":"115.778"},{"v":0.22,"d":"0.220"}]
["FEV1","SA_global cortex","rs2971040","C","T",0.518228,4.67180996141278e-05,421986,{"v":19.7152116047878,"d":"19.715"},{"v":0.00967267,"d":"0.010"},{"v":0.00173783,"d":"0.002"},{"v":2.59997995670925e-08,"d":"2.600E-08"},{"v":-4.4363,"d":"-4.436"},{"v":111.7953,"d":"111.795"},{"v":0.9683,"d":"0.968"}]
["FEV1","SA_global cortex","rs30232","A","G",0.582657,6.35595083567842e-05,421986,{"v":26.8228004184366,"d":"26.823"},{"v":0.011432,"d":"0.011"},{"v":1.75946E-3,"d":"0.002"},{"v":8.19973845457475e-11,"d":"8.200E-11"},{"v":11.5141,"d":"11.514"},113.359,{"v":0.9191,"d":"0.919"}]
["FEV1","SA_global cortex","rs3253","T","C",0.314156,5.3066408664527e-05,421986,{"v":22.394363782352,"d":"22.394"},{"v":0.0110971,"d":"0.011"},{"v":0.00186964,"d":"0.002"},{"v":2.90001336905407e-09,"d":"2.900E-09"},{"v":205.5671,"d":"205.567"},{"v":117.6881,"d":"117.688"},{"v":0.08069,"d":"0.081"}]
["FEV1","SA_global cortex","rs34563869","A","T",0.14379,1.39264164188656E-4,421986,{"v":58.7754343727287,"d":"58.775"},{"v":-0.0237821,"d":"-0.024"},{"v":0.00250582,"d":"0.003"},{"v":2.2998525866862e-21,"d":"2.300E-21"},-142.958,{"v":163.4295,"d":"163.430"},{"v":0.3817,"d":"0.382"}]
["FEV1","SA_global cortex","rs34587839","A","G",0.154712,7.95420673320047e-05,421986,{"v":33.568149821062,"d":"33.568"},{"v":-0.0174389,"d":"-0.017"},{"v":0.00240416,"d":"0.002"},{"v":4.10015240506613e-13,"d":"4.100E-13"},{"v":-94.8359,"d":"-94.836"},{"v":155.6869,"d":"155.687"},{"v":0.5424,"d":"0.542"}]
["FEV1","SA_global cortex","rs34712979","A","G",0.254628,0.000312810859674365,421986,{"v":132.042482131176,"d":"132.042"},{"v":-0.0287069,"d":"-0.029"},{"v":0.00198983,"d":"0.002"},{"v":3.50025754158434e-47,"d":"3.500E-47"},{"v":57.4045,"d":"57.405"},{"v":167.6745,"d":"167.675"},{"v":0.7321,"d":"0.732"}]
["FEV1","SA_global cortex","rs35418511","C","G",0.087779,4.89197559482493e-05,421986,{"v":20.644364211325,"d":"20.644"},{"v":-0.0174776,"d":"-0.017"},{"v":0.00318956,"d":"0.003"},{"v":4.3000152915127e-08,"d":"4.300E-08"},{"v":191.7993,"d":"191.799"},{"v":205.1229,"d":"205.123"},{"v":0.3498,"d":"0.350"}]
["FEV1","SA_global cortex","rs35506","A","T",0.715534,7.00357754560402e-05,421986,{"v":29.5560466506883,"d":"29.556"},{"v":0.0131164,"d":"0.013"},{"v":1.92867E-3,"d":"0.002"},{"v":1e-11,"d":"1.000E-11"},{"v":-44.9779,"d":"-44.978"},{"v":123.4003,"d":"123.400"},{"v":0.7155,"d":"0.716"}]
["FEV1","SA_global cortex","rs35945722","A","G",0.188457,9.76400315297072e-05,421986,{"v":41.2065544743101,"d":"41.207"},{"v":0.0178664,"d":"0.018"},{"v":0.00222614,"d":"0.002"},{"v":1e-15,"d":"1.000E-15"},{"v":95.3533,"d":"95.353"},{"v":145.2768,"d":"145.277"},{"v":0.5116,"d":"0.512"}]
["FEV1","SA_global cortex","rs36226649","C","T",0.066506,8.7429280661759e-05,421986,{"v":36.8969834474931,"d":"36.897"},{"v":0.0265355,"d":"0.027"},{"v":0.00348696,"d":"0.003"},{"v":2.70022528688824E-14,"d":"2.700E-14"},{"v":-150.2451,"d":"-150.245"},226.685,{"v":0.5075,"d":"0.508"}]
["FEV1","SA_global cortex","rs3790076","T","G",0.572955,0.000187871754965122,421986,{"v":79.2937717072506,"d":"79.294"},{"v":-0.0195938,"d":"-0.020"},{"v":1.75665E-3,"d":"0.002"},{"v":6.79986045003322e-29,"d":"6.800E-29"},{"v":-134.8888,"d":"-134.889"},{"v":109.8104,"d":"109.810"},{"v":0.2193,"d":"0.219"}]
["FEV1","SA_global cortex","rs3791679","G","A",0.227266,0.000357258448312451,421986,{"v":150.811227637855,"d":"150.811"},{"v":-0.0318929,"d":"-0.032"},{"v":0.00206608,"d":"0.002"},{"v":9.30036514753958e-54,"d":"9.300E-54"},{"v":-41.9608,"d":"-41.961"},{"v":127.8385,"d":"127.839"},{"v":0.7427,"d":"0.743"}]
["FEV1","SA_global cortex","rs3814115","C","T",0.319922,4.8051397093456e-05,421986,{"v":20.2778951322762,"d":"20.278"},{"v":0.0105084,"d":"0.011"},{"v":1.85925E-3,"d":"0.002"},{"v":1.60000006389793e-08,"d":"1.600E-08"},{"v":130.9267,"d":"130.927"},{"v":120.3055,"d":"120.306"},{"v":0.2765,"d":"0.277"}]
["FEV1","SA_global cortex","rs3846054","T","C",0.450793,4.9010089661423e-05,421986,{"v":20.6824873262442,"d":"20.682"},{"v":0.00994881,"d":"0.010"},{"v":0.00174162,"d":"0.002"},{"v":1.09999319893519E-8,"d":"1.100E-08"},{"v":-25.9824,"d":"-25.982"},{"v":110.0317,"d":"110.032"},{"v":0.8133,"d":"0.813"}]
["FEV1","SA_global cortex","rs4079029","T","C",0.33955,6.54323459005814e-05,421986,{"v":27.6132098496092,"d":"27.613"},{"v":0.0120784,"d":"0.012"},{"v":1.83566E-3,"d":"0.002"},{"v":4.70002318179801e-11,"d":"4.700E-11"},{"v":45.0818,"d":"45.082"},{"v":115.0544,"d":"115.054"},{"v":0.6952,"d":"0.695"}]
["FEV1","SA_global cortex","rs4320932","C","T",0.185678,7.92011554569831e-05,421986,{"v":33.4242676249758,"d":"33.424"},{"v":-0.0161835,"d":"-0.016"},{"v":0.00224453,"d":"0.002"},{"v":5.60015438761557e-13,"d":"5.600E-13"},{"v":-246.2031,"d":"-246.203"},{"v":142.0205,"d":"142.021"},{"v":0.08299,"d":"0.083"}]
["FEV1","SA_global cortex","rs4413161","A","T",0.715755,4.50377300755902e-05,421986,{"v":19.0060574779043,"d":"19.006"},{"v":-0.0105207,"d":"-0.011"},{"v":1.92117E-3,"d":"0.002"},{"v":4.3000152915127e-08,"d":"4.300E-08"},{"v":-58.8106,"d":"-58.811"},{"v":122.8322,"d":"122.832"},{"v":0.6321,"d":"0.632"}]
["FEV1","SA_global cortex","rs4655027","T","C",0.575109,7.29996755507646e-05,421986,{"v":30.8069439845294,"d":"30.807"},{"v":-0.0122217,"d":"-0.012"},{"v":1.75308E-3,"d":"0.002"},{"v":3.10027344199819E-12,"d":"3.100E-12"},{"v":-239.4163,"d":"-239.416"},{"v":110.3905,"d":"110.391"},{"v":0.0301,"d":"0.030"}]
["FEV1","SA_global cortex","rs4728358","T","C",0.687154,4.70861461683862e-05,421986,{"v":19.8705359316796,"d":"19.871"},{"v":-0.010465,"d":"-0.010"},{"v":0.00187807,"d":"0.002"},{"v":2.49999995007974e-08,"d":"2.500E-08"},{"v":116.8717,"d":"116.872"},{"v":120.5142,"d":"120.514"},{"v":0.3322,"d":"0.332"}]
["FEV1","SA_global cortex","rs4809328","T","C",0.667431,7.35169511055358e-05,421986,{"v":31.0252579776922,"d":"31.025"},{"v":-0.0128687,"d":"-0.013"},{"v":0.00184134,"d":"0.002"},{"v":2.80027059501064e-12,"d":"2.800E-12"},-282.252,{"v":117.1616,"d":"117.162"},{"v":0.01599,"d":"0.016"}]
["FEV1","SA_global cortex","rs4886778","A","C",0.494385,1.21460406148939E-4,421986,{"v":51.2605741585107,"d":"51.261"},{"v":0.0155869,"d":"0.016"},{"v":1.73745E-3,"d":"0.002"},{"v":2.90001336905406E-19,"d":"2.900E-19"},{"v":139.9178,"d":"139.918"},{"v":108.9833,"d":"108.983"},{"v":0.1992,"d":"0.199"}]
["FEV1","SA_global cortex","rs4894559","G","A",0.733221,5.42708977271251e-05,421986,{"v":22.9026934562174,"d":"22.903"},{"v":-0.0117781,"d":"-0.012"},{"v":0.00196997,"d":"0.002"},{"v":2.19998641983517e-09,"d":"2.200E-09"},{"v":-132.6908,"d":"-132.691"},{"v":126.7691,"d":"126.769"},{"v":0.2952,"d":"0.295"}]
["FEV1","SA_global cortex","rs4959021","C","T",0.814313,2.32517484963967E-4,421986,{"v":98.1414779846663,"d":"98.141"},{"v":-0.0277285,"d":"-0.028"},{"v":0.00234216,"d":"0.002"},{"v":2.49976970217851e-32,"d":"2.500E-32"},{"v":-215.0501,"d":"-215.050"},{"v":157.1675,"d":"157.168"},{"v":0.1712,"d":"0.171"}]
["FEV1","SA_global cortex","rs4965600","A","G",0.612068,4.51859394127654E-5,421986,{"v":19.0686050899907,"d":"19.069"},{"v":-0.00975459,"d":"-0.010"},{"v":0.00178467,"d":"0.002"},{"v":4.60002296665068e-08,"d":"4.600E-08"},{"v":-33.4922,"d":"-33.492"},{"v":112.4328,"d":"112.433"},{"v":0.7658,"d":"0.766"}]
["FEV1","SA_global cortex","rs541601","C","T",0.81685,5.62304782128269e-05,421986,{"v":23.7296964503408,"d":"23.730"},{"v":0.0137087,"d":"0.014"},{"v":0.00224025,"d":"0.002"},{"v":9.40004645744656e-10,"d":"9.400E-10"},{"v":-52.2042,"d":"-52.204"},{"v":142.4282,"d":"142.428"},0.714]
["FEV1","SA_global cortex","rs55831773","T","C",0.199579,4.91246735998177e-05,421986,{"v":20.7308446603229,"d":"20.731"},{"v":-0.0123999,"d":"-0.012"},{"v":0.00221625,"d":"0.002"},{"v":2.19998641983516e-08,"d":"2.200E-08"},{"v":-144.4456,"d":"-144.446"},{"v":147.1636,"d":"147.164"},{"v":0.3263,"d":"0.326"}]
["FEV1","SA_global cortex","rs56192823","A","G",0.039576,4.62605063433247e-05,421986,{"v":19.5220966108556,"d":"19.522"},{"v":0.0246685,"d":"0.025"},{"v":0.00446777,"d":"0.004"},{"v":3.4000084782586e-08,"d":"3.400E-08"},{"v":-20.8612,"d":"-20.861"},{"v":257.9334,"d":"257.933"},{"v":0.9355,"d":"0.936"}]
["FEV1","SA_global cortex","rs56291455","A","C",0.384652,6.34809479642948e-05,421986,{"v":26.7896449778238,"d":"26.790"},{"v":-0.0115801,"d":"-0.012"},{"v":1.78991E-3,"d":"0.002"},{"v":9.79941161095592e-11,"d":"9.799E-11"},{"v":-197.2009,"d":"-197.201"},{"v":113.5272,"d":"113.527"},{"v":0.08238,"d":"0.082"}]
["FEV1","SA_global cortex","rs56332326","C","T",0.135028,5.76343070768942e-05,421986,{"v":24.3221572282146,"d":"24.322"},{"v":-0.0157077,"d":"-0.016"},{"v":0.00253804,"d":"0.003"},{"v":6.10000231740111e-10,"d":"6.100E-10"},{"v":-85.9955,"d":"-85.996"},{"v":154.7769,"d":"154.777"},{"v":0.5785,"d":"0.579"}]
["FEV1","SA_global cortex","rs56353224","C","T",0.371209,5.14391139067649E-5,421986,{"v":21.707599662524,"d":"21.708"},{"v":-0.0104971,"d":"-0.010"},{"v":0.00183397,"d":"0.002"},{"v":1E-8,"d":"1.000E-08"},{"v":-65.7692,"d":"-65.769"},{"v":117.3427,"d":"117.343"},{"v":0.5751,"d":"0.575"}]
["FEV1","SA_global cortex","rs56397594","C","T",0.21379,5.61282898652918e-05,421986,{"v":23.6865697571685,"d":"23.687"},{"v":0.0129215,"d":"0.013"},{"v":0.00211484,"d":"0.002"},{"v":1e-09,"d":"1.000E-09"},{"v":-53.5045,"d":"-53.505"},{"v":132.3292,"d":"132.329"},0.686]
["FEV1","SA_global cortex","rs56795193","C","T",0.202824,6.01431014068293e-05,421986,{"v":25.3809529932892,"d":"25.381"},{"v":0.0136377,"d":"0.014"},{"v":0.00219095,"d":"0.002"},{"v":4.7999863240391E-10,"d":"4.800E-10"},{"v":2.8397,"d":"2.840"},{"v":144.4149,"d":"144.415"},{"v":0.9843,"d":"0.984"}]
["FEV1","SA_global cortex","rs5992929","T","C",0.284928,8.63931692748189e-05,421986,{"v":36.459685011004,"d":"36.460"},{"v":0.0145607,"d":"0.015"},{"v":0.00192981,"d":"0.002"},{"v":4.49987033872151e-14,"d":"4.500E-14"},{"v":-10.5525,"d":"-10.553"},{"v":122.9032,"d":"122.903"},{"v":0.9316,"d":"0.932"}]
["FEV1","SA_global cortex","rs60839038","C","A",0.47352,6.12784517423453e-05,421986,{"v":25.8601108475965,"d":"25.860"},{"v":0.0110861,"d":"0.011"},{"v":1.76794E-3,"d":"0.002"},{"v":3.59997927043357e-10,"d":"3.600E-10"},{"v":150.1853,"d":"150.185"},{"v":121.2781,"d":"121.278"},{"v":0.2156,"d":"0.216"}]
["FEV1","SA_global cortex","rs6088619","G","A",0.135815,7.80010802811101e-05,421986,{"v":32.9177754833921,"d":"32.918"},{"v":0.0182288,"d":"0.018"},{"v":0.0025538,"d":"0.003"},{"v":9.49948365876347e-13,"d":"9.499E-13"},{"v":-58.4102,"d":"-58.410"},{"v":164.8523,"d":"164.852"},{"v":0.7231,"d":"0.723"}]
["FEV1","SA_global cortex","rs6138639","G","C",0.178422,5.11153557694776E-5,421986,{"v":21.5709648965722,"d":"21.571"},{"v":-0.0132042,"d":"-0.013"},{"v":0.00227185,"d":"0.002"},{"v":6.19997588072324e-09,"d":"6.200E-09"},{"v":-153.1367,"d":"-153.137"},{"v":146.9357,"d":"146.936"},{"v":0.2973,"d":"0.297"}]
["FEV1","SA_global cortex","rs6140000","G","T",0.497765,{"$f":"2*F133*(1-F133)*J133*J133","v":4.90807743336109e-05},421986,{"$f":"G133/(1-G133)*(H133-2)","v":{"v":20.7123180530028,"d":"20.712"}},{"v":-0.00990775,"d":"-0.010"},{"v":1.7392E-3,"d":"0.002"},{"v":1.19999655704812E-8,"d":"1.200E-08"},19.354,{"v":110.1013,"d":"110.101"},{"v":0.8605,"d":"0.861"}]
["FEV1","SA_global cortex","rs61821293","G","T",0.218739,5.34414309991088e-05,421986,{"v":22.5526340637651,"d":"22.553"},{"v":0.0125044,"d":"0.013"},{"v":0.00209657,"d":"0.002"},{"v":2.49999995007974e-09,"d":"2.500E-09"},{"v":17.5309,"d":"17.531"},{"v":132.3012,"d":"132.301"},{"v":0.8946,"d":"0.895"}]
["FEV1","SA_global cortex","rs62092156","A","G",0.095162,5.22931560585882e-05,421986,{"v":22.0680291731207,"d":"22.068"},{"v":0.0174257,"d":"0.017"},{"v":0.00295931,"d":"0.003"},{"v":3.89995862874433e-09,"d":"3.900E-09"},{"v":47.1273,"d":"47.127"},{"v":189.9682,"d":"189.968"},{"v":0.8041,"d":"0.804"}]
["FEV1","SA_global cortex","rs62275574","A","C",0.040109,6.0399471018511e-05,421986,{"v":25.4891499094466,"d":"25.489"},{"v":-0.0280072,"d":"-0.028"},{"v":0.00451584,"d":"0.005"},{"v":5.60002544078e-10,"d":"5.600E-10"},{"v":-196.1914,"d":"-196.191"},{"v":299.0895,"d":"299.090"},{"v":0.5118,"d":"0.512"}]
["FEV1","SA_global cortex","rs62275880","T","A",0.261262,5.1789151388045e-05,421986,{"v":21.8553251280745,"d":"21.855"},{"v":-0.011583,"d":"-0.012"},{"v":0.00197816,"d":"0.002"},{"v":4.7999863240391E-9,"d":"4.800E-09"},{"v":5.2795,"d":"5.280"},{"v":125.5482,"d":"125.548"},{"v":0.9665,"d":"0.967"}]
["FEV1","SA_global cortex","rs6429838","G","A",0.493347,5.5661440222165e-05,421986,{"v":23.4895446525956,"d":"23.490"},{"v":0.0105519,"d":"0.011"},{"v":0.00173342,"d":"0.002"},{"v":1.09999319893519e-09,"d":"1.100E-09"},{"v":100.8736,"d":"100.874"},{"v":109.5619,"d":"109.562"},{"v":0.3572,"d":"0.357"}]
["FEV1","SA_global cortex","rs6462426","C","T",0.945001,4.55534733517299e-05,421986,{"v":19.2237126057363,"d":"19.224"},{"v":-0.020934,"d":"-0.021"},{"v":0.00380918,"d":"0.004"},{"v":3.89995862874433e-08,"d":"3.900E-08"},{"v":282.3278,"d":"282.328"},{"v":235.4787,"d":"235.479"},{"v":0.2305,"d":"0.231"}]
["FEV1","SA_global cortex","rs6473015","C","A",0.285558,5.55471540475766e-05,421986,{"v":23.4413123518008,"d":"23.441"},{"v":0.0116677,"d":"0.012"},{"v":1.92246E-3,"d":"0.002"},{"v":1.29998996537545E-9,"d":"1.300E-09"},{"v":120.2638,"d":"120.264"},{"v":119.8835,"d":"119.884"},{"v":0.3158,"d":"0.316"}]
["FEV1","SA_global cortex","rs663378","A","G",0.833573,7.07800042331262e-05,421986,{"v":29.870143515196,"d":"29.870"},{"v":-0.0159719,"d":"-0.016"},{"v":0.00235108,"d":"0.002"},{"v":1.10001852750622E-11,"d":"1.100E-11"},{"v":-296.6923,"d":"-296.692"},{"v":148.7743,"d":"148.774"},{"v":0.04613,"d":"0.046"}]
["FEV1","SA_global cortex","rs6671370","A","G",0.287459,1.38282257209997E-4,421986,{"v":58.3609703132111,"d":"58.361"},{"v":0.0183728,"d":"0.018"},{"v":0.0019151,"d":"0.002"},{"v":8.49962959449622e-22,"d":"8.500E-22"},{"v":-106.3752,"d":"-106.375"},{"v":119.3795,"d":"119.380"},{"v":0.3729,"d":"0.373"}]
["FEV1","SA_global cortex","rs6729308","A","G",0.438991,1.11440617904112E-4,421986,{"v":47.0313989138045,"d":"47.031"},{"v":-0.0150416,"d":"-0.015"},{"v":0.00175349,"d":"0.002"},{"v":9.60063590945344e-18,"d":"9.601E-18"},-44.357,{"v":112.0121,"d":"112.012"},{"v":0.6921,"d":"0.692"}]
["FEV1","SA_global cortex","rs67326273","G","A",0.192532,5.57991993632153E-5,421986,{"v":23.5476832859612,"d":"23.548"},{"v":0.0133963,"d":"0.013"},{"v":0.00220699,"d":"0.002"},{"v":1.29998996537545E-9,"d":"1.300E-09"},{"v":-37.0856,"d":"-37.086"},{"v":140.7445,"d":"140.745"},{"v":0.7922,"d":"0.792"}]
["FEV1","SA_global cortex","rs67551338","T","C",0.06134,6.4548734940763e-05,421986,{"v":27.2402916916111,"d":"27.240"},{"v":0.0236757,"d":"0.024"},{"v":0.00365713,"d":"0.004"},{"v":9.60063590945348E-11,"d":"9.601E-11"},{"v":96.6507,"d":"96.651"},{"v":224.5548,"d":"224.555"},{"v":0.6669,"d":"0.667"}]
["FEV1","SA_global cortex","rs6762578","A","G",0.77845,1.03939800598513E-4,421986,{"v":43.8654921862738,"d":"43.865"},{"v":0.017359,"d":"0.017"},{"v":0.00209804,"d":"0.002"},{"v":1.2998702373886e-16,"d":"1.300E-16"},{"v":62.7416,"d":"62.742"},{"v":141.5074,"d":"141.507"},{"v":0.6575,"d":"0.658"}]
["FEV1","SA_global cortex","rs6790568","T","C",0.174664,6.25238302239377e-05,421986,{"v":26.3857057086022,"d":"26.386"},{"v":-0.0147262,"d":"-0.015"},{"v":0.00228448,"d":"0.002"},{"v":1.09999319893519e-10,"d":"1.100E-10"},{"v":-152.7901,"d":"-152.790"},{"v":145.5557,"d":"145.556"},{"v":0.2939,"d":"0.294"}]
["FEV1","SA_global cortex","rs681397","T","G",0.443866,5.51500047766056e-05,421986,{"v":23.2737031604916,"d":"23.274"},{"v":0.0105692,"d":"0.011"},{"v":0.00175094,"d":"0.002"},{"v":1.60000006389793e-09,"d":"1.600E-09"},182.625,{"v":111.6842,"d":"111.684"},0.102]
["FEV1","SA_global cortex","rs681907","C","T",0.200558,7.70894391065078e-05,421986,{"v":32.5330178240171,"d":"32.533"},{"v":-0.0155049,"d":"-0.016"},{"v":2.17293E-3,"d":"0.002"},{"v":9.60063590945348e-13,"d":"9.601E-13"},{"v":-44.6629,"d":"-44.663"},{"v":135.0495,"d":"135.050"},{"v":0.7409,"d":"0.741"}]
["FEV1","SA_global cortex","rs6902142","G","A",0.181862,5.20455157906042e-05,421986,{"v":21.9635180380072,"d":"21.964"},{"v":-0.0132249,"d":"-0.013"},{"v":2.26845E-3,"d":"0.002"},{"v":5.49996593976403e-09,"d":"5.500E-09"},31.704,{"v":143.2065,"d":"143.207"},{"v":0.8248,"d":"0.825"}]
["FEV1","SA_global cortex","rs6965423","C","T",0.50901,5.25459615169365e-05,421986,{"v":22.1747202167581,"d":"22.175"},{"v":-0.0102531,"d":"-0.010"},{"v":0.00173955,"d":"0.002"},{"v":3.79996853036855e-09,"d":"3.800E-09"},17.154,{"v":109.0876,"d":"109.088"},0.875]
["FEV1","SA_global cortex","rs7004355","C","T",0.463259,0.00012449355884083,421986,{"v":52.5408309289156,"d":"52.541"},{"v":-0.0158221,"d":"-0.016"},{"v":1.74121E-3,"d":"0.002"},{"v":1e-19,"d":"1.000E-19"},{"v":-85.0536,"d":"-85.054"},{"v":109.6254,"d":"109.625"},{"v":0.4378,"d":"0.438"}]
["FEV1","SA_global cortex","rs7075773","T","C",0.410246,8.01722020634515e-05,421986,{"v":33.8340990697708,"d":"33.834"},{"v":-0.0128718,"d":"-0.013"},{"v":1.76867E-3,"d":"0.002"},{"v":3.40016505804071e-13,"d":"3.400E-13"},{"v":-45.2671,"d":"-45.267"},{"v":111.5856,"d":"111.586"},0.685]
["FEV1","SA_global cortex","rs7124681","A","C",0.408392,7.01967749876755e-05,421986,{"v":29.623995405339,"d":"29.624"},{"v":-0.0120528,"d":"-0.012"},{"v":0.00176185,"d":"0.002"},{"v":7.89950721335818e-12,"d":"7.900E-12"},{"v":-167.7354,"d":"-167.735"},{"v":111.6576,"d":"111.658"},0.133]
["FEV1","SA_global cortex","rs7132318","C","T",0.337297,5.38903140762825e-05,421986,{"v":22.7420758727775,"d":"22.742"},{"v":-0.0109793,"d":"-0.011"},{"v":1.84173E-3,"d":"0.002"},{"v":2.49999995007974e-09,"d":"2.500E-09"},3.509,{"v":116.8806,"d":"116.881"},0.976]
["FEV1","SA_global cortex","rs7211143","G","A",0.295757,4.73477938611607E-5,421986,{"v":19.9809574989648,"d":"19.981"},{"v":0.0106612,"d":"0.011"},{"v":1.91077E-3,"d":"0.002"},{"v":2.39999313805789e-08,"d":"2.400E-08"},{"v":-22.6427,"d":"-22.643"},{"v":124.5252,"d":"124.525"},{"v":0.8557,"d":"0.856"}]
["FEV1","SA_global cortex","rs72643433","A","G",0.252489,0.000112895318367121,421986,{"v":47.6453969680906,"d":"47.645"},{"v":-0.0172939,"d":"-0.017"},{"v":0.00200221,"d":"0.002"},{"v":5.79962615819643e-18,"d":"5.800E-18"},{"v":-205.2118,"d":"-205.212"},{"v":125.2606,"d":"125.261"},{"v":0.1014,"d":"0.101"}]
["FEV1","SA_global cortex","rs72666766","G","A",0.181385,5.37775624766208e-05,421986,{"v":22.6944913785623,"d":"22.694"},{"v":-0.0134569,"d":"-0.013"},{"v":0.00225303,"d":"0.002"},{"v":2.3000114603619e-09,"d":"2.300E-09"},{"v":165.2557,"d":"165.256"},143.661,{"v":0.25,"d":"0.250"}]
["FEV1","SA_global cortex","rs72718111","C","A",0.25821,5.95312827275407e-05,421986,{"v":25.1227443996983,"d":"25.123"},{"v":0.0124661,"d":"0.012"},{"v":0.00200909,"d":"0.002"},{"v":5.49996593976403e-10,"d":"5.500E-10"},{"v":228.5889,"d":"228.589"},{"v":130.7564,"d":"130.756"},{"v":0.08043,"d":"0.080"}]
["FEV1","SA_global cortex","rs72904209","C","T",0.13427,1.13728012868355E-4,421986,{"v":47.9968603697935,"d":"47.997"},{"v":-0.0221176,"d":"-0.022"},{"v":2.54798E-3,"d":"0.003"},{"v":3.90031784475066e-18,"d":"3.900E-18"},{"v":168.4936,"d":"168.494"},{"v":164.3422,"d":"164.342"},{"v":0.3052,"d":"0.305"}]
["FEV1","SA_global cortex","rs72976986","A","G",0.190197,5.66512218852129e-05,421986,{"v":23.9072635917041,"d":"23.907"},{"v":0.0135612,"d":"0.014"},{"v":0.00223359,"d":"0.002"},{"v":1.29998996537545E-9,"d":"1.300E-09"},338.417,{"v":154.2253,"d":"154.225"},{"v":0.02821,"d":"0.028"}]
["FEV1","SA_global cortex","rs7320104","G","A",0.150307,4.62236600760268e-05,421986,{"v":19.5065466375031,"d":"19.507"},{"v":-0.0134523,"d":"-0.013"},{"v":2.43896E-3,"d":"0.002"},{"v":3.50001576071014e-08,"d":"3.500E-08"},{"v":-283.2226,"d":"-283.223"},{"v":157.3147,"d":"157.315"},{"v":0.0718,"d":"0.072"}]
["FEV1","SA_global cortex","rs7336610","T","C",0.575324,5.99251656739893e-05,421986,{"v":25.2889765578826,"d":"25.289"},{"v":-0.011074,"d":"-0.011"},{"v":0.00176087,"d":"0.002"},{"v":3.20000015974484E-10,"d":"3.200E-10"},{"v":8.2602,"d":"8.260"},{"v":110.1262,"d":"110.126"},{"v":0.9402,"d":"0.940"}]
["FEV1","SA_global cortex","rs735830","A","G",0.208865,6.00954684131587e-05,421986,{"v":25.3608502150314,"d":"25.361"},{"v":-0.0134849,"d":"-0.013"},{"v":0.0021364,"d":"0.002"},{"v":2.80001269243454e-10,"d":"2.800E-10"},{"v":-95.0112,"d":"-95.011"},{"v":136.9918,"d":"136.992"},0.488]
["FEV1","SA_global cortex","rs7359156","G","A",0.209384,6.09585701833216E-5,421986,{"v":25.7251094461284,"d":"25.725"},{"v":-0.013569,"d":"-0.014"},{"v":0.00214141,"d":"0.002"},{"v":2.39999313805789e-10,"d":"2.400E-10"},{"v":-38.1004,"d":"-38.100"},136.111,{"v":0.7795,"d":"0.780"}]
["FEV1","SA_global cortex","rs73923824","A","C",0.187487,4.9589515060956e-05,421986,{"v":20.9270196842403,"d":"20.927"},{"v":0.0127579,"d":"0.013"},{"v":0.00225261,"d":"0.002"},{"v":1.49999565138204e-08,"d":"1.500E-08"},{"v":1.9154,"d":"1.915"},{"v":151.0954,"d":"151.095"},{"v":0.9899,"d":"0.990"}]
["FEV1","SA_global cortex","rs7402983","C","A",0.601505,6.12657678267612e-05,421986,{"v":25.8547577821955,"d":"25.855"},{"v":-0.0113048,"d":"-0.011"},{"v":0.00179997,"d":"0.002"},{"v":3.4000084782586e-10,"d":"3.400E-10"},{"v":39.5493,"d":"39.549"},{"v":117.3451,"d":"117.345"},{"v":0.7361,"d":"0.736"}]
["FEV1","SA_global cortex","rs7493429","C","A",0.304929,6.57089463319527e-05,421986,{"v":27.7299461144838,"d":"27.730"},{"v":0.0124504,"d":"0.012"},{"v":0.00189746,"d":"0.002"},{"v":5.30029448835795e-11,"d":"5.300E-11"},{"v":-108.7246,"d":"-108.725"},{"v":118.9824,"d":"118.982"},{"v":0.3608,"d":"0.361"}]
["FEV1","SA_global cortex","rs75166711","A","G",0.144555,5.19655603070232e-05,421986,{"v":21.929774593623,"d":"21.930"},{"v":0.0144954,"d":"0.014"},{"v":0.00248171,"d":"0.002"},{"v":5.19995996533515e-09,"d":"5.200E-09"},{"v":370.0253,"d":"370.025"},{"v":159.0236,"d":"159.024"},{"v":0.01997,"d":"0.020"}]
["FEV1","SA_global cortex","rs75216331","A","G",0.237224,5.56597279475049e-05,421986,{"v":23.4888220196433,"d":"23.489"},{"v":-0.0124016,"d":"-0.012"},{"v":0.00204074,"d":"0.002"},{"v":1.19999655704811E-9,"d":"1.200E-09"},5.155,{"v":129.2247,"d":"129.225"},{"v":0.9682,"d":"0.968"}]
["FEV1","SA_global cortex","rs75301758","T","C",0.18351,4.65396448336809E-5,421986,{"v":19.6398995194442,"d":"19.640"},{"v":-0.0124621,"d":"-0.012"},{"v":0.00223767,"d":"0.002"},{"v":2.59997995670925e-08,"d":"2.600E-08"},-224.004,{"v":175.2115,"d":"175.212"},{"v":0.2011,"d":"0.201"}]
["FEV1","SA_global cortex","rs75421844","C","T",0.083714,7.94700810373544e-05,421986,{"v":33.5377679256018,"d":"33.538"},{"v":0.02276,"d":"0.023"},{"v":3.14204E-3,"d":"0.003"},{"v":4.40047947835983e-13,"d":"4.400E-13"},{"v":-129.8051,"d":"-129.805"},{"v":199.9677,"d":"199.968"},{"v":0.5163,"d":"0.516"}]
["FEV1","SA_global cortex","rs75831829","T","C",0.234053,7.66630665761357e-05,421986,{"v":32.3530677714526,"d":"32.353"},{"v":-0.0146225,"d":"-0.015"},{"v":0.0020589,"d":"0.002"},{"v":1.20005182020427e-12,"d":"1.200E-12"},{"v":71.2073,"d":"71.207"},{"v":133.0817,"d":"133.082"},{"v":0.5926,"d":"0.593"}]
["FEV1","SA_global cortex","rs76010139","A","G",0.031028,8.07391480367304e-05,421986,{"v":34.0733797007794,"d":"34.073"},{"v":0.0366433,"d":"0.037"},{"v":5.07888E-3,"d":"0.005"},{"v":5.40007759066593e-13,"d":"5.400E-13"},{"v":92.4819,"d":"92.482"},{"v":307.0749,"d":"307.075"},{"v":0.7633,"d":"0.763"}]
["FEV1","SA_global cortex","rs761422","G","A",0.49067,7.00482744484262e-05,421986,{"v":29.5613217644247,"d":"29.561"},{"v":0.0118383,"d":"0.012"},{"v":0.00173246,"d":"0.002"},{"v":8.30041869715702e-12,"d":"8.300E-12"},79.962,{"v":112.0636,"d":"112.064"},{"v":0.4755,"d":"0.476"}]
["FEV1","SA_global cortex","rs76226639","T","G",0.080255,5.55350301085755E-5,421986,{"v":23.4361956751696,"d":"23.436"},{"v":-0.0193954,"d":"-0.019"},{"v":0.0032029,"d":"0.003"},{"v":1.40000633223953e-09,"d":"1.400E-09"},{"v":215.2022,"d":"215.202"},{"v":198.3678,"d":"198.368"},0.278]
["FEV1","SA_global cortex","rs7630228","C","T",0.434209,9.50608393467462e-05,421986,{"v":40.1179668785017,"d":"40.118"},{"v":0.0139094,"d":"0.014"},{"v":1.76048E-3,"d":"0.002"},{"v":2.80027059501064e-15,"d":"2.800E-15"},{"v":93.9048,"d":"93.905"},{"v":111.9123,"d":"111.912"},{"v":0.4014,"d":"0.401"}]
["FEV1","SA_global cortex","rs7663740","T","G",0.542403,0.000406032913426455,421986,{"v":171.408990631202,"d":"171.409"},{"v":0.0285998,"d":"0.029"},{"v":0.00173867,"d":"0.002"},{"v":8.49962959449622e-61,"d":"8.500E-61"},{"v":-51.6272,"d":"-51.627"},{"v":110.8906,"d":"110.891"},{"v":0.6415,"d":"0.642"}]
["FEV1","SA_global cortex","rs76785101","T","C",0.059317,5.73473511304324E-5,421986,{"v":24.201052485679,"d":"24.201"},{"v":-0.0226689,"d":"-0.023"},{"v":0.00369598,"d":"0.004"},{"v":8.60003066888856E-10,"d":"8.600E-10"},{"v":-34.8673,"d":"-34.867"},{"v":255.2679,"d":"255.268"},{"v":0.8914,"d":"0.891"}]
["FEV1","SA_global cortex","rs7723049","G","A",0.198601,7.12637299469351e-05,421986,{"v":30.074297024509,"d":"30.074"},{"v":-0.0149625,"d":"-0.015"},{"v":0.00218333,"d":"0.002"},{"v":7.1994612744084e-12,"d":"7.199E-12"},{"v":126.0217,"d":"126.022"},{"v":173.5848,"d":"173.585"},{"v":0.4678,"d":"0.468"}]
["FEV1","SA_global cortex","rs7733410","A","G",0.442953,0.00020249220026295,421986,{"v":85.465774788545,"d":"85.466"},{"v":0.0202565,"d":"0.020"},{"v":0.00174619,"d":"0.002"},{"v":4.10015240506613E-31,"d":"4.100E-31"},{"v":-51.6356,"d":"-51.636"},115.647,{"v":0.6552,"d":"0.655"}]
["FEV1","SA_global cortex","rs7753558","A","C",0.63408,4.52365278502319e-05,421986,{"v":19.0899545316121,"d":"19.090"},{"v":0.00987335,"d":"0.010"},{"v":0.00181129,"d":"0.002"},{"v":4.99999995007974e-08,"d":"5.000E-08"},31.462,{"v":115.5671,"d":"115.567"},{"v":0.7854,"d":"0.785"}]
["FEV1","SA_global cortex","rs777707","A","G",0.531166,7.44228068661458e-05,421986,{"v":31.4075711722072,"d":"31.408"},{"v":0.012224,"d":"0.012"},{"v":0.0017418,"d":"0.002"},{"v":2.29985258668621e-12,"d":"2.300E-12"},{"v":108.5287,"d":"108.529"},{"v":110.4994,"d":"110.499"},0.326]
["FEV1","SA_global cortex","rs7778674","G","A",0.421388,8.69214950824588e-05,421986,{"v":36.6826686932827,"d":"36.683"},{"v":0.013351,"d":"0.013"},{"v":0.00175562,"d":"0.002"},{"v":2.90001336905407E-14,"d":"2.900E-14"},{"v":53.7792,"d":"53.779"},{"v":109.9622,"d":"109.962"},{"v":0.6248,"d":"0.625"}]
["FEV1","SA_global cortex","rs78101726","G","A",0.152397,0.000131734833303012,421986,{"v":55.5973159996936,"d":"55.597"},{"v":-0.0225814,"d":"-0.023"},{"v":2.41391E-3,"d":"0.002"},{"v":8.40040065263766e-21,"d":"8.400E-21"},{"v":-38.9314,"d":"-38.931"},{"v":155.3857,"d":"155.386"},{"v":0.8022,"d":"0.802"}]
["FEV1","SA_global cortex","rs784257","C","T",0.812414,4.65965658140141e-05,421986,{"v":19.6639214996732,"d":"19.664"},{"v":-0.0123644,"d":"-0.012"},{"v":0.0022371,"d":"0.002"},{"v":3.29997006285229E-8,"d":"3.300E-08"},{"v":124.5698,"d":"124.570"},{"v":141.4278,"d":"141.428"},{"v":0.3784,"d":"0.378"}]
["FEV1","SA_global cortex","rs784808","C","T",0.556276,4.65212757220188e-05,421986,{"v":19.6321473268192,"d":"19.632"},{"v":0.00970754,"d":"0.010"},{"v":1.75016E-3,"d":"0.002"},{"v":2.90001336905407E-8,"d":"2.900E-08"},{"v":-139.8951,"d":"-139.895"},{"v":109.8912,"d":"109.891"},0.203]
["FEV1","SA_global cortex","rs78579285","T","C",0.181123,9.00012961689401e-05,421986,{"v":37.9825254390753,"d":"37.983"},{"v":-0.0174186,"d":"-0.017"},{"v":0.00225239,"d":"0.002"},{"v":1E-14,"d":"1.000E-14"},{"v":-205.9851,"d":"-205.985"},{"v":154.6641,"d":"154.664"},{"v":0.1829,"d":"0.183"}]
["FEV1","SA_global cortex","rs7930706","A","G",0.26492,5.02182154004254e-05,421986,{"v":21.1923476494122,"d":"21.192"},{"v":0.0113551,"d":"0.011"},{"v":0.00197209,"d":"0.002"},{"v":8.50002102591718E-9,"d":"8.500E-09"},{"v":68.6021,"d":"68.602"},{"v":122.5498,"d":"122.550"},{"v":0.5756,"d":"0.576"}]
["FEV1","SA_global cortex","rs7961994","T","A",0.609755,6.01656949162101e-05,421986,{"v":25.3904882398912,"d":"25.390"},{"v":0.0112438,"d":"0.011"},{"v":0.00177642,"d":"0.002"},{"v":2.49999995007974e-10,"d":"2.500E-10"},{"v":242.3104,"d":"242.310"},{"v":111.5456,"d":"111.546"},{"v":0.02983,"d":"0.030"}]
["FEV1","SA_global cortex","rs8034236","T","C",0.624791,4.53161324180569e-05,421986,{"v":19.1235494275995,"d":"19.124"},{"v":0.00983122,"d":"0.010"},{"v":1.79312E-3,"d":"0.002"},{"v":4.20000686246631e-08,"d":"4.200E-08"},{"v":41.1712,"d":"41.171"},{"v":112.8675,"d":"112.868"},{"v":0.7153,"d":"0.715"}]
["FEV1","SA_global cortex","rs803765","A","C",0.346274,6.04233932196364e-05,421986,{"v":25.4992459153578,"d":"25.499"},{"v":-0.0115526,"d":"-0.012"},{"v":0.00182565,"d":"0.002"},{"v":2.49999995007974e-10,"d":"2.500E-10"},{"v":105.3579,"d":"105.358"},{"v":114.4395,"d":"114.440"},{"v":0.3572,"d":"0.357"}]
["FEV1","SA_global cortex","rs8062719","G","A",0.635212,7.65343364455499e-05,421986,{"v":32.2987373930733,"d":"32.299"},{"v":0.0128509,"d":"0.013"},{"v":1.81379E-3,"d":"0.002"},{"v":1.39990962656834e-12,"d":"1.400E-12"},{"v":280.1271,"d":"280.127"},{"v":115.1792,"d":"115.179"},{"v":0.01501,"d":"0.015"}]
["FEV1","SA_global cortex","rs8069671","T","G",0.390081,7.54226029793906e-05,421986,{"v":31.8295323618375,"d":"31.830"},{"v":-0.0125899,"d":"-0.013"},{"v":1.77871E-3,"d":"0.002"},{"v":1.50003019045595E-12,"d":"1.500E-12"},{"v":-91.9046,"d":"-91.905"},{"v":114.4375,"d":"114.438"},{"v":0.4219,"d":"0.422"}]
["FEV1","SA_global cortex","rs841217","C","T",0.542519,5.24519926562761e-05,421986,{"v":22.1350626972121,"d":"22.135"},{"v":-0.0102795,"d":"-0.010"},{"v":1.74789E-3,"d":"0.002"},{"v":4.09996359041765e-09,"d":"4.100E-09"},{"v":5.1382,"d":"5.138"},{"v":112.1691,"d":"112.169"},{"v":0.9635,"d":"0.964"}]
["FEV1","SA_global cortex","rs853678","A","T",0.163236,0.000125139429806905,421986,{"v":52.8134461921796,"d":"52.813"},{"v":-0.0214029,"d":"-0.021"},{"v":0.00234368,"d":"0.002"},{"v":6.70038873807757e-20,"d":"6.700E-20"},{"v":43.42,"d":"43.420"},{"v":152.8366,"d":"152.837"},{"v":0.7763,"d":"0.776"}]
["FEV1","SA_global cortex","rs876531","T","C",0.455993,{"$f":"2*F197*(1-F197)*J197*J197","v":0.000134481756941343},421986,{"$f":"G197/(1-G197)*(H197-2)","v":{"v":56.756782472961,"d":"56.757"}},{"v":-0.016464,"d":"-0.016"},{"v":0.00174605,"d":"0.002"},{"v":4.10015240506613e-21,"d":"4.100E-21"},{"v":54.6355,"d":"54.636"},{"v":114.7242,"d":"114.724"},{"v":0.6339,"d":"0.634"}]
["FEV1","SA_global cortex","rs879098","G","A",0.39884,6.23015634864502e-05,421986,{"v":26.2919009928051,"d":"26.292"},{"v":-0.0113983,"d":"-0.011"},{"v":1.77623E-3,"d":"0.002"},{"v":1.40000633223953E-10,"d":"1.400E-10"},{"v":-133.3356,"d":"-133.336"},114.982,{"v":0.2462,"d":"0.246"}]
["FEV1","SA_global cortex","rs879394","T","G",0.233436,0.00013040368162288,421986,{"v":55.0354440104679,"d":"55.035"},{"v":-0.0190885,"d":"-0.019"},{"v":0.00205722,"d":"0.002"},{"v":1.69980851320349e-20,"d":"1.700E-20"},{"v":-57.6185,"d":"-57.619"},{"v":130.2492,"d":"130.249"},{"v":0.6582,"d":"0.658"}]
["FEV1","SA_global cortex","rs9295","A","G",0.295687,5.79273809792533e-05,421986,{"v":24.4458440188691,"d":"24.446"},{"v":0.0117931,"d":"0.012"},{"v":0.00190411,"d":"0.002"},{"v":5.89997267139772e-10,"d":"5.900E-10"},{"v":166.0793,"d":"166.079"},{"v":120.1278,"d":"120.128"},{"v":0.1668,"d":"0.167"}]
["FEV1","SA_global cortex","rs9310389","T","C",0.5454,4.96641625633076E-5,421986,{"v":20.9585228626013,"d":"20.959"},{"v":0.0100077,"d":"0.010"},{"v":1.74847E-3,"d":"0.002"},{"v":1E-8,"d":"1.000E-08"},{"v":118.7455,"d":"118.746"},{"v":110.9187,"d":"110.919"},{"v":0.2844,"d":"0.284"}]
["FEV1","SA_global cortex","rs9322332","A","C",0.45633,8.9188242197488e-05,421986,{"v":37.6393681845506,"d":"37.639"},{"v":0.013407,"d":"0.013"},{"v":0.00174017,"d":"0.002"},{"v":1.2998702373886E-14,"d":"1.300E-14"},{"v":127.9428,"d":"127.943"},{"v":110.3148,"d":"110.315"},{"v":0.2461,"d":"0.246"}]
["FEV1","SA_global cortex","rs9379084","A","G",0.115664,6.10451902292778e-05,421986,{"v":25.7616661795241,"d":"25.762"},{"v":-0.0172744,"d":"-0.017"},{"v":0.00279331,"d":"0.003"},{"v":6.19997588072324e-10,"d":"6.200E-10"},{"v":10.9124,"d":"10.912"},{"v":189.3083,"d":"189.308"},0.954]
["FEV1","SA_global cortex","rs9535455","A","G",0.211,4.63650009076395e-05,421986,{"v":19.5661957296921,"d":"19.566"},{"v":-0.0118005,"d":"-0.012"},{"v":0.0021458,"d":"0.002"},{"v":3.79996853036855e-08,"d":"3.800E-08"},{"v":-232.2796,"d":"-232.280"},{"v":137.5923,"d":"137.592"},{"v":0.09138,"d":"0.091"}]
["FEV1","SA_global cortex","rs9886260","A","G",0.722783,6.60973406155798e-05,421986,{"v":27.8938638925476,"d":"27.894"},{"v":-0.0128429,"d":"-0.013"},{"v":0.00194321,"d":"0.002"},{"v":3.90031784475066e-11,"d":"3.900E-11"},{"v":-106.6846,"d":"-106.685"},{"v":123.3205,"d":"123.321"},0.387]
["FEV1","SA_global cortex","rs9912553","G","C",0.723438,0.000159985148591115,421986,{"v":67.5219754563497,"d":"67.522"},{"v":0.0199953,"d":"0.020"},{"v":0.00194048,"d":"0.002"},{"v":6.70038873807757e-25,"d":"6.700E-25"},{"v":229.0876,"d":"229.088"},{"v":131.2975,"d":"131.298"},{"v":0.08102,"d":"0.081"}]
["FEV1","SA_global cortex","rs9988963","G","C",0.737251,4.63140543112529E-5,421986,{"v":19.5446950885496,"d":"19.545"},{"v":0.0109336,"d":"0.011"},{"v":0.00197337,"d":"0.002"},{"v":2.99999133271615e-08,"d":"3.000E-08"},{"v":-44.9227,"d":"-44.923"},{"v":124.63,"d":"124.630"},{"v":0.7185,"d":"0.719"}]
["FEV1","SA_supramarginal","rs10107584","T","C",0.611245,4.58465872768961e-05,421986,{"v":19.3474132983261,"d":"19.347"},{"v":0.00982184,"d":"0.010"},{"v":1.79714E-3,"d":"0.002"},{"v":4.60002296665068e-08,"d":"4.600E-08"},{"v":-1.9418,"d":"-1.942"},{"v":2.5487,"d":"2.549"},{"v":0.4461,"d":"0.446"}]
["FEV1","SA_supramarginal","rs10141786","G","A",0.596493,7.05065437591767e-05,421986,{"v":29.7547312649344,"d":"29.755"},{"v":-0.0121024,"d":"-0.012"},{"v":1.77709E-3,"d":"0.002"},{"v":9.70063133783958e-12,"d":"9.701E-12"},{"v":2.9953,"d":"2.995"},{"v":2.7993,"d":"2.799"},{"v":0.2846,"d":"0.285"}]
["FEV1","SA_supramarginal","rs10167980","G","A",0.734288,4.8279112523256e-05,421986,{"v":20.3739966574909,"d":"20.374"},{"v":-0.0111231,"d":"-0.011"},{"v":1.96218E-3,"d":"0.002"},{"v":1.40000633223953E-8,"d":"1.400E-08"},{"v":-0.4754,"d":"-0.475"},{"v":2.8505,"d":"2.851"},{"v":0.8675,"d":"0.868"}]
["FEV1","SA_supramarginal","rs10283100","G","A",0.944478,6.6090898474265e-05,421986,{"v":27.8911450526003,"d":"27.891"},{"v":0.0251031,"d":"0.025"},{"v":0.00379228,"d":"0.004"},{"v":3.59997927043357e-11,"d":"3.600E-11"},7.131,{"v":6.5194,"d":"6.519"},0.274]
["FEV1","SA_supramarginal","rs10490551","A","T",0.276305,7.51379145854287e-05,421986,{"v":31.709380325128,"d":"31.709"},{"v":0.013707,"d":"0.014"},{"v":0.00193897,"d":"0.002"},{"v":1.5999263828686E-12,"d":"1.600E-12"},{"v":-2.1453,"d":"-2.145"},{"v":2.7618,"d":"2.762"},{"v":0.4373,"d":"0.437"}]
["FEV1","SA_supramarginal","rs10789246","C","T",0.301089,5.20235638625794e-05,421986,{"v":21.9542537115067,"d":"21.954"},{"v":-0.011118,"d":"-0.011"},{"v":0.00188847,"d":"0.002"},{"v":3.89995862874433e-09,"d":"3.900E-09"},{"v":-3.8887,"d":"-3.889"},{"v":2.7049,"d":"2.705"},{"v":0.1505,"d":"0.151"}]
["FEV1","SA_supramarginal","rs10797116","C","T",0.542079,7.98684142926156e-05,421986,{"v":33.7058849724402,"d":"33.706"},{"v":-0.0126837,"d":"-0.013"},{"v":1.74658E-3,"d":"0.002"},{"v":3.80014352941586e-13,"d":"3.800E-13"},{"v":-0.3848,"d":"-0.385"},{"v":2.4929,"d":"2.493"},{"v":0.8773,"d":"0.877"}]
["FEV1","SA_supramarginal","rs10851839","A","T",0.668554,4.72929853022601e-05,421986,{"v":19.9578269750067,"d":"19.958"},{"v":0.0103302,"d":"0.010"},{"v":0.00184696,"d":"0.002"},{"v":2.19998641983516e-08,"d":"2.200E-08"},{"v":-1.1495,"d":"-1.150"},{"v":2.6271,"d":"2.627"},{"v":0.6617,"d":"0.662"}]
["FEV1","SA_supramarginal","rs10911335","C","T",0.21106,8.54138636940176e-05,421986,{"v":36.046362716168,"d":"36.046"},{"v":0.0160149,"d":"0.016"},{"v":0.00212544,"d":"0.002"},{"v":4.90004422793237e-14,"d":"4.900E-14"},{"v":1.7039,"d":"1.704"},{"v":3.0122,"d":"3.012"},{"v":0.5716,"d":"0.572"}]
["FEV1","SA_supramarginal","rs10965947","T","C",0.458692,8.33741345031673e-05,421986,{"v":35.1854843334879,"d":"35.185"},{"v":0.0129574,"d":"0.013"},{"v":0.00174086,"d":"0.002"},{"v":9.79941161095592e-14,"d":"9.799E-14"},{"v":-0.4004,"d":"-0.400"},{"v":2.6641,"d":"2.664"},{"v":0.8805,"d":"0.881"}]
["FEV1","SA_supramarginal","rs11049229","T","A",0.054116,4.66525515018772E-5,421986,{"v":19.687548767351,"d":"19.688"},{"v":0.0213472,"d":"0.021"},{"v":0.00387585,"d":"0.004"},{"v":3.59997927043357E-8,"d":"3.600E-08"},{"v":-2.7541,"d":"-2.754"},{"v":5.6682,"d":"5.668"},{"v":0.6271,"d":"0.627"}]
["FEV1","SA_supramarginal","rs11049381","A","G",0.564116,8.9027429512621e-05,421986,{"v":37.5714957091398,"d":"37.571"},{"v":0.0134548,"d":"0.013"},{"v":1.75227E-3,"d":"0.002"},{"v":1.5999263828686E-14,"d":"1.600E-14"},3.172,{"v":2.5078,"d":"2.508"},{"v":0.2059,"d":"0.206"}]
["FEV1","SA_supramarginal","rs11107119","A","T",0.219982,1.50950514403929E-4,421986,{"v":63.708318673703,"d":"63.708"},{"v":0.0209728,"d":"0.021"},{"v":2.09596E-3,"d":"0.002"},{"v":1.39990962656834E-23,"d":"1.400E-23"},{"v":1.7133,"d":"1.713"},{"v":2.9869,"d":"2.987"},{"v":0.5662,"d":"0.566"}]
["FEV1","SA_supramarginal","rs11111130","A","G",0.176753,6.04026470803273e-05,421986,{"v":25.4904903186355,"d":"25.490"},{"v":0.0144067,"d":"0.014"},{"v":0.00227815,"d":"0.002"},{"v":2.59997995670925E-10,"d":"2.600E-10"},{"v":6.5031,"d":"6.503"},{"v":3.2978,"d":"3.298"},{"v":0.04862,"d":"0.049"}]
["FEV1","SA_supramarginal","rs11134789","A","C",0.341728,9.26445220486195e-05,421986,{"v":39.0981282195666,"d":"39.098"},{"v":-0.01435,"d":"-0.014"},{"v":1.82876E-3,"d":"0.002"},{"v":4.30031233630544e-15,"d":"4.300E-15"},{"v":-0.7383,"d":"-0.738"},{"v":2.6124,"d":"2.612"},{"v":0.7775,"d":"0.778"}]
["FEV1","SA_supramarginal","rs11166592","T","G",0.577472,7.71708226681496e-05,421986,{"v":32.5673656831983,"d":"32.567"},{"v":0.0125753,"d":"0.013"},{"v":0.00176215,"d":"0.002"},{"v":9.60063590945348e-13,"d":"9.601E-13"},{"v":0.6788,"d":"0.679"},{"v":2.5101,"d":"2.510"},{"v":0.7868,"d":"0.787"}]
["FEV1","SA_supramarginal","rs11231173","A","T",0.397259,6.23401295407736e-05,421986,{"v":26.3081772793134,"d":"26.308"},{"v":0.0114095,"d":"0.011"},{"v":1.77764E-3,"d":"0.002"},{"v":1.40000633223953E-10,"d":"1.400E-10"},{"v":-3.4586,"d":"-3.459"},{"v":2.5659,"d":"2.566"},{"v":0.1777,"d":"0.178"}]
["FEV1","SA_supramarginal","rs11259936","C","A",0.52286,0.000265694338869797,421986,{"v":112.148557130374,"d":"112.149"},{"v":0.023076,"d":"0.023"},{"v":0.00173772,"d":"0.002"},{"v":2.99985318119079e-40,"d":"3.000E-40"},{"v":-2.9244,"d":"-2.924"},{"v":2.4796,"d":"2.480"},{"v":0.2383,"d":"0.238"}]
["FEV1","SA_supramarginal","rs112635299","T","G",0.02048,5.99406836577107e-05,421986,{"v":25.2955256837183,"d":"25.296"},{"v":0.0386522,"d":"0.039"},{"v":0.00614151,"d":"0.006"},{"v":3.09998790941119e-10,"d":"3.100E-10"},{"v":6.1845,"d":"6.185"},{"v":9.6197,"d":"9.620"},{"v":0.5203,"d":"0.520"}]
["FEV1","SA_supramarginal","rs11559147","G","C",0.709183,6.19349085803197e-05,421986,{"v":26.1371592649273,"d":"26.137"},{"v":0.0122536,"d":"0.012"},{"v":0.00192261,"d":"0.002"},{"v":1.79998961724559E-10,"d":"1.800E-10"},{"v":0.2066,"d":"0.207"},{"v":2.8816,"d":"2.882"},{"v":0.9428,"d":"0.943"}]
["FEV1","SA_supramarginal","rs1155938","A","C",0.493871,0.000183402634522083,421986,{"v":77.4071740058101,"d":"77.407"},{"v":0.0191536,"d":"0.019"},{"v":0.0017344,"d":"0.002"},{"v":2.39993787680987e-28,"d":"2.400E-28"},-4.212,{"v":2.4907,"d":"2.491"},{"v":0.09081,"d":"0.091"}]
["FEV1","SA_supramarginal","rs11576892","C","T",0.083935,6.68380869993151E-5,421986,{"v":28.2064885720561,"d":"28.206"},{"v":-0.0208479,"d":"-0.021"},{"v":3.12824E-3,"d":"0.003"},{"v":2.70022528688824e-11,"d":"2.700E-11"},{"v":-3.0957,"d":"-3.096"},{"v":4.5724,"d":"4.572"},{"v":0.4984,"d":"0.498"}]
["FEV1","SA_supramarginal","rs11588312","T","C",0.071357,9.07790999773809E-5,421986,{"v":38.3108055453019,"d":"38.311"},{"v":-0.0261719,"d":"-0.026"},{"v":3.37433E-3,"d":"0.003"},{"v":8.80035111687322e-15,"d":"8.800E-15"},{"v":4.8946,"d":"4.895"},{"v":5.1202,"d":"5.120"},{"v":0.3391,"d":"0.339"}]
["FEV1","SA_supramarginal","rs11621587","C","G",0.183978,0.000128027780905798,421986,{"v":54.0325927707012,"d":"54.033"},{"v":0.0206492,"d":"0.021"},{"v":0.00223832,"d":"0.002"},{"v":2.80027059501063E-20,"d":"2.800E-20"},{"v":2.2965,"d":"2.297"},3.245,{"v":0.4791,"d":"0.479"}]
["FEV1","SA_supramarginal","rs11623570","A","C",0.232947,4.8919748289392e-05,421986,{"v":20.6443609790935,"d":"20.644"},{"v":-0.0117,"d":"-0.012"},{"v":2.05404E-3,"d":"0.002"},{"v":1.19999655704812E-8,"d":"1.200E-08"},{"v":-2.0806,"d":"-2.081"},{"v":3.0346,"d":"3.035"},{"v":0.4929,"d":"0.493"}]
["FEV1","SA_supramarginal","rs11641308","C","T",0.654691,5.22661440919687e-05,421986,{"v":22.0566293634738,"d":"22.057"},{"v":-0.0107516,"d":"-0.011"},{"v":0.00184605,"d":"0.002"},{"v":5.69993627094142e-09,"d":"5.700E-09"},{"v":-0.3302,"d":"-0.330"},{"v":2.8171,"d":"2.817"},{"v":0.9067,"d":"0.907"}]
["FEV1","SA_supramarginal","rs11694842","G","A",0.336566,5.27032623531681E-5,421986,{"v":22.2411056396648,"d":"22.241"},{"v":-0.0108635,"d":"-0.011"},{"v":0.00183761,"d":"0.002"},{"v":3.4000084782586e-09,"d":"3.400E-09"},{"v":-3.0475,"d":"-3.048"},{"v":2.6316,"d":"2.632"},{"v":0.2468,"d":"0.247"}]
["FEV1","SA_supramarginal","rs11699903","A","G",0.123342,5.5877288214736E-5,421986,{"v":23.5806392121807,"d":"23.581"},{"v":-0.0160743,"d":"-0.016"},{"v":0.00266362,"d":"0.003"},{"v":1.60000006389793e-09,"d":"1.600E-09"},{"v":2.5149,"d":"2.515"},{"v":3.7076,"d":"3.708"},{"v":0.4976,"d":"0.498"}]
["FEV1","SA_supramarginal","rs11707746","C","T",0.286941,5.77976124903816e-05,421986,{"v":24.3910774551842,"d":"24.391"},{"v":-0.0118845,"d":"-0.012"},{"v":0.00192893,"d":"0.002"},{"v":7.19995861275188E-10,"d":"7.200E-10"},{"v":-2.6347,"d":"-2.635"},{"v":2.7955,"d":"2.796"},{"v":0.3459,"d":"0.346"}]
["FEV1","SA_supramarginal","rs1187115","A","C",0.830007,2.28574532522613E-4,421986,{"v":96.4768476823807,"d":"96.477"},{"v":-0.0284605,"d":"-0.028"},{"v":2.30876E-3,"d":"0.002"},{"v":6.49980009683024e-35,"d":"6.500E-35"},{"v":3.8498,"d":"3.850"},{"v":3.3293,"d":"3.329"},{"v":0.2475,"d":"0.248"}]
["FEV1","SA_supramarginal","rs11877758","G","T",0.3121,5.8965846097212e-05,421986,{"v":24.8841109121402,"d":"24.884"},{"v":-0.0117186,"d":"-0.012"},{"v":1.88255E-3,"d":"0.002"},{"v":4.7999863240391E-10,"d":"4.800E-10"},{"v":1.6185,"d":"1.619"},{"v":2.7102,"d":"2.710"},{"v":0.5504,"d":"0.550"}]
["FEV1","SA_supramarginal","rs11883412","T","G",0.100546,6.56337523565205e-05,421986,{"v":27.6982112919546,"d":"27.698"},{"v":-0.0190492,"d":"-0.019"},{"v":0.00289518,"d":"0.003"},{"v":4.70002318179801e-11,"d":"4.700E-11"},{"v":-6.4103,"d":"-6.410"},{"v":4.1702,"d":"4.170"},{"v":0.1242,"d":"0.124"}]
["FEV1","SA_supramarginal","rs11909473","G","A",0.28953,5.04702207717938E-5,421986,{"v":21.2987005922857,"d":"21.299"},{"v":0.011076,"d":"0.011"},{"v":1.92519E-3,"d":"0.002"},{"v":8.79994585505891e-09,"d":"8.800E-09"},0.416,{"v":2.7349,"d":"2.735"},{"v":0.8791,"d":"0.879"}]
["FEV1","SA_supramarginal","rs11938781","C","T",0.165403,0.000284467858130144,421986,{"v":120.075042135242,"d":"120.075"},{"v":-0.032099,"d":"-0.032"},{"v":0.0023426,"d":"0.002"},{"v":9.79941161095593e-43,"d":"9.799E-43"},{"v":-5.8091,"d":"-5.809"},{"v":3.4178,"d":"3.418"},{"v":0.08919,"d":"0.089"}]
["FEV1","SA_supramarginal","rs12152266","T","C",0.27447,7.95324727723686E-5,421986,{"v":33.5641004262785,"d":"33.564"},{"v":0.0141313,"d":"0.014"},{"v":0.00194446,"d":"0.002"},{"v":3.69998531172859e-13,"d":"3.700E-13"},{"v":-2.3219,"d":"-2.322"},{"v":2.8524,"d":"2.852"},{"v":0.4156,"d":"0.416"}]
["FEV1","SA_supramarginal","rs12358810","A","G",0.392273,6.2173584888256e-05,421986,{"v":26.2378893491266,"d":"26.238"},{"v":-0.0114193,"d":"-0.011"},{"v":1.78594E-3,"d":"0.002"},{"v":1.60000006389793E-10,"d":"1.600E-10"},{"v":-0.6392,"d":"-0.639"},{"v":2.5366,"d":"2.537"},{"v":0.8011,"d":"0.801"}]
["FEV1","SA_supramarginal","rs12413039","G","C",0.267488,7.90435445750635e-05,421986,{"v":33.357747828591,"d":"33.358"},{"v":0.0142023,"d":"0.014"},{"v":0.00195704,"d":"0.002"},{"v":4.00036851046125e-13,"d":"4.000E-13"},{"v":4.3622,"d":"4.362"},{"v":2.8196,"d":"2.820"},{"v":0.1218,"d":"0.122"}]
["FEV1","SA_supramarginal","rs12571363","A","C",0.10664,9.91724246453693e-05,421986,{"v":41.8533271374832,"d":"41.853"},{"v":-0.0228143,"d":"-0.023"},{"v":0.00281378,"d":"0.003"},{"v":5.10035023959446e-16,"d":"5.100E-16"},{"v":1.9611,"d":"1.961"},{"v":4.1303,"d":"4.130"},{"v":0.6349,"d":"0.635"}]
["FEV1","SA_supramarginal","rs12641030","G","A",0.467529,8.61398202509326e-05,421986,{"v":36.3527573287515,"d":"36.353"},{"v":-0.0131533,"d":"-0.013"},{"v":0.00173853,"d":"0.002"},{"v":3.90031784475066e-14,"d":"3.900E-14"},{"v":1.1287,"d":"1.129"},{"v":2.4756,"d":"2.476"},{"v":0.6484,"d":"0.648"}]
["FEV1","SA_supramarginal","rs12645165","C","T",0.364275,8.47647145794465e-05,421986,{"v":35.7723855531444,"d":"35.772"},{"v":0.0135283,"d":"0.014"},{"v":0.00180117,"d":"0.002"},{"v":5.90065196995665e-14,"d":"5.901E-14"},{"v":-2.4226,"d":"-2.423"},{"v":2.5547,"d":"2.555"},0.343]
["FEV1","SA_supramarginal","rs12684650","T","C",0.316579,0.000118935592968517,421986,{"v":50.1948872219023,"d":"50.195"},{"v":-0.0165789,"d":"-0.017"},{"v":0.0018661,"d":"0.002"},{"v":6.40029512108372e-19,"d":"6.400E-19"},{"v":-4.3929,"d":"-4.393"},{"v":2.7817,"d":"2.782"},{"v":0.1143,"d":"0.114"}]
["FEV1","SA_supramarginal","rs12698403","A","G",0.439685,9.54761382352811e-05,421986,{"v":40.293249760961,"d":"40.293"},{"v":-0.0139202,"d":"-0.014"},{"v":0.00175386,"d":"0.002"},{"v":2.09990670376243e-15,"d":"2.100E-15"},{"v":-3.5183,"d":"-3.518"},{"v":2.5179,"d":"2.518"},{"v":0.1623,"d":"0.162"}]
["FEV1","SA_supramarginal","rs12894780","C","T",0.126445,1.13215449487926E-4,421986,{"v":47.7805177295044,"d":"47.781"},{"v":-0.0226382,"d":"-0.023"},{"v":0.00262602,"d":"0.003"},{"v":6.70038873807757e-18,"d":"6.700E-18"},{"v":-5.17,"d":"-5.170"},{"v":3.7018,"d":"3.702"},{"v":0.1625,"d":"0.163"}]
["FEV1","SA_supramarginal","rs12917612","A","C",0.232311,5.15254458062511e-05,421986,{"v":21.7440340941554,"d":"21.744"},{"v":-0.012019,"d":"-0.012"},{"v":0.00205725,"d":"0.002"},{"v":5.09999793204996e-09,"d":"5.100E-09"},{"v":0.2193,"d":"0.219"},{"v":2.9423,"d":"2.942"},{"v":0.9406,"d":"0.941"}]
["FEV1","SA_supramarginal","rs12985660","C","T",0.475562,4.79952736196658e-05,421986,{"v":20.2542096494551,"d":"20.254"},{"v":-0.0098092,"d":"-0.010"},{"v":0.00174527,"d":"0.002"},{"v":1.89998424621473e-08,"d":"1.900E-08"},{"v":0.2286,"d":"0.229"},{"v":2.6941,"d":"2.694"},{"v":0.9324,"d":"0.932"}]
["FEV1","SA_supramarginal","rs13044144","C","G",0.262827,9.72020792895655e-05,421986,{"v":41.0217096223993,"d":"41.022"},{"v":0.0158381,"d":"0.016"},{"v":0.00197778,"d":"0.002"},{"v":1.20005182020427e-15,"d":"1.200E-15"},{"v":-0.76,"d":"-0.760"},{"v":2.8052,"d":"2.805"},{"v":0.7865,"d":"0.787"}]
["FEV1","SA_supramarginal","rs13101469","T","A",0.196758,7.39883393519119e-05,421986,{"v":31.2242056201986,"d":"31.224"},{"v":-0.0152995,"d":"-0.015"},{"v":0.00218825,"d":"0.002"},{"v":2.70022528688824E-12,"d":"2.700E-12"},{"v":-3.5036,"d":"-3.504"},{"v":3.1586,"d":"3.159"},{"v":0.2673,"d":"0.267"}]
["FEV1","SA_supramarginal","rs13178887","C","T",0.386603,5.06944398527101e-05,421986,{"v":21.3933270295364,"d":"21.393"},{"v":-0.0103386,"d":"-0.010"},{"v":0.00177913,"d":"0.002"},{"v":6.19997588072324e-09,"d":"6.200E-09"},{"v":-3.8414,"d":"-3.841"},{"v":2.5555,"d":"2.556"},{"v":0.1328,"d":"0.133"}]
["FEV1","SA_supramarginal","rs13229167","A","G",0.271146,0.00013450091374651,421986,{"v":56.764868513091,"d":"56.765"},{"v":-0.018447,"d":"-0.018"},{"v":1.95743E-3,"d":"0.002"},{"v":4.30031233630546e-21,"d":"4.300E-21"},{"v":-2,"d":"-2.000"},{"v":2.8232,"d":"2.823"},{"v":0.4787,"d":"0.479"}]
["FEV1","SA_supramarginal","rs13429514","A","G",0.23795,6.74489306258274e-05,421986,{"v":28.464289427092,"d":"28.464"},{"v":0.0136376,"d":"0.014"},{"v":0.00203576,"d":"0.002"},{"v":2.09990670376243E-11,"d":"2.100E-11"},{"v":1.5759,"d":"1.576"},{"v":2.8953,"d":"2.895"},{"v":0.5862,"d":"0.586"}]
["FEV1","SA_supramarginal","rs1344674","G","A",0.446057,9.59275907100102e-05,421986,{"v":40.4837919507976,"d":"40.484"},{"v":0.0139325,"d":"0.014"},{"v":1.7434E-3,"d":"0.002"},{"v":1.2998702373886e-15,"d":"1.300E-15"},{"v":4.1962,"d":"4.196"},{"v":2.4836,"d":"2.484"},{"v":0.09111,"d":"0.091"}]
["FEV1","SA_supramarginal","rs138198562","C","T",0.048489,4.8369136285793e-05,421986,{"v":20.4119889166979,"d":"20.412"},{"v":0.022895,"d":"0.023"},{"v":4.13817E-3,"d":"0.004"},{"v":3.20000015974484e-08,"d":"3.200E-08"},{"v":-1.9288,"d":"-1.929"},{"v":7.4306,"d":"7.431"},{"v":0.7952,"d":"0.795"}]
["FEV1","SA_supramarginal","rs1390403","A","C",0.808334,6.94084306580781e-05,421986,{"v":29.2912802646136,"d":"29.291"},{"v":0.0149666,"d":"0.015"},{"v":0.00220795,"d":"0.002"},{"v":1.20005182020427e-11,"d":"1.200E-11"},{"v":2.3131,"d":"2.313"},{"v":3.1625,"d":"3.163"},{"v":0.4645,"d":"0.465"}]
["FEV1","SA_supramarginal","rs1415701","A","G",0.267657,{"$f":"2*F261*(1-F261)*J261*J261","v":0.000212854795530095},421986,{"$f":"G261/(1-G261)*(H261-2)","v":{"v":89.840441005672,"d":"89.840"}},{"v":-0.0233013,"d":"-0.023"},{"v":0.00198294,"d":"0.002"},{"v":7.00003159130895e-32,"d":"7.000E-32"},{"v":-5.6,"d":"-5.600"},{"v":2.9098,"d":"2.910"},{"v":0.05429,"d":"0.054"}]
["FEV1","SA_supramarginal","rs147110934","T","G",0.024261,9.08136576571728e-05,421986,{"v":38.3253909817406,"d":"38.325"},{"v":-0.0437965,"d":"-0.044"},{"v":5.6422E-3,"d":"0.006"},{"v":8.30041869715702e-15,"d":"8.300E-15"},{"v":0.8858,"d":"0.886"},{"v":8.7838,"d":"8.784"},{"v":0.9197,"d":"0.920"}]
["FEV1","SA_supramarginal","rs149850621","A","G",0.433712,4.67092329832448e-05,421986,{"v":19.7114696788312,"d":"19.711"},{"v":-0.0097514,"d":"-0.010"},{"v":0.00177602,"d":"0.002"},{"v":4.00000007987242e-08,"d":"4.000E-08"},2.581,2.553,0.312]
["FEV1","SA_supramarginal","rs1516890","A","G",0.469749,8.4807052067357e-05,421986,{"v":35.7902543255537,"d":"35.790"},{"v":-0.0130475,"d":"-0.013"},{"v":0.00174914,"d":"0.002"},{"v":8.69961433065269e-14,"d":"8.700E-14"},{"v":2.4071,"d":"2.407"},{"v":2.5001,"d":"2.500"},{"v":0.3356,"d":"0.336"}]
["FEV1","SA_supramarginal","rs157580","A","G",0.605625,5.05971252713112e-05,421986,{"v":21.3522576733453,"d":"21.352"},{"v":0.0102918,"d":"0.010"},{"v":1.77323E-3,"d":"0.002"},{"v":6.49994976198144e-09,"d":"6.500E-09"},{"v":2.5589,"d":"2.559"},{"v":2.6023,"d":"2.602"},{"v":0.3254,"d":"0.325"}]
["FEV1","SA_supramarginal","rs1668091","C","T",0.31711,5.08018677889566e-05,421986,{"v":21.4386645012546,"d":"21.439"},{"v":0.0108304,"d":"0.011"},{"v":0.00187606,"d":"0.002"},{"v":7.79991733536343e-09,"d":"7.800E-09"},{"v":1.7488,"d":"1.749"},{"v":2.6483,"d":"2.648"},0.509]
["FEV1","SA_supramarginal","rs1679910","A","G",0.437215,4.66983353267357e-05,421986,{"v":19.7068706125693,"d":"19.707"},{"v":0.0097413,"d":"0.010"},{"v":0.001762,"d":"0.002"},{"v":3.20000015974484e-08,"d":"3.200E-08"},{"v":-2.1451,"d":"-2.145"},{"v":2.5683,"d":"2.568"},{"v":0.4036,"d":"0.404"}]
["FEV1","SA_supramarginal","rs17178377","A","G",0.484564,0.00012204140195021,421986,{"v":51.5058048011838,"d":"51.506"},{"v":-0.0156306,"d":"-0.016"},{"v":1.72788E-3,"d":"0.002"},{"v":1.50003019045595e-19,"d":"1.500E-19"},{"v":0.5046,"d":"0.505"},{"v":2.4658,"d":"2.466"},{"v":0.8378,"d":"0.838"}]
["FEV1","SA_supramarginal","rs17182434","G","A",0.138591,5.40403806368192e-05,421986,{"v":22.8054083955978,"d":"22.805"},{"v":0.0150443,"d":"0.015"},{"v":0.00251576,"d":"0.003"},{"v":2.19998641983517e-09,"d":"2.200E-09"},{"v":4.3473,"d":"4.347"},3.907,{"v":0.2658,"d":"0.266"}]
["FEV1","SA_supramarginal","rs17221848","A","G",0.200049,5.08746575105407e-05,421986,{"v":21.4693837224718,"d":"21.469"},{"v":-0.0126077,"d":"-0.013"},{"v":0.00217218,"d":"0.002"},{"v":6.49994976198144e-09,"d":"6.500E-09"},{"v":-3.1084,"d":"-3.108"},{"v":3.1375,"d":"3.138"},{"v":0.3218,"d":"0.322"}]
["FEV1","SA_supramarginal","rs17400325","C","T",0.041599,7.56555053658999e-05,421986,{"v":31.9278282923086,"d":"31.928"},{"v":0.0308028,"d":"0.031"},{"v":0.00433779,"d":"0.004"},{"v":1.20005182020427e-12,"d":"1.200E-12"},{"v":5.4459,"d":"5.446"},{"v":6.5979,"d":"6.598"},{"v":0.4091,"d":"0.409"}]
["FEV1","SA_supramarginal","rs183967755","A","G",0.016158,7.01384782939526e-05,421986,{"v":29.5993916806862,"d":"29.599"},{"v":0.0469685,"d":"0.047"},{"v":0.00687981,"d":"0.007"},{"v":8.69961433065269e-12,"d":"8.700E-12"},{"v":1.0593,"d":"1.059"},{"v":10.2563,"d":"10.256"},{"v":0.9177,"d":"0.918"}]
["FEV1","SA_supramarginal","rs1867264","T","A",0.384943,5.50601142816947e-05,421986,{"v":23.2357666290127,"d":"23.236"},{"v":-0.0107832,"d":"-0.011"},{"v":1.78929E-3,"d":"0.002"},{"v":1.70000422215636e-09,"d":"1.700E-09"},{"v":-1.8723,"d":"-1.872"},{"v":2.5654,"d":"2.565"},{"v":0.4655,"d":"0.466"}]
["FEV1","SA_supramarginal","rs196038","A","C",0.631193,0.000123700616050549,421986,{"v":52.2061386949931,"d":"52.206"},{"v":0.0163001,"d":"0.016"},{"v":0.00180593,"d":"0.002"},{"v":1.800113960418e-19,"d":"1.800E-19"},{"v":-0.5959,"d":"-0.596"},{"v":2.6067,"d":"2.607"},{"v":0.8192,"d":"0.819"}]
["FEV1","SA_supramarginal","rs1966265","A","G",0.245129,6.76953961079924e-05,421986,{"v":28.5683079741595,"d":"28.568"},{"v":0.0135248,"d":"0.014"},{"v":0.00201382,"d":"0.002"},{"v":1.90020300257723e-11,"d":"1.900E-11"},{"v":-0.0218,"d":"-0.022"},{"v":2.9823,"d":"2.982"},{"v":0.9942,"d":"0.994"}]
["FEV1","SA_supramarginal","rs1983753","A","G",0.851273,9.91118676148653e-05,421986,{"v":41.8277679717932,"d":"41.828"},{"v":0.0197842,"d":"0.020"},{"v":2.45174E-3,"d":"0.002"},{"v":7.10068096254533e-16,"d":"7.101E-16"},{"v":2.3518,"d":"2.352"},{"v":3.4995,"d":"3.500"},{"v":0.5016,"d":"0.502"}]
["FEV1","SA_supramarginal","rs2005172","C","A",0.64023,0.000181306345559422,421986,{"v":76.5222508942107,"d":"76.522"},{"v":0.0198386,"d":"0.020"},{"v":1.83045E-3,"d":"0.002"},{"v":2.2998525866862e-27,"d":"2.300E-27"},{"v":-0.2098,"d":"-0.210"},{"v":2.6847,"d":"2.685"},{"v":0.9377,"d":"0.938"}]
["FEV1","SA_supramarginal","rs2010492","G","A",0.665231,8.69229195002498e-05,421986,{"v":36.6832698793081,"d":"36.683"},{"v":-0.0139699,"d":"-0.014"},{"v":1.8418E-3,"d":"0.002"},{"v":3.29989407910835e-14,"d":"3.300E-14"},{"v":2.8591,"d":"2.859"},{"v":2.6895,"d":"2.690"},{"v":0.2878,"d":"0.288"}]
["FEV1","SA_supramarginal","rs2076170","G","T",0.580701,0.000172317808636361,421986,{"v":72.7278904703186,"d":"72.728"},{"v":0.018811,"d":"0.019"},{"v":0.00176281,"d":"0.002"},{"v":1.39990962656834e-26,"d":"1.400E-26"},{"v":-1.8669,"d":"-1.867"},{"v":2.5445,"d":"2.545"},{"v":0.4631,"d":"0.463"}]
["FEV1","SA_supramarginal","rs2118022","C","T",0.360318,4.75903384259144e-05,421986,{"v":20.0833171421806,"d":"20.083"},{"v":-0.0101606,"d":"-0.010"},{"v":0.00181403,"d":"0.002"},{"v":2.10000341026661e-08,"d":"2.100E-08"},{"v":-0.2124,"d":"-0.212"},{"v":2.6623,"d":"2.662"},{"v":0.9364,"d":"0.936"}]
["FEV1","SA_supramarginal","rs2194411","A","G",0.128337,0.000105378987708809,421986,{"v":44.4729332620015,"d":"44.473"},{"v":0.0217026,"d":"0.022"},{"v":2.62547E-3,"d":"0.003"},{"v":1.39990962656834e-16,"d":"1.400E-16"},{"v":3.5859,"d":"3.586"},4.058,{"v":0.3769,"d":"0.377"}]
["FEV1","SA_supramarginal","rs2236610","G","C",0.199727,5.00199416067611e-05,421986,{"v":21.108670893473,"d":"21.109"},{"v":-0.0125089,"d":"-0.013"},{"v":0.0021751,"d":"0.002"},{"v":8.89999986382574e-09,"d":"8.900E-09"},{"v":-1.0416,"d":"-1.042"},{"v":3.1095,"d":"3.110"},{"v":0.7376,"d":"0.738"}]
["FEV1","SA_supramarginal","rs225646","A","G",0.757234,1.03245612092437E-4,421986,{"v":43.5724950421362,"d":"43.572"},{"v":0.0167576,"d":"0.017"},{"v":0.0020231,"d":"0.002"},{"v":1.20005182020427e-16,"d":"1.200E-16"},-4.801,{"v":2.8954,"d":"2.895"},{"v":0.09728,"d":"0.097"}]
["FEV1","SA_supramarginal","rs2292839","A","T",0.219592,4.7970519569659e-05,421986,{"v":20.2437628339042,"d":"20.244"},{"v":0.0118305,"d":"0.012"},{"v":0.00209518,"d":"0.002"},{"v":1.60000006389793e-08,"d":"1.600E-08"},{"v":-2.4431,"d":"-2.443"},{"v":3.0849,"d":"3.085"},{"v":0.4284,"d":"0.428"}]
["FEV1","SA_supramarginal","rs2327790","G","A",0.702446,4.64908828870828e-05,421986,{"v":19.6193208437704,"d":"19.619"},{"v":0.0105458,"d":"0.011"},{"v":0.00190444,"d":"0.002"},{"v":3.09998790941119e-08,"d":"3.100E-08"},{"v":-0.5523,"d":"-0.552"},{"v":2.6991,"d":"2.699"},{"v":0.8379,"d":"0.838"}]
["FEV1","SA_supramarginal","rs2345443","G","A",0.690225,6.1098162948369e-05,421986,{"v":25.7840225500158,"d":"25.784"},{"v":-0.0119531,"d":"-0.012"},{"v":1.87776E-3,"d":"0.002"},{"v":1.89998424621474e-10,"d":"1.900E-10"},3.066,{"v":2.6896,"d":"2.690"},{"v":0.2543,"d":"0.254"}]
["FEV1","SA_supramarginal","rs2358947","G","C",0.861631,4.78225974185544e-05,421986,{"v":20.1813360729816,"d":"20.181"},{"v":-0.0141619,"d":"-0.014"},{"v":2.51614E-3,"d":"0.003"},{"v":1.79998961724559E-8,"d":"1.800E-08"},{"v":0.1732,"d":"0.173"},{"v":3.5798,"d":"3.580"},{"v":0.9614,"d":"0.961"}]
["FEV1","SA_supramarginal","rs2412981","C","G",0.908102,1.30757670516371E-4,421986,{"v":55.1848606790106,"d":"55.185"},{"v":-0.0279897,"d":"-0.028"},{"v":0.00300763,"d":"0.003"},{"v":1.29987023738861e-20,"d":"1.300E-20"},{"v":-1.3071,"d":"-1.307"},{"v":4.4274,"d":"4.427"},{"v":0.7678,"d":"0.768"}]
["FEV1","SA_supramarginal","rs2415128","C","T",0.737026,6.76002762397706e-05,421986,{"v":28.5281634804952,"d":"28.528"},{"v":-0.0132057,"d":"-0.013"},{"v":0.00197595,"d":"0.002"},{"v":2.29985258668621e-11,"d":"2.300E-11"},{"v":-1.6189,"d":"-1.619"},{"v":2.8162,"d":"2.816"},{"v":0.5654,"d":"0.565"}]
["FEV1","SA_supramarginal","rs2450444","A","G",0.348866,8.18635453243499e-05,421986,{"v":34.5479345265544,"d":"34.548"},{"v":0.0134235,"d":"0.013"},{"v":1.81913E-3,"d":"0.002"},{"v":1.5999263828686e-13,"d":"1.600E-13"},{"v":-1.7441,"d":"-1.744"},{"v":2.5956,"d":"2.596"},{"v":0.5016,"d":"0.502"}]
["FEV1","SA_supramarginal","rs2544535","C","T",0.513332,9.13207638289917e-05,421986,{"v":38.5394206529448,"d":"38.539"},{"v":0.0135193,"d":"0.014"},{"v":1.7354E-3,"d":"0.002"},{"v":6.70038873807757e-15,"d":"6.700E-15"},{"v":-3.5904,"d":"-3.590"},{"v":2.4749,"d":"2.475"},{"v":0.1469,"d":"0.147"}]
["FEV1","SA_supramarginal","rs2555009","G","A",0.534585,4.97115245798346e-05,421986,{"v":20.9785108620553,"d":"20.979"},{"v":0.00999505,"d":"0.010"},{"v":0.00173809,"d":"0.002"},{"v":8.89999986382574e-09,"d":"8.900E-09"},{"v":0.2862,"d":"0.286"},{"v":2.4991,"d":"2.499"},{"v":0.9088,"d":"0.909"}]
["FEV1","SA_supramarginal","rs2571570","A","G",0.702751,6.04158559186919e-05,421986,{"v":25.4960649105774,"d":"25.496"},{"v":0.0120254,"d":"0.012"},{"v":0.00190174,"d":"0.002"},{"v":2.59997995670925E-10,"d":"2.600E-10"},{"v":-3.2403,"d":"-3.240"},2.722,{"v":0.2339,"d":"0.234"}]
["FEV1","SA_supramarginal","rs2579762","C","A",0.471399,1.14780203959398E-4,421986,{"v":48.4409696519792,"d":"48.441"},{"v":-0.0151761,"d":"-0.015"},{"v":0.00173678,"d":"0.002"},{"v":2.39993787680987E-18,"d":"2.400E-18"},{"v":-0.4718,"d":"-0.472"},{"v":2.4898,"d":"2.490"},{"v":0.8497,"d":"0.850"}]
["FEV1","SA_supramarginal","rs2602691","G","A",0.449662,4.72739534857549e-05,421986,{"v":19.9497950934181,"d":"19.950"},{"v":-0.00977323,"d":"-0.010"},{"v":1.75814E-3,"d":"0.002"},{"v":2.69997659840121e-08,"d":"2.700E-08"},{"v":1.7088,"d":"1.709"},{"v":2.5589,"d":"2.559"},{"v":0.5043,"d":"0.504"}]
["FEV1","SA_supramarginal","rs2645977","A","G",0.357445,4.68542808621247e-05,421986,{"v":19.7726832901791,"d":"19.773"},{"v":0.0100995,"d":"0.010"},{"v":0.00180964,"d":"0.002"},{"v":2.39999313805789e-08,"d":"2.400E-08"},{"v":-0.6138,"d":"-0.614"},{"v":2.5543,"d":"2.554"},{"v":0.8101,"d":"0.810"}]
["FEV1","SA_supramarginal","rs264770","C","T",0.671374,4.90884176236773E-5,421986,{"v":20.7155437157711,"d":"20.716"},{"v":0.0105473,"d":"0.011"},{"v":0.00184573,"d":"0.002"},{"v":1.09999319893519E-8,"d":"1.100E-08"},{"v":1.8674,"d":"1.867"},{"v":2.6408,"d":"2.641"},{"v":0.4795,"d":"0.480"}]
["FEV1","SA_supramarginal","rs2678408","C","T",0.46299,8.88594985767188e-05,421986,{"v":37.5006189335928,"d":"37.501"},{"v":-0.0133678,"d":"-0.013"},{"v":1.74456E-3,"d":"0.002"},{"v":1.80011396041801E-14,"d":"1.800E-14"},-2.743,{"v":2.5374,"d":"2.537"},{"v":0.2797,"d":"0.280"}]
["FEV1","SA_supramarginal","rs2717329","A","G",0.294673,1.06634094490843E-4,421986,{"v":45.002680549714,"d":"45.003"},{"v":0.0160165,"d":"0.016"},{"v":0.00193769,"d":"0.002"},{"v":1.39990962656834e-16,"d":"1.400E-16"},{"v":-0.3561,"d":"-0.356"},{"v":2.8097,"d":"2.810"},{"v":0.8991,"d":"0.899"}]
["FEV1","SA_supramarginal","rs278064","C","T",0.376633,5.40458171904335e-05,421986,{"v":22.807702782223,"d":"22.808"},{"v":-0.0107284,"d":"-0.011"},{"v":0.00179279,"d":"0.002"},{"v":2.19998641983517e-09,"d":"2.200E-09"},{"v":-0.6479,"d":"-0.648"},2.558,{"v":0.8001,"d":"0.800"}]
["FEV1","SA_supramarginal","rs2806356","C","T",0.185674,1.19500152068962E-4,421986,{"v":50.4331789432221,"d":"50.433"},{"v":-0.019879,"d":"-0.020"},{"v":0.00222854,"d":"0.002"},{"v":4.70002318179802e-19,"d":"4.700E-19"},{"v":-0.7943,"d":"-0.794"},{"v":3.1903,"d":"3.190"},{"v":0.8034,"d":"0.803"}]
["FEV1","SA_supramarginal","rs2808096","G","A",0.21446,5.22457210441728E-5,421986,{"v":22.048010263298,"d":"22.048"},{"v":0.0124524,"d":"0.012"},{"v":0.00211416,"d":"0.002"},{"v":3.89995862874433e-09,"d":"3.900E-09"},{"v":-0.9413,"d":"-0.941"},{"v":3.0106,"d":"3.011"},{"v":0.7545,"d":"0.755"}]
["FEV1","SA_supramarginal","rs2812208","C","G",0.020816,2.32329202070872E-4,421986,{"v":98.061988670256,"d":"98.062"},{"v":0.0754929,"d":"0.075"},{"v":0.00608983,"d":"0.006"},{"v":2.70022528688822E-35,"d":"2.700E-35"},{"v":6.3719,"d":"6.372"},{"v":7.9049,"d":"7.905"},{"v":0.4202,"d":"0.420"}]
["FEV1","SA_supramarginal","rs28409044","A","C",0.333596,5.56347089427936e-05,421986,{"v":23.4782632248568,"d":"23.478"},{"v":0.0111861,"d":"0.011"},{"v":0.00184115,"d":"0.002"},{"v":1.19999655704811E-9,"d":"1.200E-09"},{"v":-1.4213,"d":"-1.421"},{"v":2.6163,"d":"2.616"},0.587]
["FEV1","SA_supramarginal","rs28446901","G","C",0.15458,5.01692409481489e-05,421986,{"v":21.1716791393357,"d":"21.172"},{"v":-0.0138545,"d":"-0.014"},{"v":0.00241368,"d":"0.002"},{"v":9.49992113622595e-09,"d":"9.500E-09"},{"v":-5.6716,"d":"-5.672"},{"v":3.6007,"d":"3.601"},{"v":0.1152,"d":"0.115"}]
["FEV1","SA_supramarginal","rs28514522","A","G",0.093681,4.99751572507076e-05,421986,{"v":21.0897707218908,"d":"21.090"},{"v":0.0171552,"d":"0.017"},{"v":0.00297447,"d":"0.003"},{"v":8.00000023961727e-09,"d":"8.000E-09"},{"v":4.4132,"d":"4.413"},{"v":4.5233,"d":"4.523"},{"v":0.3292,"d":"0.329"}]
["FEV1","SA_supramarginal","rs2885697","T","G",0.665178,1.27960268588064E-4,421986,{"v":54.0040963585403,"d":"54.004"},{"v":-0.0169491,"d":"-0.017"},{"v":0.00183524,"d":"0.002"},{"v":2.60015956316527e-20,"d":"2.600E-20"},{"v":-5.2364,"d":"-5.236"},{"v":2.6238,"d":"2.624"},{"v":0.04596,"d":"0.046"}]
["FEV1","SA_supramarginal","rs2971040","C","T",0.518228,4.67180996141278e-05,421986,{"v":19.7152116047878,"d":"19.715"},{"v":0.00967267,"d":"0.010"},{"v":0.00173783,"d":"0.002"},{"v":2.59997995670925e-08,"d":"2.600E-08"},{"v":1.2898,"d":"1.290"},{"v":2.5334,"d":"2.533"},{"v":0.6107,"d":"0.611"}]
["FEV1","SA_supramarginal","rs3091552","G","C",0.735538,9.32423566033152e-05,421986,{"v":39.3504517377468,"d":"39.350"},{"v":-0.0154813,"d":"-0.015"},{"v":0.00201796,"d":"0.002"},{"v":1.69980851320349e-14,"d":"1.700E-14"},{"v":-5.9356,"d":"-5.936"},{"v":2.9898,"d":"2.990"},{"v":0.04711,"d":"0.047"}]
["FEV1","SA_supramarginal","rs3253","T","C",0.314156,5.3066408664527e-05,421986,{"v":22.394363782352,"d":"22.394"},{"v":0.0110971,"d":"0.011"},{"v":0.00186964,"d":"0.002"},{"v":2.90001336905407e-09,"d":"2.900E-09"},{"v":-0.5374,"d":"-0.537"},2.669,{"v":0.8404,"d":"0.840"}]
["FEV1","SA_supramarginal","rs34587839","A","G",0.154712,7.95420673320047e-05,421986,{"v":33.568149821062,"d":"33.568"},{"v":-0.0174389,"d":"-0.017"},{"v":0.00240416,"d":"0.002"},{"v":4.10015240506613e-13,"d":"4.100E-13"},{"v":-4.5543,"d":"-4.554"},{"v":3.5433,"d":"3.543"},{"v":0.1987,"d":"0.199"}]
["FEV1","SA_supramarginal","rs34712979","A","G",0.254628,0.000312810859674365,421986,{"v":132.042482131176,"d":"132.042"},{"v":-0.0287069,"d":"-0.029"},{"v":0.00198983,"d":"0.002"},{"v":3.50025754158434e-47,"d":"3.500E-47"},{"v":-0.3343,"d":"-0.334"},{"v":3.8698,"d":"3.870"},{"v":0.9312,"d":"0.931"}]
["FEV1","SA_supramarginal","rs35418511","C","G",0.087779,4.89197559482493e-05,421986,{"v":20.644364211325,"d":"20.644"},{"v":-0.0174776,"d":"-0.017"},{"v":0.00318956,"d":"0.003"},{"v":4.3000152915127e-08,"d":"4.300E-08"},{"v":-4.6714,"d":"-4.671"},{"v":4.6507,"d":"4.651"},{"v":0.3152,"d":"0.315"}]
["FEV1","SA_supramarginal","rs35506","A","T",0.715534,7.00357754560402e-05,421986,{"v":29.5560466506883,"d":"29.556"},{"v":0.0131164,"d":"0.013"},{"v":1.92867E-3,"d":"0.002"},{"v":1e-11,"d":"1.000E-11"},{"v":2.1439,"d":"2.144"},{"v":2.7942,"d":"2.794"},{"v":0.4429,"d":"0.443"}]
["FEV1","SA_supramarginal","rs35945722","A","G",0.188457,9.76400315297072e-05,421986,{"v":41.2065544743101,"d":"41.207"},{"v":0.0178664,"d":"0.018"},{"v":0.00222614,"d":"0.002"},{"v":1e-15,"d":"1.000E-15"},{"v":-4.4252,"d":"-4.425"},{"v":3.3169,"d":"3.317"},{"v":0.1822,"d":"0.182"}]
["FEV1","SA_supramarginal","rs36226649","C","T",0.066506,8.7429280661759e-05,421986,{"v":36.8969834474931,"d":"36.897"},{"v":0.0265355,"d":"0.027"},{"v":0.00348696,"d":"0.003"},{"v":2.70022528688824E-14,"d":"2.700E-14"},{"v":6.6791,"d":"6.679"},{"v":5.1027,"d":"5.103"},{"v":0.1906,"d":"0.191"}]
["FEV1","SA_supramarginal","rs3790076","T","G",0.572955,0.000187871754965122,421986,{"v":79.2937717072506,"d":"79.294"},{"v":-0.0195938,"d":"-0.020"},{"v":1.75665E-3,"d":"0.002"},{"v":6.79986045003322e-29,"d":"6.800E-29"},{"v":-0.2126,"d":"-0.213"},{"v":2.4885,"d":"2.489"},{"v":0.9319,"d":"0.932"}]
["FEV1","SA_supramarginal","rs3791679","G","A",0.227266,0.000357258448312451,421986,{"v":150.811227637855,"d":"150.811"},{"v":-0.0318929,"d":"-0.032"},{"v":0.00206608,"d":"0.002"},{"v":9.30036514753958e-54,"d":"9.300E-54"},{"v":-0.3948,"d":"-0.395"},{"v":2.8964,"d":"2.896"},{"v":0.8916,"d":"0.892"}]
["FEV1","SA_supramarginal","rs3814115","C","T",0.319922,4.8051397093456e-05,421986,{"v":20.2778951322762,"d":"20.278"},{"v":0.0105084,"d":"0.011"},{"v":1.85925E-3,"d":"0.002"},{"v":1.60000006389793e-08,"d":"1.600E-08"},{"v":1.1975,"d":"1.198"},{"v":2.7202,"d":"2.720"},{"v":0.6598,"d":"0.660"}]
["FEV1","SA_supramarginal","rs3846054","T","C",0.450793,4.9010089661423e-05,421986,{"v":20.6824873262442,"d":"20.682"},{"v":0.00994881,"d":"0.010"},{"v":0.00174162,"d":"0.002"},{"v":1.09999319893519E-8,"d":"1.100E-08"},{"v":0.2095,"d":"0.210"},{"v":2.4951,"d":"2.495"},{"v":0.9331,"d":"0.933"}]
["FEV1","SA_supramarginal","rs41311445","C","A",0.095863,6.33041355659569E-5,421986,{"v":26.7150235141349,"d":"26.715"},{"v":-0.0191099,"d":"-0.019"},{"v":0.00295295,"d":"0.003"},{"v":9.70063133783958e-11,"d":"9.701E-11"},{"v":-5.3351,"d":"-5.335"},{"v":5.2206,"d":"5.221"},{"v":0.3068,"d":"0.307"}]
["FEV1","SA_supramarginal","rs42032","A","G",0.262805,8.04990826648377e-05,421986,{"v":33.9720596188744,"d":"33.972"},{"v":0.0144136,"d":"0.014"},{"v":1.97796E-3,"d":"0.002"},{"v":3.19963176731835e-13,"d":"3.200E-13"},{"v":4.3688,"d":"4.369"},{"v":2.8359,"d":"2.836"},{"v":0.1234,"d":"0.123"}]
["FEV1","SA_supramarginal","rs425102","G","T",0.240797,9.61769641711124e-05,421986,{"v":40.589043779792,"d":"40.589"},{"v":-0.0162187,"d":"-0.016"},{"v":0.00202529,"d":"0.002"},{"v":1.20005182020427e-15,"d":"1.200E-15"},{"v":-2.6044,"d":"-2.604"},{"v":2.9163,"d":"2.916"},{"v":0.3718,"d":"0.372"}]
["FEV1","SA_supramarginal","rs4413161","A","T",0.715755,4.50377300755902e-05,421986,{"v":19.0060574779043,"d":"19.006"},{"v":-0.0105207,"d":"-0.011"},{"v":1.92117E-3,"d":"0.002"},{"v":4.3000152915127e-08,"d":"4.300E-08"},{"v":-4.1126,"d":"-4.113"},2.799,{"v":0.1418,"d":"0.142"}]
["FEV1","SA_supramarginal","rs4478172","C","A",0.261589,{"$f":"2*F325*(1-F325)*J325*J325","v":6.98364515926022e-05},421986,{"$f":"G325/(1-G325)*(H325-2)","v":{"v":29.4719234034047,"d":"29.472"}},{"v":-0.0134452,"d":"-0.013"},{"v":1.9792E-3,"d":"0.002"},{"v":1.10001852750622E-11,"d":"1.100E-11"},-5.867,{"v":2.8293,"d":"2.829"},{"v":0.03811,"d":"0.038"}]
["FEV1","SA_supramarginal","rs4728358","T","C",0.687154,4.70861461683862e-05,421986,{"v":19.8705359316796,"d":"19.871"},{"v":-0.010465,"d":"-0.010"},{"v":0.00187807,"d":"0.002"},{"v":2.49999995007974e-08,"d":"2.500E-08"},{"v":-2.9734,"d":"-2.973"},{"v":2.7278,"d":"2.728"},{"v":0.2757,"d":"0.276"}]
["FEV1","SA_supramarginal","rs4785677","G","A",0.549173,5.54687977737648e-05,421986,{"v":23.4082435868941,"d":"23.408"},{"v":-0.010584,"d":"-0.011"},{"v":0.00174426,"d":"0.002"},{"v":1.29998996537545E-9,"d":"1.300E-09"},{"v":-1.2876,"d":"-1.288"},{"v":2.5404,"d":"2.540"},{"v":0.6123,"d":"0.612"}]
["FEV1","SA_supramarginal","rs4809328","T","C",0.667431,7.35169511055358e-05,421986,{"v":31.0252579776922,"d":"31.025"},{"v":-0.0128687,"d":"-0.013"},{"v":0.00184134,"d":"0.002"},{"v":2.80027059501064e-12,"d":"2.800E-12"},-4.319,{"v":2.6517,"d":"2.652"},{"v":0.1034,"d":"0.103"}]
["FEV1","SA_supramarginal","rs4836528","C","T",0.409166,1.13485634889985E-4,421986,{"v":47.8945574976808,"d":"47.895"},{"v":-0.0153205,"d":"-0.015"},{"v":1.78134E-3,"d":"0.002"},{"v":7.89950721335818e-18,"d":"7.900E-18"},{"v":-0.6199,"d":"-0.620"},{"v":2.5694,"d":"2.569"},{"v":0.8094,"d":"0.809"}]
["FEV1","SA_supramarginal","rs4886778","A","C",0.494385,1.21460406148939E-4,421986,{"v":51.2605741585107,"d":"51.261"},{"v":0.0155869,"d":"0.016"},{"v":1.73745E-3,"d":"0.002"},{"v":2.90001336905406E-19,"d":"2.900E-19"},{"v":-1.7096,"d":"-1.710"},{"v":2.4764,"d":"2.476"},{"v":0.49,"d":"0.490"}]
["FEV1","SA_supramarginal","rs4894559","G","A",0.733221,5.42708977271251e-05,421986,{"v":22.9026934562174,"d":"22.903"},{"v":-0.0117781,"d":"-0.012"},{"v":0.00196997,"d":"0.002"},{"v":2.19998641983517e-09,"d":"2.200E-09"},{"v":-0.1411,"d":"-0.141"},{"v":2.8831,"d":"2.883"},0.961]
["FEV1","SA_supramarginal","rs4959021","C","T",0.814313,2.32517484963967E-4,421986,{"v":98.1414779846663,"d":"98.141"},{"v":-0.0277285,"d":"-0.028"},{"v":0.00234216,"d":"0.002"},{"v":2.49976970217851e-32,"d":"2.500E-32"},{"v":-0.1396,"d":"-0.140"},{"v":3.5638,"d":"3.564"},{"v":0.9687,"d":"0.969"}]
["FEV1","SA_supramarginal","rs4965600","A","G",0.612068,4.51859394127654E-5,421986,{"v":19.0686050899907,"d":"19.069"},{"v":-0.00975459,"d":"-0.010"},{"v":0.00178467,"d":"0.002"},{"v":4.60002296665068e-08,"d":"4.600E-08"},{"v":0.5617,"d":"0.562"},{"v":2.5513,"d":"2.551"},{"v":0.8257,"d":"0.826"}]
["FEV1","SA_supramarginal","rs513953","G","A",0.745133,8.80516790237853e-05,421986,{"v":37.1596716926575,"d":"37.160"},{"v":0.0152258,"d":"0.015"},{"v":0.00199806,"d":"0.002"},{"v":2.49976970217851E-14,"d":"2.500E-14"},{"v":-0.5421,"d":"-0.542"},{"v":2.8723,"d":"2.872"},{"v":0.8503,"d":"0.850"}]
["FEV1","SA_supramarginal","rs541601","C","T",0.81685,5.62304782128269e-05,421986,{"v":23.7296964503408,"d":"23.730"},{"v":0.0137087,"d":"0.014"},{"v":0.00224025,"d":"0.002"},{"v":9.40004645744656e-10,"d":"9.400E-10"},{"v":2.0069,"d":"2.007"},{"v":3.2316,"d":"3.232"},{"v":0.5346,"d":"0.535"}]
["FEV1","SA_supramarginal","rs55831773","T","C",0.199579,4.91246735998177e-05,421986,{"v":20.7308446603229,"d":"20.731"},{"v":-0.0123999,"d":"-0.012"},{"v":0.00221625,"d":"0.002"},{"v":2.19998641983516e-08,"d":"2.200E-08"},{"v":3.8992,"d":"3.899"},{"v":3.3448,"d":"3.345"},{"v":0.2437,"d":"0.244"}]
["FEV1","SA_supramarginal","rs560805","A","T",0.67787,4.71244592230626e-05,421986,{"v":19.8867049510014,"d":"19.887"},{"v":-0.0103877,"d":"-0.010"},{"v":0.00185785,"d":"0.002"},{"v":2.3000114603619e-08,"d":"2.300E-08"},{"v":-2.2492,"d":"-2.249"},{"v":2.6731,"d":"2.673"},{"v":0.4001,"d":"0.400"}]
["FEV1","SA_supramarginal","rs56192823","A","G",0.039576,4.62605063433247e-05,421986,{"v":19.5220966108556,"d":"19.522"},{"v":0.0246685,"d":"0.025"},{"v":0.00446777,"d":"0.004"},{"v":3.4000084782586e-08,"d":"3.400E-08"},{"v":0.2314,"d":"0.231"},{"v":5.8605,"d":"5.861"},{"v":0.9685,"d":"0.969"}]
["FEV1","SA_supramarginal","rs56291455","A","C",0.384652,6.34809479642948e-05,421986,{"v":26.7896449778238,"d":"26.790"},{"v":-0.0115801,"d":"-0.012"},{"v":1.78991E-3,"d":"0.002"},{"v":9.79941161095592e-11,"d":"9.799E-11"},{"v":2.2609,"d":"2.261"},2.572,{"v":0.3794,"d":"0.379"}]
["FEV1","SA_supramarginal","rs56318219","A","G",0.263367,6.10482285907224e-05,421986,{"v":25.7629484759951,"d":"25.763"},{"v":0.0125434,"d":"0.013"},{"v":0.00200752,"d":"0.002"},{"v":4.20000686246632e-10,"d":"4.200E-10"},-0.887,{"v":2.8761,"d":"2.876"},{"v":0.7578,"d":"0.758"}]
["FEV1","SA_supramarginal","rs56332326","C","T",0.135028,5.76343070768942e-05,421986,{"v":24.3221572282146,"d":"24.322"},{"v":-0.0157077,"d":"-0.016"},{"v":0.00253804,"d":"0.003"},{"v":6.10000231740111e-10,"d":"6.100E-10"},{"v":-0.4844,"d":"-0.484"},{"v":3.5021,"d":"3.502"},{"v":0.89,"d":"0.890"}]
["FEV1","SA_supramarginal","rs56353224","C","T",0.371209,5.14391139067649E-5,421986,{"v":21.707599662524,"d":"21.708"},{"v":-0.0104971,"d":"-0.010"},{"v":0.00183397,"d":"0.002"},{"v":1E-8,"d":"1.000E-08"},{"v":-3.0491,"d":"-3.049"},{"v":2.6674,"d":"2.667"},0.253]
["FEV1","SA_supramarginal","rs56397594","C","T",0.21379,5.61282898652918e-05,421986,{"v":23.6865697571685,"d":"23.687"},{"v":0.0129215,"d":"0.013"},{"v":0.00211484,"d":"0.002"},{"v":1e-09,"d":"1.000E-09"},-0.658,{"v":2.9894,"d":"2.989"},{"v":0.8258,"d":"0.826"}]
["FEV1","SA_supramarginal","rs56795193","C","T",0.202824,6.01431014068293e-05,421986,{"v":25.3809529932892,"d":"25.381"},{"v":0.0136377,"d":"0.014"},{"v":0.00219095,"d":"0.002"},{"v":4.7999863240391E-10,"d":"4.800E-10"},{"v":4.9835,"d":"4.984"},{"v":3.2951,"d":"3.295"},{"v":0.1304,"d":"0.130"}]
["FEV1","SA_supramarginal","rs5992929","T","C",0.284928,8.63931692748189e-05,421986,{"v":36.459685011004,"d":"36.460"},{"v":0.0145607,"d":"0.015"},{"v":0.00192981,"d":"0.002"},{"v":4.49987033872151e-14,"d":"4.500E-14"},{"v":-2.2065,"d":"-2.207"},{"v":2.7863,"d":"2.786"},{"v":0.4284,"d":"0.428"}]
["FEV1","SA_supramarginal","rs60839038","C","A",0.47352,6.12784517423453e-05,421986,{"v":25.8601108475965,"d":"25.860"},{"v":0.0110861,"d":"0.011"},{"v":1.76794E-3,"d":"0.002"},{"v":3.59997927043357e-10,"d":"3.600E-10"},{"v":1.6652,"d":"1.665"},{"v":2.7292,"d":"2.729"},{"v":0.5418,"d":"0.542"}]
["FEV1","SA_supramarginal","rs6088619","G","A",0.135815,7.80010802811101e-05,421986,{"v":32.9177754833921,"d":"32.918"},{"v":0.0182288,"d":"0.018"},{"v":0.0025538,"d":"0.003"},{"v":9.49948365876347e-13,"d":"9.499E-13"},4.539,3.735,{"v":0.2243,"d":"0.224"}]
["FEV1","SA_supramarginal","rs6138639","G","C",0.178422,5.11153557694776E-5,421986,{"v":21.5709648965722,"d":"21.571"},{"v":-0.0132042,"d":"-0.013"},{"v":0.00227185,"d":"0.002"},{"v":6.19997588072324e-09,"d":"6.200E-09"},{"v":3.7487,"d":"3.749"},{"v":3.3285,"d":"3.329"},{"v":0.2601,"d":"0.260"}]
["FEV1","SA_supramarginal","rs6140000","G","T",0.497765,4.90807743336109e-05,421986,{"v":20.7123180530028,"d":"20.712"},{"v":-0.00990775,"d":"-0.010"},{"v":1.7392E-3,"d":"0.002"},{"v":1.19999655704812E-8,"d":"1.200E-08"},0.781,{"v":2.4901,"d":"2.490"},{"v":0.7538,"d":"0.754"}]
["FEV1","SA_supramarginal","rs61821293","G","T",0.218739,5.34414309991088e-05,421986,{"v":22.5526340637651,"d":"22.553"},{"v":0.0125044,"d":"0.013"},{"v":0.00209657,"d":"0.002"},{"v":2.49999995007974e-09,"d":"2.500E-09"},{"v":3.3179,"d":"3.318"},3.014,0.271]
["FEV1","SA_supramarginal","rs62092156","A","G",0.095162,5.22931560585882e-05,421986,{"v":22.0680291731207,"d":"22.068"},{"v":0.0174257,"d":"0.017"},{"v":0.00295931,"d":"0.003"},{"v":3.89995862874433e-09,"d":"3.900E-09"},{"v":5.3393,"d":"5.339"},{"v":4.3247,"d":"4.325"},0.217]
["FEV1","SA_supramarginal","rs62126408","C","T",0.143096,1.17093366883408E-4,421986,{"v":49.4173137705796,"d":"49.417"},{"v":0.021851,"d":"0.022"},{"v":0.00247954,"d":"0.002"},{"v":1.20005182020427E-18,"d":"1.200E-18"},{"v":-3.9974,"d":"-3.997"},{"v":3.5252,"d":"3.525"},{"v":0.2568,"d":"0.257"}]
["FEV1","SA_supramarginal","rs62275574","A","C",0.040109,6.0399471018511e-05,421986,{"v":25.4891499094466,"d":"25.489"},{"v":-0.0280072,"d":"-0.028"},{"v":0.00451584,"d":"0.005"},{"v":5.60002544078e-10,"d":"5.600E-10"},3.308,{"v":6.8556,"d":"6.856"},{"v":0.6294,"d":"0.629"}]
["FEV1","SA_supramarginal","rs62275880","T","A",0.261262,5.1789151388045e-05,421986,{"v":21.8553251280745,"d":"21.855"},{"v":-0.011583,"d":"-0.012"},{"v":0.00197816,"d":"0.002"},{"v":4.7999863240391E-9,"d":"4.800E-09"},{"v":-1.6935,"d":"-1.694"},{"v":2.8487,"d":"2.849"},{"v":0.5522,"d":"0.552"}]
["FEV1","SA_supramarginal","rs6429838","G","A",0.493347,5.5661440222165e-05,421986,{"v":23.4895446525956,"d":"23.490"},{"v":0.0105519,"d":"0.011"},{"v":0.00173342,"d":"0.002"},{"v":1.09999319893519e-09,"d":"1.100E-09"},{"v":3.7888,"d":"3.789"},{"v":2.4859,"d":"2.486"},{"v":0.1275,"d":"0.128"}]
["FEV1","SA_supramarginal","rs6462426","C","T",0.945001,4.55534733517299e-05,421986,{"v":19.2237126057363,"d":"19.224"},{"v":-0.020934,"d":"-0.021"},{"v":0.00380918,"d":"0.004"},{"v":3.89995862874433e-08,"d":"3.900E-08"},{"v":0.1431,"d":"0.143"},{"v":5.3521,"d":"5.352"},{"v":0.9787,"d":"0.979"}]
["FEV1","SA_supramarginal","rs6473015","C","A",0.285558,5.55471540475766e-05,421986,{"v":23.4413123518008,"d":"23.441"},{"v":0.0116677,"d":"0.012"},{"v":1.92246E-3,"d":"0.002"},{"v":1.29998996537545E-9,"d":"1.300E-09"},{"v":1.2321,"d":"1.232"},{"v":2.7192,"d":"2.719"},{"v":0.6505,"d":"0.651"}]
["FEV1","SA_supramarginal","rs663378","A","G",0.833573,7.07800042331262e-05,421986,{"v":29.870143515196,"d":"29.870"},{"v":-0.0159719,"d":"-0.016"},{"v":0.00235108,"d":"0.002"},{"v":1.10001852750622E-11,"d":"1.100E-11"},{"v":3.8252,"d":"3.825"},{"v":3.3719,"d":"3.372"},{"v":0.2566,"d":"0.257"}]
["FEV1","SA_supramarginal","rs6671370","A","G",0.287459,1.38282257209997E-4,421986,{"v":58.3609703132111,"d":"58.361"},{"v":0.0183728,"d":"0.018"},{"v":0.0019151,"d":"0.002"},{"v":8.49962959449622e-22,"d":"8.500E-22"},{"v":-3.9653,"d":"-3.965"},{"v":2.7087,"d":"2.709"},{"v":0.1432,"d":"0.143"}]
["FEV1","SA_supramarginal","rs6729308","A","G",0.438991,1.11440617904112E-4,421986,{"v":47.0313989138045,"d":"47.031"},{"v":-0.0150416,"d":"-0.015"},{"v":0.00175349,"d":"0.002"},{"v":9.60063590945344e-18,"d":"9.601E-18"},{"v":-0.8107,"d":"-0.811"},{"v":2.5504,"d":"2.550"},{"v":0.7506,"d":"0.751"}]
["FEV1","SA_supramarginal","rs67326273","G","A",0.192532,5.57991993632153E-5,421986,{"v":23.5476832859612,"d":"23.548"},{"v":0.0133963,"d":"0.013"},{"v":0.00220699,"d":"0.002"},{"v":1.29998996537545E-9,"d":"1.300E-09"},{"v":-5.0648,"d":"-5.065"},{"v":3.1862,"d":"3.186"},{"v":0.1119,"d":"0.112"}]
["FEV1","SA_supramarginal","rs67551338","T","C",0.06134,6.4548734940763e-05,421986,{"v":27.2402916916111,"d":"27.240"},{"v":0.0236757,"d":"0.024"},{"v":0.00365713,"d":"0.004"},{"v":9.60063590945348E-11,"d":"9.601E-11"},{"v":1.5282,"d":"1.528"},{"v":5.1262,"d":"5.126"},{"v":0.7656,"d":"0.766"}]
["FEV1","SA_supramarginal","rs6762578","A","G",0.77845,1.03939800598513E-4,421986,{"v":43.8654921862738,"d":"43.865"},{"v":0.017359,"d":"0.017"},{"v":0.00209804,"d":"0.002"},{"v":1.2998702373886e-16,"d":"1.300E-16"},{"v":-2.9138,"d":"-2.914"},{"v":3.2295,"d":"3.230"},{"v":0.3669,"d":"0.367"}]
["FEV1","SA_supramarginal","rs6790568","T","C",0.174664,6.25238302239377e-05,421986,{"v":26.3857057086022,"d":"26.386"},{"v":-0.0147262,"d":"-0.015"},{"v":0.00228448,"d":"0.002"},{"v":1.09999319893519e-10,"d":"1.100E-10"},{"v":-2.9083,"d":"-2.908"},{"v":3.2864,"d":"3.286"},{"v":0.3762,"d":"0.376"}]
["FEV1","SA_supramarginal","rs681397","T","G",0.443866,5.51500047766056e-05,421986,{"v":23.2737031604916,"d":"23.274"},{"v":0.0105692,"d":"0.011"},{"v":0.00175094,"d":"0.002"},{"v":1.60000006389793e-09,"d":"1.600E-09"},{"v":-1.9332,"d":"-1.933"},{"v":2.5256,"d":"2.526"},0.444]
["FEV1","SA_supramarginal","rs681907","C","T",0.200558,7.70894391065078e-05,421986,{"v":32.5330178240171,"d":"32.533"},{"v":-0.0155049,"d":"-0.016"},{"v":2.17293E-3,"d":"0.002"},{"v":9.60063590945348e-13,"d":"9.601E-13"},{"v":-0.9132,"d":"-0.913"},{"v":3.0775,"d":"3.078"},{"v":0.7667,"d":"0.767"}]
["FEV1","SA_supramarginal","rs6965423","C","T",0.50901,5.25459615169365e-05,421986,{"v":22.1747202167581,"d":"22.175"},{"v":-0.0102531,"d":"-0.010"},{"v":0.00173955,"d":"0.002"},{"v":3.79996853036855e-09,"d":"3.800E-09"},{"v":1.3329,"d":"1.333"},{"v":2.4658,"d":"2.466"},{"v":0.5888,"d":"0.589"}]
["FEV1","SA_supramarginal","rs7004355","C","T",0.463259,0.00012449355884083,421986,{"v":52.5408309289156,"d":"52.541"},{"v":-0.0158221,"d":"-0.016"},{"v":1.74121E-3,"d":"0.002"},{"v":1e-19,"d":"1.000E-19"},-2.814,{"v":2.4787,"d":"2.479"},{"v":0.2563,"d":"0.256"}]
["FEV1","SA_supramarginal","rs7075773","T","C",0.410246,8.01722020634515e-05,421986,{"v":33.8340990697708,"d":"33.834"},{"v":-0.0128718,"d":"-0.013"},{"v":1.76867E-3,"d":"0.002"},{"v":3.40016505804071e-13,"d":"3.400E-13"},{"v":-2.7288,"d":"-2.729"},{"v":2.5274,"d":"2.527"},{"v":0.2803,"d":"0.280"}]
["FEV1","SA_supramarginal","rs7105777","T","C",0.631869,5.08811255981753e-05,421986,{"v":21.4721134297207,"d":"21.472"},{"v":-0.010458,"d":"-0.010"},{"v":1.8051E-3,"d":"0.002"},{"v":6.90001444623354E-9,"d":"6.900E-09"},{"v":1.5195,"d":"1.520"},{"v":2.5893,"d":"2.589"},{"v":0.5573,"d":"0.557"}]
["FEV1","SA_supramarginal","rs7124681","A","C",0.408392,7.01967749876755e-05,421986,{"v":29.623995405339,"d":"29.624"},{"v":-0.0120528,"d":"-0.012"},{"v":0.00176185,"d":"0.002"},{"v":7.89950721335818e-12,"d":"7.900E-12"},{"v":-2.1971,"d":"-2.197"},{"v":2.5281,"d":"2.528"},{"v":0.3848,"d":"0.385"}]
["FEV1","SA_supramarginal","rs71427097","T","C",0.029368,4.98195904989658e-05,421986,{"v":21.0241174900395,"d":"21.024"},{"v":-0.0295611,"d":"-0.030"},{"v":0.00523086,"d":"0.005"},{"v":1.60000006389793e-08,"d":"1.600E-08"},{"v":-7.5314,"d":"-7.531"},{"v":9.5181,"d":"9.518"},{"v":0.4288,"d":"0.429"}]
["FEV1","SA_supramarginal","rs7211143","G","A",0.295757,4.73477938611607E-5,421986,{"v":19.9809574989648,"d":"19.981"},{"v":0.0106612,"d":"0.011"},{"v":1.91077E-3,"d":"0.002"},{"v":2.39999313805789e-08,"d":"2.400E-08"},{"v":-1.9862,"d":"-1.986"},{"v":2.8227,"d":"2.823"},{"v":0.4816,"d":"0.482"}]
["FEV1","SA_supramarginal","rs72643433","A","G",0.252489,0.000112895318367121,421986,{"v":47.6453969680906,"d":"47.645"},{"v":-0.0172939,"d":"-0.017"},{"v":0.00200221,"d":"0.002"},{"v":5.79962615819643e-18,"d":"5.800E-18"},-1.206,{"v":2.8331,"d":"2.833"},{"v":0.6703,"d":"0.670"}]
["FEV1","SA_supramarginal","rs72666766","G","A",0.181385,5.37775624766208e-05,421986,{"v":22.6944913785623,"d":"22.694"},{"v":-0.0134569,"d":"-0.013"},{"v":0.00225303,"d":"0.002"},{"v":2.3000114603619e-09,"d":"2.300E-09"},1.097,{"v":3.2505,"d":"3.251"},{"v":0.7357,"d":"0.736"}]
["FEV1","SA_supramarginal","rs72718111","C","A",0.25821,5.95312827275407e-05,421986,{"v":25.1227443996983,"d":"25.123"},{"v":0.0124661,"d":"0.012"},{"v":0.00200909,"d":"0.002"},{"v":5.49996593976403e-10,"d":"5.500E-10"},{"v":-3.9041,"d":"-3.904"},{"v":2.9732,"d":"2.973"},{"v":0.1892,"d":"0.189"}]
["FEV1","SA_supramarginal","rs72904209","C","T",0.13427,1.13728012868355E-4,421986,{"v":47.9968603697935,"d":"47.997"},{"v":-0.0221176,"d":"-0.022"},{"v":2.54798E-3,"d":"0.003"},{"v":3.90031784475066e-18,"d":"3.900E-18"},{"v":-3.1088,"d":"-3.109"},{"v":3.7139,"d":"3.714"},{"v":0.4026,"d":"0.403"}]
["FEV1","SA_supramarginal","rs72906804","G","A",0.088639,6.74159975895101e-05,421986,{"v":28.4503903382583,"d":"28.450"},{"v":0.0204272,"d":"0.020"},{"v":0.00304972,"d":"0.003"},{"v":2.09990670376243E-11,"d":"2.100E-11"},{"v":-0.8465,"d":"-0.847"},{"v":4.2865,"d":"4.287"},{"v":0.8435,"d":"0.844"}]
["FEV1","SA_supramarginal","rs72976986","A","G",0.190197,5.66512218852129e-05,421986,{"v":23.9072635917041,"d":"23.907"},{"v":0.0135612,"d":"0.014"},{"v":0.00223359,"d":"0.002"},{"v":1.29998996537545E-9,"d":"1.300E-09"},{"v":-2.0237,"d":"-2.024"},{"v":3.5276,"d":"3.528"},{"v":0.5662,"d":"0.566"}]
["FEV1","SA_supramarginal","rs7320104","G","A",0.150307,4.62236600760268e-05,421986,{"v":19.5065466375031,"d":"19.507"},{"v":-0.0134523,"d":"-0.013"},{"v":2.43896E-3,"d":"0.002"},{"v":3.50001576071014e-08,"d":"3.500E-08"},{"v":-3.1154,"d":"-3.115"},{"v":3.5748,"d":"3.575"},{"v":0.3835,"d":"0.384"}]
["FEV1","SA_supramarginal","rs7336610","T","C",0.575324,5.99251656739893e-05,421986,{"v":25.2889765578826,"d":"25.289"},{"v":-0.011074,"d":"-0.011"},{"v":0.00176087,"d":"0.002"},{"v":3.20000015974484E-10,"d":"3.200E-10"},{"v":-1.8553,"d":"-1.855"},{"v":2.4954,"d":"2.495"},{"v":0.4572,"d":"0.457"}]
["FEV1","SA_supramarginal","rs735830","A","G",0.208865,6.00954684131587e-05,421986,{"v":25.3608502150314,"d":"25.361"},{"v":-0.0134849,"d":"-0.013"},{"v":0.0021364,"d":"0.002"},{"v":2.80001269243454e-10,"d":"2.800E-10"},{"v":1.7793,"d":"1.779"},{"v":3.1062,"d":"3.106"},{"v":0.5668,"d":"0.567"}]
["FEV1","SA_supramarginal","rs7359156","G","A",0.209384,6.09585701833216E-5,421986,{"v":25.7251094461284,"d":"25.725"},{"v":-0.013569,"d":"-0.014"},{"v":0.00214141,"d":"0.002"},{"v":2.39999313805789e-10,"d":"2.400E-10"},{"v":-3.4698,"d":"-3.470"},{"v":3.0749,"d":"3.075"},{"v":0.2591,"d":"0.259"}]
["FEV1","SA_supramarginal","rs73923824","A","C",0.187487,4.9589515060956e-05,421986,{"v":20.9270196842403,"d":"20.927"},{"v":0.0127579,"d":"0.013"},{"v":0.00225261,"d":"0.002"},{"v":1.49999565138204e-08,"d":"1.500E-08"},{"v":3.2539,"d":"3.254"},{"v":3.4273,"d":"3.427"},{"v":0.3424,"d":"0.342"}]
["FEV1","SA_supramarginal","rs7402983","C","A",0.601505,6.12657678267612e-05,421986,{"v":25.8547577821955,"d":"25.855"},{"v":-0.0113048,"d":"-0.011"},{"v":0.00179997,"d":"0.002"},{"v":3.4000084782586e-10,"d":"3.400E-10"},{"v":2.4948,"d":"2.495"},{"v":2.6539,"d":"2.654"},{"v":0.3472,"d":"0.347"}]
["FEV1","SA_supramarginal","rs7493429","C","A",0.304929,6.57089463319527e-05,421986,{"v":27.7299461144838,"d":"27.730"},{"v":0.0124504,"d":"0.012"},{"v":0.00189746,"d":"0.002"},{"v":5.30029448835795e-11,"d":"5.300E-11"},{"v":2.3573,"d":"2.357"},{"v":2.6991,"d":"2.699"},{"v":0.3825,"d":"0.383"}]
["FEV1","SA_supramarginal","rs75166711","A","G",0.144555,5.19655603070232e-05,421986,{"v":21.929774593623,"d":"21.930"},{"v":0.0144954,"d":"0.014"},{"v":0.00248171,"d":"0.002"},{"v":5.19995996533515e-09,"d":"5.200E-09"},{"v":2.5203,"d":"2.520"},{"v":3.6071,"d":"3.607"},{"v":0.4847,"d":"0.485"}]
["FEV1","SA_supramarginal","rs75216331","A","G",0.237224,5.56597279475049e-05,421986,{"v":23.4888220196433,"d":"23.489"},{"v":-0.0124016,"d":"-0.012"},{"v":0.00204074,"d":"0.002"},{"v":1.19999655704811E-9,"d":"1.200E-09"},{"v":0.1573,"d":"0.157"},{"v":2.9339,"d":"2.934"},{"v":0.9572,"d":"0.957"}]
["FEV1","SA_supramarginal","rs75301758","T","C",0.18351,{"$f":"2*F389*(1-F389)*J389*J389","v":4.65396448336809E-5},421986,{"$f":"G389/(1-G389)*(H389-2)","v":{"v":19.6398995194442,"d":"19.640"}},{"v":-0.0124621,"d":"-0.012"},{"v":0.00223767,"d":"0.002"},{"v":2.59997995670925e-08,"d":"2.600E-08"},-3.805,{"v":3.9755,"d":"3.976"},{"v":0.3385,"d":"0.339"}]
["FEV1","SA_supramarginal","rs75421844","C","T",0.083714,7.94700810373544e-05,421986,{"v":33.5377679256018,"d":"33.538"},{"v":0.02276,"d":"0.023"},{"v":3.14204E-3,"d":"0.003"},{"v":4.40047947835983e-13,"d":"4.400E-13"},{"v":-3.7921,"d":"-3.792"},{"v":4.5506,"d":"4.551"},{"v":0.4047,"d":"0.405"}]
["FEV1","SA_supramarginal","rs7558918","G","T",0.447756,0.000147192726362355,421986,{"v":62.1221193654089,"d":"62.122"},{"v":0.0172521,"d":"0.017"},{"v":0.00174429,"d":"0.002"},{"v":4.60044666393479e-23,"d":"4.600E-23"},{"v":-0.0253,"d":"-0.025"},{"v":2.5212,"d":"2.521"},0.992]
["FEV1","SA_supramarginal","rs75831829","T","C",0.234053,7.66630665761357e-05,421986,{"v":32.3530677714526,"d":"32.353"},{"v":-0.0146225,"d":"-0.015"},{"v":0.0020589,"d":"0.002"},{"v":1.20005182020427e-12,"d":"1.200E-12"},{"v":5.0582,"d":"5.058"},3.012,{"v":0.09308,"d":"0.093"}]
["FEV1","SA_supramarginal","rs76010139","A","G",0.031028,8.07391480367304e-05,421986,{"v":34.0733797007794,"d":"34.073"},{"v":0.0366433,"d":"0.037"},{"v":5.07888E-3,"d":"0.005"},{"v":5.40007759066593e-13,"d":"5.400E-13"},{"v":13.0861,"d":"13.086"},{"v":6.9691,"d":"6.969"},{"v":0.06042,"d":"0.060"}]
["FEV1","SA_supramarginal","rs761422","G","A",0.49067,7.00482744484262e-05,421986,{"v":29.5613217644247,"d":"29.561"},{"v":0.0118383,"d":"0.012"},{"v":0.00173246,"d":"0.002"},{"v":8.30041869715702e-12,"d":"8.300E-12"},{"v":2.0261,"d":"2.026"},{"v":2.5399,"d":"2.540"},0.425]
["FEV1","SA_supramarginal","rs76226639","T","G",0.080255,5.55350301085755E-5,421986,{"v":23.4361956751696,"d":"23.436"},{"v":-0.0193954,"d":"-0.019"},{"v":0.0032029,"d":"0.003"},{"v":1.40000633223953e-09,"d":"1.400E-09"},{"v":1.2865,"d":"1.287"},{"v":4.5098,"d":"4.510"},{"v":0.7754,"d":"0.775"}]
["FEV1","SA_supramarginal","rs7630228","C","T",0.434209,9.50608393467462e-05,421986,{"v":40.1179668785017,"d":"40.118"},{"v":0.0139094,"d":"0.014"},{"v":1.76048E-3,"d":"0.002"},{"v":2.80027059501064e-15,"d":"2.800E-15"},{"v":0.3744,"d":"0.374"},{"v":2.5285,"d":"2.529"},{"v":0.8823,"d":"0.882"}]
["FEV1","SA_supramarginal","rs7638143","A","G",0.582086,1.09409474802915E-4,421986,{"v":46.1740996992311,"d":"46.174"},{"v":-0.014996,"d":"-0.015"},{"v":0.0017596,"d":"0.002"},{"v":1.5999263828686e-17,"d":"1.600E-17"},{"v":2.3705,"d":"2.371"},{"v":2.5139,"d":"2.514"},{"v":0.3457,"d":"0.346"}]
["FEV1","SA_supramarginal","rs76785101","T","C",0.059317,5.73473511304324E-5,421986,{"v":24.201052485679,"d":"24.201"},{"v":-0.0226689,"d":"-0.023"},{"v":0.00369598,"d":"0.004"},{"v":8.60003066888856E-10,"d":"8.600E-10"},{"v":-11.3775,"d":"-11.378"},{"v":5.7884,"d":"5.788"},{"v":0.04935,"d":"0.049"}]
["FEV1","SA_supramarginal","rs7723049","G","A",0.198601,7.12637299469351e-05,421986,{"v":30.074297024509,"d":"30.074"},{"v":-0.0149625,"d":"-0.015"},{"v":0.00218333,"d":"0.002"},{"v":7.1994612744084e-12,"d":"7.199E-12"},{"v":-7.7175,"d":"-7.718"},{"v":4.0124,"d":"4.012"},{"v":0.05443,"d":"0.054"}]
["FEV1","SA_supramarginal","rs772920","G","C",0.335384,6.83279591850319e-05,421986,{"v":28.8352757842834,"d":"28.835"},{"v":-0.0123802,"d":"-0.012"},{"v":0.00183642,"d":"0.002"},{"v":1.5999263828686e-11,"d":"1.600E-11"},{"v":-4.3774,"d":"-4.377"},{"v":2.6831,"d":"2.683"},{"v":0.1028,"d":"0.103"}]
["FEV1","SA_supramarginal","rs7733410","A","G",0.442953,0.00020249220026295,421986,{"v":85.465774788545,"d":"85.466"},{"v":0.0202565,"d":"0.020"},{"v":0.00174619,"d":"0.002"},{"v":4.10015240506613E-31,"d":"4.100E-31"},1.397,{"v":2.6301,"d":"2.630"},{"v":0.5953,"d":"0.595"}]
["FEV1","SA_supramarginal","rs7753558","A","C",0.63408,4.52365278502319e-05,421986,{"v":19.0899545316121,"d":"19.090"},{"v":0.00987335,"d":"0.010"},{"v":0.00181129,"d":"0.002"},{"v":4.99999995007974e-08,"d":"5.000E-08"},{"v":-3.2831,"d":"-3.283"},{"v":2.6207,"d":"2.621"},{"v":0.2103,"d":"0.210"}]
["FEV1","SA_supramarginal","rs777707","A","G",0.531166,7.44228068661458e-05,421986,{"v":31.4075711722072,"d":"31.408"},{"v":0.012224,"d":"0.012"},{"v":0.0017418,"d":"0.002"},{"v":2.29985258668621e-12,"d":"2.300E-12"},{"v":0.0791,"d":"0.079"},{"v":2.4803,"d":"2.480"},{"v":0.9746,"d":"0.975"}]
["FEV1","SA_supramarginal","rs7778674","G","A",0.421388,8.69214950824588e-05,421986,{"v":36.6826686932827,"d":"36.683"},{"v":0.013351,"d":"0.013"},{"v":0.00175562,"d":"0.002"},{"v":2.90001336905407E-14,"d":"2.900E-14"},{"v":-1.0436,"d":"-1.044"},{"v":2.4919,"d":"2.492"},{"v":0.6754,"d":"0.675"}]
["FEV1","SA_supramarginal","rs78101726","G","A",0.152397,0.000131734833303012,421986,{"v":55.5973159996936,"d":"55.597"},{"v":-0.0225814,"d":"-0.023"},{"v":2.41391E-3,"d":"0.002"},{"v":8.40040065263766e-21,"d":"8.400E-21"},{"v":-5.2211,"d":"-5.221"},3.531,{"v":0.1392,"d":"0.139"}]
["FEV1","SA_supramarginal","rs78378222","G","T",0.01219,6.95454147234055e-05,421986,{"v":29.3490933815125,"d":"29.349"},{"v":0.0537379,"d":"0.054"},{"v":0.00808453,"d":"0.008"},{"v":2.99985318119079e-11,"d":"3.000E-11"},{"v":-2.4285,"d":"-2.429"},{"v":11.3641,"d":"11.364"},{"v":0.8308,"d":"0.831"}]
["FEV1","SA_supramarginal","rs784257","C","T",0.812414,4.65965658140141e-05,421986,{"v":19.6639214996732,"d":"19.664"},{"v":-0.0123644,"d":"-0.012"},{"v":0.0022371,"d":"0.002"},{"v":3.29997006285229E-8,"d":"3.300E-08"},{"v":-0.7557,"d":"-0.756"},3.202,{"v":0.8134,"d":"0.813"}]
["FEV1","SA_supramarginal","rs784808","C","T",0.556276,4.65212757220188e-05,421986,{"v":19.6321473268192,"d":"19.632"},{"v":0.00970754,"d":"0.010"},{"v":1.75016E-3,"d":"0.002"},{"v":2.90001336905407E-8,"d":"2.900E-08"},{"v":1.6811,"d":"1.681"},{"v":2.4907,"d":"2.491"},{"v":0.4997,"d":"0.500"}]
["FEV1","SA_supramarginal","rs7854962","G","C",0.212959,8.47307629973711e-05,421986,{"v":35.7580561000593,"d":"35.758"},{"v":-0.0158986,"d":"-0.016"},{"v":2.13883E-3,"d":"0.002"},{"v":1.10001852750622E-13,"d":"1.100E-13"},{"v":-3.0047,"d":"-3.005"},{"v":3.1315,"d":"3.132"},{"v":0.3373,"d":"0.337"}]
["FEV1","SA_supramarginal","rs78579285","T","C",0.181123,9.00012961689401e-05,421986,{"v":37.9825254390753,"d":"37.983"},{"v":-0.0174186,"d":"-0.017"},{"v":0.00225239,"d":"0.002"},{"v":1E-14,"d":"1.000E-14"},{"v":0.6777,"d":"0.678"},{"v":3.4842,"d":"3.484"},{"v":0.8458,"d":"0.846"}]
["FEV1","SA_supramarginal","rs7930706","A","G",0.26492,5.02182154004254e-05,421986,{"v":21.1923476494122,"d":"21.192"},{"v":0.0113551,"d":"0.011"},{"v":0.00197209,"d":"0.002"},{"v":8.50002102591718E-9,"d":"8.500E-09"},{"v":-4.0142,"d":"-4.014"},{"v":2.78,"d":"2.780"},{"v":0.1488,"d":"0.149"}]
["FEV1","SA_supramarginal","rs7961994","T","A",0.609755,6.01656949162101e-05,421986,{"v":25.3904882398912,"d":"25.390"},{"v":0.0112438,"d":"0.011"},{"v":0.00177642,"d":"0.002"},{"v":2.49999995007974e-10,"d":"2.500E-10"},{"v":1.1103,"d":"1.110"},{"v":2.5261,"d":"2.526"},{"v":0.6603,"d":"0.660"}]
["FEV1","SA_supramarginal","rs7968682","T","G",0.517742,0.000285438769684681,421986,{"v":120.484984872468,"d":"120.485"},{"v":-0.0239081,"d":"-0.024"},{"v":1.74147E-3,"d":"0.002"},{"v":6.79986045003327E-43,"d":"6.800E-43"},{"v":-2.7658,"d":"-2.766"},{"v":2.4965,"d":"2.497"},{"v":0.2679,"d":"0.268"}]
["FEV1","SA_supramarginal","rs8034236","T","C",0.624791,4.53161324180569e-05,421986,{"v":19.1235494275995,"d":"19.124"},{"v":0.00983122,"d":"0.010"},{"v":1.79312E-3,"d":"0.002"},{"v":4.20000686246631e-08,"d":"4.200E-08"},{"v":-0.8812,"d":"-0.881"},{"v":2.5495,"d":"2.550"},{"v":0.7296,"d":"0.730"}]
["FEV1","SA_supramarginal","rs803765","A","C",0.346274,6.04233932196364e-05,421986,{"v":25.4992459153578,"d":"25.499"},{"v":-0.0115526,"d":"-0.012"},{"v":0.00182565,"d":"0.002"},{"v":2.49999995007974e-10,"d":"2.500E-10"},{"v":-3.4053,"d":"-3.405"},{"v":2.5984,"d":"2.598"},{"v":0.19,"d":"0.190"}]
["FEV1","SA_supramarginal","rs8062719","G","A",0.635212,7.65343364455499e-05,421986,{"v":32.2987373930733,"d":"32.299"},{"v":0.0128509,"d":"0.013"},{"v":1.81379E-3,"d":"0.002"},{"v":1.39990962656834e-12,"d":"1.400E-12"},{"v":2.0477,"d":"2.048"},{"v":2.6048,"d":"2.605"},{"v":0.4318,"d":"0.432"}]
["FEV1","SA_supramarginal","rs8069671","T","G",0.390081,7.54226029793906e-05,421986,{"v":31.8295323618375,"d":"31.830"},{"v":-0.0125899,"d":"-0.013"},{"v":1.77871E-3,"d":"0.002"},{"v":1.50003019045595E-12,"d":"1.500E-12"},{"v":-3.7345,"d":"-3.735"},{"v":2.5741,"d":"2.574"},{"v":0.1468,"d":"0.147"}]
["FEV1","SA_supramarginal","rs841217","C","T",0.542519,5.24519926562761e-05,421986,{"v":22.1350626972121,"d":"22.135"},{"v":-0.0102795,"d":"-0.010"},{"v":1.74789E-3,"d":"0.002"},{"v":4.09996359041765e-09,"d":"4.100E-09"},{"v":2.5509,"d":"2.551"},{"v":2.5381,"d":"2.538"},{"v":0.3149,"d":"0.315"}]
["FEV1","SA_supramarginal","rs876531","T","C",0.455993,0.000134481756941343,421986,{"v":56.756782472961,"d":"56.757"},{"v":-0.016464,"d":"-0.016"},{"v":0.00174605,"d":"0.002"},{"v":4.10015240506613e-21,"d":"4.100E-21"},{"v":-1.3951,"d":"-1.395"},{"v":2.5982,"d":"2.598"},{"v":0.5913,"d":"0.591"}]
["FEV1","SA_supramarginal","rs879098","G","A",0.39884,6.23015634864502e-05,421986,{"v":26.2919009928051,"d":"26.292"},{"v":-0.0113983,"d":"-0.011"},{"v":1.77623E-3,"d":"0.002"},{"v":1.40000633223953E-10,"d":"1.400E-10"},{"v":-2.6432,"d":"-2.643"},{"v":2.6145,"d":"2.615"},0.312]
["FEV1","SA_supramarginal","rs879394","T","G",0.233436,0.00013040368162288,421986,{"v":55.0354440104679,"d":"55.035"},{"v":-0.0190885,"d":"-0.019"},{"v":0.00205722,"d":"0.002"},{"v":1.69980851320349e-20,"d":"1.700E-20"},{"v":-1.2715,"d":"-1.272"},{"v":2.9553,"d":"2.955"},0.667]
["FEV1","SA_supramarginal","rs9295","A","G",0.295687,5.79273809792533e-05,421986,{"v":24.4458440188691,"d":"24.446"},{"v":0.0117931,"d":"0.012"},{"v":0.00190411,"d":"0.002"},{"v":5.89997267139772e-10,"d":"5.900E-10"},{"v":-0.6084,"d":"-0.608"},{"v":2.7286,"d":"2.729"},{"v":0.8236,"d":"0.824"}]
["FEV1","SA_supramarginal","rs9310389","T","C",0.5454,4.96641625633076E-5,421986,{"v":20.9585228626013,"d":"20.959"},{"v":0.0100077,"d":"0.010"},{"v":1.74847E-3,"d":"0.002"},{"v":1E-8,"d":"1.000E-08"},{"v":0.5881,"d":"0.588"},{"v":2.5171,"d":"2.517"},{"v":0.8153,"d":"0.815"}]
["FEV1","SA_supramarginal","rs9322332","A","C",0.45633,8.9188242197488e-05,421986,{"v":37.6393681845506,"d":"37.639"},{"v":0.013407,"d":"0.013"},{"v":0.00174017,"d":"0.002"},{"v":1.2998702373886E-14,"d":"1.300E-14"},{"v":-3.2555,"d":"-3.256"},{"v":2.5002,"d":"2.500"},{"v":0.1929,"d":"0.193"}]
["FEV1","SA_supramarginal","rs9379084","A","G",0.115664,6.10451902292778e-05,421986,{"v":25.7616661795241,"d":"25.762"},{"v":-0.0172744,"d":"-0.017"},{"v":0.00279331,"d":"0.003"},{"v":6.19997588072324e-10,"d":"6.200E-10"},{"v":0.9763,"d":"0.976"},{"v":4.3297,"d":"4.330"},{"v":0.8216,"d":"0.822"}]
["FEV1","SA_supramarginal","rs9535455","A","G",0.211,4.63650009076395e-05,421986,{"v":19.5661957296921,"d":"19.566"},{"v":-0.0118005,"d":"-0.012"},{"v":0.0021458,"d":"0.002"},{"v":3.79996853036855e-08,"d":"3.800E-08"},{"v":-5.4188,"d":"-5.419"},{"v":3.1199,"d":"3.120"},{"v":0.08242,"d":"0.082"}]
["FEV1","SA_supramarginal","rs9864975","G","A",0.24399,1.03802549008386E-4,421986,{"v":43.8075621773747,"d":"43.808"},{"v":0.0167741,"d":"0.017"},{"v":0.00202079,"d":"0.002"},{"v":1e-16,"d":"1.000E-16"},{"v":-2.9431,"d":"-2.943"},{"v":2.8616,"d":"2.862"},{"v":0.3037,"d":"0.304"}]
["FEV1","SA_supramarginal","rs9886260","A","G",0.722783,6.60973406155798e-05,421986,{"v":27.8938638925476,"d":"27.894"},{"v":-0.0128429,"d":"-0.013"},{"v":0.00194321,"d":"0.002"},{"v":3.90031784475066e-11,"d":"3.900E-11"},{"v":-1.1486,"d":"-1.149"},{"v":2.8062,"d":"2.806"},{"v":0.6823,"d":"0.682"}]
["FEV1","SA_supramarginal","rs9894577","A","G",0.318121,5.64036175481224e-05,421986,{"v":23.802766709577,"d":"23.803"},{"v":-0.0114022,"d":"-0.011"},{"v":1.86765E-3,"d":"0.002"},{"v":1e-09,"d":"1.000E-09"},{"v":-4.3786,"d":"-4.379"},2.683,{"v":0.1027,"d":"0.103"}]
["FEV1","SA_supramarginal","rs9912553","G","C",0.723438,0.000159985148591115,421986,{"v":67.5219754563497,"d":"67.522"},{"v":0.0199953,"d":"0.020"},{"v":0.00194048,"d":"0.002"},{"v":6.70038873807757e-25,"d":"6.700E-25"},1.341,{"v":2.9865,"d":"2.987"},{"v":0.6534,"d":"0.653"}]
["FEV1","SA_supramarginal","rs9988963","G","C",0.737251,4.63140543112529E-5,421986,{"v":19.5446950885496,"d":"19.545"},{"v":0.0109336,"d":"0.011"},{"v":0.00197337,"d":"0.002"},{"v":2.99999133271615e-08,"d":"3.000E-08"},-0.233,2.818,{"v":0.9341,"d":"0.934"}]
["FEV1","SA_lingual","rs10141786","G","A",0.596493,7.05065437591767e-05,421986,{"v":29.7547312649344,"d":"29.755"},{"v":-0.0121024,"d":"-0.012"},{"v":1.77709E-3,"d":"0.002"},{"v":9.70063133783958e-12,"d":"9.701E-12"},{"v":-0.8511,"d":"-0.851"},2.595,{"v":0.7429,"d":"0.743"}]
["FEV1","SA_lingual","rs10283100","G","A",0.944478,6.6090898474265e-05,421986,{"v":27.8911450526003,"d":"27.891"},{"v":0.0251031,"d":"0.025"},{"v":0.00379228,"d":"0.004"},{"v":3.59997927043357e-11,"d":"3.600E-11"},{"v":9.0563,"d":"9.056"},{"v":6.0076,"d":"6.008"},{"v":0.1317,"d":"0.132"}]
["FEV1","SA_lingual","rs10490551","A","T",0.276305,7.51379145854287e-05,421986,{"v":31.709380325128,"d":"31.709"},{"v":0.013707,"d":"0.014"},{"v":0.00193897,"d":"0.002"},{"v":1.5999263828686E-12,"d":"1.600E-12"},{"v":-2.0487,"d":"-2.049"},{"v":2.5554,"d":"2.555"},{"v":0.4227,"d":"0.423"}]
["FEV1","SA_lingual","rs10789246","C","T",0.301089,5.20235638625794e-05,421986,{"v":21.9542537115067,"d":"21.954"},{"v":-0.011118,"d":"-0.011"},{"v":0.00188847,"d":"0.002"},{"v":3.89995862874433e-09,"d":"3.900E-09"},{"v":1.7587,"d":"1.759"},{"v":2.5051,"d":"2.505"},{"v":0.4826,"d":"0.483"}]
["FEV1","SA_lingual","rs10797116","C","T",0.542079,7.98684142926156e-05,421986,{"v":33.7058849724402,"d":"33.706"},{"v":-0.0126837,"d":"-0.013"},{"v":1.74658E-3,"d":"0.002"},{"v":3.80014352941586e-13,"d":"3.800E-13"},{"v":3.2571,"d":"3.257"},{"v":2.3116,"d":"2.312"},{"v":0.1588,"d":"0.159"}]
["FEV1","SA_lingual","rs10851839","A","T",0.668554,4.72929853022601e-05,421986,{"v":19.9578269750067,"d":"19.958"},{"v":0.0103302,"d":"0.010"},{"v":0.00184696,"d":"0.002"},{"v":2.19998641983516e-08,"d":"2.200E-08"},{"v":1.1299,"d":"1.130"},{"v":2.4382,"d":"2.438"},{"v":0.6431,"d":"0.643"}]
["FEV1","SA_lingual","rs10911335","C","T",0.21106,8.54138636940176e-05,421986,{"v":36.046362716168,"d":"36.046"},{"v":0.0160149,"d":"0.016"},{"v":0.00212544,"d":"0.002"},{"v":4.90004422793237e-14,"d":"4.900E-14"},0.244,{"v":2.7935,"d":"2.794"},{"v":0.9304,"d":"0.930"}]
["FEV1","SA_lingual","rs10965947","T","C",0.458692,8.33741345031673e-05,421986,{"v":35.1854843334879,"d":"35.185"},{"v":0.0129574,"d":"0.013"},{"v":0.00174086,"d":"0.002"},{"v":9.79941161095592e-14,"d":"9.799E-14"},{"v":-3.0303,"d":"-3.030"},{"v":2.4644,"d":"2.464"},{"v":0.2188,"d":"0.219"}]
["FEV1","SA_lingual","rs11049229","T","A",0.054116,4.66525515018772E-5,421986,{"v":19.687548767351,"d":"19.688"},{"v":0.0213472,"d":"0.021"},{"v":0.00387585,"d":"0.004"},{"v":3.59997927043357E-8,"d":"3.600E-08"},{"v":-2.5921,"d":"-2.592"},{"v":5.2675,"d":"5.268"},{"v":0.6226,"d":"0.623"}]
["FEV1","SA_lingual","rs11049381","A","G",0.564116,8.9027429512621e-05,421986,{"v":37.5714957091398,"d":"37.571"},{"v":0.0134548,"d":"0.013"},{"v":1.75227E-3,"d":"0.002"},{"v":1.5999263828686E-14,"d":"1.600E-14"},{"v":-1.0113,"d":"-1.011"},{"v":2.3207,"d":"2.321"},0.663]
["FEV1","SA_lingual","rs11107119","A","T",0.219982,1.50950514403929E-4,421986,{"v":63.708318673703,"d":"63.708"},{"v":0.0209728,"d":"0.021"},{"v":2.09596E-3,"d":"0.002"},{"v":1.39990962656834E-23,"d":"1.400E-23"},-3.558,{"v":2.7642,"d":"2.764"},0.198]
["FEV1","SA_lingual","rs11111130","A","G",0.176753,6.04026470803273e-05,421986,{"v":25.4904903186355,"d":"25.490"},{"v":0.0144067,"d":"0.014"},{"v":0.00227815,"d":"0.002"},{"v":2.59997995670925E-10,"d":"2.600E-10"},{"v":-1.3795,"d":"-1.380"},{"v":3.0569,"d":"3.057"},{"v":0.6518,"d":"0.652"}]
["FEV1","SA_lingual","rs11134789","A","C",0.341728,9.26445220486195e-05,421986,{"v":39.0981282195666,"d":"39.098"},{"v":-0.01435,"d":"-0.014"},{"v":1.82876E-3,"d":"0.002"},{"v":4.30031233630544e-15,"d":"4.300E-15"},{"v":-1.3478,"d":"-1.348"},{"v":2.4227,"d":"2.423"},0.578]
["FEV1","SA_lingual","rs11166592","T","G",0.577472,7.71708226681496e-05,421986,{"v":32.5673656831983,"d":"32.567"},{"v":0.0125753,"d":"0.013"},{"v":0.00176215,"d":"0.002"},{"v":9.60063590945348e-13,"d":"9.601E-13"},{"v":-1.3767,"d":"-1.377"},{"v":2.3246,"d":"2.325"},{"v":0.5537,"d":"0.554"}]
["FEV1","SA_lingual","rs11231173","A","T",0.397259,6.23401295407736e-05,421986,{"v":26.3081772793134,"d":"26.308"},{"v":0.0114095,"d":"0.011"},{"v":1.77764E-3,"d":"0.002"},{"v":1.40000633223953E-10,"d":"1.400E-10"},{"v":1.0386,"d":"1.039"},{"v":2.3778,"d":"2.378"},{"v":0.6623,"d":"0.662"}]
["FEV1","SA_lingual","rs11259936","C","A",0.52286,0.000265694338869797,421986,{"v":112.148557130374,"d":"112.149"},{"v":0.023076,"d":"0.023"},{"v":0.00173772,"d":"0.002"},{"v":2.99985318119079e-40,"d":"3.000E-40"},{"v":0.8825,"d":"0.883"},{"v":2.2974,"d":"2.297"},{"v":0.7009,"d":"0.701"}]
["FEV1","SA_lingual","rs112635299","T","G",0.02048,5.99406836577107e-05,421986,{"v":25.2955256837183,"d":"25.296"},{"v":0.0386522,"d":"0.039"},{"v":0.00614151,"d":"0.006"},{"v":3.09998790941119e-10,"d":"3.100E-10"},{"v":-14.9218,"d":"-14.922"},{"v":8.8241,"d":"8.824"},{"v":0.09083,"d":"0.091"}]
["FEV1","SA_lingual","rs11576892","C","T",0.083935,6.68380869993151E-5,421986,{"v":28.2064885720561,"d":"28.206"},{"v":-0.0208479,"d":"-0.021"},{"v":3.12824E-3,"d":"0.003"},{"v":2.70022528688824e-11,"d":"2.700E-11"},{"v":6.8099,"d":"6.810"},{"v":4.2367,"d":"4.237"},0.108]
["FEV1","SA_lingual","rs11588312","T","C",0.071357,9.07790999773809E-5,421986,{"v":38.3108055453019,"d":"38.311"},{"v":-0.0261719,"d":"-0.026"},{"v":3.37433E-3,"d":"0.003"},{"v":8.80035111687322e-15,"d":"8.800E-15"},{"v":1.0074,"d":"1.007"},{"v":4.7785,"d":"4.779"},0.833]
["FEV1","SA_lingual","rs11621587","C","G",0.183978,0.000128027780905798,421986,{"v":54.0325927707012,"d":"54.033"},{"v":0.0206492,"d":"0.021"},{"v":0.00223832,"d":"0.002"},{"v":2.80027059501063E-20,"d":"2.800E-20"},{"v":2.0773,"d":"2.077"},{"v":3.0065,"d":"3.007"},{"v":0.4896,"d":"0.490"}]
["FEV1","SA_lingual","rs11623570","A","C",0.232947,4.8919748289392e-05,421986,{"v":20.6443609790935,"d":"20.644"},{"v":-0.0117,"d":"-0.012"},{"v":2.05404E-3,"d":"0.002"},{"v":1.19999655704812E-8,"d":"1.200E-08"},{"v":-1.6041,"d":"-1.604"},{"v":2.8058,"d":"2.806"},{"v":0.5675,"d":"0.568"}]
["FEV1","SA_lingual","rs11641308","C","T",0.654691,{"$f":"2*F453*(1-F453)*J453*J453","v":5.22661440919687e-05},421986,{"$f":"G453/(1-G453)*(H453-2)","v":{"v":22.0566293634738,"d":"22.057"}},{"v":-0.0107516,"d":"-0.011"},{"v":0.00184605,"d":"0.002"},{"v":5.69993627094142e-09,"d":"5.700E-09"},{"v":-2.8284,"d":"-2.828"},{"v":2.6197,"d":"2.620"},{"v":0.2803,"d":"0.280"}]
["FEV1","SA_lingual","rs11694842","G","A",0.336566,5.27032623531681E-5,421986,{"v":22.2411056396648,"d":"22.241"},{"v":-0.0108635,"d":"-0.011"},{"v":0.00183761,"d":"0.002"},{"v":3.4000084782586e-09,"d":"3.400E-09"},{"v":0.5619,"d":"0.562"},{"v":2.4393,"d":"2.439"},{"v":0.8178,"d":"0.818"}]
["FEV1","SA_lingual","rs11707746","C","T",0.286941,5.77976124903816e-05,421986,{"v":24.3910774551842,"d":"24.391"},{"v":-0.0118845,"d":"-0.012"},{"v":0.00192893,"d":"0.002"},{"v":7.19995861275188E-10,"d":"7.200E-10"},{"v":2.7624,"d":"2.762"},{"v":2.5936,"d":"2.594"},{"v":0.2868,"d":"0.287"}]
["FEV1","SA_lingual","rs1187115","A","C",0.830007,2.28574532522613E-4,421986,{"v":96.4768476823807,"d":"96.477"},{"v":-0.0284605,"d":"-0.028"},{"v":2.30876E-3,"d":"0.002"},{"v":6.49980009683024e-35,"d":"6.500E-35"},{"v":2.0967,"d":"2.097"},{"v":3.0872,"d":"3.087"},0.497]
["FEV1","SA_lingual","rs11877758","G","T",0.3121,5.8965846097212e-05,421986,{"v":24.8841109121402,"d":"24.884"},{"v":-0.0117186,"d":"-0.012"},{"v":1.88255E-3,"d":"0.002"},{"v":4.7999863240391E-10,"d":"4.800E-10"},{"v":2.8961,"d":"2.896"},{"v":2.5079,"d":"2.508"},{"v":0.2482,"d":"0.248"}]
["FEV1","SA_lingual","rs11883412","T","G",0.100546,6.56337523565205e-05,421986,{"v":27.6982112919546,"d":"27.698"},{"v":-0.0190492,"d":"-0.019"},{"v":0.00289518,"d":"0.003"},{"v":4.70002318179801e-11,"d":"4.700E-11"},{"v":-0.5947,"d":"-0.595"},{"v":3.8653,"d":"3.865"},{"v":0.8777,"d":"0.878"}]
["FEV1","SA_lingual","rs11909473","G","A",0.28953,5.04702207717938E-5,421986,{"v":21.2987005922857,"d":"21.299"},{"v":0.011076,"d":"0.011"},{"v":1.92519E-3,"d":"0.002"},{"v":8.79994585505891e-09,"d":"8.800E-09"},{"v":0.7737,"d":"0.774"},{"v":2.5267,"d":"2.527"},{"v":0.7594,"d":"0.759"}]
["FEV1","SA_lingual","rs11938781","C","T",0.165403,0.000284467858130144,421986,{"v":120.075042135242,"d":"120.075"},{"v":-0.032099,"d":"-0.032"},{"v":0.0023426,"d":"0.002"},{"v":9.79941161095593e-43,"d":"9.799E-43"},{"v":3.7506,"d":"3.751"},{"v":3.1739,"d":"3.174"},{"v":0.2373,"d":"0.237"}]
["FEV1","SA_lingual","rs12358810","A","G",0.392273,6.2173584888256e-05,421986,{"v":26.2378893491266,"d":"26.238"},{"v":-0.0114193,"d":"-0.011"},{"v":1.78594E-3,"d":"0.002"},{"v":1.60000006389793E-10,"d":"1.600E-10"},{"v":0.3465,"d":"0.347"},{"v":2.3465,"d":"2.347"},{"v":0.8826,"d":"0.883"}]
["FEV1","SA_lingual","rs12413039","G","C",0.267488,7.90435445750635e-05,421986,{"v":33.357747828591,"d":"33.358"},{"v":0.0142023,"d":"0.014"},{"v":0.00195704,"d":"0.002"},{"v":4.00036851046125e-13,"d":"4.000E-13"},{"v":-0.4892,"d":"-0.489"},{"v":2.6109,"d":"2.611"},{"v":0.8514,"d":"0.851"}]
["FEV1","SA_lingual","rs12571363","A","C",0.10664,9.91724246453693e-05,421986,{"v":41.8533271374832,"d":"41.853"},{"v":-0.0228143,"d":"-0.023"},{"v":0.00281378,"d":"0.003"},{"v":5.10035023959446e-16,"d":"5.100E-16"},{"v":2.8376,"d":"2.838"},{"v":3.8213,"d":"3.821"},{"v":0.4577,"d":"0.458"}]
["FEV1","SA_lingual","rs12641030","G","A",0.467529,8.61398202509326e-05,421986,{"v":36.3527573287515,"d":"36.353"},{"v":-0.0131533,"d":"-0.013"},{"v":0.00173853,"d":"0.002"},{"v":3.90031784475066e-14,"d":"3.900E-14"},2.819,{"v":2.2893,"d":"2.289"},{"v":0.2182,"d":"0.218"}]
["FEV1","SA_lingual","rs12684650","T","C",0.316579,0.000118935592968517,421986,{"v":50.1948872219023,"d":"50.195"},{"v":-0.0165789,"d":"-0.017"},{"v":0.0018661,"d":"0.002"},{"v":6.40029512108372e-19,"d":"6.400E-19"},{"v":1.7961,"d":"1.796"},{"v":2.5769,"d":"2.577"},{"v":0.4858,"d":"0.486"}]
["FEV1","SA_lingual","rs12698403","A","G",0.439685,9.54761382352811e-05,421986,{"v":40.293249760961,"d":"40.293"},{"v":-0.0139202,"d":"-0.014"},{"v":0.00175386,"d":"0.002"},{"v":2.09990670376243e-15,"d":"2.100E-15"},{"v":-1.0939,"d":"-1.094"},{"v":2.33,"d":"2.330"},{"v":0.6387,"d":"0.639"}]
["FEV1","SA_lingual","rs12894780","C","T",0.126445,1.13215449487926E-4,421986,{"v":47.7805177295044,"d":"47.781"},{"v":-0.0226382,"d":"-0.023"},{"v":0.00262602,"d":"0.003"},{"v":6.70038873807757e-18,"d":"6.700E-18"},{"v":-0.2006,"d":"-0.201"},{"v":3.4548,"d":"3.455"},{"v":0.9537,"d":"0.954"}]
["FEV1","SA_lingual","rs12917612","A","C",0.232311,5.15254458062511e-05,421986,{"v":21.7440340941554,"d":"21.744"},{"v":-0.012019,"d":"-0.012"},{"v":0.00205725,"d":"0.002"},{"v":5.09999793204996e-09,"d":"5.100E-09"},{"v":-0.7222,"d":"-0.722"},2.727,{"v":0.7911,"d":"0.791"}]
["FEV1","SA_lingual","rs12985660","C","T",0.475562,4.79952736196658e-05,421986,{"v":20.2542096494551,"d":"20.254"},{"v":-0.0098092,"d":"-0.010"},{"v":0.00174527,"d":"0.002"},{"v":1.89998424621473e-08,"d":"1.900E-08"},{"v":3.8151,"d":"3.815"},{"v":2.4972,"d":"2.497"},{"v":0.1266,"d":"0.127"}]
["FEV1","SA_lingual","rs13101469","T","A",0.196758,7.39883393519119e-05,421986,{"v":31.2242056201986,"d":"31.224"},{"v":-0.0152995,"d":"-0.015"},{"v":0.00218825,"d":"0.002"},{"v":2.70022528688824E-12,"d":"2.700E-12"},-2.554,{"v":2.9259,"d":"2.926"},{"v":0.3827,"d":"0.383"}]
["FEV1","SA_lingual","rs13178887","C","T",0.386603,5.06944398527101e-05,421986,{"v":21.3933270295364,"d":"21.393"},{"v":-0.0103386,"d":"-0.010"},{"v":0.00177913,"d":"0.002"},{"v":6.19997588072324e-09,"d":"6.200E-09"},{"v":0.6467,"d":"0.647"},{"v":2.3649,"d":"2.365"},{"v":0.7845,"d":"0.785"}]
["FEV1","SA_lingual","rs13429514","A","G",0.23795,6.74489306258274e-05,421986,{"v":28.464289427092,"d":"28.464"},{"v":0.0136376,"d":"0.014"},{"v":0.00203576,"d":"0.002"},{"v":2.09990670376243E-11,"d":"2.100E-11"},{"v":-0.4376,"d":"-0.438"},{"v":2.6834,"d":"2.683"},{"v":0.8705,"d":"0.871"}]
["FEV1","SA_lingual","rs1344674","G","A",0.446057,9.59275907100102e-05,421986,{"v":40.4837919507976,"d":"40.484"},{"v":0.0139325,"d":"0.014"},{"v":1.7434E-3,"d":"0.002"},{"v":1.2998702373886e-15,"d":"1.300E-15"},{"v":-1.0288,"d":"-1.029"},{"v":2.3015,"d":"2.302"},{"v":0.6549,"d":"0.655"}]
["FEV1","SA_lingual","rs138198562","C","T",0.048489,4.8369136285793e-05,421986,{"v":20.4119889166979,"d":"20.412"},{"v":0.022895,"d":"0.023"},{"v":4.13817E-3,"d":"0.004"},{"v":3.20000015974484e-08,"d":"3.200E-08"},{"v":1.7138,"d":"1.714"},{"v":6.9208,"d":"6.921"},{"v":0.8044,"d":"0.804"}]
["FEV1","SA_lingual","rs1390403","A","C",0.808334,6.94084306580781e-05,421986,{"v":29.2912802646136,"d":"29.291"},{"v":0.0149666,"d":"0.015"},{"v":0.00220795,"d":"0.002"},{"v":1.20005182020427e-11,"d":"1.200E-11"},{"v":-0.1996,"d":"-0.200"},{"v":2.9359,"d":"2.936"},{"v":0.9458,"d":"0.946"}]
["FEV1","SA_lingual","rs1415701","A","G",0.267657,0.000212854795530095,421986,{"v":89.840441005672,"d":"89.840"},{"v":-0.0233013,"d":"-0.023"},{"v":0.00198294,"d":"0.002"},{"v":7.00003159130895e-32,"d":"7.000E-32"},{"v":3.5732,"d":"3.573"},{"v":2.6964,"d":"2.696"},{"v":0.1851,"d":"0.185"}]
["FEV1","SA_lingual","rs147110934","T","G",0.024261,9.08136576571728e-05,421986,{"v":38.3253909817406,"d":"38.325"},{"v":-0.0437965,"d":"-0.044"},{"v":5.6422E-3,"d":"0.006"},{"v":8.30041869715702e-15,"d":"8.300E-15"},{"v":1.8808,"d":"1.881"},{"v":8.1911,"d":"8.191"},{"v":0.8184,"d":"0.818"}]
["FEV1","SA_lingual","rs149850621","A","G",0.433712,4.67092329832448e-05,421986,{"v":19.7114696788312,"d":"19.711"},{"v":-0.0097514,"d":"-0.010"},{"v":0.00177602,"d":"0.002"},{"v":4.00000007987242e-08,"d":"4.000E-08"},{"v":-3.9812,"d":"-3.981"},{"v":2.3627,"d":"2.363"},{"v":0.09198,"d":"0.092"}]
["FEV1","SA_lingual","rs1516890","A","G",0.469749,8.4807052067357e-05,421986,{"v":35.7902543255537,"d":"35.790"},{"v":-0.0130475,"d":"-0.013"},{"v":0.00174914,"d":"0.002"},{"v":8.69961433065269e-14,"d":"8.700E-14"},{"v":-0.9072,"d":"-0.907"},{"v":2.3171,"d":"2.317"},{"v":0.6954,"d":"0.695"}]
["FEV1","SA_lingual","rs1668091","C","T",0.31711,5.08018677889566e-05,421986,{"v":21.4386645012546,"d":"21.439"},{"v":0.0108304,"d":"0.011"},{"v":0.00187606,"d":"0.002"},{"v":7.79991733536343e-09,"d":"7.800E-09"},{"v":0.3626,"d":"0.363"},{"v":2.4517,"d":"2.452"},{"v":0.8824,"d":"0.882"}]
["FEV1","SA_lingual","rs1679910","A","G",0.437215,4.66983353267357e-05,421986,{"v":19.7068706125693,"d":"19.707"},{"v":0.0097413,"d":"0.010"},{"v":0.001762,"d":"0.002"},{"v":3.20000015974484e-08,"d":"3.200E-08"},{"v":1.4543,"d":"1.454"},{"v":2.3797,"d":"2.380"},{"v":0.5411,"d":"0.541"}]
["FEV1","SA_lingual","rs17182434","G","A",0.138591,5.40403806368192e-05,421986,{"v":22.8054083955978,"d":"22.805"},{"v":0.0150443,"d":"0.015"},{"v":0.00251576,"d":"0.003"},{"v":2.19998641983517e-09,"d":"2.200E-09"},{"v":-0.5006,"d":"-0.501"},{"v":3.6168,"d":"3.617"},{"v":0.8899,"d":"0.890"}]
["FEV1","SA_lingual","rs17221848","A","G",0.200049,5.08746575105407e-05,421986,{"v":21.4693837224718,"d":"21.469"},{"v":-0.0126077,"d":"-0.013"},{"v":0.00217218,"d":"0.002"},{"v":6.49994976198144e-09,"d":"6.500E-09"},0.514,{"v":2.9012,"d":"2.901"},{"v":0.8594,"d":"0.859"}]
["FEV1","SA_lingual","rs17400325","C","T",0.041599,7.56555053658999e-05,421986,{"v":31.9278282923086,"d":"31.928"},{"v":0.0308028,"d":"0.031"},{"v":0.00433779,"d":"0.004"},{"v":1.20005182020427e-12,"d":"1.200E-12"},{"v":8.9061,"d":"8.906"},{"v":6.0877,"d":"6.088"},{"v":0.1435,"d":"0.144"}]
["FEV1","SA_lingual","rs1829935","G","A",0.250856,0.000128499965685058,421986,{"v":54.2318983167161,"d":"54.232"},{"v":-0.0184902,"d":"-0.018"},{"v":0.00200267,"d":"0.002"},{"v":2.60015956316527e-20,"d":"2.600E-20"},{"v":-3.7125,"d":"-3.713"},2.619,{"v":0.1563,"d":"0.156"}]
["FEV1","SA_lingual","rs183967755","A","G",0.016158,7.01384782939526e-05,421986,{"v":29.5993916806862,"d":"29.599"},{"v":0.0469685,"d":"0.047"},{"v":0.00687981,"d":"0.007"},{"v":8.69961433065269e-12,"d":"8.700E-12"},{"v":-7.0302,"d":"-7.030"},{"v":9.4802,"d":"9.480"},{"v":0.4584,"d":"0.458"}]
["FEV1","SA_lingual","rs1867264","T","A",0.384943,5.50601142816947e-05,421986,{"v":23.2357666290127,"d":"23.236"},{"v":-0.0107832,"d":"-0.011"},{"v":1.78929E-3,"d":"0.002"},{"v":1.70000422215636e-09,"d":"1.700E-09"},{"v":1.0094,"d":"1.009"},{"v":2.3727,"d":"2.373"},{"v":0.6705,"d":"0.671"}]
["FEV1","SA_lingual","rs196038","A","C",0.631193,0.000123700616050549,421986,{"v":52.2061386949931,"d":"52.206"},{"v":0.0163001,"d":"0.016"},{"v":0.00180593,"d":"0.002"},{"v":1.800113960418e-19,"d":"1.800E-19"},{"v":0.3965,"d":"0.397"},{"v":2.4131,"d":"2.413"},{"v":0.8695,"d":"0.870"}]
["FEV1","SA_lingual","rs1966265","A","G",0.245129,6.76953961079924e-05,421986,{"v":28.5683079741595,"d":"28.568"},{"v":0.0135248,"d":"0.014"},{"v":0.00201382,"d":"0.002"},{"v":1.90020300257723e-11,"d":"1.900E-11"},{"v":-2.3783,"d":"-2.378"},{"v":2.7714,"d":"2.771"},{"v":0.3908,"d":"0.391"}]
["FEV1","SA_lingual","rs1983753","A","G",0.851273,9.91118676148653e-05,421986,{"v":41.8277679717932,"d":"41.828"},{"v":0.0197842,"d":"0.020"},{"v":2.45174E-3,"d":"0.002"},{"v":7.10068096254533e-16,"d":"7.101E-16"},{"v":-3.0568,"d":"-3.057"},{"v":3.2461,"d":"3.246"},{"v":0.3464,"d":"0.346"}]
["FEV1","SA_lingual","rs2010492","G","A",0.665231,8.69229195002498e-05,421986,{"v":36.6832698793081,"d":"36.683"},{"v":-0.0139699,"d":"-0.014"},{"v":1.8418E-3,"d":"0.002"},{"v":3.29989407910835e-14,"d":"3.300E-14"},{"v":4.8666,"d":"4.867"},2.488,{"v":0.05046,"d":"0.050"}]
["FEV1","SA_lingual","rs2076170","G","T",0.580701,0.000172317808636361,421986,{"v":72.7278904703186,"d":"72.728"},{"v":0.018811,"d":"0.019"},{"v":0.00176281,"d":"0.002"},{"v":1.39990962656834e-26,"d":"1.400E-26"},{"v":-1.4461,"d":"-1.446"},{"v":2.3584,"d":"2.358"},{"v":0.5398,"d":"0.540"}]
["FEV1","SA_lingual","rs2118022","C","T",0.360318,4.75903384259144e-05,421986,{"v":20.0833171421806,"d":"20.083"},{"v":-0.0101606,"d":"-0.010"},{"v":0.00181403,"d":"0.002"},{"v":2.10000341026661e-08,"d":"2.100E-08"},{"v":1.7219,"d":"1.722"},2.471,{"v":0.4859,"d":"0.486"}]
["FEV1","SA_lingual","rs2194411","A","G",0.128337,0.000105378987708809,421986,{"v":44.4729332620015,"d":"44.473"},{"v":0.0217026,"d":"0.022"},{"v":2.62547E-3,"d":"0.003"},{"v":1.39990962656834e-16,"d":"1.400E-16"},{"v":4.3108,"d":"4.311"},{"v":3.7675,"d":"3.768"},{"v":0.2525,"d":"0.253"}]
["FEV1","SA_lingual","rs2236610","G","C",0.199727,5.00199416067611e-05,421986,{"v":21.108670893473,"d":"21.109"},{"v":-0.0125089,"d":"-0.013"},{"v":0.0021751,"d":"0.002"},{"v":8.89999986382574e-09,"d":"8.900E-09"},{"v":-2.1632,"d":"-2.163"},{"v":2.8831,"d":"2.883"},{"v":0.4531,"d":"0.453"}]
["FEV1","SA_lingual","rs225646","A","G",0.757234,1.03245612092437E-4,421986,{"v":43.5724950421362,"d":"43.572"},{"v":0.0167576,"d":"0.017"},{"v":0.0020231,"d":"0.002"},{"v":1.20005182020427e-16,"d":"1.200E-16"},{"v":-3.2575,"d":"-3.258"},{"v":2.6831,"d":"2.683"},{"v":0.2247,"d":"0.225"}]
["FEV1","SA_lingual","rs2292839","A","T",0.219592,4.7970519569659e-05,421986,{"v":20.2437628339042,"d":"20.244"},{"v":0.0118305,"d":"0.012"},{"v":0.00209518,"d":"0.002"},{"v":1.60000006389793e-08,"d":"1.600E-08"},{"v":-3.7502,"d":"-3.750"},{"v":2.8565,"d":"2.857"},{"v":0.1892,"d":"0.189"}]
["FEV1","SA_lingual","rs2327790","G","A",0.702446,4.64908828870828e-05,421986,{"v":19.6193208437704,"d":"19.619"},{"v":0.0105458,"d":"0.011"},{"v":0.00190444,"d":"0.002"},{"v":3.09998790941119e-08,"d":"3.100E-08"},{"v":-0.5928,"d":"-0.593"},{"v":2.4926,"d":"2.493"},0.812]
["FEV1","SA_lingual","rs2345443","G","A",0.690225,6.1098162948369e-05,421986,{"v":25.7840225500158,"d":"25.784"},{"v":-0.0119531,"d":"-0.012"},{"v":1.87776E-3,"d":"0.002"},{"v":1.89998424621474e-10,"d":"1.900E-10"},{"v":-0.8033,"d":"-0.803"},{"v":2.4908,"d":"2.491"},{"v":0.7471,"d":"0.747"}]
["FEV1","SA_lingual","rs2358947","G","C",0.861631,4.78225974185544e-05,421986,{"v":20.1813360729816,"d":"20.181"},{"v":-0.0141619,"d":"-0.014"},{"v":2.51614E-3,"d":"0.003"},{"v":1.79998961724559E-8,"d":"1.800E-08"},{"v":0.3367,"d":"0.337"},{"v":3.3196,"d":"3.320"},{"v":0.9192,"d":"0.919"}]
["FEV1","SA_lingual","rs2412981","C","G",0.908102,1.30757670516371E-4,421986,{"v":55.1848606790106,"d":"55.185"},{"v":-0.0279897,"d":"-0.028"},{"v":0.00300763,"d":"0.003"},{"v":1.29987023738861e-20,"d":"1.300E-20"},{"v":2.4355,"d":"2.436"},{"v":4.0894,"d":"4.089"},{"v":0.5515,"d":"0.552"}]
["FEV1","SA_lingual","rs2415128","C","T",0.737026,6.76002762397706e-05,421986,{"v":28.5281634804952,"d":"28.528"},{"v":-0.0132057,"d":"-0.013"},{"v":0.00197595,"d":"0.002"},{"v":2.29985258668621e-11,"d":"2.300E-11"},-2.098,{"v":2.6074,"d":"2.607"},0.421]
["FEV1","SA_lingual","rs2450444","A","G",0.348866,8.18635453243499e-05,421986,{"v":34.5479345265544,"d":"34.548"},{"v":0.0134235,"d":"0.013"},{"v":1.81913E-3,"d":"0.002"},{"v":1.5999263828686e-13,"d":"1.600E-13"},{"v":3.2695,"d":"3.270"},{"v":2.4042,"d":"2.404"},{"v":0.1738,"d":"0.174"}]
["FEV1","SA_lingual","rs2544535","C","T",0.513332,9.13207638289917e-05,421986,{"v":38.5394206529448,"d":"38.539"},{"v":0.0135193,"d":"0.014"},{"v":1.7354E-3,"d":"0.002"},{"v":6.70038873807757e-15,"d":"6.700E-15"},{"v":-1.3343,"d":"-1.334"},{"v":2.2915,"d":"2.292"},{"v":0.5604,"d":"0.560"}]
["FEV1","SA_lingual","rs2555009","G","A",0.534585,4.97115245798346e-05,421986,{"v":20.9785108620553,"d":"20.979"},{"v":0.00999505,"d":"0.010"},{"v":0.00173809,"d":"0.002"},{"v":8.89999986382574e-09,"d":"8.900E-09"},-1.733,{"v":2.3155,"d":"2.316"},{"v":0.4542,"d":"0.454"}]
["FEV1","SA_lingual","rs2571570","A","G",0.702751,6.04158559186919e-05,421986,{"v":25.4960649105774,"d":"25.496"},{"v":0.0120254,"d":"0.012"},{"v":0.00190174,"d":"0.002"},{"v":2.59997995670925E-10,"d":"2.600E-10"},-0.547,{"v":2.5251,"d":"2.525"},{"v":0.8285,"d":"0.829"}]
["FEV1","SA_lingual","rs2579762","C","A",0.471399,1.14780203959398E-4,421986,{"v":48.4409696519792,"d":"48.441"},{"v":-0.0151761,"d":"-0.015"},{"v":0.00173678,"d":"0.002"},{"v":2.39993787680987E-18,"d":"2.400E-18"},{"v":2.9162,"d":"2.916"},{"v":2.3094,"d":"2.309"},{"v":0.2067,"d":"0.207"}]
["FEV1","SA_lingual","rs2602691","G","A",0.449662,4.72739534857549e-05,421986,{"v":19.9497950934181,"d":"19.950"},{"v":-0.00977323,"d":"-0.010"},{"v":1.75814E-3,"d":"0.002"},{"v":2.69997659840121e-08,"d":"2.700E-08"},{"v":3.1747,"d":"3.175"},2.372,{"v":0.1808,"d":"0.181"}]
["FEV1","SA_lingual","rs262827","T","A",0.336148,9.08225338263057e-05,421986,{"v":38.3291372635254,"d":"38.329"},{"v":0.0142653,"d":"0.014"},{"v":0.00183602,"d":"0.002"},{"v":7.89950721335818e-15,"d":"7.900E-15"},{"v":1.3404,"d":"1.340"},{"v":2.4478,"d":"2.448"},0.584]
["FEV1","SA_lingual","rs2645977","A","G",0.357445,4.68542808621247e-05,421986,{"v":19.7726832901791,"d":"19.773"},{"v":0.0100995,"d":"0.010"},{"v":0.00180964,"d":"0.002"},{"v":2.39999313805789e-08,"d":"2.400E-08"},{"v":-0.7116,"d":"-0.712"},{"v":2.3655,"d":"2.366"},{"v":0.7635,"d":"0.764"}]
["FEV1","SA_lingual","rs2678408","C","T",0.46299,8.88594985767188e-05,421986,{"v":37.5006189335928,"d":"37.501"},{"v":-0.0133678,"d":"-0.013"},{"v":1.74456E-3,"d":"0.002"},{"v":1.80011396041801E-14,"d":"1.800E-14"},{"v":-1.1711,"d":"-1.171"},{"v":2.3523,"d":"2.352"},{"v":0.6186,"d":"0.619"}]
["FEV1","SA_lingual","rs2717329","A","G",0.294673,1.06634094490843E-4,421986,{"v":45.002680549714,"d":"45.003"},{"v":0.0160165,"d":"0.016"},{"v":0.00193769,"d":"0.002"},{"v":1.39990962656834e-16,"d":"1.400E-16"},{"v":-0.3129,"d":"-0.313"},{"v":2.6201,"d":"2.620"},{"v":0.9049,"d":"0.905"}]
["FEV1","SA_lingual","rs278064","C","T",0.376633,5.40458171904335e-05,421986,{"v":22.807702782223,"d":"22.808"},{"v":-0.0107284,"d":"-0.011"},{"v":0.00179279,"d":"0.002"},{"v":2.19998641983517e-09,"d":"2.200E-09"},{"v":-2.7727,"d":"-2.773"},{"v":2.3689,"d":"2.369"},{"v":0.2418,"d":"0.242"}]
["FEV1","SA_lingual","rs2806356","C","T",0.185674,1.19500152068962E-4,421986,{"v":50.4331789432221,"d":"50.433"},{"v":-0.019879,"d":"-0.020"},{"v":0.00222854,"d":"0.002"},{"v":4.70002318179802e-19,"d":"4.700E-19"},2.415,{"v":2.9628,"d":"2.963"},0.415]
["FEV1","SA_lingual","rs2808096","G","A",0.21446,5.22457210441728E-5,421986,{"v":22.048010263298,"d":"22.048"},{"v":0.0124524,"d":"0.012"},{"v":0.00211416,"d":"0.002"},{"v":3.89995862874433e-09,"d":"3.900E-09"},{"v":-1.2569,"d":"-1.257"},{"v":2.7879,"d":"2.788"},{"v":0.6521,"d":"0.652"}]
["FEV1","SA_lingual","rs28446901","G","C",0.15458,5.01692409481489e-05,421986,{"v":21.1716791393357,"d":"21.172"},{"v":-0.0138545,"d":"-0.014"},{"v":0.00241368,"d":"0.002"},{"v":9.49992113622595e-09,"d":"9.500E-09"},{"v":-0.1605,"d":"-0.161"},{"v":3.3382,"d":"3.338"},{"v":0.9617,"d":"0.962"}]
["FEV1","SA_lingual","rs28514522","A","G",0.093681,{"$f":"2*F517*(1-F517)*J517*J517","v":4.99751572507076e-05},421986,{"$f":"G517/(1-G517)*(H517-2)","v":{"v":21.0897707218908,"d":"21.090"}},{"v":0.0171552,"d":"0.017"},{"v":0.00297447,"d":"0.003"},{"v":8.00000023961727e-09,"d":"8.000E-09"},{"v":-1.6855,"d":"-1.686"},{"v":4.1761,"d":"4.176"},{"v":0.6865,"d":"0.687"}]
["FEV1","SA_lingual","rs2971040","C","T",0.518228,4.67180996141278e-05,421986,{"v":19.7152116047878,"d":"19.715"},{"v":0.00967267,"d":"0.010"},{"v":0.00173783,"d":"0.002"},{"v":2.59997995670925e-08,"d":"2.600E-08"},{"v":-0.7947,"d":"-0.795"},{"v":2.3515,"d":"2.352"},{"v":0.7354,"d":"0.735"}]
["FEV1","SA_lingual","rs30232","A","G",0.582657,6.35595083567842e-05,421986,{"v":26.8228004184366,"d":"26.823"},{"v":0.011432,"d":"0.011"},{"v":1.75946E-3,"d":"0.002"},{"v":8.19973845457475e-11,"d":"8.200E-11"},{"v":1.5861,"d":"1.586"},{"v":2.3735,"d":"2.374"},0.504]
["FEV1","SA_lingual","rs3253","T","C",0.314156,5.3066408664527e-05,421986,{"v":22.394363782352,"d":"22.394"},{"v":0.0110971,"d":"0.011"},{"v":0.00186964,"d":"0.002"},{"v":2.90001336905407e-09,"d":"2.900E-09"},{"v":1.0882,"d":"1.088"},{"v":2.4755,"d":"2.476"},{"v":0.6602,"d":"0.660"}]
["FEV1","SA_lingual","rs34563869","A","T",0.14379,1.39264164188656E-4,421986,{"v":58.7754343727287,"d":"58.775"},{"v":-0.0237821,"d":"-0.024"},{"v":0.00250582,"d":"0.003"},{"v":2.2998525866862e-21,"d":"2.300E-21"},{"v":2.4842,"d":"2.484"},{"v":3.4504,"d":"3.450"},{"v":0.4715,"d":"0.472"}]
["FEV1","SA_lingual","rs34587839","A","G",0.154712,7.95420673320047e-05,421986,{"v":33.568149821062,"d":"33.568"},{"v":-0.0174389,"d":"-0.017"},{"v":0.00240416,"d":"0.002"},{"v":4.10015240506613e-13,"d":"4.100E-13"},{"v":1.5808,"d":"1.581"},{"v":3.2954,"d":"3.295"},{"v":0.6315,"d":"0.632"}]
["FEV1","SA_lingual","rs34712979","A","G",0.254628,0.000312810859674365,421986,{"v":132.042482131176,"d":"132.042"},{"v":-0.0287069,"d":"-0.029"},{"v":0.00198983,"d":"0.002"},{"v":3.50025754158434e-47,"d":"3.500E-47"},{"v":-5.0311,"d":"-5.031"},{"v":3.6076,"d":"3.608"},{"v":0.1631,"d":"0.163"}]
["FEV1","SA_lingual","rs35418511","C","G",0.087779,4.89197559482493e-05,421986,{"v":20.644364211325,"d":"20.644"},{"v":-0.0174776,"d":"-0.017"},{"v":0.00318956,"d":"0.003"},{"v":4.3000152915127e-08,"d":"4.300E-08"},{"v":4.2186,"d":"4.219"},{"v":4.2979,"d":"4.298"},{"v":0.3263,"d":"0.326"}]
["FEV1","SA_lingual","rs35506","A","T",0.715534,7.00357754560402e-05,421986,{"v":29.5560466506883,"d":"29.556"},{"v":0.0131164,"d":"0.013"},{"v":1.92867E-3,"d":"0.002"},{"v":1e-11,"d":"1.000E-11"},{"v":0.7083,"d":"0.708"},{"v":2.5876,"d":"2.588"},{"v":0.7843,"d":"0.784"}]
["FEV1","SA_lingual","rs35945722","A","G",0.188457,9.76400315297072e-05,421986,{"v":41.2065544743101,"d":"41.207"},{"v":0.0178664,"d":"0.018"},{"v":0.00222614,"d":"0.002"},{"v":1e-15,"d":"1.000E-15"},{"v":-0.4218,"d":"-0.422"},{"v":3.0748,"d":"3.075"},{"v":0.8909,"d":"0.891"}]
["FEV1","SA_lingual","rs36226649","C","T",0.066506,8.7429280661759e-05,421986,{"v":36.8969834474931,"d":"36.897"},{"v":0.0265355,"d":"0.027"},{"v":0.00348696,"d":"0.003"},{"v":2.70022528688824E-14,"d":"2.700E-14"},{"v":1.1392,"d":"1.139"},{"v":4.7336,"d":"4.734"},{"v":0.8098,"d":"0.810"}]
["FEV1","SA_lingual","rs3790076","T","G",0.572955,0.000187871754965122,421986,{"v":79.2937717072506,"d":"79.294"},{"v":-0.0195938,"d":"-0.020"},{"v":1.75665E-3,"d":"0.002"},{"v":6.79986045003322e-29,"d":"6.800E-29"},{"v":-0.6036,"d":"-0.604"},{"v":2.3033,"d":"2.303"},{"v":0.7933,"d":"0.793"}]
["FEV1","SA_lingual","rs3791679","G","A",0.227266,0.000357258448312451,421986,{"v":150.811227637855,"d":"150.811"},{"v":-0.0318929,"d":"-0.032"},{"v":0.00206608,"d":"0.002"},{"v":9.30036514753958e-54,"d":"9.300E-54"},{"v":-0.5244,"d":"-0.524"},{"v":2.6847,"d":"2.685"},{"v":0.8451,"d":"0.845"}]
["FEV1","SA_lingual","rs3814115","C","T",0.319922,4.8051397093456e-05,421986,{"v":20.2778951322762,"d":"20.278"},{"v":0.0105084,"d":"0.011"},{"v":1.85925E-3,"d":"0.002"},{"v":1.60000006389793e-08,"d":"1.600E-08"},{"v":-2.4641,"d":"-2.464"},{"v":2.5235,"d":"2.524"},{"v":0.3289,"d":"0.329"}]
["FEV1","SA_lingual","rs3858603","A","G",0.501593,5.51328406831272e-05,421986,{"v":23.2664593888275,"d":"23.266"},{"v":-0.0105008,"d":"-0.011"},{"v":1.73339E-3,"d":"0.002"},{"v":1.40000633223953e-09,"d":"1.400E-09"},0.367,2.332,{"v":0.8749,"d":"0.875"}]
["FEV1","SA_lingual","rs4079029","T","C",0.33955,6.54323459005814e-05,421986,{"v":27.6132098496092,"d":"27.613"},{"v":0.0120784,"d":"0.012"},{"v":1.83566E-3,"d":"0.002"},{"v":4.70002318179801e-11,"d":"4.700E-11"},1.376,{"v":2.4131,"d":"2.413"},{"v":0.5685,"d":"0.569"}]
["FEV1","SA_lingual","rs41311445","C","A",0.095863,6.33041355659569E-5,421986,{"v":26.7150235141349,"d":"26.715"},{"v":-0.0191099,"d":"-0.019"},{"v":0.00295295,"d":"0.003"},{"v":9.70063133783958e-11,"d":"9.701E-11"},-3.693,{"v":4.8436,"d":"4.844"},{"v":0.4458,"d":"0.446"}]
["FEV1","SA_lingual","rs42032","A","G",0.262805,8.04990826648377e-05,421986,{"v":33.9720596188744,"d":"33.972"},{"v":0.0144136,"d":"0.014"},{"v":1.97796E-3,"d":"0.002"},{"v":3.19963176731835e-13,"d":"3.200E-13"},{"v":-1.7017,"d":"-1.702"},{"v":2.6272,"d":"2.627"},{"v":0.5172,"d":"0.517"}]
["FEV1","SA_lingual","rs425102","G","T",0.240797,9.61769641711124e-05,421986,{"v":40.589043779792,"d":"40.589"},{"v":-0.0162187,"d":"-0.016"},{"v":0.00202529,"d":"0.002"},{"v":1.20005182020427e-15,"d":"1.200E-15"},{"v":-0.9384,"d":"-0.938"},{"v":2.6984,"d":"2.698"},0.728]
["FEV1","SA_lingual","rs4320932","C","T",0.185678,7.92011554569831e-05,421986,{"v":33.4242676249758,"d":"33.424"},{"v":-0.0161835,"d":"-0.016"},{"v":0.00224453,"d":"0.002"},{"v":5.60015438761557e-13,"d":"5.600E-13"},{"v":-0.1874,"d":"-0.187"},2.994,{"v":0.9501,"d":"0.950"}]
["FEV1","SA_lingual","rs4413161","A","T",0.715755,4.50377300755902e-05,421986,{"v":19.0060574779043,"d":"19.006"},{"v":-0.0105207,"d":"-0.011"},{"v":1.92117E-3,"d":"0.002"},{"v":4.3000152915127e-08,"d":"4.300E-08"},{"v":0.4029,"d":"0.403"},2.592,{"v":0.8765,"d":"0.877"}]
["FEV1","SA_lingual","rs4478172","C","A",0.261589,6.98364515926022e-05,421986,{"v":29.4719234034047,"d":"29.472"},{"v":-0.0134452,"d":"-0.013"},{"v":1.9792E-3,"d":"0.002"},{"v":1.10001852750622E-11,"d":"1.100E-11"},{"v":-1.7357,"d":"-1.736"},{"v":2.6165,"d":"2.617"},{"v":0.5071,"d":"0.507"}]
["FEV1","SA_lingual","rs4655027","T","C",0.575109,7.29996755507646e-05,421986,{"v":30.8069439845294,"d":"30.807"},{"v":-0.0122217,"d":"-0.012"},{"v":1.75308E-3,"d":"0.002"},{"v":3.10027344199819E-12,"d":"3.100E-12"},{"v":3.5889,"d":"3.589"},{"v":2.3152,"d":"2.315"},{"v":0.1211,"d":"0.121"}]
["FEV1","SA_lingual","rs4728358","T","C",0.687154,4.70861461683862e-05,421986,{"v":19.8705359316796,"d":"19.871"},{"v":-0.010465,"d":"-0.010"},{"v":0.00187807,"d":"0.002"},{"v":2.49999995007974e-08,"d":"2.500E-08"},1.984,{"v":2.5274,"d":"2.527"},{"v":0.4325,"d":"0.433"}]
["FEV1","SA_lingual","rs4785677","G","A",0.549173,5.54687977737648e-05,421986,{"v":23.4082435868941,"d":"23.408"},{"v":-0.010584,"d":"-0.011"},{"v":0.00174426,"d":"0.002"},{"v":1.29998996537545E-9,"d":"1.300E-09"},{"v":0.2084,"d":"0.208"},{"v":2.3574,"d":"2.357"},{"v":0.9296,"d":"0.930"}]
["FEV1","SA_lingual","rs4809328","T","C",0.667431,7.35169511055358e-05,421986,{"v":31.0252579776922,"d":"31.025"},{"v":-0.0128687,"d":"-0.013"},{"v":0.00184134,"d":"0.002"},{"v":2.80027059501064e-12,"d":"2.800E-12"},0.191,{"v":2.4581,"d":"2.458"},{"v":0.9381,"d":"0.938"}]
["FEV1","SA_lingual","rs4836528","C","T",0.409166,1.13485634889985E-4,421986,{"v":47.8945574976808,"d":"47.895"},{"v":-0.0153205,"d":"-0.015"},{"v":1.78134E-3,"d":"0.002"},{"v":7.89950721335818e-18,"d":"7.900E-18"},{"v":1.0627,"d":"1.063"},{"v":2.3779,"d":"2.378"},{"v":0.6549,"d":"0.655"}]
["FEV1","SA_lingual","rs4886778","A","C",0.494385,1.21460406148939E-4,421986,{"v":51.2605741585107,"d":"51.261"},{"v":0.0155869,"d":"0.016"},{"v":1.73745E-3,"d":"0.002"},{"v":2.90001336905406E-19,"d":"2.900E-19"},{"v":-0.1734,"d":"-0.173"},{"v":2.2933,"d":"2.293"},{"v":0.9397,"d":"0.940"}]
["FEV1","SA_lingual","rs4894559","G","A",0.733221,5.42708977271251e-05,421986,{"v":22.9026934562174,"d":"22.903"},{"v":-0.0117781,"d":"-0.012"},{"v":0.00196997,"d":"0.002"},{"v":2.19998641983517e-09,"d":"2.200E-09"},{"v":-1.1918,"d":"-1.192"},{"v":2.6726,"d":"2.673"},{"v":0.6556,"d":"0.656"}]
["FEV1","SA_lingual","rs4959021","C","T",0.814313,2.32517484963967E-4,421986,{"v":98.1414779846663,"d":"98.141"},{"v":-0.0277285,"d":"-0.028"},{"v":0.00234216,"d":"0.002"},{"v":2.49976970217851e-32,"d":"2.500E-32"},{"v":-2.5392,"d":"-2.539"},{"v":3.3051,"d":"3.305"},{"v":0.4423,"d":"0.442"}]
["FEV1","SA_lingual","rs4965600","A","G",0.612068,4.51859394127654E-5,421986,{"v":19.0686050899907,"d":"19.069"},{"v":-0.00975459,"d":"-0.010"},{"v":0.00178467,"d":"0.002"},{"v":4.60002296665068e-08,"d":"4.600E-08"},{"v":-0.6721,"d":"-0.672"},{"v":2.3635,"d":"2.364"},{"v":0.7761,"d":"0.776"}]
["FEV1","SA_lingual","rs513953","G","A",0.745133,8.80516790237853e-05,421986,{"v":37.1596716926575,"d":"37.160"},{"v":0.0152258,"d":"0.015"},{"v":0.00199806,"d":"0.002"},{"v":2.49976970217851E-14,"d":"2.500E-14"},{"v":-3.7627,"d":"-3.763"},{"v":2.6636,"d":"2.664"},{"v":0.1578,"d":"0.158"}]
["FEV1","SA_lingual","rs541601","C","T",0.81685,5.62304782128269e-05,421986,{"v":23.7296964503408,"d":"23.730"},{"v":0.0137087,"d":"0.014"},{"v":0.00224025,"d":"0.002"},{"v":9.40004645744656e-10,"d":"9.400E-10"},{"v":-1.7344,"d":"-1.734"},{"v":2.9966,"d":"2.997"},{"v":0.5627,"d":"0.563"}]
["FEV1","SA_lingual","rs55831773","T","C",0.199579,4.91246735998177e-05,421986,{"v":20.7308446603229,"d":"20.731"},{"v":-0.0123999,"d":"-0.012"},{"v":0.00221625,"d":"0.002"},{"v":2.19998641983516e-08,"d":"2.200E-08"},{"v":0.8436,"d":"0.844"},{"v":3.0927,"d":"3.093"},0.785]
["FEV1","SA_lingual","rs560805","A","T",0.67787,4.71244592230626e-05,421986,{"v":19.8867049510014,"d":"19.887"},{"v":-0.0103877,"d":"-0.010"},{"v":0.00185785,"d":"0.002"},{"v":2.3000114603619e-08,"d":"2.300E-08"},{"v":0.5998,"d":"0.600"},{"v":2.4766,"d":"2.477"},{"v":0.8086,"d":"0.809"}]
["FEV1","SA_lingual","rs56291455","A","C",0.384652,6.34809479642948e-05,421986,{"v":26.7896449778238,"d":"26.790"},{"v":-0.0115801,"d":"-0.012"},{"v":1.78991E-3,"d":"0.002"},{"v":9.79941161095592e-11,"d":"9.799E-11"},{"v":2.6795,"d":"2.680"},{"v":2.3863,"d":"2.386"},{"v":0.2615,"d":"0.262"}]
["FEV1","SA_lingual","rs56318219","A","G",0.263367,6.10482285907224e-05,421986,{"v":25.7629484759951,"d":"25.763"},{"v":0.0125434,"d":"0.013"},{"v":0.00200752,"d":"0.002"},{"v":4.20000686246632e-10,"d":"4.200E-10"},{"v":2.9529,"d":"2.953"},{"v":2.6637,"d":"2.664"},{"v":0.2676,"d":"0.268"}]
["FEV1","SA_lingual","rs56332326","C","T",0.135028,5.76343070768942e-05,421986,{"v":24.3221572282146,"d":"24.322"},{"v":-0.0157077,"d":"-0.016"},{"v":0.00253804,"d":"0.003"},{"v":6.10000231740111e-10,"d":"6.100E-10"},{"v":1.9467,"d":"1.947"},{"v":3.2472,"d":"3.247"},{"v":0.5488,"d":"0.549"}]
["FEV1","SA_lingual","rs56353224","C","T",0.371209,5.14391139067649E-5,421986,{"v":21.707599662524,"d":"21.708"},{"v":-0.0104971,"d":"-0.010"},{"v":0.00183397,"d":"0.002"},{"v":1E-8,"d":"1.000E-08"},{"v":0.6371,"d":"0.637"},{"v":2.4672,"d":"2.467"},{"v":0.7962,"d":"0.796"}]
["FEV1","SA_lingual","rs56397594","C","T",0.21379,5.61282898652918e-05,421986,{"v":23.6865697571685,"d":"23.687"},{"v":0.0129215,"d":"0.013"},{"v":0.00211484,"d":"0.002"},{"v":1e-09,"d":"1.000E-09"},{"v":-2.6097,"d":"-2.610"},{"v":2.7823,"d":"2.782"},{"v":0.3483,"d":"0.348"}]
["FEV1","SA_lingual","rs5992929","T","C",0.284928,8.63931692748189e-05,421986,{"v":36.459685011004,"d":"36.460"},{"v":0.0145607,"d":"0.015"},{"v":0.00192981,"d":"0.002"},{"v":4.49987033872151e-14,"d":"4.500E-14"},{"v":4.4221,"d":"4.422"},{"v":2.5789,"d":"2.579"},{"v":0.08639,"d":"0.086"}]
["FEV1","SA_lingual","rs60839038","C","A",0.47352,6.12784517423453e-05,421986,{"v":25.8601108475965,"d":"25.860"},{"v":0.0110861,"d":"0.011"},{"v":1.76794E-3,"d":"0.002"},{"v":3.59997927043357e-10,"d":"3.600E-10"},-1.292,{"v":2.5445,"d":"2.545"},{"v":0.6116,"d":"0.612"}]
["FEV1","SA_lingual","rs6088619","G","A",0.135815,7.80010802811101e-05,421986,{"v":32.9177754833921,"d":"32.918"},{"v":0.0182288,"d":"0.018"},{"v":0.0025538,"d":"0.003"},{"v":9.49948365876347e-13,"d":"9.499E-13"},2.494,{"v":3.4554,"d":"3.455"},{"v":0.4704,"d":"0.470"}]
["FEV1","SA_lingual","rs6119786","A","G",0.156746,5.86056203088599E-5,421986,{"v":24.7320835195101,"d":"24.732"},{"v":-0.0148894,"d":"-0.015"},{"v":0.00239158,"d":"0.002"},{"v":4.7999863240391E-10,"d":"4.800E-10"},2.728,3.149,{"v":0.3863,"d":"0.386"}]
["FEV1","SA_lingual","rs6138639","G","C",0.178422,5.11153557694776E-5,421986,{"v":21.5709648965722,"d":"21.571"},{"v":-0.0132042,"d":"-0.013"},{"v":0.00227185,"d":"0.002"},{"v":6.19997588072324e-09,"d":"6.200E-09"},{"v":-3.1222,"d":"-3.122"},{"v":3.0793,"d":"3.079"},{"v":0.3106,"d":"0.311"}]
["FEV1","SA_lingual","rs6140000","G","T",0.497765,4.90807743336109e-05,421986,{"v":20.7123180530028,"d":"20.712"},{"v":-0.00990775,"d":"-0.010"},{"v":1.7392E-3,"d":"0.002"},{"v":1.19999655704812E-8,"d":"1.200E-08"},-0.434,{"v":2.3066,"d":"2.307"},{"v":0.8508,"d":"0.851"}]
["FEV1","SA_lingual","rs61821293","G","T",0.218739,5.34414309991088e-05,421986,{"v":22.5526340637651,"d":"22.553"},{"v":0.0125044,"d":"0.013"},{"v":0.00209657,"d":"0.002"},{"v":2.49999995007974e-09,"d":"2.500E-09"},{"v":-4.1737,"d":"-4.174"},2.786,{"v":0.1341,"d":"0.134"}]
["FEV1","SA_lingual","rs62092156","A","G",0.095162,5.22931560585882e-05,421986,{"v":22.0680291731207,"d":"22.068"},{"v":0.0174257,"d":"0.017"},{"v":0.00295931,"d":"0.003"},{"v":3.89995862874433e-09,"d":"3.900E-09"},{"v":-3.4202,"d":"-3.420"},{"v":4.0017,"d":"4.002"},{"v":0.3927,"d":"0.393"}]
["FEV1","SA_lingual","rs62126408","C","T",0.143096,1.17093366883408E-4,421986,{"v":49.4173137705796,"d":"49.417"},{"v":0.021851,"d":"0.022"},{"v":0.00247954,"d":"0.002"},{"v":1.20005182020427E-18,"d":"1.200E-18"},{"v":1.8421,"d":"1.842"},{"v":3.2655,"d":"3.266"},{"v":0.5727,"d":"0.573"}]
["FEV1","SA_lingual","rs62275574","A","C",0.040109,6.0399471018511e-05,421986,{"v":25.4891499094466,"d":"25.489"},{"v":-0.0280072,"d":"-0.028"},{"v":0.00451584,"d":"0.005"},{"v":5.60002544078e-10,"d":"5.600E-10"},{"v":-8.4977,"d":"-8.498"},{"v":6.3273,"d":"6.327"},{"v":0.1793,"d":"0.179"}]
["FEV1","SA_lingual","rs62275880","T","A",0.261262,5.1789151388045e-05,421986,{"v":21.8553251280745,"d":"21.855"},{"v":-0.011583,"d":"-0.012"},{"v":0.00197816,"d":"0.002"},{"v":4.7999863240391E-9,"d":"4.800E-09"},{"v":-0.7608,"d":"-0.761"},{"v":2.6377,"d":"2.638"},0.773]
["FEV1","SA_lingual","rs6462426","C","T",0.945001,4.55534733517299e-05,421986,{"v":19.2237126057363,"d":"19.224"},{"v":-0.020934,"d":"-0.021"},{"v":0.00380918,"d":"0.004"},{"v":3.89995862874433e-08,"d":"3.900E-08"},3.178,{"v":4.9591,"d":"4.959"},{"v":0.5216,"d":"0.522"}]
["FEV1","SA_lingual","rs6473015","C","A",0.285558,5.55471540475766e-05,421986,{"v":23.4413123518008,"d":"23.441"},{"v":0.0116677,"d":"0.012"},{"v":1.92246E-3,"d":"0.002"},{"v":1.29998996537545E-9,"d":"1.300E-09"},{"v":-3.4466,"d":"-3.447"},{"v":2.5176,"d":"2.518"},0.171]
["FEV1","SA_lingual","rs663378","A","G",0.833573,7.07800042331262e-05,421986,{"v":29.870143515196,"d":"29.870"},{"v":-0.0159719,"d":"-0.016"},{"v":0.00235108,"d":"0.002"},{"v":1.10001852750622E-11,"d":"1.100E-11"},{"v":3.2493,"d":"3.249"},{"v":3.1194,"d":"3.119"},{"v":0.2976,"d":"0.298"}]
["FEV1","SA_lingual","rs6671370","A","G",0.287459,1.38282257209997E-4,421986,{"v":58.3609703132111,"d":"58.361"},{"v":0.0183728,"d":"0.018"},{"v":0.0019151,"d":"0.002"},{"v":8.49962959449622e-22,"d":"8.500E-22"},{"v":-1.8764,"d":"-1.876"},2.506,0.454]
["FEV1","SA_lingual","rs6729308","A","G",0.438991,1.11440617904112E-4,421986,{"v":47.0313989138045,"d":"47.031"},{"v":-0.0150416,"d":"-0.015"},{"v":0.00175349,"d":"0.002"},{"v":9.60063590945344e-18,"d":"9.601E-18"},{"v":-3.3484,"d":"-3.348"},{"v":2.3629,"d":"2.363"},{"v":0.1565,"d":"0.157"}]
["FEV1","SA_lingual","rs67326273","G","A",0.192532,5.57991993632153E-5,421986,{"v":23.5476832859612,"d":"23.548"},{"v":0.0133963,"d":"0.013"},{"v":0.00220699,"d":"0.002"},{"v":1.29998996537545E-9,"d":"1.300E-09"},{"v":2.6871,"d":"2.687"},{"v":2.9531,"d":"2.953"},{"v":0.3629,"d":"0.363"}]
["FEV1","SA_lingual","rs67551338","T","C",0.06134,6.4548734940763e-05,421986,{"v":27.2402916916111,"d":"27.240"},{"v":0.0236757,"d":"0.024"},{"v":0.00365713,"d":"0.004"},{"v":9.60063590945348E-11,"d":"9.601E-11"},{"v":-1.5296,"d":"-1.530"},{"v":4.7351,"d":"4.735"},{"v":0.7467,"d":"0.747"}]
["FEV1","SA_lingual","rs6762578","A","G",0.77845,1.03939800598513E-4,421986,{"v":43.8654921862738,"d":"43.865"},{"v":0.017359,"d":"0.017"},{"v":0.00209804,"d":"0.002"},{"v":1.2998702373886e-16,"d":"1.300E-16"},-1.591,{"v":2.9909,"d":"2.991"},{"v":0.5948,"d":"0.595"}]
["FEV1","SA_lingual","rs6790568","T","C",0.174664,6.25238302239377e-05,421986,{"v":26.3857057086022,"d":"26.386"},{"v":-0.0147262,"d":"-0.015"},{"v":0.00228448,"d":"0.002"},{"v":1.09999319893519e-10,"d":"1.100E-10"},{"v":2.1307,"d":"2.131"},{"v":3.0464,"d":"3.046"},{"v":0.4843,"d":"0.484"}]
["FEV1","SA_lingual","rs681397","T","G",0.443866,5.51500047766056e-05,421986,{"v":23.2737031604916,"d":"23.274"},{"v":0.0105692,"d":"0.011"},{"v":0.00175094,"d":"0.002"},{"v":1.60000006389793e-09,"d":"1.600E-09"},{"v":-3.1926,"d":"-3.193"},{"v":2.3418,"d":"2.342"},{"v":0.1728,"d":"0.173"}]
["FEV1","SA_lingual","rs681907","C","T",0.200558,7.70894391065078e-05,421986,{"v":32.5330178240171,"d":"32.533"},{"v":-0.0155049,"d":"-0.016"},{"v":2.17293E-3,"d":"0.002"},{"v":9.60063590945348e-13,"d":"9.601E-13"},{"v":3.2341,"d":"3.234"},{"v":2.8486,"d":"2.849"},{"v":0.2562,"d":"0.256"}]
["FEV1","SA_lingual","rs6902142","G","A",0.181862,5.20455157906042e-05,421986,{"v":21.9635180380072,"d":"21.964"},{"v":-0.0132249,"d":"-0.013"},{"v":2.26845E-3,"d":"0.002"},{"v":5.49996593976403e-09,"d":"5.500E-09"},{"v":-1.2178,"d":"-1.218"},{"v":3.0159,"d":"3.016"},{"v":0.6864,"d":"0.686"}]
["FEV1","SA_lingual","rs6965423","C","T",0.50901,5.25459615169365e-05,421986,{"v":22.1747202167581,"d":"22.175"},{"v":-0.0102531,"d":"-0.010"},{"v":0.00173955,"d":"0.002"},{"v":3.79996853036855e-09,"d":"3.800E-09"},{"v":4.0545,"d":"4.055"},{"v":2.2862,"d":"2.286"},{"v":0.07615,"d":"0.076"}]
["FEV1","SA_lingual","rs7004355","C","T",0.463259,{"$f":"2*F581*(1-F581)*J581*J581","v":0.00012449355884083},421986,{"$f":"G581/(1-G581)*(H581-2)","v":{"v":52.5408309289156,"d":"52.541"}},{"v":-0.0158221,"d":"-0.016"},{"v":1.74121E-3,"d":"0.002"},{"v":1e-19,"d":"1.000E-19"},{"v":-1.9792,"d":"-1.979"},{"v":2.2959,"d":"2.296"},{"v":0.3887,"d":"0.389"}]
["FEV1","SA_lingual","rs7075773","T","C",0.410246,8.01722020634515e-05,421986,{"v":33.8340990697708,"d":"33.834"},{"v":-0.0128718,"d":"-0.013"},{"v":1.76867E-3,"d":"0.002"},{"v":3.40016505804071e-13,"d":"3.400E-13"},{"v":1.0831,"d":"1.083"},{"v":2.3395,"d":"2.340"},{"v":0.6434,"d":"0.643"}]
["FEV1","SA_lingual","rs7105777","T","C",0.631869,5.08811255981753e-05,421986,{"v":21.4721134297207,"d":"21.472"},{"v":-0.010458,"d":"-0.010"},{"v":1.8051E-3,"d":"0.002"},{"v":6.90001444623354E-9,"d":"6.900E-09"},{"v":0.3854,"d":"0.385"},{"v":2.4065,"d":"2.407"},{"v":0.8728,"d":"0.873"}]
["FEV1","SA_lingual","rs7124681","A","C",0.408392,7.01967749876755e-05,421986,{"v":29.623995405339,"d":"29.624"},{"v":-0.0120528,"d":"-0.012"},{"v":0.00176185,"d":"0.002"},{"v":7.89950721335818e-12,"d":"7.900E-12"},{"v":-1.1763,"d":"-1.176"},{"v":2.3421,"d":"2.342"},{"v":0.6155,"d":"0.616"}]
["FEV1","SA_lingual","rs7132318","C","T",0.337297,5.38903140762825e-05,421986,{"v":22.7420758727775,"d":"22.742"},{"v":-0.0109793,"d":"-0.011"},{"v":1.84173E-3,"d":"0.002"},{"v":2.49999995007974e-09,"d":"2.500E-09"},{"v":-0.0601,"d":"-0.060"},{"v":2.4465,"d":"2.447"},{"v":0.9804,"d":"0.980"}]
["FEV1","SA_lingual","rs71427097","T","C",0.029368,4.98195904989658e-05,421986,{"v":21.0241174900395,"d":"21.024"},{"v":-0.0295611,"d":"-0.030"},{"v":0.00523086,"d":"0.005"},{"v":1.60000006389793e-08,"d":"1.600E-08"},{"v":-8.6745,"d":"-8.675"},{"v":8.8436,"d":"8.844"},{"v":0.3267,"d":"0.327"}]
["FEV1","SA_lingual","rs7211143","G","A",0.295757,4.73477938611607E-5,421986,{"v":19.9809574989648,"d":"19.981"},{"v":0.0106612,"d":"0.011"},{"v":1.91077E-3,"d":"0.002"},{"v":2.39999313805789e-08,"d":"2.400E-08"},{"v":0.1938,"d":"0.194"},{"v":2.6147,"d":"2.615"},{"v":0.9409,"d":"0.941"}]
["FEV1","SA_lingual","rs72643433","A","G",0.252489,0.000112895318367121,421986,{"v":47.6453969680906,"d":"47.645"},{"v":-0.0172939,"d":"-0.017"},{"v":0.00200221,"d":"0.002"},{"v":5.79962615819643e-18,"d":"5.800E-18"},{"v":-1.7831,"d":"-1.783"},{"v":2.6265,"d":"2.627"},{"v":0.4972,"d":"0.497"}]
["FEV1","SA_lingual","rs72666766","G","A",0.181385,5.37775624766208e-05,421986,{"v":22.6944913785623,"d":"22.694"},{"v":-0.0134569,"d":"-0.013"},{"v":0.00225303,"d":"0.002"},{"v":2.3000114603619e-09,"d":"2.300E-09"},{"v":-2.8346,"d":"-2.835"},{"v":2.9998,"d":"3.000"},{"v":0.3447,"d":"0.345"}]
["FEV1","SA_lingual","rs72718111","C","A",0.25821,5.95312827275407e-05,421986,{"v":25.1227443996983,"d":"25.123"},{"v":0.0124661,"d":"0.012"},{"v":0.00200909,"d":"0.002"},{"v":5.49996593976403e-10,"d":"5.500E-10"},{"v":-1.1273,"d":"-1.127"},{"v":2.7488,"d":"2.749"},{"v":0.6817,"d":"0.682"}]
["FEV1","SA_lingual","rs72904209","C","T",0.13427,1.13728012868355E-4,421986,{"v":47.9968603697935,"d":"47.997"},{"v":-0.0221176,"d":"-0.022"},{"v":2.54798E-3,"d":"0.003"},{"v":3.90031784475066e-18,"d":"3.900E-18"},-3.835,{"v":3.4349,"d":"3.435"},{"v":0.2642,"d":"0.264"}]
["FEV1","SA_lingual","rs72906804","G","A",0.088639,6.74159975895101e-05,421986,{"v":28.4503903382583,"d":"28.450"},{"v":0.0204272,"d":"0.020"},{"v":0.00304972,"d":"0.003"},{"v":2.09990670376243E-11,"d":"2.100E-11"},{"v":-6.1984,"d":"-6.198"},{"v":3.9737,"d":"3.974"},{"v":0.1188,"d":"0.119"}]
["FEV1","SA_lingual","rs72976986","A","G",0.190197,5.66512218852129e-05,421986,{"v":23.9072635917041,"d":"23.907"},{"v":0.0135612,"d":"0.014"},{"v":0.00223359,"d":"0.002"},{"v":1.29998996537545E-9,"d":"1.300E-09"},{"v":-1.6856,"d":"-1.686"},{"v":3.2649,"d":"3.265"},{"v":0.6057,"d":"0.606"}]
["FEV1","SA_lingual","rs73154314","C","A",0.267598,9.3967617998859E-5,421986,{"v":39.6565577458999,"d":"39.657"},{"v":-0.0154831,"d":"-0.015"},{"v":0.00195515,"d":"0.002"},{"v":2.39993787680988e-15,"d":"2.400E-15"},{"v":-4.2681,"d":"-4.268"},{"v":2.6018,"d":"2.602"},{"v":0.1009,"d":"0.101"}]
["FEV1","SA_lingual","rs7320104","G","A",0.150307,4.62236600760268e-05,421986,{"v":19.5065466375031,"d":"19.507"},{"v":-0.0134523,"d":"-0.013"},{"v":2.43896E-3,"d":"0.002"},{"v":3.50001576071014e-08,"d":"3.500E-08"},{"v":0.1668,"d":"0.167"},3.326,{"v":0.96,"d":"0.960"}]
["FEV1","SA_lingual","rs7336610","T","C",0.575324,5.99251656739893e-05,421986,{"v":25.2889765578826,"d":"25.289"},{"v":-0.011074,"d":"-0.011"},{"v":0.00176087,"d":"0.002"},{"v":3.20000015974484E-10,"d":"3.200E-10"},{"v":-0.0605,"d":"-0.061"},{"v":2.3077,"d":"2.308"},{"v":0.9791,"d":"0.979"}]
["FEV1","SA_lingual","rs735830","A","G",0.208865,6.00954684131587e-05,421986,{"v":25.3608502150314,"d":"25.361"},{"v":-0.0134849,"d":"-0.013"},{"v":0.0021364,"d":"0.002"},{"v":2.80001269243454e-10,"d":"2.800E-10"},{"v":0.5456,"d":"0.546"},{"v":2.8769,"d":"2.877"},{"v":0.8496,"d":"0.850"}]
["FEV1","SA_lingual","rs7359156","G","A",0.209384,6.09585701833216E-5,421986,{"v":25.7251094461284,"d":"25.725"},{"v":-0.013569,"d":"-0.014"},{"v":0.00214141,"d":"0.002"},{"v":2.39999313805789e-10,"d":"2.400E-10"},{"v":5.7953,"d":"5.795"},2.854,{"v":0.04229,"d":"0.042"}]
["FEV1","SA_lingual","rs73923824","A","C",0.187487,4.9589515060956e-05,421986,{"v":20.9270196842403,"d":"20.927"},{"v":0.0127579,"d":"0.013"},{"v":0.00225261,"d":"0.002"},{"v":1.49999565138204e-08,"d":"1.500E-08"},{"v":0.1631,"d":"0.163"},{"v":3.1743,"d":"3.174"},0.959]
["FEV1","SA_lingual","rs7402983","C","A",0.601505,6.12657678267612e-05,421986,{"v":25.8547577821955,"d":"25.855"},{"v":-0.0113048,"d":"-0.011"},{"v":0.00179997,"d":"0.002"},{"v":3.4000084782586e-10,"d":"3.400E-10"},{"v":-1.3709,"d":"-1.371"},{"v":2.4629,"d":"2.463"},{"v":0.5778,"d":"0.578"}]
["FEV1","SA_lingual","rs7493429","C","A",0.304929,6.57089463319527e-05,421986,{"v":27.7299461144838,"d":"27.730"},{"v":0.0124504,"d":"0.012"},{"v":0.00189746,"d":"0.002"},{"v":5.30029448835795e-11,"d":"5.300E-11"},{"v":1.1227,"d":"1.123"},{"v":2.4996,"d":"2.500"},{"v":0.6533,"d":"0.653"}]
["FEV1","SA_lingual","rs75166711","A","G",0.144555,5.19655603070232e-05,421986,{"v":21.929774593623,"d":"21.930"},{"v":0.0144954,"d":"0.014"},{"v":0.00248171,"d":"0.002"},{"v":5.19995996533515e-09,"d":"5.200E-09"},{"v":-2.9126,"d":"-2.913"},{"v":3.3403,"d":"3.340"},{"v":0.3832,"d":"0.383"}]
["FEV1","SA_lingual","rs75216331","A","G",0.237224,5.56597279475049e-05,421986,{"v":23.4888220196433,"d":"23.489"},{"v":-0.0124016,"d":"-0.012"},{"v":0.00204074,"d":"0.002"},{"v":1.19999655704811E-9,"d":"1.200E-09"},{"v":2.4507,"d":"2.451"},{"v":2.7119,"d":"2.712"},{"v":0.3662,"d":"0.366"}]
["FEV1","SA_lingual","rs75301758","T","C",0.18351,4.65396448336809E-5,421986,{"v":19.6398995194442,"d":"19.640"},{"v":-0.0124621,"d":"-0.012"},{"v":0.00223767,"d":"0.002"},{"v":2.59997995670925e-08,"d":"2.600E-08"},{"v":3.4583,"d":"3.458"},{"v":3.6804,"d":"3.680"},{"v":0.3474,"d":"0.347"}]
["FEV1","SA_lingual","rs75421844","C","T",0.083714,7.94700810373544e-05,421986,{"v":33.5377679256018,"d":"33.538"},{"v":0.02276,"d":"0.023"},{"v":3.14204E-3,"d":"0.003"},{"v":4.40047947835983e-13,"d":"4.400E-13"},{"v":-0.3985,"d":"-0.399"},{"v":4.2059,"d":"4.206"},{"v":0.9245,"d":"0.925"}]
["FEV1","SA_lingual","rs7558918","G","T",0.447756,0.000147192726362355,421986,{"v":62.1221193654089,"d":"62.122"},{"v":0.0172521,"d":"0.017"},{"v":0.00174429,"d":"0.002"},{"v":4.60044666393479e-23,"d":"4.600E-23"},{"v":-5.0175,"d":"-5.018"},{"v":2.3335,"d":"2.334"},{"v":0.03154,"d":"0.032"}]
["FEV1","SA_lingual","rs75831829","T","C",0.234053,7.66630665761357e-05,421986,{"v":32.3530677714526,"d":"32.353"},{"v":-0.0146225,"d":"-0.015"},{"v":0.0020589,"d":"0.002"},{"v":1.20005182020427e-12,"d":"1.200E-12"},{"v":4.5444,"d":"4.544"},{"v":2.7922,"d":"2.792"},{"v":0.1036,"d":"0.104"}]
["FEV1","SA_lingual","rs76010139","A","G",0.031028,8.07391480367304e-05,421986,{"v":34.0733797007794,"d":"34.073"},{"v":0.0366433,"d":"0.037"},{"v":5.07888E-3,"d":"0.005"},{"v":5.40007759066593e-13,"d":"5.400E-13"},9.844,{"v":6.4183,"d":"6.418"},{"v":0.1251,"d":"0.125"}]
["FEV1","SA_lingual","rs761422","G","A",0.49067,7.00482744484262e-05,421986,{"v":29.5613217644247,"d":"29.561"},{"v":0.0118383,"d":"0.012"},{"v":0.00173246,"d":"0.002"},{"v":8.30041869715702e-12,"d":"8.300E-12"},{"v":3.1008,"d":"3.101"},{"v":2.3567,"d":"2.357"},{"v":0.1883,"d":"0.188"}]
["FEV1","SA_lingual","rs76226639","T","G",0.080255,5.55350301085755E-5,421986,{"v":23.4361956751696,"d":"23.436"},{"v":-0.0193954,"d":"-0.019"},{"v":0.0032029,"d":"0.003"},{"v":1.40000633223953e-09,"d":"1.400E-09"},{"v":-0.1371,"d":"-0.137"},{"v":4.1752,"d":"4.175"},{"v":0.9738,"d":"0.974"}]
["FEV1","SA_lingual","rs7630228","C","T",0.434209,9.50608393467462e-05,421986,{"v":40.1179668785017,"d":"40.118"},{"v":0.0139094,"d":"0.014"},{"v":1.76048E-3,"d":"0.002"},{"v":2.80027059501064e-15,"d":"2.800E-15"},{"v":1.1742,"d":"1.174"},{"v":2.3513,"d":"2.351"},{"v":0.6175,"d":"0.618"}]
["FEV1","SA_lingual","rs7638143","A","G",0.582086,1.09409474802915E-4,421986,{"v":46.1740996992311,"d":"46.174"},{"v":-0.014996,"d":"-0.015"},{"v":0.0017596,"d":"0.002"},{"v":1.5999263828686e-17,"d":"1.600E-17"},{"v":-1.9657,"d":"-1.966"},{"v":2.3297,"d":"2.330"},{"v":0.3988,"d":"0.399"}]
["FEV1","SA_lingual","rs76785101","T","C",0.059317,5.73473511304324E-5,421986,{"v":24.201052485679,"d":"24.201"},{"v":-0.0226689,"d":"-0.023"},{"v":0.00369598,"d":"0.004"},{"v":8.60003066888856E-10,"d":"8.600E-10"},{"v":0.9825,"d":"0.983"},{"v":5.3742,"d":"5.374"},{"v":0.8549,"d":"0.855"}]
["FEV1","SA_lingual","rs7723049","G","A",0.198601,7.12637299469351e-05,421986,{"v":30.074297024509,"d":"30.074"},{"v":-0.0149625,"d":"-0.015"},{"v":0.00218333,"d":"0.002"},{"v":7.1994612744084e-12,"d":"7.199E-12"},{"v":-1.3191,"d":"-1.319"},{"v":3.7189,"d":"3.719"},{"v":0.7228,"d":"0.723"}]
["FEV1","SA_lingual","rs772920","G","C",0.335384,6.83279591850319e-05,421986,{"v":28.8352757842834,"d":"28.835"},{"v":-0.0123802,"d":"-0.012"},{"v":0.00183642,"d":"0.002"},{"v":1.5999263828686e-11,"d":"1.600E-11"},{"v":2.0336,"d":"2.034"},{"v":2.4846,"d":"2.485"},{"v":0.4131,"d":"0.413"}]
["FEV1","SA_lingual","rs7733410","A","G",0.442953,0.00020249220026295,421986,{"v":85.465774788545,"d":"85.466"},{"v":0.0202565,"d":"0.020"},{"v":0.00174619,"d":"0.002"},{"v":4.10015240506613E-31,"d":"4.100E-31"},{"v":-1.2074,"d":"-1.207"},{"v":2.4349,"d":"2.435"},{"v":0.62,"d":"0.620"}]
["FEV1","SA_lingual","rs7753558","A","C",0.63408,4.52365278502319e-05,421986,{"v":19.0899545316121,"d":"19.090"},{"v":0.00987335,"d":"0.010"},{"v":0.00181129,"d":"0.002"},{"v":4.99999995007974e-08,"d":"5.000E-08"},{"v":2.2365,"d":"2.237"},{"v":2.4253,"d":"2.425"},{"v":0.3565,"d":"0.357"}]
["FEV1","SA_lingual","rs777707","A","G",0.531166,7.44228068661458e-05,421986,{"v":31.4075711722072,"d":"31.408"},{"v":0.012224,"d":"0.012"},{"v":0.0017418,"d":"0.002"},{"v":2.29985258668621e-12,"d":"2.300E-12"},{"v":-2.5037,"d":"-2.504"},{"v":2.2995,"d":"2.300"},{"v":0.2762,"d":"0.276"}]
["FEV1","SA_lingual","rs7778674","G","A",0.421388,8.69214950824588e-05,421986,{"v":36.6826686932827,"d":"36.683"},{"v":0.013351,"d":"0.013"},{"v":0.00175562,"d":"0.002"},{"v":2.90001336905407E-14,"d":"2.900E-14"},{"v":1.3161,"d":"1.316"},{"v":2.3067,"d":"2.307"},{"v":0.5683,"d":"0.568"}]
["FEV1","SA_lingual","rs78101726","G","A",0.152397,0.000131734833303012,421986,{"v":55.5973159996936,"d":"55.597"},{"v":-0.0225814,"d":"-0.023"},{"v":2.41391E-3,"d":"0.002"},{"v":8.40040065263766e-21,"d":"8.400E-21"},{"v":-1.3671,"d":"-1.367"},{"v":3.2746,"d":"3.275"},{"v":0.6763,"d":"0.676"}]
["FEV1","SA_lingual","rs78378222","G","T",0.01219,6.95454147234055e-05,421986,{"v":29.3490933815125,"d":"29.349"},{"v":0.0537379,"d":"0.054"},{"v":0.00808453,"d":"0.008"},{"v":2.99985318119079e-11,"d":"3.000E-11"},{"v":-10.2897,"d":"-10.290"},{"v":10.4346,"d":"10.435"},{"v":0.3241,"d":"0.324"}]
["FEV1","SA_lingual","rs784257","C","T",0.812414,4.65965658140141e-05,421986,{"v":19.6639214996732,"d":"19.664"},{"v":-0.0123644,"d":"-0.012"},{"v":0.0022371,"d":"0.002"},{"v":3.29997006285229E-8,"d":"3.300E-08"},{"v":4.0296,"d":"4.030"},{"v":2.9704,"d":"2.970"},{"v":0.1749,"d":"0.175"}]
["FEV1","SA_lingual","rs784808","C","T",0.556276,4.65212757220188e-05,421986,{"v":19.6321473268192,"d":"19.632"},{"v":0.00970754,"d":"0.010"},{"v":1.75016E-3,"d":"0.002"},{"v":2.90001336905407E-8,"d":"2.900E-08"},{"v":-0.5926,"d":"-0.593"},{"v":2.3067,"d":"2.307"},{"v":0.7973,"d":"0.797"}]
["FEV1","SA_lingual","rs7854962","G","C",0.212959,8.47307629973711e-05,421986,{"v":35.7580561000593,"d":"35.758"},{"v":-0.0158986,"d":"-0.016"},{"v":2.13883E-3,"d":"0.002"},{"v":1.10001852750622E-13,"d":"1.100E-13"},{"v":1.4065,"d":"1.407"},{"v":2.8946,"d":"2.895"},0.627]
["FEV1","SA_lingual","rs78579285","T","C",0.181123,9.00012961689401e-05,421986,{"v":37.9825254390753,"d":"37.983"},{"v":-0.0174186,"d":"-0.017"},{"v":0.00225239,"d":"0.002"},{"v":1E-14,"d":"1.000E-14"},{"v":5.6898,"d":"5.690"},{"v":3.2362,"d":"3.236"},{"v":0.07872,"d":"0.079"}]
["FEV1","SA_lingual","rs7930706","A","G",0.26492,5.02182154004254e-05,421986,{"v":21.1923476494122,"d":"21.192"},{"v":0.0113551,"d":"0.011"},{"v":0.00197209,"d":"0.002"},{"v":8.50002102591718E-9,"d":"8.500E-09"},{"v":4.2028,"d":"4.203"},{"v":2.5728,"d":"2.573"},{"v":0.1024,"d":"0.102"}]
["FEV1","SA_lingual","rs7961994","T","A",0.609755,6.01656949162101e-05,421986,{"v":25.3904882398912,"d":"25.390"},{"v":0.0112438,"d":"0.011"},{"v":0.00177642,"d":"0.002"},{"v":2.49999995007974e-10,"d":"2.500E-10"},1.395,{"v":2.3387,"d":"2.339"},{"v":0.5508,"d":"0.551"}]
["FEV1","SA_lingual","rs7968682","T","G",0.517742,0.000285438769684681,421986,{"v":120.484984872468,"d":"120.485"},{"v":-0.0239081,"d":"-0.024"},{"v":1.74147E-3,"d":"0.002"},{"v":6.79986045003327E-43,"d":"6.800E-43"},{"v":1.0242,"d":"1.024"},{"v":2.3116,"d":"2.312"},{"v":0.6577,"d":"0.658"}]
["FEV1","SA_lingual","rs8034236","T","C",0.624791,4.53161324180569e-05,421986,{"v":19.1235494275995,"d":"19.124"},{"v":0.00983122,"d":"0.010"},{"v":1.79312E-3,"d":"0.002"},{"v":4.20000686246631e-08,"d":"4.200E-08"},{"v":-3.4661,"d":"-3.466"},{"v":2.3648,"d":"2.365"},{"v":0.1427,"d":"0.143"}]
["FEV1","SA_lingual","rs803765","A","C",0.346274,6.04233932196364e-05,421986,{"v":25.4992459153578,"d":"25.499"},{"v":-0.0115526,"d":"-0.012"},{"v":0.00182565,"d":"0.002"},{"v":2.49999995007974e-10,"d":"2.500E-10"},{"v":-0.2726,"d":"-0.273"},{"v":2.4048,"d":"2.405"},{"v":0.9098,"d":"0.910"}]
["FEV1","SA_lingual","rs841217","C","T",0.542519,5.24519926562761e-05,421986,{"v":22.1350626972121,"d":"22.135"},{"v":-0.0102795,"d":"-0.010"},{"v":1.74789E-3,"d":"0.002"},{"v":4.09996359041765e-09,"d":"4.100E-09"},{"v":-0.3798,"d":"-0.380"},{"v":2.3549,"d":"2.355"},{"v":0.8719,"d":"0.872"}]
["FEV1","SA_lingual","rs853678","A","T",0.163236,0.000125139429806905,421986,{"v":52.8134461921796,"d":"52.813"},{"v":-0.0214029,"d":"-0.021"},{"v":0.00234368,"d":"0.002"},{"v":6.70038873807757e-20,"d":"6.700E-20"},{"v":0.3358,"d":"0.336"},{"v":3.1895,"d":"3.190"},{"v":0.9162,"d":"0.916"}]
["FEV1","SA_lingual","rs876531","T","C",0.455993,0.000134481756941343,421986,{"v":56.756782472961,"d":"56.757"},{"v":-0.016464,"d":"-0.016"},{"v":0.00174605,"d":"0.002"},{"v":4.10015240506613e-21,"d":"4.100E-21"},{"v":2.9698,"d":"2.970"},{"v":2.4219,"d":"2.422"},{"v":0.2201,"d":"0.220"}]
["FEV1","SA_lingual","rs879098","G","A",0.39884,6.23015634864502e-05,421986,{"v":26.2919009928051,"d":"26.292"},{"v":-0.0113983,"d":"-0.011"},{"v":1.77623E-3,"d":"0.002"},{"v":1.40000633223953E-10,"d":"1.400E-10"},{"v":-2.6328,"d":"-2.633"},{"v":2.4217,"d":"2.422"},0.277]
["FEV1","SA_lingual","rs879394","T","G",0.233436,0.00013040368162288,421986,{"v":55.0354440104679,"d":"55.035"},{"v":-0.0190885,"d":"-0.019"},{"v":0.00205722,"d":"0.002"},{"v":1.69980851320349e-20,"d":"1.700E-20"},{"v":-0.5712,"d":"-0.571"},{"v":2.7413,"d":"2.741"},{"v":0.8349,"d":"0.835"}]
["FEV1","SA_lingual","rs9295","A","G",0.295687,5.79273809792533e-05,421986,{"v":24.4458440188691,"d":"24.446"},{"v":0.0117931,"d":"0.012"},{"v":0.00190411,"d":"0.002"},{"v":5.89997267139772e-10,"d":"5.900E-10"},{"v":2.4317,"d":"2.432"},{"v":2.5246,"d":"2.525"},{"v":0.3354,"d":"0.335"}]
["FEV1","SA_lingual","rs9310389","T","C",0.5454,4.96641625633076E-5,421986,{"v":20.9585228626013,"d":"20.959"},{"v":0.0100077,"d":"0.010"},{"v":1.74847E-3,"d":"0.002"},{"v":1E-8,"d":"1.000E-08"},{"v":-3.9242,"d":"-3.924"},{"v":2.3316,"d":"2.332"},{"v":0.09236,"d":"0.092"}]
["FEV1","SA_lingual","rs9322332","A","C",0.45633,8.9188242197488e-05,421986,{"v":37.6393681845506,"d":"37.639"},{"v":0.013407,"d":"0.013"},{"v":0.00174017,"d":"0.002"},{"v":1.2998702373886E-14,"d":"1.300E-14"},{"v":1.1276,"d":"1.128"},{"v":2.3172,"d":"2.317"},{"v":0.6265,"d":"0.627"}]
["FEV1","SA_lingual","rs9379084","A","G",0.115664,6.10451902292778e-05,421986,{"v":25.7616661795241,"d":"25.762"},{"v":-0.0172744,"d":"-0.017"},{"v":0.00279331,"d":"0.003"},{"v":6.19997588072324e-10,"d":"6.200E-10"},{"v":-0.6882,"d":"-0.688"},{"v":4.0111,"d":"4.011"},{"v":0.8638,"d":"0.864"}]
["FEV1","SA_lingual","rs9535455","A","G",0.211,4.63650009076395e-05,421986,{"v":19.5661957296921,"d":"19.566"},{"v":-0.0118005,"d":"-0.012"},{"v":0.0021458,"d":"0.002"},{"v":3.79996853036855e-08,"d":"3.800E-08"},{"v":2.3664,"d":"2.366"},{"v":2.8913,"d":"2.891"},{"v":0.4131,"d":"0.413"}]
["FEV1","SA_lingual","rs9864975","G","A",0.24399,1.03802549008386E-4,421986,{"v":43.8075621773747,"d":"43.808"},{"v":0.0167741,"d":"0.017"},{"v":0.00202079,"d":"0.002"},{"v":1e-16,"d":"1.000E-16"},{"v":2.1183,"d":"2.118"},{"v":2.6475,"d":"2.648"},{"v":0.4236,"d":"0.424"}]
["FEV1","SA_lingual","rs9886260","A","G",0.722783,6.60973406155798e-05,421986,{"v":27.8938638925476,"d":"27.894"},{"v":-0.0128429,"d":"-0.013"},{"v":0.00194321,"d":"0.002"},{"v":3.90031784475066e-11,"d":"3.900E-11"},{"v":-3.9675,"d":"-3.968"},{"v":2.6025,"d":"2.603"},{"v":0.1274,"d":"0.127"}]
["FEV1","SA_lingual","rs9894577","A","G",0.318121,5.64036175481224e-05,421986,{"v":23.802766709577,"d":"23.803"},{"v":-0.0114022,"d":"-0.011"},{"v":1.86765E-3,"d":"0.002"},{"v":1e-09,"d":"1.000E-09"},{"v":1.1747,"d":"1.175"},{"v":2.4868,"d":"2.487"},{"v":0.6366,"d":"0.637"}]
["FEV1","SA_lingual","rs9912553","G","C",0.723438,0.000159985148591115,421986,{"v":67.5219754563497,"d":"67.522"},{"v":0.0199953,"d":"0.020"},{"v":0.00194048,"d":"0.002"},{"v":6.70038873807757e-25,"d":"6.700E-25"},{"v":-4.0694,"d":"-4.069"},{"v":2.7733,"d":"2.773"},{"v":0.1423,"d":"0.142"}]
["FEV1","SA_lingual","rs9988963","G","C",0.737251,{"$f":"2*F645*(1-F645)*J645*J645","v":4.63140543112529E-5},421986,{"$f":"G645/(1-G645)*(H645-2)","v":{"v":19.5446950885496,"d":"19.545"}},{"v":0.0109336,"d":"0.011"},{"v":0.00197337,"d":"0.002"},{"v":2.99999133271615e-08,"d":"3.000E-08"},{"v":3.7751,"d":"3.775"},{"v":2.6107,"d":"2.611"},{"v":0.1482,"d":"0.148"}]
["FVC","SA_global cortex","rs10141786","G","A",0.596493,8.86185198408396e-05,421986,{"v":37.3989117127165,"d":"37.399"},{"v":-0.0135681,"d":"-0.014"},{"v":0.00168175,"d":"0.002"},{"v":7.1994612744084e-16,"d":"7.199E-16"},{"v":-178.0491,"d":"-178.049"},123.349,{"v":0.1489,"d":"0.149"}]
["FVC","SA_global cortex","rs10202701","T","C",0.541923,6.667921776679e-05,421986,{"v":28.1394393459051,"d":"28.139"},{"v":0.0115889,"d":"0.012"},{"v":1.65011E-3,"d":"0.002"},{"v":2.19988510904925e-12,"d":"2.200E-12"},{"v":157.0798,"d":"157.080"},{"v":111.9527,"d":"111.953"},{"v":0.1606,"d":"0.161"}]
["FVC","SA_global cortex","rs10283100","G","A",0.944478,9.24083692946343e-05,421986,{"v":38.9984570922519,"d":"38.998"},{"v":0.0296833,"d":"0.030"},{"v":3.58764E-3,"d":"0.004"},{"v":1.2998702373886e-16,"d":"1.300E-16"},449.727,{"v":284.7951,"d":"284.795"},{"v":0.1143,"d":"0.114"}]
["FVC","SA_global cortex","rs1044299","T","C",0.545769,4.25547800829423E-5,421986,{"v":17.9582005257944,"d":"17.958"},{"v":0.00926438,"d":"0.009"},{"v":0.00165027,"d":"0.002"},{"v":2.0000000199681E-8,"d":"2.000E-08"},{"v":-88.4815,"d":"-88.482"},{"v":111.2734,"d":"111.273"},{"v":0.4265,"d":"0.427"}]
["FVC","SA_global cortex","rs1054661","C","T",0.342598,4.654458375562e-05,421986,{"v":19.6419838594944,"d":"19.642"},{"v":0.0101651,"d":"0.010"},{"v":0.00172786,"d":"0.002"},{"v":4.00000007987242e-09,"d":"4.000E-09"},{"v":-169.3436,"d":"-169.344"},{"v":115.3523,"d":"115.352"},{"v":0.1421,"d":"0.142"}]
["FVC","SA_global cortex","rs10761495","C","A",0.597215,6.67352001399011e-05,421986,{"v":28.163066163693,"d":"28.163"},{"v":0.0117777,"d":"0.012"},{"v":0.00167988,"d":"0.002"},{"v":2.39993787680988E-12,"d":"2.400E-12"},{"v":-1.1139,"d":"-1.114"},{"v":110.2713,"d":"110.271"},{"v":0.9919,"d":"0.992"}]
["FVC","SA_global cortex","rs10769125","A","G",0.759887,4.32262746894772e-05,421986,{"v":18.2415848143203,"d":"18.242"},{"v":-0.0108837,"d":"-0.011"},{"v":0.00191996,"d":"0.002"},{"v":1.40000633223953E-8,"d":"1.400E-08"},{"v":-43.0282,"d":"-43.028"},{"v":125.9897,"d":"125.990"},{"v":0.7327,"d":"0.733"}]
["FVC","SA_global cortex","rs10789246","C","T",0.301089,6.41161014124232e-05,421986,{"v":27.0577037728991,"d":"27.058"},{"v":-0.0123427,"d":"-0.012"},{"v":1.78506E-3,"d":"0.002"},{"v":4.70002318179801e-12,"d":"4.700E-12"},{"v":40.3231,"d":"40.323"},{"v":119.2255,"d":"119.226"},{"v":0.7352,"d":"0.735"}]
["FVC","SA_global cortex","rs10853628","C","T",0.384831,8.50433178523641e-05,421986,{"v":35.8899716428781,"d":"35.890"},{"v":-0.0134021,"d":"-0.013"},{"v":0.00168952,"d":"0.002"},{"v":2.09990670376243e-15,"d":"2.100E-15"},-165.824,{"v":112.5497,"d":"112.550"},{"v":0.1407,"d":"0.141"}]
["FVC","SA_global cortex","rs10874340","T","G",0.493361,5.30984854106691e-05,421986,{"v":22.4079010931451,"d":"22.408"},{"v":0.0103061,"d":"0.010"},{"v":0.00163772,"d":"0.002"},{"v":3.09998790941119e-10,"d":"3.100E-10"},{"v":101.8825,"d":"101.883"},{"v":109.4273,"d":"109.427"},{"v":0.3518,"d":"0.352"}]
["FVC","SA_global cortex","rs10878321","G","T",0.13768,5.09513414592439e-05,421986,{"v":21.5017464171613,"d":"21.502"},{"v":0.0146485,"d":"0.015"},{"v":2.38528E-3,"d":"0.002"},{"v":8.19992726270379e-10,"d":"8.200E-10"},{"v":89.2506,"d":"89.251"},{"v":160.4966,"d":"160.497"},{"v":0.5781,"d":"0.578"}]
["FVC","SA_global cortex","rs10892061","T","C",0.655603,4.74621582036346e-05,421986,{"v":20.0292219975057,"d":"20.029"},{"v":0.010252,"d":"0.010"},{"v":1.72686E-3,"d":"0.002"},{"v":2.90001336905407e-09,"d":"2.900E-09"},{"v":-55.2832,"d":"-55.283"},115.085,0.631]
["FVC","SA_global cortex","rs10916137","A","G",0.170792,7.3699990478116e-05,421986,{"v":31.1025090365371,"d":"31.103"},{"v":-0.0161307,"d":"-0.016"},{"v":0.00218459,"d":"0.002"},{"v":1.50003019045595e-13,"d":"1.500E-13"},{"v":89.9175,"d":"89.918"},147.191,{"v":0.5413,"d":"0.541"}]
["FVC","SA_global cortex","rs11000765","C","G",0.720336,5.08693352915136e-05,421986,{"v":21.4671376026745,"d":"21.467"},{"v":-0.0112364,"d":"-0.011"},{"v":0.00182542,"d":"0.002"},{"v":7.49997818203001e-10,"d":"7.500E-10"},{"v":-272.9481,"d":"-272.948"},{"v":122.2209,"d":"122.221"},{"v":0.02553,"d":"0.026"}]
["FVC","SA_global cortex","rs11049229","T","A",0.054116,4.11500464730783e-05,421986,{"v":17.3653757969165,"d":"17.365"},{"v":0.0200488,"d":"0.020"},{"v":3.66563E-3,"d":"0.004"},{"v":4.49997395325803e-08,"d":"4.500E-08"},{"v":63.4307,"d":"63.431"},{"v":251.0055,"d":"251.006"},{"v":0.8005,"d":"0.801"}]
["FVC","SA_global cortex","rs11060406","T","C",0.036679,5.28131968728098E-5,421986,{"v":22.2875011433615,"d":"22.288"},{"v":-0.0273377,"d":"-0.027"},{"v":4.43481E-3,"d":"0.004"},{"v":7.1000269957767e-10,"d":"7.100E-10"},{"v":98.4327,"d":"98.433"},{"v":323.6217,"d":"323.622"},0.761]
["FVC","SA_global cortex","rs11079810","T","C",0.103307,6.24999942060563e-05,421986,{"v":26.3756460327727,"d":"26.376"},{"v":0.018367,"d":"0.018"},{"v":0.00271137,"d":"0.003"},{"v":1.2998702373886e-11,"d":"1.300E-11"},{"v":183.0592,"d":"183.059"},{"v":173.5797,"d":"173.580"},{"v":0.2916,"d":"0.292"}]
["FVC","SA_global cortex","rs11107119","A","T",0.219982,1.88046487908797E-4,421986,{"v":79.367533939717,"d":"79.368"},{"v":0.0234084,"d":"0.023"},{"v":0.00198228,"d":"0.002"},{"v":3.50025754158434e-32,"d":"3.500E-32"},{"v":220.2594,"d":"220.259"},{"v":130.8311,"d":"130.831"},{"v":0.09227,"d":"0.092"}]
["FVC","SA_global cortex","rs11122148","A","C",0.157016,4.03842056899531e-05,421986,{"v":17.042176888646,"d":"17.042"},{"v":0.0123512,"d":"0.012"},{"v":0.0022522,"d":"0.002"},{"v":4.20000686246631e-08,"d":"4.200E-08"},{"v":151.0491,"d":"151.049"},{"v":151.0171,"d":"151.017"},{"v":0.3172,"d":"0.317"}]
["FVC","SA_global cortex","rs111365325","T","C",0.231244,1.22614225271077E-4,421986,{"v":51.7475862269852,"d":"51.748"},{"v":-0.0185706,"d":"-0.019"},{"v":0.00194997,"d":"0.002"},{"v":1.69980851320349e-21,"d":"1.700E-21"},{"v":-53.3017,"d":"-53.302"},{"v":132.2125,"d":"132.213"},{"v":0.6868,"d":"0.687"}]
["FVC","SA_global cortex","rs11164653","C","T",0.59054,6.29430655760463e-05,421986,{"v":26.5626385179404,"d":"26.563"},{"v":-0.0114085,"d":"-0.011"},{"v":1.67402E-3,"d":"0.002"},{"v":9.39939714766782e-12,"d":"9.399E-12"},{"v":-89.3735,"d":"-89.374"},{"v":111.7383,"d":"111.738"},{"v":0.4238,"d":"0.424"}]
["FVC","SA_global cortex","rs11259936","C","A",0.52286,1.49406438029921E-4,421986,{"v":63.0565473997598,"d":"63.057"},{"v":0.0173043,"d":"0.017"},{"v":0.00164414,"d":"0.002"},{"v":6.59933234263567e-26,"d":"6.599E-26"},{"v":196.7852,"d":"196.785"},{"v":109.7115,"d":"109.712"},{"v":0.07287,"d":"0.073"}]
["FVC","SA_global cortex","rs11545700","A","C",0.124616,4.56605730783884e-05,421986,{"v":19.268911099434,"d":"19.269"},{"v":-0.0144667,"d":"-0.014"},{"v":0.00249861,"d":"0.002"},{"v":7.00003159130898e-09,"d":"7.000E-09"},-190.019,{"v":169.0821,"d":"169.082"},{"v":0.2611,"d":"0.261"}]
["FVC","SA_global cortex","rs11575234","G","C",0.067886,4.80485257189383e-05,421986,{"v":20.2766833417215,"d":"20.277"},{"v":0.019485,"d":"0.019"},{"v":0.00325807,"d":"0.003"},{"v":2.19998641983517e-09,"d":"2.200E-09"},{"v":-54.4269,"d":"-54.427"},{"v":219.6404,"d":"219.640"},{"v":0.8043,"d":"0.804"}]
["FVC","SA_global cortex","rs11588312","T","C",0.071357,8.80233985085485e-05,421986,{"v":37.1477356661716,"d":"37.148"},{"v":-0.0257716,"d":"-0.026"},{"v":0.00318955,"d":"0.003"},{"v":6.49980009683026e-16,"d":"6.500E-16"},{"v":-425.4241,"d":"-425.424"},{"v":227.5209,"d":"227.521"},{"v":0.06151,"d":"0.062"}]
["FVC","SA_global cortex","rs11608103","A","G",0.131252,4.22030496869096e-05,421986,{"v":17.8097633454082,"d":"17.810"},{"v":0.0136037,"d":"0.014"},{"v":0.00243411,"d":"0.002"},{"v":2.3000114603619e-08,"d":"2.300E-08"},{"v":-212.0746,"d":"-212.075"},{"v":161.5699,"d":"161.570"},{"v":0.1893,"d":"0.189"}]
["FVC","SA_global cortex","rs11621587","C","G",0.183978,0.000135729204028457,421986,{"v":57.2833274531838,"d":"57.283"},{"v":0.0212612,"d":"0.021"},{"v":2.11823E-3,"d":"0.002"},{"v":1e-23,"d":"1.000E-23"},{"v":335.3863,"d":"335.386"},{"v":143.6572,"d":"143.657"},{"v":0.01956,"d":"0.020"}]
["FVC","SA_global cortex","rs11637681","G","A",0.276249,5.27147653220468e-05,421986,{"v":22.245960220231,"d":"22.246"},{"v":-0.0114817,"d":"-0.011"},{"v":1.85184E-3,"d":"0.002"},{"v":5.60002544078e-10,"d":"5.600E-10"},{"v":-169.5047,"d":"-169.505"},{"v":123.4891,"d":"123.489"},{"v":0.1699,"d":"0.170"}]
["FVC","SA_global cortex","rs11664552","C","T",0.300477,4.51297930963036e-05,421986,{"v":19.044910102803,"d":"19.045"},{"v":0.0103612,"d":"0.010"},{"v":0.00180111,"d":"0.002"},{"v":8.79994585505891e-09,"d":"8.800E-09"},{"v":-20.2969,"d":"-20.297"},{"v":119.6995,"d":"119.700"},{"v":0.8654,"d":"0.865"}]
["FVC","SA_global cortex","rs11698277","T","C",0.319648,0.000111513337937303,421986,{"v":47.0620924471538,"d":"47.062"},{"v":0.016012,"d":"0.016"},{"v":1.76946E-3,"d":"0.002"},{"v":1.39990962656834e-19,"d":"1.400E-19"},-60.876,{"v":117.5805,"d":"117.581"},{"v":0.6046,"d":"0.605"}]
["FVC","SA_global cortex","rs117372259","G","A",0.031174,6.13702367797437e-05,421986,{"v":25.8988474156616,"d":"25.899"},{"v":0.0318746,"d":"0.032"},{"v":0.00495553,"d":"0.005"},{"v":1.29998996537545e-10,"d":"1.300E-10"},{"v":519.5832,"d":"519.583"},{"v":384.7967,"d":"384.797"},{"v":0.1769,"d":"0.177"}]
["FVC","SA_global cortex","rs11867847","G","A",0.505622,4.76927744620758e-05,421986,{"v":20.1265476295014,"d":"20.127"},{"v":0.00976717,"d":"0.010"},{"v":0.00164721,"d":"0.002"},{"v":2.99999133271614e-09,"d":"3.000E-09"},{"v":20.9919,"d":"20.992"},119.218,{"v":0.8602,"d":"0.860"}]
["FVC","SA_global cortex","rs11877758","G","T",0.3121,4.9796615660552e-05,421986,{"v":21.0144215099736,"d":"21.014"},{"v":-0.010769,"d":"-0.011"},{"v":1.78155E-3,"d":"0.002"},{"v":1.49999565138204E-9,"d":"1.500E-09"},{"v":-155.7202,"d":"-155.720"},{"v":119.7689,"d":"119.769"},{"v":0.1935,"d":"0.194"}]
["FVC","SA_global cortex","rs11909473","G","A",0.28953,4.77971585455201E-5,421986,{"v":20.1706002490508,"d":"20.171"},{"v":0.0107787,"d":"0.011"},{"v":0.00182218,"d":"0.002"},{"v":3.29997006285228E-9,"d":"3.300E-09"},{"v":55.6036,"d":"55.604"},120.168,{"v":0.6436,"d":"0.644"}]
["FVC","SA_global cortex","rs11967850","T","C",0.203699,4.47463713455221e-05,421986,{"v":18.8830977159713,"d":"18.883"},{"v":-0.0117444,"d":"-0.012"},{"v":2.03397E-3,"d":"0.002"},{"v":7.69998714277137e-09,"d":"7.700E-09"},{"v":72.55,"d":"72.550"},{"v":137.8156,"d":"137.816"},{"v":0.5986,"d":"0.599"}]
["FVC","SA_global cortex","rs12051245","C","T",0.231666,5.61700238971006e-05,421986,{"v":23.70418282871,"d":"23.704"},{"v":0.0125612,"d":"0.013"},{"v":0.00194877,"d":"0.002"},{"v":1.19999655704811e-10,"d":"1.200E-10"},{"v":-108.8346,"d":"-108.835"},134.412,{"v":0.4181,"d":"0.418"}]
["FVC","SA_global cortex","rs12052537","A","C",0.20591,6.95372170194517e-05,421986,{"v":29.3456336004286,"d":"29.346"},{"v":-0.0145821,"d":"-0.015"},{"v":0.00203664,"d":"0.002"},{"v":8.10027941680351e-13,"d":"8.100E-13"},{"v":-168.1015,"d":"-168.102"},137.164,{"v":0.2204,"d":"0.220"}]
["FVC","SA_global cortex","rs12054747","T","C",0.216455,4.283369225594e-05,421986,{"v":18.0759070507704,"d":"18.076"},{"v":0.0112373,"d":"0.011"},{"v":0.0019943,"d":"0.002"},{"v":1.79998961724559E-8,"d":"1.800E-08"},{"v":159.6947,"d":"159.695"},{"v":131.6858,"d":"131.686"},{"v":0.2252,"d":"0.225"}]
["FVC","SA_global cortex","rs12099669","A","G",0.696156,6.89829587755084e-05,421986,{"v":29.111713088028,"d":"29.112"},{"v":0.0127696,"d":"0.013"},{"v":0.00178372,"d":"0.002"},{"v":8.10027941680351e-13,"d":"8.100E-13"},{"v":182.3195,"d":"182.320"},117.709,{"v":0.1214,"d":"0.121"}]
["FVC","SA_global cortex","rs12139563","G","A",0.5652,1.07701353835577E-4,421986,{"v":45.4531434620392,"d":"45.453"},{"v":-0.014803,"d":"-0.015"},{"v":0.00165293,"d":"0.002"},{"v":3.40016505804072e-19,"d":"3.400E-19"},{"v":20.2079,"d":"20.208"},{"v":110.8171,"d":"110.817"},{"v":0.8553,"d":"0.855"}]
["FVC","SA_global cortex","rs12152266","T","C",0.27447,8.20852836022235e-05,421986,{"v":34.641519874584,"d":"34.642"},{"v":0.0143563,"d":"0.014"},{"v":0.00183934,"d":"0.002"},{"v":5.90065196995665e-15,"d":"5.901E-15"},{"v":259.5655,"d":"259.566"},{"v":125.6058,"d":"125.606"},{"v":0.03878,"d":"0.039"}]
["FVC","SA_global cortex","rs12323020","C","T",0.113463,4.17835680209609e-05,421986,{"v":17.6327339262945,"d":"17.633"},{"v":-0.0144116,"d":"-0.014"},{"v":0.00260325,"d":"0.003"},{"v":3.09998790941119e-08,"d":"3.100E-08"},{"v":270.5849,"d":"270.585"},{"v":172.0119,"d":"172.012"},{"v":0.1157,"d":"0.116"}]
["FVC","SA_global cortex","rs12348523","A","G",0.156387,5.79984037310275e-05,421986,{"v":24.4758179584055,"d":"24.476"},{"v":0.0148259,"d":"0.015"},{"v":0.00226513,"d":"0.002"},{"v":5.90065196995665e-11,"d":"5.901E-11"},{"v":4.7372,"d":"4.737"},{"v":147.9321,"d":"147.932"},{"v":0.9745,"d":"0.975"}]
["FVC","SA_global cortex","rs12407259","C","G",0.091572,4.21603162442696e-05,421986,{"v":17.7917289949428,"d":"17.792"},{"v":0.0159188,"d":"0.016"},{"v":0.0028656,"d":"0.003"},{"v":2.80001269243454e-08,"d":"2.800E-08"},{"v":-181.9019,"d":"-181.902"},{"v":201.7654,"d":"201.765"},{"v":0.3673,"d":"0.367"}]
["FVC","SA_global cortex","rs12430764","A","G",0.512974,5.09030563916136e-05,421986,{"v":21.4813688156869,"d":"21.481"},{"v":-0.0100933,"d":"-0.010"},{"v":1.64288E-3,"d":"0.002"},{"v":8.1000929031245e-10,"d":"8.100E-10"},{"v":54.1315,"d":"54.132"},109.933,{"v":0.6224,"d":"0.622"}]
["FVC","SA_global cortex","rs12486605","C","T",0.428162,4.06299989199258e-05,421986,{"v":17.1459061023724,"d":"17.146"},{"v":0.00910894,"d":"0.009"},{"v":0.00165849,"d":"0.002"},{"v":4.00000007987242e-08,"d":"4.000E-08"},{"v":-81.1068,"d":"-81.107"},{"v":112.2462,"d":"112.246"},{"v":0.4699,"d":"0.470"}]
["FVC","SA_global cortex","rs1250535","G","C",0.675489,6.09889978971453E-5,421986,{"v":25.7379510204696,"d":"25.738"},{"v":-0.0117947,"d":"-0.012"},{"v":1.76235E-3,"d":"0.002"},{"v":2.19988510904925E-11,"d":"2.200E-11"},{"v":86.6611,"d":"86.661"},{"v":119.1123,"d":"119.112"},{"v":0.4669,"d":"0.467"}]
["FVC","SA_global cortex","rs12571363","A","C",0.10664,1.68684862009559E-4,421986,{"v":71.1943222146604,"d":"71.194"},{"v":-0.0297543,"d":"-0.030"},{"v":0.00266251,"d":"0.003"},{"v":5.40007759066591e-29,"d":"5.400E-29"},{"v":90.4088,"d":"90.409"},{"v":181.9193,"d":"181.919"},{"v":0.6192,"d":"0.619"}]
["FVC","SA_global cortex","rs12614240","T","C",0.433883,1.1997265878628E-4,421986,{"v":50.6326169749496,"d":"50.633"},{"v":-0.0156274,"d":"-0.016"},{"v":1.65606E-3,"d":"0.002"},{"v":3.90031784475066e-21,"d":"3.900E-21"},{"v":-139.2516,"d":"-139.252"},{"v":113.7158,"d":"113.716"},{"v":0.2207,"d":"0.221"}]
["FVC","SA_global cortex","rs12641030","G","A",0.467529,6.07860664558444e-05,421986,{"v":25.6523067701271,"d":"25.652"},{"v":-0.0110493,"d":"-0.011"},{"v":0.00164454,"d":"0.002"},{"v":1.80011396041801E-11,"d":"1.800E-11"},{"v":-172.9408,"d":"-172.941"},{"v":109.2174,"d":"109.217"},{"v":0.1133,"d":"0.113"}]
["FVC","SA_global cortex","rs12985660","C","T",0.475562,5.31507614325355e-05,421986,{"v":22.4299630819638,"d":"22.430"},{"v":-0.0103226,"d":"-0.010"},{"v":1.65161E-3,"d":"0.002"},{"v":4.09996359041765e-10,"d":"4.100E-10"},{"v":157.6675,"d":"157.668"},{"v":118.0104,"d":"118.010"},{"v":0.1815,"d":"0.182"}]
["FVC","SA_global cortex","rs1299113","A","G",0.5241,5.22273392258403e-05,421986,{"v":22.0402526196272,"d":"22.040"},{"v":0.0102322,"d":"0.010"},{"v":1.65011E-3,"d":"0.002"},{"v":5.60002544078e-10,"d":"5.600E-10"},{"v":-95.1186,"d":"-95.119"},{"v":110.0938,"d":"110.094"},{"v":0.3876,"d":"0.388"}]
["FVC","SA_global cortex","rs13023718","G","A",0.66664,4.48587468856789e-05,421986,{"v":18.9305226453301,"d":"18.931"},{"v":0.0100463,"d":"0.010"},{"v":0.00174447,"d":"0.002"},{"v":8.50002102591718E-9,"d":"8.500E-09"},{"v":132.1659,"d":"132.166"},{"v":115.5119,"d":"115.512"},{"v":0.2526,"d":"0.253"}]
["FVC","SA_global cortex","rs13108218","G","A",0.614862,0.000104055954635523,421986,{"v":43.9145175279602,"d":"43.915"},{"v":0.0148225,"d":"0.015"},{"v":0.00169865,"d":"0.002"},{"v":2.60015956316527e-18,"d":"2.600E-18"},{"v":157.3708,"d":"157.371"},{"v":116.0219,"d":"116.022"},0.175]
["FVC","SA_global cortex","rs13112742","A","G",0.170661,4.55143743919462e-05,421986,{"v":19.2072119676475,"d":"19.207"},{"v":-0.0126802,"d":"-0.013"},{"v":0.00218292,"d":"0.002"},{"v":6.29999202947421e-09,"d":"6.300E-09"},{"v":81.7282,"d":"81.728"},{"v":147.6851,"d":"147.685"},{"v":0.58,"d":"0.580"}]
["FVC","SA_global cortex","rs13229167","A","G",0.271146,1.66795588032502E-4,421986,{"v":70.3968112978432,"d":"70.397"},{"v":-0.0205426,"d":"-0.021"},{"v":1.85147E-3,"d":"0.002"},{"v":1.29987023738861E-28,"d":"1.300E-28"},{"v":-283.2534,"d":"-283.253"},{"v":124.4012,"d":"124.401"},{"v":0.02279,"d":"0.023"}]
["FVC","SA_global cortex","rs13284734","C","T",0.020117,4.96826287641103E-5,421986,{"v":20.9663160780926,"d":"20.966"},{"v":-0.0354992,"d":"-0.035"},{"v":0.00598441,"d":"0.006"},{"v":2.99999133271614e-09,"d":"3.000E-09"},{"v":98.1196,"d":"98.120"},{"v":469.8903,"d":"469.890"},{"v":0.8346,"d":"0.835"}]
["FVC","SA_global cortex","rs1344555","T","C",0.20277,0.000109686743099046,421986,{"v":46.2911281229861,"d":"46.291"},{"v":-0.0184191,"d":"-0.018"},{"v":0.00203961,"d":"0.002"},{"v":1.69980851320349e-19,"d":"1.700E-19"},{"v":183.5905,"d":"183.591"},{"v":138.6182,"d":"138.618"},{"v":0.1854,"d":"0.185"}]
["FVC","SA_global cortex","rs145183935","C","T",0.07345,5.24247710152638e-05,421986,{"v":22.1235743954268,"d":"22.124"},{"v":-0.0196256,"d":"-0.020"},{"v":3.1714E-3,"d":"0.003"},{"v":6.10000231740111e-10,"d":"6.100E-10"},{"v":-384.3661,"d":"-384.366"},{"v":246.4741,"d":"246.474"},{"v":0.1189,"d":"0.119"}]
["FVC","SA_global cortex","rs145583731","A","G",0.066524,4.48162824858249e-05,421986,{"v":18.9126017410005,"d":"18.913"},{"v":0.018996,"d":"0.019"},{"v":0.00329456,"d":"0.003"},{"v":8.1000929031245e-09,"d":"8.100E-09"},{"v":44.9963,"d":"44.996"},{"v":230.8843,"d":"230.884"},{"v":0.8455,"d":"0.846"}]
["FVC","SA_global cortex","rs147110934","T","G",0.024261,9.94763606436121e-05,421986,{"v":41.9816087474862,"d":"41.982"},{"v":-0.0458378,"d":"-0.046"},{"v":0.00533939,"d":"0.005"},{"v":9.09913272632251e-18,"d":"9.099E-18"},{"v":-589.9063,"d":"-589.906"},{"v":381.2152,"d":"381.215"},{"v":0.1218,"d":"0.122"}]
["FVC","SA_global cortex","rs1474419","C","T",0.577669,4.28613161465634e-05,421986,{"v":18.0875648896285,"d":"18.088"},{"v":-0.00937242,"d":"-0.009"},{"v":1.66461E-3,"d":"0.002"},{"v":1.79998961724559E-8,"d":"1.800E-08"},{"v":-186.2604,"d":"-186.260"},{"v":112.7122,"d":"112.712"},{"v":0.09843,"d":"0.098"}]
["FVC","SA_global cortex","rs1474647","T","C",0.550866,9.00176543209984E-5,421986,{"v":37.9894295603302,"d":"37.989"},{"v":-0.0134877,"d":"-0.013"},{"v":0.0016468,"d":"0.002"},{"v":2.60015956316527e-16,"d":"2.600E-16"},{"v":-250.0208,"d":"-250.021"},{"v":111.1295,"d":"111.130"},{"v":0.02446,"d":"0.024"}]
["FVC","SA_global cortex","rs149542","A","G",0.375642,{"$f":"2*F709*(1-F709)*J709*J709","v":6.15489183328254e-05},421986,{"$f":"G709/(1-G709)*(H709-2)","v":{"v":25.974257441209,"d":"25.974"}},{"v":-0.0114549,"d":"-0.011"},{"v":1.69827E-3,"d":"0.002"},{"v":1.50003019045595E-11,"d":"1.500E-11"},{"v":45.1829,"d":"45.183"},{"v":113.4195,"d":"113.420"},{"v":0.6904,"d":"0.690"}]
["FVC","SA_global cortex","rs150032562","A","C",0.049667,6.50730387752197e-05,421986,{"v":27.4615682022147,"d":"27.462"},{"v":0.0262551,"d":"0.026"},{"v":3.78634E-3,"d":"0.004"},{"v":4.10015240506613e-12,"d":"4.100E-12"},{"v":259.4623,"d":"259.462"},{"v":260.7775,"d":"260.778"},{"v":0.3198,"d":"0.320"}]
["FVC","SA_global cortex","rs1516890","A","G",0.469749,6.5158521254172e-05,421986,{"v":27.4976451388157,"d":"27.498"},{"v":-0.0114366,"d":"-0.011"},{"v":1.65471E-3,"d":"0.002"},{"v":4.79954424931945e-12,"d":"4.800E-12"},{"v":87.3578,"d":"87.358"},{"v":110.6582,"d":"110.658"},{"v":0.4299,"d":"0.430"}]
["FVC","SA_global cortex","rs1555211","T","C",0.292035,8.56959630224441e-05,421986,{"v":36.1654244909429,"d":"36.165"},{"v":0.014396,"d":"0.014"},{"v":1.80824E-3,"d":"0.002"},{"v":1.69980851320349E-15,"d":"1.700E-15"},{"v":-61.2892,"d":"-61.289"},{"v":119.2428,"d":"119.243"},{"v":0.6073,"d":"0.607"}]
["FVC","SA_global cortex","rs157595","G","A",0.616263,6.37905011351913e-05,421986,{"v":26.9202880897005,"d":"26.920"},{"v":0.0116135,"d":"0.012"},{"v":1.73044E-3,"d":"0.002"},{"v":1.90020300257723e-11,"d":"1.900E-11"},{"v":-13.1581,"d":"-13.158"},{"v":128.8859,"d":"128.886"},{"v":0.9187,"d":"0.919"}]
["FVC","SA_global cortex","rs1608592","A","G",0.261845,0.000138157736782648,421986,{"v":58.3084101564715,"d":"58.308"},{"v":-0.018905,"d":"-0.019"},{"v":0.00187413,"d":"0.002"},{"v":6.29941180548557e-24,"d":"6.299E-24"},{"v":63.0923,"d":"63.092"},{"v":125.0045,"d":"125.005"},{"v":0.6138,"d":"0.614"}]
["FVC","SA_global cortex","rs1656373","T","C",0.55742,0.000145979381744386,421986,{"v":61.6099572094857,"d":"61.610"},{"v":-0.0172006,"d":"-0.017"},{"v":0.00165265,"d":"0.002"},{"v":2.2998525866862e-25,"d":"2.300E-25"},{"v":-191.9395,"d":"-191.940"},{"v":108.9145,"d":"108.915"},{"v":0.07802,"d":"0.078"}]
["FVC","SA_global cortex","rs1668091","C","T",0.31711,6.68938491644157e-05,421986,{"v":28.2300224606612,"d":"28.230"},{"v":0.0124279,"d":"0.012"},{"v":0.00177541,"d":"0.002"},{"v":2.60015956316527E-12,"d":"2.600E-12"},{"v":109.4546,"d":"109.455"},{"v":116.8484,"d":"116.848"},{"v":0.3489,"d":"0.349"}]
["FVC","SA_global cortex","rs16905189","G","C",0.366604,1.18148804558535E-4,421986,{"v":49.8627963726122,"d":"49.863"},{"v":-0.0159501,"d":"-0.016"},{"v":1.71036E-3,"d":"0.002"},{"v":1.10001852750622E-20,"d":"1.100E-20"},{"v":116.2849,"d":"116.285"},{"v":112.7276,"d":"112.728"},{"v":0.3023,"d":"0.302"}]
["FVC","SA_global cortex","rs17197170","G","A",0.169899,4.42423180283422e-05,421986,{"v":18.6703763516002,"d":"18.670"},{"v":0.012524,"d":"0.013"},{"v":0.00221253,"d":"0.002"},{"v":1.49999565138204e-08,"d":"1.500E-08"},{"v":210.3141,"d":"210.314"},{"v":161.7658,"d":"161.766"},{"v":0.1936,"d":"0.194"}]
["FVC","SA_global cortex","rs17387279","G","T",0.181103,6.13077565579171e-05,421986,{"v":25.8724785269512,"d":"25.872"},{"v":-0.0143769,"d":"-0.014"},{"v":0.0021417,"d":"0.002"},{"v":1.90020300257723e-11,"d":"1.900E-11"},{"v":134.9757,"d":"134.976"},{"v":143.9312,"d":"143.931"},{"v":0.3484,"d":"0.348"}]
["FVC","SA_global cortex","rs17400325","C","T",0.041599,9.07861932322965e-05,421986,{"v":38.3137993289267,"d":"38.314"},{"v":0.0337427,"d":"0.034"},{"v":0.0041016,"d":"0.004"},{"v":1.90020300257723E-16,"d":"1.900E-16"},{"v":316.9207,"d":"316.921"},{"v":286.0711,"d":"286.071"},{"v":0.2679,"d":"0.268"}]
["FVC","SA_global cortex","rs1818116","G","A",0.381268,4.48330645452411e-05,421986,{"v":18.9196841364791,"d":"18.920"},{"v":-0.00974805,"d":"-0.010"},{"v":0.00170614,"d":"0.002"},{"v":1.09999319893519E-8,"d":"1.100E-08"},{"v":160.1188,"d":"160.119"},{"v":112.4791,"d":"112.479"},{"v":0.1546,"d":"0.155"}]
["FVC","SA_global cortex","rs183743021","C","T",0.023696,6.10757370320042e-05,421986,{"v":25.7745580158407,"d":"25.775"},{"v":-0.036332,"d":"-0.036"},{"v":0.00550585,"d":"0.006"},{"v":4.10015240506613e-11,"d":"4.100E-11"},{"v":-668.4397,"d":"-668.440"},{"v":360.1633,"d":"360.163"},{"v":0.06346,"d":"0.063"}]
["FVC","SA_global cortex","rs1966265","A","G",0.245129,8.66312568253845e-05,421986,{"v":36.5601715338128,"d":"36.560"},{"v":0.0152999,"d":"0.015"},{"v":0.00190502,"d":"0.002"},{"v":9.60063590945348e-16,"d":"9.601E-16"},{"v":106.1728,"d":"106.173"},{"v":131.7702,"d":"131.770"},{"v":0.4204,"d":"0.420"}]
["FVC","SA_global cortex","rs1983753","A","G",0.851273,6.09227456439144e-05,421986,{"v":25.7099902209963,"d":"25.710"},{"v":0.0155112,"d":"0.016"},{"v":0.00231937,"d":"0.002"},{"v":2.29985258668621e-11,"d":"2.300E-11"},{"v":-184.5277,"d":"-184.528"},{"v":153.4783,"d":"153.478"},{"v":0.2292,"d":"0.229"}]
["FVC","SA_global cortex","rs1984246","A","C",0.42304,8.08199330946159e-05,421986,{"v":34.107475210863,"d":"34.107"},{"v":0.0128671,"d":"0.013"},{"v":0.00166162,"d":"0.002"},{"v":9.70063133783958e-15,"d":"9.701E-15"},{"v":145.6469,"d":"145.647"},{"v":111.3304,"d":"111.330"},{"v":0.1908,"d":"0.191"}]
["FVC","SA_global cortex","rs2005172","C","A",0.64023,0.00022099089188815,421986,{"v":93.2752334995711,"d":"93.275"},{"v":0.0219024,"d":"0.022"},{"v":0.0017318,"d":"0.002"},{"v":1.20005182020427E-36,"d":"1.200E-36"},{"v":78.4022,"d":"78.402"},{"v":118.1337,"d":"118.134"},{"v":0.5069,"d":"0.507"}]
["FVC","SA_global cortex","rs2007530","T","C",0.173998,1.17320574387251E-4,421986,{"v":49.5132141809572,"d":"49.513"},{"v":0.0202027,"d":"0.020"},{"v":2.17301E-3,"d":"0.002"},{"v":1.39990962656834e-20,"d":"1.400E-20"},{"v":47.1411,"d":"47.141"},{"v":152.1656,"d":"152.166"},{"v":0.7567,"d":"0.757"}]
["FVC","SA_global cortex","rs2039092","T","G",0.142069,4.52252040502154e-05,421986,{"v":19.0851756368886,"d":"19.085"},{"v":-0.0136207,"d":"-0.014"},{"v":2.37872E-3,"d":"0.002"},{"v":1E-8,"d":"1.000E-08"},{"v":-225.0379,"d":"-225.038"},{"v":159.4023,"d":"159.402"},0.158]
["FVC","SA_global cortex","rs2058780","T","C",0.609391,4.70090504808346e-05,421986,{"v":19.837999723635,"d":"19.838"},{"v":-0.00993703,"d":"-0.010"},{"v":0.00168463,"d":"0.002"},{"v":3.69998531172859e-09,"d":"3.700E-09"},{"v":-71.9506,"d":"-71.951"},{"v":112.2775,"d":"112.278"},{"v":0.5216,"d":"0.522"}]
["FVC","SA_global cortex","rs2118022","C","T",0.360318,6.04606902173754e-05,421986,{"v":25.5149865543869,"d":"25.515"},{"v":-0.0114524,"d":"-0.011"},{"v":0.00171628,"d":"0.002"},{"v":2.49976970217851E-11,"d":"2.500E-11"},{"v":-22.2294,"d":"-22.229"},{"v":117.8333,"d":"117.833"},{"v":0.8504,"d":"0.850"}]
["FVC","SA_global cortex","rs2131354","A","G",0.526265,0.000264945796094648,421986,{"v":111.832516374284,"d":"111.833"},{"v":0.0230512,"d":"0.023"},{"v":0.00164614,"d":"0.002"},{"v":1.50003019045594e-44,"d":"1.500E-44"},{"v":-102.4395,"d":"-102.440"},{"v":109.7654,"d":"109.765"},{"v":0.3507,"d":"0.351"}]
["FVC","SA_global cortex","rs2165241","C","T",0.508667,1.93898082531503E-4,421986,{"v":81.8377566430654,"d":"81.838"},{"v":0.0196955,"d":"0.020"},{"v":1.64442E-3,"d":"0.002"},{"v":4.70002318179801e-33,"d":"4.700E-33"},{"v":156.4231,"d":"156.423"},109.086,{"v":0.1516,"d":"0.152"}]
["FVC","SA_global cortex","rs2168704","A","G",0.561551,5.59945780683976e-05,421986,{"v":23.6301391912884,"d":"23.630"},{"v":0.0106636,"d":"0.011"},{"v":1.652E-3,"d":"0.002"},{"v":1.09999319893519e-10,"d":"1.100E-10"},{"v":-113.4964,"d":"-113.496"},{"v":112.0968,"d":"112.097"},{"v":0.3113,"d":"0.311"}]
["FVC","SA_global cortex","rs2181246","A","T",0.315032,4.79141931100767e-05,421986,{"v":20.2199916899491,"d":"20.220"},{"v":-0.0105367,"d":"-0.011"},{"v":1.76834E-3,"d":"0.002"},{"v":2.49999995007974e-09,"d":"2.500E-09"},-112.324,{"v":117.6562,"d":"117.656"},{"v":0.3397,"d":"0.340"}]
["FVC","SA_global cortex","rs2186288","A","G",0.369909,5.7540273769828e-05,421986,{"v":24.2824721065799,"d":"24.282"},{"v":-0.0111102,"d":"-0.011"},{"v":0.00170446,"d":"0.002"},{"v":7.10068096254533e-11,"d":"7.101E-11"},{"v":130.1027,"d":"130.103"},{"v":113.6688,"d":"113.669"},{"v":0.2524,"d":"0.252"}]
["FVC","SA_global cortex","rs2194411","A","G",0.128337,0.000173013252417145,421986,{"v":73.0214579879395,"d":"73.021"},{"v":0.0278083,"d":"0.028"},{"v":0.00248353,"d":"0.002"},{"v":4.19952334664066e-29,"d":"4.200E-29"},-116.181,{"v":179.3775,"d":"179.378"},{"v":0.5172,"d":"0.517"}]
["FVC","SA_global cortex","rs2273101","T","C",0.245563,0.000164788871325204,421986,{"v":69.5497280984891,"d":"69.550"},{"v":0.021089,"d":"0.021"},{"v":1.90985E-3,"d":"0.002"},{"v":2.39993787680987e-28,"d":"2.400E-28"},{"v":310.9905,"d":"310.991"},{"v":126.5049,"d":"126.505"},{"v":0.01396,"d":"0.014"}]
["FVC","SA_global cortex","rs2286325","C","G",0.081106,6.21764247204467e-05,421986,{"v":26.2390878619042,"d":"26.239"},{"v":0.0204239,"d":"0.020"},{"v":0.00300144,"d":"0.003"},{"v":1e-11,"d":"1.000E-11"},{"v":125.4158,"d":"125.416"},{"v":201.6231,"d":"201.623"},{"v":0.5339,"d":"0.534"}]
["FVC","SA_global cortex","rs2289308","A","G",0.342889,4.17682840802068e-05,421986,{"v":17.6262838089314,"d":"17.626"},{"v":-0.00962747,"d":"-0.010"},{"v":0.00173144,"d":"0.002"},{"v":2.69997659840121e-08,"d":"2.700E-08"},{"v":182.0156,"d":"182.016"},{"v":115.3188,"d":"115.319"},{"v":0.1145,"d":"0.115"}]
["FVC","SA_global cortex","rs2315007","C","T",0.667421,9.54071179462808e-05,421986,{"v":40.2641187429693,"d":"40.264"},{"v":-0.0146598,"d":"-0.015"},{"v":0.00174235,"d":"0.002"},{"v":4.00036851046125e-17,"d":"4.000E-17"},{"v":-284.0813,"d":"-284.081"},{"v":116.9913,"d":"116.991"},{"v":0.01517,"d":"0.015"}]
["FVC","SA_global cortex","rs2355595","T","C",0.353472,4.21690889460453e-05,421986,{"v":17.7954312469311,"d":"17.795"},{"v":0.0096053,"d":"0.010"},{"v":0.00171679,"d":"0.002"},{"v":2.19998641983516e-08,"d":"2.200E-08"},{"v":20.6656,"d":"20.666"},113.699,{"v":0.8558,"d":"0.856"}]
["FVC","SA_global cortex","rs2420991","G","T",0.157205,4.60860611479893e-05,421986,{"v":19.448476731161,"d":"19.448"},{"v":0.0131879,"d":"0.013"},{"v":0.00231045,"d":"0.002"},{"v":1.09999319893519E-8,"d":"1.100E-08"},{"v":-191.0066,"d":"-191.007"},{"v":155.97,"d":"155.970"},{"v":0.2207,"d":"0.221"}]
["FVC","SA_global cortex","rs2433733","A","G",0.677805,4.39675736084697e-05,421986,{"v":18.5544283747918,"d":"18.554"},{"v":0.0100332,"d":"0.010"},{"v":1.75482E-3,"d":"0.002"},{"v":1.09999319893519E-8,"d":"1.100E-08"},{"v":134.3239,"d":"134.324"},{"v":119.9608,"d":"119.961"},{"v":0.2628,"d":"0.263"}]
["FVC","SA_global cortex","rs246185","C","T",0.32244,6.92890140832418e-05,421986,{"v":29.2408813907452,"d":"29.241"},{"v":0.0125927,"d":"0.013"},{"v":1.774E-3,"d":"0.002"},{"v":1.2998702373886e-12,"d":"1.300E-12"},{"v":177.6959,"d":"177.696"},{"v":118.0499,"d":"118.050"},{"v":0.1323,"d":"0.132"}]
["FVC","SA_global cortex","rs2468964","G","T",0.60054,4.47507016706468e-05,421986,{"v":18.8849252074402,"d":"18.885"},{"v":0.00965778,"d":"0.010"},{"v":1.67483E-3,"d":"0.002"},{"v":8.1000929031245e-09,"d":"8.100E-09"},{"v":86.2803,"d":"86.280"},{"v":112.8373,"d":"112.837"},{"v":0.4445,"d":"0.445"}]
["FVC","SA_global cortex","rs2602691","G","A",0.449662,5.86659442039459E-5,421986,{"v":24.7575422235486,"d":"24.758"},{"v":-0.0108873,"d":"-0.011"},{"v":0.00166378,"d":"0.002"},{"v":6.00067353864116e-11,"d":"6.001E-11"},{"v":-265.0311,"d":"-265.031"},{"v":112.8035,"d":"112.804"},{"v":0.0188,"d":"0.019"}]
["FVC","SA_global cortex","rs2648725","A","T",0.213148,9.83993575735976e-05,421986,{"v":41.5270407404678,"d":"41.527"},{"v":0.0171275,"d":"0.017"},{"v":0.00200708,"d":"0.002"},{"v":1.39990962656834e-17,"d":"1.400E-17"},{"v":321.3785,"d":"321.379"},{"v":137.7548,"d":"137.755"},{"v":0.01965,"d":"0.020"}]
["FVC","SA_global cortex","rs2717329","A","G",0.294673,8.42790883711236e-05,421986,{"v":35.5674244173058,"d":"35.567"},{"v":0.014239,"d":"0.014"},{"v":0.0018328,"d":"0.002"},{"v":7.89950721335818e-15,"d":"7.900E-15"},{"v":223.53,"d":"223.530"},{"v":125.0091,"d":"125.009"},{"v":0.07376,"d":"0.074"}]
["FVC","SA_global cortex","rs2760402","C","A",0.649252,4.35290850830249e-05,421986,{"v":18.3693770418513,"d":"18.369"},{"v":0.00977621,"d":"0.010"},{"v":0.00172753,"d":"0.002"},{"v":1.49999565138204e-08,"d":"1.500E-08"},{"v":-6.7992,"d":"-6.799"},{"v":114.7918,"d":"114.792"},{"v":0.9528,"d":"0.953"}]
["FVC","SA_global cortex","rs2780226","T","C",0.910509,2.95968220787926E-4,421986,{"v":124.930829236223,"d":"124.931"},{"v":-0.0426163,"d":"-0.043"},{"v":0.0028699,"d":"0.003"},{"v":7.00003159130901e-50,"d":"7.000E-50"},{"v":-10.8052,"d":"-10.805"},{"v":199.1977,"d":"199.198"},{"v":0.9567,"d":"0.957"}]
["FVC","SA_global cortex","rs2807339","C","T",0.758119,5.89073008999258e-05,421986,{"v":24.859402863279,"d":"24.859"},{"v":0.0126736,"d":"0.013"},{"v":1.91263E-3,"d":"0.002"},{"v":3.40016505804071e-11,"d":"3.400E-11"},159.347,{"v":125.6608,"d":"125.661"},{"v":0.2048,"d":"0.205"}]
["FVC","SA_global cortex","rs2808096","G","A",0.21446,4.09307454157644e-05,421986,{"v":17.2728266631967,"d":"17.273"},{"v":0.0110218,"d":"0.011"},{"v":0.0020005,"d":"0.002"},{"v":3.59997927043357E-8,"d":"3.600E-08"},{"v":-47.7073,"d":"-47.707"},{"v":132.3483,"d":"132.348"},{"v":0.7185,"d":"0.719"}]
["FVC","SA_global cortex","rs2812208","C","G",0.020816,0.000278067813708179,421986,{"v":117.372805899358,"d":"117.373"},{"v":0.0825904,"d":"0.083"},{"v":0.00576265,"d":"0.006"},{"v":1.39990962656833E-46,"d":"1.400E-46"},{"v":-224.2916,"d":"-224.292"},{"v":344.7132,"d":"344.713"},{"v":0.5153,"d":"0.515"}]
["FVC","SA_global cortex","rs28391281","C","T",0.456626,5.81268485273591E-5,421986,{"v":24.5300259020691,"d":"24.530"},{"v":-0.0108229,"d":"-0.011"},{"v":1.64482E-3,"d":"0.002"},{"v":4.70002318179801e-11,"d":"4.700E-11"},22.552,{"v":115.8247,"d":"115.825"},{"v":0.8456,"d":"0.846"}]
["FVC","SA_global cortex","rs28409044","A","C",0.333596,7.3529837872933e-05,421986,{"v":31.0306967870756,"d":"31.031"},{"v":0.0128599,"d":"0.013"},{"v":1.74168E-3,"d":"0.002"},{"v":1.50003019045595e-13,"d":"1.500E-13"},{"v":158.6822,"d":"158.682"},{"v":115.4313,"d":"115.431"},{"v":0.1692,"d":"0.169"}]
["FVC","SA_global cortex","rs28444681","A","C",0.255224,4.96915326777121e-05,421986,{"v":20.9700737605772,"d":"20.970"},{"v":0.0114328,"d":"0.011"},{"v":0.00188044,"d":"0.002"},{"v":1.19999655704811E-9,"d":"1.200E-09"},{"v":72.6749,"d":"72.675"},{"v":125.3238,"d":"125.324"},0.562]
["FVC","SA_global cortex","rs28446901","G","C",0.15458,5.1599507535487e-05,421986,{"v":21.7752901821048,"d":"21.775"},{"v":-0.0140506,"d":"-0.014"},{"v":0.00228337,"d":"0.002"},{"v":7.59993713661527e-10,"d":"7.600E-10"},{"v":-94.2511,"d":"-94.251"},{"v":157.3435,"d":"157.344"},{"v":0.5492,"d":"0.549"}]
["FVC","SA_global cortex","rs2882485","G","A",0.527663,6.68510491529909e-05,421986,{"v":28.2119591248419,"d":"28.212"},{"v":-0.0115807,"d":"-0.012"},{"v":1.64247E-3,"d":"0.002"},{"v":1.80011396041801E-12,"d":"1.800E-12"},{"v":7.1138,"d":"7.114"},{"v":110.3015,"d":"110.302"},{"v":0.9486,"d":"0.949"}]
["FVC","SA_global cortex","rs2885697","T","G",0.665178,0.000191228657862936,421986,{"v":80.7108681906324,"d":"80.711"},{"v":-0.0207198,"d":"-0.021"},{"v":1.73474E-3,"d":"0.002"},{"v":7.000031591309e-33,"d":"7.000E-33"},{"v":-142.0079,"d":"-142.008"},{"v":115.7775,"d":"115.778"},{"v":0.22,"d":"0.220"}]
["FVC","SA_global cortex","rs28929474","T","C",0.019693,9.24754782377338e-05,421986,{"v":39.0267812289301,"d":"39.027"},{"v":0.0489397,"d":"0.049"},{"v":0.00592126,"d":"0.006"},{"v":1.39990962656834e-16,"d":"1.400E-16"},{"v":895.8488,"d":"895.849"},{"v":417.0705,"d":"417.071"},{"v":0.03172,"d":"0.032"}]
["FVC","SA_global cortex","rs309137","C","T",0.227462,8.33684369570823e-05,421986,{"v":35.1830796592559,"d":"35.183"},{"v":0.0154018,"d":"0.015"},{"v":1.94955E-3,"d":"0.002"},{"v":2.80027059501064e-15,"d":"2.800E-15"},{"v":-66.8623,"d":"-66.862"},{"v":126.0523,"d":"126.052"},{"v":0.5958,"d":"0.596"}]
["FVC","SA_global cortex","rs3116605","C","T",0.215238,7.92429456128899e-05,421986,{"v":33.4419051965844,"d":"33.442"},{"v":-0.0153157,"d":"-0.015"},{"v":0.00199894,"d":"0.002"},{"v":1.80011396041801E-14,"d":"1.800E-14"},{"v":-265.8147,"d":"-265.815"},{"v":133.4634,"d":"133.463"},{"v":0.04641,"d":"0.046"}]
["FVC","SA_global cortex","rs3253","T","C",0.314156,7.73374553775006e-05,421986,{"v":32.6376928861364,"d":"32.638"},{"v":0.0133966,"d":"0.013"},{"v":0.00176807,"d":"0.002"},{"v":3.50025754158434E-14,"d":"3.500E-14"},{"v":205.5671,"d":"205.567"},{"v":117.6881,"d":"117.688"},{"v":0.08069,"d":"0.081"}]
["FVC","SA_global cortex","rs32799","A","C",0.915153,5.54046146417085e-05,421986,{"v":23.381156328923,"d":"23.381"},{"v":-0.0188883,"d":"-0.019"},{"v":0.00295509,"d":"0.003"},{"v":1.60000006389793E-10,"d":"1.600E-10"},{"v":-3.9433,"d":"-3.943"},{"v":197.6767,"d":"197.677"},{"v":0.9841,"d":"0.984"}]
["FVC","SA_global cortex","rs344133","A","G",0.614205,5.9441457606158e-05,421986,{"v":25.0848351256407,"d":"25.085"},{"v":0.0111994,"d":"0.011"},{"v":1.68384E-3,"d":"0.002"},{"v":2.90001336905407e-11,"d":"2.900E-11"},{"v":-86.7038,"d":"-86.704"},111.631,{"v":0.4373,"d":"0.437"}]
["FVC","SA_global cortex","rs34587839","A","G",0.154712,9.59331764500232e-05,421986,{"v":40.48614949601,"d":"40.486"},{"v":-0.0191516,"d":"-0.019"},{"v":0.00227501,"d":"0.002"},{"v":3.80014352941585e-17,"d":"3.800E-17"},{"v":-94.8359,"d":"-94.836"},{"v":155.6869,"d":"155.687"},{"v":0.5424,"d":"0.542"}]
["FVC","SA_global cortex","rs35344256","A","C",0.305163,0.000127924706994647,421986,{"v":53.9890860944489,"d":"53.989"},{"v":-0.0173682,"d":"-0.017"},{"v":1.7847E-3,"d":"0.002"},{"v":2.19988510904926e-22,"d":"2.200E-22"},{"v":-99.5532,"d":"-99.553"},{"v":135.7625,"d":"135.763"},{"v":0.4634,"d":"0.463"}]
["FVC","SA_global cortex","rs35344761","A","C",0.122131,7.98184258788518e-05,421986,{"v":33.6847872927592,"d":"33.685"},{"v":-0.0192934,"d":"-0.019"},{"v":2.52637E-3,"d":"0.003"},{"v":2.19988510904925E-14,"d":"2.200E-14"},{"v":189.2086,"d":"189.209"},179.671,{"v":0.2923,"d":"0.292"}]
["FVC","SA_global cortex","rs35506","A","T",0.715534,7.52389405219948e-05,421986,{"v":31.7520180654321,"d":"31.752"},{"v":0.0135949,"d":"0.014"},{"v":0.00182407,"d":"0.002"},{"v":9.09913272632251e-14,"d":"9.099E-14"},{"v":-44.9779,"d":"-44.978"},{"v":123.4003,"d":"123.400"},{"v":0.7155,"d":"0.716"}]
["FVC","SA_global cortex","rs35654957","C","T",0.369551,4.7229665459788E-5,421986,{"v":19.9311044887804,"d":"19.931"},{"v":-0.0100677,"d":"-0.010"},{"v":0.00171015,"d":"0.002"},{"v":3.89995862874433e-09,"d":"3.900E-09"},{"v":-149.9617,"d":"-149.962"},{"v":122.5323,"d":"122.532"},0.221]
["FVC","SA_global cortex","rs35668185","C","T",0.207881,4.39810225504036E-5,421986,{"v":18.560104112267,"d":"18.560"},{"v":-0.0115562,"d":"-0.012"},{"v":2.01805E-3,"d":"0.002"},{"v":1E-8,"d":"1.000E-08"},{"v":68.8062,"d":"68.806"},134.386,{"v":0.6086,"d":"0.609"}]
["FVC","SA_global cortex","rs35805829","C","T",0.346839,8.02689032154592e-05,421986,{"v":33.8749119565016,"d":"33.875"},{"v":-0.0133102,"d":"-0.013"},{"v":1.72266E-3,"d":"0.002"},{"v":1.10001852750622E-14,"d":"1.100E-14"},-225.507,{"v":115.3984,"d":"115.398"},{"v":0.05068,"d":"0.051"}]
["FVC","SA_global cortex","rs35897671","T","C",0.345283,{"$f":"2*F773*(1-F773)*J773*J773","v":5.9327572593459e-05},421986,{"$f":"G773/(1-G773)*(H773-2)","v":{"v":25.0367717641725,"d":"25.037"}},{"v":0.0114551,"d":"0.011"},{"v":0.00172695,"d":"0.002"},{"v":3.29989407910834e-11,"d":"3.300E-11"},{"v":-43.4647,"d":"-43.465"},115.638,0.707]
["FVC","SA_global cortex","rs36226649","C","T",0.066506,8.70139707337911e-05,421986,{"v":36.7216987269464,"d":"36.722"},{"v":0.0264724,"d":"0.026"},{"v":0.00329988,"d":"0.003"},{"v":1e-15,"d":"1.000E-15"},{"v":-150.2451,"d":"-150.245"},226.685,{"v":0.5075,"d":"0.508"}]
["FVC","SA_global cortex","rs3732987","A","C",0.524508,5.53461247568242e-05,421986,{"v":23.3564717995858,"d":"23.356"},{"v":0.0105337,"d":"0.011"},{"v":0.00164918,"d":"0.002"},{"v":1.70000422215636e-10,"d":"1.700E-10"},{"v":62.6761,"d":"62.676"},{"v":110.4903,"d":"110.490"},{"v":0.5705,"d":"0.571"}]
["FVC","SA_global cortex","rs3734254","T","C",0.790532,1.42473762916661E-4,421986,{"v":60.13021534867,"d":"60.130"},{"v":0.0207412,"d":"0.021"},{"v":0.00201522,"d":"0.002"},{"v":7.59976214361039e-25,"d":"7.600E-25"},{"v":-106.9241,"d":"-106.924"},{"v":136.2656,"d":"136.266"},{"v":0.4326,"d":"0.433"}]
["FVC","SA_global cortex","rs3743347","A","C",0.231535,1.02185615560985E-4,421986,{"v":43.1251015619361,"d":"43.125"},{"v":-0.0169457,"d":"-0.017"},{"v":1.94802E-3,"d":"0.002"},{"v":3.40016505804072e-18,"d":"3.400E-18"},{"v":-45.8865,"d":"-45.887"},{"v":129.7841,"d":"129.784"},{"v":0.7237,"d":"0.724"}]
["FVC","SA_global cortex","rs3790076","T","G",0.572955,0.000211865275899546,421986,{"v":89.4227021506569,"d":"89.423"},{"v":-0.0208074,"d":"-0.021"},{"v":1.66216E-3,"d":"0.002"},{"v":5.90065196995663e-36,"d":"5.901E-36"},{"v":-134.8888,"d":"-134.889"},{"v":109.8104,"d":"109.810"},{"v":0.2193,"d":"0.219"}]
["FVC","SA_global cortex","rs3790743","G","A",0.599509,4.41696140797053e-05,421986,{"v":18.6396937358892,"d":"18.640"},{"v":-0.00959075,"d":"-0.010"},{"v":1.69268E-3,"d":"0.002"},{"v":1.49999565138204e-08,"d":"1.500E-08"},{"v":-36.7011,"d":"-36.701"},{"v":120.2655,"d":"120.266"},{"v":0.7602,"d":"0.760"}]
["FVC","SA_global cortex","rs3791679","G","A",0.227266,0.000612002896837713,421986,{"v":258.413580278878,"d":"258.414"},{"v":-0.0417426,"d":"-0.042"},{"v":0.00195359,"d":"0.002"},{"v":2.6977394324449E-101,"d":"2.698E-101"},{"v":-41.9608,"d":"-41.961"},{"v":127.8385,"d":"127.839"},{"v":0.7427,"d":"0.743"}]
["FVC","SA_global cortex","rs3806443","G","C",0.265329,4.61179473668757e-05,421986,{"v":19.461933446086,"d":"19.462"},{"v":0.0108763,"d":"0.011"},{"v":0.00186138,"d":"0.002"},{"v":5.09999793204996e-09,"d":"5.100E-09"},{"v":292.4467,"d":"292.447"},{"v":129.7328,"d":"129.733"},{"v":0.02418,"d":"0.024"}]
["FVC","SA_global cortex","rs3814316","A","G",0.368453,4.16612453966733e-05,421986,{"v":17.5811114284674,"d":"17.581"},{"v":-0.00946144,"d":"-0.009"},{"v":0.00170087,"d":"0.002"},{"v":2.69997659840121e-08,"d":"2.700E-08"},{"v":64.3004,"d":"64.300"},113.389,{"v":0.5707,"d":"0.571"}]
["FVC","SA_global cortex","rs3828559","G","A",0.758433,5.04655975131029e-05,421986,{"v":21.2967494541555,"d":"21.297"},{"v":0.0117356,"d":"0.012"},{"v":0.00191612,"d":"0.002"},{"v":9.09997082601283e-10,"d":"9.100E-10"},{"v":201.7445,"d":"201.745"},{"v":126.6948,"d":"126.695"},{"v":0.1113,"d":"0.111"}]
["FVC","SA_global cortex","rs4244808","G","T",0.459999,6.73887227545813e-05,421986,{"v":28.438879242618,"d":"28.439"},{"v":0.0116467,"d":"0.012"},{"v":1.65946E-3,"d":"0.002"},{"v":2.19988510904925e-12,"d":"2.200E-12"},{"v":-58.8475,"d":"-58.848"},{"v":113.5559,"d":"113.556"},{"v":0.6043,"d":"0.604"}]
["FVC","SA_global cortex","rs4279453","C","T",0.439777,4.75360731157916e-05,421986,{"v":20.0604158710898,"d":"20.060"},{"v":-0.009822,"d":"-0.010"},{"v":1.65712E-3,"d":"0.002"},{"v":3.09998790941119e-09,"d":"3.100E-09"},{"v":-116.6383,"d":"-116.638"},{"v":112.6549,"d":"112.655"},{"v":0.3005,"d":"0.301"}]
["FVC","SA_global cortex","rs4497878","C","T",0.715464,8.76845467196344e-05,421986,{"v":37.0047205050822,"d":"37.005"},{"v":-0.0146752,"d":"-0.015"},{"v":1.81627E-3,"d":"0.002"},{"v":6.49980009683026e-16,"d":"6.500E-16"},{"v":-47.2355,"d":"-47.236"},123.385,{"v":0.7018,"d":"0.702"}]
["FVC","SA_global cortex","rs4650619","T","C",0.658131,5.51787534628888E-5,421986,{"v":23.2858359846867,"d":"23.286"},{"v":0.0110735,"d":"0.011"},{"v":0.00173535,"d":"0.002"},{"v":1.79998961724559E-10,"d":"1.800E-10"},{"v":-79.7534,"d":"-79.753"},{"v":114.5017,"d":"114.502"},{"v":0.4861,"d":"0.486"}]
["FVC","SA_global cortex","rs4678778","G","A",0.103138,4.9032397109147e-05,421986,{"v":20.6919016352442,"d":"20.692"},{"v":0.01628,"d":"0.016"},{"v":0.00272878,"d":"0.003"},{"v":2.39999313805789E-9,"d":"2.400E-09"},{"v":-121.3306,"d":"-121.331"},{"v":185.0545,"d":"185.055"},{"v":0.5121,"d":"0.512"}]
["FVC","SA_global cortex","rs4693974","G","A",0.574007,6.5108970456126e-05,421986,{"v":27.4767327707401,"d":"27.477"},{"v":0.0115384,"d":"0.012"},{"v":1.66303E-3,"d":"0.002"},{"v":4.00036851046125E-12,"d":"4.000E-12"},{"v":62.4878,"d":"62.488"},{"v":109.9739,"d":"109.974"},{"v":0.5699,"d":"0.570"}]
["FVC","SA_global cortex","rs4713135","A","G",0.237248,9.32171087040042e-05,421986,{"v":39.3397955413479,"d":"39.340"},{"v":-0.0160487,"d":"-0.016"},{"v":0.00192704,"d":"0.002"},{"v":8.19973845457472e-17,"d":"8.200E-17"},{"v":-34.4503,"d":"-34.450"},{"v":130.7917,"d":"130.792"},{"v":0.7922,"d":"0.792"}]
["FVC","SA_global cortex","rs4728358","T","C",0.687154,4.77707244436522e-05,421986,{"v":20.1594444148942,"d":"20.159"},{"v":-0.0105408,"d":"-0.011"},{"v":1.7764E-3,"d":"0.002"},{"v":2.99999133271614e-09,"d":"3.000E-09"},{"v":116.8717,"d":"116.872"},{"v":120.5142,"d":"120.514"},{"v":0.3322,"d":"0.332"}]
["FVC","SA_global cortex","rs4735766","T","G",0.285258,9.07993719661411e-05,421986,{"v":38.3193615537233,"d":"38.319"},{"v":0.0149222,"d":"0.015"},{"v":1.81989E-3,"d":"0.002"},{"v":2.39993787680988E-16,"d":"2.400E-16"},{"v":145.9214,"d":"145.921"},{"v":120.8389,"d":"120.839"},{"v":0.2272,"d":"0.227"}]
["FVC","SA_global cortex","rs4759316","A","G",0.57091,5.31891591327017e-05,421986,{"v":22.4461680202567,"d":"22.446"},{"v":0.0104193,"d":"0.010"},{"v":0.00165644,"d":"0.002"},{"v":3.20000015974484E-10,"d":"3.200E-10"},{"v":-16.1323,"d":"-16.132"},{"v":117.0401,"d":"117.040"},{"v":0.8904,"d":"0.890"}]
["FVC","SA_global cortex","rs4909017","T","C",0.557895,7.95950937485174e-05,421986,{"v":33.5905296817335,"d":"33.591"},{"v":0.0127025,"d":"0.013"},{"v":0.00165126,"d":"0.002"},{"v":1.39990962656834e-14,"d":"1.400E-14"},{"v":17.6129,"d":"17.613"},110.683,{"v":0.8736,"d":"0.874"}]
["FVC","SA_global cortex","rs4918293","A","G",0.335439,5.24388950619221e-05,421986,{"v":22.1295351421812,"d":"22.130"},{"v":-0.0108452,"d":"-0.011"},{"v":0.00174452,"d":"0.002"},{"v":5.09999793204996e-10,"d":"5.100E-10"},{"v":84.5703,"d":"84.570"},{"v":117.9784,"d":"117.978"},{"v":0.4735,"d":"0.474"}]
["FVC","SA_global cortex","rs4924413","A","G",0.283479,4.76110581125863e-05,421986,{"v":20.0920613508822,"d":"20.092"},{"v":0.0108259,"d":"0.011"},{"v":0.00182023,"d":"0.002"},{"v":2.69997659840121e-09,"d":"2.700E-09"},{"v":-142.3649,"d":"-142.365"},121.729,{"v":0.2422,"d":"0.242"}]
["FVC","SA_global cortex","rs4951407","G","T",0.661152,5.97857889278145E-5,421986,{"v":25.230154759622,"d":"25.230"},{"v":0.0115513,"d":"0.012"},{"v":0.00173213,"d":"0.002"},{"v":2.60015956316527E-11,"d":"2.600E-11"},{"v":265.5272,"d":"265.527"},{"v":116.1065,"d":"116.107"},{"v":0.0222,"d":"0.022"}]
["FVC","SA_global cortex","rs4959021","C","T",0.814313,0.000289077580921587,421986,{"v":122.02138755515,"d":"122.021"},{"v":-0.0309176,"d":"-0.031"},{"v":0.00221491,"d":"0.002"},{"v":2.80027059501065e-44,"d":"2.800E-44"},{"v":-215.0501,"d":"-215.050"},{"v":157.1675,"d":"157.168"},{"v":0.1712,"d":"0.171"}]
["FVC","SA_global cortex","rs55681913","C","T",0.10621,8.08864045248552e-05,421986,{"v":34.1355296272746,"d":"34.136"},{"v":0.0206406,"d":"0.021"},{"v":2.69286E-3,"d":"0.003"},{"v":1.80011396041801E-14,"d":"1.800E-14"},{"v":298.1328,"d":"298.133"},{"v":196.6295,"d":"196.630"},{"v":0.1295,"d":"0.130"}]
["FVC","SA_global cortex","rs55707322","A","C",0.163689,4.62683444763271E-5,421986,{"v":19.5254044836391,"d":"19.525"},{"v":0.0129997,"d":"0.013"},{"v":0.00221808,"d":"0.002"},{"v":4.60002296665069e-09,"d":"4.600E-09"},{"v":239.7309,"d":"239.731"},{"v":153.4969,"d":"153.497"},{"v":0.1183,"d":"0.118"}]
["FVC","SA_global cortex","rs55758152","A","G",0.325764,5.16859270150706E-5,421986,{"v":21.811761586645,"d":"21.812"},{"v":0.0108471,"d":"0.011"},{"v":0.00177131,"d":"0.002"},{"v":9.09997082601283e-10,"d":"9.100E-10"},{"v":62.5039,"d":"62.504"},{"v":135.9141,"d":"135.914"},{"v":0.6456,"d":"0.646"}]
["FVC","SA_global cortex","rs55786114","T","C",0.073277,7.23637113431354e-05,421986,{"v":30.5385382493884,"d":"30.539"},{"v":-0.0230827,"d":"-0.023"},{"v":0.00314939,"d":"0.003"},{"v":2.29985258668621e-13,"d":"2.300E-13"},{"v":-251.3919,"d":"-251.392"},{"v":248.3527,"d":"248.353"},{"v":0.3114,"d":"0.311"}]
["FVC","SA_global cortex","rs558107","G","A",0.587806,5.78469038151767E-5,421986,{"v":24.4118800112185,"d":"24.412"},{"v":-0.0109259,"d":"-0.011"},{"v":1.67201E-3,"d":"0.002"},{"v":6.40029512108372E-11,"d":"6.400E-11"},{"v":110.5454,"d":"110.545"},{"v":112.4901,"d":"112.490"},{"v":0.3257,"d":"0.326"}]
["FVC","SA_global cortex","rs55831773","T","C",0.199579,6.58378676692214e-05,421986,{"v":27.7843560132832,"d":"27.784"},{"v":-0.0143551,"d":"-0.014"},{"v":0.00209681,"d":"0.002"},{"v":7.59976214361039E-12,"d":"7.600E-12"},{"v":-144.4456,"d":"-144.446"},{"v":147.1636,"d":"147.164"},{"v":0.3263,"d":"0.326"}]
["FVC","SA_global cortex","rs55962189","T","A",0.299312,5.39173733411806e-05,421986,{"v":22.7534956807262,"d":"22.753"},{"v":0.0113377,"d":"0.011"},{"v":0.00180553,"d":"0.002"},{"v":3.4000084782586e-10,"d":"3.400E-10"},{"v":283.1956,"d":"283.196"},{"v":124.2758,"d":"124.276"},{"v":0.02268,"d":"0.023"}]
["FVC","SA_global cortex","rs56099233","T","G",0.203137,4.63112857415907e-05,421986,{"v":19.5435266882283,"d":"19.544"},{"v":0.0119603,"d":"0.012"},{"v":0.00205819,"d":"0.002"},{"v":6.19997588072324e-09,"d":"6.200E-09"},{"v":21.5846,"d":"21.585"},{"v":143.5919,"d":"143.592"},{"v":0.8805,"d":"0.881"}]
["FVC","SA_global cortex","rs56107042","G","C",0.024063,4.31515448222523e-05,421986,{"v":18.2100472819448,"d":"18.210"},{"v":-0.0303108,"d":"-0.030"},{"v":0.00545244,"d":"0.005"},{"v":2.69997659840121e-08,"d":"2.700E-08"},{"v":448.8222,"d":"448.822"},{"v":391.1696,"d":"391.170"},{"v":0.2512,"d":"0.251"}]
["FVC","SA_global cortex","rs57072412","A","G",0.383191,5.48617071536508e-05,421986,{"v":23.1520327915692,"d":"23.152"},{"v":0.010773,"d":"0.011"},{"v":1.68954E-3,"d":"0.002"},{"v":1.79998961724559E-10,"d":"1.800E-10"},{"v":-167.3608,"d":"-167.361"},{"v":112.6904,"d":"112.690"},{"v":0.1375,"d":"0.138"}]
["FVC","SA_global cortex","rs575837","G","A",0.784728,5.50345504488652e-05,421986,{"v":23.2249779128326,"d":"23.225"},{"v":0.0127629,"d":"0.013"},{"v":0.0020075,"d":"0.002"},{"v":2.00000001996811e-10,"d":"2.000E-10"},{"v":-21.9285,"d":"-21.929"},{"v":132.1209,"d":"132.121"},{"v":0.8682,"d":"0.868"}]
["FVC","SA_global cortex","rs582780","G","A",0.422609,7.69184760023856e-05,421986,{"v":32.4608630175037,"d":"32.461"},{"v":0.0125544,"d":"0.013"},{"v":1.6756E-3,"d":"0.002"},{"v":6.79986045003322e-14,"d":"6.800E-14"},{"v":129.6758,"d":"129.676"},{"v":114.7666,"d":"114.767"},{"v":0.2585,"d":"0.259"}]
["FVC","SA_global cortex","rs58746189","C","T",0.114418,5.54327432021165e-05,421986,{"v":23.3930274470851,"d":"23.393"},{"v":-0.0165389,"d":"-0.017"},{"v":0.00257892,"d":"0.003"},{"v":1.40000633223953E-10,"d":"1.400E-10"},{"v":6.9164,"d":"6.916"},{"v":172.9359,"d":"172.936"},{"v":0.9681,"d":"0.968"}]
["FVC","SA_global cortex","rs59032271","T","C",0.467565,5.25155515367519e-05,421986,{"v":22.1618863433691,"d":"22.162"},{"v":-0.0102701,"d":"-0.010"},{"v":0.00164133,"d":"0.002"},{"v":3.89995862874433e-10,"d":"3.900E-10"},{"v":-57.2233,"d":"-57.223"},{"v":109.2251,"d":"109.225"},{"v":0.6003,"d":"0.600"}]
["FVC","SA_global cortex","rs5992929","T","C",0.284928,4.74968475738632E-5,421986,{"v":20.0438617468553,"d":"20.044"},{"v":0.0107963,"d":"0.011"},{"v":0.0018267,"d":"0.002"},{"v":3.4000084782586e-09,"d":"3.400E-09"},{"v":-10.5525,"d":"-10.553"},{"v":122.9032,"d":"122.903"},{"v":0.9316,"d":"0.932"}]
["FVC","SA_global cortex","rs60839038","C","A",0.47352,7.81566247420721e-05,421986,{"v":32.9834230081733,"d":"32.983"},{"v":0.0125201,"d":"0.013"},{"v":0.00167309,"d":"0.002"},{"v":7.29961575729299e-14,"d":"7.300E-14"},{"v":150.1853,"d":"150.185"},{"v":121.2781,"d":"121.278"},{"v":0.2156,"d":"0.216"}]
["FVC","SA_global cortex","rs6088619","G","A",0.135815,7.20917622439476e-05,421986,{"v":30.4237635014749,"d":"30.424"},{"v":0.0175247,"d":"0.018"},{"v":2.41661E-3,"d":"0.002"},{"v":4.10015240506613e-13,"d":"4.100E-13"},{"v":-58.4102,"d":"-58.410"},{"v":164.8523,"d":"164.852"},{"v":0.7231,"d":"0.723"}]
["FVC","SA_global cortex","rs6107411","G","A",0.165223,4.40792134730111e-05,421986,{"v":18.6015427595694,"d":"18.602"},{"v":0.012641,"d":"0.013"},{"v":0.00221407,"d":"0.002"},{"v":1.09999319893519E-8,"d":"1.100E-08"},{"v":-17.2273,"d":"-17.227"},{"v":148.2935,"d":"148.294"},{"v":0.9075,"d":"0.908"}]
["FVC","SA_global cortex","rs6140000","G","T",0.497765,4.80103190874975e-05,421986,{"v":20.2605592057309,"d":"20.261"},{"v":-0.00979911,"d":"-0.010"},{"v":1.64577E-3,"d":"0.002"},{"v":2.59997995670925e-09,"d":"2.600E-09"},19.354,{"v":110.1013,"d":"110.101"},{"v":0.8605,"d":"0.861"}]
["FVC","SA_global cortex","rs61732778","A","G",0.071158,4.53939497968776e-05,421986,{"v":19.1563900952959,"d":"19.156"},{"v":0.0185311,"d":"0.019"},{"v":0.0031876,"d":"0.003"},{"v":6.10000231740111e-09,"d":"6.100E-09"},{"v":223.8338,"d":"223.834"},{"v":218.3443,"d":"218.344"},{"v":0.3053,"d":"0.305"}]
["FVC","SA_global cortex","rs61884008","A","G",0.055359,6.19804364366019e-05,421986,{"v":26.1563736727189,"d":"26.156"},{"v":0.0243436,"d":"0.024"},{"v":3.63066E-3,"d":"0.004"},{"v":1.99986186963274e-11,"d":"2.000E-11"},{"v":45.16,"d":"45.160"},{"v":245.0205,"d":"245.021"},{"v":0.8538,"d":"0.854"}]
["FVC","SA_global cortex","rs62018872","A","G",0.120637,4.85026045935671e-05,421986,{"v":20.4683158634428,"d":"20.468"},{"v":-0.0151197,"d":"-0.015"},{"v":0.00253721,"d":"0.003"},{"v":2.49999995007974e-09,"d":"2.500E-09"},{"v":8.1261,"d":"8.126"},{"v":172.3134,"d":"172.313"},{"v":0.9624,"d":"0.962"}]
["FVC","SA_global cortex","rs62194733","T","C",0.118104,5.38642068054667e-05,421986,{"v":22.7310578349982,"d":"22.731"},{"v":-0.0160803,"d":"-0.016"},{"v":0.0025514,"d":"0.003"},{"v":2.90001336905407e-10,"d":"2.900E-10"},{"v":-251.3694,"d":"-251.369"},{"v":182.3548,"d":"182.355"},{"v":0.1681,"d":"0.168"}]
["FVC","SA_global cortex","rs62276616","A","G",0.042615,5.76894212543324e-05,421986,{"v":24.3454172116173,"d":"24.345"},{"v":-0.0265894,"d":"-0.027"},{"v":4.0951E-3,"d":"0.004"},{"v":8.4004006526377e-11,"d":"8.400E-11"},{"v":-227.0405,"d":"-227.041"},{"v":281.1052,"d":"281.105"},{"v":0.4193,"d":"0.419"}]
["FVC","SA_global cortex","rs644570","A","G",0.632228,5.14133799179517e-05,421986,{"v":21.6967392139931,"d":"21.697"},{"v":0.0105147,"d":"0.011"},{"v":0.00170914,"d":"0.002"},{"v":7.59993713661527e-10,"d":"7.600E-10"},-125.224,{"v":113.6702,"d":"113.670"},{"v":0.2706,"d":"0.271"}]
["FVC","SA_global cortex","rs6462426","C","T",0.945001,4.55399828280401e-05,421986,{"v":19.2180193019767,"d":"19.218"},{"v":-0.0209309,"d":"-0.021"},{"v":3.60298E-3,"d":"0.004"},{"v":6.29999202947421e-09,"d":"6.300E-09"},{"v":282.3278,"d":"282.328"},{"v":235.4787,"d":"235.479"},{"v":0.2305,"d":"0.231"}]
["FVC","SA_global cortex","rs6487686","C","T",0.772904,1.03141223251922E-4,421986,{"v":43.5284355288256,"d":"43.528"},{"v":-0.0171409,"d":"-0.017"},{"v":0.00196297,"d":"0.002"},{"v":2.49976970217851e-18,"d":"2.500E-18"},{"v":-181.8987,"d":"-181.899"},{"v":129.8155,"d":"129.816"},{"v":0.1612,"d":"0.161"}]
["FVC","SA_global cortex","rs6501431","T","C",0.784491,5.66176612404253E-5,421986,{"v":23.8930999323176,"d":"23.893"},{"v":0.01294,"d":"0.013"},{"v":0.00199944,"d":"0.002"},{"v":9.70063133783958e-11,"d":"9.701E-11"},{"v":198.7634,"d":"198.763"},{"v":132.8777,"d":"132.878"},{"v":0.1347,"d":"0.135"}]
["FVC","SA_global cortex","rs661857","C","T",0.482472,0.000109798209617901,421986,{"v":46.3381755361111,"d":"46.338"},{"v":0.0148279,"d":"0.015"},{"v":0.00164183,"d":"0.002"},{"v":1.69980851320349e-19,"d":"1.700E-19"},{"v":163.7819,"d":"163.782"},{"v":111.5085,"d":"111.509"},{"v":0.1419,"d":"0.142"}]
["FVC","SA_global cortex","rs663378","A","G",0.833573,6.37425819916999e-05,421986,{"v":26.900064398746,"d":"26.900"},{"v":-0.0151571,"d":"-0.015"},{"v":0.00222469,"d":"0.002"},{"v":9.49948365876348e-12,"d":"9.499E-12"},{"v":-296.6923,"d":"-296.692"},{"v":148.7743,"d":"148.774"},{"v":0.04613,"d":"0.046"}]
["FVC","SA_global cortex","rs6658835","G","A",0.269388,1.42791581170128E-4,421986,{"v":60.2643678328666,"d":"60.264"},{"v":0.019046,"d":"0.019"},{"v":1.85345E-3,"d":"0.002"},{"v":8.99911910870052e-25,"d":"8.999E-25"},{"v":20.4523,"d":"20.452"},{"v":123.5188,"d":"123.519"},{"v":0.8685,"d":"0.869"}]
["FVC","SA_global cortex","rs6671370","A","G",0.287459,0.000125116546260296,421986,{"v":52.8037872845994,"d":"52.804"},{"v":0.0174763,"d":"0.017"},{"v":0.00181023,"d":"0.002"},{"v":4.70002318179801e-22,"d":"4.700E-22"},{"v":-106.3752,"d":"-106.375"},{"v":119.3795,"d":"119.380"},{"v":0.3729,"d":"0.373"}]
["FVC","SA_global cortex","rs668844","A","C",0.482052,4.45621047410429e-05,421986,{"v":18.8053332122725,"d":"18.805"},{"v":0.00944665,"d":"0.009"},{"v":1.64055E-3,"d":"0.002"},{"v":8.50002102591718E-9,"d":"8.500E-09"},{"v":119.3259,"d":"119.326"},{"v":112.1741,"d":"112.174"},{"v":0.2874,"d":"0.287"}]
["FVC","SA_global cortex","rs67232546","T","C",0.21257,4.86244793317992e-05,421986,{"v":20.5197500485121,"d":"20.520"},{"v":-0.0120519,"d":"-0.012"},{"v":0.0020216,"d":"0.002"},{"v":2.49999995007974e-09,"d":"2.500E-09"},{"v":-120.9726,"d":"-120.973"},136.932,0.377]
["FVC","SA_global cortex","rs67551338","T","C",0.06134,7.05189984710282e-05,421986,{"v":29.7599876953251,"d":"29.760"},{"v":0.0247464,"d":"0.025"},{"v":0.00345878,"d":"0.003"},{"v":8.4004006526377e-13,"d":"8.400E-13"},{"v":96.6507,"d":"96.651"},{"v":224.5548,"d":"224.555"},{"v":0.6669,"d":"0.667"}]
["FVC","SA_global cortex","rs6762578","A","G",0.77845,0.000132137192897206,421986,{"v":55.7671501222077,"d":"55.767"},{"v":0.0195725,"d":"0.020"},{"v":0.00198462,"d":"0.002"},{"v":6.09958095872238e-23,"d":"6.100E-23"},{"v":62.7416,"d":"62.742"},{"v":141.5074,"d":"141.507"},{"v":0.6575,"d":"0.658"}]
["FVC","SA_global cortex","rs6803045","A","G",0.582831,5.28540720634528e-05,421986,{"v":22.3047516425747,"d":"22.305"},{"v":0.0104255,"d":"0.010"},{"v":0.00167546,"d":"0.002"},{"v":4.90004422793237e-10,"d":"4.900E-10"},{"v":37.3388,"d":"37.339"},{"v":109.8773,"d":"109.877"},0.734]
["FVC","SA_global cortex","rs6849555","C","G",0.201305,5.95225828732291e-05,421986,{"v":25.119072763267,"d":"25.119"},{"v":0.0136053,"d":"0.014"},{"v":2.10903E-3,"d":"0.002"},{"v":1.09999319893519e-10,"d":"1.100E-10"},{"v":-38.3534,"d":"-38.353"},{"v":170.8914,"d":"170.891"},{"v":0.8224,"d":"0.822"}]
["FVC","SA_global cortex","rs6902771","T","C",0.463035,{"$f":"2*F837*(1-F837)*J837*J837","v":9.61364438873099E-5},421986,{"$f":"G837/(1-G837)*(H837-2)","v":{"v":40.5719415795277,"d":"40.572"}},{"v":0.0139043,"d":"0.014"},{"v":0.00164169,"d":"0.002"},{"v":2.49976970217851E-17,"d":"2.500E-17"},{"v":152.4583,"d":"152.458"},{"v":109.9093,"d":"109.909"},{"v":0.1654,"d":"0.165"}]
["FVC","SA_global cortex","rs6906411","A","G",0.449499,4.49493692192693E-5,421986,{"v":18.9687672547471,"d":"18.969"},{"v":-0.00953023,"d":"-0.010"},{"v":1.65975E-3,"d":"0.002"},{"v":9.40004645744656E-9,"d":"9.400E-09"},{"v":97.0494,"d":"97.049"},{"v":111.1751,"d":"111.175"},{"v":0.3827,"d":"0.383"}]
["FVC","SA_global cortex","rs6919321","A","G",0.60753,5.65182520321187e-05,421986,{"v":23.8511460906076,"d":"23.851"},{"v":0.0108866,"d":"0.011"},{"v":1.68563E-3,"d":"0.002"},{"v":1.09999319893519e-10,"d":"1.100E-10"},{"v":-81.8283,"d":"-81.828"},{"v":111.3166,"d":"111.317"},{"v":0.4623,"d":"0.462"}]
["FVC","SA_global cortex","rs6937121","G","T",0.289184,0.000224015728667804,421986,{"v":94.5522344338483,"d":"94.552"},{"v":-0.0233431,"d":"-0.023"},{"v":1.80879E-3,"d":"0.002"},{"v":4.19952334664063E-38,"d":"4.200E-38"},{"v":105.7453,"d":"105.745"},{"v":120.8928,"d":"120.893"},{"v":0.3817,"d":"0.382"}]
["FVC","SA_global cortex","rs6965423","C","T",0.50901,5.87283036522269e-05,421986,{"v":24.7838600024372,"d":"24.784"},{"v":-0.0108395,"d":"-0.011"},{"v":1.64539E-3,"d":"0.002"},{"v":4.49987033872151e-11,"d":"4.500E-11"},17.154,{"v":109.0876,"d":"109.088"},0.875]
["FVC","SA_global cortex","rs6977081","T","G",0.333825,1.11883348591464E-4,421986,{"v":47.2182659097251,"d":"47.218"},{"v":0.0158604,"d":"0.016"},{"v":0.00175433,"d":"0.002"},{"v":1.5999263828686e-19,"d":"1.600E-19"},{"v":70.5035,"d":"70.504"},{"v":115.2644,"d":"115.264"},{"v":0.5408,"d":"0.541"}]
["FVC","SA_global cortex","rs698748","G","A",0.581469,4.26423821749827e-05,421986,{"v":17.9951703566595,"d":"17.995"},{"v":0.00936006,"d":"0.009"},{"v":0.00167978,"d":"0.002"},{"v":2.49999995007974e-08,"d":"2.500E-08"},{"v":63.7627,"d":"63.763"},{"v":129.1617,"d":"129.162"},{"v":0.6215,"d":"0.622"}]
["FVC","SA_global cortex","rs7012637","A","G",0.4738,5.1217081991076e-05,421986,{"v":21.6138961276123,"d":"21.614"},{"v":-0.0101349,"d":"-0.010"},{"v":1.65698E-3,"d":"0.002"},{"v":9.59997274392481e-10,"d":"9.600E-10"},{"v":146.7971,"d":"146.797"},{"v":113.7487,"d":"113.749"},{"v":0.1969,"d":"0.197"}]
["FVC","SA_global cortex","rs7027103","C","G",0.203801,8.86508239714635e-05,421986,{"v":37.4125459557999,"d":"37.413"},{"v":-0.0165277,"d":"-0.017"},{"v":2.04156E-3,"d":"0.002"},{"v":5.70033002218961e-16,"d":"5.700E-16"},{"v":43.6139,"d":"43.614"},{"v":135.8895,"d":"135.890"},{"v":0.7482,"d":"0.748"}]
["FVC","SA_global cortex","rs7029491","G","C",0.334337,8.05373568236104e-05,421986,{"v":33.988213302717,"d":"33.988"},{"v":0.0134513,"d":"0.013"},{"v":0.0017552,"d":"0.002"},{"v":1.80011396041801E-14,"d":"1.800E-14"},{"v":256.6751,"d":"256.675"},122.793,{"v":0.03659,"d":"0.037"}]
["FVC","SA_global cortex","rs7176647","G","C",0.599761,7.33606114066136E-5,421986,{"v":30.9592754351831,"d":"30.959"},{"v":-0.0123614,"d":"-0.012"},{"v":1.69264E-3,"d":"0.002"},{"v":2.80027059501064E-13,"d":"2.800E-13"},{"v":27.3478,"d":"27.348"},{"v":114.0484,"d":"114.048"},{"v":0.8105,"d":"0.811"}]
["FVC","SA_global cortex","rs723149","G","A",0.56266,1.00808207678773E-4,421986,{"v":42.5437394672429,"d":"42.544"},{"v":-0.014312,"d":"-0.014"},{"v":1.65522E-3,"d":"0.002"},{"v":5.30029448835795e-18,"d":"5.300E-18"},{"v":94.5025,"d":"94.503"},{"v":114.4712,"d":"114.471"},{"v":0.4091,"d":"0.409"}]
["FVC","SA_global cortex","rs723588","C","T",0.142475,9.20476745432426e-05,421986,{"v":38.8462215988187,"d":"38.846"},{"v":0.0194088,"d":"0.019"},{"v":0.00234291,"d":"0.002"},{"v":1.20005182020427e-16,"d":"1.200E-16"},{"v":64.8148,"d":"64.815"},{"v":152.6774,"d":"152.677"},{"v":0.6712,"d":"0.671"}]
["FVC","SA_global cortex","rs72643433","A","G",0.252489,0.000148056194374593,421986,{"v":62.4865966546683,"d":"62.487"},{"v":-0.0198047,"d":"-0.020"},{"v":1.89404E-3,"d":"0.002"},{"v":1.39990962656834e-25,"d":"1.400E-25"},{"v":-205.2118,"d":"-205.212"},{"v":125.2606,"d":"125.261"},{"v":0.1014,"d":"0.101"}]
["FVC","SA_global cortex","rs72656010","C","T",0.132118,0.00021908575780461,421986,{"v":92.4709434881494,"d":"92.471"},{"v":-0.0309087,"d":"-0.031"},{"v":0.00243307,"d":"0.002"},{"v":5.60015438761553e-37,"d":"5.600E-37"},{"v":-118.7037,"d":"-118.704"},{"v":162.5766,"d":"162.577"},{"v":0.4653,"d":"0.465"}]
["FVC","SA_global cortex","rs72665944","A","G",0.07632,6.84337196213313e-05,421986,{"v":28.8799111004268,"d":"28.880"},{"v":-0.0220313,"d":"-0.022"},{"v":0.00313425,"d":"0.003"},{"v":2.09990670376243E-12,"d":"2.100E-12"},{"v":57.4511,"d":"57.451"},{"v":224.4722,"d":"224.472"},0.798]
["FVC","SA_global cortex","rs72673891","G","A",0.067566,0.000133496624932514,421986,{"v":56.3409611036748,"d":"56.341"},{"v":0.0325497,"d":"0.033"},{"v":0.00328044,"d":"0.003"},{"v":3.29989407910835e-23,"d":"3.300E-23"},{"v":126.0024,"d":"126.002"},{"v":226.1775,"d":"226.178"},{"v":0.5775,"d":"0.578"}]
["FVC","SA_global cortex","rs72904209","C","T",0.13427,5.22341047259158E-5,421986,{"v":22.0431078506648,"d":"22.043"},{"v":-0.0149893,"d":"-0.015"},{"v":0.00240925,"d":"0.002"},{"v":4.90004422793237e-10,"d":"4.900E-10"},{"v":168.4936,"d":"168.494"},{"v":164.3422,"d":"164.342"},{"v":0.3052,"d":"0.305"}]
["FVC","SA_global cortex","rs72976986","A","G",0.190197,7.62541928442309e-05,421986,{"v":32.1805032114777,"d":"32.181"},{"v":0.0157335,"d":"0.016"},{"v":2.11371E-3,"d":"0.002"},{"v":9.79941161095592e-14,"d":"9.799E-14"},338.417,{"v":154.2253,"d":"154.225"},{"v":0.02821,"d":"0.028"}]
["FVC","SA_global cortex","rs73125628","T","C",0.27862,4.67726131185683e-05,421986,{"v":19.7382175822406,"d":"19.738"},{"v":-0.0107868,"d":"-0.011"},{"v":0.00183637,"d":"0.002"},{"v":4.30001529151271e-09,"d":"4.300E-09"},-1.515,{"v":124.7048,"d":"124.705"},{"v":0.9903,"d":"0.990"}]
["FVC","SA_global cortex","rs735830","A","G",0.208865,8.73933030413467e-05,421986,{"v":36.88179881282,"d":"36.882"},{"v":-0.0162617,"d":"-0.016"},{"v":2.02148E-3,"d":"0.002"},{"v":8.69961433065269e-16,"d":"8.700E-16"},{"v":-95.0112,"d":"-95.011"},{"v":136.9918,"d":"136.992"},0.488]
["FVC","SA_global cortex","rs7359156","G","A",0.209384,6.226472042639e-05,421986,{"v":26.276351874113,"d":"26.276"},{"v":-0.0137136,"d":"-0.014"},{"v":2.02651E-3,"d":"0.002"},{"v":1.2998702373886e-11,"d":"1.300E-11"},{"v":-38.1004,"d":"-38.100"},136.111,{"v":0.7795,"d":"0.780"}]
["FVC","SA_global cortex","rs73923824","A","C",0.187487,4.35755617595365E-5,421986,{"v":18.3889911641564,"d":"18.389"},{"v":0.0119593,"d":"0.012"},{"v":0.00213172,"d":"0.002"},{"v":2.0000000199681E-8,"d":"2.000E-08"},{"v":1.9154,"d":"1.915"},{"v":151.0954,"d":"151.095"},{"v":0.9899,"d":"0.990"}]
["FVC","SA_global cortex","rs74483355","T","C",0.112455,7.62296333510282e-05,421986,{"v":32.1701379178186,"d":"32.170"},{"v":-0.0195417,"d":"-0.020"},{"v":0.00260367,"d":"0.003"},{"v":6.09958095872238E-14,"d":"6.100E-14"},{"v":64.4367,"d":"64.437"},{"v":177.1238,"d":"177.124"},0.716]
["FVC","SA_global cortex","rs74767794","G","A",0.316352,5.88798117763144e-05,421986,{"v":24.8478015264932,"d":"24.848"},{"v":0.0116672,"d":"0.012"},{"v":1.77224E-3,"d":"0.002"},{"v":4.60044666393479e-11,"d":"4.600E-11"},{"v":-140.6524,"d":"-140.652"},{"v":119.3658,"d":"119.366"},{"v":0.2387,"d":"0.239"}]
["FVC","SA_global cortex","rs7535275","G","A",0.130968,4.20369815446355e-05,421986,{"v":17.7396793427046,"d":"17.740"},{"v":0.0135894,"d":"0.014"},{"v":0.00243438,"d":"0.002"},{"v":2.39999313805789e-08,"d":"2.400E-08"},{"v":62.9262,"d":"62.926"},{"v":173.8345,"d":"173.835"},{"v":0.7174,"d":"0.717"}]
["FVC","SA_global cortex","rs75421844","C","T",0.083714,1.12955137403472E-4,421986,{"v":47.6706453463618,"d":"47.671"},{"v":0.0271346,"d":"0.027"},{"v":0.00297229,"d":"0.003"},{"v":6.9008088854845e-20,"d":"6.901E-20"},{"v":-129.8051,"d":"-129.805"},{"v":199.9677,"d":"199.968"},{"v":0.5163,"d":"0.516"}]
["FVC","SA_global cortex","rs7562385","T","C",0.895666,8.01368217716201e-05,421986,{"v":33.8191667590144,"d":"33.819"},{"v":0.0207069,"d":"0.021"},{"v":0.00267966,"d":"0.003"},{"v":1.10001852750622E-14,"d":"1.100E-14"},{"v":-218.8723,"d":"-218.872"},{"v":177.6886,"d":"177.689"},0.218]
["FVC","SA_global cortex","rs76084836","T","C",0.018081,4.09846726246564e-05,421986,{"v":17.2955849467299,"d":"17.296"},{"v":-0.033974,"d":"-0.034"},{"v":0.00617832,"d":"0.006"},{"v":3.79996853036855e-08,"d":"3.800E-08"},{"v":-101.8928,"d":"-101.893"},394.503,{"v":0.7962,"d":"0.796"}]
["FVC","SA_global cortex","rs76219171","A","G",0.06075,4.25319300147614E-5,421986,{"v":17.9485573421338,"d":"17.949"},{"v":-0.0193054,"d":"-0.019"},{"v":0.00348454,"d":"0.003"},{"v":2.99999133271615e-08,"d":"3.000E-08"},{"v":-140.5121,"d":"-140.512"},{"v":238.3849,"d":"238.385"},{"v":0.5556,"d":"0.556"}]
["FVC","SA_global cortex","rs7632","C","T",0.512981,5.4113204167767e-05,421986,{"v":22.83614208435,"d":"22.836"},{"v":-0.0104067,"d":"-0.010"},{"v":1.6401E-3,"d":"0.002"},{"v":2.19998641983517E-10,"d":"2.200E-10"},{"v":-206.6007,"d":"-206.601"},{"v":109.9892,"d":"109.989"},{"v":0.06033,"d":"0.060"}]
["FVC","SA_global cortex","rs76563195","G","C",0.242852,7.42387384341555e-05,421986,{"v":31.3298856905876,"d":"31.330"},{"v":-0.0142082,"d":"-0.014"},{"v":0.00192116,"d":"0.002"},{"v":1.39990962656834E-13,"d":"1.400E-13"},{"v":121.0514,"d":"121.051"},{"v":131.0839,"d":"131.084"},{"v":0.3558,"d":"0.356"}]
["FVC","SA_global cortex","rs76785101","T","C",0.059317,5.46511867782918e-05,421986,{"v":23.0631868319819,"d":"23.063"},{"v":-0.0221296,"d":"-0.022"},{"v":0.00349654,"d":"0.003"},{"v":2.49999995007974e-10,"d":"2.500E-10"},{"v":-34.8673,"d":"-34.867"},{"v":255.2679,"d":"255.268"},{"v":0.8914,"d":"0.891"}]
["FVC","SA_global cortex","rs77328429","A","G",0.114012,7.18203724361584e-05,421986,{"v":30.3092248619177,"d":"30.309"},{"v":0.0188547,"d":"0.019"},{"v":2.57478E-3,"d":"0.003"},{"v":2.39993787680988E-13,"d":"2.400E-13"},{"v":188.0774,"d":"188.077"},{"v":178.1687,"d":"178.169"},{"v":0.2911,"d":"0.291"}]
["FVC","SA_global cortex","rs7815955","T","A",0.203201,0.000185082637412545,421986,{"v":78.1163696496151,"d":"78.116"},{"v":-0.0239073,"d":"-0.024"},{"v":0.00204165,"d":"0.002"},{"v":1.10001852750622E-31,"d":"1.100E-31"},50.973,{"v":137.1101,"d":"137.110"},{"v":0.7101,"d":"0.710"}]
["FVC","SA_global cortex","rs784808","C","T",0.556276,4.96315619241602e-05,421986,{"v":20.9447645483835,"d":"20.945"},{"v":0.0100268,"d":"0.010"},{"v":0.00165571,"d":"0.002"},{"v":1.40000633223953e-09,"d":"1.400E-09"},{"v":-139.8951,"d":"-139.895"},{"v":109.8912,"d":"109.891"},0.203]
["FVC","SA_global cortex","rs78579285","T","C",0.181123,6.4453529126848e-05,421986,{"v":27.2001111782219,"d":"27.200"},{"v":-0.0147405,"d":"-0.015"},{"v":2.13123E-3,"d":"0.002"},{"v":4.60044666393479e-12,"d":"4.600E-12"},{"v":-205.9851,"d":"-205.985"},{"v":154.6641,"d":"154.664"},{"v":0.1829,"d":"0.183"}]
["FVC","SA_global cortex","rs7907533","A","C",0.548538,4.83691782861995e-05,421986,{"v":20.412006641912,"d":"20.412"},{"v":0.00988224,"d":"0.010"},{"v":1.6501E-3,"d":"0.002"},{"v":2.10000341026661e-09,"d":"2.100E-09"},{"v":89.9361,"d":"89.936"},{"v":109.7764,"d":"109.776"},{"v":0.4126,"d":"0.413"}]
["FVC","SA_global cortex","rs7916879","A","G",0.369335,5.50397326342143e-05,421986,{"v":23.2271649528651,"d":"23.227"},{"v":-0.0108696,"d":"-0.011"},{"v":0.00170511,"d":"0.002"},{"v":1.79998961724559E-10,"d":"1.800E-10"},{"v":-120.7602,"d":"-120.760"},{"v":114.1851,"d":"114.185"},{"v":0.2902,"d":"0.290"}]
["FVC","SA_global cortex","rs7956181","C","T",0.096091,5.09982113445097e-05,421986,{"v":21.5215267753725,"d":"21.522"},{"v":0.017134,"d":"0.017"},{"v":0.00278289,"d":"0.003"},{"v":7.39997069733888e-10,"d":"7.400E-10"},{"v":374.8889,"d":"374.889"},{"v":184.6815,"d":"184.682"},{"v":0.04236,"d":"0.042"}]
["FVC","SA_global cortex","rs7980065","G","T",0.43574,5.54419493567618e-05,421986,{"v":23.3969127278143,"d":"23.397"},{"v":-0.0106182,"d":"-0.011"},{"v":0.00165768,"d":"0.002"},{"v":1.49999565138204e-10,"d":"1.500E-10"},{"v":90.1939,"d":"90.194"},{"v":111.8,"d":"111.800"},{"v":0.4198,"d":"0.420"}]
["FVC","SA_global cortex","rs8001781","G","A",0.661562,6.29580521693592e-05,421986,{"v":26.5689634168198,"d":"26.569"},{"v":-0.0118573,"d":"-0.012"},{"v":0.00173947,"d":"0.002"},{"v":9.30036514753962e-12,"d":"9.300E-12"},{"v":0.5735,"d":"0.574"},{"v":115.4389,"d":"115.439"},0.996]
["FVC","SA_global cortex","rs8033776","G","A",0.4683,5.94227014072185e-05,421986,{"v":25.0769193689156,"d":"25.077"},{"v":0.0109236,"d":"0.011"},{"v":0.00164896,"d":"0.002"},{"v":3.50025754158434E-11,"d":"3.500E-11"},{"v":56.4661,"d":"56.466"},{"v":111.2323,"d":"111.232"},{"v":0.6117,"d":"0.612"}]
["FVC","SA_global cortex","rs803765","A","C",0.346274,8.21205506694664e-05,421986,{"v":34.6564044567223,"d":"34.656"},{"v":-0.013468,"d":"-0.013"},{"v":0.00172756,"d":"0.002"},{"v":6.40029512108372e-15,"d":"6.400E-15"},{"v":105.3579,"d":"105.358"},{"v":114.4395,"d":"114.440"},{"v":0.3572,"d":"0.357"}]
["FVC","SA_global cortex","rs8064926","G","A",0.208126,4.77122952933865e-05,421986,{"v":20.1347858939346,"d":"20.135"},{"v":-0.0120312,"d":"-0.012"},{"v":2.02461E-3,"d":"0.002"},{"v":2.80001269243454e-09,"d":"2.800E-09"},{"v":-314.5931,"d":"-314.593"},{"v":168.8815,"d":"168.882"},{"v":0.06249,"d":"0.062"}]
["FVC","SA_global cortex","rs8107719","C","T",0.664833,7.58586602607119e-05,421986,{"v":32.0135693979409,"d":"32.014"},{"v":-0.0130467,"d":"-0.013"},{"v":1.74248E-3,"d":"0.002"},{"v":7.00003159130898e-14,"d":"7.000E-14"},{"v":-254.9466,"d":"-254.947"},{"v":118.7632,"d":"118.763"},{"v":0.03182,"d":"0.032"}]
["FVC","SA_global cortex","rs848606","T","G",0.32697,8.21126628425655e-05,421986,{"v":34.6530753732518,"d":"34.653"},{"v":-0.013659,"d":"-0.014"},{"v":1.75059E-3,"d":"0.002"},{"v":6.09958095872238E-15,"d":"6.100E-15"},{"v":-255.0274,"d":"-255.027"},116.735,{"v":0.02891,"d":"0.029"}]
["FVC","SA_global cortex","rs876531","T","C",0.455993,0.00016778615350299,421986,{"v":70.8149539685426,"d":"70.815"},{"v":-0.01839,"d":"-0.018"},{"v":1.65098E-3,"d":"0.002"},{"v":8.10027941680351e-29,"d":"8.100E-29"},{"v":54.6355,"d":"54.636"},{"v":114.7242,"d":"114.724"},{"v":0.6339,"d":"0.634"}]
["FVC","SA_global cortex","rs879098","G","A",0.39884,4.84147877011915e-05,421986,{"v":20.4312549481704,"d":"20.431"},{"v":-0.010048,"d":"-0.010"},{"v":0.00167973,"d":"0.002"},{"v":2.19998641983517e-09,"d":"2.200E-09"},{"v":-133.3356,"d":"-133.336"},114.982,{"v":0.2462,"d":"0.246"}]
["FVC","SA_global cortex","rs889312","A","C",0.715882,4.72154158687289E-5,421986,{"v":19.9250908213991,"d":"19.925"},{"v":0.0107735,"d":"0.011"},{"v":1.82098E-3,"d":"0.002"},{"v":3.29997006285228E-9,"d":"3.300E-09"},{"v":-48.8474,"d":"-48.847"},{"v":121.1241,"d":"121.124"},{"v":0.6867,"d":"0.687"}]
["FVC","SA_global cortex","rs9379084","A","G",0.115664,0.000129470287613295,421986,{"v":54.6414642943066,"d":"54.641"},{"v":-0.0251572,"d":"-0.025"},{"v":0.00264155,"d":"0.003"},{"v":1.69980851320349e-21,"d":"1.700E-21"},{"v":10.9124,"d":"10.912"},{"v":189.3083,"d":"189.308"},0.954]
["FVC","SA_global cortex","rs9391253","T","A",0.32,6.0449439875072e-05,421986,{"v":25.5102385158717,"d":"25.510"},{"v":0.0117856,"d":"0.012"},{"v":1.75829E-3,"d":"0.002"},{"v":1.99986186963274e-11,"d":"2.000E-11"},{"v":-40.2421,"d":"-40.242"},{"v":119.2065,"d":"119.207"},{"v":0.7357,"d":"0.736"}]
["FVC","SA_global cortex","rs9398932","A","G",0.14842,1.1392182933213E-4,421986,{"v":48.0786664385222,"d":"48.079"},{"v":-0.021229,"d":"-0.021"},{"v":0.00234405,"d":"0.002"},{"v":1.29987023738861e-19,"d":"1.300E-19"},-165.332,{"v":163.7382,"d":"163.738"},{"v":0.3126,"d":"0.313"}]
["FVC","SA_global cortex","rs9435731","A","C",0.519025,0.000279641425275139,421986,{"v":118.037215298426,"d":"118.037"},{"v":0.0236663,"d":"0.024"},{"v":0.0016398,"d":"0.002"},{"v":3.19963176731834e-47,"d":"3.200E-47"},{"v":42.1592,"d":"42.159"},{"v":111.3298,"d":"111.330"},{"v":0.7049,"d":"0.705"}]
["FVC","SA_global cortex","rs9442580","T","C",0.12853,4.44591308513243e-05,421986,{"v":18.7618760098657,"d":"18.762"},{"v":0.0140876,"d":"0.014"},{"v":2.44925E-3,"d":"0.002"},{"v":8.79994585505891e-09,"d":"8.800E-09"},91.341,{"v":169.1776,"d":"169.178"},{"v":0.5893,"d":"0.589"}]
["FVC","SA_global cortex","rs9480936","T","G",0.408304,1.03662454297679E-4,421986,{"v":43.7484321842036,"d":"43.748"},{"v":-0.0146472,"d":"-0.015"},{"v":0.00167142,"d":"0.002"},{"v":1.90020300257723e-18,"d":"1.900E-18"},{"v":-89.8687,"d":"-89.869"},{"v":111.7712,"d":"111.771"},{"v":0.4214,"d":"0.421"}]
["FVC","SA_global cortex","rs9483032","A","G",0.719323,7.07554001577734e-05,421986,{"v":29.8597595194113,"d":"29.860"},{"v":0.0132373,"d":"0.013"},{"v":0.00182813,"d":"0.002"},{"v":4.49987033872151e-13,"d":"4.500E-13"},37.939,{"v":121.6882,"d":"121.688"},{"v":0.7552,"d":"0.755"}]
["FVC","SA_global cortex","rs9701805","C","G",0.089685,5.95486339721067e-05,421986,{"v":25.13006721926,"d":"25.130"},{"v":0.019097,"d":"0.019"},{"v":0.00286501,"d":"0.003"},{"v":2.60015956316527E-11,"d":"2.600E-11"},{"v":-255.3387,"d":"-255.339"},{"v":187.7306,"d":"187.731"},{"v":0.1738,"d":"0.174"}]
["FVC","SA_global cortex","rs9745989","C","T",0.62791,5.40942994332712e-05,421986,{"v":22.8281637255736,"d":"22.828"},{"v":0.0107594,"d":"0.011"},{"v":0.00174129,"d":"0.002"},{"v":6.49994976198144e-10,"d":"6.500E-10"},{"v":201.6735,"d":"201.674"},{"v":125.1805,"d":"125.181"},{"v":0.1072,"d":"0.107"}]
["FVC","SA_global cortex","rs9821691","T","G",0.428996,7.88619757754557e-05,421986,{"v":33.281116600241,"d":"33.281"},{"v":-0.0126874,"d":"-0.013"},{"v":0.00167142,"d":"0.002"},{"v":3.19963176731835E-14,"d":"3.200E-14"},{"v":-229.6925,"d":"-229.693"},{"v":112.7449,"d":"112.745"},{"v":0.04162,"d":"0.042"}]
["FVC","SA_global cortex","rs985296","A","G",0.385446,5.76959713698934e-05,421986,{"v":24.3481815745401,"d":"24.348"},{"v":-0.0110356,"d":"-0.011"},{"v":0.00168371,"d":"0.002"},{"v":5.60015438761557e-11,"d":"5.600E-11"},{"v":-189.8934,"d":"-189.893"},{"v":112.7259,"d":"112.726"},{"v":0.09207,"d":"0.092"}]
["FVC","SA_global cortex","rs9886260","A","G",0.722783,8.92230221998129e-05,421986,{"v":37.6540474078736,"d":"37.654"},{"v":-0.0149214,"d":"-0.015"},{"v":0.00183802,"d":"0.002"},{"v":4.70002318179801e-16,"d":"4.700E-16"},{"v":-106.6846,"d":"-106.685"},{"v":123.3205,"d":"123.321"},0.387]
["FVC","SA_global cortex","rs9988963","G","C",0.737251,7.08865325024603e-05,421986,{"v":29.9151031094471,"d":"29.915"},{"v":0.0135266,"d":"0.014"},{"v":1.86634E-3,"d":"0.002"},{"v":4.19952334664066e-13,"d":"4.200E-13"},{"v":-44.9227,"d":"-44.923"},{"v":124.63,"d":"124.630"},{"v":0.7185,"d":"0.719"}]
["FVC","SA_parsopercularis","rs10141786","G","A",0.596493,8.86185198408396e-05,421986,{"v":37.3989117127165,"d":"37.399"},{"v":-0.0135681,"d":"-0.014"},{"v":0.00168175,"d":"0.002"},{"v":7.1994612744084e-16,"d":"7.199E-16"},{"v":2.0022,"d":"2.002"},{"v":1.4988,"d":"1.499"},{"v":0.1816,"d":"0.182"}]
["FVC","SA_parsopercularis","rs10202701","T","C",0.541923,{"$f":"2*F901*(1-F901)*J901*J901","v":6.667921776679e-05},421986,{"$f":"G901/(1-G901)*(H901-2)","v":{"v":28.1394393459051,"d":"28.139"}},{"v":0.0115889,"d":"0.012"},{"v":1.65011E-3,"d":"0.002"},{"v":2.19988510904925e-12,"d":"2.200E-12"},{"v":0.8355,"d":"0.836"},{"v":1.3645,"d":"1.365"},{"v":0.5404,"d":"0.540"}]
["FVC","SA_parsopercularis","rs10283100","G","A",0.944478,9.24083692946343e-05,421986,{"v":38.9984570922519,"d":"38.998"},{"v":0.0296833,"d":"0.030"},{"v":3.58764E-3,"d":"0.004"},{"v":1.2998702373886e-16,"d":"1.300E-16"},{"v":4.8554,"d":"4.855"},{"v":3.4528,"d":"3.453"},{"v":0.1597,"d":"0.160"}]
["FVC","SA_parsopercularis","rs1044299","T","C",0.545769,4.25547800829423E-5,421986,{"v":17.9582005257944,"d":"17.958"},{"v":0.00926438,"d":"0.009"},{"v":0.00165027,"d":"0.002"},{"v":2.0000000199681E-8,"d":"2.000E-08"},{"v":1.6591,"d":"1.659"},{"v":1.3518,"d":"1.352"},{"v":0.2197,"d":"0.220"}]
["FVC","SA_parsopercularis","rs1054661","C","T",0.342598,4.654458375562e-05,421986,{"v":19.6419838594944,"d":"19.642"},{"v":0.0101651,"d":"0.010"},{"v":0.00172786,"d":"0.002"},{"v":4.00000007987242e-09,"d":"4.000E-09"},{"v":0.3856,"d":"0.386"},{"v":1.4099,"d":"1.410"},{"v":0.7845,"d":"0.785"}]
["FVC","SA_parsopercularis","rs10761495","C","A",0.597215,6.67352001399011e-05,421986,{"v":28.163066163693,"d":"28.163"},{"v":0.0117777,"d":"0.012"},{"v":0.00167988,"d":"0.002"},{"v":2.39993787680988E-12,"d":"2.400E-12"},{"v":-2.1116,"d":"-2.112"},{"v":1.3465,"d":"1.347"},{"v":0.1168,"d":"0.117"}]
["FVC","SA_parsopercularis","rs10769125","A","G",0.759887,4.32262746894772e-05,421986,{"v":18.2415848143203,"d":"18.242"},{"v":-0.0108837,"d":"-0.011"},{"v":0.00191996,"d":"0.002"},{"v":1.40000633223953E-8,"d":"1.400E-08"},{"v":-1.8757,"d":"-1.876"},{"v":1.5346,"d":"1.535"},{"v":0.2216,"d":"0.222"}]
["FVC","SA_parsopercularis","rs10789246","C","T",0.301089,6.41161014124232e-05,421986,{"v":27.0577037728991,"d":"27.058"},{"v":-0.0123427,"d":"-0.012"},{"v":1.78506E-3,"d":"0.002"},{"v":4.70002318179801e-12,"d":"4.700E-12"},{"v":-1.2695,"d":"-1.270"},{"v":1.4516,"d":"1.452"},{"v":0.3818,"d":"0.382"}]
["FVC","SA_parsopercularis","rs10853628","C","T",0.384831,8.50433178523641e-05,421986,{"v":35.8899716428781,"d":"35.890"},{"v":-0.0134021,"d":"-0.013"},{"v":0.00168952,"d":"0.002"},{"v":2.09990670376243e-15,"d":"2.100E-15"},0.075,{"v":1.3682,"d":"1.368"},{"v":0.9563,"d":"0.956"}]
["FVC","SA_parsopercularis","rs10874340","T","G",0.493361,5.30984854106691e-05,421986,{"v":22.4079010931451,"d":"22.408"},{"v":0.0103061,"d":"0.010"},{"v":0.00163772,"d":"0.002"},{"v":3.09998790941119e-10,"d":"3.100E-10"},{"v":-1.4756,"d":"-1.476"},{"v":1.3311,"d":"1.331"},{"v":0.2676,"d":"0.268"}]
["FVC","SA_parsopercularis","rs10878321","G","T",0.13768,5.09513414592439e-05,421986,{"v":21.5017464171613,"d":"21.502"},{"v":0.0146485,"d":"0.015"},{"v":2.38528E-3,"d":"0.002"},{"v":8.19992726270379e-10,"d":"8.200E-10"},{"v":2.2223,"d":"2.222"},{"v":1.9499,"d":"1.950"},{"v":0.2544,"d":"0.254"}]
["FVC","SA_parsopercularis","rs10892061","T","C",0.655603,4.74621582036346e-05,421986,{"v":20.0292219975057,"d":"20.029"},{"v":0.010252,"d":"0.010"},{"v":1.72686E-3,"d":"0.002"},{"v":2.90001336905407e-09,"d":"2.900E-09"},{"v":1.2467,"d":"1.247"},{"v":1.3952,"d":"1.395"},{"v":0.3715,"d":"0.372"}]
["FVC","SA_parsopercularis","rs10916137","A","G",0.170792,7.3699990478116e-05,421986,{"v":31.1025090365371,"d":"31.103"},{"v":-0.0161307,"d":"-0.016"},{"v":0.00218459,"d":"0.002"},{"v":1.50003019045595e-13,"d":"1.500E-13"},{"v":1.6286,"d":"1.629"},{"v":1.7894,"d":"1.789"},{"v":0.3627,"d":"0.363"}]
["FVC","SA_parsopercularis","rs11000765","C","G",0.720336,5.08693352915136e-05,421986,{"v":21.4671376026745,"d":"21.467"},{"v":-0.0112364,"d":"-0.011"},{"v":0.00182542,"d":"0.002"},{"v":7.49997818203001e-10,"d":"7.500E-10"},{"v":0.8596,"d":"0.860"},{"v":1.4898,"d":"1.490"},{"v":0.5639,"d":"0.564"}]
["FVC","SA_parsopercularis","rs11049229","T","A",0.054116,4.11500464730783e-05,421986,{"v":17.3653757969165,"d":"17.365"},{"v":0.0200488,"d":"0.020"},{"v":3.66563E-3,"d":"0.004"},{"v":4.49997395325803e-08,"d":"4.500E-08"},{"v":-0.3227,"d":"-0.323"},{"v":3.0487,"d":"3.049"},{"v":0.9157,"d":"0.916"}]
["FVC","SA_parsopercularis","rs11060406","T","C",0.036679,5.28131968728098E-5,421986,{"v":22.2875011433615,"d":"22.288"},{"v":-0.0273377,"d":"-0.027"},{"v":4.43481E-3,"d":"0.004"},{"v":7.1000269957767e-10,"d":"7.100E-10"},{"v":-1.2366,"d":"-1.237"},{"v":3.9158,"d":"3.916"},{"v":0.7522,"d":"0.752"}]
["FVC","SA_parsopercularis","rs11079810","T","C",0.103307,6.24999942060563e-05,421986,{"v":26.3756460327727,"d":"26.376"},{"v":0.018367,"d":"0.018"},{"v":0.00271137,"d":"0.003"},{"v":1.2998702373886e-11,"d":"1.300E-11"},{"v":1.2647,"d":"1.265"},{"v":2.1212,"d":"2.121"},0.551]
["FVC","SA_parsopercularis","rs11107119","A","T",0.219982,1.88046487908797E-4,421986,{"v":79.367533939717,"d":"79.368"},{"v":0.0234084,"d":"0.023"},{"v":0.00198228,"d":"0.002"},{"v":3.50025754158434e-32,"d":"3.500E-32"},{"v":-1.3295,"d":"-1.330"},{"v":1.6019,"d":"1.602"},{"v":0.4066,"d":"0.407"}]
["FVC","SA_parsopercularis","rs11111178","T","C",0.176659,7.14933886182005e-05,421986,{"v":30.1712231456442,"d":"30.171"},{"v":0.0156769,"d":"0.016"},{"v":2.15168E-3,"d":"0.002"},{"v":3.19963176731835e-13,"d":"3.200E-13"},{"v":1.8737,"d":"1.874"},{"v":1.7785,"d":"1.779"},{"v":0.2921,"d":"0.292"}]
["FVC","SA_parsopercularis","rs11122148","A","C",0.157016,4.03842056899531e-05,421986,{"v":17.042176888646,"d":"17.042"},{"v":0.0123512,"d":"0.012"},{"v":0.0022522,"d":"0.002"},{"v":4.20000686246631e-08,"d":"4.200E-08"},{"v":-0.1469,"d":"-0.147"},{"v":1.8323,"d":"1.832"},{"v":0.9361,"d":"0.936"}]
["FVC","SA_parsopercularis","rs111365325","T","C",0.231244,1.22614225271077E-4,421986,{"v":51.7475862269852,"d":"51.748"},{"v":-0.0185706,"d":"-0.019"},{"v":0.00194997,"d":"0.002"},{"v":1.69980851320349e-21,"d":"1.700E-21"},{"v":-0.6482,"d":"-0.648"},{"v":1.6069,"d":"1.607"},{"v":0.6866,"d":"0.687"}]
["FVC","SA_parsopercularis","rs11164653","C","T",0.59054,6.29430655760463e-05,421986,{"v":26.5626385179404,"d":"26.563"},{"v":-0.0114085,"d":"-0.011"},{"v":1.67402E-3,"d":"0.002"},{"v":9.39939714766782e-12,"d":"9.399E-12"},-1.599,{"v":1.3545,"d":"1.355"},{"v":0.2378,"d":"0.238"}]
["FVC","SA_parsopercularis","rs11259936","C","A",0.52286,1.49406438029921E-4,421986,{"v":63.0565473997598,"d":"63.057"},{"v":0.0173043,"d":"0.017"},{"v":0.00164414,"d":"0.002"},{"v":6.59933234263567e-26,"d":"6.599E-26"},{"v":-0.9318,"d":"-0.932"},{"v":1.3316,"d":"1.332"},{"v":0.4841,"d":"0.484"}]
["FVC","SA_parsopercularis","rs11575234","G","C",0.067886,4.80485257189383e-05,421986,{"v":20.2766833417215,"d":"20.277"},{"v":0.019485,"d":"0.019"},{"v":0.00325807,"d":"0.003"},{"v":2.19998641983517e-09,"d":"2.200E-09"},{"v":2.4379,"d":"2.438"},{"v":2.6346,"d":"2.635"},{"v":0.3548,"d":"0.355"}]
["FVC","SA_parsopercularis","rs11588312","T","C",0.071357,8.80233985085485e-05,421986,{"v":37.1477356661716,"d":"37.148"},{"v":-0.0257716,"d":"-0.026"},{"v":0.00318955,"d":"0.003"},{"v":6.49980009683026e-16,"d":"6.500E-16"},{"v":-2.0312,"d":"-2.031"},{"v":2.7514,"d":"2.751"},{"v":0.4604,"d":"0.460"}]
["FVC","SA_parsopercularis","rs11608103","A","G",0.131252,4.22030496869096e-05,421986,{"v":17.8097633454082,"d":"17.810"},{"v":0.0136037,"d":"0.014"},{"v":0.00243411,"d":"0.002"},{"v":2.3000114603619e-08,"d":"2.300E-08"},{"v":-0.4387,"d":"-0.439"},{"v":1.9623,"d":"1.962"},{"v":0.8231,"d":"0.823"}]
["FVC","SA_parsopercularis","rs11621587","C","G",0.183978,0.000135729204028457,421986,{"v":57.2833274531838,"d":"57.283"},{"v":0.0212612,"d":"0.021"},{"v":2.11823E-3,"d":"0.002"},{"v":1e-23,"d":"1.000E-23"},{"v":-0.3292,"d":"-0.329"},{"v":1.7416,"d":"1.742"},{"v":0.8501,"d":"0.850"}]
["FVC","SA_parsopercularis","rs11632611","A","G",0.658418,5.89296892647042e-05,421986,{"v":24.8688515083687,"d":"24.869"},{"v":-0.011446,"d":"-0.011"},{"v":1.75909E-3,"d":"0.002"},{"v":7.70016444356872e-11,"d":"7.700E-11"},{"v":-1.0886,"d":"-1.089"},{"v":1.4596,"d":"1.460"},{"v":0.4558,"d":"0.456"}]
["FVC","SA_parsopercularis","rs11637681","G","A",0.276249,5.27147653220468e-05,421986,{"v":22.245960220231,"d":"22.246"},{"v":-0.0114817,"d":"-0.011"},{"v":1.85184E-3,"d":"0.002"},{"v":5.60002544078e-10,"d":"5.600E-10"},{"v":-2.1816,"d":"-2.182"},{"v":1.5075,"d":"1.508"},{"v":0.1479,"d":"0.148"}]
["FVC","SA_parsopercularis","rs11645649","G","C",0.593954,5.52835973782282e-05,421986,{"v":23.3300833269877,"d":"23.330"},{"v":0.0107058,"d":"0.011"},{"v":0.00170463,"d":"0.002"},{"v":3.4000084782586e-10,"d":"3.400E-10"},{"v":1.7598,"d":"1.760"},{"v":1.3973,"d":"1.397"},{"v":0.2079,"d":"0.208"}]
["FVC","SA_parsopercularis","rs11664552","C","T",0.300477,4.51297930963036e-05,421986,{"v":19.044910102803,"d":"19.045"},{"v":0.0103612,"d":"0.010"},{"v":0.00180111,"d":"0.002"},{"v":8.79994585505891e-09,"d":"8.800E-09"},{"v":-1.5425,"d":"-1.543"},{"v":1.4547,"d":"1.455"},0.289]
["FVC","SA_parsopercularis","rs11668582","T","C",0.390878,9.08082126210536e-05,421986,{"v":38.3230928462461,"d":"38.323"},{"v":0.0138094,"d":"0.014"},{"v":1.68764E-3,"d":"0.002"},{"v":2.80027059501064e-16,"d":"2.800E-16"},{"v":-0.85,"d":"-0.850"},{"v":1.3779,"d":"1.378"},{"v":0.5373,"d":"0.537"}]
["FVC","SA_parsopercularis","rs117372259","G","A",0.031174,6.13702367797437e-05,421986,{"v":25.8988474156616,"d":"25.899"},{"v":0.0318746,"d":"0.032"},{"v":0.00495553,"d":"0.005"},{"v":1.29998996537545e-10,"d":"1.300E-10"},{"v":-2.5701,"d":"-2.570"},{"v":4.6592,"d":"4.659"},{"v":0.5812,"d":"0.581"}]
["FVC","SA_parsopercularis","rs11867847","G","A",0.505622,4.76927744620758e-05,421986,{"v":20.1265476295014,"d":"20.127"},{"v":0.00976717,"d":"0.010"},{"v":0.00164721,"d":"0.002"},{"v":2.99999133271614e-09,"d":"3.000E-09"},{"v":0.5289,"d":"0.529"},{"v":1.4428,"d":"1.443"},{"v":0.7139,"d":"0.714"}]
["FVC","SA_parsopercularis","rs11877758","G","T",0.3121,4.9796615660552e-05,421986,{"v":21.0144215099736,"d":"21.014"},{"v":-0.010769,"d":"-0.011"},{"v":1.78155E-3,"d":"0.002"},{"v":1.49999565138204E-9,"d":"1.500E-09"},{"v":-0.7353,"d":"-0.735"},{"v":1.4539,"d":"1.454"},0.613]
["FVC","SA_parsopercularis","rs11896404","T","C",0.38932,4.49485042891669E-5,421986,{"v":18.9684022352691,"d":"18.968"},{"v":0.0097226,"d":"0.010"},{"v":0.00168555,"d":"0.002"},{"v":8.00000023961727e-09,"d":"8.000E-09"},{"v":-0.7433,"d":"-0.743"},{"v":1.3904,"d":"1.390"},{"v":0.5929,"d":"0.593"}]
["FVC","SA_parsopercularis","rs11909473","G","A",0.28953,4.77971585455201E-5,421986,{"v":20.1706002490508,"d":"20.171"},{"v":0.0107787,"d":"0.011"},{"v":0.00182218,"d":"0.002"},{"v":3.29997006285228E-9,"d":"3.300E-09"},{"v":-0.2787,"d":"-0.279"},1.468,{"v":0.8494,"d":"0.849"}]
["FVC","SA_parsopercularis","rs11938781","C","T",0.165403,0.000370364352622504,421986,{"v":156.345735864303,"d":"156.346"},{"v":-0.036626,"d":"-0.037"},{"v":0.00221596,"d":"0.002"},{"v":2.2998525866862e-61,"d":"2.300E-61"},{"v":-1.9112,"d":"-1.911"},{"v":1.8336,"d":"1.834"},{"v":0.2973,"d":"0.297"}]
["FVC","SA_parsopercularis","rs11967850","T","C",0.203699,4.47463713455221e-05,421986,{"v":18.8830977159713,"d":"18.883"},{"v":-0.0117444,"d":"-0.012"},{"v":2.03397E-3,"d":"0.002"},{"v":7.69998714277137e-09,"d":"7.700E-09"},{"v":0.4426,"d":"0.443"},{"v":1.6727,"d":"1.673"},{"v":0.7913,"d":"0.791"}]
["FVC","SA_parsopercularis","rs12051245","C","T",0.231666,5.61700238971006e-05,421986,{"v":23.70418282871,"d":"23.704"},{"v":0.0125612,"d":"0.013"},{"v":0.00194877,"d":"0.002"},{"v":1.19999655704811e-10,"d":"1.200E-10"},{"v":-1.0774,"d":"-1.077"},{"v":1.6288,"d":"1.629"},{"v":0.5083,"d":"0.508"}]
["FVC","SA_parsopercularis","rs12052537","A","C",0.20591,6.95372170194517e-05,421986,{"v":29.3456336004286,"d":"29.346"},{"v":-0.0145821,"d":"-0.015"},{"v":0.00203664,"d":"0.002"},{"v":8.10027941680351e-13,"d":"8.100E-13"},{"v":0.7618,"d":"0.762"},{"v":1.6659,"d":"1.666"},{"v":0.6474,"d":"0.647"}]
["FVC","SA_parsopercularis","rs12054747","T","C",0.216455,4.283369225594e-05,421986,{"v":18.0759070507704,"d":"18.076"},{"v":0.0112373,"d":"0.011"},{"v":0.0019943,"d":"0.002"},{"v":1.79998961724559E-8,"d":"1.800E-08"},{"v":1.5955,"d":"1.596"},{"v":1.6057,"d":"1.606"},{"v":0.3204,"d":"0.320"}]
["FVC","SA_parsopercularis","rs12099669","A","G",0.696156,6.89829587755084e-05,421986,{"v":29.111713088028,"d":"29.112"},{"v":0.0127696,"d":"0.013"},{"v":0.00178372,"d":"0.002"},{"v":8.10027941680351e-13,"d":"8.100E-13"},1.044,{"v":1.4376,"d":"1.438"},{"v":0.4677,"d":"0.468"}]
["FVC","SA_parsopercularis","rs12139563","G","A",0.5652,1.07701353835577E-4,421986,{"v":45.4531434620392,"d":"45.453"},{"v":-0.014803,"d":"-0.015"},{"v":0.00165293,"d":"0.002"},{"v":3.40016505804072e-19,"d":"3.400E-19"},{"v":-0.9673,"d":"-0.967"},{"v":1.3486,"d":"1.349"},{"v":0.4732,"d":"0.473"}]
["FVC","SA_parsopercularis","rs12152266","T","C",0.27447,8.20852836022235e-05,421986,{"v":34.641519874584,"d":"34.642"},{"v":0.0143563,"d":"0.014"},{"v":0.00183934,"d":"0.002"},{"v":5.90065196995665e-15,"d":"5.901E-15"},{"v":-0.8326,"d":"-0.833"},{"v":1.5286,"d":"1.529"},0.586]
["FVC","SA_parsopercularis","rs12323020","C","T",0.113463,4.17835680209609e-05,421986,{"v":17.6327339262945,"d":"17.633"},{"v":-0.0144116,"d":"-0.014"},{"v":0.00260325,"d":"0.003"},{"v":3.09998790941119e-08,"d":"3.100E-08"},{"v":3.5774,"d":"3.577"},{"v":2.0941,"d":"2.094"},{"v":0.08757,"d":"0.088"}]
["FVC","SA_parsopercularis","rs12348523","A","G",0.156387,5.79984037310275e-05,421986,{"v":24.4758179584055,"d":"24.476"},{"v":0.0148259,"d":"0.015"},{"v":0.00226513,"d":"0.002"},{"v":5.90065196995665e-11,"d":"5.901E-11"},{"v":-0.9,"d":"-0.900"},{"v":1.8119,"d":"1.812"},{"v":0.6194,"d":"0.619"}]
["FVC","SA_parsopercularis","rs12385976","C","T",0.043977,9.10255374943288e-05,421986,{"v":38.4148171433851,"d":"38.415"},{"v":-0.0329018,"d":"-0.033"},{"v":0.0040288,"d":"0.004"},{"v":3.19963176731835E-16,"d":"3.200E-16"},{"v":-0.9714,"d":"-0.971"},{"v":3.3814,"d":"3.381"},{"v":0.7739,"d":"0.774"}]
["FVC","SA_parsopercularis","rs12402966","A","G",0.213339,0.000137055305474563,421986,{"v":57.843073725517,"d":"57.843"},{"v":0.0202071,"d":"0.020"},{"v":0.00199879,"d":"0.002"},{"v":5.0003453497698e-24,"d":"5.000E-24"},{"v":-1.2579,"d":"-1.258"},{"v":1.6195,"d":"1.620"},{"v":0.4373,"d":"0.437"}]
["FVC","SA_parsopercularis","rs12407259","C","G",0.091572,4.21603162442696e-05,421986,{"v":17.7917289949428,"d":"17.792"},{"v":0.0159188,"d":"0.016"},{"v":0.0028656,"d":"0.003"},{"v":2.80001269243454e-08,"d":"2.800E-08"},{"v":2.3904,"d":"2.390"},{"v":2.4524,"d":"2.452"},{"v":0.3297,"d":"0.330"}]
["FVC","SA_parsopercularis","rs12430764","A","G",0.512974,5.09030563916136e-05,421986,{"v":21.4813688156869,"d":"21.481"},{"v":-0.0100933,"d":"-0.010"},{"v":1.64288E-3,"d":"0.002"},{"v":8.1000929031245e-10,"d":"8.100E-10"},{"v":-1.2024,"d":"-1.202"},{"v":1.3357,"d":"1.336"},0.368]
["FVC","SA_parsopercularis","rs12452590","G","T",0.361692,5.67385740328396e-05,421986,{"v":23.9441289804086,"d":"23.944"},{"v":0.0110851,"d":"0.011"},{"v":0.00172892,"d":"0.002"},{"v":1.40000633223953E-10,"d":"1.400E-10"},{"v":1.4139,"d":"1.414"},{"v":1.5386,"d":"1.539"},{"v":0.3581,"d":"0.358"}]
["FVC","SA_parsopercularis","rs12486605","C","T",0.428162,4.06299989199258e-05,421986,{"v":17.1459061023724,"d":"17.146"},{"v":0.00910894,"d":"0.009"},{"v":0.00165849,"d":"0.002"},{"v":4.00000007987242e-08,"d":"4.000E-08"},{"v":-1.6145,"d":"-1.615"},{"v":1.3682,"d":"1.368"},0.238]
["FVC","SA_parsopercularis","rs1250535","G","C",0.675489,6.09889978971453E-5,421986,{"v":25.7379510204696,"d":"25.738"},{"v":-0.0117947,"d":"-0.012"},{"v":1.76235E-3,"d":"0.002"},{"v":2.19988510904925E-11,"d":"2.200E-11"},{"v":-0.9153,"d":"-0.915"},{"v":1.4494,"d":"1.449"},{"v":0.5277,"d":"0.528"}]
["FVC","SA_parsopercularis","rs12570809","G","T",0.504251,5.98407562028501e-05,421986,{"v":25.2533528452344,"d":"25.253"},{"v":0.0109403,"d":"0.011"},{"v":0.00164206,"d":"0.002"},{"v":2.70022528688824e-11,"d":"2.700E-11"},{"v":-1.9664,"d":"-1.966"},{"v":1.3637,"d":"1.364"},{"v":0.1493,"d":"0.149"}]
["FVC","SA_parsopercularis","rs12571363","A","C",0.10664,1.68684862009559E-4,421986,{"v":71.1943222146604,"d":"71.194"},{"v":-0.0297543,"d":"-0.030"},{"v":0.00266251,"d":"0.003"},{"v":5.40007759066591e-29,"d":"5.400E-29"},{"v":-2.9411,"d":"-2.941"},{"v":2.2187,"d":"2.219"},0.185]
["FVC","SA_parsopercularis","rs12614240","T","C",0.433883,1.1997265878628E-4,421986,{"v":50.6326169749496,"d":"50.633"},{"v":-0.0156274,"d":"-0.016"},{"v":1.65606E-3,"d":"0.002"},{"v":3.90031784475066e-21,"d":"3.900E-21"},-0.176,{"v":1.3828,"d":"1.383"},{"v":0.8987,"d":"0.899"}]
["FVC","SA_parsopercularis","rs12641030","G","A",0.467529,6.07860664558444e-05,421986,{"v":25.6523067701271,"d":"25.652"},{"v":-0.0110493,"d":"-0.011"},{"v":0.00164454,"d":"0.002"},{"v":1.80011396041801E-11,"d":"1.800E-11"},{"v":-0.1093,"d":"-0.109"},1.328,{"v":0.9344,"d":"0.934"}]
["FVC","SA_parsopercularis","rs12684650","T","C",0.316579,0.000186838522670851,421986,{"v":78.8576007883691,"d":"78.858"},{"v":-0.0207794,"d":"-0.021"},{"v":1.76534E-3,"d":"0.002"},{"v":5.50047252867635e-32,"d":"5.500E-32"},{"v":2.3781,"d":"2.378"},{"v":1.4907,"d":"1.491"},{"v":0.1107,"d":"0.111"}]
["FVC","SA_parsopercularis","rs12713685","C","T",0.374424,5.70120309880289e-05,421986,{"v":24.0595365674967,"d":"24.060"},{"v":-0.0110318,"d":"-0.011"},{"v":1.69411E-3,"d":"0.002"},{"v":7.39945954312723e-11,"d":"7.399E-11"},-1.836,1.391,{"v":0.1868,"d":"0.187"}]
["FVC","SA_parsopercularis","rs12985660","C","T",0.475562,5.31507614325355e-05,421986,{"v":22.4299630819638,"d":"22.430"},{"v":-0.0103226,"d":"-0.010"},{"v":1.65161E-3,"d":"0.002"},{"v":4.09996359041765e-10,"d":"4.100E-10"},{"v":0.9752,"d":"0.975"},{"v":1.4371,"d":"1.437"},{"v":0.4974,"d":"0.497"}]
["FVC","SA_parsopercularis","rs1299113","A","G",0.5241,5.22273392258403e-05,421986,{"v":22.0402526196272,"d":"22.040"},{"v":0.0102322,"d":"0.010"},{"v":1.65011E-3,"d":"0.002"},{"v":5.60002544078e-10,"d":"5.600E-10"},{"v":-1.0165,"d":"-1.017"},{"v":1.3439,"d":"1.344"},{"v":0.4494,"d":"0.449"}]
["FVC","SA_parsopercularis","rs13023718","G","A",0.66664,4.48587468856789e-05,421986,{"v":18.9305226453301,"d":"18.931"},{"v":0.0100463,"d":"0.010"},{"v":0.00174447,"d":"0.002"},{"v":8.50002102591718E-9,"d":"8.500E-09"},1.126,{"v":1.4132,"d":"1.413"},{"v":0.4256,"d":"0.426"}]
["FVC","SA_parsopercularis","rs13108218","G","A",0.614862,0.000104055954635523,421986,{"v":43.9145175279602,"d":"43.915"},{"v":0.0148225,"d":"0.015"},{"v":0.00169865,"d":"0.002"},{"v":2.60015956316527e-18,"d":"2.600E-18"},{"v":-1.3195,"d":"-1.320"},{"v":1.4174,"d":"1.417"},{"v":0.3519,"d":"0.352"}]
["FVC","SA_parsopercularis","rs13112742","A","G",0.170661,4.55143743919462e-05,421986,{"v":19.2072119676475,"d":"19.207"},{"v":-0.0126802,"d":"-0.013"},{"v":0.00218292,"d":"0.002"},{"v":6.29999202947421e-09,"d":"6.300E-09"},{"v":-1.4381,"d":"-1.438"},{"v":1.7991,"d":"1.799"},{"v":0.4241,"d":"0.424"}]
["FVC","SA_parsopercularis","rs13156484","A","G",0.472145,{"$f":"2*F965*(1-F965)*J965*J965","v":0.000100558062438285},421986,{"$f":"G965/(1-G965)*(H965-2)","v":{"v":42.4381609191928,"d":"42.438"}},{"v":-0.0142036,"d":"-0.014"},{"v":1.66004E-3,"d":"0.002"},{"v":1.20005182020427E-17,"d":"1.200E-17"},{"v":-1.1132,"d":"-1.113"},{"v":1.3495,"d":"1.350"},{"v":0.4094,"d":"0.409"}]
["FVC","SA_parsopercularis","rs13229167","A","G",0.271146,1.66795588032502E-4,421986,{"v":70.3968112978432,"d":"70.397"},{"v":-0.0205426,"d":"-0.021"},{"v":1.85147E-3,"d":"0.002"},{"v":1.29987023738861E-28,"d":"1.300E-28"},{"v":2.2606,"d":"2.261"},{"v":1.5165,"d":"1.517"},0.136]
["FVC","SA_parsopercularis","rs13284734","C","T",0.020117,4.96826287641103E-5,421986,{"v":20.9663160780926,"d":"20.966"},{"v":-0.0354992,"d":"-0.035"},{"v":0.00598441,"d":"0.006"},{"v":2.99999133271614e-09,"d":"3.000E-09"},{"v":-6.4578,"d":"-6.458"},{"v":5.7222,"d":"5.722"},{"v":0.2591,"d":"0.259"}]
["FVC","SA_parsopercularis","rs1344555","T","C",0.20277,0.000109686743099046,421986,{"v":46.2911281229861,"d":"46.291"},{"v":-0.0184191,"d":"-0.018"},{"v":0.00203961,"d":"0.002"},{"v":1.69980851320349e-19,"d":"1.700E-19"},{"v":1.6038,"d":"1.604"},{"v":1.6915,"d":"1.692"},{"v":0.3431,"d":"0.343"}]
["FVC","SA_parsopercularis","rs13723","G","A",0.491918,5.03605342629092e-05,421986,{"v":21.2524099731201,"d":"21.252"},{"v":-0.0100373,"d":"-0.010"},{"v":0.00164308,"d":"0.002"},{"v":1e-09,"d":"1.000E-09"},{"v":0.8944,"d":"0.894"},1.355,{"v":0.5092,"d":"0.509"}]
["FVC","SA_parsopercularis","rs145183935","C","T",0.07345,5.24247710152638e-05,421986,{"v":22.1235743954268,"d":"22.124"},{"v":-0.0196256,"d":"-0.020"},{"v":3.1714E-3,"d":"0.003"},{"v":6.10000231740111e-10,"d":"6.100E-10"},-2.865,{"v":2.9972,"d":"2.997"},{"v":0.3391,"d":"0.339"}]
["FVC","SA_parsopercularis","rs147110934","T","G",0.024261,9.94763606436121e-05,421986,{"v":41.9816087474862,"d":"41.982"},{"v":-0.0458378,"d":"-0.046"},{"v":0.00533939,"d":"0.005"},{"v":9.09913272632251e-18,"d":"9.099E-18"},{"v":-5.6212,"d":"-5.621"},{"v":4.7099,"d":"4.710"},{"v":0.2327,"d":"0.233"}]
["FVC","SA_parsopercularis","rs1474419","C","T",0.577669,4.28613161465634e-05,421986,{"v":18.0875648896285,"d":"18.088"},{"v":-0.00937242,"d":"-0.009"},{"v":1.66461E-3,"d":"0.002"},{"v":1.79998961724559E-8,"d":"1.800E-08"},{"v":1.6665,"d":"1.667"},{"v":1.3708,"d":"1.371"},{"v":0.2241,"d":"0.224"}]
["FVC","SA_parsopercularis","rs1474647","T","C",0.550866,9.00176543209984E-5,421986,{"v":37.9894295603302,"d":"37.989"},{"v":-0.0134877,"d":"-0.013"},{"v":0.0016468,"d":"0.002"},{"v":2.60015956316527e-16,"d":"2.600E-16"},{"v":2.2987,"d":"2.299"},{"v":1.3497,"d":"1.350"},{"v":0.08854,"d":"0.089"}]
["FVC","SA_parsopercularis","rs1490384","T","C",0.500495,0.000303387120569992,421986,{"v":128.063363461699,"d":"128.063"},{"v":0.0246328,"d":"0.025"},{"v":0.00163964,"d":"0.002"},{"v":5.19995996533517E-51,"d":"5.200E-51"},{"v":1.2885,"d":"1.289"},{"v":1.3371,"d":"1.337"},{"v":0.3352,"d":"0.335"}]
["FVC","SA_parsopercularis","rs149542","A","G",0.375642,6.15489183328254e-05,421986,{"v":25.974257441209,"d":"25.974"},{"v":-0.0114549,"d":"-0.011"},{"v":1.69827E-3,"d":"0.002"},{"v":1.50003019045595E-11,"d":"1.500E-11"},{"v":1.1006,"d":"1.101"},{"v":1.3821,"d":"1.382"},{"v":0.4258,"d":"0.426"}]
["FVC","SA_parsopercularis","rs150032562","A","C",0.049667,6.50730387752197e-05,421986,{"v":27.4615682022147,"d":"27.462"},{"v":0.0262551,"d":"0.026"},{"v":3.78634E-3,"d":"0.004"},{"v":4.10015240506613e-12,"d":"4.100E-12"},{"v":-0.9044,"d":"-0.904"},{"v":3.1893,"d":"3.189"},{"v":0.7767,"d":"0.777"}]
["FVC","SA_parsopercularis","rs1516890","A","G",0.469749,6.5158521254172e-05,421986,{"v":27.4976451388157,"d":"27.498"},{"v":-0.0114366,"d":"-0.011"},{"v":1.65471E-3,"d":"0.002"},{"v":4.79954424931945e-12,"d":"4.800E-12"},{"v":-0.2599,"d":"-0.260"},{"v":1.3431,"d":"1.343"},{"v":0.8466,"d":"0.847"}]
["FVC","SA_parsopercularis","rs1555211","T","C",0.292035,8.56959630224441e-05,421986,{"v":36.1654244909429,"d":"36.165"},{"v":0.014396,"d":"0.014"},{"v":1.80824E-3,"d":"0.002"},{"v":1.69980851320349E-15,"d":"1.700E-15"},{"v":-2.2178,"d":"-2.218"},{"v":1.4537,"d":"1.454"},{"v":0.1271,"d":"0.127"}]
["FVC","SA_parsopercularis","rs157595","G","A",0.616263,6.37905011351913e-05,421986,{"v":26.9202880897005,"d":"26.920"},{"v":0.0116135,"d":"0.012"},{"v":1.73044E-3,"d":"0.002"},{"v":1.90020300257723e-11,"d":"1.900E-11"},{"v":-2.3928,"d":"-2.393"},{"v":1.5794,"d":"1.579"},{"v":0.1298,"d":"0.130"}]
["FVC","SA_parsopercularis","rs1608592","A","G",0.261845,0.000138157736782648,421986,{"v":58.3084101564715,"d":"58.308"},{"v":-0.018905,"d":"-0.019"},{"v":0.00187413,"d":"0.002"},{"v":6.29941180548557e-24,"d":"6.299E-24"},{"v":-0.1048,"d":"-0.105"},{"v":1.5332,"d":"1.533"},{"v":0.9455,"d":"0.946"}]
["FVC","SA_parsopercularis","rs1637746","A","G",0.226569,4.29577425829801e-05,421986,{"v":18.1282587952111,"d":"18.128"},{"v":-0.0110712,"d":"-0.011"},{"v":0.00196778,"d":"0.002"},{"v":1.79998961724559E-8,"d":"1.800E-08"},{"v":0.9347,"d":"0.935"},{"v":1.6096,"d":"1.610"},{"v":0.5614,"d":"0.561"}]
["FVC","SA_parsopercularis","rs1656373","T","C",0.55742,0.000145979381744386,421986,{"v":61.6099572094857,"d":"61.610"},{"v":-0.0172006,"d":"-0.017"},{"v":0.00165265,"d":"0.002"},{"v":2.2998525866862e-25,"d":"2.300E-25"},{"v":-1.9154,"d":"-1.915"},{"v":1.3274,"d":"1.327"},0.149]
["FVC","SA_parsopercularis","rs1668091","C","T",0.31711,6.68938491644157e-05,421986,{"v":28.2300224606612,"d":"28.230"},{"v":0.0124279,"d":"0.012"},{"v":0.00177541,"d":"0.002"},{"v":2.60015956316527E-12,"d":"2.600E-12"},{"v":1.7483,"d":"1.748"},{"v":1.4232,"d":"1.423"},{"v":0.2193,"d":"0.219"}]
["FVC","SA_parsopercularis","rs16905189","G","C",0.366604,1.18148804558535E-4,421986,{"v":49.8627963726122,"d":"49.863"},{"v":-0.0159501,"d":"-0.016"},{"v":1.71036E-3,"d":"0.002"},{"v":1.10001852750622E-20,"d":"1.100E-20"},{"v":-1.2705,"d":"-1.271"},{"v":1.3739,"d":"1.374"},{"v":0.3551,"d":"0.355"}]
["FVC","SA_parsopercularis","rs17197170","G","A",0.169899,4.42423180283422e-05,421986,{"v":18.6703763516002,"d":"18.670"},{"v":0.012524,"d":"0.013"},{"v":0.00221253,"d":"0.002"},{"v":1.49999565138204e-08,"d":"1.500E-08"},{"v":-0.6247,"d":"-0.625"},{"v":1.9707,"d":"1.971"},{"v":0.7512,"d":"0.751"}]
["FVC","SA_parsopercularis","rs17387279","G","T",0.181103,6.13077565579171e-05,421986,{"v":25.8724785269512,"d":"25.872"},{"v":-0.0143769,"d":"-0.014"},{"v":0.0021417,"d":"0.002"},{"v":1.90020300257723e-11,"d":"1.900E-11"},{"v":-0.5947,"d":"-0.595"},{"v":1.7443,"d":"1.744"},{"v":0.7332,"d":"0.733"}]
["FVC","SA_parsopercularis","rs17400325","C","T",0.041599,9.07861932322965e-05,421986,{"v":38.3137993289267,"d":"38.314"},{"v":0.0337427,"d":"0.034"},{"v":0.0041016,"d":"0.004"},{"v":1.90020300257723E-16,"d":"1.900E-16"},{"v":-3.4546,"d":"-3.455"},{"v":3.5395,"d":"3.540"},{"v":0.3291,"d":"0.329"}]
["FVC","SA_parsopercularis","rs1818116","G","A",0.381268,4.48330645452411e-05,421986,{"v":18.9196841364791,"d":"18.920"},{"v":-0.00974805,"d":"-0.010"},{"v":0.00170614,"d":"0.002"},{"v":1.09999319893519E-8,"d":"1.100E-08"},{"v":0.7689,"d":"0.769"},{"v":1.3743,"d":"1.374"},{"v":0.5758,"d":"0.576"}]
["FVC","SA_parsopercularis","rs183743021","C","T",0.023696,6.10757370320042e-05,421986,{"v":25.7745580158407,"d":"25.775"},{"v":-0.036332,"d":"-0.036"},{"v":0.00550585,"d":"0.006"},{"v":4.10015240506613e-11,"d":"4.100E-11"},{"v":-3.11,"d":"-3.110"},{"v":4.3543,"d":"4.354"},{"v":0.4751,"d":"0.475"}]
["FVC","SA_parsopercularis","rs1966265","A","G",0.245129,8.66312568253845e-05,421986,{"v":36.5601715338128,"d":"36.560"},{"v":0.0152999,"d":"0.015"},{"v":0.00190502,"d":"0.002"},{"v":9.60063590945348e-16,"d":"9.601E-16"},{"v":1.6917,"d":"1.692"},1.603,{"v":0.2913,"d":"0.291"}]
["FVC","SA_parsopercularis","rs1983753","A","G",0.851273,6.09227456439144e-05,421986,{"v":25.7099902209963,"d":"25.710"},{"v":0.0155112,"d":"0.016"},{"v":0.00231937,"d":"0.002"},{"v":2.29985258668621e-11,"d":"2.300E-11"},{"v":-1.1531,"d":"-1.153"},{"v":1.8778,"d":"1.878"},{"v":0.5391,"d":"0.539"}]
["FVC","SA_parsopercularis","rs1984246","A","C",0.42304,8.08199330946159e-05,421986,{"v":34.107475210863,"d":"34.107"},{"v":0.0128671,"d":"0.013"},{"v":0.00166162,"d":"0.002"},{"v":9.70063133783958e-15,"d":"9.701E-15"},0.043,{"v":1.3493,"d":"1.349"},{"v":0.9746,"d":"0.975"}]
["FVC","SA_parsopercularis","rs2005172","C","A",0.64023,0.00022099089188815,421986,{"v":93.2752334995711,"d":"93.275"},{"v":0.0219024,"d":"0.022"},{"v":0.0017318,"d":"0.002"},{"v":1.20005182020427E-36,"d":"1.200E-36"},{"v":0.9881,"d":"0.988"},{"v":1.4403,"d":"1.440"},{"v":0.4927,"d":"0.493"}]
["FVC","SA_parsopercularis","rs2007530","T","C",0.173998,1.17320574387251E-4,421986,{"v":49.5132141809572,"d":"49.513"},{"v":0.0202027,"d":"0.020"},{"v":2.17301E-3,"d":"0.002"},{"v":1.39990962656834e-20,"d":"1.400E-20"},{"v":-2.0826,"d":"-2.083"},{"v":1.8478,"d":"1.848"},{"v":0.2597,"d":"0.260"}]
["FVC","SA_parsopercularis","rs2039092","T","G",0.142069,4.52252040502154e-05,421986,{"v":19.0851756368886,"d":"19.085"},{"v":-0.0136207,"d":"-0.014"},{"v":2.37872E-3,"d":"0.002"},{"v":1E-8,"d":"1.000E-08"},{"v":-0.8354,"d":"-0.835"},{"v":1.9361,"d":"1.936"},{"v":0.6661,"d":"0.666"}]
["FVC","SA_parsopercularis","rs2058780","T","C",0.609391,4.70090504808346e-05,421986,{"v":19.837999723635,"d":"19.838"},{"v":-0.00993703,"d":"-0.010"},{"v":0.00168463,"d":"0.002"},{"v":3.69998531172859e-09,"d":"3.700E-09"},{"v":1.2192,"d":"1.219"},{"v":1.3646,"d":"1.365"},{"v":0.3716,"d":"0.372"}]
["FVC","SA_parsopercularis","rs2118022","C","T",0.360318,6.04606902173754e-05,421986,{"v":25.5149865543869,"d":"25.515"},{"v":-0.0114524,"d":"-0.011"},{"v":0.00171628,"d":"0.002"},{"v":2.49976970217851E-11,"d":"2.500E-11"},{"v":0.9988,"d":"0.999"},{"v":1.4304,"d":"1.430"},0.485]
["FVC","SA_parsopercularis","rs2131354","A","G",0.526265,0.000264945796094648,421986,{"v":111.832516374284,"d":"111.833"},{"v":0.0230512,"d":"0.023"},{"v":0.00164614,"d":"0.002"},{"v":1.50003019045594e-44,"d":"1.500E-44"},{"v":-0.3464,"d":"-0.346"},{"v":1.3375,"d":"1.338"},{"v":0.7956,"d":"0.796"}]
["FVC","SA_parsopercularis","rs2165241","C","T",0.508667,1.93898082531503E-4,421986,{"v":81.8377566430654,"d":"81.838"},{"v":0.0196955,"d":"0.020"},{"v":1.64442E-3,"d":"0.002"},{"v":4.70002318179801e-33,"d":"4.700E-33"},{"v":-0.7972,"d":"-0.797"},{"v":1.3296,"d":"1.330"},{"v":0.5488,"d":"0.549"}]
["FVC","SA_parsopercularis","rs2168704","A","G",0.561551,5.59945780683976e-05,421986,{"v":23.6301391912884,"d":"23.630"},{"v":0.0106636,"d":"0.011"},{"v":1.652E-3,"d":"0.002"},{"v":1.09999319893519e-10,"d":"1.100E-10"},{"v":1.4212,"d":"1.421"},{"v":1.3667,"d":"1.367"},{"v":0.2984,"d":"0.298"}]
["FVC","SA_parsopercularis","rs2181246","A","T",0.315032,4.79141931100767e-05,421986,{"v":20.2199916899491,"d":"20.220"},{"v":-0.0105367,"d":"-0.011"},{"v":1.76834E-3,"d":"0.002"},{"v":2.49999995007974e-09,"d":"2.500E-09"},{"v":-1.1148,"d":"-1.115"},{"v":1.4307,"d":"1.431"},{"v":0.4358,"d":"0.436"}]
["FVC","SA_parsopercularis","rs2186288","A","G",0.369909,5.7540273769828e-05,421986,{"v":24.2824721065799,"d":"24.282"},{"v":-0.0111102,"d":"-0.011"},{"v":0.00170446,"d":"0.002"},{"v":7.10068096254533e-11,"d":"7.101E-11"},{"v":1.0845,"d":"1.085"},{"v":1.3815,"d":"1.382"},{"v":0.4325,"d":"0.433"}]
["FVC","SA_parsopercularis","rs2194411","A","G",0.128337,0.000173013252417145,421986,{"v":73.0214579879395,"d":"73.021"},{"v":0.0278083,"d":"0.028"},{"v":0.00248353,"d":"0.002"},{"v":4.19952334664066e-29,"d":"4.200E-29"},{"v":-1.5139,"d":"-1.514"},{"v":2.1769,"d":"2.177"},{"v":0.4868,"d":"0.487"}]
["FVC","SA_parsopercularis","rs2219320","C","T",0.253726,9.06772759055066e-05,421986,{"v":38.2678296182539,"d":"38.268"},{"v":-0.015474,"d":"-0.015"},{"v":1.88065E-3,"d":"0.002"},{"v":1.90020300257723E-16,"d":"1.900E-16"},{"v":2.6271,"d":"2.627"},{"v":1.5398,"d":"1.540"},{"v":0.08797,"d":"0.088"}]
["FVC","SA_parsopercularis","rs2273101","T","C",0.245563,0.000164788871325204,421986,{"v":69.5497280984891,"d":"69.550"},{"v":0.021089,"d":"0.021"},{"v":1.90985E-3,"d":"0.002"},{"v":2.39993787680987e-28,"d":"2.400E-28"},{"v":-0.4277,"d":"-0.428"},{"v":1.5384,"d":"1.538"},0.781]
["FVC","SA_parsopercularis","rs2286325","C","G",0.081106,6.21764247204467e-05,421986,{"v":26.2390878619042,"d":"26.239"},{"v":0.0204239,"d":"0.020"},{"v":0.00300144,"d":"0.003"},{"v":1e-11,"d":"1.000E-11"},{"v":0.5432,"d":"0.543"},{"v":2.4741,"d":"2.474"},{"v":0.8262,"d":"0.826"}]
["FVC","SA_parsopercularis","rs2289308","A","G",0.342889,4.17682840802068e-05,421986,{"v":17.6262838089314,"d":"17.626"},{"v":-0.00962747,"d":"-0.010"},{"v":0.00173144,"d":"0.002"},{"v":2.69997659840121e-08,"d":"2.700E-08"},{"v":-2.7963,"d":"-2.796"},{"v":1.4077,"d":"1.408"},{"v":0.04699,"d":"0.047"}]
["FVC","SA_parsopercularis","rs2315007","C","T",0.667421,9.54071179462808e-05,421986,{"v":40.2641187429693,"d":"40.264"},{"v":-0.0146598,"d":"-0.015"},{"v":0.00174235,"d":"0.002"},{"v":4.00036851046125e-17,"d":"4.000E-17"},{"v":-0.1756,"d":"-0.176"},1.423,{"v":0.9018,"d":"0.902"}]
["FVC","SA_parsopercularis","rs2355595","T","C",0.353472,4.21690889460453e-05,421986,{"v":17.7954312469311,"d":"17.795"},{"v":0.0096053,"d":"0.010"},{"v":0.00171679,"d":"0.002"},{"v":2.19998641983516e-08,"d":"2.200E-08"},{"v":1.6378,"d":"1.638"},1.385,0.237]
["FVC","SA_parsopercularis","rs2420991","G","T",0.157205,4.60860611479893e-05,421986,{"v":19.448476731161,"d":"19.448"},{"v":0.0131879,"d":"0.013"},{"v":0.00231045,"d":"0.002"},{"v":1.09999319893519E-8,"d":"1.100E-08"},{"v":0.5976,"d":"0.598"},{"v":1.8968,"d":"1.897"},{"v":0.7527,"d":"0.753"}]
["FVC","SA_parsopercularis","rs2433733","A","G",0.677805,4.39675736084697e-05,421986,{"v":18.5544283747918,"d":"18.554"},{"v":0.0100332,"d":"0.010"},{"v":1.75482E-3,"d":"0.002"},{"v":1.09999319893519E-8,"d":"1.100E-08"},{"v":-0.1414,"d":"-0.141"},{"v":1.4557,"d":"1.456"},{"v":0.9226,"d":"0.923"}]
["FVC","SA_parsopercularis","rs246185","C","T",0.32244,6.92890140832418e-05,421986,{"v":29.2408813907452,"d":"29.241"},{"v":0.0125927,"d":"0.013"},{"v":1.774E-3,"d":"0.002"},{"v":1.2998702373886e-12,"d":"1.300E-12"},{"v":2.2228,"d":"2.223"},{"v":1.4362,"d":"1.436"},{"v":0.1217,"d":"0.122"}]
["FVC","SA_parsopercularis","rs2468964","G","T",0.60054,4.47507016706468e-05,421986,{"v":18.8849252074402,"d":"18.885"},{"v":0.00965778,"d":"0.010"},{"v":1.67483E-3,"d":"0.002"},{"v":8.1000929031245e-09,"d":"8.100E-09"},{"v":0.7995,"d":"0.800"},{"v":1.3751,"d":"1.375"},{"v":0.5609,"d":"0.561"}]
["FVC","SA_parsopercularis","rs2602691","G","A",0.449662,5.86659442039459E-5,421986,{"v":24.7575422235486,"d":"24.758"},{"v":-0.0108873,"d":"-0.011"},{"v":0.00166378,"d":"0.002"},{"v":6.00067353864116e-11,"d":"6.001E-11"},{"v":-0.6706,"d":"-0.671"},{"v":1.3739,"d":"1.374"},{"v":0.6255,"d":"0.626"}]
["FVC","SA_parsopercularis","rs2645977","A","G",0.357445,4.52910263624554e-05,421986,{"v":19.112954113843,"d":"19.113"},{"v":0.00992959,"d":"0.010"},{"v":1.71149E-3,"d":"0.002"},{"v":6.59994019159873e-09,"d":"6.600E-09"},{"v":0.7712,"d":"0.771"},{"v":1.3696,"d":"1.370"},{"v":0.5734,"d":"0.573"}]
["FVC","SA_parsopercularis","rs2648725","A","T",0.213148,9.83993575735976e-05,421986,{"v":41.5270407404678,"d":"41.527"},{"v":0.0171275,"d":"0.017"},{"v":0.00200708,"d":"0.002"},{"v":1.39990962656834e-17,"d":"1.400E-17"},{"v":-1.4568,"d":"-1.457"},1.675,{"v":0.3844,"d":"0.384"}]
["FVC","SA_parsopercularis","rs2717329","A","G",0.294673,8.42790883711236e-05,421986,{"v":35.5674244173058,"d":"35.567"},{"v":0.014239,"d":"0.014"},{"v":0.0018328,"d":"0.002"},{"v":7.89950721335818e-15,"d":"7.900E-15"},0.852,{"v":1.5125,"d":"1.513"},{"v":0.5732,"d":"0.573"}]
["FVC","SA_parsopercularis","rs2760402","C","A",0.649252,4.35290850830249e-05,421986,{"v":18.3693770418513,"d":"18.369"},{"v":0.00977621,"d":"0.010"},{"v":0.00172753,"d":"0.002"},{"v":1.49999565138204e-08,"d":"1.500E-08"},{"v":-0.7475,"d":"-0.748"},1.396,{"v":0.5923,"d":"0.592"}]
["FVC","SA_parsopercularis","rs2780226","T","C",0.910509,2.95968220787926E-4,421986,{"v":124.930829236223,"d":"124.931"},{"v":-0.0426163,"d":"-0.043"},{"v":0.0028699,"d":"0.003"},{"v":7.00003159130901e-50,"d":"7.000E-50"},{"v":1.9069,"d":"1.907"},{"v":2.4286,"d":"2.429"},{"v":0.4324,"d":"0.432"}]
["FVC","SA_parsopercularis","rs2807339","C","T",0.758119,5.89073008999258e-05,421986,{"v":24.859402863279,"d":"24.859"},{"v":0.0126736,"d":"0.013"},{"v":1.91263E-3,"d":"0.002"},{"v":3.40016505804071e-11,"d":"3.400E-11"},{"v":0.5611,"d":"0.561"},{"v":1.5351,"d":"1.535"},{"v":0.7147,"d":"0.715"}]
["FVC","SA_parsopercularis","rs2808096","G","A",0.21446,4.09307454157644e-05,421986,{"v":17.2728266631967,"d":"17.273"},{"v":0.0110218,"d":"0.011"},{"v":0.0020005,"d":"0.002"},{"v":3.59997927043357E-8,"d":"3.600E-08"},2.766,{"v":1.6158,"d":"1.616"},{"v":0.08691,"d":"0.087"}]
["FVC","SA_parsopercularis","rs2812208","C","G",0.020816,0.000278067813708179,421986,{"v":117.372805899358,"d":"117.373"},{"v":0.0825904,"d":"0.083"},{"v":0.00576265,"d":"0.006"},{"v":1.39990962656833E-46,"d":"1.400E-46"},{"v":-0.1416,"d":"-0.142"},{"v":4.2735,"d":"4.274"},{"v":0.9736,"d":"0.974"}]
["FVC","SA_parsopercularis","rs2821334","T","G",0.44435,4.64038024780943E-5,421986,{"v":19.5825708906678,"d":"19.583"},{"v":0.0096939,"d":"0.010"},{"v":0.00164775,"d":"0.002"},{"v":4.00000007987242e-09,"d":"4.000E-09"},{"v":0.8312,"d":"0.831"},1.339,{"v":0.5348,"d":"0.535"}]
["FVC","SA_parsopercularis","rs28391281","C","T",0.456626,5.81268485273591E-5,421986,{"v":24.5300259020691,"d":"24.530"},{"v":-0.0108229,"d":"-0.011"},{"v":1.64482E-3,"d":"0.002"},{"v":4.70002318179801e-11,"d":"4.700E-11"},-0.094,{"v":1.4036,"d":"1.404"},{"v":0.9466,"d":"0.947"}]
["FVC","SA_parsopercularis","rs28409044","A","C",0.333596,7.3529837872933e-05,421986,{"v":31.0306967870756,"d":"31.031"},{"v":0.0128599,"d":"0.013"},{"v":1.74168E-3,"d":"0.002"},{"v":1.50003019045595e-13,"d":"1.500E-13"},{"v":1.2335,"d":"1.234"},{"v":1.4038,"d":"1.404"},{"v":0.3796,"d":"0.380"}]
["FVC","SA_parsopercularis","rs28444681","A","C",0.255224,4.96915326777121e-05,421986,{"v":20.9700737605772,"d":"20.970"},{"v":0.0114328,"d":"0.011"},{"v":0.00188044,"d":"0.002"},{"v":1.19999655704811E-9,"d":"1.200E-09"},{"v":-0.5819,"d":"-0.582"},{"v":1.5207,"d":"1.521"},0.702]
["FVC","SA_parsopercularis","rs28446901","G","C",0.15458,5.1599507535487e-05,421986,{"v":21.7752901821048,"d":"21.775"},{"v":-0.0140506,"d":"-0.014"},{"v":0.00228337,"d":"0.002"},{"v":7.59993713661527e-10,"d":"7.600E-10"},{"v":-0.1258,"d":"-0.126"},{"v":1.9279,"d":"1.928"},0.948]
["FVC","SA_parsopercularis","rs2871960","C","A",0.444976,0.000191804005390593,421986,{"v":80.9537486639893,"d":"80.954"},{"v":0.0197056,"d":"0.020"},{"v":0.00165006,"d":"0.002"},{"v":7.10068096254536e-33,"d":"7.101E-33"},{"v":0.9721,"d":"0.972"},{"v":1.3317,"d":"1.332"},{"v":0.4654,"d":"0.465"}]
["FVC","SA_parsopercularis","rs2882485","G","A",0.527663,{"$f":"2*F1029*(1-F1029)*J1029*J1029","v":6.68510491529909e-05},421986,{"$f":"G1029/(1-G1029)*(H1029-2)","v":{"v":28.2119591248419,"d":"28.212"}},{"v":-0.0115807,"d":"-0.012"},{"v":1.64247E-3,"d":"0.002"},{"v":1.80011396041801E-12,"d":"1.800E-12"},{"v":2.0986,"d":"2.099"},{"v":1.3452,"d":"1.345"},{"v":0.1188,"d":"0.119"}]
["FVC","SA_parsopercularis","rs2885697","T","G",0.665178,0.000191228657862936,421986,{"v":80.7108681906324,"d":"80.711"},{"v":-0.0207198,"d":"-0.021"},{"v":1.73474E-3,"d":"0.002"},{"v":7.000031591309e-33,"d":"7.000E-33"},{"v":-1.1665,"d":"-1.167"},{"v":1.4113,"d":"1.411"},{"v":0.4085,"d":"0.409"}]
["FVC","SA_parsopercularis","rs28929474","T","C",0.019693,9.24754782377338e-05,421986,{"v":39.0267812289301,"d":"39.027"},{"v":0.0489397,"d":"0.049"},{"v":0.00592126,"d":"0.006"},{"v":1.39990962656834e-16,"d":"1.400E-16"},{"v":3.7956,"d":"3.796"},{"v":5.0444,"d":"5.044"},{"v":0.4518,"d":"0.452"}]
["FVC","SA_parsopercularis","rs309137","C","T",0.227462,8.33684369570823e-05,421986,{"v":35.1830796592559,"d":"35.183"},{"v":0.0154018,"d":"0.015"},{"v":1.94955E-3,"d":"0.002"},{"v":2.80027059501064e-15,"d":"2.800E-15"},{"v":-2.5365,"d":"-2.537"},{"v":1.5396,"d":"1.540"},{"v":0.09946,"d":"0.099"}]
["FVC","SA_parsopercularis","rs3116605","C","T",0.215238,7.92429456128899e-05,421986,{"v":33.4419051965844,"d":"33.442"},{"v":-0.0153157,"d":"-0.015"},{"v":0.00199894,"d":"0.002"},{"v":1.80011396041801E-14,"d":"1.800E-14"},{"v":-1.1049,"d":"-1.105"},{"v":1.6252,"d":"1.625"},{"v":0.4966,"d":"0.497"}]
["FVC","SA_parsopercularis","rs3253","T","C",0.314156,7.73374553775006e-05,421986,{"v":32.6376928861364,"d":"32.638"},{"v":0.0133966,"d":"0.013"},{"v":0.00176807,"d":"0.002"},{"v":3.50025754158434E-14,"d":"3.500E-14"},0.657,{"v":1.4354,"d":"1.435"},{"v":0.6472,"d":"0.647"}]
["FVC","SA_parsopercularis","rs344133","A","G",0.614205,5.9441457606158e-05,421986,{"v":25.0848351256407,"d":"25.085"},{"v":0.0111994,"d":"0.011"},{"v":1.68384E-3,"d":"0.002"},{"v":2.90001336905407e-11,"d":"2.900E-11"},2.329,{"v":1.3613,"d":"1.361"},{"v":0.08712,"d":"0.087"}]
["FVC","SA_parsopercularis","rs34587839","A","G",0.154712,9.59331764500232e-05,421986,{"v":40.48614949601,"d":"40.486"},{"v":-0.0191516,"d":"-0.019"},{"v":0.00227501,"d":"0.002"},{"v":3.80014352941585e-17,"d":"3.800E-17"},{"v":-1.8586,"d":"-1.859"},{"v":1.9024,"d":"1.902"},{"v":0.3286,"d":"0.329"}]
["FVC","SA_parsopercularis","rs35344256","A","C",0.305163,0.000127924706994647,421986,{"v":53.9890860944489,"d":"53.989"},{"v":-0.0173682,"d":"-0.017"},{"v":1.7847E-3,"d":"0.002"},{"v":2.19988510904926e-22,"d":"2.200E-22"},{"v":-1.1984,"d":"-1.198"},{"v":1.6525,"d":"1.653"},{"v":0.4683,"d":"0.468"}]
["FVC","SA_parsopercularis","rs35344761","A","C",0.122131,7.98184258788518e-05,421986,{"v":33.6847872927592,"d":"33.685"},{"v":-0.0192934,"d":"-0.019"},{"v":2.52637E-3,"d":"0.003"},{"v":2.19988510904925E-14,"d":"2.200E-14"},{"v":0.5556,"d":"0.556"},{"v":2.1924,"d":"2.192"},{"v":0.7999,"d":"0.800"}]
["FVC","SA_parsopercularis","rs35480566","G","A",0.439723,1.10816232234529E-4,421986,{"v":46.7678595812438,"d":"46.768"},{"v":0.0149967,"d":"0.015"},{"v":0.0016583,"d":"0.002"},{"v":1.50003019045595e-19,"d":"1.500E-19"},{"v":-1.2458,"d":"-1.246"},{"v":1.3404,"d":"1.340"},{"v":0.3527,"d":"0.353"}]
["FVC","SA_parsopercularis","rs35506","A","T",0.715534,7.52389405219948e-05,421986,{"v":31.7520180654321,"d":"31.752"},{"v":0.0135949,"d":"0.014"},{"v":0.00182407,"d":"0.002"},{"v":9.09913272632251e-14,"d":"9.099E-14"},{"v":-1.7273,"d":"-1.727"},{"v":1.4992,"d":"1.499"},{"v":0.2493,"d":"0.249"}]
["FVC","SA_parsopercularis","rs35654957","C","T",0.369551,4.7229665459788E-5,421986,{"v":19.9311044887804,"d":"19.931"},{"v":-0.0100677,"d":"-0.010"},{"v":0.00171015,"d":"0.002"},{"v":3.89995862874433e-09,"d":"3.900E-09"},{"v":-2.5053,"d":"-2.505"},{"v":1.4899,"d":"1.490"},{"v":0.09265,"d":"0.093"}]
["FVC","SA_parsopercularis","rs35668185","C","T",0.207881,4.39810225504036E-5,421986,{"v":18.560104112267,"d":"18.560"},{"v":-0.0115562,"d":"-0.012"},{"v":2.01805E-3,"d":"0.002"},{"v":1E-8,"d":"1.000E-08"},-0.067,{"v":1.6352,"d":"1.635"},{"v":0.9673,"d":"0.967"}]
["FVC","SA_parsopercularis","rs35805829","C","T",0.346839,8.02689032154592e-05,421986,{"v":33.8749119565016,"d":"33.875"},{"v":-0.0133102,"d":"-0.013"},{"v":1.72266E-3,"d":"0.002"},{"v":1.10001852750622E-14,"d":"1.100E-14"},{"v":-1.0295,"d":"-1.030"},{"v":1.4026,"d":"1.403"},{"v":0.4629,"d":"0.463"}]
["FVC","SA_parsopercularis","rs35897671","T","C",0.345283,5.9327572593459e-05,421986,{"v":25.0367717641725,"d":"25.037"},{"v":0.0114551,"d":"0.011"},{"v":0.00172695,"d":"0.002"},{"v":3.29989407910834e-11,"d":"3.300E-11"},{"v":1.3237,"d":"1.324"},{"v":1.4068,"d":"1.407"},{"v":0.3468,"d":"0.347"}]
["FVC","SA_parsopercularis","rs36226649","C","T",0.066506,8.70139707337911e-05,421986,{"v":36.7216987269464,"d":"36.722"},{"v":0.0264724,"d":"0.026"},{"v":0.00329988,"d":"0.003"},{"v":1e-15,"d":"1.000E-15"},{"v":-2.4363,"d":"-2.436"},{"v":2.7443,"d":"2.744"},{"v":0.3747,"d":"0.375"}]
["FVC","SA_parsopercularis","rs3732987","A","C",0.524508,5.53461247568242e-05,421986,{"v":23.3564717995858,"d":"23.356"},{"v":0.0105337,"d":"0.011"},{"v":0.00164918,"d":"0.002"},{"v":1.70000422215636e-10,"d":"1.700E-10"},{"v":-2.0935,"d":"-2.094"},1.345,{"v":0.1196,"d":"0.120"}]
["FVC","SA_parsopercularis","rs3734254","T","C",0.790532,1.42473762916661E-4,421986,{"v":60.13021534867,"d":"60.130"},{"v":0.0207412,"d":"0.021"},{"v":0.00201522,"d":"0.002"},{"v":7.59976214361039e-25,"d":"7.600E-25"},{"v":1.5384,"d":"1.538"},{"v":1.6553,"d":"1.655"},{"v":0.3527,"d":"0.353"}]
["FVC","SA_parsopercularis","rs3743347","A","C",0.231535,1.02185615560985E-4,421986,{"v":43.1251015619361,"d":"43.125"},{"v":-0.0169457,"d":"-0.017"},{"v":1.94802E-3,"d":"0.002"},{"v":3.40016505804072e-18,"d":"3.400E-18"},{"v":0.7476,"d":"0.748"},{"v":1.5806,"d":"1.581"},{"v":0.6362,"d":"0.636"}]
["FVC","SA_parsopercularis","rs3790076","T","G",0.572955,0.000211865275899546,421986,{"v":89.4227021506569,"d":"89.423"},{"v":-0.0208074,"d":"-0.021"},{"v":1.66216E-3,"d":"0.002"},{"v":5.90065196995663e-36,"d":"5.901E-36"},{"v":-1.3812,"d":"-1.381"},{"v":1.3357,"d":"1.336"},{"v":0.3011,"d":"0.301"}]
["FVC","SA_parsopercularis","rs3790743","G","A",0.599509,4.41696140797053e-05,421986,{"v":18.6396937358892,"d":"18.640"},{"v":-0.00959075,"d":"-0.010"},{"v":1.69268E-3,"d":"0.002"},{"v":1.49999565138204e-08,"d":"1.500E-08"},{"v":-2.0712,"d":"-2.071"},{"v":1.4638,"d":"1.464"},{"v":0.1571,"d":"0.157"}]
["FVC","SA_parsopercularis","rs3791679","G","A",0.227266,0.000612002896837713,421986,{"v":258.413580278878,"d":"258.414"},{"v":-0.0417426,"d":"-0.042"},{"v":0.00195359,"d":"0.002"},{"v":2.6977394324449E-101,"d":"2.698E-101"},{"v":2.1664,"d":"2.166"},{"v":1.5567,"d":"1.557"},0.164]
["FVC","SA_parsopercularis","rs3806443","G","C",0.265329,4.61179473668757e-05,421986,{"v":19.461933446086,"d":"19.462"},{"v":0.0108763,"d":"0.011"},{"v":0.00186138,"d":"0.002"},{"v":5.09999793204996e-09,"d":"5.100E-09"},{"v":0.27,"d":"0.270"},{"v":1.5769,"d":"1.577"},{"v":0.8641,"d":"0.864"}]
["FVC","SA_parsopercularis","rs3814316","A","G",0.368453,4.16612453966733e-05,421986,{"v":17.5811114284674,"d":"17.581"},{"v":-0.00946144,"d":"-0.009"},{"v":0.00170087,"d":"0.002"},{"v":2.69997659840121e-08,"d":"2.700E-08"},2.419,{"v":1.3814,"d":"1.381"},{"v":0.07992,"d":"0.080"}]
["FVC","SA_parsopercularis","rs3828559","G","A",0.758433,5.04655975131029e-05,421986,{"v":21.2967494541555,"d":"21.297"},{"v":0.0117356,"d":"0.012"},{"v":0.00191612,"d":"0.002"},{"v":9.09997082601283e-10,"d":"9.100E-10"},{"v":0.5321,"d":"0.532"},{"v":1.5402,"d":"1.540"},{"v":0.7297,"d":"0.730"}]
["FVC","SA_parsopercularis","rs3858603","A","G",0.501593,7.64582018958038e-05,421986,{"v":32.266604915392,"d":"32.267"},{"v":-0.012366,"d":"-0.012"},{"v":1.63937E-3,"d":"0.002"},{"v":4.60044666393479e-14,"d":"4.600E-14"},{"v":1.3825,"d":"1.383"},{"v":1.3525,"d":"1.353"},{"v":0.3067,"d":"0.307"}]
["FVC","SA_parsopercularis","rs42038","T","C",0.298973,0.0001100833355849,421986,{"v":46.4585205923715,"d":"46.459"},{"v":0.0162055,"d":"0.016"},{"v":0.001795,"d":"0.002"},{"v":1.69980851320349e-19,"d":"1.700E-19"},{"v":2.4166,"d":"2.417"},{"v":1.4576,"d":"1.458"},{"v":0.09732,"d":"0.097"}]
["FVC","SA_parsopercularis","rs425102","G","T",0.240797,0.000137901421280968,421986,{"v":58.2002192507815,"d":"58.200"},{"v":-0.0194207,"d":"-0.019"},{"v":0.00191587,"d":"0.002"},{"v":3.80014352941585e-24,"d":"3.800E-24"},{"v":-1.9425,"d":"-1.943"},{"v":1.5642,"d":"1.564"},{"v":0.2143,"d":"0.214"}]
["FVC","SA_parsopercularis","rs4279453","C","T",0.439777,4.75360731157916e-05,421986,{"v":20.0604158710898,"d":"20.060"},{"v":-0.009822,"d":"-0.010"},{"v":1.65712E-3,"d":"0.002"},{"v":3.09998790941119e-09,"d":"3.100E-09"},{"v":-1.8911,"d":"-1.891"},{"v":1.3678,"d":"1.368"},{"v":0.1668,"d":"0.167"}]
["FVC","SA_parsopercularis","rs4497878","C","T",0.715464,8.76845467196344e-05,421986,{"v":37.0047205050822,"d":"37.005"},{"v":-0.0146752,"d":"-0.015"},{"v":1.81627E-3,"d":"0.002"},{"v":6.49980009683026e-16,"d":"6.500E-16"},{"v":-1.5192,"d":"-1.519"},{"v":1.5044,"d":"1.504"},{"v":0.3126,"d":"0.313"}]
["FVC","SA_parsopercularis","rs4650619","T","C",0.658131,5.51787534628888E-5,421986,{"v":23.2858359846867,"d":"23.286"},{"v":0.0110735,"d":"0.011"},{"v":0.00173535,"d":"0.002"},{"v":1.79998961724559E-10,"d":"1.800E-10"},{"v":-0.3355,"d":"-0.336"},1.394,{"v":0.8098,"d":"0.810"}]
["FVC","SA_parsopercularis","rs4678778","G","A",0.103138,4.9032397109147e-05,421986,{"v":20.6919016352442,"d":"20.692"},{"v":0.01628,"d":"0.016"},{"v":0.00272878,"d":"0.003"},{"v":2.39999313805789E-9,"d":"2.400E-09"},{"v":0.2795,"d":"0.280"},{"v":2.2675,"d":"2.268"},{"v":0.9019,"d":"0.902"}]
["FVC","SA_parsopercularis","rs4693974","G","A",0.574007,6.5108970456126e-05,421986,{"v":27.4767327707401,"d":"27.477"},{"v":0.0115384,"d":"0.012"},{"v":1.66303E-3,"d":"0.002"},{"v":4.00036851046125E-12,"d":"4.000E-12"},{"v":1.2726,"d":"1.273"},{"v":1.3417,"d":"1.342"},{"v":0.3429,"d":"0.343"}]
["FVC","SA_parsopercularis","rs4713135","A","G",0.237248,9.32171087040042e-05,421986,{"v":39.3397955413479,"d":"39.340"},{"v":-0.0160487,"d":"-0.016"},{"v":0.00192704,"d":"0.002"},{"v":8.19973845457472e-17,"d":"8.200E-17"},{"v":0.7963,"d":"0.796"},{"v":1.5838,"d":"1.584"},{"v":0.6151,"d":"0.615"}]
["FVC","SA_parsopercularis","rs4728358","T","C",0.687154,4.77707244436522e-05,421986,{"v":20.1594444148942,"d":"20.159"},{"v":-0.0105408,"d":"-0.011"},{"v":1.7764E-3,"d":"0.002"},{"v":2.99999133271614e-09,"d":"3.000E-09"},{"v":1.2234,"d":"1.223"},{"v":1.4624,"d":"1.462"},{"v":0.4028,"d":"0.403"}]
["FVC","SA_parsopercularis","rs4735766","T","G",0.285258,9.07993719661411e-05,421986,{"v":38.3193615537233,"d":"38.319"},{"v":0.0149222,"d":"0.015"},{"v":1.81989E-3,"d":"0.002"},{"v":2.39993787680988E-16,"d":"2.400E-16"},{"v":2.8499,"d":"2.850"},{"v":1.4699,"d":"1.470"},{"v":0.05253,"d":"0.053"}]
["FVC","SA_parsopercularis","rs4759316","A","G",0.57091,5.31891591327017e-05,421986,{"v":22.4461680202567,"d":"22.446"},{"v":0.0104193,"d":"0.010"},{"v":0.00165644,"d":"0.002"},{"v":3.20000015974484E-10,"d":"3.200E-10"},{"v":0.8469,"d":"0.847"},{"v":1.42,"d":"1.420"},{"v":0.5509,"d":"0.551"}]
["FVC","SA_parsopercularis","rs4785677","G","A",0.549173,4.80134751963316E-5,421986,{"v":20.2618911610575,"d":"20.262"},{"v":-0.00984707,"d":"-0.010"},{"v":1.65043E-3,"d":"0.002"},{"v":2.39999313805789E-9,"d":"2.400E-09"},{"v":0.0685,"d":"0.069"},{"v":1.3669,"d":"1.367"},{"v":0.9601,"d":"0.960"}]
["FVC","SA_parsopercularis","rs4794006","A","G",0.555023,5.38677822535485e-05,421986,{"v":22.7325667794388,"d":"22.733"},{"v":-0.010443,"d":"-0.010"},{"v":0.00165309,"d":"0.002"},{"v":2.69997659840121E-10,"d":"2.700E-10"},{"v":-2.0072,"d":"-2.007"},{"v":1.3522,"d":"1.352"},{"v":0.1377,"d":"0.138"}]
["FVC","SA_parsopercularis","rs4924413","A","G",0.283479,4.76110581125863e-05,421986,{"v":20.0920613508822,"d":"20.092"},{"v":0.0108259,"d":"0.011"},{"v":0.00182023,"d":"0.002"},{"v":2.69997659840121e-09,"d":"2.700E-09"},{"v":-1.4065,"d":"-1.407"},{"v":1.4812,"d":"1.481"},{"v":0.3423,"d":"0.342"}]
["FVC","SA_parsopercularis","rs4951407","G","T",0.661152,5.97857889278145E-5,421986,{"v":25.230154759622,"d":"25.230"},{"v":0.0115513,"d":"0.012"},{"v":0.00173213,"d":"0.002"},{"v":2.60015956316527E-11,"d":"2.600E-11"},{"v":-0.5814,"d":"-0.581"},1.411,{"v":0.6803,"d":"0.680"}]
["FVC","SA_parsopercularis","rs4959021","C","T",0.814313,0.000289077580921587,421986,{"v":122.02138755515,"d":"122.021"},{"v":-0.0309176,"d":"-0.031"},{"v":0.00221491,"d":"0.002"},{"v":2.80027059501065e-44,"d":"2.800E-44"},{"v":-2.4055,"d":"-2.406"},{"v":1.9103,"d":"1.910"},{"v":0.2079,"d":"0.208"}]
["FVC","SA_parsopercularis","rs55681913","C","T",0.10621,8.08864045248552e-05,421986,{"v":34.1355296272746,"d":"34.136"},{"v":0.0206406,"d":"0.021"},{"v":2.69286E-3,"d":"0.003"},{"v":1.80011396041801E-14,"d":"1.800E-14"},{"v":-0.6161,"d":"-0.616"},{"v":2.3773,"d":"2.377"},{"v":0.7955,"d":"0.796"}]
["FVC","SA_parsopercularis","rs55707322","A","C",0.163689,4.62683444763271E-5,421986,{"v":19.5254044836391,"d":"19.525"},{"v":0.0129997,"d":"0.013"},{"v":0.00221808,"d":"0.002"},{"v":4.60002296665069e-09,"d":"4.600E-09"},{"v":2.8427,"d":"2.843"},{"v":1.8616,"d":"1.862"},{"v":0.1268,"d":"0.127"}]
["FVC","SA_parsopercularis","rs55758152","A","G",0.325764,5.16859270150706E-5,421986,{"v":21.811761586645,"d":"21.812"},{"v":0.0108471,"d":"0.011"},{"v":0.00177131,"d":"0.002"},{"v":9.09997082601283e-10,"d":"9.100E-10"},{"v":-0.9842,"d":"-0.984"},{"v":1.6475,"d":"1.648"},{"v":0.5503,"d":"0.550"}]
["FVC","SA_parsopercularis","rs55786114","T","C",0.073277,7.23637113431354e-05,421986,{"v":30.5385382493884,"d":"30.539"},{"v":-0.0230827,"d":"-0.023"},{"v":0.00314939,"d":"0.003"},{"v":2.29985258668621e-13,"d":"2.300E-13"},{"v":2.2877,"d":"2.288"},{"v":2.9989,"d":"2.999"},{"v":0.4456,"d":"0.446"}]
["FVC","SA_parsopercularis","rs558107","G","A",0.587806,5.78469038151767E-5,421986,{"v":24.4118800112185,"d":"24.412"},{"v":-0.0109259,"d":"-0.011"},{"v":1.67201E-3,"d":"0.002"},{"v":6.40029512108372E-11,"d":"6.400E-11"},{"v":-1.2435,"d":"-1.244"},{"v":1.3635,"d":"1.364"},{"v":0.3618,"d":"0.362"}]
["FVC","SA_parsopercularis","rs55831773","T","C",0.199579,6.58378676692214e-05,421986,{"v":27.7843560132832,"d":"27.784"},{"v":-0.0143551,"d":"-0.014"},{"v":0.00209681,"d":"0.002"},{"v":7.59976214361039E-12,"d":"7.600E-12"},{"v":-0.4575,"d":"-0.458"},{"v":1.7936,"d":"1.794"},{"v":0.7987,"d":"0.799"}]
["FVC","SA_parsopercularis","rs55906059","T","C",0.093726,4.23076242776738e-05,421986,{"v":17.8538958791087,"d":"17.854"},{"v":-0.015781,"d":"-0.016"},{"v":0.0028489,"d":"0.003"},{"v":2.99999133271615e-08,"d":"3.000E-08"},-0.724,{"v":2.5862,"d":"2.586"},{"v":0.7795,"d":"0.780"}]
["FVC","SA_parsopercularis","rs55962189","T","A",0.299312,5.39173733411806e-05,421986,{"v":22.7534956807262,"d":"22.753"},{"v":0.0113377,"d":"0.011"},{"v":0.00180553,"d":"0.002"},{"v":3.4000084782586e-10,"d":"3.400E-10"},{"v":1.2941,"d":"1.294"},{"v":1.5167,"d":"1.517"},{"v":0.3935,"d":"0.394"}]
["FVC","SA_parsopercularis","rs56107042","G","C",0.024063,4.31515448222523e-05,421986,{"v":18.2100472819448,"d":"18.210"},{"v":-0.0303108,"d":"-0.030"},{"v":0.00545244,"d":"0.005"},{"v":2.69997659840121e-08,"d":"2.700E-08"},{"v":6.1331,"d":"6.133"},{"v":4.7506,"d":"4.751"},{"v":0.1967,"d":"0.197"}]
["FVC","SA_parsopercularis","rs56144019","A","G",0.23362,5.74600505527944e-05,421986,{"v":24.2486152991313,"d":"24.249"},{"v":-0.0126675,"d":"-0.013"},{"v":0.00194171,"d":"0.002"},{"v":6.89922009844049e-11,"d":"6.899E-11"},-2.197,{"v":1.6147,"d":"1.615"},{"v":0.1736,"d":"0.174"}]
["FVC","SA_parsopercularis","rs56318219","A","G",0.263367,7.89251775726661e-05,421986,{"v":33.3077909561397,"d":"33.308"},{"v":0.0142622,"d":"0.014"},{"v":0.00189906,"d":"0.002"},{"v":5.90065196995665e-14,"d":"5.901E-14"},{"v":-1.8855,"d":"-1.886"},{"v":1.5418,"d":"1.542"},{"v":0.2213,"d":"0.221"}]
["FVC","SA_parsopercularis","rs564443","A","G",0.162319,4.20226237478109e-05,421986,{"v":17.7336200728403,"d":"17.734"},{"v":0.0124309,"d":"0.012"},{"v":0.00222876,"d":"0.002"},{"v":2.39999313805789e-08,"d":"2.400E-08"},{"v":0.3644,"d":"0.364"},{"v":1.7784,"d":"1.778"},{"v":0.8377,"d":"0.838"}]
["FVC","SA_parsopercularis","rs57072412","A","G",0.383191,5.48617071536508e-05,421986,{"v":23.1520327915692,"d":"23.152"},{"v":0.010773,"d":"0.011"},{"v":1.68954E-3,"d":"0.002"},{"v":1.79998961724559E-10,"d":"1.800E-10"},{"v":0.1306,"d":"0.131"},1.372,{"v":0.9242,"d":"0.924"}]
["FVC","SA_parsopercularis","rs575837","G","A",0.784728,5.50345504488652e-05,421986,{"v":23.2249779128326,"d":"23.225"},{"v":0.0127629,"d":"0.013"},{"v":0.0020075,"d":"0.002"},{"v":2.00000001996811e-10,"d":"2.000E-10"},{"v":-1.2304,"d":"-1.230"},{"v":1.5996,"d":"1.600"},{"v":0.4418,"d":"0.442"}]
["FVC","SA_parsopercularis","rs582780","G","A",0.422609,7.69184760023856e-05,421986,{"v":32.4608630175037,"d":"32.461"},{"v":0.0125544,"d":"0.013"},{"v":1.6756E-3,"d":"0.002"},{"v":6.79986045003322e-14,"d":"6.800E-14"},{"v":-0.4984,"d":"-0.498"},{"v":1.3994,"d":"1.399"},{"v":0.7217,"d":"0.722"}]
["FVC","SA_parsopercularis","rs58746189","C","T",0.114418,5.54327432021165e-05,421986,{"v":23.3930274470851,"d":"23.393"},{"v":-0.0165389,"d":"-0.017"},{"v":0.00257892,"d":"0.003"},{"v":1.40000633223953E-10,"d":"1.400E-10"},{"v":-0.5697,"d":"-0.570"},{"v":2.1128,"d":"2.113"},{"v":0.7874,"d":"0.787"}]
["FVC","SA_parsopercularis","rs59032271","T","C",0.467565,5.25155515367519e-05,421986,{"v":22.1618863433691,"d":"22.162"},{"v":-0.0102701,"d":"-0.010"},{"v":0.00164133,"d":"0.002"},{"v":3.89995862874433e-10,"d":"3.900E-10"},-0.333,{"v":1.3292,"d":"1.329"},{"v":0.8022,"d":"0.802"}]
["FVC","SA_parsopercularis","rs5992929","T","C",0.284928,4.74968475738632E-5,421986,{"v":20.0438617468553,"d":"20.044"},{"v":0.0107963,"d":"0.011"},{"v":0.0018267,"d":"0.002"},{"v":3.4000084782586e-09,"d":"3.400E-09"},{"v":-0.4708,"d":"-0.471"},{"v":1.4982,"d":"1.498"},{"v":0.7533,"d":"0.753"}]
["FVC","SA_parsopercularis","rs60839038","C","A",0.47352,7.81566247420721e-05,421986,{"v":32.9834230081733,"d":"32.983"},{"v":0.0125201,"d":"0.013"},{"v":0.00167309,"d":"0.002"},{"v":7.29961575729299e-14,"d":"7.300E-14"},{"v":0.4658,"d":"0.466"},{"v":1.4682,"d":"1.468"},{"v":0.7511,"d":"0.751"}]
["FVC","SA_parsopercularis","rs6088619","G","A",0.135815,7.20917622439476e-05,421986,{"v":30.4237635014749,"d":"30.424"},{"v":0.0175247,"d":"0.018"},{"v":2.41661E-3,"d":"0.002"},{"v":4.10015240506613e-13,"d":"4.100E-13"},{"v":3.4641,"d":"3.464"},{"v":2.0058,"d":"2.006"},{"v":0.08417,"d":"0.084"}]
["FVC","SA_parsopercularis","rs6107411","G","A",0.165223,4.40792134730111e-05,421986,{"v":18.6015427595694,"d":"18.602"},{"v":0.012641,"d":"0.013"},{"v":0.00221407,"d":"0.002"},{"v":1.09999319893519E-8,"d":"1.100E-08"},{"v":2.1837,"d":"2.184"},1.799,{"v":0.2248,"d":"0.225"}]
["FVC","SA_parsopercularis","rs6140000","G","T",0.497765,{"$f":"2*F1093*(1-F1093)*J1093*J1093","v":4.80103190874975e-05},421986,{"$f":"G1093/(1-G1093)*(H1093-2)","v":{"v":20.2605592057309,"d":"20.261"}},{"v":-0.00979911,"d":"-0.010"},{"v":1.64577E-3,"d":"0.002"},{"v":2.59997995670925e-09,"d":"2.600E-09"},{"v":-2.4799,"d":"-2.480"},{"v":1.3378,"d":"1.338"},{"v":0.06379,"d":"0.064"}]
["FVC","SA_parsopercularis","rs61732778","A","G",0.071158,4.53939497968776e-05,421986,{"v":19.1563900952959,"d":"19.156"},{"v":0.0185311,"d":"0.019"},{"v":0.0031876,"d":"0.003"},{"v":6.10000231740111e-09,"d":"6.100E-09"},{"v":1.6411,"d":"1.641"},{"v":2.6726,"d":"2.673"},{"v":0.5392,"d":"0.539"}]
["FVC","SA_parsopercularis","rs61884008","A","G",0.055359,6.19804364366019e-05,421986,{"v":26.1563736727189,"d":"26.156"},{"v":0.0243436,"d":"0.024"},{"v":3.63066E-3,"d":"0.004"},{"v":1.99986186963274e-11,"d":"2.000E-11"},{"v":1.4421,"d":"1.442"},{"v":2.9882,"d":"2.988"},{"v":0.6294,"d":"0.629"}]
["FVC","SA_parsopercularis","rs62018872","A","G",0.120637,4.85026045935671e-05,421986,{"v":20.4683158634428,"d":"20.468"},{"v":-0.0151197,"d":"-0.015"},{"v":0.00253721,"d":"0.003"},{"v":2.49999995007974e-09,"d":"2.500E-09"},{"v":1.4556,"d":"1.456"},{"v":2.0983,"d":"2.098"},{"v":0.4879,"d":"0.488"}]
["FVC","SA_parsopercularis","rs62276616","A","G",0.042615,5.76894212543324e-05,421986,{"v":24.3454172116173,"d":"24.345"},{"v":-0.0265894,"d":"-0.027"},{"v":4.0951E-3,"d":"0.004"},{"v":8.4004006526377e-11,"d":"8.400E-11"},{"v":-0.1512,"d":"-0.151"},{"v":3.4323,"d":"3.432"},{"v":0.9649,"d":"0.965"}]
["FVC","SA_parsopercularis","rs644570","A","G",0.632228,5.14133799179517e-05,421986,{"v":21.6967392139931,"d":"21.697"},{"v":0.0105147,"d":"0.011"},{"v":0.00170914,"d":"0.002"},{"v":7.59993713661527e-10,"d":"7.600E-10"},{"v":1.9513,"d":"1.951"},{"v":1.3892,"d":"1.389"},{"v":0.1601,"d":"0.160"}]
["FVC","SA_parsopercularis","rs6462426","C","T",0.945001,4.55399828280401e-05,421986,{"v":19.2180193019767,"d":"19.218"},{"v":-0.0209309,"d":"-0.021"},{"v":3.60298E-3,"d":"0.004"},{"v":6.29999202947421e-09,"d":"6.300E-09"},{"v":-0.3847,"d":"-0.385"},{"v":2.8758,"d":"2.876"},{"v":0.8936,"d":"0.894"}]
["FVC","SA_parsopercularis","rs6487686","C","T",0.772904,1.03141223251922E-4,421986,{"v":43.5284355288256,"d":"43.528"},{"v":-0.0171409,"d":"-0.017"},{"v":0.00196297,"d":"0.002"},{"v":2.49976970217851e-18,"d":"2.500E-18"},{"v":0.2409,"d":"0.241"},{"v":1.5807,"d":"1.581"},{"v":0.8789,"d":"0.879"}]
["FVC","SA_parsopercularis","rs6501431","T","C",0.784491,5.66176612404253E-5,421986,{"v":23.8930999323176,"d":"23.893"},{"v":0.01294,"d":"0.013"},{"v":0.00199944,"d":"0.002"},{"v":9.70063133783958e-11,"d":"9.701E-11"},{"v":1.3853,"d":"1.385"},{"v":1.6139,"d":"1.614"},{"v":0.3907,"d":"0.391"}]
["FVC","SA_parsopercularis","rs661857","C","T",0.482472,0.000109798209617901,421986,{"v":46.3381755361111,"d":"46.338"},{"v":0.0148279,"d":"0.015"},{"v":0.00164183,"d":"0.002"},{"v":1.69980851320349e-19,"d":"1.700E-19"},{"v":1.1896,"d":"1.190"},{"v":1.3571,"d":"1.357"},{"v":0.3807,"d":"0.381"}]
["FVC","SA_parsopercularis","rs663378","A","G",0.833573,6.37425819916999e-05,421986,{"v":26.900064398746,"d":"26.900"},{"v":-0.0151571,"d":"-0.015"},{"v":0.00222469,"d":"0.002"},{"v":9.49948365876348e-12,"d":"9.499E-12"},{"v":-0.7722,"d":"-0.772"},{"v":1.8105,"d":"1.811"},{"v":0.6697,"d":"0.670"}]
["FVC","SA_parsopercularis","rs668844","A","C",0.482052,4.45621047410429e-05,421986,{"v":18.8053332122725,"d":"18.805"},{"v":0.00944665,"d":"0.009"},{"v":1.64055E-3,"d":"0.002"},{"v":8.50002102591718E-9,"d":"8.500E-09"},{"v":0.1696,"d":"0.170"},{"v":1.3653,"d":"1.365"},{"v":0.9011,"d":"0.901"}]
["FVC","SA_parsopercularis","rs67232546","T","C",0.21257,4.86244793317992e-05,421986,{"v":20.5197500485121,"d":"20.520"},{"v":-0.0120519,"d":"-0.012"},{"v":0.0020216,"d":"0.002"},{"v":2.49999995007974e-09,"d":"2.500E-09"},{"v":-3.2929,"d":"-3.293"},{"v":1.6718,"d":"1.672"},{"v":0.04887,"d":"0.049"}]
["FVC","SA_parsopercularis","rs67551338","T","C",0.06134,7.05189984710282e-05,421986,{"v":29.7599876953251,"d":"29.760"},{"v":0.0247464,"d":"0.025"},{"v":0.00345878,"d":"0.003"},{"v":8.4004006526377e-13,"d":"8.400E-13"},{"v":-2.2109,"d":"-2.211"},{"v":2.7531,"d":"2.753"},{"v":0.4219,"d":"0.422"}]
["FVC","SA_parsopercularis","rs6762578","A","G",0.77845,0.000132137192897206,421986,{"v":55.7671501222077,"d":"55.767"},{"v":0.0195725,"d":"0.020"},{"v":0.00198462,"d":"0.002"},{"v":6.09958095872238e-23,"d":"6.100E-23"},{"v":1.0857,"d":"1.086"},{"v":1.7345,"d":"1.735"},{"v":0.5313,"d":"0.531"}]
["FVC","SA_parsopercularis","rs6803045","A","G",0.582831,5.28540720634528e-05,421986,{"v":22.3047516425747,"d":"22.305"},{"v":0.0104255,"d":"0.010"},{"v":0.00167546,"d":"0.002"},{"v":4.90004422793237e-10,"d":"4.900E-10"},{"v":-0.1431,"d":"-0.143"},{"v":1.3412,"d":"1.341"},0.915]
["FVC","SA_parsopercularis","rs6849555","C","G",0.201305,5.95225828732291e-05,421986,{"v":25.119072763267,"d":"25.119"},{"v":0.0136053,"d":"0.014"},{"v":2.10903E-3,"d":"0.002"},{"v":1.09999319893519e-10,"d":"1.100E-10"},{"v":2.7086,"d":"2.709"},{"v":2.0736,"d":"2.074"},{"v":0.1915,"d":"0.192"}]
["FVC","SA_parsopercularis","rs6886191","G","A",0.559405,6.13211737942761e-05,421986,{"v":25.8781410803905,"d":"25.878"},{"v":0.0111534,"d":"0.011"},{"v":1.65843E-3,"d":"0.002"},{"v":1.80011396041801E-11,"d":"1.800E-11"},{"v":0.5502,"d":"0.550"},{"v":1.3412,"d":"1.341"},{"v":0.6817,"d":"0.682"}]
["FVC","SA_parsopercularis","rs6902771","T","C",0.463035,9.61364438873099E-5,421986,{"v":40.5719415795277,"d":"40.572"},{"v":0.0139043,"d":"0.014"},{"v":0.00164169,"d":"0.002"},{"v":2.49976970217851E-17,"d":"2.500E-17"},-1.162,{"v":1.3382,"d":"1.338"},{"v":0.3852,"d":"0.385"}]
["FVC","SA_parsopercularis","rs6906411","A","G",0.449499,4.49493692192693E-5,421986,{"v":18.9687672547471,"d":"18.969"},{"v":-0.00953023,"d":"-0.010"},{"v":1.65975E-3,"d":"0.002"},{"v":9.40004645744656E-9,"d":"9.400E-09"},1.564,1.348,0.246]
["FVC","SA_parsopercularis","rs6919321","A","G",0.60753,5.65182520321187e-05,421986,{"v":23.8511460906076,"d":"23.851"},{"v":0.0108866,"d":"0.011"},{"v":1.68563E-3,"d":"0.002"},{"v":1.09999319893519e-10,"d":"1.100E-10"},{"v":0.0864,"d":"0.086"},{"v":1.3525,"d":"1.353"},{"v":0.9491,"d":"0.949"}]
["FVC","SA_parsopercularis","rs6937121","G","T",0.289184,0.000224015728667804,421986,{"v":94.5522344338483,"d":"94.552"},{"v":-0.0233431,"d":"-0.023"},{"v":1.80879E-3,"d":"0.002"},{"v":4.19952334664063E-38,"d":"4.200E-38"},{"v":-0.9454,"d":"-0.945"},{"v":1.4675,"d":"1.468"},{"v":0.5195,"d":"0.520"}]
["FVC","SA_parsopercularis","rs6965423","C","T",0.50901,5.87283036522269e-05,421986,{"v":24.7838600024372,"d":"24.784"},{"v":-0.0108395,"d":"-0.011"},{"v":1.64539E-3,"d":"0.002"},{"v":4.49987033872151e-11,"d":"4.500E-11"},{"v":-1.2508,"d":"-1.251"},{"v":1.3253,"d":"1.325"},{"v":0.3453,"d":"0.345"}]
["FVC","SA_parsopercularis","rs6977081","T","G",0.333825,1.11883348591464E-4,421986,{"v":47.2182659097251,"d":"47.218"},{"v":0.0158604,"d":"0.016"},{"v":0.00175433,"d":"0.002"},{"v":1.5999263828686e-19,"d":"1.600E-19"},{"v":-0.2233,"d":"-0.223"},{"v":1.4025,"d":"1.403"},{"v":0.8735,"d":"0.874"}]
["FVC","SA_parsopercularis","rs698748","G","A",0.581469,4.26423821749827e-05,421986,{"v":17.9951703566595,"d":"17.995"},{"v":0.00936006,"d":"0.009"},{"v":0.00167978,"d":"0.002"},{"v":2.49999995007974e-08,"d":"2.500E-08"},{"v":2.7165,"d":"2.717"},1.571,{"v":0.08379,"d":"0.084"}]
["FVC","SA_parsopercularis","rs7012637","A","G",0.4738,5.1217081991076e-05,421986,{"v":21.6138961276123,"d":"21.614"},{"v":-0.0101349,"d":"-0.010"},{"v":1.65698E-3,"d":"0.002"},{"v":9.59997274392481e-10,"d":"9.600E-10"},{"v":-0.9039,"d":"-0.904"},{"v":1.3798,"d":"1.380"},{"v":0.5124,"d":"0.512"}]
["FVC","SA_parsopercularis","rs7027103","C","G",0.203801,8.86508239714635e-05,421986,{"v":37.4125459557999,"d":"37.413"},{"v":-0.0165277,"d":"-0.017"},{"v":2.04156E-3,"d":"0.002"},{"v":5.70033002218961e-16,"d":"5.700E-16"},{"v":2.8235,"d":"2.824"},{"v":1.6549,"d":"1.655"},{"v":0.08799,"d":"0.088"}]
["FVC","SA_parsopercularis","rs7029491","G","C",0.334337,8.05373568236104e-05,421986,{"v":33.988213302717,"d":"33.988"},{"v":0.0134513,"d":"0.013"},{"v":0.0017552,"d":"0.002"},{"v":1.80011396041801E-14,"d":"1.800E-14"},{"v":-0.0103,"d":"-0.010"},{"v":1.4959,"d":"1.496"},{"v":0.9945,"d":"0.995"}]
["FVC","SA_parsopercularis","rs7105777","T","C",0.631869,5.44736156740329e-05,421986,{"v":22.9882464894954,"d":"22.988"},{"v":-0.0108209,"d":"-0.011"},{"v":1.70784E-3,"d":"0.002"},{"v":2.39999313805789e-10,"d":"2.400E-10"},{"v":-1.1683,"d":"-1.168"},{"v":1.3947,"d":"1.395"},{"v":0.4022,"d":"0.402"}]
["FVC","SA_parsopercularis","rs723149","G","A",0.56266,1.00808207678773E-4,421986,{"v":42.5437394672429,"d":"42.544"},{"v":-0.014312,"d":"-0.014"},{"v":1.65522E-3,"d":"0.002"},{"v":5.30029448835795e-18,"d":"5.300E-18"},{"v":1.5991,"d":"1.599"},{"v":1.3912,"d":"1.391"},{"v":0.2504,"d":"0.250"}]
["FVC","SA_parsopercularis","rs723588","C","T",0.142475,9.20476745432426e-05,421986,{"v":38.8462215988187,"d":"38.846"},{"v":0.0194088,"d":"0.019"},{"v":0.00234291,"d":"0.002"},{"v":1.20005182020427e-16,"d":"1.200E-16"},{"v":-1.1708,"d":"-1.171"},{"v":1.8611,"d":"1.861"},{"v":0.5293,"d":"0.529"}]
["FVC","SA_parsopercularis","rs72643433","A","G",0.252489,0.000148056194374593,421986,{"v":62.4865966546683,"d":"62.487"},{"v":-0.0198047,"d":"-0.020"},{"v":1.89404E-3,"d":"0.002"},{"v":1.39990962656834e-25,"d":"1.400E-25"},-2.635,{"v":1.5233,"d":"1.523"},{"v":0.08367,"d":"0.084"}]
["FVC","SA_parsopercularis","rs72656010","C","T",0.132118,0.00021908575780461,421986,{"v":92.4709434881494,"d":"92.471"},{"v":-0.0309087,"d":"-0.031"},{"v":0.00243307,"d":"0.002"},{"v":5.60015438761553e-37,"d":"5.600E-37"},{"v":0.8759,"d":"0.876"},{"v":1.9892,"d":"1.989"},{"v":0.6597,"d":"0.660"}]
["FVC","SA_parsopercularis","rs72665944","A","G",0.07632,6.84337196213313e-05,421986,{"v":28.8799111004268,"d":"28.880"},{"v":-0.0220313,"d":"-0.022"},{"v":0.00313425,"d":"0.003"},{"v":2.09990670376243E-12,"d":"2.100E-12"},{"v":2.9128,"d":"2.913"},2.742,{"v":0.2881,"d":"0.288"}]
["FVC","SA_parsopercularis","rs72673891","G","A",0.067566,0.000133496624932514,421986,{"v":56.3409611036748,"d":"56.341"},{"v":0.0325497,"d":"0.033"},{"v":0.00328044,"d":"0.003"},{"v":3.29989407910835e-23,"d":"3.300E-23"},{"v":2.7024,"d":"2.702"},{"v":2.7966,"d":"2.797"},{"v":0.3339,"d":"0.334"}]
["FVC","SA_parsopercularis","rs72904209","C","T",0.13427,5.22341047259158E-5,421986,{"v":22.0431078506648,"d":"22.043"},{"v":-0.0149893,"d":"-0.015"},{"v":0.00240925,"d":"0.002"},{"v":4.90004422793237e-10,"d":"4.900E-10"},{"v":2.5478,"d":"2.548"},{"v":1.9924,"d":"1.992"},0.201]
["FVC","SA_parsopercularis","rs72976986","A","G",0.190197,7.62541928442309e-05,421986,{"v":32.1805032114777,"d":"32.181"},{"v":0.0157335,"d":"0.016"},{"v":2.11371E-3,"d":"0.002"},{"v":9.79941161095592e-14,"d":"9.799E-14"},-0.486,{"v":1.8813,"d":"1.881"},{"v":0.7961,"d":"0.796"}]
["FVC","SA_parsopercularis","rs73125628","T","C",0.27862,4.67726131185683e-05,421986,{"v":19.7382175822406,"d":"19.738"},{"v":-0.0107868,"d":"-0.011"},{"v":0.00183637,"d":"0.002"},{"v":4.30001529151271e-09,"d":"4.300E-09"},-0.206,{"v":1.5189,"d":"1.519"},{"v":0.8921,"d":"0.892"}]
["FVC","SA_parsopercularis","rs735830","A","G",0.208865,8.73933030413467e-05,421986,{"v":36.88179881282,"d":"36.882"},{"v":-0.0162617,"d":"-0.016"},{"v":2.02148E-3,"d":"0.002"},{"v":8.69961433065269e-16,"d":"8.700E-16"},{"v":1.1475,"d":"1.148"},{"v":1.6685,"d":"1.669"},{"v":0.4916,"d":"0.492"}]
["FVC","SA_parsopercularis","rs7359156","G","A",0.209384,6.226472042639e-05,421986,{"v":26.276351874113,"d":"26.276"},{"v":-0.0137136,"d":"-0.014"},{"v":2.02651E-3,"d":"0.002"},{"v":1.2998702373886e-11,"d":"1.300E-11"},{"v":-0.7853,"d":"-0.785"},{"v":1.6563,"d":"1.656"},{"v":0.6354,"d":"0.635"}]
["FVC","SA_parsopercularis","rs73923824","A","C",0.187487,4.35755617595365E-5,421986,{"v":18.3889911641564,"d":"18.389"},{"v":0.0119593,"d":"0.012"},{"v":0.00213172,"d":"0.002"},{"v":2.0000000199681E-8,"d":"2.000E-08"},{"v":2.7827,"d":"2.783"},{"v":1.8321,"d":"1.832"},{"v":0.1288,"d":"0.129"}]
["FVC","SA_parsopercularis","rs74483355","T","C",0.112455,7.62296333510282e-05,421986,{"v":32.1701379178186,"d":"32.170"},{"v":-0.0195417,"d":"-0.020"},{"v":0.00260367,"d":"0.003"},{"v":6.09958095872238E-14,"d":"6.100E-14"},{"v":1.9083,"d":"1.908"},{"v":2.1556,"d":"2.156"},0.376]
["FVC","SA_parsopercularis","rs74767794","G","A",0.316352,5.88798117763144e-05,421986,{"v":24.8478015264932,"d":"24.848"},{"v":0.0116672,"d":"0.012"},{"v":1.77224E-3,"d":"0.002"},{"v":4.60044666393479e-11,"d":"4.600E-11"},{"v":0.2618,"d":"0.262"},{"v":1.4555,"d":"1.456"},{"v":0.8573,"d":"0.857"}]
["FVC","SA_parsopercularis","rs75201573","C","T",0.228688,9.06302057649333e-05,421986,{"v":38.2479631702818,"d":"38.248"},{"v":0.0160282,"d":"0.016"},{"v":0.00196373,"d":"0.002"},{"v":3.29989407910835e-16,"d":"3.300E-16"},{"v":2.3984,"d":"2.398"},{"v":1.6809,"d":"1.681"},{"v":0.1536,"d":"0.154"}]
["FVC","SA_parsopercularis","rs7562385","T","C",0.895666,8.01368217716201e-05,421986,{"v":33.8191667590144,"d":"33.819"},{"v":0.0207069,"d":"0.021"},{"v":0.00267966,"d":"0.003"},{"v":1.10001852750622E-14,"d":"1.100E-14"},{"v":-2.9943,"d":"-2.994"},{"v":2.1574,"d":"2.157"},{"v":0.1652,"d":"0.165"}]
["FVC","SA_parsopercularis","rs76219171","A","G",0.06075,4.25319300147614E-5,421986,{"v":17.9485573421338,"d":"17.949"},{"v":-0.0193054,"d":"-0.019"},{"v":0.00348454,"d":"0.003"},{"v":2.99999133271615e-08,"d":"3.000E-08"},{"v":-2.3936,"d":"-2.394"},{"v":2.9365,"d":"2.937"},0.415]
["FVC","SA_parsopercularis","rs7632","C","T",0.512981,5.4113204167767e-05,421986,{"v":22.83614208435,"d":"22.836"},{"v":-0.0104067,"d":"-0.010"},{"v":1.6401E-3,"d":"0.002"},{"v":2.19998641983517E-10,"d":"2.200E-10"},{"v":-2.2139,"d":"-2.214"},{"v":1.3415,"d":"1.342"},{"v":0.09889,"d":"0.099"}]
["FVC","SA_parsopercularis","rs7638143","A","G",0.582086,9.48743100324213e-05,421986,{"v":40.0392395399469,"d":"40.039"},{"v":-0.0139644,"d":"-0.014"},{"v":0.00166448,"d":"0.002"},{"v":4.90004422793237e-17,"d":"4.900E-17"},{"v":-0.4421,"d":"-0.442"},{"v":1.3511,"d":"1.351"},{"v":0.7435,"d":"0.744"}]
["FVC","SA_parsopercularis","rs76563195","G","C",0.242852,7.42387384341555e-05,421986,{"v":31.3298856905876,"d":"31.330"},{"v":-0.0142082,"d":"-0.014"},{"v":0.00192116,"d":"0.002"},{"v":1.39990962656834E-13,"d":"1.400E-13"},{"v":1.8352,"d":"1.835"},{"v":1.5996,"d":"1.600"},{"v":0.2513,"d":"0.251"}]
["FVC","SA_parsopercularis","rs76660472","C","G",0.078285,4.38444807224659e-05,421986,{"v":18.5024805848424,"d":"18.502"},{"v":-0.0174303,"d":"-0.017"},{"v":3.06179E-3,"d":"0.003"},{"v":1.19999655704812E-8,"d":"1.200E-08"},{"v":-0.7537,"d":"-0.754"},{"v":2.9407,"d":"2.941"},{"v":0.7977,"d":"0.798"}]
["FVC","SA_parsopercularis","rs76785101","T","C",0.059317,5.46511867782918e-05,421986,{"v":23.0631868319819,"d":"23.063"},{"v":-0.0221296,"d":"-0.022"},{"v":0.00349654,"d":"0.003"},{"v":2.49999995007974e-10,"d":"2.500E-10"},{"v":2.1462,"d":"2.146"},{"v":3.0803,"d":"3.080"},0.486]
["FVC","SA_parsopercularis","rs77328429","A","G",0.114012,7.18203724361584e-05,421986,{"v":30.3092248619177,"d":"30.309"},{"v":0.0188547,"d":"0.019"},{"v":2.57478E-3,"d":"0.003"},{"v":2.39993787680988E-13,"d":"2.400E-13"},{"v":0.3818,"d":"0.382"},{"v":2.1604,"d":"2.160"},{"v":0.8597,"d":"0.860"}]
["FVC","SA_parsopercularis","rs7815955","T","A",0.203201,0.000185082637412545,421986,{"v":78.1163696496151,"d":"78.116"},{"v":-0.0239073,"d":"-0.024"},{"v":0.00204165,"d":"0.002"},{"v":1.10001852750622E-31,"d":"1.100E-31"},{"v":-0.0322,"d":"-0.032"},1.663,{"v":0.9845,"d":"0.985"}]
["FVC","SA_parsopercularis","rs78378222","G","T",0.01219,8.67015760390024e-05,421986,{"v":36.5898502609271,"d":"36.590"},{"v":0.0600012,"d":"0.060"},{"v":0.00764883,"d":"0.008"},{"v":4.30031233630544e-15,"d":"4.300E-15"},{"v":9.6017,"d":"9.602"},{"v":6.1168,"d":"6.117"},{"v":0.1165,"d":"0.117"}]
["FVC","SA_parsopercularis","rs784808","C","T",0.556276,4.96315619241602e-05,421986,{"v":20.9447645483835,"d":"20.945"},{"v":0.0100268,"d":"0.010"},{"v":0.00165571,"d":"0.002"},{"v":1.40000633223953e-09,"d":"1.400E-09"},{"v":0.2142,"d":"0.214"},{"v":1.3369,"d":"1.337"},{"v":0.8727,"d":"0.873"}]
["FVC","SA_parsopercularis","rs7852321","C","T",0.282452,4.30265125876653e-05,421986,{"v":18.1572811322785,"d":"18.157"},{"v":0.0103028,"d":"0.010"},{"v":0.00182407,"d":"0.002"},{"v":1.60000006389793e-08,"d":"1.600E-08"},{"v":-0.0925,"d":"-0.093"},{"v":1.4857,"d":"1.486"},{"v":0.9503,"d":"0.950"}]
["FVC","SA_parsopercularis","rs7854962","G","C",0.212959,0.000107130376641358,421986,{"v":45.2121484511193,"d":"45.212"},{"v":-0.017877,"d":"-0.018"},{"v":0.00202336,"d":"0.002"},{"v":1e-18,"d":"1.000E-18"},{"v":0.2161,"d":"0.216"},1.679,{"v":0.8976,"d":"0.898"}]
["FVC","SA_parsopercularis","rs78579285","T","C",0.181123,6.4453529126848e-05,421986,{"v":27.2001111782219,"d":"27.200"},{"v":-0.0147405,"d":"-0.015"},{"v":2.13123E-3,"d":"0.002"},{"v":4.60044666393479e-12,"d":"4.600E-12"},{"v":-1.1807,"d":"-1.181"},{"v":1.8617,"d":"1.862"},{"v":0.5259,"d":"0.526"}]
["FVC","SA_parsopercularis","rs7907533","A","C",0.548538,4.83691782861995e-05,421986,{"v":20.412006641912,"d":"20.412"},{"v":0.00988224,"d":"0.010"},{"v":1.6501E-3,"d":"0.002"},{"v":2.10000341026661e-09,"d":"2.100E-09"},{"v":1.3521,"d":"1.352"},{"v":1.3377,"d":"1.338"},{"v":0.3121,"d":"0.312"}]
["FVC","SA_parsopercularis","rs7916879","A","G",0.369335,5.50397326342143e-05,421986,{"v":23.2271649528651,"d":"23.227"},{"v":-0.0108696,"d":"-0.011"},{"v":0.00170511,"d":"0.002"},{"v":1.79998961724559E-10,"d":"1.800E-10"},{"v":1.2597,"d":"1.260"},{"v":1.3889,"d":"1.389"},{"v":0.3644,"d":"0.364"}]
["FVC","SA_parsopercularis","rs7956181","C","T",0.096091,5.09982113445097e-05,421986,{"v":21.5215267753725,"d":"21.522"},{"v":0.017134,"d":"0.017"},{"v":0.00278289,"d":"0.003"},{"v":7.39997069733888e-10,"d":"7.400E-10"},{"v":1.4585,"d":"1.459"},{"v":2.2355,"d":"2.236"},{"v":0.5141,"d":"0.514"}]
["FVC","SA_parsopercularis","rs7968682","T","G",0.517742,3.03039861974058E-4,421986,{"v":127.916736985581,"d":"127.917"},{"v":-0.0246342,"d":"-0.025"},{"v":0.00164702,"d":"0.002"},{"v":1.39990962656833e-50,"d":"1.400E-50"},{"v":1.6916,"d":"1.692"},{"v":1.3417,"d":"1.342"},{"v":0.2074,"d":"0.207"}]
["FVC","SA_parsopercularis","rs7980065","G","T",0.43574,5.54419493567618e-05,421986,{"v":23.3969127278143,"d":"23.397"},{"v":-0.0106182,"d":"-0.011"},{"v":0.00165768,"d":"0.002"},{"v":1.49999565138204e-10,"d":"1.500E-10"},{"v":0.3018,"d":"0.302"},1.357,0.824]
["FVC","SA_parsopercularis","rs798551","T","A",0.288946,1.15599305409715E-4,421986,{"v":48.7866970023,"d":"48.787"},{"v":-0.0167727,"d":"-0.017"},{"v":1.82292E-3,"d":"0.002"},{"v":3.50025754158434e-20,"d":"3.500E-20"},{"v":0.3627,"d":"0.363"},{"v":1.5102,"d":"1.510"},{"v":0.8102,"d":"0.810"}]
["FVC","SA_parsopercularis","rs8001781","G","A",0.661562,{"$f":"2*F1157*(1-F1157)*J1157*J1157","v":6.29580521693592e-05},421986,{"$f":"G1157/(1-G1157)*(H1157-2)","v":{"v":26.5689634168198,"d":"26.569"}},{"v":-0.0118573,"d":"-0.012"},{"v":0.00173947,"d":"0.002"},{"v":9.30036514753962e-12,"d":"9.300E-12"},{"v":-1.8132,"d":"-1.813"},{"v":1.4067,"d":"1.407"},{"v":0.1974,"d":"0.197"}]
["FVC","SA_parsopercularis","rs8033776","G","A",0.4683,5.94227014072185e-05,421986,{"v":25.0769193689156,"d":"25.077"},{"v":0.0109236,"d":"0.011"},{"v":0.00164896,"d":"0.002"},{"v":3.50025754158434E-11,"d":"3.500E-11"},{"v":0.7004,"d":"0.700"},{"v":1.3497,"d":"1.350"},{"v":0.6038,"d":"0.604"}]
["FVC","SA_parsopercularis","rs803765","A","C",0.346274,8.21205506694664e-05,421986,{"v":34.6564044567223,"d":"34.656"},{"v":-0.013468,"d":"-0.013"},{"v":0.00172756,"d":"0.002"},{"v":6.40029512108372e-15,"d":"6.400E-15"},{"v":-0.6218,"d":"-0.622"},{"v":1.3941,"d":"1.394"},{"v":0.6556,"d":"0.656"}]
["FVC","SA_parsopercularis","rs8064926","G","A",0.208126,4.77122952933865e-05,421986,{"v":20.1347858939346,"d":"20.135"},{"v":-0.0120312,"d":"-0.012"},{"v":2.02461E-3,"d":"0.002"},{"v":2.80001269243454e-09,"d":"2.800E-09"},{"v":0.7236,"d":"0.724"},{"v":2.0605,"d":"2.061"},{"v":0.7254,"d":"0.725"}]
["FVC","SA_parsopercularis","rs8107719","C","T",0.664833,7.58586602607119e-05,421986,{"v":32.0135693979409,"d":"32.014"},{"v":-0.0130467,"d":"-0.013"},{"v":1.74248E-3,"d":"0.002"},{"v":7.00003159130898e-14,"d":"7.000E-14"},{"v":-0.0305,"d":"-0.031"},{"v":1.4446,"d":"1.445"},{"v":0.9832,"d":"0.983"}]
["FVC","SA_parsopercularis","rs848606","T","G",0.32697,8.21126628425655e-05,421986,{"v":34.6530753732518,"d":"34.653"},{"v":-0.013659,"d":"-0.014"},{"v":1.75059E-3,"d":"0.002"},{"v":6.09958095872238E-15,"d":"6.100E-15"},{"v":-0.0523,"d":"-0.052"},{"v":1.4204,"d":"1.420"},{"v":0.9706,"d":"0.971"}]
["FVC","SA_parsopercularis","rs876531","T","C",0.455993,0.00016778615350299,421986,{"v":70.8149539685426,"d":"70.815"},{"v":-0.01839,"d":"-0.018"},{"v":1.65098E-3,"d":"0.002"},{"v":8.10027941680351e-29,"d":"8.100E-29"},{"v":-1.1104,"d":"-1.110"},1.393,{"v":0.4253,"d":"0.425"}]
["FVC","SA_parsopercularis","rs879098","G","A",0.39884,4.84147877011915e-05,421986,{"v":20.4312549481704,"d":"20.431"},{"v":-0.010048,"d":"-0.010"},{"v":0.00167973,"d":"0.002"},{"v":2.19998641983517e-09,"d":"2.200E-09"},{"v":-1.5956,"d":"-1.596"},{"v":1.4049,"d":"1.405"},{"v":0.2561,"d":"0.256"}]
["FVC","SA_parsopercularis","rs880610","A","G",0.166836,6.48118450622442e-05,421986,{"v":27.3513343171881,"d":"27.351"},{"v":-0.0152687,"d":"-0.015"},{"v":0.00220268,"d":"0.002"},{"v":4.19952334664066e-12,"d":"4.200E-12"},{"v":-2.6627,"d":"-2.663"},{"v":1.8435,"d":"1.844"},{"v":0.1486,"d":"0.149"}]
["FVC","SA_parsopercularis","rs889312","A","C",0.715882,4.72154158687289E-5,421986,{"v":19.9250908213991,"d":"19.925"},{"v":0.0107735,"d":"0.011"},{"v":1.82098E-3,"d":"0.002"},{"v":3.29997006285228E-9,"d":"3.300E-09"},{"v":-0.7579,"d":"-0.758"},{"v":1.4729,"d":"1.473"},{"v":0.6069,"d":"0.607"}]
["FVC","SA_parsopercularis","rs9379084","A","G",0.115664,0.000129470287613295,421986,{"v":54.6414642943066,"d":"54.641"},{"v":-0.0251572,"d":"-0.025"},{"v":0.00264155,"d":"0.003"},{"v":1.69980851320349e-21,"d":"1.700E-21"},{"v":2.2307,"d":"2.231"},{"v":2.3199,"d":"2.320"},{"v":0.3363,"d":"0.336"}]
["FVC","SA_parsopercularis","rs9391253","T","A",0.32,6.0449439875072e-05,421986,{"v":25.5102385158717,"d":"25.510"},{"v":0.0117856,"d":"0.012"},{"v":1.75829E-3,"d":"0.002"},{"v":1.99986186963274e-11,"d":"2.000E-11"},{"v":0.5349,"d":"0.535"},{"v":1.4475,"d":"1.448"},{"v":0.7117,"d":"0.712"}]
["FVC","SA_parsopercularis","rs9442580","T","C",0.12853,4.44591308513243e-05,421986,{"v":18.7618760098657,"d":"18.762"},{"v":0.0140876,"d":"0.014"},{"v":2.44925E-3,"d":"0.002"},{"v":8.79994585505891e-09,"d":"8.800E-09"},{"v":0.3367,"d":"0.337"},{"v":2.0568,"d":"2.057"},{"v":0.87,"d":"0.870"}]
["FVC","SA_parsopercularis","rs9480936","T","G",0.408304,1.03662454297679E-4,421986,{"v":43.7484321842036,"d":"43.748"},{"v":-0.0146472,"d":"-0.015"},{"v":0.00167142,"d":"0.002"},{"v":1.90020300257723e-18,"d":"1.900E-18"},{"v":-2.1217,"d":"-2.122"},{"v":1.3609,"d":"1.361"},0.119]
["FVC","SA_parsopercularis","rs9483032","A","G",0.719323,7.07554001577734e-05,421986,{"v":29.8597595194113,"d":"29.860"},{"v":0.0132373,"d":"0.013"},{"v":0.00182813,"d":"0.002"},{"v":4.49987033872151e-13,"d":"4.500E-13"},0.373,1.486,{"v":0.8018,"d":"0.802"}]
["FVC","SA_parsopercularis","rs9701805","C","G",0.089685,5.95486339721067e-05,421986,{"v":25.13006721926,"d":"25.130"},{"v":0.019097,"d":"0.019"},{"v":0.00286501,"d":"0.003"},{"v":2.60015956316527E-11,"d":"2.600E-11"},{"v":1.8473,"d":"1.847"},{"v":2.2931,"d":"2.293"},{"v":0.4205,"d":"0.421"}]
["FVC","SA_parsopercularis","rs9745989","C","T",0.62791,5.40942994332712e-05,421986,{"v":22.8281637255736,"d":"22.828"},{"v":0.0107594,"d":"0.011"},{"v":0.00174129,"d":"0.002"},{"v":6.49994976198144e-10,"d":"6.500E-10"},{"v":2.2524,"d":"2.252"},{"v":1.5251,"d":"1.525"},{"v":0.1397,"d":"0.140"}]
["FVC","SA_parsopercularis","rs9821691","T","G",0.428996,7.88619757754557e-05,421986,{"v":33.281116600241,"d":"33.281"},{"v":-0.0126874,"d":"-0.013"},{"v":0.00167142,"d":"0.002"},{"v":3.19963176731835E-14,"d":"3.200E-14"},{"v":1.3314,"d":"1.331"},{"v":1.3733,"d":"1.373"},{"v":0.3323,"d":"0.332"}]
["FVC","SA_parsopercularis","rs985296","A","G",0.385446,5.76959713698934e-05,421986,{"v":24.3481815745401,"d":"24.348"},{"v":-0.0110356,"d":"-0.011"},{"v":0.00168371,"d":"0.002"},{"v":5.60015438761557e-11,"d":"5.600E-11"},{"v":1.2461,"d":"1.246"},1.372,{"v":0.3637,"d":"0.364"}]
["FVC","SA_parsopercularis","rs9886260","A","G",0.722783,8.92230221998129e-05,421986,{"v":37.6540474078736,"d":"37.654"},{"v":-0.0149214,"d":"-0.015"},{"v":0.00183802,"d":"0.002"},{"v":4.70002318179801e-16,"d":"4.700E-16"},{"v":-1.3039,"d":"-1.304"},1.505,{"v":0.3863,"d":"0.386"}]
["FVC","SA_parsopercularis","rs9988963","G","C",0.737251,7.08865325024603e-05,421986,{"v":29.9151031094471,"d":"29.915"},{"v":0.0135266,"d":"0.014"},{"v":1.86634E-3,"d":"0.002"},{"v":4.19952334664066e-13,"d":"4.200E-13"},{"v":2.3247,"d":"2.325"},{"v":1.5126,"d":"1.513"},{"v":0.1243,"d":"0.124"}]
["FVC","SA_insula","rs10141786","G","A",0.596493,8.86185198408396e-05,421986,{"v":37.3989117127165,"d":"37.399"},{"v":-0.0135681,"d":"-0.014"},{"v":0.00168175,"d":"0.002"},{"v":7.1994612744084e-16,"d":"7.199E-16"},{"v":1.8381,"d":"1.838"},{"v":1.4472,"d":"1.447"},0.204]
["FVC","SA_insula","rs10202701","T","C",0.541923,6.667921776679e-05,421986,{"v":28.1394393459051,"d":"28.139"},{"v":0.0115889,"d":"0.012"},{"v":1.65011E-3,"d":"0.002"},{"v":2.19988510904925e-12,"d":"2.200E-12"},-0.907,{"v":1.3299,"d":"1.330"},{"v":0.4953,"d":"0.495"}]
["FVC","SA_insula","rs1044299","T","C",0.545769,4.25547800829423E-5,421986,{"v":17.9582005257944,"d":"17.958"},{"v":0.00926438,"d":"0.009"},{"v":0.00165027,"d":"0.002"},{"v":2.0000000199681E-8,"d":"2.000E-08"},{"v":-0.1742,"d":"-0.174"},{"v":1.3091,"d":"1.309"},{"v":0.8941,"d":"0.894"}]
["FVC","SA_insula","rs1054661","C","T",0.342598,4.654458375562e-05,421986,{"v":19.6419838594944,"d":"19.642"},{"v":0.0101651,"d":"0.010"},{"v":0.00172786,"d":"0.002"},{"v":4.00000007987242e-09,"d":"4.000E-09"},{"v":-0.8881,"d":"-0.888"},{"v":1.3625,"d":"1.363"},{"v":0.5145,"d":"0.515"}]
["FVC","SA_insula","rs10761495","C","A",0.597215,6.67352001399011e-05,421986,{"v":28.163066163693,"d":"28.163"},{"v":0.0117777,"d":"0.012"},{"v":0.00167988,"d":"0.002"},{"v":2.39993787680988E-12,"d":"2.400E-12"},{"v":2.0594,"d":"2.059"},{"v":1.3032,"d":"1.303"},0.114]
["FVC","SA_insula","rs10769125","A","G",0.759887,4.32262746894772e-05,421986,{"v":18.2415848143203,"d":"18.242"},{"v":-0.0108837,"d":"-0.011"},{"v":0.00191996,"d":"0.002"},{"v":1.40000633223953E-8,"d":"1.400E-08"},{"v":1.6538,"d":"1.654"},{"v":1.4882,"d":"1.488"},{"v":0.2665,"d":"0.267"}]
["FVC","SA_insula","rs10789246","C","T",0.301089,6.41161014124232e-05,421986,{"v":27.0577037728991,"d":"27.058"},{"v":-0.0123427,"d":"-0.012"},{"v":1.78506E-3,"d":"0.002"},{"v":4.70002318179801e-12,"d":"4.700E-12"},-1.484,{"v":1.4046,"d":"1.405"},{"v":0.2907,"d":"0.291"}]
["FVC","SA_insula","rs10797116","C","T",0.542079,7.33138132091918e-05,421986,{"v":30.9395244477837,"d":"30.940"},{"v":-0.0121521,"d":"-0.012"},{"v":0.00165228,"d":"0.002"},{"v":1.90020300257723e-13,"d":"1.900E-13"},{"v":1.1624,"d":"1.162"},{"v":1.2988,"d":"1.299"},{"v":0.3708,"d":"0.371"}]
["FVC","SA_insula","rs10874340","T","G",0.493361,5.30984854106691e-05,421986,{"v":22.4079010931451,"d":"22.408"},{"v":0.0103061,"d":"0.010"},{"v":0.00163772,"d":"0.002"},{"v":3.09998790941119e-10,"d":"3.100E-10"},{"v":-1.4365,"d":"-1.437"},{"v":1.2895,"d":"1.290"},{"v":0.2653,"d":"0.265"}]
["FVC","SA_insula","rs10878321","G","T",0.13768,5.09513414592439e-05,421986,{"v":21.5017464171613,"d":"21.502"},{"v":0.0146485,"d":"0.015"},{"v":2.38528E-3,"d":"0.002"},{"v":8.19992726270379e-10,"d":"8.200E-10"},{"v":0.3815,"d":"0.382"},{"v":1.8837,"d":"1.884"},{"v":0.8395,"d":"0.840"}]
["FVC","SA_insula","rs10892061","T","C",0.655603,4.74621582036346e-05,421986,{"v":20.0292219975057,"d":"20.029"},{"v":0.010252,"d":"0.010"},{"v":1.72686E-3,"d":"0.002"},{"v":2.90001336905407e-09,"d":"2.900E-09"},{"v":0.7447,"d":"0.745"},{"v":1.3539,"d":"1.354"},{"v":0.5823,"d":"0.582"}]
["FVC","SA_insula","rs10916137","A","G",0.170792,7.3699990478116e-05,421986,{"v":31.1025090365371,"d":"31.103"},{"v":-0.0161307,"d":"-0.016"},{"v":0.00218459,"d":"0.002"},{"v":1.50003019045595e-13,"d":"1.500E-13"},{"v":2.2854,"d":"2.285"},{"v":1.7364,"d":"1.736"},{"v":0.1881,"d":"0.188"}]
["FVC","SA_insula","rs11000765","C","G",0.720336,5.08693352915136e-05,421986,{"v":21.4671376026745,"d":"21.467"},{"v":-0.0112364,"d":"-0.011"},{"v":0.00182542,"d":"0.002"},{"v":7.49997818203001e-10,"d":"7.500E-10"},{"v":-0.0913,"d":"-0.091"},{"v":1.4431,"d":"1.443"},{"v":0.9496,"d":"0.950"}]
["FVC","SA_insula","rs11079810","T","C",0.103307,6.24999942060563e-05,421986,{"v":26.3756460327727,"d":"26.376"},{"v":0.018367,"d":"0.018"},{"v":0.00271137,"d":"0.003"},{"v":1.2998702373886e-11,"d":"1.300E-11"},{"v":-0.0091,"d":"-0.009"},{"v":2.0532,"d":"2.053"},{"v":0.9964,"d":"0.996"}]
["FVC","SA_insula","rs11107119","A","T",0.219982,1.88046487908797E-4,421986,{"v":79.367533939717,"d":"79.368"},{"v":0.0234084,"d":"0.023"},{"v":0.00198228,"d":"0.002"},{"v":3.50025754158434e-32,"d":"3.500E-32"},{"v":1.4732,"d":"1.473"},{"v":1.5524,"d":"1.552"},{"v":0.3426,"d":"0.343"}]
["FVC","SA_insula","rs11122148","A","C",0.157016,4.03842056899531e-05,421986,{"v":17.042176888646,"d":"17.042"},{"v":0.0123512,"d":"0.012"},{"v":0.0022522,"d":"0.002"},{"v":4.20000686246631e-08,"d":"4.200E-08"},{"v":-2.2237,"d":"-2.224"},{"v":1.7785,"d":"1.779"},{"v":0.2112,"d":"0.211"}]
["FVC","SA_insula","rs111365325","T","C",0.231244,1.22614225271077E-4,421986,{"v":51.7475862269852,"d":"51.748"},{"v":-0.0185706,"d":"-0.019"},{"v":0.00194997,"d":"0.002"},{"v":1.69980851320349e-21,"d":"1.700E-21"},{"v":0.7459,"d":"0.746"},{"v":1.5572,"d":"1.557"},{"v":0.6319,"d":"0.632"}]
["FVC","SA_insula","rs11164653","C","T",0.59054,6.29430655760463e-05,421986,{"v":26.5626385179404,"d":"26.563"},{"v":-0.0114085,"d":"-0.011"},{"v":1.67402E-3,"d":"0.002"},{"v":9.39939714766782e-12,"d":"9.399E-12"},{"v":-1.5589,"d":"-1.559"},{"v":1.3163,"d":"1.316"},{"v":0.2363,"d":"0.236"}]
["FVC","SA_insula","rs11259936","C","A",0.52286,1.49406438029921E-4,421986,{"v":63.0565473997598,"d":"63.057"},{"v":0.0173043,"d":"0.017"},{"v":0.00164414,"d":"0.002"},{"v":6.59933234263567e-26,"d":"6.599E-26"},{"v":0.0435,"d":"0.044"},{"v":1.2931,"d":"1.293"},{"v":0.9732,"d":"0.973"}]
["FVC","SA_insula","rs11545700","A","C",0.124616,4.56605730783884e-05,421986,{"v":19.268911099434,"d":"19.269"},{"v":-0.0144667,"d":"-0.014"},{"v":0.00249861,"d":"0.002"},{"v":7.00003159130898e-09,"d":"7.000E-09"},{"v":0.1243,"d":"0.124"},{"v":1.9983,"d":"1.998"},{"v":0.9504,"d":"0.950"}]
["FVC","SA_insula","rs11575234","G","C",0.067886,4.80485257189383e-05,421986,{"v":20.2766833417215,"d":"20.277"},{"v":0.019485,"d":"0.019"},{"v":0.00325807,"d":"0.003"},{"v":2.19998641983517e-09,"d":"2.200E-09"},{"v":0.6901,"d":"0.690"},{"v":2.5754,"d":"2.575"},{"v":0.7887,"d":"0.789"}]
["FVC","SA_insula","rs11588312","T","C",0.071357,8.80233985085485e-05,421986,{"v":37.1477356661716,"d":"37.148"},{"v":-0.0257716,"d":"-0.026"},{"v":0.00318955,"d":"0.003"},{"v":6.49980009683026e-16,"d":"6.500E-16"},{"v":-0.3083,"d":"-0.308"},2.655,{"v":0.9075,"d":"0.908"}]
["FVC","SA_insula","rs11621587","C","G",0.183978,0.000135729204028457,421986,{"v":57.2833274531838,"d":"57.283"},{"v":0.0212612,"d":"0.021"},{"v":2.11823E-3,"d":"0.002"},{"v":1e-23,"d":"1.000E-23"},{"v":2.4923,"d":"2.492"},{"v":1.6891,"d":"1.689"},{"v":0.1401,"d":"0.140"}]
["FVC","SA_insula","rs11632611","A","G",0.658418,5.89296892647042e-05,421986,{"v":24.8688515083687,"d":"24.869"},{"v":-0.011446,"d":"-0.011"},{"v":1.75909E-3,"d":"0.002"},{"v":7.70016444356872e-11,"d":"7.700E-11"},{"v":-2.0458,"d":"-2.046"},{"v":1.4152,"d":"1.415"},{"v":0.1483,"d":"0.148"}]
["FVC","SA_insula","rs11637681","G","A",0.276249,5.27147653220468e-05,421986,{"v":22.245960220231,"d":"22.246"},{"v":-0.0114817,"d":"-0.011"},{"v":1.85184E-3,"d":"0.002"},{"v":5.60002544078e-10,"d":"5.600E-10"},{"v":0.5052,"d":"0.505"},{"v":1.4587,"d":"1.459"},{"v":0.7291,"d":"0.729"}]
["FVC","SA_insula","rs11645649","G","C",0.593954,5.52835973782282e-05,421986,{"v":23.3300833269877,"d":"23.330"},{"v":0.0107058,"d":"0.011"},{"v":0.00170463,"d":"0.002"},{"v":3.4000084782586e-10,"d":"3.400E-10"},{"v":-1.9574,"d":"-1.957"},1.357,{"v":0.1492,"d":"0.149"}]
["FVC","SA_insula","rs11664552","C","T",0.300477,4.51297930963036e-05,421986,{"v":19.044910102803,"d":"19.045"},{"v":0.0103612,"d":"0.010"},{"v":0.00180111,"d":"0.002"},{"v":8.79994585505891e-09,"d":"8.800E-09"},{"v":-0.3288,"d":"-0.329"},{"v":1.4117,"d":"1.412"},{"v":0.8158,"d":"0.816"}]
["FVC","SA_insula","rs11668582","T","C",0.390878,9.08082126210536e-05,421986,{"v":38.3230928462461,"d":"38.323"},{"v":0.0138094,"d":"0.014"},{"v":1.68764E-3,"d":"0.002"},{"v":2.80027059501064e-16,"d":"2.800E-16"},{"v":-0.6747,"d":"-0.675"},{"v":1.3365,"d":"1.337"},{"v":0.6137,"d":"0.614"}]
["FVC","SA_insula","rs11698277","T","C",0.319648,0.000111513337937303,421986,{"v":47.0620924471538,"d":"47.062"},{"v":0.016012,"d":"0.016"},{"v":1.76946E-3,"d":"0.002"},{"v":1.39990962656834e-19,"d":"1.400E-19"},{"v":-0.4784,"d":"-0.478"},{"v":1.3911,"d":"1.391"},{"v":0.7309,"d":"0.731"}]
["FVC","SA_insula","rs117372259","G","A",0.031174,6.13702367797437e-05,421986,{"v":25.8988474156616,"d":"25.899"},{"v":0.0318746,"d":"0.032"},{"v":0.00495553,"d":"0.005"},{"v":1.29998996537545e-10,"d":"1.300E-10"},{"v":2.0639,"d":"2.064"},{"v":4.4822,"d":"4.482"},{"v":0.6452,"d":"0.645"}]
["FVC","SA_insula","rs11877758","G","T",0.3121,4.9796615660552e-05,421986,{"v":21.0144215099736,"d":"21.014"},{"v":-0.010769,"d":"-0.011"},{"v":1.78155E-3,"d":"0.002"},{"v":1.49999565138204E-9,"d":"1.500E-09"},{"v":6.3E-3,"d":"0.006"},{"v":1.4099,"d":"1.410"},{"v":0.9964,"d":"0.996"}]
["FVC","SA_insula","rs11909473","G","A",0.28953,4.77971585455201E-5,421986,{"v":20.1706002490508,"d":"20.171"},{"v":0.0107787,"d":"0.011"},{"v":0.00182218,"d":"0.002"},{"v":3.29997006285228E-9,"d":"3.300E-09"},{"v":-0.0263,"d":"-0.026"},{"v":1.4192,"d":"1.419"},{"v":0.9852,"d":"0.985"}]
["FVC","SA_insula","rs11938781","C","T",0.165403,0.000370364352622504,421986,{"v":156.345735864303,"d":"156.346"},{"v":-0.036626,"d":"-0.037"},{"v":0.00221596,"d":"0.002"},{"v":2.2998525866862e-61,"d":"2.300E-61"},{"v":-1.0449,"d":"-1.045"},{"v":1.7786,"d":"1.779"},{"v":0.5569,"d":"0.557"}]
["FVC","SA_insula","rs11967850","T","C",0.203699,4.47463713455221e-05,421986,{"v":18.8830977159713,"d":"18.883"},{"v":-0.0117444,"d":"-0.012"},{"v":2.03397E-3,"d":"0.002"},{"v":7.69998714277137e-09,"d":"7.700E-09"},{"v":-1.5697,"d":"-1.570"},{"v":1.6251,"d":"1.625"},{"v":0.3341,"d":"0.334"}]
["FVC","SA_insula","rs12052537","A","C",0.20591,6.95372170194517e-05,421986,{"v":29.3456336004286,"d":"29.346"},{"v":-0.0145821,"d":"-0.015"},{"v":0.00203664,"d":"0.002"},{"v":8.10027941680351e-13,"d":"8.100E-13"},{"v":0.5995,"d":"0.600"},{"v":1.6138,"d":"1.614"},{"v":0.7103,"d":"0.710"}]
["FVC","SA_insula","rs12054747","T","C",0.216455,4.283369225594e-05,421986,{"v":18.0759070507704,"d":"18.076"},{"v":0.0112373,"d":"0.011"},{"v":0.0019943,"d":"0.002"},{"v":1.79998961724559E-8,"d":"1.800E-08"},{"v":1.4186,"d":"1.419"},{"v":1.5543,"d":"1.554"},{"v":0.3614,"d":"0.361"}]
["FVC","SA_insula","rs12139563","G","A",0.5652,1.07701353835577E-4,421986,{"v":45.4531434620392,"d":"45.453"},{"v":-0.014803,"d":"-0.015"},{"v":0.00165293,"d":"0.002"},{"v":3.40016505804072e-19,"d":"3.400E-19"},{"v":1.4827,"d":"1.483"},{"v":1.3097,"d":"1.310"},{"v":0.2576,"d":"0.258"}]
["FVC","SA_insula","rs12152266","T","C",0.27447,8.20852836022235e-05,421986,{"v":34.641519874584,"d":"34.642"},{"v":0.0143563,"d":"0.014"},{"v":0.00183934,"d":"0.002"},{"v":5.90065196995665e-15,"d":"5.901E-15"},{"v":0.5964,"d":"0.596"},{"v":1.4891,"d":"1.489"},{"v":0.6888,"d":"0.689"}]
["FVC","SA_insula","rs12323020","C","T",0.113463,4.17835680209609e-05,421986,{"v":17.6327339262945,"d":"17.633"},{"v":-0.0144116,"d":"-0.014"},{"v":0.00260325,"d":"0.003"},{"v":3.09998790941119e-08,"d":"3.100E-08"},-2.309,{"v":2.0197,"d":"2.020"},{"v":0.2529,"d":"0.253"}]
["FVC","SA_insula","rs12348523","A","G",0.156387,5.79984037310275e-05,421986,{"v":24.4758179584055,"d":"24.476"},{"v":0.0148259,"d":"0.015"},{"v":0.00226513,"d":"0.002"},{"v":5.90065196995665e-11,"d":"5.901E-11"},-0.304,{"v":1.7531,"d":"1.753"},{"v":0.8623,"d":"0.862"}]
["FVC","SA_insula","rs12385976","C","T",0.043977,9.10255374943288e-05,421986,{"v":38.4148171433851,"d":"38.415"},{"v":-0.0329018,"d":"-0.033"},{"v":0.0040288,"d":"0.004"},{"v":3.19963176731835E-16,"d":"3.200E-16"},{"v":-4.7198,"d":"-4.720"},{"v":3.2659,"d":"3.266"},{"v":0.1484,"d":"0.148"}]
["FVC","SA_insula","rs12402966","A","G",0.213339,0.000137055305474563,421986,{"v":57.843073725517,"d":"57.843"},{"v":0.0202071,"d":"0.020"},{"v":0.00199879,"d":"0.002"},{"v":5.0003453497698e-24,"d":"5.000E-24"},{"v":-0.5361,"d":"-0.536"},{"v":1.5689,"d":"1.569"},{"v":0.7326,"d":"0.733"}]
["FVC","SA_insula","rs12407259","C","G",0.091572,4.21603162442696e-05,421986,{"v":17.7917289949428,"d":"17.792"},{"v":0.0159188,"d":"0.016"},{"v":0.0028656,"d":"0.003"},{"v":2.80001269243454e-08,"d":"2.800E-08"},{"v":3.8507,"d":"3.851"},{"v":2.3836,"d":"2.384"},{"v":0.1062,"d":"0.106"}]
["FVC","SA_insula","rs12430764","A","G",0.512974,{"$f":"2*F1221*(1-F1221)*J1221*J1221","v":5.09030563916136e-05},421986,{"$f":"G1221/(1-G1221)*(H1221-2)","v":{"v":21.4813688156869,"d":"21.481"}},{"v":-0.0100933,"d":"-0.010"},{"v":1.64288E-3,"d":"0.002"},{"v":8.1000929031245e-10,"d":"8.100E-10"},1.734,{"v":1.2964,"d":"1.296"},0.181]
["FVC","SA_insula","rs12452590","G","T",0.361692,5.67385740328396e-05,421986,{"v":23.9441289804086,"d":"23.944"},{"v":0.0110851,"d":"0.011"},{"v":0.00172892,"d":"0.002"},{"v":1.40000633223953E-10,"d":"1.400E-10"},{"v":-0.0513,"d":"-0.051"},1.489,{"v":0.9725,"d":"0.973"}]
["FVC","SA_insula","rs12486605","C","T",0.428162,4.06299989199258e-05,421986,{"v":17.1459061023724,"d":"17.146"},{"v":0.00910894,"d":"0.009"},{"v":0.00165849,"d":"0.002"},{"v":4.00000007987242e-08,"d":"4.000E-08"},{"v":-0.2961,"d":"-0.296"},{"v":1.3252,"d":"1.325"},{"v":0.8232,"d":"0.823"}]
["FVC","SA_insula","rs1250535","G","C",0.675489,6.09889978971453E-5,421986,{"v":25.7379510204696,"d":"25.738"},{"v":-0.0117947,"d":"-0.012"},{"v":1.76235E-3,"d":"0.002"},{"v":2.19988510904925E-11,"d":"2.200E-11"},{"v":-1.3752,"d":"-1.375"},{"v":1.4033,"d":"1.403"},{"v":0.3271,"d":"0.327"}]
["FVC","SA_insula","rs12570809","G","T",0.504251,5.98407562028501e-05,421986,{"v":25.2533528452344,"d":"25.253"},{"v":0.0109403,"d":"0.011"},{"v":0.00164206,"d":"0.002"},{"v":2.70022528688824e-11,"d":"2.700E-11"},{"v":2.4063,"d":"2.406"},{"v":1.3216,"d":"1.322"},{"v":0.06865,"d":"0.069"}]
["FVC","SA_insula","rs12571363","A","C",0.10664,1.68684862009559E-4,421986,{"v":71.1943222146604,"d":"71.194"},{"v":-0.0297543,"d":"-0.030"},{"v":0.00266251,"d":"0.003"},{"v":5.40007759066591e-29,"d":"5.400E-29"},{"v":-1.1085,"d":"-1.109"},{"v":2.1536,"d":"2.154"},{"v":0.6067,"d":"0.607"}]
["FVC","SA_insula","rs12614240","T","C",0.433883,1.1997265878628E-4,421986,{"v":50.6326169749496,"d":"50.633"},{"v":-0.0156274,"d":"-0.016"},{"v":1.65606E-3,"d":"0.002"},{"v":3.90031784475066e-21,"d":"3.900E-21"},{"v":-1.6415,"d":"-1.642"},{"v":1.3495,"d":"1.350"},{"v":0.2238,"d":"0.224"}]
["FVC","SA_insula","rs12641030","G","A",0.467529,6.07860664558444e-05,421986,{"v":25.6523067701271,"d":"25.652"},{"v":-0.0110493,"d":"-0.011"},{"v":0.00164454,"d":"0.002"},{"v":1.80011396041801E-11,"d":"1.800E-11"},{"v":-1.0399,"d":"-1.040"},1.288,{"v":0.4195,"d":"0.420"}]
["FVC","SA_insula","rs12713685","C","T",0.374424,5.70120309880289e-05,421986,{"v":24.0595365674967,"d":"24.060"},{"v":-0.0110318,"d":"-0.011"},{"v":1.69411E-3,"d":"0.002"},{"v":7.39945954312723e-11,"d":"7.399E-11"},{"v":0.3465,"d":"0.347"},{"v":1.3517,"d":"1.352"},{"v":0.7977,"d":"0.798"}]
["FVC","SA_insula","rs12985660","C","T",0.475562,5.31507614325355e-05,421986,{"v":22.4299630819638,"d":"22.430"},{"v":-0.0103226,"d":"-0.010"},{"v":1.65161E-3,"d":"0.002"},{"v":4.09996359041765e-10,"d":"4.100E-10"},{"v":-2.4862,"d":"-2.486"},{"v":1.3935,"d":"1.394"},{"v":0.0744,"d":"0.074"}]
["FVC","SA_insula","rs1299113","A","G",0.5241,5.22273392258403e-05,421986,{"v":22.0402526196272,"d":"22.040"},{"v":0.0102322,"d":"0.010"},{"v":1.65011E-3,"d":"0.002"},{"v":5.60002544078e-10,"d":"5.600E-10"},{"v":-1.2398,"d":"-1.240"},{"v":1.3027,"d":"1.303"},{"v":0.3413,"d":"0.341"}]
["FVC","SA_insula","rs13023718","G","A",0.66664,4.48587468856789e-05,421986,{"v":18.9305226453301,"d":"18.931"},{"v":0.0100463,"d":"0.010"},{"v":0.00174447,"d":"0.002"},{"v":8.50002102591718E-9,"d":"8.500E-09"},{"v":-1.5509,"d":"-1.551"},{"v":1.3664,"d":"1.366"},{"v":0.2563,"d":"0.256"}]
["FVC","SA_insula","rs13108218","G","A",0.614862,0.000104055954635523,421986,{"v":43.9145175279602,"d":"43.915"},{"v":0.0148225,"d":"0.015"},{"v":0.00169865,"d":"0.002"},{"v":2.60015956316527e-18,"d":"2.600E-18"},{"v":-0.4666,"d":"-0.467"},{"v":1.3702,"d":"1.370"},{"v":0.7335,"d":"0.734"}]
["FVC","SA_insula","rs13112742","A","G",0.170661,4.55143743919462e-05,421986,{"v":19.2072119676475,"d":"19.207"},{"v":-0.0126802,"d":"-0.013"},{"v":0.00218292,"d":"0.002"},{"v":6.29999202947421e-09,"d":"6.300E-09"},{"v":-2.3739,"d":"-2.374"},{"v":1.7483,"d":"1.748"},{"v":0.1745,"d":"0.175"}]
["FVC","SA_insula","rs13156484","A","G",0.472145,0.000100558062438285,421986,{"v":42.4381609191928,"d":"42.438"},{"v":-0.0142036,"d":"-0.014"},{"v":1.66004E-3,"d":"0.002"},{"v":1.20005182020427E-17,"d":"1.200E-17"},{"v":-0.5794,"d":"-0.579"},{"v":1.3093,"d":"1.309"},{"v":0.6581,"d":"0.658"}]
["FVC","SA_insula","rs13229167","A","G",0.271146,1.66795588032502E-4,421986,{"v":70.3968112978432,"d":"70.397"},{"v":-0.0205426,"d":"-0.021"},{"v":1.85147E-3,"d":"0.002"},{"v":1.29987023738861E-28,"d":"1.300E-28"},2.252,{"v":1.4702,"d":"1.470"},{"v":0.1256,"d":"0.126"}]
["FVC","SA_insula","rs13284734","C","T",0.020117,4.96826287641103E-5,421986,{"v":20.9663160780926,"d":"20.966"},{"v":-0.0354992,"d":"-0.035"},{"v":0.00598441,"d":"0.006"},{"v":2.99999133271614e-09,"d":"3.000E-09"},-1.736,{"v":5.5197,"d":"5.520"},{"v":0.7531,"d":"0.753"}]
["FVC","SA_insula","rs1344555","T","C",0.20277,0.000109686743099046,421986,{"v":46.2911281229861,"d":"46.291"},{"v":-0.0184191,"d":"-0.018"},{"v":0.00203961,"d":"0.002"},{"v":1.69980851320349e-19,"d":"1.700E-19"},{"v":-2.7653,"d":"-2.765"},{"v":1.6401,"d":"1.640"},{"v":0.09179,"d":"0.092"}]
["FVC","SA_insula","rs145183935","C","T",0.07345,5.24247710152638e-05,421986,{"v":22.1235743954268,"d":"22.124"},{"v":-0.0196256,"d":"-0.020"},{"v":3.1714E-3,"d":"0.003"},{"v":6.10000231740111e-10,"d":"6.100E-10"},{"v":1.0229,"d":"1.023"},{"v":2.8932,"d":"2.893"},{"v":0.7237,"d":"0.724"}]
["FVC","SA_insula","rs145583731","A","G",0.066524,4.48162824858249e-05,421986,{"v":18.9126017410005,"d":"18.913"},{"v":0.018996,"d":"0.019"},{"v":0.00329456,"d":"0.003"},{"v":8.1000929031245e-09,"d":"8.100E-09"},{"v":0.0454,"d":"0.045"},{"v":2.7186,"d":"2.719"},{"v":0.9867,"d":"0.987"}]
["FVC","SA_insula","rs147110934","T","G",0.024261,9.94763606436121e-05,421986,{"v":41.9816087474862,"d":"41.982"},{"v":-0.0458378,"d":"-0.046"},{"v":0.00533939,"d":"0.005"},{"v":9.09913272632251e-18,"d":"9.099E-18"},{"v":-6.0782,"d":"-6.078"},{"v":4.4943,"d":"4.494"},{"v":0.1762,"d":"0.176"}]
["FVC","SA_insula","rs1474419","C","T",0.577669,4.28613161465634e-05,421986,{"v":18.0875648896285,"d":"18.088"},{"v":-0.00937242,"d":"-0.009"},{"v":1.66461E-3,"d":"0.002"},{"v":1.79998961724559E-8,"d":"1.800E-08"},{"v":-0.3189,"d":"-0.319"},{"v":1.3305,"d":"1.331"},{"v":0.8106,"d":"0.811"}]
["FVC","SA_insula","rs1474647","T","C",0.550866,9.00176543209984E-5,421986,{"v":37.9894295603302,"d":"37.989"},{"v":-0.0134877,"d":"-0.013"},{"v":0.0016468,"d":"0.002"},{"v":2.60015956316527e-16,"d":"2.600E-16"},{"v":-2.3779,"d":"-2.378"},{"v":1.3067,"d":"1.307"},{"v":0.06879,"d":"0.069"}]
["FVC","SA_insula","rs149542","A","G",0.375642,6.15489183328254e-05,421986,{"v":25.974257441209,"d":"25.974"},{"v":-0.0114549,"d":"-0.011"},{"v":1.69827E-3,"d":"0.002"},{"v":1.50003019045595E-11,"d":"1.500E-11"},{"v":-0.6598,"d":"-0.660"},{"v":1.3401,"d":"1.340"},{"v":0.6225,"d":"0.623"}]
["FVC","SA_insula","rs1555211","T","C",0.292035,8.56959630224441e-05,421986,{"v":36.1654244909429,"d":"36.165"},{"v":0.014396,"d":"0.014"},{"v":1.80824E-3,"d":"0.002"},{"v":1.69980851320349E-15,"d":"1.700E-15"},{"v":0.3722,"d":"0.372"},{"v":1.4092,"d":"1.409"},{"v":0.7917,"d":"0.792"}]
["FVC","SA_insula","rs157595","G","A",0.616263,6.37905011351913e-05,421986,{"v":26.9202880897005,"d":"26.920"},{"v":0.0116135,"d":"0.012"},{"v":1.73044E-3,"d":"0.002"},{"v":1.90020300257723e-11,"d":"1.900E-11"},-0.675,{"v":1.5244,"d":"1.524"},{"v":0.6579,"d":"0.658"}]
["FVC","SA_insula","rs1608592","A","G",0.261845,0.000138157736782648,421986,{"v":58.3084101564715,"d":"58.308"},{"v":-0.018905,"d":"-0.019"},{"v":0.00187413,"d":"0.002"},{"v":6.29941180548557e-24,"d":"6.299E-24"},{"v":-2.4148,"d":"-2.415"},1.483,{"v":0.1035,"d":"0.104"}]
["FVC","SA_insula","rs1637746","A","G",0.226569,4.29577425829801e-05,421986,{"v":18.1282587952111,"d":"18.128"},{"v":-0.0110712,"d":"-0.011"},{"v":0.00196778,"d":"0.002"},{"v":1.79998961724559E-8,"d":"1.800E-08"},{"v":-0.2689,"d":"-0.269"},{"v":1.5624,"d":"1.562"},{"v":0.8633,"d":"0.863"}]
["FVC","SA_insula","rs1656373","T","C",0.55742,0.000145979381744386,421986,{"v":61.6099572094857,"d":"61.610"},{"v":-0.0172006,"d":"-0.017"},{"v":0.00165265,"d":"0.002"},{"v":2.2998525866862e-25,"d":"2.300E-25"},{"v":-0.2195,"d":"-0.220"},{"v":1.2857,"d":"1.286"},{"v":0.8644,"d":"0.864"}]
["FVC","SA_insula","rs1668091","C","T",0.31711,6.68938491644157e-05,421986,{"v":28.2300224606612,"d":"28.230"},{"v":0.0124279,"d":"0.012"},{"v":0.00177541,"d":"0.002"},{"v":2.60015956316527E-12,"d":"2.600E-12"},{"v":-0.5143,"d":"-0.514"},{"v":1.3783,"d":"1.378"},0.709]
["FVC","SA_insula","rs16905189","G","C",0.366604,1.18148804558535E-4,421986,{"v":49.8627963726122,"d":"49.863"},{"v":-0.0159501,"d":"-0.016"},{"v":1.71036E-3,"d":"0.002"},{"v":1.10001852750622E-20,"d":"1.100E-20"},{"v":-0.6389,"d":"-0.639"},{"v":1.3324,"d":"1.332"},{"v":0.6315,"d":"0.632"}]
["FVC","SA_insula","rs17197170","G","A",0.169899,4.42423180283422e-05,421986,{"v":18.6703763516002,"d":"18.670"},{"v":0.012524,"d":"0.013"},{"v":0.00221253,"d":"0.002"},{"v":1.49999565138204e-08,"d":"1.500E-08"},{"v":1.2221,"d":"1.222"},{"v":1.9038,"d":"1.904"},{"v":0.5209,"d":"0.521"}]
["FVC","SA_insula","rs17387279","G","T",0.181103,6.13077565579171e-05,421986,{"v":25.8724785269512,"d":"25.872"},{"v":-0.0143769,"d":"-0.014"},{"v":0.0021417,"d":"0.002"},{"v":1.90020300257723e-11,"d":"1.900E-11"},{"v":0.8072,"d":"0.807"},{"v":1.6931,"d":"1.693"},{"v":0.6335,"d":"0.634"}]
["FVC","SA_insula","rs17400325","C","T",0.041599,9.07861932322965e-05,421986,{"v":38.3137993289267,"d":"38.314"},{"v":0.0337427,"d":"0.034"},{"v":0.0041016,"d":"0.004"},{"v":1.90020300257723E-16,"d":"1.900E-16"},{"v":-3.4916,"d":"-3.492"},{"v":3.4046,"d":"3.405"},{"v":0.3051,"d":"0.305"}]
["FVC","SA_insula","rs1818116","G","A",0.381268,4.48330645452411e-05,421986,{"v":18.9196841364791,"d":"18.920"},{"v":-0.00974805,"d":"-0.010"},{"v":0.00170614,"d":"0.002"},{"v":1.09999319893519E-8,"d":"1.100E-08"},1.683,{"v":1.3306,"d":"1.331"},{"v":0.2059,"d":"0.206"}]
["FVC","SA_insula","rs183743021","C","T",0.023696,6.10757370320042e-05,421986,{"v":25.7745580158407,"d":"25.775"},{"v":-0.036332,"d":"-0.036"},{"v":0.00550585,"d":"0.006"},{"v":4.10015240506613e-11,"d":"4.100E-11"},{"v":-2.0365,"d":"-2.037"},4.202,{"v":0.6279,"d":"0.628"}]
["FVC","SA_insula","rs1966265","A","G",0.245129,8.66312568253845e-05,421986,{"v":36.5601715338128,"d":"36.560"},{"v":0.0152999,"d":"0.015"},{"v":0.00190502,"d":"0.002"},{"v":9.60063590945348e-16,"d":"9.601E-16"},{"v":1.8016,"d":"1.802"},{"v":1.5509,"d":"1.551"},{"v":0.2454,"d":"0.245"}]
["FVC","SA_insula","rs1983753","A","G",0.851273,6.09227456439144e-05,421986,{"v":25.7099902209963,"d":"25.710"},{"v":0.0155112,"d":"0.016"},{"v":0.00231937,"d":"0.002"},{"v":2.29985258668621e-11,"d":"2.300E-11"},{"v":1.3838,"d":"1.384"},{"v":1.8206,"d":"1.821"},{"v":0.4472,"d":"0.447"}]
["FVC","SA_insula","rs1984246","A","C",0.42304,8.08199330946159e-05,421986,{"v":34.107475210863,"d":"34.107"},{"v":0.0128671,"d":"0.013"},{"v":0.00166162,"d":"0.002"},{"v":9.70063133783958e-15,"d":"9.701E-15"},{"v":2.8243,"d":"2.824"},{"v":1.3074,"d":"1.307"},{"v":0.03075,"d":"0.031"}]
["FVC","SA_insula","rs2005172","C","A",0.64023,0.00022099089188815,421986,{"v":93.2752334995711,"d":"93.275"},{"v":0.0219024,"d":"0.022"},{"v":0.0017318,"d":"0.002"},{"v":1.20005182020427E-36,"d":"1.200E-36"},{"v":-1.6169,"d":"-1.617"},{"v":1.3937,"d":"1.394"},0.246]
["FVC","SA_insula","rs2007530","T","C",0.173998,1.17320574387251E-4,421986,{"v":49.5132141809572,"d":"49.513"},{"v":0.0202027,"d":"0.020"},{"v":2.17301E-3,"d":"0.002"},{"v":1.39990962656834e-20,"d":"1.400E-20"},{"v":-0.9121,"d":"-0.912"},{"v":1.7915,"d":"1.792"},{"v":0.6107,"d":"0.611"}]
["FVC","SA_insula","rs2039092","T","G",0.142069,4.52252040502154e-05,421986,{"v":19.0851756368886,"d":"19.085"},{"v":-0.0136207,"d":"-0.014"},{"v":2.37872E-3,"d":"0.002"},{"v":1E-8,"d":"1.000E-08"},{"v":1.0437,"d":"1.044"},{"v":1.8851,"d":"1.885"},{"v":0.5798,"d":"0.580"}]
["FVC","SA_insula","rs2058780","T","C",0.609391,4.70090504808346e-05,421986,{"v":19.837999723635,"d":"19.838"},{"v":-0.00993703,"d":"-0.010"},{"v":0.00168463,"d":"0.002"},{"v":3.69998531172859e-09,"d":"3.700E-09"},{"v":-0.4829,"d":"-0.483"},{"v":1.3221,"d":"1.322"},{"v":0.7149,"d":"0.715"}]
["FVC","SA_insula","rs2118022","C","T",0.360318,6.04606902173754e-05,421986,{"v":25.5149865543869,"d":"25.515"},{"v":-0.0114524,"d":"-0.011"},{"v":0.00171628,"d":"0.002"},{"v":2.49976970217851E-11,"d":"2.500E-11"},{"v":-0.0984,"d":"-0.098"},{"v":1.3828,"d":"1.383"},{"v":0.9433,"d":"0.943"}]
["FVC","SA_insula","rs2131354","A","G",0.526265,0.000264945796094648,421986,{"v":111.832516374284,"d":"111.833"},{"v":0.0230512,"d":"0.023"},{"v":0.00164614,"d":"0.002"},{"v":1.50003019045594e-44,"d":"1.500E-44"},{"v":-0.8149,"d":"-0.815"},{"v":1.2947,"d":"1.295"},{"v":0.5291,"d":"0.529"}]
["FVC","SA_insula","rs2165241","C","T",0.508667,1.93898082531503E-4,421986,{"v":81.8377566430654,"d":"81.838"},{"v":0.0196955,"d":"0.020"},{"v":1.64442E-3,"d":"0.002"},{"v":4.70002318179801e-33,"d":"4.700E-33"},1.843,{"v":1.2906,"d":"1.291"},{"v":0.1533,"d":"0.153"}]
["FVC","SA_insula","rs2168704","A","G",0.561551,5.59945780683976e-05,421986,{"v":23.6301391912884,"d":"23.630"},{"v":0.0106636,"d":"0.011"},{"v":1.652E-3,"d":"0.002"},{"v":1.09999319893519e-10,"d":"1.100E-10"},{"v":0.8192,"d":"0.819"},{"v":1.3324,"d":"1.332"},{"v":0.5387,"d":"0.539"}]
["FVC","SA_insula","rs2181246","A","T",0.315032,4.79141931100767e-05,421986,{"v":20.2199916899491,"d":"20.220"},{"v":-0.0105367,"d":"-0.011"},{"v":1.76834E-3,"d":"0.002"},{"v":2.49999995007974e-09,"d":"2.500E-09"},{"v":-0.0816,"d":"-0.082"},{"v":1.3842,"d":"1.384"},0.953]
["FVC","SA_insula","rs2186288","A","G",0.369909,5.7540273769828e-05,421986,{"v":24.2824721065799,"d":"24.282"},{"v":-0.0111102,"d":"-0.011"},{"v":0.00170446,"d":"0.002"},{"v":7.10068096254533e-11,"d":"7.101E-11"},{"v":-1.1505,"d":"-1.151"},{"v":1.3399,"d":"1.340"},{"v":0.3905,"d":"0.391"}]
["FVC","SA_insula","rs2194411","A","G",0.128337,0.000173013252417145,421986,{"v":73.0214579879395,"d":"73.021"},{"v":0.0278083,"d":"0.028"},{"v":0.00248353,"d":"0.002"},{"v":4.19952334664066e-29,"d":"4.200E-29"},{"v":-1.6036,"d":"-1.604"},2.111,{"v":0.4475,"d":"0.448"}]
["FVC","SA_insula","rs2219320","C","T",0.253726,9.06772759055066e-05,421986,{"v":38.2678296182539,"d":"38.268"},{"v":-0.015474,"d":"-0.015"},{"v":1.88065E-3,"d":"0.002"},{"v":1.90020300257723E-16,"d":"1.900E-16"},{"v":-3.1528,"d":"-3.153"},{"v":1.4944,"d":"1.494"},{"v":0.03488,"d":"0.035"}]
["FVC","SA_insula","rs2273101","T","C",0.245563,0.000164788871325204,421986,{"v":69.5497280984891,"d":"69.550"},{"v":0.021089,"d":"0.021"},{"v":1.90985E-3,"d":"0.002"},{"v":2.39993787680987e-28,"d":"2.400E-28"},{"v":-0.7094,"d":"-0.709"},{"v":1.4923,"d":"1.492"},{"v":0.6345,"d":"0.635"}]
["FVC","SA_insula","rs2286325","C","G",0.081106,6.21764247204467e-05,421986,{"v":26.2390878619042,"d":"26.239"},{"v":0.0204239,"d":"0.020"},{"v":0.00300144,"d":"0.003"},{"v":1e-11,"d":"1.000E-11"},{"v":4.6214,"d":"4.621"},{"v":2.4162,"d":"2.416"},{"v":0.05579,"d":"0.056"}]
["FVC","SA_insula","rs2315007","C","T",0.667421,9.54071179462808e-05,421986,{"v":40.2641187429693,"d":"40.264"},{"v":-0.0146598,"d":"-0.015"},{"v":0.00174235,"d":"0.002"},{"v":4.00036851046125e-17,"d":"4.000E-17"},{"v":0.0628,"d":"0.063"},{"v":1.3779,"d":"1.378"},{"v":0.9637,"d":"0.964"}]
["FVC","SA_insula","rs2355595","T","C",0.353472,4.21690889460453e-05,421986,{"v":17.7954312469311,"d":"17.795"},{"v":0.0096053,"d":"0.010"},{"v":0.00171679,"d":"0.002"},{"v":2.19998641983516e-08,"d":"2.200E-08"},{"v":-1.0168,"d":"-1.017"},{"v":1.3423,"d":"1.342"},{"v":0.4487,"d":"0.449"}]
["FVC","SA_insula","rs2420991","G","T",0.157205,4.60860611479893e-05,421986,{"v":19.448476731161,"d":"19.448"},{"v":0.0131879,"d":"0.013"},{"v":0.00231045,"d":"0.002"},{"v":1.09999319893519E-8,"d":"1.100E-08"},{"v":1.2826,"d":"1.283"},{"v":1.8338,"d":"1.834"},{"v":0.4843,"d":"0.484"}]
["FVC","SA_insula","rs2433733","A","G",0.677805,4.39675736084697e-05,421986,{"v":18.5544283747918,"d":"18.554"},{"v":0.0100332,"d":"0.010"},{"v":1.75482E-3,"d":"0.002"},{"v":1.09999319893519E-8,"d":"1.100E-08"},{"v":0.2268,"d":"0.227"},{"v":1.4185,"d":"1.419"},0.873]
["FVC","SA_insula","rs246185","C","T",0.32244,6.92890140832418e-05,421986,{"v":29.2408813907452,"d":"29.241"},{"v":0.0125927,"d":"0.013"},{"v":1.774E-3,"d":"0.002"},{"v":1.2998702373886e-12,"d":"1.300E-12"},{"v":1.0369,"d":"1.037"},{"v":1.3898,"d":"1.390"},{"v":0.4556,"d":"0.456"}]
["FVC","SA_insula","rs2468964","G","T",0.60054,4.47507016706468e-05,421986,{"v":18.8849252074402,"d":"18.885"},{"v":0.00965778,"d":"0.010"},{"v":1.67483E-3,"d":"0.002"},{"v":8.1000929031245e-09,"d":"8.100E-09"},{"v":-1.2312,"d":"-1.231"},{"v":1.3301,"d":"1.330"},{"v":0.3546,"d":"0.355"}]
["FVC","SA_insula","rs2602691","G","A",0.449662,5.86659442039459E-5,421986,{"v":24.7575422235486,"d":"24.758"},{"v":-0.0108873,"d":"-0.011"},{"v":0.00166378,"d":"0.002"},{"v":6.00067353864116e-11,"d":"6.001E-11"},{"v":-1.5905,"d":"-1.591"},{"v":1.3307,"d":"1.331"},0.232]
["FVC","SA_insula","rs2645977","A","G",0.357445,4.52910263624554e-05,421986,{"v":19.112954113843,"d":"19.113"},{"v":0.00992959,"d":"0.010"},{"v":1.71149E-3,"d":"0.002"},{"v":6.59994019159873e-09,"d":"6.600E-09"},{"v":-1.0344,"d":"-1.034"},{"v":1.3324,"d":"1.332"},{"v":0.4376,"d":"0.438"}]
["FVC","SA_insula","rs2648725","A","T",0.213148,9.83993575735976e-05,421986,{"v":41.5270407404678,"d":"41.527"},{"v":0.0171275,"d":"0.017"},{"v":0.00200708,"d":"0.002"},{"v":1.39990962656834e-17,"d":"1.400E-17"},{"v":-2.3474,"d":"-2.347"},{"v":1.6205,"d":"1.621"},{"v":0.1475,"d":"0.148"}]
["FVC","SA_insula","rs2717329","A","G",0.294673,8.42790883711236e-05,421986,{"v":35.5674244173058,"d":"35.567"},{"v":0.014239,"d":"0.014"},{"v":0.0018328,"d":"0.002"},{"v":7.89950721335818e-15,"d":"7.900E-15"},{"v":-0.1662,"d":"-0.166"},{"v":1.4681,"d":"1.468"},{"v":0.9099,"d":"0.910"}]
["FVC","SA_insula","rs2760402","C","A",0.649252,4.35290850830249e-05,421986,{"v":18.3693770418513,"d":"18.369"},{"v":0.00977621,"d":"0.010"},{"v":0.00172753,"d":"0.002"},{"v":1.49999565138204e-08,"d":"1.500E-08"},{"v":1.3882,"d":"1.388"},{"v":1.3539,"d":"1.354"},{"v":0.3052,"d":"0.305"}]
["FVC","SA_insula","rs2780226","T","C",0.910509,{"$f":"2*F1285*(1-F1285)*J1285*J1285","v":2.95968220787926E-4},421986,{"$f":"G1285/(1-G1285)*(H1285-2)","v":{"v":124.930829236223,"d":"124.931"}},{"v":-0.0426163,"d":"-0.043"},{"v":0.0028699,"d":"0.003"},{"v":7.00003159130901e-50,"d":"7.000E-50"},{"v":1.0005,"d":"1.001"},{"v":2.3507,"d":"2.351"},{"v":0.6704,"d":"0.670"}]
["FVC","SA_insula","rs2807339","C","T",0.758119,5.89073008999258e-05,421986,{"v":24.859402863279,"d":"24.859"},{"v":0.0126736,"d":"0.013"},{"v":1.91263E-3,"d":"0.002"},{"v":3.40016505804071e-11,"d":"3.400E-11"},{"v":1.2856,"d":"1.286"},1.484,{"v":0.3863,"d":"0.386"}]
["FVC","SA_insula","rs2808096","G","A",0.21446,4.09307454157644e-05,421986,{"v":17.2728266631967,"d":"17.273"},{"v":0.0110218,"d":"0.011"},{"v":0.0020005,"d":"0.002"},{"v":3.59997927043357E-8,"d":"3.600E-08"},{"v":-0.7788,"d":"-0.779"},{"v":1.5655,"d":"1.566"},{"v":0.6189,"d":"0.619"}]
["FVC","SA_insula","rs2812208","C","G",0.020816,0.000278067813708179,421986,{"v":117.372805899358,"d":"117.373"},{"v":0.0825904,"d":"0.083"},{"v":0.00576265,"d":"0.006"},{"v":1.39990962656833E-46,"d":"1.400E-46"},{"v":0.9541,"d":"0.954"},{"v":4.1117,"d":"4.112"},{"v":0.8165,"d":"0.817"}]
["FVC","SA_insula","rs2821334","T","G",0.44435,4.64038024780943E-5,421986,{"v":19.5825708906678,"d":"19.583"},{"v":0.0096939,"d":"0.010"},{"v":0.00164775,"d":"0.002"},{"v":4.00000007987242e-09,"d":"4.000E-09"},{"v":-0.3694,"d":"-0.369"},{"v":1.2964,"d":"1.296"},{"v":0.7757,"d":"0.776"}]
["FVC","SA_insula","rs28391281","C","T",0.456626,5.81268485273591E-5,421986,{"v":24.5300259020691,"d":"24.530"},{"v":-0.0108229,"d":"-0.011"},{"v":1.64482E-3,"d":"0.002"},{"v":4.70002318179801e-11,"d":"4.700E-11"},{"v":0.8779,"d":"0.878"},{"v":1.3607,"d":"1.361"},{"v":0.5188,"d":"0.519"}]
["FVC","SA_insula","rs28409044","A","C",0.333596,7.3529837872933e-05,421986,{"v":31.0306967870756,"d":"31.031"},{"v":0.0128599,"d":"0.013"},{"v":1.74168E-3,"d":"0.002"},{"v":1.50003019045595e-13,"d":"1.500E-13"},{"v":1.8702,"d":"1.870"},{"v":1.3619,"d":"1.362"},{"v":0.1697,"d":"0.170"}]
["FVC","SA_insula","rs28427480","C","A",0.093765,0.000266255308960786,421986,{"v":112.385403506842,"d":"112.385"},{"v":0.0395816,"d":"0.040"},{"v":0.00282649,"d":"0.003"},{"v":1.50003019045594e-44,"d":"1.500E-44"},{"v":-2.0143,"d":"-2.014"},{"v":2.1944,"d":"2.194"},{"v":0.3587,"d":"0.359"}]
["FVC","SA_insula","rs28444681","A","C",0.255224,4.96915326777121e-05,421986,{"v":20.9700737605772,"d":"20.970"},{"v":0.0114328,"d":"0.011"},{"v":0.00188044,"d":"0.002"},{"v":1.19999655704811E-9,"d":"1.200E-09"},{"v":0.8506,"d":"0.851"},{"v":1.4743,"d":"1.474"},0.564]
["FVC","SA_insula","rs28446901","G","C",0.15458,5.1599507535487e-05,421986,{"v":21.7752901821048,"d":"21.775"},{"v":-0.0140506,"d":"-0.014"},{"v":0.00228337,"d":"0.002"},{"v":7.59993713661527e-10,"d":"7.600E-10"},{"v":-2.1799,"d":"-2.180"},{"v":1.8642,"d":"1.864"},{"v":0.2423,"d":"0.242"}]
["FVC","SA_insula","rs2871960","C","A",0.444976,0.000191804005390593,421986,{"v":80.9537486639893,"d":"80.954"},{"v":0.0197056,"d":"0.020"},{"v":0.00165006,"d":"0.002"},{"v":7.10068096254536e-33,"d":"7.101E-33"},{"v":0.5928,"d":"0.593"},{"v":1.2926,"d":"1.293"},{"v":0.6465,"d":"0.647"}]
["FVC","SA_insula","rs2882485","G","A",0.527663,6.68510491529909e-05,421986,{"v":28.2119591248419,"d":"28.212"},{"v":-0.0115807,"d":"-0.012"},{"v":1.64247E-3,"d":"0.002"},{"v":1.80011396041801E-12,"d":"1.800E-12"},{"v":1.4363,"d":"1.436"},{"v":1.3107,"d":"1.311"},{"v":0.2732,"d":"0.273"}]
["FVC","SA_insula","rs2885697","T","G",0.665178,0.000191228657862936,421986,{"v":80.7108681906324,"d":"80.711"},{"v":-0.0207198,"d":"-0.021"},{"v":1.73474E-3,"d":"0.002"},{"v":7.000031591309e-33,"d":"7.000E-33"},{"v":-1.2337,"d":"-1.234"},{"v":1.3691,"d":"1.369"},{"v":0.3675,"d":"0.368"}]
["FVC","SA_insula","rs309137","C","T",0.227462,8.33684369570823e-05,421986,{"v":35.1830796592559,"d":"35.183"},{"v":0.0154018,"d":"0.015"},{"v":1.94955E-3,"d":"0.002"},{"v":2.80027059501064e-15,"d":"2.800E-15"},{"v":-1.0287,"d":"-1.029"},{"v":1.4916,"d":"1.492"},{"v":0.4904,"d":"0.490"}]
["FVC","SA_insula","rs3116605","C","T",0.215238,7.92429456128899e-05,421986,{"v":33.4419051965844,"d":"33.442"},{"v":-0.0153157,"d":"-0.015"},{"v":0.00199894,"d":"0.002"},{"v":1.80011396041801E-14,"d":"1.800E-14"},-2.277,{"v":1.5796,"d":"1.580"},{"v":0.1494,"d":"0.149"}]
["FVC","SA_insula","rs3253","T","C",0.314156,7.73374553775006e-05,421986,{"v":32.6376928861364,"d":"32.638"},{"v":0.0133966,"d":"0.013"},{"v":0.00176807,"d":"0.002"},{"v":3.50025754158434E-14,"d":"3.500E-14"},{"v":-1.0815,"d":"-1.082"},{"v":1.3923,"d":"1.392"},{"v":0.4373,"d":"0.437"}]
["FVC","SA_insula","rs32799","A","C",0.915153,5.54046146417085e-05,421986,{"v":23.381156328923,"d":"23.381"},{"v":-0.0188883,"d":"-0.019"},{"v":0.00295509,"d":"0.003"},{"v":1.60000006389793E-10,"d":"1.600E-10"},{"v":-4.39,"d":"-4.390"},2.336,{"v":0.06021,"d":"0.060"}]
["FVC","SA_insula","rs34587839","A","G",0.154712,9.59331764500232e-05,421986,{"v":40.48614949601,"d":"40.486"},{"v":-0.0191516,"d":"-0.019"},{"v":0.00227501,"d":"0.002"},{"v":3.80014352941585e-17,"d":"3.800E-17"},{"v":-2.5254,"d":"-2.525"},{"v":1.8396,"d":"1.840"},{"v":0.1698,"d":"0.170"}]
["FVC","SA_insula","rs35344761","A","C",0.122131,7.98184258788518e-05,421986,{"v":33.6847872927592,"d":"33.685"},{"v":-0.0192934,"d":"-0.019"},{"v":2.52637E-3,"d":"0.003"},{"v":2.19988510904925E-14,"d":"2.200E-14"},{"v":-3.9975,"d":"-3.998"},{"v":2.1142,"d":"2.114"},{"v":0.05865,"d":"0.059"}]
["FVC","SA_insula","rs35480566","G","A",0.439723,1.10816232234529E-4,421986,{"v":46.7678595812438,"d":"46.768"},{"v":0.0149967,"d":"0.015"},{"v":0.0016583,"d":"0.002"},{"v":1.50003019045595e-19,"d":"1.500E-19"},2.086,{"v":1.2999,"d":"1.300"},{"v":0.1086,"d":"0.109"}]
["FVC","SA_insula","rs35506","A","T",0.715534,7.52389405219948e-05,421986,{"v":31.7520180654321,"d":"31.752"},{"v":0.0135949,"d":"0.014"},{"v":0.00182407,"d":"0.002"},{"v":9.09913272632251e-14,"d":"9.099E-14"},1.316,{"v":1.4526,"d":"1.453"},0.365]
["FVC","SA_insula","rs35654957","C","T",0.369551,4.7229665459788E-5,421986,{"v":19.9311044887804,"d":"19.931"},{"v":-0.0100677,"d":"-0.010"},{"v":0.00171015,"d":"0.002"},{"v":3.89995862874433e-09,"d":"3.900E-09"},{"v":0.4637,"d":"0.464"},{"v":1.4403,"d":"1.440"},{"v":0.7475,"d":"0.748"}]
["FVC","SA_insula","rs35668185","C","T",0.207881,4.39810225504036E-5,421986,{"v":18.560104112267,"d":"18.560"},{"v":-0.0115562,"d":"-0.012"},{"v":2.01805E-3,"d":"0.002"},{"v":1E-8,"d":"1.000E-08"},{"v":-2.1997,"d":"-2.200"},1.586,{"v":0.1655,"d":"0.166"}]
["FVC","SA_insula","rs35805829","C","T",0.346839,8.02689032154592e-05,421986,{"v":33.8749119565016,"d":"33.875"},{"v":-0.0133102,"d":"-0.013"},{"v":1.72266E-3,"d":"0.002"},{"v":1.10001852750622E-14,"d":"1.100E-14"},{"v":-1.0505,"d":"-1.051"},{"v":1.3601,"d":"1.360"},{"v":0.4399,"d":"0.440"}]
["FVC","SA_insula","rs35897671","T","C",0.345283,5.9327572593459e-05,421986,{"v":25.0367717641725,"d":"25.037"},{"v":0.0114551,"d":"0.011"},{"v":0.00172695,"d":"0.002"},{"v":3.29989407910834e-11,"d":"3.300E-11"},{"v":-0.1449,"d":"-0.145"},{"v":1.3643,"d":"1.364"},{"v":0.9154,"d":"0.915"}]
["FVC","SA_insula","rs36226649","C","T",0.066506,8.70139707337911e-05,421986,{"v":36.7216987269464,"d":"36.722"},{"v":0.0264724,"d":"0.026"},{"v":0.00329988,"d":"0.003"},{"v":1e-15,"d":"1.000E-15"},{"v":4.1501,"d":"4.150"},{"v":2.6551,"d":"2.655"},0.118]
["FVC","SA_insula","rs3732987","A","C",0.524508,5.53461247568242e-05,421986,{"v":23.3564717995858,"d":"23.356"},{"v":0.0105337,"d":"0.011"},{"v":0.00164918,"d":"0.002"},{"v":1.70000422215636e-10,"d":"1.700E-10"},{"v":0.1293,"d":"0.129"},{"v":1.3032,"d":"1.303"},0.921]
["FVC","SA_insula","rs3734254","T","C",0.790532,1.42473762916661E-4,421986,{"v":60.13021534867,"d":"60.130"},{"v":0.0207412,"d":"0.021"},{"v":0.00201522,"d":"0.002"},{"v":7.59976214361039e-25,"d":"7.600E-25"},{"v":0.9186,"d":"0.919"},{"v":1.6057,"d":"1.606"},{"v":0.5672,"d":"0.567"}]
["FVC","SA_insula","rs3743347","A","C",0.231535,1.02185615560985E-4,421986,{"v":43.1251015619361,"d":"43.125"},{"v":-0.0169457,"d":"-0.017"},{"v":1.94802E-3,"d":"0.002"},{"v":3.40016505804072e-18,"d":"3.400E-18"},{"v":-0.0694,"d":"-0.069"},{"v":1.5286,"d":"1.529"},{"v":0.9638,"d":"0.964"}]
["FVC","SA_insula","rs3790076","T","G",0.572955,0.000211865275899546,421986,{"v":89.4227021506569,"d":"89.423"},{"v":-0.0208074,"d":"-0.021"},{"v":1.66216E-3,"d":"0.002"},{"v":5.90065196995663e-36,"d":"5.901E-36"},{"v":-0.0596,"d":"-0.060"},{"v":1.2957,"d":"1.296"},{"v":0.9633,"d":"0.963"}]
["FVC","SA_insula","rs3790743","G","A",0.599509,4.41696140797053e-05,421986,{"v":18.6396937358892,"d":"18.640"},{"v":-0.00959075,"d":"-0.010"},{"v":1.69268E-3,"d":"0.002"},{"v":1.49999565138204e-08,"d":"1.500E-08"},{"v":0.4258,"d":"0.426"},{"v":1.4165,"d":"1.417"},{"v":0.7637,"d":"0.764"}]
["FVC","SA_insula","rs3806443","G","C",0.265329,4.61179473668757e-05,421986,{"v":19.461933446086,"d":"19.462"},{"v":0.0108763,"d":"0.011"},{"v":0.00186138,"d":"0.002"},{"v":5.09999793204996e-09,"d":"5.100E-09"},{"v":1.9617,"d":"1.962"},1.528,{"v":0.1992,"d":"0.199"}]
["FVC","SA_insula","rs3814316","A","G",0.368453,4.16612453966733e-05,421986,{"v":17.5811114284674,"d":"17.581"},{"v":-0.00946144,"d":"-0.009"},{"v":0.00170087,"d":"0.002"},{"v":2.69997659840121e-08,"d":"2.700E-08"},{"v":-1.1277,"d":"-1.128"},{"v":1.3388,"d":"1.339"},{"v":0.3996,"d":"0.400"}]
["FVC","SA_insula","rs3828559","G","A",0.758433,5.04655975131029e-05,421986,{"v":21.2967494541555,"d":"21.297"},{"v":0.0117356,"d":"0.012"},{"v":0.00191612,"d":"0.002"},{"v":9.09997082601283e-10,"d":"9.100E-10"},{"v":2.1556,"d":"2.156"},{"v":1.4916,"d":"1.492"},{"v":0.1484,"d":"0.148"}]
["FVC","SA_insula","rs3858603","A","G",0.501593,7.64582018958038e-05,421986,{"v":32.266604915392,"d":"32.267"},{"v":-0.012366,"d":"-0.012"},{"v":1.63937E-3,"d":"0.002"},{"v":4.60044666393479e-14,"d":"4.600E-14"},{"v":1.9813,"d":"1.981"},{"v":1.3113,"d":"1.311"},{"v":0.1308,"d":"0.131"}]
["FVC","SA_insula","rs4244808","G","T",0.459999,6.73887227545813e-05,421986,{"v":28.438879242618,"d":"28.439"},{"v":0.0116467,"d":"0.012"},{"v":1.65946E-3,"d":"0.002"},{"v":2.19988510904925e-12,"d":"2.200E-12"},{"v":-0.2136,"d":"-0.214"},{"v":1.3385,"d":"1.339"},{"v":0.8732,"d":"0.873"}]
["FVC","SA_insula","rs425102","G","T",0.240797,0.000137901421280968,421986,{"v":58.2002192507815,"d":"58.200"},{"v":-0.0194207,"d":"-0.019"},{"v":0.00191587,"d":"0.002"},{"v":3.80014352941585e-24,"d":"3.800E-24"},{"v":-1.7753,"d":"-1.775"},{"v":1.5147,"d":"1.515"},{"v":0.2412,"d":"0.241"}]
["FVC","SA_insula","rs4279453","C","T",0.439777,4.75360731157916e-05,421986,{"v":20.0604158710898,"d":"20.060"},{"v":-0.009822,"d":"-0.010"},{"v":1.65712E-3,"d":"0.002"},{"v":3.09998790941119e-09,"d":"3.100E-09"},{"v":-1.3083,"d":"-1.308"},1.328,{"v":0.3245,"d":"0.325"}]
["FVC","SA_insula","rs4497878","C","T",0.715464,8.76845467196344e-05,421986,{"v":37.0047205050822,"d":"37.005"},{"v":-0.0146752,"d":"-0.015"},{"v":1.81627E-3,"d":"0.002"},{"v":6.49980009683026e-16,"d":"6.500E-16"},{"v":-1.5403,"d":"-1.540"},{"v":1.4653,"d":"1.465"},{"v":0.2932,"d":"0.293"}]
["FVC","SA_insula","rs4650619","T","C",0.658131,5.51787534628888E-5,421986,{"v":23.2858359846867,"d":"23.286"},{"v":0.0110735,"d":"0.011"},{"v":0.00173535,"d":"0.002"},{"v":1.79998961724559E-10,"d":"1.800E-10"},{"v":2.1719,"d":"2.172"},{"v":1.3526,"d":"1.353"},{"v":0.1083,"d":"0.108"}]
["FVC","SA_insula","rs4678778","G","A",0.103138,4.9032397109147e-05,421986,{"v":20.6919016352442,"d":"20.692"},{"v":0.01628,"d":"0.016"},{"v":0.00272878,"d":"0.003"},{"v":2.39999313805789E-9,"d":"2.400E-09"},{"v":1.5062,"d":"1.506"},{"v":2.1928,"d":"2.193"},{"v":0.4922,"d":"0.492"}]
["FVC","SA_insula","rs4693974","G","A",0.574007,6.5108970456126e-05,421986,{"v":27.4767327707401,"d":"27.477"},{"v":0.0115384,"d":"0.012"},{"v":1.66303E-3,"d":"0.002"},{"v":4.00036851046125E-12,"d":"4.000E-12"},{"v":1.0582,"d":"1.058"},{"v":1.2998,"d":"1.300"},{"v":0.4156,"d":"0.416"}]
["FVC","SA_insula","rs4713135","A","G",0.237248,9.32171087040042e-05,421986,{"v":39.3397955413479,"d":"39.340"},{"v":-0.0160487,"d":"-0.016"},{"v":0.00192704,"d":"0.002"},{"v":8.19973845457472e-17,"d":"8.200E-17"},{"v":0.6429,"d":"0.643"},{"v":1.54,"d":"1.540"},{"v":0.6763,"d":"0.676"}]
["FVC","SA_insula","rs4728358","T","C",0.687154,4.77707244436522e-05,421986,{"v":20.1594444148942,"d":"20.159"},{"v":-0.0105408,"d":"-0.011"},{"v":1.7764E-3,"d":"0.002"},{"v":2.99999133271614e-09,"d":"3.000E-09"},{"v":0.8231,"d":"0.823"},{"v":1.4192,"d":"1.419"},{"v":0.5619,"d":"0.562"}]
["FVC","SA_insula","rs4735766","T","G",0.285258,9.07993719661411e-05,421986,{"v":38.3193615537233,"d":"38.319"},{"v":0.0149222,"d":"0.015"},{"v":1.81989E-3,"d":"0.002"},{"v":2.39993787680988E-16,"d":"2.400E-16"},{"v":2.0153,"d":"2.015"},{"v":1.4281,"d":"1.428"},{"v":0.1582,"d":"0.158"}]
["FVC","SA_insula","rs4759316","A","G",0.57091,5.31891591327017e-05,421986,{"v":22.4461680202567,"d":"22.446"},{"v":0.0104193,"d":"0.010"},{"v":0.00165644,"d":"0.002"},{"v":3.20000015974484E-10,"d":"3.200E-10"},{"v":-1.9822,"d":"-1.982"},{"v":1.3783,"d":"1.378"},{"v":0.1504,"d":"0.150"}]
["FVC","SA_insula","rs4785677","G","A",0.549173,4.80134751963316E-5,421986,{"v":20.2618911610575,"d":"20.262"},{"v":-0.00984707,"d":"-0.010"},{"v":1.65043E-3,"d":"0.002"},{"v":2.39999313805789E-9,"d":"2.400E-09"},{"v":-0.5005,"d":"-0.501"},{"v":1.3239,"d":"1.324"},{"v":0.7054,"d":"0.705"}]
["FVC","SA_insula","rs4909017","T","C",0.557895,7.95950937485174e-05,421986,{"v":33.5905296817335,"d":"33.591"},{"v":0.0127025,"d":"0.013"},{"v":0.00165126,"d":"0.002"},{"v":1.39990962656834e-14,"d":"1.400E-14"},{"v":1.2756,"d":"1.276"},{"v":1.3078,"d":"1.308"},{"v":0.3294,"d":"0.329"}]
["FVC","SA_insula","rs4918293","A","G",0.335439,5.24388950619221e-05,421986,{"v":22.1295351421812,"d":"22.130"},{"v":-0.0108452,"d":"-0.011"},{"v":0.00174452,"d":"0.002"},{"v":5.09999793204996e-10,"d":"5.100E-10"},{"v":0.6691,"d":"0.669"},{"v":1.3903,"d":"1.390"},{"v":0.6303,"d":"0.630"}]
["FVC","SA_insula","rs4924413","A","G",0.283479,4.76110581125863e-05,421986,{"v":20.0920613508822,"d":"20.092"},{"v":0.0108259,"d":"0.011"},{"v":0.00182023,"d":"0.002"},{"v":2.69997659840121e-09,"d":"2.700E-09"},{"v":-0.3147,"d":"-0.315"},{"v":1.4361,"d":"1.436"},{"v":0.8265,"d":"0.827"}]
["FVC","SA_insula","rs4951407","G","T",0.661152,5.97857889278145E-5,421986,{"v":25.230154759622,"d":"25.230"},{"v":0.0115513,"d":"0.012"},{"v":0.00173213,"d":"0.002"},{"v":2.60015956316527E-11,"d":"2.600E-11"},{"v":0.8489,"d":"0.849"},{"v":1.3683,"d":"1.368"},0.535]
["FVC","SA_insula","rs55681913","C","T",0.10621,8.08864045248552e-05,421986,{"v":34.1355296272746,"d":"34.136"},{"v":0.0206406,"d":"0.021"},{"v":2.69286E-3,"d":"0.003"},{"v":1.80011396041801E-14,"d":"1.800E-14"},{"v":-3.4365,"d":"-3.437"},2.299,0.135]
["FVC","SA_insula","rs55707322","A","C",0.163689,4.62683444763271E-5,421986,{"v":19.5254044836391,"d":"19.525"},{"v":0.0129997,"d":"0.013"},{"v":0.00221808,"d":"0.002"},{"v":4.60002296665069e-09,"d":"4.600E-09"},{"v":0.8956,"d":"0.896"},{"v":1.8036,"d":"1.804"},{"v":0.6195,"d":"0.620"}]
["FVC","SA_insula","rs55758152","A","G",0.325764,5.16859270150706E-5,421986,{"v":21.811761586645,"d":"21.812"},{"v":0.0108471,"d":"0.011"},{"v":0.00177131,"d":"0.002"},{"v":9.09997082601283e-10,"d":"9.100E-10"},{"v":1.7344,"d":"1.734"},{"v":1.5865,"d":"1.587"},{"v":0.2743,"d":"0.274"}]
["FVC","SA_insula","rs55786114","T","C",0.073277,7.23637113431354e-05,421986,{"v":30.5385382493884,"d":"30.539"},{"v":-0.0230827,"d":"-0.023"},{"v":0.00314939,"d":"0.003"},{"v":2.29985258668621e-13,"d":"2.300E-13"},{"v":-3.9469,"d":"-3.947"},{"v":2.8924,"d":"2.892"},{"v":0.1724,"d":"0.172"}]
["FVC","SA_insula","rs558107","G","A",0.587806,5.78469038151767E-5,421986,{"v":24.4118800112185,"d":"24.412"},{"v":-0.0109259,"d":"-0.011"},{"v":1.67201E-3,"d":"0.002"},{"v":6.40029512108372E-11,"d":"6.400E-11"},{"v":-0.2409,"d":"-0.241"},{"v":1.3268,"d":"1.327"},{"v":0.8559,"d":"0.856"}]
["FVC","SA_insula","rs55906059","T","C",0.093726,4.23076242776738e-05,421986,{"v":17.8538958791087,"d":"17.854"},{"v":-0.015781,"d":"-0.016"},{"v":0.0028489,"d":"0.003"},{"v":2.99999133271615e-08,"d":"3.000E-08"},{"v":-3.9282,"d":"-3.928"},{"v":2.4839,"d":"2.484"},{"v":0.1138,"d":"0.114"}]
["FVC","SA_insula","rs55962189","T","A",0.299312,5.39173733411806e-05,421986,{"v":22.7534956807262,"d":"22.753"},{"v":0.0113377,"d":"0.011"},{"v":0.00180553,"d":"0.002"},{"v":3.4000084782586e-10,"d":"3.400E-10"},{"v":2.0826,"d":"2.083"},{"v":1.4686,"d":"1.469"},{"v":0.1562,"d":"0.156"}]
["FVC","SA_insula","rs56099233","T","G",0.203137,4.63112857415907e-05,421986,{"v":19.5435266882283,"d":"19.544"},{"v":0.0119603,"d":"0.012"},{"v":0.00205819,"d":"0.002"},{"v":6.19997588072324e-09,"d":"6.200E-09"},{"v":-0.2815,"d":"-0.282"},{"v":1.7025,"d":"1.703"},{"v":0.8687,"d":"0.869"}]
["FVC","SA_insula","rs56107042","G","C",0.024063,4.31515448222523e-05,421986,{"v":18.2100472819448,"d":"18.210"},{"v":-0.0303108,"d":"-0.030"},{"v":0.00545244,"d":"0.005"},{"v":2.69997659840121e-08,"d":"2.700E-08"},{"v":-5.4461,"d":"-5.446"},{"v":4.5694,"d":"4.569"},{"v":0.2333,"d":"0.233"}]
["FVC","SA_insula","rs56144019","A","G",0.23362,5.74600505527944e-05,421986,{"v":24.2486152991313,"d":"24.249"},{"v":-0.0126675,"d":"-0.013"},{"v":0.00194171,"d":"0.002"},{"v":6.89922009844049e-11,"d":"6.899E-11"},{"v":0.5481,"d":"0.548"},{"v":1.5599,"d":"1.560"},{"v":0.7253,"d":"0.725"}]
["FVC","SA_insula","rs564443","A","G",0.162319,4.20226237478109e-05,421986,{"v":17.7336200728403,"d":"17.734"},{"v":0.0124309,"d":"0.012"},{"v":0.00222876,"d":"0.002"},{"v":2.39999313805789e-08,"d":"2.400E-08"},{"v":-1.4511,"d":"-1.451"},{"v":1.7258,"d":"1.726"},{"v":0.4004,"d":"0.400"}]
["FVC","SA_insula","rs57072412","A","G",0.383191,5.48617071536508e-05,421986,{"v":23.1520327915692,"d":"23.152"},{"v":0.010773,"d":"0.011"},{"v":1.68954E-3,"d":"0.002"},{"v":1.79998961724559E-10,"d":"1.800E-10"},{"v":-0.0976,"d":"-0.098"},{"v":1.3291,"d":"1.329"},{"v":0.9415,"d":"0.942"}]
["FVC","SA_insula","rs575837","G","A",0.784728,5.50345504488652e-05,421986,{"v":23.2249779128326,"d":"23.225"},{"v":0.0127629,"d":"0.013"},{"v":0.0020075,"d":"0.002"},{"v":2.00000001996811e-10,"d":"2.000E-10"},{"v":-1.3421,"d":"-1.342"},{"v":1.5538,"d":"1.554"},{"v":0.3877,"d":"0.388"}]
["FVC","SA_insula","rs582780","G","A",0.422609,{"$f":"2*F1349*(1-F1349)*J1349*J1349","v":7.69184760023856e-05},421986,{"$f":"G1349/(1-G1349)*(H1349-2)","v":{"v":32.4608630175037,"d":"32.461"}},{"v":0.0125544,"d":"0.013"},{"v":1.6756E-3,"d":"0.002"},{"v":6.79986045003322e-14,"d":"6.800E-14"},{"v":0.5741,"d":"0.574"},{"v":1.3611,"d":"1.361"},{"v":0.6732,"d":"0.673"}]
["FVC","SA_insula","rs58746189","C","T",0.114418,5.54327432021165e-05,421986,{"v":23.3930274470851,"d":"23.393"},{"v":-0.0165389,"d":"-0.017"},{"v":0.00257892,"d":"0.003"},{"v":1.40000633223953E-10,"d":"1.400E-10"},{"v":3.0116,"d":"3.012"},2.045,{"v":0.1409,"d":"0.141"}]
["FVC","SA_insula","rs59032271","T","C",0.467565,5.25155515367519e-05,421986,{"v":22.1618863433691,"d":"22.162"},{"v":-0.0102701,"d":"-0.010"},{"v":0.00164133,"d":"0.002"},{"v":3.89995862874433e-10,"d":"3.900E-10"},{"v":-1.2265,"d":"-1.227"},{"v":1.2899,"d":"1.290"},{"v":0.3417,"d":"0.342"}]
["FVC","SA_insula","rs5992929","T","C",0.284928,4.74968475738632E-5,421986,{"v":20.0438617468553,"d":"20.044"},{"v":0.0107963,"d":"0.011"},{"v":0.0018267,"d":"0.002"},{"v":3.4000084782586e-09,"d":"3.400E-09"},{"v":-0.3944,"d":"-0.394"},{"v":1.4482,"d":"1.448"},{"v":0.7854,"d":"0.785"}]
["FVC","SA_insula","rs60839038","C","A",0.47352,7.81566247420721e-05,421986,{"v":32.9834230081733,"d":"32.983"},{"v":0.0125201,"d":"0.013"},{"v":0.00167309,"d":"0.002"},{"v":7.29961575729299e-14,"d":"7.300E-14"},{"v":-2.1867,"d":"-2.187"},{"v":1.4175,"d":"1.418"},{"v":0.1229,"d":"0.123"}]
["FVC","SA_insula","rs6088619","G","A",0.135815,7.20917622439476e-05,421986,{"v":30.4237635014749,"d":"30.424"},{"v":0.0175247,"d":"0.018"},{"v":2.41661E-3,"d":"0.002"},{"v":4.10015240506613e-13,"d":"4.100E-13"},{"v":-1.2128,"d":"-1.213"},{"v":1.9415,"d":"1.942"},{"v":0.5322,"d":"0.532"}]
["FVC","SA_insula","rs6107411","G","A",0.165223,4.40792134730111e-05,421986,{"v":18.6015427595694,"d":"18.602"},{"v":0.012641,"d":"0.013"},{"v":0.00221407,"d":"0.002"},{"v":1.09999319893519E-8,"d":"1.100E-08"},{"v":1.3103,"d":"1.310"},{"v":1.7465,"d":"1.747"},{"v":0.4531,"d":"0.453"}]
["FVC","SA_insula","rs6140000","G","T",0.497765,4.80103190874975e-05,421986,{"v":20.2605592057309,"d":"20.261"},{"v":-0.00979911,"d":"-0.010"},{"v":1.64577E-3,"d":"0.002"},{"v":2.59997995670925e-09,"d":"2.600E-09"},{"v":0.2436,"d":"0.244"},{"v":1.2978,"d":"1.298"},{"v":0.8511,"d":"0.851"}]
["FVC","SA_insula","rs61732778","A","G",0.071158,4.53939497968776e-05,421986,{"v":19.1563900952959,"d":"19.156"},{"v":0.0185311,"d":"0.019"},{"v":0.0031876,"d":"0.003"},{"v":6.10000231740111e-09,"d":"6.100E-09"},{"v":0.5447,"d":"0.545"},{"v":2.5899,"d":"2.590"},{"v":0.8334,"d":"0.833"}]
["FVC","SA_insula","rs61884008","A","G",0.055359,6.19804364366019e-05,421986,{"v":26.1563736727189,"d":"26.156"},{"v":0.0243436,"d":"0.024"},{"v":3.63066E-3,"d":"0.004"},{"v":1.99986186963274e-11,"d":"2.000E-11"},{"v":0.3947,"d":"0.395"},{"v":2.8924,"d":"2.892"},{"v":0.8915,"d":"0.892"}]
["FVC","SA_insula","rs62018872","A","G",0.120637,4.85026045935671e-05,421986,{"v":20.4683158634428,"d":"20.468"},{"v":-0.0151197,"d":"-0.015"},{"v":0.00253721,"d":"0.003"},{"v":2.49999995007974e-09,"d":"2.500E-09"},{"v":0.1905,"d":"0.191"},{"v":2.0286,"d":"2.029"},{"v":0.9252,"d":"0.925"}]
["FVC","SA_insula","rs62276616","A","G",0.042615,5.76894212543324e-05,421986,{"v":24.3454172116173,"d":"24.345"},{"v":-0.0265894,"d":"-0.027"},{"v":4.0951E-3,"d":"0.004"},{"v":8.4004006526377e-11,"d":"8.400E-11"},{"v":-4.1945,"d":"-4.195"},{"v":3.3358,"d":"3.336"},{"v":0.2086,"d":"0.209"}]
["FVC","SA_insula","rs644570","A","G",0.632228,5.14133799179517e-05,421986,{"v":21.6967392139931,"d":"21.697"},{"v":0.0105147,"d":"0.011"},{"v":0.00170914,"d":"0.002"},{"v":7.59993713661527e-10,"d":"7.600E-10"},{"v":2.3611,"d":"2.361"},{"v":1.3437,"d":"1.344"},{"v":0.0789,"d":"0.079"}]
["FVC","SA_insula","rs6462426","C","T",0.945001,4.55399828280401e-05,421986,{"v":19.2180193019767,"d":"19.218"},{"v":-0.0209309,"d":"-0.021"},{"v":3.60298E-3,"d":"0.004"},{"v":6.29999202947421e-09,"d":"6.300E-09"},{"v":-0.4381,"d":"-0.438"},{"v":2.7835,"d":"2.784"},{"v":0.8749,"d":"0.875"}]
["FVC","SA_insula","rs6487686","C","T",0.772904,1.03141223251922E-4,421986,{"v":43.5284355288256,"d":"43.528"},{"v":-0.0171409,"d":"-0.017"},{"v":0.00196297,"d":"0.002"},{"v":2.49976970217851e-18,"d":"2.500E-18"},-1.155,{"v":1.5269,"d":"1.527"},{"v":0.4494,"d":"0.449"}]
["FVC","SA_insula","rs6501431","T","C",0.784491,5.66176612404253E-5,421986,{"v":23.8930999323176,"d":"23.893"},{"v":0.01294,"d":"0.013"},{"v":0.00199944,"d":"0.002"},{"v":9.70063133783958e-11,"d":"9.701E-11"},{"v":2.0415,"d":"2.042"},{"v":1.5631,"d":"1.563"},{"v":0.1915,"d":"0.192"}]
["FVC","SA_insula","rs661857","C","T",0.482472,0.000109798209617901,421986,{"v":46.3381755361111,"d":"46.338"},{"v":0.0148279,"d":"0.015"},{"v":0.00164183,"d":"0.002"},{"v":1.69980851320349e-19,"d":"1.700E-19"},{"v":0.5172,"d":"0.517"},{"v":1.3171,"d":"1.317"},{"v":0.6945,"d":"0.695"}]
["FVC","SA_insula","rs663378","A","G",0.833573,6.37425819916999e-05,421986,{"v":26.900064398746,"d":"26.900"},{"v":-0.0151571,"d":"-0.015"},{"v":0.00222469,"d":"0.002"},{"v":9.49948365876348e-12,"d":"9.499E-12"},{"v":-2.1482,"d":"-2.148"},{"v":1.7534,"d":"1.753"},{"v":0.2205,"d":"0.221"}]
["FVC","SA_insula","rs6658835","G","A",0.269388,1.42791581170128E-4,421986,{"v":60.2643678328666,"d":"60.264"},{"v":0.019046,"d":"0.019"},{"v":1.85345E-3,"d":"0.002"},{"v":8.99911910870052e-25,"d":"8.999E-25"},{"v":2.5085,"d":"2.509"},{"v":1.4558,"d":"1.456"},{"v":0.08486,"d":"0.085"}]
["FVC","SA_insula","rs668844","A","C",0.482052,4.45621047410429e-05,421986,{"v":18.8053332122725,"d":"18.805"},{"v":0.00944665,"d":"0.009"},{"v":1.64055E-3,"d":"0.002"},{"v":8.50002102591718E-9,"d":"8.500E-09"},{"v":-1.2156,"d":"-1.216"},{"v":1.3307,"d":"1.331"},0.361]
["FVC","SA_insula","rs67551338","T","C",0.06134,7.05189984710282e-05,421986,{"v":29.7599876953251,"d":"29.760"},{"v":0.0247464,"d":"0.025"},{"v":0.00345878,"d":"0.003"},{"v":8.4004006526377e-13,"d":"8.400E-13"},{"v":-0.0599,"d":"-0.060"},{"v":2.6597,"d":"2.660"},0.982]
["FVC","SA_insula","rs6762578","A","G",0.77845,0.000132137192897206,421986,{"v":55.7671501222077,"d":"55.767"},{"v":0.0195725,"d":"0.020"},{"v":0.00198462,"d":"0.002"},{"v":6.09958095872238e-23,"d":"6.100E-23"},{"v":1.6693,"d":"1.669"},{"v":1.6754,"d":"1.675"},{"v":0.3191,"d":"0.319"}]
["FVC","SA_insula","rs6803045","A","G",0.582831,5.28540720634528e-05,421986,{"v":22.3047516425747,"d":"22.305"},{"v":0.0104255,"d":"0.010"},{"v":0.00167546,"d":"0.002"},{"v":4.90004422793237e-10,"d":"4.900E-10"},{"v":-1.5335,"d":"-1.534"},{"v":1.2985,"d":"1.299"},{"v":0.2376,"d":"0.238"}]
["FVC","SA_insula","rs6849555","C","G",0.201305,5.95225828732291e-05,421986,{"v":25.119072763267,"d":"25.119"},{"v":0.0136053,"d":"0.014"},{"v":2.10903E-3,"d":"0.002"},{"v":1.09999319893519e-10,"d":"1.100E-10"},{"v":1.7495,"d":"1.750"},{"v":1.9992,"d":"1.999"},{"v":0.3815,"d":"0.382"}]
["FVC","SA_insula","rs6886191","G","A",0.559405,6.13211737942761e-05,421986,{"v":25.8781410803905,"d":"25.878"},{"v":0.0111534,"d":"0.011"},{"v":1.65843E-3,"d":"0.002"},{"v":1.80011396041801E-11,"d":"1.800E-11"},0.368,{"v":1.3023,"d":"1.302"},{"v":0.7775,"d":"0.778"}]
["FVC","SA_insula","rs6902771","T","C",0.463035,9.61364438873099E-5,421986,{"v":40.5719415795277,"d":"40.572"},{"v":0.0139043,"d":"0.014"},{"v":0.00164169,"d":"0.002"},{"v":2.49976970217851E-17,"d":"2.500E-17"},{"v":-0.4556,"d":"-0.456"},{"v":1.2994,"d":"1.299"},{"v":0.7259,"d":"0.726"}]
["FVC","SA_insula","rs6906411","A","G",0.449499,4.49493692192693E-5,421986,{"v":18.9687672547471,"d":"18.969"},{"v":-0.00953023,"d":"-0.010"},{"v":1.65975E-3,"d":"0.002"},{"v":9.40004645744656E-9,"d":"9.400E-09"},{"v":0.3757,"d":"0.376"},{"v":1.3106,"d":"1.311"},{"v":0.7744,"d":"0.774"}]
["FVC","SA_insula","rs6919321","A","G",0.60753,5.65182520321187e-05,421986,{"v":23.8511460906076,"d":"23.851"},{"v":0.0108866,"d":"0.011"},{"v":1.68563E-3,"d":"0.002"},{"v":1.09999319893519e-10,"d":"1.100E-10"},{"v":2.7251,"d":"2.725"},{"v":1.3137,"d":"1.314"},{"v":0.03805,"d":"0.038"}]
["FVC","SA_insula","rs6937121","G","T",0.289184,0.000224015728667804,421986,{"v":94.5522344338483,"d":"94.552"},{"v":-0.0233431,"d":"-0.023"},{"v":1.80879E-3,"d":"0.002"},{"v":4.19952334664063E-38,"d":"4.200E-38"},{"v":2.1565,"d":"2.157"},{"v":1.4289,"d":"1.429"},{"v":0.1312,"d":"0.131"}]
["FVC","SA_insula","rs6965423","C","T",0.50901,5.87283036522269e-05,421986,{"v":24.7838600024372,"d":"24.784"},{"v":-0.0108395,"d":"-0.011"},{"v":1.64539E-3,"d":"0.002"},{"v":4.49987033872151e-11,"d":"4.500E-11"},{"v":-1.3097,"d":"-1.310"},{"v":1.2861,"d":"1.286"},{"v":0.3085,"d":"0.309"}]
["FVC","SA_insula","rs6977081","T","G",0.333825,1.11883348591464E-4,421986,{"v":47.2182659097251,"d":"47.218"},{"v":0.0158604,"d":"0.016"},{"v":0.00175433,"d":"0.002"},{"v":1.5999263828686e-19,"d":"1.600E-19"},{"v":-0.8615,"d":"-0.862"},{"v":1.3612,"d":"1.361"},{"v":0.5268,"d":"0.527"}]
["FVC","SA_insula","rs698748","G","A",0.581469,4.26423821749827e-05,421986,{"v":17.9951703566595,"d":"17.995"},{"v":0.00936006,"d":"0.009"},{"v":0.00167978,"d":"0.002"},{"v":2.49999995007974e-08,"d":"2.500E-08"},{"v":-0.1167,"d":"-0.117"},{"v":1.5154,"d":"1.515"},{"v":0.9386,"d":"0.939"}]
["FVC","SA_insula","rs7012637","A","G",0.4738,5.1217081991076e-05,421986,{"v":21.6138961276123,"d":"21.614"},{"v":-0.0101349,"d":"-0.010"},{"v":1.65698E-3,"d":"0.002"},{"v":9.59997274392481e-10,"d":"9.600E-10"},{"v":0.5513,"d":"0.551"},{"v":1.3402,"d":"1.340"},{"v":0.6808,"d":"0.681"}]
["FVC","SA_insula","rs7027103","C","G",0.203801,8.86508239714635e-05,421986,{"v":37.4125459557999,"d":"37.413"},{"v":-0.0165277,"d":"-0.017"},{"v":2.04156E-3,"d":"0.002"},{"v":5.70033002218961e-16,"d":"5.700E-16"},{"v":-0.8927,"d":"-0.893"},{"v":1.6016,"d":"1.602"},{"v":0.5773,"d":"0.577"}]
["FVC","SA_insula","rs7029491","G","C",0.334337,8.05373568236104e-05,421986,{"v":33.988213302717,"d":"33.988"},{"v":0.0134513,"d":"0.013"},{"v":0.0017552,"d":"0.002"},{"v":1.80011396041801E-14,"d":"1.800E-14"},{"v":-0.8886,"d":"-0.889"},{"v":1.4472,"d":"1.447"},{"v":0.5392,"d":"0.539"}]
["FVC","SA_insula","rs7105777","T","C",0.631869,5.44736156740329e-05,421986,{"v":22.9882464894954,"d":"22.988"},{"v":-0.0108209,"d":"-0.011"},{"v":1.70784E-3,"d":"0.002"},{"v":2.39999313805789e-10,"d":"2.400E-10"},{"v":-1.0334,"d":"-1.033"},{"v":1.3486,"d":"1.349"},{"v":0.4435,"d":"0.444"}]
["FVC","SA_insula","rs7176647","G","C",0.599761,7.33606114066136E-5,421986,{"v":30.9592754351831,"d":"30.959"},{"v":-0.0123614,"d":"-0.012"},{"v":1.69264E-3,"d":"0.002"},{"v":2.80027059501064E-13,"d":"2.800E-13"},{"v":0.1953,"d":"0.195"},{"v":1.3427,"d":"1.343"},{"v":0.8843,"d":"0.884"}]
["FVC","SA_insula","rs723149","G","A",0.56266,1.00808207678773E-4,421986,{"v":42.5437394672429,"d":"42.544"},{"v":-0.014312,"d":"-0.014"},{"v":1.65522E-3,"d":"0.002"},{"v":5.30029448835795e-18,"d":"5.300E-18"},{"v":-0.1711,"d":"-0.171"},{"v":1.3476,"d":"1.348"},0.899]
["FVC","SA_insula","rs723588","C","T",0.142475,9.20476745432426e-05,421986,{"v":38.8462215988187,"d":"38.846"},{"v":0.0194088,"d":"0.019"},{"v":0.00234291,"d":"0.002"},{"v":1.20005182020427e-16,"d":"1.200E-16"},1.096,{"v":1.8037,"d":"1.804"},{"v":0.5434,"d":"0.543"}]
["FVC","SA_insula","rs72656010","C","T",0.132118,0.00021908575780461,421986,{"v":92.4709434881494,"d":"92.471"},{"v":-0.0309087,"d":"-0.031"},{"v":0.00243307,"d":"0.002"},{"v":5.60015438761553e-37,"d":"5.600E-37"},{"v":-2.1579,"d":"-2.158"},1.925,{"v":0.2623,"d":"0.262"}]
["FVC","SA_insula","rs72665944","A","G",0.07632,6.84337196213313e-05,421986,{"v":28.8799111004268,"d":"28.880"},{"v":-0.0220313,"d":"-0.022"},{"v":0.00313425,"d":"0.003"},{"v":2.09990670376243E-12,"d":"2.100E-12"},{"v":-2.8582,"d":"-2.858"},{"v":2.6471,"d":"2.647"},{"v":0.2803,"d":"0.280"}]
["FVC","SA_insula","rs72673891","G","A",0.067566,0.000133496624932514,421986,{"v":56.3409611036748,"d":"56.341"},{"v":0.0325497,"d":"0.033"},{"v":0.00328044,"d":"0.003"},{"v":3.29989407910835e-23,"d":"3.300E-23"},-1.891,{"v":2.6978,"d":"2.698"},{"v":0.4833,"d":"0.483"}]
["FVC","SA_insula","rs72904209","C","T",0.13427,5.22341047259158E-5,421986,{"v":22.0431078506648,"d":"22.043"},{"v":-0.0149893,"d":"-0.015"},{"v":0.00240925,"d":"0.002"},{"v":4.90004422793237e-10,"d":"4.900E-10"},{"v":-1.4431,"d":"-1.443"},{"v":1.9354,"d":"1.935"},{"v":0.4559,"d":"0.456"}]
["FVC","SA_insula","rs72976986","A","G",0.190197,7.62541928442309e-05,421986,{"v":32.1805032114777,"d":"32.181"},{"v":0.0157335,"d":"0.016"},{"v":2.11371E-3,"d":"0.002"},{"v":9.79941161095592e-14,"d":"9.799E-14"},{"v":-0.0904,"d":"-0.090"},{"v":1.8173,"d":"1.817"},{"v":0.9603,"d":"0.960"}]
["FVC","SA_insula","rs73125628","T","C",0.27862,4.67726131185683e-05,421986,{"v":19.7382175822406,"d":"19.738"},{"v":-0.0107868,"d":"-0.011"},{"v":0.00183637,"d":"0.002"},{"v":4.30001529151271e-09,"d":"4.300E-09"},{"v":1.8732,"d":"1.873"},{"v":1.4707,"d":"1.471"},{"v":0.2028,"d":"0.203"}]
["FVC","SA_insula","rs735830","A","G",0.208865,8.73933030413467e-05,421986,{"v":36.88179881282,"d":"36.882"},{"v":-0.0162617,"d":"-0.016"},{"v":2.02148E-3,"d":"0.002"},{"v":8.69961433065269e-16,"d":"8.700E-16"},{"v":-0.3974,"d":"-0.397"},{"v":1.6136,"d":"1.614"},{"v":0.8054,"d":"0.805"}]
["FVC","SA_insula","rs7359156","G","A",0.209384,6.226472042639e-05,421986,{"v":26.276351874113,"d":"26.276"},{"v":-0.0137136,"d":"-0.014"},{"v":2.02651E-3,"d":"0.002"},{"v":1.2998702373886e-11,"d":"1.300E-11"},{"v":-0.3222,"d":"-0.322"},1.599,{"v":0.8403,"d":"0.840"}]
["FVC","SA_insula","rs73923824","A","C",0.187487,4.35755617595365E-5,421986,{"v":18.3889911641564,"d":"18.389"},{"v":0.0119593,"d":"0.012"},{"v":0.00213172,"d":"0.002"},{"v":2.0000000199681E-8,"d":"2.000E-08"},{"v":-0.0142,"d":"-0.014"},{"v":1.7765,"d":"1.777"},{"v":0.9936,"d":"0.994"}]
["FVC","SA_insula","rs74483355","T","C",0.112455,7.62296333510282e-05,421986,{"v":32.1701379178186,"d":"32.170"},{"v":-0.0195417,"d":"-0.020"},{"v":0.00260367,"d":"0.003"},{"v":6.09958095872238E-14,"d":"6.100E-14"},{"v":-2.0426,"d":"-2.043"},{"v":2.0908,"d":"2.091"},{"v":0.3286,"d":"0.329"}]
["FVC","SA_insula","rs74767794","G","A",0.316352,5.88798117763144e-05,421986,{"v":24.8478015264932,"d":"24.848"},{"v":0.0116672,"d":"0.012"},{"v":1.77224E-3,"d":"0.002"},{"v":4.60044666393479e-11,"d":"4.600E-11"},{"v":1.6726,"d":"1.673"},{"v":1.4101,"d":"1.410"},{"v":0.2356,"d":"0.236"}]
["FVC","SA_insula","rs75201573","C","T",0.228688,9.06302057649333e-05,421986,{"v":38.2479631702818,"d":"38.248"},{"v":0.0160282,"d":"0.016"},{"v":0.00196373,"d":"0.002"},{"v":3.29989407910835e-16,"d":"3.300E-16"},{"v":-2.3918,"d":"-2.392"},{"v":1.6265,"d":"1.627"},{"v":0.1414,"d":"0.141"}]
["FVC","SA_insula","rs7535275","G","A",0.130968,4.20369815446355e-05,421986,{"v":17.7396793427046,"d":"17.740"},{"v":0.0135894,"d":"0.014"},{"v":0.00243438,"d":"0.002"},{"v":2.39999313805789e-08,"d":"2.400E-08"},{"v":1.4106,"d":"1.411"},{"v":2.0471,"d":"2.047"},{"v":0.4908,"d":"0.491"}]
["FVC","SA_insula","rs75421844","C","T",0.083714,1.12955137403472E-4,421986,{"v":47.6706453463618,"d":"47.671"},{"v":0.0271346,"d":"0.027"},{"v":0.00297229,"d":"0.003"},{"v":6.9008088854845e-20,"d":"6.901E-20"},{"v":1.8519,"d":"1.852"},{"v":2.3629,"d":"2.363"},{"v":0.4332,"d":"0.433"}]
["FVC","SA_insula","rs7562385","T","C",0.895666,8.01368217716201e-05,421986,{"v":33.8191667590144,"d":"33.819"},{"v":0.0207069,"d":"0.021"},{"v":0.00267966,"d":"0.003"},{"v":1.10001852750622E-14,"d":"1.100E-14"},{"v":0.0256,"d":"0.026"},{"v":2.1021,"d":"2.102"},{"v":0.9903,"d":"0.990"}]
["FVC","SA_insula","rs76084836","T","C",0.018081,4.09846726246564e-05,421986,{"v":17.2955849467299,"d":"17.296"},{"v":-0.033974,"d":"-0.034"},{"v":0.00617832,"d":"0.006"},{"v":3.79996853036855e-08,"d":"3.800E-08"},{"v":5.0767,"d":"5.077"},{"v":4.6505,"d":"4.651"},0.275]
["FVC","SA_insula","rs76219171","A","G",0.06075,4.25319300147614E-5,421986,{"v":17.9485573421338,"d":"17.949"},{"v":-0.0193054,"d":"-0.019"},{"v":0.00348454,"d":"0.003"},{"v":2.99999133271615e-08,"d":"3.000E-08"},{"v":-0.8967,"d":"-0.897"},{"v":2.8391,"d":"2.839"},{"v":0.7521,"d":"0.752"}]
["FVC","SA_insula","rs7632","C","T",0.512981,5.4113204167767e-05,421986,{"v":22.83614208435,"d":"22.836"},{"v":-0.0104067,"d":"-0.010"},{"v":1.6401E-3,"d":"0.002"},{"v":2.19998641983517E-10,"d":"2.200E-10"},{"v":1.2979,"d":"1.298"},{"v":1.3007,"d":"1.301"},{"v":0.3184,"d":"0.318"}]
["FVC","SA_insula","rs7638143","A","G",0.582086,9.48743100324213e-05,421986,{"v":40.0392395399469,"d":"40.039"},{"v":-0.0139644,"d":"-0.014"},{"v":0.00166448,"d":"0.002"},{"v":4.90004422793237e-17,"d":"4.900E-17"},{"v":-0.1239,"d":"-0.124"},1.309,{"v":0.9246,"d":"0.925"}]
["FVC","SA_insula","rs76660472","C","G",0.078285,4.38444807224659e-05,421986,{"v":18.5024805848424,"d":"18.502"},{"v":-0.0174303,"d":"-0.017"},{"v":3.06179E-3,"d":"0.003"},{"v":1.19999655704812E-8,"d":"1.200E-08"},{"v":0.5721,"d":"0.572"},{"v":2.8371,"d":"2.837"},{"v":0.8402,"d":"0.840"}]
["FVC","SA_insula","rs77328429","A","G",0.114012,7.18203724361584e-05,421986,{"v":30.3092248619177,"d":"30.309"},{"v":0.0188547,"d":"0.019"},{"v":2.57478E-3,"d":"0.003"},{"v":2.39993787680988E-13,"d":"2.400E-13"},{"v":-1.9345,"d":"-1.935"},{"v":2.0885,"d":"2.089"},{"v":0.3543,"d":"0.354"}]
["FVC","SA_insula","rs7815955","T","A",0.203201,0.000185082637412545,421986,{"v":78.1163696496151,"d":"78.116"},{"v":-0.0239073,"d":"-0.024"},{"v":0.00204165,"d":"0.002"},{"v":1.10001852750622E-31,"d":"1.100E-31"},{"v":-0.5182,"d":"-0.518"},1.619,{"v":0.7489,"d":"0.749"}]
["FVC","SA_insula","rs78378222","G","T",0.01219,8.67015760390024e-05,421986,{"v":36.5898502609271,"d":"36.590"},{"v":0.0600012,"d":"0.060"},{"v":0.00764883,"d":"0.008"},{"v":4.30031233630544e-15,"d":"4.300E-15"},{"v":0.0875,"d":"0.088"},{"v":5.8903,"d":"5.890"},{"v":0.9881,"d":"0.988"}]
["FVC","SA_insula","rs784808","C","T",0.556276,4.96315619241602e-05,421986,{"v":20.9447645483835,"d":"20.945"},{"v":0.0100268,"d":"0.010"},{"v":0.00165571,"d":"0.002"},{"v":1.40000633223953e-09,"d":"1.400E-09"},{"v":-1.2356,"d":"-1.236"},{"v":1.2978,"d":"1.298"},{"v":0.3411,"d":"0.341"}]
["FVC","SA_insula","rs7852321","C","T",0.282452,4.30265125876653e-05,421986,{"v":18.1572811322785,"d":"18.157"},{"v":0.0103028,"d":"0.010"},{"v":0.00182407,"d":"0.002"},{"v":1.60000006389793e-08,"d":"1.600E-08"},{"v":-0.6662,"d":"-0.666"},{"v":1.4413,"d":"1.441"},{"v":0.6439,"d":"0.644"}]
["FVC","SA_insula","rs7854962","G","C",0.212959,{"$f":"2*F1413*(1-F1413)*J1413*J1413","v":0.000107130376641358},421986,{"$f":"G1413/(1-G1413)*(H1413-2)","v":{"v":45.2121484511193,"d":"45.212"}},{"v":-0.017877,"d":"-0.018"},{"v":0.00202336,"d":"0.002"},{"v":1e-18,"d":"1.000E-18"},{"v":-0.1179,"d":"-0.118"},{"v":1.6277,"d":"1.628"},{"v":0.9423,"d":"0.942"}]
["FVC","SA_insula","rs78579285","T","C",0.181123,6.4453529126848e-05,421986,{"v":27.2001111782219,"d":"27.200"},{"v":-0.0147405,"d":"-0.015"},{"v":2.13123E-3,"d":"0.002"},{"v":4.60044666393479e-12,"d":"4.600E-12"},{"v":0.1601,"d":"0.160"},{"v":1.8123,"d":"1.812"},{"v":0.9296,"d":"0.930"}]
["FVC","SA_insula","rs7907533","A","C",0.548538,4.83691782861995e-05,421986,{"v":20.412006641912,"d":"20.412"},{"v":0.00988224,"d":"0.010"},{"v":1.6501E-3,"d":"0.002"},{"v":2.10000341026661e-09,"d":"2.100E-09"},{"v":1.9466,"d":"1.947"},{"v":1.2958,"d":"1.296"},0.133]
["FVC","SA_insula","rs7916879","A","G",0.369335,5.50397326342143e-05,421986,{"v":23.2271649528651,"d":"23.227"},{"v":-0.0108696,"d":"-0.011"},{"v":0.00170511,"d":"0.002"},{"v":1.79998961724559E-10,"d":"1.800E-10"},{"v":0.1052,"d":"0.105"},1.346,{"v":0.9377,"d":"0.938"}]
["FVC","SA_insula","rs7956181","C","T",0.096091,5.09982113445097e-05,421986,{"v":21.5215267753725,"d":"21.522"},{"v":0.017134,"d":"0.017"},{"v":0.00278289,"d":"0.003"},{"v":7.39997069733888e-10,"d":"7.400E-10"},{"v":-3.4321,"d":"-3.432"},{"v":2.1753,"d":"2.175"},{"v":0.1146,"d":"0.115"}]
["FVC","SA_insula","rs7968682","T","G",0.517742,3.03039861974058E-4,421986,{"v":127.916736985581,"d":"127.917"},{"v":-0.0246342,"d":"-0.025"},{"v":0.00164702,"d":"0.002"},{"v":1.39990962656833e-50,"d":"1.400E-50"},{"v":-0.8779,"d":"-0.878"},{"v":1.3017,"d":"1.302"},{"v":0.5,"d":"0.500"}]
["FVC","SA_insula","rs8001781","G","A",0.661562,6.29580521693592e-05,421986,{"v":26.5689634168198,"d":"26.569"},{"v":-0.0118573,"d":"-0.012"},{"v":0.00173947,"d":"0.002"},{"v":9.30036514753962e-12,"d":"9.300E-12"},{"v":-0.9076,"d":"-0.908"},{"v":1.3621,"d":"1.362"},{"v":0.5052,"d":"0.505"}]
["FVC","SA_insula","rs8033776","G","A",0.4683,5.94227014072185e-05,421986,{"v":25.0769193689156,"d":"25.077"},{"v":0.0109236,"d":"0.011"},{"v":0.00164896,"d":"0.002"},{"v":3.50025754158434E-11,"d":"3.500E-11"},{"v":-1.1741,"d":"-1.174"},{"v":1.3084,"d":"1.308"},{"v":0.3695,"d":"0.370"}]
["FVC","SA_insula","rs803765","A","C",0.346274,8.21205506694664e-05,421986,{"v":34.6564044567223,"d":"34.656"},{"v":-0.013468,"d":"-0.013"},{"v":0.00172756,"d":"0.002"},{"v":6.40029512108372e-15,"d":"6.400E-15"},{"v":-1.7313,"d":"-1.731"},{"v":1.3525,"d":"1.353"},{"v":0.2005,"d":"0.201"}]
["FVC","SA_insula","rs8064926","G","A",0.208126,4.77122952933865e-05,421986,{"v":20.1347858939346,"d":"20.135"},{"v":-0.0120312,"d":"-0.012"},{"v":2.02461E-3,"d":"0.002"},{"v":2.80001269243454e-09,"d":"2.800E-09"},{"v":0.0983,"d":"0.098"},{"v":1.9844,"d":"1.984"},{"v":0.9605,"d":"0.961"}]
["FVC","SA_insula","rs8107719","C","T",0.664833,7.58586602607119e-05,421986,{"v":32.0135693979409,"d":"32.014"},{"v":-0.0130467,"d":"-0.013"},{"v":1.74248E-3,"d":"0.002"},{"v":7.00003159130898e-14,"d":"7.000E-14"},{"v":2.0226,"d":"2.023"},{"v":1.4031,"d":"1.403"},{"v":0.1494,"d":"0.149"}]
["FVC","SA_insula","rs848606","T","G",0.32697,8.21126628425655e-05,421986,{"v":34.6530753732518,"d":"34.653"},{"v":-0.013659,"d":"-0.014"},{"v":1.75059E-3,"d":"0.002"},{"v":6.09958095872238E-15,"d":"6.100E-15"},{"v":0.4573,"d":"0.457"},{"v":1.3737,"d":"1.374"},{"v":0.7392,"d":"0.739"}]
["FVC","SA_insula","rs876531","T","C",0.455993,0.00016778615350299,421986,{"v":70.8149539685426,"d":"70.815"},{"v":-0.01839,"d":"-0.018"},{"v":1.65098E-3,"d":"0.002"},{"v":8.10027941680351e-29,"d":"8.100E-29"},{"v":1.0583,"d":"1.058"},{"v":1.3572,"d":"1.357"},{"v":0.4355,"d":"0.436"}]
["FVC","SA_insula","rs879098","G","A",0.39884,4.84147877011915e-05,421986,{"v":20.4312549481704,"d":"20.431"},{"v":-0.010048,"d":"-0.010"},{"v":0.00167973,"d":"0.002"},{"v":2.19998641983517e-09,"d":"2.200E-09"},{"v":-2.0503,"d":"-2.050"},{"v":1.3563,"d":"1.356"},{"v":0.1306,"d":"0.131"}]
["FVC","SA_insula","rs880610","A","G",0.166836,6.48118450622442e-05,421986,{"v":27.3513343171881,"d":"27.351"},{"v":-0.0152687,"d":"-0.015"},{"v":0.00220268,"d":"0.002"},{"v":4.19952334664066e-12,"d":"4.200E-12"},{"v":1.3454,"d":"1.345"},{"v":1.7893,"d":"1.789"},{"v":0.4521,"d":"0.452"}]
["FVC","SA_insula","rs889312","A","C",0.715882,4.72154158687289E-5,421986,{"v":19.9250908213991,"d":"19.925"},{"v":0.0107735,"d":"0.011"},{"v":1.82098E-3,"d":"0.002"},{"v":3.29997006285228E-9,"d":"3.300E-09"},{"v":-1.0338,"d":"-1.034"},{"v":1.4287,"d":"1.429"},{"v":0.4693,"d":"0.469"}]
["FVC","SA_insula","rs9379084","A","G",0.115664,0.000129470287613295,421986,{"v":54.6414642943066,"d":"54.641"},{"v":-0.0251572,"d":"-0.025"},{"v":0.00264155,"d":"0.003"},{"v":1.69980851320349e-21,"d":"1.700E-21"},{"v":-1.4055,"d":"-1.406"},{"v":2.2444,"d":"2.244"},{"v":0.5312,"d":"0.531"}]
["FVC","SA_insula","rs9391253","T","A",0.32,6.0449439875072e-05,421986,{"v":25.5102385158717,"d":"25.510"},{"v":0.0117856,"d":"0.012"},{"v":1.75829E-3,"d":"0.002"},{"v":1.99986186963274e-11,"d":"2.000E-11"},{"v":-0.6891,"d":"-0.689"},{"v":1.4013,"d":"1.401"},{"v":0.6229,"d":"0.623"}]
["FVC","SA_insula","rs9398932","A","G",0.14842,1.1392182933213E-4,421986,{"v":48.0786664385222,"d":"48.079"},{"v":-0.021229,"d":"-0.021"},{"v":0.00234405,"d":"0.002"},{"v":1.29987023738861e-19,"d":"1.300E-19"},{"v":-0.5001,"d":"-0.500"},{"v":1.9249,"d":"1.925"},0.795]
["FVC","SA_insula","rs9442580","T","C",0.12853,4.44591308513243e-05,421986,{"v":18.7618760098657,"d":"18.762"},{"v":0.0140876,"d":"0.014"},{"v":2.44925E-3,"d":"0.002"},{"v":8.79994585505891e-09,"d":"8.800E-09"},{"v":-3.3792,"d":"-3.379"},{"v":1.9862,"d":"1.986"},{"v":0.08888,"d":"0.089"}]
["FVC","SA_insula","rs9480936","T","G",0.408304,1.03662454297679E-4,421986,{"v":43.7484321842036,"d":"43.748"},{"v":-0.0146472,"d":"-0.015"},{"v":0.00167142,"d":"0.002"},{"v":1.90020300257723e-18,"d":"1.900E-18"},{"v":0.1951,"d":"0.195"},{"v":1.3179,"d":"1.318"},{"v":0.8823,"d":"0.882"}]
["FVC","SA_insula","rs9483032","A","G",0.719323,7.07554001577734e-05,421986,{"v":29.8597595194113,"d":"29.860"},{"v":0.0132373,"d":"0.013"},{"v":0.00182813,"d":"0.002"},{"v":4.49987033872151e-13,"d":"4.500E-13"},{"v":1.4261,"d":"1.426"},{"v":1.4415,"d":"1.442"},{"v":0.3225,"d":"0.323"}]
["FVC","SA_insula","rs9494331","A","G",0.32104,8.94187389476238e-05,421986,{"v":37.7366514998633,"d":"37.737"},{"v":-0.0143218,"d":"-0.014"},{"v":0.00175835,"d":"0.002"},{"v":3.80014352941586e-16,"d":"3.800E-16"},{"v":0.5711,"d":"0.571"},{"v":1.3904,"d":"1.390"},{"v":0.6813,"d":"0.681"}]
["FVC","SA_insula","rs9701805","C","G",0.089685,5.95486339721067e-05,421986,{"v":25.13006721926,"d":"25.130"},{"v":0.019097,"d":"0.019"},{"v":0.00286501,"d":"0.003"},{"v":2.60015956316527E-11,"d":"2.600E-11"},-1.595,2.225,{"v":0.4735,"d":"0.474"}]
["FVC","SA_insula","rs9745989","C","T",0.62791,5.40942994332712e-05,421986,{"v":22.8281637255736,"d":"22.828"},{"v":0.0107594,"d":"0.011"},{"v":0.00174129,"d":"0.002"},{"v":6.49994976198144e-10,"d":"6.500E-10"},{"v":-0.0111,"d":"-0.011"},1.474,0.994]
["FVC","SA_insula","rs9821691","T","G",0.428996,7.88619757754557e-05,421986,{"v":33.281116600241,"d":"33.281"},{"v":-0.0126874,"d":"-0.013"},{"v":0.00167142,"d":"0.002"},{"v":3.19963176731835E-14,"d":"3.200E-14"},{"v":-0.4468,"d":"-0.447"},{"v":1.3309,"d":"1.331"},{"v":0.7371,"d":"0.737"}]
["FVC","SA_insula","rs985296","A","G",0.385446,5.76959713698934e-05,421986,{"v":24.3481815745401,"d":"24.348"},{"v":-0.0110356,"d":"-0.011"},{"v":0.00168371,"d":"0.002"},{"v":5.60015438761557e-11,"d":"5.600E-11"},{"v":-0.1978,"d":"-0.198"},{"v":1.3317,"d":"1.332"},{"v":0.8819,"d":"0.882"}]
["FVC","SA_insula","rs9886260","A","G",0.722783,8.92230221998129e-05,421986,{"v":37.6540474078736,"d":"37.654"},{"v":-0.0149214,"d":"-0.015"},{"v":0.00183802,"d":"0.002"},{"v":4.70002318179801e-16,"d":"4.700E-16"},{"v":-0.4413,"d":"-0.441"},{"v":1.4584,"d":"1.458"},{"v":0.7622,"d":"0.762"}]
["FVC","SA_insula","rs9988963","G","C",0.737251,7.08865325024603e-05,421986,{"v":29.9151031094471,"d":"29.915"},{"v":0.0135266,"d":"0.014"},{"v":1.86634E-3,"d":"0.002"},{"v":4.19952334664066e-13,"d":"4.200E-13"},{"v":0.1155,"d":"0.116"},{"v":1.4668,"d":"1.467"},{"v":0.9372,"d":"0.937"}]
["FVC","SA_inferior parietal","rs10141786","G","A",0.596493,8.86185198408396e-05,421986,{"v":37.3989117127165,"d":"37.399"},{"v":-0.0135681,"d":"-0.014"},{"v":0.00168175,"d":"0.002"},{"v":7.1994612744084e-16,"d":"7.199E-16"},{"v":-3.0382,"d":"-3.038"},{"v":3.6622,"d":"3.662"},{"v":0.4068,"d":"0.407"}]
["FVC","SA_inferior parietal","rs10202701","T","C",0.541923,6.667921776679e-05,421986,{"v":28.1394393459051,"d":"28.139"},{"v":0.0115889,"d":"0.012"},{"v":1.65011E-3,"d":"0.002"},{"v":2.19988510904925e-12,"d":"2.200E-12"},{"v":-1.3547,"d":"-1.355"},{"v":3.3191,"d":"3.319"},{"v":0.6832,"d":"0.683"}]
["FVC","SA_inferior parietal","rs10283100","G","A",0.944478,9.24083692946343e-05,421986,{"v":38.9984570922519,"d":"38.998"},{"v":0.0296833,"d":"0.030"},{"v":3.58764E-3,"d":"0.004"},{"v":1.2998702373886e-16,"d":"1.300E-16"},{"v":-1.4043,"d":"-1.404"},{"v":8.5286,"d":"8.529"},{"v":0.8692,"d":"0.869"}]
["FVC","SA_inferior parietal","rs1054661","C","T",0.342598,4.654458375562e-05,421986,{"v":19.6419838594944,"d":"19.642"},{"v":0.0101651,"d":"0.010"},{"v":0.00172786,"d":"0.002"},{"v":4.00000007987242e-09,"d":"4.000E-09"},{"v":3.9342,"d":"3.934"},{"v":3.4256,"d":"3.426"},{"v":0.2508,"d":"0.251"}]
["FVC","SA_inferior parietal","rs10761495","C","A",0.597215,6.67352001399011e-05,421986,{"v":28.163066163693,"d":"28.163"},{"v":0.0117777,"d":"0.012"},{"v":0.00167988,"d":"0.002"},{"v":2.39993787680988E-12,"d":"2.400E-12"},{"v":2.6058,"d":"2.606"},{"v":3.2667,"d":"3.267"},0.425]
["FVC","SA_inferior parietal","rs10769125","A","G",0.759887,4.32262746894772e-05,421986,{"v":18.2415848143203,"d":"18.242"},{"v":-0.0108837,"d":"-0.011"},{"v":0.00191996,"d":"0.002"},{"v":1.40000633223953E-8,"d":"1.400E-08"},{"v":-0.5047,"d":"-0.505"},{"v":3.7241,"d":"3.724"},{"v":0.8922,"d":"0.892"}]
["FVC","SA_inferior parietal","rs10789246","C","T",0.301089,6.41161014124232e-05,421986,{"v":27.0577037728991,"d":"27.058"},{"v":-0.0123427,"d":"-0.012"},{"v":1.78506E-3,"d":"0.002"},{"v":4.70002318179801e-12,"d":"4.700E-12"},{"v":4.7526,"d":"4.753"},3.528,{"v":0.1779,"d":"0.178"}]
["FVC","SA_inferior parietal","rs10797116","C","T",0.542079,7.33138132091918e-05,421986,{"v":30.9395244477837,"d":"30.940"},{"v":-0.0121521,"d":"-0.012"},{"v":0.00165228,"d":"0.002"},{"v":1.90020300257723e-13,"d":"1.900E-13"},{"v":-1.2055,"d":"-1.206"},{"v":3.2519,"d":"3.252"},{"v":0.7109,"d":"0.711"}]
["FVC","SA_inferior parietal","rs10853628","C","T",0.384831,8.50433178523641e-05,421986,{"v":35.8899716428781,"d":"35.890"},{"v":-0.0134021,"d":"-0.013"},{"v":0.00168952,"d":"0.002"},{"v":2.09990670376243e-15,"d":"2.100E-15"},{"v":1.6128,"d":"1.613"},3.325,{"v":0.6276,"d":"0.628"}]
["FVC","SA_inferior parietal","rs10874340","T","G",0.493361,5.30984854106691e-05,421986,{"v":22.4079010931451,"d":"22.408"},{"v":0.0103061,"d":"0.010"},{"v":0.00163772,"d":"0.002"},{"v":3.09998790941119e-10,"d":"3.100E-10"},{"v":5.6814,"d":"5.681"},{"v":3.2362,"d":"3.236"},{"v":0.07916,"d":"0.079"}]
["FVC","SA_inferior parietal","rs10892061","T","C",0.655603,4.74621582036346e-05,421986,{"v":20.0292219975057,"d":"20.029"},{"v":0.010252,"d":"0.010"},{"v":1.72686E-3,"d":"0.002"},{"v":2.90001336905407e-09,"d":"2.900E-09"},{"v":-5.4984,"d":"-5.498"},{"v":3.3869,"d":"3.387"},{"v":0.1045,"d":"0.105"}]
["FVC","SA_inferior parietal","rs10916137","A","G",0.170792,7.3699990478116e-05,421986,{"v":31.1025090365371,"d":"31.103"},{"v":-0.0161307,"d":"-0.016"},{"v":0.00218459,"d":"0.002"},{"v":1.50003019045595e-13,"d":"1.500E-13"},{"v":2.1912,"d":"2.191"},{"v":4.3417,"d":"4.342"},{"v":0.6138,"d":"0.614"}]
["FVC","SA_inferior parietal","rs11000765","C","G",0.720336,5.08693352915136e-05,421986,{"v":21.4671376026745,"d":"21.467"},{"v":-0.0112364,"d":"-0.011"},{"v":0.00182542,"d":"0.002"},{"v":7.49997818203001e-10,"d":"7.500E-10"},{"v":0.5729,"d":"0.573"},{"v":3.6202,"d":"3.620"},{"v":0.8743,"d":"0.874"}]
["FVC","SA_inferior parietal","rs11049229","T","A",0.054116,4.11500464730783e-05,421986,{"v":17.3653757969165,"d":"17.365"},{"v":0.0200488,"d":"0.020"},{"v":3.66563E-3,"d":"0.004"},{"v":4.49997395325803e-08,"d":"4.500E-08"},{"v":9.5936,"d":"9.594"},{"v":7.3916,"d":"7.392"},{"v":0.1943,"d":"0.194"}]
["FVC","SA_inferior parietal","rs11060406","T","C",0.036679,5.28131968728098E-5,421986,{"v":22.2875011433615,"d":"22.288"},{"v":-0.0273377,"d":"-0.027"},{"v":4.43481E-3,"d":"0.004"},{"v":7.1000269957767e-10,"d":"7.100E-10"},{"v":-1.6346,"d":"-1.635"},{"v":9.5574,"d":"9.557"},{"v":0.8642,"d":"0.864"}]
["FVC","SA_inferior parietal","rs11079810","T","C",0.103307,6.24999942060563e-05,421986,{"v":26.3756460327727,"d":"26.376"},{"v":0.018367,"d":"0.018"},{"v":0.00271137,"d":"0.003"},{"v":1.2998702373886e-11,"d":"1.300E-11"},{"v":0.8631,"d":"0.863"},{"v":5.1457,"d":"5.146"},{"v":0.8668,"d":"0.867"}]
["FVC","SA_inferior parietal","rs11107119","A","T",0.219982,1.88046487908797E-4,421986,{"v":79.367533939717,"d":"79.368"},{"v":0.0234084,"d":"0.023"},{"v":0.00198228,"d":"0.002"},{"v":3.50025754158434e-32,"d":"3.500E-32"},{"v":-3.2813,"d":"-3.281"},{"v":3.89,"d":"3.890"},{"v":0.3989,"d":"0.399"}]
["FVC","SA_inferior parietal","rs11111178","T","C",0.176659,7.14933886182005e-05,421986,{"v":30.1712231456442,"d":"30.171"},{"v":0.0156769,"d":"0.016"},{"v":2.15168E-3,"d":"0.002"},{"v":3.19963176731835e-13,"d":"3.200E-13"},{"v":0.2878,"d":"0.288"},{"v":4.3279,"d":"4.328"},0.947]
["FVC","SA_inferior parietal","rs11122148","A","C",0.157016,4.03842056899531e-05,421986,{"v":17.042176888646,"d":"17.042"},{"v":0.0123512,"d":"0.012"},{"v":0.0022522,"d":"0.002"},{"v":4.20000686246631e-08,"d":"4.200E-08"},{"v":-5.1257,"d":"-5.126"},{"v":4.4508,"d":"4.451"},{"v":0.2495,"d":"0.250"}]
["FVC","SA_inferior parietal","rs111365325","T","C",0.231244,1.22614225271077E-4,421986,{"v":51.7475862269852,"d":"51.748"},{"v":-0.0185706,"d":"-0.019"},{"v":0.00194997,"d":"0.002"},{"v":1.69980851320349e-21,"d":"1.700E-21"},{"v":-4.1355,"d":"-4.136"},{"v":3.9077,"d":"3.908"},{"v":0.2899,"d":"0.290"}]
["FVC","SA_inferior parietal","rs11164653","C","T",0.59054,6.29430655760463e-05,421986,{"v":26.5626385179404,"d":"26.563"},{"v":-0.0114085,"d":"-0.011"},{"v":1.67402E-3,"d":"0.002"},{"v":9.39939714766782e-12,"d":"9.399E-12"},{"v":-1.8687,"d":"-1.869"},{"v":3.2915,"d":"3.292"},{"v":0.5702,"d":"0.570"}]
["FVC","SA_inferior parietal","rs11545700","A","C",0.124616,4.56605730783884e-05,421986,{"v":19.268911099434,"d":"19.269"},{"v":-0.0144667,"d":"-0.014"},{"v":0.00249861,"d":"0.002"},{"v":7.00003159130898e-09,"d":"7.000E-09"},{"v":-4.7382,"d":"-4.738"},{"v":5.0355,"d":"5.036"},{"v":0.3467,"d":"0.347"}]
["FVC","SA_inferior parietal","rs11575234","G","C",0.067886,4.80485257189383e-05,421986,{"v":20.2766833417215,"d":"20.277"},{"v":0.019485,"d":"0.019"},{"v":0.00325807,"d":"0.003"},{"v":2.19998641983517e-09,"d":"2.200E-09"},{"v":1.1963,"d":"1.196"},{"v":6.4204,"d":"6.420"},{"v":0.8522,"d":"0.852"}]
["FVC","SA_inferior parietal","rs11588312","T","C",0.071357,8.80233985085485e-05,421986,{"v":37.1477356661716,"d":"37.148"},{"v":-0.0257716,"d":"-0.026"},{"v":0.00318955,"d":"0.003"},{"v":6.49980009683026e-16,"d":"6.500E-16"},{"v":-6.5206,"d":"-6.521"},6.691,{"v":0.3298,"d":"0.330"}]
["FVC","SA_inferior parietal","rs11608103","A","G",0.131252,4.22030496869096e-05,421986,{"v":17.8097633454082,"d":"17.810"},{"v":0.0136037,"d":"0.014"},{"v":0.00243411,"d":"0.002"},{"v":2.3000114603619e-08,"d":"2.300E-08"},{"v":-6.3613,"d":"-6.361"},4.771,{"v":0.1824,"d":"0.182"}]
["FVC","SA_inferior parietal","rs11621587","C","G",0.183978,0.000135729204028457,421986,{"v":57.2833274531838,"d":"57.283"},{"v":0.0212612,"d":"0.021"},{"v":2.11823E-3,"d":"0.002"},{"v":1e-23,"d":"1.000E-23"},{"v":5.3237,"d":"5.324"},4.227,{"v":0.2079,"d":"0.208"}]
["FVC","SA_inferior parietal","rs11632611","A","G",0.658418,5.89296892647042e-05,421986,{"v":24.8688515083687,"d":"24.869"},{"v":-0.011446,"d":"-0.011"},{"v":1.75909E-3,"d":"0.002"},{"v":7.70016444356872e-11,"d":"7.700E-11"},{"v":2.2033,"d":"2.203"},{"v":3.5496,"d":"3.550"},{"v":0.5348,"d":"0.535"}]
["FVC","SA_inferior parietal","rs11637681","G","A",0.276249,5.27147653220468e-05,421986,{"v":22.245960220231,"d":"22.246"},{"v":-0.0114817,"d":"-0.011"},{"v":1.85184E-3,"d":"0.002"},{"v":5.60002544078e-10,"d":"5.600E-10"},1.233,{"v":3.6622,"d":"3.662"},{"v":0.7363,"d":"0.736"}]
["FVC","SA_inferior parietal","rs11664552","C","T",0.300477,4.51297930963036e-05,421986,{"v":19.044910102803,"d":"19.045"},{"v":0.0103612,"d":"0.010"},{"v":0.00180111,"d":"0.002"},{"v":8.79994585505891e-09,"d":"8.800E-09"},{"v":-1.5127,"d":"-1.513"},3.533,{"v":0.6685,"d":"0.669"}]
["FVC","SA_inferior parietal","rs11668582","T","C",0.390878,9.08082126210536e-05,421986,{"v":38.3230928462461,"d":"38.323"},{"v":0.0138094,"d":"0.014"},{"v":1.68764E-3,"d":"0.002"},{"v":2.80027059501064e-16,"d":"2.800E-16"},{"v":-4.1646,"d":"-4.165"},{"v":3.3494,"d":"3.349"},{"v":0.2137,"d":"0.214"}]
["FVC","SA_inferior parietal","rs11698277","T","C",0.319648,0.000111513337937303,421986,{"v":47.0620924471538,"d":"47.062"},{"v":0.016012,"d":"0.016"},{"v":1.76946E-3,"d":"0.002"},{"v":1.39990962656834e-19,"d":"1.400E-19"},{"v":1.9392,"d":"1.939"},{"v":3.4785,"d":"3.479"},{"v":0.5772,"d":"0.577"}]
["FVC","SA_inferior parietal","rs117372259","G","A",0.031174,6.13702367797437e-05,421986,{"v":25.8988474156616,"d":"25.899"},{"v":0.0318746,"d":"0.032"},{"v":0.00495553,"d":"0.005"},{"v":1.29998996537545e-10,"d":"1.300E-10"},{"v":20.7848,"d":"20.785"},{"v":11.3725,"d":"11.373"},{"v":0.0676,"d":"0.068"}]
["FVC","SA_inferior parietal","rs11867847","G","A",0.505622,4.76927744620758e-05,421986,{"v":20.1265476295014,"d":"20.127"},{"v":0.00976717,"d":"0.010"},{"v":0.00164721,"d":"0.002"},{"v":2.99999133271614e-09,"d":"3.000E-09"},{"v":1.7673,"d":"1.767"},{"v":3.5166,"d":"3.517"},{"v":0.6153,"d":"0.615"}]
["FVC","SA_inferior parietal","rs11877758","G","T",0.3121,4.9796615660552e-05,421986,{"v":21.0144215099736,"d":"21.014"},{"v":-0.010769,"d":"-0.011"},{"v":1.78155E-3,"d":"0.002"},{"v":1.49999565138204E-9,"d":"1.500E-09"},{"v":-0.1121,"d":"-0.112"},{"v":3.5361,"d":"3.536"},{"v":0.9747,"d":"0.975"}]
["FVC","SA_inferior parietal","rs11896404","T","C",0.38932,4.49485042891669E-5,421986,{"v":18.9684022352691,"d":"18.968"},{"v":0.0097226,"d":"0.010"},{"v":0.00168555,"d":"0.002"},{"v":8.00000023961727e-09,"d":"8.000E-09"},{"v":1.5139,"d":"1.514"},{"v":3.3855,"d":"3.386"},{"v":0.6547,"d":"0.655"}]
["FVC","SA_inferior parietal","rs11909473","G","A",0.28953,{"$f":"2*F1477*(1-F1477)*J1477*J1477","v":4.77971585455201E-5},421986,{"$f":"G1477/(1-G1477)*(H1477-2)","v":{"v":20.1706002490508,"d":"20.171"}},{"v":0.0107787,"d":"0.011"},{"v":0.00182218,"d":"0.002"},{"v":3.29997006285228E-9,"d":"3.300E-09"},{"v":4.0126,"d":"4.013"},{"v":3.5626,"d":"3.563"},{"v":0.26,"d":"0.260"}]
["FVC","SA_inferior parietal","rs11938781","C","T",0.165403,0.000370364352622504,421986,{"v":156.345735864303,"d":"156.346"},{"v":-0.036626,"d":"-0.037"},{"v":0.00221596,"d":"0.002"},{"v":2.2998525866862e-61,"d":"2.300E-61"},-9.095,{"v":4.4524,"d":"4.452"},{"v":0.04108,"d":"0.041"}]
["FVC","SA_inferior parietal","rs11967850","T","C",0.203699,4.47463713455221e-05,421986,{"v":18.8830977159713,"d":"18.883"},{"v":-0.0117444,"d":"-0.012"},{"v":2.03397E-3,"d":"0.002"},{"v":7.69998714277137e-09,"d":"7.700E-09"},0.251,{"v":4.0623,"d":"4.062"},{"v":0.9507,"d":"0.951"}]
["FVC","SA_inferior parietal","rs12051245","C","T",0.231666,5.61700238971006e-05,421986,{"v":23.70418282871,"d":"23.704"},{"v":0.0125612,"d":"0.013"},{"v":0.00194877,"d":"0.002"},{"v":1.19999655704811e-10,"d":"1.200E-10"},{"v":-3.2648,"d":"-3.265"},{"v":3.9639,"d":"3.964"},{"v":0.4101,"d":"0.410"}]
["FVC","SA_inferior parietal","rs12052537","A","C",0.20591,6.95372170194517e-05,421986,{"v":29.3456336004286,"d":"29.346"},{"v":-0.0145821,"d":"-0.015"},{"v":0.00203664,"d":"0.002"},{"v":8.10027941680351e-13,"d":"8.100E-13"},{"v":3.6425,"d":"3.643"},{"v":4.0469,"d":"4.047"},{"v":0.3681,"d":"0.368"}]
["FVC","SA_inferior parietal","rs12054747","T","C",0.216455,4.283369225594e-05,421986,{"v":18.0759070507704,"d":"18.076"},{"v":0.0112373,"d":"0.011"},{"v":0.0019943,"d":"0.002"},{"v":1.79998961724559E-8,"d":"1.800E-08"},{"v":5.5522,"d":"5.552"},{"v":3.9021,"d":"3.902"},{"v":0.1548,"d":"0.155"}]
["FVC","SA_inferior parietal","rs12099669","A","G",0.696156,6.89829587755084e-05,421986,{"v":29.111713088028,"d":"29.112"},{"v":0.0127696,"d":"0.013"},{"v":0.00178372,"d":"0.002"},{"v":8.10027941680351e-13,"d":"8.100E-13"},{"v":4.0289,"d":"4.029"},{"v":3.4897,"d":"3.490"},{"v":0.2483,"d":"0.248"}]
["FVC","SA_inferior parietal","rs12139563","G","A",0.5652,1.07701353835577E-4,421986,{"v":45.4531434620392,"d":"45.453"},{"v":-0.014803,"d":"-0.015"},{"v":0.00165293,"d":"0.002"},{"v":3.40016505804072e-19,"d":"3.400E-19"},{"v":0.5365,"d":"0.537"},{"v":3.2752,"d":"3.275"},{"v":0.8699,"d":"0.870"}]
["FVC","SA_inferior parietal","rs12152266","T","C",0.27447,8.20852836022235e-05,421986,{"v":34.641519874584,"d":"34.642"},{"v":0.0143563,"d":"0.014"},{"v":0.00183934,"d":"0.002"},{"v":5.90065196995665e-15,"d":"5.901E-15"},6.122,{"v":3.7202,"d":"3.720"},{"v":0.09984,"d":"0.100"}]
["FVC","SA_inferior parietal","rs12323020","C","T",0.113463,4.17835680209609e-05,421986,{"v":17.6327339262945,"d":"17.633"},{"v":-0.0144116,"d":"-0.014"},{"v":0.00260325,"d":"0.003"},{"v":3.09998790941119e-08,"d":"3.100E-08"},{"v":-9.2906,"d":"-9.291"},{"v":5.0844,"d":"5.084"},{"v":0.06766,"d":"0.068"}]
["FVC","SA_inferior parietal","rs12348523","A","G",0.156387,5.79984037310275e-05,421986,{"v":24.4758179584055,"d":"24.476"},{"v":0.0148259,"d":"0.015"},{"v":0.00226513,"d":"0.002"},{"v":5.90065196995665e-11,"d":"5.901E-11"},{"v":-3.0735,"d":"-3.074"},{"v":4.4111,"d":"4.411"},0.486]
["FVC","SA_inferior parietal","rs12385976","C","T",0.043977,9.10255374943288e-05,421986,{"v":38.4148171433851,"d":"38.415"},{"v":-0.0329018,"d":"-0.033"},{"v":0.0040288,"d":"0.004"},{"v":3.19963176731835E-16,"d":"3.200E-16"},{"v":-14.7,"d":"-14.700"},{"v":8.2122,"d":"8.212"},{"v":0.07345,"d":"0.073"}]
["FVC","SA_inferior parietal","rs12402966","A","G",0.213339,0.000137055305474563,421986,{"v":57.843073725517,"d":"57.843"},{"v":0.0202071,"d":"0.020"},{"v":0.00199879,"d":"0.002"},{"v":5.0003453497698e-24,"d":"5.000E-24"},{"v":1.7869,"d":"1.787"},{"v":3.9273,"d":"3.927"},{"v":0.6491,"d":"0.649"}]
["FVC","SA_inferior parietal","rs12407259","C","G",0.091572,4.21603162442696e-05,421986,{"v":17.7917289949428,"d":"17.792"},{"v":0.0159188,"d":"0.016"},{"v":0.0028656,"d":"0.003"},{"v":2.80001269243454e-08,"d":"2.800E-08"},{"v":4.7933,"d":"4.793"},{"v":5.9743,"d":"5.974"},{"v":0.4224,"d":"0.422"}]
["FVC","SA_inferior parietal","rs12452590","G","T",0.361692,5.67385740328396e-05,421986,{"v":23.9441289804086,"d":"23.944"},{"v":0.0110851,"d":"0.011"},{"v":0.00172892,"d":"0.002"},{"v":1.40000633223953E-10,"d":"1.400E-10"},{"v":0.7509,"d":"0.751"},{"v":3.7476,"d":"3.748"},{"v":0.8412,"d":"0.841"}]
["FVC","SA_inferior parietal","rs12486605","C","T",0.428162,4.06299989199258e-05,421986,{"v":17.1459061023724,"d":"17.146"},{"v":0.00910894,"d":"0.009"},{"v":0.00165849,"d":"0.002"},{"v":4.00000007987242e-08,"d":"4.000E-08"},{"v":-3.6157,"d":"-3.616"},{"v":3.3265,"d":"3.327"},{"v":0.2771,"d":"0.277"}]
["FVC","SA_inferior parietal","rs1250535","G","C",0.675489,6.09889978971453E-5,421986,{"v":25.7379510204696,"d":"25.738"},{"v":-0.0117947,"d":"-0.012"},{"v":1.76235E-3,"d":"0.002"},{"v":2.19988510904925E-11,"d":"2.200E-11"},{"v":1.5186,"d":"1.519"},{"v":3.5198,"d":"3.520"},{"v":0.6661,"d":"0.666"}]
["FVC","SA_inferior parietal","rs12570809","G","T",0.504251,5.98407562028501e-05,421986,{"v":25.2533528452344,"d":"25.253"},{"v":0.0109403,"d":"0.011"},{"v":0.00164206,"d":"0.002"},{"v":2.70022528688824e-11,"d":"2.700E-11"},{"v":2.7917,"d":"2.792"},{"v":3.3206,"d":"3.321"},{"v":0.4005,"d":"0.401"}]
["FVC","SA_inferior parietal","rs12571363","A","C",0.10664,1.68684862009559E-4,421986,{"v":71.1943222146604,"d":"71.194"},{"v":-0.0297543,"d":"-0.030"},{"v":0.00266251,"d":"0.003"},{"v":5.40007759066591e-29,"d":"5.400E-29"},-1.498,5.386,{"v":0.7809,"d":"0.781"}]
["FVC","SA_inferior parietal","rs12614240","T","C",0.433883,1.1997265878628E-4,421986,{"v":50.6326169749496,"d":"50.633"},{"v":-0.0156274,"d":"-0.016"},{"v":1.65606E-3,"d":"0.002"},{"v":3.90031784475066e-21,"d":"3.900E-21"},{"v":-3.9289,"d":"-3.929"},{"v":3.3675,"d":"3.368"},{"v":0.2433,"d":"0.243"}]
["FVC","SA_inferior parietal","rs12641030","G","A",0.467529,6.07860664558444e-05,421986,{"v":25.6523067701271,"d":"25.652"},{"v":-0.0110493,"d":"-0.011"},{"v":0.00164454,"d":"0.002"},{"v":1.80011396041801E-11,"d":"1.800E-11"},-3.028,{"v":3.2233,"d":"3.223"},{"v":0.3475,"d":"0.348"}]
["FVC","SA_inferior parietal","rs12684650","T","C",0.316579,0.000186838522670851,421986,{"v":78.8576007883691,"d":"78.858"},{"v":-0.0207794,"d":"-0.021"},{"v":1.76534E-3,"d":"0.002"},{"v":5.50047252867635e-32,"d":"5.500E-32"},{"v":-5.4183,"d":"-5.418"},{"v":3.6251,"d":"3.625"},0.135]
["FVC","SA_inferior parietal","rs12713685","C","T",0.374424,5.70120309880289e-05,421986,{"v":24.0595365674967,"d":"24.060"},{"v":-0.0110318,"d":"-0.011"},{"v":1.69411E-3,"d":"0.002"},{"v":7.39945954312723e-11,"d":"7.399E-11"},{"v":-0.5428,"d":"-0.543"},{"v":3.3803,"d":"3.380"},{"v":0.8724,"d":"0.872"}]
["FVC","SA_inferior parietal","rs12985660","C","T",0.475562,5.31507614325355e-05,421986,{"v":22.4299630819638,"d":"22.430"},{"v":-0.0103226,"d":"-0.010"},{"v":1.65161E-3,"d":"0.002"},{"v":4.09996359041765e-10,"d":"4.100E-10"},{"v":5.4933,"d":"5.493"},3.508,{"v":0.1174,"d":"0.117"}]
["FVC","SA_inferior parietal","rs1299113","A","G",0.5241,5.22273392258403e-05,421986,{"v":22.0402526196272,"d":"22.040"},{"v":0.0102322,"d":"0.010"},{"v":1.65011E-3,"d":"0.002"},{"v":5.60002544078e-10,"d":"5.600E-10"},{"v":-0.6883,"d":"-0.688"},{"v":3.2616,"d":"3.262"},{"v":0.8329,"d":"0.833"}]
["FVC","SA_inferior parietal","rs13023718","G","A",0.66664,4.48587468856789e-05,421986,{"v":18.9305226453301,"d":"18.931"},{"v":0.0100463,"d":"0.010"},{"v":0.00174447,"d":"0.002"},{"v":8.50002102591718E-9,"d":"8.500E-09"},{"v":1.6656,"d":"1.666"},{"v":3.4282,"d":"3.428"},{"v":0.6271,"d":"0.627"}]
["FVC","SA_inferior parietal","rs13108218","G","A",0.614862,0.000104055954635523,421986,{"v":43.9145175279602,"d":"43.915"},{"v":0.0148225,"d":"0.015"},{"v":0.00169865,"d":"0.002"},{"v":2.60015956316527e-18,"d":"2.600E-18"},{"v":0.5625,"d":"0.563"},{"v":3.4481,"d":"3.448"},{"v":0.8704,"d":"0.870"}]
["FVC","SA_inferior parietal","rs13156484","A","G",0.472145,0.000100558062438285,421986,{"v":42.4381609191928,"d":"42.438"},{"v":-0.0142036,"d":"-0.014"},{"v":1.66004E-3,"d":"0.002"},{"v":1.20005182020427E-17,"d":"1.200E-17"},{"v":-0.4734,"d":"-0.473"},{"v":3.2816,"d":"3.282"},{"v":0.8853,"d":"0.885"}]
["FVC","SA_inferior parietal","rs13229167","A","G",0.271146,1.66795588032502E-4,421986,{"v":70.3968112978432,"d":"70.397"},{"v":-0.0205426,"d":"-0.021"},{"v":1.85147E-3,"d":"0.002"},{"v":1.29987023738861E-28,"d":"1.300E-28"},{"v":-4.2273,"d":"-4.227"},{"v":3.6835,"d":"3.684"},{"v":0.2511,"d":"0.251"}]
["FVC","SA_inferior parietal","rs13284734","C","T",0.020117,4.96826287641103E-5,421986,{"v":20.9663160780926,"d":"20.966"},{"v":-0.0354992,"d":"-0.035"},{"v":0.00598441,"d":"0.006"},{"v":2.99999133271614e-09,"d":"3.000E-09"},{"v":15.0714,"d":"15.071"},{"v":13.9812,"d":"13.981"},0.281]
["FVC","SA_inferior parietal","rs1344555","T","C",0.20277,0.000109686743099046,421986,{"v":46.2911281229861,"d":"46.291"},{"v":-0.0184191,"d":"-0.018"},{"v":0.00203961,"d":"0.002"},{"v":1.69980851320349e-19,"d":"1.700E-19"},-5.422,{"v":4.1082,"d":"4.108"},{"v":0.1869,"d":"0.187"}]
["FVC","SA_inferior parietal","rs13723","G","A",0.491918,5.03605342629092e-05,421986,{"v":21.2524099731201,"d":"21.252"},{"v":-0.0100373,"d":"-0.010"},{"v":0.00164308,"d":"0.002"},{"v":1e-09,"d":"1.000E-09"},{"v":-2.4795,"d":"-2.480"},{"v":3.2933,"d":"3.293"},{"v":0.4515,"d":"0.452"}]
["FVC","SA_inferior parietal","rs145183935","C","T",0.07345,5.24247710152638e-05,421986,{"v":22.1235743954268,"d":"22.124"},{"v":-0.0196256,"d":"-0.020"},{"v":3.1714E-3,"d":"0.003"},{"v":6.10000231740111e-10,"d":"6.100E-10"},{"v":-4.1568,"d":"-4.157"},{"v":7.3576,"d":"7.358"},{"v":0.5721,"d":"0.572"}]
["FVC","SA_inferior parietal","rs145583731","A","G",0.066524,4.48162824858249e-05,421986,{"v":18.9126017410005,"d":"18.913"},{"v":0.018996,"d":"0.019"},{"v":0.00329456,"d":"0.003"},{"v":8.1000929031245e-09,"d":"8.100E-09"},{"v":1.5558,"d":"1.556"},{"v":6.8343,"d":"6.834"},{"v":0.8199,"d":"0.820"}]
["FVC","SA_inferior parietal","rs147110934","T","G",0.024261,9.94763606436121e-05,421986,{"v":41.9816087474862,"d":"41.982"},{"v":-0.0458378,"d":"-0.046"},{"v":0.00533939,"d":"0.005"},{"v":9.09913272632251e-18,"d":"9.099E-18"},-1.879,11.499,{"v":0.8702,"d":"0.870"}]
["FVC","SA_inferior parietal","rs1474419","C","T",0.577669,4.28613161465634e-05,421986,{"v":18.0875648896285,"d":"18.088"},{"v":-0.00937242,"d":"-0.009"},{"v":1.66461E-3,"d":"0.002"},{"v":1.79998961724559E-8,"d":"1.800E-08"},{"v":-5.7458,"d":"-5.746"},{"v":3.3351,"d":"3.335"},{"v":0.08492,"d":"0.085"}]
["FVC","SA_inferior parietal","rs1474647","T","C",0.550866,9.00176543209984E-5,421986,{"v":37.9894295603302,"d":"37.989"},{"v":-0.0134877,"d":"-0.013"},{"v":0.0016468,"d":"0.002"},{"v":2.60015956316527e-16,"d":"2.600E-16"},{"v":-1.6557,"d":"-1.656"},{"v":3.2764,"d":"3.276"},{"v":0.6133,"d":"0.613"}]
["FVC","SA_inferior parietal","rs1490384","T","C",0.500495,0.000303387120569992,421986,{"v":128.063363461699,"d":"128.063"},{"v":0.0246328,"d":"0.025"},{"v":0.00163964,"d":"0.002"},{"v":5.19995996533517E-51,"d":"5.200E-51"},{"v":-1.8901,"d":"-1.890"},{"v":3.2508,"d":"3.251"},0.561]
["FVC","SA_inferior parietal","rs149542","A","G",0.375642,6.15489183328254e-05,421986,{"v":25.974257441209,"d":"25.974"},{"v":-0.0114549,"d":"-0.011"},{"v":1.69827E-3,"d":"0.002"},{"v":1.50003019045595E-11,"d":"1.500E-11"},{"v":1.1571,"d":"1.157"},{"v":3.3572,"d":"3.357"},{"v":0.7304,"d":"0.730"}]
["FVC","SA_inferior parietal","rs150032562","A","C",0.049667,6.50730387752197e-05,421986,{"v":27.4615682022147,"d":"27.462"},{"v":0.0262551,"d":"0.026"},{"v":3.78634E-3,"d":"0.004"},{"v":4.10015240506613e-12,"d":"4.100E-12"},{"v":12.2848,"d":"12.285"},{"v":7.7327,"d":"7.733"},{"v":0.1121,"d":"0.112"}]
["FVC","SA_inferior parietal","rs1516890","A","G",0.469749,6.5158521254172e-05,421986,{"v":27.4976451388157,"d":"27.498"},{"v":-0.0114366,"d":"-0.011"},{"v":1.65471E-3,"d":"0.002"},{"v":4.79954424931945e-12,"d":"4.800E-12"},{"v":0.3273,"d":"0.327"},3.263,{"v":0.9201,"d":"0.920"}]
["FVC","SA_inferior parietal","rs1555211","T","C",0.292035,8.56959630224441e-05,421986,{"v":36.1654244909429,"d":"36.165"},{"v":0.014396,"d":"0.014"},{"v":1.80824E-3,"d":"0.002"},{"v":1.69980851320349E-15,"d":"1.700E-15"},{"v":-2.8832,"d":"-2.883"},{"v":3.5325,"d":"3.533"},{"v":0.4144,"d":"0.414"}]
["FVC","SA_inferior parietal","rs157595","G","A",0.616263,6.37905011351913e-05,421986,{"v":26.9202880897005,"d":"26.920"},{"v":0.0116135,"d":"0.012"},{"v":1.73044E-3,"d":"0.002"},{"v":1.90020300257723e-11,"d":"1.900E-11"},{"v":-5.8568,"d":"-5.857"},{"v":3.8533,"d":"3.853"},{"v":0.1285,"d":"0.129"}]
["FVC","SA_inferior parietal","rs1608592","A","G",0.261845,0.000138157736782648,421986,{"v":58.3084101564715,"d":"58.308"},{"v":-0.018905,"d":"-0.019"},{"v":0.00187413,"d":"0.002"},{"v":6.29941180548557e-24,"d":"6.299E-24"},{"v":-0.0997,"d":"-0.100"},{"v":3.7234,"d":"3.723"},{"v":0.9786,"d":"0.979"}]
["FVC","SA_inferior parietal","rs1637746","A","G",0.226569,4.29577425829801e-05,421986,{"v":18.1282587952111,"d":"18.128"},{"v":-0.0110712,"d":"-0.011"},{"v":0.00196778,"d":"0.002"},{"v":1.79998961724559E-8,"d":"1.800E-08"},{"v":-5.2457,"d":"-5.246"},{"v":3.9056,"d":"3.906"},{"v":0.1792,"d":"0.179"}]
["FVC","SA_inferior parietal","rs1656373","T","C",0.55742,0.000145979381744386,421986,{"v":61.6099572094857,"d":"61.610"},{"v":-0.0172006,"d":"-0.017"},{"v":0.00165265,"d":"0.002"},{"v":2.2998525866862e-25,"d":"2.300E-25"},{"v":-0.0469,"d":"-0.047"},{"v":3.2237,"d":"3.224"},{"v":0.9884,"d":"0.988"}]
["FVC","SA_inferior parietal","rs1668091","C","T",0.31711,6.68938491644157e-05,421986,{"v":28.2300224606612,"d":"28.230"},{"v":0.0124279,"d":"0.012"},{"v":0.00177541,"d":"0.002"},{"v":2.60015956316527E-12,"d":"2.600E-12"},-2.842,{"v":3.4542,"d":"3.454"},{"v":0.4106,"d":"0.411"}]
["FVC","SA_inferior parietal","rs16905189","G","C",0.366604,1.18148804558535E-4,421986,{"v":49.8627963726122,"d":"49.863"},{"v":-0.0159501,"d":"-0.016"},{"v":1.71036E-3,"d":"0.002"},{"v":1.10001852750622E-20,"d":"1.100E-20"},{"v":0.2213,"d":"0.221"},{"v":3.3369,"d":"3.337"},{"v":0.9471,"d":"0.947"}]
["FVC","SA_inferior parietal","rs17197170","G","A",0.169899,4.42423180283422e-05,421986,{"v":18.6703763516002,"d":"18.670"},{"v":0.012524,"d":"0.013"},{"v":0.00221253,"d":"0.002"},{"v":1.49999565138204e-08,"d":"1.500E-08"},-6.245,{"v":4.8093,"d":"4.809"},{"v":0.1941,"d":"0.194"}]
["FVC","SA_inferior parietal","rs17387279","G","T",0.181103,6.13077565579171e-05,421986,{"v":25.8724785269512,"d":"25.872"},{"v":-0.0143769,"d":"-0.014"},{"v":0.0021417,"d":"0.002"},{"v":1.90020300257723e-11,"d":"1.900E-11"},{"v":7.0133,"d":"7.013"},{"v":4.2425,"d":"4.243"},{"v":0.09831,"d":"0.098"}]
["FVC","SA_inferior parietal","rs17400325","C","T",0.041599,9.07861932322965e-05,421986,{"v":38.3137993289267,"d":"38.314"},{"v":0.0337427,"d":"0.034"},{"v":0.0041016,"d":"0.004"},{"v":1.90020300257723E-16,"d":"1.900E-16"},{"v":-2.9677,"d":"-2.968"},{"v":8.5658,"d":"8.566"},0.729]
["FVC","SA_inferior parietal","rs1818116","G","A",0.381268,4.48330645452411e-05,421986,{"v":18.9196841364791,"d":"18.920"},{"v":-0.00974805,"d":"-0.010"},{"v":0.00170614,"d":"0.002"},{"v":1.09999319893519E-8,"d":"1.100E-08"},{"v":-0.7564,"d":"-0.756"},{"v":3.3369,"d":"3.337"},{"v":0.8207,"d":"0.821"}]
["FVC","SA_inferior parietal","rs183743021","C","T",0.023696,6.10757370320042e-05,421986,{"v":25.7745580158407,"d":"25.775"},{"v":-0.036332,"d":"-0.036"},{"v":0.00550585,"d":"0.006"},{"v":4.10015240506613e-11,"d":"4.100E-11"},{"v":8.0718,"d":"8.072"},{"v":10.5708,"d":"10.571"},{"v":0.4451,"d":"0.445"}]
["FVC","SA_inferior parietal","rs1966265","A","G",0.245129,8.66312568253845e-05,421986,{"v":36.5601715338128,"d":"36.560"},{"v":0.0152999,"d":"0.015"},{"v":0.00190502,"d":"0.002"},{"v":9.60063590945348e-16,"d":"9.601E-16"},{"v":-6.3921,"d":"-6.392"},{"v":3.8963,"d":"3.896"},{"v":0.1009,"d":"0.101"}]
["FVC","SA_inferior parietal","rs1984246","A","C",0.42304,8.08199330946159e-05,421986,{"v":34.107475210863,"d":"34.107"},{"v":0.0128671,"d":"0.013"},{"v":0.00166162,"d":"0.002"},{"v":9.70063133783958e-15,"d":"9.701E-15"},{"v":-3.0258,"d":"-3.026"},{"v":3.2772,"d":"3.277"},{"v":0.3558,"d":"0.356"}]
["FVC","SA_inferior parietal","rs2005172","C","A",0.64023,0.00022099089188815,421986,{"v":93.2752334995711,"d":"93.275"},{"v":0.0219024,"d":"0.022"},{"v":0.0017318,"d":"0.002"},{"v":1.20005182020427E-36,"d":"1.200E-36"},{"v":-4.1165,"d":"-4.117"},{"v":3.5051,"d":"3.505"},{"v":0.2402,"d":"0.240"}]
["FVC","SA_inferior parietal","rs2007530","T","C",0.173998,1.17320574387251E-4,421986,{"v":49.5132141809572,"d":"49.513"},{"v":0.0202027,"d":"0.020"},{"v":2.17301E-3,"d":"0.002"},{"v":1.39990962656834e-20,"d":"1.400E-20"},{"v":3.5476,"d":"3.548"},{"v":4.5066,"d":"4.507"},{"v":0.4312,"d":"0.431"}]
["FVC","SA_inferior parietal","rs2039092","T","G",0.142069,4.52252040502154e-05,421986,{"v":19.0851756368886,"d":"19.085"},{"v":-0.0136207,"d":"-0.014"},{"v":2.37872E-3,"d":"0.002"},{"v":1E-8,"d":"1.000E-08"},{"v":-8.5368,"d":"-8.537"},{"v":4.7001,"d":"4.700"},{"v":0.06932,"d":"0.069"}]
["FVC","SA_inferior parietal","rs2058780","T","C",0.609391,4.70090504808346e-05,421986,{"v":19.837999723635,"d":"19.838"},{"v":-0.00993703,"d":"-0.010"},{"v":0.00168463,"d":"0.002"},{"v":3.69998531172859e-09,"d":"3.700E-09"},-5.966,{"v":3.3158,"d":"3.316"},{"v":0.07198,"d":"0.072"}]
["FVC","SA_inferior parietal","rs2118022","C","T",0.360318,6.04606902173754e-05,421986,{"v":25.5149865543869,"d":"25.515"},{"v":-0.0114524,"d":"-0.011"},{"v":0.00171628,"d":"0.002"},{"v":2.49976970217851E-11,"d":"2.500E-11"},{"v":-0.6295,"d":"-0.630"},{"v":3.4742,"d":"3.474"},{"v":0.8562,"d":"0.856"}]
["FVC","SA_inferior parietal","rs2165241","C","T",0.508667,1.93898082531503E-4,421986,{"v":81.8377566430654,"d":"81.838"},{"v":0.0196955,"d":"0.020"},{"v":1.64442E-3,"d":"0.002"},{"v":4.70002318179801e-33,"d":"4.700E-33"},-1.266,{"v":3.2305,"d":"3.231"},{"v":0.6951,"d":"0.695"}]
["FVC","SA_inferior parietal","rs2168704","A","G",0.561551,5.59945780683976e-05,421986,{"v":23.6301391912884,"d":"23.630"},{"v":0.0106636,"d":"0.011"},{"v":1.652E-3,"d":"0.002"},{"v":1.09999319893519e-10,"d":"1.100E-10"},{"v":-0.5153,"d":"-0.515"},{"v":3.3233,"d":"3.323"},{"v":0.8768,"d":"0.877"}]
["FVC","SA_inferior parietal","rs2181246","A","T",0.315032,4.79141931100767e-05,421986,{"v":20.2199916899491,"d":"20.220"},{"v":-0.0105367,"d":"-0.011"},{"v":1.76834E-3,"d":"0.002"},{"v":2.49999995007974e-09,"d":"2.500E-09"},{"v":-4.7675,"d":"-4.768"},{"v":3.4721,"d":"3.472"},{"v":0.1697,"d":"0.170"}]
["FVC","SA_inferior parietal","rs2186288","A","G",0.369909,5.7540273769828e-05,421986,{"v":24.2824721065799,"d":"24.282"},{"v":-0.0111102,"d":"-0.011"},{"v":0.00170446,"d":"0.002"},{"v":7.10068096254533e-11,"d":"7.101E-11"},{"v":3.2643,"d":"3.264"},{"v":3.3523,"d":"3.352"},{"v":0.3302,"d":"0.330"}]
["FVC","SA_inferior parietal","rs2194411","A","G",0.128337,{"$f":"2*F1541*(1-F1541)*J1541*J1541","v":0.000173013252417145},421986,{"$f":"G1541/(1-G1541)*(H1541-2)","v":{"v":73.0214579879395,"d":"73.021"}},{"v":0.0278083,"d":"0.028"},{"v":0.00248353,"d":"0.002"},{"v":4.19952334664066e-29,"d":"4.200E-29"},1.241,{"v":5.3105,"d":"5.311"},{"v":0.8152,"d":"0.815"}]
["FVC","SA_inferior parietal","rs2273101","T","C",0.245563,0.000164788871325204,421986,{"v":69.5497280984891,"d":"69.550"},{"v":0.021089,"d":"0.021"},{"v":1.90985E-3,"d":"0.002"},{"v":2.39993787680987e-28,"d":"2.400E-28"},{"v":-1.4524,"d":"-1.452"},{"v":3.7344,"d":"3.734"},{"v":0.6973,"d":"0.697"}]
["FVC","SA_inferior parietal","rs2286325","C","G",0.081106,6.21764247204467e-05,421986,{"v":26.2390878619042,"d":"26.239"},{"v":0.0204239,"d":"0.020"},{"v":0.00300144,"d":"0.003"},{"v":1e-11,"d":"1.000E-11"},6.732,{"v":6.0031,"d":"6.003"},{"v":0.2621,"d":"0.262"}]
["FVC","SA_inferior parietal","rs2289308","A","G",0.342889,4.17682840802068e-05,421986,{"v":17.6262838089314,"d":"17.626"},{"v":-0.00962747,"d":"-0.010"},{"v":0.00173144,"d":"0.002"},{"v":2.69997659840121e-08,"d":"2.700E-08"},{"v":3.9118,"d":"3.912"},{"v":3.4177,"d":"3.418"},{"v":0.2524,"d":"0.252"}]
["FVC","SA_inferior parietal","rs2315007","C","T",0.667421,9.54071179462808e-05,421986,{"v":40.2641187429693,"d":"40.264"},{"v":-0.0146598,"d":"-0.015"},{"v":0.00174235,"d":"0.002"},{"v":4.00036851046125e-17,"d":"4.000E-17"},{"v":-2.5346,"d":"-2.535"},{"v":3.4552,"d":"3.455"},{"v":0.4632,"d":"0.463"}]
["FVC","SA_inferior parietal","rs2355595","T","C",0.353472,4.21690889460453e-05,421986,{"v":17.7954312469311,"d":"17.795"},{"v":0.0096053,"d":"0.010"},{"v":0.00171679,"d":"0.002"},{"v":2.19998641983516e-08,"d":"2.200E-08"},{"v":1.2562,"d":"1.256"},{"v":3.3627,"d":"3.363"},{"v":0.7087,"d":"0.709"}]
["FVC","SA_inferior parietal","rs2420991","G","T",0.157205,4.60860611479893e-05,421986,{"v":19.448476731161,"d":"19.448"},{"v":0.0131879,"d":"0.013"},{"v":0.00231045,"d":"0.002"},{"v":1.09999319893519E-8,"d":"1.100E-08"},{"v":-0.1608,"d":"-0.161"},4.614,{"v":0.9722,"d":"0.972"}]
["FVC","SA_inferior parietal","rs2433733","A","G",0.677805,4.39675736084697e-05,421986,{"v":18.5544283747918,"d":"18.554"},{"v":0.0100332,"d":"0.010"},{"v":1.75482E-3,"d":"0.002"},{"v":1.09999319893519E-8,"d":"1.100E-08"},{"v":-4.0791,"d":"-4.079"},{"v":3.5375,"d":"3.538"},{"v":0.2489,"d":"0.249"}]
["FVC","SA_inferior parietal","rs246185","C","T",0.32244,6.92890140832418e-05,421986,{"v":29.2408813907452,"d":"29.241"},{"v":0.0125927,"d":"0.013"},{"v":1.774E-3,"d":"0.002"},{"v":1.2998702373886e-12,"d":"1.300E-12"},{"v":-2.0542,"d":"-2.054"},{"v":3.4818,"d":"3.482"},{"v":0.5552,"d":"0.555"}]
["FVC","SA_inferior parietal","rs2468964","G","T",0.60054,4.47507016706468e-05,421986,{"v":18.8849252074402,"d":"18.885"},{"v":0.00965778,"d":"0.010"},{"v":1.67483E-3,"d":"0.002"},{"v":8.1000929031245e-09,"d":"8.100E-09"},{"v":1.6835,"d":"1.684"},{"v":3.3417,"d":"3.342"},{"v":0.6144,"d":"0.614"}]
["FVC","SA_inferior parietal","rs2602691","G","A",0.449662,5.86659442039459E-5,421986,{"v":24.7575422235486,"d":"24.758"},{"v":-0.0108873,"d":"-0.011"},{"v":0.00166378,"d":"0.002"},{"v":6.00067353864116e-11,"d":"6.001E-11"},{"v":-6.6874,"d":"-6.687"},{"v":3.3416,"d":"3.342"},{"v":0.04537,"d":"0.045"}]
["FVC","SA_inferior parietal","rs2645977","A","G",0.357445,4.52910263624554e-05,421986,{"v":19.112954113843,"d":"19.113"},{"v":0.00992959,"d":"0.010"},{"v":1.71149E-3,"d":"0.002"},{"v":6.59994019159873e-09,"d":"6.600E-09"},{"v":-3.5958,"d":"-3.596"},{"v":3.3302,"d":"3.330"},{"v":0.2803,"d":"0.280"}]
["FVC","SA_inferior parietal","rs2648725","A","T",0.213148,9.83993575735976e-05,421986,{"v":41.5270407404678,"d":"41.527"},{"v":0.0171275,"d":"0.017"},{"v":0.00200708,"d":"0.002"},{"v":1.39990962656834e-17,"d":"1.400E-17"},{"v":-0.7219,"d":"-0.722"},{"v":4.0734,"d":"4.073"},{"v":0.8593,"d":"0.859"}]
["FVC","SA_inferior parietal","rs2717329","A","G",0.294673,8.42790883711236e-05,421986,{"v":35.5674244173058,"d":"35.567"},{"v":0.014239,"d":"0.014"},{"v":0.0018328,"d":"0.002"},{"v":7.89950721335818e-15,"d":"7.900E-15"},{"v":-1.8737,"d":"-1.874"},{"v":3.6707,"d":"3.671"},{"v":0.6097,"d":"0.610"}]
["FVC","SA_inferior parietal","rs2760402","C","A",0.649252,4.35290850830249e-05,421986,{"v":18.3693770418513,"d":"18.369"},{"v":0.00977621,"d":"0.010"},{"v":0.00172753,"d":"0.002"},{"v":1.49999565138204e-08,"d":"1.500E-08"},{"v":1.5198,"d":"1.520"},{"v":3.3905,"d":"3.391"},0.654]
["FVC","SA_inferior parietal","rs2780226","T","C",0.910509,2.95968220787926E-4,421986,{"v":124.930829236223,"d":"124.931"},{"v":-0.0426163,"d":"-0.043"},{"v":0.0028699,"d":"0.003"},{"v":7.00003159130901e-50,"d":"7.000E-50"},{"v":-6.8542,"d":"-6.854"},{"v":5.8963,"d":"5.896"},0.245]
["FVC","SA_inferior parietal","rs2807339","C","T",0.758119,5.89073008999258e-05,421986,{"v":24.859402863279,"d":"24.859"},{"v":0.0126736,"d":"0.013"},{"v":1.91263E-3,"d":"0.002"},{"v":3.40016505804071e-11,"d":"3.400E-11"},{"v":1.9124,"d":"1.912"},{"v":3.7259,"d":"3.726"},{"v":0.6078,"d":"0.608"}]
["FVC","SA_inferior parietal","rs2808096","G","A",0.21446,4.09307454157644e-05,421986,{"v":17.2728266631967,"d":"17.273"},{"v":0.0110218,"d":"0.011"},{"v":0.0020005,"d":"0.002"},{"v":3.59997927043357E-8,"d":"3.600E-08"},{"v":7.5782,"d":"7.578"},{"v":3.9193,"d":"3.919"},{"v":0.05317,"d":"0.053"}]
["FVC","SA_inferior parietal","rs2812208","C","G",0.020816,0.000278067813708179,421986,{"v":117.372805899358,"d":"117.373"},{"v":0.0825904,"d":"0.083"},{"v":0.00576265,"d":"0.006"},{"v":1.39990962656833E-46,"d":"1.400E-46"},{"v":-2.2434,"d":"-2.243"},{"v":10.3072,"d":"10.307"},{"v":0.8277,"d":"0.828"}]
["FVC","SA_inferior parietal","rs2821334","T","G",0.44435,4.64038024780943E-5,421986,{"v":19.5825708906678,"d":"19.583"},{"v":0.0096939,"d":"0.010"},{"v":0.00164775,"d":"0.002"},{"v":4.00000007987242e-09,"d":"4.000E-09"},{"v":-4.2267,"d":"-4.227"},{"v":3.2541,"d":"3.254"},0.194]
["FVC","SA_inferior parietal","rs28391281","C","T",0.456626,5.81268485273591E-5,421986,{"v":24.5300259020691,"d":"24.530"},{"v":-0.0108229,"d":"-0.011"},{"v":1.64482E-3,"d":"0.002"},{"v":4.70002318179801e-11,"d":"4.700E-11"},{"v":-2.2604,"d":"-2.260"},{"v":3.4268,"d":"3.427"},{"v":0.5095,"d":"0.510"}]
["FVC","SA_inferior parietal","rs28409044","A","C",0.333596,7.3529837872933e-05,421986,{"v":31.0306967870756,"d":"31.031"},{"v":0.0128599,"d":"0.013"},{"v":1.74168E-3,"d":"0.002"},{"v":1.50003019045595e-13,"d":"1.500E-13"},{"v":2.0817,"d":"2.082"},{"v":3.4108,"d":"3.411"},{"v":0.5417,"d":"0.542"}]
["FVC","SA_inferior parietal","rs28427480","C","A",0.093765,0.000266255308960786,421986,{"v":112.385403506842,"d":"112.385"},{"v":0.0395816,"d":"0.040"},{"v":0.00282649,"d":"0.003"},{"v":1.50003019045594e-44,"d":"1.500E-44"},{"v":9.7039,"d":"9.704"},{"v":5.5179,"d":"5.518"},{"v":0.07864,"d":"0.079"}]
["FVC","SA_inferior parietal","rs28444681","A","C",0.255224,4.96915326777121e-05,421986,{"v":20.9700737605772,"d":"20.970"},{"v":0.0114328,"d":"0.011"},{"v":0.00188044,"d":"0.002"},{"v":1.19999655704811E-9,"d":"1.200E-09"},{"v":-3.5239,"d":"-3.524"},{"v":3.6959,"d":"3.696"},{"v":0.3404,"d":"0.340"}]
["FVC","SA_inferior parietal","rs28446901","G","C",0.15458,5.1599507535487e-05,421986,{"v":21.7752901821048,"d":"21.775"},{"v":-0.0140506,"d":"-0.014"},{"v":0.00228337,"d":"0.002"},{"v":7.59993713661527e-10,"d":"7.600E-10"},{"v":0.6165,"d":"0.617"},{"v":4.7042,"d":"4.704"},{"v":0.8957,"d":"0.896"}]
["FVC","SA_inferior parietal","rs2882485","G","A",0.527663,6.68510491529909e-05,421986,{"v":28.2119591248419,"d":"28.212"},{"v":-0.0115807,"d":"-0.012"},{"v":1.64247E-3,"d":"0.002"},{"v":1.80011396041801E-12,"d":"1.800E-12"},{"v":-1.2516,"d":"-1.252"},{"v":3.2714,"d":"3.271"},0.702]
["FVC","SA_inferior parietal","rs2885697","T","G",0.665178,0.000191228657862936,421986,{"v":80.7108681906324,"d":"80.711"},{"v":-0.0207198,"d":"-0.021"},{"v":1.73474E-3,"d":"0.002"},{"v":7.000031591309e-33,"d":"7.000E-33"},-1.041,{"v":3.4244,"d":"3.424"},{"v":0.7611,"d":"0.761"}]
["FVC","SA_inferior parietal","rs28929474","T","C",0.019693,9.24754782377338e-05,421986,{"v":39.0267812289301,"d":"39.027"},{"v":0.0489397,"d":"0.049"},{"v":0.00592126,"d":"0.006"},{"v":1.39990962656834e-16,"d":"1.400E-16"},{"v":2.8092,"d":"2.809"},{"v":12.2362,"d":"12.236"},{"v":0.8184,"d":"0.818"}]
["FVC","SA_inferior parietal","rs309137","C","T",0.227462,8.33684369570823e-05,421986,{"v":35.1830796592559,"d":"35.183"},{"v":0.0154018,"d":"0.015"},{"v":1.94955E-3,"d":"0.002"},{"v":2.80027059501064e-15,"d":"2.800E-15"},{"v":1.3333,"d":"1.333"},{"v":3.7296,"d":"3.730"},{"v":0.7207,"d":"0.721"}]
["FVC","SA_inferior parietal","rs3116605","C","T",0.215238,7.92429456128899e-05,421986,{"v":33.4419051965844,"d":"33.442"},{"v":-0.0153157,"d":"-0.015"},{"v":0.00199894,"d":"0.002"},{"v":1.80011396041801E-14,"d":"1.800E-14"},1.611,{"v":3.9509,"d":"3.951"},{"v":0.6835,"d":"0.684"}]
["FVC","SA_inferior parietal","rs3253","T","C",0.314156,7.73374553775006e-05,421986,{"v":32.6376928861364,"d":"32.638"},{"v":0.0133966,"d":"0.013"},{"v":0.00176807,"d":"0.002"},{"v":3.50025754158434E-14,"d":"3.500E-14"},{"v":3.1026,"d":"3.103"},{"v":3.4883,"d":"3.488"},{"v":0.3738,"d":"0.374"}]
["FVC","SA_inferior parietal","rs344133","A","G",0.614205,5.9441457606158e-05,421986,{"v":25.0848351256407,"d":"25.085"},{"v":0.0111994,"d":"0.011"},{"v":1.68384E-3,"d":"0.002"},{"v":2.90001336905407e-11,"d":"2.900E-11"},{"v":-0.7296,"d":"-0.730"},{"v":3.3076,"d":"3.308"},{"v":0.8254,"d":"0.825"}]
["FVC","SA_inferior parietal","rs34587839","A","G",0.154712,9.59331764500232e-05,421986,{"v":40.48614949601,"d":"40.486"},{"v":-0.0191516,"d":"-0.019"},{"v":0.00227501,"d":"0.002"},{"v":3.80014352941585e-17,"d":"3.800E-17"},{"v":-0.2183,"d":"-0.218"},{"v":4.6324,"d":"4.632"},{"v":0.9624,"d":"0.962"}]
["FVC","SA_inferior parietal","rs35344256","A","C",0.305163,0.000127924706994647,421986,{"v":53.9890860944489,"d":"53.989"},{"v":-0.0173682,"d":"-0.017"},{"v":1.7847E-3,"d":"0.002"},{"v":2.19988510904926e-22,"d":"2.200E-22"},{"v":5.8329,"d":"5.833"},{"v":4.0446,"d":"4.045"},{"v":0.1493,"d":"0.149"}]
["FVC","SA_inferior parietal","rs35344761","A","C",0.122131,7.98184258788518e-05,421986,{"v":33.6847872927592,"d":"33.685"},{"v":-0.0192934,"d":"-0.019"},{"v":2.52637E-3,"d":"0.003"},{"v":2.19988510904925E-14,"d":"2.200E-14"},8.875,{"v":5.3415,"d":"5.342"},{"v":0.09661,"d":"0.097"}]
["FVC","SA_inferior parietal","rs35506","A","T",0.715534,7.52389405219948e-05,421986,{"v":31.7520180654321,"d":"31.752"},{"v":0.0135949,"d":"0.014"},{"v":0.00182407,"d":"0.002"},{"v":9.09913272632251e-14,"d":"9.099E-14"},{"v":1.2096,"d":"1.210"},{"v":3.6468,"d":"3.647"},{"v":0.7401,"d":"0.740"}]
["FVC","SA_inferior parietal","rs35654957","C","T",0.369551,4.7229665459788E-5,421986,{"v":19.9311044887804,"d":"19.931"},{"v":-0.0100677,"d":"-0.010"},{"v":0.00171015,"d":"0.002"},{"v":3.89995862874433e-09,"d":"3.900E-09"},{"v":4.5518,"d":"4.552"},{"v":3.6286,"d":"3.629"},{"v":0.2097,"d":"0.210"}]
["FVC","SA_inferior parietal","rs35668185","C","T",0.207881,4.39810225504036E-5,421986,{"v":18.560104112267,"d":"18.560"},{"v":-0.0115562,"d":"-0.012"},{"v":2.01805E-3,"d":"0.002"},{"v":1E-8,"d":"1.000E-08"},{"v":-0.0227,"d":"-0.023"},{"v":3.9769,"d":"3.977"},{"v":0.9954,"d":"0.995"}]
["FVC","SA_inferior parietal","rs35805829","C","T",0.346839,8.02689032154592e-05,421986,{"v":33.8749119565016,"d":"33.875"},{"v":-0.0133102,"d":"-0.013"},{"v":1.72266E-3,"d":"0.002"},{"v":1.10001852750622E-14,"d":"1.100E-14"},{"v":0.2813,"d":"0.281"},{"v":3.4063,"d":"3.406"},{"v":0.9342,"d":"0.934"}]
["FVC","SA_inferior parietal","rs35897671","T","C",0.345283,5.9327572593459e-05,421986,{"v":25.0367717641725,"d":"25.037"},{"v":0.0114551,"d":"0.011"},{"v":0.00172695,"d":"0.002"},{"v":3.29989407910834e-11,"d":"3.300E-11"},{"v":-4.9072,"d":"-4.907"},{"v":3.4196,"d":"3.420"},{"v":0.1513,"d":"0.151"}]
["FVC","SA_inferior parietal","rs36226649","C","T",0.066506,8.70139707337911e-05,421986,{"v":36.7216987269464,"d":"36.722"},{"v":0.0264724,"d":"0.026"},{"v":0.00329988,"d":"0.003"},{"v":1e-15,"d":"1.000E-15"},{"v":4.4813,"d":"4.481"},{"v":6.6581,"d":"6.658"},{"v":0.5009,"d":"0.501"}]
["FVC","SA_inferior parietal","rs3732987","A","C",0.524508,5.53461247568242e-05,421986,{"v":23.3564717995858,"d":"23.356"},{"v":0.0105337,"d":"0.011"},{"v":0.00164918,"d":"0.002"},{"v":1.70000422215636e-10,"d":"1.700E-10"},1.442,{"v":3.2669,"d":"3.267"},{"v":0.6589,"d":"0.659"}]
["FVC","SA_inferior parietal","rs3734254","T","C",0.790532,1.42473762916661E-4,421986,{"v":60.13021534867,"d":"60.130"},{"v":0.0207412,"d":"0.021"},{"v":0.00201522,"d":"0.002"},{"v":7.59976214361039e-25,"d":"7.600E-25"},{"v":-4.8335,"d":"-4.834"},{"v":4.0209,"d":"4.021"},{"v":0.2293,"d":"0.229"}]
["FVC","SA_inferior parietal","rs3743347","A","C",0.231535,1.02185615560985E-4,421986,{"v":43.1251015619361,"d":"43.125"},{"v":-0.0169457,"d":"-0.017"},{"v":1.94802E-3,"d":"0.002"},{"v":3.40016505804072e-18,"d":"3.400E-18"},{"v":4.5897,"d":"4.590"},{"v":3.8367,"d":"3.837"},{"v":0.2316,"d":"0.232"}]
["FVC","SA_inferior parietal","rs3790076","T","G",0.572955,0.000211865275899546,421986,{"v":89.4227021506569,"d":"89.423"},{"v":-0.0208074,"d":"-0.021"},{"v":1.66216E-3,"d":"0.002"},{"v":5.90065196995663e-36,"d":"5.901E-36"},{"v":-1.1395,"d":"-1.140"},{"v":3.2466,"d":"3.247"},{"v":0.7256,"d":"0.726"}]
["FVC","SA_inferior parietal","rs3790743","G","A",0.599509,4.41696140797053e-05,421986,{"v":18.6396937358892,"d":"18.640"},{"v":-0.00959075,"d":"-0.010"},{"v":1.69268E-3,"d":"0.002"},{"v":1.49999565138204e-08,"d":"1.500E-08"},{"v":3.8524,"d":"3.852"},{"v":3.5694,"d":"3.569"},{"v":0.2805,"d":"0.281"}]
["FVC","SA_inferior parietal","rs3791679","G","A",0.227266,0.000612002896837713,421986,{"v":258.413580278878,"d":"258.414"},{"v":-0.0417426,"d":"-0.042"},{"v":0.00195359,"d":"0.002"},{"v":2.6977394324449E-101,"d":"2.698E-101"},{"v":1.6628,"d":"1.663"},{"v":3.7781,"d":"3.778"},{"v":0.6599,"d":"0.660"}]
["FVC","SA_inferior parietal","rs3806443","G","C",0.265329,4.61179473668757e-05,421986,{"v":19.461933446086,"d":"19.462"},{"v":0.0108763,"d":"0.011"},{"v":0.00186138,"d":"0.002"},{"v":5.09999793204996e-09,"d":"5.100E-09"},{"v":5.1752,"d":"5.175"},{"v":3.8388,"d":"3.839"},{"v":0.1776,"d":"0.178"}]
["FVC","SA_inferior parietal","rs3814316","A","G",0.368453,4.16612453966733e-05,421986,{"v":17.5811114284674,"d":"17.581"},{"v":-0.00946144,"d":"-0.009"},{"v":0.00170087,"d":"0.002"},{"v":2.69997659840121e-08,"d":"2.700E-08"},{"v":-1.0073,"d":"-1.007"},{"v":3.3548,"d":"3.355"},0.764]
["FVC","SA_inferior parietal","rs3828559","G","A",0.758433,5.04655975131029e-05,421986,{"v":21.2967494541555,"d":"21.297"},{"v":0.0117356,"d":"0.012"},{"v":0.00191612,"d":"0.002"},{"v":9.09997082601283e-10,"d":"9.100E-10"},{"v":7.4469,"d":"7.447"},{"v":3.7389,"d":"3.739"},{"v":0.0464,"d":"0.046"}]
["FVC","SA_inferior parietal","rs3858603","A","G",0.501593,7.64582018958038e-05,421986,{"v":32.266604915392,"d":"32.267"},{"v":-0.012366,"d":"-0.012"},{"v":1.63937E-3,"d":"0.002"},{"v":4.60044666393479e-14,"d":"4.600E-14"},{"v":-5.0542,"d":"-5.054"},{"v":3.2847,"d":"3.285"},{"v":0.1239,"d":"0.124"}]
["FVC","SA_inferior parietal","rs4244808","G","T",0.459999,6.73887227545813e-05,421986,{"v":28.438879242618,"d":"28.439"},{"v":0.0116467,"d":"0.012"},{"v":1.65946E-3,"d":"0.002"},{"v":2.19988510904925e-12,"d":"2.200E-12"},{"v":3.9197,"d":"3.920"},{"v":3.3681,"d":"3.368"},{"v":0.2445,"d":"0.245"}]
["FVC","SA_inferior parietal","rs425102","G","T",0.240797,0.000137901421280968,421986,{"v":58.2002192507815,"d":"58.200"},{"v":-0.0194207,"d":"-0.019"},{"v":0.00191587,"d":"0.002"},{"v":3.80014352941585e-24,"d":"3.800E-24"},{"v":0.7438,"d":"0.744"},{"v":3.8009,"d":"3.801"},{"v":0.8448,"d":"0.845"}]
["FVC","SA_inferior parietal","rs4497878","C","T",0.715464,8.76845467196344e-05,421986,{"v":37.0047205050822,"d":"37.005"},{"v":-0.0146752,"d":"-0.015"},{"v":1.81627E-3,"d":"0.002"},{"v":6.49980009683026e-16,"d":"6.500E-16"},{"v":-0.4152,"d":"-0.415"},{"v":3.6617,"d":"3.662"},{"v":0.9097,"d":"0.910"}]
["FVC","SA_inferior parietal","rs4650619","T","C",0.658131,5.51787534628888E-5,421986,{"v":23.2858359846867,"d":"23.286"},{"v":0.0110735,"d":"0.011"},{"v":0.00173535,"d":"0.002"},{"v":1.79998961724559E-10,"d":"1.800E-10"},{"v":-4.2592,"d":"-4.259"},{"v":3.3884,"d":"3.388"},{"v":0.2088,"d":"0.209"}]
["FVC","SA_inferior parietal","rs4678778","G","A",0.103138,4.9032397109147e-05,421986,{"v":20.6919016352442,"d":"20.692"},{"v":0.01628,"d":"0.016"},{"v":0.00272878,"d":"0.003"},{"v":2.39999313805789E-9,"d":"2.400E-09"},{"v":-3.9748,"d":"-3.975"},5.507,{"v":0.4704,"d":"0.470"}]
["FVC","SA_inferior parietal","rs4713135","A","G",0.237248,9.32171087040042e-05,421986,{"v":39.3397955413479,"d":"39.340"},{"v":-0.0160487,"d":"-0.016"},{"v":0.00192704,"d":"0.002"},{"v":8.19973845457472e-17,"d":"8.200E-17"},{"v":-0.9078,"d":"-0.908"},3.856,{"v":0.8139,"d":"0.814"}]
["FVC","SA_inferior parietal","rs4728358","T","C",0.687154,4.77707244436522e-05,421986,{"v":20.1594444148942,"d":"20.159"},{"v":-0.0105408,"d":"-0.011"},{"v":1.7764E-3,"d":"0.002"},{"v":2.99999133271614e-09,"d":"3.000E-09"},{"v":2.3519,"d":"2.352"},{"v":3.5596,"d":"3.560"},{"v":0.5088,"d":"0.509"}]
["FVC","SA_inferior parietal","rs4735766","T","G",0.285258,9.07993719661411e-05,421986,{"v":38.3193615537233,"d":"38.319"},{"v":0.0149222,"d":"0.015"},{"v":1.81989E-3,"d":"0.002"},{"v":2.39993787680988E-16,"d":"2.400E-16"},{"v":-5.2367,"d":"-5.237"},3.573,{"v":0.1427,"d":"0.143"}]
["FVC","SA_inferior parietal","rs4759316","A","G",0.57091,5.31891591327017e-05,421986,{"v":22.4461680202567,"d":"22.446"},{"v":0.0104193,"d":"0.010"},{"v":0.00165644,"d":"0.002"},{"v":3.20000015974484E-10,"d":"3.200E-10"},{"v":1.5807,"d":"1.581"},{"v":3.4665,"d":"3.467"},{"v":0.6484,"d":"0.648"}]
["FVC","SA_inferior parietal","rs4785677","G","A",0.549173,4.80134751963316E-5,421986,{"v":20.2618911610575,"d":"20.262"},{"v":-0.00984707,"d":"-0.010"},{"v":1.65043E-3,"d":"0.002"},{"v":2.39999313805789E-9,"d":"2.400E-09"},{"v":-2.0392,"d":"-2.039"},{"v":3.3167,"d":"3.317"},{"v":0.5387,"d":"0.539"}]
["FVC","SA_inferior parietal","rs4794006","A","G",0.555023,5.38677822535485e-05,421986,{"v":22.7325667794388,"d":"22.733"},{"v":-0.010443,"d":"-0.010"},{"v":0.00165309,"d":"0.002"},{"v":2.69997659840121E-10,"d":"2.700E-10"},{"v":-6.1492,"d":"-6.149"},{"v":3.2846,"d":"3.285"},{"v":0.06118,"d":"0.061"}]
["FVC","SA_inferior parietal","rs4909017","T","C",0.557895,7.95950937485174e-05,421986,{"v":33.5905296817335,"d":"33.591"},{"v":0.0127025,"d":"0.013"},{"v":0.00165126,"d":"0.002"},{"v":1.39990962656834e-14,"d":"1.400E-14"},{"v":0.0585,"d":"0.059"},{"v":3.2737,"d":"3.274"},{"v":0.9857,"d":"0.986"}]
["FVC","SA_inferior parietal","rs4918293","A","G",0.335439,5.24388950619221e-05,421986,{"v":22.1295351421812,"d":"22.130"},{"v":-0.0108452,"d":"-0.011"},{"v":0.00174452,"d":"0.002"},{"v":5.09999793204996e-10,"d":"5.100E-10"},{"v":0.0547,"d":"0.055"},{"v":3.4833,"d":"3.483"},{"v":0.9875,"d":"0.988"}]
["FVC","SA_inferior parietal","rs4924413","A","G",0.283479,{"$f":"2*F1605*(1-F1605)*J1605*J1605","v":4.76110581125863e-05},421986,{"$f":"G1605/(1-G1605)*(H1605-2)","v":{"v":20.0920613508822,"d":"20.092"}},{"v":0.0108259,"d":"0.011"},{"v":0.00182023,"d":"0.002"},{"v":2.69997659840121e-09,"d":"2.700E-09"},{"v":-4.5128,"d":"-4.513"},{"v":3.6007,"d":"3.601"},{"v":0.2101,"d":"0.210"}]
["FVC","SA_inferior parietal","rs4959021","C","T",0.814313,0.000289077580921587,421986,{"v":122.02138755515,"d":"122.021"},{"v":-0.0309176,"d":"-0.031"},{"v":0.00221491,"d":"0.002"},{"v":2.80027059501065e-44,"d":"2.800E-44"},{"v":-5.8816,"d":"-5.882"},{"v":4.6494,"d":"4.649"},{"v":0.2059,"d":"0.206"}]
["FVC","SA_inferior parietal","rs55681913","C","T",0.10621,8.08864045248552e-05,421986,{"v":34.1355296272746,"d":"34.136"},{"v":0.0206406,"d":"0.021"},{"v":2.69286E-3,"d":"0.003"},{"v":1.80011396041801E-14,"d":"1.800E-14"},{"v":0.8124,"d":"0.812"},{"v":5.8015,"d":"5.802"},{"v":0.8886,"d":"0.889"}]
["FVC","SA_inferior parietal","rs55707322","A","C",0.163689,4.62683444763271E-5,421986,{"v":19.5254044836391,"d":"19.525"},{"v":0.0129997,"d":"0.013"},{"v":0.00221808,"d":"0.002"},{"v":4.60002296665069e-09,"d":"4.600E-09"},-1.207,4.524,{"v":0.7896,"d":"0.790"}]
["FVC","SA_inferior parietal","rs55758152","A","G",0.325764,5.16859270150706E-5,421986,{"v":21.811761586645,"d":"21.812"},{"v":0.0108471,"d":"0.011"},{"v":0.00177131,"d":"0.002"},{"v":9.09997082601283e-10,"d":"9.100E-10"},{"v":-3.9786,"d":"-3.979"},{"v":4.0223,"d":"4.022"},{"v":0.3226,"d":"0.323"}]
["FVC","SA_inferior parietal","rs55786114","T","C",0.073277,7.23637113431354e-05,421986,{"v":30.5385382493884,"d":"30.539"},{"v":-0.0230827,"d":"-0.023"},{"v":0.00314939,"d":"0.003"},{"v":2.29985258668621e-13,"d":"2.300E-13"},{"v":-0.6809,"d":"-0.681"},{"v":7.3143,"d":"7.314"},{"v":0.9258,"d":"0.926"}]
["FVC","SA_inferior parietal","rs558107","G","A",0.587806,5.78469038151767E-5,421986,{"v":24.4118800112185,"d":"24.412"},{"v":-0.0109259,"d":"-0.011"},{"v":1.67201E-3,"d":"0.002"},{"v":6.40029512108372E-11,"d":"6.400E-11"},{"v":-2.5014,"d":"-2.501"},{"v":3.3129,"d":"3.313"},{"v":0.4502,"d":"0.450"}]
["FVC","SA_inferior parietal","rs55831773","T","C",0.199579,6.58378676692214e-05,421986,{"v":27.7843560132832,"d":"27.784"},{"v":-0.0143551,"d":"-0.014"},{"v":0.00209681,"d":"0.002"},{"v":7.59976214361039E-12,"d":"7.600E-12"},{"v":-8.0342,"d":"-8.034"},{"v":4.3632,"d":"4.363"},{"v":0.06557,"d":"0.066"}]
["FVC","SA_inferior parietal","rs55906059","T","C",0.093726,4.23076242776738e-05,421986,{"v":17.8538958791087,"d":"17.854"},{"v":-0.015781,"d":"-0.016"},{"v":0.0028489,"d":"0.003"},{"v":2.99999133271615e-08,"d":"3.000E-08"},{"v":-6.4963,"d":"-6.496"},6.315,{"v":0.3036,"d":"0.304"}]
["FVC","SA_inferior parietal","rs55962189","T","A",0.299312,5.39173733411806e-05,421986,{"v":22.7534956807262,"d":"22.753"},{"v":0.0113377,"d":"0.011"},{"v":0.00180553,"d":"0.002"},{"v":3.4000084782586e-10,"d":"3.400E-10"},{"v":-1.4462,"d":"-1.446"},{"v":3.6923,"d":"3.692"},{"v":0.6953,"d":"0.695"}]
["FVC","SA_inferior parietal","rs56099233","T","G",0.203137,4.63112857415907e-05,421986,{"v":19.5435266882283,"d":"19.544"},{"v":0.0119603,"d":"0.012"},{"v":0.00205819,"d":"0.002"},{"v":6.19997588072324e-09,"d":"6.200E-09"},{"v":-5.4013,"d":"-5.401"},{"v":4.2669,"d":"4.267"},{"v":0.2056,"d":"0.206"}]
["FVC","SA_inferior parietal","rs56144019","A","G",0.23362,5.74600505527944e-05,421986,{"v":24.2486152991313,"d":"24.249"},{"v":-0.0126675,"d":"-0.013"},{"v":0.00194171,"d":"0.002"},{"v":6.89922009844049e-11,"d":"6.899E-11"},{"v":1.2343,"d":"1.234"},{"v":3.9225,"d":"3.923"},0.753]
["FVC","SA_inferior parietal","rs56318219","A","G",0.263367,7.89251775726661e-05,421986,{"v":33.3077909561397,"d":"33.308"},{"v":0.0142622,"d":"0.014"},{"v":0.00189906,"d":"0.002"},{"v":5.90065196995665e-14,"d":"5.901E-14"},{"v":-5.0281,"d":"-5.028"},{"v":3.7476,"d":"3.748"},{"v":0.1797,"d":"0.180"}]
["FVC","SA_inferior parietal","rs564443","A","G",0.162319,4.20226237478109e-05,421986,{"v":17.7336200728403,"d":"17.734"},{"v":0.0124309,"d":"0.012"},{"v":0.00222876,"d":"0.002"},{"v":2.39999313805789e-08,"d":"2.400E-08"},{"v":-4.3324,"d":"-4.332"},{"v":4.3215,"d":"4.322"},{"v":0.3161,"d":"0.316"}]
["FVC","SA_inferior parietal","rs57072412","A","G",0.383191,5.48617071536508e-05,421986,{"v":23.1520327915692,"d":"23.152"},{"v":0.010773,"d":"0.011"},{"v":1.68954E-3,"d":"0.002"},{"v":1.79998961724559E-10,"d":"1.800E-10"},{"v":-0.8509,"d":"-0.851"},{"v":3.3295,"d":"3.330"},{"v":0.7983,"d":"0.798"}]
["FVC","SA_inferior parietal","rs575837","G","A",0.784728,5.50345504488652e-05,421986,{"v":23.2249779128326,"d":"23.225"},{"v":0.0127629,"d":"0.013"},{"v":0.0020075,"d":"0.002"},{"v":2.00000001996811e-10,"d":"2.000E-10"},{"v":-5.6987,"d":"-5.699"},3.891,0.143]
["FVC","SA_inferior parietal","rs582780","G","A",0.422609,7.69184760023856e-05,421986,{"v":32.4608630175037,"d":"32.461"},{"v":0.0125544,"d":"0.013"},{"v":1.6756E-3,"d":"0.002"},{"v":6.79986045003322e-14,"d":"6.800E-14"},{"v":-0.6945,"d":"-0.695"},{"v":3.4034,"d":"3.403"},{"v":0.8383,"d":"0.838"}]
["FVC","SA_inferior parietal","rs58746189","C","T",0.114418,5.54327432021165e-05,421986,{"v":23.3930274470851,"d":"23.393"},{"v":-0.0165389,"d":"-0.017"},{"v":0.00257892,"d":"0.003"},{"v":1.40000633223953E-10,"d":"1.400E-10"},{"v":-1.7446,"d":"-1.745"},{"v":5.1344,"d":"5.134"},0.734]
["FVC","SA_inferior parietal","rs59032271","T","C",0.467565,5.25155515367519e-05,421986,{"v":22.1618863433691,"d":"22.162"},{"v":-0.0102701,"d":"-0.010"},{"v":0.00164133,"d":"0.002"},{"v":3.89995862874433e-10,"d":"3.900E-10"},{"v":-5.9606,"d":"-5.961"},{"v":3.2305,"d":"3.231"},{"v":0.06502,"d":"0.065"}]
["FVC","SA_inferior parietal","rs60839038","C","A",0.47352,7.81566247420721e-05,421986,{"v":32.9834230081733,"d":"32.983"},{"v":0.0125201,"d":"0.013"},{"v":0.00167309,"d":"0.002"},{"v":7.29961575729299e-14,"d":"7.300E-14"},{"v":6.1203,"d":"6.120"},{"v":3.5789,"d":"3.579"},{"v":0.08724,"d":"0.087"}]
["FVC","SA_inferior parietal","rs6088619","G","A",0.135815,7.20917622439476e-05,421986,{"v":30.4237635014749,"d":"30.424"},{"v":0.0175247,"d":"0.018"},{"v":2.41661E-3,"d":"0.002"},{"v":4.10015240506613e-13,"d":"4.100E-13"},{"v":-3.3902,"d":"-3.390"},{"v":4.8805,"d":"4.881"},{"v":0.4873,"d":"0.487"}]
["FVC","SA_inferior parietal","rs6107411","G","A",0.165223,4.40792134730111e-05,421986,{"v":18.6015427595694,"d":"18.602"},{"v":0.012641,"d":"0.013"},{"v":0.00221407,"d":"0.002"},{"v":1.09999319893519E-8,"d":"1.100E-08"},{"v":3.2265,"d":"3.227"},{"v":4.3728,"d":"4.373"},{"v":0.4606,"d":"0.461"}]
["FVC","SA_inferior parietal","rs6140000","G","T",0.497765,4.80103190874975e-05,421986,{"v":20.2605592057309,"d":"20.261"},{"v":-0.00979911,"d":"-0.010"},{"v":1.64577E-3,"d":"0.002"},{"v":2.59997995670925e-09,"d":"2.600E-09"},{"v":1.8085,"d":"1.809"},{"v":3.2496,"d":"3.250"},{"v":0.5779,"d":"0.578"}]
["FVC","SA_inferior parietal","rs61732778","A","G",0.071158,4.53939497968776e-05,421986,{"v":19.1563900952959,"d":"19.156"},{"v":0.0185311,"d":"0.019"},{"v":0.0031876,"d":"0.003"},{"v":6.10000231740111e-09,"d":"6.100E-09"},-6.985,{"v":6.4938,"d":"6.494"},{"v":0.2821,"d":"0.282"}]
["FVC","SA_inferior parietal","rs61884008","A","G",0.055359,6.19804364366019e-05,421986,{"v":26.1563736727189,"d":"26.156"},{"v":0.0243436,"d":"0.024"},{"v":3.63066E-3,"d":"0.004"},{"v":1.99986186963274e-11,"d":"2.000E-11"},{"v":-3.6255,"d":"-3.626"},{"v":7.2598,"d":"7.260"},{"v":0.6175,"d":"0.618"}]
["FVC","SA_inferior parietal","rs62018872","A","G",0.120637,4.85026045935671e-05,421986,{"v":20.4683158634428,"d":"20.468"},{"v":-0.0151197,"d":"-0.015"},{"v":0.00253721,"d":"0.003"},{"v":2.49999995007974e-09,"d":"2.500E-09"},1.478,5.094,{"v":0.7717,"d":"0.772"}]
["FVC","SA_inferior parietal","rs62194733","T","C",0.118104,5.38642068054667e-05,421986,{"v":22.7310578349982,"d":"22.731"},{"v":-0.0160803,"d":"-0.016"},{"v":0.0025514,"d":"0.003"},{"v":2.90001336905407e-10,"d":"2.900E-10"},{"v":-0.1659,"d":"-0.166"},{"v":5.4045,"d":"5.405"},{"v":0.9755,"d":"0.976"}]
["FVC","SA_inferior parietal","rs62276616","A","G",0.042615,5.76894212543324e-05,421986,{"v":24.3454172116173,"d":"24.345"},{"v":-0.0265894,"d":"-0.027"},{"v":4.0951E-3,"d":"0.004"},{"v":8.4004006526377e-11,"d":"8.400E-11"},{"v":-8.8519,"d":"-8.852"},8.358,{"v":0.2896,"d":"0.290"}]
["FVC","SA_inferior parietal","rs644570","A","G",0.632228,5.14133799179517e-05,421986,{"v":21.6967392139931,"d":"21.697"},{"v":0.0105147,"d":"0.011"},{"v":0.00170914,"d":"0.002"},{"v":7.59993713661527e-10,"d":"7.600E-10"},{"v":-1.1419,"d":"-1.142"},{"v":3.3741,"d":"3.374"},0.735]
["FVC","SA_inferior parietal","rs6462426","C","T",0.945001,4.55399828280401e-05,421986,{"v":19.2180193019767,"d":"19.218"},{"v":-0.0209309,"d":"-0.021"},{"v":3.60298E-3,"d":"0.004"},{"v":6.29999202947421e-09,"d":"6.300E-09"},{"v":-1.0048,"d":"-1.005"},{"v":6.9781,"d":"6.978"},{"v":0.8855,"d":"0.886"}]
["FVC","SA_inferior parietal","rs6487686","C","T",0.772904,1.03141223251922E-4,421986,{"v":43.5284355288256,"d":"43.528"},{"v":-0.0171409,"d":"-0.017"},{"v":0.00196297,"d":"0.002"},{"v":2.49976970217851e-18,"d":"2.500E-18"},{"v":3.7879,"d":"3.788"},{"v":3.8342,"d":"3.834"},{"v":0.3232,"d":"0.323"}]
["FVC","SA_inferior parietal","rs6501431","T","C",0.784491,5.66176612404253E-5,421986,{"v":23.8930999323176,"d":"23.893"},{"v":0.01294,"d":"0.013"},{"v":0.00199944,"d":"0.002"},{"v":9.70063133783958e-11,"d":"9.701E-11"},{"v":-1.8644,"d":"-1.864"},{"v":3.9183,"d":"3.918"},{"v":0.6342,"d":"0.634"}]
["FVC","SA_inferior parietal","rs661857","C","T",0.482472,0.000109798209617901,421986,{"v":46.3381755361111,"d":"46.338"},{"v":0.0148279,"d":"0.015"},{"v":0.00164183,"d":"0.002"},{"v":1.69980851320349e-19,"d":"1.700E-19"},{"v":2.9488,"d":"2.949"},{"v":3.3007,"d":"3.301"},{"v":0.3717,"d":"0.372"}]
["FVC","SA_inferior parietal","rs663378","A","G",0.833573,6.37425819916999e-05,421986,{"v":26.900064398746,"d":"26.900"},{"v":-0.0151571,"d":"-0.015"},{"v":0.00222469,"d":"0.002"},{"v":9.49948365876348e-12,"d":"9.499E-12"},-3.798,{"v":4.3939,"d":"4.394"},{"v":0.3874,"d":"0.387"}]
["FVC","SA_inferior parietal","rs6658835","G","A",0.269388,1.42791581170128E-4,421986,{"v":60.2643678328666,"d":"60.264"},{"v":0.019046,"d":"0.019"},{"v":1.85345E-3,"d":"0.002"},{"v":8.99911910870052e-25,"d":"8.999E-25"},{"v":3.5894,"d":"3.589"},{"v":3.6408,"d":"3.641"},{"v":0.3242,"d":"0.324"}]
["FVC","SA_inferior parietal","rs6671370","A","G",0.287459,0.000125116546260296,421986,{"v":52.8037872845994,"d":"52.804"},{"v":0.0174763,"d":"0.017"},{"v":0.00181023,"d":"0.002"},{"v":4.70002318179801e-22,"d":"4.700E-22"},{"v":3.1741,"d":"3.174"},{"v":3.5342,"d":"3.534"},{"v":0.3691,"d":"0.369"}]
["FVC","SA_inferior parietal","rs668844","A","C",0.482052,4.45621047410429e-05,421986,{"v":18.8053332122725,"d":"18.805"},{"v":0.00944665,"d":"0.009"},{"v":1.64055E-3,"d":"0.002"},{"v":8.50002102591718E-9,"d":"8.500E-09"},{"v":-0.4783,"d":"-0.478"},{"v":3.3237,"d":"3.324"},{"v":0.8856,"d":"0.886"}]
["FVC","SA_inferior parietal","rs67232546","T","C",0.21257,4.86244793317992e-05,421986,{"v":20.5197500485121,"d":"20.520"},{"v":-0.0120519,"d":"-0.012"},{"v":0.0020216,"d":"0.002"},{"v":2.49999995007974e-09,"d":"2.500E-09"},{"v":5.1397,"d":"5.140"},{"v":4.0576,"d":"4.058"},{"v":0.2053,"d":"0.205"}]
["FVC","SA_inferior parietal","rs67551338","T","C",0.06134,7.05189984710282e-05,421986,{"v":29.7599876953251,"d":"29.760"},{"v":0.0247464,"d":"0.025"},{"v":0.00345878,"d":"0.003"},{"v":8.4004006526377e-13,"d":"8.400E-13"},{"v":-0.8998,"d":"-0.900"},{"v":6.6729,"d":"6.673"},{"v":0.8927,"d":"0.893"}]
["FVC","SA_inferior parietal","rs6762578","A","G",0.77845,0.000132137192897206,421986,{"v":55.7671501222077,"d":"55.767"},{"v":0.0195725,"d":"0.020"},{"v":0.00198462,"d":"0.002"},{"v":6.09958095872238e-23,"d":"6.100E-23"},{"v":1.0147,"d":"1.015"},{"v":4.2185,"d":"4.219"},{"v":0.8099,"d":"0.810"}]
["FVC","SA_inferior parietal","rs6803045","A","G",0.582831,5.28540720634528e-05,421986,{"v":22.3047516425747,"d":"22.305"},{"v":0.0104255,"d":"0.010"},{"v":0.00167546,"d":"0.002"},{"v":4.90004422793237e-10,"d":"4.900E-10"},{"v":3.0184,"d":"3.018"},{"v":3.2524,"d":"3.252"},{"v":0.3534,"d":"0.353"}]
["FVC","SA_inferior parietal","rs6849555","C","G",0.201305,5.95225828732291e-05,421986,{"v":25.119072763267,"d":"25.119"},{"v":0.0136053,"d":"0.014"},{"v":2.10903E-3,"d":"0.002"},{"v":1.09999319893519e-10,"d":"1.100E-10"},{"v":-4.9752,"d":"-4.975"},{"v":5.1059,"d":"5.106"},{"v":0.3299,"d":"0.330"}]
["FVC","SA_inferior parietal","rs6886191","G","A",0.559405,6.13211737942761e-05,421986,{"v":25.8781410803905,"d":"25.878"},{"v":0.0111534,"d":"0.011"},{"v":1.65843E-3,"d":"0.002"},{"v":1.80011396041801E-11,"d":"1.800E-11"},{"v":1.7399,"d":"1.740"},{"v":3.2577,"d":"3.258"},{"v":0.5933,"d":"0.593"}]
["FVC","SA_inferior parietal","rs6902771","T","C",0.463035,9.61364438873099E-5,421986,{"v":40.5719415795277,"d":"40.572"},{"v":0.0139043,"d":"0.014"},{"v":0.00164169,"d":"0.002"},{"v":2.49976970217851E-17,"d":"2.500E-17"},0.602,{"v":3.2544,"d":"3.254"},{"v":0.8533,"d":"0.853"}]
["FVC","SA_inferior parietal","rs6906411","A","G",0.449499,4.49493692192693E-5,421986,{"v":18.9687672547471,"d":"18.969"},{"v":-0.00953023,"d":"-0.010"},{"v":1.65975E-3,"d":"0.002"},{"v":9.40004645744656E-9,"d":"9.400E-09"},{"v":-2.7927,"d":"-2.793"},{"v":3.2768,"d":"3.277"},{"v":0.3941,"d":"0.394"}]
["FVC","SA_inferior parietal","rs6919321","A","G",0.60753,5.65182520321187e-05,421986,{"v":23.8511460906076,"d":"23.851"},{"v":0.0108866,"d":"0.011"},{"v":1.68563E-3,"d":"0.002"},{"v":1.09999319893519e-10,"d":"1.100E-10"},{"v":3.6507,"d":"3.651"},{"v":3.2876,"d":"3.288"},{"v":0.2668,"d":"0.267"}]
["FVC","SA_inferior parietal","rs6937121","G","T",0.289184,0.000224015728667804,421986,{"v":94.5522344338483,"d":"94.552"},{"v":-0.0233431,"d":"-0.023"},{"v":1.80879E-3,"d":"0.002"},{"v":4.19952334664063E-38,"d":"4.200E-38"},{"v":-2.3115,"d":"-2.312"},{"v":3.5682,"d":"3.568"},{"v":0.5171,"d":"0.517"}]
["FVC","SA_inferior parietal","rs6965423","C","T",0.50901,5.87283036522269e-05,421986,{"v":24.7838600024372,"d":"24.784"},{"v":-0.0108395,"d":"-0.011"},{"v":1.64539E-3,"d":"0.002"},{"v":4.49987033872151e-11,"d":"4.500E-11"},{"v":-0.2575,"d":"-0.258"},{"v":3.2151,"d":"3.215"},{"v":0.9362,"d":"0.936"}]
["FVC","SA_inferior parietal","rs6977081","T","G",0.333825,1.11883348591464E-4,421986,{"v":47.2182659097251,"d":"47.218"},{"v":0.0158604,"d":"0.016"},{"v":0.00175433,"d":"0.002"},{"v":1.5999263828686e-19,"d":"1.600E-19"},{"v":2.7157,"d":"2.716"},{"v":3.4062,"d":"3.406"},{"v":0.4253,"d":"0.425"}]
["FVC","SA_inferior parietal","rs698748","G","A",0.581469,4.26423821749827e-05,421986,{"v":17.9951703566595,"d":"17.995"},{"v":0.00936006,"d":"0.009"},{"v":0.00167978,"d":"0.002"},{"v":2.49999995007974e-08,"d":"2.500E-08"},{"v":1.9631,"d":"1.963"},{"v":3.8535,"d":"3.854"},{"v":0.6105,"d":"0.611"}]
["FVC","SA_inferior parietal","rs7012637","A","G",0.4738,5.1217081991076e-05,421986,{"v":21.6138961276123,"d":"21.614"},{"v":-0.0101349,"d":"-0.010"},{"v":1.65698E-3,"d":"0.002"},{"v":9.59997274392481e-10,"d":"9.600E-10"},3.891,{"v":3.3596,"d":"3.360"},{"v":0.2468,"d":"0.247"}]
["FVC","SA_inferior parietal","rs7027103","C","G",0.203801,8.86508239714635e-05,421986,{"v":37.4125459557999,"d":"37.413"},{"v":-0.0165277,"d":"-0.017"},{"v":2.04156E-3,"d":"0.002"},{"v":5.70033002218961e-16,"d":"5.700E-16"},{"v":1.4255,"d":"1.426"},{"v":4.0211,"d":"4.021"},0.723]
["FVC","SA_inferior parietal","rs7029491","G","C",0.334337,8.05373568236104e-05,421986,{"v":33.988213302717,"d":"33.988"},{"v":0.0134513,"d":"0.013"},{"v":0.0017552,"d":"0.002"},{"v":1.80011396041801E-14,"d":"1.800E-14"},{"v":1.2799,"d":"1.280"},{"v":3.6433,"d":"3.643"},{"v":0.7254,"d":"0.725"}]
["FVC","SA_inferior parietal","rs7105777","T","C",0.631869,5.44736156740329e-05,421986,{"v":22.9882464894954,"d":"22.988"},{"v":-0.0108209,"d":"-0.011"},{"v":1.70784E-3,"d":"0.002"},{"v":2.39999313805789e-10,"d":"2.400E-10"},{"v":-1.9735,"d":"-1.974"},{"v":3.3825,"d":"3.383"},{"v":0.5596,"d":"0.560"}]
["FVC","SA_inferior parietal","rs7176647","G","C",0.599761,7.33606114066136E-5,421986,{"v":30.9592754351831,"d":"30.959"},{"v":-0.0123614,"d":"-0.012"},{"v":1.69264E-3,"d":"0.002"},{"v":2.80027059501064E-13,"d":"2.800E-13"},{"v":4.0165,"d":"4.017"},{"v":3.3658,"d":"3.366"},{"v":0.2327,"d":"0.233"}]
["FVC","SA_inferior parietal","rs723149","G","A",0.56266,1.00808207678773E-4,421986,{"v":42.5437394672429,"d":"42.544"},{"v":-0.014312,"d":"-0.014"},{"v":1.65522E-3,"d":"0.002"},{"v":5.30029448835795e-18,"d":"5.300E-18"},{"v":-5.1929,"d":"-5.193"},{"v":3.3858,"d":"3.386"},{"v":0.1251,"d":"0.125"}]
["FVC","SA_inferior parietal","rs723588","C","T",0.142475,9.20476745432426e-05,421986,{"v":38.8462215988187,"d":"38.846"},{"v":0.0194088,"d":"0.019"},{"v":0.00234291,"d":"0.002"},{"v":1.20005182020427e-16,"d":"1.200E-16"},{"v":4.0478,"d":"4.048"},{"v":4.5187,"d":"4.519"},{"v":0.3704,"d":"0.370"}]
["FVC","SA_inferior parietal","rs72643433","A","G",0.252489,0.000148056194374593,421986,{"v":62.4865966546683,"d":"62.487"},{"v":-0.0198047,"d":"-0.020"},{"v":1.89404E-3,"d":"0.002"},{"v":1.39990962656834e-25,"d":"1.400E-25"},{"v":-1.1417,"d":"-1.142"},{"v":3.6995,"d":"3.700"},{"v":0.7576,"d":"0.758"}]
["FVC","SA_inferior parietal","rs72656010","C","T",0.132118,0.00021908575780461,421986,{"v":92.4709434881494,"d":"92.471"},{"v":-0.0309087,"d":"-0.031"},{"v":0.00243307,"d":"0.002"},{"v":5.60015438761553e-37,"d":"5.600E-37"},{"v":-7.6014,"d":"-7.601"},{"v":4.8401,"d":"4.840"},{"v":0.1163,"d":"0.116"}]
["FVC","SA_inferior parietal","rs72665944","A","G",0.07632,6.84337196213313e-05,421986,{"v":28.8799111004268,"d":"28.880"},{"v":-0.0220313,"d":"-0.022"},{"v":0.00313425,"d":"0.003"},{"v":2.09990670376243E-12,"d":"2.100E-12"},{"v":-4.7504,"d":"-4.750"},6.668,{"v":0.4762,"d":"0.476"}]
["FVC","SA_inferior parietal","rs72673891","G","A",0.067566,0.000133496624932514,421986,{"v":56.3409611036748,"d":"56.341"},{"v":0.0325497,"d":"0.033"},{"v":0.00328044,"d":"0.003"},{"v":3.29989407910835e-23,"d":"3.300E-23"},{"v":-3.7674,"d":"-3.767"},{"v":6.7899,"d":"6.790"},0.579]
["FVC","SA_inferior parietal","rs72904209","C","T",0.13427,5.22341047259158E-5,421986,{"v":22.0431078506648,"d":"22.043"},{"v":-0.0149893,"d":"-0.015"},{"v":0.00240925,"d":"0.002"},{"v":4.90004422793237e-10,"d":"4.900E-10"},{"v":0.4053,"d":"0.405"},{"v":4.8487,"d":"4.849"},{"v":0.9334,"d":"0.933"}]
["FVC","SA_inferior parietal","rs72976986","A","G",0.190197,7.62541928442309e-05,421986,{"v":32.1805032114777,"d":"32.181"},{"v":0.0157335,"d":"0.016"},{"v":2.11371E-3,"d":"0.002"},{"v":9.79941161095592e-14,"d":"9.799E-14"},{"v":-4.3421,"d":"-4.342"},{"v":4.5925,"d":"4.593"},{"v":0.3444,"d":"0.344"}]
["FVC","SA_inferior parietal","rs73125628","T","C",0.27862,4.67726131185683e-05,421986,{"v":19.7382175822406,"d":"19.738"},{"v":-0.0107868,"d":"-0.011"},{"v":0.00183637,"d":"0.002"},{"v":4.30001529151271e-09,"d":"4.300E-09"},{"v":-1.1962,"d":"-1.196"},{"v":3.6932,"d":"3.693"},0.746]
["FVC","SA_inferior parietal","rs735830","A","G",0.208865,{"$f":"2*F1669*(1-F1669)*J1669*J1669","v":8.73933030413467e-05},421986,{"$f":"G1669/(1-G1669)*(H1669-2)","v":{"v":36.88179881282,"d":"36.882"}},{"v":-0.0162617,"d":"-0.016"},{"v":2.02148E-3,"d":"0.002"},{"v":8.69961433065269e-16,"d":"8.700E-16"},{"v":1.6682,"d":"1.668"},{"v":4.0544,"d":"4.054"},{"v":0.6807,"d":"0.681"}]
["FVC","SA_inferior parietal","rs7359156","G","A",0.209384,6.226472042639e-05,421986,{"v":26.276351874113,"d":"26.276"},{"v":-0.0137136,"d":"-0.014"},{"v":2.02651E-3,"d":"0.002"},{"v":1.2998702373886e-11,"d":"1.300E-11"},{"v":6.5438,"d":"6.544"},4.018,{"v":0.1034,"d":"0.103"}]
["FVC","SA_inferior parietal","rs73923824","A","C",0.187487,4.35755617595365E-5,421986,{"v":18.3889911641564,"d":"18.389"},{"v":0.0119593,"d":"0.012"},{"v":0.00213172,"d":"0.002"},{"v":2.0000000199681E-8,"d":"2.000E-08"},{"v":-1.8164,"d":"-1.816"},{"v":4.4709,"d":"4.471"},{"v":0.6845,"d":"0.685"}]
["FVC","SA_inferior parietal","rs74483355","T","C",0.112455,7.62296333510282e-05,421986,{"v":32.1701379178186,"d":"32.170"},{"v":-0.0195417,"d":"-0.020"},{"v":0.00260367,"d":"0.003"},{"v":6.09958095872238E-14,"d":"6.100E-14"},{"v":4.3926,"d":"4.393"},{"v":5.2359,"d":"5.236"},{"v":0.4015,"d":"0.402"}]
["FVC","SA_inferior parietal","rs74767794","G","A",0.316352,5.88798117763144e-05,421986,{"v":24.8478015264932,"d":"24.848"},{"v":0.0116672,"d":"0.012"},{"v":1.77224E-3,"d":"0.002"},{"v":4.60044666393479e-11,"d":"4.600E-11"},{"v":-0.7401,"d":"-0.740"},{"v":3.5363,"d":"3.536"},{"v":0.8342,"d":"0.834"}]
["FVC","SA_inferior parietal","rs7535275","G","A",0.130968,4.20369815446355e-05,421986,{"v":17.7396793427046,"d":"17.740"},{"v":0.0135894,"d":"0.014"},{"v":0.00243438,"d":"0.002"},{"v":2.39999313805789e-08,"d":"2.400E-08"},{"v":-4.6717,"d":"-4.672"},{"v":5.1467,"d":"5.147"},0.364]
["FVC","SA_inferior parietal","rs75421844","C","T",0.083714,1.12955137403472E-4,421986,{"v":47.6706453463618,"d":"47.671"},{"v":0.0271346,"d":"0.027"},{"v":0.00297229,"d":"0.003"},{"v":6.9008088854845e-20,"d":"6.901E-20"},{"v":6.0607,"d":"6.061"},{"v":5.9269,"d":"5.927"},{"v":0.3065,"d":"0.307"}]
["FVC","SA_inferior parietal","rs7562385","T","C",0.895666,8.01368217716201e-05,421986,{"v":33.8191667590144,"d":"33.819"},{"v":0.0207069,"d":"0.021"},{"v":0.00267966,"d":"0.003"},{"v":1.10001852750622E-14,"d":"1.100E-14"},{"v":-0.0861,"d":"-0.086"},{"v":5.2539,"d":"5.254"},{"v":0.9869,"d":"0.987"}]
["FVC","SA_inferior parietal","rs76219171","A","G",0.06075,4.25319300147614E-5,421986,{"v":17.9485573421338,"d":"17.949"},{"v":-0.0193054,"d":"-0.019"},{"v":0.00348454,"d":"0.003"},{"v":2.99999133271615e-08,"d":"3.000E-08"},{"v":-4.7249,"d":"-4.725"},{"v":7.1635,"d":"7.164"},{"v":0.5095,"d":"0.510"}]
["FVC","SA_inferior parietal","rs7632","C","T",0.512981,5.4113204167767e-05,421986,{"v":22.83614208435,"d":"22.836"},{"v":-0.0104067,"d":"-0.010"},{"v":1.6401E-3,"d":"0.002"},{"v":2.19998641983517E-10,"d":"2.200E-10"},{"v":3.9438,"d":"3.944"},{"v":3.2558,"d":"3.256"},{"v":0.2258,"d":"0.226"}]
["FVC","SA_inferior parietal","rs7638143","A","G",0.582086,9.48743100324213e-05,421986,{"v":40.0392395399469,"d":"40.039"},{"v":-0.0139644,"d":"-0.014"},{"v":0.00166448,"d":"0.002"},{"v":4.90004422793237e-17,"d":"4.900E-17"},{"v":2.7193,"d":"2.719"},{"v":3.2775,"d":"3.278"},{"v":0.4067,"d":"0.407"}]
["FVC","SA_inferior parietal","rs76563195","G","C",0.242852,7.42387384341555e-05,421986,{"v":31.3298856905876,"d":"31.330"},{"v":-0.0142082,"d":"-0.014"},{"v":0.00192116,"d":"0.002"},{"v":1.39990962656834E-13,"d":"1.400E-13"},{"v":-4.4499,"d":"-4.450"},{"v":3.8882,"d":"3.888"},{"v":0.2524,"d":"0.252"}]
["FVC","SA_inferior parietal","rs76660472","C","G",0.078285,4.38444807224659e-05,421986,{"v":18.5024805848424,"d":"18.502"},{"v":-0.0174303,"d":"-0.017"},{"v":3.06179E-3,"d":"0.003"},{"v":1.19999655704812E-8,"d":"1.200E-08"},{"v":0.8763,"d":"0.876"},{"v":7.2041,"d":"7.204"},{"v":0.9032,"d":"0.903"}]
["FVC","SA_inferior parietal","rs76785101","T","C",0.059317,5.46511867782918e-05,421986,{"v":23.0631868319819,"d":"23.063"},{"v":-0.0221296,"d":"-0.022"},{"v":0.00349654,"d":"0.003"},{"v":2.49999995007974e-10,"d":"2.500E-10"},{"v":11.7377,"d":"11.738"},{"v":7.5065,"d":"7.507"},{"v":0.1179,"d":"0.118"}]
["FVC","SA_inferior parietal","rs77328429","A","G",0.114012,7.18203724361584e-05,421986,{"v":30.3092248619177,"d":"30.309"},{"v":0.0188547,"d":"0.019"},{"v":2.57478E-3,"d":"0.003"},{"v":2.39993787680988E-13,"d":"2.400E-13"},{"v":-6.4658,"d":"-6.466"},{"v":5.2638,"d":"5.264"},{"v":0.2193,"d":"0.219"}]
["FVC","SA_inferior parietal","rs7815955","T","A",0.203201,0.000185082637412545,421986,{"v":78.1163696496151,"d":"78.116"},{"v":-0.0239073,"d":"-0.024"},{"v":0.00204165,"d":"0.002"},{"v":1.10001852750622E-31,"d":"1.100E-31"},{"v":-6.5199,"d":"-6.520"},{"v":4.0423,"d":"4.042"},{"v":0.1068,"d":"0.107"}]
["FVC","SA_inferior parietal","rs78378222","G","T",0.01219,8.67015760390024e-05,421986,{"v":36.5898502609271,"d":"36.590"},{"v":0.0600012,"d":"0.060"},{"v":0.00764883,"d":"0.008"},{"v":4.30031233630544e-15,"d":"4.300E-15"},{"v":3.2075,"d":"3.208"},{"v":14.8265,"d":"14.827"},{"v":0.8287,"d":"0.829"}]
["FVC","SA_inferior parietal","rs784808","C","T",0.556276,4.96315619241602e-05,421986,{"v":20.9447645483835,"d":"20.945"},{"v":0.0100268,"d":"0.010"},{"v":0.00165571,"d":"0.002"},{"v":1.40000633223953e-09,"d":"1.400E-09"},{"v":1.2087,"d":"1.209"},{"v":3.2496,"d":"3.250"},{"v":0.7099,"d":"0.710"}]
["FVC","SA_inferior parietal","rs7852321","C","T",0.282452,4.30265125876653e-05,421986,{"v":18.1572811322785,"d":"18.157"},{"v":0.0103028,"d":"0.010"},{"v":0.00182407,"d":"0.002"},{"v":1.60000006389793e-08,"d":"1.600E-08"},{"v":4.3931,"d":"4.393"},{"v":3.6139,"d":"3.614"},{"v":0.2241,"d":"0.224"}]
["FVC","SA_inferior parietal","rs7854962","G","C",0.212959,0.000107130376641358,421986,{"v":45.2121484511193,"d":"45.212"},{"v":-0.017877,"d":"-0.018"},{"v":0.00202336,"d":"0.002"},{"v":1e-18,"d":"1.000E-18"},{"v":-1.3703,"d":"-1.370"},{"v":4.0801,"d":"4.080"},0.737]
["FVC","SA_inferior parietal","rs78579285","T","C",0.181123,6.4453529126848e-05,421986,{"v":27.2001111782219,"d":"27.200"},{"v":-0.0147405,"d":"-0.015"},{"v":2.13123E-3,"d":"0.002"},{"v":4.60044666393479e-12,"d":"4.600E-12"},{"v":-6.5268,"d":"-6.527"},{"v":4.5439,"d":"4.544"},{"v":0.1509,"d":"0.151"}]
["FVC","SA_inferior parietal","rs7907533","A","C",0.548538,4.83691782861995e-05,421986,{"v":20.412006641912,"d":"20.412"},{"v":0.00988224,"d":"0.010"},{"v":1.6501E-3,"d":"0.002"},{"v":2.10000341026661e-09,"d":"2.100E-09"},{"v":-4.2171,"d":"-4.217"},{"v":3.2496,"d":"3.250"},{"v":0.1944,"d":"0.194"}]
["FVC","SA_inferior parietal","rs7916879","A","G",0.369335,5.50397326342143e-05,421986,{"v":23.2271649528651,"d":"23.227"},{"v":-0.0108696,"d":"-0.011"},{"v":0.00170511,"d":"0.002"},{"v":1.79998961724559E-10,"d":"1.800E-10"},{"v":-3.1688,"d":"-3.169"},3.376,{"v":0.3479,"d":"0.348"}]
["FVC","SA_inferior parietal","rs7956181","C","T",0.096091,5.09982113445097e-05,421986,{"v":21.5215267753725,"d":"21.522"},{"v":0.017134,"d":"0.017"},{"v":0.00278289,"d":"0.003"},{"v":7.39997069733888e-10,"d":"7.400E-10"},{"v":4.5734,"d":"4.573"},{"v":5.4219,"d":"5.422"},{"v":0.3989,"d":"0.399"}]
["FVC","SA_inferior parietal","rs7968682","T","G",0.517742,3.03039861974058E-4,421986,{"v":127.916736985581,"d":"127.917"},{"v":-0.0246342,"d":"-0.025"},{"v":0.00164702,"d":"0.002"},{"v":1.39990962656833e-50,"d":"1.400E-50"},{"v":-2.9651,"d":"-2.965"},{"v":3.2569,"d":"3.257"},{"v":0.3626,"d":"0.363"}]
["FVC","SA_inferior parietal","rs7980065","G","T",0.43574,5.54419493567618e-05,421986,{"v":23.3969127278143,"d":"23.397"},{"v":-0.0106182,"d":"-0.011"},{"v":0.00165768,"d":"0.002"},{"v":1.49999565138204e-10,"d":"1.500E-10"},3.124,{"v":3.2987,"d":"3.299"},{"v":0.3436,"d":"0.344"}]
["FVC","SA_inferior parietal","rs798551","T","A",0.288946,1.15599305409715E-4,421986,{"v":48.7866970023,"d":"48.787"},{"v":-0.0167727,"d":"-0.017"},{"v":1.82292E-3,"d":"0.002"},{"v":3.50025754158434e-20,"d":"3.500E-20"},{"v":1.4172,"d":"1.417"},{"v":3.6716,"d":"3.672"},{"v":0.6995,"d":"0.700"}]
["FVC","SA_inferior parietal","rs8001781","G","A",0.661562,6.29580521693592e-05,421986,{"v":26.5689634168198,"d":"26.569"},{"v":-0.0118573,"d":"-0.012"},{"v":0.00173947,"d":"0.002"},{"v":9.30036514753962e-12,"d":"9.300E-12"},{"v":-3.4891,"d":"-3.489"},{"v":3.4137,"d":"3.414"},{"v":0.3068,"d":"0.307"}]
["FVC","SA_inferior parietal","rs8033776","G","A",0.4683,5.94227014072185e-05,421986,{"v":25.0769193689156,"d":"25.077"},{"v":0.0109236,"d":"0.011"},{"v":0.00164896,"d":"0.002"},{"v":3.50025754158434E-11,"d":"3.500E-11"},{"v":3.1656,"d":"3.166"},{"v":3.2826,"d":"3.283"},{"v":0.3349,"d":"0.335"}]
["FVC","SA_inferior parietal","rs803765","A","C",0.346274,8.21205506694664e-05,421986,{"v":34.6564044567223,"d":"34.656"},{"v":-0.013468,"d":"-0.013"},{"v":0.00172756,"d":"0.002"},{"v":6.40029512108372e-15,"d":"6.400E-15"},{"v":-1.4316,"d":"-1.432"},{"v":3.3886,"d":"3.389"},{"v":0.6727,"d":"0.673"}]
["FVC","SA_inferior parietal","rs8064926","G","A",0.208126,4.77122952933865e-05,421986,{"v":20.1347858939346,"d":"20.135"},{"v":-0.0120312,"d":"-0.012"},{"v":2.02461E-3,"d":"0.002"},{"v":2.80001269243454e-09,"d":"2.800E-09"},{"v":1.8901,"d":"1.890"},{"v":5.0704,"d":"5.070"},{"v":0.7093,"d":"0.709"}]
["FVC","SA_inferior parietal","rs8107719","C","T",0.664833,7.58586602607119e-05,421986,{"v":32.0135693979409,"d":"32.014"},{"v":-0.0130467,"d":"-0.013"},{"v":1.74248E-3,"d":"0.002"},{"v":7.00003159130898e-14,"d":"7.000E-14"},{"v":1.9204,"d":"1.920"},{"v":3.5141,"d":"3.514"},{"v":0.5847,"d":"0.585"}]
["FVC","SA_inferior parietal","rs848606","T","G",0.32697,8.21126628425655e-05,421986,{"v":34.6530753732518,"d":"34.653"},{"v":-0.013659,"d":"-0.014"},{"v":1.75059E-3,"d":"0.002"},{"v":6.09958095872238E-15,"d":"6.100E-15"},-0.017,{"v":3.4503,"d":"3.450"},{"v":0.9961,"d":"0.996"}]
["FVC","SA_inferior parietal","rs876531","T","C",0.455993,0.00016778615350299,421986,{"v":70.8149539685426,"d":"70.815"},{"v":-0.01839,"d":"-0.018"},{"v":1.65098E-3,"d":"0.002"},{"v":8.10027941680351e-29,"d":"8.100E-29"},{"v":-0.8433,"d":"-0.843"},{"v":3.3869,"d":"3.387"},{"v":0.8034,"d":"0.803"}]
["FVC","SA_inferior parietal","rs879098","G","A",0.39884,4.84147877011915e-05,421986,{"v":20.4312549481704,"d":"20.431"},{"v":-0.010048,"d":"-0.010"},{"v":0.00167973,"d":"0.002"},{"v":2.19998641983517e-09,"d":"2.200E-09"},{"v":3.2175,"d":"3.218"},{"v":3.4152,"d":"3.415"},{"v":0.3461,"d":"0.346"}]
["FVC","SA_inferior parietal","rs880610","A","G",0.166836,6.48118450622442e-05,421986,{"v":27.3513343171881,"d":"27.351"},{"v":-0.0152687,"d":"-0.015"},{"v":0.00220268,"d":"0.002"},{"v":4.19952334664066e-12,"d":"4.200E-12"},{"v":2.1763,"d":"2.176"},{"v":4.4757,"d":"4.476"},{"v":0.6268,"d":"0.627"}]
["FVC","SA_inferior parietal","rs889312","A","C",0.715882,4.72154158687289E-5,421986,{"v":19.9250908213991,"d":"19.925"},{"v":0.0107735,"d":"0.011"},{"v":1.82098E-3,"d":"0.002"},{"v":3.29997006285228E-9,"d":"3.300E-09"},{"v":4.8373,"d":"4.837"},{"v":3.5791,"d":"3.579"},{"v":0.1765,"d":"0.177"}]
["FVC","SA_inferior parietal","rs9379084","A","G",0.115664,0.000129470287613295,421986,{"v":54.6414642943066,"d":"54.641"},{"v":-0.0251572,"d":"-0.025"},{"v":0.00264155,"d":"0.003"},{"v":1.69980851320349e-21,"d":"1.700E-21"},{"v":3.0306,"d":"3.031"},{"v":5.6642,"d":"5.664"},{"v":0.5926,"d":"0.593"}]
["FVC","SA_inferior parietal","rs9391253","T","A",0.32,6.0449439875072e-05,421986,{"v":25.5102385158717,"d":"25.510"},{"v":0.0117856,"d":"0.012"},{"v":1.75829E-3,"d":"0.002"},{"v":1.99986186963274e-11,"d":"2.000E-11"},{"v":-1.0764,"d":"-1.076"},{"v":3.5138,"d":"3.514"},{"v":0.7593,"d":"0.759"}]
["FVC","SA_inferior parietal","rs9398932","A","G",0.14842,1.1392182933213E-4,421986,{"v":48.0786664385222,"d":"48.079"},{"v":-0.021229,"d":"-0.021"},{"v":0.00234405,"d":"0.002"},{"v":1.29987023738861e-19,"d":"1.300E-19"},{"v":8.5817,"d":"8.582"},{"v":4.8427,"d":"4.843"},{"v":0.07638,"d":"0.076"}]
["FVC","SA_inferior parietal","rs9435731","A","C",0.519025,0.000279641425275139,421986,{"v":118.037215298426,"d":"118.037"},{"v":0.0236663,"d":"0.024"},{"v":0.0016398,"d":"0.002"},{"v":3.19963176731834e-47,"d":"3.200E-47"},1.116,{"v":3.2786,"d":"3.279"},{"v":0.7336,"d":"0.734"}]
["FVC","SA_inferior parietal","rs9442580","T","C",0.12853,4.44591308513243e-05,421986,{"v":18.7618760098657,"d":"18.762"},{"v":0.0140876,"d":"0.014"},{"v":2.44925E-3,"d":"0.002"},{"v":8.79994585505891e-09,"d":"8.800E-09"},{"v":5.4666,"d":"5.467"},{"v":5.0076,"d":"5.008"},0.275]
["FVC","SA_inferior parietal","rs9480936","T","G",0.408304,1.03662454297679E-4,421986,{"v":43.7484321842036,"d":"43.748"},{"v":-0.0146472,"d":"-0.015"},{"v":0.00167142,"d":"0.002"},{"v":1.90020300257723e-18,"d":"1.900E-18"},0.954,{"v":3.3071,"d":"3.307"},0.773]
["FVC","SA_inferior parietal","rs9483032","A","G",0.719323,7.07554001577734e-05,421986,{"v":29.8597595194113,"d":"29.860"},{"v":0.0132373,"d":"0.013"},{"v":0.00182813,"d":"0.002"},{"v":4.49987033872151e-13,"d":"4.500E-13"},{"v":3.6175,"d":"3.618"},{"v":3.6041,"d":"3.604"},{"v":0.3155,"d":"0.316"}]
["FVC","SA_inferior parietal","rs9494331","A","G",0.32104,8.94187389476238e-05,421986,{"v":37.7366514998633,"d":"37.737"},{"v":-0.0143218,"d":"-0.014"},{"v":0.00175835,"d":"0.002"},{"v":3.80014352941586e-16,"d":"3.800E-16"},{"v":-0.6549,"d":"-0.655"},{"v":3.4805,"d":"3.481"},{"v":0.8508,"d":"0.851"}]
["FVC","SA_inferior parietal","rs9701805","C","G",0.089685,5.95486339721067e-05,421986,{"v":25.13006721926,"d":"25.130"},{"v":0.019097,"d":"0.019"},{"v":0.00286501,"d":"0.003"},{"v":2.60015956316527E-11,"d":"2.600E-11"},{"v":-2.1848,"d":"-2.185"},{"v":5.5531,"d":"5.553"},0.694]
["FVC","SA_inferior parietal","rs9745989","C","T",0.62791,5.40942994332712e-05,421986,{"v":22.8281637255736,"d":"22.828"},{"v":0.0107594,"d":"0.011"},{"v":0.00174129,"d":"0.002"},{"v":6.49994976198144e-10,"d":"6.500E-10"},{"v":4.5744,"d":"4.574"},{"v":3.7194,"d":"3.719"},{"v":0.2187,"d":"0.219"}]
["FVC","SA_inferior parietal","rs9821691","T","G",0.428996,7.88619757754557e-05,421986,{"v":33.281116600241,"d":"33.281"},{"v":-0.0126874,"d":"-0.013"},{"v":0.00167142,"d":"0.002"},{"v":3.19963176731835E-14,"d":"3.200E-14"},{"v":-1.1997,"d":"-1.200"},{"v":3.3348,"d":"3.335"},0.719]
["FVC","SA_inferior parietal","rs985296","A","G",0.385446,5.76959713698934e-05,421986,{"v":24.3481815745401,"d":"24.348"},{"v":-0.0110356,"d":"-0.011"},{"v":0.00168371,"d":"0.002"},{"v":5.60015438761557e-11,"d":"5.600E-11"},{"v":0.6986,"d":"0.699"},{"v":3.3339,"d":"3.334"},0.834]
["FVC","SA_inferior parietal","rs9886260","A","G",0.722783,8.92230221998129e-05,421986,{"v":37.6540474078736,"d":"37.654"},{"v":-0.0149214,"d":"-0.015"},{"v":0.00183802,"d":"0.002"},{"v":4.70002318179801e-16,"d":"4.700E-16"},{"v":-1.7182,"d":"-1.718"},{"v":3.6567,"d":"3.657"},{"v":0.6384,"d":"0.638"}]
["FVC","SA_inferior parietal","rs9988963","G","C",0.737251,7.08865325024603e-05,421986,{"v":29.9151031094471,"d":"29.915"},{"v":0.0135266,"d":"0.014"},{"v":1.86634E-3,"d":"0.002"},{"v":4.19952334664066e-13,"d":"4.200E-13"},{"v":-5.8591,"d":"-5.859"},3.674,{"v":0.1108,"d":"0.111"}]
["FVC","SA_cuneus","rs10141786","G","A",0.596493,8.86185198408396e-05,421986,{"v":37.3989117127165,"d":"37.399"},{"v":-0.0135681,"d":"-0.014"},{"v":0.00168175,"d":"0.002"},{"v":7.2e-16,"d":"7.200E-16"},1.402,1.299,{"v":0.2805,"d":"0.281"}]
["FVC","SA_cuneus","rs10202701","T","C",0.541923,6.667921776679e-05,421986,{"v":28.1394393459051,"d":"28.139"},{"v":0.0115889,"d":"0.012"},{"v":1.65011E-3,"d":"0.002"},{"v":2.2e-12,"d":"2.200E-12"},{"v":-1.1223,"d":"-1.122"},1.179,{"v":0.3411,"d":"0.341"}]
["FVC","SA_cuneus","rs10283100","G","A",0.944478,9.24083692946343e-05,421986,{"v":38.9984570922519,"d":"38.998"},{"v":0.0296833,"d":"0.030"},{"v":3.58764E-3,"d":"0.004"},{"v":1.3e-16,"d":"1.300E-16"},{"v":1.3656,"d":"1.366"},{"v":3.0195,"d":"3.020"},{"v":0.6511,"d":"0.651"}]
["FVC","SA_cuneus","rs1054661","C","T",0.342598,4.654458375562e-05,421986,{"v":19.6419838594944,"d":"19.642"},{"v":0.0101651,"d":"0.010"},{"v":0.00172786,"d":"0.002"},{"v":4e-09,"d":"4.000E-09"},{"v":0.0796,"d":"0.080"},{"v":1.2104,"d":"1.210"},{"v":0.9475,"d":"0.948"}]
["FVC","SA_cuneus","rs10761495","C","A",0.597215,6.67352001399011e-05,421986,{"v":28.163066163693,"d":"28.163"},{"v":0.0117777,"d":"0.012"},{"v":0.00167988,"d":"0.002"},{"v":2.4e-12,"d":"2.400E-12"},{"v":-0.3805,"d":"-0.381"},{"v":1.1573,"d":"1.157"},{"v":0.7423,"d":"0.742"}]
["FVC","SA_cuneus","rs10769125","A","G",0.759887,4.32262746894772e-05,421986,{"v":18.2415848143203,"d":"18.242"},{"v":-0.0108837,"d":"-0.011"},{"v":0.00191996,"d":"0.002"},{"v":1.4E-8,"d":"1.400E-08"},{"v":1.1241,"d":"1.124"},{"v":1.3152,"d":"1.315"},{"v":0.3927,"d":"0.393"}]
["FVC","SA_cuneus","rs10789246","C","T",0.301089,6.41161014124232e-05,421986,{"v":27.0577037728991,"d":"27.058"},{"v":-0.0123427,"d":"-0.012"},{"v":1.78506E-3,"d":"0.002"},{"v":4.7e-12,"d":"4.700E-12"},{"v":-2.0431,"d":"-2.043"},{"v":1.2481,"d":"1.248"},{"v":0.1016,"d":"0.102"}]
["FVC","SA_cuneus","rs10797116","C","T",0.542079,7.33138132091918e-05,421986,{"v":30.9395244477837,"d":"30.940"},{"v":-0.0121521,"d":"-0.012"},{"v":0.00165228,"d":"0.002"},{"v":1.9E-13,"d":"1.900E-13"},{"v":-1.0619,"d":"-1.062"},{"v":1.1522,"d":"1.152"},{"v":0.3567,"d":"0.357"}]
["FVC","SA_cuneus","rs10853628","C","T",0.384831,8.50433178523641e-05,421986,{"v":35.8899716428781,"d":"35.890"},{"v":-0.0134021,"d":"-0.013"},{"v":0.00168952,"d":"0.002"},{"v":2.1e-15,"d":"2.100E-15"},{"v":-1.4439,"d":"-1.444"},{"v":1.1782,"d":"1.178"},{"v":0.2204,"d":"0.220"}]
["FVC","SA_cuneus","rs10874340","T","G",0.493361,5.30984854106691e-05,421986,{"v":22.4079010931451,"d":"22.408"},{"v":0.0103061,"d":"0.010"},{"v":0.00163772,"d":"0.002"},{"v":3.1e-10,"d":"3.100E-10"},{"v":-1.1029,"d":"-1.103"},{"v":1.1432,"d":"1.143"},{"v":0.3347,"d":"0.335"}]
["FVC","SA_cuneus","rs10878321","G","T",0.13768,5.09513414592439e-05,421986,{"v":21.5017464171613,"d":"21.502"},{"v":0.0146485,"d":"0.015"},{"v":2.38528E-3,"d":"0.002"},{"v":8.2e-10,"d":"8.200E-10"},-0.217,{"v":1.6699,"d":"1.670"},{"v":0.8966,"d":"0.897"}]
["FVC","SA_cuneus","rs10916137","A","G",0.170792,7.3699990478116e-05,421986,{"v":31.1025090365371,"d":"31.103"},{"v":-0.0161307,"d":"-0.016"},{"v":0.00218459,"d":"0.002"},{"v":1.5e-13,"d":"1.500E-13"},{"v":1.5471,"d":"1.547"},{"v":1.5415,"d":"1.542"},{"v":0.3156,"d":"0.316"}]
["FVC","SA_cuneus","rs11000765","C","G",0.720336,5.08693352915136e-05,421986,{"v":21.4671376026745,"d":"21.467"},{"v":-0.0112364,"d":"-0.011"},{"v":0.00182542,"d":"0.002"},{"v":7.5E-10,"d":"7.500E-10"},{"v":-0.4707,"d":"-0.471"},{"v":1.2802,"d":"1.280"},{"v":0.7131,"d":"0.713"}]
["FVC","SA_cuneus","rs11049229","T","A",0.054116,{"$f":"2*F1733*(1-F1733)*J1733*J1733","v":4.11500464730783e-05},421986,{"$f":"G1733/(1-G1733)*(H1733-2)","v":{"v":17.3653757969165,"d":"17.365"}},{"v":0.0200488,"d":"0.020"},{"v":3.66563E-3,"d":"0.004"},{"v":4.5e-08,"d":"4.500E-08"},{"v":0.2746,"d":"0.275"},{"v":2.6329,"d":"2.633"},{"v":0.9169,"d":"0.917"}]
["FVC","SA_cuneus","rs11060406","T","C",0.036679,5.28131968728098E-5,421986,{"v":22.2875011433615,"d":"22.288"},{"v":-0.0273377,"d":"-0.027"},{"v":4.43481E-3,"d":"0.004"},{"v":7.1e-10,"d":"7.100E-10"},5.294,{"v":3.4073,"d":"3.407"},{"v":0.1202,"d":"0.120"}]
["FVC","SA_cuneus","rs11079810","T","C",0.103307,6.24999942060563e-05,421986,{"v":26.3756460327727,"d":"26.376"},{"v":0.018367,"d":"0.018"},{"v":0.00271137,"d":"0.003"},{"v":1.3E-11,"d":"1.300E-11"},-1.825,{"v":1.8134,"d":"1.813"},{"v":0.3142,"d":"0.314"}]
["FVC","SA_cuneus","rs11107119","A","T",0.219982,1.88046487908797E-4,421986,{"v":79.367533939717,"d":"79.368"},{"v":0.0234084,"d":"0.023"},{"v":0.00198228,"d":"0.002"},{"v":3.5e-32,"d":"3.500E-32"},{"v":1.3493,"d":"1.349"},{"v":1.3804,"d":"1.380"},{"v":0.3283,"d":"0.328"}]
["FVC","SA_cuneus","rs11111178","T","C",0.176659,7.14933886182005e-05,421986,{"v":30.1712231456442,"d":"30.171"},{"v":0.0156769,"d":"0.016"},{"v":2.15168E-3,"d":"0.002"},{"v":3.2E-13,"d":"3.200E-13"},{"v":-0.1349,"d":"-0.135"},{"v":1.5333,"d":"1.533"},{"v":0.9299,"d":"0.930"}]
["FVC","SA_cuneus","rs111365325","T","C",0.231244,1.22614225271077E-4,421986,{"v":51.7475862269852,"d":"51.748"},{"v":-0.0185706,"d":"-0.019"},{"v":0.00194997,"d":"0.002"},{"v":1.7E-21,"d":"1.700E-21"},{"v":1.7955,"d":"1.796"},{"v":1.3836,"d":"1.384"},{"v":0.1944,"d":"0.194"}]
["FVC","SA_cuneus","rs11164653","C","T",0.59054,6.29430655760463e-05,421986,{"v":26.5626385179404,"d":"26.563"},{"v":-0.0114085,"d":"-0.011"},{"v":1.67402E-3,"d":"0.002"},{"v":9.4e-12,"d":"9.400E-12"},{"v":1.3595,"d":"1.360"},{"v":1.1653,"d":"1.165"},{"v":0.2433,"d":"0.243"}]
["FVC","SA_cuneus","rs11259936","C","A",0.52286,1.49406438029921E-4,421986,{"v":63.0565473997598,"d":"63.057"},{"v":0.0173043,"d":"0.017"},{"v":0.00164414,"d":"0.002"},{"v":6.6e-26,"d":"6.600E-26"},{"v":-0.5043,"d":"-0.504"},{"v":1.1445,"d":"1.145"},{"v":0.6595,"d":"0.660"}]
["FVC","SA_cuneus","rs11575234","G","C",0.067886,4.80485257189383e-05,421986,{"v":20.2766833417215,"d":"20.277"},{"v":0.019485,"d":"0.019"},{"v":0.00325807,"d":"0.003"},{"v":2.2e-09,"d":"2.200E-09"},{"v":0.3816,"d":"0.382"},{"v":2.2637,"d":"2.264"},{"v":0.8661,"d":"0.866"}]
["FVC","SA_cuneus","rs11588312","T","C",0.071357,8.80233985085485e-05,421986,{"v":37.1477356661716,"d":"37.148"},{"v":-0.0257716,"d":"-0.026"},{"v":0.00318955,"d":"0.003"},{"v":6.5e-16,"d":"6.500E-16"},0.598,{"v":2.3915,"d":"2.392"},{"v":0.8026,"d":"0.803"}]
["FVC","SA_cuneus","rs11608103","A","G",0.131252,4.22030496869096e-05,421986,{"v":17.8097633454082,"d":"17.810"},{"v":0.0136037,"d":"0.014"},{"v":0.00243411,"d":"0.002"},{"v":2.3e-08,"d":"2.300E-08"},-0.192,{"v":1.6887,"d":"1.689"},{"v":0.9095,"d":"0.910"}]
["FVC","SA_cuneus","rs11621587","C","G",0.183978,0.000135729204028457,421986,{"v":57.2833274531838,"d":"57.283"},{"v":0.0212612,"d":"0.021"},{"v":2.11823E-3,"d":"0.002"},{"v":1e-23,"d":"1.000E-23"},{"v":-1.1862,"d":"-1.186"},{"v":1.5005,"d":"1.501"},{"v":0.4292,"d":"0.429"}]
["FVC","SA_cuneus","rs11632611","A","G",0.658418,5.89296892647042e-05,421986,{"v":24.8688515083687,"d":"24.869"},{"v":-0.011446,"d":"-0.011"},{"v":1.75909E-3,"d":"0.002"},{"v":7.7e-11,"d":"7.700E-11"},{"v":0.5273,"d":"0.527"},{"v":1.2551,"d":"1.255"},{"v":0.6744,"d":"0.674"}]
["FVC","SA_cuneus","rs11637681","G","A",0.276249,5.27147653220468e-05,421986,{"v":22.245960220231,"d":"22.246"},{"v":-0.0114817,"d":"-0.011"},{"v":1.85184E-3,"d":"0.002"},{"v":5.6e-10,"d":"5.600E-10"},{"v":1.1225,"d":"1.123"},{"v":1.2986,"d":"1.299"},{"v":0.3874,"d":"0.387"}]
["FVC","SA_cuneus","rs11645649","G","C",0.593954,5.52835973782282e-05,421986,{"v":23.3300833269877,"d":"23.330"},{"v":0.0107058,"d":"0.011"},{"v":0.00170463,"d":"0.002"},{"v":3.4e-10,"d":"3.400E-10"},{"v":-0.9938,"d":"-0.994"},{"v":1.2014,"d":"1.201"},{"v":0.4081,"d":"0.408"}]
["FVC","SA_cuneus","rs11664552","C","T",0.300477,4.51297930963036e-05,421986,{"v":19.044910102803,"d":"19.045"},{"v":0.0103612,"d":"0.010"},{"v":0.00180111,"d":"0.002"},{"v":8.8e-09,"d":"8.800E-09"},{"v":2.2227,"d":"2.223"},{"v":1.2501,"d":"1.250"},{"v":0.07541,"d":"0.075"}]
["FVC","SA_cuneus","rs11698277","T","C",0.319648,0.000111513337937303,421986,{"v":47.0620924471538,"d":"47.062"},{"v":0.016012,"d":"0.016"},{"v":1.76946E-3,"d":"0.002"},{"v":1.4E-19,"d":"1.400E-19"},{"v":-0.4206,"d":"-0.421"},{"v":1.2308,"d":"1.231"},{"v":0.7326,"d":"0.733"}]
["FVC","SA_cuneus","rs117372259","G","A",0.031174,6.13702367797437e-05,421986,{"v":25.8988474156616,"d":"25.899"},{"v":0.0318746,"d":"0.032"},{"v":0.00495553,"d":"0.005"},{"v":1.3e-10,"d":"1.300E-10"},{"v":6.8191,"d":"6.819"},4.034,{"v":0.09096,"d":"0.091"}]
["FVC","SA_cuneus","rs11867847","G","A",0.505622,4.76927744620758e-05,421986,{"v":20.1265476295014,"d":"20.127"},{"v":0.00976717,"d":"0.010"},{"v":0.00164721,"d":"0.002"},{"v":3E-9,"d":"3.000E-09"},{"v":-2.5327,"d":"-2.533"},{"v":1.2405,"d":"1.241"},{"v":0.04118,"d":"0.041"}]
["FVC","SA_cuneus","rs11877758","G","T",0.3121,4.9796615660552e-05,421986,{"v":21.0144215099736,"d":"21.014"},{"v":-0.010769,"d":"-0.011"},{"v":1.78155E-3,"d":"0.002"},{"v":1.5E-9,"d":"1.500E-09"},{"v":-0.7893,"d":"-0.789"},{"v":1.2503,"d":"1.250"},{"v":0.5278,"d":"0.528"}]
["FVC","SA_cuneus","rs11896404","T","C",0.38932,4.49485042891669E-5,421986,{"v":18.9684022352691,"d":"18.968"},{"v":0.0097226,"d":"0.010"},{"v":0.00168555,"d":"0.002"},{"v":8e-09,"d":"8.000E-09"},{"v":0.1628,"d":"0.163"},{"v":1.2021,"d":"1.202"},{"v":0.8922,"d":"0.892"}]
["FVC","SA_cuneus","rs11909473","G","A",0.28953,4.77971585455201E-5,421986,{"v":20.1706002490508,"d":"20.171"},{"v":0.0107787,"d":"0.011"},{"v":0.00182218,"d":"0.002"},{"v":3.3e-09,"d":"3.300E-09"},{"v":-1.7158,"d":"-1.716"},{"v":1.2601,"d":"1.260"},{"v":0.1733,"d":"0.173"}]
["FVC","SA_cuneus","rs11938781","C","T",0.165403,0.000370364352622504,421986,{"v":156.345735864303,"d":"156.346"},{"v":-0.036626,"d":"-0.037"},{"v":0.00221596,"d":"0.002"},{"v":2.3e-61,"d":"2.300E-61"},{"v":0.4542,"d":"0.454"},{"v":1.5829,"d":"1.583"},{"v":0.7741,"d":"0.774"}]
["FVC","SA_cuneus","rs11967850","T","C",0.203699,4.47463713455221e-05,421986,{"v":18.8830977159713,"d":"18.883"},{"v":-0.0117444,"d":"-0.012"},{"v":2.03397E-3,"d":"0.002"},{"v":7.7e-09,"d":"7.700E-09"},{"v":0.6893,"d":"0.689"},{"v":1.4364,"d":"1.436"},{"v":0.6313,"d":"0.631"}]
["FVC","SA_cuneus","rs12051245","C","T",0.231666,5.61700238971006e-05,421986,{"v":23.70418282871,"d":"23.704"},{"v":0.0125612,"d":"0.013"},{"v":0.00194877,"d":"0.002"},{"v":1.2E-10,"d":"1.200E-10"},{"v":1.7868,"d":"1.787"},{"v":1.4033,"d":"1.403"},{"v":0.2029,"d":"0.203"}]
["FVC","SA_cuneus","rs12052537","A","C",0.20591,6.95372170194517e-05,421986,{"v":29.3456336004286,"d":"29.346"},{"v":-0.0145821,"d":"-0.015"},{"v":0.00203664,"d":"0.002"},{"v":8.1e-13,"d":"8.100E-13"},{"v":-0.3278,"d":"-0.328"},{"v":1.4305,"d":"1.431"},{"v":0.8187,"d":"0.819"}]
["FVC","SA_cuneus","rs12054747","T","C",0.216455,4.283369225594e-05,421986,{"v":18.0759070507704,"d":"18.076"},{"v":0.0112373,"d":"0.011"},{"v":0.0019943,"d":"0.002"},{"v":1.8e-08,"d":"1.800E-08"},{"v":-0.3364,"d":"-0.336"},{"v":1.3803,"d":"1.380"},{"v":0.8075,"d":"0.808"}]
["FVC","SA_cuneus","rs12099669","A","G",0.696156,6.89829587755084e-05,421986,{"v":29.111713088028,"d":"29.112"},{"v":0.0127696,"d":"0.013"},{"v":0.00178372,"d":"0.002"},{"v":8.1e-13,"d":"8.100E-13"},{"v":-0.1109,"d":"-0.111"},{"v":1.2319,"d":"1.232"},{"v":0.9283,"d":"0.928"}]
["FVC","SA_cuneus","rs12139563","G","A",0.5652,1.07701353835577E-4,421986,{"v":45.4531434620392,"d":"45.453"},{"v":-0.014803,"d":"-0.015"},{"v":0.00165293,"d":"0.002"},{"v":3.4e-19,"d":"3.400E-19"},{"v":0.3033,"d":"0.303"},{"v":1.1617,"d":"1.162"},{"v":0.7941,"d":"0.794"}]
["FVC","SA_cuneus","rs12152266","T","C",0.27447,8.20852836022235e-05,421986,{"v":34.641519874584,"d":"34.642"},{"v":0.0143563,"d":"0.014"},{"v":0.00183934,"d":"0.002"},{"v":5.9e-15,"d":"5.900E-15"},{"v":1.7682,"d":"1.768"},{"v":1.3175,"d":"1.318"},{"v":0.1796,"d":"0.180"}]
["FVC","SA_cuneus","rs12348523","A","G",0.156387,5.79984037310275e-05,421986,{"v":24.4758179584055,"d":"24.476"},{"v":0.0148259,"d":"0.015"},{"v":0.00226513,"d":"0.002"},{"v":5.9e-11,"d":"5.900E-11"},{"v":-0.2976,"d":"-0.298"},{"v":1.5587,"d":"1.559"},{"v":0.8486,"d":"0.849"}]
["FVC","SA_cuneus","rs12385976","C","T",0.043977,9.10255374943288e-05,421986,{"v":38.4148171433851,"d":"38.415"},{"v":-0.0329018,"d":"-0.033"},{"v":0.0040288,"d":"0.004"},{"v":3.2e-16,"d":"3.200E-16"},{"v":-1.5461,"d":"-1.546"},{"v":2.8996,"d":"2.900"},{"v":0.5939,"d":"0.594"}]
["FVC","SA_cuneus","rs12402966","A","G",0.213339,0.000137055305474563,421986,{"v":57.843073725517,"d":"57.843"},{"v":0.0202071,"d":"0.020"},{"v":0.00199879,"d":"0.002"},{"v":5e-24,"d":"5.000E-24"},{"v":-0.8506,"d":"-0.851"},{"v":1.3928,"d":"1.393"},{"v":0.5414,"d":"0.541"}]
["FVC","SA_cuneus","rs12407259","C","G",0.091572,4.21603162442696e-05,421986,{"v":17.7917289949428,"d":"17.792"},{"v":0.0159188,"d":"0.016"},{"v":0.0028656,"d":"0.003"},{"v":2.8e-08,"d":"2.800E-08"},{"v":0.0682,"d":"0.068"},{"v":2.1254,"d":"2.125"},{"v":0.9744,"d":"0.974"}]
["FVC","SA_cuneus","rs12430764","A","G",0.512974,5.09030563916136e-05,421986,{"v":21.4813688156869,"d":"21.481"},{"v":-0.0100933,"d":"-0.010"},{"v":1.64288E-3,"d":"0.002"},{"v":8.1e-10,"d":"8.100E-10"},{"v":-1.1419,"d":"-1.142"},{"v":1.1482,"d":"1.148"},{"v":0.32,"d":"0.320"}]
["FVC","SA_cuneus","rs12452590","G","T",0.361692,5.67385740328396e-05,421986,{"v":23.9441289804086,"d":"23.944"},{"v":0.0110851,"d":"0.011"},{"v":0.00172892,"d":"0.002"},{"v":1.4e-10,"d":"1.400E-10"},{"v":-2.3999,"d":"-2.400"},{"v":1.3312,"d":"1.331"},{"v":0.07141,"d":"0.071"}]
["FVC","SA_cuneus","rs1250535","G","C",0.675489,6.09889978971453E-5,421986,{"v":25.7379510204696,"d":"25.738"},{"v":-0.0117947,"d":"-0.012"},{"v":1.76235E-3,"d":"0.002"},{"v":2.2e-11,"d":"2.200E-11"},{"v":-0.6815,"d":"-0.682"},1.245,{"v":0.5841,"d":"0.584"}]
["FVC","SA_cuneus","rs12570809","G","T",0.504251,5.98407562028501e-05,421986,{"v":25.2533528452344,"d":"25.253"},{"v":0.0109403,"d":"0.011"},{"v":0.00164206,"d":"0.002"},{"v":2.7E-11,"d":"2.700E-11"},{"v":-0.3265,"d":"-0.327"},{"v":1.1762,"d":"1.176"},{"v":0.7813,"d":"0.781"}]
["FVC","SA_cuneus","rs12571363","A","C",0.10664,1.68684862009559E-4,421986,{"v":71.1943222146604,"d":"71.194"},{"v":-0.0297543,"d":"-0.030"},{"v":0.00266251,"d":"0.003"},{"v":5.4e-29,"d":"5.400E-29"},{"v":2.1335,"d":"2.134"},{"v":1.9144,"d":"1.914"},{"v":0.2651,"d":"0.265"}]
["FVC","SA_cuneus","rs12614240","T","C",0.433883,1.1997265878628E-4,421986,{"v":50.6326169749496,"d":"50.633"},{"v":-0.0156274,"d":"-0.016"},{"v":1.65606E-3,"d":"0.002"},{"v":3.9e-21,"d":"3.900E-21"},{"v":0.3105,"d":"0.311"},{"v":1.1949,"d":"1.195"},0.795]
["FVC","SA_cuneus","rs12641030","G","A",0.467529,6.07860664558444e-05,421986,{"v":25.6523067701271,"d":"25.652"},{"v":-0.0110493,"d":"-0.011"},{"v":0.00164454,"d":"0.002"},{"v":1.8e-11,"d":"1.800E-11"},{"v":-0.3098,"d":"-0.310"},{"v":1.1405,"d":"1.141"},{"v":0.7859,"d":"0.786"}]
["FVC","SA_cuneus","rs12684650","T","C",0.316579,0.000186838522670851,421986,{"v":78.8576007883691,"d":"78.858"},{"v":-0.0207794,"d":"-0.021"},{"v":1.76534E-3,"d":"0.002"},{"v":5.5e-32,"d":"5.500E-32"},{"v":-0.0569,"d":"-0.057"},{"v":1.2876,"d":"1.288"},{"v":0.9648,"d":"0.965"}]
["FVC","SA_cuneus","rs12713685","C","T",0.374424,5.70120309880289e-05,421986,{"v":24.0595365674967,"d":"24.060"},{"v":-0.0110318,"d":"-0.011"},{"v":1.69411E-3,"d":"0.002"},{"v":7.4e-11,"d":"7.400E-11"},{"v":1.9683,"d":"1.968"},{"v":1.1972,"d":"1.197"},{"v":0.1002,"d":"0.100"}]
["FVC","SA_cuneus","rs12985660","C","T",0.475562,5.31507614325355e-05,421986,{"v":22.4299630819638,"d":"22.430"},{"v":-0.0103226,"d":"-0.010"},{"v":1.65161E-3,"d":"0.002"},{"v":4.1e-10,"d":"4.100E-10"},{"v":-0.4842,"d":"-0.484"},{"v":1.2486,"d":"1.249"},{"v":0.6982,"d":"0.698"}]
["FVC","SA_cuneus","rs1299113","A","G",0.5241,5.22273392258403e-05,421986,{"v":22.0402526196272,"d":"22.040"},{"v":0.0102322,"d":"0.010"},{"v":1.65011E-3,"d":"0.002"},{"v":5.6e-10,"d":"5.600E-10"},{"v":0.6604,"d":"0.660"},{"v":1.1547,"d":"1.155"},{"v":0.5674,"d":"0.567"}]
["FVC","SA_cuneus","rs13023718","G","A",0.66664,4.48587468856789e-05,421986,{"v":18.9305226453301,"d":"18.931"},{"v":0.0100463,"d":"0.010"},{"v":0.00174447,"d":"0.002"},{"v":8.5E-9,"d":"8.500E-09"},-0.342,{"v":1.2131,"d":"1.213"},0.778]
["FVC","SA_cuneus","rs13108218","G","A",0.614862,0.000104055954635523,421986,{"v":43.9145175279602,"d":"43.915"},{"v":0.0148225,"d":"0.015"},{"v":0.00169865,"d":"0.002"},{"v":2.6E-18,"d":"2.600E-18"},{"v":0.7673,"d":"0.767"},{"v":1.2216,"d":"1.222"},{"v":0.5299,"d":"0.530"}]
["FVC","SA_cuneus","rs13112742","A","G",0.170661,4.55143743919462e-05,421986,{"v":19.2072119676475,"d":"19.207"},{"v":-0.0126802,"d":"-0.013"},{"v":0.00218292,"d":"0.002"},{"v":6.3e-09,"d":"6.300E-09"},{"v":-0.9494,"d":"-0.949"},{"v":1.5554,"d":"1.555"},{"v":0.5416,"d":"0.542"}]
["FVC","SA_cuneus","rs13156484","A","G",0.472145,0.000100558062438285,421986,{"v":42.4381609191928,"d":"42.438"},{"v":-0.0142036,"d":"-0.014"},{"v":1.66004E-3,"d":"0.002"},{"v":1.2e-17,"d":"1.200E-17"},{"v":-1.44,"d":"-1.440"},{"v":1.1621,"d":"1.162"},{"v":0.2153,"d":"0.215"}]
["FVC","SA_cuneus","rs13229167","A","G",0.271146,1.66795588032502E-4,421986,{"v":70.3968112978432,"d":"70.397"},{"v":-0.0205426,"d":"-0.021"},{"v":1.85147E-3,"d":"0.002"},{"v":1.3E-28,"d":"1.300E-28"},{"v":0.7504,"d":"0.750"},{"v":1.3052,"d":"1.305"},{"v":0.5653,"d":"0.565"}]
["FVC","SA_cuneus","rs13284734","C","T",0.020117,4.96826287641103E-5,421986,{"v":20.9663160780926,"d":"20.966"},{"v":-0.0354992,"d":"-0.035"},{"v":0.00598441,"d":"0.006"},{"v":3E-9,"d":"3.000E-09"},{"v":2.5809,"d":"2.581"},{"v":4.9955,"d":"4.996"},{"v":0.6054,"d":"0.605"}]
["FVC","SA_cuneus","rs1344555","T","C",0.20277,0.000109686743099046,421986,{"v":46.2911281229861,"d":"46.291"},{"v":-0.0184191,"d":"-0.018"},{"v":0.00203961,"d":"0.002"},{"v":1.7e-19,"d":"1.700E-19"},{"v":0.3497,"d":"0.350"},{"v":1.4589,"d":"1.459"},{"v":0.8106,"d":"0.811"}]
["FVC","SA_cuneus","rs141829833","T","C",0.022627,4.79650067809383e-05,421986,{"v":20.241436302077,"d":"20.241"},{"v":0.0329309,"d":"0.033"},{"v":0.00560483,"d":"0.006"},{"v":4.2e-09,"d":"4.200E-09"},{"v":-0.9824,"d":"-0.982"},{"v":5.7493,"d":"5.749"},{"v":0.8643,"d":"0.864"}]
["FVC","SA_cuneus","rs145183935","C","T",0.07345,5.24247710152638e-05,421986,{"v":22.1235743954268,"d":"22.124"},{"v":-0.0196256,"d":"-0.020"},{"v":3.1714E-3,"d":"0.003"},{"v":6.1e-10,"d":"6.100E-10"},{"v":3.6614,"d":"3.661"},{"v":2.6281,"d":"2.628"},{"v":0.1636,"d":"0.164"}]
["FVC","SA_cuneus","rs145583731","A","G",0.066524,4.48162824858249e-05,421986,{"v":18.9126017410005,"d":"18.913"},{"v":0.018996,"d":"0.019"},{"v":0.00329456,"d":"0.003"},{"v":8.1e-09,"d":"8.100E-09"},{"v":1.5991,"d":"1.599"},{"v":2.4312,"d":"2.431"},{"v":0.5107,"d":"0.511"}]
["FVC","SA_cuneus","rs147110934","T","G",0.024261,9.94763606436121e-05,421986,{"v":41.9816087474862,"d":"41.982"},{"v":-0.0458378,"d":"-0.046"},{"v":0.00533939,"d":"0.005"},{"v":9.1e-18,"d":"9.100E-18"},{"v":1.8913,"d":"1.891"},{"v":4.0845,"d":"4.085"},{"v":0.6433,"d":"0.643"}]
["FVC","SA_cuneus","rs1474419","C","T",0.577669,4.28613161465634e-05,421986,{"v":18.0875648896285,"d":"18.088"},{"v":-0.00937242,"d":"-0.009"},{"v":1.66461E-3,"d":"0.002"},{"v":1.8e-08,"d":"1.800E-08"},{"v":0.7164,"d":"0.716"},{"v":1.1797,"d":"1.180"},{"v":0.5437,"d":"0.544"}]
["FVC","SA_cuneus","rs1474647","T","C",0.550866,9.00176543209984E-5,421986,{"v":37.9894295603302,"d":"37.989"},{"v":-0.0134877,"d":"-0.013"},{"v":0.0016468,"d":"0.002"},{"v":2.6e-16,"d":"2.600E-16"},{"v":-0.5389,"d":"-0.539"},{"v":1.16,"d":"1.160"},{"v":0.6423,"d":"0.642"}]
["FVC","SA_cuneus","rs149542","A","G",0.375642,6.15489183328254e-05,421986,{"v":25.974257441209,"d":"25.974"},{"v":-0.0114549,"d":"-0.011"},{"v":1.69827E-3,"d":"0.002"},{"v":1.5E-11,"d":"1.500E-11"},-0.404,1.188,{"v":0.7338,"d":"0.734"}]
["FVC","SA_cuneus","rs150032562","A","C",0.049667,6.50730387752197e-05,421986,{"v":27.4615682022147,"d":"27.462"},{"v":0.0262551,"d":"0.026"},{"v":3.78634E-3,"d":"0.004"},{"v":4.1e-12,"d":"4.100E-12"},{"v":2.4596,"d":"2.460"},{"v":2.7506,"d":"2.751"},{"v":0.3712,"d":"0.371"}]
["FVC","SA_cuneus","rs1516890","A","G",0.469749,6.5158521254172e-05,421986,{"v":27.4976451388157,"d":"27.498"},{"v":-0.0114366,"d":"-0.011"},{"v":1.65471E-3,"d":"0.002"},{"v":4.8e-12,"d":"4.800E-12"},{"v":0.5579,"d":"0.558"},{"v":1.1523,"d":"1.152"},{"v":0.6283,"d":"0.628"}]
["FVC","SA_cuneus","rs1555211","T","C",0.292035,8.56959630224441e-05,421986,{"v":36.1654244909429,"d":"36.165"},{"v":0.014396,"d":"0.014"},{"v":1.80824E-3,"d":"0.002"},{"v":1.7E-15,"d":"1.700E-15"},{"v":-0.8601,"d":"-0.860"},{"v":1.2487,"d":"1.249"},0.491]
["FVC","SA_cuneus","rs157595","G","A",0.616263,6.37905011351913e-05,421986,{"v":26.9202880897005,"d":"26.920"},{"v":0.0116135,"d":"0.012"},{"v":1.73044E-3,"d":"0.002"},{"v":1.9e-11,"d":"1.900E-11"},{"v":0.6039,"d":"0.604"},{"v":1.3741,"d":"1.374"},{"v":0.6603,"d":"0.660"}]
["FVC","SA_cuneus","rs1608592","A","G",0.261845,0.000138157736782648,421986,{"v":58.3084101564715,"d":"58.308"},{"v":-0.018905,"d":"-0.019"},{"v":0.00187413,"d":"0.002"},{"v":6.3e-24,"d":"6.300E-24"},{"v":-1.2031,"d":"-1.203"},{"v":1.3153,"d":"1.315"},{"v":0.3604,"d":"0.360"}]
["FVC","SA_cuneus","rs1637746","A","G",0.226569,{"$f":"2*F1797*(1-F1797)*J1797*J1797","v":4.29577425829801e-05},421986,{"$f":"G1797/(1-G1797)*(H1797-2)","v":{"v":18.1282587952111,"d":"18.128"}},{"v":-0.0110712,"d":"-0.011"},{"v":0.00196778,"d":"0.002"},{"v":1.8e-08,"d":"1.800E-08"},{"v":2.3928,"d":"2.393"},{"v":1.3869,"d":"1.387"},{"v":0.08449,"d":"0.084"}]
["FVC","SA_cuneus","rs1656373","T","C",0.55742,0.000145979381744386,421986,{"v":61.6099572094857,"d":"61.610"},{"v":-0.0172006,"d":"-0.017"},{"v":0.00165265,"d":"0.002"},{"v":2.3e-25,"d":"2.300E-25"},{"v":-1.9106,"d":"-1.911"},{"v":1.1404,"d":"1.140"},{"v":0.09387,"d":"0.094"}]
["FVC","SA_cuneus","rs1668091","C","T",0.31711,6.68938491644157e-05,421986,{"v":28.2300224606612,"d":"28.230"},{"v":0.0124279,"d":"0.012"},{"v":0.00177541,"d":"0.002"},{"v":2.6e-12,"d":"2.600E-12"},{"v":0.7002,"d":"0.700"},{"v":1.2213,"d":"1.221"},{"v":0.5664,"d":"0.566"}]
["FVC","SA_cuneus","rs16905189","G","C",0.366604,1.18148804558535E-4,421986,{"v":49.8627963726122,"d":"49.863"},{"v":-0.0159501,"d":"-0.016"},{"v":1.71036E-3,"d":"0.002"},{"v":1.1E-20,"d":"1.100E-20"},{"v":-0.1115,"d":"-0.112"},{"v":1.1816,"d":"1.182"},{"v":0.9248,"d":"0.925"}]
["FVC","SA_cuneus","rs17197170","G","A",0.169899,4.42423180283422e-05,421986,{"v":18.6703763516002,"d":"18.670"},{"v":0.012524,"d":"0.013"},{"v":0.00221253,"d":"0.002"},{"v":1.5e-08,"d":"1.500E-08"},{"v":-0.7341,"d":"-0.734"},{"v":1.7053,"d":"1.705"},{"v":0.6668,"d":"0.667"}]
["FVC","SA_cuneus","rs17387279","G","T",0.181103,6.13077565579171e-05,421986,{"v":25.8724785269512,"d":"25.872"},{"v":-0.0143769,"d":"-0.014"},{"v":0.0021417,"d":"0.002"},{"v":1.9e-11,"d":"1.900E-11"},{"v":0.2906,"d":"0.291"},1.502,{"v":0.8466,"d":"0.847"}]
["FVC","SA_cuneus","rs17400325","C","T",0.041599,9.07861932322965e-05,421986,{"v":38.3137993289267,"d":"38.314"},{"v":0.0337427,"d":"0.034"},{"v":0.0041016,"d":"0.004"},{"v":1.9e-16,"d":"1.900E-16"},{"v":2.8405,"d":"2.841"},{"v":3.0515,"d":"3.052"},{"v":0.3519,"d":"0.352"}]
["FVC","SA_cuneus","rs1818116","G","A",0.381268,4.48330645452411e-05,421986,{"v":18.9196841364791,"d":"18.920"},{"v":-0.00974805,"d":"-0.010"},{"v":0.00170614,"d":"0.002"},{"v":1.1e-08,"d":"1.100E-08"},{"v":1.3642,"d":"1.364"},{"v":1.1802,"d":"1.180"},{"v":0.2477,"d":"0.248"}]
["FVC","SA_cuneus","rs183743021","C","T",0.023696,6.10757370320042e-05,421986,{"v":25.7745580158407,"d":"25.775"},{"v":-0.036332,"d":"-0.036"},{"v":0.00550585,"d":"0.006"},{"v":4.1e-11,"d":"4.100E-11"},{"v":-1.6123,"d":"-1.612"},{"v":3.7394,"d":"3.739"},{"v":0.6663,"d":"0.666"}]
["FVC","SA_cuneus","rs1966265","A","G",0.245129,8.66312568253845e-05,421986,{"v":36.5601715338128,"d":"36.560"},{"v":0.0152999,"d":"0.015"},{"v":0.00190502,"d":"0.002"},{"v":9.6e-16,"d":"9.600E-16"},{"v":1.7034,"d":"1.703"},{"v":1.3824,"d":"1.382"},{"v":0.2179,"d":"0.218"}]
["FVC","SA_cuneus","rs1983753","A","G",0.851273,6.09227456439144e-05,421986,{"v":25.7099902209963,"d":"25.710"},{"v":0.0155112,"d":"0.016"},{"v":0.00231937,"d":"0.002"},{"v":2.3e-11,"d":"2.300E-11"},{"v":-1.8609,"d":"-1.861"},1.617,{"v":0.2498,"d":"0.250"}]
["FVC","SA_cuneus","rs1984246","A","C",0.42304,8.08199330946159e-05,421986,{"v":34.107475210863,"d":"34.107"},{"v":0.0128671,"d":"0.013"},{"v":0.00166162,"d":"0.002"},{"v":9.7e-15,"d":"9.700E-15"},{"v":-0.8797,"d":"-0.880"},{"v":1.1601,"d":"1.160"},{"v":0.4483,"d":"0.448"}]
["FVC","SA_cuneus","rs2005172","C","A",0.64023,0.00022099089188815,421986,{"v":93.2752334995711,"d":"93.275"},{"v":0.0219024,"d":"0.022"},{"v":0.0017318,"d":"0.002"},{"v":1.2E-36,"d":"1.200E-36"},{"v":1.7646,"d":"1.765"},{"v":1.2427,"d":"1.243"},{"v":0.1556,"d":"0.156"}]
["FVC","SA_cuneus","rs2007530","T","C",0.173998,1.17320574387251E-4,421986,{"v":49.5132141809572,"d":"49.513"},{"v":0.0202027,"d":"0.020"},{"v":2.17301E-3,"d":"0.002"},{"v":1.4e-20,"d":"1.400E-20"},{"v":-0.0564,"d":"-0.056"},{"v":1.5988,"d":"1.599"},{"v":0.9719,"d":"0.972"}]
["FVC","SA_cuneus","rs2039092","T","G",0.142069,4.52252040502154e-05,421986,{"v":19.0851756368886,"d":"19.085"},{"v":-0.0136207,"d":"-0.014"},{"v":2.37872E-3,"d":"0.002"},{"v":1E-8,"d":"1.000E-08"},{"v":-0.8058,"d":"-0.806"},{"v":1.6687,"d":"1.669"},{"v":0.6292,"d":"0.629"}]
["FVC","SA_cuneus","rs2058780","T","C",0.609391,4.70090504808346e-05,421986,{"v":19.837999723635,"d":"19.838"},{"v":-0.00993703,"d":"-0.010"},{"v":0.00168463,"d":"0.002"},{"v":3.7E-9,"d":"3.700E-09"},{"v":1.4685,"d":"1.469"},1.171,{"v":0.2098,"d":"0.210"}]
["FVC","SA_cuneus","rs2118022","C","T",0.360318,6.04606902173754e-05,421986,{"v":25.5149865543869,"d":"25.515"},{"v":-0.0114524,"d":"-0.011"},{"v":0.00171628,"d":"0.002"},{"v":2.5e-11,"d":"2.500E-11"},{"v":0.4971,"d":"0.497"},1.232,{"v":0.6866,"d":"0.687"}]
["FVC","SA_cuneus","rs2131354","A","G",0.526265,0.000264945796094648,421986,{"v":111.832516374284,"d":"111.833"},{"v":0.0230512,"d":"0.023"},{"v":0.00164614,"d":"0.002"},{"v":1.5e-44,"d":"1.500E-44"},{"v":-1.4188,"d":"-1.419"},{"v":1.1484,"d":"1.148"},{"v":0.2167,"d":"0.217"}]
["FVC","SA_cuneus","rs2165241","C","T",0.508667,1.93898082531503E-4,421986,{"v":81.8377566430654,"d":"81.838"},{"v":0.0196955,"d":"0.020"},{"v":1.64442E-3,"d":"0.002"},{"v":4.7e-33,"d":"4.700E-33"},{"v":1.6927,"d":"1.693"},{"v":1.1447,"d":"1.145"},{"v":0.1392,"d":"0.139"}]
["FVC","SA_cuneus","rs2168704","A","G",0.561551,5.59945780683976e-05,421986,{"v":23.6301391912884,"d":"23.630"},{"v":0.0106636,"d":"0.011"},{"v":1.652E-3,"d":"0.002"},{"v":1.1e-10,"d":"1.100E-10"},{"v":-0.3077,"d":"-0.308"},{"v":1.1805,"d":"1.181"},{"v":0.7943,"d":"0.794"}]
["FVC","SA_cuneus","rs2181246","A","T",0.315032,4.79141931100767e-05,421986,{"v":20.2199916899491,"d":"20.220"},{"v":-0.0105367,"d":"-0.011"},{"v":1.76834E-3,"d":"0.002"},{"v":2.5e-09,"d":"2.500E-09"},{"v":-0.6079,"d":"-0.608"},{"v":1.2285,"d":"1.229"},{"v":0.6207,"d":"0.621"}]
["FVC","SA_cuneus","rs2186288","A","G",0.369909,5.7540273769828e-05,421986,{"v":24.2824721065799,"d":"24.282"},{"v":-0.0111102,"d":"-0.011"},{"v":0.00170446,"d":"0.002"},{"v":7.1E-11,"d":"7.100E-11"},{"v":-1.5187,"d":"-1.519"},{"v":1.1883,"d":"1.188"},{"v":0.2012,"d":"0.201"}]
["FVC","SA_cuneus","rs2194411","A","G",0.128337,0.000173013252417145,421986,{"v":73.0214579879395,"d":"73.021"},{"v":0.0278083,"d":"0.028"},{"v":0.00248353,"d":"0.002"},{"v":4.2e-29,"d":"4.200E-29"},{"v":0.3252,"d":"0.325"},{"v":1.8795,"d":"1.880"},{"v":0.8626,"d":"0.863"}]
["FVC","SA_cuneus","rs2273101","T","C",0.245563,0.000164788871325204,421986,{"v":69.5497280984891,"d":"69.550"},{"v":0.021089,"d":"0.021"},{"v":1.90985E-3,"d":"0.002"},{"v":2.4e-28,"d":"2.400E-28"},{"v":0.9056,"d":"0.906"},{"v":1.3228,"d":"1.323"},{"v":0.4936,"d":"0.494"}]
["FVC","SA_cuneus","rs2286325","C","G",0.081106,6.21764247204467e-05,421986,{"v":26.2390878619042,"d":"26.239"},{"v":0.0204239,"d":"0.020"},{"v":0.00300144,"d":"0.003"},{"v":1e-11,"d":"1.000E-11"},{"v":-3.6727,"d":"-3.673"},{"v":2.1373,"d":"2.137"},{"v":0.08572,"d":"0.086"}]
["FVC","SA_cuneus","rs2289308","A","G",0.342889,4.17682840802068e-05,421986,{"v":17.6262838089314,"d":"17.626"},{"v":-0.00962747,"d":"-0.010"},{"v":0.00173144,"d":"0.002"},{"v":2.7E-8,"d":"2.700E-08"},{"v":-0.2072,"d":"-0.207"},{"v":1.2103,"d":"1.210"},0.864]
["FVC","SA_cuneus","rs2315007","C","T",0.667421,9.54071179462808e-05,421986,{"v":40.2641187429693,"d":"40.264"},{"v":-0.0146598,"d":"-0.015"},{"v":0.00174235,"d":"0.002"},{"v":4e-17,"d":"4.000E-17"},{"v":0.8226,"d":"0.823"},{"v":1.2252,"d":"1.225"},0.502]
["FVC","SA_cuneus","rs2355595","T","C",0.353472,4.21690889460453e-05,421986,{"v":17.7954312469311,"d":"17.795"},{"v":0.0096053,"d":"0.010"},{"v":0.00171679,"d":"0.002"},{"v":2.2e-08,"d":"2.200E-08"},{"v":0.4808,"d":"0.481"},{"v":1.1902,"d":"1.190"},{"v":0.6862,"d":"0.686"}]
["FVC","SA_cuneus","rs2420991","G","T",0.157205,4.60860611479893e-05,421986,{"v":19.448476731161,"d":"19.448"},{"v":0.0131879,"d":"0.013"},{"v":0.00231045,"d":"0.002"},{"v":1.1e-08,"d":"1.100E-08"},{"v":0.2791,"d":"0.279"},{"v":1.6329,"d":"1.633"},{"v":0.8643,"d":"0.864"}]
["FVC","SA_cuneus","rs2433733","A","G",0.677805,4.39675736084697e-05,421986,{"v":18.5544283747918,"d":"18.554"},{"v":0.0100332,"d":"0.010"},{"v":1.75482E-3,"d":"0.002"},{"v":1.1e-08,"d":"1.100E-08"},{"v":1.2197,"d":"1.220"},{"v":1.2595,"d":"1.260"},{"v":0.3328,"d":"0.333"}]
["FVC","SA_cuneus","rs246185","C","T",0.32244,6.92890140832418e-05,421986,{"v":29.2408813907452,"d":"29.241"},{"v":0.0125927,"d":"0.013"},{"v":1.774E-3,"d":"0.002"},{"v":1.3e-12,"d":"1.300E-12"},{"v":-1.5388,"d":"-1.539"},{"v":1.2355,"d":"1.236"},{"v":0.2129,"d":"0.213"}]
["FVC","SA_cuneus","rs2468964","G","T",0.60054,4.47507016706468e-05,421986,{"v":18.8849252074402,"d":"18.885"},{"v":0.00965778,"d":"0.010"},{"v":1.67483E-3,"d":"0.002"},{"v":8.1e-09,"d":"8.100E-09"},{"v":-1.0631,"d":"-1.063"},{"v":1.1836,"d":"1.184"},{"v":0.3691,"d":"0.369"}]
["FVC","SA_cuneus","rs2602691","G","A",0.449662,5.86659442039459E-5,421986,{"v":24.7575422235486,"d":"24.758"},{"v":-0.0108873,"d":"-0.011"},{"v":0.00166378,"d":"0.002"},{"v":6E-11,"d":"6.000E-11"},{"v":1.5621,"d":"1.562"},{"v":1.1837,"d":"1.184"},0.187]
["FVC","SA_cuneus","rs2717329","A","G",0.294673,8.42790883711236e-05,421986,{"v":35.5674244173058,"d":"35.567"},{"v":0.014239,"d":"0.014"},{"v":0.0018328,"d":"0.002"},{"v":7.9e-15,"d":"7.900E-15"},-1.074,{"v":1.2998,"d":"1.300"},{"v":0.4086,"d":"0.409"}]
["FVC","SA_cuneus","rs2760402","C","A",0.649252,4.35290850830249e-05,421986,{"v":18.3693770418513,"d":"18.369"},{"v":0.00977621,"d":"0.010"},{"v":0.00172753,"d":"0.002"},{"v":1.5e-08,"d":"1.500E-08"},{"v":-2.0548,"d":"-2.055"},{"v":1.2017,"d":"1.202"},{"v":0.08728,"d":"0.087"}]
["FVC","SA_cuneus","rs2780226","T","C",0.910509,2.95968220787926E-4,421986,{"v":124.930829236223,"d":"124.931"},{"v":-0.0426163,"d":"-0.043"},{"v":0.0028699,"d":"0.003"},{"v":7e-50,"d":"7.000E-50"},{"v":3.4205,"d":"3.421"},{"v":2.0897,"d":"2.090"},{"v":0.1017,"d":"0.102"}]
["FVC","SA_cuneus","rs2807339","C","T",0.758119,5.89073008999258e-05,421986,{"v":24.859402863279,"d":"24.859"},{"v":0.0126736,"d":"0.013"},{"v":1.91263E-3,"d":"0.002"},{"v":3.4e-11,"d":"3.400E-11"},{"v":-0.3634,"d":"-0.363"},{"v":1.3159,"d":"1.316"},{"v":0.7824,"d":"0.782"}]
["FVC","SA_cuneus","rs2808096","G","A",0.21446,4.09307454157644e-05,421986,{"v":17.2728266631967,"d":"17.273"},{"v":0.0110218,"d":"0.011"},{"v":0.0020005,"d":"0.002"},{"v":3.6e-08,"d":"3.600E-08"},{"v":-0.6956,"d":"-0.696"},{"v":1.3904,"d":"1.390"},{"v":0.6169,"d":"0.617"}]
["FVC","SA_cuneus","rs2812208","C","G",0.020816,0.000278067813708179,421986,{"v":117.372805899358,"d":"117.373"},{"v":0.0825904,"d":"0.083"},{"v":0.00576265,"d":"0.006"},{"v":1.4e-46,"d":"1.400E-46"},-3.415,{"v":3.6269,"d":"3.627"},{"v":0.3464,"d":"0.346"}]
["FVC","SA_cuneus","rs2821334","T","G",0.44435,4.64038024780943E-5,421986,{"v":19.5825708906678,"d":"19.583"},{"v":0.0096939,"d":"0.010"},{"v":0.00164775,"d":"0.002"},{"v":4e-09,"d":"4.000E-09"},{"v":0.0871,"d":"0.087"},1.153,{"v":0.9398,"d":"0.940"}]
["FVC","SA_cuneus","rs28391281","C","T",0.456626,5.81268485273591E-5,421986,{"v":24.5300259020691,"d":"24.530"},{"v":-0.0108229,"d":"-0.011"},{"v":1.64482E-3,"d":"0.002"},{"v":4.7e-11,"d":"4.700E-11"},{"v":1.1499,"d":"1.150"},{"v":1.2149,"d":"1.215"},{"v":0.3439,"d":"0.344"}]
["FVC","SA_cuneus","rs28409044","A","C",0.333596,7.3529837872933e-05,421986,{"v":31.0306967870756,"d":"31.031"},{"v":0.0128599,"d":"0.013"},{"v":1.74168E-3,"d":"0.002"},{"v":1.5e-13,"d":"1.500E-13"},{"v":-1.3803,"d":"-1.380"},{"v":1.2077,"d":"1.208"},{"v":0.2531,"d":"0.253"}]
["FVC","SA_cuneus","rs28427480","C","A",0.093765,0.000266255308960786,421986,{"v":112.385403506842,"d":"112.385"},{"v":0.0395816,"d":"0.040"},{"v":0.00282649,"d":"0.003"},{"v":1.5e-44,"d":"1.500E-44"},{"v":-3.3003,"d":"-3.300"},{"v":1.9469,"d":"1.947"},{"v":0.09005,"d":"0.090"}]
["FVC","SA_cuneus","rs28444681","A","C",0.255224,4.96915326777121e-05,421986,{"v":20.9700737605772,"d":"20.970"},{"v":0.0114328,"d":"0.011"},{"v":0.00188044,"d":"0.002"},{"v":1.2E-9,"d":"1.200E-09"},{"v":-1.1441,"d":"-1.144"},{"v":1.3062,"d":"1.306"},{"v":0.3811,"d":"0.381"}]
["FVC","SA_cuneus","rs28446901","G","C",0.15458,5.1599507535487e-05,421986,{"v":21.7752901821048,"d":"21.775"},{"v":-0.0140506,"d":"-0.014"},{"v":0.00228337,"d":"0.002"},{"v":7.6e-10,"d":"7.600E-10"},{"v":-0.3923,"d":"-0.392"},{"v":1.6577,"d":"1.658"},{"v":0.8129,"d":"0.813"}]
["FVC","SA_cuneus","rs2871960","C","A",0.444976,0.000191804005390593,421986,{"v":80.9537486639893,"d":"80.954"},{"v":0.0197056,"d":"0.020"},{"v":0.00165006,"d":"0.002"},{"v":7.1e-33,"d":"7.100E-33"},{"v":-0.1739,"d":"-0.174"},{"v":1.1449,"d":"1.145"},{"v":0.8793,"d":"0.879"}]
["FVC","SA_cuneus","rs2882485","G","A",0.527663,6.68510491529909e-05,421986,{"v":28.2119591248419,"d":"28.212"},{"v":-0.0115807,"d":"-0.012"},{"v":1.64247E-3,"d":"0.002"},{"v":1.8E-12,"d":"1.800E-12"},0.563,{"v":1.1619,"d":"1.162"},0.628]
["FVC","SA_cuneus","rs2885697","T","G",0.665178,0.000191228657862936,421986,{"v":80.7108681906324,"d":"80.711"},{"v":-0.0207198,"d":"-0.021"},{"v":1.73474E-3,"d":"0.002"},{"v":7e-33,"d":"7.000E-33"},{"v":-0.4939,"d":"-0.494"},{"v":1.2114,"d":"1.211"},{"v":0.6835,"d":"0.684"}]
["FVC","SA_cuneus","rs309137","C","T",0.227462,8.33684369570823e-05,421986,{"v":35.1830796592559,"d":"35.183"},{"v":0.0154018,"d":"0.015"},{"v":1.94955E-3,"d":"0.002"},{"v":2.8e-15,"d":"2.800E-15"},{"v":-1.8138,"d":"-1.814"},{"v":1.3111,"d":"1.311"},{"v":0.1665,"d":"0.167"}]
["FVC","SA_cuneus","rs3116605","C","T",0.215238,7.92429456128899e-05,421986,{"v":33.4419051965844,"d":"33.442"},{"v":-0.0153157,"d":"-0.015"},{"v":0.00199894,"d":"0.002"},{"v":1.8e-14,"d":"1.800E-14"},{"v":1.7049,"d":"1.705"},{"v":1.3991,"d":"1.399"},0.223]
["FVC","SA_cuneus","rs3253","T","C",0.314156,7.73374553775006e-05,421986,{"v":32.6376928861364,"d":"32.638"},{"v":0.0133966,"d":"0.013"},{"v":0.00176807,"d":"0.002"},{"v":3.5e-14,"d":"3.500E-14"},{"v":-0.8408,"d":"-0.841"},1.232,0.495]
["FVC","SA_cuneus","rs32799","A","C",0.915153,5.54046146417085e-05,421986,{"v":23.381156328923,"d":"23.381"},{"v":-0.0188883,"d":"-0.019"},{"v":0.00295509,"d":"0.003"},{"v":1.6e-10,"d":"1.600E-10"},{"v":0.1947,"d":"0.195"},{"v":2.0722,"d":"2.072"},{"v":0.9251,"d":"0.925"}]
["FVC","SA_cuneus","rs344133","A","G",0.614205,5.9441457606158e-05,421986,{"v":25.0848351256407,"d":"25.085"},{"v":0.0111994,"d":"0.011"},{"v":1.68384E-3,"d":"0.002"},{"v":2.9E-11,"d":"2.900E-11"},{"v":0.5189,"d":"0.519"},{"v":1.1703,"d":"1.170"},{"v":0.6575,"d":"0.658"}]
["FVC","SA_cuneus","rs34587839","A","G",0.154712,9.59331764500232e-05,421986,{"v":40.48614949601,"d":"40.486"},{"v":-0.0191516,"d":"-0.019"},{"v":0.00227501,"d":"0.002"},{"v":3.8e-17,"d":"3.800E-17"},{"v":1.0015,"d":"1.002"},{"v":1.6472,"d":"1.647"},{"v":0.5432,"d":"0.543"}]
["FVC","SA_cuneus","rs35344256","A","C",0.305163,0.000127924706994647,421986,{"v":53.9890860944489,"d":"53.989"},{"v":-0.0173682,"d":"-0.017"},{"v":1.7847E-3,"d":"0.002"},{"v":2.2e-22,"d":"2.200E-22"},{"v":1.5037,"d":"1.504"},{"v":1.4446,"d":"1.445"},{"v":0.2979,"d":"0.298"}]
["FVC","SA_cuneus","rs35344761","A","C",0.122131,7.98184258788518e-05,421986,{"v":33.6847872927592,"d":"33.685"},{"v":-0.0192934,"d":"-0.019"},{"v":2.52637E-3,"d":"0.003"},{"v":2.2e-14,"d":"2.200E-14"},{"v":1.5556,"d":"1.556"},{"v":1.8881,"d":"1.888"},{"v":0.41,"d":"0.410"}]
["FVC","SA_cuneus","rs35480566","G","A",0.439723,1.10816232234529E-4,421986,{"v":46.7678595812438,"d":"46.768"},{"v":0.0149967,"d":"0.015"},{"v":0.0016583,"d":"0.002"},{"v":1.5E-19,"d":"1.500E-19"},{"v":0.4032,"d":"0.403"},{"v":1.1522,"d":"1.152"},{"v":0.7264,"d":"0.726"}]
["FVC","SA_cuneus","rs35506","A","T",0.715534,7.52389405219948e-05,421986,{"v":31.7520180654321,"d":"31.752"},{"v":0.0135949,"d":"0.014"},{"v":0.00182407,"d":"0.002"},{"v":9.1e-14,"d":"9.100E-14"},-0.763,{"v":1.2914,"d":"1.291"},{"v":0.5547,"d":"0.555"}]
["FVC","SA_cuneus","rs35654957","C","T",0.369551,4.7229665459788E-5,421986,{"v":19.9311044887804,"d":"19.931"},{"v":-0.0100677,"d":"-0.010"},{"v":0.00171015,"d":"0.002"},{"v":3.9e-09,"d":"3.900E-09"},{"v":-0.9812,"d":"-0.981"},{"v":1.2952,"d":"1.295"},{"v":0.4487,"d":"0.449"}]
["FVC","SA_cuneus","rs35668185","C","T",0.207881,4.39810225504036E-5,421986,{"v":18.560104112267,"d":"18.560"},{"v":-0.0115562,"d":"-0.012"},{"v":2.01805E-3,"d":"0.002"},{"v":1E-8,"d":"1.000E-08"},{"v":0.3866,"d":"0.387"},{"v":1.4076,"d":"1.408"},{"v":0.7836,"d":"0.784"}]
["FVC","SA_cuneus","rs35805829","C","T",0.346839,8.02689032154592e-05,421986,{"v":33.8749119565016,"d":"33.875"},{"v":-0.0133102,"d":"-0.013"},{"v":1.72266E-3,"d":"0.002"},{"v":1.1E-14,"d":"1.100E-14"},{"v":2.0649,"d":"2.065"},{"v":1.2063,"d":"1.206"},{"v":0.08695,"d":"0.087"}]
["FVC","SA_cuneus","rs35897671","T","C",0.345283,5.9327572593459e-05,421986,{"v":25.0367717641725,"d":"25.037"},{"v":0.0114551,"d":"0.011"},{"v":0.00172695,"d":"0.002"},{"v":3.3e-11,"d":"3.300E-11"},{"v":-1.1083,"d":"-1.108"},{"v":1.2117,"d":"1.212"},{"v":0.3604,"d":"0.360"}]
["FVC","SA_cuneus","rs36226649","C","T",0.066506,8.70139707337911e-05,421986,{"v":36.7216987269464,"d":"36.722"},{"v":0.0264724,"d":"0.026"},{"v":0.00329988,"d":"0.003"},{"v":1e-15,"d":"1.000E-15"},{"v":0.0471,"d":"0.047"},{"v":2.3718,"d":"2.372"},{"v":0.9842,"d":"0.984"}]
["FVC","SA_cuneus","rs3732987","A","C",0.524508,5.53461247568242e-05,421986,{"v":23.3564717995858,"d":"23.356"},{"v":0.0105337,"d":"0.011"},{"v":0.00164918,"d":"0.002"},{"v":1.7e-10,"d":"1.700E-10"},{"v":-1.3658,"d":"-1.366"},{"v":1.1567,"d":"1.157"},{"v":0.2377,"d":"0.238"}]
["FVC","SA_cuneus","rs3734254","T","C",0.790532,{"$f":"2*F1861*(1-F1861)*J1861*J1861","v":1.42473762916661E-4},421986,{"$f":"G1861/(1-G1861)*(H1861-2)","v":{"v":60.13021534867,"d":"60.130"}},{"v":0.0207412,"d":"0.021"},{"v":0.00201522,"d":"0.002"},{"v":7.6e-25,"d":"7.600E-25"},{"v":-1.2465,"d":"-1.247"},{"v":1.4225,"d":"1.423"},{"v":0.3809,"d":"0.381"}]
["FVC","SA_cuneus","rs3743347","A","C",0.231535,1.02185615560985E-4,421986,{"v":43.1251015619361,"d":"43.125"},{"v":-0.0169457,"d":"-0.017"},{"v":1.94802E-3,"d":"0.002"},{"v":3.4E-18,"d":"3.400E-18"},{"v":-0.4532,"d":"-0.453"},{"v":1.3552,"d":"1.355"},{"v":0.7381,"d":"0.738"}]
["FVC","SA_cuneus","rs3790076","T","G",0.572955,0.000211865275899546,421986,{"v":89.4227021506569,"d":"89.423"},{"v":-0.0208074,"d":"-0.021"},{"v":1.66216E-3,"d":"0.002"},{"v":5.9E-36,"d":"5.900E-36"},{"v":-1.7212,"d":"-1.721"},{"v":1.1476,"d":"1.148"},{"v":0.1337,"d":"0.134"}]
["FVC","SA_cuneus","rs3790743","G","A",0.599509,4.41696140797053e-05,421986,{"v":18.6396937358892,"d":"18.640"},{"v":-0.00959075,"d":"-0.010"},{"v":1.69268E-3,"d":"0.002"},{"v":1.5e-08,"d":"1.500E-08"},{"v":0.2297,"d":"0.230"},{"v":1.2668,"d":"1.267"},{"v":0.8561,"d":"0.856"}]
["FVC","SA_cuneus","rs3791679","G","A",0.227266,0.000612002896837713,421986,{"v":258.413580278878,"d":"258.414"},{"v":-0.0417426,"d":"-0.042"},{"v":0.00195359,"d":"0.002"},{"v":2.7e-101,"d":"2.700E-101"},{"v":-0.9423,"d":"-0.942"},{"v":1.3373,"d":"1.337"},0.481]
["FVC","SA_cuneus","rs3814316","A","G",0.368453,4.16612453966733e-05,421986,{"v":17.5811114284674,"d":"17.581"},{"v":-0.00946144,"d":"-0.009"},{"v":0.00170087,"d":"0.002"},{"v":2.7E-8,"d":"2.700E-08"},{"v":2.2374,"d":"2.237"},{"v":1.1875,"d":"1.188"},{"v":0.05955,"d":"0.060"}]
["FVC","SA_cuneus","rs3828559","G","A",0.758433,5.04655975131029e-05,421986,{"v":21.2967494541555,"d":"21.297"},{"v":0.0117356,"d":"0.012"},{"v":0.00191612,"d":"0.002"},{"v":9.1e-10,"d":"9.100E-10"},{"v":-2.1253,"d":"-2.125"},{"v":1.3211,"d":"1.321"},{"v":0.1077,"d":"0.108"}]
["FVC","SA_cuneus","rs3858603","A","G",0.501593,7.64582018958038e-05,421986,{"v":32.266604915392,"d":"32.267"},{"v":-0.012366,"d":"-0.012"},{"v":1.63937E-3,"d":"0.002"},{"v":4.6E-14,"d":"4.600E-14"},{"v":1.0189,"d":"1.019"},{"v":1.1635,"d":"1.164"},{"v":0.3812,"d":"0.381"}]
["FVC","SA_cuneus","rs42038","T","C",0.298973,0.0001100833355849,421986,{"v":46.4585205923715,"d":"46.459"},{"v":0.0162055,"d":"0.016"},{"v":0.001795,"d":"0.002"},{"v":1.7e-19,"d":"1.700E-19"},{"v":0.2009,"d":"0.201"},1.249,{"v":0.8722,"d":"0.872"}]
["FVC","SA_cuneus","rs425102","G","T",0.240797,0.000137901421280968,421986,{"v":58.2002192507815,"d":"58.200"},{"v":-0.0194207,"d":"-0.019"},{"v":0.00191587,"d":"0.002"},{"v":3.8e-24,"d":"3.800E-24"},{"v":-1.7061,"d":"-1.706"},{"v":1.3489,"d":"1.349"},0.206]
["FVC","SA_cuneus","rs4279453","C","T",0.439777,4.75360731157916e-05,421986,{"v":20.0604158710898,"d":"20.060"},{"v":-0.009822,"d":"-0.010"},{"v":1.65712E-3,"d":"0.002"},{"v":3.1E-9,"d":"3.100E-09"},{"v":0.4758,"d":"0.476"},{"v":1.1767,"d":"1.177"},{"v":0.6859,"d":"0.686"}]
["FVC","SA_cuneus","rs4497878","C","T",0.715464,8.76845467196344e-05,421986,{"v":37.0047205050822,"d":"37.005"},{"v":-0.0146752,"d":"-0.015"},{"v":1.81627E-3,"d":"0.002"},{"v":6.5e-16,"d":"6.500E-16"},{"v":-0.5126,"d":"-0.513"},{"v":1.3017,"d":"1.302"},{"v":0.6937,"d":"0.694"}]
["FVC","SA_cuneus","rs4650619","T","C",0.658131,5.51787534628888E-5,421986,{"v":23.2858359846867,"d":"23.286"},{"v":0.0110735,"d":"0.011"},{"v":0.00173535,"d":"0.002"},{"v":1.8E-10,"d":"1.800E-10"},{"v":-0.7178,"d":"-0.718"},{"v":1.1994,"d":"1.199"},{"v":0.5495,"d":"0.550"}]
["FVC","SA_cuneus","rs4678778","G","A",0.103138,4.9032397109147e-05,421986,{"v":20.6919016352442,"d":"20.692"},{"v":0.01628,"d":"0.016"},{"v":0.00272878,"d":"0.003"},{"v":2.4E-9,"d":"2.400E-09"},{"v":0.7397,"d":"0.740"},{"v":1.9527,"d":"1.953"},{"v":0.7048,"d":"0.705"}]
["FVC","SA_cuneus","rs4693974","G","A",0.574007,6.5108970456126e-05,421986,{"v":27.4767327707401,"d":"27.477"},{"v":0.0115384,"d":"0.012"},{"v":1.66303E-3,"d":"0.002"},{"v":4e-12,"d":"4.000E-12"},{"v":-1.0847,"d":"-1.085"},1.156,{"v":0.3481,"d":"0.348"}]
["FVC","SA_cuneus","rs4713135","A","G",0.237248,9.32171087040042e-05,421986,{"v":39.3397955413479,"d":"39.340"},{"v":-0.0160487,"d":"-0.016"},{"v":0.00192704,"d":"0.002"},{"v":8.2e-17,"d":"8.200E-17"},-1.516,{"v":1.3659,"d":"1.366"},{"v":0.2671,"d":"0.267"}]
["FVC","SA_cuneus","rs4728358","T","C",0.687154,4.77707244436522e-05,421986,{"v":20.1594444148942,"d":"20.159"},{"v":-0.0105408,"d":"-0.011"},{"v":1.7764E-3,"d":"0.002"},{"v":3E-9,"d":"3.000E-09"},-0.986,{"v":1.2615,"d":"1.262"},{"v":0.4345,"d":"0.435"}]
["FVC","SA_cuneus","rs4735766","T","G",0.285258,9.07993719661411e-05,421986,{"v":38.3193615537233,"d":"38.319"},{"v":0.0149222,"d":"0.015"},{"v":1.81989E-3,"d":"0.002"},{"v":2.4E-16,"d":"2.400E-16"},{"v":-0.0285,"d":"-0.029"},{"v":1.2639,"d":"1.264"},0.982]
["FVC","SA_cuneus","rs4759316","A","G",0.57091,5.31891591327017e-05,421986,{"v":22.4461680202567,"d":"22.446"},{"v":0.0104193,"d":"0.010"},{"v":0.00165644,"d":"0.002"},{"v":3.2e-10,"d":"3.200E-10"},{"v":-1.2121,"d":"-1.212"},{"v":1.2321,"d":"1.232"},{"v":0.3252,"d":"0.325"}]
["FVC","SA_cuneus","rs4785677","G","A",0.549173,4.80134751963316E-5,421986,{"v":20.2618911610575,"d":"20.262"},{"v":-0.00984707,"d":"-0.010"},{"v":1.65043E-3,"d":"0.002"},{"v":2.4E-9,"d":"2.400E-09"},{"v":-0.2521,"d":"-0.252"},{"v":1.1754,"d":"1.175"},{"v":0.8302,"d":"0.830"}]
["FVC","SA_cuneus","rs4794006","A","G",0.555023,5.38677822535485e-05,421986,{"v":22.7325667794388,"d":"22.733"},{"v":-0.010443,"d":"-0.010"},{"v":0.00165309,"d":"0.002"},{"v":2.7E-10,"d":"2.700E-10"},{"v":0.4769,"d":"0.477"},{"v":1.1603,"d":"1.160"},{"v":0.6811,"d":"0.681"}]
["FVC","SA_cuneus","rs4909017","T","C",0.557895,7.95950937485174e-05,421986,{"v":33.5905296817335,"d":"33.591"},{"v":0.0127025,"d":"0.013"},{"v":0.00165126,"d":"0.002"},{"v":1.4E-14,"d":"1.400E-14"},{"v":-1.7021,"d":"-1.702"},{"v":1.1613,"d":"1.161"},{"v":0.1427,"d":"0.143"}]
["FVC","SA_cuneus","rs4918293","A","G",0.335439,5.24388950619221e-05,421986,{"v":22.1295351421812,"d":"22.130"},{"v":-0.0108452,"d":"-0.011"},{"v":0.00174452,"d":"0.002"},{"v":5.1E-10,"d":"5.100E-10"},0.227,{"v":1.2355,"d":"1.236"},{"v":0.8542,"d":"0.854"}]
["FVC","SA_cuneus","rs4924413","A","G",0.283479,4.76110581125863e-05,421986,{"v":20.0920613508822,"d":"20.092"},{"v":0.0108259,"d":"0.011"},{"v":0.00182023,"d":"0.002"},{"v":2.7e-09,"d":"2.700E-09"},{"v":1.2535,"d":"1.254"},{"v":1.2757,"d":"1.276"},{"v":0.3258,"d":"0.326"}]
["FVC","SA_cuneus","rs4951407","G","T",0.661152,5.97857889278145E-5,421986,{"v":25.230154759622,"d":"25.230"},{"v":0.0115513,"d":"0.012"},{"v":0.00173213,"d":"0.002"},{"v":2.6e-11,"d":"2.600E-11"},{"v":-1.8331,"d":"-1.833"},{"v":1.2144,"d":"1.214"},{"v":0.1312,"d":"0.131"}]
["FVC","SA_cuneus","rs4959021","C","T",0.814313,0.000289077580921587,421986,{"v":122.02138755515,"d":"122.021"},{"v":-0.0309176,"d":"-0.031"},{"v":0.00221491,"d":"0.002"},{"v":2.8E-44,"d":"2.800E-44"},{"v":0.5849,"d":"0.585"},{"v":1.6478,"d":"1.648"},{"v":0.7226,"d":"0.723"}]
["FVC","SA_cuneus","rs55681913","C","T",0.10621,8.08864045248552e-05,421986,{"v":34.1355296272746,"d":"34.136"},{"v":0.0206406,"d":"0.021"},{"v":2.69286E-3,"d":"0.003"},{"v":1.8e-14,"d":"1.800E-14"},{"v":1.1665,"d":"1.167"},{"v":2.0538,"d":"2.054"},{"v":0.5701,"d":"0.570"}]
["FVC","SA_cuneus","rs55707322","A","C",0.163689,4.62683444763271E-5,421986,{"v":19.5254044836391,"d":"19.525"},{"v":0.0129997,"d":"0.013"},{"v":0.00221808,"d":"0.002"},{"v":4.6e-09,"d":"4.600E-09"},{"v":1.8934,"d":"1.893"},{"v":1.6051,"d":"1.605"},{"v":0.2382,"d":"0.238"}]
["FVC","SA_cuneus","rs55758152","A","G",0.325764,5.16859270150706E-5,421986,{"v":21.811761586645,"d":"21.812"},{"v":0.0108471,"d":"0.011"},{"v":0.00177131,"d":"0.002"},{"v":9.1e-10,"d":"9.100E-10"},{"v":-1.03,"d":"-1.030"},{"v":1.4283,"d":"1.428"},{"v":0.4708,"d":"0.471"}]
["FVC","SA_cuneus","rs55831773","T","C",0.199579,6.58378676692214e-05,421986,{"v":27.7843560132832,"d":"27.784"},{"v":-0.0143551,"d":"-0.014"},{"v":0.00209681,"d":"0.002"},{"v":7.6e-12,"d":"7.600E-12"},-0.129,{"v":1.5474,"d":"1.547"},{"v":0.9336,"d":"0.934"}]
["FVC","SA_cuneus","rs55906059","T","C",0.093726,4.23076242776738e-05,421986,{"v":17.8538958791087,"d":"17.854"},{"v":-0.015781,"d":"-0.016"},{"v":0.0028489,"d":"0.003"},{"v":3e-08,"d":"3.000E-08"},{"v":2.5266,"d":"2.527"},2.232,{"v":0.2576,"d":"0.258"}]
["FVC","SA_cuneus","rs55962189","T","A",0.299312,5.39173733411806e-05,421986,{"v":22.7534956807262,"d":"22.753"},{"v":0.0113377,"d":"0.011"},{"v":0.00180553,"d":"0.002"},{"v":3.4e-10,"d":"3.400E-10"},{"v":-0.8209,"d":"-0.821"},{"v":1.3118,"d":"1.312"},{"v":0.5315,"d":"0.532"}]
["FVC","SA_cuneus","rs56099233","T","G",0.203137,4.63112857415907e-05,421986,{"v":19.5435266882283,"d":"19.544"},{"v":0.0119603,"d":"0.012"},{"v":0.00205819,"d":"0.002"},{"v":6.2e-09,"d":"6.200E-09"},{"v":-0.5677,"d":"-0.568"},{"v":1.5147,"d":"1.515"},{"v":0.7078,"d":"0.708"}]
["FVC","SA_cuneus","rs56107042","G","C",0.024063,4.31515448222523e-05,421986,{"v":18.2100472819448,"d":"18.210"},{"v":-0.0303108,"d":"-0.030"},{"v":0.00545244,"d":"0.005"},{"v":2.7E-8,"d":"2.700E-08"},{"v":2.0294,"d":"2.029"},{"v":4.1294,"d":"4.129"},{"v":0.6231,"d":"0.623"}]
["FVC","SA_cuneus","rs56144019","A","G",0.23362,5.74600505527944e-05,421986,{"v":24.2486152991313,"d":"24.249"},{"v":-0.0126675,"d":"-0.013"},{"v":0.00194171,"d":"0.002"},{"v":6.9e-11,"d":"6.900E-11"},{"v":-0.1591,"d":"-0.159"},{"v":1.3914,"d":"1.391"},{"v":0.9089,"d":"0.909"}]
["FVC","SA_cuneus","rs56318219","A","G",0.263367,7.89251775726661e-05,421986,{"v":33.3077909561397,"d":"33.308"},{"v":0.0142622,"d":"0.014"},{"v":0.00189906,"d":"0.002"},{"v":5.9e-14,"d":"5.900E-14"},{"v":1.1923,"d":"1.192"},{"v":1.3275,"d":"1.328"},{"v":0.3691,"d":"0.369"}]
["FVC","SA_cuneus","rs564443","A","G",0.162319,4.20226237478109e-05,421986,{"v":17.7336200728403,"d":"17.734"},{"v":0.0124309,"d":"0.012"},{"v":0.00222876,"d":"0.002"},{"v":2.4E-8,"d":"2.400E-08"},{"v":0.4075,"d":"0.408"},1.525,{"v":0.7893,"d":"0.789"}]
["FVC","SA_cuneus","rs57072412","A","G",0.383191,5.48617071536508e-05,421986,{"v":23.1520327915692,"d":"23.152"},{"v":0.010773,"d":"0.011"},{"v":1.68954E-3,"d":"0.002"},{"v":1.8E-10,"d":"1.800E-10"},{"v":-0.0266,"d":"-0.027"},{"v":1.1777,"d":"1.178"},0.982]
["FVC","SA_cuneus","rs575837","G","A",0.784728,5.50345504488652e-05,421986,{"v":23.2249779128326,"d":"23.225"},{"v":0.0127629,"d":"0.013"},{"v":0.0020075,"d":"0.002"},{"v":2e-10,"d":"2.000E-10"},{"v":1.2622,"d":"1.262"},{"v":1.3749,"d":"1.375"},{"v":0.3586,"d":"0.359"}]
["FVC","SA_cuneus","rs582780","G","A",0.422609,7.69184760023856e-05,421986,{"v":32.4608630175037,"d":"32.461"},{"v":0.0125544,"d":"0.013"},{"v":1.6756E-3,"d":"0.002"},{"v":6.8e-14,"d":"6.800E-14"},{"v":-1.7382,"d":"-1.738"},{"v":1.2069,"d":"1.207"},{"v":0.1498,"d":"0.150"}]
["FVC","SA_cuneus","rs58746189","C","T",0.114418,5.54327432021165e-05,421986,{"v":23.3930274470851,"d":"23.393"},{"v":-0.0165389,"d":"-0.017"},{"v":0.00257892,"d":"0.003"},{"v":1.4e-10,"d":"1.400E-10"},{"v":0.9951,"d":"0.995"},{"v":1.8224,"d":"1.822"},0.585]
["FVC","SA_cuneus","rs59032271","T","C",0.467565,5.25155515367519e-05,421986,{"v":22.1618863433691,"d":"22.162"},{"v":-0.0102701,"d":"-0.010"},{"v":0.00164133,"d":"0.002"},{"v":3.9E-10,"d":"3.900E-10"},{"v":0.0215,"d":"0.022"},1.142,0.985]
["FVC","SA_cuneus","rs5992929","T","C",0.284928,4.74968475738632E-5,421986,{"v":20.0438617468553,"d":"20.044"},{"v":0.0107963,"d":"0.011"},{"v":0.0018267,"d":"0.002"},{"v":3.4e-09,"d":"3.400E-09"},{"v":-0.4463,"d":"-0.446"},{"v":1.2867,"d":"1.287"},{"v":0.7287,"d":"0.729"}]
["FVC","SA_cuneus","rs60839038","C","A",0.47352,7.81566247420721e-05,421986,{"v":32.9834230081733,"d":"32.983"},{"v":0.0125201,"d":"0.013"},{"v":0.00167309,"d":"0.002"},{"v":7.3e-14,"d":"7.300E-14"},{"v":-0.4923,"d":"-0.492"},{"v":1.2646,"d":"1.265"},{"v":0.6971,"d":"0.697"}]
["FVC","SA_cuneus","rs6088619","G","A",0.135815,7.20917622439476e-05,421986,{"v":30.4237635014749,"d":"30.424"},{"v":0.0175247,"d":"0.018"},{"v":2.41661E-3,"d":"0.002"},{"v":4.1e-13,"d":"4.100E-13"},{"v":-0.5074,"d":"-0.507"},{"v":1.7266,"d":"1.727"},{"v":0.7689,"d":"0.769"}]
["FVC","SA_cuneus","rs6107411","G","A",0.165223,4.40792134730111e-05,421986,{"v":18.6015427595694,"d":"18.602"},{"v":0.012641,"d":"0.013"},{"v":0.00221407,"d":"0.002"},{"v":1.1e-08,"d":"1.100E-08"},{"v":-0.8336,"d":"-0.834"},{"v":1.5476,"d":"1.548"},{"v":0.5902,"d":"0.590"}]
["FVC","SA_cuneus","rs6140000","G","T",0.497765,4.80103190874975e-05,421986,{"v":20.2605592057309,"d":"20.261"},{"v":-0.00979911,"d":"-0.010"},{"v":1.64577E-3,"d":"0.002"},{"v":2.6e-09,"d":"2.600E-09"},{"v":-1.0314,"d":"-1.031"},{"v":1.1486,"d":"1.149"},{"v":0.3692,"d":"0.369"}]
["FVC","SA_cuneus","rs61732778","A","G",0.071158,4.53939497968776e-05,421986,{"v":19.1563900952959,"d":"19.156"},{"v":0.0185311,"d":"0.019"},{"v":0.0031876,"d":"0.003"},{"v":6.1E-9,"d":"6.100E-09"},{"v":-0.8742,"d":"-0.874"},{"v":2.3021,"d":"2.302"},{"v":0.7041,"d":"0.704"}]
["FVC","SA_cuneus","rs61884008","A","G",0.055359,6.19804364366019e-05,421986,{"v":26.1563736727189,"d":"26.156"},{"v":0.0243436,"d":"0.024"},{"v":3.63066E-3,"d":"0.004"},{"v":2e-11,"d":"2.000E-11"},{"v":-0.7344,"d":"-0.734"},{"v":2.5651,"d":"2.565"},{"v":0.7747,"d":"0.775"}]
["FVC","SA_cuneus","rs62018872","A","G",0.120637,4.85026045935671e-05,421986,{"v":20.4683158634428,"d":"20.468"},{"v":-0.0151197,"d":"-0.015"},{"v":0.00253721,"d":"0.003"},{"v":2.5e-09,"d":"2.500E-09"},{"v":0.7665,"d":"0.767"},{"v":1.7998,"d":"1.800"},{"v":0.6702,"d":"0.670"}]
["FVC","SA_cuneus","rs62276616","A","G",0.042615,5.76894212543324e-05,421986,{"v":24.3454172116173,"d":"24.345"},{"v":-0.0265894,"d":"-0.027"},{"v":4.0951E-3,"d":"0.004"},{"v":8.4e-11,"d":"8.400E-11"},{"v":3.0955,"d":"3.096"},{"v":2.9592,"d":"2.959"},{"v":0.2955,"d":"0.296"}]
["FVC","SA_cuneus","rs644570","A","G",0.632228,5.14133799179517e-05,421986,{"v":21.6967392139931,"d":"21.697"},{"v":0.0105147,"d":"0.011"},{"v":0.00170914,"d":"0.002"},{"v":7.6e-10,"d":"7.600E-10"},{"v":1.4451,"d":"1.445"},{"v":1.1947,"d":"1.195"},{"v":0.2264,"d":"0.226"}]
["FVC","SA_cuneus","rs6462426","C","T",0.945001,4.55399828280401e-05,421986,{"v":19.2180193019767,"d":"19.218"},{"v":-0.0209309,"d":"-0.021"},{"v":3.60298E-3,"d":"0.004"},{"v":6.3e-09,"d":"6.300E-09"},{"v":-1.9336,"d":"-1.934"},{"v":2.4619,"d":"2.462"},{"v":0.4322,"d":"0.432"}]
["FVC","SA_cuneus","rs6487686","C","T",0.772904,1.03141223251922E-4,421986,{"v":43.5284355288256,"d":"43.528"},{"v":-0.0171409,"d":"-0.017"},{"v":0.00196297,"d":"0.002"},{"v":2.5e-18,"d":"2.500E-18"},-1.666,{"v":1.3551,"d":"1.355"},{"v":0.2189,"d":"0.219"}]
["FVC","SA_cuneus","rs6501431","T","C",0.784491,5.66176612404253E-5,421986,{"v":23.8930999323176,"d":"23.893"},{"v":0.01294,"d":"0.013"},{"v":0.00199944,"d":"0.002"},{"v":9.7e-11,"d":"9.700E-11"},{"v":-1.3549,"d":"-1.355"},{"v":1.3838,"d":"1.384"},{"v":0.3275,"d":"0.328"}]
["FVC","SA_cuneus","rs661857","C","T",0.482472,0.000109798209617901,421986,{"v":46.3381755361111,"d":"46.338"},{"v":0.0148279,"d":"0.015"},{"v":0.00164183,"d":"0.002"},{"v":1.7e-19,"d":"1.700E-19"},{"v":0.0981,"d":"0.098"},1.167,0.933]
["FVC","SA_cuneus","rs6658835","G","A",0.269388,1.42791581170128E-4,421986,{"v":60.2643678328666,"d":"60.264"},{"v":0.019046,"d":"0.019"},{"v":1.85345E-3,"d":"0.002"},{"v":9e-25,"d":"9.000E-25"},{"v":-0.7913,"d":"-0.791"},{"v":1.2891,"d":"1.289"},{"v":0.5393,"d":"0.539"}]
["FVC","SA_cuneus","rs6671370","A","G",0.287459,0.000125116546260296,421986,{"v":52.8037872845994,"d":"52.804"},{"v":0.0174763,"d":"0.017"},{"v":0.00181023,"d":"0.002"},{"v":4.7e-22,"d":"4.700E-22"},{"v":-1.6783,"d":"-1.678"},{"v":1.2513,"d":"1.251"},{"v":0.1798,"d":"0.180"}]
["FVC","SA_cuneus","rs668844","A","C",0.482052,4.45621047410429e-05,421986,{"v":18.8053332122725,"d":"18.805"},{"v":0.00944665,"d":"0.009"},{"v":1.64055E-3,"d":"0.002"},{"v":8.5E-9,"d":"8.500E-09"},{"v":-0.7629,"d":"-0.763"},{"v":1.18,"d":"1.180"},0.518]
["FVC","SA_cuneus","rs67232546","T","C",0.21257,4.86244793317992e-05,421986,{"v":20.5197500485121,"d":"20.520"},{"v":-0.0120519,"d":"-0.012"},{"v":0.0020216,"d":"0.002"},{"v":2.5e-09,"d":"2.500E-09"},-1.209,{"v":1.4403,"d":"1.440"},{"v":0.4013,"d":"0.401"}]
["FVC","SA_cuneus","rs67551338","T","C",0.06134,7.05189984710282e-05,421986,{"v":29.7599876953251,"d":"29.760"},{"v":0.0247464,"d":"0.025"},{"v":0.00345878,"d":"0.003"},{"v":8.4e-13,"d":"8.400E-13"},-0.558,{"v":2.3636,"d":"2.364"},{"v":0.8134,"d":"0.813"}]
["FVC","SA_cuneus","rs6762578","A","G",0.77845,0.000132137192897206,421986,{"v":55.7671501222077,"d":"55.767"},{"v":0.0195725,"d":"0.020"},{"v":0.00198462,"d":"0.002"},{"v":6.1e-23,"d":"6.100E-23"},{"v":1.8635,"d":"1.864"},{"v":1.4975,"d":"1.498"},{"v":0.2133,"d":"0.213"}]
["FVC","SA_cuneus","rs6803045","A","G",0.582831,5.28540720634528e-05,421986,{"v":22.3047516425747,"d":"22.305"},{"v":0.0104255,"d":"0.010"},{"v":0.00167546,"d":"0.002"},{"v":4.9e-10,"d":"4.900E-10"},{"v":-1.0631,"d":"-1.063"},{"v":1.1489,"d":"1.149"},{"v":0.3548,"d":"0.355"}]
["FVC","SA_cuneus","rs6849555","C","G",0.201305,5.95225828732291e-05,421986,{"v":25.119072763267,"d":"25.119"},{"v":0.0136053,"d":"0.014"},{"v":2.10903E-3,"d":"0.002"},{"v":1.1e-10,"d":"1.100E-10"},{"v":1.1532,"d":"1.153"},{"v":1.8298,"d":"1.830"},{"v":0.5286,"d":"0.529"}]
["FVC","SA_cuneus","rs6886191","G","A",0.559405,{"$f":"2*F1925*(1-F1925)*J1925*J1925","v":6.13211737942761e-05},421986,{"$f":"G1925/(1-G1925)*(H1925-2)","v":{"v":25.8781410803905,"d":"25.878"}},{"v":0.0111534,"d":"0.011"},{"v":1.65843E-3,"d":"0.002"},{"v":1.8e-11,"d":"1.800E-11"},{"v":-1.2391,"d":"-1.239"},{"v":1.1535,"d":"1.154"},{"v":0.2827,"d":"0.283"}]
["FVC","SA_cuneus","rs6902771","T","C",0.463035,9.61364438873099E-5,421986,{"v":40.5719415795277,"d":"40.572"},{"v":0.0139043,"d":"0.014"},{"v":0.00164169,"d":"0.002"},{"v":2.5e-17,"d":"2.500E-17"},{"v":0.3071,"d":"0.307"},{"v":1.1496,"d":"1.150"},{"v":0.7894,"d":"0.789"}]
["FVC","SA_cuneus","rs6906411","A","G",0.449499,4.49493692192693E-5,421986,{"v":18.9687672547471,"d":"18.969"},{"v":-0.00953023,"d":"-0.010"},{"v":1.65975E-3,"d":"0.002"},{"v":9.4e-09,"d":"9.400E-09"},{"v":1.3583,"d":"1.358"},{"v":1.1596,"d":"1.160"},{"v":0.2414,"d":"0.241"}]
["FVC","SA_cuneus","rs6919321","A","G",0.60753,5.65182520321187e-05,421986,{"v":23.8511460906076,"d":"23.851"},{"v":0.0108866,"d":"0.011"},{"v":1.68563E-3,"d":"0.002"},{"v":1.1e-10,"d":"1.100E-10"},{"v":-0.7181,"d":"-0.718"},{"v":1.1628,"d":"1.163"},{"v":0.5369,"d":"0.537"}]
["FVC","SA_cuneus","rs6937121","G","T",0.289184,0.000224015728667804,421986,{"v":94.5522344338483,"d":"94.552"},{"v":-0.0233431,"d":"-0.023"},{"v":1.80879E-3,"d":"0.002"},{"v":4.2e-38,"d":"4.200E-38"},{"v":-1.3662,"d":"-1.366"},{"v":1.2611,"d":"1.261"},{"v":0.2787,"d":"0.279"}]
["FVC","SA_cuneus","rs6965423","C","T",0.50901,5.87283036522269e-05,421986,{"v":24.7838600024372,"d":"24.784"},{"v":-0.0108395,"d":"-0.011"},{"v":1.64539E-3,"d":"0.002"},{"v":4.5E-11,"d":"4.500E-11"},{"v":1.4776,"d":"1.478"},{"v":1.14,"d":"1.140"},{"v":0.1949,"d":"0.195"}]
["FVC","SA_cuneus","rs6977081","T","G",0.333825,1.11883348591464E-4,421986,{"v":47.2182659097251,"d":"47.218"},{"v":0.0158604,"d":"0.016"},{"v":0.00175433,"d":"0.002"},{"v":1.6e-19,"d":"1.600E-19"},{"v":0.4283,"d":"0.428"},{"v":1.2047,"d":"1.205"},{"v":0.7222,"d":"0.722"}]
["FVC","SA_cuneus","rs698748","G","A",0.581469,4.26423821749827e-05,421986,{"v":17.9951703566595,"d":"17.995"},{"v":0.00936006,"d":"0.009"},{"v":0.00167978,"d":"0.002"},{"v":2.5e-08,"d":"2.500E-08"},{"v":-1.8808,"d":"-1.881"},{"v":1.3618,"d":"1.362"},{"v":0.1673,"d":"0.167"}]
["FVC","SA_cuneus","rs7027103","C","G",0.203801,8.86508239714635e-05,421986,{"v":37.4125459557999,"d":"37.413"},{"v":-0.0165277,"d":"-0.017"},{"v":2.04156E-3,"d":"0.002"},{"v":5.7e-16,"d":"5.700E-16"},{"v":0.2467,"d":"0.247"},{"v":1.4224,"d":"1.422"},{"v":0.8623,"d":"0.862"}]
["FVC","SA_cuneus","rs7029491","G","C",0.334337,8.05373568236104e-05,421986,{"v":33.988213302717,"d":"33.988"},{"v":0.0134513,"d":"0.013"},{"v":0.0017552,"d":"0.002"},{"v":1.8e-14,"d":"1.800E-14"},{"v":-0.9139,"d":"-0.914"},{"v":1.2926,"d":"1.293"},{"v":0.4796,"d":"0.480"}]
["FVC","SA_cuneus","rs7105777","T","C",0.631869,5.44736156740329e-05,421986,{"v":22.9882464894954,"d":"22.988"},{"v":-0.0108209,"d":"-0.011"},{"v":1.70784E-3,"d":"0.002"},{"v":2.4E-10,"d":"2.400E-10"},{"v":0.5736,"d":"0.574"},{"v":1.1999,"d":"1.200"},{"v":0.6326,"d":"0.633"}]
["FVC","SA_cuneus","rs7176647","G","C",0.599761,7.33606114066136E-5,421986,{"v":30.9592754351831,"d":"30.959"},{"v":-0.0123614,"d":"-0.012"},{"v":1.69264E-3,"d":"0.002"},{"v":2.8e-13,"d":"2.800E-13"},{"v":-1.7571,"d":"-1.757"},{"v":1.1915,"d":"1.192"},{"v":0.1403,"d":"0.140"}]
["FVC","SA_cuneus","rs723149","G","A",0.56266,1.00808207678773E-4,421986,{"v":42.5437394672429,"d":"42.544"},{"v":-0.014312,"d":"-0.014"},{"v":1.65522E-3,"d":"0.002"},{"v":5.3e-18,"d":"5.300E-18"},{"v":-1.6038,"d":"-1.604"},{"v":1.1968,"d":"1.197"},{"v":0.1802,"d":"0.180"}]
["FVC","SA_cuneus","rs723588","C","T",0.142475,9.20476745432426e-05,421986,{"v":38.8462215988187,"d":"38.846"},{"v":0.0194088,"d":"0.019"},{"v":0.00234291,"d":"0.002"},{"v":1.2E-16,"d":"1.200E-16"},{"v":-1.5315,"d":"-1.532"},{"v":1.5993,"d":"1.599"},{"v":0.3382,"d":"0.338"}]
["FVC","SA_cuneus","rs72643433","A","G",0.252489,0.000148056194374593,421986,{"v":62.4865966546683,"d":"62.487"},{"v":-0.0198047,"d":"-0.020"},{"v":1.89404E-3,"d":"0.002"},{"v":1.4e-25,"d":"1.400E-25"},{"v":1.9909,"d":"1.991"},{"v":1.3091,"d":"1.309"},{"v":0.1283,"d":"0.128"}]
["FVC","SA_cuneus","rs72656010","C","T",0.132118,0.00021908575780461,421986,{"v":92.4709434881494,"d":"92.471"},{"v":-0.0309087,"d":"-0.031"},{"v":0.00243307,"d":"0.002"},{"v":5.6e-37,"d":"5.600E-37"},{"v":0.1839,"d":"0.184"},{"v":1.7184,"d":"1.718"},{"v":0.9148,"d":"0.915"}]
["FVC","SA_cuneus","rs72665944","A","G",0.07632,6.84337196213313e-05,421986,{"v":28.8799111004268,"d":"28.880"},{"v":-0.0220313,"d":"-0.022"},{"v":0.00313425,"d":"0.003"},{"v":2.1e-12,"d":"2.100E-12"},{"v":2.8966,"d":"2.897"},2.373,{"v":0.2222,"d":"0.222"}]
["FVC","SA_cuneus","rs72673891","G","A",0.067566,0.000133496624932514,421986,{"v":56.3409611036748,"d":"56.341"},{"v":0.0325497,"d":"0.033"},{"v":0.00328044,"d":"0.003"},{"v":3.3e-23,"d":"3.300E-23"},{"v":2.0731,"d":"2.073"},{"v":2.4096,"d":"2.410"},{"v":0.3896,"d":"0.390"}]
["FVC","SA_cuneus","rs72904209","C","T",0.13427,5.22341047259158E-5,421986,{"v":22.0431078506648,"d":"22.043"},{"v":-0.0149893,"d":"-0.015"},{"v":0.00240925,"d":"0.002"},{"v":4.9e-10,"d":"4.900E-10"},{"v":2.6478,"d":"2.648"},{"v":1.7156,"d":"1.716"},{"v":0.1227,"d":"0.123"}]
["FVC","SA_cuneus","rs72976986","A","G",0.190197,7.62541928442309e-05,421986,{"v":32.1805032114777,"d":"32.181"},{"v":0.0157335,"d":"0.016"},{"v":2.11371E-3,"d":"0.002"},{"v":9.8e-14,"d":"9.800E-14"},{"v":-0.6934,"d":"-0.693"},{"v":1.6392,"d":"1.639"},{"v":0.6723,"d":"0.672"}]
["FVC","SA_cuneus","rs73125628","T","C",0.27862,4.67726131185683e-05,421986,{"v":19.7382175822406,"d":"19.738"},{"v":-0.0107868,"d":"-0.011"},{"v":0.00183637,"d":"0.002"},{"v":4.3e-09,"d":"4.300E-09"},{"v":-0.9534,"d":"-0.953"},{"v":1.3059,"d":"1.306"},{"v":0.4654,"d":"0.465"}]
["FVC","SA_cuneus","rs735830","A","G",0.208865,8.73933030413467e-05,421986,{"v":36.88179881282,"d":"36.882"},{"v":-0.0162617,"d":"-0.016"},{"v":2.02148E-3,"d":"0.002"},{"v":8.7e-16,"d":"8.700E-16"},{"v":1.6558,"d":"1.656"},{"v":1.4335,"d":"1.434"},{"v":0.2481,"d":"0.248"}]
["FVC","SA_cuneus","rs7359156","G","A",0.209384,6.226472042639e-05,421986,{"v":26.276351874113,"d":"26.276"},{"v":-0.0137136,"d":"-0.014"},{"v":2.02651E-3,"d":"0.002"},{"v":1.3E-11,"d":"1.300E-11"},{"v":0.8591,"d":"0.859"},{"v":1.4215,"d":"1.422"},{"v":0.5456,"d":"0.546"}]
["FVC","SA_cuneus","rs73923824","A","C",0.187487,4.35755617595365E-5,421986,{"v":18.3889911641564,"d":"18.389"},{"v":0.0119593,"d":"0.012"},{"v":0.00213172,"d":"0.002"},{"v":2E-8,"d":"2.000E-08"},-0.007,{"v":1.5883,"d":"1.588"},{"v":0.9965,"d":"0.997"}]
["FVC","SA_cuneus","rs74483355","T","C",0.112455,7.62296333510282e-05,421986,{"v":32.1701379178186,"d":"32.170"},{"v":-0.0195417,"d":"-0.020"},{"v":0.00260367,"d":"0.003"},{"v":6.1e-14,"d":"6.100E-14"},{"v":-1.5972,"d":"-1.597"},{"v":1.8587,"d":"1.859"},{"v":0.3902,"d":"0.390"}]
["FVC","SA_cuneus","rs74767794","G","A",0.316352,5.88798117763144e-05,421986,{"v":24.8478015264932,"d":"24.848"},{"v":0.0116672,"d":"0.012"},{"v":1.77224E-3,"d":"0.002"},{"v":4.6e-11,"d":"4.600E-11"},{"v":2.2229,"d":"2.223"},{"v":1.2525,"d":"1.253"},{"v":0.07593,"d":"0.076"}]
["FVC","SA_cuneus","rs75201573","C","T",0.228688,9.06302057649333e-05,421986,{"v":38.2479631702818,"d":"38.248"},{"v":0.0160282,"d":"0.016"},{"v":0.00196373,"d":"0.002"},{"v":3.3e-16,"d":"3.300E-16"},{"v":-0.1229,"d":"-0.123"},{"v":1.45,"d":"1.450"},{"v":0.9325,"d":"0.933"}]
["FVC","SA_cuneus","rs7535275","G","A",0.130968,4.20369815446355e-05,421986,{"v":17.7396793427046,"d":"17.740"},{"v":0.0135894,"d":"0.014"},{"v":0.00243438,"d":"0.002"},{"v":2.4E-8,"d":"2.400E-08"},{"v":0.0169,"d":"0.017"},1.833,{"v":0.9926,"d":"0.993"}]
["FVC","SA_cuneus","rs75421844","C","T",0.083714,1.12955137403472E-4,421986,{"v":47.6706453463618,"d":"47.671"},{"v":0.0271346,"d":"0.027"},{"v":0.00297229,"d":"0.003"},{"v":6.9e-20,"d":"6.900E-20"},{"v":1.6774,"d":"1.677"},{"v":2.1015,"d":"2.102"},{"v":0.4248,"d":"0.425"}]
["FVC","SA_cuneus","rs7562385","T","C",0.895666,8.01368217716201e-05,421986,{"v":33.8191667590144,"d":"33.819"},{"v":0.0207069,"d":"0.021"},{"v":0.00267966,"d":"0.003"},{"v":1.1E-14,"d":"1.100E-14"},{"v":1.5109,"d":"1.511"},{"v":1.8553,"d":"1.855"},{"v":0.4154,"d":"0.415"}]
["FVC","SA_cuneus","rs76084836","T","C",0.018081,4.09846726246564e-05,421986,{"v":17.2955849467299,"d":"17.296"},{"v":-0.033974,"d":"-0.034"},{"v":0.00617832,"d":"0.006"},{"v":3.8e-08,"d":"3.800E-08"},{"v":2.0412,"d":"2.041"},{"v":4.0934,"d":"4.093"},0.618]
["FVC","SA_cuneus","rs76219171","A","G",0.06075,4.25319300147614E-5,421986,{"v":17.9485573421338,"d":"17.949"},{"v":-0.0193054,"d":"-0.019"},{"v":0.00348454,"d":"0.003"},{"v":3e-08,"d":"3.000E-08"},{"v":0.9713,"d":"0.971"},{"v":2.5349,"d":"2.535"},{"v":0.7016,"d":"0.702"}]
["FVC","SA_cuneus","rs7632","C","T",0.512981,5.4113204167767e-05,421986,{"v":22.83614208435,"d":"22.836"},{"v":-0.0104067,"d":"-0.010"},{"v":1.6401E-3,"d":"0.002"},{"v":2.2e-10,"d":"2.200E-10"},{"v":0.7691,"d":"0.769"},{"v":1.1493,"d":"1.149"},{"v":0.5034,"d":"0.503"}]
["FVC","SA_cuneus","rs7638143","A","G",0.582086,9.48743100324213e-05,421986,{"v":40.0392395399469,"d":"40.039"},{"v":-0.0139644,"d":"-0.014"},{"v":0.00166448,"d":"0.002"},{"v":4.9e-17,"d":"4.900E-17"},{"v":-0.2894,"d":"-0.289"},{"v":1.1606,"d":"1.161"},{"v":0.8031,"d":"0.803"}]
["FVC","SA_cuneus","rs76563195","G","C",0.242852,7.42387384341555e-05,421986,{"v":31.3298856905876,"d":"31.330"},{"v":-0.0142082,"d":"-0.014"},{"v":0.00192116,"d":"0.002"},{"v":1.4e-13,"d":"1.400E-13"},{"v":0.4344,"d":"0.434"},{"v":1.3799,"d":"1.380"},{"v":0.7529,"d":"0.753"}]
["FVC","SA_cuneus","rs76660472","C","G",0.078285,4.38444807224659e-05,421986,{"v":18.5024805848424,"d":"18.502"},{"v":-0.0174303,"d":"-0.017"},{"v":3.06179E-3,"d":"0.003"},{"v":1.2E-8,"d":"1.200E-08"},{"v":1.6459,"d":"1.646"},{"v":2.5606,"d":"2.561"},{"v":0.5204,"d":"0.520"}]
["FVC","SA_cuneus","rs76785101","T","C",0.059317,5.46511867782918e-05,421986,{"v":23.0631868319819,"d":"23.063"},{"v":-0.0221296,"d":"-0.022"},{"v":0.00349654,"d":"0.003"},{"v":2.5e-10,"d":"2.500E-10"},{"v":0.4945,"d":"0.495"},{"v":2.7046,"d":"2.705"},{"v":0.8549,"d":"0.855"}]
["FVC","SA_cuneus","rs77328429","A","G",0.114012,7.18203724361584e-05,421986,{"v":30.3092248619177,"d":"30.309"},{"v":0.0188547,"d":"0.019"},{"v":2.57478E-3,"d":"0.003"},{"v":2.4e-13,"d":"2.400E-13"},{"v":1.7188,"d":"1.719"},{"v":1.8679,"d":"1.868"},{"v":0.3575,"d":"0.358"}]
["FVC","SA_cuneus","rs7815955","T","A",0.203201,0.000185082637412545,421986,{"v":78.1163696496151,"d":"78.116"},{"v":-0.0239073,"d":"-0.024"},{"v":0.00204165,"d":"0.002"},{"v":1.1E-31,"d":"1.100E-31"},{"v":-0.8667,"d":"-0.867"},{"v":1.4303,"d":"1.430"},{"v":0.5445,"d":"0.545"}]
["FVC","SA_cuneus","rs78378222","G","T",0.01219,8.67015760390024e-05,421986,{"v":36.5898502609271,"d":"36.590"},{"v":0.0600012,"d":"0.060"},{"v":0.00764883,"d":"0.008"},{"v":4.3e-15,"d":"4.300E-15"},{"v":-4.1094,"d":"-4.109"},{"v":5.2755,"d":"5.276"},0.436]
["FVC","SA_cuneus","rs784808","C","T",0.556276,4.96315619241602e-05,421986,{"v":20.9447645483835,"d":"20.945"},{"v":0.0100268,"d":"0.010"},{"v":0.00165571,"d":"0.002"},{"v":1.4e-09,"d":"1.400E-09"},{"v":-1.0981,"d":"-1.098"},{"v":1.1487,"d":"1.149"},{"v":0.3391,"d":"0.339"}]
["FVC","SA_cuneus","rs7852321","C","T",0.282452,4.30265125876653e-05,421986,{"v":18.1572811322785,"d":"18.157"},{"v":0.0103028,"d":"0.010"},{"v":0.00182407,"d":"0.002"},{"v":1.6e-08,"d":"1.600E-08"},{"v":1.1825,"d":"1.183"},{"v":1.2788,"d":"1.279"},{"v":0.3551,"d":"0.355"}]
["FVC","SA_cuneus","rs7854962","G","C",0.212959,0.000107130376641358,421986,{"v":45.2121484511193,"d":"45.212"},{"v":-0.017877,"d":"-0.018"},{"v":0.00202336,"d":"0.002"},{"v":1e-18,"d":"1.000E-18"},1.448,1.447,0.317]
["FVC","SA_cuneus","rs78579285","T","C",0.181123,6.4453529126848e-05,421986,{"v":27.2001111782219,"d":"27.200"},{"v":-0.0147405,"d":"-0.015"},{"v":2.13123E-3,"d":"0.002"},{"v":4.6e-12,"d":"4.600E-12"},{"v":3.0242,"d":"3.024"},{"v":1.6188,"d":"1.619"},{"v":0.06174,"d":"0.062"}]
["FVC","SA_cuneus","rs7916879","A","G",0.369335,5.50397326342143e-05,421986,{"v":23.2271649528651,"d":"23.227"},{"v":-0.0108696,"d":"-0.011"},{"v":0.00170511,"d":"0.002"},{"v":1.8E-10,"d":"1.800E-10"},-0.172,{"v":1.1937,"d":"1.194"},{"v":0.8854,"d":"0.885"}]
["FVC","SA_cuneus","rs7956181","C","T",0.096091,5.09982113445097e-05,421986,{"v":21.5215267753725,"d":"21.522"},{"v":0.017134,"d":"0.017"},{"v":0.00278289,"d":"0.003"},{"v":7.4e-10,"d":"7.400E-10"},{"v":-1.2304,"d":"-1.230"},{"v":1.9189,"d":"1.919"},{"v":0.5214,"d":"0.521"}]
["FVC","SA_cuneus","rs7968682","T","G",0.517742,3.03039861974058E-4,421986,{"v":127.916736985581,"d":"127.917"},{"v":-0.0246342,"d":"-0.025"},{"v":0.00164702,"d":"0.002"},{"v":1.4e-50,"d":"1.400E-50"},{"v":1.1485,"d":"1.149"},{"v":1.1519,"d":"1.152"},{"v":0.3188,"d":"0.319"}]
["FVC","SA_cuneus","rs7980065","G","T",0.43574,5.54419493567618e-05,421986,{"v":23.3969127278143,"d":"23.397"},{"v":-0.0106182,"d":"-0.011"},{"v":0.00165768,"d":"0.002"},{"v":1.5E-10,"d":"1.500E-10"},{"v":0.7824,"d":"0.782"},{"v":1.1664,"d":"1.166"},{"v":0.5023,"d":"0.502"}]
["FVC","SA_cuneus","rs798551","T","A",0.288946,1.15599305409715E-4,421986,{"v":48.7866970023,"d":"48.787"},{"v":-0.0167727,"d":"-0.017"},{"v":1.82292E-3,"d":"0.002"},{"v":3.5E-20,"d":"3.500E-20"},{"v":1.1555,"d":"1.156"},{"v":1.3007,"d":"1.301"},{"v":0.3744,"d":"0.374"}]
["FVC","SA_cuneus","rs8001781","G","A",0.661562,6.29580521693592e-05,421986,{"v":26.5689634168198,"d":"26.569"},{"v":-0.0118573,"d":"-0.012"},{"v":0.00173947,"d":"0.002"},{"v":9.3e-12,"d":"9.300E-12"},{"v":0.8206,"d":"0.821"},{"v":1.2045,"d":"1.205"},{"v":0.4957,"d":"0.496"}]
["FVC","SA_cuneus","rs8033776","G","A",0.4683,5.94227014072185e-05,421986,{"v":25.0769193689156,"d":"25.077"},{"v":0.0109236,"d":"0.011"},{"v":0.00164896,"d":"0.002"},{"v":3.5e-11,"d":"3.500E-11"},{"v":-0.7075,"d":"-0.708"},{"v":1.1605,"d":"1.161"},{"v":0.5421,"d":"0.542"}]
["FVC","SA_cuneus","rs803765","A","C",0.346274,8.21205506694664e-05,421986,{"v":34.6564044567223,"d":"34.656"},{"v":-0.013468,"d":"-0.013"},{"v":0.00172756,"d":"0.002"},{"v":6.4e-15,"d":"6.400E-15"},{"v":-0.1849,"d":"-0.185"},{"v":1.2,"d":"1.200"},{"v":0.8775,"d":"0.878"}]
["FVC","SA_cuneus","rs8064926","G","A",0.208126,4.77122952933865e-05,421986,{"v":20.1347858939346,"d":"20.135"},{"v":-0.0120312,"d":"-0.012"},{"v":2.02461E-3,"d":"0.002"},{"v":2.8e-09,"d":"2.800E-09"},{"v":-2.0026,"d":"-2.003"},{"v":1.8126,"d":"1.813"},{"v":0.2693,"d":"0.269"}]
["FVC","SA_cuneus","rs8107719","C","T",0.664833,7.58586602607119e-05,421986,{"v":32.0135693979409,"d":"32.014"},{"v":-0.0130467,"d":"-0.013"},{"v":1.74248E-3,"d":"0.002"},{"v":7e-14,"d":"7.000E-14"},{"v":-0.3415,"d":"-0.342"},{"v":1.2422,"d":"1.242"},{"v":0.7834,"d":"0.783"}]
["FVC","SA_cuneus","rs876531","T","C",0.455993,0.00016778615350299,421986,{"v":70.8149539685426,"d":"70.815"},{"v":-0.01839,"d":"-0.018"},{"v":1.65098E-3,"d":"0.002"},{"v":8.1e-29,"d":"8.100E-29"},{"v":1.9254,"d":"1.925"},{"v":1.2071,"d":"1.207"},{"v":0.1107,"d":"0.111"}]
["FVC","SA_cuneus","rs879098","G","A",0.39884,4.84147877011915e-05,421986,{"v":20.4312549481704,"d":"20.431"},{"v":-0.010048,"d":"-0.010"},{"v":0.00167973,"d":"0.002"},{"v":2.2e-09,"d":"2.200E-09"},{"v":-0.8355,"d":"-0.836"},{"v":1.2079,"d":"1.208"},{"v":0.4891,"d":"0.489"}]
["FVC","SA_cuneus","rs880610","A","G",0.166836,6.48118450622442e-05,421986,{"v":27.3513343171881,"d":"27.351"},{"v":-0.0152687,"d":"-0.015"},{"v":0.00220268,"d":"0.002"},{"v":4.2e-12,"d":"4.200E-12"},{"v":-1.6554,"d":"-1.655"},{"v":1.5869,"d":"1.587"},{"v":0.2969,"d":"0.297"}]
["FVC","SA_cuneus","rs889312","A","C",0.715882,4.72154158687289E-5,421986,{"v":19.9250908213991,"d":"19.925"},{"v":0.0107735,"d":"0.011"},{"v":1.82098E-3,"d":"0.002"},{"v":3.3e-09,"d":"3.300E-09"},{"v":0.1369,"d":"0.137"},{"v":1.2665,"d":"1.267"},{"v":0.9139,"d":"0.914"}]
["FVC","SA_cuneus","rs9379084","A","G",0.115664,0.000129470287613295,421986,{"v":54.6414642943066,"d":"54.641"},{"v":-0.0251572,"d":"-0.025"},{"v":0.00264155,"d":"0.003"},{"v":1.7E-21,"d":"1.700E-21"},{"v":-2.1706,"d":"-2.171"},{"v":2.0101,"d":"2.010"},{"v":0.2802,"d":"0.280"}]
["FVC","SA_cuneus","rs9391253","T","A",0.32,6.0449439875072e-05,421986,{"v":25.5102385158717,"d":"25.510"},{"v":0.0117856,"d":"0.012"},{"v":1.75829E-3,"d":"0.002"},{"v":2e-11,"d":"2.000E-11"},{"v":-0.3668,"d":"-0.367"},1.245,{"v":0.7683,"d":"0.768"}]
["FVC","SA_cuneus","rs9398932","A","G",0.14842,1.1392182933213E-4,421986,{"v":48.0786664385222,"d":"48.079"},{"v":-0.021229,"d":"-0.021"},{"v":0.00234405,"d":"0.002"},{"v":1.3e-19,"d":"1.300E-19"},{"v":1.4411,"d":"1.441"},{"v":1.7093,"d":"1.709"},{"v":0.3992,"d":"0.399"}]
["FVC","SA_cuneus","rs9435731","A","C",0.519025,0.000279641425275139,421986,{"v":118.037215298426,"d":"118.037"},{"v":0.0236663,"d":"0.024"},{"v":0.0016398,"d":"0.002"},{"v":3.2e-47,"d":"3.200E-47"},{"v":-0.6032,"d":"-0.603"},{"v":1.1582,"d":"1.158"},{"v":0.6025,"d":"0.603"}]
["FVC","SA_cuneus","rs9442580","T","C",0.12853,4.44591308513243e-05,421986,{"v":18.7618760098657,"d":"18.762"},{"v":0.0140876,"d":"0.014"},{"v":2.44925E-3,"d":"0.002"},{"v":8.8e-09,"d":"8.800E-09"},{"v":1.9397,"d":"1.940"},{"v":1.7701,"d":"1.770"},{"v":0.2732,"d":"0.273"}]
["FVC","SA_cuneus","rs9480936","T","G",0.408304,1.03662454297679E-4,421986,{"v":43.7484321842036,"d":"43.748"},{"v":-0.0146472,"d":"-0.015"},{"v":0.00167142,"d":"0.002"},{"v":1.9e-18,"d":"1.900E-18"},{"v":-0.7535,"d":"-0.754"},1.169,{"v":0.5192,"d":"0.519"}]
["FVC","SA_cuneus","rs9483032","A","G",0.719323,{"$f":"2*F1989*(1-F1989)*J1989*J1989","v":7.07554001577734e-05},421986,{"$f":"G1989/(1-G1989)*(H1989-2)","v":{"v":29.8597595194113,"d":"29.860"}},{"v":0.0132373,"d":"0.013"},{"v":0.00182813,"d":"0.002"},{"v":4.5E-13,"d":"4.500E-13"},{"v":1.0546,"d":"1.055"},{"v":1.2777,"d":"1.278"},{"v":0.4091,"d":"0.409"}]
["FVC","SA_cuneus","rs9701805","C","G",0.089685,5.95486339721067e-05,421986,{"v":25.13006721926,"d":"25.130"},{"v":0.019097,"d":"0.019"},{"v":0.00286501,"d":"0.003"},{"v":2.6e-11,"d":"2.600E-11"},{"v":-3.5032,"d":"-3.503"},{"v":1.9616,"d":"1.962"},{"v":0.07411,"d":"0.074"}]
["FVC","SA_cuneus","rs9745989","C","T",0.62791,5.40942994332712e-05,421986,{"v":22.8281637255736,"d":"22.828"},{"v":0.0107594,"d":"0.011"},{"v":0.00174129,"d":"0.002"},{"v":6.5e-10,"d":"6.500E-10"},{"v":-1.5876,"d":"-1.588"},{"v":1.3209,"d":"1.321"},{"v":0.2294,"d":"0.229"}]
["FVC","SA_cuneus","rs985296","A","G",0.385446,5.76959713698934e-05,421986,{"v":24.3481815745401,"d":"24.348"},{"v":-0.0110356,"d":"-0.011"},{"v":0.00168371,"d":"0.002"},{"v":5.6E-11,"d":"5.600E-11"},{"v":1.7557,"d":"1.756"},{"v":1.1805,"d":"1.181"},0.137]
["FVC","SA_cuneus","rs9886260","A","G",0.722783,8.92230221998129e-05,421986,{"v":37.6540474078736,"d":"37.654"},{"v":-0.0149214,"d":"-0.015"},{"v":0.00183802,"d":"0.002"},{"v":4.7e-16,"d":"4.700E-16"},{"v":-1.3744,"d":"-1.374"},{"v":1.2934,"d":"1.293"},0.288]
["FVC","SA_cuneus","rs9988963","G","C",0.737251,7.08865325024603e-05,421986,{"v":29.9151031094471,"d":"29.915"},{"v":0.0135266,"d":"0.014"},{"v":1.86634E-3,"d":"0.002"},{"v":4.2e-13,"d":"4.200E-13"},{"v":-0.4265,"d":"-0.427"},{"v":1.3021,"d":"1.302"},{"v":0.7432,"d":"0.743"}]
["FVC","SA_lateral occipital","rs10141786","G","A",0.596493,8.86185198408396e-05,421986,{"v":37.3989117127165,"d":"37.399"},{"v":-0.0135681,"d":"-0.014"},{"v":0.00168175,"d":"0.002"},{"v":7.1994612744084e-16,"d":"7.199E-16"},{"v":6.8718,"d":"6.872"},{"v":3.2265,"d":"3.227"},{"v":0.03319,"d":"0.033"}]
["FVC","SA_lateral occipital","rs10202701","T","C",0.541923,6.667921776679e-05,421986,{"v":28.1394393459051,"d":"28.139"},{"v":0.0115889,"d":"0.012"},{"v":1.65011E-3,"d":"0.002"},{"v":2.19988510904925e-12,"d":"2.200E-12"},{"v":4.0477,"d":"4.048"},{"v":2.9344,"d":"2.934"},{"v":0.1678,"d":"0.168"}]
["FVC","SA_lateral occipital","rs1044299","T","C",0.545769,4.25547800829423E-5,421986,{"v":17.9582005257944,"d":"17.958"},{"v":0.00926438,"d":"0.009"},{"v":0.00165027,"d":"0.002"},{"v":2.0000000199681E-8,"d":"2.000E-08"},{"v":3.6424,"d":"3.642"},{"v":2.8967,"d":"2.897"},{"v":0.2086,"d":"0.209"}]
["FVC","SA_lateral occipital","rs1054661","C","T",0.342598,4.654458375562e-05,421986,{"v":19.6419838594944,"d":"19.642"},{"v":0.0101651,"d":"0.010"},{"v":0.00172786,"d":"0.002"},{"v":4.00000007987242e-09,"d":"4.000E-09"},{"v":0.6263,"d":"0.626"},{"v":3.0193,"d":"3.019"},{"v":0.8357,"d":"0.836"}]
["FVC","SA_lateral occipital","rs10769125","A","G",0.759887,4.32262746894772e-05,421986,{"v":18.2415848143203,"d":"18.242"},{"v":-0.0108837,"d":"-0.011"},{"v":0.00191996,"d":"0.002"},{"v":1.40000633223953E-8,"d":"1.400E-08"},{"v":2.3544,"d":"2.354"},{"v":3.2876,"d":"3.288"},{"v":0.4739,"d":"0.474"}]
["FVC","SA_lateral occipital","rs10789246","C","T",0.301089,6.41161014124232e-05,421986,{"v":27.0577037728991,"d":"27.058"},{"v":-0.0123427,"d":"-0.012"},{"v":1.78506E-3,"d":"0.002"},{"v":4.70002318179801e-12,"d":"4.700E-12"},{"v":-2.5804,"d":"-2.580"},{"v":3.1121,"d":"3.112"},0.407]
["FVC","SA_lateral occipital","rs10797116","C","T",0.542079,7.33138132091918e-05,421986,{"v":30.9395244477837,"d":"30.940"},{"v":-0.0121521,"d":"-0.012"},{"v":0.00165228,"d":"0.002"},{"v":1.90020300257723e-13,"d":"1.900E-13"},{"v":-0.6553,"d":"-0.655"},{"v":2.8749,"d":"2.875"},{"v":0.8197,"d":"0.820"}]
["FVC","SA_lateral occipital","rs10853628","C","T",0.384831,8.50433178523641e-05,421986,{"v":35.8899716428781,"d":"35.890"},{"v":-0.0134021,"d":"-0.013"},{"v":0.00168952,"d":"0.002"},{"v":2.09990670376243e-15,"d":"2.100E-15"},{"v":2.2393,"d":"2.239"},{"v":2.9369,"d":"2.937"},{"v":0.4458,"d":"0.446"}]
["FVC","SA_lateral occipital","rs10874340","T","G",0.493361,5.30984854106691e-05,421986,{"v":22.4079010931451,"d":"22.408"},{"v":0.0103061,"d":"0.010"},{"v":0.00163772,"d":"0.002"},{"v":3.09998790941119e-10,"d":"3.100E-10"},{"v":-1.4038,"d":"-1.404"},{"v":2.8561,"d":"2.856"},{"v":0.6231,"d":"0.623"}]
["FVC","SA_lateral occipital","rs10892061","T","C",0.655603,4.74621582036346e-05,421986,{"v":20.0292219975057,"d":"20.029"},{"v":0.010252,"d":"0.010"},{"v":1.72686E-3,"d":"0.002"},{"v":2.90001336905407e-09,"d":"2.900E-09"},{"v":1.7846,"d":"1.785"},{"v":2.9929,"d":"2.993"},0.551]
["FVC","SA_lateral occipital","rs10916137","A","G",0.170792,7.3699990478116e-05,421986,{"v":31.1025090365371,"d":"31.103"},{"v":-0.0161307,"d":"-0.016"},{"v":0.00218459,"d":"0.002"},{"v":1.50003019045595e-13,"d":"1.500E-13"},{"v":-3.1808,"d":"-3.181"},{"v":3.8351,"d":"3.835"},{"v":0.4069,"d":"0.407"}]
["FVC","SA_lateral occipital","rs11000765","C","G",0.720336,5.08693352915136e-05,421986,{"v":21.4671376026745,"d":"21.467"},{"v":-0.0112364,"d":"-0.011"},{"v":0.00182542,"d":"0.002"},{"v":7.49997818203001e-10,"d":"7.500E-10"},{"v":-1.9988,"d":"-1.999"},{"v":3.1907,"d":"3.191"},0.531]
["FVC","SA_lateral occipital","rs11060406","T","C",0.036679,5.28131968728098E-5,421986,{"v":22.2875011433615,"d":"22.288"},{"v":-0.0273377,"d":"-0.027"},{"v":4.43481E-3,"d":"0.004"},{"v":7.1000269957767e-10,"d":"7.100E-10"},{"v":5.6259,"d":"5.626"},{"v":8.4063,"d":"8.406"},{"v":0.5033,"d":"0.503"}]
["FVC","SA_lateral occipital","rs11079810","T","C",0.103307,6.24999942060563e-05,421986,{"v":26.3756460327727,"d":"26.376"},{"v":0.018367,"d":"0.018"},{"v":0.00271137,"d":"0.003"},{"v":1.2998702373886e-11,"d":"1.300E-11"},{"v":-3.1239,"d":"-3.124"},{"v":4.5364,"d":"4.536"},{"v":0.4911,"d":"0.491"}]
["FVC","SA_lateral occipital","rs11107119","A","T",0.219982,1.88046487908797E-4,421986,{"v":79.367533939717,"d":"79.368"},{"v":0.0234084,"d":"0.023"},{"v":0.00198228,"d":"0.002"},{"v":3.50025754158434e-32,"d":"3.500E-32"},{"v":-6.5032,"d":"-6.503"},{"v":3.4357,"d":"3.436"},{"v":0.05838,"d":"0.058"}]
["FVC","SA_lateral occipital","rs11111178","T","C",0.176659,7.14933886182005e-05,421986,{"v":30.1712231456442,"d":"30.171"},{"v":0.0156769,"d":"0.016"},{"v":2.15168E-3,"d":"0.002"},{"v":3.19963176731835e-13,"d":"3.200E-13"},{"v":-4.7162,"d":"-4.716"},{"v":3.8209,"d":"3.821"},{"v":0.2171,"d":"0.217"}]
["FVC","SA_lateral occipital","rs11122148","A","C",0.157016,4.03842056899531e-05,421986,{"v":17.042176888646,"d":"17.042"},{"v":0.0123512,"d":"0.012"},{"v":0.0022522,"d":"0.002"},{"v":4.20000686246631e-08,"d":"4.200E-08"},{"v":6.9702,"d":"6.970"},3.931,{"v":0.0762,"d":"0.076"}]
["FVC","SA_lateral occipital","rs111365325","T","C",0.231244,1.22614225271077E-4,421986,{"v":51.7475862269852,"d":"51.748"},{"v":-0.0185706,"d":"-0.019"},{"v":0.00194997,"d":"0.002"},{"v":1.69980851320349e-21,"d":"1.700E-21"},{"v":2.9529,"d":"2.953"},{"v":3.4474,"d":"3.447"},{"v":0.3917,"d":"0.392"}]
["FVC","SA_lateral occipital","rs11164653","C","T",0.59054,6.29430655760463e-05,421986,{"v":26.5626385179404,"d":"26.563"},{"v":-0.0114085,"d":"-0.011"},{"v":1.67402E-3,"d":"0.002"},{"v":9.39939714766782e-12,"d":"9.399E-12"},4.408,{"v":2.9093,"d":"2.909"},{"v":0.1297,"d":"0.130"}]
["FVC","SA_lateral occipital","rs11259936","C","A",0.52286,1.49406438029921E-4,421986,{"v":63.0565473997598,"d":"63.057"},{"v":0.0173043,"d":"0.017"},{"v":0.00164414,"d":"0.002"},{"v":6.59933234263567e-26,"d":"6.599E-26"},{"v":1.7234,"d":"1.723"},{"v":2.8572,"d":"2.857"},{"v":0.5464,"d":"0.546"}]
["FVC","SA_lateral occipital","rs11545700","A","C",0.124616,4.56605730783884e-05,421986,{"v":19.268911099434,"d":"19.269"},{"v":-0.0144667,"d":"-0.014"},{"v":0.00249861,"d":"0.002"},{"v":7.00003159130898e-09,"d":"7.000E-09"},{"v":4.8351,"d":"4.835"},{"v":4.4309,"d":"4.431"},{"v":0.2752,"d":"0.275"}]
["FVC","SA_lateral occipital","rs11575234","G","C",0.067886,4.80485257189383e-05,421986,{"v":20.2766833417215,"d":"20.277"},{"v":0.019485,"d":"0.019"},{"v":0.00325807,"d":"0.003"},{"v":2.19998641983517e-09,"d":"2.200E-09"},{"v":1.9549,"d":"1.955"},{"v":5.6833,"d":"5.683"},{"v":0.7309,"d":"0.731"}]
["FVC","SA_lateral occipital","rs11588312","T","C",0.071357,8.80233985085485e-05,421986,{"v":37.1477356661716,"d":"37.148"},{"v":-0.0257716,"d":"-0.026"},{"v":0.00318955,"d":"0.003"},{"v":6.49980009683026e-16,"d":"6.500E-16"},{"v":-9.1048,"d":"-9.105"},{"v":5.9164,"d":"5.916"},{"v":0.1238,"d":"0.124"}]
["FVC","SA_lateral occipital","rs11608103","A","G",0.131252,4.22030496869096e-05,421986,{"v":17.8097633454082,"d":"17.810"},{"v":0.0136037,"d":"0.014"},{"v":0.00243411,"d":"0.002"},{"v":2.3000114603619e-08,"d":"2.300E-08"},{"v":4.3321,"d":"4.332"},{"v":4.2126,"d":"4.213"},{"v":0.3038,"d":"0.304"}]
["FVC","SA_lateral occipital","rs11621587","C","G",0.183978,0.000135729204028457,421986,{"v":57.2833274531838,"d":"57.283"},{"v":0.0212612,"d":"0.021"},{"v":2.11823E-3,"d":"0.002"},{"v":1e-23,"d":"1.000E-23"},{"v":-5.7237,"d":"-5.724"},{"v":3.7376,"d":"3.738"},{"v":0.1257,"d":"0.126"}]
["FVC","SA_lateral occipital","rs11637681","G","A",0.276249,5.27147653220468e-05,421986,{"v":22.245960220231,"d":"22.246"},{"v":-0.0114817,"d":"-0.011"},{"v":1.85184E-3,"d":"0.002"},{"v":5.60002544078e-10,"d":"5.600E-10"},{"v":2.8907,"d":"2.891"},{"v":3.2326,"d":"3.233"},{"v":0.3712,"d":"0.371"}]
["FVC","SA_lateral occipital","rs11645649","G","C",0.593954,5.52835973782282e-05,421986,{"v":23.3300833269877,"d":"23.330"},{"v":0.0107058,"d":"0.011"},{"v":0.00170463,"d":"0.002"},{"v":3.4000084782586e-10,"d":"3.400E-10"},{"v":-0.0836,"d":"-0.084"},{"v":2.9958,"d":"2.996"},{"v":0.9777,"d":"0.978"}]
["FVC","SA_lateral occipital","rs11664552","C","T",0.300477,4.51297930963036e-05,421986,{"v":19.044910102803,"d":"19.045"},{"v":0.0103612,"d":"0.010"},{"v":0.00180111,"d":"0.002"},{"v":8.79994585505891e-09,"d":"8.800E-09"},{"v":4.2427,"d":"4.243"},{"v":3.1224,"d":"3.122"},{"v":0.1742,"d":"0.174"}]
["FVC","SA_lateral occipital","rs11668582","T","C",0.390878,9.08082126210536e-05,421986,{"v":38.3230928462461,"d":"38.323"},{"v":0.0138094,"d":"0.014"},{"v":1.68764E-3,"d":"0.002"},{"v":2.80027059501064e-16,"d":"2.800E-16"},{"v":-0.4787,"d":"-0.479"},{"v":2.9567,"d":"2.957"},{"v":0.8714,"d":"0.871"}]
["FVC","SA_lateral occipital","rs117372259","G","A",0.031174,6.13702367797437e-05,421986,{"v":25.8988474156616,"d":"25.899"},{"v":0.0318746,"d":"0.032"},{"v":0.00495553,"d":"0.005"},{"v":1.29998996537545e-10,"d":"1.300E-10"},{"v":-6.6128,"d":"-6.613"},{"v":9.9818,"d":"9.982"},{"v":0.5077,"d":"0.508"}]
["FVC","SA_lateral occipital","rs11867847","G","A",0.505622,4.76927744620758e-05,421986,{"v":20.1265476295014,"d":"20.127"},{"v":0.00976717,"d":"0.010"},{"v":0.00164721,"d":"0.002"},{"v":2.99999133271614e-09,"d":"3.000E-09"},{"v":-6.3482,"d":"-6.348"},{"v":3.0957,"d":"3.096"},{"v":0.0403,"d":"0.040"}]
["FVC","SA_lateral occipital","rs11877758","G","T",0.3121,4.9796615660552e-05,421986,{"v":21.0144215099736,"d":"21.014"},{"v":-0.010769,"d":"-0.011"},{"v":1.78155E-3,"d":"0.002"},{"v":1.49999565138204E-9,"d":"1.500E-09"},{"v":1.2821,"d":"1.282"},{"v":3.1207,"d":"3.121"},{"v":0.6812,"d":"0.681"}]
["FVC","SA_lateral occipital","rs11896404","T","C",0.38932,4.49485042891669E-5,421986,{"v":18.9684022352691,"d":"18.968"},{"v":0.0097226,"d":"0.010"},{"v":0.00168555,"d":"0.002"},{"v":8.00000023961727e-09,"d":"8.000E-09"},0.297,{"v":2.9952,"d":"2.995"},0.921]
["FVC","SA_lateral occipital","rs11909473","G","A",0.28953,4.77971585455201E-5,421986,{"v":20.1706002490508,"d":"20.171"},{"v":0.0107787,"d":"0.011"},{"v":0.00182218,"d":"0.002"},{"v":3.29997006285228E-9,"d":"3.300E-09"},{"v":0.5047,"d":"0.505"},{"v":3.1412,"d":"3.141"},{"v":0.8724,"d":"0.872"}]
["FVC","SA_lateral occipital","rs11938781","C","T",0.165403,0.000370364352622504,421986,{"v":156.345735864303,"d":"156.346"},{"v":-0.036626,"d":"-0.037"},{"v":0.00221596,"d":"0.002"},{"v":2.2998525866862e-61,"d":"2.300E-61"},{"v":-1.7285,"d":"-1.729"},{"v":3.9352,"d":"3.935"},{"v":0.6605,"d":"0.661"}]
["FVC","SA_lateral occipital","rs11967850","T","C",0.203699,4.47463713455221e-05,421986,{"v":18.8830977159713,"d":"18.883"},{"v":-0.0117444,"d":"-0.012"},{"v":2.03397E-3,"d":"0.002"},{"v":7.69998714277137e-09,"d":"7.700E-09"},{"v":3.0815,"d":"3.082"},{"v":3.5878,"d":"3.588"},{"v":0.3904,"d":"0.390"}]
["FVC","SA_lateral occipital","rs12052537","A","C",0.20591,6.95372170194517e-05,421986,{"v":29.3456336004286,"d":"29.346"},{"v":-0.0145821,"d":"-0.015"},{"v":0.00203664,"d":"0.002"},{"v":8.10027941680351e-13,"d":"8.100E-13"},{"v":1.7839,"d":"1.784"},{"v":3.5671,"d":"3.567"},0.617]
["FVC","SA_lateral occipital","rs12054747","T","C",0.216455,4.283369225594e-05,421986,{"v":18.0759070507704,"d":"18.076"},{"v":0.0112373,"d":"0.011"},{"v":0.0019943,"d":"0.002"},{"v":1.79998961724559E-8,"d":"1.800E-08"},{"v":-2.07,"d":"-2.070"},{"v":3.4396,"d":"3.440"},{"v":0.5473,"d":"0.547"}]
["FVC","SA_lateral occipital","rs12099669","A","G",0.696156,6.89829587755084e-05,421986,{"v":29.111713088028,"d":"29.112"},{"v":0.0127696,"d":"0.013"},{"v":0.00178372,"d":"0.002"},{"v":8.10027941680351e-13,"d":"8.100E-13"},{"v":2.5812,"d":"2.581"},{"v":3.0742,"d":"3.074"},{"v":0.4011,"d":"0.401"}]
["FVC","SA_lateral occipital","rs12139563","G","A",0.5652,1.07701353835577E-4,421986,{"v":45.4531434620392,"d":"45.453"},{"v":-0.014803,"d":"-0.015"},{"v":0.00165293,"d":"0.002"},{"v":3.40016505804072e-19,"d":"3.400E-19"},{"v":-0.8715,"d":"-0.872"},{"v":2.8937,"d":"2.894"},{"v":0.7633,"d":"0.763"}]
["FVC","SA_lateral occipital","rs12152266","T","C",0.27447,8.20852836022235e-05,421986,{"v":34.641519874584,"d":"34.642"},{"v":0.0143563,"d":"0.014"},{"v":0.00183934,"d":"0.002"},{"v":5.90065196995665e-15,"d":"5.901E-15"},-7.045,{"v":3.2878,"d":"3.288"},{"v":0.03213,"d":"0.032"}]
["FVC","SA_lateral occipital","rs12323020","C","T",0.113463,4.17835680209609e-05,421986,{"v":17.6327339262945,"d":"17.633"},{"v":-0.0144116,"d":"-0.014"},{"v":0.00260325,"d":"0.003"},{"v":3.09998790941119e-08,"d":"3.100E-08"},{"v":3.5279,"d":"3.528"},{"v":4.4771,"d":"4.477"},{"v":0.4307,"d":"0.431"}]
["FVC","SA_lateral occipital","rs12348523","A","G",0.156387,5.79984037310275e-05,421986,{"v":24.4758179584055,"d":"24.476"},{"v":0.0148259,"d":"0.015"},{"v":0.00226513,"d":"0.002"},{"v":5.90065196995665e-11,"d":"5.901E-11"},{"v":-6.8854,"d":"-6.885"},{"v":3.8864,"d":"3.886"},{"v":0.07645,"d":"0.076"}]
["FVC","SA_lateral occipital","rs12385976","C","T",0.043977,9.10255374943288e-05,421986,{"v":38.4148171433851,"d":"38.415"},{"v":-0.0329018,"d":"-0.033"},{"v":0.0040288,"d":"0.004"},{"v":3.19963176731835E-16,"d":"3.200E-16"},{"v":-2.0903,"d":"-2.090"},{"v":7.2376,"d":"7.238"},{"v":0.7727,"d":"0.773"}]
["FVC","SA_lateral occipital","rs12407259","C","G",0.091572,4.21603162442696e-05,421986,{"v":17.7917289949428,"d":"17.792"},{"v":0.0159188,"d":"0.016"},{"v":0.0028656,"d":"0.003"},{"v":2.80001269243454e-08,"d":"2.800E-08"},{"v":-5.0101,"d":"-5.010"},{"v":5.2785,"d":"5.279"},{"v":0.3425,"d":"0.343"}]
["FVC","SA_lateral occipital","rs12430764","A","G",0.512974,5.09030563916136e-05,421986,{"v":21.4813688156869,"d":"21.481"},{"v":-0.0100933,"d":"-0.010"},{"v":1.64288E-3,"d":"0.002"},{"v":8.1000929031245e-10,"d":"8.100E-10"},{"v":-0.9456,"d":"-0.946"},{"v":2.8681,"d":"2.868"},{"v":0.7416,"d":"0.742"}]
["FVC","SA_lateral occipital","rs12452590","G","T",0.361692,5.67385740328396e-05,421986,{"v":23.9441289804086,"d":"23.944"},{"v":0.0110851,"d":"0.011"},{"v":0.00172892,"d":"0.002"},{"v":1.40000633223953E-10,"d":"1.400E-10"},-0.199,{"v":3.3038,"d":"3.304"},0.952]
["FVC","SA_lateral occipital","rs12486605","C","T",0.428162,4.06299989199258e-05,421986,{"v":17.1459061023724,"d":"17.146"},{"v":0.00910894,"d":"0.009"},{"v":0.00165849,"d":"0.002"},{"v":4.00000007987242e-08,"d":"4.000E-08"},{"v":2.2754,"d":"2.275"},{"v":2.9367,"d":"2.937"},{"v":0.4384,"d":"0.438"}]
["FVC","SA_lateral occipital","rs12570809","G","T",0.504251,5.98407562028501e-05,421986,{"v":25.2533528452344,"d":"25.253"},{"v":0.0109403,"d":"0.011"},{"v":0.00164206,"d":"0.002"},{"v":2.70022528688824e-11,"d":"2.700E-11"},2.555,{"v":2.9304,"d":"2.930"},{"v":0.3833,"d":"0.383"}]
["FVC","SA_lateral occipital","rs12571363","A","C",0.10664,1.68684862009559E-4,421986,{"v":71.1943222146604,"d":"71.194"},{"v":-0.0297543,"d":"-0.030"},{"v":0.00266251,"d":"0.003"},{"v":5.40007759066591e-29,"d":"5.400E-29"},{"v":-2.7557,"d":"-2.756"},{"v":4.7568,"d":"4.757"},{"v":0.5624,"d":"0.562"}]
["FVC","SA_lateral occipital","rs12614240","T","C",0.433883,1.1997265878628E-4,421986,{"v":50.6326169749496,"d":"50.633"},{"v":-0.0156274,"d":"-0.016"},{"v":1.65606E-3,"d":"0.002"},{"v":3.90031784475066e-21,"d":"3.900E-21"},{"v":-2.1072,"d":"-2.107"},{"v":2.9774,"d":"2.977"},{"v":0.4791,"d":"0.479"}]
["FVC","SA_lateral occipital","rs12684650","T","C",0.316579,0.000186838522670851,421986,{"v":78.8576007883691,"d":"78.858"},{"v":-0.0207794,"d":"-0.021"},{"v":1.76534E-3,"d":"0.002"},{"v":5.50047252867635e-32,"d":"5.500E-32"},{"v":-0.8025,"d":"-0.803"},{"v":3.2018,"d":"3.202"},{"v":0.8021,"d":"0.802"}]
["FVC","SA_lateral occipital","rs12713685","C","T",0.374424,5.70120309880289e-05,421986,{"v":24.0595365674967,"d":"24.060"},{"v":-0.0110318,"d":"-0.011"},{"v":1.69411E-3,"d":"0.002"},{"v":7.39945954312723e-11,"d":"7.399E-11"},{"v":5.8197,"d":"5.820"},{"v":2.9841,"d":"2.984"},{"v":0.05115,"d":"0.051"}]
["FVC","SA_lateral occipital","rs12985660","C","T",0.475562,5.31507614325355e-05,421986,{"v":22.4299630819638,"d":"22.430"},{"v":-0.0103226,"d":"-0.010"},{"v":1.65161E-3,"d":"0.002"},{"v":4.09996359041765e-10,"d":"4.100E-10"},{"v":0.5799,"d":"0.580"},{"v":3.0941,"d":"3.094"},{"v":0.8513,"d":"0.851"}]
["FVC","SA_lateral occipital","rs1299113","A","G",0.5241,5.22273392258403e-05,421986,{"v":22.0402526196272,"d":"22.040"},{"v":0.0102322,"d":"0.010"},{"v":1.65011E-3,"d":"0.002"},{"v":5.60002544078e-10,"d":"5.600E-10"},{"v":4.8864,"d":"4.886"},{"v":2.8795,"d":"2.880"},{"v":0.0897,"d":"0.090"}]
["FVC","SA_lateral occipital","rs13023718","G","A",0.66664,4.48587468856789e-05,421986,{"v":18.9305226453301,"d":"18.931"},{"v":0.0100463,"d":"0.010"},{"v":0.00174447,"d":"0.002"},{"v":8.50002102591718E-9,"d":"8.500E-09"},{"v":-1.4567,"d":"-1.457"},{"v":3.0238,"d":"3.024"},{"v":0.63,"d":"0.630"}]
["FVC","SA_lateral occipital","rs13108218","G","A",0.614862,0.000104055954635523,421986,{"v":43.9145175279602,"d":"43.915"},{"v":0.0148225,"d":"0.015"},{"v":0.00169865,"d":"0.002"},{"v":2.60015956316527e-18,"d":"2.600E-18"},{"v":-0.3505,"d":"-0.351"},{"v":3.0428,"d":"3.043"},{"v":0.9083,"d":"0.908"}]
["FVC","SA_lateral occipital","rs13112742","A","G",0.170661,4.55143743919462e-05,421986,{"v":19.2072119676475,"d":"19.207"},{"v":-0.0126802,"d":"-0.013"},{"v":0.00218292,"d":"0.002"},{"v":6.29999202947421e-09,"d":"6.300E-09"},{"v":5.7645,"d":"5.765"},3.867,0.136]
["FVC","SA_lateral occipital","rs13156484","A","G",0.472145,{"$f":"2*F2053*(1-F2053)*J2053*J2053","v":0.000100558062438285},421986,{"$f":"G2053/(1-G2053)*(H2053-2)","v":{"v":42.4381609191928,"d":"42.438"}},{"v":-0.0142036,"d":"-0.014"},{"v":1.66004E-3,"d":"0.002"},{"v":1.20005182020427E-17,"d":"1.200E-17"},{"v":-4.2114,"d":"-4.211"},{"v":2.8968,"d":"2.897"},0.146]
["FVC","SA_lateral occipital","rs13229167","A","G",0.271146,1.66795588032502E-4,421986,{"v":70.3968112978432,"d":"70.397"},{"v":-0.0205426,"d":"-0.021"},{"v":1.85147E-3,"d":"0.002"},{"v":1.29987023738861E-28,"d":"1.300E-28"},{"v":2.0769,"d":"2.077"},{"v":3.2509,"d":"3.251"},{"v":0.5229,"d":"0.523"}]
["FVC","SA_lateral occipital","rs13284734","C","T",0.020117,4.96826287641103E-5,421986,{"v":20.9663160780926,"d":"20.966"},{"v":-0.0354992,"d":"-0.035"},{"v":0.00598441,"d":"0.006"},{"v":2.99999133271614e-09,"d":"3.000E-09"},{"v":10.7523,"d":"10.752"},{"v":12.3149,"d":"12.315"},{"v":0.3826,"d":"0.383"}]
["FVC","SA_lateral occipital","rs1344555","T","C",0.20277,0.000109686743099046,421986,{"v":46.2911281229861,"d":"46.291"},{"v":-0.0184191,"d":"-0.018"},{"v":0.00203961,"d":"0.002"},{"v":1.69980851320349e-19,"d":"1.700E-19"},{"v":-2.8062,"d":"-2.806"},3.628,{"v":0.4392,"d":"0.439"}]
["FVC","SA_lateral occipital","rs13723","G","A",0.491918,5.03605342629092e-05,421986,{"v":21.2524099731201,"d":"21.252"},{"v":-0.0100373,"d":"-0.010"},{"v":0.00164308,"d":"0.002"},{"v":1e-09,"d":"1.000E-09"},{"v":4.4119,"d":"4.412"},{"v":2.9063,"d":"2.906"},0.129]
["FVC","SA_lateral occipital","rs145183935","C","T",0.07345,5.24247710152638e-05,421986,{"v":22.1235743954268,"d":"22.124"},{"v":-0.0196256,"d":"-0.020"},{"v":3.1714E-3,"d":"0.003"},{"v":6.10000231740111e-10,"d":"6.100E-10"},{"v":-1.4305,"d":"-1.431"},6.469,0.825]
["FVC","SA_lateral occipital","rs145583731","A","G",0.066524,4.48162824858249e-05,421986,{"v":18.9126017410005,"d":"18.913"},{"v":0.018996,"d":"0.019"},{"v":0.00329456,"d":"0.003"},{"v":8.1000929031245e-09,"d":"8.100E-09"},{"v":2.8939,"d":"2.894"},{"v":6.0391,"d":"6.039"},{"v":0.6318,"d":"0.632"}]
["FVC","SA_lateral occipital","rs147110934","T","G",0.024261,9.94763606436121e-05,421986,{"v":41.9816087474862,"d":"41.982"},{"v":-0.0458378,"d":"-0.046"},{"v":0.00533939,"d":"0.005"},{"v":9.09913272632251e-18,"d":"9.099E-18"},{"v":4.2551,"d":"4.255"},{"v":10.0928,"d":"10.093"},{"v":0.6733,"d":"0.673"}]
["FVC","SA_lateral occipital","rs1474419","C","T",0.577669,4.28613161465634e-05,421986,{"v":18.0875648896285,"d":"18.088"},{"v":-0.00937242,"d":"-0.009"},{"v":1.66461E-3,"d":"0.002"},{"v":1.79998961724559E-8,"d":"1.800E-08"},{"v":3.1021,"d":"3.102"},{"v":2.9419,"d":"2.942"},{"v":0.2917,"d":"0.292"}]
["FVC","SA_lateral occipital","rs1474647","T","C",0.550866,9.00176543209984E-5,421986,{"v":37.9894295603302,"d":"37.989"},{"v":-0.0134877,"d":"-0.013"},{"v":0.0016468,"d":"0.002"},{"v":2.60015956316527e-16,"d":"2.600E-16"},{"v":1.3705,"d":"1.371"},{"v":2.8942,"d":"2.894"},{"v":0.6358,"d":"0.636"}]
["FVC","SA_lateral occipital","rs149542","A","G",0.375642,6.15489183328254e-05,421986,{"v":25.974257441209,"d":"25.974"},{"v":-0.0114549,"d":"-0.011"},{"v":1.69827E-3,"d":"0.002"},{"v":1.50003019045595E-11,"d":"1.500E-11"},{"v":0.1359,"d":"0.136"},{"v":2.9653,"d":"2.965"},{"v":0.9635,"d":"0.964"}]
["FVC","SA_lateral occipital","rs150032562","A","C",0.049667,6.50730387752197e-05,421986,{"v":27.4615682022147,"d":"27.462"},{"v":0.0262551,"d":"0.026"},{"v":3.78634E-3,"d":"0.004"},{"v":4.10015240506613e-12,"d":"4.100E-12"},{"v":-5.7919,"d":"-5.792"},{"v":6.8246,"d":"6.825"},{"v":0.3961,"d":"0.396"}]
["FVC","SA_lateral occipital","rs1516890","A","G",0.469749,6.5158521254172e-05,421986,{"v":27.4976451388157,"d":"27.498"},{"v":-0.0114366,"d":"-0.011"},{"v":1.65471E-3,"d":"0.002"},{"v":4.79954424931945e-12,"d":"4.800E-12"},{"v":1.4045,"d":"1.405"},{"v":2.8811,"d":"2.881"},{"v":0.6259,"d":"0.626"}]
["FVC","SA_lateral occipital","rs1555211","T","C",0.292035,8.56959630224441e-05,421986,{"v":36.1654244909429,"d":"36.165"},{"v":0.014396,"d":"0.014"},{"v":1.80824E-3,"d":"0.002"},{"v":1.69980851320349E-15,"d":"1.700E-15"},{"v":2.0704,"d":"2.070"},{"v":3.1181,"d":"3.118"},{"v":0.5067,"d":"0.507"}]
["FVC","SA_lateral occipital","rs157595","G","A",0.616263,6.37905011351913e-05,421986,{"v":26.9202880897005,"d":"26.920"},{"v":0.0116135,"d":"0.012"},{"v":1.73044E-3,"d":"0.002"},{"v":1.90020300257723e-11,"d":"1.900E-11"},{"v":5.5022,"d":"5.502"},{"v":3.3943,"d":"3.394"},0.105]
["FVC","SA_lateral occipital","rs1637746","A","G",0.226569,4.29577425829801e-05,421986,{"v":18.1282587952111,"d":"18.128"},{"v":-0.0110712,"d":"-0.011"},{"v":0.00196778,"d":"0.002"},{"v":1.79998961724559E-8,"d":"1.800E-08"},{"v":0.3631,"d":"0.363"},{"v":3.4544,"d":"3.454"},{"v":0.9163,"d":"0.916"}]
["FVC","SA_lateral occipital","rs1656373","T","C",0.55742,0.000145979381744386,421986,{"v":61.6099572094857,"d":"61.610"},{"v":-0.0172006,"d":"-0.017"},{"v":0.00165265,"d":"0.002"},{"v":2.2998525866862e-25,"d":"2.300E-25"},{"v":-2.1858,"d":"-2.186"},{"v":2.8448,"d":"2.845"},{"v":0.4423,"d":"0.442"}]
["FVC","SA_lateral occipital","rs1668091","C","T",0.31711,6.68938491644157e-05,421986,{"v":28.2300224606612,"d":"28.230"},{"v":0.0124279,"d":"0.012"},{"v":0.00177541,"d":"0.002"},{"v":2.60015956316527E-12,"d":"2.600E-12"},{"v":2.5291,"d":"2.529"},{"v":3.0508,"d":"3.051"},{"v":0.4071,"d":"0.407"}]
["FVC","SA_lateral occipital","rs16905189","G","C",0.366604,1.18148804558535E-4,421986,{"v":49.8627963726122,"d":"49.863"},{"v":-0.0159501,"d":"-0.016"},{"v":1.71036E-3,"d":"0.002"},{"v":1.10001852750622E-20,"d":"1.100E-20"},-2.579,{"v":2.9483,"d":"2.948"},{"v":0.3817,"d":"0.382"}]
["FVC","SA_lateral occipital","rs17197170","G","A",0.169899,4.42423180283422e-05,421986,{"v":18.6703763516002,"d":"18.670"},{"v":0.012524,"d":"0.013"},{"v":0.00221253,"d":"0.002"},{"v":1.49999565138204e-08,"d":"1.500E-08"},{"v":-0.4661,"d":"-0.466"},{"v":4.2345,"d":"4.235"},{"v":0.9123,"d":"0.912"}]
["FVC","SA_lateral occipital","rs17387279","G","T",0.181103,6.13077565579171e-05,421986,{"v":25.8724785269512,"d":"25.872"},{"v":-0.0143769,"d":"-0.014"},{"v":0.0021417,"d":"0.002"},{"v":1.90020300257723e-11,"d":"1.900E-11"},1.212,{"v":3.7434,"d":"3.743"},{"v":0.7461,"d":"0.746"}]
["FVC","SA_lateral occipital","rs17400325","C","T",0.041599,9.07861932322965e-05,421986,{"v":38.3137993289267,"d":"38.314"},{"v":0.0337427,"d":"0.034"},{"v":0.0041016,"d":"0.004"},{"v":1.90020300257723E-16,"d":"1.900E-16"},{"v":4.0488,"d":"4.049"},{"v":7.5552,"d":"7.555"},0.592]
["FVC","SA_lateral occipital","rs1818116","G","A",0.381268,4.48330645452411e-05,421986,{"v":18.9196841364791,"d":"18.920"},{"v":-0.00974805,"d":"-0.010"},{"v":0.00170614,"d":"0.002"},{"v":1.09999319893519E-8,"d":"1.100E-08"},{"v":-1.6611,"d":"-1.661"},{"v":2.9438,"d":"2.944"},{"v":0.5726,"d":"0.573"}]
["FVC","SA_lateral occipital","rs183743021","C","T",0.023696,6.10757370320042e-05,421986,{"v":25.7745580158407,"d":"25.775"},{"v":-0.036332,"d":"-0.036"},{"v":0.00550585,"d":"0.006"},{"v":4.10015240506613e-11,"d":"4.100E-11"},{"v":-8.7541,"d":"-8.754"},{"v":9.3093,"d":"9.309"},0.347]
["FVC","SA_lateral occipital","rs1966265","A","G",0.245129,8.66312568253845e-05,421986,{"v":36.5601715338128,"d":"36.560"},{"v":0.0152999,"d":"0.015"},{"v":0.00190502,"d":"0.002"},{"v":9.60063590945348e-16,"d":"9.601E-16"},{"v":4.4365,"d":"4.437"},{"v":3.4356,"d":"3.436"},{"v":0.1966,"d":"0.197"}]
["FVC","SA_lateral occipital","rs1983753","A","G",0.851273,6.09227456439144e-05,421986,{"v":25.7099902209963,"d":"25.710"},{"v":0.0155112,"d":"0.016"},{"v":0.00231937,"d":"0.002"},{"v":2.29985258668621e-11,"d":"2.300E-11"},{"v":3.1662,"d":"3.166"},{"v":4.0329,"d":"4.033"},{"v":0.4324,"d":"0.432"}]
["FVC","SA_lateral occipital","rs1984246","A","C",0.42304,8.08199330946159e-05,421986,{"v":34.107475210863,"d":"34.107"},{"v":0.0128671,"d":"0.013"},{"v":0.00166162,"d":"0.002"},{"v":9.70063133783958e-15,"d":"9.701E-15"},{"v":-1.2537,"d":"-1.254"},{"v":2.8948,"d":"2.895"},{"v":0.6649,"d":"0.665"}]
["FVC","SA_lateral occipital","rs2005172","C","A",0.64023,0.00022099089188815,421986,{"v":93.2752334995711,"d":"93.275"},{"v":0.0219024,"d":"0.022"},{"v":0.0017318,"d":"0.002"},{"v":1.20005182020427E-36,"d":"1.200E-36"},{"v":-0.5435,"d":"-0.544"},{"v":3.0948,"d":"3.095"},{"v":0.8606,"d":"0.861"}]
["FVC","SA_lateral occipital","rs2007530","T","C",0.173998,1.17320574387251E-4,421986,{"v":49.5132141809572,"d":"49.513"},{"v":0.0202027,"d":"0.020"},{"v":2.17301E-3,"d":"0.002"},{"v":1.39990962656834e-20,"d":"1.400E-20"},{"v":2.6801,"d":"2.680"},{"v":3.9765,"d":"3.977"},{"v":0.5003,"d":"0.500"}]
["FVC","SA_lateral occipital","rs2039092","T","G",0.142069,4.52252040502154e-05,421986,{"v":19.0851756368886,"d":"19.085"},{"v":-0.0136207,"d":"-0.014"},{"v":2.37872E-3,"d":"0.002"},{"v":1E-8,"d":"1.000E-08"},{"v":-1.5389,"d":"-1.539"},{"v":4.1584,"d":"4.158"},{"v":0.7113,"d":"0.711"}]
["FVC","SA_lateral occipital","rs2058780","T","C",0.609391,4.70090504808346e-05,421986,{"v":19.837999723635,"d":"19.838"},{"v":-0.00993703,"d":"-0.010"},{"v":0.00168463,"d":"0.002"},{"v":3.69998531172859e-09,"d":"3.700E-09"},{"v":2.7557,"d":"2.756"},{"v":2.9257,"d":"2.926"},{"v":0.3463,"d":"0.346"}]
["FVC","SA_lateral occipital","rs2118022","C","T",0.360318,6.04606902173754e-05,421986,{"v":25.5149865543869,"d":"25.515"},{"v":-0.0114524,"d":"-0.011"},{"v":0.00171628,"d":"0.002"},{"v":2.49976970217851E-11,"d":"2.500E-11"},{"v":3.3176,"d":"3.318"},{"v":3.0689,"d":"3.069"},{"v":0.2797,"d":"0.280"}]
["FVC","SA_lateral occipital","rs2165241","C","T",0.508667,1.93898082531503E-4,421986,{"v":81.8377566430654,"d":"81.838"},{"v":0.0196955,"d":"0.020"},{"v":1.64442E-3,"d":"0.002"},{"v":4.70002318179801e-33,"d":"4.700E-33"},{"v":-2.2231,"d":"-2.223"},{"v":2.8513,"d":"2.851"},{"v":0.4356,"d":"0.436"}]
["FVC","SA_lateral occipital","rs2168704","A","G",0.561551,5.59945780683976e-05,421986,{"v":23.6301391912884,"d":"23.630"},{"v":0.0106636,"d":"0.011"},{"v":1.652E-3,"d":"0.002"},{"v":1.09999319893519e-10,"d":"1.100E-10"},{"v":-1.8271,"d":"-1.827"},{"v":2.9417,"d":"2.942"},{"v":0.5345,"d":"0.535"}]
["FVC","SA_lateral occipital","rs2181246","A","T",0.315032,4.79141931100767e-05,421986,{"v":20.2199916899491,"d":"20.220"},{"v":-0.0105367,"d":"-0.011"},{"v":1.76834E-3,"d":"0.002"},{"v":2.49999995007974e-09,"d":"2.500E-09"},{"v":6.4161,"d":"6.416"},{"v":3.0627,"d":"3.063"},{"v":0.03618,"d":"0.036"}]
["FVC","SA_lateral occipital","rs2186288","A","G",0.369909,5.7540273769828e-05,421986,{"v":24.2824721065799,"d":"24.282"},{"v":-0.0111102,"d":"-0.011"},{"v":0.00170446,"d":"0.002"},{"v":7.10068096254533e-11,"d":"7.101E-11"},{"v":0.5625,"d":"0.563"},{"v":2.9619,"d":"2.962"},{"v":0.8494,"d":"0.849"}]
["FVC","SA_lateral occipital","rs2194411","A","G",0.128337,0.000173013252417145,421986,{"v":73.0214579879395,"d":"73.021"},{"v":0.0278083,"d":"0.028"},{"v":0.00248353,"d":"0.002"},{"v":4.19952334664066e-29,"d":"4.200E-29"},-0.373,{"v":4.6846,"d":"4.685"},{"v":0.9365,"d":"0.937"}]
["FVC","SA_lateral occipital","rs2219320","C","T",0.253726,9.06772759055066e-05,421986,{"v":38.2678296182539,"d":"38.268"},{"v":-0.015474,"d":"-0.015"},{"v":1.88065E-3,"d":"0.002"},{"v":1.90020300257723E-16,"d":"1.900E-16"},{"v":5.8571,"d":"5.857"},{"v":3.3071,"d":"3.307"},{"v":0.07655,"d":"0.077"}]
["FVC","SA_lateral occipital","rs2273101","T","C",0.245563,0.000164788871325204,421986,{"v":69.5497280984891,"d":"69.550"},{"v":0.021089,"d":"0.021"},{"v":1.90985E-3,"d":"0.002"},{"v":2.39993787680987e-28,"d":"2.400E-28"},{"v":-0.1834,"d":"-0.183"},{"v":3.2999,"d":"3.300"},{"v":0.9557,"d":"0.956"}]
["FVC","SA_lateral occipital","rs2289308","A","G",0.342889,4.17682840802068e-05,421986,{"v":17.6262838089314,"d":"17.626"},{"v":-0.00962747,"d":"-0.010"},{"v":0.00173144,"d":"0.002"},{"v":2.69997659840121e-08,"d":"2.700E-08"},{"v":-2.2385,"d":"-2.239"},{"v":3.0167,"d":"3.017"},{"v":0.4581,"d":"0.458"}]
["FVC","SA_lateral occipital","rs2315007","C","T",0.667421,9.54071179462808e-05,421986,{"v":40.2641187429693,"d":"40.264"},{"v":-0.0146598,"d":"-0.015"},{"v":0.00174235,"d":"0.002"},{"v":4.00036851046125e-17,"d":"4.000E-17"},{"v":-0.4165,"d":"-0.417"},{"v":3.0528,"d":"3.053"},{"v":0.8915,"d":"0.892"}]
["FVC","SA_lateral occipital","rs2355595","T","C",0.353472,4.21690889460453e-05,421986,{"v":17.7954312469311,"d":"17.795"},{"v":0.0096053,"d":"0.010"},{"v":0.00171679,"d":"0.002"},{"v":2.19998641983516e-08,"d":"2.200E-08"},{"v":-3.7907,"d":"-3.791"},{"v":2.9689,"d":"2.969"},{"v":0.2017,"d":"0.202"}]
["FVC","SA_lateral occipital","rs2420991","G","T",0.157205,4.60860611479893e-05,421986,{"v":19.448476731161,"d":"19.448"},{"v":0.0131879,"d":"0.013"},{"v":0.00231045,"d":"0.002"},{"v":1.09999319893519E-8,"d":"1.100E-08"},{"v":2.0599,"d":"2.060"},{"v":4.0695,"d":"4.070"},{"v":0.6127,"d":"0.613"}]
["FVC","SA_lateral occipital","rs2433733","A","G",0.677805,4.39675736084697e-05,421986,{"v":18.5544283747918,"d":"18.554"},{"v":0.0100332,"d":"0.010"},{"v":1.75482E-3,"d":"0.002"},{"v":1.09999319893519E-8,"d":"1.100E-08"},{"v":-3.0466,"d":"-3.047"},{"v":3.1313,"d":"3.131"},{"v":0.3306,"d":"0.331"}]
["FVC","SA_lateral occipital","rs246185","C","T",0.32244,6.92890140832418e-05,421986,{"v":29.2408813907452,"d":"29.241"},{"v":0.0125927,"d":"0.013"},{"v":1.774E-3,"d":"0.002"},{"v":1.2998702373886e-12,"d":"1.300E-12"},{"v":-0.4338,"d":"-0.434"},{"v":3.0744,"d":"3.074"},{"v":0.8878,"d":"0.888"}]
["FVC","SA_lateral occipital","rs2468964","G","T",0.60054,4.47507016706468e-05,421986,{"v":18.8849252074402,"d":"18.885"},{"v":0.00965778,"d":"0.010"},{"v":1.67483E-3,"d":"0.002"},{"v":8.1000929031245e-09,"d":"8.100E-09"},{"v":-1.0718,"d":"-1.072"},{"v":2.9477,"d":"2.948"},{"v":0.7162,"d":"0.716"}]
["FVC","SA_lateral occipital","rs2602691","G","A",0.449662,5.86659442039459E-5,421986,{"v":24.7575422235486,"d":"24.758"},{"v":-0.0108873,"d":"-0.011"},{"v":0.00166378,"d":"0.002"},{"v":6.00067353864116e-11,"d":"6.001E-11"},{"v":2.4706,"d":"2.471"},{"v":2.9484,"d":"2.948"},{"v":0.4021,"d":"0.402"}]
["FVC","SA_lateral occipital","rs2645977","A","G",0.357445,4.52910263624554e-05,421986,{"v":19.112954113843,"d":"19.113"},{"v":0.00992959,"d":"0.010"},{"v":1.71149E-3,"d":"0.002"},{"v":6.59994019159873e-09,"d":"6.600E-09"},{"v":3.4689,"d":"3.469"},{"v":2.9414,"d":"2.941"},{"v":0.2383,"d":"0.238"}]
["FVC","SA_lateral occipital","rs2717329","A","G",0.294673,8.42790883711236e-05,421986,{"v":35.5674244173058,"d":"35.567"},{"v":0.014239,"d":"0.014"},{"v":0.0018328,"d":"0.002"},{"v":7.89950721335818e-15,"d":"7.900E-15"},{"v":-0.9229,"d":"-0.923"},3.239,{"v":0.7757,"d":"0.776"}]
["FVC","SA_lateral occipital","rs2760402","C","A",0.649252,4.35290850830249e-05,421986,{"v":18.3693770418513,"d":"18.369"},{"v":0.00977621,"d":"0.010"},{"v":0.00172753,"d":"0.002"},{"v":1.49999565138204e-08,"d":"1.500E-08"},{"v":-1.6216,"d":"-1.622"},{"v":2.9964,"d":"2.996"},{"v":0.5884,"d":"0.588"}]
["FVC","SA_lateral occipital","rs2780226","T","C",0.910509,2.95968220787926E-4,421986,{"v":124.930829236223,"d":"124.931"},{"v":-0.0426163,"d":"-0.043"},{"v":0.0028699,"d":"0.003"},{"v":7.00003159130901e-50,"d":"7.000E-50"},{"v":2.6984,"d":"2.698"},{"v":5.2045,"d":"5.205"},{"v":0.6041,"d":"0.604"}]
["FVC","SA_lateral occipital","rs2807339","C","T",0.758119,5.89073008999258e-05,421986,{"v":24.859402863279,"d":"24.859"},{"v":0.0126736,"d":"0.013"},{"v":1.91263E-3,"d":"0.002"},{"v":3.40016505804071e-11,"d":"3.400E-11"},{"v":-3.3765,"d":"-3.377"},{"v":3.2867,"d":"3.287"},{"v":0.3043,"d":"0.304"}]
["FVC","SA_lateral occipital","rs2812208","C","G",0.020816,0.000278067813708179,421986,{"v":117.372805899358,"d":"117.373"},{"v":0.0825904,"d":"0.083"},{"v":0.00576265,"d":"0.006"},{"v":1.39990962656833E-46,"d":"1.400E-46"},{"v":-14.5791,"d":"-14.579"},{"v":9.0859,"d":"9.086"},{"v":0.1086,"d":"0.109"}]
["FVC","SA_lateral occipital","rs2821334","T","G",0.44435,4.64038024780943E-5,421986,{"v":19.5825708906678,"d":"19.583"},{"v":0.0096939,"d":"0.010"},{"v":0.00164775,"d":"0.002"},{"v":4.00000007987242e-09,"d":"4.000E-09"},{"v":2.75,"d":"2.750"},{"v":2.8725,"d":"2.873"},{"v":0.3384,"d":"0.338"}]
["FVC","SA_lateral occipital","rs28391281","C","T",0.456626,5.81268485273591E-5,421986,{"v":24.5300259020691,"d":"24.530"},{"v":-0.0108229,"d":"-0.011"},{"v":1.64482E-3,"d":"0.002"},{"v":4.70002318179801e-11,"d":"4.700E-11"},3.694,{"v":3.0224,"d":"3.022"},{"v":0.2216,"d":"0.222"}]
["FVC","SA_lateral occipital","rs28409044","A","C",0.333596,7.3529837872933e-05,421986,{"v":31.0306967870756,"d":"31.031"},{"v":0.0128599,"d":"0.013"},{"v":1.74168E-3,"d":"0.002"},{"v":1.50003019045595e-13,"d":"1.500E-13"},{"v":-2.5273,"d":"-2.527"},{"v":3.0125,"d":"3.013"},{"v":0.4015,"d":"0.402"}]
["FVC","SA_lateral occipital","rs28444681","A","C",0.255224,4.96915326777121e-05,421986,{"v":20.9700737605772,"d":"20.970"},{"v":0.0114328,"d":"0.011"},{"v":0.00188044,"d":"0.002"},{"v":1.19999655704811E-9,"d":"1.200E-09"},{"v":1.4736,"d":"1.474"},{"v":3.2662,"d":"3.266"},{"v":0.6519,"d":"0.652"}]
["FVC","SA_lateral occipital","rs28446901","G","C",0.15458,5.1599507535487e-05,421986,{"v":21.7752901821048,"d":"21.775"},{"v":-0.0140506,"d":"-0.014"},{"v":0.00228337,"d":"0.002"},{"v":7.59993713661527e-10,"d":"7.600E-10"},{"v":1.2844,"d":"1.284"},{"v":4.14,"d":"4.140"},{"v":0.7564,"d":"0.756"}]
["FVC","SA_lateral occipital","rs2871960","C","A",0.444976,0.000191804005390593,421986,{"v":80.9537486639893,"d":"80.954"},{"v":0.0197056,"d":"0.020"},{"v":0.00165006,"d":"0.002"},{"v":7.10068096254536e-33,"d":"7.101E-33"},{"v":3.3047,"d":"3.305"},{"v":2.8582,"d":"2.858"},{"v":0.2476,"d":"0.248"}]
["FVC","SA_lateral occipital","rs2882485","G","A",0.527663,6.68510491529909e-05,421986,{"v":28.2119591248419,"d":"28.212"},{"v":-0.0115807,"d":"-0.012"},{"v":1.64247E-3,"d":"0.002"},{"v":1.80011396041801E-12,"d":"1.800E-12"},{"v":-4.8257,"d":"-4.826"},{"v":2.8906,"d":"2.891"},{"v":0.09503,"d":"0.095"}]
["FVC","SA_lateral occipital","rs2885697","T","G",0.665178,0.000191228657862936,421986,{"v":80.7108681906324,"d":"80.711"},{"v":-0.0207198,"d":"-0.021"},{"v":1.73474E-3,"d":"0.002"},{"v":7.000031591309e-33,"d":"7.000E-33"},1.507,{"v":3.0216,"d":"3.022"},0.618]
["FVC","SA_lateral occipital","rs309137","C","T",0.227462,8.33684369570823e-05,421986,{"v":35.1830796592559,"d":"35.183"},{"v":0.0154018,"d":"0.015"},{"v":1.94955E-3,"d":"0.002"},{"v":2.80027059501064e-15,"d":"2.800E-15"},{"v":-3.1692,"d":"-3.169"},{"v":3.2944,"d":"3.294"},{"v":0.3361,"d":"0.336"}]
["FVC","SA_lateral occipital","rs3116605","C","T",0.215238,7.92429456128899e-05,421986,{"v":33.4419051965844,"d":"33.442"},{"v":-0.0153157,"d":"-0.015"},{"v":0.00199894,"d":"0.002"},{"v":1.80011396041801E-14,"d":"1.800E-14"},{"v":-3.8376,"d":"-3.838"},{"v":3.4894,"d":"3.489"},{"v":0.2714,"d":"0.271"}]
["FVC","SA_lateral occipital","rs3253","T","C",0.314156,7.73374553775006e-05,421986,{"v":32.6376928861364,"d":"32.638"},{"v":0.0133966,"d":"0.013"},{"v":0.00176807,"d":"0.002"},{"v":3.50025754158434E-14,"d":"3.500E-14"},{"v":4.6903,"d":"4.690"},{"v":3.0783,"d":"3.078"},{"v":0.1276,"d":"0.128"}]
["FVC","SA_lateral occipital","rs32799","A","C",0.915153,{"$f":"2*F2117*(1-F2117)*J2117*J2117","v":5.54046146417085e-05},421986,{"$f":"G2117/(1-G2117)*(H2117-2)","v":{"v":23.381156328923,"d":"23.381"}},{"v":-0.0188883,"d":"-0.019"},{"v":0.00295509,"d":"0.003"},{"v":1.60000006389793E-10,"d":"1.600E-10"},{"v":-0.0139,"d":"-0.014"},{"v":5.1618,"d":"5.162"},{"v":0.9978,"d":"0.998"}]
["FVC","SA_lateral occipital","rs344133","A","G",0.614205,5.9441457606158e-05,421986,{"v":25.0848351256407,"d":"25.085"},{"v":0.0111994,"d":"0.011"},{"v":1.68384E-3,"d":"0.002"},{"v":2.90001336905407e-11,"d":"2.900E-11"},{"v":-5.7918,"d":"-5.792"},{"v":2.9198,"d":"2.920"},{"v":0.0473,"d":"0.047"}]
["FVC","SA_lateral occipital","rs34587839","A","G",0.154712,9.59331764500232e-05,421986,{"v":40.48614949601,"d":"40.486"},{"v":-0.0191516,"d":"-0.019"},{"v":0.00227501,"d":"0.002"},{"v":3.80014352941585e-17,"d":"3.800E-17"},{"v":8.0795,"d":"8.080"},{"v":4.0868,"d":"4.087"},{"v":0.04804,"d":"0.048"}]
["FVC","SA_lateral occipital","rs35344256","A","C",0.305163,0.000127924706994647,421986,{"v":53.9890860944489,"d":"53.989"},{"v":-0.0173682,"d":"-0.017"},{"v":1.7847E-3,"d":"0.002"},{"v":2.19988510904926e-22,"d":"2.200E-22"},{"v":2.21,"d":"2.210"},{"v":3.56,"d":"3.560"},{"v":0.5347,"d":"0.535"}]
["FVC","SA_lateral occipital","rs35344761","A","C",0.122131,7.98184258788518e-05,421986,{"v":33.6847872927592,"d":"33.685"},{"v":-0.0192934,"d":"-0.019"},{"v":2.52637E-3,"d":"0.003"},{"v":2.19988510904925E-14,"d":"2.200E-14"},{"v":2.8645,"d":"2.865"},{"v":4.6968,"d":"4.697"},{"v":0.5419,"d":"0.542"}]
["FVC","SA_lateral occipital","rs35480566","G","A",0.439723,1.10816232234529E-4,421986,{"v":46.7678595812438,"d":"46.768"},{"v":0.0149967,"d":"0.015"},{"v":0.0016583,"d":"0.002"},{"v":1.50003019045595e-19,"d":"1.500E-19"},{"v":-0.1804,"d":"-0.180"},{"v":2.8727,"d":"2.873"},{"v":0.9499,"d":"0.950"}]
["FVC","SA_lateral occipital","rs35506","A","T",0.715534,7.52389405219948e-05,421986,{"v":31.7520180654321,"d":"31.752"},{"v":0.0135949,"d":"0.014"},{"v":0.00182407,"d":"0.002"},{"v":9.09913272632251e-14,"d":"9.099E-14"},{"v":0.4161,"d":"0.416"},{"v":3.2184,"d":"3.218"},{"v":0.8971,"d":"0.897"}]
["FVC","SA_lateral occipital","rs35668185","C","T",0.207881,4.39810225504036E-5,421986,{"v":18.560104112267,"d":"18.560"},{"v":-0.0115562,"d":"-0.012"},{"v":2.01805E-3,"d":"0.002"},{"v":1E-8,"d":"1.000E-08"},{"v":0.0272,"d":"0.027"},3.506,{"v":0.9938,"d":"0.994"}]
["FVC","SA_lateral occipital","rs35805829","C","T",0.346839,8.02689032154592e-05,421986,{"v":33.8749119565016,"d":"33.875"},{"v":-0.0133102,"d":"-0.013"},{"v":1.72266E-3,"d":"0.002"},{"v":1.10001852750622E-14,"d":"1.100E-14"},{"v":5.7234,"d":"5.723"},{"v":3.0083,"d":"3.008"},{"v":0.0571,"d":"0.057"}]
["FVC","SA_lateral occipital","rs35897671","T","C",0.345283,5.9327572593459e-05,421986,{"v":25.0367717641725,"d":"25.037"},{"v":0.0114551,"d":"0.011"},{"v":0.00172695,"d":"0.002"},{"v":3.29989407910834e-11,"d":"3.300E-11"},{"v":5.0028,"d":"5.003"},{"v":3.0189,"d":"3.019"},{"v":0.09749,"d":"0.097"}]
["FVC","SA_lateral occipital","rs36226649","C","T",0.066506,8.70139707337911e-05,421986,{"v":36.7216987269464,"d":"36.722"},{"v":0.0264724,"d":"0.026"},{"v":0.00329988,"d":"0.003"},{"v":1e-15,"d":"1.000E-15"},-5.069,{"v":5.8829,"d":"5.883"},{"v":0.3889,"d":"0.389"}]
["FVC","SA_lateral occipital","rs3732987","A","C",0.524508,5.53461247568242e-05,421986,{"v":23.3564717995858,"d":"23.356"},{"v":0.0105337,"d":"0.011"},{"v":0.00164918,"d":"0.002"},{"v":1.70000422215636e-10,"d":"1.700E-10"},{"v":0.3188,"d":"0.319"},{"v":2.8845,"d":"2.885"},0.912]
["FVC","SA_lateral occipital","rs3734254","T","C",0.790532,1.42473762916661E-4,421986,{"v":60.13021534867,"d":"60.130"},{"v":0.0207412,"d":"0.021"},{"v":0.00201522,"d":"0.002"},{"v":7.59976214361039e-25,"d":"7.600E-25"},{"v":-4.2264,"d":"-4.226"},{"v":3.5503,"d":"3.550"},{"v":0.2339,"d":"0.234"}]
["FVC","SA_lateral occipital","rs3743347","A","C",0.231535,1.02185615560985E-4,421986,{"v":43.1251015619361,"d":"43.125"},{"v":-0.0169457,"d":"-0.017"},{"v":1.94802E-3,"d":"0.002"},{"v":3.40016505804072e-18,"d":"3.400E-18"},{"v":-0.76,"d":"-0.760"},{"v":3.3843,"d":"3.384"},{"v":0.8223,"d":"0.822"}]
["FVC","SA_lateral occipital","rs3790076","T","G",0.572955,0.000211865275899546,421986,{"v":89.4227021506569,"d":"89.423"},{"v":-0.0208074,"d":"-0.021"},{"v":1.66216E-3,"d":"0.002"},{"v":5.90065196995663e-36,"d":"5.901E-36"},{"v":-0.9873,"d":"-0.987"},{"v":2.8674,"d":"2.867"},{"v":0.7306,"d":"0.731"}]
["FVC","SA_lateral occipital","rs3790743","G","A",0.599509,4.41696140797053e-05,421986,{"v":18.6396937358892,"d":"18.640"},{"v":-0.00959075,"d":"-0.010"},{"v":1.69268E-3,"d":"0.002"},{"v":1.49999565138204e-08,"d":"1.500E-08"},4.456,3.148,{"v":0.1569,"d":"0.157"}]
["FVC","SA_lateral occipital","rs3828559","G","A",0.758433,5.04655975131029e-05,421986,{"v":21.2967494541555,"d":"21.297"},{"v":0.0117356,"d":"0.012"},{"v":0.00191612,"d":"0.002"},{"v":9.09997082601283e-10,"d":"9.100E-10"},{"v":-1.6055,"d":"-1.606"},{"v":3.2995,"d":"3.300"},{"v":0.6265,"d":"0.627"}]
["FVC","SA_lateral occipital","rs3858603","A","G",0.501593,7.64582018958038e-05,421986,{"v":32.266604915392,"d":"32.267"},{"v":-0.012366,"d":"-0.012"},{"v":1.63937E-3,"d":"0.002"},{"v":4.60044666393479e-14,"d":"4.600E-14"},{"v":0.8718,"d":"0.872"},{"v":2.9003,"d":"2.900"},{"v":0.7637,"d":"0.764"}]
["FVC","SA_lateral occipital","rs42038","T","C",0.298973,0.0001100833355849,421986,{"v":46.4585205923715,"d":"46.459"},{"v":0.0162055,"d":"0.016"},{"v":0.001795,"d":"0.002"},{"v":1.69980851320349e-19,"d":"1.700E-19"},2.021,{"v":3.1215,"d":"3.122"},{"v":0.5173,"d":"0.517"}]
["FVC","SA_lateral occipital","rs4244808","G","T",0.459999,6.73887227545813e-05,421986,{"v":28.438879242618,"d":"28.439"},{"v":0.0116467,"d":"0.012"},{"v":1.65946E-3,"d":"0.002"},{"v":2.19988510904925e-12,"d":"2.200E-12"},{"v":0.1948,"d":"0.195"},{"v":2.9709,"d":"2.971"},{"v":0.9477,"d":"0.948"}]
["FVC","SA_lateral occipital","rs425102","G","T",0.240797,0.000137901421280968,421986,{"v":58.2002192507815,"d":"58.200"},{"v":-0.0194207,"d":"-0.019"},{"v":0.00191587,"d":"0.002"},{"v":3.80014352941585e-24,"d":"3.800E-24"},{"v":-0.3865,"d":"-0.387"},{"v":3.3546,"d":"3.355"},{"v":0.9083,"d":"0.908"}]
["FVC","SA_lateral occipital","rs4279453","C","T",0.439777,4.75360731157916e-05,421986,{"v":20.0604158710898,"d":"20.060"},{"v":-0.009822,"d":"-0.010"},{"v":1.65712E-3,"d":"0.002"},{"v":3.09998790941119e-09,"d":"3.100E-09"},{"v":3.1199,"d":"3.120"},{"v":2.9357,"d":"2.936"},{"v":0.2879,"d":"0.288"}]
["FVC","SA_lateral occipital","rs4497878","C","T",0.715464,8.76845467196344e-05,421986,{"v":37.0047205050822,"d":"37.005"},{"v":-0.0146752,"d":"-0.015"},{"v":1.81627E-3,"d":"0.002"},{"v":6.49980009683026e-16,"d":"6.500E-16"},{"v":0.1968,"d":"0.197"},{"v":3.2381,"d":"3.238"},{"v":0.9515,"d":"0.952"}]
["FVC","SA_lateral occipital","rs4678778","G","A",0.103138,4.9032397109147e-05,421986,{"v":20.6919016352442,"d":"20.692"},{"v":0.01628,"d":"0.016"},{"v":0.00272878,"d":"0.003"},{"v":2.39999313805789E-9,"d":"2.400E-09"},{"v":-4.7095,"d":"-4.710"},{"v":4.8633,"d":"4.863"},{"v":0.3329,"d":"0.333"}]
["FVC","SA_lateral occipital","rs4693974","G","A",0.574007,6.5108970456126e-05,421986,{"v":27.4767327707401,"d":"27.477"},{"v":0.0115384,"d":"0.012"},{"v":1.66303E-3,"d":"0.002"},{"v":4.00036851046125E-12,"d":"4.000E-12"},{"v":3.8994,"d":"3.899"},{"v":2.8751,"d":"2.875"},0.175]
["FVC","SA_lateral occipital","rs4713135","A","G",0.237248,9.32171087040042e-05,421986,{"v":39.3397955413479,"d":"39.340"},{"v":-0.0160487,"d":"-0.016"},{"v":0.00192704,"d":"0.002"},{"v":8.19973845457472e-17,"d":"8.200E-17"},{"v":-2.7173,"d":"-2.717"},{"v":3.4057,"d":"3.406"},0.425]
["FVC","SA_lateral occipital","rs4728358","T","C",0.687154,4.77707244436522e-05,421986,{"v":20.1594444148942,"d":"20.159"},{"v":-0.0105408,"d":"-0.011"},{"v":1.7764E-3,"d":"0.002"},{"v":2.99999133271614e-09,"d":"3.000E-09"},{"v":-3.3317,"d":"-3.332"},{"v":3.1434,"d":"3.143"},{"v":0.2892,"d":"0.289"}]
["FVC","SA_lateral occipital","rs4735766","T","G",0.285258,9.07993719661411e-05,421986,{"v":38.3193615537233,"d":"38.319"},{"v":0.0149222,"d":"0.015"},{"v":1.81989E-3,"d":"0.002"},{"v":2.39993787680988E-16,"d":"2.400E-16"},{"v":-3.1282,"d":"-3.128"},{"v":3.1561,"d":"3.156"},{"v":0.3216,"d":"0.322"}]
["FVC","SA_lateral occipital","rs4759316","A","G",0.57091,5.31891591327017e-05,421986,{"v":22.4461680202567,"d":"22.446"},{"v":0.0104193,"d":"0.010"},{"v":0.00165644,"d":"0.002"},{"v":3.20000015974484E-10,"d":"3.200E-10"},{"v":0.8849,"d":"0.885"},{"v":3.0637,"d":"3.064"},{"v":0.7727,"d":"0.773"}]
["FVC","SA_lateral occipital","rs4785677","G","A",0.549173,4.80134751963316E-5,421986,{"v":20.2618911610575,"d":"20.262"},{"v":-0.00984707,"d":"-0.010"},{"v":1.65043E-3,"d":"0.002"},{"v":2.39999313805789E-9,"d":"2.400E-09"},-1.593,{"v":2.9273,"d":"2.927"},{"v":0.5863,"d":"0.586"}]
["FVC","SA_lateral occipital","rs4794006","A","G",0.555023,5.38677822535485e-05,421986,{"v":22.7325667794388,"d":"22.733"},{"v":-0.010443,"d":"-0.010"},{"v":0.00165309,"d":"0.002"},{"v":2.69997659840121E-10,"d":"2.700E-10"},{"v":4.1998,"d":"4.200"},2.896,0.147]
["FVC","SA_lateral occipital","rs4918293","A","G",0.335439,5.24388950619221e-05,421986,{"v":22.1295351421812,"d":"22.130"},{"v":-0.0108452,"d":"-0.011"},{"v":0.00174452,"d":"0.002"},{"v":5.09999793204996e-10,"d":"5.100E-10"},{"v":0.4412,"d":"0.441"},{"v":3.0742,"d":"3.074"},{"v":0.8859,"d":"0.886"}]
["FVC","SA_lateral occipital","rs4924413","A","G",0.283479,4.76110581125863e-05,421986,{"v":20.0920613508822,"d":"20.092"},{"v":0.0108259,"d":"0.011"},{"v":0.00182023,"d":"0.002"},{"v":2.69997659840121e-09,"d":"2.700E-09"},5.044,{"v":3.1781,"d":"3.178"},{"v":0.1125,"d":"0.113"}]
["FVC","SA_lateral occipital","rs4951407","G","T",0.661152,5.97857889278145E-5,421986,{"v":25.230154759622,"d":"25.230"},{"v":0.0115513,"d":"0.012"},{"v":0.00173213,"d":"0.002"},{"v":2.60015956316527E-11,"d":"2.600E-11"},{"v":-3.6403,"d":"-3.640"},{"v":3.0269,"d":"3.027"},{"v":0.2291,"d":"0.229"}]
["FVC","SA_lateral occipital","rs4959021","C","T",0.814313,0.000289077580921587,421986,{"v":122.02138755515,"d":"122.021"},{"v":-0.0309176,"d":"-0.031"},{"v":0.00221491,"d":"0.002"},{"v":2.80027059501065e-44,"d":"2.800E-44"},{"v":3.8238,"d":"3.824"},{"v":4.1045,"d":"4.105"},{"v":0.3515,"d":"0.352"}]
["FVC","SA_lateral occipital","rs55681913","C","T",0.10621,8.08864045248552e-05,421986,{"v":34.1355296272746,"d":"34.136"},{"v":0.0206406,"d":"0.021"},{"v":2.69286E-3,"d":"0.003"},{"v":1.80011396041801E-14,"d":"1.800E-14"},{"v":2.7061,"d":"2.706"},{"v":5.1,"d":"5.100"},{"v":0.5957,"d":"0.596"}]
["FVC","SA_lateral occipital","rs55707322","A","C",0.163689,4.62683444763271E-5,421986,{"v":19.5254044836391,"d":"19.525"},{"v":0.0129997,"d":"0.013"},{"v":0.00221808,"d":"0.002"},{"v":4.60002296665069e-09,"d":"4.600E-09"},{"v":2.5825,"d":"2.583"},{"v":3.9931,"d":"3.993"},{"v":0.5178,"d":"0.518"}]
["FVC","SA_lateral occipital","rs55758152","A","G",0.325764,5.16859270150706E-5,421986,{"v":21.811761586645,"d":"21.812"},{"v":0.0108471,"d":"0.011"},{"v":0.00177131,"d":"0.002"},{"v":9.09997082601283e-10,"d":"9.100E-10"},{"v":2.8517,"d":"2.852"},{"v":3.5426,"d":"3.543"},{"v":0.4208,"d":"0.421"}]
["FVC","SA_lateral occipital","rs55786114","T","C",0.073277,7.23637113431354e-05,421986,{"v":30.5385382493884,"d":"30.539"},{"v":-0.0230827,"d":"-0.023"},{"v":0.00314939,"d":"0.003"},{"v":2.29985258668621e-13,"d":"2.300E-13"},{"v":5.4474,"d":"5.447"},{"v":6.4242,"d":"6.424"},{"v":0.3965,"d":"0.397"}]
["FVC","SA_lateral occipital","rs558107","G","A",0.587806,5.78469038151767E-5,421986,{"v":24.4118800112185,"d":"24.412"},{"v":-0.0109259,"d":"-0.011"},{"v":1.67201E-3,"d":"0.002"},{"v":6.40029512108372E-11,"d":"6.400E-11"},{"v":2.0402,"d":"2.040"},{"v":2.9265,"d":"2.927"},{"v":0.4857,"d":"0.486"}]
["FVC","SA_lateral occipital","rs55831773","T","C",0.199579,6.58378676692214e-05,421986,{"v":27.7843560132832,"d":"27.784"},{"v":-0.0143551,"d":"-0.014"},{"v":0.00209681,"d":"0.002"},{"v":7.59976214361039E-12,"d":"7.600E-12"},{"v":5.9255,"d":"5.926"},3.844,{"v":0.1232,"d":"0.123"}]
["FVC","SA_lateral occipital","rs55906059","T","C",0.093726,4.23076242776738e-05,421986,{"v":17.8538958791087,"d":"17.854"},{"v":-0.015781,"d":"-0.016"},{"v":0.0028489,"d":"0.003"},{"v":2.99999133271615e-08,"d":"3.000E-08"},{"v":-0.5817,"d":"-0.582"},{"v":5.5492,"d":"5.549"},{"v":0.9165,"d":"0.917"}]
["FVC","SA_lateral occipital","rs55962189","T","A",0.299312,5.39173733411806e-05,421986,{"v":22.7534956807262,"d":"22.753"},{"v":0.0113377,"d":"0.011"},{"v":0.00180553,"d":"0.002"},{"v":3.4000084782586e-10,"d":"3.400E-10"},{"v":-2.1142,"d":"-2.114"},{"v":3.2596,"d":"3.260"},{"v":0.5166,"d":"0.517"}]
["FVC","SA_lateral occipital","rs56099233","T","G",0.203137,4.63112857415907e-05,421986,{"v":19.5435266882283,"d":"19.544"},{"v":0.0119603,"d":"0.012"},{"v":0.00205819,"d":"0.002"},{"v":6.19997588072324e-09,"d":"6.200E-09"},{"v":4.8794,"d":"4.879"},3.769,{"v":0.1955,"d":"0.196"}]
["FVC","SA_lateral occipital","rs56107042","G","C",0.024063,4.31515448222523e-05,421986,{"v":18.2100472819448,"d":"18.210"},{"v":-0.0303108,"d":"-0.030"},{"v":0.00545244,"d":"0.005"},{"v":2.69997659840121e-08,"d":"2.700E-08"},{"v":2.0906,"d":"2.091"},{"v":10.1826,"d":"10.183"},{"v":0.8373,"d":"0.837"}]
["FVC","SA_lateral occipital","rs56144019","A","G",0.23362,5.74600505527944e-05,421986,{"v":24.2486152991313,"d":"24.249"},{"v":-0.0126675,"d":"-0.013"},{"v":0.00194171,"d":"0.002"},{"v":6.89922009844049e-11,"d":"6.899E-11"},{"v":1.4901,"d":"1.490"},{"v":3.4676,"d":"3.468"},{"v":0.6674,"d":"0.667"}]
["FVC","SA_lateral occipital","rs56318219","A","G",0.263367,7.89251775726661e-05,421986,{"v":33.3077909561397,"d":"33.308"},{"v":0.0142622,"d":"0.014"},{"v":0.00189906,"d":"0.002"},{"v":5.90065196995665e-14,"d":"5.901E-14"},{"v":-1.5027,"d":"-1.503"},{"v":3.3115,"d":"3.312"},{"v":0.65,"d":"0.650"}]
["FVC","SA_lateral occipital","rs564443","A","G",0.162319,4.20226237478109e-05,421986,{"v":17.7336200728403,"d":"17.734"},{"v":0.0124309,"d":"0.012"},{"v":0.00222876,"d":"0.002"},{"v":2.39999313805789e-08,"d":"2.400E-08"},{"v":0.16,"d":"0.160"},3.815,{"v":0.9665,"d":"0.967"}]
["FVC","SA_lateral occipital","rs57072412","A","G",0.383191,5.48617071536508e-05,421986,{"v":23.1520327915692,"d":"23.152"},{"v":0.010773,"d":"0.011"},{"v":1.68954E-3,"d":"0.002"},{"v":1.79998961724559E-10,"d":"1.800E-10"},{"v":1.9301,"d":"1.930"},{"v":2.9398,"d":"2.940"},{"v":0.5115,"d":"0.512"}]
["FVC","SA_lateral occipital","rs575837","G","A",0.784728,5.50345504488652e-05,421986,{"v":23.2249779128326,"d":"23.225"},{"v":0.0127629,"d":"0.013"},{"v":0.0020075,"d":"0.002"},{"v":2.00000001996811e-10,"d":"2.000E-10"},3.379,{"v":3.4337,"d":"3.434"},{"v":0.3251,"d":"0.325"}]
["FVC","SA_lateral occipital","rs582780","G","A",0.422609,7.69184760023856e-05,421986,{"v":32.4608630175037,"d":"32.461"},{"v":0.0125544,"d":"0.013"},{"v":1.6756E-3,"d":"0.002"},{"v":6.79986045003322e-14,"d":"6.800E-14"},{"v":0.8122,"d":"0.812"},{"v":3.0064,"d":"3.006"},{"v":0.7871,"d":"0.787"}]
["FVC","SA_lateral occipital","rs59032271","T","C",0.467565,5.25155515367519e-05,421986,{"v":22.1618863433691,"d":"22.162"},{"v":-0.0102701,"d":"-0.010"},{"v":0.00164133,"d":"0.002"},{"v":3.89995862874433e-10,"d":"3.900E-10"},5.026,{"v":2.8529,"d":"2.853"},{"v":0.07812,"d":"0.078"}]
["FVC","SA_lateral occipital","rs5992929","T","C",0.284928,4.74968475738632E-5,421986,{"v":20.0438617468553,"d":"20.044"},{"v":0.0107963,"d":"0.011"},{"v":0.0018267,"d":"0.002"},{"v":3.4000084782586e-09,"d":"3.400E-09"},{"v":-6.0658,"d":"-6.066"},{"v":3.2102,"d":"3.210"},{"v":0.05881,"d":"0.059"}]
["FVC","SA_lateral occipital","rs60839038","C","A",0.47352,7.81566247420721e-05,421986,{"v":32.9834230081733,"d":"32.983"},{"v":0.0125201,"d":"0.013"},{"v":0.00167309,"d":"0.002"},{"v":7.29961575729299e-14,"d":"7.300E-14"},{"v":-5.3212,"d":"-5.321"},3.148,{"v":0.09096,"d":"0.091"}]
["FVC","SA_lateral occipital","rs6088619","G","A",0.135815,7.20917622439476e-05,421986,{"v":30.4237635014749,"d":"30.424"},{"v":0.0175247,"d":"0.018"},{"v":2.41661E-3,"d":"0.002"},{"v":4.10015240506613e-13,"d":"4.100E-13"},{"v":0.1872,"d":"0.187"},{"v":4.2969,"d":"4.297"},{"v":0.9652,"d":"0.965"}]
["FVC","SA_lateral occipital","rs6107411","G","A",0.165223,4.40792134730111e-05,421986,{"v":18.6015427595694,"d":"18.602"},{"v":0.012641,"d":"0.013"},{"v":0.00221407,"d":"0.002"},{"v":1.09999319893519E-8,"d":"1.100E-08"},{"v":-2.2508,"d":"-2.251"},{"v":3.8664,"d":"3.866"},{"v":0.5605,"d":"0.561"}]
["FVC","SA_lateral occipital","rs6140000","G","T",0.497765,4.80103190874975e-05,421986,{"v":20.2605592057309,"d":"20.261"},{"v":-0.00979911,"d":"-0.010"},{"v":1.64577E-3,"d":"0.002"},{"v":2.59997995670925e-09,"d":"2.600E-09"},{"v":-5.0815,"d":"-5.082"},{"v":2.8715,"d":"2.872"},{"v":0.07679,"d":"0.077"}]
["FVC","SA_lateral occipital","rs61732778","A","G",0.071158,4.53939497968776e-05,421986,{"v":19.1563900952959,"d":"19.156"},{"v":0.0185311,"d":"0.019"},{"v":0.0031876,"d":"0.003"},{"v":6.10000231740111e-09,"d":"6.100E-09"},{"v":6.0452,"d":"6.045"},{"v":5.7316,"d":"5.732"},{"v":0.2916,"d":"0.292"}]
["FVC","SA_lateral occipital","rs61884008","A","G",0.055359,6.19804364366019e-05,421986,{"v":26.1563736727189,"d":"26.156"},{"v":0.0243436,"d":"0.024"},{"v":3.63066E-3,"d":"0.004"},{"v":1.99986186963274e-11,"d":"2.000E-11"},{"v":-3.8885,"d":"-3.889"},{"v":6.3949,"d":"6.395"},{"v":0.5431,"d":"0.543"}]
["FVC","SA_lateral occipital","rs62018872","A","G",0.120637,4.85026045935671e-05,421986,{"v":20.4683158634428,"d":"20.468"},{"v":-0.0151197,"d":"-0.015"},{"v":0.00253721,"d":"0.003"},{"v":2.49999995007974e-09,"d":"2.500E-09"},{"v":-0.6918,"d":"-0.692"},{"v":4.4889,"d":"4.489"},{"v":0.8775,"d":"0.878"}]
["FVC","SA_lateral occipital","rs62194733","T","C",0.118104,5.38642068054667e-05,421986,{"v":22.7310578349982,"d":"22.731"},{"v":-0.0160803,"d":"-0.016"},{"v":0.0025514,"d":"0.003"},{"v":2.90001336905407e-10,"d":"2.900E-10"},{"v":5.7618,"d":"5.762"},{"v":4.7748,"d":"4.775"},{"v":0.2275,"d":"0.228"}]
["FVC","SA_lateral occipital","rs62276616","A","G",0.042615,5.76894212543324e-05,421986,{"v":24.3454172116173,"d":"24.345"},{"v":-0.0265894,"d":"-0.027"},{"v":4.0951E-3,"d":"0.004"},{"v":8.4004006526377e-11,"d":"8.400E-11"},{"v":4.7539,"d":"4.754"},{"v":7.3629,"d":"7.363"},{"v":0.5185,"d":"0.519"}]
["FVC","SA_lateral occipital","rs644570","A","G",0.632228,5.14133799179517e-05,421986,{"v":21.6967392139931,"d":"21.697"},{"v":0.0105147,"d":"0.011"},{"v":0.00170914,"d":"0.002"},{"v":7.59993713661527e-10,"d":"7.600E-10"},{"v":-0.0872,"d":"-0.087"},{"v":2.9777,"d":"2.978"},{"v":0.9766,"d":"0.977"}]
["FVC","SA_lateral occipital","rs6462426","C","T",0.945001,4.55399828280401e-05,421986,{"v":19.2180193019767,"d":"19.218"},{"v":-0.0209309,"d":"-0.021"},{"v":3.60298E-3,"d":"0.004"},{"v":6.29999202947421e-09,"d":"6.300E-09"},{"v":10.0623,"d":"10.062"},{"v":6.1676,"d":"6.168"},{"v":0.1028,"d":"0.103"}]
["FVC","SA_lateral occipital","rs6487686","C","T",0.772904,{"$f":"2*F2181*(1-F2181)*J2181*J2181","v":1.03141223251922E-4},421986,{"$f":"G2181/(1-G2181)*(H2181-2)","v":{"v":43.5284355288256,"d":"43.528"}},{"v":-0.0171409,"d":"-0.017"},{"v":0.00196297,"d":"0.002"},{"v":2.49976970217851e-18,"d":"2.500E-18"},{"v":4.7661,"d":"4.766"},{"v":3.3818,"d":"3.382"},{"v":0.1587,"d":"0.159"}]
["FVC","SA_lateral occipital","rs6501431","T","C",0.784491,5.66176612404253E-5,421986,{"v":23.8930999323176,"d":"23.893"},{"v":0.01294,"d":"0.013"},{"v":0.00199944,"d":"0.002"},{"v":9.70063133783958e-11,"d":"9.701E-11"},-5.101,{"v":3.4563,"d":"3.456"},{"v":0.14,"d":"0.140"}]
["FVC","SA_lateral occipital","rs661857","C","T",0.482472,0.000109798209617901,421986,{"v":46.3381755361111,"d":"46.338"},{"v":0.0148279,"d":"0.015"},{"v":0.00164183,"d":"0.002"},{"v":1.69980851320349e-19,"d":"1.700E-19"},{"v":-3.2668,"d":"-3.267"},{"v":2.9133,"d":"2.913"},{"v":0.2621,"d":"0.262"}]
["FVC","SA_lateral occipital","rs6658835","G","A",0.269388,1.42791581170128E-4,421986,{"v":60.2643678328666,"d":"60.264"},{"v":0.019046,"d":"0.019"},{"v":1.85345E-3,"d":"0.002"},{"v":8.99911910870052e-25,"d":"8.999E-25"},{"v":0.4434,"d":"0.443"},{"v":3.2144,"d":"3.214"},{"v":0.8903,"d":"0.890"}]
["FVC","SA_lateral occipital","rs6671370","A","G",0.287459,0.000125116546260296,421986,{"v":52.8037872845994,"d":"52.804"},{"v":0.0174763,"d":"0.017"},{"v":0.00181023,"d":"0.002"},{"v":4.70002318179801e-22,"d":"4.700E-22"},{"v":-1.8731,"d":"-1.873"},{"v":3.1153,"d":"3.115"},{"v":0.5477,"d":"0.548"}]
["FVC","SA_lateral occipital","rs668844","A","C",0.482052,4.45621047410429e-05,421986,{"v":18.8053332122725,"d":"18.805"},{"v":0.00944665,"d":"0.009"},{"v":1.64055E-3,"d":"0.002"},{"v":8.50002102591718E-9,"d":"8.500E-09"},{"v":3.2174,"d":"3.217"},{"v":2.9383,"d":"2.938"},{"v":0.2735,"d":"0.274"}]
["FVC","SA_lateral occipital","rs67232546","T","C",0.21257,4.86244793317992e-05,421986,{"v":20.5197500485121,"d":"20.520"},{"v":-0.0120519,"d":"-0.012"},{"v":0.0020216,"d":"0.002"},{"v":2.49999995007974e-09,"d":"2.500E-09"},{"v":1.7857,"d":"1.786"},{"v":3.5815,"d":"3.582"},{"v":0.6181,"d":"0.618"}]
["FVC","SA_lateral occipital","rs67551338","T","C",0.06134,7.05189984710282e-05,421986,{"v":29.7599876953251,"d":"29.760"},{"v":0.0247464,"d":"0.025"},{"v":0.00345878,"d":"0.003"},{"v":8.4004006526377e-13,"d":"8.400E-13"},9.198,{"v":5.8908,"d":"5.891"},{"v":0.1184,"d":"0.118"}]
["FVC","SA_lateral occipital","rs6762578","A","G",0.77845,0.000132137192897206,421986,{"v":55.7671501222077,"d":"55.767"},{"v":0.0195725,"d":"0.020"},{"v":0.00198462,"d":"0.002"},{"v":6.09958095872238e-23,"d":"6.100E-23"},{"v":-0.5584,"d":"-0.558"},{"v":3.7154,"d":"3.715"},{"v":0.8805,"d":"0.881"}]
["FVC","SA_lateral occipital","rs6803045","A","G",0.582831,5.28540720634528e-05,421986,{"v":22.3047516425747,"d":"22.305"},{"v":0.0104255,"d":"0.010"},{"v":0.00167546,"d":"0.002"},{"v":4.90004422793237e-10,"d":"4.900E-10"},{"v":-1.6521,"d":"-1.652"},{"v":2.8705,"d":"2.871"},{"v":0.5649,"d":"0.565"}]
["FVC","SA_lateral occipital","rs6849555","C","G",0.201305,5.95225828732291e-05,421986,{"v":25.119072763267,"d":"25.119"},{"v":0.0136053,"d":"0.014"},{"v":2.10903E-3,"d":"0.002"},{"v":1.09999319893519e-10,"d":"1.100E-10"},{"v":-2.3276,"d":"-2.328"},{"v":4.49,"d":"4.490"},{"v":0.6042,"d":"0.604"}]
["FVC","SA_lateral occipital","rs6886191","G","A",0.559405,6.13211737942761e-05,421986,{"v":25.8781410803905,"d":"25.878"},{"v":0.0111534,"d":"0.011"},{"v":1.65843E-3,"d":"0.002"},{"v":1.80011396041801E-11,"d":"1.800E-11"},{"v":-2.8093,"d":"-2.809"},{"v":2.8793,"d":"2.879"},{"v":0.3292,"d":"0.329"}]
["FVC","SA_lateral occipital","rs6902771","T","C",0.463035,9.61364438873099E-5,421986,{"v":40.5719415795277,"d":"40.572"},{"v":0.0139043,"d":"0.014"},{"v":0.00164169,"d":"0.002"},{"v":2.49976970217851E-17,"d":"2.500E-17"},{"v":2.1515,"d":"2.152"},{"v":2.8741,"d":"2.874"},{"v":0.4541,"d":"0.454"}]
["FVC","SA_lateral occipital","rs6906411","A","G",0.449499,4.49493692192693E-5,421986,{"v":18.9687672547471,"d":"18.969"},{"v":-0.00953023,"d":"-0.010"},{"v":1.65975E-3,"d":"0.002"},{"v":9.40004645744656E-9,"d":"9.400E-09"},{"v":-2.3337,"d":"-2.334"},{"v":2.8938,"d":"2.894"},{"v":0.42,"d":"0.420"}]
["FVC","SA_lateral occipital","rs6919321","A","G",0.60753,5.65182520321187e-05,421986,{"v":23.8511460906076,"d":"23.851"},{"v":0.0108866,"d":"0.011"},{"v":1.68563E-3,"d":"0.002"},{"v":1.09999319893519e-10,"d":"1.100E-10"},{"v":1.6785,"d":"1.679"},{"v":2.9042,"d":"2.904"},{"v":0.5633,"d":"0.563"}]
["FVC","SA_lateral occipital","rs6937121","G","T",0.289184,0.000224015728667804,421986,{"v":94.5522344338483,"d":"94.552"},{"v":-0.0233431,"d":"-0.023"},{"v":1.80879E-3,"d":"0.002"},{"v":4.19952334664063E-38,"d":"4.200E-38"},{"v":-1.6198,"d":"-1.620"},3.149,0.607]
["FVC","SA_lateral occipital","rs6965423","C","T",0.50901,5.87283036522269e-05,421986,{"v":24.7838600024372,"d":"24.784"},{"v":-0.0108395,"d":"-0.011"},{"v":1.64539E-3,"d":"0.002"},{"v":4.49987033872151e-11,"d":"4.500E-11"},{"v":1.9759,"d":"1.976"},{"v":2.8417,"d":"2.842"},{"v":0.4869,"d":"0.487"}]
["FVC","SA_lateral occipital","rs6977081","T","G",0.333825,1.11883348591464E-4,421986,{"v":47.2182659097251,"d":"47.218"},{"v":0.0158604,"d":"0.016"},{"v":0.00175433,"d":"0.002"},{"v":1.5999263828686e-19,"d":"1.600E-19"},-1.184,{"v":3.0082,"d":"3.008"},{"v":0.6939,"d":"0.694"}]
["FVC","SA_lateral occipital","rs698748","G","A",0.581469,4.26423821749827e-05,421986,{"v":17.9951703566595,"d":"17.995"},{"v":0.00936006,"d":"0.009"},{"v":0.00167978,"d":"0.002"},{"v":2.49999995007974e-08,"d":"2.500E-08"},{"v":4.6831,"d":"4.683"},{"v":3.3753,"d":"3.375"},{"v":0.1653,"d":"0.165"}]
["FVC","SA_lateral occipital","rs7012637","A","G",0.4738,5.1217081991076e-05,421986,{"v":21.6138961276123,"d":"21.614"},{"v":-0.0101349,"d":"-0.010"},{"v":1.65698E-3,"d":"0.002"},{"v":9.59997274392481e-10,"d":"9.600E-10"},{"v":-1.2319,"d":"-1.232"},{"v":2.9685,"d":"2.969"},{"v":0.6781,"d":"0.678"}]
["FVC","SA_lateral occipital","rs7027103","C","G",0.203801,8.86508239714635e-05,421986,{"v":37.4125459557999,"d":"37.413"},{"v":-0.0165277,"d":"-0.017"},{"v":2.04156E-3,"d":"0.002"},{"v":5.70033002218961e-16,"d":"5.700E-16"},{"v":5.3013,"d":"5.301"},{"v":3.5451,"d":"3.545"},{"v":0.1348,"d":"0.135"}]
["FVC","SA_lateral occipital","rs7029491","G","C",0.334337,8.05373568236104e-05,421986,{"v":33.988213302717,"d":"33.988"},{"v":0.0134513,"d":"0.013"},{"v":0.0017552,"d":"0.002"},{"v":1.80011396041801E-14,"d":"1.800E-14"},{"v":0.8683,"d":"0.868"},{"v":3.2149,"d":"3.215"},{"v":0.7871,"d":"0.787"}]
["FVC","SA_lateral occipital","rs7105777","T","C",0.631869,5.44736156740329e-05,421986,{"v":22.9882464894954,"d":"22.988"},{"v":-0.0108209,"d":"-0.011"},{"v":1.70784E-3,"d":"0.002"},{"v":2.39999313805789e-10,"d":"2.400E-10"},{"v":1.1339,"d":"1.134"},2.988,{"v":0.7043,"d":"0.704"}]
["FVC","SA_lateral occipital","rs723149","G","A",0.56266,1.00808207678773E-4,421986,{"v":42.5437394672429,"d":"42.544"},{"v":-0.014312,"d":"-0.014"},{"v":1.65522E-3,"d":"0.002"},{"v":5.30029448835795e-18,"d":"5.300E-18"},{"v":0.5714,"d":"0.571"},{"v":2.9877,"d":"2.988"},{"v":0.8483,"d":"0.848"}]
["FVC","SA_lateral occipital","rs723588","C","T",0.142475,9.20476745432426e-05,421986,{"v":38.8462215988187,"d":"38.846"},{"v":0.0194088,"d":"0.019"},{"v":0.00234291,"d":"0.002"},{"v":1.20005182020427e-16,"d":"1.200E-16"},{"v":1.2147,"d":"1.215"},{"v":3.9949,"d":"3.995"},{"v":0.7611,"d":"0.761"}]
["FVC","SA_lateral occipital","rs72643433","A","G",0.252489,0.000148056194374593,421986,{"v":62.4865966546683,"d":"62.487"},{"v":-0.0198047,"d":"-0.020"},{"v":1.89404E-3,"d":"0.002"},{"v":1.39990962656834e-25,"d":"1.400E-25"},{"v":5.8045,"d":"5.805"},{"v":3.2622,"d":"3.262"},{"v":0.07519,"d":"0.075"}]
["FVC","SA_lateral occipital","rs72656010","C","T",0.132118,0.00021908575780461,421986,{"v":92.4709434881494,"d":"92.471"},{"v":-0.0309087,"d":"-0.031"},{"v":0.00243307,"d":"0.002"},{"v":5.60015438761553e-37,"d":"5.600E-37"},{"v":0.6485,"d":"0.649"},{"v":4.2659,"d":"4.266"},{"v":0.8792,"d":"0.879"}]
["FVC","SA_lateral occipital","rs72665944","A","G",0.07632,6.84337196213313e-05,421986,{"v":28.8799111004268,"d":"28.880"},{"v":-0.0220313,"d":"-0.022"},{"v":0.00313425,"d":"0.003"},{"v":2.09990670376243E-12,"d":"2.100E-12"},{"v":-6.1879,"d":"-6.188"},{"v":5.8818,"d":"5.882"},{"v":0.2928,"d":"0.293"}]
["FVC","SA_lateral occipital","rs72904209","C","T",0.13427,5.22341047259158E-5,421986,{"v":22.0431078506648,"d":"22.043"},{"v":-0.0149893,"d":"-0.015"},{"v":0.00240925,"d":"0.002"},{"v":4.90004422793237e-10,"d":"4.900E-10"},{"v":2.4697,"d":"2.470"},{"v":4.2789,"d":"4.279"},{"v":0.5638,"d":"0.564"}]
["FVC","SA_lateral occipital","rs72976986","A","G",0.190197,7.62541928442309e-05,421986,{"v":32.1805032114777,"d":"32.181"},{"v":0.0157335,"d":"0.016"},{"v":2.11371E-3,"d":"0.002"},{"v":9.79941161095592e-14,"d":"9.799E-14"},{"v":0.6067,"d":"0.607"},{"v":4.0484,"d":"4.048"},{"v":0.8809,"d":"0.881"}]
["FVC","SA_lateral occipital","rs73125628","T","C",0.27862,4.67726131185683e-05,421986,{"v":19.7382175822406,"d":"19.738"},{"v":-0.0107868,"d":"-0.011"},{"v":0.00183637,"d":"0.002"},{"v":4.30001529151271e-09,"d":"4.300E-09"},{"v":-0.4887,"d":"-0.489"},3.257,{"v":0.8807,"d":"0.881"}]
["FVC","SA_lateral occipital","rs735830","A","G",0.208865,8.73933030413467e-05,421986,{"v":36.88179881282,"d":"36.882"},{"v":-0.0162617,"d":"-0.016"},{"v":2.02148E-3,"d":"0.002"},{"v":8.69961433065269e-16,"d":"8.700E-16"},{"v":0.3323,"d":"0.332"},{"v":3.5788,"d":"3.579"},0.926]
["FVC","SA_lateral occipital","rs7359156","G","A",0.209384,6.226472042639e-05,421986,{"v":26.276351874113,"d":"26.276"},{"v":-0.0137136,"d":"-0.014"},{"v":2.02651E-3,"d":"0.002"},{"v":1.2998702373886e-11,"d":"1.300E-11"},{"v":5.5651,"d":"5.565"},{"v":3.5459,"d":"3.546"},{"v":0.1165,"d":"0.117"}]
["FVC","SA_lateral occipital","rs74483355","T","C",0.112455,7.62296333510282e-05,421986,{"v":32.1701379178186,"d":"32.170"},{"v":-0.0195417,"d":"-0.020"},{"v":0.00260367,"d":"0.003"},{"v":6.09958095872238E-14,"d":"6.100E-14"},{"v":-0.8026,"d":"-0.803"},{"v":4.6263,"d":"4.626"},{"v":0.8623,"d":"0.862"}]
["FVC","SA_lateral occipital","rs74767794","G","A",0.316352,5.88798117763144e-05,421986,{"v":24.8478015264932,"d":"24.848"},{"v":0.0116672,"d":"0.012"},{"v":1.77224E-3,"d":"0.002"},{"v":4.60044666393479e-11,"d":"4.600E-11"},{"v":-0.1952,"d":"-0.195"},{"v":3.1212,"d":"3.121"},{"v":0.9501,"d":"0.950"}]
["FVC","SA_lateral occipital","rs75201573","C","T",0.228688,9.06302057649333e-05,421986,{"v":38.2479631702818,"d":"38.248"},{"v":0.0160282,"d":"0.016"},{"v":0.00196373,"d":"0.002"},{"v":3.29989407910835e-16,"d":"3.300E-16"},-5.883,{"v":3.6063,"d":"3.606"},{"v":0.1028,"d":"0.103"}]
["FVC","SA_lateral occipital","rs7535275","G","A",0.130968,4.20369815446355e-05,421986,{"v":17.7396793427046,"d":"17.740"},{"v":0.0135894,"d":"0.014"},{"v":0.00243438,"d":"0.002"},{"v":2.39999313805789e-08,"d":"2.400E-08"},{"v":-4.9218,"d":"-4.922"},{"v":4.5459,"d":"4.546"},{"v":0.2789,"d":"0.279"}]
["FVC","SA_lateral occipital","rs75421844","C","T",0.083714,1.12955137403472E-4,421986,{"v":47.6706453463618,"d":"47.671"},{"v":0.0271346,"d":"0.027"},{"v":0.00297229,"d":"0.003"},{"v":6.9008088854845e-20,"d":"6.901E-20"},{"v":-0.7397,"d":"-0.740"},{"v":5.2291,"d":"5.229"},{"v":0.8875,"d":"0.888"}]
["FVC","SA_lateral occipital","rs7562385","T","C",0.895666,8.01368217716201e-05,421986,{"v":33.8191667590144,"d":"33.819"},{"v":0.0207069,"d":"0.021"},{"v":0.00267966,"d":"0.003"},{"v":1.10001852750622E-14,"d":"1.100E-14"},{"v":3.6997,"d":"3.700"},{"v":4.6321,"d":"4.632"},{"v":0.4245,"d":"0.425"}]
["FVC","SA_lateral occipital","rs76084836","T","C",0.018081,4.09846726246564e-05,421986,{"v":17.2955849467299,"d":"17.296"},{"v":-0.033974,"d":"-0.034"},{"v":0.00617832,"d":"0.006"},{"v":3.79996853036855e-08,"d":"3.800E-08"},{"v":6.2219,"d":"6.222"},{"v":10.2527,"d":"10.253"},{"v":0.5439,"d":"0.544"}]
["FVC","SA_lateral occipital","rs76219171","A","G",0.06075,4.25319300147614E-5,421986,{"v":17.9485573421338,"d":"17.949"},{"v":-0.0193054,"d":"-0.019"},{"v":0.00348454,"d":"0.003"},{"v":2.99999133271615e-08,"d":"3.000E-08"},{"v":2.2604,"d":"2.260"},{"v":6.3053,"d":"6.305"},{"v":0.72,"d":"0.720"}]
["FVC","SA_lateral occipital","rs7632","C","T",0.512981,5.4113204167767e-05,421986,{"v":22.83614208435,"d":"22.836"},{"v":-0.0104067,"d":"-0.010"},{"v":1.6401E-3,"d":"0.002"},{"v":2.19998641983517E-10,"d":"2.200E-10"},{"v":1.6158,"d":"1.616"},{"v":2.8765,"d":"2.877"},{"v":0.5743,"d":"0.574"}]
["FVC","SA_lateral occipital","rs7638143","A","G",0.582086,9.48743100324213e-05,421986,{"v":40.0392395399469,"d":"40.039"},{"v":-0.0139644,"d":"-0.014"},{"v":0.00166448,"d":"0.002"},{"v":4.90004422793237e-17,"d":"4.900E-17"},{"v":-3.1527,"d":"-3.153"},2.894,0.276]
["FVC","SA_lateral occipital","rs76563195","G","C",0.242852,7.42387384341555e-05,421986,{"v":31.3298856905876,"d":"31.330"},{"v":-0.0142082,"d":"-0.014"},{"v":0.00192116,"d":"0.002"},{"v":1.39990962656834E-13,"d":"1.400E-13"},{"v":-2.1457,"d":"-2.146"},{"v":3.4344,"d":"3.434"},{"v":0.5321,"d":"0.532"}]
["FVC","SA_lateral occipital","rs76660472","C","G",0.078285,4.38444807224659e-05,421986,{"v":18.5024805848424,"d":"18.502"},{"v":-0.0174303,"d":"-0.017"},{"v":3.06179E-3,"d":"0.003"},{"v":1.19999655704812E-8,"d":"1.200E-08"},{"v":6.0572,"d":"6.057"},{"v":6.3493,"d":"6.349"},{"v":0.3401,"d":"0.340"}]
["FVC","SA_lateral occipital","rs76785101","T","C",0.059317,5.46511867782918e-05,421986,{"v":23.0631868319819,"d":"23.063"},{"v":-0.0221296,"d":"-0.022"},{"v":0.00349654,"d":"0.003"},{"v":2.49999995007974e-10,"d":"2.500E-10"},{"v":3.7524,"d":"3.752"},{"v":6.6483,"d":"6.648"},{"v":0.5725,"d":"0.573"}]
["FVC","SA_lateral occipital","rs7815955","T","A",0.203201,0.000185082637412545,421986,{"v":78.1163696496151,"d":"78.116"},{"v":-0.0239073,"d":"-0.024"},{"v":0.00204165,"d":"0.002"},{"v":1.10001852750622E-31,"d":"1.100E-31"},{"v":-2.9559,"d":"-2.956"},{"v":3.5703,"d":"3.570"},{"v":0.4077,"d":"0.408"}]
["FVC","SA_lateral occipital","rs78378222","G","T",0.01219,8.67015760390024e-05,421986,{"v":36.5898502609271,"d":"36.590"},{"v":0.0600012,"d":"0.060"},{"v":0.00764883,"d":"0.008"},{"v":4.30031233630544e-15,"d":"4.300E-15"},{"v":-7.1505,"d":"-7.151"},{"v":13.0483,"d":"13.048"},{"v":0.5837,"d":"0.584"}]
["FVC","SA_lateral occipital","rs784808","C","T",0.556276,4.96315619241602e-05,421986,{"v":20.9447645483835,"d":"20.945"},{"v":0.0100268,"d":"0.010"},{"v":0.00165571,"d":"0.002"},{"v":1.40000633223953e-09,"d":"1.400E-09"},{"v":-2.1399,"d":"-2.140"},{"v":2.8673,"d":"2.867"},{"v":0.4555,"d":"0.456"}]
["FVC","SA_lateral occipital","rs7852321","C","T",0.282452,4.30265125876653e-05,421986,{"v":18.1572811322785,"d":"18.157"},{"v":0.0103028,"d":"0.010"},{"v":0.00182407,"d":"0.002"},{"v":1.60000006389793e-08,"d":"1.600E-08"},{"v":1.7243,"d":"1.724"},{"v":3.1864,"d":"3.186"},{"v":0.5884,"d":"0.588"}]
["FVC","SA_lateral occipital","rs7854962","G","C",0.212959,0.000107130376641358,421986,{"v":45.2121484511193,"d":"45.212"},{"v":-0.017877,"d":"-0.018"},{"v":0.00202336,"d":"0.002"},{"v":1e-18,"d":"1.000E-18"},{"v":-1.3697,"d":"-1.370"},{"v":3.6024,"d":"3.602"},{"v":0.7038,"d":"0.704"}]
["FVC","SA_lateral occipital","rs78579285","T","C",0.181123,6.4453529126848e-05,421986,{"v":27.2001111782219,"d":"27.200"},{"v":-0.0147405,"d":"-0.015"},{"v":2.13123E-3,"d":"0.002"},{"v":4.60044666393479e-12,"d":"4.600E-12"},{"v":1.3044,"d":"1.304"},{"v":4.0134,"d":"4.013"},{"v":0.7452,"d":"0.745"}]
["FVC","SA_lateral occipital","rs7907533","A","C",0.548538,4.83691782861995e-05,421986,{"v":20.412006641912,"d":"20.412"},{"v":0.00988224,"d":"0.010"},{"v":1.6501E-3,"d":"0.002"},{"v":2.10000341026661e-09,"d":"2.100E-09"},{"v":4.4096,"d":"4.410"},{"v":2.8675,"d":"2.868"},{"v":0.1241,"d":"0.124"}]
["FVC","SA_lateral occipital","rs7916879","A","G",0.369335,5.50397326342143e-05,421986,{"v":23.2271649528651,"d":"23.227"},{"v":-0.0108696,"d":"-0.011"},{"v":0.00170511,"d":"0.002"},{"v":1.79998961724559E-10,"d":"1.800E-10"},{"v":4.0629,"d":"4.063"},{"v":2.9795,"d":"2.980"},{"v":0.1727,"d":"0.173"}]
["FVC","SA_lateral occipital","rs7956181","C","T",0.096091,5.09982113445097e-05,421986,{"v":21.5215267753725,"d":"21.522"},{"v":0.017134,"d":"0.017"},{"v":0.00278289,"d":"0.003"},{"v":7.39997069733888e-10,"d":"7.400E-10"},{"v":-5.4809,"d":"-5.481"},{"v":4.7931,"d":"4.793"},{"v":0.2528,"d":"0.253"}]
["FVC","SA_lateral occipital","rs7968682","T","G",0.517742,3.03039861974058E-4,421986,{"v":127.916736985581,"d":"127.917"},{"v":-0.0246342,"d":"-0.025"},{"v":0.00164702,"d":"0.002"},{"v":1.39990962656833e-50,"d":"1.400E-50"},{"v":2.1061,"d":"2.106"},{"v":2.8768,"d":"2.877"},{"v":0.4641,"d":"0.464"}]
["FVC","SA_lateral occipital","rs7980065","G","T",0.43574,5.54419493567618e-05,421986,{"v":23.3969127278143,"d":"23.397"},{"v":-0.0106182,"d":"-0.011"},{"v":0.00165768,"d":"0.002"},{"v":1.49999565138204e-10,"d":"1.500E-10"},3.396,{"v":2.9099,"d":"2.910"},{"v":0.2432,"d":"0.243"}]
["FVC","SA_lateral occipital","rs798551","T","A",0.288946,1.15599305409715E-4,421986,{"v":48.7866970023,"d":"48.787"},{"v":-0.0167727,"d":"-0.017"},{"v":1.82292E-3,"d":"0.002"},{"v":3.50025754158434e-20,"d":"3.500E-20"},{"v":5.5097,"d":"5.510"},{"v":3.2436,"d":"3.244"},{"v":0.08939,"d":"0.089"}]
["FVC","SA_lateral occipital","rs8001781","G","A",0.661562,6.29580521693592e-05,421986,{"v":26.5689634168198,"d":"26.569"},{"v":-0.0118573,"d":"-0.012"},{"v":0.00173947,"d":"0.002"},{"v":9.30036514753962e-12,"d":"9.300E-12"},-0.157,{"v":3.0087,"d":"3.009"},{"v":0.9584,"d":"0.958"}]
["FVC","SA_lateral occipital","rs8033776","G","A",0.4683,5.94227014072185e-05,421986,{"v":25.0769193689156,"d":"25.077"},{"v":0.0109236,"d":"0.011"},{"v":0.00164896,"d":"0.002"},{"v":3.50025754158434E-11,"d":"3.500E-11"},{"v":-2.3045,"d":"-2.305"},{"v":2.8991,"d":"2.899"},{"v":0.4267,"d":"0.427"}]
["FVC","SA_lateral occipital","rs803765","A","C",0.346274,8.21205506694664e-05,421986,{"v":34.6564044567223,"d":"34.656"},{"v":-0.013468,"d":"-0.013"},{"v":0.00172756,"d":"0.002"},{"v":6.40029512108372e-15,"d":"6.400E-15"},{"v":2.3952,"d":"2.395"},{"v":2.9912,"d":"2.991"},{"v":0.4233,"d":"0.423"}]
["FVC","SA_lateral occipital","rs8064926","G","A",0.208126,4.77122952933865e-05,421986,{"v":20.1347858939346,"d":"20.135"},{"v":-0.0120312,"d":"-0.012"},{"v":2.02461E-3,"d":"0.002"},{"v":2.80001269243454e-09,"d":"2.800E-09"},{"v":-3.1416,"d":"-3.142"},{"v":4.4476,"d":"4.448"},{"v":0.48,"d":"0.480"}]
["FVC","SA_lateral occipital","rs8107719","C","T",0.664833,7.58586602607119e-05,421986,{"v":32.0135693979409,"d":"32.014"},{"v":-0.0130467,"d":"-0.013"},{"v":1.74248E-3,"d":"0.002"},{"v":7.00003159130898e-14,"d":"7.000E-14"},{"v":-0.1972,"d":"-0.197"},{"v":3.0988,"d":"3.099"},{"v":0.9493,"d":"0.949"}]
["FVC","SA_lateral occipital","rs876531","T","C",0.455993,0.00016778615350299,421986,{"v":70.8149539685426,"d":"70.815"},{"v":-0.01839,"d":"-0.018"},{"v":1.65098E-3,"d":"0.002"},{"v":8.10027941680351e-29,"d":"8.100E-29"},{"v":-1.1215,"d":"-1.122"},{"v":2.9988,"d":"2.999"},{"v":0.7084,"d":"0.708"}]
["FVC","SA_lateral occipital","rs879098","G","A",0.39884,{"$f":"2*F2245*(1-F2245)*J2245*J2245","v":4.84147877011915e-05},421986,{"$f":"G2245/(1-G2245)*(H2245-2)","v":{"v":20.4312549481704,"d":"20.431"}},{"v":-0.010048,"d":"-0.010"},{"v":0.00167973,"d":"0.002"},{"v":2.19998641983517e-09,"d":"2.200E-09"},-0.319,{"v":3.0107,"d":"3.011"},{"v":0.9156,"d":"0.916"}]
["FVC","SA_lateral occipital","rs880610","A","G",0.166836,6.48118450622442e-05,421986,{"v":27.3513343171881,"d":"27.351"},{"v":-0.0152687,"d":"-0.015"},{"v":0.00220268,"d":"0.002"},{"v":4.19952334664066e-12,"d":"4.200E-12"},{"v":0.7985,"d":"0.799"},{"v":3.9504,"d":"3.950"},{"v":0.8398,"d":"0.840"}]
["FVC","SA_lateral occipital","rs889312","A","C",0.715882,4.72154158687289E-5,421986,{"v":19.9250908213991,"d":"19.925"},{"v":0.0107735,"d":"0.011"},{"v":1.82098E-3,"d":"0.002"},{"v":3.29997006285228E-9,"d":"3.300E-09"},{"v":-0.9908,"d":"-0.991"},{"v":3.1604,"d":"3.160"},{"v":0.7539,"d":"0.754"}]
["FVC","SA_lateral occipital","rs9379084","A","G",0.115664,0.000129470287613295,421986,{"v":54.6414642943066,"d":"54.641"},{"v":-0.0251572,"d":"-0.025"},{"v":0.00264155,"d":"0.003"},{"v":1.69980851320349e-21,"d":"1.700E-21"},{"v":0.0943,"d":"0.094"},{"v":4.9936,"d":"4.994"},{"v":0.9849,"d":"0.985"}]
["FVC","SA_lateral occipital","rs9391253","T","A",0.32,6.0449439875072e-05,421986,{"v":25.5102385158717,"d":"25.510"},{"v":0.0117856,"d":"0.012"},{"v":1.75829E-3,"d":"0.002"},{"v":1.99986186963274e-11,"d":"2.000E-11"},{"v":-1.5102,"d":"-1.510"},{"v":3.1023,"d":"3.102"},{"v":0.6264,"d":"0.626"}]
["FVC","SA_lateral occipital","rs9398932","A","G",0.14842,1.1392182933213E-4,421986,{"v":48.0786664385222,"d":"48.079"},{"v":-0.021229,"d":"-0.021"},{"v":0.00234405,"d":"0.002"},{"v":1.29987023738861e-19,"d":"1.300E-19"},{"v":3.4568,"d":"3.457"},{"v":4.2746,"d":"4.275"},{"v":0.4187,"d":"0.419"}]
["FVC","SA_lateral occipital","rs9435731","A","C",0.519025,0.000279641425275139,421986,{"v":118.037215298426,"d":"118.037"},{"v":0.0236663,"d":"0.024"},{"v":0.0016398,"d":"0.002"},{"v":3.19963176731834e-47,"d":"3.200E-47"},{"v":-5.1725,"d":"-5.173"},{"v":2.8951,"d":"2.895"},0.074]
["FVC","SA_lateral occipital","rs9442580","T","C",0.12853,4.44591308513243e-05,421986,{"v":18.7618760098657,"d":"18.762"},{"v":0.0140876,"d":"0.014"},{"v":2.44925E-3,"d":"0.002"},{"v":8.79994585505891e-09,"d":"8.800E-09"},{"v":2.9033,"d":"2.903"},{"v":4.4153,"d":"4.415"},{"v":0.5108,"d":"0.511"}]
["FVC","SA_lateral occipital","rs9480936","T","G",0.408304,1.03662454297679E-4,421986,{"v":43.7484321842036,"d":"43.748"},{"v":-0.0146472,"d":"-0.015"},{"v":0.00167142,"d":"0.002"},{"v":1.90020300257723e-18,"d":"1.900E-18"},{"v":-1.4819,"d":"-1.482"},{"v":2.9175,"d":"2.918"},{"v":0.6115,"d":"0.612"}]
["FVC","SA_lateral occipital","rs9483032","A","G",0.719323,7.07554001577734e-05,421986,{"v":29.8597595194113,"d":"29.860"},{"v":0.0132373,"d":"0.013"},{"v":0.00182813,"d":"0.002"},{"v":4.49987033872151e-13,"d":"4.500E-13"},{"v":-0.1554,"d":"-0.155"},{"v":3.1843,"d":"3.184"},{"v":0.9611,"d":"0.961"}]
["FVC","SA_lateral occipital","rs9494331","A","G",0.32104,8.94187389476238e-05,421986,{"v":37.7366514998633,"d":"37.737"},{"v":-0.0143218,"d":"-0.014"},{"v":0.00175835,"d":"0.002"},{"v":3.80014352941586e-16,"d":"3.800E-16"},{"v":1.9416,"d":"1.942"},{"v":3.0722,"d":"3.072"},{"v":0.5274,"d":"0.527"}]
["FVC","SA_lateral occipital","rs9745989","C","T",0.62791,5.40942994332712e-05,421986,{"v":22.8281637255736,"d":"22.828"},{"v":0.0107594,"d":"0.011"},{"v":0.00174129,"d":"0.002"},{"v":6.49994976198144e-10,"d":"6.500E-10"},{"v":-1.0253,"d":"-1.025"},3.279,{"v":0.7545,"d":"0.755"}]
["FVC","SA_lateral occipital","rs9821691","T","G",0.428996,7.88619757754557e-05,421986,{"v":33.281116600241,"d":"33.281"},{"v":-0.0126874,"d":"-0.013"},{"v":0.00167142,"d":"0.002"},{"v":3.19963176731835E-14,"d":"3.200E-14"},{"v":-3.4773,"d":"-3.477"},{"v":2.9441,"d":"2.944"},{"v":0.2376,"d":"0.238"}]
["FVC","SA_lateral occipital","rs985296","A","G",0.385446,5.76959713698934e-05,421986,{"v":24.3481815745401,"d":"24.348"},{"v":-0.0110356,"d":"-0.011"},{"v":0.00168371,"d":"0.002"},{"v":5.60015438761557e-11,"d":"5.600E-11"},{"v":-4.1027,"d":"-4.103"},{"v":2.9459,"d":"2.946"},{"v":0.1637,"d":"0.164"}]
["FVC","SA_lateral occipital","rs9988963","G","C",0.737251,7.08865325024603e-05,421986,{"v":29.9151031094471,"d":"29.915"},{"v":0.0135266,"d":"0.014"},{"v":1.86634E-3,"d":"0.002"},{"v":4.19952334664066e-13,"d":"4.200E-13"},{"v":-0.9391,"d":"-0.939"},{"v":3.2457,"d":"3.246"},{"v":0.7723,"d":"0.772"}]
["FEV1/FVC","SA_paracentral","rs10059996","G","T",0.645,0.000567418368,321047,{"v":182.270253444304,"d":"182.270"},{"v":0.0352,"d":"0.035"},{"v":0.0026,"d":"0.003"},{"v":1.53003018914347e-42,"d":"1.530E-42"},{"v":-1.2113,"d":"-1.211"},1.342,{"v":0.3668,"d":"0.367"}]
["FEV1/FVC","SA_paracentral","rs10172023","G","C",0.334,9.483232608E-5,321047,{"v":30.4483316124657,"d":"30.448"},{"v":0.0146,"d":"0.015"},{"v":0.0025,"d":"0.003"},{"v":7.46002014086309e-09,"d":"7.460E-09"},{"v":0.2253,"d":"0.225"},{"v":1.1991,"d":"1.199"},0.851]
["FEV1/FVC","SA_paracentral","rs10400826","A","G",0.189,0.00011300954112,321047,{"v":36.2852487081763,"d":"36.285"},{"v":-0.0192,"d":"-0.019"},0.003,{"v":1.91999456795429e-10,"d":"1.920E-10"},{"v":-1.4737,"d":"-1.474"},{"v":1.4274,"d":"1.427"},{"v":0.3019,"d":"0.302"}]
["FEV1/FVC","SA_paracentral","rs10460533","A","G",0.285,0.0001814453355,321047,{"v":58.2626892287918,"d":"58.263"},{"v":0.0211,"d":"0.021"},{"v":0.0026,"d":"0.003"},{"v":5.93061866400718e-16,"d":"5.931E-16"},{"v":-1.8383,"d":"-1.838"},{"v":1.2285,"d":"1.229"},{"v":0.1346,"d":"0.135"}]
["FEV1/FVC","SA_paracentral","rs1050785","A","C",0.602,0.00015872755808,321047,{"v":50.9667787161224,"d":"50.967"},{"v":-0.0182,"d":"-0.018"},{"v":0.0025,"d":"0.003"},{"v":2.99985318119079e-13,"d":"3.000E-13"},{"v":1.3583,"d":"1.358"},{"v":1.2882,"d":"1.288"},{"v":0.2917,"d":"0.292"}]
["FEV1/FVC","SA_paracentral","rs10508468","C","T",0.379,0.00010591155,321047,{"v":34.0059751952922,"d":"34.006"},-0.015,{"v":0.0024,"d":"0.002"},{"v":8.70001497192316E-10,"d":"8.700E-10"},{"v":-1.6409,"d":"-1.641"},{"v":1.1581,"d":"1.158"},{"v":0.1565,"d":"0.157"}]
["FEV1/FVC","SA_paracentral","rs1054085","C","T",0.624,1.12736832E-4,321047,{"v":36.1976770408753,"d":"36.198"},{"v":0.0155,"d":"0.016"},{"v":0.0025,"d":"0.003"},{"v":2.95998833804091e-10,"d":"2.960E-10"},{"v":-0.7962,"d":"-0.796"},{"v":1.1601,"d":"1.160"},{"v":0.4925,"d":"0.493"}]
["FEV1/FVC","SA_paracentral","rs10748849","T","C",0.393,0.00015116499768,321047,{"v":48.5381039425455,"d":"48.538"},{"v":0.0178,"d":"0.018"},{"v":0.0024,"d":"0.002"},{"v":2.88004981744286e-13,"d":"2.880E-13"},{"v":1.1841,"d":"1.184"},{"v":1.1601,"d":"1.160"},{"v":0.3074,"d":"0.307"}]
["FEV1/FVC","SA_paracentral","rs10775456","G","A",0.681,8.637857118e-05,321047,{"v":27.7338039908452,"d":"27.734"},{"v":-0.0141,"d":"-0.014"},{"v":0.0026,"d":"0.003"},{"v":4.18996118727866e-08,"d":"4.190E-08"},{"v":1.6239,"d":"1.624"},{"v":1.2433,"d":"1.243"},{"v":0.1915,"d":"0.192"}]
["FEV1/FVC","SA_paracentral","rs10836366","C","T",0.251,1.3716783038E-4,321047,{"v":44.0430873990889,"d":"44.043"},{"v":-0.0191,"d":"-0.019"},{"v":0.0027,"d":"0.003"},{"v":2.33023649672246E-12,"d":"2.330E-12"},{"v":-1.8861,"d":"-1.886"},1.287,{"v":0.1428,"d":"0.143"}]
["FEV1/FVC","SA_paracentral","rs10851744","T","C",0.867,8.950209198e-05,321047,{"v":28.7367711208512,"d":"28.737"},{"v":-0.0197,"d":"-0.020"},{"v":0.0035,"d":"0.004"},{"v":1.45000667005009E-8,"d":"1.450E-08"},{"v":-2.8605,"d":"-2.861"},{"v":1.6399,"d":"1.640"},{"v":0.08111,"d":"0.081"}]
["FEV1/FVC","SA_paracentral","rs10904220","G","A",0.659,8.8089848e-05,321047,{"v":28.2832967224692,"d":"28.283"},-0.014,{"v":0.0025,"d":"0.003"},{"v":2.18997925035306e-08,"d":"2.190E-08"},{"v":1.6157,"d":"1.616"},{"v":1.2037,"d":"1.204"},{"v":0.1795,"d":"0.180"}]
["FEV1/FVC","SA_paracentral","rs10983184","T","C",0.64,0.000343429632,321047,{"v":110.294244517246,"d":"110.294"},{"v":0.0273,"d":"0.027"},{"v":0.0025,"d":"0.003"},{"v":9.04898774394417e-28,"d":"9.049E-28"},{"v":1.9378,"d":"1.938"},{"v":1.1781,"d":"1.178"},{"v":0.1,"d":"0.100"}]
["FEV1/FVC","SA_paracentral","rs10987386","T","C",0.187,2.0396783022E-4,321047,{"v":65.4962111730605,"d":"65.496"},{"v":-0.0259,"d":"-0.026"},{"v":0.0031,"d":"0.003"},{"v":4.51024361117193e-17,"d":"4.510E-17"},{"v":2.3106,"d":"2.311"},{"v":1.4168,"d":"1.417"},{"v":0.1029,"d":"0.103"}]
["FEV1/FVC","SA_paracentral","rs11000805","C","G",0.187,0.00015120699198,321047,{"v":48.551590080111,"d":"48.552"},{"v":-0.0223,"d":"-0.022"},{"v":0.0031,"d":"0.003"},{"v":5.37031796370253e-13,"d":"5.370E-13"},{"v":-1.7074,"d":"-1.707"},{"v":1.4511,"d":"1.451"},{"v":0.2393,"d":"0.239"}]
["FEV1/FVC","SA_paracentral","rs11042775","A","G",0.356,9.6405512e-05,321047,{"v":30.9534916872543,"d":"30.953"},{"v":0.0145,"d":"0.015"},{"v":0.0025,"d":"0.003"},{"v":5.58997672992753e-09,"d":"5.590E-09"},-0.476,{"v":1.2056,"d":"1.206"},0.693]
["FEV1/FVC","SA_paracentral","rs11067615","G","T",0.513,0.00013113129528,321047,{"v":42.1045679196961,"d":"42.105"},{"v":0.0162,"d":"0.016"},{"v":0.0024,"d":"0.002"},{"v":1.15000571869924E-11,"d":"1.150E-11"},{"v":0.4234,"d":"0.423"},{"v":1.1246,"d":"1.125"},{"v":0.7066,"d":"0.707"}]
["FEV1/FVC","SA_paracentral","rs11098196","T","G",0.508,1.9203082752E-4,321047,{"v":61.6623780986515,"d":"61.662"},{"v":-0.0196,"d":"-0.020"},{"v":0.0024,"d":"0.002"},{"v":2.41991437833922e-16,"d":"2.420E-16"},{"v":1.3708,"d":"1.371"},{"v":1.1277,"d":"1.128"},{"v":0.2241,"d":"0.224"}]
["FEV1/FVC","SA_paracentral","rs111231071","T","C",0.0717,0.0001566122546478,321047,{"v":50.2874569254125,"d":"50.287"},{"v":0.0343,"d":"0.034"},{"v":0.0046,"d":"0.005"},{"v":1.23993808595095e-13,"d":"1.240E-13"},{"v":1.1603,"d":"1.160"},{"v":2.1862,"d":"2.186"},{"v":0.5956,"d":"0.596"}]
["FEV1/FVC","SA_paracentral","rs111628829","A","G",0.0438,9.400316142e-05,321047,{"v":30.182082169226,"d":"30.182"},{"v":0.0335,"d":"0.034"},{"v":0.0058,"d":"0.006"},{"v":7.69998714277137e-09,"d":"7.700E-09"},0.014,{"v":3.0834,"d":"3.083"},{"v":0.9964,"d":"0.996"}]
["FEV1/FVC","SA_paracentral","rs11172113","C","T",0.411,2.4948177582E-4,321047,{"v":80.1148639166514,"d":"80.115"},{"v":0.0227,"d":"0.023"},{"v":0.0024,"d":"0.002"},{"v":7.04044321469975e-21,"d":"7.040E-21"},{"v":-0.0933,"d":"-0.093"},{"v":1.1739,"d":"1.174"},{"v":0.9366,"d":"0.937"}]
["FEV1/FVC","SA_paracentral","rs11200633","T","C",0.216,0.00012485394432,321047,{"v":40.0887397915002,"d":"40.089"},{"v":-0.0192,"d":"-0.019"},{"v":0.0029,"d":"0.003"},{"v":3.94003427644745e-11,"d":"3.940E-11"},{"v":-1.7303,"d":"-1.730"},{"v":1.3607,"d":"1.361"},{"v":0.2035,"d":"0.204"}]
["FEV1/FVC","SA_paracentral","rs11234768","C","T",0.154,2.3922487512E-4,321047,{"v":76.8203273661212,"d":"76.820"},{"v":-0.0303,"d":"-0.030"},{"v":3.3E-3,"d":"0.003"},{"v":5.06990708274702e-20,"d":"5.070E-20"},{"v":-1.1556,"d":"-1.156"},{"v":1.5394,"d":"1.539"},{"v":0.4528,"d":"0.453"}]
["FEV1/FVC","SA_paracentral","rs113336697","T","C",0.0887,1.109730617528E-4,321047,{"v":35.6313007249634,"d":"35.631"},{"v":0.0262,"d":"0.026"},{"v":0.0042,"d":"0.004"},{"v":7.01003199231399e-10,"d":"7.010E-10"},{"v":0.4711,"d":"0.471"},{"v":2.2173,"d":"2.217"},{"v":0.8317,"d":"0.832"}]
["FEV1/FVC","SA_paracentral","rs115503647","G","A",0.052,1.42366848E-4,321047,{"v":45.7126726852838,"d":"45.713"},-0.038,{"v":5.3E-3,"d":"0.005"},{"v":1.20005182020427e-12,"d":"1.200E-12"},{"v":-4.9324,"d":"-4.932"},{"v":2.9793,"d":"2.979"},{"v":0.09782,"d":"0.098"}]
["FEV1/FVC","SA_paracentral","rs1155612","C","T",0.509,0.0004059934155,321047,{"v":130.395095629437,"d":"130.395"},{"v":-0.0285,"d":"-0.029"},{"v":0.0024,"d":"0.002"},{"v":6.49980009683024e-33,"d":"6.500E-33"},{"v":0.1158,"d":"0.116"},{"v":1.1378,"d":"1.138"},{"v":0.9189,"d":"0.919"}]
["FEV1/FVC","SA_paracentral","rs115830429","A","G",0.0237,0.0001589120620152,321047,{"v":51.0260316015681,"d":"51.026"},{"v":0.0586,"d":"0.059"},0.008,{"v":1.93018972763458E-13,"d":"1.930E-13"},{"v":4.8111,"d":"4.811"},{"v":4.9624,"d":"4.962"},{"v":0.3323,"d":"0.332"}]
["FEV1/FVC","SA_paracentral","rs11596235","T","C",0.309,8.732500062e-05,321047,{"v":28.0377032164987,"d":"28.038"},{"v":-0.0143,"d":"-0.014"},{"v":0.0026,"d":"0.003"},{"v":3.47000419640784e-08,"d":"3.470E-08"},-1.097,{"v":1.2378,"d":"1.238"},{"v":0.3755,"d":"0.376"}]
["FEV1/FVC","SA_paracentral","rs11620380","A","C",0.105,0.00013701555,321047,{"v":43.9941851372234,"d":"43.994"},-0.027,{"v":0.0039,"d":"0.004"},{"v":4.60044666393479e-12,"d":"4.600E-12"},2.194,{"v":1.8239,"d":"1.824"},0.229]
["FEV1/FVC","SA_paracentral","rs11637595","T","C",0.273,1.2017815992E-4,321047,{"v":38.5872346943784,"d":"38.587"},{"v":0.0174,"d":"0.017"},{"v":0.0027,"d":"0.003"},{"v":8.23948372044989e-11,"d":"8.239E-11"},{"v":-2.1161,"d":"-2.116"},{"v":1.2753,"d":"1.275"},{"v":0.09706,"d":"0.097"}]
["FEV1/FVC","SA_paracentral","rs11648508","T","G",0.683,0.00047729416928,321047,{"v":153.306078673964,"d":"153.306"},{"v":0.0332,"d":"0.033"},{"v":0.0026,"d":"0.003"},{"v":9.86052412530848e-39,"d":"9.861E-39"},1.373,{"v":1.2197,"d":"1.220"},{"v":0.2603,"d":"0.260"}]
["FEV1/FVC","SA_paracentral","rs11653958","A","G",0.743,1.4821234718E-4,321047,{"v":47.5898864091698,"d":"47.590"},{"v":0.0197,"d":"0.020"},{"v":2.8E-3,"d":"0.003"},{"v":9.17064749114933e-13,"d":"9.171E-13"},{"v":1.2197,"d":"1.220"},{"v":1.3493,"d":"1.349"},0.366]
["FEV1/FVC","SA_paracentral","rs117014247","T","C",0.024,9.2770752e-05,321047,{"v":29.7863493778711,"d":"29.786"},{"v":-0.0445,"d":"-0.045"},{"v":0.0079,"d":"0.008"},{"v":2.09001787280615e-08,"d":"2.090E-08"},{"v":4.8968,"d":"4.897"},{"v":4.4361,"d":"4.436"},{"v":0.2697,"d":"0.270"}]
["FEV1/FVC","SA_paracentral","rs11709963","C","T",0.163,8.645359608e-05,321047,{"v":27.7578945233047,"d":"27.758"},{"v":-0.0178,"d":"-0.018"},{"v":0.0032,"d":"0.003"},{"v":3.68001848354504e-08,"d":"3.680E-08"},-0.697,{"v":1.5479,"d":"1.548"},{"v":0.6525,"d":"0.653"}]
["FEV1/FVC","SA_paracentral","rs11738281","C","T",0.201,1.0756599822E-4,321047,{"v":34.5372409313364,"d":"34.537"},{"v":-0.0183,"d":"-0.018"},0.003,{"v":7.85000620443256e-10,"d":"7.850E-10"},{"v":-0.3061,"d":"-0.306"},{"v":1.5314,"d":"1.531"},{"v":0.8416,"d":"0.842"}]
["FEV1/FVC","SA_paracentral","rs11755954","T","C",0.156,1.0851483552E-4,321047,{"v":34.841926235413,"d":"34.842"},{"v":0.0203,"d":"0.020"},{"v":3.3E-3,"d":"0.003"},{"v":5.47003367530964e-10,"d":"5.470E-10"},{"v":1.6067,"d":"1.607"},{"v":1.5611,"d":"1.561"},{"v":0.3034,"d":"0.303"}]
["FEV1/FVC","SA_paracentral","rs11771259","G","C",0.119,1.585689875E-4,321047,{"v":50.9158542673964,"d":"50.916"},{"v":-0.0275,"d":"-0.028"},{"v":0.0036,"d":"0.004"},{"v":5.03037081084624e-14,"d":"5.030E-14"},-1.256,{"v":1.7062,"d":"1.706"},{"v":0.4616,"d":"0.462"}]
["FEV1/FVC","SA_paracentral","rs117827273","G","C",0.15,1.750422E-4,321047,{"v":56.2062615666784,"d":"56.206"},{"v":-0.0262,"d":"-0.026"},{"v":3.3E-3,"d":"0.003"},{"v":4.92039535681451e-15,"d":"4.920E-15"},{"v":-0.2777,"d":"-0.278"},{"v":1.8324,"d":"1.832"},{"v":0.8795,"d":"0.880"}]
["FEV1/FVC","SA_paracentral","rs11824553","A","C",0.0815,9.1339929395e-05,321047,{"v":29.3269063501732,"d":"29.327"},{"v":-0.0247,"d":"-0.025"},{"v":0.0044,"d":"0.004"},{"v":1.680002778533e-08,"d":"1.680E-08"},{"v":-0.5449,"d":"-0.545"},{"v":1.9695,"d":"1.970"},0.782]
["FEV1/FVC","SA_paracentral","rs1192415","A","G",0.812,0.000591084032,321047,{"v":189.876806201633,"d":"189.877"},0.044,0.003,{"v":2.2798170642803e-47,"d":"2.280E-47"},{"v":-0.6521,"d":"-0.652"},{"v":1.4416,"d":"1.442"},0.651]
["FEV1/FVC","SA_paracentral","rs12023835","C","T",0.398,1.916768E-4,321047,{"v":61.5486757092042,"d":"61.549"},{"v":-0.02,"d":"-0.020"},{"v":0.0024,"d":"0.002"},{"v":2.54976408779928e-16,"d":"2.550E-16"},{"v":-1.3532,"d":"-1.353"},1.139,{"v":0.2348,"d":"0.235"}]
["FEV1/FVC","SA_paracentral","rs12034227","C","A",0.336,0.00027443576832,321047,{"v":88.1304173791002,"d":"88.130"},{"v":-0.0248,"d":"-0.025"},{"v":0.0025,"d":"0.003"},{"v":3.80978089846419e-23,"d":"3.810E-23"},{"v":-0.1678,"d":"-0.168"},{"v":1.1828,"d":"1.183"},{"v":0.8872,"d":"0.887"}]
["FEV1/FVC","SA_paracentral","rs12134019","T","C",0.14,0.000232904168,321047,{"v":74.7901375503208,"d":"74.790"},{"v":0.0311,"d":"0.031"},{"v":0.0035,"d":"0.004"},{"v":2.44005715942821E-19,"d":"2.440E-19"},{"v":2.1476,"d":"2.148"},{"v":1.6643,"d":"1.664"},{"v":0.1969,"d":"0.197"}]
["FEV1/FVC","SA_paracentral","rs12134534","C","T",0.591,2.9973639438E-4,321047,{"v":96.2577226764534,"d":"96.258"},{"v":0.0249,"d":"0.025"},{"v":0.0024,"d":"0.002"},{"v":6.9598519276479e-25,"d":"6.960E-25"},{"v":-1.7184,"d":"-1.718"},{"v":1.1434,"d":"1.143"},{"v":0.1328,"d":"0.133"}]
["FEV1/FVC","SA_paracentral","rs12189242","A","C",0.247,0.0001273108395,321047,{"v":40.8777126431909,"d":"40.878"},{"v":0.0185,"d":"0.019"},{"v":0.0027,"d":"0.003"},{"v":1.21004076085696e-11,"d":"1.210E-11"},{"v":-0.2356,"d":"-0.236"},{"v":1.3146,"d":"1.315"},{"v":0.8578,"d":"0.858"}]
["FEV1/FVC","SA_paracentral","rs12202314","C","T",0.325,0.0001916503875,321047,{"v":61.5401928567453,"d":"61.540"},{"v":0.0209,"d":"0.021"},{"v":0.0025,"d":"0.003"},{"v":2.17020120356835E-16,"d":"2.170E-16"},{"v":0.1475,"d":"0.148"},{"v":1.2006,"d":"1.201"},{"v":0.9022,"d":"0.902"}]
["FEV1/FVC","SA_paracentral","rs1233553","A","G",0.934,1.0084465248E-4,321047,{"v":32.3789366980606,"d":"32.379"},{"v":-0.0286,"d":"-0.029"},{"v":0.0051,"d":"0.005"},{"v":2.82000578994688e-08,"d":"2.820E-08"},{"v":-3.1437,"d":"-3.144"},{"v":3.0996,"d":"3.100"},{"v":0.3105,"d":"0.311"}]
["FEV1/FVC","SA_paracentral","rs12402871","T","C",0.194,9.0378392E-5,321047,{"v":29.0181534736898,"d":"29.018"},-0.017,0.003,{"v":1.7500078628829e-08,"d":"1.750E-08"},{"v":-1.2035,"d":"-1.204"},{"v":1.4137,"d":"1.414"},{"v":0.3946,"d":"0.395"}]
["FEV1/FVC","SA_paracentral","rs1245035","A","C",0.626,9.1776608e-05,321047,{"v":29.4671255081866,"d":"29.467"},-0.014,{"v":0.0025,"d":"0.003"},{"v":1.6100152882906e-08,"d":"1.610E-08"},{"v":0.3886,"d":"0.389"},{"v":1.1672,"d":"1.167"},{"v":0.7392,"d":"0.739"}]
["FEV1/FVC","SA_paracentral","rs12470864","A","G",0.385,{"$f":"2*F2309*(1-F2309)*J2309*J2309","v":0.0001951452195},321047,{"$f":"G2309/(1-G2309)*(H2309-2)","v":{"v":62.6626253061473,"d":"62.663"}},{"v":-0.0203,"d":"-0.020"},{"v":0.0024,"d":"0.002"},{"v":1.03992016582906E-16,"d":"1.040E-16"},{"v":0.2056,"d":"0.206"},1.169,{"v":0.8604,"d":"0.860"}]
["FEV1/FVC","SA_paracentral","rs12607689","G","T",0.409,0.00012068546232,321047,{"v":38.7501408291853,"d":"38.750"},{"v":0.0158,"d":"0.016"},{"v":0.0024,"d":"0.002"},{"v":6.82967440807965e-11,"d":"6.830E-11"},{"v":-1.8063,"d":"-1.806"},{"v":1.1355,"d":"1.136"},{"v":0.1117,"d":"0.112"}]
["FEV1/FVC","SA_paracentral","rs12609373","C","T",0.224,0.00010284818432,321047,{"v":33.0222916177494,"d":"33.022"},{"v":-0.0172,"d":"-0.017"},{"v":0.0029,"d":"0.003"},{"v":1.82999540817517E-9,"d":"1.830E-09"},{"v":0.2458,"d":"0.246"},{"v":1.3538,"d":"1.354"},{"v":0.8559,"d":"0.856"}]
["FEV1/FVC","SA_paracentral","rs12635856","T","C",0.173,1.0006099598E-4,321047,{"v":32.1272971437494,"d":"32.127"},{"v":-0.0187,"d":"-0.019"},{"v":0.0032,"d":"0.003"},{"v":3.5899632269922e-09,"d":"3.590E-09"},{"v":1.2731,"d":"1.273"},{"v":1.5424,"d":"1.542"},{"v":0.4091,"d":"0.409"}]
["FEV1/FVC","SA_paracentral","rs12705390","A","G",0.201,9.613134942e-05,321047,{"v":30.8654562125001,"d":"30.865"},{"v":-0.0173,"d":"-0.017"},0.003,{"v":6.18002169948747e-09,"d":"6.180E-09"},{"v":1.9177,"d":"1.918"},{"v":1.3946,"d":"1.395"},{"v":0.1691,"d":"0.169"}]
["FEV1/FVC","SA_paracentral","rs12715478","G","A",0.406,0.000301455,321047,{"v":96.8098042745476,"d":"96.810"},-0.025,{"v":0.0024,"d":"0.002"},{"v":1.34989503505597E-24,"d":"1.350E-24"},0.198,{"v":1.1618,"d":"1.162"},{"v":0.8647,"d":"0.865"}]
["FEV1/FVC","SA_paracentral","rs1274475","A","G",0.392,1.3453590528E-4,321047,{"v":43.1978913780403,"d":"43.198"},{"v":0.0168,"d":"0.017"},{"v":0.0025,"d":"0.003"},{"v":8.30041869715702e-12,"d":"8.300E-12"},{"v":1.0941,"d":"1.094"},{"v":1.2021,"d":"1.202"},{"v":0.3627,"d":"0.363"}]
["FEV1/FVC","SA_paracentral","rs12781987","T","G",0.217,1.3729148622E-4,321047,{"v":44.0827973862698,"d":"44.083"},{"v":-0.0201,"d":"-0.020"},{"v":0.0029,"d":"0.003"},{"v":5.88030699481162e-12,"d":"5.880E-12"},{"v":-1.1747,"d":"-1.175"},{"v":1.3606,"d":"1.361"},{"v":0.3879,"d":"0.388"}]
["FEV1/FVC","SA_paracentral","rs12875005","G","T",0.319,0.00014391649272,321047,{"v":46.2103208325941,"d":"46.210"},{"v":0.0182,"d":"0.018"},{"v":0.0025,"d":"0.003"},{"v":7.85959196518192e-13,"d":"7.860E-13"},1.253,{"v":1.2254,"d":"1.225"},{"v":0.3066,"d":"0.307"}]
["FEV1/FVC","SA_paracentral","rs12918140","C","G",0.115,0.00014838795,321047,{"v":47.6462795414963,"d":"47.646"},-0.027,{"v":3.8E-3,"d":"0.004"},{"v":6.72047546628297e-13,"d":"6.720E-13"},{"v":-0.8409,"d":"-0.841"},{"v":1.7727,"d":"1.773"},{"v":0.6352,"d":"0.635"}]
["FEV1/FVC","SA_paracentral","rs12935657","A","G",0.247,8.821925112e-05,321047,{"v":28.3248482727231,"d":"28.325"},{"v":0.0154,"d":"0.015"},{"v":0.0027,"d":"0.003"},{"v":1.88999214846034E-8,"d":"1.890E-08"},0.777,{"v":1.3008,"d":"1.301"},{"v":0.5503,"d":"0.550"}]
["FEV1/FVC","SA_paracentral","rs1293994","G","A",0.558,0.00011698438752,321047,{"v":37.5616468176056,"d":"37.562"},{"v":-0.0154,"d":"-0.015"},{"v":0.0024,"d":"0.002"},{"v":1.79998961724559E-10,"d":"1.800E-10"},0.927,1.146,{"v":0.4186,"d":"0.419"}]
["FEV1/FVC","SA_paracentral","rs12941356","G","A",0.587,9.368018702e-05,321047,{"v":30.0783733894803,"d":"30.078"},{"v":-0.0139,"d":"-0.014"},{"v":0.0024,"d":"0.002"},{"v":8.73997116886224E-9,"d":"8.740E-09"},{"v":0.9764,"d":"0.976"},{"v":1.1579,"d":"1.158"},{"v":0.3991,"d":"0.399"}]
["FEV1/FVC","SA_paracentral","rs1294417","C","T",0.542,0.00048019268312,321047,{"v":154.237523682595,"d":"154.238"},{"v":0.0311,"d":"0.031"},{"v":0.0024,"d":"0.002"},{"v":3.93006741341853E-39,"d":"3.930E-39"},{"v":1.2793,"d":"1.279"},{"v":1.1223,"d":"1.122"},{"v":0.2543,"d":"0.254"}]
["FEV1/FVC","SA_paracentral","rs13030866","C","T",0.649,1.0250955E-4,321047,{"v":32.9135524331988,"d":"32.914"},0.015,{"v":0.0025,"d":"0.003"},{"v":1.94997929490347e-09,"d":"1.950E-09"},{"v":-0.4459,"d":"-0.446"},{"v":1.1775,"d":"1.178"},{"v":0.7049,"d":"0.705"}]
["FEV1/FVC","SA_paracentral","rs13069228","C","T",0.361,8.786101752e-05,321047,{"v":28.2098189131022,"d":"28.210"},{"v":-0.0138,"d":"-0.014"},{"v":0.0025,"d":"0.003"},{"v":3.20000015974484e-08,"d":"3.200E-08"},{"v":-1.9621,"d":"-1.962"},{"v":1.1944,"d":"1.194"},{"v":0.1004,"d":"0.100"}]
["FEV1/FVC","SA_paracentral","rs13199674","A","G",0.443,9.262539038e-05,321047,{"v":29.7396731033781,"d":"29.740"},{"v":-0.0137,"d":"-0.014"},{"v":0.0024,"d":"0.002"},{"v":1.3399851948998e-08,"d":"1.340E-08"},{"v":-0.0142,"d":"-0.014"},{"v":1.1514,"d":"1.151"},{"v":0.9902,"d":"0.990"}]
["FEV1/FVC","SA_paracentral","rs13332450","C","T",0.075,0.0002056621875,321047,{"v":66.040398998859,"d":"66.040"},{"v":0.0385,"d":"0.039"},{"v":0.0046,"d":"0.005"},{"v":3.54976824467209e-17,"d":"3.550E-17"},{"v":-0.0237,"d":"-0.024"},{"v":2.2976,"d":"2.298"},{"v":0.9918,"d":"0.992"}]
["FEV1/FVC","SA_paracentral","rs1391805","A","G",0.761,1.31316638E-4,321047,{"v":42.1640868928451,"d":"42.164"},-0.019,{"v":2.8E-3,"d":"0.003"},{"v":7.54049749485307e-12,"d":"7.540E-12"},-0.485,{"v":1.3156,"d":"1.316"},{"v":0.7124,"d":"0.712"}]
["FEV1/FVC","SA_paracentral","rs141942982","T","G",0.106,0.00024836507232,321047,{"v":79.7561732907217,"d":"79.756"},{"v":-0.0362,"d":"-0.036"},{"v":0.0039,"d":"0.004"},{"v":9.56973694587654e-21,"d":"9.570E-21"},{"v":0.0573,"d":"0.057"},{"v":1.8324,"d":"1.832"},{"v":0.9751,"d":"0.975"}]
["FEV1/FVC","SA_paracentral","rs1424393","G","C",0.378,1.058022E-4,321047,{"v":33.9708614908816,"d":"33.971"},-0.015,{"v":0.0024,"d":"0.002"},{"v":8.10998404850637e-10,"d":"8.110E-10"},{"v":-1.1753,"d":"-1.175"},{"v":1.1613,"d":"1.161"},{"v":0.3115,"d":"0.312"}]
["FEV1/FVC","SA_paracentral","rs1429555","T","C",0.0689,0.0003311105119712,321047,{"v":106.33658347639,"d":"106.337"},{"v":0.0508,"d":"0.051"},{"v":0.0047,"d":"0.005"},{"v":2.09990670376242E-27,"d":"2.100E-27"},1.579,{"v":2.1601,"d":"2.160"},{"v":0.4648,"d":"0.465"}]
["FEV1/FVC","SA_paracentral","rs1441207","C","G",0.26,1.26064328E-4,321047,{"v":40.4774249421345,"d":"40.477"},{"v":0.0181,"d":"0.018"},{"v":0.0027,"d":"0.003"},{"v":2.93967960949241e-11,"d":"2.940E-11"},{"v":-0.9552,"d":"-0.955"},1.314,{"v":0.4673,"d":"0.467"}]
["FEV1/FVC","SA_paracentral","rs1452909","A","G",0.251,0.0001286853155,321047,{"v":41.3190942753805,"d":"41.319"},{"v":-0.0185,"d":"-0.019"},{"v":2.8E-3,"d":"0.003"},{"v":2.17020120356835E-11,"d":"2.170E-11"},-2.177,{"v":1.2841,"d":"1.284"},{"v":0.09,"d":"0.090"}]
["FEV1/FVC","SA_paracentral","rs146612591","G","C",0.023,1.21523168E-4,321047,{"v":39.0191472009405,"d":"39.019"},0.052,0.008,{"v":8.85931206973053E-11,"d":"8.859E-11"},{"v":-3.6211,"d":"-3.621"},{"v":3.7269,"d":"3.727"},{"v":0.3312,"d":"0.331"}]
["FEV1/FVC","SA_paracentral","rs1528628","G","A",0.545,1.00003358E-4,321047,{"v":32.1087890558369,"d":"32.109"},{"v":0.0142,"d":"0.014"},{"v":0.0024,"d":"0.002"},{"v":2.39001155148472e-09,"d":"2.390E-09"},{"v":0.5002,"d":"0.500"},{"v":1.1216,"d":"1.122"},{"v":0.6556,"d":"0.656"}]
["FEV1/FVC","SA_paracentral","rs1529672","A","C",0.174,0.00051432783192,321047,{"v":165.207349536661,"d":"165.207"},{"v":0.0423,"d":"0.042"},{"v":0.0031,"d":"0.003"},{"v":1.7298163592151E-41,"d":"1.730E-41"},{"v":2.2304,"d":"2.230"},{"v":1.5051,"d":"1.505"},{"v":0.1384,"d":"0.138"}]
["FEV1/FVC","SA_paracentral","rs1566834","C","T",0.338,1.006902E-4,321047,{"v":32.3293405067615,"d":"32.329"},-0.015,{"v":0.0025,"d":"0.003"},{"v":2.18001760089786E-9,"d":"2.180E-09"},{"v":-0.6327,"d":"-0.633"},{"v":1.1968,"d":"1.197"},0.597]
["FEV1/FVC","SA_paracentral","rs1570203","A","G",0.53,0.000301490712,321047,{"v":96.8212763495834,"d":"96.821"},{"v":0.0246,"d":"0.025"},{"v":0.0024,"d":"0.002"},{"v":5.77962951195467e-25,"d":"5.780E-25"},{"v":1.1243,"d":"1.124"},{"v":1.1203,"d":"1.120"},{"v":0.3156,"d":"0.316"}]
["FEV1/FVC","SA_paracentral","rs1593438","C","A",0.348,0.00013269331872,321047,{"v":42.606180063893,"d":"42.606"},{"v":0.0171,"d":"0.017"},{"v":0.0025,"d":"0.003"},{"v":1.10994127077482E-11,"d":"1.110E-11"},{"v":-0.4055,"d":"-0.406"},{"v":1.2116,"d":"1.212"},{"v":0.7378,"d":"0.738"}]
["FEV1/FVC","SA_paracentral","rs163694","C","T",0.539,0.00013694174648,321047,{"v":43.970484393598,"d":"43.970"},{"v":-0.0166,"d":"-0.017"},{"v":0.0024,"d":"0.002"},{"v":4.97966354164486e-12,"d":"4.980E-12"},{"v":-0.8277,"d":"-0.828"},{"v":1.1234,"d":"1.123"},{"v":0.4612,"d":"0.461"}]
["FEV1/FVC","SA_paracentral","rs17129265","T","C",0.167,1.057939155E-4,321047,{"v":33.9682012307082,"d":"33.968"},{"v":0.0195,"d":"0.020"},{"v":0.0032,"d":"0.003"},{"v":1.57000125656149E-9,"d":"1.570E-09"},{"v":2.2806,"d":"2.281"},{"v":1.4939,"d":"1.494"},{"v":0.1269,"d":"0.127"}]
["FEV1/FVC","SA_paracentral","rs17513531","T","C",0.344,1.1844652032E-4,321047,{"v":38.0311677756211,"d":"38.031"},{"v":0.0162,"d":"0.016"},{"v":0.0025,"d":"0.003"},{"v":1.2499999625598e-10,"d":"1.250E-10"},{"v":-1.8267,"d":"-1.827"},{"v":1.1842,"d":"1.184"},0.123]
["FEV1/FVC","SA_paracentral","rs1756281","G","A",0.301,2.3635802862E-4,321047,{"v":75.8995027551523,"d":"75.900"},{"v":-0.0237,"d":"-0.024"},{"v":0.0026,"d":"0.003"},{"v":1.38006645597033E-19,"d":"1.380E-19"},{"v":-0.2543,"d":"-0.254"},{"v":1.2123,"d":"1.212"},{"v":0.8338,"d":"0.834"}]
["FEV1/FVC","SA_paracentral","rs17666332","G","T",0.276,0.00028490506272,321047,{"v":91.493412797454,"d":"91.493"},{"v":-0.0267,"d":"-0.027"},{"v":0.0027,"d":"0.003"},{"v":9.21934357451561e-24,"d":"9.219E-24"},{"v":-0.9559,"d":"-0.956"},{"v":1.2546,"d":"1.255"},{"v":0.4461,"d":"0.446"}]
["FEV1/FVC","SA_paracentral","rs17681353","G","A",0.039,9.340441422e-05,321047,{"v":29.9898213449552,"d":"29.990"},{"v":-0.0353,"d":"-0.035"},{"v":0.0062,"d":"0.006"},{"v":9.41000815932782e-09,"d":"9.410E-09"},{"v":-0.3669,"d":"-0.367"},{"v":2.9204,"d":"2.920"},{"v":0.9,"d":"0.900"}]
["FEV1/FVC","SA_paracentral","rs177392","T","C",0.595,9.04571955e-05,321047,{"v":29.0434575190123,"d":"29.043"},{"v":0.0137,"d":"0.014"},{"v":0.0025,"d":"0.003"},{"v":3.83998917424723e-08,"d":"3.840E-08"},{"v":-1.1879,"d":"-1.188"},{"v":1.2171,"d":"1.217"},{"v":0.3291,"d":"0.329"}]
["FEV1/FVC","SA_paracentral","rs1799807","C","T",0.019,0.00013330761912,321047,{"v":42.8034506064709,"d":"42.803"},{"v":-0.0598,"d":"-0.060"},{"v":0.0088,"d":"0.009"},{"v":8.59013521505394e-12,"d":"8.590E-12"},{"v":0.2777,"d":"0.278"},{"v":4.4594,"d":"4.459"},{"v":0.9503,"d":"0.950"}]
["FEV1/FVC","SA_paracentral","rs1849496","A","C",0.0616,0.0001360150442112,321047,{"v":43.6728900388542,"d":"43.673"},{"v":0.0343,"d":"0.034"},0.005,{"v":4.96020927395974e-12,"d":"4.960E-12"},{"v":0.3992,"d":"0.399"},2.334,{"v":0.8642,"d":"0.864"}]
["FEV1/FVC","SA_paracentral","rs1855971","A","G",0.835,1.005233955E-4,321047,{"v":32.2757779790924,"d":"32.276"},{"v":0.0191,"d":"0.019"},{"v":0.0032,"d":"0.003"},{"v":2.73999644912167E-9,"d":"2.740E-09"},-0.011,{"v":1.5329,"d":"1.533"},{"v":0.9943,"d":"0.994"}]
["FEV1/FVC","SA_paracentral","rs1896797","A","G",0.49,0.000426149472,321047,{"v":136.871484949283,"d":"136.871"},{"v":0.0292,"d":"0.029"},{"v":0.0024,"d":"0.002"},{"v":2.48027593769296e-34,"d":"2.480E-34"},{"v":2.4699,"d":"2.470"},{"v":1.1256,"d":"1.126"},{"v":0.02822,"d":"0.028"}]
["FEV1/FVC","SA_paracentral","rs1928160","A","G",0.515,0.000437685728,321047,{"v":140.578343680455,"d":"140.578"},{"v":-0.0296,"d":"-0.030"},{"v":0.0024,"d":"0.002"},{"v":5.77962951195462e-36,"d":"5.780E-36"},{"v":-0.1176,"d":"-0.118"},{"v":1.1193,"d":"1.119"},{"v":0.9163,"d":"0.916"}]
["FEV1/FVC","SA_paracentral","rs193686","T","C",0.684,1.3696612992E-4,321047,{"v":43.978314719734,"d":"43.978"},{"v":-0.0178,"d":"-0.018"},{"v":0.0026,"d":"0.003"},{"v":4.07005239440234e-12,"d":"4.070E-12"},0.374,{"v":1.2082,"d":"1.208"},{"v":0.7569,"d":"0.757"}]
["FEV1/FVC","SA_paracentral","rs1956028","C","T",0.126,0.00020623141728,321047,{"v":66.2232226697256,"d":"66.223"},{"v":-0.0306,"d":"-0.031"},{"v":0.0036,"d":"0.004"},{"v":2.36973618438321e-17,"d":"2.370E-17"},{"v":-0.2399,"d":"-0.240"},{"v":1.6818,"d":"1.682"},{"v":0.8866,"d":"0.887"}]
["FEV1/FVC","SA_paracentral","rs2003254","T","A",0.283,9.376111488e-05,321047,{"v":30.104359744982,"d":"30.104"},{"v":-0.0152,"d":"-0.015"},{"v":0.0027,"d":"0.003"},{"v":1.09000878956623E-8,"d":"1.090E-08"},{"v":-1.3433,"d":"-1.343"},{"v":1.2574,"d":"1.257"},{"v":0.2854,"d":"0.285"}]
["FEV1/FVC","SA_paracentral","rs201191","A","C",0.486,0.00024401354328,321047,{"v":78.3584485249981,"d":"78.358"},{"v":0.0221,"d":"0.022"},{"v":0.0024,"d":"0.002"},{"v":1.54988687314019e-20,"d":"1.550E-20"},{"v":1.0468,"d":"1.047"},{"v":1.1605,"d":"1.161"},0.367]
["FEV1/FVC","SA_paracentral","rs2012453","G","A",0.589,0.00027655589118,321047,{"v":88.8114474128694,"d":"88.811"},{"v":-0.0239,"d":"-0.024"},{"v":0.0024,"d":"0.002"},{"v":4.25990584332205E-23,"d":"4.260E-23"},{"v":0.2848,"d":"0.285"},{"v":1.1516,"d":"1.152"},{"v":0.8047,"d":"0.805"}]
["FEV1/FVC","SA_paracentral","rs2021956","G","A",0.189,8.549596062e-05,321047,{"v":27.450397575358,"d":"27.450"},{"v":-0.0167,"d":"-0.017"},0.003,{"v":3.68001848354504e-08,"d":"3.680E-08"},{"v":-1.9125,"d":"-1.913"},{"v":1.4373,"d":"1.437"},{"v":0.1833,"d":"0.183"}]
["FEV1/FVC","SA_paracentral","rs2077177","C","T",0.409,1.6905343422E-4,321047,{"v":54.2829365059958,"d":"54.283"},{"v":-0.0187,"d":"-0.019"},{"v":0.0024,"d":"0.002"},{"v":1.21004076085696E-14,"d":"1.210E-14"},{"v":0.5553,"d":"0.555"},{"v":1.1869,"d":"1.187"},{"v":0.6399,"d":"0.640"}]
["FEV1/FVC","SA_paracentral","rs2084448","C","T",0.294,1.6110702552E-4,321047,{"v":51.7309392258144,"d":"51.731"},{"v":-0.0197,"d":"-0.020"},{"v":0.0026,"d":"0.003"},{"v":4.65050376166607e-14,"d":"4.651E-14"},{"v":0.7533,"d":"0.753"},1.252,{"v":0.5474,"d":"0.547"}]
["FEV1/FVC","SA_paracentral","rs2173982","C","G",0.673,9.903195e-05,321047,{"v":31.7968612929277,"d":"31.797"},-0.015,{"v":0.0025,"d":"0.003"},{"v":2.81002381128697e-09,"d":"2.810E-09"},0.802,{"v":1.2052,"d":"1.205"},{"v":0.5058,"d":"0.506"}]
["FEV1/FVC","SA_paracentral","rs2244592","G","A",0.547,0.00051703574478,321047,{"v":166.077608743023,"d":"166.078"},{"v":0.0323,"d":"0.032"},{"v":0.0024,"d":"0.002"},{"v":4.60044666393475e-42,"d":"4.600E-42"},{"v":0.0034,"d":"0.003"},1.148,{"v":0.9976,"d":"0.998"}]
["FEV1/FVC","SA_paracentral","rs227728","A","T",0.334,1.3008970008E-4,321047,{"v":41.7700816195738,"d":"41.770"},{"v":-0.0171,"d":"-0.017"},{"v":0.0025,"d":"0.003"},{"v":1.20005182020427e-11,"d":"1.200E-11"},{"v":-0.7516,"d":"-0.752"},{"v":1.2108,"d":"1.211"},{"v":0.5348,"d":"0.535"}]
["FEV1/FVC","SA_paracentral","rs2285261","A","C",0.384,0.00017258723328,321047,{"v":55.4178327188009,"d":"55.418"},{"v":0.0191,"d":"0.019"},{"v":0.0024,"d":"0.002"},{"v":4.90004422793237e-15,"d":"4.900E-15"},{"v":-1.0102,"d":"-1.010"},{"v":1.1485,"d":"1.149"},{"v":0.3791,"d":"0.379"}]
["FEV1/FVC","SA_paracentral","rs2297291","G","A",0.592,8.934899712e-05,321047,{"v":28.6876119897514,"d":"28.688"},{"v":0.0136,"d":"0.014"},{"v":0.0024,"d":"0.002"},{"v":2.13998140678151e-08,"d":"2.140E-08"},{"v":-1.5264,"d":"-1.526"},{"v":1.1905,"d":"1.191"},{"v":0.1998,"d":"0.200"}]
["FEV1/FVC","SA_paracentral","rs2302643","A","G",0.444,0.00018390874272,321047,{"v":59.0538428245291,"d":"59.054"},{"v":-0.0193,"d":"-0.019"},{"v":0.0024,"d":"0.002"},{"v":1.8901662311869E-15,"d":"1.890E-15"},{"v":0.2461,"d":"0.246"},{"v":1.2695,"d":"1.270"},{"v":0.8463,"d":"0.846"}]
["FEV1/FVC","SA_paracentral","rs2324154","A","C",0.509,0.00012320506862,321047,{"v":39.5592451546217,"d":"39.559"},{"v":0.0157,"d":"0.016"},{"v":0.0024,"d":"0.002"},{"v":2.51999686210924E-11,"d":"2.520E-11"},{"v":0.5113,"d":"0.511"},{"v":1.12,"d":"1.120"},0.648]
["FEV1/FVC","SA_paracentral","rs2333570","G","C",0.75,0.000108375,321047,{"v":34.7970230023679,"d":"34.797"},0.017,{"v":0.0027,"d":"0.003"},{"v":5.62004767868478e-10,"d":"5.620E-10"},{"v":1.3559,"d":"1.356"},{"v":1.3151,"d":"1.315"},{"v":0.3025,"d":"0.303"}]
["FEV1/FVC","SA_paracentral","rs2452995","C","T",0.691,0.00011909662782,321047,{"v":38.239931125317,"d":"38.240"},{"v":0.0167,"d":"0.017"},{"v":0.0026,"d":"0.003"},{"v":9.66050878989812e-11,"d":"9.661E-11"},{"v":1.4712,"d":"1.471"},{"v":1.2274,"d":"1.227"},{"v":0.2307,"d":"0.231"}]
["FEV1/FVC","SA_paracentral","rs2533889","C","G",0.29,1.09411142E-4,321047,{"v":35.129743668763,"d":"35.130"},{"v":0.0163,"d":"0.016"},{"v":0.0026,"d":"0.003"},{"v":4.43996963520292e-10,"d":"4.440E-10"},{"v":1.8932,"d":"1.893"},{"v":1.2604,"d":"1.260"},{"v":0.1331,"d":"0.133"}]
["FEV1/FVC","SA_paracentral","rs2543350","C","T",0.141,9.884279352e-05,321047,{"v":31.7361215325362,"d":"31.736"},{"v":0.0202,"d":"0.020"},{"v":0.0034,"d":"0.003"},{"v":4.27002089288657e-09,"d":"4.270E-09"},{"v":-0.8979,"d":"-0.898"},{"v":1.5972,"d":"1.597"},0.574]
["FEV1/FVC","SA_paracentral","rs2571445","G","A",0.603,0.00018960245982,321047,{"v":60.8824651780696,"d":"60.882"},{"v":0.0199,"d":"0.020"},{"v":0.0024,"d":"0.002"},{"v":3.08034953654257e-16,"d":"3.080E-16"},{"v":-1.4689,"d":"-1.469"},{"v":1.1824,"d":"1.182"},{"v":0.2141,"d":"0.214"}]
["FEV1/FVC","SA_paracentral","rs2579762","C","A",0.473,0.0002095122755,321047,{"v":67.2769638376799,"d":"67.277"},{"v":-0.0205,"d":"-0.021"},{"v":0.0024,"d":"0.002"},{"v":9.25976574561246e-18,"d":"9.260E-18"},{"v":-0.5363,"d":"-0.536"},{"v":1.1283,"d":"1.128"},{"v":0.6346,"d":"0.635"}]
["FEV1/FVC","SA_paracentral","rs2609280","G","A",0.785,9.733895595E-4,321047,{"v":312.806333548899,"d":"312.806"},{"v":-0.0537,"d":"-0.054"},{"v":0.0029,"d":"0.003"},{"v":1.83020610631107E-76,"d":"1.830E-76"},{"v":-1.9441,"d":"-1.944"},{"v":1.3614,"d":"1.361"},{"v":0.1533,"d":"0.153"}]
["FEV1/FVC","SA_paracentral","rs2687199","A","G",0.676,{"$f":"2*F2373*(1-F2373)*J2373*J2373","v":0.00015482368512},321047,{"$f":"G2373/(1-G2373)*(H2373-2)","v":{"v":49.7130667495432,"d":"49.713"}},{"v":-0.0188,"d":"-0.019"},{"v":0.0026,"d":"0.003"},{"v":1.93018972763458E-13,"d":"1.930E-13"},{"v":-2.2694,"d":"-2.269"},{"v":1.1908,"d":"1.191"},{"v":0.05667,"d":"0.057"}]
["FEV1/FVC","SA_paracentral","rs274995","C","T",0.42,1.29444168E-4,321047,{"v":41.562782975422,"d":"41.563"},{"v":-0.0163,"d":"-0.016"},{"v":0.0024,"d":"0.002"},{"v":1.46994132651384e-11,"d":"1.470E-11"},{"v":1.1406,"d":"1.141"},{"v":1.1602,"d":"1.160"},{"v":0.3255,"d":"0.326"}]
["FEV1/FVC","SA_paracentral","rs2762969","G","C",0.713,9.331582862e-05,321047,{"v":29.9613760699425,"d":"29.961"},{"v":-0.0151,"d":"-0.015"},{"v":0.0026,"d":"0.003"},{"v":7.76998177256644e-09,"d":"7.770E-09"},{"v":0.9935,"d":"0.994"},{"v":1.2665,"d":"1.267"},{"v":0.4328,"d":"0.433"}]
["FEV1/FVC","SA_paracentral","rs2794360","A","G",0.104,0.000202954752,321047,{"v":65.1708350865126,"d":"65.171"},0.033,{"v":0.0039,"d":"0.004"},{"v":2.26986485188383e-17,"d":"2.270E-17"},{"v":-1.1065,"d":"-1.107"},{"v":2.04,"d":"2.040"},{"v":0.5875,"d":"0.588"}]
["FEV1/FVC","SA_paracentral","rs2798641","T","C",0.183,0.00060551955,321047,{"v":194.516807659591,"d":"194.517"},-0.045,{"v":0.0031,"d":"0.003"},{"v":3.89045144994284e-48,"d":"3.890E-48"},{"v":0.3569,"d":"0.357"},{"v":1.4486,"d":"1.449"},{"v":0.8054,"d":"0.805"}]
["FEV1/FVC","SA_paracentral","rs2802544","C","T",0.721,1.0558433592E-4,321047,{"v":33.9009025297171,"d":"33.901"},{"v":0.0162,"d":"0.016"},{"v":0.0027,"d":"0.003"},{"v":1.81000593949755E-9,"d":"1.810E-09"},{"v":-1.2465,"d":"-1.247"},{"v":1.2666,"d":"1.267"},0.325]
["FEV1/FVC","SA_paracentral","rs2834457","A","T",0.622,2.8688384088E-4,321047,{"v":92.12905303191,"d":"92.129"},{"v":0.0247,"d":"0.025"},{"v":0.0024,"d":"0.002"},{"v":5.16059764663022e-24,"d":"5.161E-24"},{"v":0.6214,"d":"0.621"},{"v":1.1602,"d":"1.160"},{"v":0.5923,"d":"0.592"}]
["FEV1/FVC","SA_paracentral","rs28490195","C","T",0.337,9.010525368e-05,321047,{"v":28.9304479530475,"d":"28.930"},{"v":-0.0142,"d":"-0.014"},{"v":0.0025,"d":"0.003"},{"v":1.88000931025943e-08,"d":"1.880E-08"},{"v":-0.4494,"d":"-0.449"},{"v":1.1838,"d":"1.184"},{"v":0.7042,"d":"0.704"}]
["FEV1/FVC","SA_paracentral","rs2999089","G","C",0.881,0.00039494109368,321047,{"v":126.843959312513,"d":"126.844"},{"v":-0.0434,"d":"-0.043"},{"v":0.0037,"d":"0.004"},{"v":3.92012576295164E-32,"d":"3.920E-32"},{"v":0.5446,"d":"0.545"},{"v":1.6951,"d":"1.695"},0.748]
["FEV1/FVC","SA_paracentral","rs301127","T","A",0.201,0.0001221355395,321047,{"v":39.2157939209249,"d":"39.216"},{"v":0.0195,"d":"0.020"},0.003,{"v":5.33949273574176e-11,"d":"5.339E-11"},{"v":-2.0422,"d":"-2.042"},{"v":1.4228,"d":"1.423"},{"v":0.1512,"d":"0.151"}]
["FEV1/FVC","SA_paracentral","rs330939","G","T",0.379,0.00025335925632,321047,{"v":81.3603358394366,"d":"81.360"},{"v":-0.0232,"d":"-0.023"},{"v":0.0025,"d":"0.003"},{"v":4.45964203179319E-21,"d":"4.460E-21"},{"v":-1.0463,"d":"-1.046"},{"v":1.1894,"d":"1.189"},0.379]
["FEV1/FVC","SA_paracentral","rs335651","C","T",0.42,1.03851552E-4,321047,{"v":33.3444843882944,"d":"33.344"},{"v":-0.0146,"d":"-0.015"},{"v":0.0024,"d":"0.002"},{"v":1.6100152882906e-09,"d":"1.610E-09"},-0.983,{"v":1.1379,"d":"1.138"},{"v":0.3877,"d":"0.388"}]
["FEV1/FVC","SA_paracentral","rs34624010","A","G",0.266,2.3057925912E-4,321047,{"v":74.0433911144463,"d":"74.043"},{"v":0.0243,"d":"0.024"},{"v":0.0027,"d":"0.003"},{"v":2.06015549032001e-19,"d":"2.060E-19"},{"v":-0.0598,"d":"-0.060"},{"v":1.2462,"d":"1.246"},{"v":0.9617,"d":"0.962"}]
["FEV1/FVC","SA_paracentral","rs35107139","C","A",0.404,0.000477835848,321047,{"v":153.480148137897,"d":"153.480"},{"v":-0.0315,"d":"-0.032"},{"v":0.0025,"d":"0.003"},{"v":3.40016505804072e-36,"d":"3.400E-36"},{"v":0.0865,"d":"0.087"},{"v":1.2902,"d":"1.290"},{"v":0.9465,"d":"0.947"}]
["FEV1/FVC","SA_paracentral","rs35195586","T","G",0.0662,0.0002058079661568,321047,{"v":66.0872197710999,"d":"66.087"},{"v":-0.0408,"d":"-0.041"},{"v":0.0048,"d":"0.005"},{"v":1.77010895831743e-17,"d":"1.770E-17"},{"v":1.4124,"d":"1.412"},{"v":2.3013,"d":"2.301"},{"v":0.5394,"d":"0.539"}]
["FEV1/FVC","SA_paracentral","rs35246838","C","T",0.132,0.00034142731392,321047,{"v":109.650969833545,"d":"109.651"},{"v":-0.0386,"d":"-0.039"},{"v":0.0036,"d":"0.004"},{"v":1.39990962656834e-27,"d":"1.400E-27"},{"v":-2.3323,"d":"-2.332"},{"v":1.7904,"d":"1.790"},{"v":0.1927,"d":"0.193"}]
["FEV1/FVC","SA_paracentral","rs35320030","C","T",0.168,9.361916928e-05,321047,{"v":30.0587802795369,"d":"30.059"},{"v":-0.0183,"d":"-0.018"},{"v":0.0032,"d":"0.003"},{"v":8.4000138087988e-09,"d":"8.400E-09"},{"v":-2.2421,"d":"-2.242"},{"v":1.5185,"d":"1.519"},{"v":0.1398,"d":"0.140"}]
["FEV1/FVC","SA_paracentral","rs35420030","C","T",0.053,0.00020327355,321047,{"v":65.2732251799523,"d":"65.273"},0.045,{"v":5.3E-3,"d":"0.005"},{"v":3.08034953654258e-17,"d":"3.080E-17"},{"v":-4.2823,"d":"-4.282"},3.075,{"v":0.1637,"d":"0.164"}]
["FEV1/FVC","SA_paracentral","rs35495115","T","A",0.135,9.9109278e-05,321047,{"v":31.8216919804269,"d":"31.822"},{"v":-0.0206,"d":"-0.021"},{"v":0.0035,"d":"0.004"},{"v":2.82000578994689e-09,"d":"2.820E-09"},{"v":0.7802,"d":"0.780"},{"v":1.7098,"d":"1.710"},{"v":0.6482,"d":"0.648"}]
["FEV1/FVC","SA_paracentral","rs35506173","T","C",0.275,0.0002613248,321047,{"v":83.9189505189606,"d":"83.919"},{"v":0.0256,"d":"0.026"},{"v":0.0027,"d":"0.003"},{"v":1.79019359926501e-21,"d":"1.790E-21"},{"v":-0.5429,"d":"-0.543"},{"v":1.2841,"d":"1.284"},{"v":0.6724,"d":"0.672"}]
["FEV1/FVC","SA_paracentral","rs36049816","C","T",0.624,0.00016762007808,321047,{"v":53.8226097172369,"d":"53.823"},{"v":0.0189,"d":"0.019"},{"v":0.0024,"d":"0.002"},{"v":1.21004076085696E-14,"d":"1.210E-14"},1.335,{"v":1.1546,"d":"1.155"},{"v":0.2476,"d":"0.248"}]
["FEV1/FVC","SA_paracentral","rs3732986","G","A",0.538,0.00012253313688,321047,{"v":39.3434718086561,"d":"39.343"},{"v":-0.0157,"d":"-0.016"},{"v":0.0024,"d":"0.002"},{"v":3.34965439157828e-11,"d":"3.350E-11"},1.452,{"v":1.1291,"d":"1.129"},{"v":0.1984,"d":"0.198"}]
["FEV1/FVC","SA_paracentral","rs374597","T","C",0.477,0.0002525893875,321047,{"v":81.1130482051019,"d":"81.113"},{"v":0.0225,"d":"0.023"},{"v":0.0024,"d":"0.002"},{"v":2.38012628219499e-21,"d":"2.380E-21"},{"v":0.4786,"d":"0.479"},{"v":1.1202,"d":"1.120"},{"v":0.6692,"d":"0.669"}]
["FEV1/FVC","SA_paracentral","rs3752243","G","A",0.43,9.0667392e-05,321047,{"v":29.1109522787618,"d":"29.111"},{"v":-0.0136,"d":"-0.014"},{"v":0.0024,"d":"0.002"},{"v":1.26998911891811e-08,"d":"1.270E-08"},{"v":-0.3457,"d":"-0.346"},{"v":1.1322,"d":"1.132"},{"v":0.7601,"d":"0.760"}]
["FEV1/FVC","SA_paracentral","rs3754512","T","C",0.523,0.000758890782,321047,{"v":243.823126230124,"d":"243.823"},-0.039,{"v":0.0024,"d":"0.002"},{"v":4.35010760630698e-61,"d":"4.350E-61"},{"v":-1.7474,"d":"-1.747"},{"v":1.1378,"d":"1.138"},{"v":0.1246,"d":"0.125"}]
["FEV1/FVC","SA_paracentral","rs377731","A","G",0.379,0.0001611032355,321047,{"v":51.729722066694,"d":"51.730"},{"v":-0.0185,"d":"-0.019"},{"v":0.0025,"d":"0.003"},{"v":5.12979488285858e-14,"d":"5.130E-14"},{"v":-0.3151,"d":"-0.315"},{"v":1.1536,"d":"1.154"},{"v":0.7848,"d":"0.785"}]
["FEV1/FVC","SA_paracentral","rs3779505","A","G",0.101,0.00013933832942,321047,{"v":44.740107980548,"d":"44.740"},{"v":0.0277,"d":"0.028"},{"v":0.0039,"d":"0.004"},{"v":1.7298163592151e-12,"d":"1.730E-12"},{"v":-1.4393,"d":"-1.439"},{"v":1.83,"d":"1.830"},{"v":0.4316,"d":"0.432"}]
["FEV1/FVC","SA_paracentral","rs4099470","T","C",0.0545,8.4889079555e-05,321047,{"v":27.2555282424403,"d":"27.256"},{"v":0.0287,"d":"0.029"},{"v":5.3E-3,"d":"0.005"},{"v":4.94003470541478e-08,"d":"4.940E-08"},{"v":3.1611,"d":"3.161"},{"v":2.4818,"d":"2.482"},{"v":0.2028,"d":"0.203"}]
["FEV1/FVC","SA_paracentral","rs4247294","A","G",0.44,8.98128e-05,321047,{"v":28.8365402664236,"d":"28.837"},{"v":-0.0135,"d":"-0.014"},{"v":0.0024,"d":"0.002"},{"v":1.58001059794135e-08,"d":"1.580E-08"},{"v":1.2458,"d":"1.246"},{"v":1.1315,"d":"1.132"},{"v":0.2709,"d":"0.271"}]
["FEV1/FVC","SA_paracentral","rs4353138","T","C",0.456,1.0575464448E-4,321047,{"v":33.9555907985146,"d":"33.956"},{"v":0.0146,"d":"0.015"},{"v":0.0024,"d":"0.002"},{"v":7.60991840137155e-10,"d":"7.610E-10"},{"v":1.2642,"d":"1.264"},{"v":1.1387,"d":"1.139"},{"v":0.2669,"d":"0.267"}]
["FEV1/FVC","SA_paracentral","rs4438257","G","T",0.131,1.8884524032E-4,321047,{"v":60.6392716163556,"d":"60.639"},{"v":-0.0288,"d":"-0.029"},{"v":0.0035,"d":"0.004"},{"v":2.18021839718594e-16,"d":"2.180E-16"},{"v":1.0781,"d":"1.078"},1.691,{"v":0.5238,"d":"0.524"}]
["FEV1/FVC","SA_paracentral","rs4478547","G","T",0.647,0.00017191447352,321047,{"v":55.2017721348223,"d":"55.202"},{"v":-0.0194,"d":"-0.019"},{"v":0.0025,"d":"0.003"},{"v":8.000184448551e-15,"d":"8.000E-15"},{"v":0.6604,"d":"0.660"},{"v":1.1788,"d":"1.179"},{"v":0.5753,"d":"0.575"}]
["FEV1/FVC","SA_paracentral","rs4721457","C","T",0.151,1.5264911328E-4,321047,{"v":49.0147166260082,"d":"49.015"},{"v":-0.0244,"d":"-0.024"},{"v":3.3E-3,"d":"0.003"},{"v":1.7298163592151E-13,"d":"1.730E-13"},{"v":-2.1915,"d":"-2.192"},{"v":1.5653,"d":"1.565"},{"v":0.1615,"d":"0.162"}]
["FEV1/FVC","SA_paracentral","rs4848578","T","C",0.788,9.999638048e-05,321047,{"v":32.1065485098423,"d":"32.107"},{"v":-0.0173,"d":"-0.017"},{"v":0.0029,"d":"0.003"},{"v":2.83002322734476E-9,"d":"2.830E-09"},-0.013,{"v":1.3869,"d":"1.387"},{"v":0.9925,"d":"0.993"}]
["FEV1/FVC","SA_paracentral","rs4886509","A","C",0.669,0.00027901756878,321047,{"v":89.6021959558481,"d":"89.602"},{"v":0.0251,"d":"0.025"},{"v":0.0025,"d":"0.003"},{"v":6.09958095872238e-23,"d":"6.100E-23"},{"v":1.2138,"d":"1.214"},{"v":1.2318,"d":"1.232"},{"v":0.3244,"d":"0.324"}]
["FEV1/FVC","SA_paracentral","rs4982712","G","A",0.603,0.00017102571822,321047,{"v":54.9163438130825,"d":"54.916"},{"v":0.0189,"d":"0.019"},{"v":0.0024,"d":"0.002"},{"v":6.51928549134064e-15,"d":"6.519E-15"},{"v":-0.6423,"d":"-0.642"},{"v":1.1933,"d":"1.193"},{"v":0.5904,"d":"0.590"}]
["FEV1/FVC","SA_paracentral","rs5027392","A","G",0.389,1.0272011022E-4,321047,{"v":32.981165614547,"d":"32.981"},{"v":0.0147,"d":"0.015"},{"v":0.0025,"d":"0.003"},{"v":2.10998807108148e-09,"d":"2.110E-09"},{"v":0.0143,"d":"0.014"},{"v":1.1529,"d":"1.153"},{"v":0.9901,"d":"0.990"}]
["FEV1/FVC","SA_paracentral","rs55703445","T","C",0.219,0.0002586964875,321047,{"v":83.0747049638117,"d":"83.075"},{"v":-0.0275,"d":"-0.028"},{"v":0.0029,"d":"0.003"},{"v":1.69980851320349e-21,"d":"1.700E-21"},{"v":-2.5851,"d":"-2.585"},{"v":1.3492,"d":"1.349"},{"v":0.05535,"d":"0.055"}]
["FEV1/FVC","SA_paracentral","rs55884799","C","T",0.173,0.0004928080595,321047,{"v":158.29157082403,"d":"158.292"},{"v":0.0415,"d":"0.042"},{"v":0.0031,"d":"0.003"},{"v":4.00959031227718e-40,"d":"4.010E-40"},{"v":0.5488,"d":"0.549"},{"v":1.4841,"d":"1.484"},{"v":0.7115,"d":"0.712"}]
["FEV1/FVC","SA_paracentral","rs55966786","A","G",0.0723,1.1281629822E-4,321047,{"v":36.2231950288128,"d":"36.223"},-0.029,{"v":0.0046,"d":"0.005"},{"v":3.84999353294714e-10,"d":"3.850E-10"},{"v":0.4827,"d":"0.483"},{"v":2.2127,"d":"2.213"},{"v":0.8273,"d":"0.827"}]
["FEV1/FVC","SA_paracentral","rs567508","A","G",0.842,0.00013350428672,321047,{"v":42.8666066057614,"d":"42.867"},{"v":0.0224,"d":"0.022"},{"v":3.3E-3,"d":"0.003"},{"v":1.58015612899719e-11,"d":"1.580E-11"},2.221,{"v":1.5968,"d":"1.597"},{"v":0.1642,"d":"0.164"}]
["FEV1/FVC","SA_paracentral","rs56919232","C","T",0.214,1.0420574208E-4,321047,{"v":33.4582190046137,"d":"33.458"},{"v":0.0176,"d":"0.018"},{"v":0.0029,"d":"0.003"},{"v":1.63000899120869e-09,"d":"1.630E-09"},{"v":1.4356,"d":"1.436"},{"v":1.3851,"d":"1.385"},{"v":0.3,"d":"0.300"}]
["FEV1/FVC","SA_paracentral","rs57347370","T","G",0.257,9.7766912E-5,321047,{"v":31.3906472296853,"d":"31.391"},0.016,{"v":0.0027,"d":"0.003"},{"v":4.97004132695834e-09,"d":"4.970E-09"},{"v":0.7314,"d":"0.731"},1.288,{"v":0.5701,"d":"0.570"}]
["FEV1/FVC","SA_paracentral","rs5748428","T","G",0.222,1.0944667488E-4,321047,{"v":35.1411538192866,"d":"35.141"},{"v":0.0178,"d":"0.018"},{"v":2.8E-3,"d":"0.003"},{"v":3.79996853036855e-10,"d":"3.800E-10"},{"v":-0.5051,"d":"-0.505"},1.349,{"v":0.7081,"d":"0.708"}]
["FEV1/FVC","SA_paracentral","rs5758000","T","C",0.645,1.05804768E-4,321047,{"v":33.9716861089273,"d":"33.972"},{"v":0.0152,"d":"0.015"},{"v":0.0025,"d":"0.003"},{"v":7.299951924762e-10,"d":"7.300E-10"},{"v":0.6729,"d":"0.673"},{"v":1.1864,"d":"1.186"},{"v":0.5706,"d":"0.571"}]
["FEV1/FVC","SA_paracentral","rs58095595","A","G",0.172,1.0500046848E-4,321047,{"v":33.7134153275651,"d":"33.713"},{"v":0.0192,"d":"0.019"},{"v":0.0032,"d":"0.003"},{"v":2.10998807108148e-09,"d":"2.110E-09"},{"v":-0.2339,"d":"-0.234"},{"v":1.4615,"d":"1.462"},{"v":0.8729,"d":"0.873"}]
["FEV1/FVC","SA_paracentral","rs58769314","C","T",0.266,1.1822414688E-4,321047,{"v":37.9597589952126,"d":"37.960"},{"v":-0.0174,"d":"-0.017"},{"v":0.0027,"d":"0.003"},{"v":1.13998726556998E-10,"d":"1.140E-10"},{"v":0.8216,"d":"0.822"},{"v":1.2793,"d":"1.279"},{"v":0.5207,"d":"0.521"}]
["FEV1/FVC","SA_paracentral","rs594476","C","G",0.707,0.00013723339448,321047,{"v":44.0641422026409,"d":"44.064"},{"v":0.0182,"d":"0.018"},{"v":0.0026,"d":"0.003"},{"v":5.50047252867633E-12,"d":"5.500E-12"},{"v":-0.5373,"d":"-0.537"},{"v":1.2505,"d":"1.251"},{"v":0.6675,"d":"0.668"}]
["FEV1/FVC","SA_paracentral","rs6059938","A","G",0.486,0.00012630589848,321047,{"v":40.554999513163,"d":"40.555"},{"v":0.0159,"d":"0.016"},{"v":0.0024,"d":"0.002"},{"v":1.86982085773665E-11,"d":"1.870E-11"},{"v":-1.9993,"d":"-1.999"},{"v":1.1349,"d":"1.135"},{"v":0.07811,"d":"0.078"}]
["FEV1/FVC","SA_paracentral","rs61147355","A","G",0.141,0.00019537948128,321047,{"v":62.7378632587177,"d":"62.738"},{"v":0.0284,"d":"0.028"},{"v":0.0034,"d":"0.003"},{"v":1.53992652605949E-16,"d":"1.540E-16"},{"v":0.9518,"d":"0.952"},{"v":1.6423,"d":"1.642"},{"v":0.5622,"d":"0.562"}]
["FEV1/FVC","SA_paracentral","rs6119231","A","G",0.169,1.5776636382E-4,321047,{"v":50.658094415946,"d":"50.658"},{"v":-0.0237,"d":"-0.024"},{"v":0.0032,"d":"0.003"},{"v":6.29941180548559e-14,"d":"6.299E-14"},{"v":-0.8682,"d":"-0.868"},{"v":1.4941,"d":"1.494"},{"v":0.5612,"d":"0.561"}]
["FEV1/FVC","SA_paracentral","rs6132863","A","G",0.18,9.0405e-05,321047,{"v":29.026697383577,"d":"29.027"},{"v":-0.0175,"d":"-0.018"},{"v":0.0031,"d":"0.003"},{"v":1.32999497464925e-08,"d":"1.330E-08"},{"v":-1.7832,"d":"-1.783"},{"v":1.6222,"d":"1.622"},{"v":0.2717,"d":"0.272"}]
["FEV1/FVC","SA_paracentral","rs6134919","T","C",0.416,9.119631872e-05,321047,{"v":29.2807924439425,"d":"29.281"},{"v":-0.0137,"d":"-0.014"},{"v":0.0024,"d":"0.002"},{"v":9.45997524641149e-09,"d":"9.460E-09"},{"v":1.6764,"d":"1.676"},{"v":1.1437,"d":"1.144"},{"v":0.1427,"d":"0.143"}]
["FEV1/FVC","SA_paracentral","rs61603681","A","T",0.349,1.3442910432E-4,321047,{"v":43.1635942397273,"d":"43.164"},{"v":0.0172,"d":"0.017"},{"v":0.0025,"d":"0.003"},{"v":3.17980142769152E-12,"d":"3.180E-12"},{"v":0.4697,"d":"0.470"},1.173,{"v":0.6888,"d":"0.689"}]
["FEV1/FVC","SA_paracentral","rs61764202","T","C",0.327,1.1838059232E-4,321047,{"v":38.0099969073224,"d":"38.010"},{"v":0.0164,"d":"0.016"},{"v":0.0025,"d":"0.003"},{"v":1.09999319893519e-10,"d":"1.100E-10"},{"v":0.1112,"d":"0.111"},{"v":1.2405,"d":"1.241"},{"v":0.9286,"d":"0.929"}]
["FEV1/FVC","SA_paracentral","rs61963203","G","T",0.021,1.0990389102E-4,321047,{"v":35.2879729780524,"d":"35.288"},{"v":0.0517,"d":"0.052"},{"v":0.0084,"d":"0.008"},{"v":9.45997524641149e-10,"d":"9.460E-10"},{"v":3.9913,"d":"3.991"},4.117,{"v":0.3323,"d":"0.332"}]
["FEV1/FVC","SA_paracentral","rs62092156","A","G",0.0942,1.100983088352E-4,321047,{"v":35.3504035796475,"d":"35.350"},{"v":0.0254,"d":"0.025"},{"v":0.0041,"d":"0.004"},{"v":4.06003708025499e-10,"d":"4.060E-10"},{"v":-1.3663,"d":"-1.366"},1.957,{"v":0.4851,"d":"0.485"}]
["FEV1/FVC","SA_paracentral","rs62201738","C","A",0.078,0.00079402311768,321047,{"v":255.119722773234,"d":"255.120"},{"v":0.0743,"d":"0.074"},{"v":0.0044,"d":"0.004"},{"v":9.449307890343e-63,"d":"9.449E-63"},{"v":2.4667,"d":"2.467"},{"v":2.2062,"d":"2.206"},{"v":0.2635,"d":"0.264"}]
["FEV1/FVC","SA_paracentral","rs62283793","T","C",0.053,1.16041592E-4,321047,{"v":37.2588964853043,"d":"37.259"},0.034,{"v":5.3E-3,"d":"0.005"},{"v":2.06999835343168E-10,"d":"2.070E-10"},{"v":4.3565,"d":"4.357"},{"v":2.6607,"d":"2.661"},{"v":0.1016,"d":"0.102"}]
["FEV1/FVC","SA_paracentral","rs62289340","T","C",0.436,1.3716033312E-4,321047,{"v":44.04067978082,"d":"44.041"},{"v":0.0167,"d":"0.017"},{"v":0.0024,"d":"0.002"},{"v":2.35993477555164e-12,"d":"2.360E-12"},{"v":-0.1011,"d":"-0.101"},{"v":1.1347,"d":"1.135"},0.929]
["FEV1/FVC","SA_paracentral","rs62316310","A","G",0.26,2.84690432E-4,321047,{"v":91.424467412563,"d":"91.424"},{"v":0.0272,"d":"0.027"},{"v":0.0027,"d":"0.003"},{"v":2.23975234517842e-23,"d":"2.240E-23"},{"v":-0.1247,"d":"-0.125"},{"v":1.2957,"d":"1.296"},{"v":0.9233,"d":"0.923"}]
["FEV1/FVC","SA_paracentral","rs62321845","G","A",0.194,0.00016399769048,321047,{"v":52.6592745395584,"d":"52.659"},{"v":-0.0229,"d":"-0.023"},0.003,{"v":3.3296608520688e-14,"d":"3.330E-14"},0.784,{"v":1.4423,"d":"1.442"},{"v":0.5867,"d":"0.587"}]
["FEV1/FVC","SA_paracentral","rs62394997","A","G",0.0598,9.98582508768e-05,321047,{"v":32.0621938273371,"d":"32.062"},{"v":0.0298,"d":"0.030"},{"v":0.0051,"d":"0.005"},{"v":4.90004422793237e-09,"d":"4.900E-09"},{"v":2.7088,"d":"2.709"},{"v":2.6416,"d":"2.642"},{"v":0.3052,"d":"0.305"}]
["FEV1/FVC","SA_paracentral","rs631126","C","T",0.75,0.00024576,321047,{"v":78.9194144352916,"d":"78.919"},{"v":0.0256,"d":"0.026"},{"v":0.0027,"d":"0.003"},{"v":7.23935710242304e-21,"d":"7.239E-21"},{"v":0.2788,"d":"0.279"},{"v":1.3042,"d":"1.304"},{"v":0.8307,"d":"0.831"}]
["FEV1/FVC","SA_paracentral","rs6421437","T","G",0.363,{"$f":"2*F2437*(1-F2437)*J2437*J2437","v":0.00014817744942},321047,{"$f":"G2437/(1-G2437)*(H2437-2)","v":{"v":47.5786793363947,"d":"47.579"}},{"v":-0.0179,"d":"-0.018"},{"v":0.0025,"d":"0.003"},{"v":1.7298163592151e-12,"d":"1.730E-12"},{"v":-0.6606,"d":"-0.661"},{"v":1.3046,"d":"1.305"},{"v":0.6126,"d":"0.613"}]
["FEV1/FVC","SA_paracentral","rs6433079","C","A",0.239,1.8089321582E-4,321047,{"v":58.085369722253,"d":"58.085"},{"v":0.0223,"d":"0.022"},{"v":2.8E-3,"d":"0.003"},{"v":1.50003019045595E-15,"d":"1.500E-15"},{"v":-0.3713,"d":"-0.371"},{"v":1.3405,"d":"1.341"},{"v":0.7818,"d":"0.782"}]
["FEV1/FVC","SA_paracentral","rs6470085","A","G",0.464,1.0029734912E-4,321047,{"v":32.2031923430556,"d":"32.203"},{"v":0.0142,"d":"0.014"},{"v":0.0024,"d":"0.002"},{"v":2.87998350260858e-09,"d":"2.880E-09"},{"v":0.1476,"d":"0.148"},{"v":1.1211,"d":"1.121"},{"v":0.8953,"d":"0.895"}]
["FEV1/FVC","SA_paracentral","rs659398","C","T",0.728,2.5550400512E-4,321047,{"v":82.049247235036,"d":"82.049"},{"v":0.0254,"d":"0.025"},{"v":0.0027,"d":"0.003"},{"v":5.08042447994844e-21,"d":"5.080E-21"},{"v":1.5763,"d":"1.576"},{"v":1.2766,"d":"1.277"},{"v":0.2169,"d":"0.217"}]
["FEV1/FVC","SA_paracentral","rs6722557","C","G",0.256,1.5852699648E-4,321047,{"v":50.9023689845904,"d":"50.902"},{"v":-0.0204,"d":"-0.020"},{"v":0.0027,"d":"0.003"},{"v":8.05007636108061e-14,"d":"8.050E-14"},{"v":-1.3006,"d":"-1.301"},{"v":1.2833,"d":"1.283"},{"v":0.3108,"d":"0.311"}]
["FEV1/FVC","SA_paracentral","rs674621","C","T",0.319,1.1262104238E-4,321047,{"v":36.1604949835251,"d":"36.160"},{"v":-0.0161,"d":"-0.016"},{"v":0.0026,"d":"0.003"},{"v":3.02002125816073e-10,"d":"3.020E-10"},-0.964,{"v":1.1911,"d":"1.191"},{"v":0.4183,"d":"0.418"}]
["FEV1/FVC","SA_paracentral","rs6769798","G","A",0.168,1.0521219072E-4,321047,{"v":33.7814019850108,"d":"33.781"},{"v":-0.0194,"d":"-0.019"},{"v":3.3E-3,"d":"0.003"},{"v":4.20000686246632E-9,"d":"4.200E-09"},{"v":1.2704,"d":"1.270"},{"v":1.5664,"d":"1.566"},{"v":0.4174,"d":"0.417"}]
["FEV1/FVC","SA_paracentral","rs6809164","G","T",0.271,2.1266831232E-4,321047,{"v":68.2906215800131,"d":"68.291"},{"v":-0.0232,"d":"-0.023"},{"v":0.0027,"d":"0.003"},{"v":5.26017266390706e-18,"d":"5.260E-18"},{"v":-1.0292,"d":"-1.029"},{"v":1.2556,"d":"1.256"},{"v":0.4124,"d":"0.412"}]
["FEV1/FVC","SA_paracentral","rs6880851","T","G",0.189,1.9622471022E-4,321047,{"v":63.009326079331,"d":"63.009"},{"v":0.0253,"d":"0.025"},{"v":0.0031,"d":"0.003"},{"v":1.45010683642197e-16,"d":"1.450E-16"},{"v":-0.1218,"d":"-0.122"},{"v":1.4286,"d":"1.429"},0.932]
["FEV1/FVC","SA_paracentral","rs6907678","C","T",0.607,0.00013147022712,321047,{"v":42.2134088721923,"d":"42.213"},{"v":0.0166,"d":"0.017"},{"v":0.0024,"d":"0.002"},{"v":6.20011864208725e-12,"d":"6.200E-12"},{"v":2.0025,"d":"2.003"},{"v":1.1537,"d":"1.154"},{"v":0.08262,"d":"0.083"}]
["FEV1/FVC","SA_paracentral","rs7046050","C","G",0.709,9.284355e-05,321047,{"v":29.8097251504575,"d":"29.810"},-0.015,{"v":0.0026,"d":"0.003"},{"v":1.4100028808959e-08,"d":"1.410E-08"},{"v":-0.2447,"d":"-0.245"},{"v":1.2909,"d":"1.291"},{"v":0.8496,"d":"0.850"}]
["FEV1/FVC","SA_paracentral","rs7048006","C","T",0.413,9.639541422e-05,321047,{"v":30.9502492203537,"d":"30.950"},{"v":-0.0141,"d":"-0.014"},{"v":0.0024,"d":"0.002"},{"v":7.00003159130898e-09,"d":"7.000E-09"},{"v":-1.0886,"d":"-1.089"},{"v":1.1541,"d":"1.154"},{"v":0.3456,"d":"0.346"}]
["FEV1/FVC","SA_paracentral","rs7118465","T","C",0.681,0.00026938070478,321047,{"v":86.5066315834792,"d":"86.507"},{"v":-0.0249,"d":"-0.025"},{"v":0.0026,"d":"0.003"},{"v":2.08977726445704e-22,"d":"2.090E-22"},{"v":-1.1749,"d":"-1.175"},{"v":1.2073,"d":"1.207"},{"v":0.3305,"d":"0.331"}]
["FEV1/FVC","SA_paracentral","rs7139311","T","C",0.535,1.14953952E-4,321047,{"v":36.9096344281844,"d":"36.910"},{"v":0.0152,"d":"0.015"},{"v":0.0024,"d":"0.002"},{"v":1.45000667005009e-10,"d":"1.450E-10"},{"v":-0.0861,"d":"-0.086"},1.136,{"v":0.9396,"d":"0.940"}]
["FEV1/FVC","SA_paracentral","rs7162245","G","A",0.646,0.00011562720408,321047,{"v":37.125828489611,"d":"37.126"},{"v":0.0159,"d":"0.016"},{"v":0.0025,"d":"0.003"},{"v":1.72000615095035e-10,"d":"1.720E-10"},{"v":0.4778,"d":"0.478"},1.172,{"v":0.6835,"d":"0.684"}]
["FEV1/FVC","SA_paracentral","rs72651496","A","G",0.263,1.1072014382E-4,321047,{"v":35.5500846831808,"d":"35.550"},{"v":-0.0169,"d":"-0.017"},{"v":0.0027,"d":"0.003"},{"v":2.78997299740827e-10,"d":"2.790E-10"},{"v":-0.8464,"d":"-0.846"},{"v":1.2763,"d":"1.276"},{"v":0.5072,"d":"0.507"}]
["FEV1/FVC","SA_paracentral","rs72673442","C","T",0.049,0.00024910800222,321047,{"v":79.9948059190104,"d":"79.995"},{"v":-0.0517,"d":"-0.052"},{"v":0.0055,"d":"0.006"},{"v":8.80035111687326e-21,"d":"8.800E-21"},{"v":2.6851,"d":"2.685"},{"v":2.6479,"d":"2.648"},{"v":0.3106,"d":"0.311"}]
["FEV1/FVC","SA_paracentral","rs72692823","C","T",0.149,1.065745595E-4,321047,{"v":34.2188763163475,"d":"34.219"},{"v":0.0205,"d":"0.021"},{"v":0.0034,"d":"0.003"},{"v":9.34996531931504e-10,"d":"9.350E-10"},{"v":-2.1733,"d":"-2.173"},{"v":1.6342,"d":"1.634"},{"v":0.1836,"d":"0.184"}]
["FEV1/FVC","SA_paracentral","rs72907878","A","G",0.134,0.00025890808928,321047,{"v":83.1426738337175,"d":"83.143"},{"v":-0.0334,"d":"-0.033"},{"v":0.0035,"d":"0.004"},{"v":1.96019826292881e-21,"d":"1.960E-21"},{"v":-0.5341,"d":"-0.534"},{"v":1.6917,"d":"1.692"},{"v":0.7522,"d":"0.752"}]
["FEV1/FVC","SA_paracentral","rs7307510","C","T",0.813,0.00058599132702,321047,{"v":188.239892527556,"d":"188.240"},{"v":-0.0439,"d":"-0.044"},{"v":0.0031,"d":"0.003"},{"v":1.44012437117557e-46,"d":"1.440E-46"},{"v":-0.4205,"d":"-0.421"},{"v":1.4228,"d":"1.423"},{"v":0.7676,"d":"0.768"}]
["FEV1/FVC","SA_paracentral","rs73158393","G","C",0.257,1.604943155E-4,321047,{"v":51.5341684607895,"d":"51.534"},{"v":0.0205,"d":"0.021"},{"v":0.0027,"d":"0.003"},{"v":3.55959018006082E-14,"d":"3.560E-14"},{"v":0.3665,"d":"0.367"},{"v":1.2881,"d":"1.288"},0.776]
["FEV1/FVC","SA_paracentral","rs73158411","A","G",0.368,0.000246065408,321047,{"v":79.0175123877848,"d":"79.018"},0.023,{"v":0.0025,"d":"0.003"},{"v":1.40993794935872E-20,"d":"1.410E-20"},{"v":1.6957,"d":"1.696"},{"v":1.1735,"d":"1.174"},{"v":0.1485,"d":"0.149"}]
["FEV1/FVC","SA_paracentral","rs73182224","A","G",0.239,0.00014117084222,321047,{"v":45.3285921160456,"d":"45.329"},{"v":-0.0197,"d":"-0.020"},{"v":0.0029,"d":"0.003"},{"v":2.0100182471137e-11,"d":"2.010E-11"},{"v":-0.7002,"d":"-0.700"},{"v":1.6581,"d":"1.658"},{"v":0.6728,"d":"0.673"}]
["FEV1/FVC","SA_paracentral","rs74001718","T","A",0.044,9.497714688e-05,321047,{"v":30.4948344324586,"d":"30.495"},{"v":-0.0336,"d":"-0.034"},{"v":0.0058,"d":"0.006"},{"v":8.23000312277345e-09,"d":"8.230E-09"},{"v":-2.8502,"d":"-2.850"},{"v":2.8621,"d":"2.862"},{"v":0.3193,"d":"0.319"}]
["FEV1/FVC","SA_paracentral","rs7401714","G","A",0.574,0.00012676613208,321047,{"v":40.7027926092075,"d":"40.703"},{"v":-0.0161,"d":"-0.016"},{"v":0.0024,"d":"0.002"},{"v":1.67996409548482E-11,"d":"1.680E-11"},{"v":0.2143,"d":"0.214"},{"v":1.1279,"d":"1.128"},{"v":0.8493,"d":"0.849"}]
["FEV1/FVC","SA_paracentral","rs7426380","G","A",0.449,2.3085295488E-4,321047,{"v":74.1313003291797,"d":"74.131"},{"v":0.0216,"d":"0.022"},{"v":0.0024,"d":"0.002"},{"v":2.0100182471137e-19,"d":"2.010E-19"},{"v":-0.4806,"d":"-0.481"},{"v":1.1249,"d":"1.125"},{"v":0.6692,"d":"0.669"}]
["FEV1/FVC","SA_paracentral","rs755249","T","C",0.233,2.0416302062E-4,321047,{"v":65.558901658339,"d":"65.559"},{"v":-0.0239,"d":"-0.024"},{"v":2.8E-3,"d":"0.003"},{"v":9.81974024865489e-18,"d":"9.820E-18"},1.979,{"v":1.3349,"d":"1.335"},{"v":0.1382,"d":"0.138"}]
["FEV1/FVC","SA_paracentral","rs7555534","T","C",0.631,1.4098867128E-4,321047,{"v":45.2700905410017,"d":"45.270"},{"v":0.0174,"d":"0.017"},{"v":0.0025,"d":"0.003"},{"v":1.71001531509029E-12,"d":"1.710E-12"},{"v":-0.5816,"d":"-0.582"},{"v":1.1729,"d":"1.173"},{"v":0.62,"d":"0.620"}]
["FEV1/FVC","SA_paracentral","rs7565460","T","C",0.45,1.026432E-4,321047,{"v":32.9564689014287,"d":"32.956"},{"v":0.0144,"d":"0.014"},{"v":0.0024,"d":"0.002"},{"v":1.15000571869924e-09,"d":"1.150E-09"},{"v":-0.5717,"d":"-0.572"},{"v":1.1322,"d":"1.132"},{"v":0.6136,"d":"0.614"}]
["FEV1/FVC","SA_paracentral","rs75928020","A","G",0.219,0.00010238052462,321047,{"v":32.8721209916204,"d":"32.872"},{"v":-0.0173,"d":"-0.017"},{"v":0.0029,"d":"0.003"},{"v":1.70000422215636e-09,"d":"1.700E-09"},{"v":2.2323,"d":"2.232"},{"v":1.4423,"d":"1.442"},{"v":0.1217,"d":"0.122"}]
["FEV1/FVC","SA_paracentral","rs7634731","G","A",0.264,2.1827722752E-4,321047,{"v":70.0921120210414,"d":"70.092"},{"v":0.0237,"d":"0.024"},{"v":0.0027,"d":"0.003"},{"v":2.18021839718594e-18,"d":"2.180E-18"},{"v":0.0102,"d":"0.010"},{"v":1.2772,"d":"1.277"},{"v":0.9936,"d":"0.994"}]
["FEV1/FVC","SA_paracentral","rs764688","C","T",0.714,9.312110808e-05,321047,{"v":29.8988503576192,"d":"29.899"},{"v":0.0151,"d":"0.015"},{"v":0.0026,"d":"0.003"},{"v":8.34007584215871e-09,"d":"8.340E-09"},{"v":1.2679,"d":"1.268"},{"v":1.2547,"d":"1.255"},{"v":0.3122,"d":"0.312"}]
["FEV1/FVC","SA_paracentral","rs76525968","T","G",0.268,1.201578E-4,321047,{"v":38.5806966726347,"d":"38.581"},{"v":-0.0175,"d":"-0.018"},{"v":0.0027,"d":"0.003"},{"v":8.02971257669863e-11,"d":"8.030E-11"},{"v":-2.1424,"d":"-2.142"},1.291,{"v":0.09702,"d":"0.097"}]
["FEV1/FVC","SA_paracentral","rs77059113","G","T",0.073,0.00012672883512,321047,{"v":40.6908155707578,"d":"40.691"},{"v":0.0306,"d":"0.031"},{"v":0.0046,"d":"0.005"},{"v":1.80011396041801E-11,"d":"1.800E-11"},{"v":1.9439,"d":"1.944"},{"v":2.1346,"d":"2.135"},{"v":0.3625,"d":"0.363"}]
["FEV1/FVC","SA_paracentral","rs7713065","C","A",0.735,0.0003164119875,321047,{"v":101.614638616701,"d":"101.615"},{"v":0.0285,"d":"0.029"},{"v":0.0027,"d":"0.003"},{"v":8.20918418869905e-26,"d":"8.209E-26"},{"v":-0.8781,"d":"-0.878"},1.276,{"v":0.4913,"d":"0.491"}]
["FEV1/FVC","SA_paracentral","rs7733410","A","G",0.441,0.0012573701595,321047,{"v":404.180607491586,"d":"404.181"},{"v":0.0505,"d":"0.051"},{"v":0.0024,"d":"0.002"},{"v":1.55991164440755E-96,"d":"1.560E-96"},2.471,{"v":1.1898,"d":"1.190"},{"v":0.03781,"d":"0.038"}]
["FEV1/FVC","SA_paracentral","rs7753012","G","T",0.305,0.002149189088,321047,{"v":691.472515942876,"d":"691.473"},{"v":0.0712,"d":"0.071"},{"v":0.0026,"d":"0.003"},{"v":4.70977326396955e-165,"d":"4.710E-165"},{"v":1.9707,"d":"1.971"},1.229,{"v":0.1088,"d":"0.109"}]
["FEV1/FVC","SA_paracentral","rs7784940","G","T",0.204,9.832675968e-05,321047,{"v":31.5704187784458,"d":"31.570"},{"v":-0.0174,"d":"-0.017"},{"v":0.0029,"d":"0.003"},{"v":3.16002122743251e-09,"d":"3.160E-09"},{"v":0.8621,"d":"0.862"},{"v":1.3863,"d":"1.386"},0.534]
["FEV1/FVC","SA_paracentral","rs78227763","T","C",0.0315,0.0001347832395,321047,{"v":43.277318182419,"d":"43.277"},0.047,{"v":0.0069,"d":"0.007"},{"v":8.64967918775692e-12,"d":"8.650E-12"},{"v":3.8032,"d":"3.803"},{"v":3.2639,"d":"3.264"},{"v":0.2439,"d":"0.244"}]
["FEV1/FVC","SA_paracentral","rs78442819","C","G",0.2,4.0328E-4,321047,{"v":129.523261740995,"d":"129.523"},{"v":-0.0355,"d":"-0.036"},{"v":0.0031,"d":"0.003"},{"v":2.25009057227931e-31,"d":"2.250E-31"},{"v":-1.3612,"d":"-1.361"},1.547,{"v":0.3789,"d":"0.379"}]
["FEV1/FVC","SA_paracentral","rs7896518","G","A",0.427,1.2684233982E-4,321047,{"v":40.72726492909,"d":"40.727"},{"v":-0.0161,"d":"-0.016"},{"v":0.0024,"d":"0.002"},{"v":3.71022288617465E-11,"d":"3.710E-11"},{"v":-1.5476,"d":"-1.548"},{"v":1.1436,"d":"1.144"},0.176]
["FEV1/FVC","SA_paracentral","rs7974933","G","A",0.143,0.000129658958,321047,{"v":41.6317581014851,"d":"41.632"},0.023,{"v":0.0034,"d":"0.003"},{"v":2.53980281377282e-11,"d":"2.540E-11"},{"v":-1.4831,"d":"-1.483"},{"v":1.7076,"d":"1.708"},{"v":0.3851,"d":"0.385"}]
["FEV1/FVC","SA_paracentral","rs79898473","C","T",0.329,4.1884163552E-4,321047,{"v":134.523356858321,"d":"134.523"},{"v":0.0308,"d":"0.031"},{"v":0.0026,"d":"0.003"},{"v":2.30993628017318e-33,"d":"2.310E-33"},{"v":-0.1692,"d":"-0.169"},{"v":1.2617,"d":"1.262"},{"v":0.8933,"d":"0.893"}]
["FEV1/FVC","SA_paracentral","rs8039637","T","C",0.137,0.00016480455552,321047,{"v":52.9183997202631,"d":"52.918"},{"v":-0.0264,"d":"-0.026"},{"v":0.0035,"d":"0.004"},{"v":2.99019836717057e-14,"d":"2.990E-14"},{"v":0.9292,"d":"0.929"},{"v":1.6083,"d":"1.608"},{"v":0.5634,"d":"0.563"}]
["FEV1/FVC","SA_paracentral","rs8068952","C","G",0.784,0.000275099328,321047,{"v":88.3435670136786,"d":"88.344"},{"v":-0.0285,"d":"-0.029"},{"v":0.0029,"d":"0.003"},{"v":1.21004076085695e-22,"d":"1.210E-22"},{"v":0.3757,"d":"0.376"},{"v":1.3877,"d":"1.388"},{"v":0.7866,"d":"0.787"}]
["FEV1/FVC","SA_paracentral","rs8080108","C","T",0.311,1.0698521912E-4,321047,{"v":34.3507446943285,"d":"34.351"},{"v":-0.0158,"d":"-0.016"},{"v":0.0026,"d":"0.003"},{"v":1e-09,"d":"1.000E-09"},{"v":-1.7314,"d":"-1.731"},{"v":1.2427,"d":"1.243"},{"v":0.1636,"d":"0.164"}]
["FEV1/FVC","SA_paracentral","rs8089099","A","G",0.275,0.0002202096875,321047,{"v":70.7127907649941,"d":"70.713"},{"v":0.0235,"d":"0.024"},{"v":0.0027,"d":"0.003"},{"v":1.51984745292848E-18,"d":"1.520E-18"},{"v":0.6165,"d":"0.617"},{"v":1.2972,"d":"1.297"},{"v":0.6346,"d":"0.635"}]
["FEV1/FVC","SA_paracentral","rs811075","C","G",0.351,9.447280128e-05,321047,{"v":30.3328861196602,"d":"30.333"},{"v":0.0144,"d":"0.014"},{"v":0.0025,"d":"0.003"},{"v":9.21000784234801e-09,"d":"9.210E-09"},{"v":-0.2649,"d":"-0.265"},{"v":1.1852,"d":"1.185"},{"v":0.8232,"d":"0.823"}]
["FEV1/FVC","SA_paracentral","rs838327","G","A",0.25,8.550375e-05,321047,{"v":27.452898744541,"d":"27.453"},{"v":-0.0151,"d":"-0.015"},{"v":2.8E-3,"d":"0.003"},{"v":4.29002674812652e-08,"d":"4.290E-08"},{"v":-0.5905,"d":"-0.591"},{"v":1.3028,"d":"1.303"},{"v":0.6503,"d":"0.650"}]
["FEV1/FVC","SA_paracentral","rs840467","C","T",0.812,0.00027661572512,321047,{"v":88.8306674306346,"d":"88.831"},{"v":-0.0301,"d":"-0.030"},{"v":0.0031,"d":"0.003"},{"v":1.61994399390362e-22,"d":"1.620E-22"},{"v":-1.2778,"d":"-1.278"},{"v":1.4864,"d":"1.486"},{"v":0.39,"d":"0.390"}]
["FEV1/FVC","SA_paracentral","rs864354","G","T",0.566,9.906331232e-05,321047,{"v":31.8069320038134,"d":"31.807"},{"v":0.0142,"d":"0.014"},{"v":0.0024,"d":"0.002"},{"v":3.52996175422501e-09,"d":"3.530E-09"},{"v":0.5287,"d":"0.529"},{"v":1.1566,"d":"1.157"},{"v":0.6476,"d":"0.648"}]
["FEV1/FVC","SA_paracentral","rs879394","T","G",0.235,0.000319294782,321047,{"v":102.540734008501,"d":"102.541"},{"v":-0.0298,"d":"-0.030"},{"v":2.8E-3,"d":"0.003"},{"v":4.70977326396951e-26,"d":"4.710E-26"},{"v":-1.8574,"d":"-1.857"},1.339,{"v":0.1654,"d":"0.165"}]
["FEV1/FVC","SA_paracentral","rs898614","T","C",0.648,0.00010401633792,321047,{"v":33.397399082675,"d":"33.397"},{"v":0.0151,"d":"0.015"},{"v":0.0025,"d":"0.003"},{"v":1.55998348264765e-09,"d":"1.560E-09"},{"v":0.3763,"d":"0.376"},{"v":1.1671,"d":"1.167"},{"v":0.7471,"d":"0.747"}]
["FEV1/FVC","SA_paracentral","rs911930","G","T",0.694,1.1845239192E-4,321047,{"v":38.0330532700883,"d":"38.033"},{"v":0.0167,"d":"0.017"},{"v":0.0026,"d":"0.003"},{"v":1.29998996537545e-10,"d":"1.300E-10"},{"v":0.9076,"d":"0.908"},{"v":1.2196,"d":"1.220"},{"v":0.4568,"d":"0.457"}]
["FEV1/FVC","SA_paracentral","rs9295562","T","C",0.306,1.0737548568E-4,321047,{"v":34.4760646843254,"d":"34.476"},{"v":-0.0159,"d":"-0.016"},{"v":0.0026,"d":"0.003"},{"v":5.37997180932844E-10,"d":"5.380E-10"},{"v":-0.9818,"d":"-0.982"},{"v":1.2179,"d":"1.218"},{"v":0.4202,"d":"0.420"}]
["FEV1/FVC","SA_paracentral","rs9321207","G","A",0.581,1.1397327102E-4,321047,{"v":36.5947196145124,"d":"36.595"},{"v":0.0153,"d":"0.015"},{"v":0.0024,"d":"0.002"},{"v":2.39999313805789e-10,"d":"2.400E-10"},{"v":-0.1546,"d":"-0.155"},{"v":1.1365,"d":"1.137"},{"v":0.8918,"d":"0.892"}]
["FEV1/FVC","SA_paracentral","rs9333118","A","C",0.094,0.00012881055,321047,{"v":41.3593105402883,"d":"41.359"},{"v":-0.0275,"d":"-0.028"},0.004,{"v":1.05002587211089E-11,"d":"1.050E-11"},{"v":-0.5493,"d":"-0.549"},{"v":1.9015,"d":"1.902"},{"v":0.7727,"d":"0.773"}]
["FEV1/FVC","SA_paracentral","rs9351958","C","G",0.202,0.000383727078,321047,{"v":123.240950646392,"d":"123.241"},{"v":0.0345,"d":"0.035"},0.003,{"v":3.22998124059562E-31,"d":"3.230E-31"},{"v":-1.6479,"d":"-1.648"},{"v":1.4125,"d":"1.413"},{"v":0.2433,"d":"0.243"}]
["FEV1/FVC","SA_paracentral","rs941747","T","C",0.468,9.620930592e-05,321047,{"v":30.8904885715514,"d":"30.890"},{"v":-0.0139,"d":"-0.014"},{"v":0.0024,"d":"0.002"},{"v":4.56005415125173e-09,"d":"4.560E-09"},{"v":1.7625,"d":"1.763"},{"v":1.1356,"d":"1.136"},{"v":0.1207,"d":"0.121"}]
["FEV1/FVC","SA_paracentral","rs943613","T","C",0.446,8.610383232e-05,321047,{"v":27.6455852380101,"d":"27.646"},{"v":-0.0132,"d":"-0.013"},{"v":0.0024,"d":"0.002"},{"v":3.29997006285229E-8,"d":"3.300E-08"},{"v":0.3695,"d":"0.370"},{"v":1.1481,"d":"1.148"},{"v":0.7476,"d":"0.748"}]
["FEV1/FVC","SA_paracentral","rs9533803","T","C",0.213,0.00022838382702,321047,{"v":73.3382350124149,"d":"73.338"},{"v":-0.0261,"d":"-0.026"},{"v":0.0029,"d":"0.003"},{"v":2.92011530139415e-19,"d":"2.920E-19"},{"v":1.1852,"d":"1.185"},{"v":1.3673,"d":"1.367"},0.386]
["FEV1/FVC","SA_paracentral","rs9600261","A","G",0.184,0.00012867040512,321047,{"v":41.3143061402587,"d":"41.314"},{"v":0.0207,"d":"0.021"},{"v":0.0031,"d":"0.003"},{"v":2.11008524186048e-11,"d":"2.110E-11"},{"v":0.1359,"d":"0.136"},{"v":1.4265,"d":"1.427"},{"v":0.9241,"d":"0.924"}]
["FEV1/FVC","SA_paracentral","rs9634470","C","T",0.265,0.000168534912,321047,{"v":54.1164113276609,"d":"54.116"},{"v":0.0208,"d":"0.021"},{"v":0.0027,"d":"0.003"},{"v":2.73023481294007e-14,"d":"2.730E-14"},{"v":-0.4321,"d":"-0.432"},{"v":1.3698,"d":"1.370"},{"v":0.7524,"d":"0.752"}]
["FEV1/FVC","SA_paracentral","rs9636166","C","A",0.126,2.77567542E-4,321047,{"v":89.1364128964204,"d":"89.136"},{"v":-0.0355,"d":"-0.036"},{"v":0.0036,"d":"0.004"},{"v":3.6601594055805e-23,"d":"3.660E-23"},{"v":-2.7244,"d":"-2.724"},{"v":1.7069,"d":"1.707"},{"v":0.1105,"d":"0.111"}]
["FEV1/FVC","SA_paracentral","rs9661687","T","C",0.863,{"$f":"2*F2501*(1-F2501)*J2501*J2501","v":1.7366005742E-4},321047,{"$f":"G2501/(1-G2501)*(H2501-2)","v":{"v":55.7623768319664,"d":"55.762"}},{"v":-0.0271,"d":"-0.027"},{"v":0.0035,"d":"0.004"},{"v":6.10942024905571e-15,"d":"6.109E-15"},{"v":1.2062,"d":"1.206"},1.608,{"v":0.4532,"d":"0.453"}]
["FEV1/FVC","SA_paracentral","rs979455","C","T",0.325,0.0001313134875,321047,{"v":42.1630751748824,"d":"42.163"},{"v":-0.0173,"d":"-0.017"},{"v":0.0025,"d":"0.003"},{"v":9.21934357451561e-12,"d":"9.219E-12"},{"v":0.4208,"d":"0.421"},{"v":1.2143,"d":"1.214"},0.729]
["FEV1/FVC","SA_paracentral","rs9850438","C","T",0.172,0.000102824352,321047,{"v":33.0146387966808,"d":"33.015"},0.019,{"v":0.0032,"d":"0.003"},{"v":2.06001318473549e-09,"d":"2.060E-09"},{"v":-1.6738,"d":"-1.674"},{"v":1.5251,"d":"1.525"},{"v":0.2724,"d":"0.272"}]
["FEV1/FVC","SA_paracentral","rs985256","C","A",0.782,1.0924443032E-4,321047,{"v":35.076210012665,"d":"35.076"},{"v":-0.0179,"d":"-0.018"},{"v":0.0029,"d":"0.003"},{"v":5.86003216751055e-10,"d":"5.860E-10"},{"v":-1.5308,"d":"-1.531"},{"v":1.3742,"d":"1.374"},{"v":0.2653,"d":"0.265"}]
["FEV1/FVC","SA_paracentral","rs987068","C","G",0.689,0.00037548537728,321047,{"v":120.592983850896,"d":"120.593"},{"v":-0.0296,"d":"-0.030"},{"v":0.0026,"d":"0.003"},{"v":1.46015849681179E-30,"d":"1.460E-30"},{"v":1.1952,"d":"1.195"},1.224,{"v":0.3288,"d":"0.329"}]
["FEV1/FVC","SA_paracentral","rs9874847","T","C",0.143,1.8942462968E-4,321047,{"v":60.8253520554038,"d":"60.825"},{"v":0.0278,"d":"0.028"},{"v":0.0034,"d":"0.003"},{"v":6.03948629376381e-16,"d":"6.039E-16"},{"v":-2.3317,"d":"-2.332"},{"v":1.67,"d":"1.670"},{"v":0.1627,"d":"0.163"}]
["FEV1/FVC","SA_paracentral","rs988799","C","G",0.793,0.00027230681088,321047,{"v":87.4465523907736,"d":"87.447"},{"v":-0.0288,"d":"-0.029"},{"v":0.0029,"d":"0.003"},{"v":9.89008445021067e-23,"d":"9.890E-23"},{"v":1.8206,"d":"1.821"},{"v":1.3333,"d":"1.333"},{"v":0.1721,"d":"0.172"}]
["FEV1/FVC","SA_paracentral","rs9888193","G","T",0.273,8.694617568e-05,321047,{"v":27.916062166031,"d":"27.916"},{"v":0.0148,"d":"0.015"},{"v":0.0026,"d":"0.003"},{"v":2.42002582208076E-8,"d":"2.420E-08"},{"v":0.3238,"d":"0.324"},{"v":1.2663,"d":"1.266"},{"v":0.7982,"d":"0.798"}]
["FEV1/FVC","SA_paracentral","rs9905278","T","C",0.492,0.00021626462208,321047,{"v":69.445694242494,"d":"69.446"},{"v":-0.0208,"d":"-0.021"},{"v":0.0024,"d":"0.002"},{"v":2.90001336905406e-18,"d":"2.900E-18"},{"v":-0.6934,"d":"-0.693"},{"v":1.1215,"d":"1.122"},{"v":0.5364,"d":"0.536"}]
["FEV1/FVC","SA_paracentral","rs9912501","T","C",0.522,0.00028505206872,321047,{"v":91.5406352496623,"d":"91.541"},{"v":0.0239,"d":"0.024"},{"v":0.0024,"d":"0.002"},{"v":6.07015806341045E-24,"d":"6.070E-24"},{"v":1.3969,"d":"1.397"},1.129,0.216]
["FEV1/FVC","SA_paracentral","rs995758","T","C",0.398,0.00239523642008,321047,{"v":770.824984561112,"d":"770.825"},{"v":0.0707,"d":"0.071"},{"v":0.0024,"d":"0.002"},{"v":1.47910838816817e-185,"d":"1.479E-185"},{"v":1.0049,"d":"1.005"},1.137,{"v":0.3768,"d":"0.377"}]
["FEV1/FVC","SA_paracentral","rs996865","T","C",0.0752,0.000313821632,321047,{"v":100.78249357205,"d":"100.782"},{"v":-0.0475,"d":"-0.048"},{"v":0.0046,"d":"0.005"},{"v":1.82011990846011e-25,"d":"1.820E-25"},-2.272,{"v":2.1091,"d":"2.109"},{"v":0.2814,"d":"0.281"}]
["FEV1/FVC","SA_paracentral","rs9970286","A","G",0.329,0.00024590786528,321047,{"v":78.966909192885,"d":"78.967"},{"v":0.0236,"d":"0.024"},{"v":0.0025,"d":"0.003"},{"v":1.91999456795429E-20,"d":"1.920E-20"},{"v":-0.3899,"d":"-0.390"},{"v":1.1979,"d":"1.198"},{"v":0.7448,"d":"0.745"}]
["FEV1","TH_caudal middle frontal","rs10107584","T","C",0.611245,4.58465872768961e-05,421986,{"v":19.3474132983261,"d":"19.347"},{"v":0.00982184,"d":"0.010"},{"v":1.79714E-3,"d":"0.002"},{"v":4.60002296665068e-08,"d":"4.600E-08"},{"v":-0.0002,"d":"-0.000"},{"v":0.0008,"d":"0.001"},{"v":0.8432,"d":"0.843"}]
["FEV1","TH_caudal middle frontal","rs10141786","G","A",0.596493,7.05065437591767e-05,421986,{"v":29.7547312649344,"d":"29.755"},{"v":-0.0121024,"d":"-0.012"},{"v":1.77709E-3,"d":"0.002"},{"v":9.70063133783958e-12,"d":"9.701E-12"},{"v":0,"d":"0.000"},{"v":0.0008,"d":"0.001"},{"v":0.9875,"d":"0.988"}]
["FEV1","TH_caudal middle frontal","rs10167980","G","A",0.734288,4.8279112523256e-05,421986,{"v":20.3739966574909,"d":"20.374"},{"v":-0.0111231,"d":"-0.011"},{"v":1.96218E-3,"d":"0.002"},{"v":1.40000633223953E-8,"d":"1.400E-08"},{"v":-0.0012,"d":"-0.001"},{"v":0.0009,"d":"0.001"},{"v":0.1441,"d":"0.144"}]
["FEV1","TH_caudal middle frontal","rs10283100","G","A",0.944478,6.6090898474265e-05,421986,{"v":27.8911450526003,"d":"27.891"},{"v":0.0251031,"d":"0.025"},{"v":0.00379228,"d":"0.004"},{"v":3.59997927043357e-11,"d":"3.600E-11"},{"v":-2.3E-3,"d":"-0.002"},{"v":2E-3,"d":"0.002"},{"v":0.2387,"d":"0.239"}]
["FEV1","TH_caudal middle frontal","rs10490551","A","T",0.276305,7.51379145854287e-05,421986,{"v":31.709380325128,"d":"31.709"},{"v":0.013707,"d":"0.014"},{"v":0.00193897,"d":"0.002"},{"v":1.5999263828686E-12,"d":"1.600E-12"},{"v":-0.0009,"d":"-0.001"},{"v":0.0008,"d":"0.001"},{"v":0.2664,"d":"0.266"}]
["FEV1","TH_caudal middle frontal","rs10789246","C","T",0.301089,5.20235638625794e-05,421986,{"v":21.9542537115067,"d":"21.954"},{"v":-0.011118,"d":"-0.011"},{"v":0.00188847,"d":"0.002"},{"v":3.89995862874433e-09,"d":"3.900E-09"},{"v":0.0009,"d":"0.001"},{"v":0.0008,"d":"0.001"},{"v":0.2387,"d":"0.239"}]
["FEV1","TH_caudal middle frontal","rs10797116","C","T",0.542079,7.98684142926156e-05,421986,{"v":33.7058849724402,"d":"33.706"},{"v":-0.0126837,"d":"-0.013"},{"v":1.74658E-3,"d":"0.002"},{"v":3.80014352941586e-13,"d":"3.800E-13"},{"v":-1E-4,"d":"-0.000"},{"v":0.0007,"d":"0.001"},{"v":0.9307,"d":"0.931"}]
["FEV1","TH_caudal middle frontal","rs10851839","A","T",0.668554,4.72929853022601e-05,421986,{"v":19.9578269750067,"d":"19.958"},{"v":0.0103302,"d":"0.010"},{"v":0.00184696,"d":"0.002"},{"v":2.19998641983516e-08,"d":"2.200E-08"},{"v":-1E-3,"d":"-0.001"},{"v":0.0008,"d":"0.001"},{"v":0.2122,"d":"0.212"}]
["FEV1","TH_caudal middle frontal","rs10883928","T","C",0.359436,8.50445755037914e-05,421986,{"v":35.8905024419367,"d":"35.891"},{"v":-0.0135899,"d":"-0.014"},{"v":1.80959E-3,"d":"0.002"},{"v":5.90065196995665e-14,"d":"5.901E-14"},{"v":1E-3,"d":"0.001"},{"v":0.0008,"d":"0.001"},{"v":0.1953,"d":"0.195"}]
["FEV1","TH_caudal middle frontal","rs10911335","C","T",0.21106,8.54138636940176e-05,421986,{"v":36.046362716168,"d":"36.046"},{"v":0.0160149,"d":"0.016"},{"v":0.00212544,"d":"0.002"},{"v":4.90004422793237e-14,"d":"4.900E-14"},{"v":-1E-4,"d":"-0.000"},{"v":0.0009,"d":"0.001"},{"v":0.9102,"d":"0.910"}]
["FEV1","TH_caudal middle frontal","rs10965947","T","C",0.458692,8.33741345031673e-05,421986,{"v":35.1854843334879,"d":"35.185"},{"v":0.0129574,"d":"0.013"},{"v":0.00174086,"d":"0.002"},{"v":9.79941161095592e-14,"d":"9.799E-14"},{"v":0.0016,"d":"0.002"},{"v":0.0008,"d":"0.001"},{"v":0.03516,"d":"0.035"}]
["FEV1","TH_caudal middle frontal","rs11049229","T","A",0.054116,4.66525515018772E-5,421986,{"v":19.687548767351,"d":"19.688"},{"v":0.0213472,"d":"0.021"},{"v":0.00387585,"d":"0.004"},{"v":3.59997927043357E-8,"d":"3.600E-08"},{"v":1.5E-3,"d":"0.002"},{"v":0.0017,"d":"0.002"},0.363]
["FEV1","TH_caudal middle frontal","rs11049381","A","G",0.564116,8.9027429512621e-05,421986,{"v":37.5714957091398,"d":"37.571"},{"v":0.0134548,"d":"0.013"},{"v":1.75227E-3,"d":"0.002"},{"v":1.5999263828686E-14,"d":"1.600E-14"},{"v":0.0017,"d":"0.002"},{"v":0.0007,"d":"0.001"},{"v":0.01483,"d":"0.015"}]
["FEV1","TH_caudal middle frontal","rs11107119","A","T",0.219982,1.50950514403929E-4,421986,{"v":63.708318673703,"d":"63.708"},{"v":0.0209728,"d":"0.021"},{"v":2.09596E-3,"d":"0.002"},{"v":1.39990962656834E-23,"d":"1.400E-23"},{"v":-0.0003,"d":"-0.000"},{"v":0.0009,"d":"0.001"},{"v":0.7028,"d":"0.703"}]
["FEV1","TH_caudal middle frontal","rs11111130","A","G",0.176753,6.04026470803273e-05,421986,{"v":25.4904903186355,"d":"25.490"},{"v":0.0144067,"d":"0.014"},{"v":0.00227815,"d":"0.002"},{"v":2.59997995670925E-10,"d":"2.600E-10"},{"v":0.0009,"d":"0.001"},{"v":1E-3,"d":"0.001"},{"v":0.3608,"d":"0.361"}]
["FEV1","TH_caudal middle frontal","rs11134789","A","C",0.341728,9.26445220486195e-05,421986,{"v":39.0981282195666,"d":"39.098"},{"v":-0.01435,"d":"-0.014"},{"v":1.82876E-3,"d":"0.002"},{"v":4.30031233630544e-15,"d":"4.300E-15"},{"v":-1E-4,"d":"-0.000"},{"v":0.0008,"d":"0.001"},{"v":0.9256,"d":"0.926"}]
["FEV1","TH_caudal middle frontal","rs11166592","T","G",0.577472,7.71708226681496e-05,421986,{"v":32.5673656831983,"d":"32.567"},{"v":0.0125753,"d":"0.013"},{"v":0.00176215,"d":"0.002"},{"v":9.60063590945348e-13,"d":"9.601E-13"},{"v":0,"d":"0.000"},{"v":0.0008,"d":"0.001"},{"v":0.9656,"d":"0.966"}]
["FEV1","TH_caudal middle frontal","rs11231173","A","T",0.397259,6.23401295407736e-05,421986,{"v":26.3081772793134,"d":"26.308"},{"v":0.0114095,"d":"0.011"},{"v":1.77764E-3,"d":"0.002"},{"v":1.40000633223953E-10,"d":"1.400E-10"},{"v":-1E-3,"d":"-0.001"},{"v":0.0008,"d":"0.001"},{"v":0.1822,"d":"0.182"}]
["FEV1","TH_caudal middle frontal","rs11259936","C","A",0.52286,0.000265694338869797,421986,{"v":112.148557130374,"d":"112.149"},{"v":0.023076,"d":"0.023"},{"v":0.00173772,"d":"0.002"},{"v":2.99985318119079e-40,"d":"3.000E-40"},{"v":0.0013,"d":"0.001"},{"v":0.0007,"d":"0.001"},{"v":0.0547,"d":"0.055"}]
["FEV1","TH_caudal middle frontal","rs112635299","T","G",0.02048,5.99406836577107e-05,421986,{"v":25.2955256837183,"d":"25.296"},{"v":0.0386522,"d":"0.039"},{"v":0.00614151,"d":"0.006"},{"v":3.09998790941119e-10,"d":"3.100E-10"},{"v":-0.0006,"d":"-0.001"},{"v":0.0029,"d":"0.003"},{"v":0.8268,"d":"0.827"}]
["FEV1","TH_caudal middle frontal","rs11559147","G","C",0.709183,6.19349085803197e-05,421986,{"v":26.1371592649273,"d":"26.137"},{"v":0.0122536,"d":"0.012"},{"v":0.00192261,"d":"0.002"},{"v":1.79998961724559E-10,"d":"1.800E-10"},{"v":1E-4,"d":"0.000"},{"v":0.0008,"d":"0.001"},{"v":0.8891,"d":"0.889"}]
["FEV1","TH_caudal middle frontal","rs1155938","A","C",0.493871,0.000183402634522083,421986,{"v":77.4071740058101,"d":"77.407"},{"v":0.0191536,"d":"0.019"},{"v":0.0017344,"d":"0.002"},{"v":2.39993787680987e-28,"d":"2.400E-28"},{"v":0.0013,"d":"0.001"},{"v":0.0007,"d":"0.001"},{"v":0.0537,"d":"0.054"}]
["FEV1","TH_caudal middle frontal","rs11576892","C","T",0.083935,6.68380869993151E-5,421986,{"v":28.2064885720561,"d":"28.206"},{"v":-0.0208479,"d":"-0.021"},{"v":3.12824E-3,"d":"0.003"},{"v":2.70022528688824e-11,"d":"2.700E-11"},{"v":1.9E-3,"d":"0.002"},{"v":1.4E-3,"d":"0.001"},{"v":0.1564,"d":"0.156"}]
["FEV1","TH_caudal middle frontal","rs11588312","T","C",0.071357,9.07790999773809E-5,421986,{"v":38.3108055453019,"d":"38.311"},{"v":-0.0261719,"d":"-0.026"},{"v":3.37433E-3,"d":"0.003"},{"v":8.80035111687322e-15,"d":"8.800E-15"},{"v":0.0017,"d":"0.002"},{"v":1.5E-3,"d":"0.002"},{"v":0.2614,"d":"0.261"}]
["FEV1","TH_caudal middle frontal","rs11621587","C","G",0.183978,0.000128027780905798,421986,{"v":54.0325927707012,"d":"54.033"},{"v":0.0206492,"d":"0.021"},{"v":0.00223832,"d":"0.002"},{"v":2.80027059501063E-20,"d":"2.800E-20"},{"v":1E-3,"d":"0.001"},{"v":0.0009,"d":"0.001"},{"v":0.2725,"d":"0.273"}]
["FEV1","TH_caudal middle frontal","rs11623570","A","C",0.232947,4.8919748289392e-05,421986,{"v":20.6443609790935,"d":"20.644"},{"v":-0.0117,"d":"-0.012"},{"v":2.05404E-3,"d":"0.002"},{"v":1.19999655704812E-8,"d":"1.200E-08"},{"v":-1.9E-3,"d":"-0.002"},{"v":0.0009,"d":"0.001"},{"v":0.03762,"d":"0.038"}]
["FEV1","TH_caudal middle frontal","rs11641308","C","T",0.654691,5.22661440919687e-05,421986,{"v":22.0566293634738,"d":"22.057"},{"v":-0.0107516,"d":"-0.011"},{"v":0.00184605,"d":"0.002"},{"v":5.69993627094142e-09,"d":"5.700E-09"},{"v":-0.0005,"d":"-0.001"},{"v":0.0008,"d":"0.001"},{"v":0.5798,"d":"0.580"}]
["FEV1","TH_caudal middle frontal","rs11694842","G","A",0.336566,5.27032623531681E-5,421986,{"v":22.2411056396648,"d":"22.241"},{"v":-0.0108635,"d":"-0.011"},{"v":0.00183761,"d":"0.002"},{"v":3.4000084782586e-09,"d":"3.400E-09"},{"v":-1.4E-3,"d":"-0.001"},{"v":0.0008,"d":"0.001"},{"v":0.07109,"d":"0.071"}]
["FEV1","TH_caudal middle frontal","rs11699903","A","G",0.123342,5.5877288214736E-5,421986,{"v":23.5806392121807,"d":"23.581"},{"v":-0.0160743,"d":"-0.016"},{"v":0.00266362,"d":"0.003"},{"v":1.60000006389793e-09,"d":"1.600E-09"},{"v":0.0027,"d":"0.003"},{"v":0.0011,"d":"0.001"},{"v":0.0157,"d":"0.016"}]
["FEV1","TH_caudal middle frontal","rs11707746","C","T",0.286941,5.77976124903816e-05,421986,{"v":24.3910774551842,"d":"24.391"},{"v":-0.0118845,"d":"-0.012"},{"v":0.00192893,"d":"0.002"},{"v":7.19995861275188E-10,"d":"7.200E-10"},{"v":0.0005,"d":"0.001"},{"v":0.0008,"d":"0.001"},{"v":0.5678,"d":"0.568"}]
["FEV1","TH_caudal middle frontal","rs1187115","A","C",0.830007,2.28574532522613E-4,421986,{"v":96.4768476823807,"d":"96.477"},{"v":-0.0284605,"d":"-0.028"},{"v":2.30876E-3,"d":"0.002"},{"v":6.49980009683024e-35,"d":"6.500E-35"},{"v":-1.5E-3,"d":"-0.002"},{"v":1E-3,"d":"0.001"},{"v":0.1185,"d":"0.119"}]
["FEV1","TH_caudal middle frontal","rs11877758","G","T",0.3121,5.8965846097212e-05,421986,{"v":24.8841109121402,"d":"24.884"},{"v":-0.0117186,"d":"-0.012"},{"v":1.88255E-3,"d":"0.002"},{"v":4.7999863240391E-10,"d":"4.800E-10"},{"v":-0.0003,"d":"-0.000"},{"v":0.0008,"d":"0.001"},{"v":0.6593,"d":"0.659"}]
["FEV1","TH_caudal middle frontal","rs11883412","T","G",0.100546,6.56337523565205e-05,421986,{"v":27.6982112919546,"d":"27.698"},{"v":-0.0190492,"d":"-0.019"},{"v":0.00289518,"d":"0.003"},{"v":4.70002318179801e-11,"d":"4.700E-11"},{"v":0.0013,"d":"0.001"},{"v":0.0012,"d":"0.001"},{"v":0.2913,"d":"0.291"}]
["FEV1","TH_caudal middle frontal","rs11909473","G","A",0.28953,5.04702207717938E-5,421986,{"v":21.2987005922857,"d":"21.299"},{"v":0.011076,"d":"0.011"},{"v":1.92519E-3,"d":"0.002"},{"v":8.79994585505891e-09,"d":"8.800E-09"},{"v":-0.0008,"d":"-0.001"},{"v":0.0008,"d":"0.001"},{"v":0.2877,"d":"0.288"}]
["FEV1","TH_caudal middle frontal","rs11938781","C","T",0.165403,0.000284467858130144,421986,{"v":120.075042135242,"d":"120.075"},{"v":-0.032099,"d":"-0.032"},{"v":0.0023426,"d":"0.002"},{"v":9.79941161095593e-43,"d":"9.799E-43"},{"v":-0.0005,"d":"-0.001"},{"v":1E-3,"d":"0.001"},{"v":0.6209,"d":"0.621"}]
["FEV1","TH_caudal middle frontal","rs12152266","T","C",0.27447,7.95324727723686E-5,421986,{"v":33.5641004262785,"d":"33.564"},{"v":0.0141313,"d":"0.014"},{"v":0.00194446,"d":"0.002"},{"v":3.69998531172859e-13,"d":"3.700E-13"},{"v":0.0005,"d":"0.001"},{"v":0.0008,"d":"0.001"},{"v":0.5868,"d":"0.587"}]
["FEV1","TH_caudal middle frontal","rs12358810","A","G",0.392273,6.2173584888256e-05,421986,{"v":26.2378893491266,"d":"26.238"},{"v":-0.0114193,"d":"-0.011"},{"v":1.78594E-3,"d":"0.002"},{"v":1.60000006389793E-10,"d":"1.600E-10"},{"v":-0.0002,"d":"-0.000"},{"v":0.0008,"d":"0.001"},{"v":0.7697,"d":"0.770"}]
["FEV1","TH_caudal middle frontal","rs12413039","G","C",0.267488,7.90435445750635e-05,421986,{"v":33.357747828591,"d":"33.358"},{"v":0.0142023,"d":"0.014"},{"v":0.00195704,"d":"0.002"},{"v":4.00036851046125e-13,"d":"4.000E-13"},{"v":-0.0006,"d":"-0.001"},{"v":0.0008,"d":"0.001"},{"v":0.4918,"d":"0.492"}]
["FEV1","TH_caudal middle frontal","rs12571363","A","C",0.10664,9.91724246453693e-05,421986,{"v":41.8533271374832,"d":"41.853"},{"v":-0.0228143,"d":"-0.023"},{"v":0.00281378,"d":"0.003"},{"v":5.10035023959446e-16,"d":"5.100E-16"},{"v":-0.0009,"d":"-0.001"},{"v":0.0012,"d":"0.001"},0.475]
["FEV1","TH_caudal middle frontal","rs12641030","G","A",0.467529,8.61398202509326e-05,421986,{"v":36.3527573287515,"d":"36.353"},{"v":-0.0131533,"d":"-0.013"},{"v":0.00173853,"d":"0.002"},{"v":3.90031784475066e-14,"d":"3.900E-14"},{"v":-0.0008,"d":"-0.001"},{"v":0.0007,"d":"0.001"},{"v":0.2296,"d":"0.230"}]
["FEV1","TH_caudal middle frontal","rs12645165","C","T",0.364275,8.47647145794465e-05,421986,{"v":35.7723855531444,"d":"35.772"},{"v":0.0135283,"d":"0.014"},{"v":0.00180117,"d":"0.002"},{"v":5.90065196995665e-14,"d":"5.901E-14"},{"v":0.0003,"d":"0.000"},{"v":0.0008,"d":"0.001"},{"v":0.7422,"d":"0.742"}]
["FEV1","TH_caudal middle frontal","rs12684650","T","C",0.316579,0.000118935592968517,421986,{"v":50.1948872219023,"d":"50.195"},{"v":-0.0165789,"d":"-0.017"},{"v":0.0018661,"d":"0.002"},{"v":6.40029512108372e-19,"d":"6.400E-19"},{"v":0.0013,"d":"0.001"},{"v":0.0008,"d":"0.001"},{"v":0.1344,"d":"0.134"}]
["FEV1","TH_caudal middle frontal","rs12698403","A","G",0.439685,9.54761382352811e-05,421986,{"v":40.293249760961,"d":"40.293"},{"v":-0.0139202,"d":"-0.014"},{"v":0.00175386,"d":"0.002"},{"v":2.09990670376243e-15,"d":"2.100E-15"},{"v":0.0004,"d":"0.000"},{"v":0.0008,"d":"0.001"},{"v":0.5829,"d":"0.583"}]
["FEV1","TH_caudal middle frontal","rs12894780","C","T",0.126445,1.13215449487926E-4,421986,{"v":47.7805177295044,"d":"47.781"},{"v":-0.0226382,"d":"-0.023"},{"v":0.00262602,"d":"0.003"},{"v":6.70038873807757e-18,"d":"6.700E-18"},{"v":-0.0031,"d":"-0.003"},{"v":0.0011,"d":"0.001"},{"v":0.006059,"d":"0.006"}]
["FEV1","TH_caudal middle frontal","rs12917612","A","C",0.232311,5.15254458062511e-05,421986,{"v":21.7440340941554,"d":"21.744"},{"v":-0.012019,"d":"-0.012"},{"v":0.00205725,"d":"0.002"},{"v":5.09999793204996e-09,"d":"5.100E-09"},{"v":1E-4,"d":"0.000"},{"v":0.0009,"d":"0.001"},{"v":0.9425,"d":"0.943"}]
["FEV1","TH_caudal middle frontal","rs12985660","C","T",0.475562,4.79952736196658e-05,421986,{"v":20.2542096494551,"d":"20.254"},{"v":-0.0098092,"d":"-0.010"},{"v":0.00174527,"d":"0.002"},{"v":1.89998424621473e-08,"d":"1.900E-08"},{"v":0.0003,"d":"0.000"},{"v":0.0008,"d":"0.001"},{"v":0.6762,"d":"0.676"}]
["FEV1","TH_caudal middle frontal","rs13044144","C","G",0.262827,9.72020792895655e-05,421986,{"v":41.0217096223993,"d":"41.022"},{"v":0.0158381,"d":"0.016"},{"v":0.00197778,"d":"0.002"},{"v":1.20005182020427e-15,"d":"1.200E-15"},{"v":-0.0013,"d":"-0.001"},{"v":0.0009,"d":"0.001"},{"v":0.1227,"d":"0.123"}]
["FEV1","TH_caudal middle frontal","rs13101469","T","A",0.196758,7.39883393519119e-05,421986,{"v":31.2242056201986,"d":"31.224"},{"v":-0.0152995,"d":"-0.015"},{"v":0.00218825,"d":"0.002"},{"v":2.70022528688824E-12,"d":"2.700E-12"},{"v":0.0004,"d":"0.000"},{"v":0.0009,"d":"0.001"},{"v":0.6532,"d":"0.653"}]
["FEV1","TH_caudal middle frontal","rs13178887","C","T",0.386603,5.06944398527101e-05,421986,{"v":21.3933270295364,"d":"21.393"},{"v":-0.0103386,"d":"-0.010"},{"v":0.00177913,"d":"0.002"},{"v":6.19997588072324e-09,"d":"6.200E-09"},{"v":0,"d":"0.000"},{"v":0.0008,"d":"0.001"},{"v":0.9779,"d":"0.978"}]
["FEV1","TH_caudal middle frontal","rs13229167","A","G",0.271146,0.00013450091374651,421986,{"v":56.764868513091,"d":"56.765"},{"v":-0.018447,"d":"-0.018"},{"v":1.95743E-3,"d":"0.002"},{"v":4.30031233630546e-21,"d":"4.300E-21"},{"v":0.0008,"d":"0.001"},{"v":0.0008,"d":"0.001"},{"v":0.3216,"d":"0.322"}]
["FEV1","TH_caudal middle frontal","rs13429514","A","G",0.23795,6.74489306258274e-05,421986,{"v":28.464289427092,"d":"28.464"},{"v":0.0136376,"d":"0.014"},{"v":0.00203576,"d":"0.002"},{"v":2.09990670376243E-11,"d":"2.100E-11"},{"v":-0.0003,"d":"-0.000"},{"v":0.0009,"d":"0.001"},{"v":0.7207,"d":"0.721"}]
["FEV1","TH_caudal middle frontal","rs13433809","G","A",0.439229,{"$f":"2*F2565*(1-F2565)*J2565*J2565","v":8.10532215364504e-05},421986,{"$f":"G2565/(1-G2565)*(H2565-2)","v":{"v":34.2059351380761,"d":"34.206"}},{"v":-0.0128272,"d":"-0.013"},{"v":0.00174729,"d":"0.002"},{"v":2.09990670376243E-13,"d":"2.100E-13"},{"v":0,"d":"0.000"},{"v":0.0008,"d":"0.001"},{"v":0.9952,"d":"0.995"}]
["FEV1","TH_caudal middle frontal","rs1344674","G","A",0.446057,9.59275907100102e-05,421986,{"v":40.4837919507976,"d":"40.484"},{"v":0.0139325,"d":"0.014"},{"v":1.7434E-3,"d":"0.002"},{"v":1.2998702373886e-15,"d":"1.300E-15"},{"v":0.0016,"d":"0.002"},{"v":0.0007,"d":"0.001"},{"v":0.02641,"d":"0.026"}]
["FEV1","TH_caudal middle frontal","rs138198562","C","T",0.048489,4.8369136285793e-05,421986,{"v":20.4119889166979,"d":"20.412"},{"v":0.022895,"d":"0.023"},{"v":4.13817E-3,"d":"0.004"},{"v":3.20000015974484e-08,"d":"3.200E-08"},{"v":-0.0003,"d":"-0.000"},{"v":0.0022,"d":"0.002"},{"v":0.8845,"d":"0.885"}]
["FEV1","TH_caudal middle frontal","rs1390403","A","C",0.808334,6.94084306580781e-05,421986,{"v":29.2912802646136,"d":"29.291"},{"v":0.0149666,"d":"0.015"},{"v":0.00220795,"d":"0.002"},{"v":1.20005182020427e-11,"d":"1.200E-11"},{"v":0.0003,"d":"0.000"},{"v":0.0009,"d":"0.001"},{"v":0.7298,"d":"0.730"}]
["FEV1","TH_caudal middle frontal","rs1415701","A","G",0.267657,0.000212854795530095,421986,{"v":89.840441005672,"d":"89.840"},{"v":-0.0233013,"d":"-0.023"},{"v":0.00198294,"d":"0.002"},{"v":7.00003159130895e-32,"d":"7.000E-32"},{"v":-0.0007,"d":"-0.001"},{"v":0.0009,"d":"0.001"},{"v":0.4338,"d":"0.434"}]
["FEV1","TH_caudal middle frontal","rs147110934","T","G",0.024261,9.08136576571728e-05,421986,{"v":38.3253909817406,"d":"38.325"},{"v":-0.0437965,"d":"-0.044"},{"v":5.6422E-3,"d":"0.006"},{"v":8.30041869715702e-15,"d":"8.300E-15"},{"v":-0.0006,"d":"-0.001"},{"v":0.0026,"d":"0.003"},{"v":0.8274,"d":"0.827"}]
["FEV1","TH_caudal middle frontal","rs149850621","A","G",0.433712,4.67092329832448e-05,421986,{"v":19.7114696788312,"d":"19.711"},{"v":-0.0097514,"d":"-0.010"},{"v":0.00177602,"d":"0.002"},{"v":4.00000007987242e-08,"d":"4.000E-08"},{"v":-0.0006,"d":"-0.001"},{"v":0.0008,"d":"0.001"},{"v":0.4441,"d":"0.444"}]
["FEV1","TH_caudal middle frontal","rs1516890","A","G",0.469749,8.4807052067357e-05,421986,{"v":35.7902543255537,"d":"35.790"},{"v":-0.0130475,"d":"-0.013"},{"v":0.00174914,"d":"0.002"},{"v":8.69961433065269e-14,"d":"8.700E-14"},{"v":1E-3,"d":"0.001"},{"v":0.0008,"d":"0.001"},{"v":0.1986,"d":"0.199"}]
["FEV1","TH_caudal middle frontal","rs157580","A","G",0.605625,5.05971252713112e-05,421986,{"v":21.3522576733453,"d":"21.352"},{"v":0.0102918,"d":"0.010"},{"v":1.77323E-3,"d":"0.002"},{"v":6.49994976198144e-09,"d":"6.500E-09"},{"v":-0.0008,"d":"-0.001"},{"v":0.0008,"d":"0.001"},{"v":0.2737,"d":"0.274"}]
["FEV1","TH_caudal middle frontal","rs1668091","C","T",0.31711,5.08018677889566e-05,421986,{"v":21.4386645012546,"d":"21.439"},{"v":0.0108304,"d":"0.011"},{"v":0.00187606,"d":"0.002"},{"v":7.79991733536343e-09,"d":"7.800E-09"},{"v":0.0009,"d":"0.001"},{"v":0.0008,"d":"0.001"},{"v":0.2347,"d":"0.235"}]
["FEV1","TH_caudal middle frontal","rs1679910","A","G",0.437215,4.66983353267357e-05,421986,{"v":19.7068706125693,"d":"19.707"},{"v":0.0097413,"d":"0.010"},{"v":0.001762,"d":"0.002"},{"v":3.20000015974484e-08,"d":"3.200E-08"},{"v":0.0004,"d":"0.000"},{"v":0.0008,"d":"0.001"},{"v":0.6241,"d":"0.624"}]
["FEV1","TH_caudal middle frontal","rs17178377","A","G",0.484564,0.00012204140195021,421986,{"v":51.5058048011838,"d":"51.506"},{"v":-0.0156306,"d":"-0.016"},{"v":1.72788E-3,"d":"0.002"},{"v":1.50003019045595e-19,"d":"1.500E-19"},{"v":0,"d":"0.000"},{"v":0.0007,"d":"0.001"},{"v":0.9478,"d":"0.948"}]
["FEV1","TH_caudal middle frontal","rs17182434","G","A",0.138591,5.40403806368192e-05,421986,{"v":22.8054083955978,"d":"22.805"},{"v":0.0150443,"d":"0.015"},{"v":0.00251576,"d":"0.003"},{"v":2.19998641983517e-09,"d":"2.200E-09"},{"v":0.0008,"d":"0.001"},{"v":0.0012,"d":"0.001"},0.475]
["FEV1","TH_caudal middle frontal","rs17221848","A","G",0.200049,5.08746575105407e-05,421986,{"v":21.4693837224718,"d":"21.469"},{"v":-0.0126077,"d":"-0.013"},{"v":0.00217218,"d":"0.002"},{"v":6.49994976198144e-09,"d":"6.500E-09"},{"v":0.0006,"d":"0.001"},{"v":0.0009,"d":"0.001"},{"v":0.5561,"d":"0.556"}]
["FEV1","TH_caudal middle frontal","rs17400325","C","T",0.041599,7.56555053658999e-05,421986,{"v":31.9278282923086,"d":"31.928"},{"v":0.0308028,"d":"0.031"},{"v":0.00433779,"d":"0.004"},{"v":1.20005182020427e-12,"d":"1.200E-12"},{"v":0.0047,"d":"0.005"},{"v":1.9E-3,"d":"0.002"},{"v":0.01472,"d":"0.015"}]
["FEV1","TH_caudal middle frontal","rs17855988","C","G",0.098792,4.67750468631742e-05,421986,{"v":19.7392446796046,"d":"19.739"},{"v":0.0162076,"d":"0.016"},{"v":0.00295592,"d":"0.003"},{"v":4.20000686246631e-08,"d":"4.200E-08"},{"v":0.0012,"d":"0.001"},{"v":1.4E-3,"d":"0.001"},{"v":0.3911,"d":"0.391"}]
["FEV1","TH_caudal middle frontal","rs1829935","G","A",0.250856,0.000128499965685058,421986,{"v":54.2318983167161,"d":"54.232"},{"v":-0.0184902,"d":"-0.018"},{"v":0.00200267,"d":"0.002"},{"v":2.60015956316527e-20,"d":"2.600E-20"},{"v":0.0005,"d":"0.001"},{"v":0.0009,"d":"0.001"},{"v":0.5215,"d":"0.522"}]
["FEV1","TH_caudal middle frontal","rs183967755","A","G",0.016158,7.01384782939526e-05,421986,{"v":29.5993916806862,"d":"29.599"},{"v":0.0469685,"d":"0.047"},{"v":0.00687981,"d":"0.007"},{"v":8.69961433065269e-12,"d":"8.700E-12"},{"v":-0.0011,"d":"-0.001"},0.003,{"v":0.7023,"d":"0.702"}]
["FEV1","TH_caudal middle frontal","rs1867264","T","A",0.384943,5.50601142816947e-05,421986,{"v":23.2357666290127,"d":"23.236"},{"v":-0.0107832,"d":"-0.011"},{"v":1.78929E-3,"d":"0.002"},{"v":1.70000422215636e-09,"d":"1.700E-09"},{"v":0.0002,"d":"0.000"},{"v":0.0008,"d":"0.001"},{"v":0.8432,"d":"0.843"}]
["FEV1","TH_caudal middle frontal","rs196038","A","C",0.631193,0.000123700616050549,421986,{"v":52.2061386949931,"d":"52.206"},{"v":0.0163001,"d":"0.016"},{"v":0.00180593,"d":"0.002"},{"v":1.800113960418e-19,"d":"1.800E-19"},{"v":-0.0007,"d":"-0.001"},{"v":0.0008,"d":"0.001"},{"v":0.3845,"d":"0.385"}]
["FEV1","TH_caudal middle frontal","rs1966265","A","G",0.245129,6.76953961079924e-05,421986,{"v":28.5683079741595,"d":"28.568"},{"v":0.0135248,"d":"0.014"},{"v":0.00201382,"d":"0.002"},{"v":1.90020300257723e-11,"d":"1.900E-11"},{"v":1E-4,"d":"0.000"},{"v":0.0009,"d":"0.001"},{"v":0.9184,"d":"0.918"}]
["FEV1","TH_caudal middle frontal","rs1983753","A","G",0.851273,9.91118676148653e-05,421986,{"v":41.8277679717932,"d":"41.828"},{"v":0.0197842,"d":"0.020"},{"v":2.45174E-3,"d":"0.002"},{"v":7.10068096254533e-16,"d":"7.101E-16"},{"v":0.0009,"d":"0.001"},{"v":1E-3,"d":"0.001"},{"v":0.4019,"d":"0.402"}]
["FEV1","TH_caudal middle frontal","rs2005172","C","A",0.64023,0.000181306345559422,421986,{"v":76.5222508942107,"d":"76.522"},{"v":0.0198386,"d":"0.020"},{"v":1.83045E-3,"d":"0.002"},{"v":2.2998525866862e-27,"d":"2.300E-27"},{"v":0.0011,"d":"0.001"},{"v":0.0008,"d":"0.001"},{"v":0.1379,"d":"0.138"}]
["FEV1","TH_caudal middle frontal","rs2010492","G","A",0.665231,8.69229195002498e-05,421986,{"v":36.6832698793081,"d":"36.683"},{"v":-0.0139699,"d":"-0.014"},{"v":1.8418E-3,"d":"0.002"},{"v":3.29989407910835e-14,"d":"3.300E-14"},{"v":0,"d":"0.000"},{"v":0.0008,"d":"0.001"},{"v":0.9487,"d":"0.949"}]
["FEV1","TH_caudal middle frontal","rs2076170","G","T",0.580701,0.000172317808636361,421986,{"v":72.7278904703186,"d":"72.728"},{"v":0.018811,"d":"0.019"},{"v":0.00176281,"d":"0.002"},{"v":1.39990962656834e-26,"d":"1.400E-26"},{"v":0.0007,"d":"0.001"},{"v":0.0008,"d":"0.001"},0.395]
["FEV1","TH_caudal middle frontal","rs2118022","C","T",0.360318,4.75903384259144e-05,421986,{"v":20.0833171421806,"d":"20.083"},{"v":-0.0101606,"d":"-0.010"},{"v":0.00181403,"d":"0.002"},{"v":2.10000341026661e-08,"d":"2.100E-08"},{"v":-0.0002,"d":"-0.000"},{"v":0.0008,"d":"0.001"},{"v":0.7755,"d":"0.776"}]
["FEV1","TH_caudal middle frontal","rs2194411","A","G",0.128337,0.000105378987708809,421986,{"v":44.4729332620015,"d":"44.473"},{"v":0.0217026,"d":"0.022"},{"v":2.62547E-3,"d":"0.003"},{"v":1.39990962656834e-16,"d":"1.400E-16"},{"v":0.0021,"d":"0.002"},{"v":0.0012,"d":"0.001"},{"v":0.09533,"d":"0.095"}]
["FEV1","TH_caudal middle frontal","rs2236610","G","C",0.199727,5.00199416067611e-05,421986,{"v":21.108670893473,"d":"21.109"},{"v":-0.0125089,"d":"-0.013"},{"v":0.0021751,"d":"0.002"},{"v":8.89999986382574e-09,"d":"8.900E-09"},{"v":-0.0013,"d":"-0.001"},{"v":0.0009,"d":"0.001"},{"v":0.1533,"d":"0.153"}]
["FEV1","TH_caudal middle frontal","rs225646","A","G",0.757234,1.03245612092437E-4,421986,{"v":43.5724950421362,"d":"43.572"},{"v":0.0167576,"d":"0.017"},{"v":0.0020231,"d":"0.002"},{"v":1.20005182020427e-16,"d":"1.200E-16"},{"v":0.0009,"d":"0.001"},{"v":0.0009,"d":"0.001"},{"v":0.2731,"d":"0.273"}]
["FEV1","TH_caudal middle frontal","rs2292839","A","T",0.219592,4.7970519569659e-05,421986,{"v":20.2437628339042,"d":"20.244"},{"v":0.0118305,"d":"0.012"},{"v":0.00209518,"d":"0.002"},{"v":1.60000006389793e-08,"d":"1.600E-08"},{"v":0.0003,"d":"0.000"},{"v":0.0009,"d":"0.001"},{"v":0.7118,"d":"0.712"}]
["FEV1","TH_caudal middle frontal","rs2327790","G","A",0.702446,4.64908828870828e-05,421986,{"v":19.6193208437704,"d":"19.619"},{"v":0.0105458,"d":"0.011"},{"v":0.00190444,"d":"0.002"},{"v":3.09998790941119e-08,"d":"3.100E-08"},{"v":-1E-4,"d":"-0.000"},{"v":0.0008,"d":"0.001"},{"v":0.9339,"d":"0.934"}]
["FEV1","TH_caudal middle frontal","rs2345443","G","A",0.690225,6.1098162948369e-05,421986,{"v":25.7840225500158,"d":"25.784"},{"v":-0.0119531,"d":"-0.012"},{"v":1.87776E-3,"d":"0.002"},{"v":1.89998424621474e-10,"d":"1.900E-10"},{"v":-0.0011,"d":"-0.001"},{"v":0.0008,"d":"0.001"},{"v":0.1551,"d":"0.155"}]
["FEV1","TH_caudal middle frontal","rs2358947","G","C",0.861631,4.78225974185544e-05,421986,{"v":20.1813360729816,"d":"20.181"},{"v":-0.0141619,"d":"-0.014"},{"v":2.51614E-3,"d":"0.003"},{"v":1.79998961724559E-8,"d":"1.800E-08"},{"v":-1.8E-3,"d":"-0.002"},{"v":1E-3,"d":"0.001"},{"v":0.08257,"d":"0.083"}]
["FEV1","TH_caudal middle frontal","rs2412981","C","G",0.908102,1.30757670516371E-4,421986,{"v":55.1848606790106,"d":"55.185"},{"v":-0.0279897,"d":"-0.028"},{"v":0.00300763,"d":"0.003"},{"v":1.29987023738861e-20,"d":"1.300E-20"},{"v":-0.0003,"d":"-0.000"},{"v":0.0013,"d":"0.001"},{"v":0.8035,"d":"0.804"}]
["FEV1","TH_caudal middle frontal","rs2415128","C","T",0.737026,6.76002762397706e-05,421986,{"v":28.5281634804952,"d":"28.528"},{"v":-0.0132057,"d":"-0.013"},{"v":0.00197595,"d":"0.002"},{"v":2.29985258668621e-11,"d":"2.300E-11"},{"v":-0.0009,"d":"-0.001"},{"v":0.0009,"d":"0.001"},{"v":0.2702,"d":"0.270"}]
["FEV1","TH_caudal middle frontal","rs2450444","A","G",0.348866,8.18635453243499e-05,421986,{"v":34.5479345265544,"d":"34.548"},{"v":0.0134235,"d":"0.013"},{"v":1.81913E-3,"d":"0.002"},{"v":1.5999263828686e-13,"d":"1.600E-13"},{"v":0.0013,"d":"0.001"},{"v":0.0008,"d":"0.001"},{"v":0.09234,"d":"0.092"}]
["FEV1","TH_caudal middle frontal","rs2544535","C","T",0.513332,9.13207638289917e-05,421986,{"v":38.5394206529448,"d":"38.539"},{"v":0.0135193,"d":"0.014"},{"v":1.7354E-3,"d":"0.002"},{"v":6.70038873807757e-15,"d":"6.700E-15"},{"v":-0.0004,"d":"-0.000"},{"v":0.0007,"d":"0.001"},{"v":0.5835,"d":"0.584"}]
["FEV1","TH_caudal middle frontal","rs2555009","G","A",0.534585,4.97115245798346e-05,421986,{"v":20.9785108620553,"d":"20.979"},{"v":0.00999505,"d":"0.010"},{"v":0.00173809,"d":"0.002"},{"v":8.89999986382574e-09,"d":"8.900E-09"},{"v":0,"d":"0.000"},{"v":0.0008,"d":"0.001"},{"v":0.9932,"d":"0.993"}]
["FEV1","TH_caudal middle frontal","rs2571570","A","G",0.702751,6.04158559186919e-05,421986,{"v":25.4960649105774,"d":"25.496"},{"v":0.0120254,"d":"0.012"},{"v":0.00190174,"d":"0.002"},{"v":2.59997995670925E-10,"d":"2.600E-10"},{"v":1E-4,"d":"0.000"},{"v":0.0008,"d":"0.001"},{"v":0.8557,"d":"0.856"}]
["FEV1","TH_caudal middle frontal","rs2579762","C","A",0.471399,1.14780203959398E-4,421986,{"v":48.4409696519792,"d":"48.441"},{"v":-0.0151761,"d":"-0.015"},{"v":0.00173678,"d":"0.002"},{"v":2.39993787680987E-18,"d":"2.400E-18"},{"v":-0.0016,"d":"-0.002"},{"v":0.0007,"d":"0.001"},{"v":0.0251,"d":"0.025"}]
["FEV1","TH_caudal middle frontal","rs2602691","G","A",0.449662,4.72739534857549e-05,421986,{"v":19.9497950934181,"d":"19.950"},{"v":-0.00977323,"d":"-0.010"},{"v":1.75814E-3,"d":"0.002"},{"v":2.69997659840121e-08,"d":"2.700E-08"},{"v":-0.0011,"d":"-0.001"},{"v":0.0008,"d":"0.001"},{"v":0.1484,"d":"0.148"}]
["FEV1","TH_caudal middle frontal","rs262827","T","A",0.336148,9.08225338263057e-05,421986,{"v":38.3291372635254,"d":"38.329"},{"v":0.0142653,"d":"0.014"},{"v":0.00183602,"d":"0.002"},{"v":7.89950721335818e-15,"d":"7.900E-15"},{"v":0.0012,"d":"0.001"},{"v":0.0008,"d":"0.001"},{"v":0.1166,"d":"0.117"}]
["FEV1","TH_caudal middle frontal","rs2645977","A","G",0.357445,4.68542808621247e-05,421986,{"v":19.7726832901791,"d":"19.773"},{"v":0.0100995,"d":"0.010"},{"v":0.00180964,"d":"0.002"},{"v":2.39999313805789e-08,"d":"2.400E-08"},{"v":-0.0004,"d":"-0.000"},{"v":0.0008,"d":"0.001"},{"v":0.5873,"d":"0.587"}]
["FEV1","TH_caudal middle frontal","rs264770","C","T",0.671374,4.90884176236773E-5,421986,{"v":20.7155437157711,"d":"20.716"},{"v":0.0105473,"d":"0.011"},{"v":0.00184573,"d":"0.002"},{"v":1.09999319893519E-8,"d":"1.100E-08"},{"v":-1E-4,"d":"-0.000"},{"v":0.0008,"d":"0.001"},{"v":0.8916,"d":"0.892"}]
["FEV1","TH_caudal middle frontal","rs2678408","C","T",0.46299,8.88594985767188e-05,421986,{"v":37.5006189335928,"d":"37.501"},{"v":-0.0133678,"d":"-0.013"},{"v":1.74456E-3,"d":"0.002"},{"v":1.80011396041801E-14,"d":"1.800E-14"},{"v":-0.0008,"d":"-0.001"},{"v":0.0008,"d":"0.001"},{"v":0.2725,"d":"0.273"}]
["FEV1","TH_caudal middle frontal","rs2717329","A","G",0.294673,1.06634094490843E-4,421986,{"v":45.002680549714,"d":"45.003"},{"v":0.0160165,"d":"0.016"},{"v":0.00193769,"d":"0.002"},{"v":1.39990962656834e-16,"d":"1.400E-16"},{"v":-0.0003,"d":"-0.000"},{"v":0.0008,"d":"0.001"},{"v":0.7411,"d":"0.741"}]
["FEV1","TH_caudal middle frontal","rs278064","C","T",0.376633,5.40458171904335e-05,421986,{"v":22.807702782223,"d":"22.808"},{"v":-0.0107284,"d":"-0.011"},{"v":0.00179279,"d":"0.002"},{"v":2.19998641983517e-09,"d":"2.200E-09"},{"v":-1.9E-3,"d":"-0.002"},{"v":0.0008,"d":"0.001"},{"v":0.01449,"d":"0.014"}]
["FEV1","TH_caudal middle frontal","rs2806356","C","T",0.185674,1.19500152068962E-4,421986,{"v":50.4331789432221,"d":"50.433"},{"v":-0.019879,"d":"-0.020"},{"v":0.00222854,"d":"0.002"},{"v":4.70002318179802e-19,"d":"4.700E-19"},{"v":-0.0002,"d":"-0.000"},{"v":0.0009,"d":"0.001"},{"v":0.8574,"d":"0.857"}]
["FEV1","TH_caudal middle frontal","rs2808096","G","A",0.21446,5.22457210441728E-5,421986,{"v":22.048010263298,"d":"22.048"},{"v":0.0124524,"d":"0.012"},{"v":0.00211416,"d":"0.002"},{"v":3.89995862874433e-09,"d":"3.900E-09"},{"v":0.0003,"d":"0.000"},{"v":0.0009,"d":"0.001"},{"v":0.7027,"d":"0.703"}]
["FEV1","TH_caudal middle frontal","rs2812208","C","G",0.020816,2.32329202070872E-4,421986,{"v":98.061988670256,"d":"98.062"},{"v":0.0754929,"d":"0.075"},{"v":0.00608983,"d":"0.006"},{"v":2.70022528688822E-35,"d":"2.700E-35"},{"v":-0.0037,"d":"-0.004"},{"v":2.3E-3,"d":"0.002"},{"v":0.1038,"d":"0.104"}]
["FEV1","TH_caudal middle frontal","rs28409044","A","C",0.333596,5.56347089427936e-05,421986,{"v":23.4782632248568,"d":"23.478"},{"v":0.0111861,"d":"0.011"},{"v":0.00184115,"d":"0.002"},{"v":1.19999655704811E-9,"d":"1.200E-09"},{"v":0.0003,"d":"0.000"},{"v":0.0008,"d":"0.001"},{"v":0.6506,"d":"0.651"}]
["FEV1","TH_caudal middle frontal","rs28427480","C","A",0.093765,9.10496944860883e-05,421986,{"v":38.4250128636993,"d":"38.425"},{"v":0.0231464,"d":"0.023"},{"v":2.98781E-3,"d":"0.003"},{"v":9.39939714766782e-15,"d":"9.399E-15"},{"v":0.0022,"d":"0.002"},{"v":0.0012,"d":"0.001"},{"v":0.06641,"d":"0.066"}]
["FEV1","TH_caudal middle frontal","rs28446901","G","C",0.15458,5.01692409481489e-05,421986,{"v":21.1716791393357,"d":"21.172"},{"v":-0.0138545,"d":"-0.014"},{"v":0.00241368,"d":"0.002"},{"v":9.49992113622595e-09,"d":"9.500E-09"},{"v":-0.0013,"d":"-0.001"},{"v":1E-3,"d":"0.001"},{"v":0.2002,"d":"0.200"}]
["FEV1","TH_caudal middle frontal","rs28514522","A","G",0.093681,4.99751572507076e-05,421986,{"v":21.0897707218908,"d":"21.090"},{"v":0.0171552,"d":"0.017"},{"v":0.00297447,"d":"0.003"},{"v":8.00000023961727e-09,"d":"8.000E-09"},{"v":-0.0009,"d":"-0.001"},{"v":0.0013,"d":"0.001"},{"v":0.4972,"d":"0.497"}]
["FEV1","TH_caudal middle frontal","rs2885697","T","G",0.665178,1.27960268588064E-4,421986,{"v":54.0040963585403,"d":"54.004"},{"v":-0.0169491,"d":"-0.017"},{"v":0.00183524,"d":"0.002"},{"v":2.60015956316527e-20,"d":"2.600E-20"},{"v":-0.0013,"d":"-0.001"},{"v":0.0008,"d":"0.001"},{"v":0.08778,"d":"0.088"}]
["FEV1","TH_caudal middle frontal","rs2971040","C","T",0.518228,4.67180996141278e-05,421986,{"v":19.7152116047878,"d":"19.715"},{"v":0.00967267,"d":"0.010"},{"v":0.00173783,"d":"0.002"},{"v":2.59997995670925e-08,"d":"2.600E-08"},{"v":-0.0013,"d":"-0.001"},{"v":0.0008,"d":"0.001"},{"v":0.09348,"d":"0.093"}]
["FEV1","TH_caudal middle frontal","rs30232","A","G",0.582657,6.35595083567842e-05,421986,{"v":26.8228004184366,"d":"26.823"},{"v":0.011432,"d":"0.011"},{"v":1.75946E-3,"d":"0.002"},{"v":8.19973845457475e-11,"d":"8.200E-11"},{"v":-0.0007,"d":"-0.001"},{"v":0.0008,"d":"0.001"},{"v":0.3389,"d":"0.339"}]
["FEV1","TH_caudal middle frontal","rs3091552","G","C",0.735538,9.32423566033152e-05,421986,{"v":39.3504517377468,"d":"39.350"},{"v":-0.0154813,"d":"-0.015"},{"v":0.00201796,"d":"0.002"},{"v":1.69980851320349e-14,"d":"1.700E-14"},{"v":0.0003,"d":"0.000"},{"v":0.0009,"d":"0.001"},{"v":0.7071,"d":"0.707"}]
["FEV1","TH_caudal middle frontal","rs3253","T","C",0.314156,5.3066408664527e-05,421986,{"v":22.394363782352,"d":"22.394"},{"v":0.0110971,"d":"0.011"},{"v":0.00186964,"d":"0.002"},{"v":2.90001336905407e-09,"d":"2.900E-09"},{"v":0.0006,"d":"0.001"},{"v":0.0008,"d":"0.001"},{"v":0.4728,"d":"0.473"}]
["FEV1","TH_caudal middle frontal","rs34563869","A","T",0.14379,1.39264164188656E-4,421986,{"v":58.7754343727287,"d":"58.775"},{"v":-0.0237821,"d":"-0.024"},{"v":0.00250582,"d":"0.003"},{"v":2.2998525866862e-21,"d":"2.300E-21"},{"v":-2.3E-3,"d":"-0.002"},{"v":0.0011,"d":"0.001"},{"v":0.03444,"d":"0.034"}]
["FEV1","TH_caudal middle frontal","rs34587839","A","G",0.154712,7.95420673320047e-05,421986,{"v":33.568149821062,"d":"33.568"},{"v":-0.0174389,"d":"-0.017"},{"v":0.00240416,"d":"0.002"},{"v":4.10015240506613e-13,"d":"4.100E-13"},{"v":1E-4,"d":"0.000"},{"v":1E-3,"d":"0.001"},0.944]
["FEV1","TH_caudal middle frontal","rs34712979","A","G",0.254628,0.000312810859674365,421986,{"v":132.042482131176,"d":"132.042"},{"v":-0.0287069,"d":"-0.029"},{"v":0.00198983,"d":"0.002"},{"v":3.50025754158434e-47,"d":"3.500E-47"},{"v":-0.0026,"d":"-0.003"},{"v":0.0012,"d":"0.001"},{"v":0.02502,"d":"0.025"}]
["FEV1","TH_caudal middle frontal","rs35418511","C","G",0.087779,4.89197559482493e-05,421986,{"v":20.644364211325,"d":"20.644"},{"v":-0.0174776,"d":"-0.017"},{"v":0.00318956,"d":"0.003"},{"v":4.3000152915127e-08,"d":"4.300E-08"},{"v":-1E-4,"d":"-0.000"},{"v":1.4E-3,"d":"0.001"},{"v":0.9173,"d":"0.917"}]
["FEV1","TH_caudal middle frontal","rs35506","A","T",0.715534,7.00357754560402e-05,421986,{"v":29.5560466506883,"d":"29.556"},{"v":0.0131164,"d":"0.013"},{"v":1.92867E-3,"d":"0.002"},{"v":1e-11,"d":"1.000E-11"},{"v":0.0006,"d":"0.001"},{"v":0.0008,"d":"0.001"},{"v":0.4583,"d":"0.458"}]
["FEV1","TH_caudal middle frontal","rs35945722","A","G",0.188457,{"$f":"2*F2629*(1-F2629)*J2629*J2629","v":9.76400315297072e-05},421986,{"$f":"G2629/(1-G2629)*(H2629-2)","v":{"v":41.2065544743101,"d":"41.207"}},{"v":0.0178664,"d":"0.018"},{"v":0.00222614,"d":"0.002"},{"v":1e-15,"d":"1.000E-15"},{"v":-0.0002,"d":"-0.000"},{"v":0.0009,"d":"0.001"},{"v":0.8611,"d":"0.861"}]
["FEV1","TH_caudal middle frontal","rs36226649","C","T",0.066506,8.7429280661759e-05,421986,{"v":36.8969834474931,"d":"36.897"},{"v":0.0265355,"d":"0.027"},{"v":0.00348696,"d":"0.003"},{"v":2.70022528688824E-14,"d":"2.700E-14"},{"v":0.0009,"d":"0.001"},{"v":1.5E-3,"d":"0.002"},{"v":0.5497,"d":"0.550"}]
["FEV1","TH_caudal middle frontal","rs3790076","T","G",0.572955,0.000187871754965122,421986,{"v":79.2937717072506,"d":"79.294"},{"v":-0.0195938,"d":"-0.020"},{"v":1.75665E-3,"d":"0.002"},{"v":6.79986045003322e-29,"d":"6.800E-29"},{"v":0.0011,"d":"0.001"},{"v":0.0007,"d":"0.001"},{"v":0.1146,"d":"0.115"}]
["FEV1","TH_caudal middle frontal","rs3791679","G","A",0.227266,0.000357258448312451,421986,{"v":150.811227637855,"d":"150.811"},{"v":-0.0318929,"d":"-0.032"},{"v":0.00206608,"d":"0.002"},{"v":9.30036514753958e-54,"d":"9.300E-54"},{"v":0.0006,"d":"0.001"},{"v":0.0009,"d":"0.001"},{"v":0.4542,"d":"0.454"}]
["FEV1","TH_caudal middle frontal","rs3814115","C","T",0.319922,4.8051397093456e-05,421986,{"v":20.2778951322762,"d":"20.278"},{"v":0.0105084,"d":"0.011"},{"v":1.85925E-3,"d":"0.002"},{"v":1.60000006389793e-08,"d":"1.600E-08"},{"v":0.0002,"d":"0.000"},{"v":0.0008,"d":"0.001"},{"v":0.7999,"d":"0.800"}]
["FEV1","TH_caudal middle frontal","rs3846054","T","C",0.450793,4.9010089661423e-05,421986,{"v":20.6824873262442,"d":"20.682"},{"v":0.00994881,"d":"0.010"},{"v":0.00174162,"d":"0.002"},{"v":1.09999319893519E-8,"d":"1.100E-08"},{"v":1E-4,"d":"0.000"},{"v":0.0008,"d":"0.001"},{"v":0.9199,"d":"0.920"}]
["FEV1","TH_caudal middle frontal","rs3858603","A","G",0.501593,5.51328406831272e-05,421986,{"v":23.2664593888275,"d":"23.266"},{"v":-0.0105008,"d":"-0.011"},{"v":1.73339E-3,"d":"0.002"},{"v":1.40000633223953e-09,"d":"1.400E-09"},{"v":0.0003,"d":"0.000"},{"v":0.0008,"d":"0.001"},{"v":0.6693,"d":"0.669"}]
["FEV1","TH_caudal middle frontal","rs4079029","T","C",0.33955,6.54323459005814e-05,421986,{"v":27.6132098496092,"d":"27.613"},{"v":0.0120784,"d":"0.012"},{"v":1.83566E-3,"d":"0.002"},{"v":4.70002318179801e-11,"d":"4.700E-11"},{"v":0.0002,"d":"0.000"},{"v":0.0008,"d":"0.001"},{"v":0.8407,"d":"0.841"}]
["FEV1","TH_caudal middle frontal","rs41311445","C","A",0.095863,6.33041355659569E-5,421986,{"v":26.7150235141349,"d":"26.715"},{"v":-0.0191099,"d":"-0.019"},{"v":0.00295295,"d":"0.003"},{"v":9.70063133783958e-11,"d":"9.701E-11"},{"v":-0.0039,"d":"-0.004"},{"v":0.0016,"d":"0.002"},{"v":0.0146,"d":"0.015"}]
["FEV1","TH_caudal middle frontal","rs42032","A","G",0.262805,8.04990826648377e-05,421986,{"v":33.9720596188744,"d":"33.972"},{"v":0.0144136,"d":"0.014"},{"v":1.97796E-3,"d":"0.002"},{"v":3.19963176731835e-13,"d":"3.200E-13"},{"v":-1E-4,"d":"-0.000"},{"v":0.0009,"d":"0.001"},{"v":0.9103,"d":"0.910"}]
["FEV1","TH_caudal middle frontal","rs425102","G","T",0.240797,9.61769641711124e-05,421986,{"v":40.589043779792,"d":"40.589"},{"v":-0.0162187,"d":"-0.016"},{"v":0.00202529,"d":"0.002"},{"v":1.20005182020427e-15,"d":"1.200E-15"},{"v":-0.0004,"d":"-0.000"},{"v":0.0009,"d":"0.001"},{"v":0.6525,"d":"0.653"}]
["FEV1","TH_caudal middle frontal","rs4320932","C","T",0.185678,7.92011554569831e-05,421986,{"v":33.4242676249758,"d":"33.424"},{"v":-0.0161835,"d":"-0.016"},{"v":0.00224453,"d":"0.002"},{"v":5.60015438761557e-13,"d":"5.600E-13"},{"v":0.0004,"d":"0.000"},{"v":0.0009,"d":"0.001"},{"v":0.6864,"d":"0.686"}]
["FEV1","TH_caudal middle frontal","rs4413161","A","T",0.715755,4.50377300755902e-05,421986,{"v":19.0060574779043,"d":"19.006"},{"v":-0.0105207,"d":"-0.011"},{"v":1.92117E-3,"d":"0.002"},{"v":4.3000152915127e-08,"d":"4.300E-08"},{"v":0.0009,"d":"0.001"},{"v":0.0008,"d":"0.001"},{"v":0.2395,"d":"0.240"}]
["FEV1","TH_caudal middle frontal","rs4478172","C","A",0.261589,6.98364515926022e-05,421986,{"v":29.4719234034047,"d":"29.472"},{"v":-0.0134452,"d":"-0.013"},{"v":1.9792E-3,"d":"0.002"},{"v":1.10001852750622E-11,"d":"1.100E-11"},{"v":0.0004,"d":"0.000"},{"v":0.0009,"d":"0.001"},0.669]
["FEV1","TH_caudal middle frontal","rs4655027","T","C",0.575109,7.29996755507646e-05,421986,{"v":30.8069439845294,"d":"30.807"},{"v":-0.0122217,"d":"-0.012"},{"v":1.75308E-3,"d":"0.002"},{"v":3.10027344199819E-12,"d":"3.100E-12"},{"v":-0.0011,"d":"-0.001"},{"v":0.0008,"d":"0.001"},{"v":0.1613,"d":"0.161"}]
["FEV1","TH_caudal middle frontal","rs4728358","T","C",0.687154,4.70861461683862e-05,421986,{"v":19.8705359316796,"d":"19.871"},{"v":-0.010465,"d":"-0.010"},{"v":0.00187807,"d":"0.002"},{"v":2.49999995007974e-08,"d":"2.500E-08"},{"v":-0.0005,"d":"-0.001"},{"v":0.0008,"d":"0.001"},{"v":0.5146,"d":"0.515"}]
["FEV1","TH_caudal middle frontal","rs4785677","G","A",0.549173,5.54687977737648e-05,421986,{"v":23.4082435868941,"d":"23.408"},{"v":-0.010584,"d":"-0.011"},{"v":0.00174426,"d":"0.002"},{"v":1.29998996537545E-9,"d":"1.300E-09"},{"v":0.0005,"d":"0.001"},{"v":0.0008,"d":"0.001"},{"v":0.5152,"d":"0.515"}]
["FEV1","TH_caudal middle frontal","rs4809328","T","C",0.667431,7.35169511055358e-05,421986,{"v":31.0252579776922,"d":"31.025"},{"v":-0.0128687,"d":"-0.013"},{"v":0.00184134,"d":"0.002"},{"v":2.80027059501064e-12,"d":"2.800E-12"},{"v":-0.0004,"d":"-0.000"},{"v":0.0008,"d":"0.001"},{"v":0.6123,"d":"0.612"}]
["FEV1","TH_caudal middle frontal","rs4836528","C","T",0.409166,1.13485634889985E-4,421986,{"v":47.8945574976808,"d":"47.895"},{"v":-0.0153205,"d":"-0.015"},{"v":1.78134E-3,"d":"0.002"},{"v":7.89950721335818e-18,"d":"7.900E-18"},{"v":-0.0003,"d":"-0.000"},{"v":0.0008,"d":"0.001"},{"v":0.6711,"d":"0.671"}]
["FEV1","TH_caudal middle frontal","rs4886778","A","C",0.494385,1.21460406148939E-4,421986,{"v":51.2605741585107,"d":"51.261"},{"v":0.0155869,"d":"0.016"},{"v":1.73745E-3,"d":"0.002"},{"v":2.90001336905406E-19,"d":"2.900E-19"},{"v":-0.0009,"d":"-0.001"},{"v":0.0007,"d":"0.001"},{"v":0.2193,"d":"0.219"}]
["FEV1","TH_caudal middle frontal","rs4894559","G","A",0.733221,5.42708977271251e-05,421986,{"v":22.9026934562174,"d":"22.903"},{"v":-0.0117781,"d":"-0.012"},{"v":0.00196997,"d":"0.002"},{"v":2.19998641983517e-09,"d":"2.200E-09"},{"v":-1E-4,"d":"-0.000"},{"v":0.0009,"d":"0.001"},{"v":0.8671,"d":"0.867"}]
["FEV1","TH_caudal middle frontal","rs4959021","C","T",0.814313,2.32517484963967E-4,421986,{"v":98.1414779846663,"d":"98.141"},{"v":-0.0277285,"d":"-0.028"},{"v":0.00234216,"d":"0.002"},{"v":2.49976970217851e-32,"d":"2.500E-32"},{"v":-0.0012,"d":"-0.001"},{"v":0.0012,"d":"0.001"},{"v":0.3187,"d":"0.319"}]
["FEV1","TH_caudal middle frontal","rs4965600","A","G",0.612068,4.51859394127654E-5,421986,{"v":19.0686050899907,"d":"19.069"},{"v":-0.00975459,"d":"-0.010"},{"v":0.00178467,"d":"0.002"},{"v":4.60002296665068e-08,"d":"4.600E-08"},{"v":0.0007,"d":"0.001"},{"v":0.0008,"d":"0.001"},{"v":0.3808,"d":"0.381"}]
["FEV1","TH_caudal middle frontal","rs513953","G","A",0.745133,8.80516790237853e-05,421986,{"v":37.1596716926575,"d":"37.160"},{"v":0.0152258,"d":"0.015"},{"v":0.00199806,"d":"0.002"},{"v":2.49976970217851E-14,"d":"2.500E-14"},{"v":-1.5E-3,"d":"-0.002"},{"v":0.0009,"d":"0.001"},{"v":0.08619,"d":"0.086"}]
["FEV1","TH_caudal middle frontal","rs541601","C","T",0.81685,5.62304782128269e-05,421986,{"v":23.7296964503408,"d":"23.730"},{"v":0.0137087,"d":"0.014"},{"v":0.00224025,"d":"0.002"},{"v":9.40004645744656e-10,"d":"9.400E-10"},{"v":0.0006,"d":"0.001"},{"v":0.0009,"d":"0.001"},{"v":0.5466,"d":"0.547"}]
["FEV1","TH_caudal middle frontal","rs55831773","T","C",0.199579,4.91246735998177e-05,421986,{"v":20.7308446603229,"d":"20.731"},{"v":-0.0123999,"d":"-0.012"},{"v":0.00221625,"d":"0.002"},{"v":2.19998641983516e-08,"d":"2.200E-08"},{"v":0,"d":"0.000"},{"v":1E-3,"d":"0.001"},{"v":0.9644,"d":"0.964"}]
["FEV1","TH_caudal middle frontal","rs560805","A","T",0.67787,4.71244592230626e-05,421986,{"v":19.8867049510014,"d":"19.887"},{"v":-0.0103877,"d":"-0.010"},{"v":0.00185785,"d":"0.002"},{"v":2.3000114603619e-08,"d":"2.300E-08"},{"v":0.0003,"d":"0.000"},{"v":0.0008,"d":"0.001"},{"v":0.6818,"d":"0.682"}]
["FEV1","TH_caudal middle frontal","rs56192823","A","G",0.039576,4.62605063433247e-05,421986,{"v":19.5220966108556,"d":"19.522"},{"v":0.0246685,"d":"0.025"},{"v":0.00446777,"d":"0.004"},{"v":3.4000084782586e-08,"d":"3.400E-08"},{"v":0.0039,"d":"0.004"},{"v":0.0017,"d":"0.002"},{"v":0.02114,"d":"0.021"}]
["FEV1","TH_caudal middle frontal","rs56291455","A","C",0.384652,6.34809479642948e-05,421986,{"v":26.7896449778238,"d":"26.790"},{"v":-0.0115801,"d":"-0.012"},{"v":1.78991E-3,"d":"0.002"},{"v":9.79941161095592e-11,"d":"9.799E-11"},{"v":-0.0005,"d":"-0.001"},{"v":0.0008,"d":"0.001"},{"v":0.4892,"d":"0.489"}]
["FEV1","TH_caudal middle frontal","rs56318219","A","G",0.263367,6.10482285907224e-05,421986,{"v":25.7629484759951,"d":"25.763"},{"v":0.0125434,"d":"0.013"},{"v":0.00200752,"d":"0.002"},{"v":4.20000686246632e-10,"d":"4.200E-10"},{"v":1.5E-3,"d":"0.002"},{"v":0.0009,"d":"0.001"},{"v":0.07852,"d":"0.079"}]
["FEV1","TH_caudal middle frontal","rs56332326","C","T",0.135028,5.76343070768942e-05,421986,{"v":24.3221572282146,"d":"24.322"},{"v":-0.0157077,"d":"-0.016"},{"v":0.00253804,"d":"0.003"},{"v":6.10000231740111e-10,"d":"6.100E-10"},{"v":0.0002,"d":"0.000"},{"v":1E-3,"d":"0.001"},{"v":0.8428,"d":"0.843"}]
["FEV1","TH_caudal middle frontal","rs56353224","C","T",0.371209,5.14391139067649E-5,421986,{"v":21.707599662524,"d":"21.708"},{"v":-0.0104971,"d":"-0.010"},{"v":0.00183397,"d":"0.002"},{"v":1E-8,"d":"1.000E-08"},{"v":-0.0006,"d":"-0.001"},{"v":0.0008,"d":"0.001"},{"v":0.4028,"d":"0.403"}]
["FEV1","TH_caudal middle frontal","rs56397594","C","T",0.21379,5.61282898652918e-05,421986,{"v":23.6865697571685,"d":"23.687"},{"v":0.0129215,"d":"0.013"},{"v":0.00211484,"d":"0.002"},{"v":1e-09,"d":"1.000E-09"},{"v":0.0003,"d":"0.000"},{"v":0.0009,"d":"0.001"},{"v":0.7553,"d":"0.755"}]
["FEV1","TH_caudal middle frontal","rs56795193","C","T",0.202824,6.01431014068293e-05,421986,{"v":25.3809529932892,"d":"25.381"},{"v":0.0136377,"d":"0.014"},{"v":0.00219095,"d":"0.002"},{"v":4.7999863240391E-10,"d":"4.800E-10"},{"v":-0.0005,"d":"-0.001"},{"v":0.0009,"d":"0.001"},{"v":0.6295,"d":"0.630"}]
["FEV1","TH_caudal middle frontal","rs5992929","T","C",0.284928,8.63931692748189e-05,421986,{"v":36.459685011004,"d":"36.460"},{"v":0.0145607,"d":"0.015"},{"v":0.00192981,"d":"0.002"},{"v":4.49987033872151e-14,"d":"4.500E-14"},{"v":-0.0005,"d":"-0.001"},{"v":0.0008,"d":"0.001"},{"v":0.5882,"d":"0.588"}]
["FEV1","TH_caudal middle frontal","rs60839038","C","A",0.47352,6.12784517423453e-05,421986,{"v":25.8601108475965,"d":"25.860"},{"v":0.0110861,"d":"0.011"},{"v":1.76794E-3,"d":"0.002"},{"v":3.59997927043357e-10,"d":"3.600E-10"},{"v":-0.0006,"d":"-0.001"},{"v":0.0008,"d":"0.001"},{"v":0.4455,"d":"0.446"}]
["FEV1","TH_caudal middle frontal","rs6088619","G","A",0.135815,7.80010802811101e-05,421986,{"v":32.9177754833921,"d":"32.918"},{"v":0.0182288,"d":"0.018"},{"v":0.0025538,"d":"0.003"},{"v":9.49948365876347e-13,"d":"9.499E-13"},{"v":0.0003,"d":"0.000"},{"v":0.0011,"d":"0.001"},{"v":0.7865,"d":"0.787"}]
["FEV1","TH_caudal middle frontal","rs6119786","A","G",0.156746,5.86056203088599E-5,421986,{"v":24.7320835195101,"d":"24.732"},{"v":-0.0148894,"d":"-0.015"},{"v":0.00239158,"d":"0.002"},{"v":4.7999863240391E-10,"d":"4.800E-10"},{"v":0.0003,"d":"0.000"},{"v":1E-3,"d":"0.001"},{"v":0.7868,"d":"0.787"}]
["FEV1","TH_caudal middle frontal","rs6138639","G","C",0.178422,5.11153557694776E-5,421986,{"v":21.5709648965722,"d":"21.571"},{"v":-0.0132042,"d":"-0.013"},{"v":0.00227185,"d":"0.002"},{"v":6.19997588072324e-09,"d":"6.200E-09"},{"v":-1E-4,"d":"-0.000"},{"v":1E-3,"d":"0.001"},{"v":0.9239,"d":"0.924"}]
["FEV1","TH_caudal middle frontal","rs6140000","G","T",0.497765,4.90807743336109e-05,421986,{"v":20.7123180530028,"d":"20.712"},{"v":-0.00990775,"d":"-0.010"},{"v":1.7392E-3,"d":"0.002"},{"v":1.19999655704812E-8,"d":"1.200E-08"},{"v":-0.0004,"d":"-0.000"},{"v":0.0007,"d":"0.001"},{"v":0.5594,"d":"0.559"}]
["FEV1","TH_caudal middle frontal","rs61821293","G","T",0.218739,5.34414309991088e-05,421986,{"v":22.5526340637651,"d":"22.553"},{"v":0.0125044,"d":"0.013"},{"v":0.00209657,"d":"0.002"},{"v":2.49999995007974e-09,"d":"2.500E-09"},{"v":-0.0008,"d":"-0.001"},{"v":0.0009,"d":"0.001"},{"v":0.3735,"d":"0.374"}]
["FEV1","TH_caudal middle frontal","rs62092156","A","G",0.095162,5.22931560585882e-05,421986,{"v":22.0680291731207,"d":"22.068"},{"v":0.0174257,"d":"0.017"},{"v":0.00295931,"d":"0.003"},{"v":3.89995862874433e-09,"d":"3.900E-09"},{"v":0.0006,"d":"0.001"},{"v":0.0013,"d":"0.001"},{"v":0.6567,"d":"0.657"}]
["FEV1","TH_caudal middle frontal","rs62126408","C","T",0.143096,1.17093366883408E-4,421986,{"v":49.4173137705796,"d":"49.417"},{"v":0.021851,"d":"0.022"},{"v":0.00247954,"d":"0.002"},{"v":1.20005182020427E-18,"d":"1.200E-18"},{"v":1.4E-3,"d":"0.001"},{"v":1E-3,"d":"0.001"},{"v":0.1627,"d":"0.163"}]
["FEV1","TH_caudal middle frontal","rs62275574","A","C",0.040109,6.0399471018511e-05,421986,{"v":25.4891499094466,"d":"25.489"},{"v":-0.0280072,"d":"-0.028"},{"v":0.00451584,"d":"0.005"},{"v":5.60002544078e-10,"d":"5.600E-10"},{"v":-2.3E-3,"d":"-0.002"},{"v":2E-3,"d":"0.002"},{"v":0.2479,"d":"0.248"}]
["FEV1","TH_caudal middle frontal","rs62275880","T","A",0.261262,5.1789151388045e-05,421986,{"v":21.8553251280745,"d":"21.855"},{"v":-0.011583,"d":"-0.012"},{"v":0.00197816,"d":"0.002"},{"v":4.7999863240391E-9,"d":"4.800E-09"},{"v":1.9E-3,"d":"0.002"},{"v":0.0009,"d":"0.001"},{"v":0.03013,"d":"0.030"}]
["FEV1","TH_caudal middle frontal","rs6429838","G","A",0.493347,5.5661440222165e-05,421986,{"v":23.4895446525956,"d":"23.490"},{"v":0.0105519,"d":"0.011"},{"v":0.00173342,"d":"0.002"},{"v":1.09999319893519e-09,"d":"1.100E-09"},{"v":0.0002,"d":"0.000"},{"v":0.0007,"d":"0.001"},{"v":0.8298,"d":"0.830"}]
["FEV1","TH_caudal middle frontal","rs6462426","C","T",0.945001,4.55534733517299e-05,421986,{"v":19.2237126057363,"d":"19.224"},{"v":-0.020934,"d":"-0.021"},{"v":0.00380918,"d":"0.004"},{"v":3.89995862874433e-08,"d":"3.900E-08"},{"v":-0.0005,"d":"-0.001"},{"v":0.0016,"d":"0.002"},0.765]
["FEV1","TH_caudal middle frontal","rs6473015","C","A",0.285558,5.55471540475766e-05,421986,{"v":23.4413123518008,"d":"23.441"},{"v":0.0116677,"d":"0.012"},{"v":1.92246E-3,"d":"0.002"},{"v":1.29998996537545E-9,"d":"1.300E-09"},{"v":0.0007,"d":"0.001"},{"v":0.0008,"d":"0.001"},{"v":0.3904,"d":"0.390"}]
["FEV1","TH_caudal middle frontal","rs663378","A","G",0.833573,7.07800042331262e-05,421986,{"v":29.870143515196,"d":"29.870"},{"v":-0.0159719,"d":"-0.016"},{"v":0.00235108,"d":"0.002"},{"v":1.10001852750622E-11,"d":"1.100E-11"},{"v":0.0011,"d":"0.001"},{"v":1E-3,"d":"0.001"},{"v":0.2687,"d":"0.269"}]
["FEV1","TH_caudal middle frontal","rs6671370","A","G",0.287459,1.38282257209997E-4,421986,{"v":58.3609703132111,"d":"58.361"},{"v":0.0183728,"d":"0.018"},{"v":0.0019151,"d":"0.002"},{"v":8.49962959449622e-22,"d":"8.500E-22"},{"v":-0.0003,"d":"-0.000"},{"v":0.0008,"d":"0.001"},{"v":0.7137,"d":"0.714"}]
["FEV1","TH_caudal middle frontal","rs6690055","A","G",0.253509,1.05326822071585E-4,421986,{"v":44.4509155587299,"d":"44.451"},{"v":-0.0166819,"d":"-0.017"},{"v":1.98913E-3,"d":"0.002"},{"v":5.0003453497698E-17,"d":"5.000E-17"},{"v":-0.0006,"d":"-0.001"},{"v":0.0009,"d":"0.001"},{"v":0.5058,"d":"0.506"}]
["FEV1","TH_caudal middle frontal","rs6729308","A","G",0.438991,1.11440617904112E-4,421986,{"v":47.0313989138045,"d":"47.031"},{"v":-0.0150416,"d":"-0.015"},{"v":0.00175349,"d":"0.002"},{"v":9.60063590945344e-18,"d":"9.601E-18"},{"v":0.0005,"d":"0.001"},{"v":0.0008,"d":"0.001"},{"v":0.5138,"d":"0.514"}]
["FEV1","TH_caudal middle frontal","rs67326273","G","A",0.192532,5.57991993632153E-5,421986,{"v":23.5476832859612,"d":"23.548"},{"v":0.0133963,"d":"0.013"},{"v":0.00220699,"d":"0.002"},{"v":1.29998996537545E-9,"d":"1.300E-09"},{"v":-0.0016,"d":"-0.002"},{"v":0.0009,"d":"0.001"},{"v":0.08787,"d":"0.088"}]
["FEV1","TH_caudal middle frontal","rs67551338","T","C",0.06134,6.4548734940763e-05,421986,{"v":27.2402916916111,"d":"27.240"},{"v":0.0236757,"d":"0.024"},{"v":0.00365713,"d":"0.004"},{"v":9.60063590945348E-11,"d":"9.601E-11"},{"v":-0.0003,"d":"-0.000"},{"v":1.5E-3,"d":"0.002"},{"v":0.8429,"d":"0.843"}]
["FEV1","TH_caudal middle frontal","rs6762578","A","G",0.77845,1.03939800598513E-4,421986,{"v":43.8654921862738,"d":"43.865"},{"v":0.017359,"d":"0.017"},{"v":0.00209804,"d":"0.002"},{"v":1.2998702373886e-16,"d":"1.300E-16"},{"v":-0.0002,"d":"-0.000"},{"v":0.0009,"d":"0.001"},{"v":0.8168,"d":"0.817"}]
["FEV1","TH_caudal middle frontal","rs6790568","T","C",0.174664,6.25238302239377e-05,421986,{"v":26.3857057086022,"d":"26.386"},{"v":-0.0147262,"d":"-0.015"},{"v":0.00228448,"d":"0.002"},{"v":1.09999319893519e-10,"d":"1.100E-10"},{"v":-0.0004,"d":"-0.000"},{"v":1E-3,"d":"0.001"},{"v":0.6927,"d":"0.693"}]
["FEV1","TH_caudal middle frontal","rs681397","T","G",0.443866,5.51500047766056e-05,421986,{"v":23.2737031604916,"d":"23.274"},{"v":0.0105692,"d":"0.011"},{"v":0.00175094,"d":"0.002"},{"v":1.60000006389793e-09,"d":"1.600E-09"},{"v":0.0004,"d":"0.000"},{"v":0.0008,"d":"0.001"},{"v":0.6215,"d":"0.622"}]
["FEV1","TH_caudal middle frontal","rs681907","C","T",0.200558,7.70894391065078e-05,421986,{"v":32.5330178240171,"d":"32.533"},{"v":-0.0155049,"d":"-0.016"},{"v":2.17293E-3,"d":"0.002"},{"v":9.60063590945348e-13,"d":"9.601E-13"},{"v":-0.0009,"d":"-0.001"},{"v":0.0009,"d":"0.001"},{"v":0.2901,"d":"0.290"}]
["FEV1","TH_caudal middle frontal","rs6902142","G","A",0.181862,5.20455157906042e-05,421986,{"v":21.9635180380072,"d":"21.964"},{"v":-0.0132249,"d":"-0.013"},{"v":2.26845E-3,"d":"0.002"},{"v":5.49996593976403e-09,"d":"5.500E-09"},{"v":0,"d":"0.000"},{"v":0.0009,"d":"0.001"},0.975]
["FEV1","TH_caudal middle frontal","rs6965423","C","T",0.50901,5.25459615169365e-05,421986,{"v":22.1747202167581,"d":"22.175"},{"v":-0.0102531,"d":"-0.010"},{"v":0.00173955,"d":"0.002"},{"v":3.79996853036855e-09,"d":"3.800E-09"},{"v":-0.0011,"d":"-0.001"},{"v":0.0007,"d":"0.001"},{"v":0.1072,"d":"0.107"}]
["FEV1","TH_caudal middle frontal","rs7004355","C","T",0.463259,0.00012449355884083,421986,{"v":52.5408309289156,"d":"52.541"},{"v":-0.0158221,"d":"-0.016"},{"v":1.74121E-3,"d":"0.002"},{"v":1e-19,"d":"1.000E-19"},{"v":-0.0005,"d":"-0.001"},{"v":0.0007,"d":"0.001"},{"v":0.4955,"d":"0.496"}]
["FEV1","TH_caudal middle frontal","rs7075773","T","C",0.410246,8.01722020634515e-05,421986,{"v":33.8340990697708,"d":"33.834"},{"v":-0.0128718,"d":"-0.013"},{"v":1.76867E-3,"d":"0.002"},{"v":3.40016505804071e-13,"d":"3.400E-13"},{"v":0.0007,"d":"0.001"},{"v":0.0008,"d":"0.001"},{"v":0.3355,"d":"0.336"}]
["FEV1","TH_caudal middle frontal","rs7105777","T","C",0.631869,5.08811255981753e-05,421986,{"v":21.4721134297207,"d":"21.472"},{"v":-0.010458,"d":"-0.010"},{"v":1.8051E-3,"d":"0.002"},{"v":6.90001444623354E-9,"d":"6.900E-09"},{"v":0.0012,"d":"0.001"},{"v":0.0008,"d":"0.001"},{"v":0.1325,"d":"0.133"}]
["FEV1","TH_caudal middle frontal","rs7124681","A","C",0.408392,7.01967749876755e-05,421986,{"v":29.623995405339,"d":"29.624"},{"v":-0.0120528,"d":"-0.012"},{"v":0.00176185,"d":"0.002"},{"v":7.89950721335818e-12,"d":"7.900E-12"},{"v":-1.9E-3,"d":"-0.002"},{"v":0.0008,"d":"0.001"},{"v":0.01517,"d":"0.015"}]
["FEV1","TH_caudal middle frontal","rs7132318","C","T",0.337297,{"$f":"2*F2693*(1-F2693)*J2693*J2693","v":5.38903140762825e-05},421986,{"$f":"G2693/(1-G2693)*(H2693-2)","v":{"v":22.7420758727775,"d":"22.742"}},{"v":-0.0109793,"d":"-0.011"},{"v":1.84173E-3,"d":"0.002"},{"v":2.49999995007974e-09,"d":"2.500E-09"},{"v":-0.0003,"d":"-0.000"},{"v":0.0008,"d":"0.001"},{"v":0.7388,"d":"0.739"}]
["FEV1","TH_caudal middle frontal","rs71427097","T","C",0.029368,4.98195904989658e-05,421986,{"v":21.0241174900395,"d":"21.024"},{"v":-0.0295611,"d":"-0.030"},{"v":0.00523086,"d":"0.005"},{"v":1.60000006389793e-08,"d":"1.600E-08"},{"v":1E-4,"d":"0.000"},0.003,{"v":0.9681,"d":"0.968"}]
["FEV1","TH_caudal middle frontal","rs7211143","G","A",0.295757,4.73477938611607E-5,421986,{"v":19.9809574989648,"d":"19.981"},{"v":0.0106612,"d":"0.011"},{"v":1.91077E-3,"d":"0.002"},{"v":2.39999313805789e-08,"d":"2.400E-08"},{"v":-1.8E-3,"d":"-0.002"},{"v":0.0008,"d":"0.001"},{"v":0.0299,"d":"0.030"}]
["FEV1","TH_caudal middle frontal","rs72643433","A","G",0.252489,0.000112895318367121,421986,{"v":47.6453969680906,"d":"47.645"},{"v":-0.0172939,"d":"-0.017"},{"v":0.00200221,"d":"0.002"},{"v":5.79962615819643e-18,"d":"5.800E-18"},{"v":-0.0003,"d":"-0.000"},{"v":0.0009,"d":"0.001"},{"v":0.6895,"d":"0.690"}]
["FEV1","TH_caudal middle frontal","rs72666766","G","A",0.181385,5.37775624766208e-05,421986,{"v":22.6944913785623,"d":"22.694"},{"v":-0.0134569,"d":"-0.013"},{"v":0.00225303,"d":"0.002"},{"v":2.3000114603619e-09,"d":"2.300E-09"},{"v":0.0004,"d":"0.000"},{"v":0.0009,"d":"0.001"},{"v":0.6582,"d":"0.658"}]
["FEV1","TH_caudal middle frontal","rs72718111","C","A",0.25821,5.95312827275407e-05,421986,{"v":25.1227443996983,"d":"25.123"},{"v":0.0124661,"d":"0.012"},{"v":0.00200909,"d":"0.002"},{"v":5.49996593976403e-10,"d":"5.500E-10"},{"v":-1.9E-3,"d":"-0.002"},{"v":0.0009,"d":"0.001"},{"v":0.03035,"d":"0.030"}]
["FEV1","TH_caudal middle frontal","rs72904209","C","T",0.13427,1.13728012868355E-4,421986,{"v":47.9968603697935,"d":"47.997"},{"v":-0.0221176,"d":"-0.022"},{"v":2.54798E-3,"d":"0.003"},{"v":3.90031784475066e-18,"d":"3.900E-18"},{"v":0.0007,"d":"0.001"},{"v":0.0011,"d":"0.001"},{"v":0.5555,"d":"0.556"}]
["FEV1","TH_caudal middle frontal","rs72906804","G","A",0.088639,6.74159975895101e-05,421986,{"v":28.4503903382583,"d":"28.450"},{"v":0.0204272,"d":"0.020"},{"v":0.00304972,"d":"0.003"},{"v":2.09990670376243E-11,"d":"2.100E-11"},{"v":0.0022,"d":"0.002"},{"v":0.0012,"d":"0.001"},{"v":0.07214,"d":"0.072"}]
["FEV1","TH_caudal middle frontal","rs72976986","A","G",0.190197,5.66512218852129e-05,421986,{"v":23.9072635917041,"d":"23.907"},{"v":0.0135612,"d":"0.014"},{"v":0.00223359,"d":"0.002"},{"v":1.29998996537545E-9,"d":"1.300E-09"},{"v":0.0004,"d":"0.000"},{"v":0.0011,"d":"0.001"},{"v":0.7121,"d":"0.712"}]
["FEV1","TH_caudal middle frontal","rs73154314","C","A",0.267598,9.3967617998859E-5,421986,{"v":39.6565577458999,"d":"39.657"},{"v":-0.0154831,"d":"-0.015"},{"v":0.00195515,"d":"0.002"},{"v":2.39993787680988e-15,"d":"2.400E-15"},{"v":0.0012,"d":"0.001"},{"v":0.0009,"d":"0.001"},{"v":0.1543,"d":"0.154"}]
["FEV1","TH_caudal middle frontal","rs7320104","G","A",0.150307,4.62236600760268e-05,421986,{"v":19.5065466375031,"d":"19.507"},{"v":-0.0134523,"d":"-0.013"},{"v":2.43896E-3,"d":"0.002"},{"v":3.50001576071014e-08,"d":"3.500E-08"},{"v":0.0006,"d":"0.001"},{"v":1E-3,"d":"0.001"},{"v":0.5324,"d":"0.532"}]
["FEV1","TH_caudal middle frontal","rs7336610","T","C",0.575324,5.99251656739893e-05,421986,{"v":25.2889765578826,"d":"25.289"},{"v":-0.011074,"d":"-0.011"},{"v":0.00176087,"d":"0.002"},{"v":3.20000015974484E-10,"d":"3.200E-10"},{"v":-1.5E-3,"d":"-0.002"},{"v":0.0007,"d":"0.001"},{"v":0.02869,"d":"0.029"}]
["FEV1","TH_caudal middle frontal","rs735830","A","G",0.208865,6.00954684131587e-05,421986,{"v":25.3608502150314,"d":"25.361"},{"v":-0.0134849,"d":"-0.013"},{"v":0.0021364,"d":"0.002"},{"v":2.80001269243454e-10,"d":"2.800E-10"},{"v":0.0006,"d":"0.001"},{"v":0.0009,"d":"0.001"},{"v":0.5562,"d":"0.556"}]
["FEV1","TH_caudal middle frontal","rs7359156","G","A",0.209384,6.09585701833216E-5,421986,{"v":25.7251094461284,"d":"25.725"},{"v":-0.013569,"d":"-0.014"},{"v":0.00214141,"d":"0.002"},{"v":2.39999313805789e-10,"d":"2.400E-10"},{"v":0.0003,"d":"0.000"},{"v":0.0009,"d":"0.001"},{"v":0.7551,"d":"0.755"}]
["FEV1","TH_caudal middle frontal","rs73923824","A","C",0.187487,4.9589515060956e-05,421986,{"v":20.9270196842403,"d":"20.927"},{"v":0.0127579,"d":"0.013"},{"v":0.00225261,"d":"0.002"},{"v":1.49999565138204e-08,"d":"1.500E-08"},{"v":1E-4,"d":"0.000"},{"v":1E-3,"d":"0.001"},{"v":0.9566,"d":"0.957"}]
["FEV1","TH_caudal middle frontal","rs7402983","C","A",0.601505,6.12657678267612e-05,421986,{"v":25.8547577821955,"d":"25.855"},{"v":-0.0113048,"d":"-0.011"},{"v":0.00179997,"d":"0.002"},{"v":3.4000084782586e-10,"d":"3.400E-10"},{"v":-0.0003,"d":"-0.000"},{"v":0.0008,"d":"0.001"},0.736]
["FEV1","TH_caudal middle frontal","rs7493429","C","A",0.304929,6.57089463319527e-05,421986,{"v":27.7299461144838,"d":"27.730"},{"v":0.0124504,"d":"0.012"},{"v":0.00189746,"d":"0.002"},{"v":5.30029448835795e-11,"d":"5.300E-11"},{"v":-0.0004,"d":"-0.000"},{"v":0.0008,"d":"0.001"},{"v":0.5947,"d":"0.595"}]
["FEV1","TH_caudal middle frontal","rs75166711","A","G",0.144555,5.19655603070232e-05,421986,{"v":21.929774593623,"d":"21.930"},{"v":0.0144954,"d":"0.014"},{"v":0.00248171,"d":"0.002"},{"v":5.19995996533515e-09,"d":"5.200E-09"},{"v":0.0008,"d":"0.001"},{"v":1E-3,"d":"0.001"},0.434]
["FEV1","TH_caudal middle frontal","rs75216331","A","G",0.237224,5.56597279475049e-05,421986,{"v":23.4888220196433,"d":"23.489"},{"v":-0.0124016,"d":"-0.012"},{"v":0.00204074,"d":"0.002"},{"v":1.19999655704811E-9,"d":"1.200E-09"},{"v":0,"d":"0.000"},{"v":0.0009,"d":"0.001"},{"v":0.9822,"d":"0.982"}]
["FEV1","TH_caudal middle frontal","rs75301758","T","C",0.18351,4.65396448336809E-5,421986,{"v":19.6398995194442,"d":"19.640"},{"v":-0.0124621,"d":"-0.012"},{"v":0.00223767,"d":"0.002"},{"v":2.59997995670925e-08,"d":"2.600E-08"},{"v":0.0008,"d":"0.001"},{"v":0.0012,"d":"0.001"},{"v":0.4978,"d":"0.498"}]
["FEV1","TH_caudal middle frontal","rs75421844","C","T",0.083714,7.94700810373544e-05,421986,{"v":33.5377679256018,"d":"33.538"},{"v":0.02276,"d":"0.023"},{"v":3.14204E-3,"d":"0.003"},{"v":4.40047947835983e-13,"d":"4.400E-13"},{"v":0.0002,"d":"0.000"},{"v":1.4E-3,"d":"0.001"},{"v":0.8818,"d":"0.882"}]
["FEV1","TH_caudal middle frontal","rs7558918","G","T",0.447756,0.000147192726362355,421986,{"v":62.1221193654089,"d":"62.122"},{"v":0.0172521,"d":"0.017"},{"v":0.00174429,"d":"0.002"},{"v":4.60044666393479e-23,"d":"4.600E-23"},{"v":-0.0005,"d":"-0.001"},{"v":0.0008,"d":"0.001"},{"v":0.4893,"d":"0.489"}]
["FEV1","TH_caudal middle frontal","rs75831829","T","C",0.234053,7.66630665761357e-05,421986,{"v":32.3530677714526,"d":"32.353"},{"v":-0.0146225,"d":"-0.015"},{"v":0.0020589,"d":"0.002"},{"v":1.20005182020427e-12,"d":"1.200E-12"},{"v":-1E-4,"d":"-0.000"},{"v":0.0009,"d":"0.001"},{"v":0.8954,"d":"0.895"}]
["FEV1","TH_caudal middle frontal","rs76010139","A","G",0.031028,8.07391480367304e-05,421986,{"v":34.0733797007794,"d":"34.073"},{"v":0.0366433,"d":"0.037"},{"v":5.07888E-3,"d":"0.005"},{"v":5.40007759066593e-13,"d":"5.400E-13"},{"v":-0.0026,"d":"-0.003"},{"v":2E-3,"d":"0.002"},{"v":0.1983,"d":"0.198"}]
["FEV1","TH_caudal middle frontal","rs761422","G","A",0.49067,7.00482744484262e-05,421986,{"v":29.5613217644247,"d":"29.561"},{"v":0.0118383,"d":"0.012"},{"v":0.00173246,"d":"0.002"},{"v":8.30041869715702e-12,"d":"8.300E-12"},{"v":-1.4E-3,"d":"-0.001"},{"v":0.0008,"d":"0.001"},{"v":0.06752,"d":"0.068"}]
["FEV1","TH_caudal middle frontal","rs76226639","T","G",0.080255,5.55350301085755E-5,421986,{"v":23.4361956751696,"d":"23.436"},{"v":-0.0193954,"d":"-0.019"},{"v":0.0032029,"d":"0.003"},{"v":1.40000633223953e-09,"d":"1.400E-09"},{"v":0,"d":"0.000"},{"v":0.0013,"d":"0.001"},{"v":0.9751,"d":"0.975"}]
["FEV1","TH_caudal middle frontal","rs7630228","C","T",0.434209,9.50608393467462e-05,421986,{"v":40.1179668785017,"d":"40.118"},{"v":0.0139094,"d":"0.014"},{"v":1.76048E-3,"d":"0.002"},{"v":2.80027059501064e-15,"d":"2.800E-15"},{"v":-1.5E-3,"d":"-0.002"},{"v":0.0008,"d":"0.001"},{"v":0.04427,"d":"0.044"}]
["FEV1","TH_caudal middle frontal","rs7638143","A","G",0.582086,1.09409474802915E-4,421986,{"v":46.1740996992311,"d":"46.174"},{"v":-0.014996,"d":"-0.015"},{"v":0.0017596,"d":"0.002"},{"v":1.5999263828686e-17,"d":"1.600E-17"},{"v":-0.0008,"d":"-0.001"},{"v":0.0008,"d":"0.001"},{"v":0.2934,"d":"0.293"}]
["FEV1","TH_caudal middle frontal","rs7663740","T","G",0.542403,0.000406032913426455,421986,{"v":171.408990631202,"d":"171.409"},{"v":0.0285998,"d":"0.029"},{"v":0.00173867,"d":"0.002"},{"v":8.49962959449622e-61,"d":"8.500E-61"},{"v":-1E-4,"d":"-0.000"},{"v":0.0008,"d":"0.001"},{"v":0.8816,"d":"0.882"}]
["FEV1","TH_caudal middle frontal","rs76785101","T","C",0.059317,5.73473511304324E-5,421986,{"v":24.201052485679,"d":"24.201"},{"v":-0.0226689,"d":"-0.023"},{"v":0.00369598,"d":"0.004"},{"v":8.60003066888856E-10,"d":"8.600E-10"},{"v":1.9E-3,"d":"0.002"},{"v":0.0017,"d":"0.002"},{"v":0.2659,"d":"0.266"}]
["FEV1","TH_caudal middle frontal","rs7723049","G","A",0.198601,7.12637299469351e-05,421986,{"v":30.074297024509,"d":"30.074"},{"v":-0.0149625,"d":"-0.015"},{"v":0.00218333,"d":"0.002"},{"v":7.1994612744084e-12,"d":"7.199E-12"},{"v":-1E-3,"d":"-0.001"},{"v":0.0012,"d":"0.001"},{"v":0.4108,"d":"0.411"}]
["FEV1","TH_caudal middle frontal","rs772920","G","C",0.335384,6.83279591850319e-05,421986,{"v":28.8352757842834,"d":"28.835"},{"v":-0.0123802,"d":"-0.012"},{"v":0.00183642,"d":"0.002"},{"v":1.5999263828686e-11,"d":"1.600E-11"},{"v":1.8E-3,"d":"0.002"},{"v":0.0008,"d":"0.001"},{"v":0.02062,"d":"0.021"}]
["FEV1","TH_caudal middle frontal","rs7733410","A","G",0.442953,0.00020249220026295,421986,{"v":85.465774788545,"d":"85.466"},{"v":0.0202565,"d":"0.020"},{"v":0.00174619,"d":"0.002"},{"v":4.10015240506613E-31,"d":"4.100E-31"},{"v":0.0017,"d":"0.002"},{"v":0.0008,"d":"0.001"},{"v":0.02958,"d":"0.030"}]
["FEV1","TH_caudal middle frontal","rs7753558","A","C",0.63408,4.52365278502319e-05,421986,{"v":19.0899545316121,"d":"19.090"},{"v":0.00987335,"d":"0.010"},{"v":0.00181129,"d":"0.002"},{"v":4.99999995007974e-08,"d":"5.000E-08"},{"v":0.0005,"d":"0.001"},{"v":0.0008,"d":"0.001"},{"v":0.5481,"d":"0.548"}]
["FEV1","TH_caudal middle frontal","rs777707","A","G",0.531166,7.44228068661458e-05,421986,{"v":31.4075711722072,"d":"31.408"},{"v":0.012224,"d":"0.012"},{"v":0.0017418,"d":"0.002"},{"v":2.29985258668621e-12,"d":"2.300E-12"},{"v":-0.0004,"d":"-0.000"},{"v":0.0007,"d":"0.001"},{"v":0.5704,"d":"0.570"}]
["FEV1","TH_caudal middle frontal","rs7778674","G","A",0.421388,8.69214950824588e-05,421986,{"v":36.6826686932827,"d":"36.683"},{"v":0.013351,"d":"0.013"},{"v":0.00175562,"d":"0.002"},{"v":2.90001336905407E-14,"d":"2.900E-14"},{"v":-0.0004,"d":"-0.000"},{"v":0.0008,"d":"0.001"},0.571]
["FEV1","TH_caudal middle frontal","rs78101726","G","A",0.152397,0.000131734833303012,421986,{"v":55.5973159996936,"d":"55.597"},{"v":-0.0225814,"d":"-0.023"},{"v":2.41391E-3,"d":"0.002"},{"v":8.40040065263766e-21,"d":"8.400E-21"},{"v":1E-3,"d":"0.001"},{"v":1E-3,"d":"0.001"},{"v":0.3176,"d":"0.318"}]
["FEV1","TH_caudal middle frontal","rs78378222","G","T",0.01219,6.95454147234055e-05,421986,{"v":29.3490933815125,"d":"29.349"},{"v":0.0537379,"d":"0.054"},{"v":0.00808453,"d":"0.008"},{"v":2.99985318119079e-11,"d":"3.000E-11"},{"v":0.0047,"d":"0.005"},{"v":3.3E-3,"d":"0.003"},{"v":0.1513,"d":"0.151"}]
["FEV1","TH_caudal middle frontal","rs784257","C","T",0.812414,4.65965658140141e-05,421986,{"v":19.6639214996732,"d":"19.664"},{"v":-0.0123644,"d":"-0.012"},{"v":0.0022371,"d":"0.002"},{"v":3.29997006285229E-8,"d":"3.300E-08"},{"v":-1E-4,"d":"-0.000"},{"v":0.0009,"d":"0.001"},0.927]
["FEV1","TH_caudal middle frontal","rs784808","C","T",0.556276,4.65212757220188e-05,421986,{"v":19.6321473268192,"d":"19.632"},{"v":0.00970754,"d":"0.010"},{"v":1.75016E-3,"d":"0.002"},{"v":2.90001336905407E-8,"d":"2.900E-08"},{"v":0.0007,"d":"0.001"},{"v":0.0007,"d":"0.001"},{"v":0.2897,"d":"0.290"}]
["FEV1","TH_caudal middle frontal","rs7854962","G","C",0.212959,8.47307629973711e-05,421986,{"v":35.7580561000593,"d":"35.758"},{"v":-0.0158986,"d":"-0.016"},{"v":2.13883E-3,"d":"0.002"},{"v":1.10001852750622E-13,"d":"1.100E-13"},{"v":0.0011,"d":"0.001"},{"v":0.0009,"d":"0.001"},{"v":0.2302,"d":"0.230"}]
["FEV1","TH_caudal middle frontal","rs78579285","T","C",0.181123,9.00012961689401e-05,421986,{"v":37.9825254390753,"d":"37.983"},{"v":-0.0174186,"d":"-0.017"},{"v":0.00225239,"d":"0.002"},{"v":1E-14,"d":"1.000E-14"},{"v":0.0006,"d":"0.001"},{"v":1E-3,"d":"0.001"},{"v":0.5387,"d":"0.539"}]
["FEV1","TH_caudal middle frontal","rs7930706","A","G",0.26492,5.02182154004254e-05,421986,{"v":21.1923476494122,"d":"21.192"},{"v":0.0113551,"d":"0.011"},{"v":0.00197209,"d":"0.002"},{"v":8.50002102591718E-9,"d":"8.500E-09"},{"v":0.0007,"d":"0.001"},{"v":0.0008,"d":"0.001"},{"v":0.3817,"d":"0.382"}]
["FEV1","TH_caudal middle frontal","rs7961994","T","A",0.609755,6.01656949162101e-05,421986,{"v":25.3904882398912,"d":"25.390"},{"v":0.0112438,"d":"0.011"},{"v":0.00177642,"d":"0.002"},{"v":2.49999995007974e-10,"d":"2.500E-10"},{"v":-0.0005,"d":"-0.001"},{"v":0.0008,"d":"0.001"},{"v":0.4798,"d":"0.480"}]
["FEV1","TH_caudal middle frontal","rs7968682","T","G",0.517742,0.000285438769684681,421986,{"v":120.484984872468,"d":"120.485"},{"v":-0.0239081,"d":"-0.024"},{"v":1.74147E-3,"d":"0.002"},{"v":6.79986045003327E-43,"d":"6.800E-43"},{"v":-0.0004,"d":"-0.000"},{"v":0.0007,"d":"0.001"},{"v":0.5364,"d":"0.536"}]
["FEV1","TH_caudal middle frontal","rs8034236","T","C",0.624791,4.53161324180569e-05,421986,{"v":19.1235494275995,"d":"19.124"},{"v":0.00983122,"d":"0.010"},{"v":1.79312E-3,"d":"0.002"},{"v":4.20000686246631e-08,"d":"4.200E-08"},{"v":-0.0006,"d":"-0.001"},{"v":0.0008,"d":"0.001"},{"v":0.4251,"d":"0.425"}]
["FEV1","TH_caudal middle frontal","rs803765","A","C",0.346274,6.04233932196364e-05,421986,{"v":25.4992459153578,"d":"25.499"},{"v":-0.0115526,"d":"-0.012"},{"v":0.00182565,"d":"0.002"},{"v":2.49999995007974e-10,"d":"2.500E-10"},{"v":-1.8E-3,"d":"-0.002"},{"v":0.0008,"d":"0.001"},{"v":0.01765,"d":"0.018"}]
["FEV1","TH_caudal middle frontal","rs8062719","G","A",0.635212,7.65343364455499e-05,421986,{"v":32.2987373930733,"d":"32.299"},{"v":0.0128509,"d":"0.013"},{"v":1.81379E-3,"d":"0.002"},{"v":1.39990962656834e-12,"d":"1.400E-12"},{"v":0.0007,"d":"0.001"},{"v":0.0008,"d":"0.001"},{"v":0.3425,"d":"0.343"}]
["FEV1","TH_caudal middle frontal","rs8069671","T","G",0.390081,7.54226029793906e-05,421986,{"v":31.8295323618375,"d":"31.830"},{"v":-0.0125899,"d":"-0.013"},{"v":1.77871E-3,"d":"0.002"},{"v":1.50003019045595E-12,"d":"1.500E-12"},{"v":-0.0004,"d":"-0.000"},{"v":0.0008,"d":"0.001"},{"v":0.5672,"d":"0.567"}]
["FEV1","TH_caudal middle frontal","rs841217","C","T",0.542519,5.24519926562761e-05,421986,{"v":22.1350626972121,"d":"22.135"},{"v":-0.0102795,"d":"-0.010"},{"v":1.74789E-3,"d":"0.002"},{"v":4.09996359041765e-09,"d":"4.100E-09"},{"v":-0.0009,"d":"-0.001"},{"v":0.0008,"d":"0.001"},0.217]
["FEV1","TH_caudal middle frontal","rs853678","A","T",0.163236,0.000125139429806905,421986,{"v":52.8134461921796,"d":"52.813"},{"v":-0.0214029,"d":"-0.021"},{"v":0.00234368,"d":"0.002"},{"v":6.70038873807757e-20,"d":"6.700E-20"},{"v":0.0006,"d":"0.001"},{"v":0.0011,"d":"0.001"},{"v":0.5672,"d":"0.567"}]
["FEV1","TH_caudal middle frontal","rs876531","T","C",0.455993,0.000134481756941343,421986,{"v":56.756782472961,"d":"56.757"},{"v":-0.016464,"d":"-0.016"},{"v":0.00174605,"d":"0.002"},{"v":4.10015240506613e-21,"d":"4.100E-21"},{"v":1E-4,"d":"0.000"},{"v":0.0008,"d":"0.001"},{"v":0.8858,"d":"0.886"}]
["FEV1","TH_caudal middle frontal","rs879098","G","A",0.39884,6.23015634864502e-05,421986,{"v":26.2919009928051,"d":"26.292"},{"v":-0.0113983,"d":"-0.011"},{"v":1.77623E-3,"d":"0.002"},{"v":1.40000633223953E-10,"d":"1.400E-10"},{"v":0.0004,"d":"0.000"},{"v":0.0008,"d":"0.001"},{"v":0.6381,"d":"0.638"}]
["FEV1","TH_caudal middle frontal","rs879394","T","G",0.233436,0.00013040368162288,421986,{"v":55.0354440104679,"d":"55.035"},{"v":-0.0190885,"d":"-0.019"},{"v":0.00205722,"d":"0.002"},{"v":1.69980851320349e-20,"d":"1.700E-20"},{"v":0.0003,"d":"0.000"},{"v":0.0009,"d":"0.001"},{"v":0.7436,"d":"0.744"}]
["FEV1","TH_caudal middle frontal","rs9295","A","G",0.295687,5.79273809792533e-05,421986,{"v":24.4458440188691,"d":"24.446"},{"v":0.0117931,"d":"0.012"},{"v":0.00190411,"d":"0.002"},{"v":5.89997267139772e-10,"d":"5.900E-10"},{"v":0.0017,"d":"0.002"},{"v":0.0008,"d":"0.001"},{"v":0.02765,"d":"0.028"}]
["FEV1","TH_caudal middle frontal","rs9310389","T","C",0.5454,4.96641625633076E-5,421986,{"v":20.9585228626013,"d":"20.959"},{"v":0.0100077,"d":"0.010"},{"v":1.74847E-3,"d":"0.002"},{"v":1E-8,"d":"1.000E-08"},{"v":0.0005,"d":"0.001"},{"v":0.0008,"d":"0.001"},0.532]
["FEV1","TH_caudal middle frontal","rs9322332","A","C",0.45633,8.9188242197488e-05,421986,{"v":37.6393681845506,"d":"37.639"},{"v":0.013407,"d":"0.013"},{"v":0.00174017,"d":"0.002"},{"v":1.2998702373886E-14,"d":"1.300E-14"},{"v":-0.0006,"d":"-0.001"},{"v":0.0008,"d":"0.001"},{"v":0.3972,"d":"0.397"}]
["FEV1","TH_caudal middle frontal","rs9379084","A","G",0.115664,6.10451902292778e-05,421986,{"v":25.7616661795241,"d":"25.762"},{"v":-0.0172744,"d":"-0.017"},{"v":0.00279331,"d":"0.003"},{"v":6.19997588072324e-10,"d":"6.200E-10"},{"v":-0.0003,"d":"-0.000"},{"v":0.0013,"d":"0.001"},{"v":0.8237,"d":"0.824"}]
["FEV1","TH_caudal middle frontal","rs9535455","A","G",0.211,4.63650009076395e-05,421986,{"v":19.5661957296921,"d":"19.566"},{"v":-0.0118005,"d":"-0.012"},{"v":0.0021458,"d":"0.002"},{"v":3.79996853036855e-08,"d":"3.800E-08"},{"v":0,"d":"0.000"},{"v":0.0009,"d":"0.001"},0.978]
["FEV1","TH_caudal middle frontal","rs9864975","G","A",0.24399,1.03802549008386E-4,421986,{"v":43.8075621773747,"d":"43.808"},{"v":0.0167741,"d":"0.017"},{"v":0.00202079,"d":"0.002"},{"v":1e-16,"d":"1.000E-16"},{"v":-0.0005,"d":"-0.001"},{"v":0.0009,"d":"0.001"},{"v":0.5751,"d":"0.575"}]
["FEV1","TH_caudal middle frontal","rs9886260","A","G",0.722783,6.60973406155798e-05,421986,{"v":27.8938638925476,"d":"27.894"},{"v":-0.0128429,"d":"-0.013"},{"v":0.00194321,"d":"0.002"},{"v":3.90031784475066e-11,"d":"3.900E-11"},{"v":-1E-4,"d":"-0.000"},{"v":0.0008,"d":"0.001"},{"v":0.8688,"d":"0.869"}]
["FEV1","TH_caudal middle frontal","rs9894577","A","G",0.318121,5.64036175481224e-05,421986,{"v":23.802766709577,"d":"23.803"},{"v":-0.0114022,"d":"-0.011"},{"v":1.86765E-3,"d":"0.002"},{"v":1e-09,"d":"1.000E-09"},{"v":1.5E-3,"d":"0.002"},{"v":0.0008,"d":"0.001"},{"v":0.04642,"d":"0.046"}]
["FEV1","TH_caudal middle frontal","rs9912553","G","C",0.723438,0.000159985148591115,421986,{"v":67.5219754563497,"d":"67.522"},{"v":0.0199953,"d":"0.020"},{"v":0.00194048,"d":"0.002"},{"v":6.70038873807757e-25,"d":"6.700E-25"},{"v":1E-4,"d":"0.000"},{"v":0.0009,"d":"0.001"},{"v":0.9048,"d":"0.905"}]
["FEV1","TH_caudal middle frontal","rs9988963","G","C",0.737251,4.63140543112529E-5,421986,{"v":19.5446950885496,"d":"19.545"},{"v":0.0109336,"d":"0.011"},{"v":0.00197337,"d":"0.002"},{"v":2.99999133271615e-08,"d":"3.000E-08"},{"v":1.9E-3,"d":"0.002"},{"v":0.0008,"d":"0.001"},{"v":0.02803,"d":"0.028"}]
["FVC","TH_caudal middle frontal","rs10141786","G","A",0.596493,{"$f":"2*F2757*(1-F2757)*J2757*J2757","v":8.86185198408396e-05},421986,{"$f":"G2757/(1-G2757)*(H2757-2)","v":{"v":37.3989117127165,"d":"37.399"}},{"v":-0.0135681,"d":"-0.014"},{"v":0.00168175,"d":"0.002"},{"v":7.1994612744084e-16,"d":"7.199E-16"},{"v":0,"d":"0.000"},{"v":0.0008,"d":"0.001"},{"v":0.9875,"d":"0.988"}]
["FVC","TH_caudal middle frontal","rs10202701","T","C",0.541923,6.667921776679e-05,421986,{"v":28.1394393459051,"d":"28.139"},{"v":0.0115889,"d":"0.012"},{"v":1.65011E-3,"d":"0.002"},{"v":2.19988510904925e-12,"d":"2.200E-12"},{"v":-0.0013,"d":"-0.001"},{"v":0.0008,"d":"0.001"},{"v":0.09435,"d":"0.094"}]
["FVC","TH_caudal middle frontal","rs10283100","G","A",0.944478,9.24083692946343e-05,421986,{"v":38.9984570922519,"d":"38.998"},{"v":0.0296833,"d":"0.030"},{"v":3.58764E-3,"d":"0.004"},{"v":1.2998702373886e-16,"d":"1.300E-16"},{"v":-2.3E-3,"d":"-0.002"},{"v":2E-3,"d":"0.002"},{"v":0.2387,"d":"0.239"}]
["FVC","TH_caudal middle frontal","rs1044299","T","C",0.545769,4.25547800829423E-5,421986,{"v":17.9582005257944,"d":"17.958"},{"v":0.00926438,"d":"0.009"},{"v":0.00165027,"d":"0.002"},{"v":2.0000000199681E-8,"d":"2.000E-08"},{"v":-0.0008,"d":"-0.001"},{"v":0.0008,"d":"0.001"},0.291]
["FVC","TH_caudal middle frontal","rs1054661","C","T",0.342598,4.654458375562e-05,421986,{"v":19.6419838594944,"d":"19.642"},{"v":0.0101651,"d":"0.010"},{"v":0.00172786,"d":"0.002"},{"v":4.00000007987242e-09,"d":"4.000E-09"},{"v":-1E-3,"d":"-0.001"},{"v":0.0008,"d":"0.001"},{"v":0.2047,"d":"0.205"}]
["FVC","TH_caudal middle frontal","rs10761495","C","A",0.597215,6.67352001399011e-05,421986,{"v":28.163066163693,"d":"28.163"},{"v":0.0117777,"d":"0.012"},{"v":0.00167988,"d":"0.002"},{"v":2.39993787680988E-12,"d":"2.400E-12"},{"v":-0.0013,"d":"-0.001"},{"v":0.0007,"d":"0.001"},{"v":0.05681,"d":"0.057"}]
["FVC","TH_caudal middle frontal","rs10769125","A","G",0.759887,4.32262746894772e-05,421986,{"v":18.2415848143203,"d":"18.242"},{"v":-0.0108837,"d":"-0.011"},{"v":0.00191996,"d":"0.002"},{"v":1.40000633223953E-8,"d":"1.400E-08"},{"v":-0.0006,"d":"-0.001"},{"v":0.0009,"d":"0.001"},{"v":0.4689,"d":"0.469"}]
["FVC","TH_caudal middle frontal","rs10789246","C","T",0.301089,6.41161014124232e-05,421986,{"v":27.0577037728991,"d":"27.058"},{"v":-0.0123427,"d":"-0.012"},{"v":1.78506E-3,"d":"0.002"},{"v":4.70002318179801e-12,"d":"4.700E-12"},{"v":0.0009,"d":"0.001"},{"v":0.0008,"d":"0.001"},{"v":0.2387,"d":"0.239"}]
["FVC","TH_caudal middle frontal","rs10797116","C","T",0.542079,7.33138132091918e-05,421986,{"v":30.9395244477837,"d":"30.940"},{"v":-0.0121521,"d":"-0.012"},{"v":0.00165228,"d":"0.002"},{"v":1.90020300257723e-13,"d":"1.900E-13"},{"v":-1E-4,"d":"-0.000"},{"v":0.0007,"d":"0.001"},{"v":0.9307,"d":"0.931"}]
["FVC","TH_caudal middle frontal","rs10853628","C","T",0.384831,8.50433178523641e-05,421986,{"v":35.8899716428781,"d":"35.890"},{"v":-0.0134021,"d":"-0.013"},{"v":0.00168952,"d":"0.002"},{"v":2.09990670376243e-15,"d":"2.100E-15"},{"v":-0.0011,"d":"-0.001"},{"v":0.0008,"d":"0.001"},{"v":0.1446,"d":"0.145"}]
["FVC","TH_caudal middle frontal","rs10874340","T","G",0.493361,5.30984854106691e-05,421986,{"v":22.4079010931451,"d":"22.408"},{"v":0.0103061,"d":"0.010"},{"v":0.00163772,"d":"0.002"},{"v":3.09998790941119e-10,"d":"3.100E-10"},{"v":1E-4,"d":"0.000"},{"v":0.0007,"d":"0.001"},{"v":0.9143,"d":"0.914"}]
["FVC","TH_caudal middle frontal","rs10878321","G","T",0.13768,5.09513414592439e-05,421986,{"v":21.5017464171613,"d":"21.502"},{"v":0.0146485,"d":"0.015"},{"v":2.38528E-3,"d":"0.002"},{"v":8.19992726270379e-10,"d":"8.200E-10"},{"v":1.9E-3,"d":"0.002"},{"v":1E-3,"d":"0.001"},{"v":0.07022,"d":"0.070"}]
["FVC","TH_caudal middle frontal","rs10892061","T","C",0.655603,4.74621582036346e-05,421986,{"v":20.0292219975057,"d":"20.029"},{"v":0.010252,"d":"0.010"},{"v":1.72686E-3,"d":"0.002"},{"v":2.90001336905407e-09,"d":"2.900E-09"},{"v":0.0009,"d":"0.001"},{"v":0.0008,"d":"0.001"},{"v":0.2547,"d":"0.255"}]
["FVC","TH_caudal middle frontal","rs10916137","A","G",0.170792,7.3699990478116e-05,421986,{"v":31.1025090365371,"d":"31.103"},{"v":-0.0161307,"d":"-0.016"},{"v":0.00218459,"d":"0.002"},{"v":1.50003019045595e-13,"d":"1.500E-13"},{"v":-1.5E-3,"d":"-0.002"},{"v":1E-3,"d":"0.001"},{"v":0.1217,"d":"0.122"}]
["FVC","TH_caudal middle frontal","rs11000765","C","G",0.720336,5.08693352915136e-05,421986,{"v":21.4671376026745,"d":"21.467"},{"v":-0.0112364,"d":"-0.011"},{"v":0.00182542,"d":"0.002"},{"v":7.49997818203001e-10,"d":"7.500E-10"},{"v":0.0006,"d":"0.001"},{"v":0.0008,"d":"0.001"},{"v":0.4165,"d":"0.417"}]
["FVC","TH_caudal middle frontal","rs11049229","T","A",0.054116,4.11500464730783e-05,421986,{"v":17.3653757969165,"d":"17.365"},{"v":0.0200488,"d":"0.020"},{"v":3.66563E-3,"d":"0.004"},{"v":4.49997395325803e-08,"d":"4.500E-08"},{"v":1.5E-3,"d":"0.002"},{"v":0.0017,"d":"0.002"},0.363]
["FVC","TH_caudal middle frontal","rs11060406","T","C",0.036679,5.28131968728098E-5,421986,{"v":22.2875011433615,"d":"22.288"},{"v":-0.0273377,"d":"-0.027"},{"v":4.43481E-3,"d":"0.004"},{"v":7.1000269957767e-10,"d":"7.100E-10"},{"v":-0.0027,"d":"-0.003"},{"v":0.0022,"d":"0.002"},{"v":0.2229,"d":"0.223"}]
["FVC","TH_caudal middle frontal","rs11079810","T","C",0.103307,6.24999942060563e-05,421986,{"v":26.3756460327727,"d":"26.376"},{"v":0.018367,"d":"0.018"},{"v":0.00271137,"d":"0.003"},{"v":1.2998702373886e-11,"d":"1.300E-11"},{"v":0.0009,"d":"0.001"},{"v":0.0011,"d":"0.001"},{"v":0.4164,"d":"0.416"}]
["FVC","TH_caudal middle frontal","rs11107119","A","T",0.219982,1.88046487908797E-4,421986,{"v":79.367533939717,"d":"79.368"},{"v":0.0234084,"d":"0.023"},{"v":0.00198228,"d":"0.002"},{"v":3.50025754158434e-32,"d":"3.500E-32"},{"v":-0.0003,"d":"-0.000"},{"v":0.0009,"d":"0.001"},{"v":0.7028,"d":"0.703"}]
["FVC","TH_caudal middle frontal","rs11111178","T","C",0.176659,7.14933886182005e-05,421986,{"v":30.1712231456442,"d":"30.171"},{"v":0.0156769,"d":"0.016"},{"v":2.15168E-3,"d":"0.002"},{"v":3.19963176731835e-13,"d":"3.200E-13"},{"v":1E-3,"d":"0.001"},{"v":1E-3,"d":"0.001"},{"v":0.2788,"d":"0.279"}]
["FVC","TH_caudal middle frontal","rs11122148","A","C",0.157016,4.03842056899531e-05,421986,{"v":17.042176888646,"d":"17.042"},{"v":0.0123512,"d":"0.012"},{"v":0.0022522,"d":"0.002"},{"v":4.20000686246631e-08,"d":"4.200E-08"},{"v":0.0011,"d":"0.001"},{"v":1E-3,"d":"0.001"},{"v":0.2691,"d":"0.269"}]
["FVC","TH_caudal middle frontal","rs111365325","T","C",0.231244,1.22614225271077E-4,421986,{"v":51.7475862269852,"d":"51.748"},{"v":-0.0185706,"d":"-0.019"},{"v":0.00194997,"d":"0.002"},{"v":1.69980851320349e-21,"d":"1.700E-21"},{"v":-0.0003,"d":"-0.000"},{"v":0.0009,"d":"0.001"},{"v":0.7632,"d":"0.763"}]
["FVC","TH_caudal middle frontal","rs11164653","C","T",0.59054,6.29430655760463e-05,421986,{"v":26.5626385179404,"d":"26.563"},{"v":-0.0114085,"d":"-0.011"},{"v":1.67402E-3,"d":"0.002"},{"v":9.39939714766782e-12,"d":"9.399E-12"},{"v":-0.0009,"d":"-0.001"},{"v":0.0008,"d":"0.001"},{"v":0.2417,"d":"0.242"}]
["FVC","TH_caudal middle frontal","rs11259936","C","A",0.52286,1.49406438029921E-4,421986,{"v":63.0565473997598,"d":"63.057"},{"v":0.0173043,"d":"0.017"},{"v":0.00164414,"d":"0.002"},{"v":6.59933234263567e-26,"d":"6.599E-26"},{"v":0.0013,"d":"0.001"},{"v":0.0007,"d":"0.001"},{"v":0.0547,"d":"0.055"}]
["FVC","TH_caudal middle frontal","rs11545700","A","C",0.124616,4.56605730783884e-05,421986,{"v":19.268911099434,"d":"19.269"},{"v":-0.0144667,"d":"-0.014"},{"v":0.00249861,"d":"0.002"},{"v":7.00003159130898e-09,"d":"7.000E-09"},{"v":-2E-3,"d":"-0.002"},{"v":0.0011,"d":"0.001"},{"v":0.07201,"d":"0.072"}]
["FVC","TH_caudal middle frontal","rs11575234","G","C",0.067886,4.80485257189383e-05,421986,{"v":20.2766833417215,"d":"20.277"},{"v":0.019485,"d":"0.019"},{"v":0.00325807,"d":"0.003"},{"v":2.19998641983517e-09,"d":"2.200E-09"},{"v":-0.0006,"d":"-0.001"},{"v":1.5E-3,"d":"0.002"},{"v":0.6702,"d":"0.670"}]
["FVC","TH_caudal middle frontal","rs11588312","T","C",0.071357,8.80233985085485e-05,421986,{"v":37.1477356661716,"d":"37.148"},{"v":-0.0257716,"d":"-0.026"},{"v":0.00318955,"d":"0.003"},{"v":6.49980009683026e-16,"d":"6.500E-16"},{"v":0.0017,"d":"0.002"},{"v":1.5E-3,"d":"0.002"},{"v":0.2614,"d":"0.261"}]
["FVC","TH_caudal middle frontal","rs11608103","A","G",0.131252,4.22030496869096e-05,421986,{"v":17.8097633454082,"d":"17.810"},{"v":0.0136037,"d":"0.014"},{"v":0.00243411,"d":"0.002"},{"v":2.3000114603619e-08,"d":"2.300E-08"},{"v":-0.0004,"d":"-0.000"},{"v":1E-3,"d":"0.001"},{"v":0.6879,"d":"0.688"}]
["FVC","TH_caudal middle frontal","rs11621587","C","G",0.183978,0.000135729204028457,421986,{"v":57.2833274531838,"d":"57.283"},{"v":0.0212612,"d":"0.021"},{"v":2.11823E-3,"d":"0.002"},{"v":1e-23,"d":"1.000E-23"},{"v":1E-3,"d":"0.001"},{"v":0.0009,"d":"0.001"},{"v":0.2725,"d":"0.273"}]
["FVC","TH_caudal middle frontal","rs11632611","A","G",0.658418,5.89296892647042e-05,421986,{"v":24.8688515083687,"d":"24.869"},{"v":-0.011446,"d":"-0.011"},{"v":1.75909E-3,"d":"0.002"},{"v":7.70016444356872e-11,"d":"7.700E-11"},{"v":-0.0012,"d":"-0.001"},{"v":0.0008,"d":"0.001"},{"v":0.1211,"d":"0.121"}]
["FVC","TH_caudal middle frontal","rs11637681","G","A",0.276249,5.27147653220468e-05,421986,{"v":22.245960220231,"d":"22.246"},{"v":-0.0114817,"d":"-0.011"},{"v":1.85184E-3,"d":"0.002"},{"v":5.60002544078e-10,"d":"5.600E-10"},{"v":-0.0009,"d":"-0.001"},{"v":0.0008,"d":"0.001"},{"v":0.2919,"d":"0.292"}]
["FVC","TH_caudal middle frontal","rs11645649","G","C",0.593954,5.52835973782282e-05,421986,{"v":23.3300833269877,"d":"23.330"},{"v":0.0107058,"d":"0.011"},{"v":0.00170463,"d":"0.002"},{"v":3.4000084782586e-10,"d":"3.400E-10"},{"v":-0.0002,"d":"-0.000"},{"v":0.0008,"d":"0.001"},{"v":0.8184,"d":"0.818"}]
["FVC","TH_caudal middle frontal","rs11664552","C","T",0.300477,4.51297930963036e-05,421986,{"v":19.044910102803,"d":"19.045"},{"v":0.0103612,"d":"0.010"},{"v":0.00180111,"d":"0.002"},{"v":8.79994585505891e-09,"d":"8.800E-09"},{"v":-0.0011,"d":"-0.001"},{"v":0.0008,"d":"0.001"},{"v":0.1775,"d":"0.178"}]
["FVC","TH_caudal middle frontal","rs11668582","T","C",0.390878,9.08082126210536e-05,421986,{"v":38.3230928462461,"d":"38.323"},{"v":0.0138094,"d":"0.014"},{"v":1.68764E-3,"d":"0.002"},{"v":2.80027059501064e-16,"d":"2.800E-16"},{"v":0.0004,"d":"0.000"},{"v":0.0008,"d":"0.001"},{"v":0.6234,"d":"0.623"}]
["FVC","TH_caudal middle frontal","rs11698277","T","C",0.319648,0.000111513337937303,421986,{"v":47.0620924471538,"d":"47.062"},{"v":0.016012,"d":"0.016"},{"v":1.76946E-3,"d":"0.002"},{"v":1.39990962656834e-19,"d":"1.400E-19"},{"v":1E-3,"d":"0.001"},{"v":0.0008,"d":"0.001"},0.182]
["FVC","TH_caudal middle frontal","rs117372259","G","A",0.031174,6.13702367797437e-05,421986,{"v":25.8988474156616,"d":"25.899"},{"v":0.0318746,"d":"0.032"},{"v":0.00495553,"d":"0.005"},{"v":1.29998996537545e-10,"d":"1.300E-10"},{"v":0.0037,"d":"0.004"},{"v":0.0026,"d":"0.003"},{"v":0.1552,"d":"0.155"}]
["FVC","TH_caudal middle frontal","rs11867847","G","A",0.505622,4.76927744620758e-05,421986,{"v":20.1265476295014,"d":"20.127"},{"v":0.00976717,"d":"0.010"},{"v":0.00164721,"d":"0.002"},{"v":2.99999133271614e-09,"d":"3.000E-09"},{"v":0,"d":"0.000"},{"v":0.0008,"d":"0.001"},{"v":0.96,"d":"0.960"}]
["FVC","TH_caudal middle frontal","rs11877758","G","T",0.3121,4.9796615660552e-05,421986,{"v":21.0144215099736,"d":"21.014"},{"v":-0.010769,"d":"-0.011"},{"v":1.78155E-3,"d":"0.002"},{"v":1.49999565138204E-9,"d":"1.500E-09"},{"v":-0.0003,"d":"-0.000"},{"v":0.0008,"d":"0.001"},{"v":0.6593,"d":"0.659"}]
["FVC","TH_caudal middle frontal","rs11896404","T","C",0.38932,4.49485042891669E-5,421986,{"v":18.9684022352691,"d":"18.968"},{"v":0.0097226,"d":"0.010"},{"v":0.00168555,"d":"0.002"},{"v":8.00000023961727e-09,"d":"8.000E-09"},{"v":-0.0007,"d":"-0.001"},{"v":0.0008,"d":"0.001"},{"v":0.3959,"d":"0.396"}]
["FVC","TH_caudal middle frontal","rs11909473","G","A",0.28953,4.77971585455201E-5,421986,{"v":20.1706002490508,"d":"20.171"},{"v":0.0107787,"d":"0.011"},{"v":0.00182218,"d":"0.002"},{"v":3.29997006285228E-9,"d":"3.300E-09"},{"v":-0.0008,"d":"-0.001"},{"v":0.0008,"d":"0.001"},{"v":0.2877,"d":"0.288"}]
["FVC","TH_caudal middle frontal","rs11938781","C","T",0.165403,0.000370364352622504,421986,{"v":156.345735864303,"d":"156.346"},{"v":-0.036626,"d":"-0.037"},{"v":0.00221596,"d":"0.002"},{"v":2.2998525866862e-61,"d":"2.300E-61"},{"v":-0.0005,"d":"-0.001"},{"v":1E-3,"d":"0.001"},{"v":0.6209,"d":"0.621"}]
["FVC","TH_caudal middle frontal","rs11967850","T","C",0.203699,4.47463713455221e-05,421986,{"v":18.8830977159713,"d":"18.883"},{"v":-0.0117444,"d":"-0.012"},{"v":2.03397E-3,"d":"0.002"},{"v":7.69998714277137e-09,"d":"7.700E-09"},{"v":1.5E-3,"d":"0.002"},{"v":0.0009,"d":"0.001"},{"v":0.1033,"d":"0.103"}]
["FVC","TH_caudal middle frontal","rs12051245","C","T",0.231666,5.61700238971006e-05,421986,{"v":23.70418282871,"d":"23.704"},{"v":0.0125612,"d":"0.013"},{"v":0.00194877,"d":"0.002"},{"v":1.19999655704811e-10,"d":"1.200E-10"},{"v":0.0006,"d":"0.001"},{"v":0.0009,"d":"0.001"},{"v":0.5094,"d":"0.509"}]
["FVC","TH_caudal middle frontal","rs12052537","A","C",0.20591,6.95372170194517e-05,421986,{"v":29.3456336004286,"d":"29.346"},{"v":-0.0145821,"d":"-0.015"},{"v":0.00203664,"d":"0.002"},{"v":8.10027941680351e-13,"d":"8.100E-13"},{"v":0.0005,"d":"0.001"},{"v":0.0009,"d":"0.001"},{"v":0.5388,"d":"0.539"}]
["FVC","TH_caudal middle frontal","rs12054747","T","C",0.216455,4.283369225594e-05,421986,{"v":18.0759070507704,"d":"18.076"},{"v":0.0112373,"d":"0.011"},{"v":0.0019943,"d":"0.002"},{"v":1.79998961724559E-8,"d":"1.800E-08"},{"v":0.0004,"d":"0.000"},{"v":0.0009,"d":"0.001"},{"v":0.6685,"d":"0.669"}]
["FVC","TH_caudal middle frontal","rs12099669","A","G",0.696156,6.89829587755084e-05,421986,{"v":29.111713088028,"d":"29.112"},{"v":0.0127696,"d":"0.013"},{"v":0.00178372,"d":"0.002"},{"v":8.10027941680351e-13,"d":"8.100E-13"},{"v":-0.0007,"d":"-0.001"},{"v":0.0008,"d":"0.001"},{"v":0.3814,"d":"0.381"}]
["FVC","TH_caudal middle frontal","rs12139563","G","A",0.5652,1.07701353835577E-4,421986,{"v":45.4531434620392,"d":"45.453"},{"v":-0.014803,"d":"-0.015"},{"v":0.00165293,"d":"0.002"},{"v":3.40016505804072e-19,"d":"3.400E-19"},{"v":0.0006,"d":"0.001"},{"v":0.0008,"d":"0.001"},{"v":0.4102,"d":"0.410"}]
["FVC","TH_caudal middle frontal","rs12152266","T","C",0.27447,8.20852836022235e-05,421986,{"v":34.641519874584,"d":"34.642"},{"v":0.0143563,"d":"0.014"},{"v":0.00183934,"d":"0.002"},{"v":5.90065196995665e-15,"d":"5.901E-15"},{"v":0.0005,"d":"0.001"},{"v":0.0008,"d":"0.001"},{"v":0.5868,"d":"0.587"}]
["FVC","TH_caudal middle frontal","rs12323020","C","T",0.113463,4.17835680209609e-05,421986,{"v":17.6327339262945,"d":"17.633"},{"v":-0.0144116,"d":"-0.014"},{"v":0.00260325,"d":"0.003"},{"v":3.09998790941119e-08,"d":"3.100E-08"},{"v":0.0006,"d":"0.001"},{"v":0.0011,"d":"0.001"},{"v":0.5947,"d":"0.595"}]
["FVC","TH_caudal middle frontal","rs12348523","A","G",0.156387,5.79984037310275e-05,421986,{"v":24.4758179584055,"d":"24.476"},{"v":0.0148259,"d":"0.015"},{"v":0.00226513,"d":"0.002"},{"v":5.90065196995665e-11,"d":"5.901E-11"},{"v":-0.0002,"d":"-0.000"},{"v":1E-3,"d":"0.001"},{"v":0.8051,"d":"0.805"}]
["FVC","TH_caudal middle frontal","rs12385976","C","T",0.043977,9.10255374943288e-05,421986,{"v":38.4148171433851,"d":"38.415"},{"v":-0.0329018,"d":"-0.033"},{"v":0.0040288,"d":"0.004"},{"v":3.19963176731835E-16,"d":"3.200E-16"},{"v":0.0008,"d":"0.001"},{"v":1.8E-3,"d":"0.002"},{"v":0.6667,"d":"0.667"}]
["FVC","TH_caudal middle frontal","rs12402966","A","G",0.213339,0.000137055305474563,421986,{"v":57.843073725517,"d":"57.843"},{"v":0.0202071,"d":"0.020"},{"v":0.00199879,"d":"0.002"},{"v":5.0003453497698e-24,"d":"5.000E-24"},{"v":0,"d":"0.000"},{"v":0.0009,"d":"0.001"},{"v":0.9774,"d":"0.977"}]
["FVC","TH_caudal middle frontal","rs12407259","C","G",0.091572,4.21603162442696e-05,421986,{"v":17.7917289949428,"d":"17.792"},{"v":0.0159188,"d":"0.016"},{"v":0.0028656,"d":"0.003"},{"v":2.80001269243454e-08,"d":"2.800E-08"},{"v":1E-4,"d":"0.000"},{"v":1.4E-3,"d":"0.001"},{"v":0.9496,"d":"0.950"}]
["FVC","TH_caudal middle frontal","rs12430764","A","G",0.512974,5.09030563916136e-05,421986,{"v":21.4813688156869,"d":"21.481"},{"v":-0.0100933,"d":"-0.010"},{"v":1.64288E-3,"d":"0.002"},{"v":8.1000929031245e-10,"d":"8.100E-10"},{"v":-0.0007,"d":"-0.001"},{"v":0.0007,"d":"0.001"},{"v":0.3059,"d":"0.306"}]
["FVC","TH_caudal middle frontal","rs12452590","G","T",0.361692,5.67385740328396e-05,421986,{"v":23.9441289804086,"d":"23.944"},{"v":0.0110851,"d":"0.011"},{"v":0.00172892,"d":"0.002"},{"v":1.40000633223953E-10,"d":"1.400E-10"},{"v":-0.0011,"d":"-0.001"},{"v":0.0008,"d":"0.001"},{"v":0.1797,"d":"0.180"}]
["FVC","TH_caudal middle frontal","rs12486605","C","T",0.428162,4.06299989199258e-05,421986,{"v":17.1459061023724,"d":"17.146"},{"v":0.00910894,"d":"0.009"},{"v":0.00165849,"d":"0.002"},{"v":4.00000007987242e-08,"d":"4.000E-08"},{"v":-0.0006,"d":"-0.001"},{"v":0.0008,"d":"0.001"},{"v":0.4397,"d":"0.440"}]
["FVC","TH_caudal middle frontal","rs1250535","G","C",0.675489,6.09889978971453E-5,421986,{"v":25.7379510204696,"d":"25.738"},{"v":-0.0117947,"d":"-0.012"},{"v":1.76235E-3,"d":"0.002"},{"v":2.19988510904925E-11,"d":"2.200E-11"},{"v":-0.0003,"d":"-0.000"},{"v":0.0008,"d":"0.001"},{"v":0.7136,"d":"0.714"}]
["FVC","TH_caudal middle frontal","rs12570809","G","T",0.504251,5.98407562028501e-05,421986,{"v":25.2533528452344,"d":"25.253"},{"v":0.0109403,"d":"0.011"},{"v":0.00164206,"d":"0.002"},{"v":2.70022528688824e-11,"d":"2.700E-11"},{"v":-0.0007,"d":"-0.001"},{"v":0.0008,"d":"0.001"},{"v":0.3666,"d":"0.367"}]
["FVC","TH_caudal middle frontal","rs12571363","A","C",0.10664,1.68684862009559E-4,421986,{"v":71.1943222146604,"d":"71.194"},{"v":-0.0297543,"d":"-0.030"},{"v":0.00266251,"d":"0.003"},{"v":5.40007759066591e-29,"d":"5.400E-29"},{"v":-0.0009,"d":"-0.001"},{"v":0.0012,"d":"0.001"},0.475]
["FVC","TH_caudal middle frontal","rs12614240","T","C",0.433883,1.1997265878628E-4,421986,{"v":50.6326169749496,"d":"50.633"},{"v":-0.0156274,"d":"-0.016"},{"v":1.65606E-3,"d":"0.002"},{"v":3.90031784475066e-21,"d":"3.900E-21"},{"v":-0.0003,"d":"-0.000"},{"v":0.0008,"d":"0.001"},{"v":0.6481,"d":"0.648"}]
["FVC","TH_caudal middle frontal","rs12641030","G","A",0.467529,6.07860664558444e-05,421986,{"v":25.6523067701271,"d":"25.652"},{"v":-0.0110493,"d":"-0.011"},{"v":0.00164454,"d":"0.002"},{"v":1.80011396041801E-11,"d":"1.800E-11"},{"v":-0.0008,"d":"-0.001"},{"v":0.0007,"d":"0.001"},{"v":0.2296,"d":"0.230"}]
["FVC","TH_caudal middle frontal","rs12684650","T","C",0.316579,0.000186838522670851,421986,{"v":78.8576007883691,"d":"78.858"},{"v":-0.0207794,"d":"-0.021"},{"v":1.76534E-3,"d":"0.002"},{"v":5.50047252867635e-32,"d":"5.500E-32"},{"v":0.0013,"d":"0.001"},{"v":0.0008,"d":"0.001"},{"v":0.1344,"d":"0.134"}]
["FVC","TH_caudal middle frontal","rs12713685","C","T",0.374424,5.70120309880289e-05,421986,{"v":24.0595365674967,"d":"24.060"},{"v":-0.0110318,"d":"-0.011"},{"v":1.69411E-3,"d":"0.002"},{"v":7.39945954312723e-11,"d":"7.399E-11"},{"v":0.0004,"d":"0.000"},{"v":0.0008,"d":"0.001"},0.586]
["FVC","TH_caudal middle frontal","rs12985660","C","T",0.475562,5.31507614325355e-05,421986,{"v":22.4299630819638,"d":"22.430"},{"v":-0.0103226,"d":"-0.010"},{"v":1.65161E-3,"d":"0.002"},{"v":4.09996359041765e-10,"d":"4.100E-10"},{"v":0.0003,"d":"0.000"},{"v":0.0008,"d":"0.001"},{"v":0.6762,"d":"0.676"}]
["FVC","TH_caudal middle frontal","rs1299113","A","G",0.5241,{"$f":"2*F2821*(1-F2821)*J2821*J2821","v":5.22273392258403e-05},421986,{"$f":"G2821/(1-G2821)*(H2821-2)","v":{"v":22.0402526196272,"d":"22.040"}},{"v":0.0102322,"d":"0.010"},{"v":1.65011E-3,"d":"0.002"},{"v":5.60002544078e-10,"d":"5.600E-10"},{"v":0.0006,"d":"0.001"},{"v":0.0008,"d":"0.001"},{"v":0.4535,"d":"0.454"}]
["FVC","TH_caudal middle frontal","rs13023718","G","A",0.66664,4.48587468856789e-05,421986,{"v":18.9305226453301,"d":"18.931"},{"v":0.0100463,"d":"0.010"},{"v":0.00174447,"d":"0.002"},{"v":8.50002102591718E-9,"d":"8.500E-09"},{"v":-0.0008,"d":"-0.001"},{"v":0.0008,"d":"0.001"},{"v":0.2731,"d":"0.273"}]
["FVC","TH_caudal middle frontal","rs13108218","G","A",0.614862,0.000104055954635523,421986,{"v":43.9145175279602,"d":"43.915"},{"v":0.0148225,"d":"0.015"},{"v":0.00169865,"d":"0.002"},{"v":2.60015956316527e-18,"d":"2.600E-18"},{"v":-0.0007,"d":"-0.001"},{"v":0.0008,"d":"0.001"},{"v":0.3344,"d":"0.334"}]
["FVC","TH_caudal middle frontal","rs13112742","A","G",0.170661,4.55143743919462e-05,421986,{"v":19.2072119676475,"d":"19.207"},{"v":-0.0126802,"d":"-0.013"},{"v":0.00218292,"d":"0.002"},{"v":6.29999202947421e-09,"d":"6.300E-09"},{"v":1E-4,"d":"0.000"},{"v":1E-3,"d":"0.001"},{"v":0.9428,"d":"0.943"}]
["FVC","TH_caudal middle frontal","rs13156484","A","G",0.472145,0.000100558062438285,421986,{"v":42.4381609191928,"d":"42.438"},{"v":-0.0142036,"d":"-0.014"},{"v":1.66004E-3,"d":"0.002"},{"v":1.20005182020427E-17,"d":"1.200E-17"},{"v":0.0003,"d":"0.000"},{"v":0.0008,"d":"0.001"},{"v":0.7067,"d":"0.707"}]
["FVC","TH_caudal middle frontal","rs13229167","A","G",0.271146,1.66795588032502E-4,421986,{"v":70.3968112978432,"d":"70.397"},{"v":-0.0205426,"d":"-0.021"},{"v":1.85147E-3,"d":"0.002"},{"v":1.29987023738861E-28,"d":"1.300E-28"},{"v":0.0008,"d":"0.001"},{"v":0.0008,"d":"0.001"},{"v":0.3216,"d":"0.322"}]
["FVC","TH_caudal middle frontal","rs13284734","C","T",0.020117,4.96826287641103E-5,421986,{"v":20.9663160780926,"d":"20.966"},{"v":-0.0354992,"d":"-0.035"},{"v":0.00598441,"d":"0.006"},{"v":2.99999133271614e-09,"d":"3.000E-09"},{"v":0.0004,"d":"0.000"},{"v":0.0032,"d":"0.003"},{"v":0.8991,"d":"0.899"}]
["FVC","TH_caudal middle frontal","rs1344555","T","C",0.20277,0.000109686743099046,421986,{"v":46.2911281229861,"d":"46.291"},{"v":-0.0184191,"d":"-0.018"},{"v":0.00203961,"d":"0.002"},{"v":1.69980851320349e-19,"d":"1.700E-19"},{"v":0.0004,"d":"0.000"},{"v":0.0009,"d":"0.001"},{"v":0.7038,"d":"0.704"}]
["FVC","TH_caudal middle frontal","rs13723","G","A",0.491918,5.03605342629092e-05,421986,{"v":21.2524099731201,"d":"21.252"},{"v":-0.0100373,"d":"-0.010"},{"v":0.00164308,"d":"0.002"},{"v":1e-09,"d":"1.000E-09"},{"v":0.0021,"d":"0.002"},{"v":0.0008,"d":"0.001"},{"v":0.005562,"d":"0.006"}]
["FVC","TH_caudal middle frontal","rs141829833","T","C",0.022627,4.79650067809383e-05,421986,{"v":20.241436302077,"d":"20.241"},{"v":0.0329309,"d":"0.033"},{"v":0.00560483,"d":"0.006"},{"v":4.20000686246632E-9,"d":"4.200E-09"},{"v":0.0017,"d":"0.002"},{"v":0.0037,"d":"0.004"},{"v":0.6401,"d":"0.640"}]
["FVC","TH_caudal middle frontal","rs145183935","C","T",0.07345,5.24247710152638e-05,421986,{"v":22.1235743954268,"d":"22.124"},{"v":-0.0196256,"d":"-0.020"},{"v":3.1714E-3,"d":"0.003"},{"v":6.10000231740111e-10,"d":"6.100E-10"},{"v":-1.4E-3,"d":"-0.001"},{"v":0.0017,"d":"0.002"},{"v":0.4302,"d":"0.430"}]
["FVC","TH_caudal middle frontal","rs145583731","A","G",0.066524,4.48162824858249e-05,421986,{"v":18.9126017410005,"d":"18.913"},{"v":0.018996,"d":"0.019"},{"v":0.00329456,"d":"0.003"},{"v":8.1000929031245e-09,"d":"8.100E-09"},{"v":0.0022,"d":"0.002"},{"v":1.5E-3,"d":"0.002"},{"v":0.1488,"d":"0.149"}]
["FVC","TH_caudal middle frontal","rs147110934","T","G",0.024261,9.94763606436121e-05,421986,{"v":41.9816087474862,"d":"41.982"},{"v":-0.0458378,"d":"-0.046"},{"v":0.00533939,"d":"0.005"},{"v":9.09913272632251e-18,"d":"9.099E-18"},{"v":-0.0006,"d":"-0.001"},{"v":0.0026,"d":"0.003"},{"v":0.8274,"d":"0.827"}]
["FVC","TH_caudal middle frontal","rs1474419","C","T",0.577669,4.28613161465634e-05,421986,{"v":18.0875648896285,"d":"18.088"},{"v":-0.00937242,"d":"-0.009"},{"v":1.66461E-3,"d":"0.002"},{"v":1.79998961724559E-8,"d":"1.800E-08"},{"v":-0.0008,"d":"-0.001"},{"v":0.0008,"d":"0.001"},{"v":0.2814,"d":"0.281"}]
["FVC","TH_caudal middle frontal","rs1474647","T","C",0.550866,9.00176543209984E-5,421986,{"v":37.9894295603302,"d":"37.989"},{"v":-0.0134877,"d":"-0.013"},{"v":0.0016468,"d":"0.002"},{"v":2.60015956316527e-16,"d":"2.600E-16"},{"v":-0.0008,"d":"-0.001"},{"v":0.0008,"d":"0.001"},{"v":0.2991,"d":"0.299"}]
["FVC","TH_caudal middle frontal","rs1490384","T","C",0.500495,0.000303387120569992,421986,{"v":128.063363461699,"d":"128.063"},{"v":0.0246328,"d":"0.025"},{"v":0.00163964,"d":"0.002"},{"v":5.19995996533517E-51,"d":"5.200E-51"},{"v":1.4E-3,"d":"0.001"},{"v":0.0007,"d":"0.001"},{"v":0.04593,"d":"0.046"}]
["FVC","TH_caudal middle frontal","rs149542","A","G",0.375642,6.15489183328254e-05,421986,{"v":25.974257441209,"d":"25.974"},{"v":-0.0114549,"d":"-0.011"},{"v":1.69827E-3,"d":"0.002"},{"v":1.50003019045595E-11,"d":"1.500E-11"},{"v":-1.9E-3,"d":"-0.002"},{"v":0.0008,"d":"0.001"},{"v":0.01328,"d":"0.013"}]
["FVC","TH_caudal middle frontal","rs150032562","A","C",0.049667,6.50730387752197e-05,421986,{"v":27.4615682022147,"d":"27.462"},{"v":0.0262551,"d":"0.026"},{"v":3.78634E-3,"d":"0.004"},{"v":4.10015240506613e-12,"d":"4.100E-12"},{"v":-0.0006,"d":"-0.001"},{"v":1.8E-3,"d":"0.002"},{"v":0.7555,"d":"0.756"}]
["FVC","TH_caudal middle frontal","rs1516890","A","G",0.469749,6.5158521254172e-05,421986,{"v":27.4976451388157,"d":"27.498"},{"v":-0.0114366,"d":"-0.011"},{"v":1.65471E-3,"d":"0.002"},{"v":4.79954424931945e-12,"d":"4.800E-12"},{"v":1E-3,"d":"0.001"},{"v":0.0008,"d":"0.001"},{"v":0.1986,"d":"0.199"}]
["FVC","TH_caudal middle frontal","rs1555211","T","C",0.292035,8.56959630224441e-05,421986,{"v":36.1654244909429,"d":"36.165"},{"v":0.014396,"d":"0.014"},{"v":1.80824E-3,"d":"0.002"},{"v":1.69980851320349E-15,"d":"1.700E-15"},{"v":-0.0005,"d":"-0.001"},{"v":0.0008,"d":"0.001"},{"v":0.5147,"d":"0.515"}]
["FVC","TH_caudal middle frontal","rs157595","G","A",0.616263,6.37905011351913e-05,421986,{"v":26.9202880897005,"d":"26.920"},{"v":0.0116135,"d":"0.012"},{"v":1.73044E-3,"d":"0.002"},{"v":1.90020300257723e-11,"d":"1.900E-11"},{"v":-1E-3,"d":"-0.001"},{"v":0.0009,"d":"0.001"},{"v":0.2506,"d":"0.251"}]
["FVC","TH_caudal middle frontal","rs1608592","A","G",0.261845,0.000138157736782648,421986,{"v":58.3084101564715,"d":"58.308"},{"v":-0.018905,"d":"-0.019"},{"v":0.00187413,"d":"0.002"},{"v":6.29941180548557e-24,"d":"6.299E-24"},{"v":0.0004,"d":"0.000"},{"v":0.0009,"d":"0.001"},{"v":0.6283,"d":"0.628"}]
["FVC","TH_caudal middle frontal","rs1637746","A","G",0.226569,4.29577425829801e-05,421986,{"v":18.1282587952111,"d":"18.128"},{"v":-0.0110712,"d":"-0.011"},{"v":0.00196778,"d":"0.002"},{"v":1.79998961724559E-8,"d":"1.800E-08"},{"v":0.0004,"d":"0.000"},{"v":0.0009,"d":"0.001"},{"v":0.6043,"d":"0.604"}]
["FVC","TH_caudal middle frontal","rs1656373","T","C",0.55742,0.000145979381744386,421986,{"v":61.6099572094857,"d":"61.610"},{"v":-0.0172006,"d":"-0.017"},{"v":0.00165265,"d":"0.002"},{"v":2.2998525866862e-25,"d":"2.300E-25"},{"v":1E-4,"d":"0.000"},{"v":0.0007,"d":"0.001"},{"v":0.8542,"d":"0.854"}]
["FVC","TH_caudal middle frontal","rs1668091","C","T",0.31711,6.68938491644157e-05,421986,{"v":28.2300224606612,"d":"28.230"},{"v":0.0124279,"d":"0.012"},{"v":0.00177541,"d":"0.002"},{"v":2.60015956316527E-12,"d":"2.600E-12"},{"v":0.0009,"d":"0.001"},{"v":0.0008,"d":"0.001"},{"v":0.2347,"d":"0.235"}]
["FVC","TH_caudal middle frontal","rs16905189","G","C",0.366604,1.18148804558535E-4,421986,{"v":49.8627963726122,"d":"49.863"},{"v":-0.0159501,"d":"-0.016"},{"v":1.71036E-3,"d":"0.002"},{"v":1.10001852750622E-20,"d":"1.100E-20"},{"v":-0.0009,"d":"-0.001"},{"v":0.0008,"d":"0.001"},{"v":0.2267,"d":"0.227"}]
["FVC","TH_caudal middle frontal","rs17197170","G","A",0.169899,4.42423180283422e-05,421986,{"v":18.6703763516002,"d":"18.670"},{"v":0.012524,"d":"0.013"},{"v":0.00221253,"d":"0.002"},{"v":1.49999565138204e-08,"d":"1.500E-08"},{"v":0.0005,"d":"0.001"},{"v":0.0011,"d":"0.001"},{"v":0.6738,"d":"0.674"}]
["FVC","TH_caudal middle frontal","rs17387279","G","T",0.181103,6.13077565579171e-05,421986,{"v":25.8724785269512,"d":"25.872"},{"v":-0.0143769,"d":"-0.014"},{"v":0.0021417,"d":"0.002"},{"v":1.90020300257723e-11,"d":"1.900E-11"},{"v":0.0003,"d":"0.000"},{"v":0.0009,"d":"0.001"},{"v":0.7512,"d":"0.751"}]
["FVC","TH_caudal middle frontal","rs17400325","C","T",0.041599,9.07861932322965e-05,421986,{"v":38.3137993289267,"d":"38.314"},{"v":0.0337427,"d":"0.034"},{"v":0.0041016,"d":"0.004"},{"v":1.90020300257723E-16,"d":"1.900E-16"},{"v":0.0047,"d":"0.005"},{"v":1.9E-3,"d":"0.002"},{"v":0.01472,"d":"0.015"}]
["FVC","TH_caudal middle frontal","rs1818116","G","A",0.381268,4.48330645452411e-05,421986,{"v":18.9196841364791,"d":"18.920"},{"v":-0.00974805,"d":"-0.010"},{"v":0.00170614,"d":"0.002"},{"v":1.09999319893519E-8,"d":"1.100E-08"},{"v":0,"d":"0.000"},{"v":0.0008,"d":"0.001"},{"v":0.9513,"d":"0.951"}]
["FVC","TH_caudal middle frontal","rs183743021","C","T",0.023696,6.10757370320042e-05,421986,{"v":25.7745580158407,"d":"25.775"},{"v":-0.036332,"d":"-0.036"},{"v":0.00550585,"d":"0.006"},{"v":4.10015240506613e-11,"d":"4.100E-11"},{"v":-1E-3,"d":"-0.001"},{"v":0.0024,"d":"0.002"},{"v":0.6936,"d":"0.694"}]
["FVC","TH_caudal middle frontal","rs1966265","A","G",0.245129,8.66312568253845e-05,421986,{"v":36.5601715338128,"d":"36.560"},{"v":0.0152999,"d":"0.015"},{"v":0.00190502,"d":"0.002"},{"v":9.60063590945348e-16,"d":"9.601E-16"},{"v":1E-4,"d":"0.000"},{"v":0.0009,"d":"0.001"},{"v":0.9184,"d":"0.918"}]
["FVC","TH_caudal middle frontal","rs1983753","A","G",0.851273,6.09227456439144e-05,421986,{"v":25.7099902209963,"d":"25.710"},{"v":0.0155112,"d":"0.016"},{"v":0.00231937,"d":"0.002"},{"v":2.29985258668621e-11,"d":"2.300E-11"},{"v":0.0009,"d":"0.001"},{"v":1E-3,"d":"0.001"},{"v":0.4019,"d":"0.402"}]
["FVC","TH_caudal middle frontal","rs1984246","A","C",0.42304,8.08199330946159e-05,421986,{"v":34.107475210863,"d":"34.107"},{"v":0.0128671,"d":"0.013"},{"v":0.00166162,"d":"0.002"},{"v":9.70063133783958e-15,"d":"9.701E-15"},{"v":0,"d":"0.000"},{"v":0.0008,"d":"0.001"},{"v":0.9548,"d":"0.955"}]
["FVC","TH_caudal middle frontal","rs2005172","C","A",0.64023,0.00022099089188815,421986,{"v":93.2752334995711,"d":"93.275"},{"v":0.0219024,"d":"0.022"},{"v":0.0017318,"d":"0.002"},{"v":1.20005182020427E-36,"d":"1.200E-36"},{"v":0.0011,"d":"0.001"},{"v":0.0008,"d":"0.001"},{"v":0.1379,"d":"0.138"}]
["FVC","TH_caudal middle frontal","rs2007530","T","C",0.173998,1.17320574387251E-4,421986,{"v":49.5132141809572,"d":"49.513"},{"v":0.0202027,"d":"0.020"},{"v":2.17301E-3,"d":"0.002"},{"v":1.39990962656834e-20,"d":"1.400E-20"},{"v":-0.0003,"d":"-0.000"},{"v":1E-3,"d":"0.001"},{"v":0.7598,"d":"0.760"}]
["FVC","TH_caudal middle frontal","rs2039092","T","G",0.142069,4.52252040502154e-05,421986,{"v":19.0851756368886,"d":"19.085"},{"v":-0.0136207,"d":"-0.014"},{"v":2.37872E-3,"d":"0.002"},{"v":1E-8,"d":"1.000E-08"},{"v":0.0006,"d":"0.001"},{"v":1E-3,"d":"0.001"},{"v":0.5513,"d":"0.551"}]
["FVC","TH_caudal middle frontal","rs2058780","T","C",0.609391,4.70090504808346e-05,421986,{"v":19.837999723635,"d":"19.838"},{"v":-0.00993703,"d":"-0.010"},{"v":0.00168463,"d":"0.002"},{"v":3.69998531172859e-09,"d":"3.700E-09"},{"v":0.0004,"d":"0.000"},{"v":0.0008,"d":"0.001"},{"v":0.6271,"d":"0.627"}]
["FVC","TH_caudal middle frontal","rs2118022","C","T",0.360318,6.04606902173754e-05,421986,{"v":25.5149865543869,"d":"25.515"},{"v":-0.0114524,"d":"-0.011"},{"v":0.00171628,"d":"0.002"},{"v":2.49976970217851E-11,"d":"2.500E-11"},{"v":-0.0002,"d":"-0.000"},{"v":0.0008,"d":"0.001"},{"v":0.7755,"d":"0.776"}]
["FVC","TH_caudal middle frontal","rs2131354","A","G",0.526265,0.000264945796094648,421986,{"v":111.832516374284,"d":"111.833"},{"v":0.0230512,"d":"0.023"},{"v":0.00164614,"d":"0.002"},{"v":1.50003019045594e-44,"d":"1.500E-44"},{"v":-0.0004,"d":"-0.000"},{"v":0.0008,"d":"0.001"},{"v":0.5669,"d":"0.567"}]
["FVC","TH_caudal middle frontal","rs2165241","C","T",0.508667,1.93898082531503E-4,421986,{"v":81.8377566430654,"d":"81.838"},{"v":0.0196955,"d":"0.020"},{"v":1.64442E-3,"d":"0.002"},{"v":4.70002318179801e-33,"d":"4.700E-33"},{"v":-0.0009,"d":"-0.001"},{"v":0.0007,"d":"0.001"},{"v":0.2195,"d":"0.220"}]
["FVC","TH_caudal middle frontal","rs2168704","A","G",0.561551,5.59945780683976e-05,421986,{"v":23.6301391912884,"d":"23.630"},{"v":0.0106636,"d":"0.011"},{"v":1.652E-3,"d":"0.002"},{"v":1.09999319893519e-10,"d":"1.100E-10"},{"v":1E-4,"d":"0.000"},{"v":0.0008,"d":"0.001"},{"v":0.8746,"d":"0.875"}]
["FVC","TH_caudal middle frontal","rs2181246","A","T",0.315032,4.79141931100767e-05,421986,{"v":20.2199916899491,"d":"20.220"},{"v":-0.0105367,"d":"-0.011"},{"v":1.76834E-3,"d":"0.002"},{"v":2.49999995007974e-09,"d":"2.500E-09"},{"v":0.0013,"d":"0.001"},{"v":0.0008,"d":"0.001"},{"v":0.1035,"d":"0.104"}]
["FVC","TH_caudal middle frontal","rs2186288","A","G",0.369909,5.7540273769828e-05,421986,{"v":24.2824721065799,"d":"24.282"},{"v":-0.0111102,"d":"-0.011"},{"v":0.00170446,"d":"0.002"},{"v":7.10068096254533e-11,"d":"7.101E-11"},{"v":0.0002,"d":"0.000"},{"v":0.0008,"d":"0.001"},{"v":0.8032,"d":"0.803"}]
["FVC","TH_caudal middle frontal","rs2194411","A","G",0.128337,0.000173013252417145,421986,{"v":73.0214579879395,"d":"73.021"},{"v":0.0278083,"d":"0.028"},{"v":0.00248353,"d":"0.002"},{"v":4.19952334664066e-29,"d":"4.200E-29"},{"v":0.0021,"d":"0.002"},{"v":0.0012,"d":"0.001"},{"v":0.09533,"d":"0.095"}]
["FVC","TH_caudal middle frontal","rs2219320","C","T",0.253726,9.06772759055066e-05,421986,{"v":38.2678296182539,"d":"38.268"},{"v":-0.015474,"d":"-0.015"},{"v":1.88065E-3,"d":"0.002"},{"v":1.90020300257723E-16,"d":"1.900E-16"},{"v":-0.0006,"d":"-0.001"},{"v":0.0009,"d":"0.001"},{"v":0.4794,"d":"0.479"}]
["FVC","TH_caudal middle frontal","rs2273101","T","C",0.245563,0.000164788871325204,421986,{"v":69.5497280984891,"d":"69.550"},{"v":0.021089,"d":"0.021"},{"v":1.90985E-3,"d":"0.002"},{"v":2.39993787680987e-28,"d":"2.400E-28"},{"v":-0.0013,"d":"-0.001"},{"v":0.0009,"d":"0.001"},{"v":0.1237,"d":"0.124"}]
["FVC","TH_caudal middle frontal","rs2286325","C","G",0.081106,6.21764247204467e-05,421986,{"v":26.2390878619042,"d":"26.239"},{"v":0.0204239,"d":"0.020"},{"v":0.00300144,"d":"0.003"},{"v":1e-11,"d":"1.000E-11"},{"v":0.0007,"d":"0.001"},{"v":1.4E-3,"d":"0.001"},{"v":0.5848,"d":"0.585"}]
["FVC","TH_caudal middle frontal","rs2289308","A","G",0.342889,4.17682840802068e-05,421986,{"v":17.6262838089314,"d":"17.626"},{"v":-0.00962747,"d":"-0.010"},{"v":0.00173144,"d":"0.002"},{"v":2.69997659840121e-08,"d":"2.700E-08"},{"v":-0.0008,"d":"-0.001"},{"v":0.0008,"d":"0.001"},{"v":0.3274,"d":"0.327"}]
["FVC","TH_caudal middle frontal","rs2315007","C","T",0.667421,9.54071179462808e-05,421986,{"v":40.2641187429693,"d":"40.264"},{"v":-0.0146598,"d":"-0.015"},{"v":0.00174235,"d":"0.002"},{"v":4.00036851046125e-17,"d":"4.000E-17"},{"v":-0.0004,"d":"-0.000"},{"v":0.0008,"d":"0.001"},{"v":0.6143,"d":"0.614"}]
["FVC","TH_caudal middle frontal","rs2355595","T","C",0.353472,4.21690889460453e-05,421986,{"v":17.7954312469311,"d":"17.795"},{"v":0.0096053,"d":"0.010"},{"v":0.00171679,"d":"0.002"},{"v":2.19998641983516e-08,"d":"2.200E-08"},{"v":0.0004,"d":"0.000"},{"v":0.0008,"d":"0.001"},{"v":0.6435,"d":"0.644"}]
["FVC","TH_caudal middle frontal","rs2420991","G","T",0.157205,4.60860611479893e-05,421986,{"v":19.448476731161,"d":"19.448"},{"v":0.0131879,"d":"0.013"},{"v":0.00231045,"d":"0.002"},{"v":1.09999319893519E-8,"d":"1.100E-08"},{"v":-1E-3,"d":"-0.001"},{"v":1E-3,"d":"0.001"},{"v":0.3178,"d":"0.318"}]
["FVC","TH_caudal middle frontal","rs2433733","A","G",0.677805,4.39675736084697e-05,421986,{"v":18.5544283747918,"d":"18.554"},{"v":0.0100332,"d":"0.010"},{"v":1.75482E-3,"d":"0.002"},{"v":1.09999319893519E-8,"d":"1.100E-08"},{"v":0,"d":"0.000"},{"v":0.0008,"d":"0.001"},{"v":0.9491,"d":"0.949"}]
["FVC","TH_caudal middle frontal","rs246185","C","T",0.32244,6.92890140832418e-05,421986,{"v":29.2408813907452,"d":"29.241"},{"v":0.0125927,"d":"0.013"},{"v":1.774E-3,"d":"0.002"},{"v":1.2998702373886e-12,"d":"1.300E-12"},{"v":1E-4,"d":"0.000"},{"v":0.0008,"d":"0.001"},{"v":0.9112,"d":"0.911"}]
["FVC","TH_caudal middle frontal","rs2468964","G","T",0.60054,4.47507016706468e-05,421986,{"v":18.8849252074402,"d":"18.885"},{"v":0.00965778,"d":"0.010"},{"v":1.67483E-3,"d":"0.002"},{"v":8.1000929031245e-09,"d":"8.100E-09"},{"v":0.0002,"d":"0.000"},{"v":0.0008,"d":"0.001"},{"v":0.8094,"d":"0.809"}]
["FVC","TH_caudal middle frontal","rs2602691","G","A",0.449662,5.86659442039459E-5,421986,{"v":24.7575422235486,"d":"24.758"},{"v":-0.0108873,"d":"-0.011"},{"v":0.00166378,"d":"0.002"},{"v":6.00067353864116e-11,"d":"6.001E-11"},{"v":-0.0011,"d":"-0.001"},{"v":0.0008,"d":"0.001"},{"v":0.1484,"d":"0.148"}]
["FVC","TH_caudal middle frontal","rs2645977","A","G",0.357445,4.52910263624554e-05,421986,{"v":19.112954113843,"d":"19.113"},{"v":0.00992959,"d":"0.010"},{"v":1.71149E-3,"d":"0.002"},{"v":6.59994019159873e-09,"d":"6.600E-09"},{"v":-0.0004,"d":"-0.000"},{"v":0.0008,"d":"0.001"},{"v":0.5873,"d":"0.587"}]
["FVC","TH_caudal middle frontal","rs2648725","A","T",0.213148,9.83993575735976e-05,421986,{"v":41.5270407404678,"d":"41.527"},{"v":0.0171275,"d":"0.017"},{"v":0.00200708,"d":"0.002"},{"v":1.39990962656834e-17,"d":"1.400E-17"},{"v":0.0003,"d":"0.000"},{"v":0.0009,"d":"0.001"},{"v":0.7476,"d":"0.748"}]
["FVC","TH_caudal middle frontal","rs2717329","A","G",0.294673,8.42790883711236e-05,421986,{"v":35.5674244173058,"d":"35.567"},{"v":0.014239,"d":"0.014"},{"v":0.0018328,"d":"0.002"},{"v":7.89950721335818e-15,"d":"7.900E-15"},{"v":-0.0003,"d":"-0.000"},{"v":0.0008,"d":"0.001"},{"v":0.7411,"d":"0.741"}]
["FVC","TH_caudal middle frontal","rs2760402","C","A",0.649252,4.35290850830249e-05,421986,{"v":18.3693770418513,"d":"18.369"},{"v":0.00977621,"d":"0.010"},{"v":0.00172753,"d":"0.002"},{"v":1.49999565138204e-08,"d":"1.500E-08"},{"v":-0.0012,"d":"-0.001"},{"v":0.0008,"d":"0.001"},{"v":0.1147,"d":"0.115"}]
["FVC","TH_caudal middle frontal","rs2780226","T","C",0.910509,2.95968220787926E-4,421986,{"v":124.930829236223,"d":"124.931"},{"v":-0.0426163,"d":"-0.043"},{"v":0.0028699,"d":"0.003"},{"v":7.00003159130901e-50,"d":"7.000E-50"},{"v":-1E-4,"d":"-0.000"},{"v":0.0013,"d":"0.001"},{"v":0.9196,"d":"0.920"}]
["FVC","TH_caudal middle frontal","rs2807339","C","T",0.758119,5.89073008999258e-05,421986,{"v":24.859402863279,"d":"24.859"},{"v":0.0126736,"d":"0.013"},{"v":1.91263E-3,"d":"0.002"},{"v":3.40016505804071e-11,"d":"3.400E-11"},{"v":0.0005,"d":"0.001"},{"v":0.0009,"d":"0.001"},{"v":0.5775,"d":"0.578"}]
["FVC","TH_caudal middle frontal","rs2808096","G","A",0.21446,4.09307454157644e-05,421986,{"v":17.2728266631967,"d":"17.273"},{"v":0.0110218,"d":"0.011"},{"v":0.0020005,"d":"0.002"},{"v":3.59997927043357E-8,"d":"3.600E-08"},{"v":0.0003,"d":"0.000"},{"v":0.0009,"d":"0.001"},{"v":0.7027,"d":"0.703"}]
["FVC","TH_caudal middle frontal","rs2812208","C","G",0.020816,0.000278067813708179,421986,{"v":117.372805899358,"d":"117.373"},{"v":0.0825904,"d":"0.083"},{"v":0.00576265,"d":"0.006"},{"v":1.39990962656833E-46,"d":"1.400E-46"},{"v":-0.0037,"d":"-0.004"},{"v":2.3E-3,"d":"0.002"},{"v":0.1038,"d":"0.104"}]
["FVC","TH_caudal middle frontal","rs2821334","T","G",0.44435,{"$f":"2*F2885*(1-F2885)*J2885*J2885","v":4.64038024780943E-5},421986,{"$f":"G2885/(1-G2885)*(H2885-2)","v":{"v":19.5825708906678,"d":"19.583"}},{"v":0.0096939,"d":"0.010"},{"v":0.00164775,"d":"0.002"},{"v":4.00000007987242e-09,"d":"4.000E-09"},{"v":-0.0003,"d":"-0.000"},{"v":0.0008,"d":"0.001"},{"v":0.7149,"d":"0.715"}]
["FVC","TH_caudal middle frontal","rs28391281","C","T",0.456626,5.81268485273591E-5,421986,{"v":24.5300259020691,"d":"24.530"},{"v":-0.0108229,"d":"-0.011"},{"v":1.64482E-3,"d":"0.002"},{"v":4.70002318179801e-11,"d":"4.700E-11"},{"v":-0.0006,"d":"-0.001"},{"v":0.0008,"d":"0.001"},{"v":0.3973,"d":"0.397"}]
["FVC","TH_caudal middle frontal","rs28409044","A","C",0.333596,7.3529837872933e-05,421986,{"v":31.0306967870756,"d":"31.031"},{"v":0.0128599,"d":"0.013"},{"v":1.74168E-3,"d":"0.002"},{"v":1.50003019045595e-13,"d":"1.500E-13"},{"v":0.0003,"d":"0.000"},{"v":0.0008,"d":"0.001"},{"v":0.6506,"d":"0.651"}]
["FVC","TH_caudal middle frontal","rs28427480","C","A",0.093765,0.000266255308960786,421986,{"v":112.385403506842,"d":"112.385"},{"v":0.0395816,"d":"0.040"},{"v":0.00282649,"d":"0.003"},{"v":1.50003019045594e-44,"d":"1.500E-44"},{"v":0.0022,"d":"0.002"},{"v":0.0012,"d":"0.001"},{"v":0.06641,"d":"0.066"}]
["FVC","TH_caudal middle frontal","rs28444681","A","C",0.255224,4.96915326777121e-05,421986,{"v":20.9700737605772,"d":"20.970"},{"v":0.0114328,"d":"0.011"},{"v":0.00188044,"d":"0.002"},{"v":1.19999655704811E-9,"d":"1.200E-09"},{"v":-0.0005,"d":"-0.001"},{"v":0.0009,"d":"0.001"},{"v":0.5854,"d":"0.585"}]
["FVC","TH_caudal middle frontal","rs28446901","G","C",0.15458,5.1599507535487e-05,421986,{"v":21.7752901821048,"d":"21.775"},{"v":-0.0140506,"d":"-0.014"},{"v":0.00228337,"d":"0.002"},{"v":7.59993713661527e-10,"d":"7.600E-10"},{"v":-0.0013,"d":"-0.001"},{"v":1E-3,"d":"0.001"},{"v":0.2002,"d":"0.200"}]
["FVC","TH_caudal middle frontal","rs2871960","C","A",0.444976,0.000191804005390593,421986,{"v":80.9537486639893,"d":"80.954"},{"v":0.0197056,"d":"0.020"},{"v":0.00165006,"d":"0.002"},{"v":7.10068096254536e-33,"d":"7.101E-33"},{"v":0.0016,"d":"0.002"},{"v":0.0007,"d":"0.001"},{"v":0.02058,"d":"0.021"}]
["FVC","TH_caudal middle frontal","rs2882485","G","A",0.527663,6.68510491529909e-05,421986,{"v":28.2119591248419,"d":"28.212"},{"v":-0.0115807,"d":"-0.012"},{"v":1.64247E-3,"d":"0.002"},{"v":1.80011396041801E-12,"d":"1.800E-12"},{"v":1E-4,"d":"0.000"},{"v":0.0008,"d":"0.001"},{"v":0.8627,"d":"0.863"}]
["FVC","TH_caudal middle frontal","rs2885697","T","G",0.665178,0.000191228657862936,421986,{"v":80.7108681906324,"d":"80.711"},{"v":-0.0207198,"d":"-0.021"},{"v":1.73474E-3,"d":"0.002"},{"v":7.000031591309e-33,"d":"7.000E-33"},{"v":-0.0013,"d":"-0.001"},{"v":0.0008,"d":"0.001"},{"v":0.08778,"d":"0.088"}]
["FVC","TH_caudal middle frontal","rs28929474","T","C",0.019693,9.24754782377338e-05,421986,{"v":39.0267812289301,"d":"39.027"},{"v":0.0489397,"d":"0.049"},{"v":0.00592126,"d":"0.006"},{"v":1.39990962656834e-16,"d":"1.400E-16"},{"v":-0.0009,"d":"-0.001"},{"v":2.8E-3,"d":"0.003"},{"v":0.7581,"d":"0.758"}]
["FVC","TH_caudal middle frontal","rs309137","C","T",0.227462,8.33684369570823e-05,421986,{"v":35.1830796592559,"d":"35.183"},{"v":0.0154018,"d":"0.015"},{"v":1.94955E-3,"d":"0.002"},{"v":2.80027059501064e-15,"d":"2.800E-15"},{"v":-0.0012,"d":"-0.001"},{"v":0.0009,"d":"0.001"},{"v":0.1799,"d":"0.180"}]
["FVC","TH_caudal middle frontal","rs3116605","C","T",0.215238,7.92429456128899e-05,421986,{"v":33.4419051965844,"d":"33.442"},{"v":-0.0153157,"d":"-0.015"},{"v":0.00199894,"d":"0.002"},{"v":1.80011396041801E-14,"d":"1.800E-14"},{"v":-0.0003,"d":"-0.000"},{"v":0.0009,"d":"0.001"},{"v":0.7213,"d":"0.721"}]
["FVC","TH_caudal middle frontal","rs3253","T","C",0.314156,7.73374553775006e-05,421986,{"v":32.6376928861364,"d":"32.638"},{"v":0.0133966,"d":"0.013"},{"v":0.00176807,"d":"0.002"},{"v":3.50025754158434E-14,"d":"3.500E-14"},{"v":0.0006,"d":"0.001"},{"v":0.0008,"d":"0.001"},{"v":0.4728,"d":"0.473"}]
["FVC","TH_caudal middle frontal","rs32799","A","C",0.915153,5.54046146417085e-05,421986,{"v":23.381156328923,"d":"23.381"},{"v":-0.0188883,"d":"-0.019"},{"v":0.00295509,"d":"0.003"},{"v":1.60000006389793E-10,"d":"1.600E-10"},{"v":0.0022,"d":"0.002"},{"v":0.0013,"d":"0.001"},{"v":0.08537,"d":"0.085"}]
["FVC","TH_caudal middle frontal","rs344133","A","G",0.614205,5.9441457606158e-05,421986,{"v":25.0848351256407,"d":"25.085"},{"v":0.0111994,"d":"0.011"},{"v":1.68384E-3,"d":"0.002"},{"v":2.90001336905407e-11,"d":"2.900E-11"},{"v":1E-4,"d":"0.000"},{"v":0.0008,"d":"0.001"},{"v":0.8589,"d":"0.859"}]
["FVC","TH_caudal middle frontal","rs34587839","A","G",0.154712,9.59331764500232e-05,421986,{"v":40.48614949601,"d":"40.486"},{"v":-0.0191516,"d":"-0.019"},{"v":0.00227501,"d":"0.002"},{"v":3.80014352941585e-17,"d":"3.800E-17"},{"v":1E-4,"d":"0.000"},{"v":1E-3,"d":"0.001"},0.944]
["FVC","TH_caudal middle frontal","rs35344256","A","C",0.305163,0.000127924706994647,421986,{"v":53.9890860944489,"d":"53.989"},{"v":-0.0173682,"d":"-0.017"},{"v":1.7847E-3,"d":"0.002"},{"v":2.19988510904926e-22,"d":"2.200E-22"},{"v":0.0003,"d":"0.000"},{"v":0.0009,"d":"0.001"},{"v":0.7431,"d":"0.743"}]
["FVC","TH_caudal middle frontal","rs35344761","A","C",0.122131,7.98184258788518e-05,421986,{"v":33.6847872927592,"d":"33.685"},{"v":-0.0192934,"d":"-0.019"},{"v":2.52637E-3,"d":"0.003"},{"v":2.19988510904925E-14,"d":"2.200E-14"},{"v":-0.0003,"d":"-0.000"},{"v":0.0012,"d":"0.001"},{"v":0.79,"d":"0.790"}]
["FVC","TH_caudal middle frontal","rs35480566","G","A",0.439723,1.10816232234529E-4,421986,{"v":46.7678595812438,"d":"46.768"},{"v":0.0149967,"d":"0.015"},{"v":0.0016583,"d":"0.002"},{"v":1.50003019045595e-19,"d":"1.500E-19"},{"v":-0.0008,"d":"-0.001"},{"v":0.0007,"d":"0.001"},{"v":0.2385,"d":"0.239"}]
["FVC","TH_caudal middle frontal","rs35506","A","T",0.715534,7.52389405219948e-05,421986,{"v":31.7520180654321,"d":"31.752"},{"v":0.0135949,"d":"0.014"},{"v":0.00182407,"d":"0.002"},{"v":9.09913272632251e-14,"d":"9.099E-14"},{"v":0.0006,"d":"0.001"},{"v":0.0008,"d":"0.001"},{"v":0.4583,"d":"0.458"}]
["FVC","TH_caudal middle frontal","rs35654957","C","T",0.369551,4.7229665459788E-5,421986,{"v":19.9311044887804,"d":"19.931"},{"v":-0.0100677,"d":"-0.010"},{"v":0.00171015,"d":"0.002"},{"v":3.89995862874433e-09,"d":"3.900E-09"},{"v":-1E-4,"d":"-0.000"},{"v":0.0008,"d":"0.001"},{"v":0.9308,"d":"0.931"}]
["FVC","TH_caudal middle frontal","rs35668185","C","T",0.207881,4.39810225504036E-5,421986,{"v":18.560104112267,"d":"18.560"},{"v":-0.0115562,"d":"-0.012"},{"v":2.01805E-3,"d":"0.002"},{"v":1E-8,"d":"1.000E-08"},{"v":-0.0007,"d":"-0.001"},{"v":0.0009,"d":"0.001"},{"v":0.4411,"d":"0.441"}]
["FVC","TH_caudal middle frontal","rs35805829","C","T",0.346839,8.02689032154592e-05,421986,{"v":33.8749119565016,"d":"33.875"},{"v":-0.0133102,"d":"-0.013"},{"v":1.72266E-3,"d":"0.002"},{"v":1.10001852750622E-14,"d":"1.100E-14"},{"v":-1.9E-3,"d":"-0.002"},{"v":0.0008,"d":"0.001"},{"v":0.01492,"d":"0.015"}]
["FVC","TH_caudal middle frontal","rs35897671","T","C",0.345283,5.9327572593459e-05,421986,{"v":25.0367717641725,"d":"25.037"},{"v":0.0114551,"d":"0.011"},{"v":0.00172695,"d":"0.002"},{"v":3.29989407910834e-11,"d":"3.300E-11"},{"v":0.0004,"d":"0.000"},{"v":0.0008,"d":"0.001"},{"v":0.5844,"d":"0.584"}]
["FVC","TH_caudal middle frontal","rs36226649","C","T",0.066506,8.70139707337911e-05,421986,{"v":36.7216987269464,"d":"36.722"},{"v":0.0264724,"d":"0.026"},{"v":0.00329988,"d":"0.003"},{"v":1e-15,"d":"1.000E-15"},{"v":0.0009,"d":"0.001"},{"v":1.5E-3,"d":"0.002"},{"v":0.5497,"d":"0.550"}]
["FVC","TH_caudal middle frontal","rs3732987","A","C",0.524508,5.53461247568242e-05,421986,{"v":23.3564717995858,"d":"23.356"},{"v":0.0105337,"d":"0.011"},{"v":0.00164918,"d":"0.002"},{"v":1.70000422215636e-10,"d":"1.700E-10"},{"v":0.0016,"d":"0.002"},{"v":0.0008,"d":"0.001"},{"v":0.03854,"d":"0.039"}]
["FVC","TH_caudal middle frontal","rs3734254","T","C",0.790532,1.42473762916661E-4,421986,{"v":60.13021534867,"d":"60.130"},{"v":0.0207412,"d":"0.021"},{"v":0.00201522,"d":"0.002"},{"v":7.59976214361039e-25,"d":"7.600E-25"},{"v":0.0005,"d":"0.001"},{"v":0.0009,"d":"0.001"},{"v":0.6002,"d":"0.600"}]
["FVC","TH_caudal middle frontal","rs3743347","A","C",0.231535,1.02185615560985E-4,421986,{"v":43.1251015619361,"d":"43.125"},{"v":-0.0169457,"d":"-0.017"},{"v":1.94802E-3,"d":"0.002"},{"v":3.40016505804072e-18,"d":"3.400E-18"},{"v":0,"d":"0.000"},{"v":0.0009,"d":"0.001"},{"v":0.9756,"d":"0.976"}]
["FVC","TH_caudal middle frontal","rs3790076","T","G",0.572955,0.000211865275899546,421986,{"v":89.4227021506569,"d":"89.423"},{"v":-0.0208074,"d":"-0.021"},{"v":1.66216E-3,"d":"0.002"},{"v":5.90065196995663e-36,"d":"5.901E-36"},{"v":0.0011,"d":"0.001"},{"v":0.0007,"d":"0.001"},{"v":0.1146,"d":"0.115"}]
["FVC","TH_caudal middle frontal","rs3790743","G","A",0.599509,4.41696140797053e-05,421986,{"v":18.6396937358892,"d":"18.640"},{"v":-0.00959075,"d":"-0.010"},{"v":1.69268E-3,"d":"0.002"},{"v":1.49999565138204e-08,"d":"1.500E-08"},{"v":0.0005,"d":"0.001"},{"v":0.0008,"d":"0.001"},0.565]
["FVC","TH_caudal middle frontal","rs3791679","G","A",0.227266,0.000612002896837713,421986,{"v":258.413580278878,"d":"258.414"},{"v":-0.0417426,"d":"-0.042"},{"v":0.00195359,"d":"0.002"},{"v":2.6977394324449E-101,"d":"2.698E-101"},{"v":0.0006,"d":"0.001"},{"v":0.0009,"d":"0.001"},{"v":0.4542,"d":"0.454"}]
["FVC","TH_caudal middle frontal","rs3806443","G","C",0.265329,4.61179473668757e-05,421986,{"v":19.461933446086,"d":"19.462"},{"v":0.0108763,"d":"0.011"},{"v":0.00186138,"d":"0.002"},{"v":5.09999793204996e-09,"d":"5.100E-09"},{"v":-0.0007,"d":"-0.001"},{"v":0.0009,"d":"0.001"},{"v":0.4107,"d":"0.411"}]
["FVC","TH_caudal middle frontal","rs3814316","A","G",0.368453,4.16612453966733e-05,421986,{"v":17.5811114284674,"d":"17.581"},{"v":-0.00946144,"d":"-0.009"},{"v":0.00170087,"d":"0.002"},{"v":2.69997659840121e-08,"d":"2.700E-08"},{"v":-0.0006,"d":"-0.001"},{"v":0.0008,"d":"0.001"},{"v":0.4273,"d":"0.427"}]
["FVC","TH_caudal middle frontal","rs3828559","G","A",0.758433,5.04655975131029e-05,421986,{"v":21.2967494541555,"d":"21.297"},{"v":0.0117356,"d":"0.012"},{"v":0.00191612,"d":"0.002"},{"v":9.09997082601283e-10,"d":"9.100E-10"},{"v":-0.0008,"d":"-0.001"},{"v":0.0009,"d":"0.001"},{"v":0.3398,"d":"0.340"}]
["FVC","TH_caudal middle frontal","rs3858603","A","G",0.501593,7.64582018958038e-05,421986,{"v":32.266604915392,"d":"32.267"},{"v":-0.012366,"d":"-0.012"},{"v":1.63937E-3,"d":"0.002"},{"v":4.60044666393479e-14,"d":"4.600E-14"},{"v":0.0003,"d":"0.000"},{"v":0.0008,"d":"0.001"},{"v":0.6693,"d":"0.669"}]
["FVC","TH_caudal middle frontal","rs42038","T","C",0.298973,0.0001100833355849,421986,{"v":46.4585205923715,"d":"46.459"},{"v":0.0162055,"d":"0.016"},{"v":0.001795,"d":"0.002"},{"v":1.69980851320349e-19,"d":"1.700E-19"},{"v":-0.0003,"d":"-0.000"},{"v":0.0008,"d":"0.001"},{"v":0.6547,"d":"0.655"}]
["FVC","TH_caudal middle frontal","rs4244808","G","T",0.459999,6.73887227545813e-05,421986,{"v":28.438879242618,"d":"28.439"},{"v":0.0116467,"d":"0.012"},{"v":1.65946E-3,"d":"0.002"},{"v":2.19988510904925e-12,"d":"2.200E-12"},{"v":-0.0009,"d":"-0.001"},{"v":0.0008,"d":"0.001"},0.224]
["FVC","TH_caudal middle frontal","rs425102","G","T",0.240797,0.000137901421280968,421986,{"v":58.2002192507815,"d":"58.200"},{"v":-0.0194207,"d":"-0.019"},{"v":0.00191587,"d":"0.002"},{"v":3.80014352941585e-24,"d":"3.800E-24"},{"v":-0.0004,"d":"-0.000"},{"v":0.0009,"d":"0.001"},{"v":0.6525,"d":"0.653"}]
["FVC","TH_caudal middle frontal","rs4279453","C","T",0.439777,4.75360731157916e-05,421986,{"v":20.0604158710898,"d":"20.060"},{"v":-0.009822,"d":"-0.010"},{"v":1.65712E-3,"d":"0.002"},{"v":3.09998790941119e-09,"d":"3.100E-09"},{"v":0.0002,"d":"0.000"},{"v":0.0008,"d":"0.001"},0.762]
["FVC","TH_caudal middle frontal","rs4497878","C","T",0.715464,8.76845467196344e-05,421986,{"v":37.0047205050822,"d":"37.005"},{"v":-0.0146752,"d":"-0.015"},{"v":1.81627E-3,"d":"0.002"},{"v":6.49980009683026e-16,"d":"6.500E-16"},{"v":0.0011,"d":"0.001"},{"v":0.0008,"d":"0.001"},{"v":0.2132,"d":"0.213"}]
["FVC","TH_caudal middle frontal","rs4650619","T","C",0.658131,5.51787534628888E-5,421986,{"v":23.2858359846867,"d":"23.286"},{"v":0.0110735,"d":"0.011"},{"v":0.00173535,"d":"0.002"},{"v":1.79998961724559E-10,"d":"1.800E-10"},{"v":1.5E-3,"d":"0.002"},{"v":0.0008,"d":"0.001"},{"v":0.04581,"d":"0.046"}]
["FVC","TH_caudal middle frontal","rs4678778","G","A",0.103138,4.9032397109147e-05,421986,{"v":20.6919016352442,"d":"20.692"},{"v":0.01628,"d":"0.016"},{"v":0.00272878,"d":"0.003"},{"v":2.39999313805789E-9,"d":"2.400E-09"},{"v":0,"d":"0.000"},{"v":0.0013,"d":"0.001"},{"v":0.9805,"d":"0.981"}]
["FVC","TH_caudal middle frontal","rs4693974","G","A",0.574007,6.5108970456126e-05,421986,{"v":27.4767327707401,"d":"27.477"},{"v":0.0115384,"d":"0.012"},{"v":1.66303E-3,"d":"0.002"},{"v":4.00036851046125E-12,"d":"4.000E-12"},{"v":-1E-4,"d":"-0.000"},{"v":0.0008,"d":"0.001"},{"v":0.9002,"d":"0.900"}]
["FVC","TH_caudal middle frontal","rs4713135","A","G",0.237248,9.32171087040042e-05,421986,{"v":39.3397955413479,"d":"39.340"},{"v":-0.0160487,"d":"-0.016"},{"v":0.00192704,"d":"0.002"},{"v":8.19973845457472e-17,"d":"8.200E-17"},{"v":-0.0002,"d":"-0.000"},{"v":0.0009,"d":"0.001"},{"v":0.8383,"d":"0.838"}]
["FVC","TH_caudal middle frontal","rs4728358","T","C",0.687154,4.77707244436522e-05,421986,{"v":20.1594444148942,"d":"20.159"},{"v":-0.0105408,"d":"-0.011"},{"v":1.7764E-3,"d":"0.002"},{"v":2.99999133271614e-09,"d":"3.000E-09"},{"v":-0.0005,"d":"-0.001"},{"v":0.0008,"d":"0.001"},{"v":0.5146,"d":"0.515"}]
["FVC","TH_caudal middle frontal","rs4735766","T","G",0.285258,9.07993719661411e-05,421986,{"v":38.3193615537233,"d":"38.319"},{"v":0.0149222,"d":"0.015"},{"v":1.81989E-3,"d":"0.002"},{"v":2.39993787680988E-16,"d":"2.400E-16"},{"v":0.0005,"d":"0.001"},{"v":0.0008,"d":"0.001"},0.535]
["FVC","TH_caudal middle frontal","rs4759316","A","G",0.57091,5.31891591327017e-05,421986,{"v":22.4461680202567,"d":"22.446"},{"v":0.0104193,"d":"0.010"},{"v":0.00165644,"d":"0.002"},{"v":3.20000015974484E-10,"d":"3.200E-10"},{"v":0.0004,"d":"0.000"},{"v":0.0008,"d":"0.001"},{"v":0.6388,"d":"0.639"}]
["FVC","TH_caudal middle frontal","rs4785677","G","A",0.549173,4.80134751963316E-5,421986,{"v":20.2618911610575,"d":"20.262"},{"v":-0.00984707,"d":"-0.010"},{"v":1.65043E-3,"d":"0.002"},{"v":2.39999313805789E-9,"d":"2.400E-09"},{"v":0.0005,"d":"0.001"},{"v":0.0008,"d":"0.001"},{"v":0.5152,"d":"0.515"}]
["FVC","TH_caudal middle frontal","rs4794006","A","G",0.555023,5.38677822535485e-05,421986,{"v":22.7325667794388,"d":"22.733"},{"v":-0.010443,"d":"-0.010"},{"v":0.00165309,"d":"0.002"},{"v":2.69997659840121E-10,"d":"2.700E-10"},{"v":-0.0006,"d":"-0.001"},{"v":0.0008,"d":"0.001"},{"v":0.4541,"d":"0.454"}]
["FVC","TH_caudal middle frontal","rs4909017","T","C",0.557895,7.95950937485174e-05,421986,{"v":33.5905296817335,"d":"33.591"},{"v":0.0127025,"d":"0.013"},{"v":0.00165126,"d":"0.002"},{"v":1.39990962656834e-14,"d":"1.400E-14"},{"v":1E-4,"d":"0.000"},{"v":0.0008,"d":"0.001"},{"v":0.9346,"d":"0.935"}]
["FVC","TH_caudal middle frontal","rs4918293","A","G",0.335439,5.24388950619221e-05,421986,{"v":22.1295351421812,"d":"22.130"},{"v":-0.0108452,"d":"-0.011"},{"v":0.00174452,"d":"0.002"},{"v":5.09999793204996e-10,"d":"5.100E-10"},{"v":-0.0006,"d":"-0.001"},{"v":0.0008,"d":"0.001"},{"v":0.4495,"d":"0.450"}]
["FVC","TH_caudal middle frontal","rs4924413","A","G",0.283479,4.76110581125863e-05,421986,{"v":20.0920613508822,"d":"20.092"},{"v":0.0108259,"d":"0.011"},{"v":0.00182023,"d":"0.002"},{"v":2.69997659840121e-09,"d":"2.700E-09"},{"v":-0.0003,"d":"-0.000"},{"v":0.0008,"d":"0.001"},0.668]
["FVC","TH_caudal middle frontal","rs4951407","G","T",0.661152,5.97857889278145E-5,421986,{"v":25.230154759622,"d":"25.230"},{"v":0.0115513,"d":"0.012"},{"v":0.00173213,"d":"0.002"},{"v":2.60015956316527E-11,"d":"2.600E-11"},{"v":0.0007,"d":"0.001"},{"v":0.0008,"d":"0.001"},{"v":0.3454,"d":"0.345"}]
["FVC","TH_caudal middle frontal","rs4959021","C","T",0.814313,0.000289077580921587,421986,{"v":122.02138755515,"d":"122.021"},{"v":-0.0309176,"d":"-0.031"},{"v":0.00221491,"d":"0.002"},{"v":2.80027059501065e-44,"d":"2.800E-44"},{"v":-0.0012,"d":"-0.001"},{"v":0.0012,"d":"0.001"},{"v":0.3187,"d":"0.319"}]
["FVC","TH_caudal middle frontal","rs55681913","C","T",0.10621,8.08864045248552e-05,421986,{"v":34.1355296272746,"d":"34.136"},{"v":0.0206406,"d":"0.021"},{"v":2.69286E-3,"d":"0.003"},{"v":1.80011396041801E-14,"d":"1.800E-14"},{"v":0.0002,"d":"0.000"},{"v":0.0013,"d":"0.001"},{"v":0.8935,"d":"0.894"}]
["FVC","TH_caudal middle frontal","rs55707322","A","C",0.163689,4.62683444763271E-5,421986,{"v":19.5254044836391,"d":"19.525"},{"v":0.0129997,"d":"0.013"},{"v":0.00221808,"d":"0.002"},{"v":4.60002296665069e-09,"d":"4.600E-09"},{"v":-0.0002,"d":"-0.000"},{"v":1E-3,"d":"0.001"},{"v":0.8663,"d":"0.866"}]
["FVC","TH_caudal middle frontal","rs55758152","A","G",0.325764,5.16859270150706E-5,421986,{"v":21.811761586645,"d":"21.812"},{"v":0.0108471,"d":"0.011"},{"v":0.00177131,"d":"0.002"},{"v":9.09997082601283e-10,"d":"9.100E-10"},{"v":-0.0004,"d":"-0.000"},{"v":0.0009,"d":"0.001"},{"v":0.6714,"d":"0.671"}]
["FVC","TH_caudal middle frontal","rs55786114","T","C",0.073277,7.23637113431354e-05,421986,{"v":30.5385382493884,"d":"30.539"},{"v":-0.0230827,"d":"-0.023"},{"v":0.00314939,"d":"0.003"},{"v":2.29985258668621e-13,"d":"2.300E-13"},{"v":0,"d":"0.000"},{"v":0.0017,"d":"0.002"},{"v":0.9886,"d":"0.989"}]
["FVC","TH_caudal middle frontal","rs558107","G","A",0.587806,5.78469038151767E-5,421986,{"v":24.4118800112185,"d":"24.412"},{"v":-0.0109259,"d":"-0.011"},{"v":1.67201E-3,"d":"0.002"},{"v":6.40029512108372E-11,"d":"6.400E-11"},{"v":0.0006,"d":"0.001"},{"v":0.0008,"d":"0.001"},{"v":0.4692,"d":"0.469"}]
["FVC","TH_caudal middle frontal","rs55831773","T","C",0.199579,6.58378676692214e-05,421986,{"v":27.7843560132832,"d":"27.784"},{"v":-0.0143551,"d":"-0.014"},{"v":0.00209681,"d":"0.002"},{"v":7.59976214361039E-12,"d":"7.600E-12"},{"v":0,"d":"0.000"},{"v":1E-3,"d":"0.001"},{"v":0.9644,"d":"0.964"}]
["FVC","TH_caudal middle frontal","rs55906059","T","C",0.093726,4.23076242776738e-05,421986,{"v":17.8538958791087,"d":"17.854"},{"v":-0.015781,"d":"-0.016"},{"v":0.0028489,"d":"0.003"},{"v":2.99999133271615e-08,"d":"3.000E-08"},{"v":-0.0035,"d":"-0.004"},{"v":1.5E-3,"d":"0.002"},{"v":0.01563,"d":"0.016"}]
["FVC","TH_caudal middle frontal","rs55962189","T","A",0.299312,5.39173733411806e-05,421986,{"v":22.7534956807262,"d":"22.753"},{"v":0.0113377,"d":"0.011"},{"v":0.00180553,"d":"0.002"},{"v":3.4000084782586e-10,"d":"3.400E-10"},{"v":0.0007,"d":"0.001"},{"v":0.0008,"d":"0.001"},{"v":0.3956,"d":"0.396"}]
["FVC","TH_caudal middle frontal","rs56099233","T","G",0.203137,4.63112857415907e-05,421986,{"v":19.5435266882283,"d":"19.544"},{"v":0.0119603,"d":"0.012"},{"v":0.00205819,"d":"0.002"},{"v":6.19997588072324e-09,"d":"6.200E-09"},{"v":-0.0005,"d":"-0.001"},{"v":0.0009,"d":"0.001"},{"v":0.5871,"d":"0.587"}]
["FVC","TH_caudal middle frontal","rs56107042","G","C",0.024063,4.31515448222523e-05,421986,{"v":18.2100472819448,"d":"18.210"},{"v":-0.0303108,"d":"-0.030"},{"v":0.00545244,"d":"0.005"},{"v":2.69997659840121e-08,"d":"2.700E-08"},{"v":0.0007,"d":"0.001"},{"v":0.0026,"d":"0.003"},{"v":0.7957,"d":"0.796"}]
["FVC","TH_caudal middle frontal","rs56144019","A","G",0.23362,{"$f":"2*F2949*(1-F2949)*J2949*J2949","v":5.74600505527944e-05},421986,{"$f":"G2949/(1-G2949)*(H2949-2)","v":{"v":24.2486152991313,"d":"24.249"}},{"v":-0.0126675,"d":"-0.013"},{"v":0.00194171,"d":"0.002"},{"v":6.89922009844049e-11,"d":"6.899E-11"},{"v":-1.9E-3,"d":"-0.002"},{"v":0.0009,"d":"0.001"},{"v":0.02463,"d":"0.025"}]
["FVC","TH_caudal middle frontal","rs56318219","A","G",0.263367,7.89251775726661e-05,421986,{"v":33.3077909561397,"d":"33.308"},{"v":0.0142622,"d":"0.014"},{"v":0.00189906,"d":"0.002"},{"v":5.90065196995665e-14,"d":"5.901E-14"},{"v":1.5E-3,"d":"0.002"},{"v":0.0009,"d":"0.001"},{"v":0.07852,"d":"0.079"}]
["FVC","TH_caudal middle frontal","rs564443","A","G",0.162319,4.20226237478109e-05,421986,{"v":17.7336200728403,"d":"17.734"},{"v":0.0124309,"d":"0.012"},{"v":0.00222876,"d":"0.002"},{"v":2.39999313805789e-08,"d":"2.400E-08"},{"v":-0.0003,"d":"-0.000"},{"v":1E-3,"d":"0.001"},0.757]
["FVC","TH_caudal middle frontal","rs57072412","A","G",0.383191,5.48617071536508e-05,421986,{"v":23.1520327915692,"d":"23.152"},{"v":0.010773,"d":"0.011"},{"v":1.68954E-3,"d":"0.002"},{"v":1.79998961724559E-10,"d":"1.800E-10"},{"v":0,"d":"0.000"},{"v":0.0008,"d":"0.001"},{"v":0.9714,"d":"0.971"}]
["FVC","TH_caudal middle frontal","rs575837","G","A",0.784728,5.50345504488652e-05,421986,{"v":23.2249779128326,"d":"23.225"},{"v":0.0127629,"d":"0.013"},{"v":0.0020075,"d":"0.002"},{"v":2.00000001996811e-10,"d":"2.000E-10"},{"v":0,"d":"0.000"},{"v":0.0009,"d":"0.001"},{"v":0.9903,"d":"0.990"}]
["FVC","TH_caudal middle frontal","rs582780","G","A",0.422609,7.69184760023856e-05,421986,{"v":32.4608630175037,"d":"32.461"},{"v":0.0125544,"d":"0.013"},{"v":1.6756E-3,"d":"0.002"},{"v":6.79986045003322e-14,"d":"6.800E-14"},{"v":-1E-3,"d":"-0.001"},{"v":0.0008,"d":"0.001"},{"v":0.2096,"d":"0.210"}]
["FVC","TH_caudal middle frontal","rs58746189","C","T",0.114418,5.54327432021165e-05,421986,{"v":23.3930274470851,"d":"23.393"},{"v":-0.0165389,"d":"-0.017"},{"v":0.00257892,"d":"0.003"},{"v":1.40000633223953E-10,"d":"1.400E-10"},{"v":0.0006,"d":"0.001"},{"v":0.0011,"d":"0.001"},{"v":0.6044,"d":"0.604"}]
["FVC","TH_caudal middle frontal","rs59032271","T","C",0.467565,5.25155515367519e-05,421986,{"v":22.1618863433691,"d":"22.162"},{"v":-0.0102701,"d":"-0.010"},{"v":0.00164133,"d":"0.002"},{"v":3.89995862874433e-10,"d":"3.900E-10"},{"v":1E-3,"d":"0.001"},{"v":0.0007,"d":"0.001"},{"v":0.1526,"d":"0.153"}]
["FVC","TH_caudal middle frontal","rs5992929","T","C",0.284928,4.74968475738632E-5,421986,{"v":20.0438617468553,"d":"20.044"},{"v":0.0107963,"d":"0.011"},{"v":0.0018267,"d":"0.002"},{"v":3.4000084782586e-09,"d":"3.400E-09"},{"v":-0.0005,"d":"-0.001"},{"v":0.0008,"d":"0.001"},{"v":0.5882,"d":"0.588"}]
["FVC","TH_caudal middle frontal","rs60839038","C","A",0.47352,7.81566247420721e-05,421986,{"v":32.9834230081733,"d":"32.983"},{"v":0.0125201,"d":"0.013"},{"v":0.00167309,"d":"0.002"},{"v":7.29961575729299e-14,"d":"7.300E-14"},{"v":-0.0006,"d":"-0.001"},{"v":0.0008,"d":"0.001"},{"v":0.4455,"d":"0.446"}]
["FVC","TH_caudal middle frontal","rs6088619","G","A",0.135815,7.20917622439476e-05,421986,{"v":30.4237635014749,"d":"30.424"},{"v":0.0175247,"d":"0.018"},{"v":2.41661E-3,"d":"0.002"},{"v":4.10015240506613e-13,"d":"4.100E-13"},{"v":0.0003,"d":"0.000"},{"v":0.0011,"d":"0.001"},{"v":0.7865,"d":"0.787"}]
["FVC","TH_caudal middle frontal","rs6107411","G","A",0.165223,4.40792134730111e-05,421986,{"v":18.6015427595694,"d":"18.602"},{"v":0.012641,"d":"0.013"},{"v":0.00221407,"d":"0.002"},{"v":1.09999319893519E-8,"d":"1.100E-08"},{"v":0.0017,"d":"0.002"},{"v":1E-3,"d":"0.001"},{"v":0.07998,"d":"0.080"}]
["FVC","TH_caudal middle frontal","rs6140000","G","T",0.497765,4.80103190874975e-05,421986,{"v":20.2605592057309,"d":"20.261"},{"v":-0.00979911,"d":"-0.010"},{"v":1.64577E-3,"d":"0.002"},{"v":2.59997995670925e-09,"d":"2.600E-09"},{"v":-0.0004,"d":"-0.000"},{"v":0.0007,"d":"0.001"},{"v":0.5594,"d":"0.559"}]
["FVC","TH_caudal middle frontal","rs61732778","A","G",0.071158,4.53939497968776e-05,421986,{"v":19.1563900952959,"d":"19.156"},{"v":0.0185311,"d":"0.019"},{"v":0.0031876,"d":"0.003"},{"v":6.10000231740111e-09,"d":"6.100E-09"},{"v":-0.0032,"d":"-0.003"},{"v":1.5E-3,"d":"0.002"},{"v":0.02664,"d":"0.027"}]
["FVC","TH_caudal middle frontal","rs61884008","A","G",0.055359,6.19804364366019e-05,421986,{"v":26.1563736727189,"d":"26.156"},{"v":0.0243436,"d":"0.024"},{"v":3.63066E-3,"d":"0.004"},{"v":1.99986186963274e-11,"d":"2.000E-11"},{"v":1.4E-3,"d":"0.001"},{"v":0.0016,"d":"0.002"},{"v":0.3872,"d":"0.387"}]
["FVC","TH_caudal middle frontal","rs62018872","A","G",0.120637,4.85026045935671e-05,421986,{"v":20.4683158634428,"d":"20.468"},{"v":-0.0151197,"d":"-0.015"},{"v":0.00253721,"d":"0.003"},{"v":2.49999995007974e-09,"d":"2.500E-09"},{"v":1.5E-3,"d":"0.002"},{"v":0.0012,"d":"0.001"},{"v":0.1995,"d":"0.200"}]
["FVC","TH_caudal middle frontal","rs62194733","T","C",0.118104,5.38642068054667e-05,421986,{"v":22.7310578349982,"d":"22.731"},{"v":-0.0160803,"d":"-0.016"},{"v":0.0025514,"d":"0.003"},{"v":2.90001336905407e-10,"d":"2.900E-10"},{"v":-0.0007,"d":"-0.001"},{"v":0.0012,"d":"0.001"},{"v":0.5969,"d":"0.597"}]
["FVC","TH_caudal middle frontal","rs62276616","A","G",0.042615,5.76894212543324e-05,421986,{"v":24.3454172116173,"d":"24.345"},{"v":-0.0265894,"d":"-0.027"},{"v":4.0951E-3,"d":"0.004"},{"v":8.4004006526377e-11,"d":"8.400E-11"},{"v":-1E-3,"d":"-0.001"},{"v":1.9E-3,"d":"0.002"},{"v":0.5776,"d":"0.578"}]
["FVC","TH_caudal middle frontal","rs644570","A","G",0.632228,5.14133799179517e-05,421986,{"v":21.6967392139931,"d":"21.697"},{"v":0.0105147,"d":"0.011"},{"v":0.00170914,"d":"0.002"},{"v":7.59993713661527e-10,"d":"7.600E-10"},{"v":0.0008,"d":"0.001"},{"v":0.0008,"d":"0.001"},{"v":0.3167,"d":"0.317"}]
["FVC","TH_caudal middle frontal","rs6462426","C","T",0.945001,4.55399828280401e-05,421986,{"v":19.2180193019767,"d":"19.218"},{"v":-0.0209309,"d":"-0.021"},{"v":3.60298E-3,"d":"0.004"},{"v":6.29999202947421e-09,"d":"6.300E-09"},{"v":-0.0005,"d":"-0.001"},{"v":0.0016,"d":"0.002"},0.765]
["FVC","TH_caudal middle frontal","rs6487686","C","T",0.772904,1.03141223251922E-4,421986,{"v":43.5284355288256,"d":"43.528"},{"v":-0.0171409,"d":"-0.017"},{"v":0.00196297,"d":"0.002"},{"v":2.49976970217851e-18,"d":"2.500E-18"},{"v":0.0004,"d":"0.000"},{"v":0.0009,"d":"0.001"},{"v":0.6457,"d":"0.646"}]
["FVC","TH_caudal middle frontal","rs6501431","T","C",0.784491,5.66176612404253E-5,421986,{"v":23.8930999323176,"d":"23.893"},{"v":0.01294,"d":"0.013"},{"v":0.00199944,"d":"0.002"},{"v":9.70063133783958e-11,"d":"9.701E-11"},{"v":-1E-4,"d":"-0.000"},{"v":0.0009,"d":"0.001"},{"v":0.8778,"d":"0.878"}]
["FVC","TH_caudal middle frontal","rs661857","C","T",0.482472,0.000109798209617901,421986,{"v":46.3381755361111,"d":"46.338"},{"v":0.0148279,"d":"0.015"},{"v":0.00164183,"d":"0.002"},{"v":1.69980851320349e-19,"d":"1.700E-19"},{"v":0.0005,"d":"0.001"},{"v":0.0008,"d":"0.001"},0.485]
["FVC","TH_caudal middle frontal","rs663378","A","G",0.833573,6.37425819916999e-05,421986,{"v":26.900064398746,"d":"26.900"},{"v":-0.0151571,"d":"-0.015"},{"v":0.00222469,"d":"0.002"},{"v":9.49948365876348e-12,"d":"9.499E-12"},{"v":0.0011,"d":"0.001"},{"v":1E-3,"d":"0.001"},{"v":0.2687,"d":"0.269"}]
["FVC","TH_caudal middle frontal","rs6658835","G","A",0.269388,1.42791581170128E-4,421986,{"v":60.2643678328666,"d":"60.264"},{"v":0.019046,"d":"0.019"},{"v":1.85345E-3,"d":"0.002"},{"v":8.99911910870052e-25,"d":"8.999E-25"},{"v":-0.0012,"d":"-0.001"},{"v":0.0008,"d":"0.001"},{"v":0.1528,"d":"0.153"}]
["FVC","TH_caudal middle frontal","rs6671370","A","G",0.287459,0.000125116546260296,421986,{"v":52.8037872845994,"d":"52.804"},{"v":0.0174763,"d":"0.017"},{"v":0.00181023,"d":"0.002"},{"v":4.70002318179801e-22,"d":"4.700E-22"},{"v":-0.0003,"d":"-0.000"},{"v":0.0008,"d":"0.001"},{"v":0.7137,"d":"0.714"}]
["FVC","TH_caudal middle frontal","rs668844","A","C",0.482052,4.45621047410429e-05,421986,{"v":18.8053332122725,"d":"18.805"},{"v":0.00944665,"d":"0.009"},{"v":1.64055E-3,"d":"0.002"},{"v":8.50002102591718E-9,"d":"8.500E-09"},{"v":0.0007,"d":"0.001"},{"v":0.0008,"d":"0.001"},{"v":0.3315,"d":"0.332"}]
["FVC","TH_caudal middle frontal","rs67232546","T","C",0.21257,4.86244793317992e-05,421986,{"v":20.5197500485121,"d":"20.520"},{"v":-0.0120519,"d":"-0.012"},{"v":0.0020216,"d":"0.002"},{"v":2.49999995007974e-09,"d":"2.500E-09"},{"v":-1E-3,"d":"-0.001"},{"v":0.0009,"d":"0.001"},{"v":0.2954,"d":"0.295"}]
["FVC","TH_caudal middle frontal","rs67551338","T","C",0.06134,7.05189984710282e-05,421986,{"v":29.7599876953251,"d":"29.760"},{"v":0.0247464,"d":"0.025"},{"v":0.00345878,"d":"0.003"},{"v":8.4004006526377e-13,"d":"8.400E-13"},{"v":-0.0003,"d":"-0.000"},{"v":1.5E-3,"d":"0.002"},{"v":0.8429,"d":"0.843"}]
["FVC","TH_caudal middle frontal","rs6762578","A","G",0.77845,0.000132137192897206,421986,{"v":55.7671501222077,"d":"55.767"},{"v":0.0195725,"d":"0.020"},{"v":0.00198462,"d":"0.002"},{"v":6.09958095872238e-23,"d":"6.100E-23"},{"v":-0.0002,"d":"-0.000"},{"v":0.0009,"d":"0.001"},{"v":0.8168,"d":"0.817"}]
["FVC","TH_caudal middle frontal","rs6803045","A","G",0.582831,5.28540720634528e-05,421986,{"v":22.3047516425747,"d":"22.305"},{"v":0.0104255,"d":"0.010"},{"v":0.00167546,"d":"0.002"},{"v":4.90004422793237e-10,"d":"4.900E-10"},{"v":-0.0006,"d":"-0.001"},{"v":0.0007,"d":"0.001"},{"v":0.3957,"d":"0.396"}]
["FVC","TH_caudal middle frontal","rs6849555","C","G",0.201305,5.95225828732291e-05,421986,{"v":25.119072763267,"d":"25.119"},{"v":0.0136053,"d":"0.014"},{"v":2.10903E-3,"d":"0.002"},{"v":1.09999319893519e-10,"d":"1.100E-10"},{"v":0.0002,"d":"0.000"},{"v":0.0012,"d":"0.001"},{"v":0.8868,"d":"0.887"}]
["FVC","TH_caudal middle frontal","rs6886191","G","A",0.559405,6.13211737942761e-05,421986,{"v":25.8781410803905,"d":"25.878"},{"v":0.0111534,"d":"0.011"},{"v":1.65843E-3,"d":"0.002"},{"v":1.80011396041801E-11,"d":"1.800E-11"},{"v":-0.0003,"d":"-0.000"},{"v":0.0007,"d":"0.001"},{"v":0.6761,"d":"0.676"}]
["FVC","TH_caudal middle frontal","rs6902771","T","C",0.463035,9.61364438873099E-5,421986,{"v":40.5719415795277,"d":"40.572"},{"v":0.0139043,"d":"0.014"},{"v":0.00164169,"d":"0.002"},{"v":2.49976970217851E-17,"d":"2.500E-17"},{"v":-0.0004,"d":"-0.000"},{"v":0.0007,"d":"0.001"},{"v":0.5578,"d":"0.558"}]
["FVC","TH_caudal middle frontal","rs6906411","A","G",0.449499,4.49493692192693E-5,421986,{"v":18.9687672547471,"d":"18.969"},{"v":-0.00953023,"d":"-0.010"},{"v":1.65975E-3,"d":"0.002"},{"v":9.40004645744656E-9,"d":"9.400E-09"},{"v":0.0004,"d":"0.000"},{"v":0.0008,"d":"0.001"},{"v":0.6376,"d":"0.638"}]
["FVC","TH_caudal middle frontal","rs6919321","A","G",0.60753,5.65182520321187e-05,421986,{"v":23.8511460906076,"d":"23.851"},{"v":0.0108866,"d":"0.011"},{"v":1.68563E-3,"d":"0.002"},{"v":1.09999319893519e-10,"d":"1.100E-10"},{"v":0.0008,"d":"0.001"},{"v":0.0008,"d":"0.001"},{"v":0.3214,"d":"0.321"}]
["FVC","TH_caudal middle frontal","rs6937121","G","T",0.289184,0.000224015728667804,421986,{"v":94.5522344338483,"d":"94.552"},{"v":-0.0233431,"d":"-0.023"},{"v":1.80879E-3,"d":"0.002"},{"v":4.19952334664063E-38,"d":"4.200E-38"},{"v":0.0005,"d":"0.001"},{"v":0.0008,"d":"0.001"},{"v":0.5597,"d":"0.560"}]
["FVC","TH_caudal middle frontal","rs6965423","C","T",0.50901,5.87283036522269e-05,421986,{"v":24.7838600024372,"d":"24.784"},{"v":-0.0108395,"d":"-0.011"},{"v":1.64539E-3,"d":"0.002"},{"v":4.49987033872151e-11,"d":"4.500E-11"},{"v":-0.0011,"d":"-0.001"},{"v":0.0007,"d":"0.001"},{"v":0.1072,"d":"0.107"}]
["FVC","TH_caudal middle frontal","rs6977081","T","G",0.333825,1.11883348591464E-4,421986,{"v":47.2182659097251,"d":"47.218"},{"v":0.0158604,"d":"0.016"},{"v":0.00175433,"d":"0.002"},{"v":1.5999263828686e-19,"d":"1.600E-19"},{"v":-0.0003,"d":"-0.000"},{"v":0.0008,"d":"0.001"},{"v":0.7339,"d":"0.734"}]
["FVC","TH_caudal middle frontal","rs698748","G","A",0.581469,4.26423821749827e-05,421986,{"v":17.9951703566595,"d":"17.995"},{"v":0.00936006,"d":"0.009"},{"v":0.00167978,"d":"0.002"},{"v":2.49999995007974e-08,"d":"2.500E-08"},{"v":-1E-4,"d":"-0.000"},{"v":0.0009,"d":"0.001"},{"v":0.9534,"d":"0.953"}]
["FVC","TH_caudal middle frontal","rs7012637","A","G",0.4738,5.1217081991076e-05,421986,{"v":21.6138961276123,"d":"21.614"},{"v":-0.0101349,"d":"-0.010"},{"v":1.65698E-3,"d":"0.002"},{"v":9.59997274392481e-10,"d":"9.600E-10"},{"v":0.0009,"d":"0.001"},{"v":0.0008,"d":"0.001"},{"v":0.2209,"d":"0.221"}]
["FVC","TH_caudal middle frontal","rs7027103","C","G",0.203801,8.86508239714635e-05,421986,{"v":37.4125459557999,"d":"37.413"},{"v":-0.0165277,"d":"-0.017"},{"v":2.04156E-3,"d":"0.002"},{"v":5.70033002218961e-16,"d":"5.700E-16"},{"v":0.0012,"d":"0.001"},{"v":0.0009,"d":"0.001"},{"v":0.17,"d":"0.170"}]
["FVC","TH_caudal middle frontal","rs7029491","G","C",0.334337,8.05373568236104e-05,421986,{"v":33.988213302717,"d":"33.988"},{"v":0.0134513,"d":"0.013"},{"v":0.0017552,"d":"0.002"},{"v":1.80011396041801E-14,"d":"1.800E-14"},{"v":-0.0016,"d":"-0.002"},{"v":0.0008,"d":"0.001"},{"v":0.05506,"d":"0.055"}]
["FVC","TH_caudal middle frontal","rs7105777","T","C",0.631869,5.44736156740329e-05,421986,{"v":22.9882464894954,"d":"22.988"},{"v":-0.0108209,"d":"-0.011"},{"v":1.70784E-3,"d":"0.002"},{"v":2.39999313805789e-10,"d":"2.400E-10"},{"v":0.0012,"d":"0.001"},{"v":0.0008,"d":"0.001"},{"v":0.1325,"d":"0.133"}]
["FVC","TH_caudal middle frontal","rs7176647","G","C",0.599761,7.33606114066136E-5,421986,{"v":30.9592754351831,"d":"30.959"},{"v":-0.0123614,"d":"-0.012"},{"v":1.69264E-3,"d":"0.002"},{"v":2.80027059501064E-13,"d":"2.800E-13"},{"v":1E-4,"d":"0.000"},{"v":0.0008,"d":"0.001"},{"v":0.9189,"d":"0.919"}]
["FVC","TH_caudal middle frontal","rs723149","G","A",0.56266,1.00808207678773E-4,421986,{"v":42.5437394672429,"d":"42.544"},{"v":-0.014312,"d":"-0.014"},{"v":1.65522E-3,"d":"0.002"},{"v":5.30029448835795e-18,"d":"5.300E-18"},{"v":-0.0002,"d":"-0.000"},{"v":0.0008,"d":"0.001"},{"v":0.8311,"d":"0.831"}]
["FVC","TH_caudal middle frontal","rs723588","C","T",0.142475,9.20476745432426e-05,421986,{"v":38.8462215988187,"d":"38.846"},{"v":0.0194088,"d":"0.019"},{"v":0.00234291,"d":"0.002"},{"v":1.20005182020427e-16,"d":"1.200E-16"},{"v":-0.0007,"d":"-0.001"},{"v":1E-3,"d":"0.001"},{"v":0.5113,"d":"0.511"}]
["FVC","TH_caudal middle frontal","rs72643433","A","G",0.252489,0.000148056194374593,421986,{"v":62.4865966546683,"d":"62.487"},{"v":-0.0198047,"d":"-0.020"},{"v":1.89404E-3,"d":"0.002"},{"v":1.39990962656834e-25,"d":"1.400E-25"},{"v":-0.0003,"d":"-0.000"},{"v":0.0009,"d":"0.001"},{"v":0.6895,"d":"0.690"}]
["FVC","TH_caudal middle frontal","rs72656010","C","T",0.132118,0.00021908575780461,421986,{"v":92.4709434881494,"d":"92.471"},{"v":-0.0309087,"d":"-0.031"},{"v":0.00243307,"d":"0.002"},{"v":5.60015438761553e-37,"d":"5.600E-37"},{"v":-3.3E-3,"d":"-0.003"},{"v":0.0011,"d":"0.001"},{"v":2.562E-3,"d":"0.003"}]
["FVC","TH_caudal middle frontal","rs72665944","A","G",0.07632,6.84337196213313e-05,421986,{"v":28.8799111004268,"d":"28.880"},{"v":-0.0220313,"d":"-0.022"},{"v":0.00313425,"d":"0.003"},{"v":2.09990670376243E-12,"d":"2.100E-12"},{"v":0.0008,"d":"0.001"},{"v":1.5E-3,"d":"0.002"},{"v":0.6051,"d":"0.605"}]
["FVC","TH_caudal middle frontal","rs72673891","G","A",0.067566,0.000133496624932514,421986,{"v":56.3409611036748,"d":"56.341"},{"v":0.0325497,"d":"0.033"},{"v":0.00328044,"d":"0.003"},{"v":3.29989407910835e-23,"d":"3.300E-23"},{"v":0.0054,"d":"0.005"},{"v":1.5E-3,"d":"0.002"},{"v":0.0004677,"d":"0.000"}]
["FVC","TH_caudal middle frontal","rs72904209","C","T",0.13427,5.22341047259158E-5,421986,{"v":22.0431078506648,"d":"22.043"},{"v":-0.0149893,"d":"-0.015"},{"v":0.00240925,"d":"0.002"},{"v":4.90004422793237e-10,"d":"4.900E-10"},{"v":0.0007,"d":"0.001"},{"v":0.0011,"d":"0.001"},{"v":0.5555,"d":"0.556"}]
["FVC","TH_caudal middle frontal","rs72976986","A","G",0.190197,7.62541928442309e-05,421986,{"v":32.1805032114777,"d":"32.181"},{"v":0.0157335,"d":"0.016"},{"v":2.11371E-3,"d":"0.002"},{"v":9.79941161095592e-14,"d":"9.799E-14"},{"v":0.0004,"d":"0.000"},{"v":0.0011,"d":"0.001"},{"v":0.7121,"d":"0.712"}]
["FVC","TH_caudal middle frontal","rs73125628","T","C",0.27862,4.67726131185683e-05,421986,{"v":19.7382175822406,"d":"19.738"},{"v":-0.0107868,"d":"-0.011"},{"v":0.00183637,"d":"0.002"},{"v":4.30001529151271e-09,"d":"4.300E-09"},{"v":-0.0027,"d":"-0.003"},{"v":0.0008,"d":"0.001"},{"v":0.001448,"d":"0.001"}]
["FVC","TH_caudal middle frontal","rs735830","A","G",0.208865,8.73933030413467e-05,421986,{"v":36.88179881282,"d":"36.882"},{"v":-0.0162617,"d":"-0.016"},{"v":2.02148E-3,"d":"0.002"},{"v":8.69961433065269e-16,"d":"8.700E-16"},{"v":0.0006,"d":"0.001"},{"v":0.0009,"d":"0.001"},{"v":0.5562,"d":"0.556"}]
["FVC","TH_caudal middle frontal","rs7359156","G","A",0.209384,6.226472042639e-05,421986,{"v":26.276351874113,"d":"26.276"},{"v":-0.0137136,"d":"-0.014"},{"v":2.02651E-3,"d":"0.002"},{"v":1.2998702373886e-11,"d":"1.300E-11"},{"v":0.0003,"d":"0.000"},{"v":0.0009,"d":"0.001"},{"v":0.7551,"d":"0.755"}]
["FVC","TH_caudal middle frontal","rs73923824","A","C",0.187487,4.35755617595365E-5,421986,{"v":18.3889911641564,"d":"18.389"},{"v":0.0119593,"d":"0.012"},{"v":0.00213172,"d":"0.002"},{"v":2.0000000199681E-8,"d":"2.000E-08"},{"v":1E-4,"d":"0.000"},{"v":1E-3,"d":"0.001"},{"v":0.9566,"d":"0.957"}]
["FVC","TH_caudal middle frontal","rs74483355","T","C",0.112455,7.62296333510282e-05,421986,{"v":32.1701379178186,"d":"32.170"},{"v":-0.0195417,"d":"-0.020"},{"v":0.00260367,"d":"0.003"},{"v":6.09958095872238E-14,"d":"6.100E-14"},{"v":-0.0007,"d":"-0.001"},{"v":0.0012,"d":"0.001"},{"v":0.5661,"d":"0.566"}]
["FVC","TH_caudal middle frontal","rs74767794","G","A",0.316352,5.88798117763144e-05,421986,{"v":24.8478015264932,"d":"24.848"},{"v":0.0116672,"d":"0.012"},{"v":1.77224E-3,"d":"0.002"},{"v":4.60044666393479e-11,"d":"4.600E-11"},{"v":0.0016,"d":"0.002"},{"v":0.0008,"d":"0.001"},{"v":0.04374,"d":"0.044"}]
["FVC","TH_caudal middle frontal","rs75201573","C","T",0.228688,9.06302057649333e-05,421986,{"v":38.2479631702818,"d":"38.248"},{"v":0.0160282,"d":"0.016"},{"v":0.00196373,"d":"0.002"},{"v":3.29989407910835e-16,"d":"3.300E-16"},{"v":0.0024,"d":"0.002"},{"v":0.0009,"d":"0.001"},{"v":0.009743,"d":"0.010"}]
["FVC","TH_caudal middle frontal","rs7535275","G","A",0.130968,4.20369815446355e-05,421986,{"v":17.7396793427046,"d":"17.740"},{"v":0.0135894,"d":"0.014"},{"v":0.00243438,"d":"0.002"},{"v":2.39999313805789e-08,"d":"2.400E-08"},{"v":-0.0003,"d":"-0.000"},{"v":0.0012,"d":"0.001"},{"v":0.8232,"d":"0.823"}]
["FVC","TH_caudal middle frontal","rs75421844","C","T",0.083714,1.12955137403472E-4,421986,{"v":47.6706453463618,"d":"47.671"},{"v":0.0271346,"d":"0.027"},{"v":0.00297229,"d":"0.003"},{"v":6.9008088854845e-20,"d":"6.901E-20"},{"v":0.0002,"d":"0.000"},{"v":1.4E-3,"d":"0.001"},{"v":0.8818,"d":"0.882"}]
["FVC","TH_caudal middle frontal","rs7562385","T","C",0.895666,8.01368217716201e-05,421986,{"v":33.8191667590144,"d":"33.819"},{"v":0.0207069,"d":"0.021"},{"v":0.00267966,"d":"0.003"},{"v":1.10001852750622E-14,"d":"1.100E-14"},{"v":-0.0004,"d":"-0.000"},{"v":0.0012,"d":"0.001"},{"v":0.7375,"d":"0.738"}]
["FVC","TH_caudal middle frontal","rs76084836","T","C",0.018081,4.09846726246564e-05,421986,{"v":17.2955849467299,"d":"17.296"},{"v":-0.033974,"d":"-0.034"},{"v":0.00617832,"d":"0.006"},{"v":3.79996853036855e-08,"d":"3.800E-08"},{"v":0.0002,"d":"0.000"},{"v":0.0026,"d":"0.003"},{"v":0.9396,"d":"0.940"}]
["FVC","TH_caudal middle frontal","rs76219171","A","G",0.06075,{"$f":"2*F3013*(1-F3013)*J3013*J3013","v":4.25319300147614E-5},421986,{"$f":"G3013/(1-G3013)*(H3013-2)","v":{"v":17.9485573421338,"d":"17.949"}},{"v":-0.0193054,"d":"-0.019"},{"v":0.00348454,"d":"0.003"},{"v":2.99999133271615e-08,"d":"3.000E-08"},{"v":0.0012,"d":"0.001"},{"v":0.0016,"d":"0.002"},0.443]
["FVC","TH_caudal middle frontal","rs7632","C","T",0.512981,5.4113204167767e-05,421986,{"v":22.83614208435,"d":"22.836"},{"v":-0.0104067,"d":"-0.010"},{"v":1.6401E-3,"d":"0.002"},{"v":2.19998641983517E-10,"d":"2.200E-10"},{"v":-0.0012,"d":"-0.001"},{"v":0.0007,"d":"0.001"},{"v":0.09664,"d":"0.097"}]
["FVC","TH_caudal middle frontal","rs7638143","A","G",0.582086,9.48743100324213e-05,421986,{"v":40.0392395399469,"d":"40.039"},{"v":-0.0139644,"d":"-0.014"},{"v":0.00166448,"d":"0.002"},{"v":4.90004422793237e-17,"d":"4.900E-17"},{"v":-0.0008,"d":"-0.001"},{"v":0.0008,"d":"0.001"},{"v":0.2934,"d":"0.293"}]
["FVC","TH_caudal middle frontal","rs76563195","G","C",0.242852,7.42387384341555e-05,421986,{"v":31.3298856905876,"d":"31.330"},{"v":-0.0142082,"d":"-0.014"},{"v":0.00192116,"d":"0.002"},{"v":1.39990962656834E-13,"d":"1.400E-13"},{"v":-0.0007,"d":"-0.001"},{"v":0.0009,"d":"0.001"},{"v":0.4103,"d":"0.410"}]
["FVC","TH_caudal middle frontal","rs76660472","C","G",0.078285,4.38444807224659e-05,421986,{"v":18.5024805848424,"d":"18.502"},{"v":-0.0174303,"d":"-0.017"},{"v":3.06179E-3,"d":"0.003"},{"v":1.19999655704812E-8,"d":"1.200E-08"},{"v":0.0002,"d":"0.000"},{"v":0.0017,"d":"0.002"},{"v":0.9007,"d":"0.901"}]
["FVC","TH_caudal middle frontal","rs76785101","T","C",0.059317,5.46511867782918e-05,421986,{"v":23.0631868319819,"d":"23.063"},{"v":-0.0221296,"d":"-0.022"},{"v":0.00349654,"d":"0.003"},{"v":2.49999995007974e-10,"d":"2.500E-10"},{"v":1.9E-3,"d":"0.002"},{"v":0.0017,"d":"0.002"},{"v":0.2659,"d":"0.266"}]
["FVC","TH_caudal middle frontal","rs77328429","A","G",0.114012,7.18203724361584e-05,421986,{"v":30.3092248619177,"d":"30.309"},{"v":0.0188547,"d":"0.019"},{"v":2.57478E-3,"d":"0.003"},{"v":2.39993787680988E-13,"d":"2.400E-13"},{"v":-1E-3,"d":"-0.001"},{"v":0.0012,"d":"0.001"},{"v":0.3961,"d":"0.396"}]
["FVC","TH_caudal middle frontal","rs7815955","T","A",0.203201,0.000185082637412545,421986,{"v":78.1163696496151,"d":"78.116"},{"v":-0.0239073,"d":"-0.024"},{"v":0.00204165,"d":"0.002"},{"v":1.10001852750622E-31,"d":"1.100E-31"},{"v":1E-4,"d":"0.000"},{"v":0.0009,"d":"0.001"},{"v":0.8759,"d":"0.876"}]
["FVC","TH_caudal middle frontal","rs78378222","G","T",0.01219,8.67015760390024e-05,421986,{"v":36.5898502609271,"d":"36.590"},{"v":0.0600012,"d":"0.060"},{"v":0.00764883,"d":"0.008"},{"v":4.30031233630544e-15,"d":"4.300E-15"},{"v":0.0047,"d":"0.005"},{"v":3.3E-3,"d":"0.003"},{"v":0.1513,"d":"0.151"}]
["FVC","TH_caudal middle frontal","rs784808","C","T",0.556276,4.96315619241602e-05,421986,{"v":20.9447645483835,"d":"20.945"},{"v":0.0100268,"d":"0.010"},{"v":0.00165571,"d":"0.002"},{"v":1.40000633223953e-09,"d":"1.400E-09"},{"v":0.0007,"d":"0.001"},{"v":0.0007,"d":"0.001"},{"v":0.2897,"d":"0.290"}]
["FVC","TH_caudal middle frontal","rs7852321","C","T",0.282452,4.30265125876653e-05,421986,{"v":18.1572811322785,"d":"18.157"},{"v":0.0103028,"d":"0.010"},{"v":0.00182407,"d":"0.002"},{"v":1.60000006389793e-08,"d":"1.600E-08"},{"v":-0.0005,"d":"-0.001"},{"v":0.0008,"d":"0.001"},{"v":0.5418,"d":"0.542"}]
["FVC","TH_caudal middle frontal","rs7854962","G","C",0.212959,0.000107130376641358,421986,{"v":45.2121484511193,"d":"45.212"},{"v":-0.017877,"d":"-0.018"},{"v":0.00202336,"d":"0.002"},{"v":1e-18,"d":"1.000E-18"},{"v":0.0011,"d":"0.001"},{"v":0.0009,"d":"0.001"},{"v":0.2302,"d":"0.230"}]
["FVC","TH_caudal middle frontal","rs78579285","T","C",0.181123,6.4453529126848e-05,421986,{"v":27.2001111782219,"d":"27.200"},{"v":-0.0147405,"d":"-0.015"},{"v":2.13123E-3,"d":"0.002"},{"v":4.60044666393479e-12,"d":"4.600E-12"},{"v":0.0006,"d":"0.001"},{"v":1E-3,"d":"0.001"},{"v":0.5387,"d":"0.539"}]
["FVC","TH_caudal middle frontal","rs7907533","A","C",0.548538,4.83691782861995e-05,421986,{"v":20.412006641912,"d":"20.412"},{"v":0.00988224,"d":"0.010"},{"v":1.6501E-3,"d":"0.002"},{"v":2.10000341026661e-09,"d":"2.100E-09"},{"v":0.0012,"d":"0.001"},{"v":0.0007,"d":"0.001"},{"v":0.08002,"d":"0.080"}]
["FVC","TH_caudal middle frontal","rs7916879","A","G",0.369335,5.50397326342143e-05,421986,{"v":23.2271649528651,"d":"23.227"},{"v":-0.0108696,"d":"-0.011"},{"v":0.00170511,"d":"0.002"},{"v":1.79998961724559E-10,"d":"1.800E-10"},{"v":-0.0003,"d":"-0.000"},{"v":0.0008,"d":"0.001"},{"v":0.7345,"d":"0.735"}]
["FVC","TH_caudal middle frontal","rs7956181","C","T",0.096091,5.09982113445097e-05,421986,{"v":21.5215267753725,"d":"21.522"},{"v":0.017134,"d":"0.017"},{"v":0.00278289,"d":"0.003"},{"v":7.39997069733888e-10,"d":"7.400E-10"},{"v":-0.0012,"d":"-0.001"},{"v":0.0012,"d":"0.001"},{"v":0.3264,"d":"0.326"}]
["FVC","TH_caudal middle frontal","rs7968682","T","G",0.517742,3.03039861974058E-4,421986,{"v":127.916736985581,"d":"127.917"},{"v":-0.0246342,"d":"-0.025"},{"v":0.00164702,"d":"0.002"},{"v":1.39990962656833e-50,"d":"1.400E-50"},{"v":-0.0004,"d":"-0.000"},{"v":0.0007,"d":"0.001"},{"v":0.5364,"d":"0.536"}]
["FVC","TH_caudal middle frontal","rs7980065","G","T",0.43574,5.54419493567618e-05,421986,{"v":23.3969127278143,"d":"23.397"},{"v":-0.0106182,"d":"-0.011"},{"v":0.00165768,"d":"0.002"},{"v":1.49999565138204e-10,"d":"1.500E-10"},{"v":-0.0003,"d":"-0.000"},{"v":0.0008,"d":"0.001"},{"v":0.7347,"d":"0.735"}]
["FVC","TH_caudal middle frontal","rs798551","T","A",0.288946,1.15599305409715E-4,421986,{"v":48.7866970023,"d":"48.787"},{"v":-0.0167727,"d":"-0.017"},{"v":1.82292E-3,"d":"0.002"},{"v":3.50025754158434e-20,"d":"3.500E-20"},{"v":0.0004,"d":"0.000"},{"v":0.0008,"d":"0.001"},{"v":0.6692,"d":"0.669"}]
["FVC","TH_caudal middle frontal","rs8001781","G","A",0.661562,6.29580521693592e-05,421986,{"v":26.5689634168198,"d":"26.569"},{"v":-0.0118573,"d":"-0.012"},{"v":0.00173947,"d":"0.002"},{"v":9.30036514753962e-12,"d":"9.300E-12"},{"v":-2.3E-3,"d":"-0.002"},{"v":0.0008,"d":"0.001"},{"v":0.002551,"d":"0.003"}]
["FVC","TH_caudal middle frontal","rs8033776","G","A",0.4683,5.94227014072185e-05,421986,{"v":25.0769193689156,"d":"25.077"},{"v":0.0109236,"d":"0.011"},{"v":0.00164896,"d":"0.002"},{"v":3.50025754158434E-11,"d":"3.500E-11"},{"v":-0.0005,"d":"-0.001"},{"v":0.0008,"d":"0.001"},{"v":0.5043,"d":"0.504"}]
["FVC","TH_caudal middle frontal","rs803765","A","C",0.346274,8.21205506694664e-05,421986,{"v":34.6564044567223,"d":"34.656"},{"v":-0.013468,"d":"-0.013"},{"v":0.00172756,"d":"0.002"},{"v":6.40029512108372e-15,"d":"6.400E-15"},{"v":-1.8E-3,"d":"-0.002"},{"v":0.0008,"d":"0.001"},{"v":0.01765,"d":"0.018"}]
["FVC","TH_caudal middle frontal","rs8064926","G","A",0.208126,4.77122952933865e-05,421986,{"v":20.1347858939346,"d":"20.135"},{"v":-0.0120312,"d":"-0.012"},{"v":2.02461E-3,"d":"0.002"},{"v":2.80001269243454e-09,"d":"2.800E-09"},{"v":-0.0009,"d":"-0.001"},{"v":0.0012,"d":"0.001"},{"v":0.4368,"d":"0.437"}]
["FVC","TH_caudal middle frontal","rs8107719","C","T",0.664833,7.58586602607119e-05,421986,{"v":32.0135693979409,"d":"32.014"},{"v":-0.0130467,"d":"-0.013"},{"v":1.74248E-3,"d":"0.002"},{"v":7.00003159130898e-14,"d":"7.000E-14"},{"v":0,"d":"0.000"},{"v":0.0008,"d":"0.001"},{"v":0.9525,"d":"0.953"}]
["FVC","TH_caudal middle frontal","rs848606","T","G",0.32697,8.21126628425655e-05,421986,{"v":34.6530753732518,"d":"34.653"},{"v":-0.013659,"d":"-0.014"},{"v":1.75059E-3,"d":"0.002"},{"v":6.09958095872238E-15,"d":"6.100E-15"},{"v":0.0006,"d":"0.001"},{"v":0.0008,"d":"0.001"},{"v":0.4783,"d":"0.478"}]
["FVC","TH_caudal middle frontal","rs876531","T","C",0.455993,0.00016778615350299,421986,{"v":70.8149539685426,"d":"70.815"},{"v":-0.01839,"d":"-0.018"},{"v":1.65098E-3,"d":"0.002"},{"v":8.10027941680351e-29,"d":"8.100E-29"},{"v":1E-4,"d":"0.000"},{"v":0.0008,"d":"0.001"},{"v":0.8858,"d":"0.886"}]
["FVC","TH_caudal middle frontal","rs879098","G","A",0.39884,4.84147877011915e-05,421986,{"v":20.4312549481704,"d":"20.431"},{"v":-0.010048,"d":"-0.010"},{"v":0.00167973,"d":"0.002"},{"v":2.19998641983517e-09,"d":"2.200E-09"},{"v":0.0004,"d":"0.000"},{"v":0.0008,"d":"0.001"},{"v":0.6381,"d":"0.638"}]
["FVC","TH_caudal middle frontal","rs880610","A","G",0.166836,6.48118450622442e-05,421986,{"v":27.3513343171881,"d":"27.351"},{"v":-0.0152687,"d":"-0.015"},{"v":0.00220268,"d":"0.002"},{"v":4.19952334664066e-12,"d":"4.200E-12"},{"v":-1E-4,"d":"-0.000"},{"v":1E-3,"d":"0.001"},{"v":0.9064,"d":"0.906"}]
["FVC","TH_caudal middle frontal","rs889312","A","C",0.715882,4.72154158687289E-5,421986,{"v":19.9250908213991,"d":"19.925"},{"v":0.0107735,"d":"0.011"},{"v":1.82098E-3,"d":"0.002"},{"v":3.29997006285228E-9,"d":"3.300E-09"},{"v":0.0002,"d":"0.000"},{"v":0.0008,"d":"0.001"},{"v":0.8442,"d":"0.844"}]
["FVC","TH_caudal middle frontal","rs9379084","A","G",0.115664,0.000129470287613295,421986,{"v":54.6414642943066,"d":"54.641"},{"v":-0.0251572,"d":"-0.025"},{"v":0.00264155,"d":"0.003"},{"v":1.69980851320349e-21,"d":"1.700E-21"},{"v":-0.0003,"d":"-0.000"},{"v":0.0013,"d":"0.001"},{"v":0.8237,"d":"0.824"}]
["FVC","TH_caudal middle frontal","rs9391253","T","A",0.32,6.0449439875072e-05,421986,{"v":25.5102385158717,"d":"25.510"},{"v":0.0117856,"d":"0.012"},{"v":1.75829E-3,"d":"0.002"},{"v":1.99986186963274e-11,"d":"2.000E-11"},{"v":0.0003,"d":"0.000"},{"v":0.0008,"d":"0.001"},{"v":0.7379,"d":"0.738"}]
["FVC","TH_caudal middle frontal","rs9398932","A","G",0.14842,1.1392182933213E-4,421986,{"v":48.0786664385222,"d":"48.079"},{"v":-0.021229,"d":"-0.021"},{"v":0.00234405,"d":"0.002"},{"v":1.29987023738861e-19,"d":"1.300E-19"},{"v":-0.0007,"d":"-0.001"},{"v":0.0011,"d":"0.001"},{"v":0.5462,"d":"0.546"}]
["FVC","TH_caudal middle frontal","rs9435731","A","C",0.519025,0.000279641425275139,421986,{"v":118.037215298426,"d":"118.037"},{"v":0.0236663,"d":"0.024"},{"v":0.0016398,"d":"0.002"},{"v":3.19963176731834e-47,"d":"3.200E-47"},{"v":-0.0013,"d":"-0.001"},{"v":0.0008,"d":"0.001"},{"v":0.08568,"d":"0.086"}]
["FVC","TH_caudal middle frontal","rs9442580","T","C",0.12853,4.44591308513243e-05,421986,{"v":18.7618760098657,"d":"18.762"},{"v":0.0140876,"d":"0.014"},{"v":2.44925E-3,"d":"0.002"},{"v":8.79994585505891e-09,"d":"8.800E-09"},{"v":0.0006,"d":"0.001"},{"v":0.0011,"d":"0.001"},{"v":0.6027,"d":"0.603"}]
["FVC","TH_caudal middle frontal","rs9480936","T","G",0.408304,1.03662454297679E-4,421986,{"v":43.7484321842036,"d":"43.748"},{"v":-0.0146472,"d":"-0.015"},{"v":0.00167142,"d":"0.002"},{"v":1.90020300257723e-18,"d":"1.900E-18"},{"v":-0.0006,"d":"-0.001"},{"v":0.0008,"d":"0.001"},{"v":0.4461,"d":"0.446"}]
["FVC","TH_caudal middle frontal","rs9483032","A","G",0.719323,7.07554001577734e-05,421986,{"v":29.8597595194113,"d":"29.860"},{"v":0.0132373,"d":"0.013"},{"v":0.00182813,"d":"0.002"},{"v":4.49987033872151e-13,"d":"4.500E-13"},{"v":-1E-3,"d":"-0.001"},{"v":0.0008,"d":"0.001"},{"v":0.2205,"d":"0.221"}]
["FVC","TH_caudal middle frontal","rs9494331","A","G",0.32104,8.94187389476238e-05,421986,{"v":37.7366514998633,"d":"37.737"},{"v":-0.0143218,"d":"-0.014"},{"v":0.00175835,"d":"0.002"},{"v":3.80014352941586e-16,"d":"3.800E-16"},{"v":0.0007,"d":"0.001"},{"v":0.0008,"d":"0.001"},{"v":0.3365,"d":"0.337"}]
["FVC","TH_caudal middle frontal","rs9701805","C","G",0.089685,5.95486339721067e-05,421986,{"v":25.13006721926,"d":"25.130"},{"v":0.019097,"d":"0.019"},{"v":0.00286501,"d":"0.003"},{"v":2.60015956316527E-11,"d":"2.600E-11"},{"v":0.0024,"d":"0.002"},{"v":0.0012,"d":"0.001"},{"v":0.05374,"d":"0.054"}]
["FVC","TH_caudal middle frontal","rs9745989","C","T",0.62791,5.40942994332712e-05,421986,{"v":22.8281637255736,"d":"22.828"},{"v":0.0107594,"d":"0.011"},{"v":0.00174129,"d":"0.002"},{"v":6.49994976198144e-10,"d":"6.500E-10"},{"v":2E-3,"d":"0.002"},{"v":0.0008,"d":"0.001"},{"v":0.01507,"d":"0.015"}]
["FVC","TH_caudal middle frontal","rs9821691","T","G",0.428996,7.88619757754557e-05,421986,{"v":33.281116600241,"d":"33.281"},{"v":-0.0126874,"d":"-0.013"},{"v":0.00167142,"d":"0.002"},{"v":3.19963176731835E-14,"d":"3.200E-14"},{"v":-0.0006,"d":"-0.001"},{"v":0.0008,"d":"0.001"},{"v":0.4687,"d":"0.469"}]
["FVC","TH_caudal middle frontal","rs985296","A","G",0.385446,5.76959713698934e-05,421986,{"v":24.3481815745401,"d":"24.348"},{"v":-0.0110356,"d":"-0.011"},{"v":0.00168371,"d":"0.002"},{"v":5.60015438761557e-11,"d":"5.600E-11"},{"v":0,"d":"0.000"},{"v":0.0008,"d":"0.001"},{"v":0.9658,"d":"0.966"}]
["FVC","TH_caudal middle frontal","rs9886260","A","G",0.722783,8.92230221998129e-05,421986,{"v":37.6540474078736,"d":"37.654"},{"v":-0.0149214,"d":"-0.015"},{"v":0.00183802,"d":"0.002"},{"v":4.70002318179801e-16,"d":"4.700E-16"},{"v":-1E-4,"d":"-0.000"},{"v":0.0008,"d":"0.001"},{"v":0.8688,"d":"0.869"}]
["FVC","TH_caudal middle frontal","rs9988963","G","C",0.737251,7.08865325024603e-05,421986,{"v":29.9151031094471,"d":"29.915"},{"v":0.0135266,"d":"0.014"},{"v":1.86634E-3,"d":"0.002"},{"v":4.19952334664066e-13,"d":"4.200E-13"},{"v":1.9E-3,"d":"0.002"},{"v":0.0008,"d":"0.001"},{"v":0.02803,"d":"0.028"}]
["FVC","TH_parsopercularis","rs10141786","G","A",0.596493,8.86185198408396e-05,421986,{"v":37.3989117127165,"d":"37.399"},{"v":-0.0135681,"d":"-0.014"},{"v":0.00168175,"d":"0.002"},{"v":7.1994612744084e-16,"d":"7.199E-16"},{"v":-1.4E-3,"d":"-0.001"},{"v":0.0008,"d":"0.001"},{"v":0.0804,"d":"0.080"}]
["FVC","TH_parsopercularis","rs10202701","T","C",0.541923,6.667921776679e-05,421986,{"v":28.1394393459051,"d":"28.139"},{"v":0.0115889,"d":"0.012"},{"v":1.65011E-3,"d":"0.002"},{"v":2.19988510904925e-12,"d":"2.200E-12"},{"v":0.0006,"d":"0.001"},{"v":0.0007,"d":"0.001"},{"v":0.4137,"d":"0.414"}]
["FVC","TH_parsopercularis","rs10283100","G","A",0.944478,9.24083692946343e-05,421986,{"v":38.9984570922519,"d":"38.998"},{"v":0.0296833,"d":"0.030"},{"v":3.58764E-3,"d":"0.004"},{"v":1.2998702373886e-16,"d":"1.300E-16"},{"v":0.0002,"d":"0.000"},{"v":1.9E-3,"d":"0.002"},{"v":0.9241,"d":"0.924"}]
["FVC","TH_parsopercularis","rs1044299","T","C",0.545769,4.25547800829423E-5,421986,{"v":17.9582005257944,"d":"17.958"},{"v":0.00926438,"d":"0.009"},{"v":0.00165027,"d":"0.002"},{"v":2.0000000199681E-8,"d":"2.000E-08"},{"v":-0.0011,"d":"-0.001"},{"v":0.0007,"d":"0.001"},{"v":0.1396,"d":"0.140"}]
["FVC","TH_parsopercularis","rs1054661","C","T",0.342598,4.654458375562e-05,421986,{"v":19.6419838594944,"d":"19.642"},{"v":0.0101651,"d":"0.010"},{"v":0.00172786,"d":"0.002"},{"v":4.00000007987242e-09,"d":"4.000E-09"},{"v":-1E-4,"d":"-0.000"},{"v":0.0008,"d":"0.001"},0.848]
["FVC","TH_parsopercularis","rs10761495","C","A",0.597215,6.67352001399011e-05,421986,{"v":28.163066163693,"d":"28.163"},{"v":0.0117777,"d":"0.012"},{"v":0.00167988,"d":"0.002"},{"v":2.39993787680988E-12,"d":"2.400E-12"},{"v":-0.0009,"d":"-0.001"},{"v":0.0007,"d":"0.001"},{"v":0.2028,"d":"0.203"}]
["FVC","TH_parsopercularis","rs10769125","A","G",0.759887,4.32262746894772e-05,421986,{"v":18.2415848143203,"d":"18.242"},{"v":-0.0108837,"d":"-0.011"},{"v":0.00191996,"d":"0.002"},{"v":1.40000633223953E-8,"d":"1.400E-08"},{"v":1E-4,"d":"0.000"},{"v":0.0008,"d":"0.001"},{"v":0.8801,"d":"0.880"}]
["FVC","TH_parsopercularis","rs10789246","C","T",0.301089,6.41161014124232e-05,421986,{"v":27.0577037728991,"d":"27.058"},{"v":-0.0123427,"d":"-0.012"},{"v":1.78506E-3,"d":"0.002"},{"v":4.70002318179801e-12,"d":"4.700E-12"},{"v":1.4E-3,"d":"0.001"},{"v":0.0008,"d":"0.001"},{"v":0.07578,"d":"0.076"}]
["FVC","TH_parsopercularis","rs10797116","C","T",0.542079,7.33138132091918e-05,421986,{"v":30.9395244477837,"d":"30.940"},{"v":-0.0121521,"d":"-0.012"},{"v":0.00165228,"d":"0.002"},{"v":1.90020300257723e-13,"d":"1.900E-13"},{"v":-1.4E-3,"d":"-0.001"},{"v":0.0007,"d":"0.001"},{"v":0.05211,"d":"0.052"}]
["FVC","TH_parsopercularis","rs10853628","C","T",0.384831,8.50433178523641e-05,421986,{"v":35.8899716428781,"d":"35.890"},{"v":-0.0134021,"d":"-0.013"},{"v":0.00168952,"d":"0.002"},{"v":2.09990670376243e-15,"d":"2.100E-15"},{"v":0.0003,"d":"0.000"},{"v":0.0007,"d":"0.001"},{"v":0.7181,"d":"0.718"}]
["FVC","TH_parsopercularis","rs10874340","T","G",0.493361,5.30984854106691e-05,421986,{"v":22.4079010931451,"d":"22.408"},{"v":0.0103061,"d":"0.010"},{"v":0.00163772,"d":"0.002"},{"v":3.09998790941119e-10,"d":"3.100E-10"},{"v":0.0006,"d":"0.001"},{"v":0.0007,"d":"0.001"},{"v":0.3881,"d":"0.388"}]
["FVC","TH_parsopercularis","rs10878321","G","T",0.13768,5.09513414592439e-05,421986,{"v":21.5017464171613,"d":"21.502"},{"v":0.0146485,"d":"0.015"},{"v":2.38528E-3,"d":"0.002"},{"v":8.19992726270379e-10,"d":"8.200E-10"},{"v":0.0004,"d":"0.000"},{"v":0.0011,"d":"0.001"},{"v":0.7274,"d":"0.727"}]
["FVC","TH_parsopercularis","rs10892061","T","C",0.655603,4.74621582036346e-05,421986,{"v":20.0292219975057,"d":"20.029"},{"v":0.010252,"d":"0.010"},{"v":1.72686E-3,"d":"0.002"},{"v":2.90001336905407e-09,"d":"2.900E-09"},{"v":0.0006,"d":"0.001"},{"v":0.0008,"d":"0.001"},{"v":0.4343,"d":"0.434"}]
["FVC","TH_parsopercularis","rs10916137","A","G",0.170792,7.3699990478116e-05,421986,{"v":31.1025090365371,"d":"31.103"},{"v":-0.0161307,"d":"-0.016"},{"v":0.00218459,"d":"0.002"},{"v":1.50003019045595e-13,"d":"1.500E-13"},{"v":-1E-3,"d":"-0.001"},{"v":1E-3,"d":"0.001"},{"v":0.2944,"d":"0.294"}]
["FVC","TH_parsopercularis","rs11000765","C","G",0.720336,5.08693352915136e-05,421986,{"v":21.4671376026745,"d":"21.467"},{"v":-0.0112364,"d":"-0.011"},{"v":0.00182542,"d":"0.002"},{"v":7.49997818203001e-10,"d":"7.500E-10"},{"v":-1.4E-3,"d":"-0.001"},{"v":0.0008,"d":"0.001"},{"v":0.08979,"d":"0.090"}]
["FVC","TH_parsopercularis","rs11049229","T","A",0.054116,4.11500464730783e-05,421986,{"v":17.3653757969165,"d":"17.365"},{"v":0.0200488,"d":"0.020"},{"v":3.66563E-3,"d":"0.004"},{"v":4.49997395325803e-08,"d":"4.500E-08"},{"v":0.0004,"d":"0.000"},{"v":0.0016,"d":"0.002"},{"v":0.8087,"d":"0.809"}]
["FVC","TH_parsopercularis","rs11060406","T","C",0.036679,5.28131968728098E-5,421986,{"v":22.2875011433615,"d":"22.288"},{"v":-0.0273377,"d":"-0.027"},{"v":4.43481E-3,"d":"0.004"},{"v":7.1000269957767e-10,"d":"7.100E-10"},{"v":-0.0008,"d":"-0.001"},{"v":0.0022,"d":"0.002"},{"v":0.7245,"d":"0.725"}]
["FVC","TH_parsopercularis","rs11079810","T","C",0.103307,6.24999942060563e-05,421986,{"v":26.3756460327727,"d":"26.376"},{"v":0.018367,"d":"0.018"},{"v":0.00271137,"d":"0.003"},{"v":1.2998702373886e-11,"d":"1.300E-11"},{"v":-0.0002,"d":"-0.000"},{"v":0.0012,"d":"0.001"},{"v":0.8412,"d":"0.841"}]
["FVC","TH_parsopercularis","rs11107119","A","T",0.219982,1.88046487908797E-4,421986,{"v":79.367533939717,"d":"79.368"},{"v":0.0234084,"d":"0.023"},{"v":0.00198228,"d":"0.002"},{"v":3.50025754158434e-32,"d":"3.500E-32"},{"v":0.0004,"d":"0.000"},{"v":0.0008,"d":"0.001"},{"v":0.6674,"d":"0.667"}]
["FVC","TH_parsopercularis","rs11122148","A","C",0.157016,4.03842056899531e-05,421986,{"v":17.042176888646,"d":"17.042"},{"v":0.0123512,"d":"0.012"},{"v":0.0022522,"d":"0.002"},{"v":4.20000686246631e-08,"d":"4.200E-08"},{"v":-0.0008,"d":"-0.001"},{"v":1E-3,"d":"0.001"},{"v":0.4192,"d":"0.419"}]
["FVC","TH_parsopercularis","rs111365325","T","C",0.231244,1.22614225271077E-4,421986,{"v":51.7475862269852,"d":"51.748"},{"v":-0.0185706,"d":"-0.019"},{"v":0.00194997,"d":"0.002"},{"v":1.69980851320349e-21,"d":"1.700E-21"},{"v":-0.0008,"d":"-0.001"},{"v":0.0009,"d":"0.001"},{"v":0.3515,"d":"0.352"}]
["FVC","TH_parsopercularis","rs11164653","C","T",0.59054,{"$f":"2*F3077*(1-F3077)*J3077*J3077","v":6.29430655760463e-05},421986,{"$f":"G3077/(1-G3077)*(H3077-2)","v":{"v":26.5626385179404,"d":"26.563"}},{"v":-0.0114085,"d":"-0.011"},{"v":1.67402E-3,"d":"0.002"},{"v":9.39939714766782e-12,"d":"9.399E-12"},{"v":0,"d":"0.000"},{"v":0.0007,"d":"0.001"},{"v":0.9923,"d":"0.992"}]
["FVC","TH_parsopercularis","rs11259936","C","A",0.52286,1.49406438029921E-4,421986,{"v":63.0565473997598,"d":"63.057"},{"v":0.0173043,"d":"0.017"},{"v":0.00164414,"d":"0.002"},{"v":6.59933234263567e-26,"d":"6.599E-26"},{"v":0.0007,"d":"0.001"},{"v":0.0007,"d":"0.001"},{"v":0.3726,"d":"0.373"}]
["FVC","TH_parsopercularis","rs11545700","A","C",0.124616,4.56605730783884e-05,421986,{"v":19.268911099434,"d":"19.269"},{"v":-0.0144667,"d":"-0.014"},{"v":0.00249861,"d":"0.002"},{"v":7.00003159130898e-09,"d":"7.000E-09"},{"v":-1.4E-3,"d":"-0.001"},{"v":0.0011,"d":"0.001"},{"v":0.2351,"d":"0.235"}]
["FVC","TH_parsopercularis","rs11575234","G","C",0.067886,4.80485257189383e-05,421986,{"v":20.2766833417215,"d":"20.277"},{"v":0.019485,"d":"0.019"},{"v":0.00325807,"d":"0.003"},{"v":2.19998641983517e-09,"d":"2.200E-09"},{"v":-0.0017,"d":"-0.002"},{"v":1.4E-3,"d":"0.001"},{"v":0.2204,"d":"0.220"}]
["FVC","TH_parsopercularis","rs11588312","T","C",0.071357,8.80233985085485e-05,421986,{"v":37.1477356661716,"d":"37.148"},{"v":-0.0257716,"d":"-0.026"},{"v":0.00318955,"d":"0.003"},{"v":6.49980009683026e-16,"d":"6.500E-16"},{"v":0.0006,"d":"0.001"},{"v":1.5E-3,"d":"0.002"},{"v":0.6835,"d":"0.684"}]
["FVC","TH_parsopercularis","rs11608103","A","G",0.131252,4.22030496869096e-05,421986,{"v":17.8097633454082,"d":"17.810"},{"v":0.0136037,"d":"0.014"},{"v":0.00243411,"d":"0.002"},{"v":2.3000114603619e-08,"d":"2.300E-08"},{"v":-1E-3,"d":"-0.001"},{"v":0.0011,"d":"0.001"},{"v":0.3507,"d":"0.351"}]
["FVC","TH_parsopercularis","rs11621587","C","G",0.183978,0.000135729204028457,421986,{"v":57.2833274531838,"d":"57.283"},{"v":0.0212612,"d":"0.021"},{"v":2.11823E-3,"d":"0.002"},{"v":1e-23,"d":"1.000E-23"},{"v":0.0004,"d":"0.000"},{"v":0.0009,"d":"0.001"},{"v":0.7007,"d":"0.701"}]
["FVC","TH_parsopercularis","rs11632611","A","G",0.658418,5.89296892647042e-05,421986,{"v":24.8688515083687,"d":"24.869"},{"v":-0.011446,"d":"-0.011"},{"v":1.75909E-3,"d":"0.002"},{"v":7.70016444356872e-11,"d":"7.700E-11"},{"v":0.0007,"d":"0.001"},{"v":0.0008,"d":"0.001"},0.386]
["FVC","TH_parsopercularis","rs11637681","G","A",0.276249,5.27147653220468e-05,421986,{"v":22.245960220231,"d":"22.246"},{"v":-0.0114817,"d":"-0.011"},{"v":1.85184E-3,"d":"0.002"},{"v":5.60002544078e-10,"d":"5.600E-10"},{"v":-1E-3,"d":"-0.001"},{"v":0.0008,"d":"0.001"},{"v":0.2245,"d":"0.225"}]
["FVC","TH_parsopercularis","rs11645649","G","C",0.593954,5.52835973782282e-05,421986,{"v":23.3300833269877,"d":"23.330"},{"v":0.0107058,"d":"0.011"},{"v":0.00170463,"d":"0.002"},{"v":3.4000084782586e-10,"d":"3.400E-10"},{"v":-1E-4,"d":"-0.000"},{"v":0.0007,"d":"0.001"},{"v":0.8869,"d":"0.887"}]
["FVC","TH_parsopercularis","rs11664552","C","T",0.300477,4.51297930963036e-05,421986,{"v":19.044910102803,"d":"19.045"},{"v":0.0103612,"d":"0.010"},{"v":0.00180111,"d":"0.002"},{"v":8.79994585505891e-09,"d":"8.800E-09"},{"v":0.0008,"d":"0.001"},{"v":0.0008,"d":"0.001"},{"v":0.3008,"d":"0.301"}]
["FVC","TH_parsopercularis","rs11668582","T","C",0.390878,9.08082126210536e-05,421986,{"v":38.3230928462461,"d":"38.323"},{"v":0.0138094,"d":"0.014"},{"v":1.68764E-3,"d":"0.002"},{"v":2.80027059501064e-16,"d":"2.800E-16"},{"v":-0.0007,"d":"-0.001"},{"v":0.0007,"d":"0.001"},{"v":0.3807,"d":"0.381"}]
["FVC","TH_parsopercularis","rs11698277","T","C",0.319648,0.000111513337937303,421986,{"v":47.0620924471538,"d":"47.062"},{"v":0.016012,"d":"0.016"},{"v":1.76946E-3,"d":"0.002"},{"v":1.39990962656834e-19,"d":"1.400E-19"},{"v":1E-3,"d":"0.001"},{"v":0.0008,"d":"0.001"},{"v":0.1929,"d":"0.193"}]
["FVC","TH_parsopercularis","rs117372259","G","A",0.031174,6.13702367797437e-05,421986,{"v":25.8988474156616,"d":"25.899"},{"v":0.0318746,"d":"0.032"},{"v":0.00495553,"d":"0.005"},{"v":1.29998996537545e-10,"d":"1.300E-10"},{"v":-0.0011,"d":"-0.001"},{"v":0.0026,"d":"0.003"},{"v":0.67,"d":"0.670"}]
["FVC","TH_parsopercularis","rs11867847","G","A",0.505622,4.76927744620758e-05,421986,{"v":20.1265476295014,"d":"20.127"},{"v":0.00976717,"d":"0.010"},{"v":0.00164721,"d":"0.002"},{"v":2.99999133271614e-09,"d":"3.000E-09"},{"v":0.0006,"d":"0.001"},{"v":0.0008,"d":"0.001"},{"v":0.4357,"d":"0.436"}]
["FVC","TH_parsopercularis","rs11877758","G","T",0.3121,4.9796615660552e-05,421986,{"v":21.0144215099736,"d":"21.014"},{"v":-0.010769,"d":"-0.011"},{"v":1.78155E-3,"d":"0.002"},{"v":1.49999565138204E-9,"d":"1.500E-09"},{"v":0.0007,"d":"0.001"},{"v":0.0008,"d":"0.001"},{"v":0.3792,"d":"0.379"}]
["FVC","TH_parsopercularis","rs11896404","T","C",0.38932,4.49485042891669E-5,421986,{"v":18.9684022352691,"d":"18.968"},{"v":0.0097226,"d":"0.010"},{"v":0.00168555,"d":"0.002"},{"v":8.00000023961727e-09,"d":"8.000E-09"},{"v":0.0004,"d":"0.000"},{"v":0.0007,"d":"0.001"},{"v":0.5708,"d":"0.571"}]
["FVC","TH_parsopercularis","rs11909473","G","A",0.28953,4.77971585455201E-5,421986,{"v":20.1706002490508,"d":"20.171"},{"v":0.0107787,"d":"0.011"},{"v":0.00182218,"d":"0.002"},{"v":3.29997006285228E-9,"d":"3.300E-09"},{"v":0.0005,"d":"0.001"},{"v":0.0008,"d":"0.001"},{"v":0.5533,"d":"0.553"}]
["FVC","TH_parsopercularis","rs11938781","C","T",0.165403,0.000370364352622504,421986,{"v":156.345735864303,"d":"156.346"},{"v":-0.036626,"d":"-0.037"},{"v":0.00221596,"d":"0.002"},{"v":2.2998525866862e-61,"d":"2.300E-61"},{"v":-1E-4,"d":"-0.000"},{"v":1E-3,"d":"0.001"},{"v":0.9279,"d":"0.928"}]
["FVC","TH_parsopercularis","rs11967850","T","C",0.203699,4.47463713455221e-05,421986,{"v":18.8830977159713,"d":"18.883"},{"v":-0.0117444,"d":"-0.012"},{"v":2.03397E-3,"d":"0.002"},{"v":7.69998714277137e-09,"d":"7.700E-09"},{"v":1E-3,"d":"0.001"},{"v":0.0009,"d":"0.001"},{"v":0.2673,"d":"0.267"}]
["FVC","TH_parsopercularis","rs12051245","C","T",0.231666,5.61700238971006e-05,421986,{"v":23.70418282871,"d":"23.704"},{"v":0.0125612,"d":"0.013"},{"v":0.00194877,"d":"0.002"},{"v":1.19999655704811e-10,"d":"1.200E-10"},{"v":-0.0004,"d":"-0.000"},{"v":0.0009,"d":"0.001"},{"v":0.6273,"d":"0.627"}]
["FVC","TH_parsopercularis","rs12052537","A","C",0.20591,6.95372170194517e-05,421986,{"v":29.3456336004286,"d":"29.346"},{"v":-0.0145821,"d":"-0.015"},{"v":0.00203664,"d":"0.002"},{"v":8.10027941680351e-13,"d":"8.100E-13"},{"v":-0.0012,"d":"-0.001"},{"v":0.0009,"d":"0.001"},{"v":0.1798,"d":"0.180"}]
["FVC","TH_parsopercularis","rs12054747","T","C",0.216455,4.283369225594e-05,421986,{"v":18.0759070507704,"d":"18.076"},{"v":0.0112373,"d":"0.011"},{"v":0.0019943,"d":"0.002"},{"v":1.79998961724559E-8,"d":"1.800E-08"},{"v":-0.0003,"d":"-0.000"},{"v":0.0008,"d":"0.001"},{"v":0.7071,"d":"0.707"}]
["FVC","TH_parsopercularis","rs12099669","A","G",0.696156,6.89829587755084e-05,421986,{"v":29.111713088028,"d":"29.112"},{"v":0.0127696,"d":"0.013"},{"v":0.00178372,"d":"0.002"},{"v":8.10027941680351e-13,"d":"8.100E-13"},{"v":-0.0004,"d":"-0.000"},{"v":0.0008,"d":"0.001"},0.606]
["FVC","TH_parsopercularis","rs12139563","G","A",0.5652,1.07701353835577E-4,421986,{"v":45.4531434620392,"d":"45.453"},{"v":-0.014803,"d":"-0.015"},{"v":0.00165293,"d":"0.002"},{"v":3.40016505804072e-19,"d":"3.400E-19"},{"v":-1E-4,"d":"-0.000"},{"v":0.0007,"d":"0.001"},{"v":0.8976,"d":"0.898"}]
["FVC","TH_parsopercularis","rs12152266","T","C",0.27447,8.20852836022235e-05,421986,{"v":34.641519874584,"d":"34.642"},{"v":0.0143563,"d":"0.014"},{"v":0.00183934,"d":"0.002"},{"v":5.90065196995665e-15,"d":"5.901E-15"},{"v":1.4E-3,"d":"0.001"},{"v":0.0008,"d":"0.001"},{"v":0.0992,"d":"0.099"}]
["FVC","TH_parsopercularis","rs12323020","C","T",0.113463,4.17835680209609e-05,421986,{"v":17.6327339262945,"d":"17.633"},{"v":-0.0144116,"d":"-0.014"},{"v":0.00260325,"d":"0.003"},{"v":3.09998790941119e-08,"d":"3.100E-08"},{"v":1.5E-3,"d":"0.002"},{"v":0.0012,"d":"0.001"},{"v":0.2039,"d":"0.204"}]
["FVC","TH_parsopercularis","rs12348523","A","G",0.156387,5.79984037310275e-05,421986,{"v":24.4758179584055,"d":"24.476"},{"v":0.0148259,"d":"0.015"},{"v":0.00226513,"d":"0.002"},{"v":5.90065196995665e-11,"d":"5.901E-11"},{"v":0.0012,"d":"0.001"},{"v":1E-3,"d":"0.001"},{"v":0.2125,"d":"0.213"}]
["FVC","TH_parsopercularis","rs12385976","C","T",0.043977,9.10255374943288e-05,421986,{"v":38.4148171433851,"d":"38.415"},{"v":-0.0329018,"d":"-0.033"},{"v":0.0040288,"d":"0.004"},{"v":3.19963176731835E-16,"d":"3.200E-16"},{"v":1E-3,"d":"0.001"},{"v":1.8E-3,"d":"0.002"},{"v":0.5718,"d":"0.572"}]
["FVC","TH_parsopercularis","rs12402966","A","G",0.213339,0.000137055305474563,421986,{"v":57.843073725517,"d":"57.843"},{"v":0.0202071,"d":"0.020"},{"v":0.00199879,"d":"0.002"},{"v":5.0003453497698e-24,"d":"5.000E-24"},{"v":0.0002,"d":"0.000"},{"v":0.0009,"d":"0.001"},{"v":0.8326,"d":"0.833"}]
["FVC","TH_parsopercularis","rs12407259","C","G",0.091572,4.21603162442696e-05,421986,{"v":17.7917289949428,"d":"17.792"},{"v":0.0159188,"d":"0.016"},{"v":0.0028656,"d":"0.003"},{"v":2.80001269243454e-08,"d":"2.800E-08"},{"v":-0.0002,"d":"-0.000"},{"v":0.0013,"d":"0.001"},{"v":0.8865,"d":"0.887"}]
["FVC","TH_parsopercularis","rs12430764","A","G",0.512974,5.09030563916136e-05,421986,{"v":21.4813688156869,"d":"21.481"},{"v":-0.0100933,"d":"-0.010"},{"v":1.64288E-3,"d":"0.002"},{"v":8.1000929031245e-10,"d":"8.100E-10"},{"v":0.0004,"d":"0.000"},{"v":0.0007,"d":"0.001"},{"v":0.5525,"d":"0.553"}]
["FVC","TH_parsopercularis","rs12452590","G","T",0.361692,5.67385740328396e-05,421986,{"v":23.9441289804086,"d":"23.944"},{"v":0.0110851,"d":"0.011"},{"v":0.00172892,"d":"0.002"},{"v":1.40000633223953E-10,"d":"1.400E-10"},{"v":0.0006,"d":"0.001"},{"v":0.0009,"d":"0.001"},0.509]
["FVC","TH_parsopercularis","rs12486605","C","T",0.428162,4.06299989199258e-05,421986,{"v":17.1459061023724,"d":"17.146"},{"v":0.00910894,"d":"0.009"},{"v":0.00165849,"d":"0.002"},{"v":4.00000007987242e-08,"d":"4.000E-08"},{"v":1E-4,"d":"0.000"},{"v":0.0007,"d":"0.001"},{"v":0.8505,"d":"0.851"}]
["FVC","TH_parsopercularis","rs12570809","G","T",0.504251,5.98407562028501e-05,421986,{"v":25.2533528452344,"d":"25.253"},{"v":0.0109403,"d":"0.011"},{"v":0.00164206,"d":"0.002"},{"v":2.70022528688824e-11,"d":"2.700E-11"},{"v":0.0006,"d":"0.001"},{"v":0.0007,"d":"0.001"},{"v":0.4129,"d":"0.413"}]
["FVC","TH_parsopercularis","rs12571363","A","C",0.10664,1.68684862009559E-4,421986,{"v":71.1943222146604,"d":"71.194"},{"v":-0.0297543,"d":"-0.030"},{"v":0.00266251,"d":"0.003"},{"v":5.40007759066591e-29,"d":"5.400E-29"},{"v":0.0013,"d":"0.001"},{"v":0.0012,"d":"0.001"},{"v":0.2771,"d":"0.277"}]
["FVC","TH_parsopercularis","rs12614240","T","C",0.433883,1.1997265878628E-4,421986,{"v":50.6326169749496,"d":"50.633"},{"v":-0.0156274,"d":"-0.016"},{"v":1.65606E-3,"d":"0.002"},{"v":3.90031784475066e-21,"d":"3.900E-21"},{"v":0.0004,"d":"0.000"},{"v":0.0007,"d":"0.001"},{"v":0.6229,"d":"0.623"}]
["FVC","TH_parsopercularis","rs12641030","G","A",0.467529,6.07860664558444e-05,421986,{"v":25.6523067701271,"d":"25.652"},{"v":-0.0110493,"d":"-0.011"},{"v":0.00164454,"d":"0.002"},{"v":1.80011396041801E-11,"d":"1.800E-11"},{"v":-0.0008,"d":"-0.001"},{"v":0.0007,"d":"0.001"},0.263]
["FVC","TH_parsopercularis","rs12684650","T","C",0.316579,0.000186838522670851,421986,{"v":78.8576007883691,"d":"78.858"},{"v":-0.0207794,"d":"-0.021"},{"v":1.76534E-3,"d":"0.002"},{"v":5.50047252867635e-32,"d":"5.500E-32"},{"v":1E-4,"d":"0.000"},{"v":0.0008,"d":"0.001"},{"v":0.9058,"d":"0.906"}]
["FVC","TH_parsopercularis","rs12713685","C","T",0.374424,5.70120309880289e-05,421986,{"v":24.0595365674967,"d":"24.060"},{"v":-0.0110318,"d":"-0.011"},{"v":1.69411E-3,"d":"0.002"},{"v":7.39945954312723e-11,"d":"7.399E-11"},{"v":0.0012,"d":"0.001"},{"v":0.0007,"d":"0.001"},{"v":0.1035,"d":"0.104"}]
["FVC","TH_parsopercularis","rs12985660","C","T",0.475562,5.31507614325355e-05,421986,{"v":22.4299630819638,"d":"22.430"},{"v":-0.0103226,"d":"-0.010"},{"v":1.65161E-3,"d":"0.002"},{"v":4.09996359041765e-10,"d":"4.100E-10"},{"v":-0.0008,"d":"-0.001"},{"v":0.0008,"d":"0.001"},{"v":0.3275,"d":"0.328"}]
["FVC","TH_parsopercularis","rs1299113","A","G",0.5241,5.22273392258403e-05,421986,{"v":22.0402526196272,"d":"22.040"},{"v":0.0102322,"d":"0.010"},{"v":1.65011E-3,"d":"0.002"},{"v":5.60002544078e-10,"d":"5.600E-10"},{"v":0.0003,"d":"0.000"},{"v":0.0007,"d":"0.001"},{"v":0.7167,"d":"0.717"}]
["FVC","TH_parsopercularis","rs13023718","G","A",0.66664,4.48587468856789e-05,421986,{"v":18.9305226453301,"d":"18.931"},{"v":0.0100463,"d":"0.010"},{"v":0.00174447,"d":"0.002"},{"v":8.50002102591718E-9,"d":"8.500E-09"},{"v":1E-4,"d":"0.000"},{"v":0.0008,"d":"0.001"},{"v":0.8728,"d":"0.873"}]
["FVC","TH_parsopercularis","rs13112742","A","G",0.170661,4.55143743919462e-05,421986,{"v":19.2072119676475,"d":"19.207"},{"v":-0.0126802,"d":"-0.013"},{"v":0.00218292,"d":"0.002"},{"v":6.29999202947421e-09,"d":"6.300E-09"},{"v":0.0011,"d":"0.001"},{"v":1E-3,"d":"0.001"},0.271]
["FVC","TH_parsopercularis","rs13156484","A","G",0.472145,0.000100558062438285,421986,{"v":42.4381609191928,"d":"42.438"},{"v":-0.0142036,"d":"-0.014"},{"v":1.66004E-3,"d":"0.002"},{"v":1.20005182020427E-17,"d":"1.200E-17"},{"v":-0.0004,"d":"-0.000"},{"v":0.0007,"d":"0.001"},0.617]
["FVC","TH_parsopercularis","rs13229167","A","G",0.271146,1.66795588032502E-4,421986,{"v":70.3968112978432,"d":"70.397"},{"v":-0.0205426,"d":"-0.021"},{"v":1.85147E-3,"d":"0.002"},{"v":1.29987023738861E-28,"d":"1.300E-28"},{"v":0.0003,"d":"0.000"},{"v":0.0008,"d":"0.001"},{"v":0.7184,"d":"0.718"}]
["FVC","TH_parsopercularis","rs13284734","C","T",0.020117,4.96826287641103E-5,421986,{"v":20.9663160780926,"d":"20.966"},{"v":-0.0354992,"d":"-0.035"},{"v":0.00598441,"d":"0.006"},{"v":2.99999133271614e-09,"d":"3.000E-09"},{"v":0,"d":"0.000"},{"v":0.0031,"d":"0.003"},{"v":0.9954,"d":"0.995"}]
["FVC","TH_parsopercularis","rs1344555","T","C",0.20277,0.000109686743099046,421986,{"v":46.2911281229861,"d":"46.291"},{"v":-0.0184191,"d":"-0.018"},{"v":0.00203961,"d":"0.002"},{"v":1.69980851320349e-19,"d":"1.700E-19"},{"v":-0.0006,"d":"-0.001"},{"v":0.0009,"d":"0.001"},{"v":0.4892,"d":"0.489"}]
["FVC","TH_parsopercularis","rs13723","G","A",0.491918,5.03605342629092e-05,421986,{"v":21.2524099731201,"d":"21.252"},{"v":-0.0100373,"d":"-0.010"},{"v":0.00164308,"d":"0.002"},{"v":1e-09,"d":"1.000E-09"},{"v":0.0005,"d":"0.001"},{"v":0.0007,"d":"0.001"},{"v":0.4755,"d":"0.476"}]
["FVC","TH_parsopercularis","rs141829833","T","C",0.022627,4.79650067809383e-05,421986,{"v":20.241436302077,"d":"20.241"},{"v":0.0329309,"d":"0.033"},{"v":0.00560483,"d":"0.006"},{"v":4.20000686246632E-9,"d":"4.200E-09"},{"v":-0.0004,"d":"-0.000"},{"v":0.0035,"d":"0.004"},{"v":0.9039,"d":"0.904"}]
["FVC","TH_parsopercularis","rs145183935","C","T",0.07345,5.24247710152638e-05,421986,{"v":22.1235743954268,"d":"22.124"},{"v":-0.0196256,"d":"-0.020"},{"v":3.1714E-3,"d":"0.003"},{"v":6.10000231740111e-10,"d":"6.100E-10"},{"v":-0.0013,"d":"-0.001"},{"v":0.0016,"d":"0.002"},{"v":0.4212,"d":"0.421"}]
["FVC","TH_parsopercularis","rs145583731","A","G",0.066524,4.48162824858249e-05,421986,{"v":18.9126017410005,"d":"18.913"},{"v":0.018996,"d":"0.019"},{"v":0.00329456,"d":"0.003"},{"v":8.1000929031245e-09,"d":"8.100E-09"},{"v":1.8E-3,"d":"0.002"},{"v":1.5E-3,"d":"0.002"},0.243]
["FVC","TH_parsopercularis","rs1474419","C","T",0.577669,4.28613161465634e-05,421986,{"v":18.0875648896285,"d":"18.088"},{"v":-0.00937242,"d":"-0.009"},{"v":1.66461E-3,"d":"0.002"},{"v":1.79998961724559E-8,"d":"1.800E-08"},{"v":0.0005,"d":"0.001"},{"v":0.0007,"d":"0.001"},{"v":0.5081,"d":"0.508"}]
["FVC","TH_parsopercularis","rs1474647","T","C",0.550866,9.00176543209984E-5,421986,{"v":37.9894295603302,"d":"37.989"},{"v":-0.0134877,"d":"-0.013"},{"v":0.0016468,"d":"0.002"},{"v":2.60015956316527e-16,"d":"2.600E-16"},{"v":0,"d":"0.000"},{"v":0.0007,"d":"0.001"},{"v":0.9799,"d":"0.980"}]
["FVC","TH_parsopercularis","rs149542","A","G",0.375642,6.15489183328254e-05,421986,{"v":25.974257441209,"d":"25.974"},{"v":-0.0114549,"d":"-0.011"},{"v":1.69827E-3,"d":"0.002"},{"v":1.50003019045595E-11,"d":"1.500E-11"},{"v":-0.0005,"d":"-0.001"},{"v":0.0007,"d":"0.001"},{"v":0.4998,"d":"0.500"}]
["FVC","TH_parsopercularis","rs150032562","A","C",0.049667,6.50730387752197e-05,421986,{"v":27.4615682022147,"d":"27.462"},{"v":0.0262551,"d":"0.026"},{"v":3.78634E-3,"d":"0.004"},{"v":4.10015240506613e-12,"d":"4.100E-12"},{"v":0.0012,"d":"0.001"},{"v":0.0017,"d":"0.002"},0.498]
["FVC","TH_parsopercularis","rs1516890","A","G",0.469749,6.5158521254172e-05,421986,{"v":27.4976451388157,"d":"27.498"},{"v":-0.0114366,"d":"-0.011"},{"v":1.65471E-3,"d":"0.002"},{"v":4.79954424931945e-12,"d":"4.800E-12"},{"v":0.0006,"d":"0.001"},{"v":0.0007,"d":"0.001"},{"v":0.4048,"d":"0.405"}]
["FVC","TH_parsopercularis","rs1555211","T","C",0.292035,8.56959630224441e-05,421986,{"v":36.1654244909429,"d":"36.165"},{"v":0.014396,"d":"0.014"},{"v":1.80824E-3,"d":"0.002"},{"v":1.69980851320349E-15,"d":"1.700E-15"},{"v":-0.0007,"d":"-0.001"},{"v":0.0008,"d":"0.001"},{"v":0.3641,"d":"0.364"}]
["FVC","TH_parsopercularis","rs157595","G","A",0.616263,6.37905011351913e-05,421986,{"v":26.9202880897005,"d":"26.920"},{"v":0.0116135,"d":"0.012"},{"v":1.73044E-3,"d":"0.002"},{"v":1.90020300257723e-11,"d":"1.900E-11"},{"v":0.0011,"d":"0.001"},{"v":0.0009,"d":"0.001"},{"v":0.2075,"d":"0.208"}]
["FVC","TH_parsopercularis","rs1608592","A","G",0.261845,0.000138157736782648,421986,{"v":58.3084101564715,"d":"58.308"},{"v":-0.018905,"d":"-0.019"},{"v":0.00187413,"d":"0.002"},{"v":6.29941180548557e-24,"d":"6.299E-24"},{"v":-0.0003,"d":"-0.000"},{"v":0.0008,"d":"0.001"},{"v":0.7432,"d":"0.743"}]
["FVC","TH_parsopercularis","rs1637746","A","G",0.226569,4.29577425829801e-05,421986,{"v":18.1282587952111,"d":"18.128"},{"v":-0.0110712,"d":"-0.011"},{"v":0.00196778,"d":"0.002"},{"v":1.79998961724559E-8,"d":"1.800E-08"},{"v":0,"d":"0.000"},{"v":0.0008,"d":"0.001"},{"v":0.9812,"d":"0.981"}]
["FVC","TH_parsopercularis","rs1656373","T","C",0.55742,0.000145979381744386,421986,{"v":61.6099572094857,"d":"61.610"},{"v":-0.0172006,"d":"-0.017"},{"v":0.00165265,"d":"0.002"},{"v":2.2998525866862e-25,"d":"2.300E-25"},{"v":-0.0006,"d":"-0.001"},{"v":0.0007,"d":"0.001"},{"v":0.4215,"d":"0.422"}]
["FVC","TH_parsopercularis","rs1668091","C","T",0.31711,6.68938491644157e-05,421986,{"v":28.2300224606612,"d":"28.230"},{"v":0.0124279,"d":"0.012"},{"v":0.00177541,"d":"0.002"},{"v":2.60015956316527E-12,"d":"2.600E-12"},{"v":0.0003,"d":"0.000"},{"v":0.0008,"d":"0.001"},{"v":0.7232,"d":"0.723"}]
["FVC","TH_parsopercularis","rs16905189","G","C",0.366604,1.18148804558535E-4,421986,{"v":49.8627963726122,"d":"49.863"},{"v":-0.0159501,"d":"-0.016"},{"v":1.71036E-3,"d":"0.002"},{"v":1.10001852750622E-20,"d":"1.100E-20"},{"v":-0.0006,"d":"-0.001"},{"v":0.0007,"d":"0.001"},{"v":0.4595,"d":"0.460"}]
["FVC","TH_parsopercularis","rs17197170","G","A",0.169899,{"$f":"2*F3141*(1-F3141)*J3141*J3141","v":4.42423180283422e-05},421986,{"$f":"G3141/(1-G3141)*(H3141-2)","v":{"v":18.6703763516002,"d":"18.670"}},{"v":0.012524,"d":"0.013"},{"v":0.00221253,"d":"0.002"},{"v":1.49999565138204e-08,"d":"1.500E-08"},{"v":-0.0008,"d":"-0.001"},{"v":0.0011,"d":"0.001"},{"v":0.4878,"d":"0.488"}]
["FVC","TH_parsopercularis","rs17387279","G","T",0.181103,6.13077565579171e-05,421986,{"v":25.8724785269512,"d":"25.872"},{"v":-0.0143769,"d":"-0.014"},{"v":0.0021417,"d":"0.002"},{"v":1.90020300257723e-11,"d":"1.900E-11"},{"v":-0.0003,"d":"-0.000"},{"v":0.0009,"d":"0.001"},{"v":0.7787,"d":"0.779"}]
["FVC","TH_parsopercularis","rs17400325","C","T",0.041599,9.07861932322965e-05,421986,{"v":38.3137993289267,"d":"38.314"},{"v":0.0337427,"d":"0.034"},{"v":0.0041016,"d":"0.004"},{"v":1.90020300257723E-16,"d":"1.900E-16"},{"v":2.8E-3,"d":"0.003"},{"v":1.9E-3,"d":"0.002"},{"v":0.1505,"d":"0.151"}]
["FVC","TH_parsopercularis","rs1818116","G","A",0.381268,4.48330645452411e-05,421986,{"v":18.9196841364791,"d":"18.920"},{"v":-0.00974805,"d":"-0.010"},{"v":0.00170614,"d":"0.002"},{"v":1.09999319893519E-8,"d":"1.100E-08"},{"v":0,"d":"0.000"},{"v":0.0007,"d":"0.001"},{"v":0.9686,"d":"0.969"}]
["FVC","TH_parsopercularis","rs183743021","C","T",0.023696,6.10757370320042e-05,421986,{"v":25.7745580158407,"d":"25.775"},{"v":-0.036332,"d":"-0.036"},{"v":0.00550585,"d":"0.006"},{"v":4.10015240506613e-11,"d":"4.100E-11"},{"v":-0.0005,"d":"-0.001"},{"v":0.0024,"d":"0.002"},{"v":0.8388,"d":"0.839"}]
["FVC","TH_parsopercularis","rs1966265","A","G",0.245129,8.66312568253845e-05,421986,{"v":36.5601715338128,"d":"36.560"},{"v":0.0152999,"d":"0.015"},{"v":0.00190502,"d":"0.002"},{"v":9.60063590945348e-16,"d":"9.601E-16"},{"v":-1E-3,"d":"-0.001"},{"v":0.0009,"d":"0.001"},0.242]
["FVC","TH_parsopercularis","rs1983753","A","G",0.851273,6.09227456439144e-05,421986,{"v":25.7099902209963,"d":"25.710"},{"v":0.0155112,"d":"0.016"},{"v":0.00231937,"d":"0.002"},{"v":2.29985258668621e-11,"d":"2.300E-11"},{"v":0.0021,"d":"0.002"},{"v":1E-3,"d":"0.001"},{"v":0.03659,"d":"0.037"}]
["FVC","TH_parsopercularis","rs1984246","A","C",0.42304,8.08199330946159e-05,421986,{"v":34.107475210863,"d":"34.107"},{"v":0.0128671,"d":"0.013"},{"v":0.00166162,"d":"0.002"},{"v":9.70063133783958e-15,"d":"9.701E-15"},{"v":-0.0011,"d":"-0.001"},{"v":0.0007,"d":"0.001"},{"v":0.1377,"d":"0.138"}]
["FVC","TH_parsopercularis","rs2005172","C","A",0.64023,0.00022099089188815,421986,{"v":93.2752334995711,"d":"93.275"},{"v":0.0219024,"d":"0.022"},{"v":0.0017318,"d":"0.002"},{"v":1.20005182020427E-36,"d":"1.200E-36"},{"v":1E-3,"d":"0.001"},{"v":0.0008,"d":"0.001"},{"v":0.2061,"d":"0.206"}]
["FVC","TH_parsopercularis","rs2007530","T","C",0.173998,1.17320574387251E-4,421986,{"v":49.5132141809572,"d":"49.513"},{"v":0.0202027,"d":"0.020"},{"v":2.17301E-3,"d":"0.002"},{"v":1.39990962656834e-20,"d":"1.400E-20"},{"v":0.0006,"d":"0.001"},{"v":1E-3,"d":"0.001"},{"v":0.5271,"d":"0.527"}]
["FVC","TH_parsopercularis","rs2039092","T","G",0.142069,4.52252040502154e-05,421986,{"v":19.0851756368886,"d":"19.085"},{"v":-0.0136207,"d":"-0.014"},{"v":2.37872E-3,"d":"0.002"},{"v":1E-8,"d":"1.000E-08"},{"v":-0.0013,"d":"-0.001"},{"v":0.0011,"d":"0.001"},{"v":0.2126,"d":"0.213"}]
["FVC","TH_parsopercularis","rs2058780","T","C",0.609391,4.70090504808346e-05,421986,{"v":19.837999723635,"d":"19.838"},{"v":-0.00993703,"d":"-0.010"},{"v":0.00168463,"d":"0.002"},{"v":3.69998531172859e-09,"d":"3.700E-09"},{"v":0.0006,"d":"0.001"},{"v":0.0007,"d":"0.001"},{"v":0.4051,"d":"0.405"}]
["FVC","TH_parsopercularis","rs2118022","C","T",0.360318,6.04606902173754e-05,421986,{"v":25.5149865543869,"d":"25.515"},{"v":-0.0114524,"d":"-0.011"},{"v":0.00171628,"d":"0.002"},{"v":2.49976970217851E-11,"d":"2.500E-11"},{"v":-0.0008,"d":"-0.001"},{"v":0.0008,"d":"0.001"},{"v":0.2902,"d":"0.290"}]
["FVC","TH_parsopercularis","rs2131354","A","G",0.526265,0.000264945796094648,421986,{"v":111.832516374284,"d":"111.833"},{"v":0.0230512,"d":"0.023"},{"v":0.00164614,"d":"0.002"},{"v":1.50003019045594e-44,"d":"1.500E-44"},{"v":-0.0007,"d":"-0.001"},{"v":0.0007,"d":"0.001"},{"v":0.3628,"d":"0.363"}]
["FVC","TH_parsopercularis","rs2165241","C","T",0.508667,1.93898082531503E-4,421986,{"v":81.8377566430654,"d":"81.838"},{"v":0.0196955,"d":"0.020"},{"v":1.64442E-3,"d":"0.002"},{"v":4.70002318179801e-33,"d":"4.700E-33"},{"v":-0.0008,"d":"-0.001"},{"v":0.0007,"d":"0.001"},{"v":0.2537,"d":"0.254"}]
["FVC","TH_parsopercularis","rs2168704","A","G",0.561551,5.59945780683976e-05,421986,{"v":23.6301391912884,"d":"23.630"},{"v":0.0106636,"d":"0.011"},{"v":1.652E-3,"d":"0.002"},{"v":1.09999319893519e-10,"d":"1.100E-10"},{"v":0.0008,"d":"0.001"},{"v":0.0007,"d":"0.001"},{"v":0.2589,"d":"0.259"}]
["FVC","TH_parsopercularis","rs2181246","A","T",0.315032,4.79141931100767e-05,421986,{"v":20.2199916899491,"d":"20.220"},{"v":-0.0105367,"d":"-0.011"},{"v":1.76834E-3,"d":"0.002"},{"v":2.49999995007974e-09,"d":"2.500E-09"},{"v":-0.0002,"d":"-0.000"},{"v":0.0008,"d":"0.001"},{"v":0.7953,"d":"0.795"}]
["FVC","TH_parsopercularis","rs2186288","A","G",0.369909,5.7540273769828e-05,421986,{"v":24.2824721065799,"d":"24.282"},{"v":-0.0111102,"d":"-0.011"},{"v":0.00170446,"d":"0.002"},{"v":7.10068096254533e-11,"d":"7.101E-11"},{"v":-0.0002,"d":"-0.000"},{"v":0.0007,"d":"0.001"},{"v":0.7635,"d":"0.764"}]
["FVC","TH_parsopercularis","rs2194411","A","G",0.128337,0.000173013252417145,421986,{"v":73.0214579879395,"d":"73.021"},{"v":0.0278083,"d":"0.028"},{"v":0.00248353,"d":"0.002"},{"v":4.19952334664066e-29,"d":"4.200E-29"},{"v":0.0004,"d":"0.000"},{"v":0.0012,"d":"0.001"},{"v":0.7283,"d":"0.728"}]
["FVC","TH_parsopercularis","rs2219320","C","T",0.253726,9.06772759055066e-05,421986,{"v":38.2678296182539,"d":"38.268"},{"v":-0.015474,"d":"-0.015"},{"v":1.88065E-3,"d":"0.002"},{"v":1.90020300257723E-16,"d":"1.900E-16"},{"v":-0.0002,"d":"-0.000"},{"v":0.0008,"d":"0.001"},{"v":0.8434,"d":"0.843"}]
["FVC","TH_parsopercularis","rs2273101","T","C",0.245563,0.000164788871325204,421986,{"v":69.5497280984891,"d":"69.550"},{"v":0.021089,"d":"0.021"},{"v":1.90985E-3,"d":"0.002"},{"v":2.39993787680987e-28,"d":"2.400E-28"},{"v":0,"d":"0.000"},{"v":0.0008,"d":"0.001"},0.997]
["FVC","TH_parsopercularis","rs2286325","C","G",0.081106,6.21764247204467e-05,421986,{"v":26.2390878619042,"d":"26.239"},{"v":0.0204239,"d":"0.020"},{"v":0.00300144,"d":"0.003"},{"v":1e-11,"d":"1.000E-11"},{"v":0.0003,"d":"0.000"},{"v":0.0013,"d":"0.001"},0.836]
["FVC","TH_parsopercularis","rs2289308","A","G",0.342889,4.17682840802068e-05,421986,{"v":17.6262838089314,"d":"17.626"},{"v":-0.00962747,"d":"-0.010"},{"v":0.00173144,"d":"0.002"},{"v":2.69997659840121e-08,"d":"2.700E-08"},{"v":-0.0005,"d":"-0.001"},{"v":0.0008,"d":"0.001"},{"v":0.4985,"d":"0.499"}]
["FVC","TH_parsopercularis","rs2315007","C","T",0.667421,9.54071179462808e-05,421986,{"v":40.2641187429693,"d":"40.264"},{"v":-0.0146598,"d":"-0.015"},{"v":0.00174235,"d":"0.002"},{"v":4.00036851046125e-17,"d":"4.000E-17"},{"v":-0.0009,"d":"-0.001"},{"v":0.0008,"d":"0.001"},{"v":0.2431,"d":"0.243"}]
["FVC","TH_parsopercularis","rs2355595","T","C",0.353472,4.21690889460453e-05,421986,{"v":17.7954312469311,"d":"17.795"},{"v":0.0096053,"d":"0.010"},{"v":0.00171679,"d":"0.002"},{"v":2.19998641983516e-08,"d":"2.200E-08"},{"v":0.0013,"d":"0.001"},{"v":0.0007,"d":"0.001"},{"v":0.09275,"d":"0.093"}]
["FVC","TH_parsopercularis","rs2420991","G","T",0.157205,4.60860611479893e-05,421986,{"v":19.448476731161,"d":"19.448"},{"v":0.0131879,"d":"0.013"},{"v":0.00231045,"d":"0.002"},{"v":1.09999319893519E-8,"d":"1.100E-08"},{"v":-0.0009,"d":"-0.001"},{"v":1E-3,"d":"0.001"},{"v":0.3754,"d":"0.375"}]
["FVC","TH_parsopercularis","rs2433733","A","G",0.677805,4.39675736084697e-05,421986,{"v":18.5544283747918,"d":"18.554"},{"v":0.0100332,"d":"0.010"},{"v":1.75482E-3,"d":"0.002"},{"v":1.09999319893519E-8,"d":"1.100E-08"},{"v":0.0004,"d":"0.000"},{"v":0.0008,"d":"0.001"},{"v":0.6388,"d":"0.639"}]
["FVC","TH_parsopercularis","rs246185","C","T",0.32244,6.92890140832418e-05,421986,{"v":29.2408813907452,"d":"29.241"},{"v":0.0125927,"d":"0.013"},{"v":1.774E-3,"d":"0.002"},{"v":1.2998702373886e-12,"d":"1.300E-12"},{"v":0.0013,"d":"0.001"},{"v":0.0008,"d":"0.001"},{"v":0.09126,"d":"0.091"}]
["FVC","TH_parsopercularis","rs2468964","G","T",0.60054,4.47507016706468e-05,421986,{"v":18.8849252074402,"d":"18.885"},{"v":0.00965778,"d":"0.010"},{"v":1.67483E-3,"d":"0.002"},{"v":8.1000929031245e-09,"d":"8.100E-09"},{"v":0.0008,"d":"0.001"},{"v":0.0007,"d":"0.001"},{"v":0.2801,"d":"0.280"}]
["FVC","TH_parsopercularis","rs2602691","G","A",0.449662,5.86659442039459E-5,421986,{"v":24.7575422235486,"d":"24.758"},{"v":-0.0108873,"d":"-0.011"},{"v":0.00166378,"d":"0.002"},{"v":6.00067353864116e-11,"d":"6.001E-11"},{"v":-0.0007,"d":"-0.001"},{"v":0.0007,"d":"0.001"},{"v":0.3176,"d":"0.318"}]
["FVC","TH_parsopercularis","rs2645977","A","G",0.357445,4.52910263624554e-05,421986,{"v":19.112954113843,"d":"19.113"},{"v":0.00992959,"d":"0.010"},{"v":1.71149E-3,"d":"0.002"},{"v":6.59994019159873e-09,"d":"6.600E-09"},{"v":-0.0003,"d":"-0.000"},{"v":0.0007,"d":"0.001"},{"v":0.7049,"d":"0.705"}]
["FVC","TH_parsopercularis","rs2648725","A","T",0.213148,9.83993575735976e-05,421986,{"v":41.5270407404678,"d":"41.527"},{"v":0.0171275,"d":"0.017"},{"v":0.00200708,"d":"0.002"},{"v":1.39990962656834e-17,"d":"1.400E-17"},{"v":1E-3,"d":"0.001"},{"v":0.0009,"d":"0.001"},0.289]
["FVC","TH_parsopercularis","rs2717329","A","G",0.294673,8.42790883711236e-05,421986,{"v":35.5674244173058,"d":"35.567"},{"v":0.014239,"d":"0.014"},{"v":0.0018328,"d":"0.002"},{"v":7.89950721335818e-15,"d":"7.900E-15"},{"v":0.0009,"d":"0.001"},{"v":0.0008,"d":"0.001"},{"v":0.2731,"d":"0.273"}]
["FVC","TH_parsopercularis","rs2760402","C","A",0.649252,4.35290850830249e-05,421986,{"v":18.3693770418513,"d":"18.369"},{"v":0.00977621,"d":"0.010"},{"v":0.00172753,"d":"0.002"},{"v":1.49999565138204e-08,"d":"1.500E-08"},{"v":0.0002,"d":"0.000"},{"v":0.0007,"d":"0.001"},{"v":0.7537,"d":"0.754"}]
["FVC","TH_parsopercularis","rs2780226","T","C",0.910509,2.95968220787926E-4,421986,{"v":124.930829236223,"d":"124.931"},{"v":-0.0426163,"d":"-0.043"},{"v":0.0028699,"d":"0.003"},{"v":7.00003159130901e-50,"d":"7.000E-50"},{"v":-1.4E-3,"d":"-0.001"},{"v":0.0013,"d":"0.001"},{"v":0.2762,"d":"0.276"}]
["FVC","TH_parsopercularis","rs2807339","C","T",0.758119,5.89073008999258e-05,421986,{"v":24.859402863279,"d":"24.859"},{"v":0.0126736,"d":"0.013"},{"v":1.91263E-3,"d":"0.002"},{"v":3.40016505804071e-11,"d":"3.400E-11"},{"v":1E-4,"d":"0.000"},{"v":0.0008,"d":"0.001"},{"v":0.9015,"d":"0.902"}]
["FVC","TH_parsopercularis","rs2808096","G","A",0.21446,4.09307454157644e-05,421986,{"v":17.2728266631967,"d":"17.273"},{"v":0.0110218,"d":"0.011"},{"v":0.0020005,"d":"0.002"},{"v":3.59997927043357E-8,"d":"3.600E-08"},{"v":0.0002,"d":"0.000"},{"v":0.0009,"d":"0.001"},{"v":0.85,"d":"0.850"}]
["FVC","TH_parsopercularis","rs2821334","T","G",0.44435,4.64038024780943E-5,421986,{"v":19.5825708906678,"d":"19.583"},{"v":0.0096939,"d":"0.010"},{"v":0.00164775,"d":"0.002"},{"v":4.00000007987242e-09,"d":"4.000E-09"},{"v":0,"d":"0.000"},{"v":0.0007,"d":"0.001"},{"v":0.9629,"d":"0.963"}]
["FVC","TH_parsopercularis","rs28409044","A","C",0.333596,7.3529837872933e-05,421986,{"v":31.0306967870756,"d":"31.031"},{"v":0.0128599,"d":"0.013"},{"v":1.74168E-3,"d":"0.002"},{"v":1.50003019045595e-13,"d":"1.500E-13"},{"v":-1E-4,"d":"-0.000"},{"v":0.0008,"d":"0.001"},{"v":0.9401,"d":"0.940"}]
["FVC","TH_parsopercularis","rs28427480","C","A",0.093765,0.000266255308960786,421986,{"v":112.385403506842,"d":"112.385"},{"v":0.0395816,"d":"0.040"},{"v":0.00282649,"d":"0.003"},{"v":1.50003019045594e-44,"d":"1.500E-44"},{"v":0.0012,"d":"0.001"},{"v":0.0012,"d":"0.001"},{"v":0.3189,"d":"0.319"}]
["FVC","TH_parsopercularis","rs28444681","A","C",0.255224,4.96915326777121e-05,421986,{"v":20.9700737605772,"d":"20.970"},{"v":0.0114328,"d":"0.011"},{"v":0.00188044,"d":"0.002"},{"v":1.19999655704811E-9,"d":"1.200E-09"},{"v":-0.0004,"d":"-0.000"},{"v":0.0008,"d":"0.001"},{"v":0.6464,"d":"0.646"}]
["FVC","TH_parsopercularis","rs2882485","G","A",0.527663,6.68510491529909e-05,421986,{"v":28.2119591248419,"d":"28.212"},{"v":-0.0115807,"d":"-0.012"},{"v":1.64247E-3,"d":"0.002"},{"v":1.80011396041801E-12,"d":"1.800E-12"},{"v":0.0007,"d":"0.001"},{"v":0.0007,"d":"0.001"},{"v":0.3296,"d":"0.330"}]
["FVC","TH_parsopercularis","rs2885697","T","G",0.665178,0.000191228657862936,421986,{"v":80.7108681906324,"d":"80.711"},{"v":-0.0207198,"d":"-0.021"},{"v":1.73474E-3,"d":"0.002"},{"v":7.000031591309e-33,"d":"7.000E-33"},{"v":-1.4E-3,"d":"-0.001"},{"v":0.0008,"d":"0.001"},{"v":0.05512,"d":"0.055"}]
["FVC","TH_parsopercularis","rs28929474","T","C",0.019693,9.24754782377338e-05,421986,{"v":39.0267812289301,"d":"39.027"},{"v":0.0489397,"d":"0.049"},{"v":0.00592126,"d":"0.006"},{"v":1.39990962656834e-16,"d":"1.400E-16"},{"v":-0.0027,"d":"-0.003"},{"v":2.8E-3,"d":"0.003"},{"v":0.3333,"d":"0.333"}]
["FVC","TH_parsopercularis","rs309137","C","T",0.227462,8.33684369570823e-05,421986,{"v":35.1830796592559,"d":"35.183"},{"v":0.0154018,"d":"0.015"},{"v":1.94955E-3,"d":"0.002"},{"v":2.80027059501064e-15,"d":"2.800E-15"},{"v":-0.0009,"d":"-0.001"},{"v":0.0008,"d":"0.001"},{"v":0.2691,"d":"0.269"}]
["FVC","TH_parsopercularis","rs3116605","C","T",0.215238,7.92429456128899e-05,421986,{"v":33.4419051965844,"d":"33.442"},{"v":-0.0153157,"d":"-0.015"},{"v":0.00199894,"d":"0.002"},{"v":1.80011396041801E-14,"d":"1.800E-14"},{"v":1.5E-3,"d":"0.002"},{"v":0.0009,"d":"0.001"},{"v":0.08876,"d":"0.089"}]
["FVC","TH_parsopercularis","rs3253","T","C",0.314156,7.73374553775006e-05,421986,{"v":32.6376928861364,"d":"32.638"},{"v":0.0133966,"d":"0.013"},{"v":0.00176807,"d":"0.002"},{"v":3.50025754158434E-14,"d":"3.500E-14"},{"v":0.0003,"d":"0.000"},{"v":0.0008,"d":"0.001"},{"v":0.6609,"d":"0.661"}]
["FVC","TH_parsopercularis","rs344133","A","G",0.614205,5.9441457606158e-05,421986,{"v":25.0848351256407,"d":"25.085"},{"v":0.0111994,"d":"0.011"},{"v":1.68384E-3,"d":"0.002"},{"v":2.90001336905407e-11,"d":"2.900E-11"},{"v":1E-3,"d":"0.001"},{"v":0.0007,"d":"0.001"},{"v":0.1772,"d":"0.177"}]
["FVC","TH_parsopercularis","rs34587839","A","G",0.154712,9.59331764500232e-05,421986,{"v":40.48614949601,"d":"40.486"},{"v":-0.0191516,"d":"-0.019"},{"v":0.00227501,"d":"0.002"},{"v":3.80014352941585e-17,"d":"3.800E-17"},{"v":-0.0003,"d":"-0.000"},{"v":1E-3,"d":"0.001"},{"v":0.8081,"d":"0.808"}]
["FVC","TH_parsopercularis","rs35344761","A","C",0.122131,7.98184258788518e-05,421986,{"v":33.6847872927592,"d":"33.685"},{"v":-0.0192934,"d":"-0.019"},{"v":2.52637E-3,"d":"0.003"},{"v":2.19988510904925E-14,"d":"2.200E-14"},{"v":1.8E-3,"d":"0.002"},{"v":0.0012,"d":"0.001"},0.124]
["FVC","TH_parsopercularis","rs35480566","G","A",0.439723,1.10816232234529E-4,421986,{"v":46.7678595812438,"d":"46.768"},{"v":0.0149967,"d":"0.015"},{"v":0.0016583,"d":"0.002"},{"v":1.50003019045595e-19,"d":"1.500E-19"},{"v":-0.0002,"d":"-0.000"},{"v":0.0007,"d":"0.001"},0.793]
["FVC","TH_parsopercularis","rs35506","A","T",0.715534,7.52389405219948e-05,421986,{"v":31.7520180654321,"d":"31.752"},{"v":0.0135949,"d":"0.014"},{"v":0.00182407,"d":"0.002"},{"v":9.09913272632251e-14,"d":"9.099E-14"},{"v":0.0002,"d":"0.000"},{"v":0.0008,"d":"0.001"},{"v":0.7753,"d":"0.775"}]
["FVC","TH_parsopercularis","rs35654957","C","T",0.369551,4.7229665459788E-5,421986,{"v":19.9311044887804,"d":"19.931"},{"v":-0.0100677,"d":"-0.010"},{"v":0.00171015,"d":"0.002"},{"v":3.89995862874433e-09,"d":"3.900E-09"},{"v":1E-4,"d":"0.000"},{"v":0.0008,"d":"0.001"},{"v":0.9316,"d":"0.932"}]
["FVC","TH_parsopercularis","rs35668185","C","T",0.207881,4.39810225504036E-5,421986,{"v":18.560104112267,"d":"18.560"},{"v":-0.0115562,"d":"-0.012"},{"v":2.01805E-3,"d":"0.002"},{"v":1E-8,"d":"1.000E-08"},{"v":-0.0012,"d":"-0.001"},{"v":0.0009,"d":"0.001"},{"v":0.2043,"d":"0.204"}]
["FVC","TH_parsopercularis","rs35805829","C","T",0.346839,8.02689032154592e-05,421986,{"v":33.8749119565016,"d":"33.875"},{"v":-0.0133102,"d":"-0.013"},{"v":1.72266E-3,"d":"0.002"},{"v":1.10001852750622E-14,"d":"1.100E-14"},{"v":-0.0008,"d":"-0.001"},{"v":0.0007,"d":"0.001"},{"v":0.3062,"d":"0.306"}]
["FVC","TH_parsopercularis","rs35897671","T","C",0.345283,5.9327572593459e-05,421986,{"v":25.0367717641725,"d":"25.037"},{"v":0.0114551,"d":"0.011"},{"v":0.00172695,"d":"0.002"},{"v":3.29989407910834e-11,"d":"3.300E-11"},{"v":0.0007,"d":"0.001"},{"v":0.0008,"d":"0.001"},{"v":0.3719,"d":"0.372"}]
["FVC","TH_parsopercularis","rs36226649","C","T",0.066506,8.70139707337911e-05,421986,{"v":36.7216987269464,"d":"36.722"},{"v":0.0264724,"d":"0.026"},{"v":0.00329988,"d":"0.003"},{"v":1e-15,"d":"1.000E-15"},{"v":-0.0011,"d":"-0.001"},{"v":1.5E-3,"d":"0.002"},{"v":0.4761,"d":"0.476"}]
["FVC","TH_parsopercularis","rs3732987","A","C",0.524508,5.53461247568242e-05,421986,{"v":23.3564717995858,"d":"23.356"},{"v":0.0105337,"d":"0.011"},{"v":0.00164918,"d":"0.002"},{"v":1.70000422215636e-10,"d":"1.700E-10"},{"v":0.0002,"d":"0.000"},{"v":0.0007,"d":"0.001"},{"v":0.7985,"d":"0.799"}]
["FVC","TH_parsopercularis","rs3734254","T","C",0.790532,1.42473762916661E-4,421986,{"v":60.13021534867,"d":"60.130"},{"v":0.0207412,"d":"0.021"},{"v":0.00201522,"d":"0.002"},{"v":7.59976214361039e-25,"d":"7.600E-25"},{"v":0.0009,"d":"0.001"},{"v":0.0009,"d":"0.001"},0.329]
["FVC","TH_parsopercularis","rs3743347","A","C",0.231535,1.02185615560985E-4,421986,{"v":43.1251015619361,"d":"43.125"},{"v":-0.0169457,"d":"-0.017"},{"v":1.94802E-3,"d":"0.002"},{"v":3.40016505804072e-18,"d":"3.400E-18"},{"v":0.0007,"d":"0.001"},{"v":0.0008,"d":"0.001"},{"v":0.4233,"d":"0.423"}]
["FVC","TH_parsopercularis","rs3790076","T","G",0.572955,0.000211865275899546,421986,{"v":89.4227021506569,"d":"89.423"},{"v":-0.0208074,"d":"-0.021"},{"v":1.66216E-3,"d":"0.002"},{"v":5.90065196995663e-36,"d":"5.901E-36"},{"v":-0.0003,"d":"-0.000"},{"v":0.0007,"d":"0.001"},{"v":0.6562,"d":"0.656"}]
["FVC","TH_parsopercularis","rs3790743","G","A",0.599509,4.41696140797053e-05,421986,{"v":18.6396937358892,"d":"18.640"},{"v":-0.00959075,"d":"-0.010"},{"v":1.69268E-3,"d":"0.002"},{"v":1.49999565138204e-08,"d":"1.500E-08"},{"v":0.0011,"d":"0.001"},{"v":0.0008,"d":"0.001"},{"v":0.18,"d":"0.180"}]
["FVC","TH_parsopercularis","rs3791679","G","A",0.227266,0.000612002896837713,421986,{"v":258.413580278878,"d":"258.414"},{"v":-0.0417426,"d":"-0.042"},{"v":0.00195359,"d":"0.002"},{"v":2.6977394324449E-101,"d":"2.698E-101"},{"v":-0.0005,"d":"-0.001"},{"v":0.0008,"d":"0.001"},{"v":0.5514,"d":"0.551"}]
["FVC","TH_parsopercularis","rs3806443","G","C",0.265329,4.61179473668757e-05,421986,{"v":19.461933446086,"d":"19.462"},{"v":0.0108763,"d":"0.011"},{"v":0.00186138,"d":"0.002"},{"v":5.09999793204996e-09,"d":"5.100E-09"},{"v":0.0003,"d":"0.000"},{"v":0.0009,"d":"0.001"},{"v":0.7282,"d":"0.728"}]
["FVC","TH_parsopercularis","rs3814316","A","G",0.368453,{"$f":"2*F3205*(1-F3205)*J3205*J3205","v":4.16612453966733e-05},421986,{"$f":"G3205/(1-G3205)*(H3205-2)","v":{"v":17.5811114284674,"d":"17.581"}},{"v":-0.00946144,"d":"-0.009"},{"v":0.00170087,"d":"0.002"},{"v":2.69997659840121e-08,"d":"2.700E-08"},{"v":0.0003,"d":"0.000"},{"v":0.0007,"d":"0.001"},{"v":0.6654,"d":"0.665"}]
["FVC","TH_parsopercularis","rs3828559","G","A",0.758433,5.04655975131029e-05,421986,{"v":21.2967494541555,"d":"21.297"},{"v":0.0117356,"d":"0.012"},{"v":0.00191612,"d":"0.002"},{"v":9.09997082601283e-10,"d":"9.100E-10"},{"v":0.0003,"d":"0.000"},{"v":0.0008,"d":"0.001"},{"v":0.6832,"d":"0.683"}]
["FVC","TH_parsopercularis","rs3858603","A","G",0.501593,7.64582018958038e-05,421986,{"v":32.266604915392,"d":"32.267"},{"v":-0.012366,"d":"-0.012"},{"v":1.63937E-3,"d":"0.002"},{"v":4.60044666393479e-14,"d":"4.600E-14"},{"v":-1.5E-3,"d":"-0.002"},{"v":0.0007,"d":"0.001"},{"v":0.0404,"d":"0.040"}]
["FVC","TH_parsopercularis","rs42038","T","C",0.298973,0.0001100833355849,421986,{"v":46.4585205923715,"d":"46.459"},{"v":0.0162055,"d":"0.016"},{"v":0.001795,"d":"0.002"},{"v":1.69980851320349e-19,"d":"1.700E-19"},{"v":0.0008,"d":"0.001"},{"v":0.0008,"d":"0.001"},{"v":0.2755,"d":"0.276"}]
["FVC","TH_parsopercularis","rs4244808","G","T",0.459999,6.73887227545813e-05,421986,{"v":28.438879242618,"d":"28.439"},{"v":0.0116467,"d":"0.012"},{"v":1.65946E-3,"d":"0.002"},{"v":2.19988510904925e-12,"d":"2.200E-12"},{"v":0,"d":"0.000"},{"v":0.0007,"d":"0.001"},{"v":0.9526,"d":"0.953"}]
["FVC","TH_parsopercularis","rs425102","G","T",0.240797,0.000137901421280968,421986,{"v":58.2002192507815,"d":"58.200"},{"v":-0.0194207,"d":"-0.019"},{"v":0.00191587,"d":"0.002"},{"v":3.80014352941585e-24,"d":"3.800E-24"},{"v":-0.0008,"d":"-0.001"},{"v":0.0008,"d":"0.001"},{"v":0.3551,"d":"0.355"}]
["FVC","TH_parsopercularis","rs4279453","C","T",0.439777,4.75360731157916e-05,421986,{"v":20.0604158710898,"d":"20.060"},{"v":-0.009822,"d":"-0.010"},{"v":1.65712E-3,"d":"0.002"},{"v":3.09998790941119e-09,"d":"3.100E-09"},{"v":0.0005,"d":"0.001"},{"v":0.0007,"d":"0.001"},{"v":0.5214,"d":"0.521"}]
["FVC","TH_parsopercularis","rs4497878","C","T",0.715464,8.76845467196344e-05,421986,{"v":37.0047205050822,"d":"37.005"},{"v":-0.0146752,"d":"-0.015"},{"v":1.81627E-3,"d":"0.002"},{"v":6.49980009683026e-16,"d":"6.500E-16"},{"v":-1E-4,"d":"-0.000"},{"v":0.0008,"d":"0.001"},{"v":0.9305,"d":"0.931"}]
["FVC","TH_parsopercularis","rs4650619","T","C",0.658131,5.51787534628888E-5,421986,{"v":23.2858359846867,"d":"23.286"},{"v":0.0110735,"d":"0.011"},{"v":0.00173535,"d":"0.002"},{"v":1.79998961724559E-10,"d":"1.800E-10"},{"v":0.0003,"d":"0.000"},{"v":0.0007,"d":"0.001"},{"v":0.7151,"d":"0.715"}]
["FVC","TH_parsopercularis","rs4678778","G","A",0.103138,4.9032397109147e-05,421986,{"v":20.6919016352442,"d":"20.692"},{"v":0.01628,"d":"0.016"},{"v":0.00272878,"d":"0.003"},{"v":2.39999313805789E-9,"d":"2.400E-09"},{"v":0.0011,"d":"0.001"},{"v":0.0012,"d":"0.001"},{"v":0.3595,"d":"0.360"}]
["FVC","TH_parsopercularis","rs4693974","G","A",0.574007,6.5108970456126e-05,421986,{"v":27.4767327707401,"d":"27.477"},{"v":0.0115384,"d":"0.012"},{"v":1.66303E-3,"d":"0.002"},{"v":4.00036851046125E-12,"d":"4.000E-12"},{"v":0.0007,"d":"0.001"},{"v":0.0007,"d":"0.001"},{"v":0.3499,"d":"0.350"}]
["FVC","TH_parsopercularis","rs4728358","T","C",0.687154,4.77707244436522e-05,421986,{"v":20.1594444148942,"d":"20.159"},{"v":-0.0105408,"d":"-0.011"},{"v":1.7764E-3,"d":"0.002"},{"v":2.99999133271614e-09,"d":"3.000E-09"},{"v":-0.0009,"d":"-0.001"},{"v":0.0008,"d":"0.001"},0.247]
["FVC","TH_parsopercularis","rs4735766","T","G",0.285258,9.07993719661411e-05,421986,{"v":38.3193615537233,"d":"38.319"},{"v":0.0149222,"d":"0.015"},{"v":1.81989E-3,"d":"0.002"},{"v":2.39993787680988E-16,"d":"2.400E-16"},{"v":-0.0012,"d":"-0.001"},{"v":0.0008,"d":"0.001"},{"v":0.1033,"d":"0.103"}]
["FVC","TH_parsopercularis","rs4759316","A","G",0.57091,5.31891591327017e-05,421986,{"v":22.4461680202567,"d":"22.446"},{"v":0.0104193,"d":"0.010"},{"v":0.00165644,"d":"0.002"},{"v":3.20000015974484E-10,"d":"3.200E-10"},{"v":0.0003,"d":"0.000"},{"v":0.0007,"d":"0.001"},{"v":0.6567,"d":"0.657"}]
["FVC","TH_parsopercularis","rs4794006","A","G",0.555023,5.38677822535485e-05,421986,{"v":22.7325667794388,"d":"22.733"},{"v":-0.010443,"d":"-0.010"},{"v":0.00165309,"d":"0.002"},{"v":2.69997659840121E-10,"d":"2.700E-10"},{"v":-0.0009,"d":"-0.001"},{"v":0.0007,"d":"0.001"},{"v":0.2021,"d":"0.202"}]
["FVC","TH_parsopercularis","rs4909017","T","C",0.557895,7.95950937485174e-05,421986,{"v":33.5905296817335,"d":"33.591"},{"v":0.0127025,"d":"0.013"},{"v":0.00165126,"d":"0.002"},{"v":1.39990962656834e-14,"d":"1.400E-14"},{"v":-0.0005,"d":"-0.001"},{"v":0.0007,"d":"0.001"},{"v":0.5045,"d":"0.505"}]
["FVC","TH_parsopercularis","rs4918293","A","G",0.335439,5.24388950619221e-05,421986,{"v":22.1295351421812,"d":"22.130"},{"v":-0.0108452,"d":"-0.011"},{"v":0.00174452,"d":"0.002"},{"v":5.09999793204996e-10,"d":"5.100E-10"},{"v":0.0007,"d":"0.001"},{"v":0.0008,"d":"0.001"},{"v":0.3548,"d":"0.355"}]
["FVC","TH_parsopercularis","rs4924413","A","G",0.283479,4.76110581125863e-05,421986,{"v":20.0920613508822,"d":"20.092"},{"v":0.0108259,"d":"0.011"},{"v":0.00182023,"d":"0.002"},{"v":2.69997659840121e-09,"d":"2.700E-09"},{"v":-0.0002,"d":"-0.000"},{"v":0.0008,"d":"0.001"},{"v":0.7851,"d":"0.785"}]
["FVC","TH_parsopercularis","rs4951407","G","T",0.661152,5.97857889278145E-5,421986,{"v":25.230154759622,"d":"25.230"},{"v":0.0115513,"d":"0.012"},{"v":0.00173213,"d":"0.002"},{"v":2.60015956316527E-11,"d":"2.600E-11"},{"v":-0.0002,"d":"-0.000"},{"v":0.0008,"d":"0.001"},{"v":0.7643,"d":"0.764"}]
["FVC","TH_parsopercularis","rs4959021","C","T",0.814313,0.000289077580921587,421986,{"v":122.02138755515,"d":"122.021"},{"v":-0.0309176,"d":"-0.031"},{"v":0.00221491,"d":"0.002"},{"v":2.80027059501065e-44,"d":"2.800E-44"},{"v":-0.0024,"d":"-0.002"},{"v":0.0011,"d":"0.001"},{"v":0.03516,"d":"0.035"}]
["FVC","TH_parsopercularis","rs55681913","C","T",0.10621,8.08864045248552e-05,421986,{"v":34.1355296272746,"d":"34.136"},{"v":0.0206406,"d":"0.021"},{"v":2.69286E-3,"d":"0.003"},{"v":1.80011396041801E-14,"d":"1.800E-14"},{"v":1E-3,"d":"0.001"},{"v":0.0013,"d":"0.001"},{"v":0.4131,"d":"0.413"}]
["FVC","TH_parsopercularis","rs55707322","A","C",0.163689,4.62683444763271E-5,421986,{"v":19.5254044836391,"d":"19.525"},{"v":0.0129997,"d":"0.013"},{"v":0.00221808,"d":"0.002"},{"v":4.60002296665069e-09,"d":"4.600E-09"},{"v":-1.4E-3,"d":"-0.001"},{"v":1E-3,"d":"0.001"},{"v":0.1661,"d":"0.166"}]
["FVC","TH_parsopercularis","rs55758152","A","G",0.325764,5.16859270150706E-5,421986,{"v":21.811761586645,"d":"21.812"},{"v":0.0108471,"d":"0.011"},{"v":0.00177131,"d":"0.002"},{"v":9.09997082601283e-10,"d":"9.100E-10"},{"v":0.0009,"d":"0.001"},{"v":0.0009,"d":"0.001"},{"v":0.3059,"d":"0.306"}]
["FVC","TH_parsopercularis","rs55786114","T","C",0.073277,7.23637113431354e-05,421986,{"v":30.5385382493884,"d":"30.539"},{"v":-0.0230827,"d":"-0.023"},{"v":0.00314939,"d":"0.003"},{"v":2.29985258668621e-13,"d":"2.300E-13"},{"v":0.0009,"d":"0.001"},{"v":0.0017,"d":"0.002"},{"v":0.5786,"d":"0.579"}]
["FVC","TH_parsopercularis","rs558107","G","A",0.587806,5.78469038151767E-5,421986,{"v":24.4118800112185,"d":"24.412"},{"v":-0.0109259,"d":"-0.011"},{"v":1.67201E-3,"d":"0.002"},{"v":6.40029512108372E-11,"d":"6.400E-11"},{"v":0.0007,"d":"0.001"},{"v":0.0007,"d":"0.001"},{"v":0.3633,"d":"0.363"}]
["FVC","TH_parsopercularis","rs55831773","T","C",0.199579,6.58378676692214e-05,421986,{"v":27.7843560132832,"d":"27.784"},{"v":-0.0143551,"d":"-0.014"},{"v":0.00209681,"d":"0.002"},{"v":7.59976214361039E-12,"d":"7.600E-12"},{"v":0,"d":"0.000"},{"v":1E-3,"d":"0.001"},{"v":0.9597,"d":"0.960"}]
["FVC","TH_parsopercularis","rs55962189","T","A",0.299312,5.39173733411806e-05,421986,{"v":22.7534956807262,"d":"22.753"},{"v":0.0113377,"d":"0.011"},{"v":0.00180553,"d":"0.002"},{"v":3.4000084782586e-10,"d":"3.400E-10"},{"v":-0.0006,"d":"-0.001"},{"v":0.0008,"d":"0.001"},{"v":0.4786,"d":"0.479"}]
["FVC","TH_parsopercularis","rs56099233","T","G",0.203137,4.63112857415907e-05,421986,{"v":19.5435266882283,"d":"19.544"},{"v":0.0119603,"d":"0.012"},{"v":0.00205819,"d":"0.002"},{"v":6.19997588072324e-09,"d":"6.200E-09"},{"v":0.0002,"d":"0.000"},{"v":1E-3,"d":"0.001"},{"v":0.7976,"d":"0.798"}]
["FVC","TH_parsopercularis","rs56107042","G","C",0.024063,4.31515448222523e-05,421986,{"v":18.2100472819448,"d":"18.210"},{"v":-0.0303108,"d":"-0.030"},{"v":0.00545244,"d":"0.005"},{"v":2.69997659840121e-08,"d":"2.700E-08"},{"v":-0.0006,"d":"-0.001"},{"v":0.0026,"d":"0.003"},{"v":0.8258,"d":"0.826"}]
["FVC","TH_parsopercularis","rs56144019","A","G",0.23362,5.74600505527944e-05,421986,{"v":24.2486152991313,"d":"24.249"},{"v":-0.0126675,"d":"-0.013"},{"v":0.00194171,"d":"0.002"},{"v":6.89922009844049e-11,"d":"6.899E-11"},{"v":-1.4E-3,"d":"-0.001"},{"v":0.0009,"d":"0.001"},{"v":0.1126,"d":"0.113"}]
["FVC","TH_parsopercularis","rs56318219","A","G",0.263367,7.89251775726661e-05,421986,{"v":33.3077909561397,"d":"33.308"},{"v":0.0142622,"d":"0.014"},{"v":0.00189906,"d":"0.002"},{"v":5.90065196995665e-14,"d":"5.901E-14"},{"v":0.0005,"d":"0.001"},{"v":0.0008,"d":"0.001"},{"v":0.5514,"d":"0.551"}]
["FVC","TH_parsopercularis","rs564443","A","G",0.162319,4.20226237478109e-05,421986,{"v":17.7336200728403,"d":"17.734"},{"v":0.0124309,"d":"0.012"},{"v":0.00222876,"d":"0.002"},{"v":2.39999313805789e-08,"d":"2.400E-08"},{"v":-0.0007,"d":"-0.001"},{"v":0.0009,"d":"0.001"},{"v":0.4488,"d":"0.449"}]
["FVC","TH_parsopercularis","rs57072412","A","G",0.383191,5.48617071536508e-05,421986,{"v":23.1520327915692,"d":"23.152"},{"v":0.010773,"d":"0.011"},{"v":1.68954E-3,"d":"0.002"},{"v":1.79998961724559E-10,"d":"1.800E-10"},{"v":0.0006,"d":"0.001"},{"v":0.0007,"d":"0.001"},{"v":0.3877,"d":"0.388"}]
["FVC","TH_parsopercularis","rs575837","G","A",0.784728,5.50345504488652e-05,421986,{"v":23.2249779128326,"d":"23.225"},{"v":0.0127629,"d":"0.013"},{"v":0.0020075,"d":"0.002"},{"v":2.00000001996811e-10,"d":"2.000E-10"},{"v":0.0005,"d":"0.001"},{"v":0.0008,"d":"0.001"},{"v":0.5879,"d":"0.588"}]
["FVC","TH_parsopercularis","rs582780","G","A",0.422609,7.69184760023856e-05,421986,{"v":32.4608630175037,"d":"32.461"},{"v":0.0125544,"d":"0.013"},{"v":1.6756E-3,"d":"0.002"},{"v":6.79986045003322e-14,"d":"6.800E-14"},{"v":0.0005,"d":"0.001"},{"v":0.0007,"d":"0.001"},{"v":0.5228,"d":"0.523"}]
["FVC","TH_parsopercularis","rs58746189","C","T",0.114418,5.54327432021165e-05,421986,{"v":23.3930274470851,"d":"23.393"},{"v":-0.0165389,"d":"-0.017"},{"v":0.00257892,"d":"0.003"},{"v":1.40000633223953E-10,"d":"1.400E-10"},{"v":1E-3,"d":"0.001"},{"v":0.0012,"d":"0.001"},0.391]
["FVC","TH_parsopercularis","rs59032271","T","C",0.467565,5.25155515367519e-05,421986,{"v":22.1618863433691,"d":"22.162"},{"v":-0.0102701,"d":"-0.010"},{"v":0.00164133,"d":"0.002"},{"v":3.89995862874433e-10,"d":"3.900E-10"},{"v":-0.0008,"d":"-0.001"},{"v":0.0007,"d":"0.001"},{"v":0.2923,"d":"0.292"}]
["FVC","TH_parsopercularis","rs5992929","T","C",0.284928,4.74968475738632E-5,421986,{"v":20.0438617468553,"d":"20.044"},{"v":0.0107963,"d":"0.011"},{"v":0.0018267,"d":"0.002"},{"v":3.4000084782586e-09,"d":"3.400E-09"},{"v":-0.0003,"d":"-0.000"},{"v":0.0008,"d":"0.001"},{"v":0.6838,"d":"0.684"}]
["FVC","TH_parsopercularis","rs60839038","C","A",0.47352,7.81566247420721e-05,421986,{"v":32.9834230081733,"d":"32.983"},{"v":0.0125201,"d":"0.013"},{"v":0.00167309,"d":"0.002"},{"v":7.29961575729299e-14,"d":"7.300E-14"},{"v":0,"d":"0.000"},{"v":0.0008,"d":"0.001"},{"v":0.9666,"d":"0.967"}]
["FVC","TH_parsopercularis","rs6088619","G","A",0.135815,7.20917622439476e-05,421986,{"v":30.4237635014749,"d":"30.424"},{"v":0.0175247,"d":"0.018"},{"v":2.41661E-3,"d":"0.002"},{"v":4.10015240506613e-13,"d":"4.100E-13"},{"v":1.5E-3,"d":"0.002"},{"v":0.0011,"d":"0.001"},{"v":0.1579,"d":"0.158"}]
["FVC","TH_parsopercularis","rs6107411","G","A",0.165223,4.40792134730111e-05,421986,{"v":18.6015427595694,"d":"18.602"},{"v":0.012641,"d":"0.013"},{"v":0.00221407,"d":"0.002"},{"v":1.09999319893519E-8,"d":"1.100E-08"},{"v":0.0012,"d":"0.001"},{"v":1E-3,"d":"0.001"},{"v":0.2321,"d":"0.232"}]
["FVC","TH_parsopercularis","rs6140000","G","T",0.497765,4.80103190874975e-05,421986,{"v":20.2605592057309,"d":"20.261"},{"v":-0.00979911,"d":"-0.010"},{"v":1.64577E-3,"d":"0.002"},{"v":2.59997995670925e-09,"d":"2.600E-09"},{"v":-0.0004,"d":"-0.000"},{"v":0.0007,"d":"0.001"},{"v":0.5657,"d":"0.566"}]
["FVC","TH_parsopercularis","rs61732778","A","G",0.071158,4.53939497968776e-05,421986,{"v":19.1563900952959,"d":"19.156"},{"v":0.0185311,"d":"0.019"},{"v":0.0031876,"d":"0.003"},{"v":6.10000231740111e-09,"d":"6.100E-09"},{"v":-0.0007,"d":"-0.001"},{"v":1.4E-3,"d":"0.001"},{"v":0.6236,"d":"0.624"}]
["FVC","TH_parsopercularis","rs61884008","A","G",0.055359,6.19804364366019e-05,421986,{"v":26.1563736727189,"d":"26.156"},{"v":0.0243436,"d":"0.024"},{"v":3.63066E-3,"d":"0.004"},{"v":1.99986186963274e-11,"d":"2.000E-11"},{"v":-0.0022,"d":"-0.002"},{"v":0.0016,"d":"0.002"},{"v":0.1678,"d":"0.168"}]
["FVC","TH_parsopercularis","rs62018872","A","G",0.120637,4.85026045935671e-05,421986,{"v":20.4683158634428,"d":"20.468"},{"v":-0.0151197,"d":"-0.015"},{"v":0.00253721,"d":"0.003"},{"v":2.49999995007974e-09,"d":"2.500E-09"},{"v":0.0002,"d":"0.000"},{"v":0.0011,"d":"0.001"},0.888]
["FVC","TH_parsopercularis","rs62276616","A","G",0.042615,5.76894212543324e-05,421986,{"v":24.3454172116173,"d":"24.345"},{"v":-0.0265894,"d":"-0.027"},{"v":4.0951E-3,"d":"0.004"},{"v":8.4004006526377e-11,"d":"8.400E-11"},{"v":-0.0017,"d":"-0.002"},{"v":1.8E-3,"d":"0.002"},0.357]
["FVC","TH_parsopercularis","rs644570","A","G",0.632228,5.14133799179517e-05,421986,{"v":21.6967392139931,"d":"21.697"},{"v":0.0105147,"d":"0.011"},{"v":0.00170914,"d":"0.002"},{"v":7.59993713661527e-10,"d":"7.600E-10"},{"v":0.0008,"d":"0.001"},{"v":0.0007,"d":"0.001"},{"v":0.2947,"d":"0.295"}]
["FVC","TH_parsopercularis","rs6462426","C","T",0.945001,4.55399828280401e-05,421986,{"v":19.2180193019767,"d":"19.218"},{"v":-0.0209309,"d":"-0.021"},{"v":3.60298E-3,"d":"0.004"},{"v":6.29999202947421e-09,"d":"6.300E-09"},{"v":-2E-3,"d":"-0.002"},{"v":1.5E-3,"d":"0.002"},{"v":0.1874,"d":"0.187"}]
["FVC","TH_parsopercularis","rs6487686","C","T",0.772904,1.03141223251922E-4,421986,{"v":43.5284355288256,"d":"43.528"},{"v":-0.0171409,"d":"-0.017"},{"v":0.00196297,"d":"0.002"},{"v":2.49976970217851e-18,"d":"2.500E-18"},{"v":-0.0011,"d":"-0.001"},{"v":0.0008,"d":"0.001"},{"v":0.2045,"d":"0.205"}]
["FVC","TH_parsopercularis","rs6501431","T","C",0.784491,5.66176612404253E-5,421986,{"v":23.8930999323176,"d":"23.893"},{"v":0.01294,"d":"0.013"},{"v":0.00199944,"d":"0.002"},{"v":9.70063133783958e-11,"d":"9.701E-11"},{"v":-1E-4,"d":"-0.000"},{"v":0.0008,"d":"0.001"},{"v":0.9495,"d":"0.950"}]
["FVC","TH_parsopercularis","rs661857","C","T",0.482472,0.000109798209617901,421986,{"v":46.3381755361111,"d":"46.338"},{"v":0.0148279,"d":"0.015"},{"v":0.00164183,"d":"0.002"},{"v":1.69980851320349e-19,"d":"1.700E-19"},{"v":1.5E-3,"d":"0.002"},{"v":0.0007,"d":"0.001"},{"v":0.0363,"d":"0.036"}]
["FVC","TH_parsopercularis","rs663378","A","G",0.833573,6.37425819916999e-05,421986,{"v":26.900064398746,"d":"26.900"},{"v":-0.0151571,"d":"-0.015"},{"v":0.00222469,"d":"0.002"},{"v":9.49948365876348e-12,"d":"9.499E-12"},{"v":0.0013,"d":"0.001"},{"v":1E-3,"d":"0.001"},{"v":0.1945,"d":"0.195"}]
["FVC","TH_parsopercularis","rs6658835","G","A",0.269388,1.42791581170128E-4,421986,{"v":60.2643678328666,"d":"60.264"},{"v":0.019046,"d":"0.019"},{"v":1.85345E-3,"d":"0.002"},{"v":8.99911910870052e-25,"d":"8.999E-25"},{"v":0.0003,"d":"0.000"},{"v":0.0008,"d":"0.001"},{"v":0.6748,"d":"0.675"}]
["FVC","TH_parsopercularis","rs668844","A","C",0.482052,4.45621047410429e-05,421986,{"v":18.8053332122725,"d":"18.805"},{"v":0.00944665,"d":"0.009"},{"v":1.64055E-3,"d":"0.002"},{"v":8.50002102591718E-9,"d":"8.500E-09"},{"v":-0.0003,"d":"-0.000"},{"v":0.0007,"d":"0.001"},{"v":0.7154,"d":"0.715"}]
["FVC","TH_parsopercularis","rs67232546","T","C",0.21257,4.86244793317992e-05,421986,{"v":20.5197500485121,"d":"20.520"},{"v":-0.0120519,"d":"-0.012"},{"v":0.0020216,"d":"0.002"},{"v":2.49999995007974e-09,"d":"2.500E-09"},{"v":-0.0005,"d":"-0.001"},{"v":0.0009,"d":"0.001"},{"v":0.6038,"d":"0.604"}]
["FVC","TH_parsopercularis","rs67551338","T","C",0.06134,7.05189984710282e-05,421986,{"v":29.7599876953251,"d":"29.760"},{"v":0.0247464,"d":"0.025"},{"v":0.00345878,"d":"0.003"},{"v":8.4004006526377e-13,"d":"8.400E-13"},{"v":0.0011,"d":"0.001"},{"v":1.5E-3,"d":"0.002"},{"v":0.4656,"d":"0.466"}]
["FVC","TH_parsopercularis","rs6762578","A","G",0.77845,0.000132137192897206,421986,{"v":55.7671501222077,"d":"55.767"},{"v":0.0195725,"d":"0.020"},{"v":0.00198462,"d":"0.002"},{"v":6.09958095872238e-23,"d":"6.100E-23"},{"v":-0.0007,"d":"-0.001"},{"v":1E-3,"d":"0.001"},{"v":0.4751,"d":"0.475"}]
["FVC","TH_parsopercularis","rs6803045","A","G",0.582831,5.28540720634528e-05,421986,{"v":22.3047516425747,"d":"22.305"},{"v":0.0104255,"d":"0.010"},{"v":0.00167546,"d":"0.002"},{"v":4.90004422793237e-10,"d":"4.900E-10"},{"v":1.4E-3,"d":"0.001"},{"v":0.0007,"d":"0.001"},{"v":0.05401,"d":"0.054"}]
["FVC","TH_parsopercularis","rs6886191","G","A",0.559405,6.13211737942761e-05,421986,{"v":25.8781410803905,"d":"25.878"},{"v":0.0111534,"d":"0.011"},{"v":1.65843E-3,"d":"0.002"},{"v":1.80011396041801E-11,"d":"1.800E-11"},{"v":0.0007,"d":"0.001"},{"v":0.0007,"d":"0.001"},{"v":0.3325,"d":"0.333"}]
["FVC","TH_parsopercularis","rs6902771","T","C",0.463035,9.61364438873099E-5,421986,{"v":40.5719415795277,"d":"40.572"},{"v":0.0139043,"d":"0.014"},{"v":0.00164169,"d":"0.002"},{"v":2.49976970217851E-17,"d":"2.500E-17"},{"v":0.0002,"d":"0.000"},{"v":0.0007,"d":"0.001"},{"v":0.7517,"d":"0.752"}]
["FVC","TH_parsopercularis","rs6906411","A","G",0.449499,4.49493692192693E-5,421986,{"v":18.9687672547471,"d":"18.969"},{"v":-0.00953023,"d":"-0.010"},{"v":1.65975E-3,"d":"0.002"},{"v":9.40004645744656E-9,"d":"9.400E-09"},{"v":0.0002,"d":"0.000"},{"v":0.0007,"d":"0.001"},{"v":0.7932,"d":"0.793"}]
["FVC","TH_parsopercularis","rs6919321","A","G",0.60753,5.65182520321187e-05,421986,{"v":23.8511460906076,"d":"23.851"},{"v":0.0108866,"d":"0.011"},{"v":1.68563E-3,"d":"0.002"},{"v":1.09999319893519e-10,"d":"1.100E-10"},{"v":-0.0002,"d":"-0.000"},{"v":0.0007,"d":"0.001"},{"v":0.8387,"d":"0.839"}]
["FVC","TH_parsopercularis","rs6937121","G","T",0.289184,0.000224015728667804,421986,{"v":94.5522344338483,"d":"94.552"},{"v":-0.0233431,"d":"-0.023"},{"v":1.80879E-3,"d":"0.002"},{"v":4.19952334664063E-38,"d":"4.200E-38"},{"v":0,"d":"0.000"},{"v":0.0008,"d":"0.001"},{"v":0.9838,"d":"0.984"}]
["FVC","TH_parsopercularis","rs6965423","C","T",0.50901,5.87283036522269e-05,421986,{"v":24.7838600024372,"d":"24.784"},{"v":-0.0108395,"d":"-0.011"},{"v":1.64539E-3,"d":"0.002"},{"v":4.49987033872151e-11,"d":"4.500E-11"},{"v":-0.0009,"d":"-0.001"},{"v":0.0007,"d":"0.001"},{"v":0.2495,"d":"0.250"}]
["FVC","TH_parsopercularis","rs6977081","T","G",0.333825,{"$f":"2*F3269*(1-F3269)*J3269*J3269","v":1.11883348591464E-4},421986,{"$f":"G3269/(1-G3269)*(H3269-2)","v":{"v":47.2182659097251,"d":"47.218"}},{"v":0.0158604,"d":"0.016"},{"v":0.00175433,"d":"0.002"},{"v":1.5999263828686e-19,"d":"1.600E-19"},{"v":0.0003,"d":"0.000"},{"v":0.0008,"d":"0.001"},0.678]
["FVC","TH_parsopercularis","rs698748","G","A",0.581469,4.26423821749827e-05,421986,{"v":17.9951703566595,"d":"17.995"},{"v":0.00936006,"d":"0.009"},{"v":0.00167978,"d":"0.002"},{"v":2.49999995007974e-08,"d":"2.500E-08"},{"v":-1.4E-3,"d":"-0.001"},{"v":0.0008,"d":"0.001"},{"v":0.1087,"d":"0.109"}]
["FVC","TH_parsopercularis","rs7027103","C","G",0.203801,8.86508239714635e-05,421986,{"v":37.4125459557999,"d":"37.413"},{"v":-0.0165277,"d":"-0.017"},{"v":2.04156E-3,"d":"0.002"},{"v":5.70033002218961e-16,"d":"5.700E-16"},{"v":0.0004,"d":"0.000"},{"v":0.0009,"d":"0.001"},{"v":0.6299,"d":"0.630"}]
["FVC","TH_parsopercularis","rs7029491","G","C",0.334337,8.05373568236104e-05,421986,{"v":33.988213302717,"d":"33.988"},{"v":0.0134513,"d":"0.013"},{"v":0.0017552,"d":"0.002"},{"v":1.80011396041801E-14,"d":"1.800E-14"},{"v":0.0013,"d":"0.001"},{"v":0.0008,"d":"0.001"},0.106]
["FVC","TH_parsopercularis","rs7105777","T","C",0.631869,5.44736156740329e-05,421986,{"v":22.9882464894954,"d":"22.988"},{"v":-0.0108209,"d":"-0.011"},{"v":1.70784E-3,"d":"0.002"},{"v":2.39999313805789e-10,"d":"2.400E-10"},{"v":-0.0005,"d":"-0.001"},{"v":0.0007,"d":"0.001"},{"v":0.4886,"d":"0.489"}]
["FVC","TH_parsopercularis","rs7176647","G","C",0.599761,7.33606114066136E-5,421986,{"v":30.9592754351831,"d":"30.959"},{"v":-0.0123614,"d":"-0.012"},{"v":1.69264E-3,"d":"0.002"},{"v":2.80027059501064E-13,"d":"2.800E-13"},{"v":-1E-3,"d":"-0.001"},{"v":0.0007,"d":"0.001"},{"v":0.1997,"d":"0.200"}]
["FVC","TH_parsopercularis","rs723149","G","A",0.56266,1.00808207678773E-4,421986,{"v":42.5437394672429,"d":"42.544"},{"v":-0.014312,"d":"-0.014"},{"v":1.65522E-3,"d":"0.002"},{"v":5.30029448835795e-18,"d":"5.300E-18"},{"v":0.0009,"d":"0.001"},{"v":0.0007,"d":"0.001"},{"v":0.2296,"d":"0.230"}]
["FVC","TH_parsopercularis","rs723588","C","T",0.142475,9.20476745432426e-05,421986,{"v":38.8462215988187,"d":"38.846"},{"v":0.0194088,"d":"0.019"},{"v":0.00234291,"d":"0.002"},{"v":1.20005182020427e-16,"d":"1.200E-16"},{"v":-1E-4,"d":"-0.000"},{"v":1E-3,"d":"0.001"},{"v":0.9202,"d":"0.920"}]
["FVC","TH_parsopercularis","rs72643433","A","G",0.252489,0.000148056194374593,421986,{"v":62.4865966546683,"d":"62.487"},{"v":-0.0198047,"d":"-0.020"},{"v":1.89404E-3,"d":"0.002"},{"v":1.39990962656834e-25,"d":"1.400E-25"},{"v":0.0008,"d":"0.001"},{"v":0.0008,"d":"0.001"},0.349]
["FVC","TH_parsopercularis","rs72656010","C","T",0.132118,0.00021908575780461,421986,{"v":92.4709434881494,"d":"92.471"},{"v":-0.0309087,"d":"-0.031"},{"v":0.00243307,"d":"0.002"},{"v":5.60015438761553e-37,"d":"5.600E-37"},{"v":0,"d":"0.000"},{"v":0.0011,"d":"0.001"},{"v":0.9835,"d":"0.984"}]
["FVC","TH_parsopercularis","rs72665944","A","G",0.07632,6.84337196213313e-05,421986,{"v":28.8799111004268,"d":"28.880"},{"v":-0.0220313,"d":"-0.022"},{"v":0.00313425,"d":"0.003"},{"v":2.09990670376243E-12,"d":"2.100E-12"},{"v":1.8E-3,"d":"0.002"},{"v":1.5E-3,"d":"0.002"},{"v":0.2152,"d":"0.215"}]
["FVC","TH_parsopercularis","rs72673891","G","A",0.067566,0.000133496624932514,421986,{"v":56.3409611036748,"d":"56.341"},{"v":0.0325497,"d":"0.033"},{"v":0.00328044,"d":"0.003"},{"v":3.29989407910835e-23,"d":"3.300E-23"},{"v":0.0026,"d":"0.003"},{"v":1.5E-3,"d":"0.002"},{"v":0.08348,"d":"0.083"}]
["FVC","TH_parsopercularis","rs72904209","C","T",0.13427,5.22341047259158E-5,421986,{"v":22.0431078506648,"d":"22.043"},{"v":-0.0149893,"d":"-0.015"},{"v":0.00240925,"d":"0.002"},{"v":4.90004422793237e-10,"d":"4.900E-10"},{"v":-0.0002,"d":"-0.000"},{"v":0.0011,"d":"0.001"},0.872]
["FVC","TH_parsopercularis","rs72976986","A","G",0.190197,7.62541928442309e-05,421986,{"v":32.1805032114777,"d":"32.181"},{"v":0.0157335,"d":"0.016"},{"v":2.11371E-3,"d":"0.002"},{"v":9.79941161095592e-14,"d":"9.799E-14"},{"v":0.0009,"d":"0.001"},{"v":1E-3,"d":"0.001"},{"v":0.3839,"d":"0.384"}]
["FVC","TH_parsopercularis","rs73125628","T","C",0.27862,4.67726131185683e-05,421986,{"v":19.7382175822406,"d":"19.738"},{"v":-0.0107868,"d":"-0.011"},{"v":0.00183637,"d":"0.002"},{"v":4.30001529151271e-09,"d":"4.300E-09"},{"v":-0.0002,"d":"-0.000"},{"v":0.0008,"d":"0.001"},{"v":0.8126,"d":"0.813"}]
["FVC","TH_parsopercularis","rs735830","A","G",0.208865,8.73933030413467e-05,421986,{"v":36.88179881282,"d":"36.882"},{"v":-0.0162617,"d":"-0.016"},{"v":2.02148E-3,"d":"0.002"},{"v":8.69961433065269e-16,"d":"8.700E-16"},{"v":0.0011,"d":"0.001"},{"v":0.0009,"d":"0.001"},{"v":0.24,"d":"0.240"}]
["FVC","TH_parsopercularis","rs7359156","G","A",0.209384,6.226472042639e-05,421986,{"v":26.276351874113,"d":"26.276"},{"v":-0.0137136,"d":"-0.014"},{"v":2.02651E-3,"d":"0.002"},{"v":1.2998702373886e-11,"d":"1.300E-11"},{"v":0.0007,"d":"0.001"},{"v":0.0009,"d":"0.001"},{"v":0.4702,"d":"0.470"}]
["FVC","TH_parsopercularis","rs73923824","A","C",0.187487,4.35755617595365E-5,421986,{"v":18.3889911641564,"d":"18.389"},{"v":0.0119593,"d":"0.012"},{"v":0.00213172,"d":"0.002"},{"v":2.0000000199681E-8,"d":"2.000E-08"},{"v":0.0003,"d":"0.000"},{"v":1E-3,"d":"0.001"},{"v":0.7516,"d":"0.752"}]
["FVC","TH_parsopercularis","rs74483355","T","C",0.112455,7.62296333510282e-05,421986,{"v":32.1701379178186,"d":"32.170"},{"v":-0.0195417,"d":"-0.020"},{"v":0.00260367,"d":"0.003"},{"v":6.09958095872238E-14,"d":"6.100E-14"},{"v":-1.8E-3,"d":"-0.002"},{"v":0.0012,"d":"0.001"},{"v":0.1187,"d":"0.119"}]
["FVC","TH_parsopercularis","rs74767794","G","A",0.316352,5.88798117763144e-05,421986,{"v":24.8478015264932,"d":"24.848"},{"v":0.0116672,"d":"0.012"},{"v":1.77224E-3,"d":"0.002"},{"v":4.60044666393479e-11,"d":"4.600E-11"},{"v":-0.0007,"d":"-0.001"},{"v":0.0008,"d":"0.001"},{"v":0.3516,"d":"0.352"}]
["FVC","TH_parsopercularis","rs75201573","C","T",0.228688,9.06302057649333e-05,421986,{"v":38.2479631702818,"d":"38.248"},{"v":0.0160282,"d":"0.016"},{"v":0.00196373,"d":"0.002"},{"v":3.29989407910835e-16,"d":"3.300E-16"},{"v":0.0012,"d":"0.001"},{"v":0.0009,"d":"0.001"},{"v":0.1665,"d":"0.167"}]
["FVC","TH_parsopercularis","rs7535275","G","A",0.130968,4.20369815446355e-05,421986,{"v":17.7396793427046,"d":"17.740"},{"v":0.0135894,"d":"0.014"},{"v":0.00243438,"d":"0.002"},{"v":2.39999313805789e-08,"d":"2.400E-08"},{"v":0.0011,"d":"0.001"},{"v":0.0011,"d":"0.001"},{"v":0.31,"d":"0.310"}]
["FVC","TH_parsopercularis","rs75421844","C","T",0.083714,1.12955137403472E-4,421986,{"v":47.6706453463618,"d":"47.671"},{"v":0.0271346,"d":"0.027"},{"v":0.00297229,"d":"0.003"},{"v":6.9008088854845e-20,"d":"6.901E-20"},{"v":0.0004,"d":"0.000"},{"v":0.0013,"d":"0.001"},{"v":0.7423,"d":"0.742"}]
["FVC","TH_parsopercularis","rs7562385","T","C",0.895666,8.01368217716201e-05,421986,{"v":33.8191667590144,"d":"33.819"},{"v":0.0207069,"d":"0.021"},{"v":0.00267966,"d":"0.003"},{"v":1.10001852750622E-14,"d":"1.100E-14"},{"v":-0.0002,"d":"-0.000"},{"v":0.0012,"d":"0.001"},{"v":0.8876,"d":"0.888"}]
["FVC","TH_parsopercularis","rs76084836","T","C",0.018081,4.09846726246564e-05,421986,{"v":17.2955849467299,"d":"17.296"},{"v":-0.033974,"d":"-0.034"},{"v":0.00617832,"d":"0.006"},{"v":3.79996853036855e-08,"d":"3.800E-08"},-0.004,{"v":0.0025,"d":"0.003"},0.117]
["FVC","TH_parsopercularis","rs76219171","A","G",0.06075,4.25319300147614E-5,421986,{"v":17.9485573421338,"d":"17.949"},{"v":-0.0193054,"d":"-0.019"},{"v":0.00348454,"d":"0.003"},{"v":2.99999133271615e-08,"d":"3.000E-08"},{"v":1E-4,"d":"0.000"},{"v":0.0016,"d":"0.002"},{"v":0.9522,"d":"0.952"}]
["FVC","TH_parsopercularis","rs7638143","A","G",0.582086,9.48743100324213e-05,421986,{"v":40.0392395399469,"d":"40.039"},{"v":-0.0139644,"d":"-0.014"},{"v":0.00166448,"d":"0.002"},{"v":4.90004422793237e-17,"d":"4.900E-17"},{"v":-0.0011,"d":"-0.001"},{"v":0.0007,"d":"0.001"},0.123]
["FVC","TH_parsopercularis","rs76563195","G","C",0.242852,7.42387384341555e-05,421986,{"v":31.3298856905876,"d":"31.330"},{"v":-0.0142082,"d":"-0.014"},{"v":0.00192116,"d":"0.002"},{"v":1.39990962656834E-13,"d":"1.400E-13"},{"v":-0.0011,"d":"-0.001"},{"v":0.0008,"d":"0.001"},{"v":0.2057,"d":"0.206"}]
["FVC","TH_parsopercularis","rs76660472","C","G",0.078285,4.38444807224659e-05,421986,{"v":18.5024805848424,"d":"18.502"},{"v":-0.0174303,"d":"-0.017"},{"v":3.06179E-3,"d":"0.003"},{"v":1.19999655704812E-8,"d":"1.200E-08"},{"v":-0.0017,"d":"-0.002"},{"v":0.0016,"d":"0.002"},{"v":0.2988,"d":"0.299"}]
["FVC","TH_parsopercularis","rs76785101","T","C",0.059317,5.46511867782918e-05,421986,{"v":23.0631868319819,"d":"23.063"},{"v":-0.0221296,"d":"-0.022"},{"v":0.00349654,"d":"0.003"},{"v":2.49999995007974e-10,"d":"2.500E-10"},{"v":-0.0002,"d":"-0.000"},{"v":0.0017,"d":"0.002"},{"v":0.9161,"d":"0.916"}]
["FVC","TH_parsopercularis","rs77328429","A","G",0.114012,7.18203724361584e-05,421986,{"v":30.3092248619177,"d":"30.309"},{"v":0.0188547,"d":"0.019"},{"v":2.57478E-3,"d":"0.003"},{"v":2.39993787680988E-13,"d":"2.400E-13"},{"v":-0.0002,"d":"-0.000"},{"v":0.0011,"d":"0.001"},{"v":0.8536,"d":"0.854"}]
["FVC","TH_parsopercularis","rs7815955","T","A",0.203201,0.000185082637412545,421986,{"v":78.1163696496151,"d":"78.116"},{"v":-0.0239073,"d":"-0.024"},{"v":0.00204165,"d":"0.002"},{"v":1.10001852750622E-31,"d":"1.100E-31"},{"v":1.4E-3,"d":"0.001"},{"v":0.0009,"d":"0.001"},{"v":0.1266,"d":"0.127"}]
["FVC","TH_parsopercularis","rs78378222","G","T",0.01219,8.67015760390024e-05,421986,{"v":36.5898502609271,"d":"36.590"},{"v":0.0600012,"d":"0.060"},{"v":0.00764883,"d":"0.008"},{"v":4.30031233630544e-15,"d":"4.300E-15"},{"v":-0.0011,"d":"-0.001"},{"v":0.0032,"d":"0.003"},{"v":0.7388,"d":"0.739"}]
["FVC","TH_parsopercularis","rs784808","C","T",0.556276,4.96315619241602e-05,421986,{"v":20.9447645483835,"d":"20.945"},{"v":0.0100268,"d":"0.010"},{"v":0.00165571,"d":"0.002"},{"v":1.40000633223953e-09,"d":"1.400E-09"},{"v":0.0011,"d":"0.001"},{"v":0.0007,"d":"0.001"},{"v":0.13,"d":"0.130"}]
["FVC","TH_parsopercularis","rs7852321","C","T",0.282452,4.30265125876653e-05,421986,{"v":18.1572811322785,"d":"18.157"},{"v":0.0103028,"d":"0.010"},{"v":0.00182407,"d":"0.002"},{"v":1.60000006389793e-08,"d":"1.600E-08"},{"v":0.0003,"d":"0.000"},{"v":0.0008,"d":"0.001"},{"v":0.7046,"d":"0.705"}]
["FVC","TH_parsopercularis","rs7854962","G","C",0.212959,0.000107130376641358,421986,{"v":45.2121484511193,"d":"45.212"},{"v":-0.017877,"d":"-0.018"},{"v":0.00202336,"d":"0.002"},{"v":1e-18,"d":"1.000E-18"},{"v":0.0003,"d":"0.000"},{"v":0.0009,"d":"0.001"},{"v":0.7467,"d":"0.747"}]
["FVC","TH_parsopercularis","rs78579285","T","C",0.181123,6.4453529126848e-05,421986,{"v":27.2001111782219,"d":"27.200"},{"v":-0.0147405,"d":"-0.015"},{"v":2.13123E-3,"d":"0.002"},{"v":4.60044666393479e-12,"d":"4.600E-12"},{"v":0.0002,"d":"0.000"},{"v":1E-3,"d":"0.001"},{"v":0.8409,"d":"0.841"}]
["FVC","TH_parsopercularis","rs7907533","A","C",0.548538,4.83691782861995e-05,421986,{"v":20.412006641912,"d":"20.412"},{"v":0.00988224,"d":"0.010"},{"v":1.6501E-3,"d":"0.002"},{"v":2.10000341026661e-09,"d":"2.100E-09"},{"v":0,"d":"0.000"},{"v":0.0007,"d":"0.001"},{"v":0.9559,"d":"0.956"}]
["FVC","TH_parsopercularis","rs7916879","A","G",0.369335,5.50397326342143e-05,421986,{"v":23.2271649528651,"d":"23.227"},{"v":-0.0108696,"d":"-0.011"},{"v":0.00170511,"d":"0.002"},{"v":1.79998961724559E-10,"d":"1.800E-10"},{"v":-0.0002,"d":"-0.000"},{"v":0.0007,"d":"0.001"},{"v":0.8164,"d":"0.816"}]
["FVC","TH_parsopercularis","rs7956181","C","T",0.096091,5.09982113445097e-05,421986,{"v":21.5215267753725,"d":"21.522"},{"v":0.017134,"d":"0.017"},{"v":0.00278289,"d":"0.003"},{"v":7.39997069733888e-10,"d":"7.400E-10"},{"v":-0.0009,"d":"-0.001"},{"v":0.0012,"d":"0.001"},{"v":0.4688,"d":"0.469"}]
["FVC","TH_parsopercularis","rs7980065","G","T",0.43574,5.54419493567618e-05,421986,{"v":23.3969127278143,"d":"23.397"},{"v":-0.0106182,"d":"-0.011"},{"v":0.00165768,"d":"0.002"},{"v":1.49999565138204e-10,"d":"1.500E-10"},{"v":-0.0005,"d":"-0.001"},{"v":0.0007,"d":"0.001"},{"v":0.5379,"d":"0.538"}]
["FVC","TH_parsopercularis","rs798551","T","A",0.288946,1.15599305409715E-4,421986,{"v":48.7866970023,"d":"48.787"},{"v":-0.0167727,"d":"-0.017"},{"v":1.82292E-3,"d":"0.002"},{"v":3.50025754158434e-20,"d":"3.500E-20"},{"v":-0.0017,"d":"-0.002"},{"v":0.0008,"d":"0.001"},{"v":0.03439,"d":"0.034"}]
["FVC","TH_parsopercularis","rs8033776","G","A",0.4683,5.94227014072185e-05,421986,{"v":25.0769193689156,"d":"25.077"},{"v":0.0109236,"d":"0.011"},{"v":0.00164896,"d":"0.002"},{"v":3.50025754158434E-11,"d":"3.500E-11"},{"v":-0.0009,"d":"-0.001"},{"v":0.0007,"d":"0.001"},{"v":0.2253,"d":"0.225"}]
["FVC","TH_parsopercularis","rs803765","A","C",0.346274,8.21205506694664e-05,421986,{"v":34.6564044567223,"d":"34.656"},{"v":-0.013468,"d":"-0.013"},{"v":0.00172756,"d":"0.002"},{"v":6.40029512108372e-15,"d":"6.400E-15"},{"v":-0.0008,"d":"-0.001"},{"v":0.0008,"d":"0.001"},{"v":0.2587,"d":"0.259"}]
["FVC","TH_parsopercularis","rs8064926","G","A",0.208126,4.77122952933865e-05,421986,{"v":20.1347858939346,"d":"20.135"},{"v":-0.0120312,"d":"-0.012"},{"v":2.02461E-3,"d":"0.002"},{"v":2.80001269243454e-09,"d":"2.800E-09"},{"v":0.0006,"d":"0.001"},{"v":0.0011,"d":"0.001"},{"v":0.5776,"d":"0.578"}]
["FVC","TH_parsopercularis","rs8107719","C","T",0.664833,7.58586602607119e-05,421986,{"v":32.0135693979409,"d":"32.014"},{"v":-0.0130467,"d":"-0.013"},{"v":1.74248E-3,"d":"0.002"},{"v":7.00003159130898e-14,"d":"7.000E-14"},{"v":-0.0009,"d":"-0.001"},{"v":0.0008,"d":"0.001"},{"v":0.2412,"d":"0.241"}]
["FVC","TH_parsopercularis","rs848606","T","G",0.32697,8.21126628425655e-05,421986,{"v":34.6530753732518,"d":"34.653"},{"v":-0.013659,"d":"-0.014"},{"v":1.75059E-3,"d":"0.002"},{"v":6.09958095872238E-15,"d":"6.100E-15"},{"v":0.0006,"d":"0.001"},{"v":0.0008,"d":"0.001"},{"v":0.4018,"d":"0.402"}]
["FVC","TH_parsopercularis","rs876531","T","C",0.455993,0.00016778615350299,421986,{"v":70.8149539685426,"d":"70.815"},{"v":-0.01839,"d":"-0.018"},{"v":1.65098E-3,"d":"0.002"},{"v":8.10027941680351e-29,"d":"8.100E-29"},{"v":-1.5E-3,"d":"-0.002"},{"v":0.0007,"d":"0.001"},{"v":0.03861,"d":"0.039"}]
["FVC","TH_parsopercularis","rs879098","G","A",0.39884,4.84147877011915e-05,421986,{"v":20.4312549481704,"d":"20.431"},{"v":-0.010048,"d":"-0.010"},{"v":0.00167973,"d":"0.002"},{"v":2.19998641983517e-09,"d":"2.200E-09"},{"v":0.0007,"d":"0.001"},{"v":0.0007,"d":"0.001"},{"v":0.3167,"d":"0.317"}]
["FVC","TH_parsopercularis","rs880610","A","G",0.166836,6.48118450622442e-05,421986,{"v":27.3513343171881,"d":"27.351"},{"v":-0.0152687,"d":"-0.015"},{"v":0.00220268,"d":"0.002"},{"v":4.19952334664066e-12,"d":"4.200E-12"},{"v":-0.0006,"d":"-0.001"},{"v":1E-3,"d":"0.001"},{"v":0.5582,"d":"0.558"}]
["FVC","TH_parsopercularis","rs889312","A","C",0.715882,4.72154158687289E-5,421986,{"v":19.9250908213991,"d":"19.925"},{"v":0.0107735,"d":"0.011"},{"v":1.82098E-3,"d":"0.002"},{"v":3.29997006285228E-9,"d":"3.300E-09"},{"v":0,"d":"0.000"},{"v":0.0008,"d":"0.001"},{"v":0.9774,"d":"0.977"}]
["FVC","TH_parsopercularis","rs9379084","A","G",0.115664,0.000129470287613295,421986,{"v":54.6414642943066,"d":"54.641"},{"v":-0.0251572,"d":"-0.025"},{"v":0.00264155,"d":"0.003"},{"v":1.69980851320349e-21,"d":"1.700E-21"},{"v":0.0004,"d":"0.000"},{"v":0.0013,"d":"0.001"},{"v":0.7314,"d":"0.731"}]
["FVC","TH_parsopercularis","rs9391253","T","A",0.32,6.0449439875072e-05,421986,{"v":25.5102385158717,"d":"25.510"},{"v":0.0117856,"d":"0.012"},{"v":1.75829E-3,"d":"0.002"},{"v":1.99986186963274e-11,"d":"2.000E-11"},{"v":-0.0003,"d":"-0.000"},{"v":0.0008,"d":"0.001"},{"v":0.7374,"d":"0.737"}]
["FVC","TH_parsopercularis","rs9398932","A","G",0.14842,1.1392182933213E-4,421986,{"v":48.0786664385222,"d":"48.079"},{"v":-0.021229,"d":"-0.021"},{"v":0.00234405,"d":"0.002"},{"v":1.29987023738861e-19,"d":"1.300E-19"},{"v":-0.0007,"d":"-0.001"},{"v":0.0011,"d":"0.001"},{"v":0.5058,"d":"0.506"}]
["FVC","TH_parsopercularis","rs9435731","A","C",0.519025,0.000279641425275139,421986,{"v":118.037215298426,"d":"118.037"},{"v":0.0236663,"d":"0.024"},{"v":0.0016398,"d":"0.002"},{"v":3.19963176731834e-47,"d":"3.200E-47"},{"v":0,"d":"0.000"},{"v":0.0007,"d":"0.001"},{"v":0.9536,"d":"0.954"}]
["FVC","TH_parsopercularis","rs9442580","T","C",0.12853,4.44591308513243e-05,421986,{"v":18.7618760098657,"d":"18.762"},{"v":0.0140876,"d":"0.014"},{"v":2.44925E-3,"d":"0.002"},{"v":8.79994585505891e-09,"d":"8.800E-09"},{"v":0.0007,"d":"0.001"},{"v":0.0011,"d":"0.001"},{"v":0.5658,"d":"0.566"}]
["FVC","TH_parsopercularis","rs9483032","A","G",0.719323,7.07554001577734e-05,421986,{"v":29.8597595194113,"d":"29.860"},{"v":0.0132373,"d":"0.013"},{"v":0.00182813,"d":"0.002"},{"v":4.49987033872151e-13,"d":"4.500E-13"},{"v":-0.0012,"d":"-0.001"},{"v":0.0008,"d":"0.001"},{"v":0.1561,"d":"0.156"}]
["FVC","TH_parsopercularis","rs9494331","A","G",0.32104,8.94187389476238e-05,421986,{"v":37.7366514998633,"d":"37.737"},{"v":-0.0143218,"d":"-0.014"},{"v":0.00175835,"d":"0.002"},{"v":3.80014352941586e-16,"d":"3.800E-16"},{"v":-0.0011,"d":"-0.001"},{"v":0.0008,"d":"0.001"},{"v":0.1431,"d":"0.143"}]
["FVC","TH_parsopercularis","rs9701805","C","G",0.089685,5.95486339721067e-05,421986,{"v":25.13006721926,"d":"25.130"},{"v":0.019097,"d":"0.019"},{"v":0.00286501,"d":"0.003"},{"v":2.60015956316527E-11,"d":"2.600E-11"},{"v":-1.8E-3,"d":"-0.002"},{"v":0.0013,"d":"0.001"},{"v":0.1492,"d":"0.149"}]
["FVC","TH_parsopercularis","rs9745989","C","T",0.62791,5.40942994332712e-05,421986,{"v":22.8281637255736,"d":"22.828"},{"v":0.0107594,"d":"0.011"},{"v":0.00174129,"d":"0.002"},{"v":6.49994976198144e-10,"d":"6.500E-10"},{"v":0,"d":"0.000"},{"v":0.0008,"d":"0.001"},0.988]
["FVC","TH_parsopercularis","rs9821691","T","G",0.428996,7.88619757754557e-05,421986,{"v":33.281116600241,"d":"33.281"},{"v":-0.0126874,"d":"-0.013"},{"v":0.00167142,"d":"0.002"},{"v":3.19963176731835E-14,"d":"3.200E-14"},{"v":0,"d":"0.000"},{"v":0.0007,"d":"0.001"},{"v":0.9951,"d":"0.995"}]
["FVC","TH_parsopercularis","rs985296","A","G",0.385446,5.76959713698934e-05,421986,{"v":24.3481815745401,"d":"24.348"},{"v":-0.0110356,"d":"-0.011"},{"v":0.00168371,"d":"0.002"},{"v":5.60015438761557e-11,"d":"5.600E-11"},{"v":-0.0006,"d":"-0.001"},{"v":0.0007,"d":"0.001"},{"v":0.3937,"d":"0.394"}]
["FVC","TH_parsopercularis","rs9886260","A","G",0.722783,8.92230221998129e-05,421986,{"v":37.6540474078736,"d":"37.654"},{"v":-0.0149214,"d":"-0.015"},{"v":0.00183802,"d":"0.002"},{"v":4.70002318179801e-16,"d":"4.700E-16"},{"v":0.0003,"d":"0.000"},{"v":0.0008,"d":"0.001"},{"v":0.7402,"d":"0.740"}]
["FVC","TH_parsopercularis","rs9988963","G","C",0.737251,7.08865325024603e-05,421986,{"v":29.9151031094471,"d":"29.915"},{"v":0.0135266,"d":"0.014"},{"v":1.86634E-3,"d":"0.002"},{"v":4.19952334664066e-13,"d":"4.200E-13"},{"v":0.0012,"d":"0.001"},{"v":0.0008,"d":"0.001"},{"v":0.1572,"d":"0.157"}]
["FVC","TH_entorhinal","rs10141786","G","A",0.596493,{"$f":"2*F3333*(1-F3333)*J3333*J3333","v":8.86185198408396e-05},421986,{"$f":"G3333/(1-G3333)*(H3333-2)","v":{"v":37.3989117127165,"d":"37.399"}},{"v":-0.0135681,"d":"-0.014"},{"v":0.00168175,"d":"0.002"},{"v":7.1994612744084e-16,"d":"7.199E-16"},{"v":0.0054,"d":"0.005"},{"v":0.0027,"d":"0.003"},{"v":0.04237,"d":"0.042"}]
["FVC","TH_entorhinal","rs10202701","T","C",0.541923,6.667921776679e-05,421986,{"v":28.1394393459051,"d":"28.139"},{"v":0.0115889,"d":"0.012"},{"v":1.65011E-3,"d":"0.002"},{"v":2.19988510904925e-12,"d":"2.200E-12"},{"v":1E-4,"d":"0.000"},{"v":0.0024,"d":"0.002"},{"v":0.9557,"d":"0.956"}]
["FVC","TH_entorhinal","rs10283100","G","A",0.944478,9.24083692946343e-05,421986,{"v":38.9984570922519,"d":"38.998"},{"v":0.0296833,"d":"0.030"},{"v":3.58764E-3,"d":"0.004"},{"v":1.2998702373886e-16,"d":"1.300E-16"},{"v":-0.0064,"d":"-0.006"},{"v":0.0061,"d":"0.006"},{"v":0.2897,"d":"0.290"}]
["FVC","TH_entorhinal","rs1044299","T","C",0.545769,4.25547800829423E-5,421986,{"v":17.9582005257944,"d":"17.958"},{"v":0.00926438,"d":"0.009"},{"v":0.00165027,"d":"0.002"},{"v":2.0000000199681E-8,"d":"2.000E-08"},{"v":0,"d":"0.000"},{"v":0.0024,"d":"0.002"},{"v":0.9877,"d":"0.988"}]
["FVC","TH_entorhinal","rs1054661","C","T",0.342598,4.654458375562e-05,421986,{"v":19.6419838594944,"d":"19.642"},{"v":0.0101651,"d":"0.010"},{"v":0.00172786,"d":"0.002"},{"v":4.00000007987242e-09,"d":"4.000E-09"},{"v":0.0009,"d":"0.001"},{"v":0.0025,"d":"0.003"},{"v":0.7275,"d":"0.728"}]
["FVC","TH_entorhinal","rs10761495","C","A",0.597215,6.67352001399011e-05,421986,{"v":28.163066163693,"d":"28.163"},{"v":0.0117777,"d":"0.012"},{"v":0.00167988,"d":"0.002"},{"v":2.39993787680988E-12,"d":"2.400E-12"},{"v":-1.9E-3,"d":"-0.002"},{"v":0.0024,"d":"0.002"},{"v":0.4337,"d":"0.434"}]
["FVC","TH_entorhinal","rs10769125","A","G",0.759887,4.32262746894772e-05,421986,{"v":18.2415848143203,"d":"18.242"},{"v":-0.0108837,"d":"-0.011"},{"v":0.00191996,"d":"0.002"},{"v":1.40000633223953E-8,"d":"1.400E-08"},{"v":1.4E-3,"d":"0.001"},{"v":0.0027,"d":"0.003"},{"v":0.6026,"d":"0.603"}]
["FVC","TH_entorhinal","rs10789246","C","T",0.301089,6.41161014124232e-05,421986,{"v":27.0577037728991,"d":"27.058"},{"v":-0.0123427,"d":"-0.012"},{"v":1.78506E-3,"d":"0.002"},{"v":4.70002318179801e-12,"d":"4.700E-12"},{"v":-1E-3,"d":"-0.001"},{"v":0.0026,"d":"0.003"},{"v":0.7059,"d":"0.706"}]
["FVC","TH_entorhinal","rs10797116","C","T",0.542079,7.33138132091918e-05,421986,{"v":30.9395244477837,"d":"30.940"},{"v":-0.0121521,"d":"-0.012"},{"v":0.00165228,"d":"0.002"},{"v":1.90020300257723e-13,"d":"1.900E-13"},{"v":-0.0011,"d":"-0.001"},{"v":0.0024,"d":"0.002"},{"v":0.6621,"d":"0.662"}]
["FVC","TH_entorhinal","rs10853628","C","T",0.384831,8.50433178523641e-05,421986,{"v":35.8899716428781,"d":"35.890"},{"v":-0.0134021,"d":"-0.013"},{"v":0.00168952,"d":"0.002"},{"v":2.09990670376243e-15,"d":"2.100E-15"},{"v":0.0037,"d":"0.004"},{"v":0.0024,"d":"0.002"},0.136]
["FVC","TH_entorhinal","rs10874340","T","G",0.493361,5.30984854106691e-05,421986,{"v":22.4079010931451,"d":"22.408"},{"v":0.0103061,"d":"0.010"},{"v":0.00163772,"d":"0.002"},{"v":3.09998790941119e-10,"d":"3.100E-10"},{"v":0.0003,"d":"0.000"},{"v":0.0024,"d":"0.002"},{"v":0.9062,"d":"0.906"}]
["FVC","TH_entorhinal","rs10878321","G","T",0.13768,5.09513414592439e-05,421986,{"v":21.5017464171613,"d":"21.502"},{"v":0.0146485,"d":"0.015"},{"v":2.38528E-3,"d":"0.002"},{"v":8.19992726270379e-10,"d":"8.200E-10"},{"v":-1.9E-3,"d":"-0.002"},{"v":0.0035,"d":"0.004"},{"v":0.5836,"d":"0.584"}]
["FVC","TH_entorhinal","rs10892061","T","C",0.655603,4.74621582036346e-05,421986,{"v":20.0292219975057,"d":"20.029"},{"v":0.010252,"d":"0.010"},{"v":1.72686E-3,"d":"0.002"},{"v":2.90001336905407e-09,"d":"2.900E-09"},{"v":-0.0031,"d":"-0.003"},{"v":0.0025,"d":"0.003"},{"v":0.2216,"d":"0.222"}]
["FVC","TH_entorhinal","rs10916137","A","G",0.170792,7.3699990478116e-05,421986,{"v":31.1025090365371,"d":"31.103"},{"v":-0.0161307,"d":"-0.016"},{"v":0.00218459,"d":"0.002"},{"v":1.50003019045595e-13,"d":"1.500E-13"},{"v":-0.0004,"d":"-0.000"},{"v":0.0032,"d":"0.003"},{"v":0.8951,"d":"0.895"}]
["FVC","TH_entorhinal","rs11049229","T","A",0.054116,4.11500464730783e-05,421986,{"v":17.3653757969165,"d":"17.365"},{"v":0.0200488,"d":"0.020"},{"v":3.66563E-3,"d":"0.004"},{"v":4.49997395325803e-08,"d":"4.500E-08"},{"v":1E-4,"d":"0.000"},{"v":0.0056,"d":"0.006"},{"v":0.9901,"d":"0.990"}]
["FVC","TH_entorhinal","rs11060406","T","C",0.036679,5.28131968728098E-5,421986,{"v":22.2875011433615,"d":"22.288"},{"v":-0.0273377,"d":"-0.027"},{"v":4.43481E-3,"d":"0.004"},{"v":7.1000269957767e-10,"d":"7.100E-10"},{"v":-3.3E-3,"d":"-0.003"},{"v":0.0071,"d":"0.007"},0.639]
["FVC","TH_entorhinal","rs11079810","T","C",0.103307,6.24999942060563e-05,421986,{"v":26.3756460327727,"d":"26.376"},{"v":0.018367,"d":"0.018"},{"v":0.00271137,"d":"0.003"},{"v":1.2998702373886e-11,"d":"1.300E-11"},{"v":-0.0036,"d":"-0.004"},{"v":3.8E-3,"d":"0.004"},{"v":0.3442,"d":"0.344"}]
["FVC","TH_entorhinal","rs11111178","T","C",0.176659,7.14933886182005e-05,421986,{"v":30.1712231456442,"d":"30.171"},{"v":0.0156769,"d":"0.016"},{"v":2.15168E-3,"d":"0.002"},{"v":3.19963176731835e-13,"d":"3.200E-13"},{"v":-2E-3,"d":"-0.002"},{"v":0.0032,"d":"0.003"},{"v":0.5342,"d":"0.534"}]
["FVC","TH_entorhinal","rs11122148","A","C",0.157016,4.03842056899531e-05,421986,{"v":17.042176888646,"d":"17.042"},{"v":0.0123512,"d":"0.012"},{"v":0.0022522,"d":"0.002"},{"v":4.20000686246631e-08,"d":"4.200E-08"},-0.006,{"v":3.3E-3,"d":"0.003"},{"v":0.06818,"d":"0.068"}]
["FVC","TH_entorhinal","rs11164653","C","T",0.59054,6.29430655760463e-05,421986,{"v":26.5626385179404,"d":"26.563"},{"v":-0.0114085,"d":"-0.011"},{"v":1.67402E-3,"d":"0.002"},{"v":9.39939714766782e-12,"d":"9.399E-12"},{"v":2E-3,"d":"0.002"},{"v":0.0024,"d":"0.002"},{"v":0.4048,"d":"0.405"}]
["FVC","TH_entorhinal","rs11259936","C","A",0.52286,1.49406438029921E-4,421986,{"v":63.0565473997598,"d":"63.057"},{"v":0.0173043,"d":"0.017"},{"v":0.00164414,"d":"0.002"},{"v":6.59933234263567e-26,"d":"6.599E-26"},{"v":-0.0035,"d":"-0.004"},{"v":0.0024,"d":"0.002"},{"v":0.1358,"d":"0.136"}]
["FVC","TH_entorhinal","rs11545700","A","C",0.124616,4.56605730783884e-05,421986,{"v":19.268911099434,"d":"19.269"},{"v":-0.0144667,"d":"-0.014"},{"v":0.00249861,"d":"0.002"},{"v":7.00003159130898e-09,"d":"7.000E-09"},{"v":0.0017,"d":"0.002"},{"v":0.0037,"d":"0.004"},{"v":0.6519,"d":"0.652"}]
["FVC","TH_entorhinal","rs11575234","G","C",0.067886,4.80485257189383e-05,421986,{"v":20.2766833417215,"d":"20.277"},{"v":0.019485,"d":"0.019"},{"v":0.00325807,"d":"0.003"},{"v":2.19998641983517e-09,"d":"2.200E-09"},{"v":0.0065,"d":"0.007"},{"v":0.0048,"d":"0.005"},0.176]
["FVC","TH_entorhinal","rs11588312","T","C",0.071357,8.80233985085485e-05,421986,{"v":37.1477356661716,"d":"37.148"},{"v":-0.0257716,"d":"-0.026"},{"v":0.00318955,"d":"0.003"},{"v":6.49980009683026e-16,"d":"6.500E-16"},{"v":-0.0026,"d":"-0.003"},0.005,{"v":0.6059,"d":"0.606"}]
["FVC","TH_entorhinal","rs11608103","A","G",0.131252,4.22030496869096e-05,421986,{"v":17.8097633454082,"d":"17.810"},{"v":0.0136037,"d":"0.014"},{"v":0.00243411,"d":"0.002"},{"v":2.3000114603619e-08,"d":"2.300E-08"},{"v":-0.0052,"d":"-0.005"},{"v":0.0036,"d":"0.004"},{"v":0.1434,"d":"0.143"}]
["FVC","TH_entorhinal","rs11621587","C","G",0.183978,0.000135729204028457,421986,{"v":57.2833274531838,"d":"57.283"},{"v":0.0212612,"d":"0.021"},{"v":2.11823E-3,"d":"0.002"},{"v":1e-23,"d":"1.000E-23"},{"v":-0.0005,"d":"-0.001"},{"v":0.0032,"d":"0.003"},{"v":0.8739,"d":"0.874"}]
["FVC","TH_entorhinal","rs11632611","A","G",0.658418,5.89296892647042e-05,421986,{"v":24.8688515083687,"d":"24.869"},{"v":-0.011446,"d":"-0.011"},{"v":1.75909E-3,"d":"0.002"},{"v":7.70016444356872e-11,"d":"7.700E-11"},{"v":-1.9E-3,"d":"-0.002"},{"v":0.0026,"d":"0.003"},{"v":0.4575,"d":"0.458"}]
["FVC","TH_entorhinal","rs11637681","G","A",0.276249,5.27147653220468e-05,421986,{"v":22.245960220231,"d":"22.246"},{"v":-0.0114817,"d":"-0.011"},{"v":1.85184E-3,"d":"0.002"},{"v":5.60002544078e-10,"d":"5.600E-10"},{"v":-1.9E-3,"d":"-0.002"},{"v":0.0027,"d":"0.003"},{"v":0.4909,"d":"0.491"}]
["FVC","TH_entorhinal","rs11645649","G","C",0.593954,5.52835973782282e-05,421986,{"v":23.3300833269877,"d":"23.330"},{"v":0.0107058,"d":"0.011"},{"v":0.00170463,"d":"0.002"},{"v":3.4000084782586e-10,"d":"3.400E-10"},{"v":0.0027,"d":"0.003"},{"v":0.0025,"d":"0.003"},{"v":0.2745,"d":"0.275"}]
["FVC","TH_entorhinal","rs11664552","C","T",0.300477,4.51297930963036e-05,421986,{"v":19.044910102803,"d":"19.045"},{"v":0.0103612,"d":"0.010"},{"v":0.00180111,"d":"0.002"},{"v":8.79994585505891e-09,"d":"8.800E-09"},{"v":-1E-4,"d":"-0.000"},{"v":0.0026,"d":"0.003"},{"v":0.9635,"d":"0.964"}]
["FVC","TH_entorhinal","rs11668582","T","C",0.390878,9.08082126210536e-05,421986,{"v":38.3230928462461,"d":"38.323"},{"v":0.0138094,"d":"0.014"},{"v":1.68764E-3,"d":"0.002"},{"v":2.80027059501064e-16,"d":"2.800E-16"},{"v":-1.5E-3,"d":"-0.002"},{"v":0.0025,"d":"0.003"},{"v":0.5437,"d":"0.544"}]
["FVC","TH_entorhinal","rs11698277","T","C",0.319648,0.000111513337937303,421986,{"v":47.0620924471538,"d":"47.062"},{"v":0.016012,"d":"0.016"},{"v":1.76946E-3,"d":"0.002"},{"v":1.39990962656834e-19,"d":"1.400E-19"},{"v":-0.0027,"d":"-0.003"},{"v":0.0026,"d":"0.003"},{"v":0.3007,"d":"0.301"}]
["FVC","TH_entorhinal","rs117372259","G","A",0.031174,6.13702367797437e-05,421986,{"v":25.8988474156616,"d":"25.899"},{"v":0.0318746,"d":"0.032"},{"v":0.00495553,"d":"0.005"},{"v":1.29998996537545e-10,"d":"1.300E-10"},{"v":-0.0072,"d":"-0.007"},{"v":0.0085,"d":"0.009"},{"v":0.3972,"d":"0.397"}]
["FVC","TH_entorhinal","rs11867847","G","A",0.505622,4.76927744620758e-05,421986,{"v":20.1265476295014,"d":"20.127"},{"v":0.00976717,"d":"0.010"},{"v":0.00164721,"d":"0.002"},{"v":2.99999133271614e-09,"d":"3.000E-09"},-0.004,{"v":0.0026,"d":"0.003"},{"v":0.1239,"d":"0.124"}]
["FVC","TH_entorhinal","rs11877758","G","T",0.3121,4.9796615660552e-05,421986,{"v":21.0144215099736,"d":"21.014"},{"v":-0.010769,"d":"-0.011"},{"v":1.78155E-3,"d":"0.002"},{"v":1.49999565138204E-9,"d":"1.500E-09"},{"v":-0.0016,"d":"-0.002"},{"v":0.0026,"d":"0.003"},{"v":0.5364,"d":"0.536"}]
["FVC","TH_entorhinal","rs11896404","T","C",0.38932,4.49485042891669E-5,421986,{"v":18.9684022352691,"d":"18.968"},{"v":0.0097226,"d":"0.010"},{"v":0.00168555,"d":"0.002"},{"v":8.00000023961727e-09,"d":"8.000E-09"},{"v":-0.0002,"d":"-0.000"},{"v":0.0025,"d":"0.003"},{"v":0.9442,"d":"0.944"}]
["FVC","TH_entorhinal","rs11909473","G","A",0.28953,4.77971585455201E-5,421986,{"v":20.1706002490508,"d":"20.171"},{"v":0.0107787,"d":"0.011"},{"v":0.00182218,"d":"0.002"},{"v":3.29997006285228E-9,"d":"3.300E-09"},{"v":-0.0032,"d":"-0.003"},{"v":0.0026,"d":"0.003"},{"v":0.2273,"d":"0.227"}]
["FVC","TH_entorhinal","rs11967850","T","C",0.203699,4.47463713455221e-05,421986,{"v":18.8830977159713,"d":"18.883"},{"v":-0.0117444,"d":"-0.012"},{"v":2.03397E-3,"d":"0.002"},{"v":7.69998714277137e-09,"d":"7.700E-09"},{"v":-0.0002,"d":"-0.000"},0.003,{"v":0.9354,"d":"0.935"}]
["FVC","TH_entorhinal","rs12052537","A","C",0.20591,6.95372170194517e-05,421986,{"v":29.3456336004286,"d":"29.346"},{"v":-0.0145821,"d":"-0.015"},{"v":0.00203664,"d":"0.002"},{"v":8.10027941680351e-13,"d":"8.100E-13"},{"v":-2E-3,"d":"-0.002"},0.003,{"v":0.5005,"d":"0.501"}]
["FVC","TH_entorhinal","rs12054747","T","C",0.216455,4.283369225594e-05,421986,{"v":18.0759070507704,"d":"18.076"},{"v":0.0112373,"d":"0.011"},{"v":0.0019943,"d":"0.002"},{"v":1.79998961724559E-8,"d":"1.800E-08"},{"v":-0.0052,"d":"-0.005"},{"v":0.0029,"d":"0.003"},{"v":0.06897,"d":"0.069"}]
["FVC","TH_entorhinal","rs12099669","A","G",0.696156,6.89829587755084e-05,421986,{"v":29.111713088028,"d":"29.112"},{"v":0.0127696,"d":"0.013"},{"v":0.00178372,"d":"0.002"},{"v":8.10027941680351e-13,"d":"8.100E-13"},{"v":0.0008,"d":"0.001"},{"v":0.0026,"d":"0.003"},{"v":0.7622,"d":"0.762"}]
["FVC","TH_entorhinal","rs12139563","G","A",0.5652,1.07701353835577E-4,421986,{"v":45.4531434620392,"d":"45.453"},{"v":-0.014803,"d":"-0.015"},{"v":0.00165293,"d":"0.002"},{"v":3.40016505804072e-19,"d":"3.400E-19"},{"v":-0.0029,"d":"-0.003"},{"v":0.0024,"d":"0.002"},{"v":0.2288,"d":"0.229"}]
["FVC","TH_entorhinal","rs12152266","T","C",0.27447,8.20852836022235e-05,421986,{"v":34.641519874584,"d":"34.642"},{"v":0.0143563,"d":"0.014"},{"v":0.00183934,"d":"0.002"},{"v":5.90065196995665e-15,"d":"5.901E-15"},{"v":-0.0002,"d":"-0.000"},{"v":2.8E-3,"d":"0.003"},{"v":0.9382,"d":"0.938"}]
["FVC","TH_entorhinal","rs12323020","C","T",0.113463,4.17835680209609e-05,421986,{"v":17.6327339262945,"d":"17.633"},{"v":-0.0144116,"d":"-0.014"},{"v":0.00260325,"d":"0.003"},{"v":3.09998790941119e-08,"d":"3.100E-08"},{"v":0,"d":"0.000"},{"v":0.0037,"d":"0.004"},{"v":0.9894,"d":"0.989"}]
["FVC","TH_entorhinal","rs12348523","A","G",0.156387,5.79984037310275e-05,421986,{"v":24.4758179584055,"d":"24.476"},{"v":0.0148259,"d":"0.015"},{"v":0.00226513,"d":"0.002"},{"v":5.90065196995665e-11,"d":"5.901E-11"},{"v":0.0009,"d":"0.001"},{"v":0.0032,"d":"0.003"},{"v":0.7859,"d":"0.786"}]
["FVC","TH_entorhinal","rs12385976","C","T",0.043977,9.10255374943288e-05,421986,{"v":38.4148171433851,"d":"38.415"},{"v":-0.0329018,"d":"-0.033"},{"v":0.0040288,"d":"0.004"},{"v":3.19963176731835E-16,"d":"3.200E-16"},{"v":0.0096,"d":"0.010"},0.006,{"v":0.1092,"d":"0.109"}]
["FVC","TH_entorhinal","rs12402966","A","G",0.213339,0.000137055305474563,421986,{"v":57.843073725517,"d":"57.843"},{"v":0.0202071,"d":"0.020"},{"v":0.00199879,"d":"0.002"},{"v":5.0003453497698e-24,"d":"5.000E-24"},{"v":1E-4,"d":"0.000"},{"v":0.0029,"d":"0.003"},{"v":0.9738,"d":"0.974"}]
["FVC","TH_entorhinal","rs12407259","C","G",0.091572,4.21603162442696e-05,421986,{"v":17.7917289949428,"d":"17.792"},{"v":0.0159188,"d":"0.016"},{"v":0.0028656,"d":"0.003"},{"v":2.80001269243454e-08,"d":"2.800E-08"},{"v":-4.3E-3,"d":"-0.004"},{"v":0.0044,"d":"0.004"},{"v":0.3282,"d":"0.328"}]
["FVC","TH_entorhinal","rs12430764","A","G",0.512974,5.09030563916136e-05,421986,{"v":21.4813688156869,"d":"21.481"},{"v":-0.0100933,"d":"-0.010"},{"v":1.64288E-3,"d":"0.002"},{"v":8.1000929031245e-10,"d":"8.100E-10"},{"v":-0.0022,"d":"-0.002"},{"v":0.0024,"d":"0.002"},{"v":0.3468,"d":"0.347"}]
["FVC","TH_entorhinal","rs12452590","G","T",0.361692,5.67385740328396e-05,421986,{"v":23.9441289804086,"d":"23.944"},{"v":0.0110851,"d":"0.011"},{"v":0.00172892,"d":"0.002"},{"v":1.40000633223953E-10,"d":"1.400E-10"},{"v":0.0021,"d":"0.002"},{"v":2.8E-3,"d":"0.003"},{"v":0.4444,"d":"0.444"}]
["FVC","TH_entorhinal","rs1250535","G","C",0.675489,6.09889978971453E-5,421986,{"v":25.7379510204696,"d":"25.738"},{"v":-0.0117947,"d":"-0.012"},{"v":1.76235E-3,"d":"0.002"},{"v":2.19988510904925E-11,"d":"2.200E-11"},{"v":-2E-3,"d":"-0.002"},{"v":0.0026,"d":"0.003"},{"v":0.4444,"d":"0.444"}]
["FVC","TH_entorhinal","rs12570809","G","T",0.504251,5.98407562028501e-05,421986,{"v":25.2533528452344,"d":"25.253"},{"v":0.0109403,"d":"0.011"},{"v":0.00164206,"d":"0.002"},{"v":2.70022528688824e-11,"d":"2.700E-11"},{"v":2.3E-3,"d":"0.002"},{"v":0.0025,"d":"0.003"},{"v":0.3456,"d":"0.346"}]
["FVC","TH_entorhinal","rs12571363","A","C",0.10664,1.68684862009559E-4,421986,{"v":71.1943222146604,"d":"71.194"},{"v":-0.0297543,"d":"-0.030"},{"v":0.00266251,"d":"0.003"},{"v":5.40007759066591e-29,"d":"5.400E-29"},{"v":-0.0025,"d":"-0.003"},0.004,{"v":0.5344,"d":"0.534"}]
["FVC","TH_entorhinal","rs12641030","G","A",0.467529,6.07860664558444e-05,421986,{"v":25.6523067701271,"d":"25.652"},{"v":-0.0110493,"d":"-0.011"},{"v":0.00164454,"d":"0.002"},{"v":1.80011396041801E-11,"d":"1.800E-11"},{"v":-0.0009,"d":"-0.001"},{"v":0.0024,"d":"0.002"},{"v":0.6914,"d":"0.691"}]
["FVC","TH_entorhinal","rs12684650","T","C",0.316579,0.000186838522670851,421986,{"v":78.8576007883691,"d":"78.858"},{"v":-0.0207794,"d":"-0.021"},{"v":1.76534E-3,"d":"0.002"},{"v":5.50047252867635e-32,"d":"5.500E-32"},{"v":0.0003,"d":"0.000"},{"v":0.0027,"d":"0.003"},{"v":0.9019,"d":"0.902"}]
["FVC","TH_entorhinal","rs12713685","C","T",0.374424,5.70120309880289e-05,421986,{"v":24.0595365674967,"d":"24.060"},{"v":-0.0110318,"d":"-0.011"},{"v":1.69411E-3,"d":"0.002"},{"v":7.39945954312723e-11,"d":"7.399E-11"},{"v":0.0017,"d":"0.002"},{"v":0.0025,"d":"0.003"},{"v":0.4988,"d":"0.499"}]
["FVC","TH_entorhinal","rs12985660","C","T",0.475562,5.31507614325355e-05,421986,{"v":22.4299630819638,"d":"22.430"},{"v":-0.0103226,"d":"-0.010"},{"v":1.65161E-3,"d":"0.002"},{"v":4.09996359041765e-10,"d":"4.100E-10"},{"v":-0.0009,"d":"-0.001"},{"v":0.0026,"d":"0.003"},{"v":0.7337,"d":"0.734"}]
["FVC","TH_entorhinal","rs13023718","G","A",0.66664,4.48587468856789e-05,421986,{"v":18.9305226453301,"d":"18.931"},{"v":0.0100463,"d":"0.010"},{"v":0.00174447,"d":"0.002"},{"v":8.50002102591718E-9,"d":"8.500E-09"},{"v":1.4E-3,"d":"0.001"},{"v":0.0025,"d":"0.003"},0.589]
["FVC","TH_entorhinal","rs13108218","G","A",0.614862,0.000104055954635523,421986,{"v":43.9145175279602,"d":"43.915"},{"v":0.0148225,"d":"0.015"},{"v":0.00169865,"d":"0.002"},{"v":2.60015956316527e-18,"d":"2.600E-18"},{"v":0.0011,"d":"0.001"},{"v":0.0026,"d":"0.003"},0.657]
["FVC","TH_entorhinal","rs13112742","A","G",0.170661,4.55143743919462e-05,421986,{"v":19.2072119676475,"d":"19.207"},{"v":-0.0126802,"d":"-0.013"},{"v":0.00218292,"d":"0.002"},{"v":6.29999202947421e-09,"d":"6.300E-09"},{"v":0.0046,"d":"0.005"},{"v":3.3E-3,"d":"0.003"},{"v":0.1574,"d":"0.157"}]
["FVC","TH_entorhinal","rs13156484","A","G",0.472145,0.000100558062438285,421986,{"v":42.4381609191928,"d":"42.438"},{"v":-0.0142036,"d":"-0.014"},{"v":1.66004E-3,"d":"0.002"},{"v":1.20005182020427E-17,"d":"1.200E-17"},{"v":-0.0017,"d":"-0.002"},{"v":0.0024,"d":"0.002"},{"v":0.4745,"d":"0.475"}]
["FVC","TH_entorhinal","rs13229167","A","G",0.271146,1.66795588032502E-4,421986,{"v":70.3968112978432,"d":"70.397"},{"v":-0.0205426,"d":"-0.021"},{"v":1.85147E-3,"d":"0.002"},{"v":1.29987023738861E-28,"d":"1.300E-28"},{"v":0.0032,"d":"0.003"},{"v":2.8E-3,"d":"0.003"},{"v":0.2413,"d":"0.241"}]
["FVC","TH_entorhinal","rs1344555","T","C",0.20277,0.000109686743099046,421986,{"v":46.2911281229861,"d":"46.291"},{"v":-0.0184191,"d":"-0.018"},{"v":0.00203961,"d":"0.002"},{"v":1.69980851320349e-19,"d":"1.700E-19"},{"v":0.0042,"d":"0.004"},0.003,{"v":0.1611,"d":"0.161"}]
["FVC","TH_entorhinal","rs13723","G","A",0.491918,5.03605342629092e-05,421986,{"v":21.2524099731201,"d":"21.252"},{"v":-0.0100373,"d":"-0.010"},{"v":0.00164308,"d":"0.002"},{"v":1e-09,"d":"1.000E-09"},0.003,{"v":0.0024,"d":"0.002"},{"v":0.2239,"d":"0.224"}]
["FVC","TH_entorhinal","rs145183935","C","T",0.07345,{"$f":"2*F3397*(1-F3397)*J3397*J3397","v":5.24247710152638e-05},421986,{"$f":"G3397/(1-G3397)*(H3397-2)","v":{"v":22.1235743954268,"d":"22.124"}},{"v":-0.0196256,"d":"-0.020"},{"v":3.1714E-3,"d":"0.003"},{"v":6.10000231740111e-10,"d":"6.100E-10"},{"v":-0.0022,"d":"-0.002"},{"v":0.0054,"d":"0.005"},{"v":0.6874,"d":"0.687"}]
["FVC","TH_entorhinal","rs145583731","A","G",0.066524,4.48162824858249e-05,421986,{"v":18.9126017410005,"d":"18.913"},{"v":0.018996,"d":"0.019"},{"v":0.00329456,"d":"0.003"},{"v":8.1000929031245e-09,"d":"8.100E-09"},{"v":0.0084,"d":"0.008"},0.005,{"v":0.09421,"d":"0.094"}]
["FVC","TH_entorhinal","rs147110934","T","G",0.024261,9.94763606436121e-05,421986,{"v":41.9816087474862,"d":"41.982"},{"v":-0.0458378,"d":"-0.046"},{"v":0.00533939,"d":"0.005"},{"v":9.09913272632251e-18,"d":"9.099E-18"},{"v":-0.0029,"d":"-0.003"},{"v":0.0084,"d":"0.008"},{"v":0.7263,"d":"0.726"}]
["FVC","TH_entorhinal","rs1474419","C","T",0.577669,4.28613161465634e-05,421986,{"v":18.0875648896285,"d":"18.088"},{"v":-0.00937242,"d":"-0.009"},{"v":1.66461E-3,"d":"0.002"},{"v":1.79998961724559E-8,"d":"1.800E-08"},{"v":1.4E-3,"d":"0.001"},{"v":0.0025,"d":"0.003"},{"v":0.5683,"d":"0.568"}]
["FVC","TH_entorhinal","rs1474647","T","C",0.550866,9.00176543209984E-5,421986,{"v":37.9894295603302,"d":"37.989"},{"v":-0.0134877,"d":"-0.013"},{"v":0.0016468,"d":"0.002"},{"v":2.60015956316527e-16,"d":"2.600E-16"},{"v":0.0025,"d":"0.003"},{"v":0.0024,"d":"0.002"},{"v":0.3096,"d":"0.310"}]
["FVC","TH_entorhinal","rs1490384","T","C",0.500495,0.000303387120569992,421986,{"v":128.063363461699,"d":"128.063"},{"v":0.0246328,"d":"0.025"},{"v":0.00163964,"d":"0.002"},{"v":5.19995996533517E-51,"d":"5.200E-51"},{"v":0.0022,"d":"0.002"},{"v":0.0024,"d":"0.002"},{"v":0.3629,"d":"0.363"}]
["FVC","TH_entorhinal","rs149542","A","G",0.375642,6.15489183328254e-05,421986,{"v":25.974257441209,"d":"25.974"},{"v":-0.0114549,"d":"-0.011"},{"v":1.69827E-3,"d":"0.002"},{"v":1.50003019045595E-11,"d":"1.500E-11"},{"v":0.0002,"d":"0.000"},{"v":0.0025,"d":"0.003"},{"v":0.9402,"d":"0.940"}]
["FVC","TH_entorhinal","rs150032562","A","C",0.049667,6.50730387752197e-05,421986,{"v":27.4615682022147,"d":"27.462"},{"v":0.0262551,"d":"0.026"},{"v":3.78634E-3,"d":"0.004"},{"v":4.10015240506613e-12,"d":"4.100E-12"},0.004,{"v":0.0058,"d":"0.006"},{"v":0.4853,"d":"0.485"}]
["FVC","TH_entorhinal","rs1516890","A","G",0.469749,6.5158521254172e-05,421986,{"v":27.4976451388157,"d":"27.498"},{"v":-0.0114366,"d":"-0.011"},{"v":1.65471E-3,"d":"0.002"},{"v":4.79954424931945e-12,"d":"4.800E-12"},{"v":1E-4,"d":"0.000"},{"v":0.0024,"d":"0.002"},0.968]
["FVC","TH_entorhinal","rs1555211","T","C",0.292035,8.56959630224441e-05,421986,{"v":36.1654244909429,"d":"36.165"},{"v":0.014396,"d":"0.014"},{"v":1.80824E-3,"d":"0.002"},{"v":1.69980851320349E-15,"d":"1.700E-15"},{"v":0.0008,"d":"0.001"},{"v":0.0026,"d":"0.003"},{"v":0.7618,"d":"0.762"}]
["FVC","TH_entorhinal","rs157595","G","A",0.616263,6.37905011351913e-05,421986,{"v":26.9202880897005,"d":"26.920"},{"v":0.0116135,"d":"0.012"},{"v":1.73044E-3,"d":"0.002"},{"v":1.90020300257723e-11,"d":"1.900E-11"},{"v":0.0032,"d":"0.003"},{"v":0.0029,"d":"0.003"},{"v":0.2666,"d":"0.267"}]
["FVC","TH_entorhinal","rs1608592","A","G",0.261845,0.000138157736782648,421986,{"v":58.3084101564715,"d":"58.308"},{"v":-0.018905,"d":"-0.019"},{"v":0.00187413,"d":"0.002"},{"v":6.29941180548557e-24,"d":"6.299E-24"},{"v":-0.0036,"d":"-0.004"},{"v":2.8E-3,"d":"0.003"},{"v":0.1975,"d":"0.198"}]
["FVC","TH_entorhinal","rs1637746","A","G",0.226569,4.29577425829801e-05,421986,{"v":18.1282587952111,"d":"18.128"},{"v":-0.0110712,"d":"-0.011"},{"v":0.00196778,"d":"0.002"},{"v":1.79998961724559E-8,"d":"1.800E-08"},{"v":0.0041,"d":"0.004"},{"v":0.0029,"d":"0.003"},{"v":0.1525,"d":"0.153"}]
["FVC","TH_entorhinal","rs1656373","T","C",0.55742,0.000145979381744386,421986,{"v":61.6099572094857,"d":"61.610"},{"v":-0.0172006,"d":"-0.017"},{"v":0.00165265,"d":"0.002"},{"v":2.2998525866862e-25,"d":"2.300E-25"},{"v":-1.5E-3,"d":"-0.002"},{"v":0.0024,"d":"0.002"},0.514]
["FVC","TH_entorhinal","rs1668091","C","T",0.31711,6.68938491644157e-05,421986,{"v":28.2300224606612,"d":"28.230"},{"v":0.0124279,"d":"0.012"},{"v":0.00177541,"d":"0.002"},{"v":2.60015956316527E-12,"d":"2.600E-12"},-0.003,{"v":0.0025,"d":"0.003"},{"v":0.2348,"d":"0.235"}]
["FVC","TH_entorhinal","rs16905189","G","C",0.366604,1.18148804558535E-4,421986,{"v":49.8627963726122,"d":"49.863"},{"v":-0.0159501,"d":"-0.016"},{"v":1.71036E-3,"d":"0.002"},{"v":1.10001852750622E-20,"d":"1.100E-20"},{"v":0.0011,"d":"0.001"},{"v":0.0025,"d":"0.003"},{"v":0.6447,"d":"0.645"}]
["FVC","TH_entorhinal","rs17197170","G","A",0.169899,4.42423180283422e-05,421986,{"v":18.6703763516002,"d":"18.670"},{"v":0.012524,"d":"0.013"},{"v":0.00221253,"d":"0.002"},{"v":1.49999565138204e-08,"d":"1.500E-08"},{"v":-0.0034,"d":"-0.003"},{"v":0.0036,"d":"0.004"},{"v":0.3324,"d":"0.332"}]
["FVC","TH_entorhinal","rs17400325","C","T",0.041599,9.07861932322965e-05,421986,{"v":38.3137993289267,"d":"38.314"},{"v":0.0337427,"d":"0.034"},{"v":0.0041016,"d":"0.004"},{"v":1.90020300257723E-16,"d":"1.900E-16"},{"v":0.0037,"d":"0.004"},{"v":0.0064,"d":"0.006"},0.556]
["FVC","TH_entorhinal","rs1818116","G","A",0.381268,4.48330645452411e-05,421986,{"v":18.9196841364791,"d":"18.920"},{"v":-0.00974805,"d":"-0.010"},{"v":0.00170614,"d":"0.002"},{"v":1.09999319893519E-8,"d":"1.100E-08"},{"v":0.0046,"d":"0.005"},{"v":0.0025,"d":"0.003"},{"v":0.06379,"d":"0.064"}]
["FVC","TH_entorhinal","rs183743021","C","T",0.023696,6.10757370320042e-05,421986,{"v":25.7745580158407,"d":"25.775"},{"v":-0.036332,"d":"-0.036"},{"v":0.00550585,"d":"0.006"},{"v":4.10015240506613e-11,"d":"4.100E-11"},-0.003,{"v":0.0079,"d":"0.008"},{"v":0.7065,"d":"0.707"}]
["FVC","TH_entorhinal","rs1966265","A","G",0.245129,8.66312568253845e-05,421986,{"v":36.5601715338128,"d":"36.560"},{"v":0.0152999,"d":"0.015"},{"v":0.00190502,"d":"0.002"},{"v":9.60063590945348e-16,"d":"9.601E-16"},{"v":0.0021,"d":"0.002"},{"v":0.0029,"d":"0.003"},{"v":0.4674,"d":"0.467"}]
["FVC","TH_entorhinal","rs1983753","A","G",0.851273,6.09227456439144e-05,421986,{"v":25.7099902209963,"d":"25.710"},{"v":0.0155112,"d":"0.016"},{"v":0.00231937,"d":"0.002"},{"v":2.29985258668621e-11,"d":"2.300E-11"},{"v":0,"d":"0.000"},{"v":0.0034,"d":"0.003"},{"v":0.9894,"d":"0.989"}]
["FVC","TH_entorhinal","rs1984246","A","C",0.42304,8.08199330946159e-05,421986,{"v":34.107475210863,"d":"34.107"},{"v":0.0128671,"d":"0.013"},{"v":0.00166162,"d":"0.002"},{"v":9.70063133783958e-15,"d":"9.701E-15"},{"v":0.0021,"d":"0.002"},{"v":0.0024,"d":"0.002"},{"v":0.3842,"d":"0.384"}]
["FVC","TH_entorhinal","rs2005172","C","A",0.64023,0.00022099089188815,421986,{"v":93.2752334995711,"d":"93.275"},{"v":0.0219024,"d":"0.022"},{"v":0.0017318,"d":"0.002"},{"v":1.20005182020427E-36,"d":"1.200E-36"},{"v":0.0012,"d":"0.001"},{"v":0.0026,"d":"0.003"},0.647]
["FVC","TH_entorhinal","rs2007530","T","C",0.173998,1.17320574387251E-4,421986,{"v":49.5132141809572,"d":"49.513"},{"v":0.0202027,"d":"0.020"},{"v":2.17301E-3,"d":"0.002"},{"v":1.39990962656834e-20,"d":"1.400E-20"},{"v":-0.0061,"d":"-0.006"},{"v":0.0034,"d":"0.003"},{"v":0.06966,"d":"0.070"}]
["FVC","TH_entorhinal","rs2039092","T","G",0.142069,4.52252040502154e-05,421986,{"v":19.0851756368886,"d":"19.085"},{"v":-0.0136207,"d":"-0.014"},{"v":2.37872E-3,"d":"0.002"},{"v":1E-8,"d":"1.000E-08"},{"v":-1.4E-3,"d":"-0.001"},{"v":0.0035,"d":"0.004"},{"v":0.6892,"d":"0.689"}]
["FVC","TH_entorhinal","rs2058780","T","C",0.609391,4.70090504808346e-05,421986,{"v":19.837999723635,"d":"19.838"},{"v":-0.00993703,"d":"-0.010"},{"v":0.00168463,"d":"0.002"},{"v":3.69998531172859e-09,"d":"3.700E-09"},{"v":-1.5E-3,"d":"-0.002"},{"v":0.0025,"d":"0.003"},{"v":0.5391,"d":"0.539"}]
["FVC","TH_entorhinal","rs2118022","C","T",0.360318,6.04606902173754e-05,421986,{"v":25.5149865543869,"d":"25.515"},{"v":-0.0114524,"d":"-0.011"},{"v":0.00171628,"d":"0.002"},{"v":2.49976970217851E-11,"d":"2.500E-11"},{"v":2E-3,"d":"0.002"},{"v":0.0026,"d":"0.003"},{"v":0.4439,"d":"0.444"}]
["FVC","TH_entorhinal","rs2131354","A","G",0.526265,0.000264945796094648,421986,{"v":111.832516374284,"d":"111.833"},{"v":0.0230512,"d":"0.023"},{"v":0.00164614,"d":"0.002"},{"v":1.50003019045594e-44,"d":"1.500E-44"},{"v":-0.0037,"d":"-0.004"},{"v":0.0024,"d":"0.002"},{"v":0.1324,"d":"0.132"}]
["FVC","TH_entorhinal","rs2165241","C","T",0.508667,1.93898082531503E-4,421986,{"v":81.8377566430654,"d":"81.838"},{"v":0.0196955,"d":"0.020"},{"v":1.64442E-3,"d":"0.002"},{"v":4.70002318179801e-33,"d":"4.700E-33"},{"v":2.8E-3,"d":"0.003"},{"v":0.0024,"d":"0.002"},{"v":0.2309,"d":"0.231"}]
["FVC","TH_entorhinal","rs2168704","A","G",0.561551,5.59945780683976e-05,421986,{"v":23.6301391912884,"d":"23.630"},{"v":0.0106636,"d":"0.011"},{"v":1.652E-3,"d":"0.002"},{"v":1.09999319893519e-10,"d":"1.100E-10"},{"v":-0.0025,"d":"-0.003"},{"v":0.0024,"d":"0.002"},0.299]
["FVC","TH_entorhinal","rs2181246","A","T",0.315032,4.79141931100767e-05,421986,{"v":20.2199916899491,"d":"20.220"},{"v":-0.0105367,"d":"-0.011"},{"v":1.76834E-3,"d":"0.002"},{"v":2.49999995007974e-09,"d":"2.500E-09"},{"v":0.0024,"d":"0.002"},{"v":0.0025,"d":"0.003"},{"v":0.3422,"d":"0.342"}]
["FVC","TH_entorhinal","rs2186288","A","G",0.369909,5.7540273769828e-05,421986,{"v":24.2824721065799,"d":"24.282"},{"v":-0.0111102,"d":"-0.011"},{"v":0.00170446,"d":"0.002"},{"v":7.10068096254533e-11,"d":"7.101E-11"},{"v":-0.0012,"d":"-0.001"},{"v":0.0025,"d":"0.003"},{"v":0.6373,"d":"0.637"}]
["FVC","TH_entorhinal","rs2273101","T","C",0.245563,0.000164788871325204,421986,{"v":69.5497280984891,"d":"69.550"},{"v":0.021089,"d":"0.021"},{"v":1.90985E-3,"d":"0.002"},{"v":2.39993787680987e-28,"d":"2.400E-28"},{"v":-2.3E-3,"d":"-0.002"},{"v":2.8E-3,"d":"0.003"},{"v":0.4106,"d":"0.411"}]
["FVC","TH_entorhinal","rs2286325","C","G",0.081106,6.21764247204467e-05,421986,{"v":26.2390878619042,"d":"26.239"},{"v":0.0204239,"d":"0.020"},{"v":0.00300144,"d":"0.003"},{"v":1e-11,"d":"1.000E-11"},{"v":0,"d":"0.000"},{"v":0.0045,"d":"0.005"},{"v":0.9984,"d":"0.998"}]
["FVC","TH_entorhinal","rs2289308","A","G",0.342889,4.17682840802068e-05,421986,{"v":17.6262838089314,"d":"17.626"},{"v":-0.00962747,"d":"-0.010"},{"v":0.00173144,"d":"0.002"},{"v":2.69997659840121e-08,"d":"2.700E-08"},{"v":0.0017,"d":"0.002"},{"v":0.0025,"d":"0.003"},{"v":0.4958,"d":"0.496"}]
["FVC","TH_entorhinal","rs2315007","C","T",0.667421,9.54071179462808e-05,421986,{"v":40.2641187429693,"d":"40.264"},{"v":-0.0146598,"d":"-0.015"},{"v":0.00174235,"d":"0.002"},{"v":4.00036851046125e-17,"d":"4.000E-17"},{"v":-0.0007,"d":"-0.001"},{"v":0.0026,"d":"0.003"},{"v":0.7917,"d":"0.792"}]
["FVC","TH_entorhinal","rs2355595","T","C",0.353472,4.21690889460453e-05,421986,{"v":17.7954312469311,"d":"17.795"},{"v":0.0096053,"d":"0.010"},{"v":0.00171679,"d":"0.002"},{"v":2.19998641983516e-08,"d":"2.200E-08"},{"v":-0.0009,"d":"-0.001"},{"v":0.0025,"d":"0.003"},{"v":0.7085,"d":"0.709"}]
["FVC","TH_entorhinal","rs2420991","G","T",0.157205,4.60860611479893e-05,421986,{"v":19.448476731161,"d":"19.448"},{"v":0.0131879,"d":"0.013"},{"v":0.00231045,"d":"0.002"},{"v":1.09999319893519E-8,"d":"1.100E-08"},{"v":-0.0007,"d":"-0.001"},{"v":0.0034,"d":"0.003"},{"v":0.8407,"d":"0.841"}]
["FVC","TH_entorhinal","rs2433733","A","G",0.677805,4.39675736084697e-05,421986,{"v":18.5544283747918,"d":"18.554"},{"v":0.0100332,"d":"0.010"},{"v":1.75482E-3,"d":"0.002"},{"v":1.09999319893519E-8,"d":"1.100E-08"},{"v":1E-4,"d":"0.000"},{"v":0.0027,"d":"0.003"},{"v":0.9698,"d":"0.970"}]
["FVC","TH_entorhinal","rs246185","C","T",0.32244,6.92890140832418e-05,421986,{"v":29.2408813907452,"d":"29.241"},{"v":0.0125927,"d":"0.013"},{"v":1.774E-3,"d":"0.002"},{"v":1.2998702373886e-12,"d":"1.300E-12"},{"v":0.0007,"d":"0.001"},{"v":0.0026,"d":"0.003"},{"v":0.7877,"d":"0.788"}]
["FVC","TH_entorhinal","rs2602691","G","A",0.449662,5.86659442039459E-5,421986,{"v":24.7575422235486,"d":"24.758"},{"v":-0.0108873,"d":"-0.011"},{"v":0.00166378,"d":"0.002"},{"v":6.00067353864116e-11,"d":"6.001E-11"},{"v":0.0008,"d":"0.001"},{"v":0.0024,"d":"0.002"},{"v":0.7501,"d":"0.750"}]
["FVC","TH_entorhinal","rs2645977","A","G",0.357445,4.52910263624554e-05,421986,{"v":19.112954113843,"d":"19.113"},{"v":0.00992959,"d":"0.010"},{"v":1.71149E-3,"d":"0.002"},{"v":6.59994019159873e-09,"d":"6.600E-09"},{"v":0.0017,"d":"0.002"},{"v":0.0025,"d":"0.003"},{"v":0.48,"d":"0.480"}]
["FVC","TH_entorhinal","rs2648725","A","T",0.213148,9.83993575735976e-05,421986,{"v":41.5270407404678,"d":"41.527"},{"v":0.0171275,"d":"0.017"},{"v":0.00200708,"d":"0.002"},{"v":1.39990962656834e-17,"d":"1.400E-17"},{"v":2.8E-3,"d":"0.003"},0.003,{"v":0.3546,"d":"0.355"}]
["FVC","TH_entorhinal","rs2717329","A","G",0.294673,8.42790883711236e-05,421986,{"v":35.5674244173058,"d":"35.567"},{"v":0.014239,"d":"0.014"},{"v":0.0018328,"d":"0.002"},{"v":7.89950721335818e-15,"d":"7.900E-15"},{"v":0.0012,"d":"0.001"},{"v":2.8E-3,"d":"0.003"},{"v":0.6511,"d":"0.651"}]
["FVC","TH_entorhinal","rs2760402","C","A",0.649252,4.35290850830249e-05,421986,{"v":18.3693770418513,"d":"18.369"},{"v":0.00977621,"d":"0.010"},{"v":0.00172753,"d":"0.002"},{"v":1.49999565138204e-08,"d":"1.500E-08"},{"v":-0.0034,"d":"-0.003"},{"v":0.0025,"d":"0.003"},{"v":0.1826,"d":"0.183"}]
["FVC","TH_entorhinal","rs2780226","T","C",0.910509,2.95968220787926E-4,421986,{"v":124.930829236223,"d":"124.931"},{"v":-0.0426163,"d":"-0.043"},{"v":0.0028699,"d":"0.003"},{"v":7.00003159130901e-50,"d":"7.000E-50"},{"v":-0.0012,"d":"-0.001"},{"v":0.0044,"d":"0.004"},{"v":0.7842,"d":"0.784"}]
["FVC","TH_entorhinal","rs2807339","C","T",0.758119,5.89073008999258e-05,421986,{"v":24.859402863279,"d":"24.859"},{"v":0.0126736,"d":"0.013"},{"v":1.91263E-3,"d":"0.002"},{"v":3.40016505804071e-11,"d":"3.400E-11"},{"v":0.0004,"d":"0.000"},{"v":0.0027,"d":"0.003"},{"v":0.8918,"d":"0.892"}]
["FVC","TH_entorhinal","rs2808096","G","A",0.21446,4.09307454157644e-05,421986,{"v":17.2728266631967,"d":"17.273"},{"v":0.0110218,"d":"0.011"},{"v":0.0020005,"d":"0.002"},{"v":3.59997927043357E-8,"d":"3.600E-08"},{"v":1.8E-3,"d":"0.002"},{"v":0.0029,"d":"0.003"},{"v":0.5367,"d":"0.537"}]
["FVC","TH_entorhinal","rs2812208","C","G",0.020816,0.000278067813708179,421986,{"v":117.372805899358,"d":"117.373"},{"v":0.0825904,"d":"0.083"},{"v":0.00576265,"d":"0.006"},{"v":1.39990962656833E-46,"d":"1.400E-46"},{"v":-1.9E-3,"d":"-0.002"},{"v":7.6E-3,"d":"0.008"},{"v":0.8017,"d":"0.802"}]
["FVC","TH_entorhinal","rs2821334","T","G",0.44435,4.64038024780943E-5,421986,{"v":19.5825708906678,"d":"19.583"},{"v":0.0096939,"d":"0.010"},{"v":0.00164775,"d":"0.002"},{"v":4.00000007987242e-09,"d":"4.000E-09"},{"v":2.3E-3,"d":"0.002"},{"v":0.0024,"d":"0.002"},{"v":0.3454,"d":"0.345"}]
["FVC","TH_entorhinal","rs28391281","C","T",0.456626,5.81268485273591E-5,421986,{"v":24.5300259020691,"d":"24.530"},{"v":-0.0108229,"d":"-0.011"},{"v":1.64482E-3,"d":"0.002"},{"v":4.70002318179801e-11,"d":"4.700E-11"},{"v":-0.0021,"d":"-0.002"},{"v":0.0025,"d":"0.003"},{"v":0.4038,"d":"0.404"}]
["FVC","TH_entorhinal","rs28409044","A","C",0.333596,7.3529837872933e-05,421986,{"v":31.0306967870756,"d":"31.031"},{"v":0.0128599,"d":"0.013"},{"v":1.74168E-3,"d":"0.002"},{"v":1.50003019045595e-13,"d":"1.500E-13"},{"v":1E-3,"d":"0.001"},{"v":0.0025,"d":"0.003"},{"v":0.6951,"d":"0.695"}]
["FVC","TH_entorhinal","rs28427480","C","A",0.093765,0.000266255308960786,421986,{"v":112.385403506842,"d":"112.385"},{"v":0.0395816,"d":"0.040"},{"v":0.00282649,"d":"0.003"},{"v":1.50003019045594e-44,"d":"1.500E-44"},{"v":-0.0058,"d":"-0.006"},{"v":0.0041,"d":"0.004"},{"v":0.1495,"d":"0.150"}]
["FVC","TH_entorhinal","rs28444681","A","C",0.255224,4.96915326777121e-05,421986,{"v":20.9700737605772,"d":"20.970"},{"v":0.0114328,"d":"0.011"},{"v":0.00188044,"d":"0.002"},{"v":1.19999655704811E-9,"d":"1.200E-09"},{"v":-1.5E-3,"d":"-0.002"},{"v":0.0027,"d":"0.003"},{"v":0.5778,"d":"0.578"}]
["FVC","TH_entorhinal","rs28446901","G","C",0.15458,5.1599507535487e-05,421986,{"v":21.7752901821048,"d":"21.775"},{"v":-0.0140506,"d":"-0.014"},{"v":0.00228337,"d":"0.002"},{"v":7.59993713661527e-10,"d":"7.600E-10"},{"v":0.0006,"d":"0.001"},{"v":0.0034,"d":"0.003"},{"v":0.8692,"d":"0.869"}]
["FVC","TH_entorhinal","rs2871960","C","A",0.444976,0.000191804005390593,421986,{"v":80.9537486639893,"d":"80.954"},{"v":0.0197056,"d":"0.020"},{"v":0.00165006,"d":"0.002"},{"v":7.10068096254536e-33,"d":"7.101E-33"},{"v":-0.0044,"d":"-0.004"},{"v":0.0024,"d":"0.002"},{"v":0.06442,"d":"0.064"}]
["FVC","TH_entorhinal","rs2885697","T","G",0.665178,0.000191228657862936,421986,{"v":80.7108681906324,"d":"80.711"},{"v":-0.0207198,"d":"-0.021"},{"v":1.73474E-3,"d":"0.002"},{"v":7.000031591309e-33,"d":"7.000E-33"},{"v":2.8E-3,"d":"0.003"},{"v":0.0025,"d":"0.003"},{"v":0.2713,"d":"0.271"}]
["FVC","TH_entorhinal","rs28929474","T","C",0.019693,9.24754782377338e-05,421986,{"v":39.0267812289301,"d":"39.027"},{"v":0.0489397,"d":"0.049"},{"v":0.00592126,"d":"0.006"},{"v":1.39990962656834e-16,"d":"1.400E-16"},{"v":0.0012,"d":"0.001"},{"v":0.0093,"d":"0.009"},{"v":0.9008,"d":"0.901"}]
["FVC","TH_entorhinal","rs309137","C","T",0.227462,8.33684369570823e-05,421986,{"v":35.1830796592559,"d":"35.183"},{"v":0.0154018,"d":"0.015"},{"v":1.94955E-3,"d":"0.002"},{"v":2.80027059501064e-15,"d":"2.800E-15"},{"v":-0.0032,"d":"-0.003"},{"v":2.8E-3,"d":"0.003"},0.254]
["FVC","TH_entorhinal","rs3116605","C","T",0.215238,7.92429456128899e-05,421986,{"v":33.4419051965844,"d":"33.442"},{"v":-0.0153157,"d":"-0.015"},{"v":0.00199894,"d":"0.002"},{"v":1.80011396041801E-14,"d":"1.800E-14"},{"v":0.0005,"d":"0.001"},{"v":0.0029,"d":"0.003"},{"v":0.8762,"d":"0.876"}]
["FVC","TH_entorhinal","rs3253","T","C",0.314156,7.73374553775006e-05,421986,{"v":32.6376928861364,"d":"32.638"},{"v":0.0133966,"d":"0.013"},{"v":0.00176807,"d":"0.002"},{"v":3.50025754158434E-14,"d":"3.500E-14"},{"v":0.0024,"d":"0.002"},{"v":0.0026,"d":"0.003"},{"v":0.3657,"d":"0.366"}]
["FVC","TH_entorhinal","rs32799","A","C",0.915153,5.54046146417085e-05,421986,{"v":23.381156328923,"d":"23.381"},{"v":-0.0188883,"d":"-0.019"},{"v":0.00295509,"d":"0.003"},{"v":1.60000006389793E-10,"d":"1.600E-10"},{"v":0.0049,"d":"0.005"},{"v":0.0044,"d":"0.004"},{"v":0.2613,"d":"0.261"}]
["FVC","TH_entorhinal","rs344133","A","G",0.614205,5.9441457606158e-05,421986,{"v":25.0848351256407,"d":"25.085"},{"v":0.0111994,"d":"0.011"},{"v":1.68384E-3,"d":"0.002"},{"v":2.90001336905407e-11,"d":"2.900E-11"},{"v":0.0009,"d":"0.001"},{"v":0.0025,"d":"0.003"},{"v":0.7247,"d":"0.725"}]
["FVC","TH_entorhinal","rs34587839","A","G",0.154712,{"$f":"2*F3461*(1-F3461)*J3461*J3461","v":9.59331764500232e-05},421986,{"$f":"G3461/(1-G3461)*(H3461-2)","v":{"v":40.48614949601,"d":"40.486"}},{"v":-0.0191516,"d":"-0.019"},{"v":0.00227501,"d":"0.002"},{"v":3.80014352941585e-17,"d":"3.800E-17"},{"v":0.0072,"d":"0.007"},{"v":0.0035,"d":"0.004"},{"v":0.03706,"d":"0.037"}]
["FVC","TH_entorhinal","rs35344256","A","C",0.305163,0.000127924706994647,421986,{"v":53.9890860944489,"d":"53.989"},{"v":-0.0173682,"d":"-0.017"},{"v":1.7847E-3,"d":"0.002"},{"v":2.19988510904926e-22,"d":"2.200E-22"},{"v":-0.0008,"d":"-0.001"},0.003,{"v":0.7914,"d":"0.791"}]
["FVC","TH_entorhinal","rs35344761","A","C",0.122131,7.98184258788518e-05,421986,{"v":33.6847872927592,"d":"33.685"},{"v":-0.0192934,"d":"-0.019"},{"v":2.52637E-3,"d":"0.003"},{"v":2.19988510904925E-14,"d":"2.200E-14"},{"v":0.0022,"d":"0.002"},{"v":0.0039,"d":"0.004"},{"v":0.5756,"d":"0.576"}]
["FVC","TH_entorhinal","rs35480566","G","A",0.439723,1.10816232234529E-4,421986,{"v":46.7678595812438,"d":"46.768"},{"v":0.0149967,"d":"0.015"},{"v":0.0016583,"d":"0.002"},{"v":1.50003019045595e-19,"d":"1.500E-19"},{"v":-0.0027,"d":"-0.003"},{"v":0.0024,"d":"0.002"},{"v":0.2623,"d":"0.262"}]
["FVC","TH_entorhinal","rs35506","A","T",0.715534,7.52389405219948e-05,421986,{"v":31.7520180654321,"d":"31.752"},{"v":0.0135949,"d":"0.014"},{"v":0.00182407,"d":"0.002"},{"v":9.09913272632251e-14,"d":"9.099E-14"},{"v":-0.0027,"d":"-0.003"},{"v":0.0027,"d":"0.003"},{"v":0.3117,"d":"0.312"}]
["FVC","TH_entorhinal","rs35654957","C","T",0.369551,4.7229665459788E-5,421986,{"v":19.9311044887804,"d":"19.931"},{"v":-0.0100677,"d":"-0.010"},{"v":0.00171015,"d":"0.002"},{"v":3.89995862874433e-09,"d":"3.900E-09"},{"v":-1.5E-3,"d":"-0.002"},{"v":0.0027,"d":"0.003"},{"v":0.5693,"d":"0.569"}]
["FVC","TH_entorhinal","rs35668185","C","T",0.207881,4.39810225504036E-5,421986,{"v":18.560104112267,"d":"18.560"},{"v":-0.0115562,"d":"-0.012"},{"v":2.01805E-3,"d":"0.002"},{"v":1E-8,"d":"1.000E-08"},{"v":1.8E-3,"d":"0.002"},0.003,{"v":0.5524,"d":"0.552"}]
["FVC","TH_entorhinal","rs35805829","C","T",0.346839,8.02689032154592e-05,421986,{"v":33.8749119565016,"d":"33.875"},{"v":-0.0133102,"d":"-0.013"},{"v":1.72266E-3,"d":"0.002"},{"v":1.10001852750622E-14,"d":"1.100E-14"},{"v":-0.0006,"d":"-0.001"},{"v":0.0025,"d":"0.003"},{"v":0.8047,"d":"0.805"}]
["FVC","TH_entorhinal","rs35897671","T","C",0.345283,5.9327572593459e-05,421986,{"v":25.0367717641725,"d":"25.037"},{"v":0.0114551,"d":"0.011"},{"v":0.00172695,"d":"0.002"},{"v":3.29989407910834e-11,"d":"3.300E-11"},{"v":0.0034,"d":"0.003"},{"v":0.0025,"d":"0.003"},{"v":0.1785,"d":"0.179"}]
["FVC","TH_entorhinal","rs36226649","C","T",0.066506,8.70139707337911e-05,421986,{"v":36.7216987269464,"d":"36.722"},{"v":0.0264724,"d":"0.026"},{"v":0.00329988,"d":"0.003"},{"v":1e-15,"d":"1.000E-15"},{"v":-0.01,"d":"-0.010"},0.005,{"v":0.04512,"d":"0.045"}]
["FVC","TH_entorhinal","rs3732987","A","C",0.524508,5.53461247568242e-05,421986,{"v":23.3564717995858,"d":"23.356"},{"v":0.0105337,"d":"0.011"},{"v":0.00164918,"d":"0.002"},{"v":1.70000422215636e-10,"d":"1.700E-10"},{"v":-0.0021,"d":"-0.002"},{"v":0.0024,"d":"0.002"},{"v":0.3904,"d":"0.390"}]
["FVC","TH_entorhinal","rs3734254","T","C",0.790532,1.42473762916661E-4,421986,{"v":60.13021534867,"d":"60.130"},{"v":0.0207412,"d":"0.021"},{"v":0.00201522,"d":"0.002"},{"v":7.59976214361039e-25,"d":"7.600E-25"},{"v":-0.0003,"d":"-0.000"},0.003,{"v":0.9324,"d":"0.932"}]
["FVC","TH_entorhinal","rs3743347","A","C",0.231535,1.02185615560985E-4,421986,{"v":43.1251015619361,"d":"43.125"},{"v":-0.0169457,"d":"-0.017"},{"v":1.94802E-3,"d":"0.002"},{"v":3.40016505804072e-18,"d":"3.400E-18"},{"v":5.3E-3,"d":"0.005"},{"v":0.0029,"d":"0.003"},{"v":0.06219,"d":"0.062"}]
["FVC","TH_entorhinal","rs3790076","T","G",0.572955,0.000211865275899546,421986,{"v":89.4227021506569,"d":"89.423"},{"v":-0.0208074,"d":"-0.021"},{"v":1.66216E-3,"d":"0.002"},{"v":5.90065196995663e-36,"d":"5.901E-36"},{"v":-0.0009,"d":"-0.001"},{"v":0.0024,"d":"0.002"},{"v":0.7117,"d":"0.712"}]
["FVC","TH_entorhinal","rs3790743","G","A",0.599509,4.41696140797053e-05,421986,{"v":18.6396937358892,"d":"18.640"},{"v":-0.00959075,"d":"-0.010"},{"v":1.69268E-3,"d":"0.002"},{"v":1.49999565138204e-08,"d":"1.500E-08"},{"v":-0.0003,"d":"-0.000"},{"v":0.0027,"d":"0.003"},{"v":0.9035,"d":"0.904"}]
["FVC","TH_entorhinal","rs3791679","G","A",0.227266,0.000612002896837713,421986,{"v":258.413580278878,"d":"258.414"},{"v":-0.0417426,"d":"-0.042"},{"v":0.00195359,"d":"0.002"},{"v":2.6977394324449E-101,"d":"2.698E-101"},{"v":0.0006,"d":"0.001"},{"v":2.8E-3,"d":"0.003"},{"v":0.8408,"d":"0.841"}]
["FVC","TH_entorhinal","rs3806443","G","C",0.265329,4.61179473668757e-05,421986,{"v":19.461933446086,"d":"19.462"},{"v":0.0108763,"d":"0.011"},{"v":0.00186138,"d":"0.002"},{"v":5.09999793204996e-09,"d":"5.100E-09"},{"v":-0.0026,"d":"-0.003"},{"v":0.0029,"d":"0.003"},{"v":0.3584,"d":"0.358"}]
["FVC","TH_entorhinal","rs3814316","A","G",0.368453,4.16612453966733e-05,421986,{"v":17.5811114284674,"d":"17.581"},{"v":-0.00946144,"d":"-0.009"},{"v":0.00170087,"d":"0.002"},{"v":2.69997659840121e-08,"d":"2.700E-08"},{"v":-0.0031,"d":"-0.003"},{"v":0.0025,"d":"0.003"},{"v":0.2085,"d":"0.209"}]
["FVC","TH_entorhinal","rs3828559","G","A",0.758433,5.04655975131029e-05,421986,{"v":21.2967494541555,"d":"21.297"},{"v":0.0117356,"d":"0.012"},{"v":0.00191612,"d":"0.002"},{"v":9.09997082601283e-10,"d":"9.100E-10"},{"v":-0.0035,"d":"-0.004"},{"v":2.8E-3,"d":"0.003"},{"v":0.2082,"d":"0.208"}]
["FVC","TH_entorhinal","rs3858603","A","G",0.501593,7.64582018958038e-05,421986,{"v":32.266604915392,"d":"32.267"},{"v":-0.012366,"d":"-0.012"},{"v":1.63937E-3,"d":"0.002"},{"v":4.60044666393479e-14,"d":"4.600E-14"},{"v":-0.0037,"d":"-0.004"},{"v":0.0024,"d":"0.002"},{"v":0.1244,"d":"0.124"}]
["FVC","TH_entorhinal","rs42038","T","C",0.298973,0.0001100833355849,421986,{"v":46.4585205923715,"d":"46.459"},{"v":0.0162055,"d":"0.016"},{"v":0.001795,"d":"0.002"},{"v":1.69980851320349e-19,"d":"1.700E-19"},{"v":-0.0008,"d":"-0.001"},{"v":0.0026,"d":"0.003"},{"v":0.7689,"d":"0.769"}]
["FVC","TH_entorhinal","rs4244808","G","T",0.459999,6.73887227545813e-05,421986,{"v":28.438879242618,"d":"28.439"},{"v":0.0116467,"d":"0.012"},{"v":1.65946E-3,"d":"0.002"},{"v":2.19988510904925e-12,"d":"2.200E-12"},{"v":0.0012,"d":"0.001"},{"v":0.0025,"d":"0.003"},{"v":0.6248,"d":"0.625"}]
["FVC","TH_entorhinal","rs425102","G","T",0.240797,0.000137901421280968,421986,{"v":58.2002192507815,"d":"58.200"},{"v":-0.0194207,"d":"-0.019"},{"v":0.00191587,"d":"0.002"},{"v":3.80014352941585e-24,"d":"3.800E-24"},{"v":-2.3E-3,"d":"-0.002"},{"v":2.8E-3,"d":"0.003"},{"v":0.4175,"d":"0.418"}]
["FVC","TH_entorhinal","rs4279453","C","T",0.439777,4.75360731157916e-05,421986,{"v":20.0604158710898,"d":"20.060"},{"v":-0.009822,"d":"-0.010"},{"v":1.65712E-3,"d":"0.002"},{"v":3.09998790941119e-09,"d":"3.100E-09"},{"v":-0.0017,"d":"-0.002"},{"v":0.0024,"d":"0.002"},{"v":0.4934,"d":"0.493"}]
["FVC","TH_entorhinal","rs4650619","T","C",0.658131,5.51787534628888E-5,421986,{"v":23.2858359846867,"d":"23.286"},{"v":0.0110735,"d":"0.011"},{"v":0.00173535,"d":"0.002"},{"v":1.79998961724559E-10,"d":"1.800E-10"},{"v":-0.0003,"d":"-0.000"},{"v":0.0025,"d":"0.003"},{"v":0.9086,"d":"0.909"}]
["FVC","TH_entorhinal","rs4678778","G","A",0.103138,4.9032397109147e-05,421986,{"v":20.6919016352442,"d":"20.692"},{"v":0.01628,"d":"0.016"},{"v":0.00272878,"d":"0.003"},{"v":2.39999313805789E-9,"d":"2.400E-09"},{"v":-2.3E-3,"d":"-0.002"},{"v":0.0041,"d":"0.004"},{"v":0.5671,"d":"0.567"}]
["FVC","TH_entorhinal","rs4693974","G","A",0.574007,6.5108970456126e-05,421986,{"v":27.4767327707401,"d":"27.477"},{"v":0.0115384,"d":"0.012"},{"v":1.66303E-3,"d":"0.002"},{"v":4.00036851046125E-12,"d":"4.000E-12"},{"v":-1.8E-3,"d":"-0.002"},{"v":0.0024,"d":"0.002"},{"v":0.4641,"d":"0.464"}]
["FVC","TH_entorhinal","rs4713135","A","G",0.237248,9.32171087040042e-05,421986,{"v":39.3397955413479,"d":"39.340"},{"v":-0.0160487,"d":"-0.016"},{"v":0.00192704,"d":"0.002"},{"v":8.19973845457472e-17,"d":"8.200E-17"},{"v":-0.0036,"d":"-0.004"},{"v":0.0031,"d":"0.003"},{"v":0.2336,"d":"0.234"}]
["FVC","TH_entorhinal","rs4728358","T","C",0.687154,4.77707244436522e-05,421986,{"v":20.1594444148942,"d":"20.159"},{"v":-0.0105408,"d":"-0.011"},{"v":1.7764E-3,"d":"0.002"},{"v":2.99999133271614e-09,"d":"3.000E-09"},{"v":-0.0026,"d":"-0.003"},{"v":0.0027,"d":"0.003"},{"v":0.3332,"d":"0.333"}]
["FVC","TH_entorhinal","rs4735766","T","G",0.285258,9.07993719661411e-05,421986,{"v":38.3193615537233,"d":"38.319"},{"v":0.0149222,"d":"0.015"},{"v":1.81989E-3,"d":"0.002"},{"v":2.39993787680988E-16,"d":"2.400E-16"},{"v":0.0021,"d":"0.002"},{"v":0.0026,"d":"0.003"},{"v":0.4182,"d":"0.418"}]
["FVC","TH_entorhinal","rs4759316","A","G",0.57091,5.31891591327017e-05,421986,{"v":22.4461680202567,"d":"22.446"},{"v":0.0104193,"d":"0.010"},{"v":0.00165644,"d":"0.002"},{"v":3.20000015974484E-10,"d":"3.200E-10"},{"v":-0.0002,"d":"-0.000"},{"v":0.0026,"d":"0.003"},{"v":0.9294,"d":"0.929"}]
["FVC","TH_entorhinal","rs4785677","G","A",0.549173,4.80134751963316E-5,421986,{"v":20.2618911610575,"d":"20.262"},{"v":-0.00984707,"d":"-0.010"},{"v":1.65043E-3,"d":"0.002"},{"v":2.39999313805789E-9,"d":"2.400E-09"},{"v":0.0003,"d":"0.000"},{"v":0.0025,"d":"0.003"},{"v":0.9017,"d":"0.902"}]
["FVC","TH_entorhinal","rs4794006","A","G",0.555023,5.38677822535485e-05,421986,{"v":22.7325667794388,"d":"22.733"},{"v":-0.010443,"d":"-0.010"},{"v":0.00165309,"d":"0.002"},{"v":2.69997659840121E-10,"d":"2.700E-10"},{"v":0.0009,"d":"0.001"},{"v":0.0024,"d":"0.002"},{"v":0.7199,"d":"0.720"}]
["FVC","TH_entorhinal","rs4909017","T","C",0.557895,7.95950937485174e-05,421986,{"v":33.5905296817335,"d":"33.591"},{"v":0.0127025,"d":"0.013"},{"v":0.00165126,"d":"0.002"},{"v":1.39990962656834e-14,"d":"1.400E-14"},{"v":-3.3E-3,"d":"-0.003"},{"v":0.0024,"d":"0.002"},{"v":0.1779,"d":"0.178"}]
["FVC","TH_entorhinal","rs4918293","A","G",0.335439,5.24388950619221e-05,421986,{"v":22.1295351421812,"d":"22.130"},{"v":-0.0108452,"d":"-0.011"},{"v":0.00174452,"d":"0.002"},{"v":5.09999793204996e-10,"d":"5.100E-10"},{"v":0.0021,"d":"0.002"},{"v":0.0026,"d":"0.003"},{"v":0.4254,"d":"0.425"}]
["FVC","TH_entorhinal","rs4924413","A","G",0.283479,4.76110581125863e-05,421986,{"v":20.0920613508822,"d":"20.092"},{"v":0.0108259,"d":"0.011"},{"v":0.00182023,"d":"0.002"},{"v":2.69997659840121e-09,"d":"2.700E-09"},{"v":1.5E-3,"d":"0.002"},{"v":0.0027,"d":"0.003"},{"v":0.5862,"d":"0.586"}]
["FVC","TH_entorhinal","rs4951407","G","T",0.661152,5.97857889278145E-5,421986,{"v":25.230154759622,"d":"25.230"},{"v":0.0115513,"d":"0.012"},{"v":0.00173213,"d":"0.002"},{"v":2.60015956316527E-11,"d":"2.600E-11"},{"v":0.0036,"d":"0.004"},{"v":0.0025,"d":"0.003"},{"v":0.1551,"d":"0.155"}]
["FVC","TH_entorhinal","rs4959021","C","T",0.814313,0.000289077580921587,421986,{"v":122.02138755515,"d":"122.021"},{"v":-0.0309176,"d":"-0.031"},{"v":0.00221491,"d":"0.002"},{"v":2.80027059501065e-44,"d":"2.800E-44"},{"v":0.0052,"d":"0.005"},{"v":0.0037,"d":"0.004"},{"v":0.1643,"d":"0.164"}]
["FVC","TH_entorhinal","rs55681913","C","T",0.10621,8.08864045248552e-05,421986,{"v":34.1355296272746,"d":"34.136"},{"v":0.0206406,"d":"0.021"},{"v":2.69286E-3,"d":"0.003"},{"v":1.80011396041801E-14,"d":"1.800E-14"},{"v":0.0051,"d":"0.005"},{"v":4.3E-3,"d":"0.004"},{"v":0.2321,"d":"0.232"}]
["FVC","TH_entorhinal","rs55707322","A","C",0.163689,4.62683444763271E-5,421986,{"v":19.5254044836391,"d":"19.525"},{"v":0.0129997,"d":"0.013"},{"v":0.00221808,"d":"0.002"},{"v":4.60002296665069e-09,"d":"4.600E-09"},{"v":-1.8E-3,"d":"-0.002"},{"v":0.0034,"d":"0.003"},0.587]
["FVC","TH_entorhinal","rs55758152","A","G",0.325764,5.16859270150706E-5,421986,{"v":21.811761586645,"d":"21.812"},{"v":0.0108471,"d":"0.011"},{"v":0.00177131,"d":"0.002"},{"v":9.09997082601283e-10,"d":"9.100E-10"},{"v":0.0017,"d":"0.002"},0.003,{"v":0.5727,"d":"0.573"}]
["FVC","TH_entorhinal","rs55786114","T","C",0.073277,7.23637113431354e-05,421986,{"v":30.5385382493884,"d":"30.539"},{"v":-0.0230827,"d":"-0.023"},{"v":0.00314939,"d":"0.003"},{"v":2.29985258668621e-13,"d":"2.300E-13"},{"v":0.0013,"d":"0.001"},{"v":0.0054,"d":"0.005"},0.806]
["FVC","TH_entorhinal","rs558107","G","A",0.587806,5.78469038151767E-5,421986,{"v":24.4118800112185,"d":"24.412"},{"v":-0.0109259,"d":"-0.011"},{"v":1.67201E-3,"d":"0.002"},{"v":6.40029512108372E-11,"d":"6.400E-11"},{"v":-0.0004,"d":"-0.000"},{"v":0.0024,"d":"0.002"},0.863]
["FVC","TH_entorhinal","rs55831773","T","C",0.199579,6.58378676692214e-05,421986,{"v":27.7843560132832,"d":"27.784"},{"v":-0.0143551,"d":"-0.014"},{"v":0.00209681,"d":"0.002"},{"v":7.59976214361039E-12,"d":"7.600E-12"},{"v":0.0064,"d":"0.006"},{"v":0.0032,"d":"0.003"},{"v":0.04588,"d":"0.046"}]
["FVC","TH_entorhinal","rs55906059","T","C",0.093726,4.23076242776738e-05,421986,{"v":17.8538958791087,"d":"17.854"},{"v":-0.015781,"d":"-0.016"},{"v":0.0028489,"d":"0.003"},{"v":2.99999133271615e-08,"d":"3.000E-08"},{"v":-0.0024,"d":"-0.002"},{"v":0.0046,"d":"0.005"},{"v":0.6095,"d":"0.610"}]
["FVC","TH_entorhinal","rs55962189","T","A",0.299312,5.39173733411806e-05,421986,{"v":22.7534956807262,"d":"22.753"},{"v":0.0113377,"d":"0.011"},{"v":0.00180553,"d":"0.002"},{"v":3.4000084782586e-10,"d":"3.400E-10"},{"v":-2.8E-3,"d":"-0.003"},{"v":0.0027,"d":"0.003"},{"v":0.3106,"d":"0.311"}]
["FVC","TH_entorhinal","rs56099233","T","G",0.203137,4.63112857415907e-05,421986,{"v":19.5435266882283,"d":"19.544"},{"v":0.0119603,"d":"0.012"},{"v":0.00205819,"d":"0.002"},{"v":6.19997588072324e-09,"d":"6.200E-09"},{"v":0.0046,"d":"0.005"},{"v":0.0031,"d":"0.003"},{"v":0.1452,"d":"0.145"}]
["FVC","TH_entorhinal","rs56107042","G","C",0.024063,4.31515448222523e-05,421986,{"v":18.2100472819448,"d":"18.210"},{"v":-0.0303108,"d":"-0.030"},{"v":0.00545244,"d":"0.005"},{"v":2.69997659840121e-08,"d":"2.700E-08"},{"v":0.0004,"d":"0.000"},{"v":8.6E-3,"d":"0.009"},{"v":0.9638,"d":"0.964"}]
["FVC","TH_entorhinal","rs56144019","A","G",0.23362,5.74600505527944e-05,421986,{"v":24.2486152991313,"d":"24.249"},{"v":-0.0126675,"d":"-0.013"},{"v":0.00194171,"d":"0.002"},{"v":6.89922009844049e-11,"d":"6.899E-11"},{"v":-2.3E-3,"d":"-0.002"},{"v":0.0029,"d":"0.003"},{"v":0.4355,"d":"0.436"}]
["FVC","TH_entorhinal","rs56318219","A","G",0.263367,7.89251775726661e-05,421986,{"v":33.3077909561397,"d":"33.308"},{"v":0.0142622,"d":"0.014"},{"v":0.00189906,"d":"0.002"},{"v":5.90065196995665e-14,"d":"5.901E-14"},{"v":0.0012,"d":"0.001"},{"v":2.8E-3,"d":"0.003"},{"v":0.6766,"d":"0.677"}]
["FVC","TH_entorhinal","rs564443","A","G",0.162319,4.20226237478109e-05,421986,{"v":17.7336200728403,"d":"17.734"},{"v":0.0124309,"d":"0.012"},{"v":0.00222876,"d":"0.002"},{"v":2.39999313805789e-08,"d":"2.400E-08"},{"v":1E-3,"d":"0.001"},{"v":0.0032,"d":"0.003"},{"v":0.7503,"d":"0.750"}]
["FVC","TH_entorhinal","rs57072412","A","G",0.383191,5.48617071536508e-05,421986,{"v":23.1520327915692,"d":"23.152"},{"v":0.010773,"d":"0.011"},{"v":1.68954E-3,"d":"0.002"},{"v":1.79998961724559E-10,"d":"1.800E-10"},{"v":1.9E-3,"d":"0.002"},{"v":0.0025,"d":"0.003"},{"v":0.4406,"d":"0.441"}]
["FVC","TH_entorhinal","rs575837","G","A",0.784728,5.50345504488652e-05,421986,{"v":23.2249779128326,"d":"23.225"},{"v":0.0127629,"d":"0.013"},{"v":0.0020075,"d":"0.002"},{"v":2.00000001996811e-10,"d":"2.000E-10"},{"v":0.0037,"d":"0.004"},{"v":0.0029,"d":"0.003"},{"v":0.1956,"d":"0.196"}]
["FVC","TH_entorhinal","rs582780","G","A",0.422609,7.69184760023856e-05,421986,{"v":32.4608630175037,"d":"32.461"},{"v":0.0125544,"d":"0.013"},{"v":1.6756E-3,"d":"0.002"},{"v":6.79986045003322e-14,"d":"6.800E-14"},{"v":0.0004,"d":"0.000"},{"v":0.0025,"d":"0.003"},{"v":0.8864,"d":"0.886"}]
["FVC","TH_entorhinal","rs58746189","C","T",0.114418,5.54327432021165e-05,421986,{"v":23.3930274470851,"d":"23.393"},{"v":-0.0165389,"d":"-0.017"},{"v":0.00257892,"d":"0.003"},{"v":1.40000633223953E-10,"d":"1.400E-10"},{"v":-0.0057,"d":"-0.006"},{"v":3.8E-3,"d":"0.004"},{"v":0.1335,"d":"0.134"}]
["FVC","TH_entorhinal","rs59032271","T","C",0.467565,5.25155515367519e-05,421986,{"v":22.1618863433691,"d":"22.162"},{"v":-0.0102701,"d":"-0.010"},{"v":0.00164133,"d":"0.002"},{"v":3.89995862874433e-10,"d":"3.900E-10"},{"v":1.4E-3,"d":"0.001"},{"v":0.0024,"d":"0.002"},{"v":0.5698,"d":"0.570"}]
["FVC","TH_entorhinal","rs5992929","T","C",0.284928,4.74968475738632E-5,421986,{"v":20.0438617468553,"d":"20.044"},{"v":0.0107963,"d":"0.011"},{"v":0.0018267,"d":"0.002"},{"v":3.4000084782586e-09,"d":"3.400E-09"},{"v":-0.0016,"d":"-0.002"},{"v":0.0027,"d":"0.003"},{"v":0.5514,"d":"0.551"}]
["FVC","TH_entorhinal","rs60839038","C","A",0.47352,7.81566247420721e-05,421986,{"v":32.9834230081733,"d":"32.983"},{"v":0.0125201,"d":"0.013"},{"v":0.00167309,"d":"0.002"},{"v":7.29961575729299e-14,"d":"7.300E-14"},{"v":-0.0005,"d":"-0.001"},{"v":0.0027,"d":"0.003"},{"v":0.8525,"d":"0.853"}]
["FVC","TH_entorhinal","rs6088619","G","A",0.135815,7.20917622439476e-05,421986,{"v":30.4237635014749,"d":"30.424"},{"v":0.0175247,"d":"0.018"},{"v":2.41661E-3,"d":"0.002"},{"v":4.10015240506613e-13,"d":"4.100E-13"},{"v":0.0008,"d":"0.001"},{"v":0.0036,"d":"0.004"},{"v":0.8326,"d":"0.833"}]
["FVC","TH_entorhinal","rs6107411","G","A",0.165223,4.40792134730111e-05,421986,{"v":18.6015427595694,"d":"18.602"},{"v":0.012641,"d":"0.013"},{"v":0.00221407,"d":"0.002"},{"v":1.09999319893519E-8,"d":"1.100E-08"},{"v":0.0016,"d":"0.002"},{"v":3.3E-3,"d":"0.003"},{"v":0.6142,"d":"0.614"}]
["FVC","TH_entorhinal","rs6140000","G","T",0.497765,4.80103190874975e-05,421986,{"v":20.2605592057309,"d":"20.261"},{"v":-0.00979911,"d":"-0.010"},{"v":1.64577E-3,"d":"0.002"},{"v":2.59997995670925e-09,"d":"2.600E-09"},{"v":0.0004,"d":"0.000"},{"v":0.0024,"d":"0.002"},{"v":0.8549,"d":"0.855"}]
["FVC","TH_entorhinal","rs61732778","A","G",0.071158,4.53939497968776e-05,421986,{"v":19.1563900952959,"d":"19.156"},{"v":0.0185311,"d":"0.019"},{"v":0.0031876,"d":"0.003"},{"v":6.10000231740111e-09,"d":"6.100E-09"},{"v":0.0042,"d":"0.004"},{"v":0.0048,"d":"0.005"},{"v":0.3834,"d":"0.383"}]
["FVC","TH_entorhinal","rs61884008","A","G",0.055359,6.19804364366019e-05,421986,{"v":26.1563736727189,"d":"26.156"},{"v":0.0243436,"d":"0.024"},{"v":3.63066E-3,"d":"0.004"},{"v":1.99986186963274e-11,"d":"2.000E-11"},{"v":-1.8E-3,"d":"-0.002"},{"v":0.0054,"d":"0.005"},{"v":0.7376,"d":"0.738"}]
["FVC","TH_entorhinal","rs62018872","A","G",0.120637,4.85026045935671e-05,421986,{"v":20.4683158634428,"d":"20.468"},{"v":-0.0151197,"d":"-0.015"},{"v":0.00253721,"d":"0.003"},{"v":2.49999995007974e-09,"d":"2.500E-09"},{"v":-0.0026,"d":"-0.003"},{"v":3.8E-3,"d":"0.004"},{"v":0.4878,"d":"0.488"}]
["FVC","TH_entorhinal","rs62194733","T","C",0.118104,{"$f":"2*F3525*(1-F3525)*J3525*J3525","v":5.38642068054667e-05},421986,{"$f":"G3525/(1-G3525)*(H3525-2)","v":{"v":22.7310578349982,"d":"22.731"}},{"v":-0.0160803,"d":"-0.016"},{"v":0.0025514,"d":"0.003"},{"v":2.90001336905407e-10,"d":"2.900E-10"},{"v":1.4E-3,"d":"0.001"},0.004,{"v":0.7206,"d":"0.721"}]
["FVC","TH_entorhinal","rs62276616","A","G",0.042615,5.76894212543324e-05,421986,{"v":24.3454172116173,"d":"24.345"},{"v":-0.0265894,"d":"-0.027"},{"v":4.0951E-3,"d":"0.004"},{"v":8.4004006526377e-11,"d":"8.400E-11"},{"v":-2E-3,"d":"-0.002"},{"v":0.0061,"d":"0.006"},{"v":0.7498,"d":"0.750"}]
["FVC","TH_entorhinal","rs644570","A","G",0.632228,5.14133799179517e-05,421986,{"v":21.6967392139931,"d":"21.697"},{"v":0.0105147,"d":"0.011"},{"v":0.00170914,"d":"0.002"},{"v":7.59993713661527e-10,"d":"7.600E-10"},{"v":-0.0022,"d":"-0.002"},{"v":0.0025,"d":"0.003"},{"v":0.3773,"d":"0.377"}]
["FVC","TH_entorhinal","rs6462426","C","T",0.945001,4.55399828280401e-05,421986,{"v":19.2180193019767,"d":"19.218"},{"v":-0.0209309,"d":"-0.021"},{"v":3.60298E-3,"d":"0.004"},{"v":6.29999202947421e-09,"d":"6.300E-09"},{"v":0.0024,"d":"0.002"},{"v":0.0051,"d":"0.005"},{"v":0.6449,"d":"0.645"}]
["FVC","TH_entorhinal","rs6501431","T","C",0.784491,5.66176612404253E-5,421986,{"v":23.8930999323176,"d":"23.893"},{"v":0.01294,"d":"0.013"},{"v":0.00199944,"d":"0.002"},{"v":9.70063133783958e-11,"d":"9.701E-11"},{"v":-1.5E-3,"d":"-0.002"},{"v":0.0029,"d":"0.003"},{"v":0.6015,"d":"0.602"}]
["FVC","TH_entorhinal","rs661857","C","T",0.482472,0.000109798209617901,421986,{"v":46.3381755361111,"d":"46.338"},{"v":0.0148279,"d":"0.015"},{"v":0.00164183,"d":"0.002"},{"v":1.69980851320349e-19,"d":"1.700E-19"},{"v":3.3E-3,"d":"0.003"},{"v":0.0024,"d":"0.002"},{"v":0.1711,"d":"0.171"}]
["FVC","TH_entorhinal","rs663378","A","G",0.833573,6.37425819916999e-05,421986,{"v":26.900064398746,"d":"26.900"},{"v":-0.0151571,"d":"-0.015"},{"v":0.00222469,"d":"0.002"},{"v":9.49948365876348e-12,"d":"9.499E-12"},{"v":-0.0022,"d":"-0.002"},{"v":3.3E-3,"d":"0.003"},{"v":0.5013,"d":"0.501"}]
["FVC","TH_entorhinal","rs6658835","G","A",0.269388,1.42791581170128E-4,421986,{"v":60.2643678328666,"d":"60.264"},{"v":0.019046,"d":"0.019"},{"v":1.85345E-3,"d":"0.002"},{"v":8.99911910870052e-25,"d":"8.999E-25"},{"v":0.0032,"d":"0.003"},{"v":0.0027,"d":"0.003"},{"v":0.2334,"d":"0.233"}]
["FVC","TH_entorhinal","rs6671370","A","G",0.287459,0.000125116546260296,421986,{"v":52.8037872845994,"d":"52.804"},{"v":0.0174763,"d":"0.017"},{"v":0.00181023,"d":"0.002"},{"v":4.70002318179801e-22,"d":"4.700E-22"},{"v":0.0013,"d":"0.001"},{"v":0.0026,"d":"0.003"},{"v":0.6097,"d":"0.610"}]
["FVC","TH_entorhinal","rs668844","A","C",0.482052,4.45621047410429e-05,421986,{"v":18.8053332122725,"d":"18.805"},{"v":0.00944665,"d":"0.009"},{"v":1.64055E-3,"d":"0.002"},{"v":8.50002102591718E-9,"d":"8.500E-09"},{"v":-1E-3,"d":"-0.001"},{"v":0.0024,"d":"0.002"},{"v":0.6925,"d":"0.693"}]
["FVC","TH_entorhinal","rs67232546","T","C",0.21257,4.86244793317992e-05,421986,{"v":20.5197500485121,"d":"20.520"},{"v":-0.0120519,"d":"-0.012"},{"v":0.0020216,"d":"0.002"},{"v":2.49999995007974e-09,"d":"2.500E-09"},{"v":0.0057,"d":"0.006"},0.003,{"v":0.06076,"d":"0.061"}]
["FVC","TH_entorhinal","rs67551338","T","C",0.06134,7.05189984710282e-05,421986,{"v":29.7599876953251,"d":"29.760"},{"v":0.0247464,"d":"0.025"},{"v":0.00345878,"d":"0.003"},{"v":8.4004006526377e-13,"d":"8.400E-13"},-0.004,{"v":0.0049,"d":"0.005"},0.417]
["FVC","TH_entorhinal","rs6762578","A","G",0.77845,0.000132137192897206,421986,{"v":55.7671501222077,"d":"55.767"},{"v":0.0195725,"d":"0.020"},{"v":0.00198462,"d":"0.002"},{"v":6.09958095872238e-23,"d":"6.100E-23"},{"v":0.0022,"d":"0.002"},{"v":0.0031,"d":"0.003"},0.478]
["FVC","TH_entorhinal","rs6849555","C","G",0.201305,5.95225828732291e-05,421986,{"v":25.119072763267,"d":"25.119"},{"v":0.0136053,"d":"0.014"},{"v":2.10903E-3,"d":"0.002"},{"v":1.09999319893519e-10,"d":"1.100E-10"},{"v":0.0069,"d":"0.007"},{"v":3.8E-3,"d":"0.004"},{"v":0.06777,"d":"0.068"}]
["FVC","TH_entorhinal","rs6886191","G","A",0.559405,6.13211737942761e-05,421986,{"v":25.8781410803905,"d":"25.878"},{"v":0.0111534,"d":"0.011"},{"v":1.65843E-3,"d":"0.002"},{"v":1.80011396041801E-11,"d":"1.800E-11"},{"v":-0.0008,"d":"-0.001"},{"v":0.0024,"d":"0.002"},{"v":0.7568,"d":"0.757"}]
["FVC","TH_entorhinal","rs6902771","T","C",0.463035,9.61364438873099E-5,421986,{"v":40.5719415795277,"d":"40.572"},{"v":0.0139043,"d":"0.014"},{"v":0.00164169,"d":"0.002"},{"v":2.49976970217851E-17,"d":"2.500E-17"},{"v":1.5E-3,"d":"0.002"},{"v":0.0024,"d":"0.002"},{"v":0.5337,"d":"0.534"}]
["FVC","TH_entorhinal","rs6906411","A","G",0.449499,4.49493692192693E-5,421986,{"v":18.9687672547471,"d":"18.969"},{"v":-0.00953023,"d":"-0.010"},{"v":1.65975E-3,"d":"0.002"},{"v":9.40004645744656E-9,"d":"9.400E-09"},{"v":0.0021,"d":"0.002"},{"v":0.0024,"d":"0.002"},{"v":0.3906,"d":"0.391"}]
["FVC","TH_entorhinal","rs6937121","G","T",0.289184,0.000224015728667804,421986,{"v":94.5522344338483,"d":"94.552"},{"v":-0.0233431,"d":"-0.023"},{"v":1.80879E-3,"d":"0.002"},{"v":4.19952334664063E-38,"d":"4.200E-38"},{"v":0.0002,"d":"0.000"},{"v":0.0026,"d":"0.003"},{"v":0.9428,"d":"0.943"}]
["FVC","TH_entorhinal","rs6965423","C","T",0.50901,5.87283036522269e-05,421986,{"v":24.7838600024372,"d":"24.784"},{"v":-0.0108395,"d":"-0.011"},{"v":1.64539E-3,"d":"0.002"},{"v":4.49987033872151e-11,"d":"4.500E-11"},{"v":-0.0002,"d":"-0.000"},{"v":0.0024,"d":"0.002"},{"v":0.9169,"d":"0.917"}]
["FVC","TH_entorhinal","rs6977081","T","G",0.333825,1.11883348591464E-4,421986,{"v":47.2182659097251,"d":"47.218"},{"v":0.0158604,"d":"0.016"},{"v":0.00175433,"d":"0.002"},{"v":1.5999263828686e-19,"d":"1.600E-19"},{"v":-2E-3,"d":"-0.002"},{"v":0.0025,"d":"0.003"},{"v":0.4215,"d":"0.422"}]
["FVC","TH_entorhinal","rs698748","G","A",0.581469,4.26423821749827e-05,421986,{"v":17.9951703566595,"d":"17.995"},{"v":0.00936006,"d":"0.009"},{"v":0.00167978,"d":"0.002"},{"v":2.49999995007974e-08,"d":"2.500E-08"},{"v":1E-3,"d":"0.001"},{"v":2.8E-3,"d":"0.003"},{"v":0.7165,"d":"0.717"}]
["FVC","TH_entorhinal","rs7012637","A","G",0.4738,5.1217081991076e-05,421986,{"v":21.6138961276123,"d":"21.614"},{"v":-0.0101349,"d":"-0.010"},{"v":1.65698E-3,"d":"0.002"},{"v":9.59997274392481e-10,"d":"9.600E-10"},{"v":-0.0008,"d":"-0.001"},{"v":0.0025,"d":"0.003"},{"v":0.7362,"d":"0.736"}]
["FVC","TH_entorhinal","rs7027103","C","G",0.203801,8.86508239714635e-05,421986,{"v":37.4125459557999,"d":"37.413"},{"v":-0.0165277,"d":"-0.017"},{"v":2.04156E-3,"d":"0.002"},{"v":5.70033002218961e-16,"d":"5.700E-16"},{"v":4.3E-3,"d":"0.004"},0.003,{"v":0.1423,"d":"0.142"}]
["FVC","TH_entorhinal","rs7029491","G","C",0.334337,8.05373568236104e-05,421986,{"v":33.988213302717,"d":"33.988"},{"v":0.0134513,"d":"0.013"},{"v":0.0017552,"d":"0.002"},{"v":1.80011396041801E-14,"d":"1.800E-14"},{"v":1E-3,"d":"0.001"},{"v":0.0027,"d":"0.003"},0.713]
["FVC","TH_entorhinal","rs7105777","T","C",0.631869,5.44736156740329e-05,421986,{"v":22.9882464894954,"d":"22.988"},{"v":-0.0108209,"d":"-0.011"},{"v":1.70784E-3,"d":"0.002"},{"v":2.39999313805789e-10,"d":"2.400E-10"},{"v":-0.0006,"d":"-0.001"},{"v":0.0025,"d":"0.003"},{"v":0.8075,"d":"0.808"}]
["FVC","TH_entorhinal","rs7176647","G","C",0.599761,7.33606114066136E-5,421986,{"v":30.9592754351831,"d":"30.959"},{"v":-0.0123614,"d":"-0.012"},{"v":1.69264E-3,"d":"0.002"},{"v":2.80027059501064E-13,"d":"2.800E-13"},{"v":0.0017,"d":"0.002"},{"v":0.0025,"d":"0.003"},0.505]
["FVC","TH_entorhinal","rs723149","G","A",0.56266,1.00808207678773E-4,421986,{"v":42.5437394672429,"d":"42.544"},{"v":-0.014312,"d":"-0.014"},{"v":1.65522E-3,"d":"0.002"},{"v":5.30029448835795e-18,"d":"5.300E-18"},{"v":-0.0003,"d":"-0.000"},{"v":0.0025,"d":"0.003"},{"v":0.8929,"d":"0.893"}]
["FVC","TH_entorhinal","rs723588","C","T",0.142475,9.20476745432426e-05,421986,{"v":38.8462215988187,"d":"38.846"},{"v":0.0194088,"d":"0.019"},{"v":0.00234291,"d":"0.002"},{"v":1.20005182020427e-16,"d":"1.200E-16"},{"v":0.0016,"d":"0.002"},{"v":3.3E-3,"d":"0.003"},{"v":0.6221,"d":"0.622"}]
["FVC","TH_entorhinal","rs72643433","A","G",0.252489,0.000148056194374593,421986,{"v":62.4865966546683,"d":"62.487"},{"v":-0.0198047,"d":"-0.020"},{"v":1.89404E-3,"d":"0.002"},{"v":1.39990962656834e-25,"d":"1.400E-25"},{"v":2.8E-3,"d":"0.003"},{"v":0.0027,"d":"0.003"},{"v":0.3109,"d":"0.311"}]
["FVC","TH_entorhinal","rs72656010","C","T",0.132118,0.00021908575780461,421986,{"v":92.4709434881494,"d":"92.471"},{"v":-0.0309087,"d":"-0.031"},{"v":0.00243307,"d":"0.002"},{"v":5.60015438761553e-37,"d":"5.600E-37"},{"v":0.0029,"d":"0.003"},{"v":0.0036,"d":"0.004"},{"v":0.4115,"d":"0.412"}]
["FVC","TH_entorhinal","rs72665944","A","G",0.07632,6.84337196213313e-05,421986,{"v":28.8799111004268,"d":"28.880"},{"v":-0.0220313,"d":"-0.022"},{"v":0.00313425,"d":"0.003"},{"v":2.09990670376243E-12,"d":"2.100E-12"},{"v":-1E-3,"d":"-0.001"},{"v":0.0049,"d":"0.005"},{"v":0.8387,"d":"0.839"}]
["FVC","TH_entorhinal","rs72673891","G","A",0.067566,0.000133496624932514,421986,{"v":56.3409611036748,"d":"56.341"},{"v":0.0325497,"d":"0.033"},{"v":0.00328044,"d":"0.003"},{"v":3.29989407910835e-23,"d":"3.300E-23"},{"v":-0.0042,"d":"-0.004"},0.005,{"v":0.4042,"d":"0.404"}]
["FVC","TH_entorhinal","rs72904209","C","T",0.13427,5.22341047259158E-5,421986,{"v":22.0431078506648,"d":"22.043"},{"v":-0.0149893,"d":"-0.015"},{"v":0.00240925,"d":"0.002"},{"v":4.90004422793237e-10,"d":"4.900E-10"},{"v":-0.0007,"d":"-0.001"},{"v":0.0036,"d":"0.004"},{"v":0.8522,"d":"0.852"}]
["FVC","TH_entorhinal","rs72976986","A","G",0.190197,7.62541928442309e-05,421986,{"v":32.1805032114777,"d":"32.181"},{"v":0.0157335,"d":"0.016"},{"v":2.11371E-3,"d":"0.002"},{"v":9.79941161095592e-14,"d":"9.799E-14"},{"v":-0.0016,"d":"-0.002"},{"v":0.0034,"d":"0.003"},{"v":0.6444,"d":"0.644"}]
["FVC","TH_entorhinal","rs73125628","T","C",0.27862,4.67726131185683e-05,421986,{"v":19.7382175822406,"d":"19.738"},{"v":-0.0107868,"d":"-0.011"},{"v":0.00183637,"d":"0.002"},{"v":4.30001529151271e-09,"d":"4.300E-09"},{"v":0.0036,"d":"0.004"},{"v":2.8E-3,"d":"0.003"},{"v":0.1857,"d":"0.186"}]
["FVC","TH_entorhinal","rs735830","A","G",0.208865,8.73933030413467e-05,421986,{"v":36.88179881282,"d":"36.882"},{"v":-0.0162617,"d":"-0.016"},{"v":2.02148E-3,"d":"0.002"},{"v":8.69961433065269e-16,"d":"8.700E-16"},{"v":1.4E-3,"d":"0.001"},0.003,0.642]
["FVC","TH_entorhinal","rs7359156","G","A",0.209384,6.226472042639e-05,421986,{"v":26.276351874113,"d":"26.276"},{"v":-0.0137136,"d":"-0.014"},{"v":2.02651E-3,"d":"0.002"},{"v":1.2998702373886e-11,"d":"1.300E-11"},{"v":-0.0005,"d":"-0.001"},0.003,{"v":0.8715,"d":"0.872"}]
["FVC","TH_entorhinal","rs73923824","A","C",0.187487,4.35755617595365E-5,421986,{"v":18.3889911641564,"d":"18.389"},{"v":0.0119593,"d":"0.012"},{"v":0.00213172,"d":"0.002"},{"v":2.0000000199681E-8,"d":"2.000E-08"},{"v":0.0048,"d":"0.005"},{"v":3.3E-3,"d":"0.003"},{"v":0.1492,"d":"0.149"}]
["FVC","TH_entorhinal","rs74767794","G","A",0.316352,5.88798117763144e-05,421986,{"v":24.8478015264932,"d":"24.848"},{"v":0.0116672,"d":"0.012"},{"v":1.77224E-3,"d":"0.002"},{"v":4.60044666393479e-11,"d":"4.600E-11"},{"v":-0.0029,"d":"-0.003"},{"v":0.0026,"d":"0.003"},{"v":0.2591,"d":"0.259"}]
["FVC","TH_entorhinal","rs75201573","C","T",0.228688,9.06302057649333e-05,421986,{"v":38.2479631702818,"d":"38.248"},{"v":0.0160282,"d":"0.016"},{"v":0.00196373,"d":"0.002"},{"v":3.29989407910835e-16,"d":"3.300E-16"},{"v":-0.0007,"d":"-0.001"},0.003,{"v":0.8234,"d":"0.823"}]
["FVC","TH_entorhinal","rs7535275","G","A",0.130968,4.20369815446355e-05,421986,{"v":17.7396793427046,"d":"17.740"},{"v":0.0135894,"d":"0.014"},{"v":0.00243438,"d":"0.002"},{"v":2.39999313805789e-08,"d":"2.400E-08"},{"v":0.0031,"d":"0.003"},{"v":3.8E-3,"d":"0.004"},{"v":0.4196,"d":"0.420"}]
["FVC","TH_entorhinal","rs75421844","C","T",0.083714,1.12955137403472E-4,421986,{"v":47.6706453463618,"d":"47.671"},{"v":0.0271346,"d":"0.027"},{"v":0.00297229,"d":"0.003"},{"v":6.9008088854845e-20,"d":"6.901E-20"},-0.003,{"v":0.0044,"d":"0.004"},{"v":0.5015,"d":"0.502"}]
["FVC","TH_entorhinal","rs7562385","T","C",0.895666,8.01368217716201e-05,421986,{"v":33.8191667590144,"d":"33.819"},{"v":0.0207069,"d":"0.021"},{"v":0.00267966,"d":"0.003"},{"v":1.10001852750622E-14,"d":"1.100E-14"},{"v":-1.8E-3,"d":"-0.002"},{"v":0.0039,"d":"0.004"},{"v":0.6492,"d":"0.649"}]
["FVC","TH_entorhinal","rs76084836","T","C",0.018081,4.09846726246564e-05,421986,{"v":17.2955849467299,"d":"17.296"},{"v":-0.033974,"d":"-0.034"},{"v":0.00617832,"d":"0.006"},{"v":3.79996853036855e-08,"d":"3.800E-08"},{"v":0.0069,"d":"0.007"},{"v":0.0085,"d":"0.009"},{"v":0.4154,"d":"0.415"}]
["FVC","TH_entorhinal","rs76219171","A","G",0.06075,4.25319300147614E-5,421986,{"v":17.9485573421338,"d":"17.949"},{"v":-0.0193054,"d":"-0.019"},{"v":0.00348454,"d":"0.003"},{"v":2.99999133271615e-08,"d":"3.000E-08"},{"v":-0.0042,"d":"-0.004"},{"v":5.3E-3,"d":"0.005"},{"v":0.4285,"d":"0.429"}]
["FVC","TH_entorhinal","rs7632","C","T",0.512981,5.4113204167767e-05,421986,{"v":22.83614208435,"d":"22.836"},{"v":-0.0104067,"d":"-0.010"},{"v":1.6401E-3,"d":"0.002"},{"v":2.19998641983517E-10,"d":"2.200E-10"},{"v":2E-3,"d":"0.002"},{"v":0.0024,"d":"0.002"},{"v":0.4011,"d":"0.401"}]
["FVC","TH_entorhinal","rs76563195","G","C",0.242852,7.42387384341555e-05,421986,{"v":31.3298856905876,"d":"31.330"},{"v":-0.0142082,"d":"-0.014"},{"v":0.00192116,"d":"0.002"},{"v":1.39990962656834E-13,"d":"1.400E-13"},{"v":1.4E-3,"d":"0.001"},{"v":0.0029,"d":"0.003"},{"v":0.6209,"d":"0.621"}]
["FVC","TH_entorhinal","rs76660472","C","G",0.078285,4.38444807224659e-05,421986,{"v":18.5024805848424,"d":"18.502"},{"v":-0.0174303,"d":"-0.017"},{"v":3.06179E-3,"d":"0.003"},{"v":1.19999655704812E-8,"d":"1.200E-08"},{"v":8.6E-3,"d":"0.009"},{"v":0.0054,"d":"0.005"},{"v":0.1098,"d":"0.110"}]
["FVC","TH_entorhinal","rs76785101","T","C",0.059317,5.46511867782918e-05,421986,{"v":23.0631868319819,"d":"23.063"},{"v":-0.0221296,"d":"-0.022"},{"v":0.00349654,"d":"0.003"},{"v":2.49999995007974e-10,"d":"2.500E-10"},{"v":0.0044,"d":"0.004"},{"v":0.0056,"d":"0.006"},{"v":0.4384,"d":"0.438"}]
["FVC","TH_entorhinal","rs77328429","A","G",0.114012,7.18203724361584e-05,421986,{"v":30.3092248619177,"d":"30.309"},{"v":0.0188547,"d":"0.019"},{"v":2.57478E-3,"d":"0.003"},{"v":2.39993787680988E-13,"d":"2.400E-13"},{"v":0.0027,"d":"0.003"},{"v":0.0039,"d":"0.004"},{"v":0.4926,"d":"0.493"}]
["FVC","TH_entorhinal","rs78378222","G","T",0.01219,8.67015760390024e-05,421986,{"v":36.5898502609271,"d":"36.590"},{"v":0.0600012,"d":"0.060"},{"v":0.00764883,"d":"0.008"},{"v":4.30031233630544e-15,"d":"4.300E-15"},{"v":-0.0061,"d":"-0.006"},0.011,{"v":0.5834,"d":"0.583"}]
["FVC","TH_entorhinal","rs784808","C","T",0.556276,4.96315619241602e-05,421986,{"v":20.9447645483835,"d":"20.945"},{"v":0.0100268,"d":"0.010"},{"v":0.00165571,"d":"0.002"},{"v":1.40000633223953e-09,"d":"1.400E-09"},{"v":-0.0008,"d":"-0.001"},{"v":0.0024,"d":"0.002"},0.738]
["FVC","TH_entorhinal","rs7852321","C","T",0.282452,4.30265125876653e-05,421986,{"v":18.1572811322785,"d":"18.157"},{"v":0.0103028,"d":"0.010"},{"v":0.00182407,"d":"0.002"},{"v":1.60000006389793e-08,"d":"1.600E-08"},{"v":-0.0035,"d":"-0.004"},{"v":0.0027,"d":"0.003"},0.195]
["FVC","TH_entorhinal","rs7854962","G","C",0.212959,0.000107130376641358,421986,{"v":45.2121484511193,"d":"45.212"},{"v":-0.017877,"d":"-0.018"},{"v":0.00202336,"d":"0.002"},{"v":1e-18,"d":"1.000E-18"},{"v":-0.0002,"d":"-0.000"},0.003,{"v":0.9441,"d":"0.944"}]
["FVC","TH_entorhinal","rs78579285","T","C",0.181123,6.4453529126848e-05,421986,{"v":27.2001111782219,"d":"27.200"},{"v":-0.0147405,"d":"-0.015"},{"v":2.13123E-3,"d":"0.002"},{"v":4.60044666393479e-12,"d":"4.600E-12"},{"v":-1E-3,"d":"-0.001"},{"v":3.3E-3,"d":"0.003"},{"v":0.7746,"d":"0.775"}]
["FVC","TH_entorhinal","rs7907533","A","C",0.548538,4.83691782861995e-05,421986,{"v":20.412006641912,"d":"20.412"},{"v":0.00988224,"d":"0.010"},{"v":1.6501E-3,"d":"0.002"},{"v":2.10000341026661e-09,"d":"2.100E-09"},{"v":0.0012,"d":"0.001"},{"v":0.0024,"d":"0.002"},0.633]
["FVC","TH_entorhinal","rs7916879","A","G",0.369335,5.50397326342143e-05,421986,{"v":23.2271649528651,"d":"23.227"},{"v":-0.0108696,"d":"-0.011"},{"v":0.00170511,"d":"0.002"},{"v":1.79998961724559E-10,"d":"1.800E-10"},{"v":-0.0006,"d":"-0.001"},{"v":0.0025,"d":"0.003"},{"v":0.8241,"d":"0.824"}]
["FVC","TH_entorhinal","rs7956181","C","T",0.096091,5.09982113445097e-05,421986,{"v":21.5215267753725,"d":"21.522"},{"v":0.017134,"d":"0.017"},{"v":0.00278289,"d":"0.003"},{"v":7.39997069733888e-10,"d":"7.400E-10"},{"v":0.0049,"d":"0.005"},{"v":0.0041,"d":"0.004"},{"v":0.2249,"d":"0.225"}]
["FVC","TH_entorhinal","rs7968682","T","G",0.517742,3.03039861974058E-4,421986,{"v":127.916736985581,"d":"127.917"},{"v":-0.0246342,"d":"-0.025"},{"v":0.00164702,"d":"0.002"},{"v":1.39990962656833e-50,"d":"1.400E-50"},{"v":-0.0007,"d":"-0.001"},{"v":0.0024,"d":"0.002"},{"v":0.7677,"d":"0.768"}]
["FVC","TH_entorhinal","rs7980065","G","T",0.43574,5.54419493567618e-05,421986,{"v":23.3969127278143,"d":"23.397"},{"v":-0.0106182,"d":"-0.011"},{"v":0.00165768,"d":"0.002"},{"v":1.49999565138204e-10,"d":"1.500E-10"},{"v":0.0044,"d":"0.004"},{"v":0.0024,"d":"0.002"},{"v":0.07182,"d":"0.072"}]
["FVC","TH_entorhinal","rs798551","T","A",0.288946,1.15599305409715E-4,421986,{"v":48.7866970023,"d":"48.787"},{"v":-0.0167727,"d":"-0.017"},{"v":1.82292E-3,"d":"0.002"},{"v":3.50025754158434e-20,"d":"3.500E-20"},{"v":-0.0009,"d":"-0.001"},{"v":0.0027,"d":"0.003"},{"v":0.7277,"d":"0.728"}]
["FVC","TH_entorhinal","rs8001781","G","A",0.661562,6.29580521693592e-05,421986,{"v":26.5689634168198,"d":"26.569"},{"v":-0.0118573,"d":"-0.012"},{"v":0.00173947,"d":"0.002"},{"v":9.30036514753962e-12,"d":"9.300E-12"},{"v":-0.0003,"d":"-0.000"},{"v":0.0025,"d":"0.003"},{"v":0.9057,"d":"0.906"}]
["FVC","TH_entorhinal","rs8033776","G","A",0.4683,5.94227014072185e-05,421986,{"v":25.0769193689156,"d":"25.077"},{"v":0.0109236,"d":"0.011"},{"v":0.00164896,"d":"0.002"},{"v":3.50025754158434E-11,"d":"3.500E-11"},{"v":-0.0037,"d":"-0.004"},{"v":0.0024,"d":"0.002"},{"v":0.1249,"d":"0.125"}]
["FVC","TH_entorhinal","rs803765","A","C",0.346274,8.21205506694664e-05,421986,{"v":34.6564044567223,"d":"34.656"},{"v":-0.013468,"d":"-0.013"},{"v":0.00172756,"d":"0.002"},{"v":6.40029512108372e-15,"d":"6.400E-15"},{"v":-2.3E-3,"d":"-0.002"},{"v":0.0025,"d":"0.003"},0.357]
["FVC","TH_entorhinal","rs8064926","G","A",0.208126,{"$f":"2*F3589*(1-F3589)*J3589*J3589","v":4.77122952933865e-05},421986,{"$f":"G3589/(1-G3589)*(H3589-2)","v":{"v":20.1347858939346,"d":"20.135"}},{"v":-0.0120312,"d":"-0.012"},{"v":2.02461E-3,"d":"0.002"},{"v":2.80001269243454e-09,"d":"2.800E-09"},{"v":0.0045,"d":"0.005"},{"v":0.0037,"d":"0.004"},{"v":0.2256,"d":"0.226"}]
["FVC","TH_entorhinal","rs8107719","C","T",0.664833,7.58586602607119e-05,421986,{"v":32.0135693979409,"d":"32.014"},{"v":-0.0130467,"d":"-0.013"},{"v":1.74248E-3,"d":"0.002"},{"v":7.00003159130898e-14,"d":"7.000E-14"},{"v":-2.3E-3,"d":"-0.002"},{"v":0.0026,"d":"0.003"},{"v":0.3824,"d":"0.382"}]
["FVC","TH_entorhinal","rs848606","T","G",0.32697,8.21126628425655e-05,421986,{"v":34.6530753732518,"d":"34.653"},{"v":-0.013659,"d":"-0.014"},{"v":1.75059E-3,"d":"0.002"},{"v":6.09958095872238E-15,"d":"6.100E-15"},{"v":0.0002,"d":"0.000"},{"v":0.0025,"d":"0.003"},0.932]
["FVC","TH_entorhinal","rs876531","T","C",0.455993,0.00016778615350299,421986,{"v":70.8149539685426,"d":"70.815"},{"v":-0.01839,"d":"-0.018"},{"v":1.65098E-3,"d":"0.002"},{"v":8.10027941680351e-29,"d":"8.100E-29"},{"v":-0.0009,"d":"-0.001"},{"v":0.0025,"d":"0.003"},{"v":0.7112,"d":"0.711"}]
["FVC","TH_entorhinal","rs879098","G","A",0.39884,4.84147877011915e-05,421986,{"v":20.4312549481704,"d":"20.431"},{"v":-0.010048,"d":"-0.010"},{"v":0.00167973,"d":"0.002"},{"v":2.19998641983517e-09,"d":"2.200E-09"},{"v":-0.0034,"d":"-0.003"},{"v":0.0025,"d":"0.003"},{"v":0.1703,"d":"0.170"}]
["FVC","TH_entorhinal","rs880610","A","G",0.166836,6.48118450622442e-05,421986,{"v":27.3513343171881,"d":"27.351"},{"v":-0.0152687,"d":"-0.015"},{"v":0.00220268,"d":"0.002"},{"v":4.19952334664066e-12,"d":"4.200E-12"},{"v":0.0036,"d":"0.004"},{"v":3.3E-3,"d":"0.003"},{"v":0.2792,"d":"0.279"}]
["FVC","TH_entorhinal","rs889312","A","C",0.715882,4.72154158687289E-5,421986,{"v":19.9250908213991,"d":"19.925"},{"v":0.0107735,"d":"0.011"},{"v":1.82098E-3,"d":"0.002"},{"v":3.29997006285228E-9,"d":"3.300E-09"},{"v":-0.0048,"d":"-0.005"},{"v":0.0026,"d":"0.003"},{"v":0.06581,"d":"0.066"}]
["FVC","TH_entorhinal","rs9379084","A","G",0.115664,0.000129470287613295,421986,{"v":54.6414642943066,"d":"54.641"},{"v":-0.0251572,"d":"-0.025"},{"v":0.00264155,"d":"0.003"},{"v":1.69980851320349e-21,"d":"1.700E-21"},{"v":0.0012,"d":"0.001"},{"v":0.0042,"d":"0.004"},{"v":0.7677,"d":"0.768"}]
["FVC","TH_entorhinal","rs9391253","T","A",0.32,6.0449439875072e-05,421986,{"v":25.5102385158717,"d":"25.510"},{"v":0.0117856,"d":"0.012"},{"v":1.75829E-3,"d":"0.002"},{"v":1.99986186963274e-11,"d":"2.000E-11"},{"v":0,"d":"0.000"},{"v":0.0026,"d":"0.003"},{"v":0.9875,"d":"0.988"}]
["FVC","TH_entorhinal","rs9398932","A","G",0.14842,1.1392182933213E-4,421986,{"v":48.0786664385222,"d":"48.079"},{"v":-0.021229,"d":"-0.021"},{"v":0.00234405,"d":"0.002"},{"v":1.29987023738861e-19,"d":"1.300E-19"},{"v":-0.0009,"d":"-0.001"},{"v":0.0036,"d":"0.004"},{"v":0.8102,"d":"0.810"}]
["FVC","TH_entorhinal","rs9435731","A","C",0.519025,0.000279641425275139,421986,{"v":118.037215298426,"d":"118.037"},{"v":0.0236663,"d":"0.024"},{"v":0.0016398,"d":"0.002"},{"v":3.19963176731834e-47,"d":"3.200E-47"},{"v":-0.0008,"d":"-0.001"},{"v":0.0024,"d":"0.002"},{"v":0.7312,"d":"0.731"}]
["FVC","TH_entorhinal","rs9442580","T","C",0.12853,4.44591308513243e-05,421986,{"v":18.7618760098657,"d":"18.762"},{"v":0.0140876,"d":"0.014"},{"v":2.44925E-3,"d":"0.002"},{"v":8.79994585505891e-09,"d":"8.800E-09"},{"v":-0.0026,"d":"-0.003"},{"v":0.0037,"d":"0.004"},0.475]
["FVC","TH_entorhinal","rs9480936","T","G",0.408304,1.03662454297679E-4,421986,{"v":43.7484321842036,"d":"43.748"},{"v":-0.0146472,"d":"-0.015"},{"v":0.00167142,"d":"0.002"},{"v":1.90020300257723e-18,"d":"1.900E-18"},{"v":0.0027,"d":"0.003"},{"v":0.0024,"d":"0.002"},{"v":0.2657,"d":"0.266"}]
["FVC","TH_entorhinal","rs9494331","A","G",0.32104,8.94187389476238e-05,421986,{"v":37.7366514998633,"d":"37.737"},{"v":-0.0143218,"d":"-0.014"},{"v":0.00175835,"d":"0.002"},{"v":3.80014352941586e-16,"d":"3.800E-16"},{"v":1.5E-3,"d":"0.002"},{"v":0.0026,"d":"0.003"},{"v":0.5746,"d":"0.575"}]
["FVC","TH_entorhinal","rs9701805","C","G",0.089685,5.95486339721067e-05,421986,{"v":25.13006721926,"d":"25.130"},{"v":0.019097,"d":"0.019"},{"v":0.00286501,"d":"0.003"},{"v":2.60015956316527E-11,"d":"2.600E-11"},{"v":-0.0047,"d":"-0.005"},{"v":0.0041,"d":"0.004"},{"v":0.2492,"d":"0.249"}]
["FVC","TH_entorhinal","rs9745989","C","T",0.62791,5.40942994332712e-05,421986,{"v":22.8281637255736,"d":"22.828"},{"v":0.0107594,"d":"0.011"},{"v":0.00174129,"d":"0.002"},{"v":6.49994976198144e-10,"d":"6.500E-10"},{"v":-0.0054,"d":"-0.005"},{"v":2.8E-3,"d":"0.003"},{"v":0.05185,"d":"0.052"}]
["FVC","TH_entorhinal","rs9821691","T","G",0.428996,7.88619757754557e-05,421986,{"v":33.281116600241,"d":"33.281"},{"v":-0.0126874,"d":"-0.013"},{"v":0.00167142,"d":"0.002"},{"v":3.19963176731835E-14,"d":"3.200E-14"},{"v":0.0042,"d":"0.004"},{"v":0.0024,"d":"0.002"},{"v":0.08384,"d":"0.084"}]
["FVC","TH_entorhinal","rs9886260","A","G",0.722783,8.92230221998129e-05,421986,{"v":37.6540474078736,"d":"37.654"},{"v":-0.0149214,"d":"-0.015"},{"v":0.00183802,"d":"0.002"},{"v":4.70002318179801e-16,"d":"4.700E-16"},{"v":-1E-4,"d":"-0.000"},{"v":0.0027,"d":"0.003"},{"v":0.9636,"d":"0.964"}]
["FVC","TH_entorhinal","rs9988963","G","C",0.737251,7.08865325024603e-05,421986,{"v":29.9151031094471,"d":"29.915"},{"v":0.0135266,"d":"0.014"},{"v":1.86634E-3,"d":"0.002"},{"v":4.19952334664066e-13,"d":"4.200E-13"},{"v":0.0012,"d":"0.001"},{"v":2.8E-3,"d":"0.003"},{"v":0.6709,"d":"0.671"}]
["FVC","TH_inferior temporal","rs10141786","G","A",0.596493,8.86185198408396e-05,421986,{"v":37.3989117127165,"d":"37.399"},{"v":-0.0135681,"d":"-0.014"},{"v":0.00168175,"d":"0.002"},{"v":7.1994612744084e-16,"d":"7.199E-16"},{"v":-0.0004,"d":"-0.000"},{"v":1E-3,"d":"0.001"},{"v":0.7,"d":"0.700"}]
["FVC","TH_inferior temporal","rs10202701","T","C",0.541923,6.667921776679e-05,421986,{"v":28.1394393459051,"d":"28.139"},{"v":0.0115889,"d":"0.012"},{"v":1.65011E-3,"d":"0.002"},{"v":2.19988510904925e-12,"d":"2.200E-12"},{"v":1E-3,"d":"0.001"},{"v":0.0009,"d":"0.001"},{"v":0.2445,"d":"0.245"}]
["FVC","TH_inferior temporal","rs10283100","G","A",0.944478,9.24083692946343e-05,421986,{"v":38.9984570922519,"d":"38.998"},{"v":0.0296833,"d":"0.030"},{"v":3.58764E-3,"d":"0.004"},{"v":1.2998702373886e-16,"d":"1.300E-16"},{"v":0.0026,"d":"0.003"},{"v":2.3E-3,"d":"0.002"},0.252]
["FVC","TH_inferior temporal","rs1044299","T","C",0.545769,4.25547800829423E-5,421986,{"v":17.9582005257944,"d":"17.958"},{"v":0.00926438,"d":"0.009"},{"v":0.00165027,"d":"0.002"},{"v":2.0000000199681E-8,"d":"2.000E-08"},{"v":-1E-4,"d":"-0.000"},{"v":0.0009,"d":"0.001"},{"v":0.8895,"d":"0.890"}]
["FVC","TH_inferior temporal","rs1054661","C","T",0.342598,4.654458375562e-05,421986,{"v":19.6419838594944,"d":"19.642"},{"v":0.0101651,"d":"0.010"},{"v":0.00172786,"d":"0.002"},{"v":4.00000007987242e-09,"d":"4.000E-09"},{"v":-0.0003,"d":"-0.000"},{"v":1E-3,"d":"0.001"},{"v":0.7877,"d":"0.788"}]
["FVC","TH_inferior temporal","rs10761495","C","A",0.597215,6.67352001399011e-05,421986,{"v":28.163066163693,"d":"28.163"},{"v":0.0117777,"d":"0.012"},{"v":0.00167988,"d":"0.002"},{"v":2.39993787680988E-12,"d":"2.400E-12"},{"v":0.0008,"d":"0.001"},{"v":0.0009,"d":"0.001"},{"v":0.3612,"d":"0.361"}]
["FVC","TH_inferior temporal","rs10769125","A","G",0.759887,4.32262746894772e-05,421986,{"v":18.2415848143203,"d":"18.242"},{"v":-0.0108837,"d":"-0.011"},{"v":0.00191996,"d":"0.002"},{"v":1.40000633223953E-8,"d":"1.400E-08"},{"v":0.0016,"d":"0.002"},{"v":1E-3,"d":"0.001"},0.108]
["FVC","TH_inferior temporal","rs10789246","C","T",0.301089,6.41161014124232e-05,421986,{"v":27.0577037728991,"d":"27.058"},{"v":-0.0123427,"d":"-0.012"},{"v":1.78506E-3,"d":"0.002"},{"v":4.70002318179801e-12,"d":"4.700E-12"},{"v":-0.0007,"d":"-0.001"},{"v":1E-3,"d":"0.001"},{"v":0.4463,"d":"0.446"}]
["FVC","TH_inferior temporal","rs10797116","C","T",0.542079,7.33138132091918e-05,421986,{"v":30.9395244477837,"d":"30.940"},{"v":-0.0121521,"d":"-0.012"},{"v":0.00165228,"d":"0.002"},{"v":1.90020300257723e-13,"d":"1.900E-13"},{"v":2E-3,"d":"0.002"},{"v":0.0009,"d":"0.001"},{"v":0.02122,"d":"0.021"}]
["FVC","TH_inferior temporal","rs10853628","C","T",0.384831,8.50433178523641e-05,421986,{"v":35.8899716428781,"d":"35.890"},{"v":-0.0134021,"d":"-0.013"},{"v":0.00168952,"d":"0.002"},{"v":2.09990670376243e-15,"d":"2.100E-15"},{"v":1.9E-3,"d":"0.002"},{"v":0.0009,"d":"0.001"},{"v":0.0283,"d":"0.028"}]
["FVC","TH_inferior temporal","rs10874340","T","G",0.493361,5.30984854106691e-05,421986,{"v":22.4079010931451,"d":"22.408"},{"v":0.0103061,"d":"0.010"},{"v":0.00163772,"d":"0.002"},{"v":3.09998790941119e-10,"d":"3.100E-10"},{"v":-0.0002,"d":"-0.000"},{"v":0.0009,"d":"0.001"},{"v":0.8087,"d":"0.809"}]
["FVC","TH_inferior temporal","rs10878321","G","T",0.13768,5.09513414592439e-05,421986,{"v":21.5017464171613,"d":"21.502"},{"v":0.0146485,"d":"0.015"},{"v":2.38528E-3,"d":"0.002"},{"v":8.19992726270379e-10,"d":"8.200E-10"},{"v":-0.0016,"d":"-0.002"},{"v":0.0013,"d":"0.001"},{"v":0.2088,"d":"0.209"}]
["FVC","TH_inferior temporal","rs10892061","T","C",0.655603,4.74621582036346e-05,421986,{"v":20.0292219975057,"d":"20.029"},{"v":0.010252,"d":"0.010"},{"v":1.72686E-3,"d":"0.002"},{"v":2.90001336905407e-09,"d":"2.900E-09"},{"v":0.0012,"d":"0.001"},{"v":0.0009,"d":"0.001"},{"v":0.1615,"d":"0.162"}]
["FVC","TH_inferior temporal","rs10916137","A","G",0.170792,7.3699990478116e-05,421986,{"v":31.1025090365371,"d":"31.103"},{"v":-0.0161307,"d":"-0.016"},{"v":0.00218459,"d":"0.002"},{"v":1.50003019045595e-13,"d":"1.500E-13"},{"v":0.0003,"d":"0.000"},{"v":0.0012,"d":"0.001"},{"v":0.7959,"d":"0.796"}]
["FVC","TH_inferior temporal","rs11000765","C","G",0.720336,5.08693352915136e-05,421986,{"v":21.4671376026745,"d":"21.467"},{"v":-0.0112364,"d":"-0.011"},{"v":0.00182542,"d":"0.002"},{"v":7.49997818203001e-10,"d":"7.500E-10"},{"v":1.5E-3,"d":"0.002"},{"v":1E-3,"d":"0.001"},{"v":0.1154,"d":"0.115"}]
["FVC","TH_inferior temporal","rs11049229","T","A",0.054116,4.11500464730783e-05,421986,{"v":17.3653757969165,"d":"17.365"},{"v":0.0200488,"d":"0.020"},{"v":3.66563E-3,"d":"0.004"},{"v":4.49997395325803e-08,"d":"4.500E-08"},{"v":0.0029,"d":"0.003"},{"v":2E-3,"d":"0.002"},{"v":0.1446,"d":"0.145"}]
["FVC","TH_inferior temporal","rs11060406","T","C",0.036679,5.28131968728098E-5,421986,{"v":22.2875011433615,"d":"22.288"},{"v":-0.0273377,"d":"-0.027"},{"v":4.43481E-3,"d":"0.004"},{"v":7.1000269957767e-10,"d":"7.100E-10"},{"v":-0.0007,"d":"-0.001"},{"v":0.0026,"d":"0.003"},{"v":0.8036,"d":"0.804"}]
["FVC","TH_inferior temporal","rs11079810","T","C",0.103307,6.24999942060563e-05,421986,{"v":26.3756460327727,"d":"26.376"},{"v":0.018367,"d":"0.018"},{"v":0.00271137,"d":"0.003"},{"v":1.2998702373886e-11,"d":"1.300E-11"},{"v":-0.0002,"d":"-0.000"},{"v":1.4E-3,"d":"0.001"},{"v":0.8992,"d":"0.899"}]
["FVC","TH_inferior temporal","rs11107119","A","T",0.219982,1.88046487908797E-4,421986,{"v":79.367533939717,"d":"79.368"},{"v":0.0234084,"d":"0.023"},{"v":0.00198228,"d":"0.002"},{"v":3.50025754158434e-32,"d":"3.500E-32"},{"v":2.3E-3,"d":"0.002"},{"v":0.0011,"d":"0.001"},{"v":0.02607,"d":"0.026"}]
["FVC","TH_inferior temporal","rs11111178","T","C",0.176659,7.14933886182005e-05,421986,{"v":30.1712231456442,"d":"30.171"},{"v":0.0156769,"d":"0.016"},{"v":2.15168E-3,"d":"0.002"},{"v":3.19963176731835e-13,"d":"3.200E-13"},{"v":0.0029,"d":"0.003"},{"v":0.0012,"d":"0.001"},{"v":0.01735,"d":"0.017"}]
["FVC","TH_inferior temporal","rs11122148","A","C",0.157016,4.03842056899531e-05,421986,{"v":17.042176888646,"d":"17.042"},{"v":0.0123512,"d":"0.012"},{"v":0.0022522,"d":"0.002"},{"v":4.20000686246631e-08,"d":"4.200E-08"},{"v":-2.8E-3,"d":"-0.003"},{"v":0.0012,"d":"0.001"},{"v":0.02086,"d":"0.021"}]
["FVC","TH_inferior temporal","rs111365325","T","C",0.231244,1.22614225271077E-4,421986,{"v":51.7475862269852,"d":"51.748"},{"v":-0.0185706,"d":"-0.019"},{"v":0.00194997,"d":"0.002"},{"v":1.69980851320349e-21,"d":"1.700E-21"},{"v":0.0003,"d":"0.000"},{"v":0.0011,"d":"0.001"},{"v":0.7679,"d":"0.768"}]
["FVC","TH_inferior temporal","rs11164653","C","T",0.59054,6.29430655760463e-05,421986,{"v":26.5626385179404,"d":"26.563"},{"v":-0.0114085,"d":"-0.011"},{"v":1.67402E-3,"d":"0.002"},{"v":9.39939714766782e-12,"d":"9.399E-12"},{"v":-0.0005,"d":"-0.001"},{"v":0.0009,"d":"0.001"},0.557]
["FVC","TH_inferior temporal","rs11545700","A","C",0.124616,4.56605730783884e-05,421986,{"v":19.268911099434,"d":"19.269"},{"v":-0.0144667,"d":"-0.014"},{"v":0.00249861,"d":"0.002"},{"v":7.00003159130898e-09,"d":"7.000E-09"},{"v":-1.5E-3,"d":"-0.002"},{"v":1.4E-3,"d":"0.001"},{"v":0.2625,"d":"0.263"}]
["FVC","TH_inferior temporal","rs11575234","G","C",0.067886,4.80485257189383e-05,421986,{"v":20.2766833417215,"d":"20.277"},{"v":0.019485,"d":"0.019"},{"v":0.00325807,"d":"0.003"},{"v":2.19998641983517e-09,"d":"2.200E-09"},{"v":-0.0003,"d":"-0.000"},{"v":0.0017,"d":"0.002"},{"v":0.8708,"d":"0.871"}]
["FVC","TH_inferior temporal","rs11588312","T","C",0.071357,8.80233985085485e-05,421986,{"v":37.1477356661716,"d":"37.148"},{"v":-0.0257716,"d":"-0.026"},{"v":0.00318955,"d":"0.003"},{"v":6.49980009683026e-16,"d":"6.500E-16"},{"v":-0.0006,"d":"-0.001"},{"v":1.9E-3,"d":"0.002"},{"v":0.7338,"d":"0.734"}]
["FVC","TH_inferior temporal","rs11608103","A","G",0.131252,4.22030496869096e-05,421986,{"v":17.8097633454082,"d":"17.810"},{"v":0.0136037,"d":"0.014"},{"v":0.00243411,"d":"0.002"},{"v":2.3000114603619e-08,"d":"2.300E-08"},{"v":0.0017,"d":"0.002"},{"v":0.0013,"d":"0.001"},{"v":0.2042,"d":"0.204"}]
["FVC","TH_inferior temporal","rs11621587","C","G",0.183978,0.000135729204028457,421986,{"v":57.2833274531838,"d":"57.283"},{"v":0.0212612,"d":"0.021"},{"v":2.11823E-3,"d":"0.002"},{"v":1e-23,"d":"1.000E-23"},{"v":-0.0005,"d":"-0.001"},{"v":0.0011,"d":"0.001"},{"v":0.6907,"d":"0.691"}]
["FVC","TH_inferior temporal","rs11632611","A","G",0.658418,5.89296892647042e-05,421986,{"v":24.8688515083687,"d":"24.869"},{"v":-0.011446,"d":"-0.011"},{"v":1.75909E-3,"d":"0.002"},{"v":7.70016444356872e-11,"d":"7.700E-11"},{"v":0.0016,"d":"0.002"},{"v":1E-3,"d":"0.001"},{"v":0.09724,"d":"0.097"}]
["FVC","TH_inferior temporal","rs11637681","G","A",0.276249,5.27147653220468e-05,421986,{"v":22.245960220231,"d":"22.246"},{"v":-0.0114817,"d":"-0.011"},{"v":1.85184E-3,"d":"0.002"},{"v":5.60002544078e-10,"d":"5.600E-10"},{"v":1E-4,"d":"0.000"},{"v":1E-3,"d":"0.001"},{"v":0.9317,"d":"0.932"}]
["FVC","TH_inferior temporal","rs11645649","G","C",0.593954,5.52835973782282e-05,421986,{"v":23.3300833269877,"d":"23.330"},{"v":0.0107058,"d":"0.011"},{"v":0.00170463,"d":"0.002"},{"v":3.4000084782586e-10,"d":"3.400E-10"},{"v":-0.0009,"d":"-0.001"},{"v":0.0009,"d":"0.001"},{"v":0.3208,"d":"0.321"}]
["FVC","TH_inferior temporal","rs11664552","C","T",0.300477,4.51297930963036e-05,421986,{"v":19.044910102803,"d":"19.045"},{"v":0.0103612,"d":"0.010"},{"v":0.00180111,"d":"0.002"},{"v":8.79994585505891e-09,"d":"8.800E-09"},{"v":0.0005,"d":"0.001"},{"v":1E-3,"d":"0.001"},{"v":0.6195,"d":"0.620"}]
["FVC","TH_inferior temporal","rs11668582","T","C",0.390878,9.08082126210536e-05,421986,{"v":38.3230928462461,"d":"38.323"},{"v":0.0138094,"d":"0.014"},{"v":1.68764E-3,"d":"0.002"},{"v":2.80027059501064e-16,"d":"2.800E-16"},{"v":1E-3,"d":"0.001"},{"v":0.0009,"d":"0.001"},{"v":0.2503,"d":"0.250"}]
["FVC","TH_inferior temporal","rs11698277","T","C",0.319648,0.000111513337937303,421986,{"v":47.0620924471538,"d":"47.062"},{"v":0.016012,"d":"0.016"},{"v":1.76946E-3,"d":"0.002"},{"v":1.39990962656834e-19,"d":"1.400E-19"},{"v":-0.0009,"d":"-0.001"},{"v":1E-3,"d":"0.001"},{"v":0.3651,"d":"0.365"}]
["FVC","TH_inferior temporal","rs117372259","G","A",0.031174,6.13702367797437e-05,421986,{"v":25.8988474156616,"d":"25.899"},{"v":0.0318746,"d":"0.032"},{"v":0.00495553,"d":"0.005"},{"v":1.29998996537545e-10,"d":"1.300E-10"},{"v":-0.0037,"d":"-0.004"},{"v":0.0032,"d":"0.003"},{"v":0.2494,"d":"0.249"}]
["FVC","TH_inferior temporal","rs11867847","G","A",0.505622,4.76927744620758e-05,421986,{"v":20.1265476295014,"d":"20.127"},{"v":0.00976717,"d":"0.010"},{"v":0.00164721,"d":"0.002"},{"v":2.99999133271614e-09,"d":"3.000E-09"},{"v":0,"d":"0.000"},{"v":0.0009,"d":"0.001"},{"v":0.9954,"d":"0.995"}]
["FVC","TH_inferior temporal","rs11877758","G","T",0.3121,4.9796615660552e-05,421986,{"v":21.0144215099736,"d":"21.014"},{"v":-0.010769,"d":"-0.011"},{"v":1.78155E-3,"d":"0.002"},{"v":1.49999565138204E-9,"d":"1.500E-09"},{"v":-0.0004,"d":"-0.000"},{"v":1E-3,"d":"0.001"},{"v":0.6977,"d":"0.698"}]
["FVC","TH_inferior temporal","rs11896404","T","C",0.38932,4.49485042891669E-5,421986,{"v":18.9684022352691,"d":"18.968"},{"v":0.0097226,"d":"0.010"},{"v":0.00168555,"d":"0.002"},{"v":8.00000023961727e-09,"d":"8.000E-09"},{"v":0,"d":"0.000"},{"v":0.0009,"d":"0.001"},0.988]
["FVC","TH_inferior temporal","rs11909473","G","A",0.28953,4.77971585455201E-5,421986,{"v":20.1706002490508,"d":"20.171"},{"v":0.0107787,"d":"0.011"},{"v":0.00182218,"d":"0.002"},{"v":3.29997006285228E-9,"d":"3.300E-09"},{"v":0,"d":"0.000"},{"v":1E-3,"d":"0.001"},{"v":0.9754,"d":"0.975"}]
["FVC","TH_inferior temporal","rs11938781","C","T",0.165403,0.000370364352622504,421986,{"v":156.345735864303,"d":"156.346"},{"v":-0.036626,"d":"-0.037"},{"v":0.00221596,"d":"0.002"},{"v":2.2998525866862e-61,"d":"2.300E-61"},{"v":-0.0004,"d":"-0.000"},{"v":0.0012,"d":"0.001"},{"v":0.7599,"d":"0.760"}]
["FVC","TH_inferior temporal","rs11967850","T","C",0.203699,4.47463713455221e-05,421986,{"v":18.8830977159713,"d":"18.883"},{"v":-0.0117444,"d":"-0.012"},{"v":2.03397E-3,"d":"0.002"},{"v":7.69998714277137e-09,"d":"7.700E-09"},{"v":-1E-4,"d":"-0.000"},{"v":0.0011,"d":"0.001"},{"v":0.8968,"d":"0.897"}]
["FVC","TH_inferior temporal","rs12051245","C","T",0.231666,5.61700238971006e-05,421986,{"v":23.70418282871,"d":"23.704"},{"v":0.0125612,"d":"0.013"},{"v":0.00194877,"d":"0.002"},{"v":1.19999655704811e-10,"d":"1.200E-10"},{"v":-0.0004,"d":"-0.000"},{"v":0.0011,"d":"0.001"},{"v":0.7351,"d":"0.735"}]
["FVC","TH_inferior temporal","rs12052537","A","C",0.20591,6.95372170194517e-05,421986,{"v":29.3456336004286,"d":"29.346"},{"v":-0.0145821,"d":"-0.015"},{"v":0.00203664,"d":"0.002"},{"v":8.10027941680351e-13,"d":"8.100E-13"},{"v":-0.0022,"d":"-0.002"},{"v":0.0011,"d":"0.001"},{"v":0.05112,"d":"0.051"}]
["FVC","TH_inferior temporal","rs12054747","T","C",0.216455,4.283369225594e-05,421986,{"v":18.0759070507704,"d":"18.076"},{"v":0.0112373,"d":"0.011"},{"v":0.0019943,"d":"0.002"},{"v":1.79998961724559E-8,"d":"1.800E-08"},{"v":-0.0004,"d":"-0.000"},{"v":0.0011,"d":"0.001"},{"v":0.6992,"d":"0.699"}]
["FVC","TH_inferior temporal","rs12099669","A","G",0.696156,6.89829587755084e-05,421986,{"v":29.111713088028,"d":"29.112"},{"v":0.0127696,"d":"0.013"},{"v":0.00178372,"d":"0.002"},{"v":8.10027941680351e-13,"d":"8.100E-13"},{"v":0.0009,"d":"0.001"},{"v":1E-3,"d":"0.001"},{"v":0.3667,"d":"0.367"}]
["FVC","TH_inferior temporal","rs12139563","G","A",0.5652,{"$f":"2*F3653*(1-F3653)*J3653*J3653","v":1.07701353835577E-4},421986,{"$f":"G3653/(1-G3653)*(H3653-2)","v":{"v":45.4531434620392,"d":"45.453"}},{"v":-0.014803,"d":"-0.015"},{"v":0.00165293,"d":"0.002"},{"v":3.40016505804072e-19,"d":"3.400E-19"},{"v":-0.0012,"d":"-0.001"},{"v":0.0009,"d":"0.001"},{"v":0.1695,"d":"0.170"}]
["FVC","TH_inferior temporal","rs12152266","T","C",0.27447,8.20852836022235e-05,421986,{"v":34.641519874584,"d":"34.642"},{"v":0.0143563,"d":"0.014"},{"v":0.00183934,"d":"0.002"},{"v":5.90065196995665e-15,"d":"5.901E-15"},{"v":0.0006,"d":"0.001"},{"v":1E-3,"d":"0.001"},{"v":0.5635,"d":"0.564"}]
["FVC","TH_inferior temporal","rs12323020","C","T",0.113463,4.17835680209609e-05,421986,{"v":17.6327339262945,"d":"17.633"},{"v":-0.0144116,"d":"-0.014"},{"v":0.00260325,"d":"0.003"},{"v":3.09998790941119e-08,"d":"3.100E-08"},{"v":-0.0006,"d":"-0.001"},{"v":1.4E-3,"d":"0.001"},{"v":0.6797,"d":"0.680"}]
["FVC","TH_inferior temporal","rs12348523","A","G",0.156387,5.79984037310275e-05,421986,{"v":24.4758179584055,"d":"24.476"},{"v":0.0148259,"d":"0.015"},{"v":0.00226513,"d":"0.002"},{"v":5.90065196995665e-11,"d":"5.901E-11"},{"v":0.0006,"d":"0.001"},{"v":0.0012,"d":"0.001"},{"v":0.6177,"d":"0.618"}]
["FVC","TH_inferior temporal","rs12385976","C","T",0.043977,9.10255374943288e-05,421986,{"v":38.4148171433851,"d":"38.415"},{"v":-0.0329018,"d":"-0.033"},{"v":0.0040288,"d":"0.004"},{"v":3.19963176731835E-16,"d":"3.200E-16"},{"v":0.0008,"d":"0.001"},{"v":0.0022,"d":"0.002"},{"v":0.7081,"d":"0.708"}]
["FVC","TH_inferior temporal","rs12402966","A","G",0.213339,0.000137055305474563,421986,{"v":57.843073725517,"d":"57.843"},{"v":0.0202071,"d":"0.020"},{"v":0.00199879,"d":"0.002"},{"v":5.0003453497698e-24,"d":"5.000E-24"},{"v":0.0004,"d":"0.000"},{"v":0.0011,"d":"0.001"},{"v":0.6895,"d":"0.690"}]
["FVC","TH_inferior temporal","rs12407259","C","G",0.091572,4.21603162442696e-05,421986,{"v":17.7917289949428,"d":"17.792"},{"v":0.0159188,"d":"0.016"},{"v":0.0028656,"d":"0.003"},{"v":2.80001269243454e-08,"d":"2.800E-08"},{"v":-1.9E-3,"d":"-0.002"},{"v":0.0016,"d":"0.002"},{"v":0.2563,"d":"0.256"}]
["FVC","TH_inferior temporal","rs12430764","A","G",0.512974,5.09030563916136e-05,421986,{"v":21.4813688156869,"d":"21.481"},{"v":-0.0100933,"d":"-0.010"},{"v":1.64288E-3,"d":"0.002"},{"v":8.1000929031245e-10,"d":"8.100E-10"},{"v":0.0006,"d":"0.001"},{"v":0.0009,"d":"0.001"},{"v":0.5035,"d":"0.504"}]
["FVC","TH_inferior temporal","rs12452590","G","T",0.361692,5.67385740328396e-05,421986,{"v":23.9441289804086,"d":"23.944"},{"v":0.0110851,"d":"0.011"},{"v":0.00172892,"d":"0.002"},{"v":1.40000633223953E-10,"d":"1.400E-10"},{"v":-0.0004,"d":"-0.000"},{"v":1E-3,"d":"0.001"},{"v":0.6712,"d":"0.671"}]
["FVC","TH_inferior temporal","rs12486605","C","T",0.428162,4.06299989199258e-05,421986,{"v":17.1459061023724,"d":"17.146"},{"v":0.00910894,"d":"0.009"},{"v":0.00165849,"d":"0.002"},{"v":4.00000007987242e-08,"d":"4.000E-08"},{"v":0.0003,"d":"0.000"},{"v":0.0009,"d":"0.001"},0.721]
["FVC","TH_inferior temporal","rs1250535","G","C",0.675489,6.09889978971453E-5,421986,{"v":25.7379510204696,"d":"25.738"},{"v":-0.0117947,"d":"-0.012"},{"v":1.76235E-3,"d":"0.002"},{"v":2.19988510904925E-11,"d":"2.200E-11"},{"v":0.0006,"d":"0.001"},{"v":1E-3,"d":"0.001"},{"v":0.5467,"d":"0.547"}]
["FVC","TH_inferior temporal","rs12570809","G","T",0.504251,5.98407562028501e-05,421986,{"v":25.2533528452344,"d":"25.253"},{"v":0.0109403,"d":"0.011"},{"v":0.00164206,"d":"0.002"},{"v":2.70022528688824e-11,"d":"2.700E-11"},{"v":-1.4E-3,"d":"-0.001"},{"v":0.0009,"d":"0.001"},{"v":0.1201,"d":"0.120"}]
["FVC","TH_inferior temporal","rs12571363","A","C",0.10664,1.68684862009559E-4,421986,{"v":71.1943222146604,"d":"71.194"},{"v":-0.0297543,"d":"-0.030"},{"v":0.00266251,"d":"0.003"},{"v":5.40007759066591e-29,"d":"5.400E-29"},{"v":-0.0008,"d":"-0.001"},{"v":1.5E-3,"d":"0.002"},{"v":0.5677,"d":"0.568"}]
["FVC","TH_inferior temporal","rs12614240","T","C",0.433883,1.1997265878628E-4,421986,{"v":50.6326169749496,"d":"50.633"},{"v":-0.0156274,"d":"-0.016"},{"v":1.65606E-3,"d":"0.002"},{"v":3.90031784475066e-21,"d":"3.900E-21"},{"v":0.0003,"d":"0.000"},{"v":0.0009,"d":"0.001"},{"v":0.7046,"d":"0.705"}]
["FVC","TH_inferior temporal","rs12641030","G","A",0.467529,6.07860664558444e-05,421986,{"v":25.6523067701271,"d":"25.652"},{"v":-0.0110493,"d":"-0.011"},{"v":0.00164454,"d":"0.002"},{"v":1.80011396041801E-11,"d":"1.800E-11"},{"v":-0.0008,"d":"-0.001"},{"v":0.0009,"d":"0.001"},{"v":0.3789,"d":"0.379"}]
["FVC","TH_inferior temporal","rs12684650","T","C",0.316579,0.000186838522670851,421986,{"v":78.8576007883691,"d":"78.858"},{"v":-0.0207794,"d":"-0.021"},{"v":1.76534E-3,"d":"0.002"},{"v":5.50047252867635e-32,"d":"5.500E-32"},{"v":0.0006,"d":"0.001"},{"v":1E-3,"d":"0.001"},0.546]
["FVC","TH_inferior temporal","rs12713685","C","T",0.374424,5.70120309880289e-05,421986,{"v":24.0595365674967,"d":"24.060"},{"v":-0.0110318,"d":"-0.011"},{"v":1.69411E-3,"d":"0.002"},{"v":7.39945954312723e-11,"d":"7.399E-11"},{"v":-0.0002,"d":"-0.000"},{"v":0.0009,"d":"0.001"},{"v":0.8443,"d":"0.844"}]
["FVC","TH_inferior temporal","rs12985660","C","T",0.475562,5.31507614325355e-05,421986,{"v":22.4299630819638,"d":"22.430"},{"v":-0.0103226,"d":"-0.010"},{"v":1.65161E-3,"d":"0.002"},{"v":4.09996359041765e-10,"d":"4.100E-10"},{"v":-0.0017,"d":"-0.002"},{"v":0.0009,"d":"0.001"},{"v":0.07245,"d":"0.072"}]
["FVC","TH_inferior temporal","rs1299113","A","G",0.5241,5.22273392258403e-05,421986,{"v":22.0402526196272,"d":"22.040"},{"v":0.0102322,"d":"0.010"},{"v":1.65011E-3,"d":"0.002"},{"v":5.60002544078e-10,"d":"5.600E-10"},{"v":1.5E-3,"d":"0.002"},{"v":0.0009,"d":"0.001"},{"v":0.08005,"d":"0.080"}]
["FVC","TH_inferior temporal","rs13023718","G","A",0.66664,4.48587468856789e-05,421986,{"v":18.9305226453301,"d":"18.931"},{"v":0.0100463,"d":"0.010"},{"v":0.00174447,"d":"0.002"},{"v":8.50002102591718E-9,"d":"8.500E-09"},{"v":0.0004,"d":"0.000"},{"v":1E-3,"d":"0.001"},{"v":0.6558,"d":"0.656"}]
["FVC","TH_inferior temporal","rs13108218","G","A",0.614862,0.000104055954635523,421986,{"v":43.9145175279602,"d":"43.915"},{"v":0.0148225,"d":"0.015"},{"v":0.00169865,"d":"0.002"},{"v":2.60015956316527e-18,"d":"2.600E-18"},{"v":1E-4,"d":"0.000"},{"v":0.0009,"d":"0.001"},{"v":0.8814,"d":"0.881"}]
["FVC","TH_inferior temporal","rs13112742","A","G",0.170661,4.55143743919462e-05,421986,{"v":19.2072119676475,"d":"19.207"},{"v":-0.0126802,"d":"-0.013"},{"v":0.00218292,"d":"0.002"},{"v":6.29999202947421e-09,"d":"6.300E-09"},{"v":-0.0017,"d":"-0.002"},{"v":0.0012,"d":"0.001"},{"v":0.1686,"d":"0.169"}]
["FVC","TH_inferior temporal","rs13156484","A","G",0.472145,0.000100558062438285,421986,{"v":42.4381609191928,"d":"42.438"},{"v":-0.0142036,"d":"-0.014"},{"v":1.66004E-3,"d":"0.002"},{"v":1.20005182020427E-17,"d":"1.200E-17"},{"v":-0.0011,"d":"-0.001"},{"v":0.0009,"d":"0.001"},{"v":0.2167,"d":"0.217"}]
["FVC","TH_inferior temporal","rs13229167","A","G",0.271146,1.66795588032502E-4,421986,{"v":70.3968112978432,"d":"70.397"},{"v":-0.0205426,"d":"-0.021"},{"v":1.85147E-3,"d":"0.002"},{"v":1.29987023738861E-28,"d":"1.300E-28"},{"v":0.0004,"d":"0.000"},{"v":1E-3,"d":"0.001"},{"v":0.7168,"d":"0.717"}]
["FVC","TH_inferior temporal","rs13284734","C","T",0.020117,4.96826287641103E-5,421986,{"v":20.9663160780926,"d":"20.966"},{"v":-0.0354992,"d":"-0.035"},{"v":0.00598441,"d":"0.006"},{"v":2.99999133271614e-09,"d":"3.000E-09"},0.003,{"v":0.0039,"d":"0.004"},0.436]
["FVC","TH_inferior temporal","rs1344555","T","C",0.20277,0.000109686743099046,421986,{"v":46.2911281229861,"d":"46.291"},{"v":-0.0184191,"d":"-0.018"},{"v":0.00203961,"d":"0.002"},{"v":1.69980851320349e-19,"d":"1.700E-19"},{"v":-0.0008,"d":"-0.001"},{"v":0.0011,"d":"0.001"},{"v":0.4614,"d":"0.461"}]
["FVC","TH_inferior temporal","rs13723","G","A",0.491918,5.03605342629092e-05,421986,{"v":21.2524099731201,"d":"21.252"},{"v":-0.0100373,"d":"-0.010"},{"v":0.00164308,"d":"0.002"},{"v":1e-09,"d":"1.000E-09"},{"v":-0.0009,"d":"-0.001"},{"v":0.0009,"d":"0.001"},{"v":0.3072,"d":"0.307"}]
["FVC","TH_inferior temporal","rs141829833","T","C",0.022627,4.79650067809383e-05,421986,{"v":20.241436302077,"d":"20.241"},{"v":0.0329309,"d":"0.033"},{"v":0.00560483,"d":"0.006"},{"v":4.20000686246632E-9,"d":"4.200E-09"},{"v":-3.3E-3,"d":"-0.003"},{"v":0.0044,"d":"0.004"},{"v":0.4558,"d":"0.456"}]
["FVC","TH_inferior temporal","rs145183935","C","T",0.07345,5.24247710152638e-05,421986,{"v":22.1235743954268,"d":"22.124"},{"v":-0.0196256,"d":"-0.020"},{"v":3.1714E-3,"d":"0.003"},{"v":6.10000231740111e-10,"d":"6.100E-10"},{"v":0.0025,"d":"0.003"},{"v":2E-3,"d":"0.002"},{"v":0.2087,"d":"0.209"}]
["FVC","TH_inferior temporal","rs145583731","A","G",0.066524,4.48162824858249e-05,421986,{"v":18.9126017410005,"d":"18.913"},{"v":0.018996,"d":"0.019"},{"v":0.00329456,"d":"0.003"},{"v":8.1000929031245e-09,"d":"8.100E-09"},-0.004,{"v":1.9E-3,"d":"0.002"},{"v":0.03103,"d":"0.031"}]
["FVC","TH_inferior temporal","rs147110934","T","G",0.024261,9.94763606436121e-05,421986,{"v":41.9816087474862,"d":"41.982"},{"v":-0.0458378,"d":"-0.046"},{"v":0.00533939,"d":"0.005"},{"v":9.09913272632251e-18,"d":"9.099E-18"},{"v":-0.0002,"d":"-0.000"},{"v":0.0031,"d":"0.003"},{"v":0.9561,"d":"0.956"}]
["FVC","TH_inferior temporal","rs1474419","C","T",0.577669,4.28613161465634e-05,421986,{"v":18.0875648896285,"d":"18.088"},{"v":-0.00937242,"d":"-0.009"},{"v":1.66461E-3,"d":"0.002"},{"v":1.79998961724559E-8,"d":"1.800E-08"},{"v":-0.0003,"d":"-0.000"},{"v":0.0009,"d":"0.001"},{"v":0.7122,"d":"0.712"}]
["FVC","TH_inferior temporal","rs1474647","T","C",0.550866,9.00176543209984E-5,421986,{"v":37.9894295603302,"d":"37.989"},{"v":-0.0134877,"d":"-0.013"},{"v":0.0016468,"d":"0.002"},{"v":2.60015956316527e-16,"d":"2.600E-16"},{"v":-0.0013,"d":"-0.001"},{"v":0.0009,"d":"0.001"},0.133]
["FVC","TH_inferior temporal","rs1490384","T","C",0.500495,0.000303387120569992,421986,{"v":128.063363461699,"d":"128.063"},{"v":0.0246328,"d":"0.025"},{"v":0.00163964,"d":"0.002"},{"v":5.19995996533517E-51,"d":"5.200E-51"},{"v":-0.0016,"d":"-0.002"},{"v":0.0009,"d":"0.001"},{"v":0.06983,"d":"0.070"}]
["FVC","TH_inferior temporal","rs149542","A","G",0.375642,6.15489183328254e-05,421986,{"v":25.974257441209,"d":"25.974"},{"v":-0.0114549,"d":"-0.011"},{"v":1.69827E-3,"d":"0.002"},{"v":1.50003019045595E-11,"d":"1.500E-11"},{"v":1E-4,"d":"0.000"},{"v":0.0009,"d":"0.001"},{"v":0.8681,"d":"0.868"}]
["FVC","TH_inferior temporal","rs150032562","A","C",0.049667,6.50730387752197e-05,421986,{"v":27.4615682022147,"d":"27.462"},{"v":0.0262551,"d":"0.026"},{"v":3.78634E-3,"d":"0.004"},{"v":4.10015240506613e-12,"d":"4.100E-12"},{"v":-2E-3,"d":"-0.002"},{"v":0.0021,"d":"0.002"},{"v":0.3601,"d":"0.360"}]
["FVC","TH_inferior temporal","rs1516890","A","G",0.469749,6.5158521254172e-05,421986,{"v":27.4976451388157,"d":"27.498"},{"v":-0.0114366,"d":"-0.011"},{"v":1.65471E-3,"d":"0.002"},{"v":4.79954424931945e-12,"d":"4.800E-12"},{"v":-0.0004,"d":"-0.000"},{"v":0.0009,"d":"0.001"},{"v":0.6672,"d":"0.667"}]
["FVC","TH_inferior temporal","rs1555211","T","C",0.292035,8.56959630224441e-05,421986,{"v":36.1654244909429,"d":"36.165"},{"v":0.014396,"d":"0.014"},{"v":1.80824E-3,"d":"0.002"},{"v":1.69980851320349E-15,"d":"1.700E-15"},{"v":2E-3,"d":"0.002"},{"v":1E-3,"d":"0.001"},{"v":0.03628,"d":"0.036"}]
["FVC","TH_inferior temporal","rs157595","G","A",0.616263,6.37905011351913e-05,421986,{"v":26.9202880897005,"d":"26.920"},{"v":0.0116135,"d":"0.012"},{"v":1.73044E-3,"d":"0.002"},{"v":1.90020300257723e-11,"d":"1.900E-11"},{"v":-0.0005,"d":"-0.001"},{"v":0.0011,"d":"0.001"},{"v":0.6525,"d":"0.653"}]
["FVC","TH_inferior temporal","rs1608592","A","G",0.261845,0.000138157736782648,421986,{"v":58.3084101564715,"d":"58.308"},{"v":-0.018905,"d":"-0.019"},{"v":0.00187413,"d":"0.002"},{"v":6.29941180548557e-24,"d":"6.299E-24"},{"v":1.5E-3,"d":"0.002"},{"v":1E-3,"d":"0.001"},0.113]
["FVC","TH_inferior temporal","rs1637746","A","G",0.226569,4.29577425829801e-05,421986,{"v":18.1282587952111,"d":"18.128"},{"v":-0.0110712,"d":"-0.011"},{"v":0.00196778,"d":"0.002"},{"v":1.79998961724559E-8,"d":"1.800E-08"},{"v":0.0003,"d":"0.000"},{"v":0.0011,"d":"0.001"},{"v":0.7522,"d":"0.752"}]
["FVC","TH_inferior temporal","rs1656373","T","C",0.55742,0.000145979381744386,421986,{"v":61.6099572094857,"d":"61.610"},{"v":-0.0172006,"d":"-0.017"},{"v":0.00165265,"d":"0.002"},{"v":2.2998525866862e-25,"d":"2.300E-25"},{"v":-1.4E-3,"d":"-0.001"},{"v":0.0009,"d":"0.001"},{"v":0.1216,"d":"0.122"}]
["FVC","TH_inferior temporal","rs1668091","C","T",0.31711,6.68938491644157e-05,421986,{"v":28.2300224606612,"d":"28.230"},{"v":0.0124279,"d":"0.012"},{"v":0.00177541,"d":"0.002"},{"v":2.60015956316527E-12,"d":"2.600E-12"},{"v":-0.0005,"d":"-0.001"},{"v":1E-3,"d":"0.001"},{"v":0.5774,"d":"0.577"}]
["FVC","TH_inferior temporal","rs16905189","G","C",0.366604,1.18148804558535E-4,421986,{"v":49.8627963726122,"d":"49.863"},{"v":-0.0159501,"d":"-0.016"},{"v":1.71036E-3,"d":"0.002"},{"v":1.10001852750622E-20,"d":"1.100E-20"},{"v":0.0008,"d":"0.001"},{"v":0.0009,"d":"0.001"},{"v":0.3832,"d":"0.383"}]
["FVC","TH_inferior temporal","rs17387279","G","T",0.181103,6.13077565579171e-05,421986,{"v":25.8724785269512,"d":"25.872"},{"v":-0.0143769,"d":"-0.014"},{"v":0.0021417,"d":"0.002"},{"v":1.90020300257723e-11,"d":"1.900E-11"},{"v":-1.5E-3,"d":"-0.002"},{"v":0.0011,"d":"0.001"},{"v":0.1974,"d":"0.197"}]
["FVC","TH_inferior temporal","rs17400325","C","T",0.041599,9.07861932322965e-05,421986,{"v":38.3137993289267,"d":"38.314"},{"v":0.0337427,"d":"0.034"},{"v":0.0041016,"d":"0.004"},{"v":1.90020300257723E-16,"d":"1.900E-16"},{"v":-1.8E-3,"d":"-0.002"},{"v":2.3E-3,"d":"0.002"},{"v":0.4283,"d":"0.428"}]
["FVC","TH_inferior temporal","rs1818116","G","A",0.381268,4.48330645452411e-05,421986,{"v":18.9196841364791,"d":"18.920"},{"v":-0.00974805,"d":"-0.010"},{"v":0.00170614,"d":"0.002"},{"v":1.09999319893519E-8,"d":"1.100E-08"},{"v":1E-4,"d":"0.000"},{"v":0.0009,"d":"0.001"},{"v":0.9469,"d":"0.947"}]
["FVC","TH_inferior temporal","rs183743021","C","T",0.023696,6.10757370320042e-05,421986,{"v":25.7745580158407,"d":"25.775"},{"v":-0.036332,"d":"-0.036"},{"v":0.00550585,"d":"0.006"},{"v":4.10015240506613e-11,"d":"4.100E-11"},{"v":-0.0006,"d":"-0.001"},{"v":0.0029,"d":"0.003"},{"v":0.8329,"d":"0.833"}]
["FVC","TH_inferior temporal","rs1966265","A","G",0.245129,8.66312568253845e-05,421986,{"v":36.5601715338128,"d":"36.560"},{"v":0.0152999,"d":"0.015"},{"v":0.00190502,"d":"0.002"},{"v":9.60063590945348e-16,"d":"9.601E-16"},{"v":0.0011,"d":"0.001"},{"v":1E-3,"d":"0.001"},{"v":0.2819,"d":"0.282"}]
["FVC","TH_inferior temporal","rs1983753","A","G",0.851273,6.09227456439144e-05,421986,{"v":25.7099902209963,"d":"25.710"},{"v":0.0155112,"d":"0.016"},{"v":0.00231937,"d":"0.002"},{"v":2.29985258668621e-11,"d":"2.300E-11"},{"v":1E-4,"d":"0.000"},{"v":0.0012,"d":"0.001"},{"v":0.9327,"d":"0.933"}]
["FVC","TH_inferior temporal","rs1984246","A","C",0.42304,8.08199330946159e-05,421986,{"v":34.107475210863,"d":"34.107"},{"v":0.0128671,"d":"0.013"},{"v":0.00166162,"d":"0.002"},{"v":9.70063133783958e-15,"d":"9.701E-15"},{"v":0.0007,"d":"0.001"},{"v":0.0009,"d":"0.001"},{"v":0.4019,"d":"0.402"}]
["FVC","TH_inferior temporal","rs2005172","C","A",0.64023,0.00022099089188815,421986,{"v":93.2752334995711,"d":"93.275"},{"v":0.0219024,"d":"0.022"},{"v":0.0017318,"d":"0.002"},{"v":1.20005182020427E-36,"d":"1.200E-36"},{"v":-0.0005,"d":"-0.001"},{"v":0.0009,"d":"0.001"},{"v":0.6164,"d":"0.616"}]
["FVC","TH_inferior temporal","rs2007530","T","C",0.173998,1.17320574387251E-4,421986,{"v":49.5132141809572,"d":"49.513"},{"v":0.0202027,"d":"0.020"},{"v":2.17301E-3,"d":"0.002"},{"v":1.39990962656834e-20,"d":"1.400E-20"},{"v":-0.0008,"d":"-0.001"},{"v":0.0012,"d":"0.001"},{"v":0.5123,"d":"0.512"}]
["FVC","TH_inferior temporal","rs2039092","T","G",0.142069,4.52252040502154e-05,421986,{"v":19.0851756368886,"d":"19.085"},{"v":-0.0136207,"d":"-0.014"},{"v":2.37872E-3,"d":"0.002"},{"v":1E-8,"d":"1.000E-08"},{"v":-0.0007,"d":"-0.001"},{"v":0.0013,"d":"0.001"},{"v":0.6049,"d":"0.605"}]
["FVC","TH_inferior temporal","rs2058780","T","C",0.609391,4.70090504808346e-05,421986,{"v":19.837999723635,"d":"19.838"},{"v":-0.00993703,"d":"-0.010"},{"v":0.00168463,"d":"0.002"},{"v":3.69998531172859e-09,"d":"3.700E-09"},{"v":0.0002,"d":"0.000"},{"v":0.0009,"d":"0.001"},{"v":0.7911,"d":"0.791"}]
["FVC","TH_inferior temporal","rs2118022","C","T",0.360318,6.04606902173754e-05,421986,{"v":25.5149865543869,"d":"25.515"},{"v":-0.0114524,"d":"-0.011"},{"v":0.00171628,"d":"0.002"},{"v":2.49976970217851E-11,"d":"2.500E-11"},{"v":-0.0004,"d":"-0.000"},{"v":1E-3,"d":"0.001"},{"v":0.6566,"d":"0.657"}]
["FVC","TH_inferior temporal","rs2165241","C","T",0.508667,1.93898082531503E-4,421986,{"v":81.8377566430654,"d":"81.838"},{"v":0.0196955,"d":"0.020"},{"v":1.64442E-3,"d":"0.002"},{"v":4.70002318179801e-33,"d":"4.700E-33"},{"v":0.0004,"d":"0.000"},{"v":0.0009,"d":"0.001"},{"v":0.6219,"d":"0.622"}]
["FVC","TH_inferior temporal","rs2168704","A","G",0.561551,5.59945780683976e-05,421986,{"v":23.6301391912884,"d":"23.630"},{"v":0.0106636,"d":"0.011"},{"v":1.652E-3,"d":"0.002"},{"v":1.09999319893519e-10,"d":"1.100E-10"},{"v":0.0004,"d":"0.000"},{"v":0.0009,"d":"0.001"},{"v":0.6321,"d":"0.632"}]
["FVC","TH_inferior temporal","rs2181246","A","T",0.315032,4.79141931100767e-05,421986,{"v":20.2199916899491,"d":"20.220"},{"v":-0.0105367,"d":"-0.011"},{"v":1.76834E-3,"d":"0.002"},{"v":2.49999995007974e-09,"d":"2.500E-09"},{"v":1.9E-3,"d":"0.002"},{"v":1E-3,"d":"0.001"},{"v":0.04335,"d":"0.043"}]
["FVC","TH_inferior temporal","rs2186288","A","G",0.369909,5.7540273769828e-05,421986,{"v":24.2824721065799,"d":"24.282"},{"v":-0.0111102,"d":"-0.011"},{"v":0.00170446,"d":"0.002"},{"v":7.10068096254533e-11,"d":"7.101E-11"},{"v":-1.5E-3,"d":"-0.002"},{"v":0.0009,"d":"0.001"},{"v":0.08856,"d":"0.089"}]
["FVC","TH_inferior temporal","rs2194411","A","G",0.128337,0.000173013252417145,421986,{"v":73.0214579879395,"d":"73.021"},{"v":0.0278083,"d":"0.028"},{"v":0.00248353,"d":"0.002"},{"v":4.19952334664066e-29,"d":"4.200E-29"},{"v":-0.0013,"d":"-0.001"},{"v":1.4E-3,"d":"0.001"},{"v":0.3665,"d":"0.367"}]
["FVC","TH_inferior temporal","rs2219320","C","T",0.253726,9.06772759055066e-05,421986,{"v":38.2678296182539,"d":"38.268"},{"v":-0.015474,"d":"-0.015"},{"v":1.88065E-3,"d":"0.002"},{"v":1.90020300257723E-16,"d":"1.900E-16"},{"v":2E-3,"d":"0.002"},{"v":1E-3,"d":"0.001"},{"v":0.05053,"d":"0.051"}]
["FVC","TH_inferior temporal","rs2273101","T","C",0.245563,0.000164788871325204,421986,{"v":69.5497280984891,"d":"69.550"},{"v":0.021089,"d":"0.021"},{"v":1.90985E-3,"d":"0.002"},{"v":2.39993787680987e-28,"d":"2.400E-28"},{"v":-0.0008,"d":"-0.001"},{"v":1E-3,"d":"0.001"},0.461]
["FVC","TH_inferior temporal","rs2286325","C","G",0.081106,6.21764247204467e-05,421986,{"v":26.2390878619042,"d":"26.239"},{"v":0.0204239,"d":"0.020"},{"v":0.00300144,"d":"0.003"},{"v":1e-11,"d":"1.000E-11"},{"v":-0.0031,"d":"-0.003"},{"v":0.0016,"d":"0.002"},0.048]
["FVC","TH_inferior temporal","rs2289308","A","G",0.342889,{"$f":"2*F3717*(1-F3717)*J3717*J3717","v":4.17682840802068e-05},421986,{"$f":"G3717/(1-G3717)*(H3717-2)","v":{"v":17.6262838089314,"d":"17.626"}},{"v":-0.00962747,"d":"-0.010"},{"v":0.00173144,"d":"0.002"},{"v":2.69997659840121e-08,"d":"2.700E-08"},{"v":0.0011,"d":"0.001"},{"v":1E-3,"d":"0.001"},{"v":0.2624,"d":"0.262"}]
["FVC","TH_inferior temporal","rs2315007","C","T",0.667421,9.54071179462808e-05,421986,{"v":40.2641187429693,"d":"40.264"},{"v":-0.0146598,"d":"-0.015"},{"v":0.00174235,"d":"0.002"},{"v":4.00036851046125e-17,"d":"4.000E-17"},{"v":1.4E-3,"d":"0.001"},{"v":1E-3,"d":"0.001"},{"v":0.1469,"d":"0.147"}]
["FVC","TH_inferior temporal","rs2355595","T","C",0.353472,4.21690889460453e-05,421986,{"v":17.7954312469311,"d":"17.795"},{"v":0.0096053,"d":"0.010"},{"v":0.00171679,"d":"0.002"},{"v":2.19998641983516e-08,"d":"2.200E-08"},{"v":0.0008,"d":"0.001"},{"v":0.0009,"d":"0.001"},{"v":0.3661,"d":"0.366"}]
["FVC","TH_inferior temporal","rs2420991","G","T",0.157205,4.60860611479893e-05,421986,{"v":19.448476731161,"d":"19.448"},{"v":0.0131879,"d":"0.013"},{"v":0.00231045,"d":"0.002"},{"v":1.09999319893519E-8,"d":"1.100E-08"},{"v":0,"d":"0.000"},{"v":0.0012,"d":"0.001"},{"v":0.9903,"d":"0.990"}]
["FVC","TH_inferior temporal","rs2433733","A","G",0.677805,4.39675736084697e-05,421986,{"v":18.5544283747918,"d":"18.554"},{"v":0.0100332,"d":"0.010"},{"v":1.75482E-3,"d":"0.002"},{"v":1.09999319893519E-8,"d":"1.100E-08"},{"v":-0.0013,"d":"-0.001"},{"v":1E-3,"d":"0.001"},{"v":0.1849,"d":"0.185"}]
["FVC","TH_inferior temporal","rs246185","C","T",0.32244,6.92890140832418e-05,421986,{"v":29.2408813907452,"d":"29.241"},{"v":0.0125927,"d":"0.013"},{"v":1.774E-3,"d":"0.002"},{"v":1.2998702373886e-12,"d":"1.300E-12"},{"v":0.0006,"d":"0.001"},{"v":1E-3,"d":"0.001"},{"v":0.5452,"d":"0.545"}]
["FVC","TH_inferior temporal","rs2468964","G","T",0.60054,4.47507016706468e-05,421986,{"v":18.8849252074402,"d":"18.885"},{"v":0.00965778,"d":"0.010"},{"v":1.67483E-3,"d":"0.002"},{"v":8.1000929031245e-09,"d":"8.100E-09"},{"v":1.9E-3,"d":"0.002"},{"v":0.0009,"d":"0.001"},{"v":0.03168,"d":"0.032"}]
["FVC","TH_inferior temporal","rs2602691","G","A",0.449662,5.86659442039459E-5,421986,{"v":24.7575422235486,"d":"24.758"},{"v":-0.0108873,"d":"-0.011"},{"v":0.00166378,"d":"0.002"},{"v":6.00067353864116e-11,"d":"6.001E-11"},{"v":0.0005,"d":"0.001"},{"v":0.0009,"d":"0.001"},0.604]
["FVC","TH_inferior temporal","rs2645977","A","G",0.357445,4.52910263624554e-05,421986,{"v":19.112954113843,"d":"19.113"},{"v":0.00992959,"d":"0.010"},{"v":1.71149E-3,"d":"0.002"},{"v":6.59994019159873e-09,"d":"6.600E-09"},{"v":1E-4,"d":"0.000"},{"v":0.0009,"d":"0.001"},{"v":0.9358,"d":"0.936"}]
["FVC","TH_inferior temporal","rs2648725","A","T",0.213148,9.83993575735976e-05,421986,{"v":41.5270407404678,"d":"41.527"},{"v":0.0171275,"d":"0.017"},{"v":0.00200708,"d":"0.002"},{"v":1.39990962656834e-17,"d":"1.400E-17"},{"v":-1.5E-3,"d":"-0.002"},{"v":0.0011,"d":"0.001"},{"v":0.1867,"d":"0.187"}]
["FVC","TH_inferior temporal","rs2717329","A","G",0.294673,8.42790883711236e-05,421986,{"v":35.5674244173058,"d":"35.567"},{"v":0.014239,"d":"0.014"},{"v":0.0018328,"d":"0.002"},{"v":7.89950721335818e-15,"d":"7.900E-15"},{"v":-2.3E-3,"d":"-0.002"},{"v":1E-3,"d":"0.001"},{"v":0.02804,"d":"0.028"}]
["FVC","TH_inferior temporal","rs2760402","C","A",0.649252,4.35290850830249e-05,421986,{"v":18.3693770418513,"d":"18.369"},{"v":0.00977621,"d":"0.010"},{"v":0.00172753,"d":"0.002"},{"v":1.49999565138204e-08,"d":"1.500E-08"},{"v":-0.0006,"d":"-0.001"},{"v":0.0009,"d":"0.001"},{"v":0.4904,"d":"0.490"}]
["FVC","TH_inferior temporal","rs2780226","T","C",0.910509,2.95968220787926E-4,421986,{"v":124.930829236223,"d":"124.931"},{"v":-0.0426163,"d":"-0.043"},{"v":0.0028699,"d":"0.003"},{"v":7.00003159130901e-50,"d":"7.000E-50"},{"v":-0.0006,"d":"-0.001"},{"v":0.0016,"d":"0.002"},{"v":0.7258,"d":"0.726"}]
["FVC","TH_inferior temporal","rs2807339","C","T",0.758119,5.89073008999258e-05,421986,{"v":24.859402863279,"d":"24.859"},{"v":0.0126736,"d":"0.013"},{"v":1.91263E-3,"d":"0.002"},{"v":3.40016505804071e-11,"d":"3.400E-11"},{"v":-0.0011,"d":"-0.001"},{"v":1E-3,"d":"0.001"},{"v":0.2825,"d":"0.283"}]
["FVC","TH_inferior temporal","rs2808096","G","A",0.21446,4.09307454157644e-05,421986,{"v":17.2728266631967,"d":"17.273"},{"v":0.0110218,"d":"0.011"},{"v":0.0020005,"d":"0.002"},{"v":3.59997927043357E-8,"d":"3.600E-08"},{"v":-0.0003,"d":"-0.000"},{"v":0.0011,"d":"0.001"},0.803]
["FVC","TH_inferior temporal","rs2812208","C","G",0.020816,0.000278067813708179,421986,{"v":117.372805899358,"d":"117.373"},{"v":0.0825904,"d":"0.083"},{"v":0.00576265,"d":"0.006"},{"v":1.39990962656833E-46,"d":"1.400E-46"},{"v":0.0016,"d":"0.002"},{"v":0.0027,"d":"0.003"},{"v":0.5558,"d":"0.556"}]
["FVC","TH_inferior temporal","rs2821334","T","G",0.44435,4.64038024780943E-5,421986,{"v":19.5825708906678,"d":"19.583"},{"v":0.0096939,"d":"0.010"},{"v":0.00164775,"d":"0.002"},{"v":4.00000007987242e-09,"d":"4.000E-09"},{"v":-0.0005,"d":"-0.001"},{"v":0.0009,"d":"0.001"},{"v":0.5416,"d":"0.542"}]
["FVC","TH_inferior temporal","rs28391281","C","T",0.456626,5.81268485273591E-5,421986,{"v":24.5300259020691,"d":"24.530"},{"v":-0.0108229,"d":"-0.011"},{"v":1.64482E-3,"d":"0.002"},{"v":4.70002318179801e-11,"d":"4.700E-11"},{"v":0.0008,"d":"0.001"},{"v":0.0009,"d":"0.001"},{"v":0.3849,"d":"0.385"}]
["FVC","TH_inferior temporal","rs28409044","A","C",0.333596,7.3529837872933e-05,421986,{"v":31.0306967870756,"d":"31.031"},{"v":0.0128599,"d":"0.013"},{"v":1.74168E-3,"d":"0.002"},{"v":1.50003019045595e-13,"d":"1.500E-13"},{"v":1.4E-3,"d":"0.001"},{"v":1E-3,"d":"0.001"},{"v":0.1508,"d":"0.151"}]
["FVC","TH_inferior temporal","rs28427480","C","A",0.093765,0.000266255308960786,421986,{"v":112.385403506842,"d":"112.385"},{"v":0.0395816,"d":"0.040"},{"v":0.00282649,"d":"0.003"},{"v":1.50003019045594e-44,"d":"1.500E-44"},{"v":-0.0024,"d":"-0.002"},{"v":1.5E-3,"d":"0.002"},{"v":0.1096,"d":"0.110"}]
["FVC","TH_inferior temporal","rs28444681","A","C",0.255224,4.96915326777121e-05,421986,{"v":20.9700737605772,"d":"20.970"},{"v":0.0114328,"d":"0.011"},{"v":0.00188044,"d":"0.002"},{"v":1.19999655704811E-9,"d":"1.200E-09"},{"v":0.0007,"d":"0.001"},{"v":1E-3,"d":"0.001"},{"v":0.4562,"d":"0.456"}]
["FVC","TH_inferior temporal","rs28446901","G","C",0.15458,5.1599507535487e-05,421986,{"v":21.7752901821048,"d":"21.775"},{"v":-0.0140506,"d":"-0.014"},{"v":0.00228337,"d":"0.002"},{"v":7.59993713661527e-10,"d":"7.600E-10"},{"v":1.5E-3,"d":"0.002"},{"v":0.0012,"d":"0.001"},{"v":0.2339,"d":"0.234"}]
["FVC","TH_inferior temporal","rs2871960","C","A",0.444976,0.000191804005390593,421986,{"v":80.9537486639893,"d":"80.954"},{"v":0.0197056,"d":"0.020"},{"v":0.00165006,"d":"0.002"},{"v":7.10068096254536e-33,"d":"7.101E-33"},{"v":0.0005,"d":"0.001"},{"v":0.0009,"d":"0.001"},{"v":0.5777,"d":"0.578"}]
["FVC","TH_inferior temporal","rs2882485","G","A",0.527663,6.68510491529909e-05,421986,{"v":28.2119591248419,"d":"28.212"},{"v":-0.0115807,"d":"-0.012"},{"v":1.64247E-3,"d":"0.002"},{"v":1.80011396041801E-12,"d":"1.800E-12"},{"v":-0.0003,"d":"-0.000"},{"v":0.0009,"d":"0.001"},{"v":0.7379,"d":"0.738"}]
["FVC","TH_inferior temporal","rs2885697","T","G",0.665178,0.000191228657862936,421986,{"v":80.7108681906324,"d":"80.711"},{"v":-0.0207198,"d":"-0.021"},{"v":1.73474E-3,"d":"0.002"},{"v":7.000031591309e-33,"d":"7.000E-33"},{"v":0.0005,"d":"0.001"},{"v":1E-3,"d":"0.001"},{"v":0.6155,"d":"0.616"}]
["FVC","TH_inferior temporal","rs28929474","T","C",0.019693,9.24754782377338e-05,421986,{"v":39.0267812289301,"d":"39.027"},{"v":0.0489397,"d":"0.049"},{"v":0.00592126,"d":"0.006"},{"v":1.39990962656834e-16,"d":"1.400E-16"},{"v":-0.0024,"d":"-0.002"},{"v":0.0034,"d":"0.003"},0.471]
["FVC","TH_inferior temporal","rs309137","C","T",0.227462,8.33684369570823e-05,421986,{"v":35.1830796592559,"d":"35.183"},{"v":0.0154018,"d":"0.015"},{"v":1.94955E-3,"d":"0.002"},{"v":2.80027059501064e-15,"d":"2.800E-15"},{"v":-1.8E-3,"d":"-0.002"},{"v":1E-3,"d":"0.001"},{"v":0.06716,"d":"0.067"}]
["FVC","TH_inferior temporal","rs3116605","C","T",0.215238,7.92429456128899e-05,421986,{"v":33.4419051965844,"d":"33.442"},{"v":-0.0153157,"d":"-0.015"},{"v":0.00199894,"d":"0.002"},{"v":1.80011396041801E-14,"d":"1.800E-14"},{"v":-0.0025,"d":"-0.003"},{"v":0.0011,"d":"0.001"},{"v":0.01595,"d":"0.016"}]
["FVC","TH_inferior temporal","rs3253","T","C",0.314156,7.73374553775006e-05,421986,{"v":32.6376928861364,"d":"32.638"},{"v":0.0133966,"d":"0.013"},{"v":0.00176807,"d":"0.002"},{"v":3.50025754158434E-14,"d":"3.500E-14"},{"v":-0.0009,"d":"-0.001"},{"v":1E-3,"d":"0.001"},0.343]
["FVC","TH_inferior temporal","rs32799","A","C",0.915153,5.54046146417085e-05,421986,{"v":23.381156328923,"d":"23.381"},{"v":-0.0188883,"d":"-0.019"},{"v":0.00295509,"d":"0.003"},{"v":1.60000006389793E-10,"d":"1.600E-10"},{"v":-1E-4,"d":"-0.000"},{"v":0.0016,"d":"0.002"},{"v":0.9614,"d":"0.961"}]
["FVC","TH_inferior temporal","rs344133","A","G",0.614205,5.9441457606158e-05,421986,{"v":25.0848351256407,"d":"25.085"},{"v":0.0111994,"d":"0.011"},{"v":1.68384E-3,"d":"0.002"},{"v":2.90001336905407e-11,"d":"2.900E-11"},{"v":-0.0003,"d":"-0.000"},{"v":0.0009,"d":"0.001"},{"v":0.7516,"d":"0.752"}]
["FVC","TH_inferior temporal","rs34587839","A","G",0.154712,9.59331764500232e-05,421986,{"v":40.48614949601,"d":"40.486"},{"v":-0.0191516,"d":"-0.019"},{"v":0.00227501,"d":"0.002"},{"v":3.80014352941585e-17,"d":"3.800E-17"},{"v":0.0004,"d":"0.000"},{"v":0.0013,"d":"0.001"},0.731]
["FVC","TH_inferior temporal","rs35344256","A","C",0.305163,0.000127924706994647,421986,{"v":53.9890860944489,"d":"53.989"},{"v":-0.0173682,"d":"-0.017"},{"v":1.7847E-3,"d":"0.002"},{"v":2.19988510904926e-22,"d":"2.200E-22"},{"v":0.0006,"d":"0.001"},{"v":0.0011,"d":"0.001"},{"v":0.5579,"d":"0.558"}]
["FVC","TH_inferior temporal","rs35344761","A","C",0.122131,7.98184258788518e-05,421986,{"v":33.6847872927592,"d":"33.685"},{"v":-0.0192934,"d":"-0.019"},{"v":2.52637E-3,"d":"0.003"},{"v":2.19988510904925E-14,"d":"2.200E-14"},{"v":-0.0008,"d":"-0.001"},{"v":1.5E-3,"d":"0.002"},{"v":0.6015,"d":"0.602"}]
["FVC","TH_inferior temporal","rs35480566","G","A",0.439723,1.10816232234529E-4,421986,{"v":46.7678595812438,"d":"46.768"},{"v":0.0149967,"d":"0.015"},{"v":0.0016583,"d":"0.002"},{"v":1.50003019045595e-19,"d":"1.500E-19"},{"v":-0.0024,"d":"-0.002"},{"v":0.0009,"d":"0.001"},{"v":0.006484,"d":"0.006"}]
["FVC","TH_inferior temporal","rs35506","A","T",0.715534,7.52389405219948e-05,421986,{"v":31.7520180654321,"d":"31.752"},{"v":0.0135949,"d":"0.014"},{"v":0.00182407,"d":"0.002"},{"v":9.09913272632251e-14,"d":"9.099E-14"},{"v":-0.0006,"d":"-0.001"},{"v":1E-3,"d":"0.001"},{"v":0.5461,"d":"0.546"}]
["FVC","TH_inferior temporal","rs35654957","C","T",0.369551,4.7229665459788E-5,421986,{"v":19.9311044887804,"d":"19.931"},{"v":-0.0100677,"d":"-0.010"},{"v":0.00171015,"d":"0.002"},{"v":3.89995862874433e-09,"d":"3.900E-09"},{"v":-0.0006,"d":"-0.001"},{"v":1E-3,"d":"0.001"},{"v":0.5297,"d":"0.530"}]
["FVC","TH_inferior temporal","rs35668185","C","T",0.207881,4.39810225504036E-5,421986,{"v":18.560104112267,"d":"18.560"},{"v":-0.0115562,"d":"-0.012"},{"v":2.01805E-3,"d":"0.002"},{"v":1E-8,"d":"1.000E-08"},{"v":0.0002,"d":"0.000"},{"v":0.0011,"d":"0.001"},{"v":0.8601,"d":"0.860"}]
["FVC","TH_inferior temporal","rs35805829","C","T",0.346839,8.02689032154592e-05,421986,{"v":33.8749119565016,"d":"33.875"},{"v":-0.0133102,"d":"-0.013"},{"v":1.72266E-3,"d":"0.002"},{"v":1.10001852750622E-14,"d":"1.100E-14"},{"v":0.0011,"d":"0.001"},{"v":1E-3,"d":"0.001"},{"v":0.2644,"d":"0.264"}]
["FVC","TH_inferior temporal","rs35897671","T","C",0.345283,5.9327572593459e-05,421986,{"v":25.0367717641725,"d":"25.037"},{"v":0.0114551,"d":"0.011"},{"v":0.00172695,"d":"0.002"},{"v":3.29989407910834e-11,"d":"3.300E-11"},{"v":-0.0007,"d":"-0.001"},{"v":1E-3,"d":"0.001"},{"v":0.4804,"d":"0.480"}]
["FVC","TH_inferior temporal","rs36226649","C","T",0.066506,8.70139707337911e-05,421986,{"v":36.7216987269464,"d":"36.722"},{"v":0.0264724,"d":"0.026"},{"v":0.00329988,"d":"0.003"},{"v":1e-15,"d":"1.000E-15"},{"v":-1.8E-3,"d":"-0.002"},{"v":1.8E-3,"d":"0.002"},{"v":0.3365,"d":"0.337"}]
["FVC","TH_inferior temporal","rs3732987","A","C",0.524508,5.53461247568242e-05,421986,{"v":23.3564717995858,"d":"23.356"},{"v":0.0105337,"d":"0.011"},{"v":0.00164918,"d":"0.002"},{"v":1.70000422215636e-10,"d":"1.700E-10"},{"v":0.0013,"d":"0.001"},{"v":0.0009,"d":"0.001"},{"v":0.1387,"d":"0.139"}]
["FVC","TH_inferior temporal","rs3734254","T","C",0.790532,1.42473762916661E-4,421986,{"v":60.13021534867,"d":"60.130"},{"v":0.0207412,"d":"0.021"},{"v":0.00201522,"d":"0.002"},{"v":7.59976214361039e-25,"d":"7.600E-25"},{"v":-0.0027,"d":"-0.003"},{"v":0.0011,"d":"0.001"},{"v":0.01645,"d":"0.016"}]
["FVC","TH_inferior temporal","rs3743347","A","C",0.231535,1.02185615560985E-4,421986,{"v":43.1251015619361,"d":"43.125"},{"v":-0.0169457,"d":"-0.017"},{"v":1.94802E-3,"d":"0.002"},{"v":3.40016505804072e-18,"d":"3.400E-18"},{"v":-0.0011,"d":"-0.001"},{"v":1E-3,"d":"0.001"},{"v":0.2876,"d":"0.288"}]
["FVC","TH_inferior temporal","rs3790076","T","G",0.572955,0.000211865275899546,421986,{"v":89.4227021506569,"d":"89.423"},{"v":-0.0208074,"d":"-0.021"},{"v":1.66216E-3,"d":"0.002"},{"v":5.90065196995663e-36,"d":"5.901E-36"},{"v":-0.0004,"d":"-0.000"},{"v":0.0009,"d":"0.001"},{"v":0.6791,"d":"0.679"}]
["FVC","TH_inferior temporal","rs3790743","G","A",0.599509,4.41696140797053e-05,421986,{"v":18.6396937358892,"d":"18.640"},{"v":-0.00959075,"d":"-0.010"},{"v":1.69268E-3,"d":"0.002"},{"v":1.49999565138204e-08,"d":"1.500E-08"},{"v":0.0007,"d":"0.001"},{"v":0.0009,"d":"0.001"},0.469]
["FVC","TH_inferior temporal","rs3791679","G","A",0.227266,0.000612002896837713,421986,{"v":258.413580278878,"d":"258.414"},{"v":-0.0417426,"d":"-0.042"},{"v":0.00195359,"d":"0.002"},{"v":2.6977394324449E-101,"d":"2.698E-101"},{"v":0.0005,"d":"0.001"},{"v":0.0011,"d":"0.001"},{"v":0.6111,"d":"0.611"}]
["FVC","TH_inferior temporal","rs3806443","G","C",0.265329,4.61179473668757e-05,421986,{"v":19.461933446086,"d":"19.462"},{"v":0.0108763,"d":"0.011"},{"v":0.00186138,"d":"0.002"},{"v":5.09999793204996e-09,"d":"5.100E-09"},{"v":-0.0003,"d":"-0.000"},{"v":1E-3,"d":"0.001"},0.775]
["FVC","TH_inferior temporal","rs3814316","A","G",0.368453,4.16612453966733e-05,421986,{"v":17.5811114284674,"d":"17.581"},{"v":-0.00946144,"d":"-0.009"},{"v":0.00170087,"d":"0.002"},{"v":2.69997659840121e-08,"d":"2.700E-08"},{"v":-0.0021,"d":"-0.002"},{"v":0.0009,"d":"0.001"},{"v":0.01926,"d":"0.019"}]
["FVC","TH_inferior temporal","rs3828559","G","A",0.758433,5.04655975131029e-05,421986,{"v":21.2967494541555,"d":"21.297"},{"v":0.0117356,"d":"0.012"},{"v":0.00191612,"d":"0.002"},{"v":9.09997082601283e-10,"d":"9.100E-10"},{"v":-0.0003,"d":"-0.000"},{"v":1E-3,"d":"0.001"},{"v":0.7697,"d":"0.770"}]
["FVC","TH_inferior temporal","rs3858603","A","G",0.501593,7.64582018958038e-05,421986,{"v":32.266604915392,"d":"32.267"},{"v":-0.012366,"d":"-0.012"},{"v":1.63937E-3,"d":"0.002"},{"v":4.60044666393479e-14,"d":"4.600E-14"},{"v":-0.0002,"d":"-0.000"},{"v":0.0009,"d":"0.001"},{"v":0.8226,"d":"0.823"}]
["FVC","TH_inferior temporal","rs42038","T","C",0.298973,0.0001100833355849,421986,{"v":46.4585205923715,"d":"46.459"},{"v":0.0162055,"d":"0.016"},{"v":0.001795,"d":"0.002"},{"v":1.69980851320349e-19,"d":"1.700E-19"},{"v":0.0002,"d":"0.000"},{"v":1E-3,"d":"0.001"},{"v":0.8373,"d":"0.837"}]
["FVC","TH_inferior temporal","rs4244808","G","T",0.459999,6.73887227545813e-05,421986,{"v":28.438879242618,"d":"28.439"},{"v":0.0116467,"d":"0.012"},{"v":1.65946E-3,"d":"0.002"},{"v":2.19988510904925e-12,"d":"2.200E-12"},{"v":1E-4,"d":"0.000"},{"v":0.0009,"d":"0.001"},{"v":0.8896,"d":"0.890"}]
["FVC","TH_inferior temporal","rs425102","G","T",0.240797,0.000137901421280968,421986,{"v":58.2002192507815,"d":"58.200"},{"v":-0.0194207,"d":"-0.019"},{"v":0.00191587,"d":"0.002"},{"v":3.80014352941585e-24,"d":"3.800E-24"},{"v":-0.0008,"d":"-0.001"},{"v":1E-3,"d":"0.001"},{"v":0.4586,"d":"0.459"}]
["FVC","TH_inferior temporal","rs4279453","C","T",0.439777,4.75360731157916e-05,421986,{"v":20.0604158710898,"d":"20.060"},{"v":-0.009822,"d":"-0.010"},{"v":1.65712E-3,"d":"0.002"},{"v":3.09998790941119e-09,"d":"3.100E-09"},{"v":-1E-3,"d":"-0.001"},{"v":0.0009,"d":"0.001"},{"v":0.2753,"d":"0.275"}]
["FVC","TH_inferior temporal","rs4497878","C","T",0.715464,8.76845467196344e-05,421986,{"v":37.0047205050822,"d":"37.005"},{"v":-0.0146752,"d":"-0.015"},{"v":1.81627E-3,"d":"0.002"},{"v":6.49980009683026e-16,"d":"6.500E-16"},{"v":-2E-3,"d":"-0.002"},{"v":1E-3,"d":"0.001"},{"v":0.03842,"d":"0.038"}]
["FVC","TH_inferior temporal","rs4650619","T","C",0.658131,5.51787534628888E-5,421986,{"v":23.2858359846867,"d":"23.286"},{"v":0.0110735,"d":"0.011"},{"v":0.00173535,"d":"0.002"},{"v":1.79998961724559E-10,"d":"1.800E-10"},{"v":-0.0004,"d":"-0.000"},{"v":0.0009,"d":"0.001"},{"v":0.6686,"d":"0.669"}]
["FVC","TH_inferior temporal","rs4678778","G","A",0.103138,4.9032397109147e-05,421986,{"v":20.6919016352442,"d":"20.692"},{"v":0.01628,"d":"0.016"},{"v":0.00272878,"d":"0.003"},{"v":2.39999313805789E-9,"d":"2.400E-09"},{"v":1E-3,"d":"0.001"},{"v":1.5E-3,"d":"0.002"},{"v":0.5162,"d":"0.516"}]
["FVC","TH_inferior temporal","rs4693974","G","A",0.574007,6.5108970456126e-05,421986,{"v":27.4767327707401,"d":"27.477"},{"v":0.0115384,"d":"0.012"},{"v":1.66303E-3,"d":"0.002"},{"v":4.00036851046125E-12,"d":"4.000E-12"},{"v":-0.0012,"d":"-0.001"},{"v":0.0009,"d":"0.001"},{"v":0.1595,"d":"0.160"}]
["FVC","TH_inferior temporal","rs4713135","A","G",0.237248,9.32171087040042e-05,421986,{"v":39.3397955413479,"d":"39.340"},{"v":-0.0160487,"d":"-0.016"},{"v":0.00192704,"d":"0.002"},{"v":8.19973845457472e-17,"d":"8.200E-17"},{"v":-1E-3,"d":"-0.001"},{"v":0.0011,"d":"0.001"},{"v":0.3694,"d":"0.369"}]
["FVC","TH_inferior temporal","rs4728358","T","C",0.687154,4.77707244436522e-05,421986,{"v":20.1594444148942,"d":"20.159"},{"v":-0.0105408,"d":"-0.011"},{"v":1.7764E-3,"d":"0.002"},{"v":2.99999133271614e-09,"d":"3.000E-09"},{"v":0,"d":"0.000"},{"v":1E-3,"d":"0.001"},{"v":0.9863,"d":"0.986"}]
["FVC","TH_inferior temporal","rs4735766","T","G",0.285258,9.07993719661411e-05,421986,{"v":38.3193615537233,"d":"38.319"},{"v":0.0149222,"d":"0.015"},{"v":1.81989E-3,"d":"0.002"},{"v":2.39993787680988E-16,"d":"2.400E-16"},{"v":-0.0012,"d":"-0.001"},{"v":1E-3,"d":"0.001"},{"v":0.2197,"d":"0.220"}]
["FVC","TH_inferior temporal","rs4759316","A","G",0.57091,5.31891591327017e-05,421986,{"v":22.4461680202567,"d":"22.446"},{"v":0.0104193,"d":"0.010"},{"v":0.00165644,"d":"0.002"},{"v":3.20000015974484E-10,"d":"3.200E-10"},{"v":0.0002,"d":"0.000"},{"v":0.0009,"d":"0.001"},{"v":0.8413,"d":"0.841"}]
["FVC","TH_inferior temporal","rs4785677","G","A",0.549173,4.80134751963316E-5,421986,{"v":20.2618911610575,"d":"20.262"},{"v":-0.00984707,"d":"-0.010"},{"v":1.65043E-3,"d":"0.002"},{"v":2.39999313805789E-9,"d":"2.400E-09"},{"v":0.0007,"d":"0.001"},{"v":0.0009,"d":"0.001"},{"v":0.4506,"d":"0.451"}]
["FVC","TH_inferior temporal","rs4794006","A","G",0.555023,{"$f":"2*F3781*(1-F3781)*J3781*J3781","v":5.38677822535485e-05},421986,{"$f":"G3781/(1-G3781)*(H3781-2)","v":{"v":22.7325667794388,"d":"22.733"}},{"v":-0.010443,"d":"-0.010"},{"v":0.00165309,"d":"0.002"},{"v":2.69997659840121E-10,"d":"2.700E-10"},{"v":-0.0007,"d":"-0.001"},{"v":0.0009,"d":"0.001"},{"v":0.4194,"d":"0.419"}]
["FVC","TH_inferior temporal","rs4909017","T","C",0.557895,7.95950937485174e-05,421986,{"v":33.5905296817335,"d":"33.591"},{"v":0.0127025,"d":"0.013"},{"v":0.00165126,"d":"0.002"},{"v":1.39990962656834e-14,"d":"1.400E-14"},{"v":0.0007,"d":"0.001"},{"v":0.0009,"d":"0.001"},{"v":0.4427,"d":"0.443"}]
["FVC","TH_inferior temporal","rs4918293","A","G",0.335439,5.24388950619221e-05,421986,{"v":22.1295351421812,"d":"22.130"},{"v":-0.0108452,"d":"-0.011"},{"v":0.00174452,"d":"0.002"},{"v":5.09999793204996e-10,"d":"5.100E-10"},{"v":-0.0013,"d":"-0.001"},{"v":1E-3,"d":"0.001"},{"v":0.1878,"d":"0.188"}]
["FVC","TH_inferior temporal","rs4924413","A","G",0.283479,4.76110581125863e-05,421986,{"v":20.0920613508822,"d":"20.092"},{"v":0.0108259,"d":"0.011"},{"v":0.00182023,"d":"0.002"},{"v":2.69997659840121e-09,"d":"2.700E-09"},{"v":-0.0013,"d":"-0.001"},{"v":1E-3,"d":"0.001"},{"v":0.1837,"d":"0.184"}]
["FVC","TH_inferior temporal","rs4951407","G","T",0.661152,5.97857889278145E-5,421986,{"v":25.230154759622,"d":"25.230"},{"v":0.0115513,"d":"0.012"},{"v":0.00173213,"d":"0.002"},{"v":2.60015956316527E-11,"d":"2.600E-11"},{"v":0.0005,"d":"0.001"},{"v":1E-3,"d":"0.001"},{"v":0.5893,"d":"0.589"}]
["FVC","TH_inferior temporal","rs4959021","C","T",0.814313,0.000289077580921587,421986,{"v":122.02138755515,"d":"122.021"},{"v":-0.0309176,"d":"-0.031"},{"v":0.00221491,"d":"0.002"},{"v":2.80027059501065e-44,"d":"2.800E-44"},{"v":0.0031,"d":"0.003"},{"v":1.4E-3,"d":"0.001"},{"v":0.02429,"d":"0.024"}]
["FVC","TH_inferior temporal","rs55681913","C","T",0.10621,8.08864045248552e-05,421986,{"v":34.1355296272746,"d":"34.136"},{"v":0.0206406,"d":"0.021"},{"v":2.69286E-3,"d":"0.003"},{"v":1.80011396041801E-14,"d":"1.800E-14"},{"v":-0.0004,"d":"-0.000"},{"v":0.0016,"d":"0.002"},{"v":0.8054,"d":"0.805"}]
["FVC","TH_inferior temporal","rs55707322","A","C",0.163689,4.62683444763271E-5,421986,{"v":19.5254044836391,"d":"19.525"},{"v":0.0129997,"d":"0.013"},{"v":0.00221808,"d":"0.002"},{"v":4.60002296665069e-09,"d":"4.600E-09"},{"v":0.0009,"d":"0.001"},{"v":0.0012,"d":"0.001"},{"v":0.4732,"d":"0.473"}]
["FVC","TH_inferior temporal","rs55758152","A","G",0.325764,5.16859270150706E-5,421986,{"v":21.811761586645,"d":"21.812"},{"v":0.0108471,"d":"0.011"},{"v":0.00177131,"d":"0.002"},{"v":9.09997082601283e-10,"d":"9.100E-10"},{"v":1.9E-3,"d":"0.002"},{"v":0.0011,"d":"0.001"},{"v":0.08256,"d":"0.083"}]
["FVC","TH_inferior temporal","rs55786114","T","C",0.073277,7.23637113431354e-05,421986,{"v":30.5385382493884,"d":"30.539"},{"v":-0.0230827,"d":"-0.023"},{"v":0.00314939,"d":"0.003"},{"v":2.29985258668621e-13,"d":"2.300E-13"},{"v":-0.0021,"d":"-0.002"},{"v":2E-3,"d":"0.002"},{"v":0.3053,"d":"0.305"}]
["FVC","TH_inferior temporal","rs558107","G","A",0.587806,5.78469038151767E-5,421986,{"v":24.4118800112185,"d":"24.412"},{"v":-0.0109259,"d":"-0.011"},{"v":1.67201E-3,"d":"0.002"},{"v":6.40029512108372E-11,"d":"6.400E-11"},{"v":-1E-3,"d":"-0.001"},{"v":0.0009,"d":"0.001"},{"v":0.2594,"d":"0.259"}]
["FVC","TH_inferior temporal","rs55831773","T","C",0.199579,6.58378676692214e-05,421986,{"v":27.7843560132832,"d":"27.784"},{"v":-0.0143551,"d":"-0.014"},{"v":0.00209681,"d":"0.002"},{"v":7.59976214361039E-12,"d":"7.600E-12"},{"v":0.0013,"d":"0.001"},{"v":0.0012,"d":"0.001"},{"v":0.2847,"d":"0.285"}]
["FVC","TH_inferior temporal","rs55906059","T","C",0.093726,4.23076242776738e-05,421986,{"v":17.8538958791087,"d":"17.854"},{"v":-0.015781,"d":"-0.016"},{"v":0.0028489,"d":"0.003"},{"v":2.99999133271615e-08,"d":"3.000E-08"},{"v":0.0011,"d":"0.001"},{"v":0.0017,"d":"0.002"},{"v":0.5363,"d":"0.536"}]
["FVC","TH_inferior temporal","rs55962189","T","A",0.299312,5.39173733411806e-05,421986,{"v":22.7534956807262,"d":"22.753"},{"v":0.0113377,"d":"0.011"},{"v":0.00180553,"d":"0.002"},{"v":3.4000084782586e-10,"d":"3.400E-10"},{"v":-0.0004,"d":"-0.000"},{"v":1E-3,"d":"0.001"},0.695]
["FVC","TH_inferior temporal","rs56099233","T","G",0.203137,4.63112857415907e-05,421986,{"v":19.5435266882283,"d":"19.544"},{"v":0.0119603,"d":"0.012"},{"v":0.00205819,"d":"0.002"},{"v":6.19997588072324e-09,"d":"6.200E-09"},{"v":-0.0005,"d":"-0.001"},{"v":0.0012,"d":"0.001"},{"v":0.6706,"d":"0.671"}]
["FVC","TH_inferior temporal","rs56107042","G","C",0.024063,4.31515448222523e-05,421986,{"v":18.2100472819448,"d":"18.210"},{"v":-0.0303108,"d":"-0.030"},{"v":0.00545244,"d":"0.005"},{"v":2.69997659840121e-08,"d":"2.700E-08"},{"v":-0.0002,"d":"-0.000"},{"v":0.0032,"d":"0.003"},{"v":0.9574,"d":"0.957"}]
["FVC","TH_inferior temporal","rs56144019","A","G",0.23362,5.74600505527944e-05,421986,{"v":24.2486152991313,"d":"24.249"},{"v":-0.0126675,"d":"-0.013"},{"v":0.00194171,"d":"0.002"},{"v":6.89922009844049e-11,"d":"6.899E-11"},{"v":0,"d":"0.000"},{"v":1E-3,"d":"0.001"},{"v":0.9977,"d":"0.998"}]
["FVC","TH_inferior temporal","rs56318219","A","G",0.263367,7.89251775726661e-05,421986,{"v":33.3077909561397,"d":"33.308"},{"v":0.0142622,"d":"0.014"},{"v":0.00189906,"d":"0.002"},{"v":5.90065196995665e-14,"d":"5.901E-14"},{"v":-1.4E-3,"d":"-0.001"},{"v":1E-3,"d":"0.001"},{"v":0.1845,"d":"0.185"}]
["FVC","TH_inferior temporal","rs564443","A","G",0.162319,4.20226237478109e-05,421986,{"v":17.7336200728403,"d":"17.734"},{"v":0.0124309,"d":"0.012"},{"v":0.00222876,"d":"0.002"},{"v":2.39999313805789e-08,"d":"2.400E-08"},{"v":1.5E-3,"d":"0.002"},{"v":0.0012,"d":"0.001"},{"v":0.1971,"d":"0.197"}]
["FVC","TH_inferior temporal","rs57072412","A","G",0.383191,5.48617071536508e-05,421986,{"v":23.1520327915692,"d":"23.152"},{"v":0.010773,"d":"0.011"},{"v":1.68954E-3,"d":"0.002"},{"v":1.79998961724559E-10,"d":"1.800E-10"},{"v":1E-4,"d":"0.000"},{"v":0.0009,"d":"0.001"},{"v":0.9243,"d":"0.924"}]
["FVC","TH_inferior temporal","rs575837","G","A",0.784728,5.50345504488652e-05,421986,{"v":23.2249779128326,"d":"23.225"},{"v":0.0127629,"d":"0.013"},{"v":0.0020075,"d":"0.002"},{"v":2.00000001996811e-10,"d":"2.000E-10"},{"v":0.0012,"d":"0.001"},{"v":0.0011,"d":"0.001"},{"v":0.2697,"d":"0.270"}]
["FVC","TH_inferior temporal","rs582780","G","A",0.422609,7.69184760023856e-05,421986,{"v":32.4608630175037,"d":"32.461"},{"v":0.0125544,"d":"0.013"},{"v":1.6756E-3,"d":"0.002"},{"v":6.79986045003322e-14,"d":"6.800E-14"},{"v":0.0005,"d":"0.001"},{"v":0.0009,"d":"0.001"},{"v":0.5913,"d":"0.591"}]
["FVC","TH_inferior temporal","rs58746189","C","T",0.114418,5.54327432021165e-05,421986,{"v":23.3930274470851,"d":"23.393"},{"v":-0.0165389,"d":"-0.017"},{"v":0.00257892,"d":"0.003"},{"v":1.40000633223953E-10,"d":"1.400E-10"},{"v":0.0004,"d":"0.000"},{"v":1.4E-3,"d":"0.001"},{"v":0.7636,"d":"0.764"}]
["FVC","TH_inferior temporal","rs59032271","T","C",0.467565,5.25155515367519e-05,421986,{"v":22.1618863433691,"d":"22.162"},{"v":-0.0102701,"d":"-0.010"},{"v":0.00164133,"d":"0.002"},{"v":3.89995862874433e-10,"d":"3.900E-10"},{"v":0.0002,"d":"0.000"},{"v":0.0009,"d":"0.001"},{"v":0.8082,"d":"0.808"}]
["FVC","TH_inferior temporal","rs5992929","T","C",0.284928,4.74968475738632E-5,421986,{"v":20.0438617468553,"d":"20.044"},{"v":0.0107963,"d":"0.011"},{"v":0.0018267,"d":"0.002"},{"v":3.4000084782586e-09,"d":"3.400E-09"},{"v":0,"d":"0.000"},{"v":1E-3,"d":"0.001"},{"v":0.9872,"d":"0.987"}]
["FVC","TH_inferior temporal","rs60839038","C","A",0.47352,7.81566247420721e-05,421986,{"v":32.9834230081733,"d":"32.983"},{"v":0.0125201,"d":"0.013"},{"v":0.00167309,"d":"0.002"},{"v":7.29961575729299e-14,"d":"7.300E-14"},{"v":0,"d":"0.000"},{"v":0.0009,"d":"0.001"},{"v":0.9861,"d":"0.986"}]
["FVC","TH_inferior temporal","rs6088619","G","A",0.135815,7.20917622439476e-05,421986,{"v":30.4237635014749,"d":"30.424"},{"v":0.0175247,"d":"0.018"},{"v":2.41661E-3,"d":"0.002"},{"v":4.10015240506613e-13,"d":"4.100E-13"},{"v":0,"d":"0.000"},{"v":0.0013,"d":"0.001"},{"v":0.9749,"d":"0.975"}]
["FVC","TH_inferior temporal","rs6107411","G","A",0.165223,4.40792134730111e-05,421986,{"v":18.6015427595694,"d":"18.602"},{"v":0.012641,"d":"0.013"},{"v":0.00221407,"d":"0.002"},{"v":1.09999319893519E-8,"d":"1.100E-08"},{"v":-1.5E-3,"d":"-0.002"},{"v":0.0012,"d":"0.001"},{"v":0.2212,"d":"0.221"}]
["FVC","TH_inferior temporal","rs6140000","G","T",0.497765,4.80103190874975e-05,421986,{"v":20.2605592057309,"d":"20.261"},{"v":-0.00979911,"d":"-0.010"},{"v":1.64577E-3,"d":"0.002"},{"v":2.59997995670925e-09,"d":"2.600E-09"},{"v":1.4E-3,"d":"0.001"},{"v":0.0009,"d":"0.001"},{"v":0.1198,"d":"0.120"}]
["FVC","TH_inferior temporal","rs61732778","A","G",0.071158,4.53939497968776e-05,421986,{"v":19.1563900952959,"d":"19.156"},{"v":0.0185311,"d":"0.019"},{"v":0.0031876,"d":"0.003"},{"v":6.10000231740111e-09,"d":"6.100E-09"},{"v":-0.0037,"d":"-0.004"},{"v":0.0017,"d":"0.002"},{"v":0.03393,"d":"0.034"}]
["FVC","TH_inferior temporal","rs61884008","A","G",0.055359,6.19804364366019e-05,421986,{"v":26.1563736727189,"d":"26.156"},{"v":0.0243436,"d":"0.024"},{"v":3.63066E-3,"d":"0.004"},{"v":1.99986186963274e-11,"d":"2.000E-11"},{"v":0.0029,"d":"0.003"},{"v":2E-3,"d":"0.002"},{"v":0.1498,"d":"0.150"}]
["FVC","TH_inferior temporal","rs62018872","A","G",0.120637,4.85026045935671e-05,421986,{"v":20.4683158634428,"d":"20.468"},{"v":-0.0151197,"d":"-0.015"},{"v":0.00253721,"d":"0.003"},{"v":2.49999995007974e-09,"d":"2.500E-09"},{"v":-0.0005,"d":"-0.001"},{"v":1.4E-3,"d":"0.001"},{"v":0.7459,"d":"0.746"}]
["FVC","TH_inferior temporal","rs62194733","T","C",0.118104,5.38642068054667e-05,421986,{"v":22.7310578349982,"d":"22.731"},{"v":-0.0160803,"d":"-0.016"},{"v":0.0025514,"d":"0.003"},{"v":2.90001336905407e-10,"d":"2.900E-10"},{"v":0.0022,"d":"0.002"},{"v":1.5E-3,"d":"0.002"},{"v":0.1298,"d":"0.130"}]
["FVC","TH_inferior temporal","rs62276616","A","G",0.042615,5.76894212543324e-05,421986,{"v":24.3454172116173,"d":"24.345"},{"v":-0.0265894,"d":"-0.027"},{"v":4.0951E-3,"d":"0.004"},{"v":8.4004006526377e-11,"d":"8.400E-11"},{"v":-1E-3,"d":"-0.001"},{"v":2.3E-3,"d":"0.002"},{"v":0.6514,"d":"0.651"}]
["FVC","TH_inferior temporal","rs644570","A","G",0.632228,5.14133799179517e-05,421986,{"v":21.6967392139931,"d":"21.697"},{"v":0.0105147,"d":"0.011"},{"v":0.00170914,"d":"0.002"},{"v":7.59993713661527e-10,"d":"7.600E-10"},{"v":0.0005,"d":"0.001"},{"v":0.0009,"d":"0.001"},0.593]
["FVC","TH_inferior temporal","rs6462426","C","T",0.945001,4.55399828280401e-05,421986,{"v":19.2180193019767,"d":"19.218"},{"v":-0.0209309,"d":"-0.021"},{"v":3.60298E-3,"d":"0.004"},{"v":6.29999202947421e-09,"d":"6.300E-09"},{"v":0.0026,"d":"0.003"},{"v":1.9E-3,"d":"0.002"},{"v":0.1565,"d":"0.157"}]
["FVC","TH_inferior temporal","rs6487686","C","T",0.772904,1.03141223251922E-4,421986,{"v":43.5284355288256,"d":"43.528"},{"v":-0.0171409,"d":"-0.017"},{"v":0.00196297,"d":"0.002"},{"v":2.49976970217851e-18,"d":"2.500E-18"},{"v":0.0013,"d":"0.001"},{"v":0.0011,"d":"0.001"},{"v":0.2078,"d":"0.208"}]
["FVC","TH_inferior temporal","rs6501431","T","C",0.784491,5.66176612404253E-5,421986,{"v":23.8930999323176,"d":"23.893"},{"v":0.01294,"d":"0.013"},{"v":0.00199944,"d":"0.002"},{"v":9.70063133783958e-11,"d":"9.701E-11"},{"v":-0.0009,"d":"-0.001"},{"v":0.0011,"d":"0.001"},{"v":0.3908,"d":"0.391"}]
["FVC","TH_inferior temporal","rs661857","C","T",0.482472,0.000109798209617901,421986,{"v":46.3381755361111,"d":"46.338"},{"v":0.0148279,"d":"0.015"},{"v":0.00164183,"d":"0.002"},{"v":1.69980851320349e-19,"d":"1.700E-19"},{"v":0.0002,"d":"0.000"},{"v":0.0009,"d":"0.001"},0.778]
["FVC","TH_inferior temporal","rs663378","A","G",0.833573,6.37425819916999e-05,421986,{"v":26.900064398746,"d":"26.900"},{"v":-0.0151571,"d":"-0.015"},{"v":0.00222469,"d":"0.002"},{"v":9.49948365876348e-12,"d":"9.499E-12"},{"v":1E-4,"d":"0.000"},{"v":0.0012,"d":"0.001"},{"v":0.9128,"d":"0.913"}]
["FVC","TH_inferior temporal","rs6658835","G","A",0.269388,1.42791581170128E-4,421986,{"v":60.2643678328666,"d":"60.264"},{"v":0.019046,"d":"0.019"},{"v":1.85345E-3,"d":"0.002"},{"v":8.99911910870052e-25,"d":"8.999E-25"},{"v":-0.0013,"d":"-0.001"},{"v":1E-3,"d":"0.001"},{"v":0.1751,"d":"0.175"}]
["FVC","TH_inferior temporal","rs6671370","A","G",0.287459,0.000125116546260296,421986,{"v":52.8037872845994,"d":"52.804"},{"v":0.0174763,"d":"0.017"},{"v":0.00181023,"d":"0.002"},{"v":4.70002318179801e-22,"d":"4.700E-22"},{"v":-0.0002,"d":"-0.000"},{"v":1E-3,"d":"0.001"},{"v":0.8727,"d":"0.873"}]
["FVC","TH_inferior temporal","rs668844","A","C",0.482052,4.45621047410429e-05,421986,{"v":18.8053332122725,"d":"18.805"},{"v":0.00944665,"d":"0.009"},{"v":1.64055E-3,"d":"0.002"},{"v":8.50002102591718E-9,"d":"8.500E-09"},{"v":0.0003,"d":"0.000"},{"v":0.0009,"d":"0.001"},{"v":0.6905,"d":"0.691"}]
["FVC","TH_inferior temporal","rs67232546","T","C",0.21257,4.86244793317992e-05,421986,{"v":20.5197500485121,"d":"20.520"},{"v":-0.0120519,"d":"-0.012"},{"v":0.0020216,"d":"0.002"},{"v":2.49999995007974e-09,"d":"2.500E-09"},{"v":1E-3,"d":"0.001"},{"v":0.0011,"d":"0.001"},{"v":0.3911,"d":"0.391"}]
["FVC","TH_inferior temporal","rs67551338","T","C",0.06134,7.05189984710282e-05,421986,{"v":29.7599876953251,"d":"29.760"},{"v":0.0247464,"d":"0.025"},{"v":0.00345878,"d":"0.003"},{"v":8.4004006526377e-13,"d":"8.400E-13"},{"v":1E-4,"d":"0.000"},{"v":1.8E-3,"d":"0.002"},{"v":0.9481,"d":"0.948"}]
["FVC","TH_inferior temporal","rs6762578","A","G",0.77845,0.000132137192897206,421986,{"v":55.7671501222077,"d":"55.767"},{"v":0.0195725,"d":"0.020"},{"v":0.00198462,"d":"0.002"},{"v":6.09958095872238e-23,"d":"6.100E-23"},{"v":0,"d":"0.000"},{"v":0.0011,"d":"0.001"},{"v":0.9953,"d":"0.995"}]
["FVC","TH_inferior temporal","rs6803045","A","G",0.582831,5.28540720634528e-05,421986,{"v":22.3047516425747,"d":"22.305"},{"v":0.0104255,"d":"0.010"},{"v":0.00167546,"d":"0.002"},{"v":4.90004422793237e-10,"d":"4.900E-10"},{"v":-0.0004,"d":"-0.000"},{"v":0.0009,"d":"0.001"},{"v":0.6649,"d":"0.665"}]
["FVC","TH_inferior temporal","rs6849555","C","G",0.201305,5.95225828732291e-05,421986,{"v":25.119072763267,"d":"25.119"},{"v":0.0136053,"d":"0.014"},{"v":2.10903E-3,"d":"0.002"},{"v":1.09999319893519e-10,"d":"1.100E-10"},{"v":-2.3E-3,"d":"-0.002"},{"v":1.4E-3,"d":"0.001"},{"v":0.1042,"d":"0.104"}]
["FVC","TH_inferior temporal","rs6886191","G","A",0.559405,6.13211737942761e-05,421986,{"v":25.8781410803905,"d":"25.878"},{"v":0.0111534,"d":"0.011"},{"v":1.65843E-3,"d":"0.002"},{"v":1.80011396041801E-11,"d":"1.800E-11"},{"v":1.8E-3,"d":"0.002"},{"v":0.0009,"d":"0.001"},{"v":0.04628,"d":"0.046"}]
["FVC","TH_inferior temporal","rs6902771","T","C",0.463035,9.61364438873099E-5,421986,{"v":40.5719415795277,"d":"40.572"},{"v":0.0139043,"d":"0.014"},{"v":0.00164169,"d":"0.002"},{"v":2.49976970217851E-17,"d":"2.500E-17"},{"v":1.4E-3,"d":"0.001"},{"v":0.0009,"d":"0.001"},{"v":0.1162,"d":"0.116"}]
["FVC","TH_inferior temporal","rs6906411","A","G",0.449499,4.49493692192693E-5,421986,{"v":18.9687672547471,"d":"18.969"},{"v":-0.00953023,"d":"-0.010"},{"v":1.65975E-3,"d":"0.002"},{"v":9.40004645744656E-9,"d":"9.400E-09"},{"v":-0.0007,"d":"-0.001"},{"v":0.0009,"d":"0.001"},0.416]
["FVC","TH_inferior temporal","rs6919321","A","G",0.60753,5.65182520321187e-05,421986,{"v":23.8511460906076,"d":"23.851"},{"v":0.0108866,"d":"0.011"},{"v":1.68563E-3,"d":"0.002"},{"v":1.09999319893519e-10,"d":"1.100E-10"},{"v":0.0004,"d":"0.000"},{"v":0.0009,"d":"0.001"},{"v":0.6911,"d":"0.691"}]
["FVC","TH_inferior temporal","rs6937121","G","T",0.289184,0.000224015728667804,421986,{"v":94.5522344338483,"d":"94.552"},{"v":-0.0233431,"d":"-0.023"},{"v":1.80879E-3,"d":"0.002"},{"v":4.19952334664063E-38,"d":"4.200E-38"},{"v":1.8E-3,"d":"0.002"},{"v":1E-3,"d":"0.001"},{"v":0.0586,"d":"0.059"}]
["FVC","TH_inferior temporal","rs6965423","C","T",0.50901,5.87283036522269e-05,421986,{"v":24.7838600024372,"d":"24.784"},{"v":-0.0108395,"d":"-0.011"},{"v":1.64539E-3,"d":"0.002"},{"v":4.49987033872151e-11,"d":"4.500E-11"},{"v":0.0005,"d":"0.001"},{"v":0.0009,"d":"0.001"},{"v":0.5433,"d":"0.543"}]
["FVC","TH_inferior temporal","rs6977081","T","G",0.333825,1.11883348591464E-4,421986,{"v":47.2182659097251,"d":"47.218"},{"v":0.0158604,"d":"0.016"},{"v":0.00175433,"d":"0.002"},{"v":1.5999263828686e-19,"d":"1.600E-19"},{"v":0.0002,"d":"0.000"},{"v":0.0009,"d":"0.001"},{"v":0.8656,"d":"0.866"}]
["FVC","TH_inferior temporal","rs698748","G","A",0.581469,4.26423821749827e-05,421986,{"v":17.9951703566595,"d":"17.995"},{"v":0.00936006,"d":"0.009"},{"v":0.00167978,"d":"0.002"},{"v":2.49999995007974e-08,"d":"2.500E-08"},{"v":-1.5E-3,"d":"-0.002"},{"v":0.0011,"d":"0.001"},{"v":0.1511,"d":"0.151"}]
["FVC","TH_inferior temporal","rs7012637","A","G",0.4738,5.1217081991076e-05,421986,{"v":21.6138961276123,"d":"21.614"},{"v":-0.0101349,"d":"-0.010"},{"v":1.65698E-3,"d":"0.002"},{"v":9.59997274392481e-10,"d":"9.600E-10"},{"v":-0.0017,"d":"-0.002"},{"v":0.0009,"d":"0.001"},{"v":0.05323,"d":"0.053"}]
["FVC","TH_inferior temporal","rs7027103","C","G",0.203801,8.86508239714635e-05,421986,{"v":37.4125459557999,"d":"37.413"},{"v":-0.0165277,"d":"-0.017"},{"v":2.04156E-3,"d":"0.002"},{"v":5.70033002218961e-16,"d":"5.700E-16"},{"v":1.5E-3,"d":"0.002"},{"v":0.0011,"d":"0.001"},{"v":0.1597,"d":"0.160"}]
["FVC","TH_inferior temporal","rs7029491","G","C",0.334337,8.05373568236104e-05,421986,{"v":33.988213302717,"d":"33.988"},{"v":0.0134513,"d":"0.013"},{"v":0.0017552,"d":"0.002"},{"v":1.80011396041801E-14,"d":"1.800E-14"},{"v":2E-3,"d":"0.002"},{"v":1E-3,"d":"0.001"},{"v":0.03973,"d":"0.040"}]
["FVC","TH_inferior temporal","rs7105777","T","C",0.631869,5.44736156740329e-05,421986,{"v":22.9882464894954,"d":"22.988"},{"v":-0.0108209,"d":"-0.011"},{"v":1.70784E-3,"d":"0.002"},{"v":2.39999313805789e-10,"d":"2.400E-10"},{"v":0.0006,"d":"0.001"},{"v":1E-3,"d":"0.001"},{"v":0.4998,"d":"0.500"}]
["FVC","TH_inferior temporal","rs7176647","G","C",0.599761,7.33606114066136E-5,421986,{"v":30.9592754351831,"d":"30.959"},{"v":-0.0123614,"d":"-0.012"},{"v":1.69264E-3,"d":"0.002"},{"v":2.80027059501064E-13,"d":"2.800E-13"},{"v":-0.0003,"d":"-0.000"},{"v":0.0009,"d":"0.001"},0.722]
["FVC","TH_inferior temporal","rs723149","G","A",0.56266,1.00808207678773E-4,421986,{"v":42.5437394672429,"d":"42.544"},{"v":-0.014312,"d":"-0.014"},{"v":1.65522E-3,"d":"0.002"},{"v":5.30029448835795e-18,"d":"5.300E-18"},{"v":0.0009,"d":"0.001"},{"v":0.0009,"d":"0.001"},{"v":0.3659,"d":"0.366"}]
["FVC","TH_inferior temporal","rs723588","C","T",0.142475,9.20476745432426e-05,421986,{"v":38.8462215988187,"d":"38.846"},{"v":0.0194088,"d":"0.019"},{"v":0.00234291,"d":"0.002"},{"v":1.20005182020427e-16,"d":"1.200E-16"},{"v":-1E-4,"d":"-0.000"},{"v":0.0012,"d":"0.001"},{"v":0.9199,"d":"0.920"}]
["FVC","TH_inferior temporal","rs72643433","A","G",0.252489,0.000148056194374593,421986,{"v":62.4865966546683,"d":"62.487"},{"v":-0.0198047,"d":"-0.020"},{"v":1.89404E-3,"d":"0.002"},{"v":1.39990962656834e-25,"d":"1.400E-25"},{"v":0.0012,"d":"0.001"},{"v":1E-3,"d":"0.001"},{"v":0.2136,"d":"0.214"}]
["FVC","TH_inferior temporal","rs72656010","C","T",0.132118,{"$f":"2*F3845*(1-F3845)*J3845*J3845","v":0.00021908575780461},421986,{"$f":"G3845/(1-G3845)*(H3845-2)","v":{"v":92.4709434881494,"d":"92.471"}},{"v":-0.0309087,"d":"-0.031"},{"v":0.00243307,"d":"0.002"},{"v":5.60015438761553e-37,"d":"5.600E-37"},{"v":0.0034,"d":"0.003"},{"v":0.0013,"d":"0.001"},{"v":0.009872,"d":"0.010"}]
["FVC","TH_inferior temporal","rs72665944","A","G",0.07632,6.84337196213313e-05,421986,{"v":28.8799111004268,"d":"28.880"},{"v":-0.0220313,"d":"-0.022"},{"v":0.00313425,"d":"0.003"},{"v":2.09990670376243E-12,"d":"2.100E-12"},{"v":0.0008,"d":"0.001"},{"v":1.8E-3,"d":"0.002"},0.661]
["FVC","TH_inferior temporal","rs72673891","G","A",0.067566,0.000133496624932514,421986,{"v":56.3409611036748,"d":"56.341"},{"v":0.0325497,"d":"0.033"},{"v":0.00328044,"d":"0.003"},{"v":3.29989407910835e-23,"d":"3.300E-23"},{"v":-0.0006,"d":"-0.001"},{"v":1.8E-3,"d":"0.002"},{"v":0.7427,"d":"0.743"}]
["FVC","TH_inferior temporal","rs72904209","C","T",0.13427,5.22341047259158E-5,421986,{"v":22.0431078506648,"d":"22.043"},{"v":-0.0149893,"d":"-0.015"},{"v":0.00240925,"d":"0.002"},{"v":4.90004422793237e-10,"d":"4.900E-10"},{"v":0.0007,"d":"0.001"},{"v":0.0013,"d":"0.001"},{"v":0.6088,"d":"0.609"}]
["FVC","TH_inferior temporal","rs72976986","A","G",0.190197,7.62541928442309e-05,421986,{"v":32.1805032114777,"d":"32.181"},{"v":0.0157335,"d":"0.016"},{"v":2.11371E-3,"d":"0.002"},{"v":9.79941161095592e-14,"d":"9.799E-14"},{"v":0.0009,"d":"0.001"},{"v":0.0013,"d":"0.001"},{"v":0.4965,"d":"0.497"}]
["FVC","TH_inferior temporal","rs73125628","T","C",0.27862,4.67726131185683e-05,421986,{"v":19.7382175822406,"d":"19.738"},{"v":-0.0107868,"d":"-0.011"},{"v":0.00183637,"d":"0.002"},{"v":4.30001529151271e-09,"d":"4.300E-09"},{"v":0.0011,"d":"0.001"},{"v":1E-3,"d":"0.001"},{"v":0.2375,"d":"0.238"}]
["FVC","TH_inferior temporal","rs735830","A","G",0.208865,8.73933030413467e-05,421986,{"v":36.88179881282,"d":"36.882"},{"v":-0.0162617,"d":"-0.016"},{"v":2.02148E-3,"d":"0.002"},{"v":8.69961433065269e-16,"d":"8.700E-16"},{"v":-0.0008,"d":"-0.001"},{"v":0.0011,"d":"0.001"},{"v":0.4742,"d":"0.474"}]
["FVC","TH_inferior temporal","rs7359156","G","A",0.209384,6.226472042639e-05,421986,{"v":26.276351874113,"d":"26.276"},{"v":-0.0137136,"d":"-0.014"},{"v":2.02651E-3,"d":"0.002"},{"v":1.2998702373886e-11,"d":"1.300E-11"},{"v":-0.0011,"d":"-0.001"},{"v":0.0011,"d":"0.001"},{"v":0.3505,"d":"0.351"}]
["FVC","TH_inferior temporal","rs73923824","A","C",0.187487,4.35755617595365E-5,421986,{"v":18.3889911641564,"d":"18.389"},{"v":0.0119593,"d":"0.012"},{"v":0.00213172,"d":"0.002"},{"v":2.0000000199681E-8,"d":"2.000E-08"},{"v":0.0004,"d":"0.000"},{"v":0.0012,"d":"0.001"},{"v":0.7592,"d":"0.759"}]
["FVC","TH_inferior temporal","rs74483355","T","C",0.112455,7.62296333510282e-05,421986,{"v":32.1701379178186,"d":"32.170"},{"v":-0.0195417,"d":"-0.020"},{"v":0.00260367,"d":"0.003"},{"v":6.09958095872238E-14,"d":"6.100E-14"},{"v":0.0002,"d":"0.000"},{"v":1.5E-3,"d":"0.002"},0.876]
["FVC","TH_inferior temporal","rs74767794","G","A",0.316352,5.88798117763144e-05,421986,{"v":24.8478015264932,"d":"24.848"},{"v":0.0116672,"d":"0.012"},{"v":1.77224E-3,"d":"0.002"},{"v":4.60044666393479e-11,"d":"4.600E-11"},{"v":-0.0007,"d":"-0.001"},{"v":1E-3,"d":"0.001"},{"v":0.4819,"d":"0.482"}]
["FVC","TH_inferior temporal","rs75201573","C","T",0.228688,9.06302057649333e-05,421986,{"v":38.2479631702818,"d":"38.248"},{"v":0.0160282,"d":"0.016"},{"v":0.00196373,"d":"0.002"},{"v":3.29989407910835e-16,"d":"3.300E-16"},{"v":-0.0021,"d":"-0.002"},{"v":0.0011,"d":"0.001"},{"v":0.06469,"d":"0.065"}]
["FVC","TH_inferior temporal","rs7535275","G","A",0.130968,4.20369815446355e-05,421986,{"v":17.7396793427046,"d":"17.740"},{"v":0.0135894,"d":"0.014"},{"v":0.00243438,"d":"0.002"},{"v":2.39999313805789e-08,"d":"2.400E-08"},{"v":-1.9E-3,"d":"-0.002"},{"v":1.4E-3,"d":"0.001"},0.184]
["FVC","TH_inferior temporal","rs75421844","C","T",0.083714,1.12955137403472E-4,421986,{"v":47.6706453463618,"d":"47.671"},{"v":0.0271346,"d":"0.027"},{"v":0.00297229,"d":"0.003"},{"v":6.9008088854845e-20,"d":"6.901E-20"},{"v":-0.0011,"d":"-0.001"},{"v":0.0016,"d":"0.002"},{"v":0.5106,"d":"0.511"}]
["FVC","TH_inferior temporal","rs7562385","T","C",0.895666,8.01368217716201e-05,421986,{"v":33.8191667590144,"d":"33.819"},{"v":0.0207069,"d":"0.021"},{"v":0.00267966,"d":"0.003"},{"v":1.10001852750622E-14,"d":"1.100E-14"},{"v":-2.3E-3,"d":"-0.002"},{"v":1.4E-3,"d":"0.001"},{"v":0.1078,"d":"0.108"}]
["FVC","TH_inferior temporal","rs76084836","T","C",0.018081,4.09846726246564e-05,421986,{"v":17.2955849467299,"d":"17.296"},{"v":-0.033974,"d":"-0.034"},{"v":0.00617832,"d":"0.006"},{"v":3.79996853036855e-08,"d":"3.800E-08"},{"v":0.0062,"d":"0.006"},{"v":0.0031,"d":"0.003"},{"v":0.04769,"d":"0.048"}]
["FVC","TH_inferior temporal","rs76219171","A","G",0.06075,4.25319300147614E-5,421986,{"v":17.9485573421338,"d":"17.949"},{"v":-0.0193054,"d":"-0.019"},{"v":0.00348454,"d":"0.003"},{"v":2.99999133271615e-08,"d":"3.000E-08"},{"v":2.3E-3,"d":"0.002"},{"v":1.9E-3,"d":"0.002"},{"v":0.2194,"d":"0.219"}]
["FVC","TH_inferior temporal","rs7632","C","T",0.512981,5.4113204167767e-05,421986,{"v":22.83614208435,"d":"22.836"},{"v":-0.0104067,"d":"-0.010"},{"v":1.6401E-3,"d":"0.002"},{"v":2.19998641983517E-10,"d":"2.200E-10"},{"v":0.0009,"d":"0.001"},{"v":0.0009,"d":"0.001"},{"v":0.3339,"d":"0.334"}]
["FVC","TH_inferior temporal","rs7638143","A","G",0.582086,9.48743100324213e-05,421986,{"v":40.0392395399469,"d":"40.039"},{"v":-0.0139644,"d":"-0.014"},{"v":0.00166448,"d":"0.002"},{"v":4.90004422793237e-17,"d":"4.900E-17"},{"v":-0.0004,"d":"-0.000"},{"v":0.0009,"d":"0.001"},{"v":0.6703,"d":"0.670"}]
["FVC","TH_inferior temporal","rs76563195","G","C",0.242852,7.42387384341555e-05,421986,{"v":31.3298856905876,"d":"31.330"},{"v":-0.0142082,"d":"-0.014"},{"v":0.00192116,"d":"0.002"},{"v":1.39990962656834E-13,"d":"1.400E-13"},{"v":0.0002,"d":"0.000"},{"v":1E-3,"d":"0.001"},{"v":0.8396,"d":"0.840"}]
["FVC","TH_inferior temporal","rs76660472","C","G",0.078285,4.38444807224659e-05,421986,{"v":18.5024805848424,"d":"18.502"},{"v":-0.0174303,"d":"-0.017"},{"v":3.06179E-3,"d":"0.003"},{"v":1.19999655704812E-8,"d":"1.200E-08"},{"v":2E-3,"d":"0.002"},{"v":2E-3,"d":"0.002"},{"v":0.3214,"d":"0.321"}]
["FVC","TH_inferior temporal","rs76785101","T","C",0.059317,5.46511867782918e-05,421986,{"v":23.0631868319819,"d":"23.063"},{"v":-0.0221296,"d":"-0.022"},{"v":0.00349654,"d":"0.003"},{"v":2.49999995007974e-10,"d":"2.500E-10"},{"v":0.0012,"d":"0.001"},{"v":0.0021,"d":"0.002"},{"v":0.5546,"d":"0.555"}]
["FVC","TH_inferior temporal","rs77328429","A","G",0.114012,7.18203724361584e-05,421986,{"v":30.3092248619177,"d":"30.309"},{"v":0.0188547,"d":"0.019"},{"v":2.57478E-3,"d":"0.003"},{"v":2.39993787680988E-13,"d":"2.400E-13"},{"v":-0.0006,"d":"-0.001"},{"v":1.5E-3,"d":"0.002"},{"v":0.6809,"d":"0.681"}]
["FVC","TH_inferior temporal","rs7815955","T","A",0.203201,0.000185082637412545,421986,{"v":78.1163696496151,"d":"78.116"},{"v":-0.0239073,"d":"-0.024"},{"v":0.00204165,"d":"0.002"},{"v":1.10001852750622E-31,"d":"1.100E-31"},{"v":1E-4,"d":"0.000"},{"v":0.0011,"d":"0.001"},{"v":0.95,"d":"0.950"}]
["FVC","TH_inferior temporal","rs78378222","G","T",0.01219,8.67015760390024e-05,421986,{"v":36.5898502609271,"d":"36.590"},{"v":0.0600012,"d":"0.060"},{"v":0.00764883,"d":"0.008"},{"v":4.30031233630544e-15,"d":"4.300E-15"},{"v":-0.0031,"d":"-0.003"},0.004,{"v":0.4349,"d":"0.435"}]
["FVC","TH_inferior temporal","rs784808","C","T",0.556276,4.96315619241602e-05,421986,{"v":20.9447645483835,"d":"20.945"},{"v":0.0100268,"d":"0.010"},{"v":0.00165571,"d":"0.002"},{"v":1.40000633223953e-09,"d":"1.400E-09"},{"v":-0.0013,"d":"-0.001"},{"v":0.0009,"d":"0.001"},{"v":0.1394,"d":"0.139"}]
["FVC","TH_inferior temporal","rs7852321","C","T",0.282452,4.30265125876653e-05,421986,{"v":18.1572811322785,"d":"18.157"},{"v":0.0103028,"d":"0.010"},{"v":0.00182407,"d":"0.002"},{"v":1.60000006389793e-08,"d":"1.600E-08"},{"v":-0.0003,"d":"-0.000"},{"v":1E-3,"d":"0.001"},{"v":0.7589,"d":"0.759"}]
["FVC","TH_inferior temporal","rs7854962","G","C",0.212959,0.000107130376641358,421986,{"v":45.2121484511193,"d":"45.212"},{"v":-0.017877,"d":"-0.018"},{"v":0.00202336,"d":"0.002"},{"v":1e-18,"d":"1.000E-18"},{"v":-0.0003,"d":"-0.000"},{"v":0.0011,"d":"0.001"},{"v":0.7677,"d":"0.768"}]
["FVC","TH_inferior temporal","rs78579285","T","C",0.181123,6.4453529126848e-05,421986,{"v":27.2001111782219,"d":"27.200"},{"v":-0.0147405,"d":"-0.015"},{"v":2.13123E-3,"d":"0.002"},{"v":4.60044666393479e-12,"d":"4.600E-12"},{"v":-1E-4,"d":"-0.000"},{"v":0.0013,"d":"0.001"},{"v":0.95,"d":"0.950"}]
["FVC","TH_inferior temporal","rs7907533","A","C",0.548538,4.83691782861995e-05,421986,{"v":20.412006641912,"d":"20.412"},{"v":0.00988224,"d":"0.010"},{"v":1.6501E-3,"d":"0.002"},{"v":2.10000341026661e-09,"d":"2.100E-09"},{"v":0.0004,"d":"0.000"},{"v":0.0009,"d":"0.001"},{"v":0.6672,"d":"0.667"}]
["FVC","TH_inferior temporal","rs7916879","A","G",0.369335,5.50397326342143e-05,421986,{"v":23.2271649528651,"d":"23.227"},{"v":-0.0108696,"d":"-0.011"},{"v":0.00170511,"d":"0.002"},{"v":1.79998961724559E-10,"d":"1.800E-10"},{"v":-0.0017,"d":"-0.002"},{"v":0.0009,"d":"0.001"},{"v":0.05824,"d":"0.058"}]
["FVC","TH_inferior temporal","rs7956181","C","T",0.096091,5.09982113445097e-05,421986,{"v":21.5215267753725,"d":"21.522"},{"v":0.017134,"d":"0.017"},{"v":0.00278289,"d":"0.003"},{"v":7.39997069733888e-10,"d":"7.400E-10"},{"v":0.0002,"d":"0.000"},{"v":1.5E-3,"d":"0.002"},{"v":0.9099,"d":"0.910"}]
["FVC","TH_inferior temporal","rs7968682","T","G",0.517742,3.03039861974058E-4,421986,{"v":127.916736985581,"d":"127.917"},{"v":-0.0246342,"d":"-0.025"},{"v":0.00164702,"d":"0.002"},{"v":1.39990962656833e-50,"d":"1.400E-50"},{"v":-1.4E-3,"d":"-0.001"},{"v":0.0009,"d":"0.001"},{"v":0.1058,"d":"0.106"}]
["FVC","TH_inferior temporal","rs7980065","G","T",0.43574,5.54419493567618e-05,421986,{"v":23.3969127278143,"d":"23.397"},{"v":-0.0106182,"d":"-0.011"},{"v":0.00165768,"d":"0.002"},{"v":1.49999565138204e-10,"d":"1.500E-10"},{"v":0.0011,"d":"0.001"},{"v":0.0009,"d":"0.001"},{"v":0.2175,"d":"0.218"}]
["FVC","TH_inferior temporal","rs798551","T","A",0.288946,1.15599305409715E-4,421986,{"v":48.7866970023,"d":"48.787"},{"v":-0.0167727,"d":"-0.017"},{"v":1.82292E-3,"d":"0.002"},{"v":3.50025754158434e-20,"d":"3.500E-20"},{"v":0.0013,"d":"0.001"},{"v":1E-3,"d":"0.001"},{"v":0.1809,"d":"0.181"}]
["FVC","TH_inferior temporal","rs8001781","G","A",0.661562,6.29580521693592e-05,421986,{"v":26.5689634168198,"d":"26.569"},{"v":-0.0118573,"d":"-0.012"},{"v":0.00173947,"d":"0.002"},{"v":9.30036514753962e-12,"d":"9.300E-12"},{"v":0.0016,"d":"0.002"},{"v":1E-3,"d":"0.001"},{"v":0.08862,"d":"0.089"}]
["FVC","TH_inferior temporal","rs8033776","G","A",0.4683,5.94227014072185e-05,421986,{"v":25.0769193689156,"d":"25.077"},{"v":0.0109236,"d":"0.011"},{"v":0.00164896,"d":"0.002"},{"v":3.50025754158434E-11,"d":"3.500E-11"},{"v":1E-4,"d":"0.000"},{"v":0.0009,"d":"0.001"},{"v":0.8987,"d":"0.899"}]
["FVC","TH_inferior temporal","rs803765","A","C",0.346274,8.21205506694664e-05,421986,{"v":34.6564044567223,"d":"34.656"},{"v":-0.013468,"d":"-0.013"},{"v":0.00172756,"d":"0.002"},{"v":6.40029512108372e-15,"d":"6.400E-15"},{"v":1E-4,"d":"0.000"},{"v":1E-3,"d":"0.001"},{"v":0.8875,"d":"0.888"}]
["FVC","TH_inferior temporal","rs8064926","G","A",0.208126,4.77122952933865e-05,421986,{"v":20.1347858939346,"d":"20.135"},{"v":-0.0120312,"d":"-0.012"},{"v":2.02461E-3,"d":"0.002"},{"v":2.80001269243454e-09,"d":"2.800E-09"},{"v":1E-3,"d":"0.001"},{"v":1.4E-3,"d":"0.001"},{"v":0.4837,"d":"0.484"}]
["FVC","TH_inferior temporal","rs8107719","C","T",0.664833,7.58586602607119e-05,421986,{"v":32.0135693979409,"d":"32.014"},{"v":-0.0130467,"d":"-0.013"},{"v":1.74248E-3,"d":"0.002"},{"v":7.00003159130898e-14,"d":"7.000E-14"},{"v":0.0004,"d":"0.000"},{"v":1E-3,"d":"0.001"},{"v":0.6934,"d":"0.693"}]
["FVC","TH_inferior temporal","rs848606","T","G",0.32697,8.21126628425655e-05,421986,{"v":34.6530753732518,"d":"34.653"},{"v":-0.013659,"d":"-0.014"},{"v":1.75059E-3,"d":"0.002"},{"v":6.09958095872238E-15,"d":"6.100E-15"},{"v":0.0011,"d":"0.001"},{"v":1E-3,"d":"0.001"},{"v":0.2687,"d":"0.269"}]
["FVC","TH_inferior temporal","rs876531","T","C",0.455993,0.00016778615350299,421986,{"v":70.8149539685426,"d":"70.815"},{"v":-0.01839,"d":"-0.018"},{"v":1.65098E-3,"d":"0.002"},{"v":8.10027941680351e-29,"d":"8.100E-29"},{"v":0,"d":"0.000"},{"v":0.0009,"d":"0.001"},{"v":0.9578,"d":"0.958"}]
["FVC","TH_inferior temporal","rs879098","G","A",0.39884,4.84147877011915e-05,421986,{"v":20.4312549481704,"d":"20.431"},{"v":-0.010048,"d":"-0.010"},{"v":0.00167973,"d":"0.002"},{"v":2.19998641983517e-09,"d":"2.200E-09"},{"v":-0.0008,"d":"-0.001"},{"v":0.0009,"d":"0.001"},{"v":0.3976,"d":"0.398"}]
["FVC","TH_inferior temporal","rs880610","A","G",0.166836,6.48118450622442e-05,421986,{"v":27.3513343171881,"d":"27.351"},{"v":-0.0152687,"d":"-0.015"},{"v":0.00220268,"d":"0.002"},{"v":4.19952334664066e-12,"d":"4.200E-12"},{"v":0.0032,"d":"0.003"},{"v":0.0012,"d":"0.001"},{"v":0.008929,"d":"0.009"}]
["FVC","TH_inferior temporal","rs889312","A","C",0.715882,4.72154158687289E-5,421986,{"v":19.9250908213991,"d":"19.925"},{"v":0.0107735,"d":"0.011"},{"v":1.82098E-3,"d":"0.002"},{"v":3.29997006285228E-9,"d":"3.300E-09"},{"v":0.0021,"d":"0.002"},{"v":1E-3,"d":"0.001"},{"v":0.02691,"d":"0.027"}]
["FVC","TH_inferior temporal","rs9379084","A","G",0.115664,0.000129470287613295,421986,{"v":54.6414642943066,"d":"54.641"},{"v":-0.0251572,"d":"-0.025"},{"v":0.00264155,"d":"0.003"},{"v":1.69980851320349e-21,"d":"1.700E-21"},{"v":0.0011,"d":"0.001"},{"v":1.5E-3,"d":"0.002"},0.489]
["FVC","TH_inferior temporal","rs9391253","T","A",0.32,6.0449439875072e-05,421986,{"v":25.5102385158717,"d":"25.510"},{"v":0.0117856,"d":"0.012"},{"v":1.75829E-3,"d":"0.002"},{"v":1.99986186963274e-11,"d":"2.000E-11"},{"v":-0.0006,"d":"-0.001"},{"v":1E-3,"d":"0.001"},{"v":0.4995,"d":"0.500"}]
["FVC","TH_inferior temporal","rs9398932","A","G",0.14842,1.1392182933213E-4,421986,{"v":48.0786664385222,"d":"48.079"},{"v":-0.021229,"d":"-0.021"},{"v":0.00234405,"d":"0.002"},{"v":1.29987023738861e-19,"d":"1.300E-19"},{"v":0.0005,"d":"0.001"},{"v":0.0013,"d":"0.001"},0.707]
["FVC","TH_inferior temporal","rs9435731","A","C",0.519025,0.000279641425275139,421986,{"v":118.037215298426,"d":"118.037"},{"v":0.0236663,"d":"0.024"},{"v":0.0016398,"d":"0.002"},{"v":3.19963176731834e-47,"d":"3.200E-47"},{"v":0.0016,"d":"0.002"},{"v":0.0009,"d":"0.001"},{"v":0.06556,"d":"0.066"}]
["FVC","TH_inferior temporal","rs9442580","T","C",0.12853,4.44591308513243e-05,421986,{"v":18.7618760098657,"d":"18.762"},{"v":0.0140876,"d":"0.014"},{"v":2.44925E-3,"d":"0.002"},{"v":8.79994585505891e-09,"d":"8.800E-09"},{"v":-0.0012,"d":"-0.001"},{"v":1.4E-3,"d":"0.001"},{"v":0.3917,"d":"0.392"}]
["FVC","TH_inferior temporal","rs9480936","T","G",0.408304,1.03662454297679E-4,421986,{"v":43.7484321842036,"d":"43.748"},{"v":-0.0146472,"d":"-0.015"},{"v":0.00167142,"d":"0.002"},{"v":1.90020300257723e-18,"d":"1.900E-18"},{"v":0.0006,"d":"0.001"},{"v":0.0009,"d":"0.001"},{"v":0.4883,"d":"0.488"}]
["FVC","TH_inferior temporal","rs9483032","A","G",0.719323,7.07554001577734e-05,421986,{"v":29.8597595194113,"d":"29.860"},{"v":0.0132373,"d":"0.013"},{"v":0.00182813,"d":"0.002"},{"v":4.49987033872151e-13,"d":"4.500E-13"},{"v":0.0006,"d":"0.001"},{"v":1E-3,"d":"0.001"},{"v":0.5664,"d":"0.566"}]
["FVC","TH_inferior temporal","rs9494331","A","G",0.32104,8.94187389476238e-05,421986,{"v":37.7366514998633,"d":"37.737"},{"v":-0.0143218,"d":"-0.014"},{"v":0.00175835,"d":"0.002"},{"v":3.80014352941586e-16,"d":"3.800E-16"},{"v":0.0008,"d":"0.001"},{"v":1E-3,"d":"0.001"},{"v":0.4283,"d":"0.428"}]
["FVC","TH_inferior temporal","rs9701805","C","G",0.089685,5.95486339721067e-05,421986,{"v":25.13006721926,"d":"25.130"},{"v":0.019097,"d":"0.019"},{"v":0.00286501,"d":"0.003"},{"v":2.60015956316527E-11,"d":"2.600E-11"},{"v":-2E-3,"d":"-0.002"},{"v":1.5E-3,"d":"0.002"},{"v":0.1959,"d":"0.196"}]
["FVC","TH_inferior temporal","rs9745989","C","T",0.62791,5.40942994332712e-05,421986,{"v":22.8281637255736,"d":"22.828"},{"v":0.0107594,"d":"0.011"},{"v":0.00174129,"d":"0.002"},{"v":6.49994976198144e-10,"d":"6.500E-10"},{"v":1E-4,"d":"0.000"},{"v":1E-3,"d":"0.001"},{"v":0.9536,"d":"0.954"}]
["FVC","TH_inferior temporal","rs9821691","T","G",0.428996,7.88619757754557e-05,421986,{"v":33.281116600241,"d":"33.281"},{"v":-0.0126874,"d":"-0.013"},{"v":0.00167142,"d":"0.002"},{"v":3.19963176731835E-14,"d":"3.200E-14"},{"v":1E-3,"d":"0.001"},{"v":0.0009,"d":"0.001"},{"v":0.2407,"d":"0.241"}]
["FVC","TH_inferior temporal","rs985296","A","G",0.385446,5.76959713698934e-05,421986,{"v":24.3481815745401,"d":"24.348"},{"v":-0.0110356,"d":"-0.011"},{"v":0.00168371,"d":"0.002"},{"v":5.60015438761557e-11,"d":"5.600E-11"},{"v":0.0006,"d":"0.001"},{"v":0.0009,"d":"0.001"},{"v":0.5279,"d":"0.528"}]
["FVC","TH_inferior temporal","rs9886260","A","G",0.722783,8.92230221998129e-05,421986,{"v":37.6540474078736,"d":"37.654"},{"v":-0.0149214,"d":"-0.015"},{"v":0.00183802,"d":"0.002"},{"v":4.70002318179801e-16,"d":"4.700E-16"},{"v":0.0006,"d":"0.001"},{"v":1E-3,"d":"0.001"},{"v":0.5647,"d":"0.565"}]
["FVC","TH_inferior temporal","rs9988963","G","C",0.737251,7.08865325024603e-05,421986,{"v":29.9151031094471,"d":"29.915"},{"v":0.0135266,"d":"0.014"},{"v":1.86634E-3,"d":"0.002"},{"v":4.19952334664066e-13,"d":"4.200E-13"},{"v":0.0002,"d":"0.000"},{"v":1E-3,"d":"0.001"},{"v":0.8037,"d":"0.804"}]
["FEV1/FVC","TH_temporal pole","rs10059996","G","T",0.645,0.000567418368,321047,{"v":182.270253444304,"d":"182.270"},{"v":0.0352,"d":"0.035"},{"v":0.0026,"d":"0.003"},{"v":1.53003018914347e-42,"d":"1.530E-42"},{"v":0.0042,"d":"0.004"},{"v":0.0024,"d":"0.002"},{"v":0.08471,"d":"0.085"}]
["FEV1/FVC","TH_temporal pole","rs10172023","G","C",0.334,9.483232608E-5,321047,{"v":30.4483316124657,"d":"30.448"},{"v":0.0146,"d":"0.015"},{"v":0.0025,"d":"0.003"},{"v":7.46002014086309e-09,"d":"7.460E-09"},{"v":-2E-3,"d":"-0.002"},{"v":0.0022,"d":"0.002"},{"v":0.3702,"d":"0.370"}]
["FEV1/FVC","TH_temporal pole","rs10400826","A","G",0.189,0.00011300954112,321047,{"v":36.2852487081763,"d":"36.285"},{"v":-0.0192,"d":"-0.019"},0.003,{"v":1.91999456795429e-10,"d":"1.920E-10"},{"v":0.0044,"d":"0.004"},{"v":0.0026,"d":"0.003"},{"v":0.09327,"d":"0.093"}]
["FEV1/FVC","TH_temporal pole","rs10460533","A","G",0.285,0.0001814453355,321047,{"v":58.2626892287918,"d":"58.263"},{"v":0.0211,"d":"0.021"},{"v":0.0026,"d":"0.003"},{"v":5.93061866400718e-16,"d":"5.931E-16"},{"v":-0.0013,"d":"-0.001"},{"v":2.3E-3,"d":"0.002"},{"v":0.5578,"d":"0.558"}]
["FEV1/FVC","TH_temporal pole","rs1050785","A","C",0.602,0.00015872755808,321047,{"v":50.9667787161224,"d":"50.967"},{"v":-0.0182,"d":"-0.018"},{"v":0.0025,"d":"0.003"},{"v":2.99985318119079e-13,"d":"3.000E-13"},{"v":-0.0022,"d":"-0.002"},{"v":0.0024,"d":"0.002"},{"v":0.3514,"d":"0.351"}]
["FEV1/FVC","TH_temporal pole","rs10508468","C","T",0.379,{"$f":"2*F3909*(1-F3909)*J3909*J3909","v":0.00010591155},321047,{"$f":"G3909/(1-G3909)*(H3909-2)","v":{"v":34.0059751952922,"d":"34.006"}},-0.015,{"v":0.0024,"d":"0.002"},{"v":8.70001497192316E-10,"d":"8.700E-10"},{"v":0.0012,"d":"0.001"},{"v":0.0022,"d":"0.002"},{"v":0.5954,"d":"0.595"}]
["FEV1/FVC","TH_temporal pole","rs1054085","C","T",0.624,1.12736832E-4,321047,{"v":36.1976770408753,"d":"36.198"},{"v":0.0155,"d":"0.016"},{"v":0.0025,"d":"0.003"},{"v":2.95998833804091e-10,"d":"2.960E-10"},{"v":0.0022,"d":"0.002"},{"v":0.0022,"d":"0.002"},{"v":0.3114,"d":"0.311"}]
["FEV1/FVC","TH_temporal pole","rs10748849","T","C",0.393,0.00015116499768,321047,{"v":48.5381039425455,"d":"48.538"},{"v":0.0178,"d":"0.018"},{"v":0.0024,"d":"0.002"},{"v":2.88004981744286e-13,"d":"2.880E-13"},{"v":0.0017,"d":"0.002"},{"v":0.0021,"d":"0.002"},{"v":0.4356,"d":"0.436"}]
["FEV1/FVC","TH_temporal pole","rs10775456","G","A",0.681,8.637857118e-05,321047,{"v":27.7338039908452,"d":"27.734"},{"v":-0.0141,"d":"-0.014"},{"v":0.0026,"d":"0.003"},{"v":4.18996118727866e-08,"d":"4.190E-08"},{"v":-1E-4,"d":"-0.000"},{"v":2.3E-3,"d":"0.002"},{"v":0.9585,"d":"0.959"}]
["FEV1/FVC","TH_temporal pole","rs10831984","G","A",0.454,0.00027146272608,321047,{"v":87.1754157703658,"d":"87.175"},{"v":0.0234,"d":"0.023"},{"v":0.0024,"d":"0.002"},{"v":7.24936555587396e-23,"d":"7.249E-23"},{"v":-1E-4,"d":"-0.000"},{"v":0.0021,"d":"0.002"},{"v":0.9645,"d":"0.965"}]
["FEV1/FVC","TH_temporal pole","rs10836366","C","T",0.251,1.3716783038E-4,321047,{"v":44.0430873990889,"d":"44.043"},{"v":-0.0191,"d":"-0.019"},{"v":0.0027,"d":"0.003"},{"v":2.33023649672246E-12,"d":"2.330E-12"},{"v":0.0041,"d":"0.004"},{"v":0.0024,"d":"0.002"},{"v":0.08122,"d":"0.081"}]
["FEV1/FVC","TH_temporal pole","rs10851744","T","C",0.867,8.950209198e-05,321047,{"v":28.7367711208512,"d":"28.737"},{"v":-0.0197,"d":"-0.020"},{"v":0.0035,"d":"0.004"},{"v":1.45000667005009E-8,"d":"1.450E-08"},{"v":0.0037,"d":"0.004"},{"v":0.0031,"d":"0.003"},{"v":0.2306,"d":"0.231"}]
["FEV1/FVC","TH_temporal pole","rs10904220","G","A",0.659,8.8089848e-05,321047,{"v":28.2832967224692,"d":"28.283"},-0.014,{"v":0.0025,"d":"0.003"},{"v":2.18997925035306e-08,"d":"2.190E-08"},{"v":1.5E-3,"d":"0.002"},{"v":0.0022,"d":"0.002"},0.494]
["FEV1/FVC","TH_temporal pole","rs10983184","T","C",0.64,0.000343429632,321047,{"v":110.294244517246,"d":"110.294"},{"v":0.0273,"d":"0.027"},{"v":0.0025,"d":"0.003"},{"v":9.04898774394417e-28,"d":"9.049E-28"},{"v":0.0002,"d":"0.000"},{"v":0.0022,"d":"0.002"},{"v":0.9206,"d":"0.921"}]
["FEV1/FVC","TH_temporal pole","rs10987386","T","C",0.187,2.0396783022E-4,321047,{"v":65.4962111730605,"d":"65.496"},{"v":-0.0259,"d":"-0.026"},{"v":0.0031,"d":"0.003"},{"v":4.51024361117193e-17,"d":"4.510E-17"},{"v":-0.0024,"d":"-0.002"},{"v":0.0026,"d":"0.003"},{"v":0.3723,"d":"0.372"}]
["FEV1/FVC","TH_temporal pole","rs11000805","C","G",0.187,0.00015120699198,321047,{"v":48.551590080111,"d":"48.552"},{"v":-0.0223,"d":"-0.022"},{"v":0.0031,"d":"0.003"},{"v":5.37031796370253e-13,"d":"5.370E-13"},{"v":-0.0007,"d":"-0.001"},{"v":0.0027,"d":"0.003"},{"v":0.7846,"d":"0.785"}]
["FEV1/FVC","TH_temporal pole","rs11042775","A","G",0.356,9.6405512e-05,321047,{"v":30.9534916872543,"d":"30.953"},{"v":0.0145,"d":"0.015"},{"v":0.0025,"d":"0.003"},{"v":5.58997672992753e-09,"d":"5.590E-09"},0.003,{"v":0.0022,"d":"0.002"},0.189]
["FEV1/FVC","TH_temporal pole","rs11067615","G","T",0.513,0.00013113129528,321047,{"v":42.1045679196961,"d":"42.105"},{"v":0.0162,"d":"0.016"},{"v":0.0024,"d":"0.002"},{"v":1.15000571869924E-11,"d":"1.150E-11"},{"v":2E-3,"d":"0.002"},{"v":0.0021,"d":"0.002"},{"v":0.3309,"d":"0.331"}]
["FEV1/FVC","TH_temporal pole","rs11098196","T","G",0.508,1.9203082752E-4,321047,{"v":61.6623780986515,"d":"61.662"},{"v":-0.0196,"d":"-0.020"},{"v":0.0024,"d":"0.002"},{"v":2.41991437833922e-16,"d":"2.420E-16"},{"v":-0.0016,"d":"-0.002"},{"v":0.0021,"d":"0.002"},{"v":0.4524,"d":"0.452"}]
["FEV1/FVC","TH_temporal pole","rs111231071","T","C",0.0717,0.0001566122546478,321047,{"v":50.2874569254125,"d":"50.287"},{"v":0.0343,"d":"0.034"},{"v":0.0046,"d":"0.005"},{"v":1.23993808595095e-13,"d":"1.240E-13"},{"v":-0.0008,"d":"-0.001"},{"v":0.0041,"d":"0.004"},{"v":0.8471,"d":"0.847"}]
["FEV1/FVC","TH_temporal pole","rs111628829","A","G",0.0438,9.400316142e-05,321047,{"v":30.182082169226,"d":"30.182"},{"v":0.0335,"d":"0.034"},{"v":0.0058,"d":"0.006"},{"v":7.69998714277137e-09,"d":"7.700E-09"},{"v":0.0081,"d":"0.008"},{"v":0.0057,"d":"0.006"},{"v":0.1583,"d":"0.158"}]
["FEV1/FVC","TH_temporal pole","rs11172113","C","T",0.411,2.4948177582E-4,321047,{"v":80.1148639166514,"d":"80.115"},{"v":0.0227,"d":"0.023"},{"v":0.0024,"d":"0.002"},{"v":7.04044321469975e-21,"d":"7.040E-21"},{"v":-0.0009,"d":"-0.001"},{"v":0.0022,"d":"0.002"},{"v":0.6829,"d":"0.683"}]
["FEV1/FVC","TH_temporal pole","rs11200633","T","C",0.216,0.00012485394432,321047,{"v":40.0887397915002,"d":"40.089"},{"v":-0.0192,"d":"-0.019"},{"v":0.0029,"d":"0.003"},{"v":3.94003427644745e-11,"d":"3.940E-11"},{"v":0.0007,"d":"0.001"},{"v":0.0025,"d":"0.003"},{"v":0.7776,"d":"0.778"}]
["FEV1/FVC","TH_temporal pole","rs112009052","A","T",0.014,0.000564555992,321047,{"v":181.350260828041,"d":"181.350"},0.143,{"v":0.0104,"d":"0.010"},{"v":3.82032226884408e-43,"d":"3.820E-43"},{"v":-0.0091,"d":"-0.009"},{"v":0.0095,"d":"0.010"},0.339]
["FEV1/FVC","TH_temporal pole","rs11234768","C","T",0.154,2.3922487512E-4,321047,{"v":76.8203273661212,"d":"76.820"},{"v":-0.0303,"d":"-0.030"},{"v":3.3E-3,"d":"0.003"},{"v":5.06990708274702e-20,"d":"5.070E-20"},{"v":0.0004,"d":"0.000"},{"v":2.8E-3,"d":"0.003"},{"v":0.8754,"d":"0.875"}]
["FEV1/FVC","TH_temporal pole","rs112731178","T","C",0.0958,2.77191552E-4,321047,{"v":89.0156361941889,"d":"89.016"},{"v":0.04,"d":"0.040"},{"v":0.0041,"d":"0.004"},{"v":5.75970181254672e-23,"d":"5.760E-23"},{"v":0.0068,"d":"0.007"},{"v":0.0035,"d":"0.004"},{"v":0.05074,"d":"0.051"}]
["FEV1/FVC","TH_temporal pole","rs113336697","T","C",0.0887,1.109730617528E-4,321047,{"v":35.6313007249634,"d":"35.631"},{"v":0.0262,"d":"0.026"},{"v":0.0042,"d":"0.004"},{"v":7.01003199231399e-10,"d":"7.010E-10"},{"v":-0.0069,"d":"-0.007"},{"v":0.0041,"d":"0.004"},{"v":0.08896,"d":"0.089"}]
["FEV1/FVC","TH_temporal pole","rs115503647","G","A",0.052,1.42366848E-4,321047,{"v":45.7126726852838,"d":"45.713"},-0.038,{"v":5.3E-3,"d":"0.005"},{"v":1.20005182020427e-12,"d":"1.200E-12"},{"v":-1.5E-3,"d":"-0.002"},{"v":0.0055,"d":"0.006"},{"v":0.7838,"d":"0.784"}]
["FEV1/FVC","TH_temporal pole","rs1155612","C","T",0.509,0.0004059934155,321047,{"v":130.395095629437,"d":"130.395"},{"v":-0.0285,"d":"-0.029"},{"v":0.0024,"d":"0.002"},{"v":6.49980009683024e-33,"d":"6.500E-33"},{"v":0,"d":"0.000"},{"v":0.0021,"d":"0.002"},{"v":0.9854,"d":"0.985"}]
["FEV1/FVC","TH_temporal pole","rs115830429","A","G",0.0237,0.0001589120620152,321047,{"v":51.0260316015681,"d":"51.026"},{"v":0.0586,"d":"0.059"},0.008,{"v":1.93018972763458E-13,"d":"1.930E-13"},{"v":2.3E-3,"d":"0.002"},{"v":0.0093,"d":"0.009"},{"v":0.8074,"d":"0.807"}]
["FEV1/FVC","TH_temporal pole","rs11596235","T","C",0.309,8.732500062e-05,321047,{"v":28.0377032164987,"d":"28.038"},{"v":-0.0143,"d":"-0.014"},{"v":0.0026,"d":"0.003"},{"v":3.47000419640784e-08,"d":"3.470E-08"},{"v":-0.0031,"d":"-0.003"},{"v":2.3E-3,"d":"0.002"},{"v":0.1832,"d":"0.183"}]
["FEV1/FVC","TH_temporal pole","rs11620380","A","C",0.105,0.00013701555,321047,{"v":43.9941851372234,"d":"43.994"},-0.027,{"v":0.0039,"d":"0.004"},{"v":4.60044666393479e-12,"d":"4.600E-12"},{"v":0.0002,"d":"0.000"},{"v":0.0034,"d":"0.003"},{"v":0.9594,"d":"0.959"}]
["FEV1/FVC","TH_temporal pole","rs11637595","T","C",0.273,1.2017815992E-4,321047,{"v":38.5872346943784,"d":"38.587"},{"v":0.0174,"d":"0.017"},{"v":0.0027,"d":"0.003"},{"v":8.23948372044989e-11,"d":"8.239E-11"},{"v":-0.0013,"d":"-0.001"},{"v":0.0024,"d":"0.002"},{"v":0.5848,"d":"0.585"}]
["FEV1/FVC","TH_temporal pole","rs11648508","T","G",0.683,0.00047729416928,321047,{"v":153.306078673964,"d":"153.306"},{"v":0.0332,"d":"0.033"},{"v":0.0026,"d":"0.003"},{"v":9.86052412530848e-39,"d":"9.861E-39"},0.003,{"v":2.3E-3,"d":"0.002"},{"v":0.1954,"d":"0.195"}]
["FEV1/FVC","TH_temporal pole","rs11653958","A","G",0.743,1.4821234718E-4,321047,{"v":47.5898864091698,"d":"47.590"},{"v":0.0197,"d":"0.020"},{"v":2.8E-3,"d":"0.003"},{"v":9.17064749114933e-13,"d":"9.171E-13"},{"v":1.4E-3,"d":"0.001"},{"v":0.0025,"d":"0.003"},{"v":0.5718,"d":"0.572"}]
["FEV1/FVC","TH_temporal pole","rs117014247","T","C",0.024,9.2770752e-05,321047,{"v":29.7863493778711,"d":"29.786"},{"v":-0.0445,"d":"-0.045"},{"v":0.0079,"d":"0.008"},{"v":2.09001787280615e-08,"d":"2.090E-08"},-0.003,{"v":0.0084,"d":"0.008"},{"v":0.7226,"d":"0.723"}]
["FEV1/FVC","TH_temporal pole","rs11709963","C","T",0.163,8.645359608e-05,321047,{"v":27.7578945233047,"d":"27.758"},{"v":-0.0178,"d":"-0.018"},{"v":0.0032,"d":"0.003"},{"v":3.68001848354504e-08,"d":"3.680E-08"},{"v":2.3E-3,"d":"0.002"},{"v":0.0029,"d":"0.003"},{"v":0.4258,"d":"0.426"}]
["FEV1/FVC","TH_temporal pole","rs11738281","C","T",0.201,1.0756599822E-4,321047,{"v":34.5372409313364,"d":"34.537"},{"v":-0.0183,"d":"-0.018"},0.003,{"v":7.85000620443256e-10,"d":"7.850E-10"},{"v":2E-3,"d":"0.002"},{"v":2.8E-3,"d":"0.003"},0.487]
["FEV1/FVC","TH_temporal pole","rs11755954","T","C",0.156,1.0851483552E-4,321047,{"v":34.841926235413,"d":"34.842"},{"v":0.0203,"d":"0.020"},{"v":3.3E-3,"d":"0.003"},{"v":5.47003367530964e-10,"d":"5.470E-10"},{"v":-0.0008,"d":"-0.001"},{"v":0.0029,"d":"0.003"},{"v":0.7934,"d":"0.793"}]
["FEV1/FVC","TH_temporal pole","rs11771259","G","C",0.119,1.585689875E-4,321047,{"v":50.9158542673964,"d":"50.916"},{"v":-0.0275,"d":"-0.028"},{"v":0.0036,"d":"0.004"},{"v":5.03037081084624e-14,"d":"5.030E-14"},{"v":0.0002,"d":"0.000"},{"v":0.0032,"d":"0.003"},{"v":0.9443,"d":"0.944"}]
["FEV1/FVC","TH_temporal pole","rs117827273","G","C",0.15,1.750422E-4,321047,{"v":56.2062615666784,"d":"56.206"},{"v":-0.0262,"d":"-0.026"},{"v":3.3E-3,"d":"0.003"},{"v":4.92039535681451e-15,"d":"4.920E-15"},{"v":0.0057,"d":"0.006"},{"v":0.0034,"d":"0.003"},{"v":0.08947,"d":"0.089"}]
["FEV1/FVC","TH_temporal pole","rs11824553","A","C",0.0815,9.1339929395e-05,321047,{"v":29.3269063501732,"d":"29.327"},{"v":-0.0247,"d":"-0.025"},{"v":0.0044,"d":"0.004"},{"v":1.680002778533e-08,"d":"1.680E-08"},{"v":0.0016,"d":"0.002"},{"v":0.0036,"d":"0.004"},{"v":0.65,"d":"0.650"}]
["FEV1/FVC","TH_temporal pole","rs11888819","C","A",0.274,0.000258700662,321047,{"v":83.0760458598503,"d":"83.076"},{"v":0.0255,"d":"0.026"},{"v":0.0027,"d":"0.003"},{"v":6.87068440014232e-22,"d":"6.871E-22"},{"v":-0.0025,"d":"-0.003"},{"v":2.3E-3,"d":"0.002"},{"v":0.2741,"d":"0.274"}]
["FEV1/FVC","TH_temporal pole","rs1192415","A","G",0.812,0.000591084032,321047,{"v":189.876806201633,"d":"189.877"},0.044,0.003,{"v":2.2798170642803e-47,"d":"2.280E-47"},{"v":0.0064,"d":"0.006"},{"v":0.0027,"d":"0.003"},{"v":0.01769,"d":"0.018"}]
["FEV1/FVC","TH_temporal pole","rs12023835","C","T",0.398,1.916768E-4,321047,{"v":61.5486757092042,"d":"61.549"},{"v":-0.02,"d":"-0.020"},{"v":0.0024,"d":"0.002"},{"v":2.54976408779928e-16,"d":"2.550E-16"},{"v":1E-3,"d":"0.001"},{"v":0.0021,"d":"0.002"},{"v":0.6225,"d":"0.623"}]
["FEV1/FVC","TH_temporal pole","rs12034227","C","A",0.336,0.00027443576832,321047,{"v":88.1304173791002,"d":"88.130"},{"v":-0.0248,"d":"-0.025"},{"v":0.0025,"d":"0.003"},{"v":3.80978089846419e-23,"d":"3.810E-23"},{"v":-0.0025,"d":"-0.003"},{"v":0.0022,"d":"0.002"},{"v":0.2497,"d":"0.250"}]
["FEV1/FVC","TH_temporal pole","rs12134019","T","C",0.14,0.000232904168,321047,{"v":74.7901375503208,"d":"74.790"},{"v":0.0311,"d":"0.031"},{"v":0.0035,"d":"0.004"},{"v":2.44005715942821E-19,"d":"2.440E-19"},{"v":1.5E-3,"d":"0.002"},{"v":0.0031,"d":"0.003"},{"v":0.6204,"d":"0.620"}]
["FEV1/FVC","TH_temporal pole","rs12134534","C","T",0.591,2.9973639438E-4,321047,{"v":96.2577226764534,"d":"96.258"},{"v":0.0249,"d":"0.025"},{"v":0.0024,"d":"0.002"},{"v":6.9598519276479e-25,"d":"6.960E-25"},{"v":1.4E-3,"d":"0.001"},{"v":0.0021,"d":"0.002"},{"v":0.5011,"d":"0.501"}]
["FEV1/FVC","TH_temporal pole","rs12189242","A","C",0.247,0.0001273108395,321047,{"v":40.8777126431909,"d":"40.878"},{"v":0.0185,"d":"0.019"},{"v":0.0027,"d":"0.003"},{"v":1.21004076085696e-11,"d":"1.210E-11"},{"v":-0.0017,"d":"-0.002"},{"v":0.0024,"d":"0.002"},{"v":0.4922,"d":"0.492"}]
["FEV1/FVC","TH_temporal pole","rs1219514","G","A",0.9211,9.15716888958e-05,321047,{"v":29.4013251905556,"d":"29.401"},{"v":-0.0251,"d":"-0.025"},{"v":0.0044,"d":"0.004"},{"v":1.47000902137229E-8,"d":"1.470E-08"},{"v":-0.0029,"d":"-0.003"},{"v":3.8E-3,"d":"0.004"},{"v":0.4341,"d":"0.434"}]
["FEV1/FVC","TH_temporal pole","rs12202314","C","T",0.325,0.0001916503875,321047,{"v":61.5401928567453,"d":"61.540"},{"v":0.0209,"d":"0.021"},{"v":0.0025,"d":"0.003"},{"v":2.17020120356835E-16,"d":"2.170E-16"},{"v":1E-3,"d":"0.001"},{"v":0.0022,"d":"0.002"},{"v":0.6607,"d":"0.661"}]
["FEV1/FVC","TH_temporal pole","rs1233553","A","G",0.934,1.0084465248E-4,321047,{"v":32.3789366980606,"d":"32.379"},{"v":-0.0286,"d":"-0.029"},{"v":0.0051,"d":"0.005"},{"v":2.82000578994688e-08,"d":"2.820E-08"},{"v":-0.0098,"d":"-0.010"},{"v":0.0056,"d":"0.006"},{"v":0.07905,"d":"0.079"}]
["FEV1/FVC","TH_temporal pole","rs12402871","T","C",0.194,9.0378392E-5,321047,{"v":29.0181534736898,"d":"29.018"},-0.017,0.003,{"v":1.7500078628829e-08,"d":"1.750E-08"},{"v":1.5E-3,"d":"0.002"},{"v":0.0026,"d":"0.003"},{"v":0.5635,"d":"0.564"}]
["FEV1/FVC","TH_temporal pole","rs1245035","A","C",0.626,9.1776608e-05,321047,{"v":29.4671255081866,"d":"29.467"},-0.014,{"v":0.0025,"d":"0.003"},{"v":1.6100152882906e-08,"d":"1.610E-08"},{"v":-0.0007,"d":"-0.001"},{"v":0.0022,"d":"0.002"},{"v":0.7568,"d":"0.757"}]
["FEV1/FVC","TH_temporal pole","rs12470864","A","G",0.385,0.0001951452195,321047,{"v":62.6626253061473,"d":"62.663"},{"v":-0.0203,"d":"-0.020"},{"v":0.0024,"d":"0.002"},{"v":1.03992016582906E-16,"d":"1.040E-16"},{"v":1.4E-3,"d":"0.001"},{"v":0.0022,"d":"0.002"},{"v":0.5214,"d":"0.521"}]
["FEV1/FVC","TH_temporal pole","rs12522114","A","C",0.265,0.0005246809995,321047,{"v":168.534638407007,"d":"168.535"},{"v":-0.0367,"d":"-0.037"},{"v":0.0027,"d":"0.003"},{"v":1.46994132651384e-41,"d":"1.470E-41"},{"v":-0.0035,"d":"-0.004"},{"v":0.0024,"d":"0.002"},{"v":0.1359,"d":"0.136"}]
["FEV1/FVC","TH_temporal pole","rs12575589","T","C",0.121,8.93947395e-05,321047,{"v":28.702299977407,"d":"28.702"},{"v":0.0205,"d":"0.021"},{"v":0.0037,"d":"0.004"},{"v":2.67997041655656e-08,"d":"2.680E-08"},{"v":-2.8E-3,"d":"-0.003"},{"v":0.0032,"d":"0.003"},{"v":0.3804,"d":"0.380"}]
["FEV1/FVC","TH_temporal pole","rs12607689","G","T",0.409,0.00012068546232,321047,{"v":38.7501408291853,"d":"38.750"},{"v":0.0158,"d":"0.016"},{"v":0.0024,"d":"0.002"},{"v":6.82967440807965e-11,"d":"6.830E-11"},{"v":-1.5E-3,"d":"-0.002"},{"v":0.0021,"d":"0.002"},{"v":0.4836,"d":"0.484"}]
["FEV1/FVC","TH_temporal pole","rs12609373","C","T",0.224,0.00010284818432,321047,{"v":33.0222916177494,"d":"33.022"},{"v":-0.0172,"d":"-0.017"},{"v":0.0029,"d":"0.003"},{"v":1.82999540817517E-9,"d":"1.830E-09"},{"v":-1E-4,"d":"-0.000"},{"v":0.0025,"d":"0.003"},{"v":0.9727,"d":"0.973"}]
["FEV1/FVC","TH_temporal pole","rs12627254","T","G",0.128,0.00028450695168,321047,{"v":91.3655284300879,"d":"91.366"},{"v":0.0357,"d":"0.036"},{"v":0.0035,"d":"0.004"},{"v":6.85014871471006e-24,"d":"6.850E-24"},{"v":1E-3,"d":"0.001"},{"v":0.0031,"d":"0.003"},{"v":0.7491,"d":"0.749"}]
["FEV1/FVC","TH_temporal pole","rs12635856","T","C",0.173,1.0006099598E-4,321047,{"v":32.1272971437494,"d":"32.127"},{"v":-0.0187,"d":"-0.019"},{"v":0.0032,"d":"0.003"},{"v":3.5899632269922e-09,"d":"3.590E-09"},{"v":0.0012,"d":"0.001"},{"v":2.8E-3,"d":"0.003"},{"v":0.6708,"d":"0.671"}]
["FEV1/FVC","TH_temporal pole","rs12698403","A","G",0.442,0.00027473277312,321047,{"v":88.2258216709589,"d":"88.226"},{"v":-0.0236,"d":"-0.024"},{"v":0.0024,"d":"0.002"},{"v":1.48013047302083e-22,"d":"1.480E-22"},{"v":1.4E-3,"d":"0.001"},{"v":0.0021,"d":"0.002"},{"v":0.5047,"d":"0.505"}]
["FEV1/FVC","TH_temporal pole","rs12705390","A","G",0.201,9.613134942e-05,321047,{"v":30.8654562125001,"d":"30.865"},{"v":-0.0173,"d":"-0.017"},0.003,{"v":6.18002169948747e-09,"d":"6.180E-09"},{"v":-1E-4,"d":"-0.000"},{"v":0.0026,"d":"0.003"},{"v":0.9792,"d":"0.979"}]
["FEV1/FVC","TH_temporal pole","rs12715478","G","A",0.406,0.000301455,321047,{"v":96.8098042745476,"d":"96.810"},-0.025,{"v":0.0024,"d":"0.002"},{"v":1.34989503505597E-24,"d":"1.350E-24"},{"v":2.8E-3,"d":"0.003"},{"v":0.0022,"d":"0.002"},{"v":0.2014,"d":"0.201"}]
["FEV1/FVC","TH_temporal pole","rs1274475","A","G",0.392,1.3453590528E-4,321047,{"v":43.1978913780403,"d":"43.198"},{"v":0.0168,"d":"0.017"},{"v":0.0025,"d":"0.003"},{"v":8.30041869715702e-12,"d":"8.300E-12"},{"v":-0.0016,"d":"-0.002"},{"v":0.0022,"d":"0.002"},{"v":0.4733,"d":"0.473"}]
["FEV1/FVC","TH_temporal pole","rs12781987","T","G",0.217,1.3729148622E-4,321047,{"v":44.0827973862698,"d":"44.083"},{"v":-0.0201,"d":"-0.020"},{"v":0.0029,"d":"0.003"},{"v":5.88030699481162e-12,"d":"5.880E-12"},{"v":-1.8E-3,"d":"-0.002"},{"v":0.0025,"d":"0.003"},{"v":0.4904,"d":"0.490"}]
["FEV1/FVC","TH_temporal pole","rs12875005","G","T",0.319,0.00014391649272,321047,{"v":46.2103208325941,"d":"46.210"},{"v":0.0182,"d":"0.018"},{"v":0.0025,"d":"0.003"},{"v":7.85959196518192e-13,"d":"7.860E-13"},{"v":-1.8E-3,"d":"-0.002"},{"v":2.3E-3,"d":"0.002"},{"v":0.4323,"d":"0.432"}]
["FEV1/FVC","TH_temporal pole","rs12918140","C","G",0.115,0.00014838795,321047,{"v":47.6462795414963,"d":"47.646"},-0.027,{"v":3.8E-3,"d":"0.004"},{"v":6.72047546628297e-13,"d":"6.720E-13"},{"v":0.0031,"d":"0.003"},{"v":3.3E-3,"d":"0.003"},{"v":0.3448,"d":"0.345"}]
["FEV1/FVC","TH_temporal pole","rs12935657","A","G",0.247,8.821925112e-05,321047,{"v":28.3248482727231,"d":"28.325"},{"v":0.0154,"d":"0.015"},{"v":0.0027,"d":"0.003"},{"v":1.88999214846034E-8,"d":"1.890E-08"},{"v":0.0003,"d":"0.000"},{"v":0.0024,"d":"0.002"},{"v":0.8928,"d":"0.893"}]
["FEV1/FVC","TH_temporal pole","rs1293994","G","A",0.558,{"$f":"2*F3973*(1-F3973)*J3973*J3973","v":0.00011698438752},321047,{"$f":"G3973/(1-G3973)*(H3973-2)","v":{"v":37.5616468176056,"d":"37.562"}},{"v":-0.0154,"d":"-0.015"},{"v":0.0024,"d":"0.002"},{"v":1.79998961724559E-10,"d":"1.800E-10"},{"v":-0.0041,"d":"-0.004"},{"v":0.0021,"d":"0.002"},{"v":0.05031,"d":"0.050"}]
["FEV1/FVC","TH_temporal pole","rs12941356","G","A",0.587,9.368018702e-05,321047,{"v":30.0783733894803,"d":"30.078"},{"v":-0.0139,"d":"-0.014"},{"v":0.0024,"d":"0.002"},{"v":8.73997116886224E-9,"d":"8.740E-09"},0.005,{"v":0.0021,"d":"0.002"},{"v":0.01756,"d":"0.018"}]
["FEV1/FVC","TH_temporal pole","rs1294417","C","T",0.542,0.00048019268312,321047,{"v":154.237523682595,"d":"154.238"},{"v":0.0311,"d":"0.031"},{"v":0.0024,"d":"0.002"},{"v":3.93006741341853E-39,"d":"3.930E-39"},{"v":0.0002,"d":"0.000"},{"v":0.0021,"d":"0.002"},{"v":0.9362,"d":"0.936"}]
["FEV1/FVC","TH_temporal pole","rs13030866","C","T",0.649,1.0250955E-4,321047,{"v":32.9135524331988,"d":"32.914"},0.015,{"v":0.0025,"d":"0.003"},{"v":1.94997929490347e-09,"d":"1.950E-09"},{"v":0.0024,"d":"0.002"},{"v":0.0022,"d":"0.002"},0.275]
["FEV1/FVC","TH_temporal pole","rs13069228","C","T",0.361,8.786101752e-05,321047,{"v":28.2098189131022,"d":"28.210"},{"v":-0.0138,"d":"-0.014"},{"v":0.0025,"d":"0.003"},{"v":3.20000015974484e-08,"d":"3.200E-08"},{"v":-2E-3,"d":"-0.002"},{"v":0.0022,"d":"0.002"},{"v":0.3692,"d":"0.369"}]
["FEV1/FVC","TH_temporal pole","rs13199674","A","G",0.443,9.262539038e-05,321047,{"v":29.7396731033781,"d":"29.740"},{"v":-0.0137,"d":"-0.014"},{"v":0.0024,"d":"0.002"},{"v":1.3399851948998e-08,"d":"1.340E-08"},{"v":-0.0004,"d":"-0.000"},{"v":0.0021,"d":"0.002"},{"v":0.8356,"d":"0.836"}]
["FEV1/FVC","TH_temporal pole","rs13332450","C","T",0.075,0.0002056621875,321047,{"v":66.040398998859,"d":"66.040"},{"v":0.0385,"d":"0.039"},{"v":0.0046,"d":"0.005"},{"v":3.54976824467209e-17,"d":"3.550E-17"},{"v":-0.0026,"d":"-0.003"},{"v":0.0042,"d":"0.004"},{"v":0.5384,"d":"0.538"}]
["FEV1/FVC","TH_temporal pole","rs13361953","C","T",0.336,0.00075741130752,321047,{"v":243.347427315863,"d":"243.347"},{"v":-0.0412,"d":"-0.041"},{"v":0.0025,"d":"0.003"},{"v":6.45059833284836e-60,"d":"6.451E-60"},{"v":-0.0004,"d":"-0.000"},{"v":0.0022,"d":"0.002"},{"v":0.8404,"d":"0.840"}]
["FEV1/FVC","TH_temporal pole","rs1391805","A","G",0.761,1.31316638E-4,321047,{"v":42.1640868928451,"d":"42.164"},-0.019,{"v":2.8E-3,"d":"0.003"},{"v":7.54049749485307e-12,"d":"7.540E-12"},{"v":-2E-3,"d":"-0.002"},{"v":0.0025,"d":"0.003"},{"v":0.4236,"d":"0.424"}]
["FEV1/FVC","TH_temporal pole","rs141942982","T","G",0.106,0.00024836507232,321047,{"v":79.7561732907217,"d":"79.756"},{"v":-0.0362,"d":"-0.036"},{"v":0.0039,"d":"0.004"},{"v":9.56973694587654e-21,"d":"9.570E-21"},{"v":0.0039,"d":"0.004"},{"v":0.0034,"d":"0.003"},0.248]
["FEV1/FVC","TH_temporal pole","rs1424393","G","C",0.378,1.058022E-4,321047,{"v":33.9708614908816,"d":"33.971"},-0.015,{"v":0.0024,"d":"0.002"},{"v":8.10998404850637e-10,"d":"8.110E-10"},{"v":0.0013,"d":"0.001"},{"v":0.0021,"d":"0.002"},{"v":0.5446,"d":"0.545"}]
["FEV1/FVC","TH_temporal pole","rs1429555","T","C",0.0689,0.0003311105119712,321047,{"v":106.33658347639,"d":"106.337"},{"v":0.0508,"d":"0.051"},{"v":0.0047,"d":"0.005"},{"v":2.09990670376242E-27,"d":"2.100E-27"},{"v":-0.0036,"d":"-0.004"},0.004,{"v":0.3666,"d":"0.367"}]
["FEV1/FVC","TH_temporal pole","rs1441207","C","G",0.26,1.26064328E-4,321047,{"v":40.4774249421345,"d":"40.477"},{"v":0.0181,"d":"0.018"},{"v":0.0027,"d":"0.003"},{"v":2.93967960949241e-11,"d":"2.940E-11"},{"v":0.0007,"d":"0.001"},{"v":0.0024,"d":"0.002"},{"v":0.7658,"d":"0.766"}]
["FEV1/FVC","TH_temporal pole","rs1441358","G","T",0.336,0.00183910874112,321047,{"v":591.524543751871,"d":"591.525"},{"v":-0.0642,"d":"-0.064"},{"v":0.0025,"d":"0.003"},{"v":4.12097519097339E-145,"d":"4.121E-145"},{"v":0.0002,"d":"0.000"},{"v":0.0022,"d":"0.002"},{"v":0.9399,"d":"0.940"}]
["FEV1/FVC","TH_temporal pole","rs1452909","A","G",0.251,0.0001286853155,321047,{"v":41.3190942753805,"d":"41.319"},{"v":-0.0185,"d":"-0.019"},{"v":2.8E-3,"d":"0.003"},{"v":2.17020120356835E-11,"d":"2.170E-11"},{"v":-0.0029,"d":"-0.003"},{"v":0.0024,"d":"0.002"},{"v":0.2166,"d":"0.217"}]
["FEV1/FVC","TH_temporal pole","rs146612591","G","C",0.023,1.21523168E-4,321047,{"v":39.0191472009405,"d":"39.019"},0.052,0.008,{"v":8.85931206973053E-11,"d":"8.859E-11"},{"v":0.0108,"d":"0.011"},{"v":0.0068,"d":"0.007"},{"v":0.1108,"d":"0.111"}]
["FEV1/FVC","TH_temporal pole","rs1528628","G","A",0.545,1.00003358E-4,321047,{"v":32.1087890558369,"d":"32.109"},{"v":0.0142,"d":"0.014"},{"v":0.0024,"d":"0.002"},{"v":2.39001155148472e-09,"d":"2.390E-09"},{"v":-2.8E-3,"d":"-0.003"},{"v":0.0021,"d":"0.002"},{"v":0.1882,"d":"0.188"}]
["FEV1/FVC","TH_temporal pole","rs1529672","A","C",0.174,0.00051432783192,321047,{"v":165.207349536661,"d":"165.207"},{"v":0.0423,"d":"0.042"},{"v":0.0031,"d":"0.003"},{"v":1.7298163592151E-41,"d":"1.730E-41"},{"v":-0.0003,"d":"-0.000"},{"v":2.8E-3,"d":"0.003"},{"v":0.9098,"d":"0.910"}]
["FEV1/FVC","TH_temporal pole","rs1561073","A","T",0.734,1.5776105688E-4,321047,{"v":50.6563901116814,"d":"50.656"},{"v":0.0201,"d":"0.020"},{"v":0.0027,"d":"0.003"},{"v":6.42983754108246e-14,"d":"6.430E-14"},{"v":0.0007,"d":"0.001"},{"v":0.0024,"d":"0.002"},{"v":0.7756,"d":"0.776"}]
["FEV1/FVC","TH_temporal pole","rs1566834","C","T",0.338,1.006902E-4,321047,{"v":32.3293405067615,"d":"32.329"},-0.015,{"v":0.0025,"d":"0.003"},{"v":2.18001760089786E-9,"d":"2.180E-09"},{"v":-0.0016,"d":"-0.002"},{"v":0.0022,"d":"0.002"},{"v":0.4717,"d":"0.472"}]
["FEV1/FVC","TH_temporal pole","rs1570203","A","G",0.53,0.000301490712,321047,{"v":96.8212763495834,"d":"96.821"},{"v":0.0246,"d":"0.025"},{"v":0.0024,"d":"0.002"},{"v":5.77962951195467e-25,"d":"5.780E-25"},{"v":-0.0046,"d":"-0.005"},{"v":0.0021,"d":"0.002"},{"v":0.02782,"d":"0.028"}]
["FEV1/FVC","TH_temporal pole","rs1593438","C","A",0.348,0.00013269331872,321047,{"v":42.606180063893,"d":"42.606"},{"v":0.0171,"d":"0.017"},{"v":0.0025,"d":"0.003"},{"v":1.10994127077482E-11,"d":"1.110E-11"},{"v":1.8E-3,"d":"0.002"},{"v":2.3E-3,"d":"0.002"},0.433]
["FEV1/FVC","TH_temporal pole","rs163694","C","T",0.539,0.00013694174648,321047,{"v":43.970484393598,"d":"43.970"},{"v":-0.0166,"d":"-0.017"},{"v":0.0024,"d":"0.002"},{"v":4.97966354164486e-12,"d":"4.980E-12"},{"v":0.0017,"d":"0.002"},{"v":0.0021,"d":"0.002"},{"v":0.41,"d":"0.410"}]
["FEV1/FVC","TH_temporal pole","rs16909922","G","A",0.095,0.000454285022,321047,{"v":145.912220624346,"d":"145.912"},{"v":-0.0514,"d":"-0.051"},{"v":0.0041,"d":"0.004"},{"v":3.30978665072838e-36,"d":"3.310E-36"},{"v":-0.0006,"d":"-0.001"},{"v":0.0035,"d":"0.004"},{"v":0.8739,"d":"0.874"}]
["FEV1/FVC","TH_temporal pole","rs17129265","T","C",0.167,1.057939155E-4,321047,{"v":33.9682012307082,"d":"33.968"},{"v":0.0195,"d":"0.020"},{"v":0.0032,"d":"0.003"},{"v":1.57000125656149E-9,"d":"1.570E-09"},{"v":-0.0024,"d":"-0.002"},{"v":0.0027,"d":"0.003"},{"v":0.3753,"d":"0.375"}]
["FEV1/FVC","TH_temporal pole","rs17513531","T","C",0.344,1.1844652032E-4,321047,{"v":38.0311677756211,"d":"38.031"},{"v":0.0162,"d":"0.016"},{"v":0.0025,"d":"0.003"},{"v":1.2499999625598e-10,"d":"1.250E-10"},{"v":-0.0035,"d":"-0.004"},{"v":0.0022,"d":"0.002"},{"v":0.1106,"d":"0.111"}]
["FEV1/FVC","TH_temporal pole","rs1756281","G","A",0.301,2.3635802862E-4,321047,{"v":75.8995027551523,"d":"75.900"},{"v":-0.0237,"d":"-0.024"},{"v":0.0026,"d":"0.003"},{"v":1.38006645597033E-19,"d":"1.380E-19"},{"v":-3.8E-3,"d":"-0.004"},{"v":0.0022,"d":"0.002"},{"v":0.09056,"d":"0.091"}]
["FEV1/FVC","TH_temporal pole","rs17666332","G","T",0.276,0.00028490506272,321047,{"v":91.493412797454,"d":"91.493"},{"v":-0.0267,"d":"-0.027"},{"v":0.0027,"d":"0.003"},{"v":9.21934357451561e-24,"d":"9.219E-24"},{"v":0.0017,"d":"0.002"},{"v":2.3E-3,"d":"0.002"},{"v":0.4692,"d":"0.469"}]
["FEV1/FVC","TH_temporal pole","rs17681353","G","A",0.039,9.340441422e-05,321047,{"v":29.9898213449552,"d":"29.990"},{"v":-0.0353,"d":"-0.035"},{"v":0.0062,"d":"0.006"},{"v":9.41000815932782e-09,"d":"9.410E-09"},{"v":0.0007,"d":"0.001"},{"v":0.0055,"d":"0.006"},{"v":0.8923,"d":"0.892"}]
["FEV1/FVC","TH_temporal pole","rs177392","T","C",0.595,9.04571955e-05,321047,{"v":29.0434575190123,"d":"29.043"},{"v":0.0137,"d":"0.014"},{"v":0.0025,"d":"0.003"},{"v":3.83998917424723e-08,"d":"3.840E-08"},{"v":-0.0013,"d":"-0.001"},{"v":2.3E-3,"d":"0.002"},0.578]
["FEV1/FVC","TH_temporal pole","rs1799807","C","T",0.019,0.00013330761912,321047,{"v":42.8034506064709,"d":"42.803"},{"v":-0.0598,"d":"-0.060"},{"v":0.0088,"d":"0.009"},{"v":8.59013521505394e-12,"d":"8.590E-12"},{"v":-1E-3,"d":"-0.001"},{"v":0.0083,"d":"0.008"},{"v":0.9071,"d":"0.907"}]
["FEV1/FVC","TH_temporal pole","rs1849496","A","C",0.0616,0.0001360150442112,321047,{"v":43.6728900388542,"d":"43.673"},{"v":0.0343,"d":"0.034"},0.005,{"v":4.96020927395974e-12,"d":"4.960E-12"},{"v":7.6E-3,"d":"0.008"},{"v":4.3E-3,"d":"0.004"},{"v":0.07729,"d":"0.077"}]
["FEV1/FVC","TH_temporal pole","rs1855971","A","G",0.835,1.005233955E-4,321047,{"v":32.2757779790924,"d":"32.276"},{"v":0.0191,"d":"0.019"},{"v":0.0032,"d":"0.003"},{"v":2.73999644912167E-9,"d":"2.740E-09"},{"v":-1.9E-3,"d":"-0.002"},{"v":2.8E-3,"d":"0.003"},{"v":0.4962,"d":"0.496"}]
["FEV1/FVC","TH_temporal pole","rs1896797","A","G",0.49,0.000426149472,321047,{"v":136.871484949283,"d":"136.871"},{"v":0.0292,"d":"0.029"},{"v":0.0024,"d":"0.002"},{"v":2.48027593769296e-34,"d":"2.480E-34"},{"v":0.0045,"d":"0.005"},{"v":0.0021,"d":"0.002"},{"v":0.03298,"d":"0.033"}]
["FEV1/FVC","TH_temporal pole","rs1928160","A","G",0.515,0.000437685728,321047,{"v":140.578343680455,"d":"140.578"},{"v":-0.0296,"d":"-0.030"},{"v":0.0024,"d":"0.002"},{"v":5.77962951195462e-36,"d":"5.780E-36"},{"v":-3.3E-3,"d":"-0.003"},{"v":0.0021,"d":"0.002"},{"v":0.1137,"d":"0.114"}]
["FEV1/FVC","TH_temporal pole","rs193686","T","C",0.684,1.3696612992E-4,321047,{"v":43.978314719734,"d":"43.978"},{"v":-0.0178,"d":"-0.018"},{"v":0.0026,"d":"0.003"},{"v":4.07005239440234e-12,"d":"4.070E-12"},{"v":-0.0004,"d":"-0.000"},{"v":0.0022,"d":"0.002"},{"v":0.8452,"d":"0.845"}]
["FEV1/FVC","TH_temporal pole","rs1956028","C","T",0.126,0.00020623141728,321047,{"v":66.2232226697256,"d":"66.223"},{"v":-0.0306,"d":"-0.031"},{"v":0.0036,"d":"0.004"},{"v":2.36973618438321e-17,"d":"2.370E-17"},{"v":-0.0022,"d":"-0.002"},{"v":0.0031,"d":"0.003"},{"v":0.4825,"d":"0.483"}]
["FEV1/FVC","TH_temporal pole","rs2003254","T","A",0.283,9.376111488e-05,321047,{"v":30.104359744982,"d":"30.104"},{"v":-0.0152,"d":"-0.015"},{"v":0.0027,"d":"0.003"},{"v":1.09000878956623E-8,"d":"1.090E-08"},{"v":0.0003,"d":"0.000"},{"v":0.0024,"d":"0.002"},{"v":0.9125,"d":"0.913"}]
["FEV1/FVC","TH_temporal pole","rs201191","A","C",0.486,0.00024401354328,321047,{"v":78.3584485249981,"d":"78.358"},{"v":0.0221,"d":"0.022"},{"v":0.0024,"d":"0.002"},{"v":1.54988687314019e-20,"d":"1.550E-20"},{"v":-0.0016,"d":"-0.002"},{"v":0.0022,"d":"0.002"},{"v":0.4723,"d":"0.472"}]
["FEV1/FVC","TH_temporal pole","rs2012453","G","A",0.589,0.00027655589118,321047,{"v":88.8114474128694,"d":"88.811"},{"v":-0.0239,"d":"-0.024"},{"v":0.0024,"d":"0.002"},{"v":4.25990584332205E-23,"d":"4.260E-23"},{"v":-0.0006,"d":"-0.001"},{"v":0.0021,"d":"0.002"},{"v":0.7664,"d":"0.766"}]
["FEV1/FVC","TH_temporal pole","rs2021956","G","A",0.189,8.549596062e-05,321047,{"v":27.450397575358,"d":"27.450"},{"v":-0.0167,"d":"-0.017"},0.003,{"v":3.68001848354504e-08,"d":"3.680E-08"},{"v":-0.0017,"d":"-0.002"},{"v":0.0027,"d":"0.003"},{"v":0.5363,"d":"0.536"}]
["FEV1/FVC","TH_temporal pole","rs2027761","T","C",0.113,0.00027295106382,321047,{"v":87.6534994000007,"d":"87.653"},{"v":0.0369,"d":"0.037"},{"v":3.8E-3,"d":"0.004"},{"v":1.31008658625703e-22,"d":"1.310E-22"},{"v":-1E-4,"d":"-0.000"},{"v":0.0032,"d":"0.003"},{"v":0.9683,"d":"0.968"}]
["FEV1/FVC","TH_temporal pole","rs2077177","C","T",0.409,1.6905343422E-4,321047,{"v":54.2829365059958,"d":"54.283"},{"v":-0.0187,"d":"-0.019"},{"v":0.0024,"d":"0.002"},{"v":1.21004076085696E-14,"d":"1.210E-14"},{"v":0.0036,"d":"0.004"},{"v":0.0022,"d":"0.002"},{"v":0.09591,"d":"0.096"}]
["FEV1/FVC","TH_temporal pole","rs2084448","C","T",0.294,1.6110702552E-4,321047,{"v":51.7309392258144,"d":"51.731"},{"v":-0.0197,"d":"-0.020"},{"v":0.0026,"d":"0.003"},{"v":4.65050376166607e-14,"d":"4.651E-14"},{"v":0.0007,"d":"0.001"},{"v":2.3E-3,"d":"0.002"},{"v":0.7698,"d":"0.770"}]
["FEV1/FVC","TH_temporal pole","rs2168721","G","A",0.612,0.00018618450048,321047,{"v":59.7847339474279,"d":"59.785"},{"v":0.0198,"d":"0.020"},{"v":0.0024,"d":"0.002"},{"v":6.88969505481138e-16,"d":"6.890E-16"},{"v":-0.0004,"d":"-0.000"},{"v":0.0021,"d":"0.002"},{"v":0.8531,"d":"0.853"}]
["FEV1/FVC","TH_temporal pole","rs2173982","C","G",0.673,9.903195e-05,321047,{"v":31.7968612929277,"d":"31.797"},-0.015,{"v":0.0025,"d":"0.003"},{"v":2.81002381128697e-09,"d":"2.810E-09"},{"v":-0.0049,"d":"-0.005"},{"v":0.0022,"d":"0.002"},{"v":0.02782,"d":"0.028"}]
["FEV1/FVC","TH_temporal pole","rs2244592","G","A",0.547,0.00051703574478,321047,{"v":166.077608743023,"d":"166.078"},{"v":0.0323,"d":"0.032"},{"v":0.0024,"d":"0.002"},{"v":4.60044666393475e-42,"d":"4.600E-42"},{"v":-0.0005,"d":"-0.001"},{"v":0.0021,"d":"0.002"},{"v":0.8021,"d":"0.802"}]
["FEV1/FVC","TH_temporal pole","rs227728","A","T",0.334,1.3008970008E-4,321047,{"v":41.7700816195738,"d":"41.770"},{"v":-0.0171,"d":"-0.017"},{"v":0.0025,"d":"0.003"},{"v":1.20005182020427e-11,"d":"1.200E-11"},{"v":-0.0004,"d":"-0.000"},{"v":2.3E-3,"d":"0.002"},{"v":0.8417,"d":"0.842"}]
["FEV1/FVC","TH_temporal pole","rs2285261","A","C",0.384,0.00017258723328,321047,{"v":55.4178327188009,"d":"55.418"},{"v":0.0191,"d":"0.019"},{"v":0.0024,"d":"0.002"},{"v":4.90004422793237e-15,"d":"4.900E-15"},{"v":-0.0008,"d":"-0.001"},{"v":0.0021,"d":"0.002"},{"v":0.6922,"d":"0.692"}]
["FEV1/FVC","TH_temporal pole","rs2297291","G","A",0.592,8.934899712e-05,321047,{"v":28.6876119897514,"d":"28.688"},{"v":0.0136,"d":"0.014"},{"v":0.0024,"d":"0.002"},{"v":2.13998140678151e-08,"d":"2.140E-08"},{"v":0.0025,"d":"0.003"},{"v":0.0022,"d":"0.002"},{"v":0.2444,"d":"0.244"}]
["FEV1/FVC","TH_temporal pole","rs2302643","A","G",0.444,0.00018390874272,321047,{"v":59.0538428245291,"d":"59.054"},{"v":-0.0193,"d":"-0.019"},{"v":0.0024,"d":"0.002"},{"v":1.8901662311869E-15,"d":"1.890E-15"},{"v":0.0004,"d":"0.000"},{"v":2.3E-3,"d":"0.002"},{"v":0.8769,"d":"0.877"}]
["FEV1/FVC","TH_temporal pole","rs2324154","A","C",0.509,0.00012320506862,321047,{"v":39.5592451546217,"d":"39.559"},{"v":0.0157,"d":"0.016"},{"v":0.0024,"d":"0.002"},{"v":2.51999686210924E-11,"d":"2.520E-11"},{"v":-0.0004,"d":"-0.000"},{"v":0.0021,"d":"0.002"},{"v":0.8573,"d":"0.857"}]
["FEV1/FVC","TH_temporal pole","rs2333570","G","C",0.75,0.000108375,321047,{"v":34.7970230023679,"d":"34.797"},0.017,{"v":0.0027,"d":"0.003"},{"v":5.62004767868478e-10,"d":"5.620E-10"},{"v":-0.0012,"d":"-0.001"},{"v":0.0024,"d":"0.002"},{"v":0.6168,"d":"0.617"}]
["FEV1/FVC","TH_temporal pole","rs2452995","C","T",0.691,0.00011909662782,321047,{"v":38.239931125317,"d":"38.240"},{"v":0.0167,"d":"0.017"},{"v":0.0026,"d":"0.003"},{"v":9.66050878989812e-11,"d":"9.661E-11"},{"v":2.3E-3,"d":"0.002"},{"v":2.3E-3,"d":"0.002"},{"v":0.3032,"d":"0.303"}]
["FEV1/FVC","TH_temporal pole","rs2533889","C","G",0.29,1.09411142E-4,321047,{"v":35.129743668763,"d":"35.130"},{"v":0.0163,"d":"0.016"},{"v":0.0026,"d":"0.003"},{"v":4.43996963520292e-10,"d":"4.440E-10"},{"v":-0.0011,"d":"-0.001"},{"v":0.0024,"d":"0.002"},{"v":0.6344,"d":"0.634"}]
["FEV1/FVC","TH_temporal pole","rs2543350","C","T",0.141,9.884279352e-05,321047,{"v":31.7361215325362,"d":"31.736"},{"v":0.0202,"d":"0.020"},{"v":0.0034,"d":"0.003"},{"v":4.27002089288657e-09,"d":"4.270E-09"},{"v":0.0058,"d":"0.006"},{"v":0.0029,"d":"0.003"},{"v":0.04656,"d":"0.047"}]
["FEV1/FVC","TH_temporal pole","rs2544536","C","T",0.512,0.00028544049152,321047,{"v":91.6654076190446,"d":"91.665"},{"v":0.0239,"d":"0.024"},{"v":0.0024,"d":"0.002"},{"v":4.14954042634362e-24,"d":"4.150E-24"},{"v":-1E-3,"d":"-0.001"},{"v":2E-3,"d":"0.002"},{"v":0.6378,"d":"0.638"}]
["FEV1/FVC","TH_temporal pole","rs2571445","G","A",0.603,0.00018960245982,321047,{"v":60.8824651780696,"d":"60.882"},{"v":0.0199,"d":"0.020"},{"v":0.0024,"d":"0.002"},{"v":3.08034953654257e-16,"d":"3.080E-16"},-0.005,{"v":0.0022,"d":"0.002"},{"v":0.02236,"d":"0.022"}]
["FEV1/FVC","TH_temporal pole","rs2579762","C","A",0.473,0.0002095122755,321047,{"v":67.2769638376799,"d":"67.277"},{"v":-0.0205,"d":"-0.021"},{"v":0.0024,"d":"0.002"},{"v":9.25976574561246e-18,"d":"9.260E-18"},{"v":2.3E-3,"d":"0.002"},{"v":0.0021,"d":"0.002"},{"v":0.2782,"d":"0.278"}]
["FEV1/FVC","TH_temporal pole","rs2609280","G","A",0.785,9.733895595E-4,321047,{"v":312.806333548899,"d":"312.806"},{"v":-0.0537,"d":"-0.054"},{"v":0.0029,"d":"0.003"},{"v":1.83020610631107E-76,"d":"1.830E-76"},{"v":0.0042,"d":"0.004"},{"v":0.0025,"d":"0.003"},{"v":0.09815,"d":"0.098"}]
["FEV1/FVC","TH_temporal pole","rs2687199","A","G",0.676,0.00015482368512,321047,{"v":49.7130667495432,"d":"49.713"},{"v":-0.0188,"d":"-0.019"},{"v":0.0026,"d":"0.003"},{"v":1.93018972763458E-13,"d":"1.930E-13"},{"v":0.0007,"d":"0.001"},{"v":0.0022,"d":"0.002"},{"v":0.7502,"d":"0.750"}]
["FEV1/FVC","TH_temporal pole","rs274995","C","T",0.42,1.29444168E-4,321047,{"v":41.562782975422,"d":"41.563"},{"v":-0.0163,"d":"-0.016"},{"v":0.0024,"d":"0.002"},{"v":1.46994132651384e-11,"d":"1.470E-11"},{"v":1E-3,"d":"0.001"},{"v":0.0021,"d":"0.002"},{"v":0.6511,"d":"0.651"}]
["FEV1/FVC","TH_temporal pole","rs2760751","G","A",0.728,0.00014447643392,321047,{"v":46.3901390096996,"d":"46.390"},{"v":-0.0191,"d":"-0.019"},{"v":0.0027,"d":"0.003"},{"v":6.29941180548559e-13,"d":"6.299E-13"},{"v":-0.0058,"d":"-0.006"},{"v":0.0024,"d":"0.002"},{"v":0.0146,"d":"0.015"}]
["FEV1/FVC","TH_temporal pole","rs2762969","G","C",0.713,9.331582862e-05,321047,{"v":29.9613760699425,"d":"29.961"},{"v":-0.0151,"d":"-0.015"},{"v":0.0026,"d":"0.003"},{"v":7.76998177256644e-09,"d":"7.770E-09"},{"v":0.0009,"d":"0.001"},{"v":0.0024,"d":"0.002"},{"v":0.7029,"d":"0.703"}]
["FEV1/FVC","TH_temporal pole","rs2794360","A","G",0.104,{"$f":"2*F4037*(1-F4037)*J4037*J4037","v":0.000202954752},321047,{"$f":"G4037/(1-G4037)*(H4037-2)","v":{"v":65.1708350865126,"d":"65.171"}},0.033,{"v":0.0039,"d":"0.004"},{"v":2.26986485188383e-17,"d":"2.270E-17"},{"v":-3.8E-3,"d":"-0.004"},{"v":3.8E-3,"d":"0.004"},{"v":0.3126,"d":"0.313"}]
["FEV1/FVC","TH_temporal pole","rs2798641","T","C",0.183,0.00060551955,321047,{"v":194.516807659591,"d":"194.517"},-0.045,{"v":0.0031,"d":"0.003"},{"v":3.89045144994284e-48,"d":"3.890E-48"},{"v":0.0016,"d":"0.002"},{"v":0.0026,"d":"0.003"},{"v":0.5432,"d":"0.543"}]
["FEV1/FVC","TH_temporal pole","rs2802544","C","T",0.721,1.0558433592E-4,321047,{"v":33.9009025297171,"d":"33.901"},{"v":0.0162,"d":"0.016"},{"v":0.0027,"d":"0.003"},{"v":1.81000593949755E-9,"d":"1.810E-09"},{"v":0.0047,"d":"0.005"},{"v":0.0024,"d":"0.002"},{"v":0.04606,"d":"0.046"}]
["FEV1/FVC","TH_temporal pole","rs2834457","A","T",0.622,2.8688384088E-4,321047,{"v":92.12905303191,"d":"92.129"},{"v":0.0247,"d":"0.025"},{"v":0.0024,"d":"0.002"},{"v":5.16059764663022e-24,"d":"5.161E-24"},{"v":0.0007,"d":"0.001"},{"v":0.0022,"d":"0.002"},{"v":0.7521,"d":"0.752"}]
["FEV1/FVC","TH_temporal pole","rs28490195","C","T",0.337,9.010525368e-05,321047,{"v":28.9304479530475,"d":"28.930"},{"v":-0.0142,"d":"-0.014"},{"v":0.0025,"d":"0.003"},{"v":1.88000931025943e-08,"d":"1.880E-08"},{"v":0.0013,"d":"0.001"},{"v":0.0022,"d":"0.002"},0.564]
["FEV1/FVC","TH_temporal pole","rs28787109","A","G",0.399,1.7864545902E-4,321047,{"v":57.3634791161336,"d":"57.363"},{"v":0.0193,"d":"0.019"},{"v":0.0024,"d":"0.002"},{"v":1.29003056421799E-15,"d":"1.290E-15"},{"v":-2.8E-3,"d":"-0.003"},{"v":0.0021,"d":"0.002"},{"v":0.1817,"d":"0.182"}]
["FEV1/FVC","TH_temporal pole","rs2999089","G","C",0.881,0.00039494109368,321047,{"v":126.843959312513,"d":"126.844"},{"v":-0.0434,"d":"-0.043"},{"v":0.0037,"d":"0.004"},{"v":3.92012576295164E-32,"d":"3.920E-32"},{"v":-0.0026,"d":"-0.003"},{"v":0.0031,"d":"0.003"},{"v":0.3998,"d":"0.400"}]
["FEV1/FVC","TH_temporal pole","rs301127","T","A",0.201,0.0001221355395,321047,{"v":39.2157939209249,"d":"39.216"},{"v":0.0195,"d":"0.020"},0.003,{"v":5.33949273574176e-11,"d":"5.339E-11"},{"v":0.0052,"d":"0.005"},{"v":0.0026,"d":"0.003"},{"v":0.04514,"d":"0.045"}]
["FEV1/FVC","TH_temporal pole","rs330939","G","T",0.379,0.00025335925632,321047,{"v":81.3603358394366,"d":"81.360"},{"v":-0.0232,"d":"-0.023"},{"v":0.0025,"d":"0.003"},{"v":4.45964203179319E-21,"d":"4.460E-21"},{"v":-0.0037,"d":"-0.004"},{"v":0.0022,"d":"0.002"},{"v":0.09111,"d":"0.091"}]
["FEV1/FVC","TH_temporal pole","rs335651","C","T",0.42,1.03851552E-4,321047,{"v":33.3444843882944,"d":"33.344"},{"v":-0.0146,"d":"-0.015"},{"v":0.0024,"d":"0.002"},{"v":1.6100152882906e-09,"d":"1.610E-09"},{"v":-0.0025,"d":"-0.003"},{"v":0.0021,"d":"0.002"},{"v":0.2307,"d":"0.231"}]
["FEV1/FVC","TH_temporal pole","rs34624010","A","G",0.266,2.3057925912E-4,321047,{"v":74.0433911144463,"d":"74.043"},{"v":0.0243,"d":"0.024"},{"v":0.0027,"d":"0.003"},{"v":2.06015549032001e-19,"d":"2.060E-19"},{"v":0.0002,"d":"0.000"},{"v":2.3E-3,"d":"0.002"},{"v":0.9158,"d":"0.916"}]
["FEV1/FVC","TH_temporal pole","rs34712979","A","G",0.256,0.00177178755072,321047,{"v":569.833157515376,"d":"569.833"},{"v":-0.0682,"d":"-0.068"},{"v":2.8E-3,"d":"0.003"},{"v":4.17830366646631e-134,"d":"4.178E-134"},{"v":1E-4,"d":"0.000"},{"v":0.0032,"d":"0.003"},{"v":0.9665,"d":"0.967"}]
["FEV1/FVC","TH_temporal pole","rs35107139","C","A",0.404,0.000477835848,321047,{"v":153.480148137897,"d":"153.480"},{"v":-0.0315,"d":"-0.032"},{"v":0.0025,"d":"0.003"},{"v":3.40016505804072e-36,"d":"3.400E-36"},{"v":1.5E-3,"d":"0.002"},{"v":0.0024,"d":"0.002"},{"v":0.5337,"d":"0.534"}]
["FEV1/FVC","TH_temporal pole","rs35195586","T","G",0.0662,0.0002058079661568,321047,{"v":66.0872197710999,"d":"66.087"},{"v":-0.0408,"d":"-0.041"},{"v":0.0048,"d":"0.005"},{"v":1.77010895831743e-17,"d":"1.770E-17"},{"v":-3.8E-3,"d":"-0.004"},{"v":0.0042,"d":"0.004"},{"v":0.3675,"d":"0.368"}]
["FEV1/FVC","TH_temporal pole","rs35246838","C","T",0.132,0.00034142731392,321047,{"v":109.650969833545,"d":"109.651"},{"v":-0.0386,"d":"-0.039"},{"v":0.0036,"d":"0.004"},{"v":1.39990962656834e-27,"d":"1.400E-27"},{"v":0.0007,"d":"0.001"},{"v":3.3E-3,"d":"0.003"},{"v":0.8265,"d":"0.827"}]
["FEV1/FVC","TH_temporal pole","rs35320030","C","T",0.168,9.361916928e-05,321047,{"v":30.0587802795369,"d":"30.059"},{"v":-0.0183,"d":"-0.018"},{"v":0.0032,"d":"0.003"},{"v":8.4000138087988e-09,"d":"8.400E-09"},{"v":0.0004,"d":"0.000"},{"v":2.8E-3,"d":"0.003"},{"v":0.8923,"d":"0.892"}]
["FEV1/FVC","TH_temporal pole","rs35420030","C","T",0.053,0.00020327355,321047,{"v":65.2732251799523,"d":"65.273"},0.045,{"v":5.3E-3,"d":"0.005"},{"v":3.08034953654258e-17,"d":"3.080E-17"},{"v":1E-3,"d":"0.001"},{"v":0.0055,"d":"0.006"},{"v":0.8582,"d":"0.858"}]
["FEV1/FVC","TH_temporal pole","rs35495115","T","A",0.135,9.9109278e-05,321047,{"v":31.8216919804269,"d":"31.822"},{"v":-0.0206,"d":"-0.021"},{"v":0.0035,"d":"0.004"},{"v":2.82000578994689e-09,"d":"2.820E-09"},{"v":0.0022,"d":"0.002"},{"v":0.0032,"d":"0.003"},{"v":0.4796,"d":"0.480"}]
["FEV1/FVC","TH_temporal pole","rs35506173","T","C",0.275,0.0002613248,321047,{"v":83.9189505189606,"d":"83.919"},{"v":0.0256,"d":"0.026"},{"v":0.0027,"d":"0.003"},{"v":1.79019359926501e-21,"d":"1.790E-21"},{"v":-0.0027,"d":"-0.003"},{"v":0.0024,"d":"0.002"},{"v":0.2502,"d":"0.250"}]
["FEV1/FVC","TH_temporal pole","rs36049816","C","T",0.624,0.00016762007808,321047,{"v":53.8226097172369,"d":"53.823"},{"v":0.0189,"d":"0.019"},{"v":0.0024,"d":"0.002"},{"v":1.21004076085696E-14,"d":"1.210E-14"},{"v":0.0013,"d":"0.001"},{"v":0.0021,"d":"0.002"},{"v":0.5326,"d":"0.533"}]
["FEV1/FVC","TH_temporal pole","rs3732986","G","A",0.538,0.00012253313688,321047,{"v":39.3434718086561,"d":"39.343"},{"v":-0.0157,"d":"-0.016"},{"v":0.0024,"d":"0.002"},{"v":3.34965439157828e-11,"d":"3.350E-11"},{"v":-0.0008,"d":"-0.001"},{"v":0.0021,"d":"0.002"},{"v":0.7039,"d":"0.704"}]
["FEV1/FVC","TH_temporal pole","rs374597","T","C",0.477,0.0002525893875,321047,{"v":81.1130482051019,"d":"81.113"},{"v":0.0225,"d":"0.023"},{"v":0.0024,"d":"0.002"},{"v":2.38012628219499e-21,"d":"2.380E-21"},{"v":0.0013,"d":"0.001"},{"v":0.0021,"d":"0.002"},{"v":0.5281,"d":"0.528"}]
["FEV1/FVC","TH_temporal pole","rs3752243","G","A",0.43,9.0667392e-05,321047,{"v":29.1109522787618,"d":"29.111"},{"v":-0.0136,"d":"-0.014"},{"v":0.0024,"d":"0.002"},{"v":1.26998911891811e-08,"d":"1.270E-08"},{"v":0.0007,"d":"0.001"},{"v":0.0021,"d":"0.002"},{"v":0.75,"d":"0.750"}]
["FEV1/FVC","TH_temporal pole","rs3754512","T","C",0.523,0.000758890782,321047,{"v":243.823126230124,"d":"243.823"},-0.039,{"v":0.0024,"d":"0.002"},{"v":4.35010760630698e-61,"d":"4.350E-61"},{"v":0.0008,"d":"0.001"},{"v":0.0021,"d":"0.002"},0.721]
["FEV1/FVC","TH_temporal pole","rs377731","A","G",0.379,0.0001611032355,321047,{"v":51.729722066694,"d":"51.730"},{"v":-0.0185,"d":"-0.019"},{"v":0.0025,"d":"0.003"},{"v":5.12979488285858e-14,"d":"5.130E-14"},{"v":-0.0021,"d":"-0.002"},{"v":0.0021,"d":"0.002"},{"v":0.3241,"d":"0.324"}]
["FEV1/FVC","TH_temporal pole","rs3779505","A","G",0.101,0.00013933832942,321047,{"v":44.740107980548,"d":"44.740"},{"v":0.0277,"d":"0.028"},{"v":0.0039,"d":"0.004"},{"v":1.7298163592151e-12,"d":"1.730E-12"},{"v":0.0035,"d":"0.004"},{"v":0.0034,"d":"0.003"},{"v":0.3096,"d":"0.310"}]
["FEV1/FVC","TH_temporal pole","rs4099470","T","C",0.0545,8.4889079555e-05,321047,{"v":27.2555282424403,"d":"27.256"},{"v":0.0287,"d":"0.029"},{"v":5.3E-3,"d":"0.005"},{"v":4.94003470541478e-08,"d":"4.940E-08"},{"v":-0.0046,"d":"-0.005"},{"v":0.0046,"d":"0.005"},{"v":0.3171,"d":"0.317"}]
["FEV1/FVC","TH_temporal pole","rs4247294","A","G",0.44,8.98128e-05,321047,{"v":28.8365402664236,"d":"28.837"},{"v":-0.0135,"d":"-0.014"},{"v":0.0024,"d":"0.002"},{"v":1.58001059794135e-08,"d":"1.580E-08"},{"v":0.0025,"d":"0.003"},{"v":0.0021,"d":"0.002"},{"v":0.2355,"d":"0.236"}]
["FEV1/FVC","TH_temporal pole","rs4308141","G","C",0.199,0.00074680344288,321047,{"v":239.936696870706,"d":"239.937"},{"v":0.0484,"d":"0.048"},0.003,{"v":3.58013991843068e-59,"d":"3.580E-59"},{"v":0.0017,"d":"0.002"},{"v":0.0026,"d":"0.003"},{"v":0.5247,"d":"0.525"}]
["FEV1/FVC","TH_temporal pole","rs4353138","T","C",0.456,1.0575464448E-4,321047,{"v":33.9555907985146,"d":"33.956"},{"v":0.0146,"d":"0.015"},{"v":0.0024,"d":"0.002"},{"v":7.60991840137155e-10,"d":"7.610E-10"},{"v":-2.3E-3,"d":"-0.002"},{"v":0.0021,"d":"0.002"},{"v":0.2675,"d":"0.268"}]
["FEV1/FVC","TH_temporal pole","rs442217","C","G",0.332,9.715563008e-05,321047,{"v":31.1943599667311,"d":"31.194"},{"v":-0.0148,"d":"-0.015"},{"v":0.0025,"d":"0.003"},{"v":4.54004335334532e-09,"d":"4.540E-09"},{"v":-0.0042,"d":"-0.004"},{"v":2.3E-3,"d":"0.002"},{"v":0.06595,"d":"0.066"}]
["FEV1/FVC","TH_temporal pole","rs4438257","G","T",0.131,1.8884524032E-4,321047,{"v":60.6392716163556,"d":"60.639"},{"v":-0.0288,"d":"-0.029"},{"v":0.0035,"d":"0.004"},{"v":2.18021839718594e-16,"d":"2.180E-16"},{"v":0.0037,"d":"0.004"},{"v":0.0031,"d":"0.003"},{"v":0.2313,"d":"0.231"}]
["FEV1/FVC","TH_temporal pole","rs4478547","G","T",0.647,0.00017191447352,321047,{"v":55.2017721348223,"d":"55.202"},{"v":-0.0194,"d":"-0.019"},{"v":0.0025,"d":"0.003"},{"v":8.000184448551e-15,"d":"8.000E-15"},{"v":0.0022,"d":"0.002"},{"v":0.0022,"d":"0.002"},{"v":0.3155,"d":"0.316"}]
["FEV1/FVC","TH_temporal pole","rs4721457","C","T",0.151,1.5264911328E-4,321047,{"v":49.0147166260082,"d":"49.015"},{"v":-0.0244,"d":"-0.024"},{"v":3.3E-3,"d":"0.003"},{"v":1.7298163592151E-13,"d":"1.730E-13"},{"v":-0.0034,"d":"-0.003"},{"v":0.0029,"d":"0.003"},{"v":0.2349,"d":"0.235"}]
["FEV1/FVC","TH_temporal pole","rs4848578","T","C",0.788,9.999638048e-05,321047,{"v":32.1065485098423,"d":"32.107"},{"v":-0.0173,"d":"-0.017"},{"v":0.0029,"d":"0.003"},{"v":2.83002322734476E-9,"d":"2.830E-09"},{"v":-2.3E-3,"d":"-0.002"},{"v":0.0025,"d":"0.003"},{"v":0.3579,"d":"0.358"}]
["FEV1/FVC","TH_temporal pole","rs4854343","A","G",0.828,9.2285568e-05,321047,{"v":29.6305546511261,"d":"29.631"},0.018,{"v":0.0031,"d":"0.003"},{"v":8.15999701715927e-09,"d":"8.160E-09"},{"v":-0.0009,"d":"-0.001"},{"v":0.0027,"d":"0.003"},{"v":0.7541,"d":"0.754"}]
["FEV1/FVC","TH_temporal pole","rs4884168","G","A",0.361,8.913897918e-05,321047,{"v":28.6201747440037,"d":"28.620"},{"v":-0.0139,"d":"-0.014"},{"v":0.0025,"d":"0.003"},{"v":2.56998151730474e-08,"d":"2.570E-08"},{"v":-1.4E-3,"d":"-0.001"},{"v":0.0021,"d":"0.002"},{"v":0.5144,"d":"0.514"}]
["FEV1/FVC","TH_temporal pole","rs4886509","A","C",0.669,0.00027901756878,321047,{"v":89.6021959558481,"d":"89.602"},{"v":0.0251,"d":"0.025"},{"v":0.0025,"d":"0.003"},{"v":6.09958095872238e-23,"d":"6.100E-23"},{"v":0.0044,"d":"0.004"},{"v":2.3E-3,"d":"0.002"},{"v":0.05192,"d":"0.052"}]
["FEV1/FVC","TH_temporal pole","rs4982712","G","A",0.603,0.00017102571822,321047,{"v":54.9163438130825,"d":"54.916"},{"v":0.0189,"d":"0.019"},{"v":0.0024,"d":"0.002"},{"v":6.51928549134064e-15,"d":"6.519E-15"},{"v":-1E-4,"d":"-0.000"},{"v":0.0022,"d":"0.002"},{"v":0.9603,"d":"0.960"}]
["FEV1/FVC","TH_temporal pole","rs5027392","A","G",0.389,1.0272011022E-4,321047,{"v":32.981165614547,"d":"32.981"},{"v":0.0147,"d":"0.015"},{"v":0.0025,"d":"0.003"},{"v":2.10998807108148e-09,"d":"2.110E-09"},{"v":-1E-3,"d":"-0.001"},{"v":0.0021,"d":"0.002"},{"v":0.6351,"d":"0.635"}]
["FEV1/FVC","TH_temporal pole","rs55703445","T","C",0.219,0.0002586964875,321047,{"v":83.0747049638117,"d":"83.075"},{"v":-0.0275,"d":"-0.028"},{"v":0.0029,"d":"0.003"},{"v":1.69980851320349e-21,"d":"1.700E-21"},{"v":0.0007,"d":"0.001"},{"v":0.0025,"d":"0.003"},{"v":0.7912,"d":"0.791"}]
["FEV1/FVC","TH_temporal pole","rs55884799","C","T",0.173,0.0004928080595,321047,{"v":158.29157082403,"d":"158.292"},{"v":0.0415,"d":"0.042"},{"v":0.0031,"d":"0.003"},{"v":4.00959031227718e-40,"d":"4.010E-40"},{"v":-0.0049,"d":"-0.005"},{"v":0.0027,"d":"0.003"},{"v":0.06996,"d":"0.070"}]
["FEV1/FVC","TH_temporal pole","rs55966786","A","G",0.0723,1.1281629822E-4,321047,{"v":36.2231950288128,"d":"36.223"},-0.029,{"v":0.0046,"d":"0.005"},{"v":3.84999353294714e-10,"d":"3.850E-10"},0.005,{"v":0.0041,"d":"0.004"},{"v":0.2225,"d":"0.223"}]
["FEV1/FVC","TH_temporal pole","rs56077333","A","C",0.324,8.957643552e-05,321047,{"v":28.7606430174032,"d":"28.761"},{"v":-0.0143,"d":"-0.014"},{"v":0.0026,"d":"0.003"},{"v":2.21998479543701e-08,"d":"2.220E-08"},{"v":-0.0012,"d":"-0.001"},{"v":2.3E-3,"d":"0.002"},{"v":0.5835,"d":"0.584"}]
["FEV1/FVC","TH_temporal pole","rs567508","A","G",0.842,0.00013350428672,321047,{"v":42.8666066057614,"d":"42.867"},{"v":0.0224,"d":"0.022"},{"v":3.3E-3,"d":"0.003"},{"v":1.58015612899719e-11,"d":"1.580E-11"},{"v":-1.5E-3,"d":"-0.002"},{"v":0.0029,"d":"0.003"},{"v":0.6016,"d":"0.602"}]
["FEV1/FVC","TH_temporal pole","rs56919232","C","T",0.214,1.0420574208E-4,321047,{"v":33.4582190046137,"d":"33.458"},{"v":0.0176,"d":"0.018"},{"v":0.0029,"d":"0.003"},{"v":1.63000899120869e-09,"d":"1.630E-09"},{"v":-0.0026,"d":"-0.003"},{"v":0.0025,"d":"0.003"},{"v":0.3044,"d":"0.304"}]
["FEV1/FVC","TH_temporal pole","rs57347370","T","G",0.257,9.7766912E-5,321047,{"v":31.3906472296853,"d":"31.391"},0.016,{"v":0.0027,"d":"0.003"},{"v":4.97004132695834e-09,"d":"4.970E-09"},{"v":-0.0002,"d":"-0.000"},{"v":0.0024,"d":"0.002"},{"v":0.9441,"d":"0.944"}]
["FEV1/FVC","TH_temporal pole","rs5748428","T","G",0.222,1.0944667488E-4,321047,{"v":35.1411538192866,"d":"35.141"},{"v":0.0178,"d":"0.018"},{"v":2.8E-3,"d":"0.003"},{"v":3.79996853036855e-10,"d":"3.800E-10"},{"v":-0.0004,"d":"-0.000"},{"v":0.0025,"d":"0.003"},{"v":0.8731,"d":"0.873"}]
["FEV1/FVC","TH_temporal pole","rs5758000","T","C",0.645,1.05804768E-4,321047,{"v":33.9716861089273,"d":"33.972"},{"v":0.0152,"d":"0.015"},{"v":0.0025,"d":"0.003"},{"v":7.299951924762e-10,"d":"7.300E-10"},{"v":2E-3,"d":"0.002"},{"v":0.0022,"d":"0.002"},{"v":0.3666,"d":"0.367"}]
["FEV1/FVC","TH_temporal pole","rs58095595","A","G",0.172,1.0500046848E-4,321047,{"v":33.7134153275651,"d":"33.713"},{"v":0.0192,"d":"0.019"},{"v":0.0032,"d":"0.003"},{"v":2.10998807108148e-09,"d":"2.110E-09"},{"v":-1.5E-3,"d":"-0.002"},{"v":0.0027,"d":"0.003"},{"v":0.5706,"d":"0.571"}]
["FEV1/FVC","TH_temporal pole","rs58769314","C","T",0.266,1.1822414688E-4,321047,{"v":37.9597589952126,"d":"37.960"},{"v":-0.0174,"d":"-0.017"},{"v":0.0027,"d":"0.003"},{"v":1.13998726556998E-10,"d":"1.140E-10"},{"v":-0.0002,"d":"-0.000"},{"v":0.0024,"d":"0.002"},{"v":0.9172,"d":"0.917"}]
["FEV1/FVC","TH_temporal pole","rs594476","C","G",0.707,0.00013723339448,321047,{"v":44.0641422026409,"d":"44.064"},{"v":0.0182,"d":"0.018"},{"v":0.0026,"d":"0.003"},{"v":5.50047252867633E-12,"d":"5.500E-12"},{"v":0.0025,"d":"0.003"},{"v":2.3E-3,"d":"0.002"},{"v":0.2699,"d":"0.270"}]
["FEV1/FVC","TH_temporal pole","rs60568503","A","G",0.376,0.00028628351232,321047,{"v":91.9362100338923,"d":"91.936"},{"v":0.0247,"d":"0.025"},{"v":0.0025,"d":"0.003"},{"v":1.26998911891811E-23,"d":"1.270E-23"},{"v":1.4E-3,"d":"0.001"},{"v":0.0021,"d":"0.002"},0.515]
["FEV1/FVC","TH_temporal pole","rs6059938","A","G",0.486,0.00012630589848,321047,{"v":40.554999513163,"d":"40.555"},{"v":0.0159,"d":"0.016"},{"v":0.0024,"d":"0.002"},{"v":1.86982085773665E-11,"d":"1.870E-11"},{"v":0.0006,"d":"0.001"},{"v":0.0021,"d":"0.002"},{"v":0.7671,"d":"0.767"}]
["FEV1/FVC","TH_temporal pole","rs61147355","A","G",0.141,0.00019537948128,321047,{"v":62.7378632587177,"d":"62.738"},{"v":0.0284,"d":"0.028"},{"v":0.0034,"d":"0.003"},{"v":1.53992652605949E-16,"d":"1.540E-16"},{"v":-0.0009,"d":"-0.001"},0.003,0.779]
["FEV1/FVC","TH_temporal pole","rs6119231","A","G",0.169,1.5776636382E-4,321047,{"v":50.658094415946,"d":"50.658"},{"v":-0.0237,"d":"-0.024"},{"v":0.0032,"d":"0.003"},{"v":6.29941180548559e-14,"d":"6.299E-14"},{"v":0.0054,"d":"0.005"},{"v":2.8E-3,"d":"0.003"},{"v":0.05352,"d":"0.054"}]
["FEV1/FVC","TH_temporal pole","rs6132863","A","G",0.18,9.0405e-05,321047,{"v":29.026697383577,"d":"29.027"},{"v":-0.0175,"d":"-0.018"},{"v":0.0031,"d":"0.003"},{"v":1.32999497464925e-08,"d":"1.330E-08"},{"v":0.0022,"d":"0.002"},{"v":0.0029,"d":"0.003"},{"v":0.4615,"d":"0.462"}]
["FEV1/FVC","TH_temporal pole","rs6134919","T","C",0.416,9.119631872e-05,321047,{"v":29.2807924439425,"d":"29.281"},{"v":-0.0137,"d":"-0.014"},{"v":0.0024,"d":"0.002"},{"v":9.45997524641149e-09,"d":"9.460E-09"},{"v":0.0004,"d":"0.000"},{"v":0.0021,"d":"0.002"},{"v":0.8378,"d":"0.838"}]
["FEV1/FVC","TH_temporal pole","rs61603681","A","T",0.349,1.3442910432E-4,321047,{"v":43.1635942397273,"d":"43.164"},{"v":0.0172,"d":"0.017"},{"v":0.0025,"d":"0.003"},{"v":3.17980142769152E-12,"d":"3.180E-12"},{"v":3.8E-3,"d":"0.004"},{"v":0.0022,"d":"0.002"},{"v":0.08382,"d":"0.084"}]
["FEV1/FVC","TH_temporal pole","rs61764202","T","C",0.327,1.1838059232E-4,321047,{"v":38.0099969073224,"d":"38.010"},{"v":0.0164,"d":"0.016"},{"v":0.0025,"d":"0.003"},{"v":1.09999319893519e-10,"d":"1.100E-10"},{"v":3.3E-3,"d":"0.003"},{"v":2.3E-3,"d":"0.002"},{"v":0.1606,"d":"0.161"}]
["FEV1/FVC","TH_temporal pole","rs61963203","G","T",0.021,1.0990389102E-4,321047,{"v":35.2879729780524,"d":"35.288"},{"v":0.0517,"d":"0.052"},{"v":0.0084,"d":"0.008"},{"v":9.45997524641149e-10,"d":"9.460E-10"},{"v":-0.0134,"d":"-0.013"},{"v":7.6E-3,"d":"0.008"},{"v":0.07617,"d":"0.076"}]
["FEV1/FVC","TH_temporal pole","rs62092156","A","G",0.0942,1.100983088352E-4,321047,{"v":35.3504035796475,"d":"35.350"},{"v":0.0254,"d":"0.025"},{"v":0.0041,"d":"0.004"},{"v":4.06003708025499e-10,"d":"4.060E-10"},{"v":0.0068,"d":"0.007"},{"v":0.0036,"d":"0.004"},{"v":0.06015,"d":"0.060"}]
["FEV1/FVC","TH_temporal pole","rs62201738","C","A",0.078,0.00079402311768,321047,{"v":255.119722773234,"d":"255.120"},{"v":0.0743,"d":"0.074"},{"v":0.0044,"d":"0.004"},{"v":9.449307890343e-63,"d":"9.449E-63"},0.003,{"v":0.0041,"d":"0.004"},0.458]
["FEV1/FVC","TH_temporal pole","rs62283793","T","C",0.053,1.16041592E-4,321047,{"v":37.2588964853043,"d":"37.259"},0.034,{"v":5.3E-3,"d":"0.005"},{"v":2.06999835343168E-10,"d":"2.070E-10"},{"v":-0.0052,"d":"-0.005"},{"v":0.0049,"d":"0.005"},{"v":0.2817,"d":"0.282"}]
["FEV1/FVC","TH_temporal pole","rs62289340","T","C",0.436,{"$f":"2*F4101*(1-F4101)*J4101*J4101","v":1.3716033312E-4},321047,{"$f":"G4101/(1-G4101)*(H4101-2)","v":{"v":44.04067978082,"d":"44.041"}},{"v":0.0167,"d":"0.017"},{"v":0.0024,"d":"0.002"},{"v":2.35993477555164e-12,"d":"2.360E-12"},{"v":0.0032,"d":"0.003"},{"v":0.0021,"d":"0.002"},{"v":0.1268,"d":"0.127"}]
["FEV1/FVC","TH_temporal pole","rs62316310","A","G",0.26,2.84690432E-4,321047,{"v":91.424467412563,"d":"91.424"},{"v":0.0272,"d":"0.027"},{"v":0.0027,"d":"0.003"},{"v":2.23975234517842e-23,"d":"2.240E-23"},{"v":-0.0008,"d":"-0.001"},{"v":0.0024,"d":"0.002"},0.754]
["FEV1/FVC","TH_temporal pole","rs62321845","G","A",0.194,0.00016399769048,321047,{"v":52.6592745395584,"d":"52.659"},{"v":-0.0229,"d":"-0.023"},0.003,{"v":3.3296608520688e-14,"d":"3.330E-14"},{"v":-1.8E-3,"d":"-0.002"},{"v":0.0027,"d":"0.003"},{"v":0.5098,"d":"0.510"}]
["FEV1/FVC","TH_temporal pole","rs62394997","A","G",0.0598,9.98582508768e-05,321047,{"v":32.0621938273371,"d":"32.062"},{"v":0.0298,"d":"0.030"},{"v":0.0051,"d":"0.005"},{"v":4.90004422793237e-09,"d":"4.900E-09"},{"v":0.0054,"d":"0.005"},{"v":0.0048,"d":"0.005"},{"v":0.2664,"d":"0.266"}]
["FEV1/FVC","TH_temporal pole","rs631126","C","T",0.75,0.00024576,321047,{"v":78.9194144352916,"d":"78.919"},{"v":0.0256,"d":"0.026"},{"v":0.0027,"d":"0.003"},{"v":7.23935710242304e-21,"d":"7.239E-21"},{"v":-1E-4,"d":"-0.000"},{"v":0.0024,"d":"0.002"},{"v":0.98,"d":"0.980"}]
["FEV1/FVC","TH_temporal pole","rs6421437","T","G",0.363,0.00014817744942,321047,{"v":47.5786793363947,"d":"47.579"},{"v":-0.0179,"d":"-0.018"},{"v":0.0025,"d":"0.003"},{"v":1.7298163592151e-12,"d":"1.730E-12"},{"v":0.0013,"d":"0.001"},{"v":0.0024,"d":"0.002"},{"v":0.5861,"d":"0.586"}]
["FEV1/FVC","TH_temporal pole","rs6433079","C","A",0.239,1.8089321582E-4,321047,{"v":58.085369722253,"d":"58.085"},{"v":0.0223,"d":"0.022"},{"v":2.8E-3,"d":"0.003"},{"v":1.50003019045595E-15,"d":"1.500E-15"},{"v":-0.0002,"d":"-0.000"},{"v":0.0025,"d":"0.003"},{"v":0.9379,"d":"0.938"}]
["FEV1/FVC","TH_temporal pole","rs6470085","A","G",0.464,1.0029734912E-4,321047,{"v":32.2031923430556,"d":"32.203"},{"v":0.0142,"d":"0.014"},{"v":0.0024,"d":"0.002"},{"v":2.87998350260858e-09,"d":"2.880E-09"},{"v":0.0006,"d":"0.001"},{"v":2E-3,"d":"0.002"},{"v":0.7522,"d":"0.752"}]
["FEV1/FVC","TH_temporal pole","rs659398","C","T",0.728,2.5550400512E-4,321047,{"v":82.049247235036,"d":"82.049"},{"v":0.0254,"d":"0.025"},{"v":0.0027,"d":"0.003"},{"v":5.08042447994844e-21,"d":"5.080E-21"},{"v":-1.9E-3,"d":"-0.002"},{"v":0.0024,"d":"0.002"},{"v":0.4297,"d":"0.430"}]
["FEV1/FVC","TH_temporal pole","rs6676141","C","T",0.205,2.27174112E-4,321047,{"v":72.9496850669658,"d":"72.950"},{"v":0.0264,"d":"0.026"},0.003,{"v":4.1696538224499e-19,"d":"4.170E-19"},{"v":0.0026,"d":"0.003"},{"v":0.0026,"d":"0.003"},{"v":0.3197,"d":"0.320"}]
["FEV1/FVC","TH_temporal pole","rs6722557","C","G",0.256,1.5852699648E-4,321047,{"v":50.9023689845904,"d":"50.902"},{"v":-0.0204,"d":"-0.020"},{"v":0.0027,"d":"0.003"},{"v":8.05007636108061e-14,"d":"8.050E-14"},{"v":-0.0006,"d":"-0.001"},{"v":0.0024,"d":"0.002"},0.815]
["FEV1/FVC","TH_temporal pole","rs674621","C","T",0.319,1.1262104238E-4,321047,{"v":36.1604949835251,"d":"36.160"},{"v":-0.0161,"d":"-0.016"},{"v":0.0026,"d":"0.003"},{"v":3.02002125816073e-10,"d":"3.020E-10"},{"v":-0.0027,"d":"-0.003"},{"v":0.0022,"d":"0.002"},{"v":0.2149,"d":"0.215"}]
["FEV1/FVC","TH_temporal pole","rs6769798","G","A",0.168,1.0521219072E-4,321047,{"v":33.7814019850108,"d":"33.781"},{"v":-0.0194,"d":"-0.019"},{"v":3.3E-3,"d":"0.003"},{"v":4.20000686246632E-9,"d":"4.200E-09"},{"v":-0.0044,"d":"-0.004"},{"v":0.0029,"d":"0.003"},0.124]
["FEV1/FVC","TH_temporal pole","rs6809164","G","T",0.271,2.1266831232E-4,321047,{"v":68.2906215800131,"d":"68.291"},{"v":-0.0232,"d":"-0.023"},{"v":0.0027,"d":"0.003"},{"v":5.26017266390706e-18,"d":"5.260E-18"},{"v":0.0021,"d":"0.002"},{"v":2.3E-3,"d":"0.002"},{"v":0.3572,"d":"0.357"}]
["FEV1/FVC","TH_temporal pole","rs6880851","T","G",0.189,1.9622471022E-4,321047,{"v":63.009326079331,"d":"63.009"},{"v":0.0253,"d":"0.025"},{"v":0.0031,"d":"0.003"},{"v":1.45010683642197e-16,"d":"1.450E-16"},{"v":-0.0003,"d":"-0.000"},{"v":0.0026,"d":"0.003"},{"v":0.8989,"d":"0.899"}]
["FEV1/FVC","TH_temporal pole","rs6907678","C","T",0.607,0.00013147022712,321047,{"v":42.2134088721923,"d":"42.213"},{"v":0.0166,"d":"0.017"},{"v":0.0024,"d":"0.002"},{"v":6.20011864208725e-12,"d":"6.200E-12"},{"v":-0.0022,"d":"-0.002"},{"v":0.0021,"d":"0.002"},{"v":0.3012,"d":"0.301"}]
["FEV1/FVC","TH_temporal pole","rs7046050","C","G",0.709,9.284355e-05,321047,{"v":29.8097251504575,"d":"29.810"},-0.015,{"v":0.0026,"d":"0.003"},{"v":1.4100028808959e-08,"d":"1.410E-08"},{"v":-0.0002,"d":"-0.000"},{"v":0.0024,"d":"0.002"},{"v":0.9195,"d":"0.920"}]
["FEV1/FVC","TH_temporal pole","rs7048006","C","T",0.413,9.639541422e-05,321047,{"v":30.9502492203537,"d":"30.950"},{"v":-0.0141,"d":"-0.014"},{"v":0.0024,"d":"0.002"},{"v":7.00003159130898e-09,"d":"7.000E-09"},{"v":-0.0031,"d":"-0.003"},{"v":0.0021,"d":"0.002"},{"v":0.1383,"d":"0.138"}]
["FEV1/FVC","TH_temporal pole","rs7093310","T","C",0.902,2.04371552E-4,321047,{"v":65.6258769741686,"d":"65.626"},0.034,0.004,{"v":2.13993213245595e-17,"d":"2.140E-17"},{"v":0.0037,"d":"0.004"},{"v":0.0035,"d":"0.004"},{"v":0.2915,"d":"0.292"}]
["FEV1/FVC","TH_temporal pole","rs7118465","T","C",0.681,0.00026938070478,321047,{"v":86.5066315834792,"d":"86.507"},{"v":-0.0249,"d":"-0.025"},{"v":0.0026,"d":"0.003"},{"v":2.08977726445704e-22,"d":"2.090E-22"},{"v":-1.4E-3,"d":"-0.001"},{"v":2.3E-3,"d":"0.002"},{"v":0.5283,"d":"0.528"}]
["FEV1/FVC","TH_temporal pole","rs7139311","T","C",0.535,1.14953952E-4,321047,{"v":36.9096344281844,"d":"36.910"},{"v":0.0152,"d":"0.015"},{"v":0.0024,"d":"0.002"},{"v":1.45000667005009e-10,"d":"1.450E-10"},{"v":2E-3,"d":"0.002"},{"v":0.0021,"d":"0.002"},{"v":0.3507,"d":"0.351"}]
["FEV1/FVC","TH_temporal pole","rs7155530","A","G",0.398,9.936525312e-05,321047,{"v":31.9038878257997,"d":"31.904"},{"v":-0.0144,"d":"-0.014"},{"v":0.0024,"d":"0.002"},{"v":2.60999695102702e-09,"d":"2.610E-09"},{"v":2.3E-3,"d":"0.002"},{"v":0.0021,"d":"0.002"},{"v":0.2815,"d":"0.282"}]
["FEV1/FVC","TH_temporal pole","rs7162245","G","A",0.646,0.00011562720408,321047,{"v":37.125828489611,"d":"37.126"},{"v":0.0159,"d":"0.016"},{"v":0.0025,"d":"0.003"},{"v":1.72000615095035e-10,"d":"1.720E-10"},{"v":1.5E-3,"d":"0.002"},{"v":0.0022,"d":"0.002"},{"v":0.4994,"d":"0.499"}]
["FEV1/FVC","TH_temporal pole","rs72651496","A","G",0.263,1.1072014382E-4,321047,{"v":35.5500846831808,"d":"35.550"},{"v":-0.0169,"d":"-0.017"},{"v":0.0027,"d":"0.003"},{"v":2.78997299740827e-10,"d":"2.790E-10"},{"v":-1E-4,"d":"-0.000"},{"v":0.0024,"d":"0.002"},{"v":0.9502,"d":"0.950"}]
["FEV1/FVC","TH_temporal pole","rs72673442","C","T",0.049,0.00024910800222,321047,{"v":79.9948059190104,"d":"79.995"},{"v":-0.0517,"d":"-0.052"},{"v":0.0055,"d":"0.006"},{"v":8.80035111687326e-21,"d":"8.800E-21"},{"v":-0.0117,"d":"-0.012"},{"v":0.0049,"d":"0.005"},{"v":0.01677,"d":"0.017"}]
["FEV1/FVC","TH_temporal pole","rs72692823","C","T",0.149,1.065745595E-4,321047,{"v":34.2188763163475,"d":"34.219"},{"v":0.0205,"d":"0.021"},{"v":0.0034,"d":"0.003"},{"v":9.34996531931504e-10,"d":"9.350E-10"},{"v":2.3E-3,"d":"0.002"},0.003,{"v":0.4515,"d":"0.452"}]
["FEV1/FVC","TH_temporal pole","rs72907878","A","G",0.134,0.00025890808928,321047,{"v":83.1426738337175,"d":"83.143"},{"v":-0.0334,"d":"-0.033"},{"v":0.0035,"d":"0.004"},{"v":1.96019826292881e-21,"d":"1.960E-21"},{"v":1E-4,"d":"0.000"},{"v":0.0032,"d":"0.003"},{"v":0.9666,"d":"0.967"}]
["FEV1/FVC","TH_temporal pole","rs7307510","C","T",0.813,0.00058599132702,321047,{"v":188.239892527556,"d":"188.240"},{"v":-0.0439,"d":"-0.044"},{"v":0.0031,"d":"0.003"},{"v":1.44012437117557e-46,"d":"1.440E-46"},{"v":-0.0009,"d":"-0.001"},{"v":0.0026,"d":"0.003"},{"v":0.7375,"d":"0.738"}]
["FEV1/FVC","TH_temporal pole","rs73158393","G","C",0.257,1.604943155E-4,321047,{"v":51.5341684607895,"d":"51.534"},{"v":0.0205,"d":"0.021"},{"v":0.0027,"d":"0.003"},{"v":3.55959018006082E-14,"d":"3.560E-14"},{"v":-0.0011,"d":"-0.001"},{"v":0.0024,"d":"0.002"},{"v":0.6364,"d":"0.636"}]
["FEV1/FVC","TH_temporal pole","rs73158411","A","G",0.368,0.000246065408,321047,{"v":79.0175123877848,"d":"79.018"},0.023,{"v":0.0025,"d":"0.003"},{"v":1.40993794935872E-20,"d":"1.410E-20"},{"v":-0.0021,"d":"-0.002"},{"v":0.0022,"d":"0.002"},{"v":0.3437,"d":"0.344"}]
["FEV1/FVC","TH_temporal pole","rs73182224","A","G",0.239,0.00014117084222,321047,{"v":45.3285921160456,"d":"45.329"},{"v":-0.0197,"d":"-0.020"},{"v":0.0029,"d":"0.003"},{"v":2.0100182471137e-11,"d":"2.010E-11"},{"v":-2.3E-3,"d":"-0.002"},0.003,{"v":0.4443,"d":"0.444"}]
["FEV1/FVC","TH_temporal pole","rs74001718","T","A",0.044,9.497714688e-05,321047,{"v":30.4948344324586,"d":"30.495"},{"v":-0.0336,"d":"-0.034"},{"v":0.0058,"d":"0.006"},{"v":8.23000312277345e-09,"d":"8.230E-09"},{"v":0.0032,"d":"0.003"},{"v":5.3E-3,"d":"0.005"},0.542]
["FEV1/FVC","TH_temporal pole","rs7401714","G","A",0.574,0.00012676613208,321047,{"v":40.7027926092075,"d":"40.703"},{"v":-0.0161,"d":"-0.016"},{"v":0.0024,"d":"0.002"},{"v":1.67996409548482E-11,"d":"1.680E-11"},{"v":-2.3E-3,"d":"-0.002"},{"v":0.0021,"d":"0.002"},{"v":0.2825,"d":"0.283"}]
["FEV1/FVC","TH_temporal pole","rs7426380","G","A",0.449,2.3085295488E-4,321047,{"v":74.1313003291797,"d":"74.131"},{"v":0.0216,"d":"0.022"},{"v":0.0024,"d":"0.002"},{"v":2.0100182471137e-19,"d":"2.010E-19"},{"v":-0.0026,"d":"-0.003"},{"v":0.0021,"d":"0.002"},{"v":0.2221,"d":"0.222"}]
["FEV1/FVC","TH_temporal pole","rs751859","A","T",0.21,1.94315352E-4,321047,{"v":62.3960967023341,"d":"62.396"},{"v":0.0242,"d":"0.024"},{"v":0.0029,"d":"0.003"},{"v":8.77000821143638e-17,"d":"8.770E-17"},{"v":-0.0003,"d":"-0.000"},{"v":0.0025,"d":"0.003"},{"v":0.8918,"d":"0.892"}]
["FEV1/FVC","TH_temporal pole","rs755249","T","C",0.233,2.0416302062E-4,321047,{"v":65.558901658339,"d":"65.559"},{"v":-0.0239,"d":"-0.024"},{"v":2.8E-3,"d":"0.003"},{"v":9.81974024865489e-18,"d":"9.820E-18"},{"v":-1.4E-3,"d":"-0.001"},{"v":0.0025,"d":"0.003"},{"v":0.5643,"d":"0.564"}]
["FEV1/FVC","TH_temporal pole","rs7555534","T","C",0.631,1.4098867128E-4,321047,{"v":45.2700905410017,"d":"45.270"},{"v":0.0174,"d":"0.017"},{"v":0.0025,"d":"0.003"},{"v":1.71001531509029E-12,"d":"1.710E-12"},{"v":1.8E-3,"d":"0.002"},{"v":0.0022,"d":"0.002"},{"v":0.3997,"d":"0.400"}]
["FEV1/FVC","TH_temporal pole","rs7565460","T","C",0.45,1.026432E-4,321047,{"v":32.9564689014287,"d":"32.956"},{"v":0.0144,"d":"0.014"},{"v":0.0024,"d":"0.002"},{"v":1.15000571869924e-09,"d":"1.150E-09"},{"v":0.0027,"d":"0.003"},{"v":0.0021,"d":"0.002"},{"v":0.1993,"d":"0.199"}]
["FEV1/FVC","TH_temporal pole","rs75928020","A","G",0.219,0.00010238052462,321047,{"v":32.8721209916204,"d":"32.872"},{"v":-0.0173,"d":"-0.017"},{"v":0.0029,"d":"0.003"},{"v":1.70000422215636e-09,"d":"1.700E-09"},{"v":-2.3E-3,"d":"-0.002"},{"v":0.0027,"d":"0.003"},{"v":0.3851,"d":"0.385"}]
["FEV1/FVC","TH_temporal pole","rs7634731","G","A",0.264,2.1827722752E-4,321047,{"v":70.0921120210414,"d":"70.092"},{"v":0.0237,"d":"0.024"},{"v":0.0027,"d":"0.003"},{"v":2.18021839718594e-18,"d":"2.180E-18"},{"v":0.0013,"d":"0.001"},{"v":0.0024,"d":"0.002"},{"v":0.5734,"d":"0.573"}]
["FEV1/FVC","TH_temporal pole","rs764688","C","T",0.714,9.312110808e-05,321047,{"v":29.8988503576192,"d":"29.899"},{"v":0.0151,"d":"0.015"},{"v":0.0026,"d":"0.003"},{"v":8.34007584215871e-09,"d":"8.340E-09"},{"v":-0.0022,"d":"-0.002"},{"v":2.3E-3,"d":"0.002"},{"v":0.3484,"d":"0.348"}]
["FEV1/FVC","TH_temporal pole","rs76525968","T","G",0.268,1.201578E-4,321047,{"v":38.5806966726347,"d":"38.581"},{"v":-0.0175,"d":"-0.018"},{"v":0.0027,"d":"0.003"},{"v":8.02971257669863e-11,"d":"8.030E-11"},{"v":-0.0036,"d":"-0.004"},{"v":0.0024,"d":"0.002"},{"v":0.1287,"d":"0.129"}]
["FEV1/FVC","TH_temporal pole","rs77059113","G","T",0.073,0.00012672883512,321047,{"v":40.6908155707578,"d":"40.691"},{"v":0.0306,"d":"0.031"},{"v":0.0046,"d":"0.005"},{"v":1.80011396041801E-11,"d":"1.800E-11"},{"v":-0.0012,"d":"-0.001"},0.004,{"v":0.7649,"d":"0.765"}]
["FEV1/FVC","TH_temporal pole","rs7713065","C","A",0.735,0.0003164119875,321047,{"v":101.614638616701,"d":"101.615"},{"v":0.0285,"d":"0.029"},{"v":0.0027,"d":"0.003"},{"v":8.20918418869905e-26,"d":"8.209E-26"},{"v":2.8E-3,"d":"0.003"},{"v":0.0024,"d":"0.002"},{"v":0.2437,"d":"0.244"}]
["FEV1/FVC","TH_temporal pole","rs7733410","A","G",0.441,0.0012573701595,321047,{"v":404.180607491586,"d":"404.181"},{"v":0.0505,"d":"0.051"},{"v":0.0024,"d":"0.002"},{"v":1.55991164440755E-96,"d":"1.560E-96"},{"v":0.0005,"d":"0.001"},{"v":0.0022,"d":"0.002"},{"v":0.8224,"d":"0.822"}]
["FEV1/FVC","TH_temporal pole","rs7753012","G","T",0.305,0.002149189088,321047,{"v":691.472515942876,"d":"691.473"},{"v":0.0712,"d":"0.071"},{"v":0.0026,"d":"0.003"},{"v":4.70977326396955e-165,"d":"4.710E-165"},{"v":-0.0011,"d":"-0.001"},{"v":2.3E-3,"d":"0.002"},{"v":0.6388,"d":"0.639"}]
["FEV1/FVC","TH_temporal pole","rs7784940","G","T",0.204,9.832675968e-05,321047,{"v":31.5704187784458,"d":"31.570"},{"v":-0.0174,"d":"-0.017"},{"v":0.0029,"d":"0.003"},{"v":3.16002122743251e-09,"d":"3.160E-09"},{"v":-1E-3,"d":"-0.001"},{"v":0.0026,"d":"0.003"},{"v":0.6815,"d":"0.682"}]
["FEV1/FVC","TH_temporal pole","rs78227763","T","C",0.0315,0.0001347832395,321047,{"v":43.277318182419,"d":"43.277"},0.047,{"v":0.0069,"d":"0.007"},{"v":8.64967918775692e-12,"d":"8.650E-12"},{"v":-0.0016,"d":"-0.002"},0.006,0.796]
["FEV1/FVC","TH_temporal pole","rs78442819","C","G",0.2,4.0328E-4,321047,{"v":129.523261740995,"d":"129.523"},{"v":-0.0355,"d":"-0.036"},{"v":0.0031,"d":"0.003"},{"v":2.25009057227931e-31,"d":"2.250E-31"},{"v":-0.0034,"d":"-0.003"},{"v":0.0029,"d":"0.003"},{"v":0.2417,"d":"0.242"}]
["FEV1/FVC","TH_temporal pole","rs7896518","G","A",0.427,1.2684233982E-4,321047,{"v":40.72726492909,"d":"40.727"},{"v":-0.0161,"d":"-0.016"},{"v":0.0024,"d":"0.002"},{"v":3.71022288617465E-11,"d":"3.710E-11"},{"v":0.0011,"d":"0.001"},{"v":0.0021,"d":"0.002"},{"v":0.5951,"d":"0.595"}]
["FEV1/FVC","TH_temporal pole","rs7974933","G","A",0.143,0.000129658958,321047,{"v":41.6317581014851,"d":"41.632"},0.023,{"v":0.0034,"d":"0.003"},{"v":2.53980281377282e-11,"d":"2.540E-11"},{"v":2.8E-3,"d":"0.003"},{"v":0.0031,"d":"0.003"},{"v":0.3746,"d":"0.375"}]
["FEV1/FVC","TH_temporal pole","rs79898473","C","T",0.329,4.1884163552E-4,321047,{"v":134.523356858321,"d":"134.523"},{"v":0.0308,"d":"0.031"},{"v":0.0026,"d":"0.003"},{"v":2.30993628017318e-33,"d":"2.310E-33"},{"v":1E-3,"d":"0.001"},{"v":2.3E-3,"d":"0.002"},{"v":0.6766,"d":"0.677"}]
["FEV1/FVC","TH_temporal pole","rs8039637","T","C",0.137,0.00016480455552,321047,{"v":52.9183997202631,"d":"52.918"},{"v":-0.0264,"d":"-0.026"},{"v":0.0035,"d":"0.004"},{"v":2.99019836717057e-14,"d":"2.990E-14"},{"v":-1E-4,"d":"-0.000"},0.003,{"v":0.9657,"d":"0.966"}]
["FEV1/FVC","TH_temporal pole","rs8068952","C","G",0.784,0.000275099328,321047,{"v":88.3435670136786,"d":"88.344"},{"v":-0.0285,"d":"-0.029"},{"v":0.0029,"d":"0.003"},{"v":1.21004076085695e-22,"d":"1.210E-22"},-0.004,{"v":0.0025,"d":"0.003"},{"v":0.1177,"d":"0.118"}]
["FEV1/FVC","TH_temporal pole","rs8080108","C","T",0.311,1.0698521912E-4,321047,{"v":34.3507446943285,"d":"34.351"},{"v":-0.0158,"d":"-0.016"},{"v":0.0026,"d":"0.003"},{"v":1e-09,"d":"1.000E-09"},{"v":-0.0017,"d":"-0.002"},{"v":2.3E-3,"d":"0.002"},{"v":0.4581,"d":"0.458"}]
["FEV1/FVC","TH_temporal pole","rs8089099","A","G",0.275,0.0002202096875,321047,{"v":70.7127907649941,"d":"70.713"},{"v":0.0235,"d":"0.024"},{"v":0.0027,"d":"0.003"},{"v":1.51984745292848E-18,"d":"1.520E-18"},{"v":0.0005,"d":"0.001"},{"v":0.0024,"d":"0.002"},{"v":0.8307,"d":"0.831"}]
["FEV1/FVC","TH_temporal pole","rs811075","C","G",0.351,9.447280128e-05,321047,{"v":30.3328861196602,"d":"30.333"},{"v":0.0144,"d":"0.014"},{"v":0.0025,"d":"0.003"},{"v":9.21000784234801e-09,"d":"9.210E-09"},{"v":2E-3,"d":"0.002"},{"v":0.0022,"d":"0.002"},{"v":0.3711,"d":"0.371"}]
["FEV1/FVC","TH_temporal pole","rs838327","G","A",0.25,8.550375e-05,321047,{"v":27.452898744541,"d":"27.453"},{"v":-0.0151,"d":"-0.015"},{"v":2.8E-3,"d":"0.003"},{"v":4.29002674812652e-08,"d":"4.290E-08"},{"v":0.0013,"d":"0.001"},{"v":0.0024,"d":"0.002"},{"v":0.5985,"d":"0.599"}]
["FEV1/FVC","TH_temporal pole","rs840467","C","T",0.812,0.00027661572512,321047,{"v":88.8306674306346,"d":"88.831"},{"v":-0.0301,"d":"-0.030"},{"v":0.0031,"d":"0.003"},{"v":1.61994399390362e-22,"d":"1.620E-22"},{"v":0.0022,"d":"0.002"},{"v":2.8E-3,"d":"0.003"},{"v":0.4283,"d":"0.428"}]
["FEV1/FVC","TH_temporal pole","rs864354","G","T",0.566,9.906331232e-05,321047,{"v":31.8069320038134,"d":"31.807"},{"v":0.0142,"d":"0.014"},{"v":0.0024,"d":"0.002"},{"v":3.52996175422501e-09,"d":"3.530E-09"},{"v":0.0026,"d":"0.003"},{"v":0.0021,"d":"0.002"},{"v":0.2262,"d":"0.226"}]
["FEV1/FVC","TH_temporal pole","rs879394","T","G",0.235,0.000319294782,321047,{"v":102.540734008501,"d":"102.541"},{"v":-0.0298,"d":"-0.030"},{"v":2.8E-3,"d":"0.003"},{"v":4.70977326396951e-26,"d":"4.710E-26"},{"v":-0.0026,"d":"-0.003"},{"v":0.0025,"d":"0.003"},{"v":0.2848,"d":"0.285"}]
["FEV1/FVC","TH_temporal pole","rs898614","T","C",0.648,0.00010401633792,321047,{"v":33.397399082675,"d":"33.397"},{"v":0.0151,"d":"0.015"},{"v":0.0025,"d":"0.003"},{"v":1.55998348264765e-09,"d":"1.560E-09"},{"v":0.0022,"d":"0.002"},{"v":0.0022,"d":"0.002"},{"v":0.3181,"d":"0.318"}]
["FEV1/FVC","TH_temporal pole","rs911930","G","T",0.694,1.1845239192E-4,321047,{"v":38.0330532700883,"d":"38.033"},{"v":0.0167,"d":"0.017"},{"v":0.0026,"d":"0.003"},{"v":1.29998996537545e-10,"d":"1.300E-10"},{"v":0.0037,"d":"0.004"},{"v":2.3E-3,"d":"0.002"},{"v":0.1023,"d":"0.102"}]
["FEV1/FVC","TH_temporal pole","rs9295562","T","C",0.306,1.0737548568E-4,321047,{"v":34.4760646843254,"d":"34.476"},{"v":-0.0159,"d":"-0.016"},{"v":0.0026,"d":"0.003"},{"v":5.37997180932844E-10,"d":"5.380E-10"},{"v":0.0012,"d":"0.001"},{"v":2.3E-3,"d":"0.002"},{"v":0.5866,"d":"0.587"}]
["FEV1/FVC","TH_temporal pole","rs9321207","G","A",0.581,{"$f":"2*F4165*(1-F4165)*J4165*J4165","v":1.1397327102E-4},321047,{"$f":"G4165/(1-G4165)*(H4165-2)","v":{"v":36.5947196145124,"d":"36.595"}},{"v":0.0153,"d":"0.015"},{"v":0.0024,"d":"0.002"},{"v":2.39999313805789e-10,"d":"2.400E-10"},0.003,{"v":0.0021,"d":"0.002"},{"v":0.1527,"d":"0.153"}]
["FEV1/FVC","TH_temporal pole","rs9333118","A","C",0.094,0.00012881055,321047,{"v":41.3593105402883,"d":"41.359"},{"v":-0.0275,"d":"-0.028"},0.004,{"v":1.05002587211089E-11,"d":"1.050E-11"},0.003,{"v":0.0035,"d":"0.004"},{"v":0.3907,"d":"0.391"}]
["FEV1/FVC","TH_temporal pole","rs9351958","C","G",0.202,0.000383727078,321047,{"v":123.240950646392,"d":"123.241"},{"v":0.0345,"d":"0.035"},0.003,{"v":3.22998124059562E-31,"d":"3.230E-31"},{"v":-1.5E-3,"d":"-0.002"},{"v":0.0026,"d":"0.003"},{"v":0.5754,"d":"0.575"}]
["FEV1/FVC","TH_temporal pole","rs9403133","G","A",0.758,1.06026008E-4,321047,{"v":34.0427291530335,"d":"34.043"},0.017,{"v":2.8E-3,"d":"0.003"},{"v":1.51001061400434e-09,"d":"1.510E-09"},{"v":-0.0049,"d":"-0.005"},{"v":0.0024,"d":"0.002"},{"v":0.04495,"d":"0.045"}]
["FEV1/FVC","TH_temporal pole","rs941747","T","C",0.468,9.620930592e-05,321047,{"v":30.8904885715514,"d":"30.890"},{"v":-0.0139,"d":"-0.014"},{"v":0.0024,"d":"0.002"},{"v":4.56005415125173e-09,"d":"4.560E-09"},{"v":0.0011,"d":"0.001"},{"v":0.0021,"d":"0.002"},{"v":0.6173,"d":"0.617"}]
["FEV1/FVC","TH_temporal pole","rs943613","T","C",0.446,8.610383232e-05,321047,{"v":27.6455852380101,"d":"27.646"},{"v":-0.0132,"d":"-0.013"},{"v":0.0024,"d":"0.002"},{"v":3.29997006285229E-8,"d":"3.300E-08"},{"v":-0.0012,"d":"-0.001"},{"v":0.0022,"d":"0.002"},{"v":0.5765,"d":"0.577"}]
["FEV1/FVC","TH_temporal pole","rs9533803","T","C",0.213,0.00022838382702,321047,{"v":73.3382350124149,"d":"73.338"},{"v":-0.0261,"d":"-0.026"},{"v":0.0029,"d":"0.003"},{"v":2.92011530139415e-19,"d":"2.920E-19"},{"v":-0.0021,"d":"-0.002"},{"v":0.0025,"d":"0.003"},{"v":0.4096,"d":"0.410"}]
["FEV1/FVC","TH_temporal pole","rs9600261","A","G",0.184,0.00012867040512,321047,{"v":41.3143061402587,"d":"41.314"},{"v":0.0207,"d":"0.021"},{"v":0.0031,"d":"0.003"},{"v":2.11008524186048e-11,"d":"2.110E-11"},{"v":-1.4E-3,"d":"-0.001"},{"v":0.0027,"d":"0.003"},{"v":0.6041,"d":"0.604"}]
["FEV1/FVC","TH_temporal pole","rs9634470","C","T",0.265,0.000168534912,321047,{"v":54.1164113276609,"d":"54.116"},{"v":0.0208,"d":"0.021"},{"v":0.0027,"d":"0.003"},{"v":2.73023481294007e-14,"d":"2.730E-14"},{"v":0.0005,"d":"0.001"},{"v":0.0025,"d":"0.003"},{"v":0.8381,"d":"0.838"}]
["FEV1/FVC","TH_temporal pole","rs9636166","C","A",0.126,2.77567542E-4,321047,{"v":89.1364128964204,"d":"89.136"},{"v":-0.0355,"d":"-0.036"},{"v":0.0036,"d":"0.004"},{"v":3.6601594055805e-23,"d":"3.660E-23"},{"v":0.0071,"d":"0.007"},{"v":0.0032,"d":"0.003"},{"v":0.02639,"d":"0.026"}]
["FEV1/FVC","TH_temporal pole","rs9661687","T","C",0.863,1.7366005742E-4,321047,{"v":55.7623768319664,"d":"55.762"},{"v":-0.0271,"d":"-0.027"},{"v":0.0035,"d":"0.004"},{"v":6.10942024905571e-15,"d":"6.109E-15"},{"v":-0.0013,"d":"-0.001"},0.003,{"v":0.6494,"d":"0.649"}]
["FEV1/FVC","TH_temporal pole","rs979455","C","T",0.325,0.0001313134875,321047,{"v":42.1630751748824,"d":"42.163"},{"v":-0.0173,"d":"-0.017"},{"v":0.0025,"d":"0.003"},{"v":9.21934357451561e-12,"d":"9.219E-12"},{"v":-0.0007,"d":"-0.001"},{"v":2.3E-3,"d":"0.002"},{"v":0.7532,"d":"0.753"}]
["FEV1/FVC","TH_temporal pole","rs9850438","C","T",0.172,0.000102824352,321047,{"v":33.0146387966808,"d":"33.015"},0.019,{"v":0.0032,"d":"0.003"},{"v":2.06001318473549e-09,"d":"2.060E-09"},{"v":-0.0032,"d":"-0.003"},{"v":2.8E-3,"d":"0.003"},{"v":0.2658,"d":"0.266"}]
["FEV1/FVC","TH_temporal pole","rs985256","C","A",0.782,1.0924443032E-4,321047,{"v":35.076210012665,"d":"35.076"},{"v":-0.0179,"d":"-0.018"},{"v":0.0029,"d":"0.003"},{"v":5.86003216751055e-10,"d":"5.860E-10"},{"v":1.4E-3,"d":"0.001"},{"v":0.0025,"d":"0.003"},{"v":0.5789,"d":"0.579"}]
["FEV1/FVC","TH_temporal pole","rs987068","C","G",0.689,0.00037548537728,321047,{"v":120.592983850896,"d":"120.593"},{"v":-0.0296,"d":"-0.030"},{"v":0.0026,"d":"0.003"},{"v":1.46015849681179E-30,"d":"1.460E-30"},{"v":-0.0058,"d":"-0.006"},{"v":2.3E-3,"d":"0.002"},{"v":0.01067,"d":"0.011"}]
["FEV1/FVC","TH_temporal pole","rs9874847","T","C",0.143,1.8942462968E-4,321047,{"v":60.8253520554038,"d":"60.825"},{"v":0.0278,"d":"0.028"},{"v":0.0034,"d":"0.003"},{"v":6.03948629376381e-16,"d":"6.039E-16"},{"v":0.0037,"d":"0.004"},{"v":0.0031,"d":"0.003"},{"v":0.2339,"d":"0.234"}]
["FEV1/FVC","TH_temporal pole","rs988799","C","G",0.793,0.00027230681088,321047,{"v":87.4465523907736,"d":"87.447"},{"v":-0.0288,"d":"-0.029"},{"v":0.0029,"d":"0.003"},{"v":9.89008445021067e-23,"d":"9.890E-23"},{"v":-0.0007,"d":"-0.001"},{"v":0.0025,"d":"0.003"},{"v":0.7897,"d":"0.790"}]
["FEV1/FVC","TH_temporal pole","rs9888193","G","T",0.273,8.694617568e-05,321047,{"v":27.916062166031,"d":"27.916"},{"v":0.0148,"d":"0.015"},{"v":0.0026,"d":"0.003"},{"v":2.42002582208076E-8,"d":"2.420E-08"},{"v":0.0005,"d":"0.001"},{"v":0.0024,"d":"0.002"},{"v":0.8264,"d":"0.826"}]
["FEV1/FVC","TH_temporal pole","rs9905278","T","C",0.492,0.00021626462208,321047,{"v":69.445694242494,"d":"69.446"},{"v":-0.0208,"d":"-0.021"},{"v":0.0024,"d":"0.002"},{"v":2.90001336905406e-18,"d":"2.900E-18"},{"v":-0.0008,"d":"-0.001"},{"v":0.0021,"d":"0.002"},{"v":0.7211,"d":"0.721"}]
["FEV1/FVC","TH_temporal pole","rs9912501","T","C",0.522,0.00028505206872,321047,{"v":91.5406352496623,"d":"91.541"},{"v":0.0239,"d":"0.024"},{"v":0.0024,"d":"0.002"},{"v":6.07015806341045E-24,"d":"6.070E-24"},{"v":0.0032,"d":"0.003"},{"v":0.0021,"d":"0.002"},{"v":0.1232,"d":"0.123"}]
["FEV1/FVC","TH_temporal pole","rs995758","T","C",0.398,0.00239523642008,321047,{"v":770.824984561112,"d":"770.825"},{"v":0.0707,"d":"0.071"},{"v":0.0024,"d":"0.002"},{"v":1.47910838816817e-185,"d":"1.479E-185"},{"v":0.0035,"d":"0.004"},{"v":0.0021,"d":"0.002"},{"v":0.1009,"d":"0.101"}]
["FEV1/FVC","TH_temporal pole","rs996865","T","C",0.0752,0.000313821632,321047,{"v":100.78249357205,"d":"100.782"},{"v":-0.0475,"d":"-0.048"},{"v":0.0046,"d":"0.005"},{"v":1.82011990846011e-25,"d":"1.820E-25"},{"v":3.3E-3,"d":"0.003"},{"v":0.0039,"d":"0.004"},{"v":0.4024,"d":"0.402"}]
["FEV1/FVC","TH_temporal pole","rs9970286","A","G",0.329,0.00024590786528,321047,{"v":78.966909192885,"d":"78.967"},{"v":0.0236,"d":"0.024"},{"v":0.0025,"d":"0.003"},{"v":1.91999456795429E-20,"d":"1.920E-20"},{"v":0.0029,"d":"0.003"},{"v":0.0022,"d":"0.002"},{"v":0.1884,"d":"0.188"}]
["FEV1","brainstem","rs10107584","T","C",0.611245,4.58465872768961e-05,421986,{"v":19.3474132983261,"d":"19.347"},{"v":0.00982184,"d":"0.010"},{"v":1.79714E-3,"d":"0.002"},{"v":4.60002296665068e-08,"d":"4.600E-08"},{"v":-0.00233940787038698,"d":"-0.002"},{"v":0.00921026720624795,"d":"0.009"},{"v":0.7995,"d":"0.800"}]
["FEV1","brainstem","rs10141786","G","A",0.596493,7.05065437591767e-05,421986,{"v":29.7547312649344,"d":"29.755"},{"v":-0.0121024,"d":"-0.012"},{"v":1.77709E-3,"d":"0.002"},{"v":9.70063133783958e-12,"d":"9.701E-12"},{"v":0.000493857326436589,"d":"0.000"},{"v":0.00968347698895273,"d":"0.010"},{"v":0.9594,"d":"0.959"}]
["FEV1","brainstem","rs10167980","G","A",0.734288,4.8279112523256e-05,421986,{"v":20.3739966574909,"d":"20.374"},{"v":-0.0111231,"d":"-0.011"},{"v":1.96218E-3,"d":"0.002"},{"v":1.40000633223953E-8,"d":"1.400E-08"},{"v":0.000899602707916186,"d":"0.001"},{"v":0.0102227580445021,"d":"0.010"},{"v":0.93,"d":"0.930"}]
["FEV1","brainstem","rs10283100","G","A",0.944478,6.6090898474265e-05,421986,{"v":27.8911450526003,"d":"27.891"},{"v":0.0251031,"d":"0.025"},{"v":0.00379228,"d":"0.004"},{"v":3.59997927043357e-11,"d":"3.600E-11"},{"v":0.0205042470773003,"d":"0.021"},{"v":0.0206487885974826,"d":"0.021"},0.321]
["FEV1","brainstem","rs10490551","A","T",0.276305,7.51379145854287e-05,421986,{"v":31.709380325128,"d":"31.709"},{"v":0.013707,"d":"0.014"},{"v":0.00193897,"d":"0.002"},{"v":1.5999263828686E-12,"d":"1.600E-12"},{"v":0.0167329649394261,"d":"0.017"},{"v":0.0100137432312544,"d":"0.010"},{"v":0.09466,"d":"0.095"}]
["FEV1","brainstem","rs10789246","C","T",0.301089,5.20235638625794e-05,421986,{"v":21.9542537115067,"d":"21.954"},{"v":-0.011118,"d":"-0.011"},{"v":0.00188847,"d":"0.002"},{"v":3.89995862874433e-09,"d":"3.900E-09"},{"v":-0.0148634056893526,"d":"-0.015"},{"v":0.00972099783476296,"d":"0.010"},{"v":0.1261,"d":"0.126"}]
["FEV1","brainstem","rs10797116","C","T",0.542079,7.98684142926156e-05,421986,{"v":33.7058849724402,"d":"33.706"},{"v":-0.0126837,"d":"-0.013"},{"v":1.74658E-3,"d":"0.002"},{"v":3.80014352941586e-13,"d":"3.800E-13"},{"v":-0.0139990555437358,"d":"-0.014"},{"v":0.00899682232887905,"d":"0.009"},{"v":0.1198,"d":"0.120"}]
["FEV1","brainstem","rs10851839","A","T",0.668554,4.72929853022601e-05,421986,{"v":19.9578269750067,"d":"19.958"},{"v":0.0103302,"d":"0.010"},{"v":0.00184696,"d":"0.002"},{"v":2.19998641983516e-08,"d":"2.200E-08"},{"v":-0.0101933957173186,"d":"-0.010"},{"v":0.00947341609416228,"d":"0.009"},{"v":0.2821,"d":"0.282"}]
["FEV1","brainstem","rs10883928","T","C",0.359436,8.50445755037914e-05,421986,{"v":35.8905024419367,"d":"35.891"},{"v":-0.0135899,"d":"-0.014"},{"v":1.80959E-3,"d":"0.002"},{"v":5.90065196995665e-14,"d":"5.901E-14"},{"v":0.00880616382718956,"d":"0.009"},{"v":0.00934836924330102,"d":"0.009"},{"v":0.3463,"d":"0.346"}]
["FEV1","brainstem","rs10911335","C","T",0.21106,8.54138636940176e-05,421986,{"v":36.046362716168,"d":"36.046"},{"v":0.0160149,"d":"0.016"},{"v":0.00212544,"d":"0.002"},{"v":4.90004422793237e-14,"d":"4.900E-14"},{"v":-0.0130739666566511,"d":"-0.013"},{"v":0.010968092832761,"d":"0.011"},{"v":0.2334,"d":"0.233"}]
["FEV1","brainstem","rs10965947","T","C",0.458692,8.33741345031673e-05,421986,{"v":35.1854843334879,"d":"35.185"},{"v":0.0129574,"d":"0.013"},{"v":0.00174086,"d":"0.002"},{"v":9.79941161095592e-14,"d":"9.799E-14"},{"v":0.0105199685559156,"d":"0.011"},{"v":0.00930970668665099,"d":"0.009"},{"v":0.2585,"d":"0.259"}]
["FEV1","brainstem","rs11049229","T","A",0.054116,4.66525515018772E-5,421986,{"v":19.687548767351,"d":"19.688"},{"v":0.0213472,"d":"0.021"},{"v":0.00387585,"d":"0.004"},{"v":3.59997927043357E-8,"d":"3.600E-08"},{"v":0.0171012314646823,"d":"0.017"},{"v":0.0199547625025465,"d":"0.020"},{"v":0.3914,"d":"0.391"}]
["FEV1","brainstem","rs11049381","A","G",0.564116,8.9027429512621e-05,421986,{"v":37.5714957091398,"d":"37.571"},{"v":0.0134548,"d":"0.013"},{"v":1.75227E-3,"d":"0.002"},{"v":1.5999263828686E-14,"d":"1.600E-14"},{"v":0.010766365791522,"d":"0.011"},{"v":0.00903218606671311,"d":"0.009"},{"v":0.2333,"d":"0.233"}]
["FEV1","brainstem","rs11107119","A","T",0.219982,1.50950514403929E-4,421986,{"v":63.708318673703,"d":"63.708"},{"v":0.0209728,"d":"0.021"},{"v":2.09596E-3,"d":"0.002"},{"v":1.39990962656834E-23,"d":"1.400E-23"},{"v":0.0204526664104628,"d":"0.020"},{"v":0.0108157939769766,"d":"0.011"},{"v":0.05869,"d":"0.059"}]
["FEV1","brainstem","rs11134789","A","C",0.341728,9.26445220486195e-05,421986,{"v":39.0981282195666,"d":"39.098"},{"v":-0.01435,"d":"-0.014"},{"v":1.82876E-3,"d":"0.002"},{"v":4.30031233630544e-15,"d":"4.300E-15"},{"v":-0.0151914515386158,"d":"-0.015"},{"v":0.00945329902838571,"d":"0.009"},{"v":0.1081,"d":"0.108"}]
["FEV1","brainstem","rs11166592","T","G",0.577472,7.71708226681496e-05,421986,{"v":32.5673656831983,"d":"32.567"},{"v":0.0125753,"d":"0.013"},{"v":0.00176215,"d":"0.002"},{"v":9.60063590945348e-13,"d":"9.601E-13"},{"v":-0.00608637845707738,"d":"-0.006"},{"v":0.00907060872887836,"d":"0.009"},{"v":0.5023,"d":"0.502"}]
["FEV1","brainstem","rs11231173","A","T",0.397259,6.23401295407736e-05,421986,{"v":26.3081772793134,"d":"26.308"},{"v":0.0114095,"d":"0.011"},{"v":1.77764E-3,"d":"0.002"},{"v":1.40000633223953E-10,"d":"1.400E-10"},{"v":-1.52963010081636E-3,"d":"-0.002"},{"v":0.00921463916154433,"d":"0.009"},{"v":0.8683,"d":"0.868"}]
["FEV1","brainstem","rs112635299","T","G",0.02048,5.99406836577107e-05,421986,{"v":25.2955256837183,"d":"25.296"},{"v":0.0386522,"d":"0.039"},{"v":0.00614151,"d":"0.006"},{"v":3.09998790941119e-10,"d":"3.100E-10"},{"v":0.0432091693519633,"d":"0.043"},{"v":0.0346504966735872,"d":"0.035"},{"v":0.2123,"d":"0.212"}]
["FEV1","brainstem","rs1155938","A","C",0.493871,0.000183402634522083,421986,{"v":77.4071740058101,"d":"77.407"},{"v":0.0191536,"d":"0.019"},{"v":0.0017344,"d":"0.002"},{"v":2.39993787680987e-28,"d":"2.400E-28"},{"v":2.05945970336144E-4,"d":"0.000"},{"v":0.00895417262331061,"d":"0.009"},{"v":0.9815,"d":"0.982"}]
["FEV1","brainstem","rs11576892","C","T",0.083935,6.68380869993151E-5,421986,{"v":28.2064885720561,"d":"28.206"},{"v":-0.0208479,"d":"-0.021"},{"v":3.12824E-3,"d":"0.003"},{"v":2.70022528688824e-11,"d":"2.700E-11"},{"v":-0.00511559847937852,"d":"-0.005"},{"v":0.0162399951726302,"d":"0.016"},{"v":0.7528,"d":"0.753"}]
["FEV1","brainstem","rs11621587","C","G",0.183978,0.000128027780905798,421986,{"v":54.0325927707012,"d":"54.033"},{"v":0.0206492,"d":"0.021"},{"v":0.00223832,"d":"0.002"},{"v":2.80027059501063E-20,"d":"2.800E-20"},{"v":-0.0164860901012659,"d":"-0.016"},{"v":0.0116757012048625,"d":"0.012"},0.158]
["FEV1","brainstem","rs11623570","A","C",0.232947,4.8919748289392e-05,421986,{"v":20.6443609790935,"d":"20.644"},{"v":-0.0117,"d":"-0.012"},{"v":2.05404E-3,"d":"0.002"},{"v":1.19999655704812E-8,"d":"1.200E-08"},{"v":-1.06026348496154E-3,"d":"-0.001"},{"v":0.0108190151526688,"d":"0.011"},{"v":0.9218,"d":"0.922"}]
["FEV1","brainstem","rs11641308","C","T",0.654691,5.22661440919687e-05,421986,{"v":22.0566293634738,"d":"22.057"},{"v":-0.0107516,"d":"-0.011"},{"v":0.00184605,"d":"0.002"},{"v":5.69993627094142e-09,"d":"5.700E-09"},{"v":-0.00332677828261222,"d":"-0.003"},{"v":0.00939767876444129,"d":"0.009"},{"v":0.7231,"d":"0.723"}]
["FEV1","brainstem","rs11694842","G","A",0.336566,5.27032623531681E-5,421986,{"v":22.2411056396648,"d":"22.241"},{"v":-0.0108635,"d":"-0.011"},{"v":0.00183761,"d":"0.002"},{"v":3.4000084782586e-09,"d":"3.400E-09"},{"v":0.00352289703779214,"d":"0.004"},{"v":0.00947015332739823,"d":"0.009"},{"v":0.7095,"d":"0.710"}]
["FEV1","brainstem","rs11699903","A","G",0.123342,5.5877288214736E-5,421986,{"v":23.5806392121807,"d":"23.581"},{"v":-0.0160743,"d":"-0.016"},{"v":0.00266362,"d":"0.003"},{"v":1.60000006389793e-09,"d":"1.600E-09"},{"v":-0.0204604102125766,"d":"-0.020"},{"v":0.0132344179900236,"d":"0.013"},{"v":0.1222,"d":"0.122"}]
["FEV1","brainstem","rs11707746","C","T",0.286941,5.77976124903816e-05,421986,{"v":24.3910774551842,"d":"24.391"},{"v":-0.0118845,"d":"-0.012"},{"v":0.00192893,"d":"0.002"},{"v":7.19995861275188E-10,"d":"7.200E-10"},{"v":0.0112196341541011,"d":"0.011"},{"v":0.00991133759196208,"d":"0.010"},{"v":0.2578,"d":"0.258"}]
["FEV1","brainstem","rs1187115","A","C",0.830007,2.28574532522613E-4,421986,{"v":96.4768476823807,"d":"96.477"},{"v":-0.0284605,"d":"-0.028"},{"v":2.30876E-3,"d":"0.002"},{"v":6.49980009683024e-35,"d":"6.500E-35"},{"v":-0.00762859542814939,"d":"-0.008"},{"v":0.011994646899606,"d":"0.012"},{"v":0.5249,"d":"0.525"}]
["FEV1","brainstem","rs11877758","G","T",0.3121,5.8965846097212e-05,421986,{"v":24.8841109121402,"d":"24.884"},{"v":-0.0117186,"d":"-0.012"},{"v":1.88255E-3,"d":"0.002"},{"v":4.7999863240391E-10,"d":"4.800E-10"},{"v":0.00710688576133902,"d":"0.007"},{"v":0.00964299289191183,"d":"0.010"},{"v":0.4612,"d":"0.461"}]
["FEV1","brainstem","rs11883412","T","G",0.100546,6.56337523565205e-05,421986,{"v":27.6982112919546,"d":"27.698"},{"v":-0.0190492,"d":"-0.019"},{"v":0.00289518,"d":"0.003"},{"v":4.70002318179801e-11,"d":"4.700E-11"},{"v":-0.0259103848476088,"d":"-0.026"},{"v":0.0151345705885565,"d":"0.015"},{"v":0.0869,"d":"0.087"}]
["FEV1","brainstem","rs11909473","G","A",0.28953,5.04702207717938E-5,421986,{"v":21.2987005922857,"d":"21.299"},{"v":0.011076,"d":"0.011"},{"v":1.92519E-3,"d":"0.002"},{"v":8.79994585505891e-09,"d":"8.800E-09"},{"v":-0.0110708371349746,"d":"-0.011"},{"v":0.00985826993319202,"d":"0.010"},{"v":0.2613,"d":"0.261"}]
["FEV1","brainstem","rs11938781","C","T",0.165403,0.000284467858130144,421986,{"v":120.075042135242,"d":"120.075"},{"v":-0.032099,"d":"-0.032"},{"v":0.0023426,"d":"0.002"},{"v":9.79941161095593e-43,"d":"9.799E-43"},{"v":-0.0103253281629822,"d":"-0.010"},{"v":0.0121904700861656,"d":"0.012"},{"v":0.3973,"d":"0.397"}]
["FEV1","brainstem","rs12152266","T","C",0.27447,7.95324727723686E-5,421986,{"v":33.5641004262785,"d":"33.564"},{"v":0.0141313,"d":"0.014"},{"v":0.00194446,"d":"0.002"},{"v":3.69998531172859e-13,"d":"3.700E-13"},{"v":3.8132483913018E-3,"d":"0.004"},{"v":0.0103060767332481,"d":"0.010"},{"v":0.7117,"d":"0.712"}]
["FEV1","brainstem","rs12358810","A","G",0.392273,6.2173584888256e-05,421986,{"v":26.2378893491266,"d":"26.238"},{"v":-0.0114193,"d":"-0.011"},{"v":1.78594E-3,"d":"0.002"},{"v":1.60000006389793E-10,"d":"1.600E-10"},{"v":0.00288167334442052,"d":"0.003"},{"v":0.00920662410357994,"d":"0.009"},0.754]
["FEV1","brainstem","rs12571363","A","C",0.10664,9.91724246453693e-05,421986,{"v":41.8533271374832,"d":"41.853"},{"v":-0.0228143,"d":"-0.023"},{"v":0.00281378,"d":"0.003"},{"v":5.10035023959446e-16,"d":"5.100E-16"},{"v":-1.19435682578553E-3,"d":"-0.001"},{"v":0.0147451459973522,"d":"0.015"},{"v":0.9352,"d":"0.935"}]
["FEV1","brainstem","rs12641030","G","A",0.467529,8.61398202509326e-05,421986,{"v":36.3527573287515,"d":"36.353"},{"v":-0.0131533,"d":"-0.013"},{"v":0.00173853,"d":"0.002"},{"v":3.90031784475066e-14,"d":"3.900E-14"},{"v":-0.00879404976154407,"d":"-0.009"},{"v":0.00897352016484088,"d":"0.009"},0.327]
["FEV1","brainstem","rs12645165","C","T",0.364275,8.47647145794465e-05,421986,{"v":35.7723855531444,"d":"35.772"},{"v":0.0135283,"d":"0.014"},{"v":0.00180117,"d":"0.002"},{"v":5.90065196995665e-14,"d":"5.901E-14"},{"v":-0.0137824998245056,"d":"-0.014"},{"v":0.00923760041856942,"d":"0.009"},{"v":0.1357,"d":"0.136"}]
["FEV1","brainstem","rs12698403","A","G",0.439685,9.54761382352811e-05,421986,{"v":40.293249760961,"d":"40.293"},{"v":-0.0139202,"d":"-0.014"},{"v":0.00175386,"d":"0.002"},{"v":2.09990670376243e-15,"d":"2.100E-15"},{"v":-0.0119948528418469,"d":"-0.012"},{"v":9.03907523876934E-3,"d":"0.009"},{"v":0.1845,"d":"0.185"}]
["FEV1","brainstem","rs12894780","C","T",0.126445,1.13215449487926E-4,421986,{"v":47.7805177295044,"d":"47.781"},{"v":-0.0226382,"d":"-0.023"},{"v":0.00262602,"d":"0.003"},{"v":6.70038873807757e-18,"d":"6.700E-18"},{"v":0.0120677098865768,"d":"0.012"},{"v":0.0135744768127973,"d":"0.014"},0.374]
["FEV1","brainstem","rs12917612","A","C",0.232311,5.15254458062511e-05,421986,{"v":21.7440340941554,"d":"21.744"},{"v":-0.012019,"d":"-0.012"},{"v":0.00205725,"d":"0.002"},{"v":5.09999793204996e-09,"d":"5.100E-09"},{"v":0.00492844798111834,"d":"0.005"},{"v":0.0105084178701884,"d":"0.011"},{"v":0.6394,"d":"0.639"}]
["FEV1","brainstem","rs12985660","C","T",0.475562,4.79952736196658e-05,421986,{"v":20.2542096494551,"d":"20.254"},{"v":-0.0098092,"d":"-0.010"},{"v":0.00174527,"d":"0.002"},{"v":1.89998424621473e-08,"d":"1.900E-08"},{"v":-0.0137427220963744,"d":"-0.014"},{"v":0.00951712056535622,"d":"0.010"},{"v":0.1489,"d":"0.149"}]
["FEV1","brainstem","rs13044144","C","G",0.262827,9.72020792895655e-05,421986,{"v":41.0217096223993,"d":"41.022"},{"v":0.0158381,"d":"0.016"},{"v":0.00197778,"d":"0.002"},{"v":1.20005182020427e-15,"d":"1.200E-15"},{"v":0.017340840560954,"d":"0.017"},{"v":0.010188507967658,"d":"0.010"},{"v":0.08872,"d":"0.089"}]
["FEV1","brainstem","rs13101469","T","A",0.196758,{"$f":"2*F4229*(1-F4229)*J4229*J4229","v":7.39883393519119e-05},421986,{"$f":"G4229/(1-G4229)*(H4229-2)","v":{"v":31.2242056201986,"d":"31.224"}},{"v":-0.0152995,"d":"-0.015"},{"v":0.00218825,"d":"0.002"},{"v":2.70022528688824E-12,"d":"2.700E-12"},{"v":-0.0136651718683861,"d":"-0.014"},{"v":0.0113686953979918,"d":"0.011"},{"v":0.2295,"d":"0.230"}]
["FEV1","brainstem","rs13178887","C","T",0.386603,5.06944398527101e-05,421986,{"v":21.3933270295364,"d":"21.393"},{"v":-0.0103386,"d":"-0.010"},{"v":0.00177913,"d":"0.002"},{"v":6.19997588072324e-09,"d":"6.200E-09"},{"v":-0.000314324270299983,"d":"-0.000"},{"v":0.00924483147941127,"d":"0.009"},{"v":0.9728,"d":"0.973"}]
["FEV1","brainstem","rs13229167","A","G",0.271146,0.00013450091374651,421986,{"v":56.764868513091,"d":"56.765"},{"v":-0.018447,"d":"-0.018"},{"v":1.95743E-3,"d":"0.002"},{"v":4.30031233630546e-21,"d":"4.300E-21"},{"v":-0.0189390478270055,"d":"-0.019"},{"v":0.0101658871857249,"d":"0.010"},{"v":0.06246,"d":"0.062"}]
["FEV1","brainstem","rs13429514","A","G",0.23795,6.74489306258274e-05,421986,{"v":28.464289427092,"d":"28.464"},{"v":0.0136376,"d":"0.014"},{"v":0.00203576,"d":"0.002"},{"v":2.09990670376243E-11,"d":"2.100E-11"},{"v":-0.00125381398848867,"d":"-0.001"},{"v":0.0107163588759715,"d":"0.011"},{"v":0.9069,"d":"0.907"}]
["FEV1","brainstem","rs13433809","G","A",0.439229,8.10532215364504e-05,421986,{"v":34.2059351380761,"d":"34.206"},{"v":-0.0128272,"d":"-0.013"},{"v":0.00174729,"d":"0.002"},{"v":2.09990670376243E-13,"d":"2.100E-13"},{"v":-1.36335778686978E-3,"d":"-0.001"},{"v":0.00902885951569388,"d":"0.009"},{"v":0.8797,"d":"0.880"}]
["FEV1","brainstem","rs1344674","G","A",0.446057,9.59275907100102e-05,421986,{"v":40.4837919507976,"d":"40.484"},{"v":0.0139325,"d":"0.014"},{"v":1.7434E-3,"d":"0.002"},{"v":1.2998702373886e-15,"d":"1.300E-15"},{"v":0.013513539014568,"d":"0.014"},{"v":0.00899702996975236,"d":"0.009"},{"v":0.1332,"d":"0.133"}]
["FEV1","brainstem","rs1390403","A","C",0.808334,6.94084306580781e-05,421986,{"v":29.2912802646136,"d":"29.291"},{"v":0.0149666,"d":"0.015"},{"v":0.00220795,"d":"0.002"},{"v":1.20005182020427e-11,"d":"1.200E-11"},{"v":-0.000330041390493837,"d":"-0.000"},{"v":0.011787192517637,"d":"0.012"},{"v":0.9776,"d":"0.978"}]
["FEV1","brainstem","rs1415701","A","G",0.267657,0.000212854795530095,421986,{"v":89.840441005672,"d":"89.840"},{"v":-0.0233013,"d":"-0.023"},{"v":0.00198294,"d":"0.002"},{"v":7.00003159130895e-32,"d":"7.000E-32"},{"v":-0.0052350444784883,"d":"-0.005"},{"v":0.0102246962470475,"d":"0.010"},{"v":0.6089,"d":"0.609"}]
["FEV1","brainstem","rs147110934","T","G",0.024261,9.08136576571728e-05,421986,{"v":38.3253909817406,"d":"38.325"},{"v":-0.0437965,"d":"-0.044"},{"v":5.6422E-3,"d":"0.006"},{"v":8.30041869715702e-15,"d":"8.300E-15"},{"v":0.00435907136487368,"d":"0.004"},{"v":0.0283056582134655,"d":"0.028"},{"v":0.8775,"d":"0.878"}]
["FEV1","brainstem","rs1516890","A","G",0.469749,8.4807052067357e-05,421986,{"v":35.7902543255537,"d":"35.790"},{"v":-0.0130475,"d":"-0.013"},{"v":0.00174914,"d":"0.002"},{"v":8.69961433065269e-14,"d":"8.700E-14"},{"v":-7.12369478065454E-3,"d":"-0.007"},{"v":0.00896062236560319,"d":"0.009"},{"v":0.4266,"d":"0.427"}]
["FEV1","brainstem","rs157580","A","G",0.605625,5.05971252713112e-05,421986,{"v":21.3522576733453,"d":"21.352"},{"v":0.0102918,"d":"0.010"},{"v":1.77323E-3,"d":"0.002"},{"v":6.49994976198144e-09,"d":"6.500E-09"},{"v":0.0152146803816782,"d":"0.015"},{"v":0.00925467176501108,"d":"0.009"},{"v":0.1002,"d":"0.100"}]
["FEV1","brainstem","rs1668091","C","T",0.31711,5.08018677889566e-05,421986,{"v":21.4386645012546,"d":"21.439"},{"v":0.0108304,"d":"0.011"},{"v":0.00187606,"d":"0.002"},{"v":7.79991733536343e-09,"d":"7.800E-09"},{"v":-0.0063963760976503,"d":"-0.006"},{"v":0.00963309653260588,"d":"0.010"},{"v":0.5065,"d":"0.507"}]
["FEV1","brainstem","rs1679910","A","G",0.437215,4.66983353267357e-05,421986,{"v":19.7068706125693,"d":"19.707"},{"v":0.0097413,"d":"0.010"},{"v":0.001762,"d":"0.002"},{"v":3.20000015974484e-08,"d":"3.200E-08"},{"v":-0.0110729627568294,"d":"-0.011"},{"v":0.0090097337321639,"d":"0.009"},0.219]
["FEV1","brainstem","rs17178377","A","G",0.484564,0.00012204140195021,421986,{"v":51.5058048011838,"d":"51.506"},{"v":-0.0156306,"d":"-0.016"},{"v":1.72788E-3,"d":"0.002"},{"v":1.50003019045595e-19,"d":"1.500E-19"},{"v":-0.00944145694782512,"d":"-0.009"},{"v":0.00896624591436384,"d":"0.009"},{"v":0.2926,"d":"0.293"}]
["FEV1","brainstem","rs17182434","G","A",0.138591,5.40403806368192e-05,421986,{"v":22.8054083955978,"d":"22.805"},{"v":0.0150443,"d":"0.015"},{"v":0.00251576,"d":"0.003"},{"v":2.19998641983517e-09,"d":"2.200E-09"},{"v":0.00854093311274626,"d":"0.009"},{"v":0.0130995906637213,"d":"0.013"},{"v":0.5147,"d":"0.515"}]
["FEV1","brainstem","rs17221848","A","G",0.200049,5.08746575105407e-05,421986,{"v":21.4693837224718,"d":"21.469"},{"v":-0.0126077,"d":"-0.013"},{"v":0.00217218,"d":"0.002"},{"v":6.49994976198144e-09,"d":"6.500E-09"},{"v":-0.00367911521874417,"d":"-0.004"},{"v":0.0114614181269289,"d":"0.011"},{"v":0.7483,"d":"0.748"}]
["FEV1","brainstem","rs17400325","C","T",0.041599,7.56555053658999e-05,421986,{"v":31.9278282923086,"d":"31.928"},{"v":0.0308028,"d":"0.031"},{"v":0.00433779,"d":"0.004"},{"v":1.20005182020427e-12,"d":"1.200E-12"},{"v":0.046738211797001,"d":"0.047"},{"v":0.0233924983968974,"d":"0.023"},{"v":0.04571,"d":"0.046"}]
["FEV1","brainstem","rs17855988","C","G",0.098792,4.67750468631742e-05,421986,{"v":19.7392446796046,"d":"19.739"},{"v":0.0162076,"d":"0.016"},{"v":0.00295592,"d":"0.003"},{"v":4.20000686246631e-08,"d":"4.200E-08"},{"v":-0.0117658505054267,"d":"-0.012"},{"v":0.0154610387719142,"d":"0.015"},{"v":0.4465,"d":"0.447"}]
["FEV1","brainstem","rs1829935","G","A",0.250856,0.000128499965685058,421986,{"v":54.2318983167161,"d":"54.232"},{"v":-0.0184902,"d":"-0.018"},{"v":0.00200267,"d":"0.002"},{"v":2.60015956316527e-20,"d":"2.600E-20"},{"v":-0.0237562925651383,"d":"-0.024"},{"v":0.0102574665652584,"d":"0.010"},{"v":0.02054,"d":"0.021"}]
["FEV1","brainstem","rs183967755","A","G",0.016158,7.01384782939526e-05,421986,{"v":29.5993916806862,"d":"29.599"},{"v":0.0469685,"d":"0.047"},{"v":0.00687981,"d":"0.007"},{"v":8.69961433065269e-12,"d":"8.700E-12"},{"v":-1.40256504036146E-3,"d":"-0.001"},{"v":0.0359632061631143,"d":"0.036"},{"v":0.9691,"d":"0.969"}]
["FEV1","brainstem","rs1867264","T","A",0.384943,5.50601142816947e-05,421986,{"v":23.2357666290127,"d":"23.236"},{"v":-0.0107832,"d":"-0.011"},{"v":1.78929E-3,"d":"0.002"},{"v":1.70000422215636e-09,"d":"1.700E-09"},{"v":0.00311874682984966,"d":"0.003"},{"v":0.00936560609564463,"d":"0.009"},{"v":0.7393,"d":"0.739"}]
["FEV1","brainstem","rs196038","A","C",0.631193,0.000123700616050549,421986,{"v":52.2061386949931,"d":"52.206"},{"v":0.0163001,"d":"0.016"},{"v":0.00180593,"d":"0.002"},{"v":1.800113960418e-19,"d":"1.800E-19"},{"v":0.0209473508395065,"d":"0.021"},{"v":0.00928517324446211,"d":"0.009"},{"v":0.02407,"d":"0.024"}]
["FEV1","brainstem","rs1966265","A","G",0.245129,6.76953961079924e-05,421986,{"v":28.5683079741595,"d":"28.568"},{"v":0.0135248,"d":"0.014"},{"v":0.00201382,"d":"0.002"},{"v":1.90020300257723e-11,"d":"1.900E-11"},{"v":1.20973451114298E-3,"d":"0.001"},{"v":0.0107056151428583,"d":"0.011"},{"v":0.91,"d":"0.910"}]
["FEV1","brainstem","rs1983753","A","G",0.851273,9.91118676148653e-05,421986,{"v":41.8277679717932,"d":"41.828"},{"v":0.0197842,"d":"0.020"},{"v":2.45174E-3,"d":"0.002"},{"v":7.10068096254533e-16,"d":"7.101E-16"},{"v":-0.0138946382335751,"d":"-0.014"},{"v":0.0126429829240902,"d":"0.013"},{"v":0.2718,"d":"0.272"}]
["FEV1","brainstem","rs2118022","C","T",0.360318,4.75903384259144e-05,421986,{"v":20.0833171421806,"d":"20.083"},{"v":-0.0101606,"d":"-0.010"},{"v":0.00181403,"d":"0.002"},{"v":2.10000341026661e-08,"d":"2.100E-08"},{"v":0.00550517795378819,"d":"0.006"},{"v":0.0093945016276249,"d":"0.009"},{"v":0.5578,"d":"0.558"}]
["FEV1","brainstem","rs2236610","G","C",0.199727,5.00199416067611e-05,421986,{"v":21.108670893473,"d":"21.109"},{"v":-0.0125089,"d":"-0.013"},{"v":0.0021751,"d":"0.002"},{"v":8.89999986382574e-09,"d":"8.900E-09"},{"v":0.0015768575368571,"d":"0.002"},{"v":0.0113442988263101,"d":"0.011"},{"v":0.8892,"d":"0.889"}]
["FEV1","brainstem","rs225646","A","G",0.757234,1.03245612092437E-4,421986,{"v":43.5724950421362,"d":"43.572"},{"v":0.0167576,"d":"0.017"},{"v":0.0020231,"d":"0.002"},{"v":1.20005182020427e-16,"d":"1.200E-16"},{"v":-2.74688416475474E-3,"d":"-0.003"},{"v":0.0104444264819572,"d":"0.010"},{"v":0.7927,"d":"0.793"}]
["FEV1","brainstem","rs2292839","A","T",0.219592,4.7970519569659e-05,421986,{"v":20.2437628339042,"d":"20.244"},{"v":0.0118305,"d":"0.012"},{"v":0.00209518,"d":"0.002"},{"v":1.60000006389793e-08,"d":"1.600E-08"},{"v":-0.00717648734355717,"d":"-0.007"},{"v":0.0107111751396376,"d":"0.011"},{"v":0.5028,"d":"0.503"}]
["FEV1","brainstem","rs2327790","G","A",0.702446,4.64908828870828e-05,421986,{"v":19.6193208437704,"d":"19.619"},{"v":0.0105458,"d":"0.011"},{"v":0.00190444,"d":"0.002"},{"v":3.09998790941119e-08,"d":"3.100E-08"},{"v":0.0118525235451224,"d":"0.012"},{"v":0.00981982066704422,"d":"0.010"},{"v":0.2275,"d":"0.228"}]
["FEV1","brainstem","rs2345443","G","A",0.690225,6.1098162948369e-05,421986,{"v":25.7840225500158,"d":"25.784"},{"v":-0.0119531,"d":"-0.012"},{"v":1.87776E-3,"d":"0.002"},{"v":1.89998424621474e-10,"d":"1.900E-10"},{"v":0.0104473029585717,"d":"0.010"},{"v":0.0096288506530615,"d":"0.010"},{"v":0.2778,"d":"0.278"}]
["FEV1","brainstem","rs2358947","G","C",0.861631,4.78225974185544e-05,421986,{"v":20.1813360729816,"d":"20.181"},{"v":-0.0141619,"d":"-0.014"},{"v":2.51614E-3,"d":"0.003"},{"v":1.79998961724559E-8,"d":"1.800E-08"},{"v":-0.00263055662960482,"d":"-0.003"},{"v":0.0127080030415692,"d":"0.013"},0.836]
["FEV1","brainstem","rs2415128","C","T",0.737026,6.76002762397706e-05,421986,{"v":28.5281634804952,"d":"28.528"},{"v":-0.0132057,"d":"-0.013"},{"v":0.00197595,"d":"0.002"},{"v":2.29985258668621e-11,"d":"2.300E-11"},{"v":0.00525624884929447,"d":"0.005"},{"v":0.0101865287777025,"d":"0.010"},{"v":0.6059,"d":"0.606"}]
["FEV1","brainstem","rs2450444","A","G",0.348866,8.18635453243499e-05,421986,{"v":34.5479345265544,"d":"34.548"},{"v":0.0134235,"d":"0.013"},{"v":1.81913E-3,"d":"0.002"},{"v":1.5999263828686e-13,"d":"1.600E-13"},{"v":0.0112108340644447,"d":"0.011"},{"v":0.00938930826167898,"d":"0.009"},{"v":0.2326,"d":"0.233"}]
["FEV1","brainstem","rs2544535","C","T",0.513332,9.13207638289917e-05,421986,{"v":38.5394206529448,"d":"38.539"},{"v":0.0135193,"d":"0.014"},{"v":1.7354E-3,"d":"0.002"},{"v":6.70038873807757e-15,"d":"6.700E-15"},{"v":-0.00504139174901351,"d":"-0.005"},{"v":8.97044795198133E-3,"d":"0.009"},{"v":0.5738,"d":"0.574"}]
["FEV1","brainstem","rs2555009","G","A",0.534585,4.97115245798346e-05,421986,{"v":20.9785108620553,"d":"20.979"},{"v":0.00999505,"d":"0.010"},{"v":0.00173809,"d":"0.002"},{"v":8.89999986382574e-09,"d":"8.900E-09"},{"v":0.0148976801440934,"d":"0.015"},{"v":0.00896370646455679,"d":"0.009"},{"v":0.09654,"d":"0.097"}]
["FEV1","brainstem","rs2571570","A","G",0.702751,6.04158559186919e-05,421986,{"v":25.4960649105774,"d":"25.496"},{"v":0.0120254,"d":"0.012"},{"v":0.00190174,"d":"0.002"},{"v":2.59997995670925E-10,"d":"2.600E-10"},{"v":-0.00125184377472416,"d":"-0.001"},{"v":0.00978002949003246,"d":"0.010"},{"v":0.8983,"d":"0.898"}]
["FEV1","brainstem","rs2579762","C","A",0.471399,1.14780203959398E-4,421986,{"v":48.4409696519792,"d":"48.441"},{"v":-0.0151761,"d":"-0.015"},{"v":0.00173678,"d":"0.002"},{"v":2.39993787680987E-18,"d":"2.400E-18"},{"v":-0.00505351835483714,"d":"-0.005"},{"v":0.00896013892701621,"d":"0.009"},{"v":0.5726,"d":"0.573"}]
["FEV1","brainstem","rs262827","T","A",0.336148,9.08225338263057e-05,421986,{"v":38.3291372635254,"d":"38.329"},{"v":0.0142653,"d":"0.014"},{"v":0.00183602,"d":"0.002"},{"v":7.89950721335818e-15,"d":"7.900E-15"},{"v":0.0164992864327308,"d":"0.016"},{"v":0.00965435133571141,"d":"0.010"},{"v":0.08737,"d":"0.087"}]
["FEV1","brainstem","rs2645977","A","G",0.357445,4.68542808621247e-05,421986,{"v":19.7726832901791,"d":"19.773"},{"v":0.0100995,"d":"0.010"},{"v":0.00180964,"d":"0.002"},{"v":2.39999313805789e-08,"d":"2.400E-08"},{"v":0.013167522811073,"d":"0.013"},{"v":0.009305669831147,"d":"0.009"},0.157]
["FEV1","brainstem","rs264770","C","T",0.671374,4.90884176236773E-5,421986,{"v":20.7155437157711,"d":"20.716"},{"v":0.0105473,"d":"0.011"},{"v":0.00184573,"d":"0.002"},{"v":1.09999319893519E-8,"d":"1.100E-08"},{"v":0.00116579182732307,"d":"0.001"},{"v":9.55567071576288E-3,"d":"0.010"},{"v":0.9029,"d":"0.903"}]
["FEV1","brainstem","rs2717329","A","G",0.294673,1.06634094490843E-4,421986,{"v":45.002680549714,"d":"45.003"},{"v":0.0160165,"d":"0.016"},{"v":0.00193769,"d":"0.002"},{"v":1.39990962656834e-16,"d":"1.400E-16"},{"v":-0.0125504512385154,"d":"-0.013"},{"v":9.85121761264947E-3,"d":"0.010"},{"v":0.2028,"d":"0.203"}]
["FEV1","brainstem","rs278064","C","T",0.376633,5.40458171904335e-05,421986,{"v":22.807702782223,"d":"22.808"},{"v":-0.0107284,"d":"-0.011"},{"v":0.00179279,"d":"0.002"},{"v":2.19998641983517e-09,"d":"2.200E-09"},{"v":-0.00345866094634612,"d":"-0.003"},{"v":0.00924775654103239,"d":"0.009"},{"v":0.7082,"d":"0.708"}]
["FEV1","brainstem","rs2806356","C","T",0.185674,1.19500152068962E-4,421986,{"v":50.4331789432221,"d":"50.433"},{"v":-0.019879,"d":"-0.020"},{"v":0.00222854,"d":"0.002"},{"v":4.70002318179802e-19,"d":"4.700E-19"},{"v":0.00687046140616223,"d":"0.007"},{"v":0.0115083105630858,"d":"0.012"},{"v":0.5506,"d":"0.551"}]
["FEV1","brainstem","rs2808096","G","A",0.21446,5.22457210441728E-5,421986,{"v":22.048010263298,"d":"22.048"},{"v":0.0124524,"d":"0.012"},{"v":0.00211416,"d":"0.002"},{"v":3.89995862874433e-09,"d":"3.900E-09"},{"v":-0.0104355297847291,"d":"-0.010"},{"v":0.010927256319088,"d":"0.011"},{"v":0.3396,"d":"0.340"}]
["FEV1","brainstem","rs2812208","C","G",0.020816,2.32329202070872E-4,421986,{"v":98.061988670256,"d":"98.062"},{"v":0.0754929,"d":"0.075"},{"v":0.00608983,"d":"0.006"},{"v":2.70022528688822E-35,"d":"2.700E-35"},{"v":-7.89126231310141e-05,"d":"-0.000"},{"v":0.026304207710338,"d":"0.026"},{"v":0.9975,"d":"0.998"}]
["FEV1","brainstem","rs28409044","A","C",0.333596,5.56347089427936e-05,421986,{"v":23.4782632248568,"d":"23.478"},{"v":0.0111861,"d":"0.011"},{"v":0.00184115,"d":"0.002"},{"v":1.19999655704811E-9,"d":"1.200E-09"},{"v":-0.00838059967669329,"d":"-0.008"},{"v":0.0095234087235151,"d":"0.010"},{"v":0.3787,"d":"0.379"}]
["FEV1","brainstem","rs28427480","C","A",0.093765,9.10496944860883e-05,421986,{"v":38.4250128636993,"d":"38.425"},{"v":0.0231464,"d":"0.023"},{"v":2.98781E-3,"d":"0.003"},{"v":9.39939714766782e-15,"d":"9.399E-15"},{"v":-0.015626622507967,"d":"-0.016"},{"v":0.0151420760736114,"d":"0.015"},{"v":0.3023,"d":"0.302"}]
["FEV1","brainstem","rs28514522","A","G",0.093681,4.99751572507076e-05,421986,{"v":21.0897707218908,"d":"21.090"},{"v":0.0171552,"d":"0.017"},{"v":0.00297447,"d":"0.003"},{"v":8.00000023961727e-09,"d":"8.000E-09"},{"v":-0.00945389037504433,"d":"-0.009"},{"v":0.0156521363825237,"d":"0.016"},{"v":0.5461,"d":"0.546"}]
["FEV1","brainstem","rs2885697","T","G",0.665178,1.27960268588064E-4,421986,{"v":54.0040963585403,"d":"54.004"},{"v":-0.0169491,"d":"-0.017"},{"v":0.00183524,"d":"0.002"},{"v":2.60015956316527e-20,"d":"2.600E-20"},{"v":-0.0131009105200362,"d":"-0.013"},{"v":0.00948653911660837,"d":"0.009"},{"v":0.1674,"d":"0.167"}]
["FEV1","brainstem","rs2971040","C","T",0.518228,4.67180996141278e-05,421986,{"v":19.7152116047878,"d":"19.715"},{"v":0.00967267,"d":"0.010"},{"v":0.00173783,"d":"0.002"},{"v":2.59997995670925e-08,"d":"2.600E-08"},{"v":-0.00783255582670108,"d":"-0.008"},{"v":0.00898228879208839,"d":"0.009"},{"v":0.3831,"d":"0.383"}]
["FEV1","brainstem","rs30232","A","G",0.582657,6.35595083567842e-05,421986,{"v":26.8228004184366,"d":"26.823"},{"v":0.011432,"d":"0.011"},{"v":1.75946E-3,"d":"0.002"},{"v":8.19973845457475e-11,"d":"8.200E-11"},{"v":3.80955171311595E-3,"d":"0.004"},{"v":0.00907036122170463,"d":"0.009"},{"v":0.6741,"d":"0.674"}]
["FEV1","brainstem","rs3091552","G","C",0.735538,9.32423566033152e-05,421986,{"v":39.3504517377468,"d":"39.350"},{"v":-0.0154813,"d":"-0.015"},{"v":0.00201796,"d":"0.002"},{"v":1.69980851320349e-14,"d":"1.700E-14"},{"v":-0.0106699933000423,"d":"-0.011"},{"v":0.0098160011959911,"d":"0.010"},{"v":0.2772,"d":"0.277"}]
["FEV1","brainstem","rs3253","T","C",0.314156,5.3066408664527e-05,421986,{"v":22.394363782352,"d":"22.394"},{"v":0.0110971,"d":"0.011"},{"v":0.00186964,"d":"0.002"},{"v":2.90001336905407e-09,"d":"2.900E-09"},{"v":0.0100879866570713,"d":"0.010"},{"v":0.00981321659248181,"d":"0.010"},0.304]
["FEV1","brainstem","rs34712979","A","G",0.254628,0.000312810859674365,421986,{"v":132.042482131176,"d":"132.042"},{"v":-0.0287069,"d":"-0.029"},{"v":0.00198983,"d":"0.002"},{"v":3.50025754158434e-47,"d":"3.500E-47"},{"v":-0.022556445636325,"d":"-0.023"},{"v":0.0121926733169324,"d":"0.012"},{"v":0.06436,"d":"0.064"}]
["FEV1","brainstem","rs35418511","C","G",0.087779,4.89197559482493e-05,421986,{"v":20.644364211325,"d":"20.644"},{"v":-0.0174776,"d":"-0.017"},{"v":0.00318956,"d":"0.003"},{"v":4.3000152915127e-08,"d":"4.300E-08"},{"v":0.000656272790623812,"d":"0.001"},{"v":0.0160066534298491,"d":"0.016"},{"v":0.9674,"d":"0.967"}]
["FEV1","brainstem","rs35506","A","T",0.715534,7.00357754560402e-05,421986,{"v":29.5560466506883,"d":"29.556"},{"v":0.0131164,"d":"0.013"},{"v":1.92867E-3,"d":"0.002"},{"v":1e-11,"d":"1.000E-11"},{"v":-0.010619540855734,"d":"-0.011"},{"v":0.00999956766076652,"d":"0.010"},{"v":0.2881,"d":"0.288"}]
["FEV1","brainstem","rs35945722","A","G",0.188457,9.76400315297072e-05,421986,{"v":41.2065544743101,"d":"41.207"},{"v":0.0178664,"d":"0.018"},{"v":0.00222614,"d":"0.002"},{"v":1e-15,"d":"1.000E-15"},{"v":0.000936626490026408,"d":"0.001"},{"v":0.0117078311253301,"d":"0.012"},{"v":0.9361,"d":"0.936"}]
["FEV1","brainstem","rs36226649","C","T",0.066506,8.7429280661759e-05,421986,{"v":36.8969834474931,"d":"36.897"},{"v":0.0265355,"d":"0.027"},{"v":0.00348696,"d":"0.003"},{"v":2.70022528688824E-14,"d":"2.700E-14"},{"v":0.0111020132050369,"d":"0.011"},{"v":0.0185033553417282,"d":"0.019"},{"v":0.5484,"d":"0.548"}]
["FEV1","brainstem","rs3791679","G","A",0.227266,0.000357258448312451,421986,{"v":150.811227637855,"d":"150.811"},{"v":-0.0318929,"d":"-0.032"},{"v":0.00206608,"d":"0.002"},{"v":9.30036514753958e-54,"d":"9.300E-54"},{"v":1.9050608545827E-3,"d":"0.002"},{"v":0.0105251980916171,"d":"0.011"},{"v":0.8564,"d":"0.856"}]
["FEV1","brainstem","rs3846054","T","C",0.450793,4.9010089661423e-05,421986,{"v":20.6824873262442,"d":"20.682"},{"v":0.00994881,"d":"0.010"},{"v":0.00174162,"d":"0.002"},{"v":1.09999319893519E-8,"d":"1.100E-08"},{"v":-0.00971568468184104,"d":"-0.010"},{"v":0.00898768240688348,"d":"0.009"},{"v":0.2798,"d":"0.280"}]
["FEV1","brainstem","rs3858603","A","G",0.501593,5.51328406831272e-05,421986,{"v":23.2664593888275,"d":"23.266"},{"v":-0.0105008,"d":"-0.011"},{"v":1.73339E-3,"d":"0.002"},{"v":1.40000633223953e-09,"d":"1.400E-09"},{"v":-0.00678724896381937,"d":"-0.007"},{"v":0.0089541543058303,"d":"0.009"},{"v":0.4483,"d":"0.448"}]
["FEV1","brainstem","rs4079029","T","C",0.33955,6.54323459005814e-05,421986,{"v":27.6132098496092,"d":"27.613"},{"v":0.0120784,"d":"0.012"},{"v":1.83566E-3,"d":"0.002"},{"v":4.70002318179801e-11,"d":"4.700E-11"},{"v":0.0122444013887354,"d":"0.012"},{"v":0.00938987836559461,"d":"0.009"},{"v":0.1923,"d":"0.192"}]
["FEV1","brainstem","rs41311445","C","A",0.095863,6.33041355659569E-5,421986,{"v":26.7150235141349,"d":"26.715"},{"v":-0.0191099,"d":"-0.019"},{"v":0.00295295,"d":"0.003"},{"v":9.70063133783958e-11,"d":"9.701E-11"},{"v":-0.0207220982836465,"d":"-0.021"},{"v":0.0165116320985231,"d":"0.017"},{"v":0.2094,"d":"0.209"}]
["FEV1","brainstem","rs425102","G","T",0.240797,9.61769641711124e-05,421986,{"v":40.589043779792,"d":"40.589"},{"v":-0.0162187,"d":"-0.016"},{"v":0.00202529,"d":"0.002"},{"v":1.20005182020427e-15,"d":"1.200E-15"},{"v":-7.34438900531413E-3,"d":"-0.007"},{"v":0.0105220472855503,"d":"0.011"},{"v":0.4853,"d":"0.485"}]
["FEV1","brainstem","rs4320932","C","T",0.185678,{"$f":"2*F4293*(1-F4293)*J4293*J4293","v":7.92011554569831e-05},421986,{"$f":"G4293/(1-G4293)*(H4293-2)","v":{"v":33.4242676249758,"d":"33.424"}},{"v":-0.0161835,"d":"-0.016"},{"v":0.00224453,"d":"0.002"},{"v":5.60015438761557e-13,"d":"5.600E-13"},{"v":-0.00421688626290885,"d":"-0.004"},{"v":0.0114278760512435,"d":"0.011"},{"v":0.7123,"d":"0.712"}]
["FEV1","brainstem","rs4413161","A","T",0.715755,4.50377300755902e-05,421986,{"v":19.0060574779043,"d":"19.006"},{"v":-0.0105207,"d":"-0.011"},{"v":1.92117E-3,"d":"0.002"},{"v":4.3000152915127e-08,"d":"4.300E-08"},{"v":-5.69766997252773E-3,"d":"-0.006"},{"v":0.0101382027980921,"d":"0.010"},0.574]
["FEV1","brainstem","rs4478172","C","A",0.261589,6.98364515926022e-05,421986,{"v":29.4719234034047,"d":"29.472"},{"v":-0.0134452,"d":"-0.013"},{"v":1.9792E-3,"d":"0.002"},{"v":1.10001852750622E-11,"d":"1.100E-11"},{"v":-0.0156428561779396,"d":"-0.016"},{"v":0.0102845865732673,"d":"0.010"},{"v":0.1281,"d":"0.128"}]
["FEV1","brainstem","rs4655027","T","C",0.575109,7.29996755507646e-05,421986,{"v":30.8069439845294,"d":"30.807"},{"v":-0.0122217,"d":"-0.012"},{"v":1.75308E-3,"d":"0.002"},{"v":3.10027344199819E-12,"d":"3.100E-12"},{"v":-0.0101733395215952,"d":"-0.010"},{"v":0.00905907348316581,"d":"0.009"},{"v":0.2615,"d":"0.262"}]
["FEV1","brainstem","rs4728358","T","C",0.687154,4.70861461683862e-05,421986,{"v":19.8705359316796,"d":"19.871"},{"v":-0.010465,"d":"-0.010"},{"v":0.00187807,"d":"0.002"},{"v":2.49999995007974e-08,"d":"2.500E-08"},{"v":-0.01799431479207,"d":"-0.018"},{"v":9.6432555155788E-3,"d":"0.010"},{"v":0.06209,"d":"0.062"}]
["FEV1","brainstem","rs4785677","G","A",0.549173,5.54687977737648e-05,421986,{"v":23.4082435868941,"d":"23.408"},{"v":-0.010584,"d":"-0.011"},{"v":0.00174426,"d":"0.002"},{"v":1.29998996537545E-9,"d":"1.300E-09"},{"v":0.0119301788360788,"d":"0.012"},{"v":0.00901070909069394,"d":"0.009"},{"v":0.1856,"d":"0.186"}]
["FEV1","brainstem","rs4809328","T","C",0.667431,7.35169511055358e-05,421986,{"v":31.0252579776922,"d":"31.025"},{"v":-0.0128687,"d":"-0.013"},{"v":0.00184134,"d":"0.002"},{"v":2.80027059501064e-12,"d":"2.800E-12"},{"v":0.00180793931030803,"d":"0.002"},{"v":0.00956581645665622,"d":"0.010"},{"v":0.8502,"d":"0.850"}]
["FEV1","brainstem","rs4836528","C","T",0.409166,1.13485634889985E-4,421986,{"v":47.8945574976808,"d":"47.895"},{"v":-0.0153205,"d":"-0.015"},{"v":1.78134E-3,"d":"0.002"},{"v":7.89950721335818e-18,"d":"7.900E-18"},{"v":-0.0084739148361189,"d":"-0.008"},{"v":0.00912154449528406,"d":"0.009"},{"v":0.3531,"d":"0.353"}]
["FEV1","brainstem","rs4886778","A","C",0.494385,1.21460406148939E-4,421986,{"v":51.2605741585107,"d":"51.261"},{"v":0.0155869,"d":"0.016"},{"v":1.73745E-3,"d":"0.002"},{"v":2.90001336905406E-19,"d":"2.900E-19"},{"v":-0.00481763919192989,"d":"-0.005"},{"v":0.00895471968760202,"d":"0.009"},{"v":0.5906,"d":"0.591"}]
["FEV1","brainstem","rs4894559","G","A",0.733221,5.42708977271251e-05,421986,{"v":22.9026934562174,"d":"22.903"},{"v":-0.0117781,"d":"-0.012"},{"v":0.00196997,"d":"0.002"},{"v":2.19998641983517e-09,"d":"2.200E-09"},{"v":-0.0126216657579281,"d":"-0.013"},{"v":0.0103456276704328,"d":"0.010"},{"v":0.2225,"d":"0.223"}]
["FEV1","brainstem","rs4965600","A","G",0.612068,4.51859394127654E-5,421986,{"v":19.0686050899907,"d":"19.069"},{"v":-0.00975459,"d":"-0.010"},{"v":0.00178467,"d":"0.002"},{"v":4.60002296665068e-08,"d":"4.600E-08"},{"v":0.00585316548523978,"d":"0.006"},{"v":0.00915988338848165,"d":"0.009"},{"v":0.5227,"d":"0.523"}]
["FEV1","brainstem","rs513953","G","A",0.745133,8.80516790237853e-05,421986,{"v":37.1596716926575,"d":"37.160"},{"v":0.0152258,"d":"0.015"},{"v":0.00199806,"d":"0.002"},{"v":2.49976970217851E-14,"d":"2.500E-14"},{"v":0.00524105078219679,"d":"0.005"},{"v":0.0103783183805877,"d":"0.010"},{"v":0.6137,"d":"0.614"}]
["FEV1","brainstem","rs541601","C","T",0.81685,5.62304782128269e-05,421986,{"v":23.7296964503408,"d":"23.730"},{"v":0.0137087,"d":"0.014"},{"v":0.00224025,"d":"0.002"},{"v":9.40004645744656e-10,"d":"9.400E-10"},{"v":0.0122644135524169,"d":"0.012"},{"v":0.0117138620366924,"d":"0.012"},{"v":0.2951,"d":"0.295"}]
["FEV1","brainstem","rs560805","A","T",0.67787,4.71244592230626e-05,421986,{"v":19.8867049510014,"d":"19.887"},{"v":-0.0103877,"d":"-0.010"},{"v":0.00185785,"d":"0.002"},{"v":2.3000114603619e-08,"d":"2.300E-08"},{"v":0.00713022794614617,"d":"0.007"},{"v":0.00962243987334165,"d":"0.010"},{"v":0.4587,"d":"0.459"}]
["FEV1","brainstem","rs56192823","A","G",0.039576,4.62605063433247e-05,421986,{"v":19.5220966108556,"d":"19.522"},{"v":0.0246685,"d":"0.025"},{"v":0.00446777,"d":"0.004"},{"v":3.4000084782586e-08,"d":"3.400E-08"},{"v":-0.0311786090305846,"d":"-0.031"},{"v":0.0211237188554096,"d":"0.021"},{"v":0.1401,"d":"0.140"}]
["FEV1","brainstem","rs56291455","A","C",0.384652,6.34809479642948e-05,421986,{"v":26.7896449778238,"d":"26.790"},{"v":-0.0115801,"d":"-0.012"},{"v":1.78991E-3,"d":"0.002"},{"v":9.79941161095592e-11,"d":"9.799E-11"},{"v":0.00428515496692208,"d":"0.004"},{"v":0.00925519431300665,"d":"0.009"},0.643]
["FEV1","brainstem","rs56318219","A","G",0.263367,6.10482285907224e-05,421986,{"v":25.7629484759951,"d":"25.763"},{"v":0.0125434,"d":"0.013"},{"v":0.00200752,"d":"0.002"},{"v":4.20000686246632e-10,"d":"4.200E-10"},{"v":0.015586304111747,"d":"0.016"},{"v":0.010107849618513,"d":"0.010"},{"v":0.1232,"d":"0.123"}]
["FEV1","brainstem","rs56332326","C","T",0.135028,5.76343070768942e-05,421986,{"v":24.3221572282146,"d":"24.322"},{"v":-0.0157077,"d":"-0.016"},{"v":0.00253804,"d":"0.003"},{"v":6.10000231740111e-10,"d":"6.100E-10"},{"v":-0.0100556901841855,"d":"-0.010"},{"v":0.012712629815658,"d":"0.013"},{"v":0.4288,"d":"0.429"}]
["FEV1","brainstem","rs56353224","C","T",0.371209,5.14391139067649E-5,421986,{"v":21.707599662524,"d":"21.708"},{"v":-0.0104971,"d":"-0.010"},{"v":0.00183397,"d":"0.002"},{"v":1E-8,"d":"1.000E-08"},{"v":-0.00532245654291695,"d":"-0.005"},{"v":0.00924037594256415,"d":"0.009"},{"v":0.5646,"d":"0.565"}]
["FEV1","brainstem","rs56397594","C","T",0.21379,5.61282898652918e-05,421986,{"v":23.6865697571685,"d":"23.687"},{"v":0.0129215,"d":"0.013"},{"v":0.00211484,"d":"0.002"},{"v":1e-09,"d":"1.000E-09"},{"v":0.00477321772135991,"d":"0.005"},{"v":0.0108236229509295,"d":"0.011"},{"v":0.6592,"d":"0.659"}]
["FEV1","brainstem","rs56795193","C","T",0.202824,6.01431014068293e-05,421986,{"v":25.3809529932892,"d":"25.381"},{"v":0.0136377,"d":"0.014"},{"v":0.00219095,"d":"0.002"},{"v":4.7999863240391E-10,"d":"4.800E-10"},{"v":-0.00394447564513407,"d":"-0.004"},{"v":0.0110799877672305,"d":"0.011"},{"v":0.7217,"d":"0.722"}]
["FEV1","brainstem","rs5992929","T","C",0.284928,8.63931692748189e-05,421986,{"v":36.459685011004,"d":"36.460"},{"v":0.0145607,"d":"0.015"},{"v":0.00192981,"d":"0.002"},{"v":4.49987033872151e-14,"d":"4.500E-14"},{"v":-0.00413852277789306,"d":"-0.004"},{"v":0.00999643183065957,"d":"0.010"},{"v":0.6792,"d":"0.679"}]
["FEV1","brainstem","rs60839038","C","A",0.47352,6.12784517423453e-05,421986,{"v":25.8601108475965,"d":"25.860"},{"v":0.0110861,"d":"0.011"},{"v":1.76794E-3,"d":"0.002"},{"v":3.59997927043357e-10,"d":"3.600E-10"},{"v":2.69786575328028E-3,"d":"0.003"},{"v":0.00905324078281975,"d":"0.009"},{"v":0.7653,"d":"0.765"}]
["FEV1","brainstem","rs6088619","G","A",0.135815,7.80010802811101e-05,421986,{"v":32.9177754833921,"d":"32.918"},{"v":0.0182288,"d":"0.018"},{"v":0.0025538,"d":"0.003"},{"v":9.49948365876347e-13,"d":"9.499E-13"},{"v":-0.00572379741690318,"d":"-0.006"},{"v":0.0131884733108368,"d":"0.013"},{"v":0.6642,"d":"0.664"}]
["FEV1","brainstem","rs6119786","A","G",0.156746,5.86056203088599E-5,421986,{"v":24.7320835195101,"d":"24.732"},{"v":-0.0148894,"d":"-0.015"},{"v":0.00239158,"d":"0.002"},{"v":4.7999863240391E-10,"d":"4.800E-10"},{"v":-0.0171391312181692,"d":"-0.017"},{"v":0.0122773146261957,"d":"0.012"},{"v":0.1628,"d":"0.163"}]
["FEV1","brainstem","rs6140000","G","T",0.497765,4.90807743336109e-05,421986,{"v":20.7123180530028,"d":"20.712"},{"v":-0.00990775,"d":"-0.010"},{"v":1.7392E-3,"d":"0.002"},{"v":1.19999655704812E-8,"d":"1.200E-08"},{"v":-0.0126339530660411,"d":"-0.013"},{"v":0.00895390011767619,"d":"0.009"},{"v":0.1583,"d":"0.158"}]
["FEV1","brainstem","rs61821293","G","T",0.218739,5.34414309991088e-05,421986,{"v":22.5526340637651,"d":"22.553"},{"v":0.0125044,"d":"0.013"},{"v":0.00209657,"d":"0.002"},{"v":2.49999995007974e-09,"d":"2.500E-09"},{"v":-0.000968846023432287,"d":"-0.001"},{"v":0.0110096139026396,"d":"0.011"},{"v":0.9301,"d":"0.930"}]
["FEV1","brainstem","rs62092156","A","G",0.095162,5.22931560585882e-05,421986,{"v":22.0680291731207,"d":"22.068"},{"v":0.0174257,"d":"0.017"},{"v":0.00295931,"d":"0.003"},{"v":3.89995862874433e-09,"d":"3.900E-09"},{"v":0.00226269792031683,"d":"0.002"},{"v":0.0153925028592981,"d":"0.015"},{"v":0.8833,"d":"0.883"}]
["FEV1","brainstem","rs62126408","C","T",0.143096,1.17093366883408E-4,421986,{"v":49.4173137705796,"d":"49.417"},{"v":0.021851,"d":"0.022"},{"v":0.00247954,"d":"0.002"},{"v":1.20005182020427E-18,"d":"1.200E-18"},{"v":3.44820205460844E-4,"d":"0.000"},{"v":0.012771118720772,"d":"0.013"},{"v":0.9788,"d":"0.979"}]
["FEV1","brainstem","rs62275574","A","C",0.040109,6.0399471018511e-05,421986,{"v":25.4891499094466,"d":"25.489"},{"v":-0.0280072,"d":"-0.028"},{"v":0.00451584,"d":"0.005"},{"v":5.60002544078e-10,"d":"5.600E-10"},{"v":0.0207306363827704,"d":"0.021"},{"v":0.024189774075578,"d":"0.024"},{"v":0.3913,"d":"0.391"}]
["FEV1","brainstem","rs62275880","T","A",0.261262,5.1789151388045e-05,421986,{"v":21.8553251280745,"d":"21.855"},{"v":-0.011583,"d":"-0.012"},{"v":0.00197816,"d":"0.002"},{"v":4.7999863240391E-9,"d":"4.800E-09"},{"v":-0.0219213073183354,"d":"-0.022"},{"v":0.0101864810958808,"d":"0.010"},{"v":0.03136,"d":"0.031"}]
["FEV1","brainstem","rs6429838","G","A",0.493347,5.5661440222165e-05,421986,{"v":23.4895446525956,"d":"23.490"},{"v":0.0105519,"d":"0.011"},{"v":0.00173342,"d":"0.002"},{"v":1.09999319893519e-09,"d":"1.100E-09"},{"v":3.85008197006863E-3,"d":"0.004"},{"v":0.00897455004678002,"d":"0.009"},{"v":0.6682,"d":"0.668"}]
["FEV1","brainstem","rs6462426","C","T",0.945001,4.55534733517299e-05,421986,{"v":19.2237126057363,"d":"19.224"},{"v":-0.020934,"d":"-0.021"},{"v":0.00380918,"d":"0.004"},{"v":3.89995862874433e-08,"d":"3.900E-08"},{"v":0.0239821152560104,"d":"0.024"},{"v":0.0193560252268042,"d":"0.019"},{"v":0.2152,"d":"0.215"}]
["FEV1","brainstem","rs6473015","C","A",0.285558,5.55471540475766e-05,421986,{"v":23.4413123518008,"d":"23.441"},{"v":0.0116677,"d":"0.012"},{"v":1.92246E-3,"d":"0.002"},{"v":1.29998996537545E-9,"d":"1.300E-09"},{"v":0.0181688828100382,"d":"0.018"},{"v":0.00988513754626668,"d":"0.010"},{"v":0.06602,"d":"0.066"}]
["FEV1","brainstem","rs663378","A","G",0.833573,7.07800042331262e-05,421986,{"v":29.870143515196,"d":"29.870"},{"v":-0.0159719,"d":"-0.016"},{"v":0.00235108,"d":"0.002"},{"v":1.10001852750622E-11,"d":"1.100E-11"},{"v":-0.0115987844020287,"d":"-0.012"},{"v":0.0120820670854465,"d":"0.012"},{"v":0.3373,"d":"0.337"}]
["FEV1","brainstem","rs6671370","A","G",0.287459,1.38282257209997E-4,421986,{"v":58.3609703132111,"d":"58.361"},{"v":0.0183728,"d":"0.018"},{"v":0.0019151,"d":"0.002"},{"v":8.49962959449622e-22,"d":"8.500E-22"},{"v":0.00306020775362877,"d":"0.003"},{"v":0.0100996955565306,"d":"0.010"},{"v":0.7623,"d":"0.762"}]
["FEV1","brainstem","rs6690055","A","G",0.253509,1.05326822071585E-4,421986,{"v":44.4509155587299,"d":"44.451"},{"v":-0.0166819,"d":"-0.017"},{"v":1.98913E-3,"d":"0.002"},{"v":5.0003453497698E-17,"d":"5.000E-17"},{"v":-0.00816970614200129,"d":"-0.008"},{"v":0.0102505723237155,"d":"0.010"},{"v":0.4257,"d":"0.426"}]
["FEV1","brainstem","rs6729308","A","G",0.438991,1.11440617904112E-4,421986,{"v":47.0313989138045,"d":"47.031"},{"v":-0.0150416,"d":"-0.015"},{"v":0.00175349,"d":"0.002"},{"v":9.60063590945344e-18,"d":"9.601E-18"},{"v":3.6682680146266E-3,"d":"0.004"},{"v":0.00919365417199648,"d":"0.009"},{"v":0.6899,"d":"0.690"}]
["FEV1","brainstem","rs67551338","T","C",0.06134,6.4548734940763e-05,421986,{"v":27.2402916916111,"d":"27.240"},{"v":0.0236757,"d":"0.024"},{"v":0.00365713,"d":"0.004"},{"v":9.60063590945348E-11,"d":"9.601E-11"},{"v":0.0102602035609299,"d":"0.010"},{"v":0.0182891329071835,"d":"0.018"},{"v":0.5748,"d":"0.575"}]
["FEV1","brainstem","rs6762578","A","G",0.77845,1.03939800598513E-4,421986,{"v":43.8654921862738,"d":"43.865"},{"v":0.017359,"d":"0.017"},{"v":0.00209804,"d":"0.002"},{"v":1.2998702373886e-16,"d":"1.300E-16"},{"v":-0.00982428008569849,"d":"-0.010"},{"v":0.0110883522411947,"d":"0.011"},{"v":0.3756,"d":"0.376"}]
["FEV1","brainstem","rs6790568","T","C",0.174664,6.25238302239377e-05,421986,{"v":26.3857057086022,"d":"26.386"},{"v":-0.0147262,"d":"-0.015"},{"v":0.00228448,"d":"0.002"},{"v":1.09999319893519e-10,"d":"1.100E-10"},{"v":-0.0200619751534036,"d":"-0.020"},{"v":0.0117321492125168,"d":"0.012"},{"v":0.08722,"d":"0.087"}]
["FEV1","brainstem","rs681397","T","G",0.443866,5.51500047766056e-05,421986,{"v":23.2737031604916,"d":"23.274"},{"v":0.0105692,"d":"0.011"},{"v":0.00175094,"d":"0.002"},{"v":1.60000006389793e-09,"d":"1.600E-09"},{"v":-1.23718123097402E-3,"d":"-0.001"},{"v":0.00903051993411693,"d":"0.009"},{"v":0.8913,"d":"0.891"}]
["FEV1","brainstem","rs681907","C","T",0.200558,7.70894391065078e-05,421986,{"v":32.5330178240171,"d":"32.533"},{"v":-0.0155049,"d":"-0.016"},{"v":2.17293E-3,"d":"0.002"},{"v":9.60063590945348e-13,"d":"9.601E-13"},{"v":-0.00829783032730476,"d":"-0.008"},{"v":0.0111529977517537,"d":"0.011"},{"v":0.4568,"d":"0.457"}]
["FEV1","brainstem","rs6902142","G","A",0.181862,5.20455157906042e-05,421986,{"v":21.9635180380072,"d":"21.964"},{"v":-0.0132249,"d":"-0.013"},{"v":2.26845E-3,"d":"0.002"},{"v":5.49996593976403e-09,"d":"5.500E-09"},{"v":0.00329327289878846,"d":"0.003"},{"v":0.0117198323800301,"d":"0.012"},{"v":0.7788,"d":"0.779"}]
["FEV1","brainstem","rs6965423","C","T",0.50901,5.25459615169365e-05,421986,{"v":22.1747202167581,"d":"22.175"},{"v":-0.0102531,"d":"-0.010"},{"v":0.00173955,"d":"0.002"},{"v":3.79996853036855e-09,"d":"3.800E-09"},{"v":-2.03261218186331E-3,"d":"-0.002"},{"v":0.00895423868662249,"d":"0.009"},{"v":0.8201,"d":"0.820"}]
["FEV1","brainstem","rs7004355","C","T",0.463259,0.00012449355884083,421986,{"v":52.5408309289156,"d":"52.541"},{"v":-0.0158221,"d":"-0.016"},{"v":1.74121E-3,"d":"0.002"},{"v":1e-19,"d":"1.000E-19"},{"v":0.00203882822250652,"d":"0.002"},{"v":0.0089816221255794,"d":"0.009"},{"v":0.8201,"d":"0.820"}]
["FEV1","brainstem","rs7075773","T","C",0.410246,8.01722020634515e-05,421986,{"v":33.8340990697708,"d":"33.834"},{"v":-0.0128718,"d":"-0.013"},{"v":1.76867E-3,"d":"0.002"},{"v":3.40016505804071e-13,"d":"3.400E-13"},{"v":0.0119427622344629,"d":"0.012"},{"v":0.00913055216702055,"d":"0.009"},{"v":0.1909,"d":"0.191"}]
["FEV1","brainstem","rs7105777","T","C",0.631869,5.08811255981753e-05,421986,{"v":21.4721134297207,"d":"21.472"},{"v":-0.010458,"d":"-0.010"},{"v":1.8051E-3,"d":"0.002"},{"v":6.90001444623354E-9,"d":"6.900E-09"},{"v":-0.00580048590273205,"d":"-0.006"},{"v":0.00925117368856786,"d":"0.009"},{"v":0.5305,"d":"0.531"}]
["FEV1","brainstem","rs7124681","A","C",0.408392,7.01967749876755e-05,421986,{"v":29.623995405339,"d":"29.624"},{"v":-0.0120528,"d":"-0.012"},{"v":0.00176185,"d":"0.002"},{"v":7.89950721335818e-12,"d":"7.900E-12"},{"v":-0.000365234599212993,"d":"-0.000"},{"v":0.00913086498032482,"d":"0.009"},{"v":0.9683,"d":"0.968"}]
["FEV1","brainstem","rs7132318","C","T",0.337297,5.38903140762825e-05,421986,{"v":22.7420758727775,"d":"22.742"},{"v":-0.0109793,"d":"-0.011"},{"v":1.84173E-3,"d":"0.002"},{"v":2.49999995007974e-09,"d":"2.500E-09"},{"v":-0.0113372006729116,"d":"-0.011"},{"v":0.00945554684980116,"d":"0.009"},{"v":0.2304,"d":"0.230"}]
["FEV1","brainstem","rs71427097","T","C",0.029368,4.98195904989658e-05,421986,{"v":21.0241174900395,"d":"21.024"},{"v":-0.0295611,"d":"-0.030"},{"v":0.00523086,"d":"0.005"},{"v":1.60000006389793e-08,"d":"1.600E-08"},{"v":1.28647375868819E-3,"d":"0.001"},{"v":0.0299179943880975,"d":"0.030"},{"v":0.9659,"d":"0.966"}]
["FEV1","brainstem","rs7211143","G","A",0.295757,4.73477938611607E-5,421986,{"v":19.9809574989648,"d":"19.981"},{"v":0.0106612,"d":"0.011"},{"v":1.91077E-3,"d":"0.002"},{"v":2.39999313805789e-08,"d":"2.400E-08"},{"v":-0.0104763468834334,"d":"-0.010"},{"v":0.00990202919039077,"d":"0.010"},{"v":0.2899,"d":"0.290"}]
["FEV1","brainstem","rs72643433","A","G",0.252489,0.000112895318367121,421986,{"v":47.6453969680906,"d":"47.645"},{"v":-0.0172939,"d":"-0.017"},{"v":0.00200221,"d":"0.002"},{"v":5.79962615819643e-18,"d":"5.800E-18"},{"v":0.0154052429885264,"d":"0.015"},{"v":0.0102089085411043,"d":"0.010"},{"v":0.1314,"d":"0.131"}]
["FEV1","brainstem","rs72666766","G","A",0.181385,5.37775624766208e-05,421986,{"v":22.6944913785623,"d":"22.694"},{"v":-0.0134569,"d":"-0.013"},{"v":0.00225303,"d":"0.002"},{"v":2.3000114603619e-09,"d":"2.300E-09"},{"v":0.00176503395215766,"d":"0.002"},{"v":0.0117668930143844,"d":"0.012"},0.881]
["FEV1","brainstem","rs72718111","C","A",0.25821,5.95312827275407e-05,421986,{"v":25.1227443996983,"d":"25.123"},{"v":0.0124661,"d":"0.012"},{"v":0.00200909,"d":"0.002"},{"v":5.49996593976403e-10,"d":"5.500E-10"},{"v":0.0126457013819497,"d":"0.013"},{"v":0.0100923394907819,"d":"0.010"},{"v":0.2104,"d":"0.210"}]
["FEV1","brainstem","rs72904209","C","T",0.13427,1.13728012868355E-4,421986,{"v":47.9968603697935,"d":"47.997"},{"v":-0.0221176,"d":"-0.022"},{"v":2.54798E-3,"d":"0.003"},{"v":3.90031784475066e-18,"d":"3.900E-18"},{"v":0.0114863197137647,"d":"0.011"},{"v":0.013217859279361,"d":"0.013"},{"v":0.3849,"d":"0.385"}]
["FEV1","brainstem","rs72976986","A","G",0.190197,5.66512218852129e-05,421986,{"v":23.9072635917041,"d":"23.907"},{"v":0.0135612,"d":"0.014"},{"v":0.00223359,"d":"0.002"},{"v":1.29998996537545E-9,"d":"1.300E-09"},{"v":0.020349633132645,"d":"0.020"},{"v":0.0120912852838057,"d":"0.012"},{"v":0.09228,"d":"0.092"}]
["FEV1","brainstem","rs73154314","C","A",0.267598,9.3967617998859E-5,421986,{"v":39.6565577458999,"d":"39.657"},{"v":-0.0154831,"d":"-0.015"},{"v":0.00195515,"d":"0.002"},{"v":2.39993787680988e-15,"d":"2.400E-15"},{"v":-5.9466909746865E-3,"d":"-0.006"},{"v":0.0101652837174128,"d":"0.010"},{"v":0.5586,"d":"0.559"}]
["FEV1","brainstem","rs7320104","G","A",0.150307,4.62236600760268e-05,421986,{"v":19.5065466375031,"d":"19.507"},{"v":-0.0134523,"d":"-0.013"},{"v":2.43896E-3,"d":"0.002"},{"v":3.50001576071014e-08,"d":"3.500E-08"},{"v":-0.00240357724344129,"d":"-0.002"},{"v":0.0126504065444278,"d":"0.013"},{"v":0.8493,"d":"0.849"}]
["FEV1","brainstem","rs7336610","T","C",0.575324,5.99251656739893e-05,421986,{"v":25.2889765578826,"d":"25.289"},{"v":-0.011074,"d":"-0.011"},{"v":0.00176087,"d":"0.002"},{"v":3.20000015974484E-10,"d":"3.200E-10"},{"v":0.00450632773421362,"d":"0.005"},{"v":0.0090307169022317,"d":"0.009"},{"v":0.6181,"d":"0.618"}]
["FEV1","brainstem","rs735830","A","G",0.208865,6.00954684131587e-05,421986,{"v":25.3608502150314,"d":"25.361"},{"v":-0.0134849,"d":"-0.013"},{"v":0.0021364,"d":"0.002"},{"v":2.80001269243454e-10,"d":"2.800E-10"},{"v":-0.0110419622804465,"d":"-0.011"},{"v":0.0111987447063352,"d":"0.011"},0.324]
["FEV1","brainstem","rs7359156","G","A",0.209384,6.09585701833216E-5,421986,{"v":25.7251094461284,"d":"25.725"},{"v":-0.013569,"d":"-0.014"},{"v":0.00214141,"d":"0.002"},{"v":2.39999313805789e-10,"d":"2.400E-10"},{"v":-0.0192842972350992,"d":"-0.019"},{"v":0.010882786250056,"d":"0.011"},{"v":0.07647,"d":"0.076"}]
["FEV1","brainstem","rs73923824","A","C",0.187487,4.9589515060956e-05,421986,{"v":20.9270196842403,"d":"20.927"},{"v":0.0127579,"d":"0.013"},{"v":0.00225261,"d":"0.002"},{"v":1.49999565138204e-08,"d":"1.500E-08"},{"v":-0.0151503169557264,"d":"-0.015"},{"v":0.0116630615517524,"d":"0.012"},{"v":0.1938,"d":"0.194"}]
["FEV1","brainstem","rs7493429","C","A",0.304929,6.57089463319527e-05,421986,{"v":27.7299461144838,"d":"27.730"},{"v":0.0124504,"d":"0.012"},{"v":0.00189746,"d":"0.002"},{"v":5.30029448835795e-11,"d":"5.300E-11"},{"v":-0.000575381966859913,"d":"-0.001"},{"v":0.00975223672643921,"d":"0.010"},{"v":0.9527,"d":"0.953"}]
["FEV1","brainstem","rs75166711","A","G",0.144555,{"$f":"2*F4357*(1-F4357)*J4357*J4357","v":5.19655603070232e-05},421986,{"$f":"G4357/(1-G4357)*(H4357-2)","v":{"v":21.929774593623,"d":"21.930"}},{"v":0.0144954,"d":"0.014"},{"v":0.00248171,"d":"0.002"},{"v":5.19995996533515e-09,"d":"5.200E-09"},{"v":-0.0120898210094271,"d":"-0.012"},{"v":0.0127664424597963,"d":"0.013"},{"v":0.3438,"d":"0.344"}]
["FEV1","brainstem","rs75216331","A","G",0.237224,5.56597279475049e-05,421986,{"v":23.4888220196433,"d":"23.489"},{"v":-0.0124016,"d":"-0.012"},{"v":0.00204074,"d":"0.002"},{"v":1.19999655704811E-9,"d":"1.200E-09"},{"v":0.00606561597485983,"d":"0.006"},{"v":0.0105857172336123,"d":"0.011"},{"v":0.5669,"d":"0.567"}]
["FEV1","brainstem","rs75301758","T","C",0.18351,4.65396448336809E-5,421986,{"v":19.6398995194442,"d":"19.640"},{"v":-0.0124621,"d":"-0.012"},{"v":0.00223767,"d":"0.002"},{"v":2.59997995670925e-08,"d":"2.600E-08"},{"v":-0.00730543455537283,"d":"-0.007"},{"v":0.012445374029596,"d":"0.012"},{"v":0.5574,"d":"0.557"}]
["FEV1","brainstem","rs75421844","C","T",0.083714,7.94700810373544e-05,421986,{"v":33.5377679256018,"d":"33.538"},{"v":0.02276,"d":"0.023"},{"v":3.14204E-3,"d":"0.003"},{"v":4.40047947835983e-13,"d":"4.400E-13"},{"v":-0.00471451394380658,"d":"-0.005"},{"v":0.0159814031993443,"d":"0.016"},{"v":0.7679,"d":"0.768"}]
["FEV1","brainstem","rs7558918","G","T",0.447756,0.000147192726362355,421986,{"v":62.1221193654089,"d":"62.122"},{"v":0.0172521,"d":"0.017"},{"v":0.00174429,"d":"0.002"},{"v":4.60044666393479e-23,"d":"4.600E-23"},{"v":0.0188936966825852,"d":"0.019"},{"v":0.00899699842027868,"d":"0.009"},{"v":0.03571,"d":"0.036"}]
["FEV1","brainstem","rs75831829","T","C",0.234053,7.66630665761357e-05,421986,{"v":32.3530677714526,"d":"32.353"},{"v":-0.0146225,"d":"-0.015"},{"v":0.0020589,"d":"0.002"},{"v":1.20005182020427e-12,"d":"1.200E-12"},{"v":-0.0113638182593943,"d":"-0.011"},{"v":0.0108021086115916,"d":"0.011"},{"v":0.2927,"d":"0.293"}]
["FEV1","brainstem","rs76010139","A","G",0.031028,8.07391480367304e-05,421986,{"v":34.0733797007794,"d":"34.073"},{"v":0.0366433,"d":"0.037"},{"v":5.07888E-3,"d":"0.005"},{"v":5.40007759066593e-13,"d":"5.400E-13"},{"v":-0.00776912106760563,"d":"-0.008"},{"v":0.0244311983258039,"d":"0.024"},{"v":0.7506,"d":"0.751"}]
["FEV1","brainstem","rs761422","G","A",0.49067,7.00482744484262e-05,421986,{"v":29.5613217644247,"d":"29.561"},{"v":0.0118383,"d":"0.012"},{"v":0.00173246,"d":"0.002"},{"v":8.30041869715702e-12,"d":"8.300E-12"},{"v":0.004884529610161,"d":"0.005"},{"v":0.00907905132000186,"d":"0.009"},{"v":0.5908,"d":"0.591"}]
["FEV1","brainstem","rs76226639","T","G",0.080255,5.55350301085755E-5,421986,{"v":23.4361956751696,"d":"23.436"},{"v":-0.0193954,"d":"-0.019"},{"v":0.0032029,"d":"0.003"},{"v":1.40000633223953e-09,"d":"1.400E-09"},{"v":-0.0170503434245936,"d":"-0.017"},{"v":0.0163630934976906,"d":"0.016"},{"v":0.2972,"d":"0.297"}]
["FEV1","brainstem","rs7630228","C","T",0.434209,9.50608393467462e-05,421986,{"v":40.1179668785017,"d":"40.118"},{"v":0.0139094,"d":"0.014"},{"v":1.76048E-3,"d":"0.002"},{"v":2.80027059501064e-15,"d":"2.800E-15"},{"v":0.00900301164397176,"d":"0.009"},{"v":0.00904825290851433,"d":"0.009"},{"v":0.3199,"d":"0.320"}]
["FEV1","brainstem","rs7638143","A","G",0.582086,1.09409474802915E-4,421986,{"v":46.1740996992311,"d":"46.174"},{"v":-0.014996,"d":"-0.015"},{"v":0.0017596,"d":"0.002"},{"v":1.5999263828686e-17,"d":"1.600E-17"},{"v":-1.19737003540962E-3,"d":"-0.001"},{"v":0.00907098511673953,"d":"0.009"},{"v":0.8948,"d":"0.895"}]
["FEV1","brainstem","rs7663740","T","G",0.542403,0.000406032913426455,421986,{"v":171.408990631202,"d":"171.409"},{"v":0.0285998,"d":"0.029"},{"v":0.00173867,"d":"0.002"},{"v":8.49962959449622e-61,"d":"8.500E-61"},{"v":4.7227252870328E-3,"d":"0.005"},{"v":0.00901283451723816,"d":"0.009"},{"v":0.6001,"d":"0.600"}]
["FEV1","brainstem","rs76785101","T","C",0.059317,5.73473511304324E-5,421986,{"v":24.201052485679,"d":"24.201"},{"v":-0.0226689,"d":"-0.023"},{"v":0.00369598,"d":"0.004"},{"v":8.60003066888856E-10,"d":"8.600E-10"},{"v":-0.0131640830817888,"d":"-0.013"},{"v":0.0207963397816568,"d":"0.021"},{"v":0.5265,"d":"0.527"}]
["FEV1","brainstem","rs7723049","G","A",0.198601,7.12637299469351e-05,421986,{"v":30.074297024509,"d":"30.074"},{"v":-0.0149625,"d":"-0.015"},{"v":0.00218333,"d":"0.002"},{"v":7.1994612744084e-12,"d":"7.199E-12"},{"v":-0.00047931000732425,"d":"-0.000"},{"v":0.0133141668701181,"d":"0.013"},{"v":0.9711,"d":"0.971"}]
["FEV1","brainstem","rs772920","G","C",0.335384,6.83279591850319e-05,421986,{"v":28.8352757842834,"d":"28.835"},{"v":-0.0123802,"d":"-0.012"},{"v":0.00183642,"d":"0.002"},{"v":1.5999263828686e-11,"d":"1.600E-11"},{"v":0.00147983857610953,"d":"0.001"},{"v":0.00954734565231957,"d":"0.010"},{"v":0.8765,"d":"0.877"}]
["FEV1","brainstem","rs7733410","A","G",0.442953,0.00020249220026295,421986,{"v":85.465774788545,"d":"85.466"},{"v":0.0202565,"d":"0.020"},{"v":0.00174619,"d":"0.002"},{"v":4.10015240506613E-31,"d":"4.100E-31"},{"v":0.00531782496474169,"d":"0.005"},{"v":0.00902856530516416,"d":"0.009"},0.556]
["FEV1","brainstem","rs7753558","A","C",0.63408,4.52365278502319e-05,421986,{"v":19.0899545316121,"d":"19.090"},{"v":0.00987335,"d":"0.010"},{"v":0.00181129,"d":"0.002"},{"v":4.99999995007974e-08,"d":"5.000E-08"},{"v":-0.00736840806437445,"d":"-0.007"},{"v":0.00932709881566386,"d":"0.009"},{"v":0.4297,"d":"0.430"}]
["FEV1","brainstem","rs777707","A","G",0.531166,7.44228068661458e-05,421986,{"v":31.4075711722072,"d":"31.408"},{"v":0.012224,"d":"0.012"},{"v":0.0017418,"d":"0.002"},{"v":2.29985258668621e-12,"d":"2.300E-12"},{"v":0.0113289869523828,"d":"0.011"},{"v":0.00897701026337783,"d":"0.009"},{"v":0.2068,"d":"0.207"}]
["FEV1","brainstem","rs7778674","G","A",0.421388,8.69214950824588e-05,421986,{"v":36.6826686932827,"d":"36.683"},{"v":0.013351,"d":"0.013"},{"v":0.00175562,"d":"0.002"},{"v":2.90001336905407E-14,"d":"2.900E-14"},{"v":-0.00801862804429563,"d":"-0.008"},{"v":0.00907084620395433,"d":"0.009"},{"v":0.3765,"d":"0.377"}]
["FEV1","brainstem","rs784257","C","T",0.812414,4.65965658140141e-05,421986,{"v":19.6639214996732,"d":"19.664"},{"v":-0.0123644,"d":"-0.012"},{"v":0.0022371,"d":"0.002"},{"v":3.29997006285229E-8,"d":"3.300E-08"},{"v":-0.0111261387360384,"d":"-0.011"},{"v":0.0114702461196272,"d":"0.011"},{"v":0.3322,"d":"0.332"}]
["FEV1","brainstem","rs784808","C","T",0.556276,4.65212757220188e-05,421986,{"v":19.6321473268192,"d":"19.632"},{"v":0.00970754,"d":"0.010"},{"v":1.75016E-3,"d":"0.002"},{"v":2.90001336905407E-8,"d":"2.900E-08"},{"v":0.00728910971293321,"d":"0.007"},{"v":0.00902117538729357,"d":"0.009"},{"v":0.4189,"d":"0.419"}]
["FEV1","brainstem","rs7854962","G","C",0.212959,8.47307629973711e-05,421986,{"v":35.7580561000593,"d":"35.758"},{"v":-0.0158986,"d":"-0.016"},{"v":2.13883E-3,"d":"0.002"},{"v":1.10001852750622E-13,"d":"1.100E-13"},{"v":-0.00285095661347596,"d":"-0.003"},{"v":0.0110502194320773,"d":"0.011"},{"v":0.7963,"d":"0.796"}]
["FEV1","brainstem","rs78579285","T","C",0.181123,9.00012961689401e-05,421986,{"v":37.9825254390753,"d":"37.983"},{"v":-0.0174186,"d":"-0.017"},{"v":0.00225239,"d":"0.002"},{"v":1E-14,"d":"1.000E-14"},{"v":-0.00347989072792496,"d":"-0.003"},{"v":0.0124281811711606,"d":"0.012"},{"v":0.7794,"d":"0.779"}]
["FEV1","brainstem","rs7930706","A","G",0.26492,5.02182154004254e-05,421986,{"v":21.1923476494122,"d":"21.192"},{"v":0.0113551,"d":"0.011"},{"v":0.00197209,"d":"0.002"},{"v":8.50002102591718E-9,"d":"8.500E-09"},{"v":-0.0147569923396563,"d":"-0.015"},{"v":0.0100251306655274,"d":"0.010"},{"v":0.1412,"d":"0.141"}]
["FEV1","brainstem","rs7961994","T","A",0.609755,6.01656949162101e-05,421986,{"v":25.3904882398912,"d":"25.390"},{"v":0.0112438,"d":"0.011"},{"v":0.00177642,"d":"0.002"},{"v":2.49999995007974e-10,"d":"2.500E-10"},{"v":-0.00408282074621744,"d":"-0.004"},{"v":0.00915430660586869,"d":"0.009"},{"v":0.6558,"d":"0.656"}]
["FEV1","brainstem","rs7968682","T","G",0.517742,0.000285438769684681,421986,{"v":120.484984872468,"d":"120.485"},{"v":-0.0239081,"d":"-0.024"},{"v":1.74147E-3,"d":"0.002"},{"v":6.79986045003327E-43,"d":"6.800E-43"},{"v":-0.0107844456401068,"d":"-0.011"},{"v":0.00895718076420827,"d":"0.009"},{"v":0.2286,"d":"0.229"}]
["FEV1","brainstem","rs8062719","G","A",0.635212,7.65343364455499e-05,421986,{"v":32.2987373930733,"d":"32.299"},{"v":0.0128509,"d":"0.013"},{"v":1.81379E-3,"d":"0.002"},{"v":1.39990962656834e-12,"d":"1.400E-12"},{"v":-0.00327591195379678,"d":"-0.003"},{"v":0.00930656805055903,"d":"0.009"},{"v":0.7249,"d":"0.725"}]
["FEV1","brainstem","rs8069671","T","G",0.390081,7.54226029793906e-05,421986,{"v":31.8295323618375,"d":"31.830"},{"v":-0.0125899,"d":"-0.013"},{"v":1.77871E-3,"d":"0.002"},{"v":1.50003019045595E-12,"d":"1.500E-12"},{"v":-0.0127105384418151,"d":"-0.013"},{"v":0.00920386563491315,"d":"0.009"},{"v":0.1672,"d":"0.167"}]
["FEV1","brainstem","rs841217","C","T",0.542519,5.24519926562761e-05,421986,{"v":22.1350626972121,"d":"22.135"},{"v":-0.0102795,"d":"-0.010"},{"v":1.74789E-3,"d":"0.002"},{"v":4.09996359041765e-09,"d":"4.100E-09"},{"v":0.000529932936972826,"d":"0.001"},{"v":0.00898191418598011,"d":"0.009"},0.953]
["FEV1","brainstem","rs876531","T","C",0.455993,0.000134481756941343,421986,{"v":56.756782472961,"d":"56.757"},{"v":-0.016464,"d":"-0.016"},{"v":0.00174605,"d":"0.002"},{"v":4.10015240506613e-21,"d":"4.100E-21"},{"v":-0.00961446074415642,"d":"-0.010"},{"v":0.00923579322205228,"d":"0.009"},{"v":0.2981,"d":"0.298"}]
["FEV1","brainstem","rs879098","G","A",0.39884,6.23015634864502e-05,421986,{"v":26.2919009928051,"d":"26.292"},{"v":-0.0113983,"d":"-0.011"},{"v":1.77623E-3,"d":"0.002"},{"v":1.40000633223953E-10,"d":"1.400E-10"},{"v":-0.00710884644202555,"d":"-0.007"},{"v":0.0091490945199814,"d":"0.009"},0.437]
["FEV1","brainstem","rs9295","A","G",0.295687,5.79273809792533e-05,421986,{"v":24.4458440188691,"d":"24.446"},{"v":0.0117931,"d":"0.012"},{"v":0.00190411,"d":"0.002"},{"v":5.89997267139772e-10,"d":"5.900E-10"},{"v":0.0110615353645515,"d":"0.011"},{"v":0.00982374366301198,"d":"0.010"},{"v":0.2603,"d":"0.260"}]
["FEV1","brainstem","rs9310389","T","C",0.5454,4.96641625633076E-5,421986,{"v":20.9585228626013,"d":"20.959"},{"v":0.0100077,"d":"0.010"},{"v":1.74847E-3,"d":"0.002"},{"v":1E-8,"d":"1.000E-08"},{"v":0.0144412948174962,"d":"0.014"},{"v":0.00898649335251788,"d":"0.009"},0.108]
["FEV1","brainstem","rs9322332","A","C",0.45633,8.9188242197488e-05,421986,{"v":37.6393681845506,"d":"37.639"},{"v":0.013407,"d":"0.013"},{"v":0.00174017,"d":"0.002"},{"v":1.2998702373886E-14,"d":"1.300E-14"},{"v":-0.0059923328412923,"d":"-0.006"},{"v":0.0089840072583093,"d":"0.009"},{"v":0.5046,"d":"0.505"}]
["FEV1","brainstem","rs9379084","A","G",0.115664,6.10451902292778e-05,421986,{"v":25.7616661795241,"d":"25.762"},{"v":-0.0172744,"d":"-0.017"},{"v":0.00279331,"d":"0.003"},{"v":6.19997588072324e-10,"d":"6.200E-10"},{"v":-0.0234021703239088,"d":"-0.023"},{"v":0.0136296856866097,"d":"0.014"},{"v":0.08607,"d":"0.086"}]
["FEV1","brainstem","rs9535455","A","G",0.211,4.63650009076395e-05,421986,{"v":19.5661957296921,"d":"19.566"},{"v":-0.0118005,"d":"-0.012"},{"v":0.0021458,"d":"0.002"},{"v":3.79996853036855e-08,"d":"3.800E-08"},{"v":0.00669807598586438,"d":"0.007"},{"v":0.0111263720695422,"d":"0.011"},{"v":0.5475,"d":"0.548"}]
["FEV1","brainstem","rs9864975","G","A",0.24399,1.03802549008386E-4,421986,{"v":43.8075621773747,"d":"43.808"},{"v":0.0167741,"d":"0.017"},{"v":0.00202079,"d":"0.002"},{"v":1e-16,"d":"1.000E-16"},{"v":-0.00418996406852066,"d":"-0.004"},{"v":0.0103201085431543,"d":"0.010"},{"v":0.6849,"d":"0.685"}]
["FEV1","brainstem","rs9886260","A","G",0.722783,6.60973406155798e-05,421986,{"v":27.8938638925476,"d":"27.894"},{"v":-0.0128429,"d":"-0.013"},{"v":0.00194321,"d":"0.002"},{"v":3.90031784475066e-11,"d":"3.900E-11"},{"v":-2.68865229365489E-3,"d":"-0.003"},{"v":0.00984854320020108,"d":"0.010"},{"v":0.7851,"d":"0.785"}]
["FEV1","brainstem","rs9894577","A","G",0.318121,5.64036175481224e-05,421986,{"v":23.802766709577,"d":"23.803"},{"v":-0.0114022,"d":"-0.011"},{"v":1.86765E-3,"d":"0.002"},{"v":1e-09,"d":"1.000E-09"},{"v":-0.00366076319066288,"d":"-0.004"},{"v":0.00968455870545735,"d":"0.010"},{"v":0.7052,"d":"0.705"}]
["FEV1","brainstem","rs9912553","G","C",0.723438,0.000159985148591115,421986,{"v":67.5219754563497,"d":"67.522"},{"v":0.0199953,"d":"0.020"},{"v":0.00194048,"d":"0.002"},{"v":6.70038873807757e-25,"d":"6.700E-25"},{"v":0.0198868211930277,"d":"0.020"},{"v":0.0110851846114982,"d":"0.011"},{"v":0.07283,"d":"0.073"}]
["FEV1","brainstem","rs9988963","G","C",0.737251,4.63140543112529E-5,421986,{"v":19.5446950885496,"d":"19.545"},{"v":0.0109336,"d":"0.011"},{"v":0.00197337,"d":"0.002"},{"v":2.99999133271615e-08,"d":"3.000E-08"},{"v":0.00889315927612245,"d":"0.009"},{"v":0.0102220221564626,"d":"0.010"},{"v":0.3843,"d":"0.384"}]
["FVC","accumbens","rs10141786","G","A",0.596493,8.86185198408396e-05,421986,{"v":37.3989117127165,"d":"37.399"},{"v":-0.0135681,"d":"-0.014"},{"v":0.00168175,"d":"0.002"},{"v":7.1994612744084e-16,"d":"7.199E-16"},{"v":0.000493857326436589,"d":"0.000"},{"v":0.00968347698895273,"d":"0.010"},{"v":0.9594,"d":"0.959"}]
["FVC","accumbens","rs10202701","T","C",0.541923,6.667921776679e-05,421986,{"v":28.1394393459051,"d":"28.139"},{"v":0.0115889,"d":"0.012"},{"v":1.65011E-3,"d":"0.002"},{"v":2.19988510904925e-12,"d":"2.200E-12"},{"v":0.00166610687835162,"d":"0.002"},{"v":0.00920501037763328,"d":"0.009"},{"v":0.8562,"d":"0.856"}]
["FVC","accumbens","rs10283100","G","A",0.944478,9.24083692946343e-05,421986,{"v":38.9984570922519,"d":"38.998"},{"v":0.0296833,"d":"0.030"},{"v":3.58764E-3,"d":"0.004"},{"v":1.2998702373886e-16,"d":"1.300E-16"},{"v":0.0205042470773003,"d":"0.021"},{"v":0.0206487885974826,"d":"0.021"},0.321]
["FVC","accumbens","rs1054661","C","T",0.342598,4.654458375562e-05,421986,{"v":19.6419838594944,"d":"19.642"},{"v":0.0101651,"d":"0.010"},{"v":0.00172786,"d":"0.002"},{"v":4.00000007987242e-09,"d":"4.000E-09"},{"v":0.00511945593376303,"d":"0.005"},{"v":0.0097513446357391,"d":"0.010"},{"v":0.5993,"d":"0.599"}]
["FVC","accumbens","rs10761495","C","A",0.597215,6.67352001399011e-05,421986,{"v":28.163066163693,"d":"28.163"},{"v":0.0117777,"d":"0.012"},{"v":0.00167988,"d":"0.002"},{"v":2.39993787680988E-12,"d":"2.400E-12"},{"v":-0.0096472008703982,"d":"-0.010"},{"v":0.00912696392658297,"d":"0.009"},{"v":0.2906,"d":"0.291"}]
["FVC","accumbens","rs10769125","A","G",0.759887,4.32262746894772e-05,421986,{"v":18.2415848143203,"d":"18.242"},{"v":-0.0108837,"d":"-0.011"},{"v":0.00191996,"d":"0.002"},{"v":1.40000633223953E-8,"d":"1.400E-08"},{"v":0.0113358551160966,"d":"0.011"},{"v":0.0104094170028435,"d":"0.010"},{"v":0.2761,"d":"0.276"}]
["FVC","accumbens","rs10789246","C","T",0.301089,6.41161014124232e-05,421986,{"v":27.0577037728991,"d":"27.058"},{"v":-0.0123427,"d":"-0.012"},{"v":1.78506E-3,"d":"0.002"},{"v":4.70002318179801e-12,"d":"4.700E-12"},{"v":-0.0148634056893526,"d":"-0.015"},{"v":0.00972099783476296,"d":"0.010"},{"v":0.1261,"d":"0.126"}]
["FVC","accumbens","rs10797116","C","T",0.542079,7.33138132091918e-05,421986,{"v":30.9395244477837,"d":"30.940"},{"v":-0.0121521,"d":"-0.012"},{"v":0.00165228,"d":"0.002"},{"v":1.90020300257723e-13,"d":"1.900E-13"},{"v":-0.0139990555437358,"d":"-0.014"},{"v":0.00899682232887905,"d":"0.009"},{"v":0.1198,"d":"0.120"}]
["FVC","accumbens","rs10853628","C","T",0.384831,8.50433178523641e-05,421986,{"v":35.8899716428781,"d":"35.890"},{"v":-0.0134021,"d":"-0.013"},{"v":0.00168952,"d":"0.002"},{"v":2.09990670376243e-15,"d":"2.100E-15"},{"v":2.47127762308922E-3,"d":"0.002"},{"v":0.00925572143479108,"d":"0.009"},{"v":0.7893,"d":"0.789"}]
["FVC","accumbens","rs10874340","T","G",0.493361,5.30984854106691e-05,421986,{"v":22.4079010931451,"d":"22.408"},{"v":0.0103061,"d":"0.010"},{"v":0.00163772,"d":"0.002"},{"v":3.09998790941119e-10,"d":"3.100E-10"},{"v":0.00412825113593254,"d":"0.004"},{"v":0.00895499161807492,"d":"0.009"},0.645]
["FVC","accumbens","rs10878321","G","T",0.13768,5.09513414592439e-05,421986,{"v":21.5017464171613,"d":"21.502"},{"v":0.0146485,"d":"0.015"},{"v":2.38528E-3,"d":"0.002"},{"v":8.19992726270379e-10,"d":"8.200E-10"},{"v":3.01484941247974E-3,"d":"0.003"},{"v":0.0127747856461006,"d":"0.013"},{"v":0.8135,"d":"0.814"}]
["FVC","accumbens","rs10916137","A","G",0.170792,7.3699990478116e-05,421986,{"v":31.1025090365371,"d":"31.103"},{"v":-0.0161307,"d":"-0.016"},{"v":0.00218459,"d":"0.002"},{"v":1.50003019045595e-13,"d":"1.500E-13"},{"v":-0.00512586012710422,"d":"-0.005"},{"v":0.0123514701857933,"d":"0.012"},{"v":0.6782,"d":"0.678"}]
["FVC","accumbens","rs11049229","T","A",0.054116,4.11500464730783e-05,421986,{"v":17.3653757969165,"d":"17.365"},{"v":0.0200488,"d":"0.020"},{"v":3.66563E-3,"d":"0.004"},{"v":4.49997395325803e-08,"d":"4.500E-08"},{"v":0.0171012314646823,"d":"0.017"},{"v":0.0199547625025465,"d":"0.020"},{"v":0.3914,"d":"0.391"}]
["FVC","accumbens","rs11060406","T","C",0.036679,5.28131968728098E-5,421986,{"v":22.2875011433615,"d":"22.288"},{"v":-0.0273377,"d":"-0.027"},{"v":4.43481E-3,"d":"0.004"},{"v":7.1000269957767e-10,"d":"7.100E-10"},{"v":-0.050053140788174,"d":"-0.050"},{"v":0.0254853059002923,"d":"0.025"},{"v":0.04959,"d":"0.050"}]
["FVC","accumbens","rs11079810","T","C",0.103307,6.24999942060563e-05,421986,{"v":26.3756460327727,"d":"26.376"},{"v":0.018367,"d":"0.018"},{"v":0.00271137,"d":"0.003"},{"v":1.2998702373886e-11,"d":"1.300E-11"},{"v":-0.0083703348173396,"d":"-0.008"},{"v":0.0144067724911181,"d":"0.014"},{"v":0.5614,"d":"0.561"}]
["FVC","accumbens","rs11107119","A","T",0.219982,1.88046487908797E-4,421986,{"v":79.367533939717,"d":"79.368"},{"v":0.0234084,"d":"0.023"},{"v":0.00198228,"d":"0.002"},{"v":3.50025754158434e-32,"d":"3.500E-32"},{"v":0.0204526664104628,"d":"0.020"},{"v":0.0108157939769766,"d":"0.011"},{"v":0.05869,"d":"0.059"}]
["FVC","accumbens","rs11122148","A","C",0.157016,4.03842056899531e-05,421986,{"v":17.042176888646,"d":"17.042"},{"v":0.0123512,"d":"0.012"},{"v":0.0022522,"d":"0.002"},{"v":4.20000686246631e-08,"d":"4.200E-08"},{"v":0.0225941630193633,"d":"0.023"},{"v":0.0122927981606982,"d":"0.012"},{"v":0.06603,"d":"0.066"}]
["FVC","accumbens","rs111365325","T","C",0.231244,1.22614225271077E-4,421986,{"v":51.7475862269852,"d":"51.748"},{"v":-0.0185706,"d":"-0.019"},{"v":0.00194997,"d":"0.002"},{"v":1.69980851320349e-21,"d":"1.700E-21"},{"v":-0.0114644903186516,"d":"-0.011"},{"v":0.0108053631655529,"d":"0.011"},{"v":0.2888,"d":"0.289"}]
["FVC","accumbens","rs11164653","C","T",0.59054,6.29430655760463e-05,421986,{"v":26.5626385179404,"d":"26.563"},{"v":-0.0114085,"d":"-0.011"},{"v":1.67402E-3,"d":"0.002"},{"v":9.39939714766782e-12,"d":"9.399E-12"},{"v":-0.00284564334408488,"d":"-0.003"},{"v":0.00909151228142136,"d":"0.009"},{"v":0.7546,"d":"0.755"}]
["FVC","accumbens","rs11259936","C","A",0.52286,1.49406438029921E-4,421986,{"v":63.0565473997598,"d":"63.057"},{"v":0.0173043,"d":"0.017"},{"v":0.00164414,"d":"0.002"},{"v":6.59933234263567e-26,"d":"6.599E-26"},{"v":-0.0129666640055213,"d":"-0.013"},{"v":0.00896106703906101,"d":"0.009"},0.148]
["FVC","accumbens","rs11545700","A","C",0.124616,4.56605730783884e-05,421986,{"v":19.268911099434,"d":"19.269"},{"v":-0.0144667,"d":"-0.014"},{"v":0.00249861,"d":"0.002"},{"v":7.00003159130898e-09,"d":"7.000E-09"},{"v":-0.0179054260222244,"d":"-0.018"},{"v":0.0132731104686615,"d":"0.013"},{"v":0.1772,"d":"0.177"}]
["FVC","accumbens","rs11575234","G","C",0.067886,4.80485257189383e-05,421986,{"v":20.2766833417215,"d":"20.277"},{"v":0.019485,"d":"0.019"},{"v":0.00325807,"d":"0.003"},{"v":2.19998641983517e-09,"d":"2.200E-09"},{"v":-0.0280023355974105,"d":"-0.028"},{"v":0.0173604064460077,"d":"0.017"},{"v":0.1067,"d":"0.107"}]
["FVC","accumbens","rs11608103","A","G",0.131252,4.22030496869096e-05,421986,{"v":17.8097633454082,"d":"17.810"},{"v":0.0136037,"d":"0.014"},{"v":0.00243411,"d":"0.002"},{"v":2.3000114603619e-08,"d":"2.300E-08"},{"v":0.0171888598055424,"d":"0.017"},{"v":0.0133869624653757,"d":"0.013"},{"v":0.1993,"d":"0.199"}]
["FVC","accumbens","rs11621587","C","G",0.183978,{"$f":"2*F4421*(1-F4421)*J4421*J4421","v":0.000135729204028457},421986,{"$f":"G4421/(1-G4421)*(H4421-2)","v":{"v":57.2833274531838,"d":"57.283"}},{"v":0.0212612,"d":"0.021"},{"v":2.11823E-3,"d":"0.002"},{"v":1e-23,"d":"1.000E-23"},{"v":-0.0164860901012659,"d":"-0.016"},{"v":0.0116757012048625,"d":"0.012"},0.158]
["FVC","accumbens","rs11632611","A","G",0.658418,5.89296892647042e-05,421986,{"v":24.8688515083687,"d":"24.869"},{"v":-0.011446,"d":"-0.011"},{"v":1.75909E-3,"d":"0.002"},{"v":7.70016444356872e-11,"d":"7.700E-11"},{"v":0.00367363521347366,"d":"0.004"},{"v":0.00949259745083633,"d":"0.009"},{"v":0.6984,"d":"0.698"}]
["FVC","accumbens","rs11637681","G","A",0.276249,5.27147653220468e-05,421986,{"v":22.245960220231,"d":"22.246"},{"v":-0.0114817,"d":"-0.011"},{"v":1.85184E-3,"d":"0.002"},{"v":5.60002544078e-10,"d":"5.600E-10"},{"v":1.51802566383726E-3,"d":"0.002"},{"v":0.0101201710922484,"d":"0.010"},{"v":0.8806,"d":"0.881"}]
["FVC","accumbens","rs11645649","G","C",0.593954,5.52835973782282e-05,421986,{"v":23.3300833269877,"d":"23.330"},{"v":0.0107058,"d":"0.011"},{"v":0.00170463,"d":"0.002"},{"v":3.4000084782586e-10,"d":"3.400E-10"},{"v":-1.02063365551111E-3,"d":"-0.001"},{"v":0.00911280049563488,"d":"0.009"},{"v":0.9112,"d":"0.911"}]
["FVC","accumbens","rs11664552","C","T",0.300477,4.51297930963036e-05,421986,{"v":19.044910102803,"d":"19.045"},{"v":0.0103612,"d":"0.010"},{"v":0.00180111,"d":"0.002"},{"v":8.79994585505891e-09,"d":"8.800E-09"},{"v":0.00303589416555518,"d":"0.003"},{"v":0.00969934238196543,"d":"0.010"},0.754]
["FVC","accumbens","rs11668582","T","C",0.390878,9.08082126210536e-05,421986,{"v":38.3230928462461,"d":"38.323"},{"v":0.0138094,"d":"0.014"},{"v":1.68764E-3,"d":"0.002"},{"v":2.80027059501064e-16,"d":"2.800E-16"},{"v":0.00801661344360281,"d":"0.008"},{"v":0.00916184393554607,"d":"0.009"},{"v":0.3814,"d":"0.381"}]
["FVC","accumbens","rs11698277","T","C",0.319648,0.000111513337937303,421986,{"v":47.0620924471538,"d":"47.062"},{"v":0.016012,"d":"0.016"},{"v":1.76946E-3,"d":"0.002"},{"v":1.39990962656834e-19,"d":"1.400E-19"},{"v":0.008354577881549,"d":"0.008"},{"v":0.00959193786630195,"d":"0.010"},0.384]
["FVC","accumbens","rs117372259","G","A",0.031174,6.13702367797437e-05,421986,{"v":25.8988474156616,"d":"25.899"},{"v":0.0318746,"d":"0.032"},{"v":0.00495553,"d":"0.005"},{"v":1.29998996537545e-10,"d":"1.300E-10"},{"v":-0.0443381593735403,"d":"-0.044"},{"v":0.0277286800334836,"d":"0.028"},{"v":0.1098,"d":"0.110"}]
["FVC","accumbens","rs11867847","G","A",0.505622,4.76927744620758e-05,421986,{"v":20.1265476295014,"d":"20.127"},{"v":0.00976717,"d":"0.010"},{"v":0.00164721,"d":"0.002"},{"v":2.99999133271614e-09,"d":"3.000E-09"},{"v":0.0036976091812508,"d":"0.004"},{"v":0.00897477956614271,"d":"0.009"},{"v":0.6804,"d":"0.680"}]
["FVC","accumbens","rs11877758","G","T",0.3121,4.9796615660552e-05,421986,{"v":21.0144215099736,"d":"21.014"},{"v":-0.010769,"d":"-0.011"},{"v":1.78155E-3,"d":"0.002"},{"v":1.49999565138204E-9,"d":"1.500E-09"},{"v":0.00710688576133902,"d":"0.007"},{"v":0.00964299289191183,"d":"0.010"},{"v":0.4612,"d":"0.461"}]
["FVC","accumbens","rs11896404","T","C",0.38932,4.49485042891669E-5,421986,{"v":18.9684022352691,"d":"18.968"},{"v":0.0097226,"d":"0.010"},{"v":0.00168555,"d":"0.002"},{"v":8.00000023961727e-09,"d":"8.000E-09"},{"v":-0.00837280280045161,"d":"-0.008"},{"v":0.00931346251440669,"d":"0.009"},{"v":0.3688,"d":"0.369"}]
["FVC","accumbens","rs11909473","G","A",0.28953,4.77971585455201E-5,421986,{"v":20.1706002490508,"d":"20.171"},{"v":0.0107787,"d":"0.011"},{"v":0.00182218,"d":"0.002"},{"v":3.29997006285228E-9,"d":"3.300E-09"},{"v":-0.0110708371349746,"d":"-0.011"},{"v":0.00985826993319202,"d":"0.010"},{"v":0.2613,"d":"0.261"}]
["FVC","accumbens","rs11938781","C","T",0.165403,0.000370364352622504,421986,{"v":156.345735864303,"d":"156.346"},{"v":-0.036626,"d":"-0.037"},{"v":0.00221596,"d":"0.002"},{"v":2.2998525866862e-61,"d":"2.300E-61"},{"v":-0.0103253281629822,"d":"-0.010"},{"v":0.0121904700861656,"d":"0.012"},{"v":0.3973,"d":"0.397"}]
["FVC","accumbens","rs11967850","T","C",0.203699,4.47463713455221e-05,421986,{"v":18.8830977159713,"d":"18.883"},{"v":-0.0117444,"d":"-0.012"},{"v":2.03397E-3,"d":"0.002"},{"v":7.69998714277137e-09,"d":"7.700E-09"},{"v":-0.0170445854318332,"d":"-0.017"},{"v":0.0111402519162308,"d":"0.011"},{"v":0.1261,"d":"0.126"}]
["FVC","accumbens","rs12051245","C","T",0.231666,5.61700238971006e-05,421986,{"v":23.70418282871,"d":"23.704"},{"v":0.0125612,"d":"0.013"},{"v":0.00194877,"d":"0.002"},{"v":1.19999655704811e-10,"d":"1.200E-10"},{"v":-2.48363500430364E-3,"d":"-0.002"},{"v":0.0111875450644308,"d":"0.011"},{"v":0.8246,"d":"0.825"}]
["FVC","accumbens","rs12052537","A","C",0.20591,6.95372170194517e-05,421986,{"v":29.3456336004286,"d":"29.346"},{"v":-0.0145821,"d":"-0.015"},{"v":0.00203664,"d":"0.002"},{"v":8.10027941680351e-13,"d":"8.100E-13"},{"v":-0.0083251661173896,"d":"-0.008"},{"v":0.0113267566222988,"d":"0.011"},{"v":0.4625,"d":"0.463"}]
["FVC","accumbens","rs12054747","T","C",0.216455,4.283369225594e-05,421986,{"v":18.0759070507704,"d":"18.076"},{"v":0.0112373,"d":"0.011"},{"v":0.0019943,"d":"0.002"},{"v":1.79998961724559E-8,"d":"1.800E-08"},{"v":0.0126334073446277,"d":"0.013"},{"v":0.0108162734114963,"d":"0.011"},{"v":0.2428,"d":"0.243"}]
["FVC","accumbens","rs12099669","A","G",0.696156,6.89829587755084e-05,421986,{"v":29.111713088028,"d":"29.112"},{"v":0.0127696,"d":"0.013"},{"v":0.00178372,"d":"0.002"},{"v":8.10027941680351e-13,"d":"8.100E-13"},{"v":0.00655067925689668,"d":"0.007"},{"v":0.00961920595726385,"d":"0.010"},{"v":0.4956,"d":"0.496"}]
["FVC","accumbens","rs12139563","G","A",0.5652,1.07701353835577E-4,421986,{"v":45.4531434620392,"d":"45.453"},{"v":-0.014803,"d":"-0.015"},{"v":0.00165293,"d":"0.002"},{"v":3.40016505804072e-19,"d":"3.400E-19"},{"v":9.25860101685037E-3,"d":"0.009"},{"v":0.00900642122261709,"d":"0.009"},{"v":0.3039,"d":"0.304"}]
["FVC","accumbens","rs12152266","T","C",0.27447,8.20852836022235e-05,421986,{"v":34.641519874584,"d":"34.642"},{"v":0.0143563,"d":"0.014"},{"v":0.00183934,"d":"0.002"},{"v":5.90065196995665e-15,"d":"5.901E-15"},{"v":3.8132483913018E-3,"d":"0.004"},{"v":0.0103060767332481,"d":"0.010"},{"v":0.7117,"d":"0.712"}]
["FVC","accumbens","rs12323020","C","T",0.113463,4.17835680209609e-05,421986,{"v":17.6327339262945,"d":"17.633"},{"v":-0.0144116,"d":"-0.014"},{"v":0.00260325,"d":"0.003"},{"v":3.09998790941119e-08,"d":"3.100E-08"},{"v":-5.09775231929305E-3,"d":"-0.005"},{"v":0.0140048140639919,"d":"0.014"},{"v":0.7162,"d":"0.716"}]
["FVC","accumbens","rs12385976","C","T",0.043977,9.10255374943288e-05,421986,{"v":38.4148171433851,"d":"38.415"},{"v":-0.0329018,"d":"-0.033"},{"v":0.0040288,"d":"0.004"},{"v":3.19963176731835E-16,"d":"3.200E-16"},{"v":-0.0149932903450769,"d":"-0.015"},{"v":0.0219521088507714,"d":"0.022"},{"v":0.4949,"d":"0.495"}]
["FVC","accumbens","rs12402966","A","G",0.213339,0.000137055305474563,421986,{"v":57.843073725517,"d":"57.843"},{"v":0.0202071,"d":"0.020"},{"v":0.00199879,"d":"0.002"},{"v":5.0003453497698e-24,"d":"5.000E-24"},{"v":-0.0119656472181909,"d":"-0.012"},{"v":0.0109475271895616,"d":"0.011"},{"v":0.2742,"d":"0.274"}]
["FVC","accumbens","rs12407259","C","G",0.091572,4.21603162442696e-05,421986,{"v":17.7917289949428,"d":"17.792"},{"v":0.0159188,"d":"0.016"},{"v":0.0028656,"d":"0.003"},{"v":2.80001269243454e-08,"d":"2.800E-08"},{"v":0.00344103900678033,"d":"0.003"},{"v":0.0157845825999098,"d":"0.016"},{"v":0.8272,"d":"0.827"}]
["FVC","accumbens","rs12430764","A","G",0.512974,5.09030563916136e-05,421986,{"v":21.4813688156869,"d":"21.481"},{"v":-0.0100933,"d":"-0.010"},{"v":1.64288E-3,"d":"0.002"},{"v":8.1000929031245e-10,"d":"8.100E-10"},{"v":0.00172820049947431,"d":"0.002"},{"v":8.95440673302751E-3,"d":"0.009"},{"v":0.8466,"d":"0.847"}]
["FVC","accumbens","rs12452590","G","T",0.361692,5.67385740328396e-05,421986,{"v":23.9441289804086,"d":"23.944"},{"v":0.0110851,"d":"0.011"},{"v":0.00172892,"d":"0.002"},{"v":1.40000633223953E-10,"d":"1.400E-10"},{"v":0.00921605387664658,"d":"0.009"},{"v":0.00929975164141936,"d":"0.009"},{"v":0.3219,"d":"0.322"}]
["FVC","accumbens","rs12486605","C","T",0.428162,4.06299989199258e-05,421986,{"v":17.1459061023724,"d":"17.146"},{"v":0.00910894,"d":"0.009"},{"v":0.00165849,"d":"0.002"},{"v":4.00000007987242e-08,"d":"4.000E-08"},{"v":-0.0129134917822993,"d":"-0.013"},{"v":0.00904939858605419,"d":"0.009"},{"v":0.1537,"d":"0.154"}]
["FVC","accumbens","rs1250535","G","C",0.675489,6.09889978971453E-5,421986,{"v":25.7379510204696,"d":"25.738"},{"v":-0.0117947,"d":"-0.012"},{"v":1.76235E-3,"d":"0.002"},{"v":2.19988510904925E-11,"d":"2.200E-11"},{"v":0.00494941874227445,"d":"0.005"},{"v":0.00955486243682327,"d":"0.010"},{"v":0.6044,"d":"0.604"}]
["FVC","accumbens","rs12571363","A","C",0.10664,1.68684862009559E-4,421986,{"v":71.1943222146604,"d":"71.194"},{"v":-0.0297543,"d":"-0.030"},{"v":0.00266251,"d":"0.003"},{"v":5.40007759066591e-29,"d":"5.400E-29"},{"v":-1.19435682578553E-3,"d":"-0.001"},{"v":0.0147451459973522,"d":"0.015"},{"v":0.9352,"d":"0.935"}]
["FVC","accumbens","rs12641030","G","A",0.467529,6.07860664558444e-05,421986,{"v":25.6523067701271,"d":"25.652"},{"v":-0.0110493,"d":"-0.011"},{"v":0.00164454,"d":"0.002"},{"v":1.80011396041801E-11,"d":"1.800E-11"},{"v":-0.00879404976154407,"d":"-0.009"},{"v":0.00897352016484088,"d":"0.009"},0.327]
["FVC","accumbens","rs12713685","C","T",0.374424,5.70120309880289e-05,421986,{"v":24.0595365674967,"d":"24.060"},{"v":-0.0110318,"d":"-0.011"},{"v":1.69411E-3,"d":"0.002"},{"v":7.39945954312723e-11,"d":"7.399E-11"},{"v":-0.0113787428640956,"d":"-0.011"},{"v":0.00926607725089221,"d":"0.009"},{"v":0.2193,"d":"0.219"}]
["FVC","accumbens","rs12985660","C","T",0.475562,5.31507614325355e-05,421986,{"v":22.4299630819638,"d":"22.430"},{"v":-0.0103226,"d":"-0.010"},{"v":1.65161E-3,"d":"0.002"},{"v":4.09996359041765e-10,"d":"4.100E-10"},{"v":-0.0137427220963744,"d":"-0.014"},{"v":0.00951712056535622,"d":"0.010"},{"v":0.1489,"d":"0.149"}]
["FVC","accumbens","rs1299113","A","G",0.5241,5.22273392258403e-05,421986,{"v":22.0402526196272,"d":"22.040"},{"v":0.0102322,"d":"0.010"},{"v":1.65011E-3,"d":"0.002"},{"v":5.60002544078e-10,"d":"5.600E-10"},{"v":0.00525308187844359,"d":"0.005"},{"v":0.00897962714263861,"d":"0.009"},{"v":0.5586,"d":"0.559"}]
["FVC","accumbens","rs13023718","G","A",0.66664,4.48587468856789e-05,421986,{"v":18.9305226453301,"d":"18.931"},{"v":0.0100463,"d":"0.010"},{"v":0.00174447,"d":"0.002"},{"v":8.50002102591718E-9,"d":"8.500E-09"},{"v":0.00336386010466432,"d":"0.003"},{"v":0.00944904523782111,"d":"0.009"},0.722]
["FVC","accumbens","rs13108218","G","A",0.614862,0.000104055954635523,421986,{"v":43.9145175279602,"d":"43.915"},{"v":0.0148225,"d":"0.015"},{"v":0.00169865,"d":"0.002"},{"v":2.60015956316527e-18,"d":"2.600E-18"},{"v":0.0180762031502273,"d":"0.018"},{"v":0.00919908557263477,"d":"0.009"},{"v":0.04947,"d":"0.049"}]
["FVC","accumbens","rs13112742","A","G",0.170661,4.55143743919462e-05,421986,{"v":19.2072119676475,"d":"19.207"},{"v":-0.0126802,"d":"-0.013"},{"v":0.00218292,"d":"0.002"},{"v":6.29999202947421e-09,"d":"6.300E-09"},{"v":-0.0224572971559767,"d":"-0.022"},{"v":0.0121653830747436,"d":"0.012"},{"v":0.06494,"d":"0.065"}]
["FVC","accumbens","rs13156484","A","G",0.472145,0.000100558062438285,421986,{"v":42.4381609191928,"d":"42.438"},{"v":-0.0142036,"d":"-0.014"},{"v":1.66004E-3,"d":"0.002"},{"v":1.20005182020427E-17,"d":"1.200E-17"},{"v":-0.00824405565835725,"d":"-0.008"},{"v":0.00897068080343553,"d":"0.009"},{"v":0.3582,"d":"0.358"}]
["FVC","accumbens","rs13229167","A","G",0.271146,1.66795588032502E-4,421986,{"v":70.3968112978432,"d":"70.397"},{"v":-0.0205426,"d":"-0.021"},{"v":1.85147E-3,"d":"0.002"},{"v":1.29987023738861E-28,"d":"1.300E-28"},{"v":-0.0189390478270055,"d":"-0.019"},{"v":0.0101658871857249,"d":"0.010"},{"v":0.06246,"d":"0.062"}]
["FVC","accumbens","rs13284734","C","T",0.020117,4.96826287641103E-5,421986,{"v":20.9663160780926,"d":"20.966"},{"v":-0.0354992,"d":"-0.035"},{"v":0.00598441,"d":"0.006"},{"v":2.99999133271614e-09,"d":"3.000E-09"},{"v":-9.81891166449839E-3,"d":"-0.010"},{"v":0.0345736326214732,"d":"0.035"},{"v":0.7762,"d":"0.776"}]
["FVC","accumbens","rs145183935","C","T",0.07345,5.24247710152638e-05,421986,{"v":22.1235743954268,"d":"22.124"},{"v":-0.0196256,"d":"-0.020"},{"v":3.1714E-3,"d":"0.003"},{"v":6.10000231740111e-10,"d":"6.100E-10"},{"v":0.0112259522754301,"d":"0.011"},{"v":0.0180481547836498,"d":"0.018"},{"v":0.5337,"d":"0.534"}]
["FVC","accumbens","rs147110934","T","G",0.024261,9.94763606436121e-05,421986,{"v":41.9816087474862,"d":"41.982"},{"v":-0.0458378,"d":"-0.046"},{"v":0.00533939,"d":"0.005"},{"v":9.09913272632251e-18,"d":"9.099E-18"},{"v":0.00435907136487368,"d":"0.004"},{"v":0.0283056582134655,"d":"0.028"},{"v":0.8775,"d":"0.878"}]
["FVC","accumbens","rs1474419","C","T",0.577669,4.28613161465634e-05,421986,{"v":18.0875648896285,"d":"18.088"},{"v":-0.00937242,"d":"-0.009"},{"v":1.66461E-3,"d":"0.002"},{"v":1.79998961724559E-8,"d":"1.800E-08"},{"v":-0.00226247488746916,"d":"-0.002"},{"v":0.0090862445279886,"d":"0.009"},{"v":0.8032,"d":"0.803"}]
["FVC","accumbens","rs1474647","T","C",0.550866,9.00176543209984E-5,421986,{"v":37.9894295603302,"d":"37.989"},{"v":-0.0134877,"d":"-0.013"},{"v":0.0016468,"d":"0.002"},{"v":2.60015956316527e-16,"d":"2.600E-16"},{"v":-0.00810102177996055,"d":"-0.008"},{"v":0.00902118238302956,"d":"0.009"},{"v":0.3692,"d":"0.369"}]
["FVC","accumbens","rs1490384","T","C",0.500495,0.000303387120569992,421986,{"v":128.063363461699,"d":"128.063"},{"v":0.0246328,"d":"0.025"},{"v":0.00163964,"d":"0.002"},{"v":5.19995996533517E-51,"d":"5.200E-51"},{"v":-0.00144174701643746,"d":"-0.001"},{"v":0.00895495041265501,"d":"0.009"},{"v":0.8719,"d":"0.872"}]
["FVC","accumbens","rs149542","A","G",0.375642,6.15489183328254e-05,421986,{"v":25.974257441209,"d":"25.974"},{"v":-0.0114549,"d":"-0.011"},{"v":1.69827E-3,"d":"0.002"},{"v":1.50003019045595E-11,"d":"1.500E-11"},{"v":-0.00614112890673928,"d":"-0.006"},{"v":0.00924868811255915,"d":"0.009"},{"v":0.5069,"d":"0.507"}]
["FVC","accumbens","rs1516890","A","G",0.469749,6.5158521254172e-05,421986,{"v":27.4976451388157,"d":"27.498"},{"v":-0.0114366,"d":"-0.011"},{"v":1.65471E-3,"d":"0.002"},{"v":4.79954424931945e-12,"d":"4.800E-12"},{"v":-7.12369478065454E-3,"d":"-0.007"},{"v":0.00896062236560319,"d":"0.009"},{"v":0.4266,"d":"0.427"}]
["FVC","accumbens","rs1555211","T","C",0.292035,8.56959630224441e-05,421986,{"v":36.1654244909429,"d":"36.165"},{"v":0.014396,"d":"0.014"},{"v":1.80824E-3,"d":"0.002"},{"v":1.69980851320349E-15,"d":"1.700E-15"},{"v":0.000755734997215986,"d":"0.001"},{"v":0.00968891022071777,"d":"0.010"},0.938]
["FVC","accumbens","rs1637746","A","G",0.226569,4.29577425829801e-05,421986,{"v":18.1282587952111,"d":"18.128"},{"v":-0.0110712,"d":"-0.011"},{"v":0.00196778,"d":"0.002"},{"v":1.79998961724559E-8,"d":"1.800E-08"},{"v":-0.0160344111109558,"d":"-0.016"},{"v":0.0108267461924077,"d":"0.011"},{"v":0.1387,"d":"0.139"}]
["FVC","accumbens","rs1656373","T","C",0.55742,0.000145979381744386,421986,{"v":61.6099572094857,"d":"61.610"},{"v":-0.0172006,"d":"-0.017"},{"v":0.00165265,"d":"0.002"},{"v":2.2998525866862e-25,"d":"2.300E-25"},{"v":-9.93254410411748E-3,"d":"-0.010"},{"v":0.00900502638632591,"d":"0.009"},{"v":0.2702,"d":"0.270"}]
["FVC","accumbens","rs1668091","C","T",0.31711,6.68938491644157e-05,421986,{"v":28.2300224606612,"d":"28.230"},{"v":0.0124279,"d":"0.012"},{"v":0.00177541,"d":"0.002"},{"v":2.60015956316527E-12,"d":"2.600E-12"},{"v":-0.0063963760976503,"d":"-0.006"},{"v":0.00963309653260588,"d":"0.010"},{"v":0.5065,"d":"0.507"}]
["FVC","accumbens","rs16905189","G","C",0.366604,1.18148804558535E-4,421986,{"v":49.8627963726122,"d":"49.863"},{"v":-0.0159501,"d":"-0.016"},{"v":1.71036E-3,"d":"0.002"},{"v":1.10001852750622E-20,"d":"1.100E-20"},{"v":0.00827427349153973,"d":"0.008"},{"v":0.00928650223517366,"d":"0.009"},{"v":0.3728,"d":"0.373"}]
["FVC","accumbens","rs17387279","G","T",0.181103,6.13077565579171e-05,421986,{"v":25.8724785269512,"d":"25.872"},{"v":-0.0143769,"d":"-0.014"},{"v":0.0021417,"d":"0.002"},{"v":1.90020300257723e-11,"d":"1.900E-11"},{"v":1.58287951108294E-3,"d":"0.002"},{"v":0.0117250334154292,"d":"0.012"},{"v":0.8926,"d":"0.893"}]
["FVC","accumbens","rs17400325","C","T",0.041599,9.07861932322965e-05,421986,{"v":38.3137993289267,"d":"38.314"},{"v":0.0337427,"d":"0.034"},{"v":0.0041016,"d":"0.004"},{"v":1.90020300257723E-16,"d":"1.900E-16"},{"v":0.046738211797001,"d":"0.047"},{"v":0.0233924983968974,"d":"0.023"},{"v":0.04571,"d":"0.046"}]
["FVC","accumbens","rs1818116","G","A",0.381268,4.48330645452411e-05,421986,{"v":18.9196841364791,"d":"18.920"},{"v":-0.00974805,"d":"-0.010"},{"v":0.00170614,"d":"0.002"},{"v":1.09999319893519E-8,"d":"1.100E-08"},{"v":-0.00969913955742031,"d":"-0.010"},{"v":0.00919349721082494,"d":"0.009"},{"v":0.2915,"d":"0.292"}]
["FVC","accumbens","rs183743021","C","T",0.023696,6.10757370320042e-05,421986,{"v":25.7745580158407,"d":"25.775"},{"v":-0.036332,"d":"-0.036"},{"v":0.00550585,"d":"0.006"},{"v":4.10015240506613e-11,"d":"4.100E-11"},{"v":-0.0129806288206755,"d":"-0.013"},{"v":0.0270429767097406,"d":"0.027"},{"v":0.6312,"d":"0.631"}]
["FVC","accumbens","rs1966265","A","G",0.245129,8.66312568253845e-05,421986,{"v":36.5601715338128,"d":"36.560"},{"v":0.0152999,"d":"0.015"},{"v":0.00190502,"d":"0.002"},{"v":9.60063590945348e-16,"d":"9.601E-16"},{"v":1.20973451114298E-3,"d":"0.001"},{"v":0.0107056151428583,"d":"0.011"},{"v":0.91,"d":"0.910"}]
["FVC","accumbens","rs1983753","A","G",0.851273,6.09227456439144e-05,421986,{"v":25.7099902209963,"d":"25.710"},{"v":0.0155112,"d":"0.016"},{"v":0.00231937,"d":"0.002"},{"v":2.29985258668621e-11,"d":"2.300E-11"},{"v":-0.0138946382335751,"d":"-0.014"},{"v":0.0126429829240902,"d":"0.013"},{"v":0.2718,"d":"0.272"}]
["FVC","accumbens","rs1984246","A","C",0.42304,8.08199330946159e-05,421986,{"v":34.107475210863,"d":"34.107"},{"v":0.0128671,"d":"0.013"},{"v":0.00166162,"d":"0.002"},{"v":9.70063133783958e-15,"d":"9.701E-15"},{"v":0.0103389650295521,"d":"0.010"},{"v":0.00906926756978252,"d":"0.009"},{"v":0.2543,"d":"0.254"}]
["FVC","accumbens","rs2007530","T","C",0.173998,1.17320574387251E-4,421986,{"v":49.5132141809572,"d":"49.513"},{"v":0.0202027,"d":"0.020"},{"v":2.17301E-3,"d":"0.002"},{"v":1.39990962656834e-20,"d":"1.400E-20"},{"v":-0.00746916368804798,"d":"-0.007"},{"v":0.0126595994712678,"d":"0.013"},{"v":0.5549,"d":"0.555"}]
["FVC","accumbens","rs2039092","T","G",0.142069,4.52252040502154e-05,421986,{"v":19.0851756368886,"d":"19.085"},{"v":-0.0136207,"d":"-0.014"},{"v":2.37872E-3,"d":"0.002"},{"v":1E-8,"d":"1.000E-08"},{"v":-3.18031557119709E-3,"d":"-0.003"},{"v":0.0128757715433081,"d":"0.013"},{"v":0.8049,"d":"0.805"}]
["FVC","accumbens","rs2058780","T","C",0.609391,4.70090504808346e-05,421986,{"v":19.837999723635,"d":"19.838"},{"v":-0.00993703,"d":"-0.010"},{"v":0.00168463,"d":"0.002"},{"v":3.69998531172859e-09,"d":"3.700E-09"},{"v":0.0119859769396311,"d":"0.012"},{"v":0.00912174805146966,"d":"0.009"},{"v":0.1888,"d":"0.189"}]
["FVC","accumbens","rs2118022","C","T",0.360318,6.04606902173754e-05,421986,{"v":25.5149865543869,"d":"25.515"},{"v":-0.0114524,"d":"-0.011"},{"v":0.00171628,"d":"0.002"},{"v":2.49976970217851E-11,"d":"2.500E-11"},{"v":0.00550517795378819,"d":"0.006"},{"v":0.0093945016276249,"d":"0.009"},{"v":0.5578,"d":"0.558"}]
["FVC","accumbens","rs2131354","A","G",0.526265,0.000264945796094648,421986,{"v":111.832516374284,"d":"111.833"},{"v":0.0230512,"d":"0.023"},{"v":0.00164614,"d":"0.002"},{"v":1.50003019045594e-44,"d":"1.500E-44"},{"v":0.0108535994083786,"d":"0.011"},{"v":0.00896991686642861,"d":"0.009"},{"v":0.2263,"d":"0.226"}]
["FVC","accumbens","rs2165241","C","T",0.508667,1.93898082531503E-4,421986,{"v":81.8377566430654,"d":"81.838"},{"v":0.0196955,"d":"0.020"},{"v":1.64442E-3,"d":"0.002"},{"v":4.70002318179801e-33,"d":"4.700E-33"},{"v":-0.00352838954028618,"d":"-0.004"},{"v":0.00895530340174159,"d":"0.009"},{"v":0.6936,"d":"0.694"}]
["FVC","accumbens","rs2168704","A","G",0.561551,{"$f":"2*F4485*(1-F4485)*J4485*J4485","v":5.59945780683976e-05},421986,{"$f":"G4485/(1-G4485)*(H4485-2)","v":{"v":23.6301391912884,"d":"23.630"}},{"v":0.0106636,"d":"0.011"},{"v":1.652E-3,"d":"0.002"},{"v":1.09999319893519e-10,"d":"1.100E-10"},{"v":0.00808988436665949,"d":"0.008"},{"v":0.00919305041665851,"d":"0.009"},{"v":0.3791,"d":"0.379"}]
["FVC","accumbens","rs2181246","A","T",0.315032,4.79141931100767e-05,421986,{"v":20.2199916899491,"d":"20.220"},{"v":-0.0105367,"d":"-0.011"},{"v":1.76834E-3,"d":"0.002"},{"v":2.49999995007974e-09,"d":"2.500E-09"},{"v":0.00395723440194467,"d":"0.004"},{"v":0.00951258269698238,"d":"0.010"},{"v":0.6771,"d":"0.677"}]
["FVC","accumbens","rs2186288","A","G",0.369909,5.7540273769828e-05,421986,{"v":24.2824721065799,"d":"24.282"},{"v":-0.0111102,"d":"-0.011"},{"v":0.00170446,"d":"0.002"},{"v":7.10068096254533e-11,"d":"7.101E-11"},{"v":0.00899199841092015,"d":"0.009"},{"v":0.00934719169534319,"d":"0.009"},{"v":0.3362,"d":"0.336"}]
["FVC","accumbens","rs2219320","C","T",0.253726,9.06772759055066e-05,421986,{"v":38.2678296182539,"d":"38.268"},{"v":-0.015474,"d":"-0.015"},{"v":1.88065E-3,"d":"0.002"},{"v":1.90020300257723E-16,"d":"1.900E-16"},{"v":-0.00761037096059523,"d":"-0.008"},{"v":0.0102427603776517,"d":"0.010"},{"v":0.4575,"d":"0.458"}]
["FVC","accumbens","rs2273101","T","C",0.245563,0.000164788871325204,421986,{"v":69.5497280984891,"d":"69.550"},{"v":0.021089,"d":"0.021"},{"v":1.90985E-3,"d":"0.002"},{"v":2.39993787680987e-28,"d":"2.400E-28"},{"v":0.0130487468883704,"d":"0.013"},{"v":0.0103808646685524,"d":"0.010"},{"v":0.2088,"d":"0.209"}]
["FVC","accumbens","rs2286325","C","G",0.081106,6.21764247204467e-05,421986,{"v":26.2390878619042,"d":"26.239"},{"v":0.0204239,"d":"0.020"},{"v":0.00300144,"d":"0.003"},{"v":1e-11,"d":"1.000E-11"},{"v":0.0200449130425488,"d":"0.020"},{"v":0.0167459590998737,"d":"0.017"},{"v":0.2311,"d":"0.231"}]
["FVC","accumbens","rs2315007","C","T",0.667421,9.54071179462808e-05,421986,{"v":40.2641187429693,"d":"40.264"},{"v":-0.0146598,"d":"-0.015"},{"v":0.00174235,"d":"0.002"},{"v":4.00036851046125e-17,"d":"4.000E-17"},{"v":2.41499030625714E-3,"d":"0.002"},{"v":0.00958329486609977,"d":"0.010"},0.801]
["FVC","accumbens","rs2355595","T","C",0.353472,4.21690889460453e-05,421986,{"v":17.7954312469311,"d":"17.795"},{"v":0.0096053,"d":"0.010"},{"v":0.00171679,"d":"0.002"},{"v":2.19998641983516e-08,"d":"2.200E-08"},{"v":0.00473394896322596,"d":"0.005"},{"v":0.00937415636282368,"d":"0.009"},{"v":0.6138,"d":"0.614"}]
["FVC","accumbens","rs2420991","G","T",0.157205,4.60860611479893e-05,421986,{"v":19.448476731161,"d":"19.448"},{"v":0.0131879,"d":"0.013"},{"v":0.00231045,"d":"0.002"},{"v":1.09999319893519E-8,"d":"1.100E-08"},{"v":-0.00829013067883948,"d":"-0.008"},{"v":0.0121556168311429,"d":"0.012"},{"v":0.4949,"d":"0.495"}]
["FVC","accumbens","rs2433733","A","G",0.677805,4.39675736084697e-05,421986,{"v":18.5544283747918,"d":"18.554"},{"v":0.0100332,"d":"0.010"},{"v":1.75482E-3,"d":"0.002"},{"v":1.09999319893519E-8,"d":"1.100E-08"},{"v":-0.010913134288954,"d":"-0.011"},{"v":0.00979635034915083,"d":"0.010"},{"v":0.2655,"d":"0.266"}]
["FVC","accumbens","rs246185","C","T",0.32244,6.92890140832418e-05,421986,{"v":29.2408813907452,"d":"29.241"},{"v":0.0125927,"d":"0.013"},{"v":1.774E-3,"d":"0.002"},{"v":1.2998702373886e-12,"d":"1.300E-12"},{"v":0.00463040456112081,"d":"0.005"},{"v":0.00956695157256366,"d":"0.010"},{"v":0.6282,"d":"0.628"}]
["FVC","accumbens","rs2468964","G","T",0.60054,4.47507016706468e-05,421986,{"v":18.8849252074402,"d":"18.885"},{"v":0.00965778,"d":"0.010"},{"v":1.67483E-3,"d":"0.002"},{"v":8.1000929031245e-09,"d":"8.100E-09"},{"v":0.0138362082726729,"d":"0.014"},{"v":0.00914488319409974,"d":"0.009"},{"v":0.1302,"d":"0.130"}]
["FVC","accumbens","rs2645977","A","G",0.357445,4.52910263624554e-05,421986,{"v":19.112954113843,"d":"19.113"},{"v":0.00992959,"d":"0.010"},{"v":1.71149E-3,"d":"0.002"},{"v":6.59994019159873e-09,"d":"6.600E-09"},{"v":0.013167522811073,"d":"0.013"},{"v":0.009305669831147,"d":"0.009"},0.157]
["FVC","accumbens","rs2648725","A","T",0.213148,9.83993575735976e-05,421986,{"v":41.5270407404678,"d":"41.527"},{"v":0.0171275,"d":"0.017"},{"v":0.00200708,"d":"0.002"},{"v":1.39990962656834e-17,"d":"1.400E-17"},{"v":0.0044366464124969,"d":"0.004"},{"v":0.0110364338619326,"d":"0.011"},0.688]
["FVC","accumbens","rs2717329","A","G",0.294673,8.42790883711236e-05,421986,{"v":35.5674244173058,"d":"35.567"},{"v":0.014239,"d":"0.014"},{"v":0.0018328,"d":"0.002"},{"v":7.89950721335818e-15,"d":"7.900E-15"},{"v":-0.0125504512385154,"d":"-0.013"},{"v":9.85121761264947E-3,"d":"0.010"},{"v":0.2028,"d":"0.203"}]
["FVC","accumbens","rs2760402","C","A",0.649252,4.35290850830249e-05,421986,{"v":18.3693770418513,"d":"18.369"},{"v":0.00977621,"d":"0.010"},{"v":0.00172753,"d":"0.002"},{"v":1.49999565138204e-08,"d":"1.500E-08"},{"v":0.00522474081134598,"d":"0.005"},{"v":0.00939701584774457,"d":"0.009"},{"v":0.5785,"d":"0.579"}]
["FVC","accumbens","rs2780226","T","C",0.910509,2.95968220787926E-4,421986,{"v":124.930829236223,"d":"124.931"},{"v":-0.0426163,"d":"-0.043"},{"v":0.0028699,"d":"0.003"},{"v":7.00003159130901e-50,"d":"7.000E-50"},{"v":-0.0181870425398562,"d":"-0.018"},{"v":0.0163994973307991,"d":"0.016"},{"v":0.2675,"d":"0.268"}]
["FVC","accumbens","rs2807339","C","T",0.758119,5.89073008999258e-05,421986,{"v":24.859402863279,"d":"24.859"},{"v":0.0126736,"d":"0.013"},{"v":1.91263E-3,"d":"0.002"},{"v":3.40016505804071e-11,"d":"3.400E-11"},{"v":-0.0135908198754845,"d":"-0.014"},{"v":0.0102727285528983,"d":"0.010"},{"v":0.1857,"d":"0.186"}]
["FVC","accumbens","rs2808096","G","A",0.21446,4.09307454157644e-05,421986,{"v":17.2728266631967,"d":"17.273"},{"v":0.0110218,"d":"0.011"},{"v":0.0020005,"d":"0.002"},{"v":3.59997927043357E-8,"d":"3.600E-08"},{"v":-0.0104355297847291,"d":"-0.010"},{"v":0.010927256319088,"d":"0.011"},{"v":0.3396,"d":"0.340"}]
["FVC","accumbens","rs2812208","C","G",0.020816,0.000278067813708179,421986,{"v":117.372805899358,"d":"117.373"},{"v":0.0825904,"d":"0.083"},{"v":0.00576265,"d":"0.006"},{"v":1.39990962656833E-46,"d":"1.400E-46"},{"v":-7.89126231310141e-05,"d":"-0.000"},{"v":0.026304207710338,"d":"0.026"},{"v":0.9975,"d":"0.998"}]
["FVC","accumbens","rs2821334","T","G",0.44435,4.64038024780943E-5,421986,{"v":19.5825708906678,"d":"19.583"},{"v":0.0096939,"d":"0.010"},{"v":0.00164775,"d":"0.002"},{"v":4.00000007987242e-09,"d":"4.000E-09"},{"v":0.0106188281653404,"d":"0.011"},{"v":0.00918583751327028,"d":"0.009"},{"v":0.2478,"d":"0.248"}]
["FVC","accumbens","rs28409044","A","C",0.333596,7.3529837872933e-05,421986,{"v":31.0306967870756,"d":"31.031"},{"v":0.0128599,"d":"0.013"},{"v":1.74168E-3,"d":"0.002"},{"v":1.50003019045595e-13,"d":"1.500E-13"},{"v":-0.00838059967669329,"d":"-0.008"},{"v":0.0095234087235151,"d":"0.010"},{"v":0.3787,"d":"0.379"}]
["FVC","accumbens","rs28427480","C","A",0.093765,0.000266255308960786,421986,{"v":112.385403506842,"d":"112.385"},{"v":0.0395816,"d":"0.040"},{"v":0.00282649,"d":"0.003"},{"v":1.50003019045594e-44,"d":"1.500E-44"},{"v":-0.015626622507967,"d":"-0.016"},{"v":0.0151420760736114,"d":"0.015"},{"v":0.3023,"d":"0.302"}]
["FVC","accumbens","rs28444681","A","C",0.255224,4.96915326777121e-05,421986,{"v":20.9700737605772,"d":"20.970"},{"v":0.0114328,"d":"0.011"},{"v":0.00188044,"d":"0.002"},{"v":1.19999655704811E-9,"d":"1.200E-09"},{"v":-0.00318391074169321,"d":"-0.003"},{"v":0.0102376551179846,"d":"0.010"},{"v":0.7557,"d":"0.756"}]
["FVC","accumbens","rs2871960","C","A",0.444976,0.000191804005390593,421986,{"v":80.9537486639893,"d":"80.954"},{"v":0.0197056,"d":"0.020"},{"v":0.00165006,"d":"0.002"},{"v":7.10068096254536e-33,"d":"7.101E-33"},{"v":0.0147861446339213,"d":"0.015"},{"v":0.00899947938765749,"d":"0.009"},{"v":0.1003,"d":"0.100"}]
["FVC","accumbens","rs2882485","G","A",0.527663,6.68510491529909e-05,421986,{"v":28.2119591248419,"d":"28.212"},{"v":-0.0115807,"d":"-0.012"},{"v":1.64247E-3,"d":"0.002"},{"v":1.80011396041801E-12,"d":"1.800E-12"},{"v":-0.00989415634010665,"d":"-0.010"},{"v":0.00911903810148078,"d":"0.009"},0.278]
["FVC","accumbens","rs2885697","T","G",0.665178,0.000191228657862936,421986,{"v":80.7108681906324,"d":"80.711"},{"v":-0.0207198,"d":"-0.021"},{"v":1.73474E-3,"d":"0.002"},{"v":7.000031591309e-33,"d":"7.000E-33"},{"v":-0.0131009105200362,"d":"-0.013"},{"v":0.00948653911660837,"d":"0.009"},{"v":0.1674,"d":"0.167"}]
["FVC","accumbens","rs28929474","T","C",0.019693,9.24754782377338e-05,421986,{"v":39.0267812289301,"d":"39.027"},{"v":0.0489397,"d":"0.049"},{"v":0.00592126,"d":"0.006"},{"v":1.39990962656834e-16,"d":"1.400E-16"},{"v":0.0427004878390463,"d":"0.043"},{"v":0.0341877404636079,"d":"0.034"},{"v":0.2118,"d":"0.212"}]
["FVC","accumbens","rs309137","C","T",0.227462,8.33684369570823e-05,421986,{"v":35.1830796592559,"d":"35.183"},{"v":0.0154018,"d":"0.015"},{"v":1.94955E-3,"d":"0.002"},{"v":2.80027059501064e-15,"d":"2.800E-15"},{"v":0.00609662963755444,"d":"0.006"},{"v":0.010127291756735,"d":"0.010"},{"v":0.5474,"d":"0.547"}]
["FVC","accumbens","rs3116605","C","T",0.215238,7.92429456128899e-05,421986,{"v":33.4419051965844,"d":"33.442"},{"v":-0.0153157,"d":"-0.015"},{"v":0.00199894,"d":"0.002"},{"v":1.80011396041801E-14,"d":"1.800E-14"},{"v":1.22137598317286E-3,"d":"0.001"},{"v":0.0110033872357915,"d":"0.011"},{"v":0.9119,"d":"0.912"}]
["FVC","accumbens","rs3253","T","C",0.314156,7.73374553775006e-05,421986,{"v":32.6376928861364,"d":"32.638"},{"v":0.0133966,"d":"0.013"},{"v":0.00176807,"d":"0.002"},{"v":3.50025754158434E-14,"d":"3.500E-14"},{"v":0.0100879866570713,"d":"0.010"},{"v":0.00981321659248181,"d":"0.010"},0.304]
["FVC","accumbens","rs32799","A","C",0.915153,5.54046146417085e-05,421986,{"v":23.381156328923,"d":"23.381"},{"v":-0.0188883,"d":"-0.019"},{"v":0.00295509,"d":"0.003"},{"v":1.60000006389793E-10,"d":"1.600E-10"},{"v":-0.0258333842500452,"d":"-0.026"},{"v":0.0160058142813167,"d":"0.016"},{"v":0.1065,"d":"0.107"}]
["FVC","accumbens","rs344133","A","G",0.614205,5.9441457606158e-05,421986,{"v":25.0848351256407,"d":"25.085"},{"v":0.0111994,"d":"0.011"},{"v":1.68384E-3,"d":"0.002"},{"v":2.90001336905407e-11,"d":"2.900E-11"},{"v":0.0128090996033979,"d":"0.013"},{"v":0.00920855471128534,"d":"0.009"},{"v":0.1643,"d":"0.164"}]
["FVC","accumbens","rs35344256","A","C",0.305163,0.000127924706994647,421986,{"v":53.9890860944489,"d":"53.989"},{"v":-0.0173682,"d":"-0.017"},{"v":1.7847E-3,"d":"0.002"},{"v":2.19988510904926e-22,"d":"2.200E-22"},{"v":-0.0164824891532063,"d":"-0.016"},{"v":0.0109810054318496,"d":"0.011"},{"v":0.1333,"d":"0.133"}]
["FVC","accumbens","rs35480566","G","A",0.439723,1.10816232234529E-4,421986,{"v":46.7678595812438,"d":"46.768"},{"v":0.0149967,"d":"0.015"},{"v":0.0016583,"d":"0.002"},{"v":1.50003019045595e-19,"d":"1.500E-19"},{"v":0.0061117512918708,"d":"0.006"},{"v":0.00904105220690946,"d":"0.009"},{"v":0.4989,"d":"0.499"}]
["FVC","accumbens","rs35506","A","T",0.715534,7.52389405219948e-05,421986,{"v":31.7520180654321,"d":"31.752"},{"v":0.0135949,"d":"0.014"},{"v":0.00182407,"d":"0.002"},{"v":9.09913272632251e-14,"d":"9.099E-14"},{"v":-0.010619540855734,"d":"-0.011"},{"v":0.00999956766076652,"d":"0.010"},{"v":0.2881,"d":"0.288"}]
["FVC","accumbens","rs35654957","C","T",0.369551,4.7229665459788E-5,421986,{"v":19.9311044887804,"d":"19.931"},{"v":-0.0100677,"d":"-0.010"},{"v":0.00171015,"d":"0.002"},{"v":3.89995862874433e-09,"d":"3.900E-09"},{"v":-0.00931375026788483,"d":"-0.009"},{"v":0.0107054600780285,"d":"0.011"},0.384]
["FVC","accumbens","rs35668185","C","T",0.207881,4.39810225504036E-5,421986,{"v":18.560104112267,"d":"18.560"},{"v":-0.0115562,"d":"-0.012"},{"v":2.01805E-3,"d":"0.002"},{"v":1E-8,"d":"1.000E-08"},{"v":-0.0144011749412797,"d":"-0.014"},{"v":0.0112509179228748,"d":"0.011"},{"v":0.2005,"d":"0.201"}]
["FVC","accumbens","rs35805829","C","T",0.346839,8.02689032154592e-05,421986,{"v":33.8749119565016,"d":"33.875"},{"v":-0.0133102,"d":"-0.013"},{"v":1.72266E-3,"d":"0.002"},{"v":1.10001852750622E-14,"d":"1.100E-14"},{"v":0.000898648649764397,"d":"0.001"},{"v":0.00945945947120418,"d":"0.009"},{"v":0.9243,"d":"0.924"}]
["FVC","accumbens","rs35897671","T","C",0.345283,5.9327572593459e-05,421986,{"v":25.0367717641725,"d":"25.037"},{"v":0.0114551,"d":"0.011"},{"v":0.00172695,"d":"0.002"},{"v":3.29989407910834e-11,"d":"3.300E-11"},{"v":-0.00906257399418068,"d":"-0.009"},{"v":0.009391268387752,"d":"0.009"},{"v":0.3346,"d":"0.335"}]
["FVC","accumbens","rs36226649","C","T",0.066506,8.70139707337911e-05,421986,{"v":36.7216987269464,"d":"36.722"},{"v":0.0264724,"d":"0.026"},{"v":0.00329988,"d":"0.003"},{"v":1e-15,"d":"1.000E-15"},{"v":0.0111020132050369,"d":"0.011"},{"v":0.0185033553417282,"d":"0.019"},{"v":0.5484,"d":"0.548"}]
["FVC","accumbens","rs3732987","A","C",0.524508,5.53461247568242e-05,421986,{"v":23.3564717995858,"d":"23.356"},{"v":0.0105337,"d":"0.011"},{"v":0.00164918,"d":"0.002"},{"v":1.70000422215636e-10,"d":"1.700E-10"},{"v":0.00919402507155095,"d":"0.009"},{"v":0.00896103808143368,"d":"0.009"},{"v":0.3048,"d":"0.305"}]
["FVC","accumbens","rs3734254","T","C",0.790532,1.42473762916661E-4,421986,{"v":60.13021534867,"d":"60.130"},{"v":0.0207412,"d":"0.021"},{"v":0.00201522,"d":"0.002"},{"v":7.59976214361039e-25,"d":"7.600E-25"},{"v":0.0186854039957025,"d":"0.019"},{"v":0.0111156478261169,"d":"0.011"},{"v":0.09282,"d":"0.093"}]
["FVC","accumbens","rs3743347","A","C",0.231535,1.02185615560985E-4,421986,{"v":43.1251015619361,"d":"43.125"},{"v":-0.0169457,"d":"-0.017"},{"v":1.94802E-3,"d":"0.002"},{"v":3.40016505804072e-18,"d":"3.400E-18"},{"v":0.00656767666347721,"d":"0.007"},{"v":0.0105251228581366,"d":"0.011"},{"v":0.5329,"d":"0.533"}]
["FVC","accumbens","rs3791679","G","A",0.227266,0.000612002896837713,421986,{"v":258.413580278878,"d":"258.414"},{"v":-0.0417426,"d":"-0.042"},{"v":0.00195359,"d":"0.002"},{"v":2.6977394324449E-101,"d":"2.698E-101"},{"v":1.9050608545827E-3,"d":"0.002"},{"v":0.0105251980916171,"d":"0.011"},{"v":0.8564,"d":"0.856"}]
["FVC","accumbens","rs3806443","G","C",0.265329,4.61179473668757e-05,421986,{"v":19.461933446086,"d":"19.462"},{"v":0.0108763,"d":"0.011"},{"v":0.00186138,"d":"0.002"},{"v":5.09999793204996e-09,"d":"5.100E-09"},{"v":-0.00654723235757444,"d":"-0.007"},{"v":0.01016650987201,"d":"0.010"},{"v":0.5195,"d":"0.520"}]
["FVC","accumbens","rs3828559","G","A",0.758433,5.04655975131029e-05,421986,{"v":21.2967494541555,"d":"21.297"},{"v":0.0117356,"d":"0.012"},{"v":0.00191612,"d":"0.002"},{"v":9.09997082601283e-10,"d":"9.100E-10"},{"v":0.00700458570054885,"d":"0.007"},{"v":0.0106777221044952,"d":"0.011"},{"v":0.5118,"d":"0.512"}]
["FVC","accumbens","rs3858603","A","G",0.501593,7.64582018958038e-05,421986,{"v":32.266604915392,"d":"32.267"},{"v":-0.012366,"d":"-0.012"},{"v":1.63937E-3,"d":"0.002"},{"v":4.60044666393479e-14,"d":"4.600E-14"},{"v":-0.00678724896381937,"d":"-0.007"},{"v":0.0089541543058303,"d":"0.009"},{"v":0.4483,"d":"0.448"}]
["FVC","accumbens","rs425102","G","T",0.240797,0.000137901421280968,421986,{"v":58.2002192507815,"d":"58.200"},{"v":-0.0194207,"d":"-0.019"},{"v":0.00191587,"d":"0.002"},{"v":3.80014352941585e-24,"d":"3.800E-24"},{"v":-7.34438900531413E-3,"d":"-0.007"},{"v":0.0105220472855503,"d":"0.011"},{"v":0.4853,"d":"0.485"}]
["FVC","accumbens","rs4497878","C","T",0.715464,8.76845467196344e-05,421986,{"v":37.0047205050822,"d":"37.005"},{"v":-0.0146752,"d":"-0.015"},{"v":1.81627E-3,"d":"0.002"},{"v":6.49980009683026e-16,"d":"6.500E-16"},{"v":-0.00744080427669979,"d":"-0.007"},{"v":0.0101097884194291,"d":"0.010"},{"v":0.4616,"d":"0.462"}]
["FVC","accumbens","rs4650619","T","C",0.658131,5.51787534628888E-5,421986,{"v":23.2858359846867,"d":"23.286"},{"v":0.0110735,"d":"0.011"},{"v":0.00173535,"d":"0.002"},{"v":1.79998961724559E-10,"d":"1.800E-10"},{"v":-0.00348829370689762,"d":"-0.003"},{"v":0.00942782082945302,"d":"0.009"},{"v":0.7115,"d":"0.712"}]
["FVC","accumbens","rs4678778","G","A",0.103138,4.9032397109147e-05,421986,{"v":20.6919016352442,"d":"20.692"},{"v":0.01628,"d":"0.016"},{"v":0.00272878,"d":"0.003"},{"v":2.39999313805789E-9,"d":"2.400E-09"},{"v":-0.007113318210304,"d":"-0.007"},{"v":0.0149126167930901,"d":"0.015"},{"v":0.6335,"d":"0.634"}]
["FVC","accumbens","rs4693974","G","A",0.574007,6.5108970456126e-05,421986,{"v":27.4767327707401,"d":"27.477"},{"v":0.0115384,"d":"0.012"},{"v":1.66303E-3,"d":"0.002"},{"v":4.00036851046125E-12,"d":"4.000E-12"},{"v":0.00208188390988817,"d":"0.002"},{"v":0.00909119611304876,"d":"0.009"},{"v":0.8185,"d":"0.819"}]
["FVC","accumbens","rs4728358","T","C",0.687154,4.77707244436522e-05,421986,{"v":20.1594444148942,"d":"20.159"},{"v":-0.0105408,"d":"-0.011"},{"v":1.7764E-3,"d":"0.002"},{"v":2.99999133271614e-09,"d":"3.000E-09"},{"v":-0.01799431479207,"d":"-0.018"},{"v":9.6432555155788E-3,"d":"0.010"},{"v":0.06209,"d":"0.062"}]
["FVC","accumbens","rs4735766","T","G",0.285258,9.07993719661411e-05,421986,{"v":38.3193615537233,"d":"38.319"},{"v":0.0149222,"d":"0.015"},{"v":1.81989E-3,"d":"0.002"},{"v":2.39993787680988E-16,"d":"2.400E-16"},{"v":0.0187026047402236,"d":"0.019"},{"v":0.0098850976428243,"d":"0.010"},{"v":0.05846,"d":"0.058"}]
["FVC","accumbens","rs4759316","A","G",0.57091,5.31891591327017e-05,421986,{"v":22.4461680202567,"d":"22.446"},{"v":0.0104193,"d":"0.010"},{"v":0.00165644,"d":"0.002"},{"v":3.20000015974484E-10,"d":"3.200E-10"},{"v":0.00857617983528562,"d":"0.009"},{"v":0.00936264174157819,"d":"0.009"},{"v":0.3595,"d":"0.360"}]
["FVC","accumbens","rs4785677","G","A",0.549173,4.80134751963316E-5,421986,{"v":20.2618911610575,"d":"20.262"},{"v":-0.00984707,"d":"-0.010"},{"v":1.65043E-3,"d":"0.002"},{"v":2.39999313805789E-9,"d":"2.400E-09"},{"v":0.0119301788360788,"d":"0.012"},{"v":0.00901070909069394,"d":"0.009"},{"v":0.1856,"d":"0.186"}]
["FVC","accumbens","rs4909017","T","C",0.557895,7.95950937485174e-05,421986,{"v":33.5905296817335,"d":"33.591"},{"v":0.0127025,"d":"0.013"},{"v":0.00165126,"d":"0.002"},{"v":1.39990962656834e-14,"d":"1.400E-14"},{"v":1.09122921046048E-3,"d":"0.001"},{"v":0.00901842322694615,"d":"0.009"},{"v":0.9039,"d":"0.904"}]
["FVC","accumbens","rs4918293","A","G",0.335439,5.24388950619221e-05,421986,{"v":22.1295351421812,"d":"22.130"},{"v":-0.0108452,"d":"-0.011"},{"v":0.00174452,"d":"0.002"},{"v":5.09999793204996e-10,"d":"5.100E-10"},{"v":0.00565188522514723,"d":"0.006"},{"v":0.0095794664833004,"d":"0.010"},{"v":0.5551,"d":"0.555"}]
["FVC","accumbens","rs4924413","A","G",0.283479,4.76110581125863e-05,421986,{"v":20.0920613508822,"d":"20.092"},{"v":0.0108259,"d":"0.011"},{"v":0.00182023,"d":"0.002"},{"v":2.69997659840121e-09,"d":"2.700E-09"},{"v":-0.0120525313197076,"d":"-0.012"},{"v":0.00995254444236795,"d":"0.010"},{"v":0.2259,"d":"0.226"}]
["FVC","accumbens","rs4951407","G","T",0.661152,5.97857889278145E-5,421986,{"v":25.230154759622,"d":"25.230"},{"v":0.0115513,"d":"0.012"},{"v":0.00173213,"d":"0.002"},{"v":2.60015956316527E-11,"d":"2.600E-11"},{"v":-0.00287759184339598,"d":"-0.003"},{"v":0.00965634846777174,"d":"0.010"},{"v":0.7657,"d":"0.766"}]
["FVC","accumbens","rs55681913","C","T",0.10621,8.08864045248552e-05,421986,{"v":34.1355296272746,"d":"34.136"},{"v":0.0206406,"d":"0.021"},{"v":2.69286E-3,"d":"0.003"},{"v":1.80011396041801E-14,"d":"1.800E-14"},{"v":-0.0162636707226767,"d":"-0.016"},{"v":0.014304019984764,"d":"0.014"},{"v":0.2556,"d":"0.256"}]
["FVC","accumbens","rs55758152","A","G",0.325764,5.16859270150706E-5,421986,{"v":21.811761586645,"d":"21.812"},{"v":0.0108471,"d":"0.011"},{"v":0.00177131,"d":"0.002"},{"v":9.09997082601283e-10,"d":"9.100E-10"},{"v":0.0158325378247645,"d":"0.016"},{"v":0.0097191760741341,"d":"0.010"},{"v":0.1033,"d":"0.103"}]
["FVC","accumbens","rs55786114","T","C",0.073277,7.23637113431354e-05,421986,{"v":30.5385382493884,"d":"30.539"},{"v":-0.0230827,"d":"-0.023"},{"v":0.00314939,"d":"0.003"},{"v":2.29985258668621e-13,"d":"2.300E-13"},{"v":-0.0293095641707401,"d":"-0.029"},{"v":0.0182273409022016,"d":"0.018"},{"v":0.1079,"d":"0.108"}]
["FVC","accumbens","rs558107","G","A",0.587806,{"$f":"2*F4549*(1-F4549)*J4549*J4549","v":5.78469038151767E-5},421986,{"$f":"G4549/(1-G4549)*(H4549-2)","v":{"v":24.4118800112185,"d":"24.412"}},{"v":-0.0109259,"d":"-0.011"},{"v":1.67201E-3,"d":"0.002"},{"v":6.40029512108372E-11,"d":"6.400E-11"},{"v":0.011689397967154,"d":"0.012"},{"v":0.00909680775654007,"d":"0.009"},{"v":0.1987,"d":"0.199"}]
["FVC","accumbens","rs55906059","T","C",0.093726,4.23076242776738e-05,421986,{"v":17.8538958791087,"d":"17.854"},{"v":-0.015781,"d":"-0.016"},{"v":0.0028489,"d":"0.003"},{"v":2.99999133271615e-08,"d":"3.000E-08"},{"v":-0.0194887286296047,"d":"-0.019"},{"v":0.015107541573337,"d":"0.015"},{"v":0.1969,"d":"0.197"}]
["FVC","accumbens","rs55962189","T","A",0.299312,5.39173733411806e-05,421986,{"v":22.7534956807262,"d":"22.753"},{"v":0.0113377,"d":"0.011"},{"v":0.00180553,"d":"0.002"},{"v":3.4000084782586e-10,"d":"3.400E-10"},{"v":0.0174078239010471,"d":"0.017"},{"v":0.00988519244806766,"d":"0.010"},{"v":0.07824,"d":"0.078"}]
["FVC","accumbens","rs56099233","T","G",0.203137,4.63112857415907e-05,421986,{"v":19.5435266882283,"d":"19.544"},{"v":0.0119603,"d":"0.012"},{"v":0.00205819,"d":"0.002"},{"v":6.19997588072324e-09,"d":"6.200E-09"},{"v":-0.00600935131708992,"d":"-0.006"},{"v":0.0111284283649813,"d":"0.011"},{"v":0.5894,"d":"0.589"}]
["FVC","accumbens","rs56107042","G","C",0.024063,4.31515448222523e-05,421986,{"v":18.2100472819448,"d":"18.210"},{"v":-0.0303108,"d":"-0.030"},{"v":0.00545244,"d":"0.005"},{"v":2.69997659840121e-08,"d":"2.700E-08"},{"v":0.0409155374490348,"d":"0.041"},{"v":0.0298435721728919,"d":"0.030"},{"v":0.1705,"d":"0.171"}]
["FVC","accumbens","rs56144019","A","G",0.23362,5.74600505527944e-05,421986,{"v":24.2486152991313,"d":"24.249"},{"v":-0.0126675,"d":"-0.013"},{"v":0.00194171,"d":"0.002"},{"v":6.89922009844049e-11,"d":"6.899E-11"},{"v":2.14024049617814E-4,"d":"0.000"},{"v":0.0107012024808907,"d":"0.011"},{"v":0.9839,"d":"0.984"}]
["FVC","accumbens","rs56318219","A","G",0.263367,7.89251775726661e-05,421986,{"v":33.3077909561397,"d":"33.308"},{"v":0.0142622,"d":"0.014"},{"v":0.00189906,"d":"0.002"},{"v":5.90065196995665e-14,"d":"5.901E-14"},{"v":0.015586304111747,"d":"0.016"},{"v":0.010107849618513,"d":"0.010"},{"v":0.1232,"d":"0.123"}]
["FVC","accumbens","rs57072412","A","G",0.383191,5.48617071536508e-05,421986,{"v":23.1520327915692,"d":"23.152"},{"v":0.010773,"d":"0.011"},{"v":1.68954E-3,"d":"0.002"},{"v":1.79998961724559E-10,"d":"1.800E-10"},{"v":-0.00971088393236227,"d":"-0.010"},{"v":0.00920462931977467,"d":"0.009"},{"v":0.2914,"d":"0.291"}]
["FVC","accumbens","rs575837","G","A",0.784728,5.50345504488652e-05,421986,{"v":23.2249779128326,"d":"23.225"},{"v":0.0127629,"d":"0.013"},{"v":0.0020075,"d":"0.002"},{"v":2.00000001996811e-10,"d":"2.000E-10"},{"v":-0.00868832638876781,"d":"-0.009"},{"v":0.010726328875022,"d":"0.011"},{"v":0.4181,"d":"0.418"}]
["FVC","accumbens","rs58746189","C","T",0.114418,5.54327432021165e-05,421986,{"v":23.3930274470851,"d":"23.393"},{"v":-0.0165389,"d":"-0.017"},{"v":0.00257892,"d":"0.003"},{"v":1.40000633223953E-10,"d":"1.400E-10"},{"v":0.00531982667556305,"d":"0.005"},{"v":0.0142241354961579,"d":"0.014"},{"v":0.7083,"d":"0.708"}]
["FVC","accumbens","rs59032271","T","C",0.467565,5.25155515367519e-05,421986,{"v":22.1618863433691,"d":"22.162"},{"v":-0.0102701,"d":"-0.010"},{"v":0.00164133,"d":"0.002"},{"v":3.89995862874433e-10,"d":"3.900E-10"},{"v":-0.00566342855917879,"d":"-0.006"},{"v":0.00898956914155363,"d":"0.009"},0.529]
["FVC","accumbens","rs5992929","T","C",0.284928,4.74968475738632E-5,421986,{"v":20.0438617468553,"d":"20.044"},{"v":0.0107963,"d":"0.011"},{"v":0.0018267,"d":"0.002"},{"v":3.4000084782586e-09,"d":"3.400E-09"},{"v":-0.00413852277789306,"d":"-0.004"},{"v":0.00999643183065957,"d":"0.010"},{"v":0.6792,"d":"0.679"}]
["FVC","accumbens","rs60839038","C","A",0.47352,7.81566247420721e-05,421986,{"v":32.9834230081733,"d":"32.983"},{"v":0.0125201,"d":"0.013"},{"v":0.00167309,"d":"0.002"},{"v":7.29961575729299e-14,"d":"7.300E-14"},{"v":2.69786575328028E-3,"d":"0.003"},{"v":0.00905324078281975,"d":"0.009"},{"v":0.7653,"d":"0.765"}]
["FVC","accumbens","rs6088619","G","A",0.135815,7.20917622439476e-05,421986,{"v":30.4237635014749,"d":"30.424"},{"v":0.0175247,"d":"0.018"},{"v":2.41661E-3,"d":"0.002"},{"v":4.10015240506613e-13,"d":"4.100E-13"},{"v":-0.00572379741690318,"d":"-0.006"},{"v":0.0131884733108368,"d":"0.013"},{"v":0.6642,"d":"0.664"}]
["FVC","accumbens","rs6107411","G","A",0.165223,4.40792134730111e-05,421986,{"v":18.6015427595694,"d":"18.602"},{"v":0.012641,"d":"0.013"},{"v":0.00221407,"d":"0.002"},{"v":1.09999319893519E-8,"d":"1.100E-08"},{"v":0.00356849163366557,"d":"0.004"},{"v":0.0120151233456753,"d":"0.012"},{"v":0.7663,"d":"0.766"}]
["FVC","accumbens","rs6140000","G","T",0.497765,4.80103190874975e-05,421986,{"v":20.2605592057309,"d":"20.261"},{"v":-0.00979911,"d":"-0.010"},{"v":1.64577E-3,"d":"0.002"},{"v":2.59997995670925e-09,"d":"2.600E-09"},{"v":-0.0126339530660411,"d":"-0.013"},{"v":0.00895390011767619,"d":"0.009"},{"v":0.1583,"d":"0.158"}]
["FVC","accumbens","rs61732778","A","G",0.071158,4.53939497968776e-05,421986,{"v":19.1563900952959,"d":"19.156"},{"v":0.0185311,"d":"0.019"},{"v":0.0031876,"d":"0.003"},{"v":6.10000231740111e-09,"d":"6.100E-09"},{"v":0.013523300176269,"d":"0.014"},{"v":0.0175855658989194,"d":"0.018"},{"v":0.4417,"d":"0.442"}]
["FVC","accumbens","rs61884008","A","G",0.055359,6.19804364366019e-05,421986,{"v":26.1563736727189,"d":"26.156"},{"v":0.0243436,"d":"0.024"},{"v":3.63066E-3,"d":"0.004"},{"v":1.99986186963274e-11,"d":"2.000E-11"},{"v":0.0362758680110907,"d":"0.036"},{"v":0.0199537227783777,"d":"0.020"},{"v":0.06905,"d":"0.069"}]
["FVC","accumbens","rs62018872","A","G",0.120637,4.85026045935671e-05,421986,{"v":20.4683158634428,"d":"20.468"},{"v":-0.0151197,"d":"-0.015"},{"v":0.00253721,"d":"0.003"},{"v":2.49999995007974e-09,"d":"2.500E-09"},{"v":-0.0203357640997787,"d":"-0.020"},{"v":0.0137403811484991,"d":"0.014"},{"v":0.1389,"d":"0.139"}]
["FVC","accumbens","rs62194733","T","C",0.118104,5.38642068054667e-05,421986,{"v":22.7310578349982,"d":"22.731"},{"v":-0.0160803,"d":"-0.016"},{"v":0.0025514,"d":"0.003"},{"v":2.90001336905407e-10,"d":"2.900E-10"},{"v":0.0101219747552808,"d":"0.010"},{"v":0.0149291663057239,"d":"0.015"},{"v":0.4979,"d":"0.498"}]
["FVC","accumbens","rs62276616","A","G",0.042615,5.76894212543324e-05,421986,{"v":24.3454172116173,"d":"24.345"},{"v":-0.0265894,"d":"-0.027"},{"v":4.0951E-3,"d":"0.004"},{"v":8.4004006526377e-11,"d":"8.400E-11"},{"v":0.0127131749253127,"d":"0.013"},{"v":0.023199224316264,"d":"0.023"},{"v":0.5834,"d":"0.583"}]
["FVC","accumbens","rs644570","A","G",0.632228,5.14133799179517e-05,421986,{"v":21.6967392139931,"d":"21.697"},{"v":0.0105147,"d":"0.011"},{"v":0.00170914,"d":"0.002"},{"v":7.59993713661527e-10,"d":"7.600E-10"},{"v":0.0112638017552919,"d":"0.011"},{"v":0.00933206442029156,"d":"0.009"},{"v":0.2275,"d":"0.228"}]
["FVC","accumbens","rs6462426","C","T",0.945001,4.55399828280401e-05,421986,{"v":19.2180193019767,"d":"19.218"},{"v":-0.0209309,"d":"-0.021"},{"v":3.60298E-3,"d":"0.004"},{"v":6.29999202947421e-09,"d":"6.300E-09"},{"v":0.0239821152560104,"d":"0.024"},{"v":0.0193560252268042,"d":"0.019"},{"v":0.2152,"d":"0.215"}]
["FVC","accumbens","rs6487686","C","T",0.772904,1.03141223251922E-4,421986,{"v":43.5284355288256,"d":"43.528"},{"v":-0.0171409,"d":"-0.017"},{"v":0.00196297,"d":"0.002"},{"v":2.49976970217851e-18,"d":"2.500E-18"},{"v":0.0135409478943156,"d":"0.014"},{"v":0.0105541293018828,"d":"0.011"},{"v":0.1996,"d":"0.200"}]
["FVC","accumbens","rs6501431","T","C",0.784491,5.66176612404253E-5,421986,{"v":23.8930999323176,"d":"23.893"},{"v":0.01294,"d":"0.013"},{"v":0.00199944,"d":"0.002"},{"v":9.70063133783958e-11,"d":"9.701E-11"},{"v":-0.00481708893899372,"d":"-0.005"},{"v":0.0108006478452774,"d":"0.011"},{"v":0.6553,"d":"0.655"}]
["FVC","accumbens","rs661857","C","T",0.482472,0.000109798209617901,421986,{"v":46.3381755361111,"d":"46.338"},{"v":0.0148279,"d":"0.015"},{"v":0.00164183,"d":"0.002"},{"v":1.69980851320349e-19,"d":"1.700E-19"},{"v":-0.00672009325582225,"d":"-0.007"},{"v":0.00911817266733005,"d":"0.009"},{"v":0.4612,"d":"0.461"}]
["FVC","accumbens","rs663378","A","G",0.833573,6.37425819916999e-05,421986,{"v":26.900064398746,"d":"26.900"},{"v":-0.0151571,"d":"-0.015"},{"v":0.00222469,"d":"0.002"},{"v":9.49948365876348e-12,"d":"9.499E-12"},{"v":-0.0115987844020287,"d":"-0.012"},{"v":0.0120820670854465,"d":"0.012"},{"v":0.3373,"d":"0.337"}]
["FVC","accumbens","rs6658835","G","A",0.269388,1.42791581170128E-4,421986,{"v":60.2643678328666,"d":"60.264"},{"v":0.019046,"d":"0.019"},{"v":1.85345E-3,"d":"0.002"},{"v":8.99911910870052e-25,"d":"8.999E-25"},{"v":0.007305060290765,"d":"0.007"},{"v":0.0101741786779457,"d":"0.010"},0.473]
["FVC","accumbens","rs6671370","A","G",0.287459,0.000125116546260296,421986,{"v":52.8037872845994,"d":"52.804"},{"v":0.0174763,"d":"0.017"},{"v":0.00181023,"d":"0.002"},{"v":4.70002318179801e-22,"d":"4.700E-22"},{"v":0.00306020775362877,"d":"0.003"},{"v":0.0100996955565306,"d":"0.010"},{"v":0.7623,"d":"0.762"}]
["FVC","accumbens","rs668844","A","C",0.482052,4.45621047410429e-05,421986,{"v":18.8053332122725,"d":"18.805"},{"v":0.00944665,"d":"0.009"},{"v":1.64055E-3,"d":"0.002"},{"v":8.50002102591718E-9,"d":"8.500E-09"},{"v":-0.00673436132653474,"d":"-0.007"},{"v":0.00912515084896306,"d":"0.009"},{"v":0.4602,"d":"0.460"}]
["FVC","accumbens","rs67232546","T","C",0.21257,4.86244793317992e-05,421986,{"v":20.5197500485121,"d":"20.520"},{"v":-0.0120519,"d":"-0.012"},{"v":0.0020216,"d":"0.002"},{"v":2.49999995007974e-09,"d":"2.500E-09"},{"v":0.00730997703439866,"d":"0.007"},{"v":0.0110422613812669,"d":"0.011"},{"v":0.5082,"d":"0.508"}]
["FVC","accumbens","rs67551338","T","C",0.06134,7.05189984710282e-05,421986,{"v":29.7599876953251,"d":"29.760"},{"v":0.0247464,"d":"0.025"},{"v":0.00345878,"d":"0.003"},{"v":8.4004006526377e-13,"d":"8.400E-13"},{"v":0.0102602035609299,"d":"0.010"},{"v":0.0182891329071835,"d":"0.018"},{"v":0.5748,"d":"0.575"}]
["FVC","accumbens","rs6762578","A","G",0.77845,0.000132137192897206,421986,{"v":55.7671501222077,"d":"55.767"},{"v":0.0195725,"d":"0.020"},{"v":0.00198462,"d":"0.002"},{"v":6.09958095872238e-23,"d":"6.100E-23"},{"v":-0.00982428008569849,"d":"-0.010"},{"v":0.0110883522411947,"d":"0.011"},{"v":0.3756,"d":"0.376"}]
["FVC","accumbens","rs6803045","A","G",0.582831,5.28540720634528e-05,421986,{"v":22.3047516425747,"d":"22.305"},{"v":0.0104255,"d":"0.010"},{"v":0.00167546,"d":"0.002"},{"v":4.90004422793237e-10,"d":"4.900E-10"},{"v":-0.00133218952642603,"d":"-0.001"},{"v":0.00906251378521106,"d":"0.009"},{"v":0.8831,"d":"0.883"}]
["FVC","accumbens","rs6849555","C","G",0.201305,5.95225828732291e-05,421986,{"v":25.119072763267,"d":"25.119"},{"v":0.0136053,"d":"0.014"},{"v":2.10903E-3,"d":"0.002"},{"v":1.09999319893519e-10,"d":"1.100E-10"},{"v":0.000456268178407478,"d":"0.000"},{"v":0.0120070573265126,"d":"0.012"},{"v":0.97,"d":"0.970"}]
["FVC","accumbens","rs6886191","G","A",0.559405,6.13211737942761e-05,421986,{"v":25.8781410803905,"d":"25.878"},{"v":0.0111534,"d":"0.011"},{"v":1.65843E-3,"d":"0.002"},{"v":1.80011396041801E-11,"d":"1.800E-11"},{"v":0.00744787999407578,"d":"0.007"},{"v":0.00900590083926938,"d":"0.009"},{"v":0.4083,"d":"0.408"}]
["FVC","accumbens","rs6902771","T","C",0.463035,9.61364438873099E-5,421986,{"v":40.5719415795277,"d":"40.572"},{"v":0.0139043,"d":"0.014"},{"v":0.00164169,"d":"0.002"},{"v":2.49976970217851E-17,"d":"2.500E-17"},{"v":-0.00753014562763403,"d":"-0.008"},{"v":0.00897514377548752,"d":"0.009"},{"v":0.4013,"d":"0.401"}]
["FVC","accumbens","rs6906411","A","G",0.449499,4.49493692192693E-5,421986,{"v":18.9687672547471,"d":"18.969"},{"v":-0.00953023,"d":"-0.010"},{"v":1.65975E-3,"d":"0.002"},{"v":9.40004645744656E-9,"d":"9.400E-09"},{"v":-0.00680158173685116,"d":"-0.007"},{"v":0.00899680123922111,"d":"0.009"},{"v":0.4499,"d":"0.450"}]
["FVC","accumbens","rs6919321","A","G",0.60753,5.65182520321187e-05,421986,{"v":23.8511460906076,"d":"23.851"},{"v":0.0108866,"d":"0.011"},{"v":1.68563E-3,"d":"0.002"},{"v":1.09999319893519e-10,"d":"1.100E-10"},{"v":0.0178876810730403,"d":"0.018"},{"v":0.00914035823865115,"d":"0.009"},{"v":0.05033,"d":"0.050"}]
["FVC","accumbens","rs6937121","G","T",0.289184,0.000224015728667804,421986,{"v":94.5522344338483,"d":"94.552"},{"v":-0.0233431,"d":"-0.023"},{"v":1.80879E-3,"d":"0.002"},{"v":4.19952334664063E-38,"d":"4.200E-38"},{"v":-3.82500586317775E-3,"d":"-0.004"},{"v":0.00988373608056265,"d":"0.010"},{"v":0.6988,"d":"0.699"}]
["FVC","accumbens","rs6965423","C","T",0.50901,5.87283036522269e-05,421986,{"v":24.7838600024372,"d":"24.784"},{"v":-0.0108395,"d":"-0.011"},{"v":1.64539E-3,"d":"0.002"},{"v":4.49987033872151e-11,"d":"4.500E-11"},{"v":-2.03261218186331E-3,"d":"-0.002"},{"v":0.00895423868662249,"d":"0.009"},{"v":0.8201,"d":"0.820"}]
["FVC","accumbens","rs6977081","T","G",0.333825,1.11883348591464E-4,421986,{"v":47.2182659097251,"d":"47.218"},{"v":0.0158604,"d":"0.016"},{"v":0.00175433,"d":"0.002"},{"v":1.5999263828686e-19,"d":"1.600E-19"},{"v":-0.00917393783537793,"d":"-0.009"},{"v":0.00943820764956577,"d":"0.009"},{"v":0.3308,"d":"0.331"}]
["FVC","accumbens","rs698748","G","A",0.581469,4.26423821749827e-05,421986,{"v":17.9951703566595,"d":"17.995"},{"v":0.00936006,"d":"0.009"},{"v":0.00167978,"d":"0.002"},{"v":2.49999995007974e-08,"d":"2.500E-08"},{"v":-0.00500142025247794,"d":"-0.005"},{"v":0.0102069801070978,"d":"0.010"},{"v":0.6242,"d":"0.624"}]
["FVC","accumbens","rs7012637","A","G",0.4738,5.1217081991076e-05,421986,{"v":21.6138961276123,"d":"21.614"},{"v":-0.0101349,"d":"-0.010"},{"v":1.65698E-3,"d":"0.002"},{"v":9.59997274392481e-10,"d":"9.600E-10"},{"v":0.00580562459119442,"d":"0.006"},{"v":0.0089731446540872,"d":"0.009"},{"v":0.5178,"d":"0.518"}]
["FVC","accumbens","rs7027103","C","G",0.203801,8.86508239714635e-05,421986,{"v":37.4125459557999,"d":"37.413"},{"v":-0.0165277,"d":"-0.017"},{"v":2.04156E-3,"d":"0.002"},{"v":5.70033002218961e-16,"d":"5.700E-16"},{"v":-0.0170164681344986,"d":"-0.017"},{"v":0.0111218745977115,"d":"0.011"},0.126]
["FVC","accumbens","rs7029491","G","C",0.334337,8.05373568236104e-05,421986,{"v":33.988213302717,"d":"33.988"},{"v":0.0134513,"d":"0.013"},{"v":0.0017552,"d":"0.002"},{"v":1.80011396041801E-14,"d":"1.800E-14"},{"v":0.015046286556713,"d":"0.015"},{"v":0.0095049188608421,"d":"0.010"},{"v":0.1133,"d":"0.113"}]
["FVC","accumbens","rs7105777","T","C",0.631869,5.44736156740329e-05,421986,{"v":22.9882464894954,"d":"22.988"},{"v":-0.0108209,"d":"-0.011"},{"v":1.70784E-3,"d":"0.002"},{"v":2.39999313805789e-10,"d":"2.400E-10"},{"v":-0.00580048590273205,"d":"-0.006"},{"v":0.00925117368856786,"d":"0.009"},{"v":0.5305,"d":"0.531"}]
["FVC","accumbens","rs723149","G","A",0.56266,1.00808207678773E-4,421986,{"v":42.5437394672429,"d":"42.544"},{"v":-0.014312,"d":"-0.014"},{"v":1.65522E-3,"d":"0.002"},{"v":5.30029448835795e-18,"d":"5.300E-18"},{"v":-0.0155449683664863,"d":"-0.016"},{"v":0.00901680299680178,"d":"0.009"},{"v":0.08463,"d":"0.085"}]
["FVC","accumbens","rs723588","C","T",0.142475,9.20476745432426e-05,421986,{"v":38.8462215988187,"d":"38.846"},{"v":0.0194088,"d":"0.019"},{"v":0.00234291,"d":"0.002"},{"v":1.20005182020427e-16,"d":"1.200E-16"},{"v":-0.00775741782796168,"d":"-0.008"},{"v":0.0125728003694679,"d":"0.013"},{"v":0.5369,"d":"0.537"}]
["FVC","accumbens","rs72643433","A","G",0.252489,0.000148056194374593,421986,{"v":62.4865966546683,"d":"62.487"},{"v":-0.0198047,"d":"-0.020"},{"v":1.89404E-3,"d":"0.002"},{"v":1.39990962656834e-25,"d":"1.400E-25"},{"v":0.0154052429885264,"d":"0.015"},{"v":0.0102089085411043,"d":"0.010"},{"v":0.1314,"d":"0.131"}]
["FVC","accumbens","rs72665944","A","G",0.07632,6.84337196213313e-05,421986,{"v":28.8799111004268,"d":"28.880"},{"v":-0.0220313,"d":"-0.022"},{"v":0.00313425,"d":"0.003"},{"v":2.09990670376243E-12,"d":"2.100E-12"},{"v":-0.0193723241152144,"d":"-0.019"},{"v":0.0169486650176854,"d":"0.017"},0.253]
["FVC","accumbens","rs72673891","G","A",0.067566,0.000133496624932514,421986,{"v":56.3409611036748,"d":"56.341"},{"v":0.0325497,"d":"0.033"},{"v":0.00328044,"d":"0.003"},{"v":3.29989407910835e-23,"d":"3.300E-23"},{"v":0.00207078450069258,"d":"0.002"},{"v":0.0181647763218648,"d":"0.018"},{"v":0.9096,"d":"0.910"}]
["FVC","accumbens","rs72904209","C","T",0.13427,5.22341047259158E-5,421986,{"v":22.0431078506648,"d":"22.043"},{"v":-0.0149893,"d":"-0.015"},{"v":0.00240925,"d":"0.002"},{"v":4.90004422793237e-10,"d":"4.900E-10"},{"v":0.0114863197137647,"d":"0.011"},{"v":0.013217859279361,"d":"0.013"},{"v":0.3849,"d":"0.385"}]
["FVC","accumbens","rs72976986","A","G",0.190197,7.62541928442309e-05,421986,{"v":32.1805032114777,"d":"32.181"},{"v":0.0157335,"d":"0.016"},{"v":2.11371E-3,"d":"0.002"},{"v":9.79941161095592e-14,"d":"9.799E-14"},{"v":0.020349633132645,"d":"0.020"},{"v":0.0120912852838057,"d":"0.012"},{"v":0.09228,"d":"0.092"}]
["FVC","accumbens","rs735830","A","G",0.208865,8.73933030413467e-05,421986,{"v":36.88179881282,"d":"36.882"},{"v":-0.0162617,"d":"-0.016"},{"v":2.02148E-3,"d":"0.002"},{"v":8.69961433065269e-16,"d":"8.700E-16"},{"v":-0.0110419622804465,"d":"-0.011"},{"v":0.0111987447063352,"d":"0.011"},0.324]
["FVC","accumbens","rs7359156","G","A",0.209384,6.226472042639e-05,421986,{"v":26.276351874113,"d":"26.276"},{"v":-0.0137136,"d":"-0.014"},{"v":2.02651E-3,"d":"0.002"},{"v":1.2998702373886e-11,"d":"1.300E-11"},{"v":-0.0192842972350992,"d":"-0.019"},{"v":0.010882786250056,"d":"0.011"},{"v":0.07647,"d":"0.076"}]
["FVC","accumbens","rs73923824","A","C",0.187487,4.35755617595365E-5,421986,{"v":18.3889911641564,"d":"18.389"},{"v":0.0119593,"d":"0.012"},{"v":0.00213172,"d":"0.002"},{"v":2.0000000199681E-8,"d":"2.000E-08"},{"v":-0.0151503169557264,"d":"-0.015"},{"v":0.0116630615517524,"d":"0.012"},{"v":0.1938,"d":"0.194"}]
["FVC","accumbens","rs74483355","T","C",0.112455,7.62296333510282e-05,421986,{"v":32.1701379178186,"d":"32.170"},{"v":-0.0195417,"d":"-0.020"},{"v":0.00260367,"d":"0.003"},{"v":6.09958095872238E-14,"d":"6.100E-14"},{"v":-0.0208030141770644,"d":"-0.021"},{"v":0.0142291478639291,"d":"0.014"},{"v":0.1438,"d":"0.144"}]
["FVC","accumbens","rs74767794","G","A",0.316352,5.88798117763144e-05,421986,{"v":24.8478015264932,"d":"24.848"},{"v":0.0116672,"d":"0.012"},{"v":1.77224E-3,"d":"0.002"},{"v":4.60044666393479e-11,"d":"4.600E-11"},{"v":0.00638569779177328,"d":"0.006"},{"v":0.00944629850854036,"d":"0.009"},{"v":0.4993,"d":"0.499"}]
["FVC","accumbens","rs75201573","C","T",0.228688,9.06302057649333e-05,421986,{"v":38.2479631702818,"d":"38.248"},{"v":0.0160282,"d":"0.016"},{"v":0.00196373,"d":"0.002"},{"v":3.29989407910835e-16,"d":"3.300E-16"},{"v":-7.44341528053248e-05,"d":"-0.000"},{"v":0.0106334504007607,"d":"0.011"},{"v":0.9942,"d":"0.994"}]
["FVC","accumbens","rs7535275","G","A",0.130968,4.20369815446355e-05,421986,{"v":17.7396793427046,"d":"17.740"},{"v":0.0135894,"d":"0.014"},{"v":0.00243438,"d":"0.002"},{"v":2.39999313805789e-08,"d":"2.400E-08"},{"v":0.00206075411543247,"d":"0.002"},{"v":0.0132951878414998,"d":"0.013"},{"v":0.8768,"d":"0.877"}]
["FVC","accumbens","rs75421844","C","T",0.083714,1.12955137403472E-4,421986,{"v":47.6706453463618,"d":"47.671"},{"v":0.0271346,"d":"0.027"},{"v":0.00297229,"d":"0.003"},{"v":6.9008088854845e-20,"d":"6.901E-20"},{"v":-0.00471451394380658,"d":"-0.005"},{"v":0.0159814031993443,"d":"0.016"},{"v":0.7679,"d":"0.768"}]
["FVC","accumbens","rs76084836","T","C",0.018081,4.09846726246564e-05,421986,{"v":17.2955849467299,"d":"17.296"},{"v":-0.033974,"d":"-0.034"},{"v":0.00617832,"d":"0.006"},{"v":3.79996853036855e-08,"d":"3.800E-08"},{"v":-0.0162283429289141,"d":"-0.016"},{"v":0.0329844368473865,"d":"0.033"},{"v":0.6228,"d":"0.623"}]
["FVC","accumbens","rs76219171","A","G",0.06075,4.25319300147614E-5,421986,{"v":17.9485573421338,"d":"17.949"},{"v":-0.0193054,"d":"-0.019"},{"v":0.00348454,"d":"0.003"},{"v":2.99999133271615e-08,"d":"3.000E-08"},{"v":-0.0088867575679804,"d":"-0.009"},{"v":0.0186696587562613,"d":"0.019"},{"v":0.6339,"d":"0.634"}]
["FVC","accumbens","rs7632","C","T",0.512981,{"$f":"2*F4613*(1-F4613)*J4613*J4613","v":5.4113204167767e-05},421986,{"$f":"G4613/(1-G4613)*(H4613-2)","v":{"v":22.83614208435,"d":"22.836"}},{"v":-0.0104067,"d":"-0.010"},{"v":1.6401E-3,"d":"0.002"},{"v":2.19998641983517E-10,"d":"2.200E-10"},{"v":-0.0142951915165274,"d":"-0.014"},{"v":0.00895688691511739,"d":"0.009"},{"v":0.1105,"d":"0.111"}]
["FVC","accumbens","rs7638143","A","G",0.582086,9.48743100324213e-05,421986,{"v":40.0392395399469,"d":"40.039"},{"v":-0.0139644,"d":"-0.014"},{"v":0.00166448,"d":"0.002"},{"v":4.90004422793237e-17,"d":"4.900E-17"},{"v":-1.19737003540962E-3,"d":"-0.001"},{"v":0.00907098511673953,"d":"0.009"},{"v":0.8948,"d":"0.895"}]
["FVC","accumbens","rs76563195","G","C",0.242852,7.42387384341555e-05,421986,{"v":31.3298856905876,"d":"31.330"},{"v":-0.0142082,"d":"-0.014"},{"v":0.00192116,"d":"0.002"},{"v":1.39990962656834E-13,"d":"1.400E-13"},{"v":-0.00659649680329377,"d":"-0.007"},{"v":0.01055439488527,"d":"0.011"},{"v":0.5319,"d":"0.532"}]
["FVC","accumbens","rs76660472","C","G",0.078285,4.38444807224659e-05,421986,{"v":18.5024805848424,"d":"18.502"},{"v":-0.0174303,"d":"-0.017"},{"v":3.06179E-3,"d":"0.003"},{"v":1.19999655704812E-8,"d":"1.200E-08"},{"v":-0.0108498045917332,"d":"-0.011"},{"v":0.018113196313411,"d":"0.018"},{"v":0.5492,"d":"0.549"}]
["FVC","accumbens","rs76785101","T","C",0.059317,5.46511867782918e-05,421986,{"v":23.0631868319819,"d":"23.063"},{"v":-0.0221296,"d":"-0.022"},{"v":0.00349654,"d":"0.003"},{"v":2.49999995007974e-10,"d":"2.500E-10"},{"v":-0.0131640830817888,"d":"-0.013"},{"v":0.0207963397816568,"d":"0.021"},{"v":0.5265,"d":"0.527"}]
["FVC","accumbens","rs77328429","A","G",0.114012,7.18203724361584e-05,421986,{"v":30.3092248619177,"d":"30.309"},{"v":0.0188547,"d":"0.019"},{"v":2.57478E-3,"d":"0.003"},{"v":2.39993787680988E-13,"d":"2.400E-13"},{"v":-0.00353541023521426,"d":"-0.004"},{"v":0.014141640940857,"d":"0.014"},{"v":0.8029,"d":"0.803"}]
["FVC","accumbens","rs7815955","T","A",0.203201,0.000185082637412545,421986,{"v":78.1163696496151,"d":"78.116"},{"v":-0.0239073,"d":"-0.024"},{"v":0.00204165,"d":"0.002"},{"v":1.10001852750622E-31,"d":"1.100E-31"},{"v":-0.0188742099527871,"d":"-0.019"},{"v":0.0112884030818105,"d":"0.011"},{"v":0.09453,"d":"0.095"}]
["FVC","accumbens","rs784808","C","T",0.556276,4.96315619241602e-05,421986,{"v":20.9447645483835,"d":"20.945"},{"v":0.0100268,"d":"0.010"},{"v":0.00165571,"d":"0.002"},{"v":1.40000633223953e-09,"d":"1.400E-09"},{"v":0.00728910971293321,"d":"0.007"},{"v":0.00902117538729357,"d":"0.009"},{"v":0.4189,"d":"0.419"}]
["FVC","accumbens","rs7852321","C","T",0.282452,4.30265125876653e-05,421986,{"v":18.1572811322785,"d":"18.157"},{"v":0.0103028,"d":"0.010"},{"v":0.00182407,"d":"0.002"},{"v":1.60000006389793e-08,"d":"1.600E-08"},{"v":-0.0107915760081619,"d":"-0.011"},{"v":0.00995532842081358,"d":"0.010"},{"v":0.2783,"d":"0.278"}]
["FVC","accumbens","rs7854962","G","C",0.212959,0.000107130376641358,421986,{"v":45.2121484511193,"d":"45.212"},{"v":-0.017877,"d":"-0.018"},{"v":0.00202336,"d":"0.002"},{"v":1e-18,"d":"1.000E-18"},{"v":-0.00285095661347596,"d":"-0.003"},{"v":0.0110502194320773,"d":"0.011"},{"v":0.7963,"d":"0.796"}]
["FVC","accumbens","rs78579285","T","C",0.181123,6.4453529126848e-05,421986,{"v":27.2001111782219,"d":"27.200"},{"v":-0.0147405,"d":"-0.015"},{"v":2.13123E-3,"d":"0.002"},{"v":4.60044666393479e-12,"d":"4.600E-12"},{"v":-0.00347989072792496,"d":"-0.003"},{"v":0.0124281811711606,"d":"0.012"},{"v":0.7794,"d":"0.779"}]
["FVC","accumbens","rs7907533","A","C",0.548538,4.83691782861995e-05,421986,{"v":20.412006641912,"d":"20.412"},{"v":0.00988224,"d":"0.010"},{"v":1.6501E-3,"d":"0.002"},{"v":2.10000341026661e-09,"d":"2.100E-09"},{"v":0.00572943204077284,"d":"0.006"},{"v":0.00898030100434615,"d":"0.009"},{"v":0.5232,"d":"0.523"}]
["FVC","accumbens","rs7916879","A","G",0.369335,5.50397326342143e-05,421986,{"v":23.2271649528651,"d":"23.227"},{"v":-0.0108696,"d":"-0.011"},{"v":0.00170511,"d":"0.002"},{"v":1.79998961724559E-10,"d":"1.800E-10"},{"v":5.82013704311254E-3,"d":"0.006"},{"v":0.00932714269729574,"d":"0.009"},{"v":0.5325,"d":"0.533"}]
["FVC","accumbens","rs7956181","C","T",0.096091,5.09982113445097e-05,421986,{"v":21.5215267753725,"d":"21.522"},{"v":0.017134,"d":"0.017"},{"v":0.00278289,"d":"0.003"},{"v":7.39997069733888e-10,"d":"7.400E-10"},{"v":-0.00824768910271677,"d":"-0.008"},{"v":0.015474088372827,"d":"0.015"},0.594]
["FVC","accumbens","rs7968682","T","G",0.517742,3.03039861974058E-4,421986,{"v":127.916736985581,"d":"127.917"},{"v":-0.0246342,"d":"-0.025"},{"v":0.00164702,"d":"0.002"},{"v":1.39990962656833e-50,"d":"1.400E-50"},{"v":-0.0107844456401068,"d":"-0.011"},{"v":0.00895718076420827,"d":"0.009"},{"v":0.2286,"d":"0.229"}]
["FVC","accumbens","rs7980065","G","T",0.43574,5.54419493567618e-05,421986,{"v":23.3969127278143,"d":"23.397"},{"v":-0.0106182,"d":"-0.011"},{"v":0.00165768,"d":"0.002"},{"v":1.49999565138204e-10,"d":"1.500E-10"},{"v":0.000369013668115148,"d":"0.000"},{"v":0.00900033336866215,"d":"0.009"},0.967]
["FVC","accumbens","rs798551","T","A",0.288946,1.15599305409715E-4,421986,{"v":48.7866970023,"d":"48.787"},{"v":-0.0167727,"d":"-0.017"},{"v":1.82292E-3,"d":"0.002"},{"v":3.50025754158434e-20,"d":"3.500E-20"},{"v":-2.2614930924725E-3,"d":"-0.002"},{"v":0.00996252463644273,"d":"0.010"},{"v":0.8202,"d":"0.820"}]
["FVC","accumbens","rs8001781","G","A",0.661562,6.29580521693592e-05,421986,{"v":26.5689634168198,"d":"26.569"},{"v":-0.0118573,"d":"-0.012"},{"v":0.00173947,"d":"0.002"},{"v":9.30036514753962e-12,"d":"9.300E-12"},{"v":-0.0027146636729583,"d":"-0.003"},{"v":0.0093932999064301,"d":"0.009"},{"v":0.7728,"d":"0.773"}]
["FVC","accumbens","rs848606","T","G",0.32697,8.21126628425655e-05,421986,{"v":34.6530753732518,"d":"34.653"},{"v":-0.013659,"d":"-0.014"},{"v":1.75059E-3,"d":"0.002"},{"v":6.09958095872238E-15,"d":"6.100E-15"},{"v":-0.0104647767990195,"d":"-0.010"},{"v":0.00947896449186549,"d":"0.009"},{"v":0.2695,"d":"0.270"}]
["FVC","accumbens","rs876531","T","C",0.455993,0.00016778615350299,421986,{"v":70.8149539685426,"d":"70.815"},{"v":-0.01839,"d":"-0.018"},{"v":1.65098E-3,"d":"0.002"},{"v":8.10027941680351e-29,"d":"8.100E-29"},{"v":-0.00961446074415642,"d":"-0.010"},{"v":0.00923579322205228,"d":"0.009"},{"v":0.2981,"d":"0.298"}]
["FVC","accumbens","rs879098","G","A",0.39884,4.84147877011915e-05,421986,{"v":20.4312549481704,"d":"20.431"},{"v":-0.010048,"d":"-0.010"},{"v":0.00167973,"d":"0.002"},{"v":2.19998641983517e-09,"d":"2.200E-09"},{"v":-0.00710884644202555,"d":"-0.007"},{"v":0.0091490945199814,"d":"0.009"},0.437]
["FVC","accumbens","rs880610","A","G",0.166836,6.48118450622442e-05,421986,{"v":27.3513343171881,"d":"27.351"},{"v":-0.0152687,"d":"-0.015"},{"v":0.00220268,"d":"0.002"},{"v":4.19952334664066e-12,"d":"4.200E-12"},{"v":0.0169087001326446,"d":"0.017"},{"v":0.012351132310186,"d":"0.012"},{"v":0.1711,"d":"0.171"}]
["FVC","accumbens","rs9379084","A","G",0.115664,0.000129470287613295,421986,{"v":54.6414642943066,"d":"54.641"},{"v":-0.0251572,"d":"-0.025"},{"v":0.00264155,"d":"0.003"},{"v":1.69980851320349e-21,"d":"1.700E-21"},{"v":-0.0234021703239088,"d":"-0.023"},{"v":0.0136296856866097,"d":"0.014"},{"v":0.08607,"d":"0.086"}]
["FVC","accumbens","rs9391253","T","A",0.32,6.0449439875072e-05,421986,{"v":25.5102385158717,"d":"25.510"},{"v":0.0117856,"d":"0.012"},{"v":1.75829E-3,"d":"0.002"},{"v":1.99986186963274e-11,"d":"2.000E-11"},{"v":-0.0119883052652463,"d":"-0.012"},{"v":0.00962143279714793,"d":"0.010"},{"v":0.2126,"d":"0.213"}]
["FVC","accumbens","rs9398932","A","G",0.14842,1.1392182933213E-4,421986,{"v":48.0786664385222,"d":"48.079"},{"v":-0.021229,"d":"-0.021"},{"v":0.00234405,"d":"0.002"},{"v":1.29987023738861e-19,"d":"1.300E-19"},{"v":-0.00809618721770772,"d":"-0.008"},{"v":0.0129332064180635,"d":"0.013"},{"v":0.5313,"d":"0.531"}]
["FVC","accumbens","rs9435731","A","C",0.519025,0.000279641425275139,421986,{"v":118.037215298426,"d":"118.037"},{"v":0.0236663,"d":"0.024"},{"v":0.0016398,"d":"0.002"},{"v":3.19963176731834e-47,"d":"3.200E-47"},{"v":0.0092215070454075,"d":"0.009"},{"v":0.00896162006356414,"d":"0.009"},{"v":0.3033,"d":"0.303"}]
["FVC","accumbens","rs9442580","T","C",0.12853,4.44591308513243e-05,421986,{"v":18.7618760098657,"d":"18.762"},{"v":0.0140876,"d":"0.014"},{"v":2.44925E-3,"d":"0.002"},{"v":8.79994585505891e-09,"d":"8.800E-09"},{"v":-0.00889856297170596,"d":"-0.009"},{"v":0.0131053946564153,"d":"0.013"},{"v":0.4974,"d":"0.497"}]
["FVC","accumbens","rs9480936","T","G",0.408304,1.03662454297679E-4,421986,{"v":43.7484321842036,"d":"43.748"},{"v":-0.0146472,"d":"-0.015"},{"v":0.00167142,"d":"0.002"},{"v":1.90020300257723e-18,"d":"1.900E-18"},{"v":2.00980310869267E-3,"d":"0.002"},{"v":0.0090941317135415,"d":"0.009"},{"v":0.8251,"d":"0.825"}]
["FVC","accumbens","rs9483032","A","G",0.719323,7.07554001577734e-05,421986,{"v":29.8597595194113,"d":"29.860"},{"v":0.0132373,"d":"0.013"},{"v":0.00182813,"d":"0.002"},{"v":4.49987033872151e-13,"d":"4.500E-13"},{"v":0.004043898454384,"d":"0.004"},{"v":0.00996034102065025,"d":"0.010"},0.685]
["FVC","accumbens","rs9494331","A","G",0.32104,8.94187389476238e-05,421986,{"v":37.7366514998633,"d":"37.737"},{"v":-0.0143218,"d":"-0.014"},{"v":0.00175835,"d":"0.002"},{"v":3.80014352941586e-16,"d":"3.800E-16"},{"v":0.00732562600144449,"d":"0.007"},{"v":0.00955101173591198,"d":"0.010"},{"v":0.4433,"d":"0.443"}]
["FVC","accumbens","rs9745989","C","T",0.62791,5.40942994332712e-05,421986,{"v":22.8281637255736,"d":"22.828"},{"v":0.0107594,"d":"0.011"},{"v":0.00174129,"d":"0.002"},{"v":6.49994976198144e-10,"d":"6.500E-10"},{"v":-0.00464462936355771,"d":"-0.005"},{"v":0.00928925872711543,"d":"0.009"},{"v":0.6171,"d":"0.617"}]
["FVC","accumbens","rs9821691","T","G",0.428996,7.88619757754557e-05,421986,{"v":33.281116600241,"d":"33.281"},{"v":-0.0126874,"d":"-0.013"},{"v":0.00167142,"d":"0.002"},{"v":3.19963176731835E-14,"d":"3.200E-14"},{"v":-0.00627050333538551,"d":"-0.006"},{"v":0.00904834536130665,"d":"0.009"},{"v":0.4883,"d":"0.488"}]
["FVC","accumbens","rs985296","A","G",0.385446,5.76959713698934e-05,421986,{"v":24.3481815745401,"d":"24.348"},{"v":-0.0110356,"d":"-0.011"},{"v":0.00168371,"d":"0.002"},{"v":5.60015438761557e-11,"d":"5.600E-11"},{"v":0.00066587579709757,"d":"0.001"},{"v":0.00924827495968847,"d":"0.009"},{"v":0.9424,"d":"0.942"}]
["FVC","accumbens","rs9886260","A","G",0.722783,8.92230221998129e-05,421986,{"v":37.6540474078736,"d":"37.654"},{"v":-0.0149214,"d":"-0.015"},{"v":0.00183802,"d":"0.002"},{"v":4.70002318179801e-16,"d":"4.700E-16"},{"v":-2.68865229365489E-3,"d":"-0.003"},{"v":0.00984854320020108,"d":"0.010"},{"v":0.7851,"d":"0.785"}]
["FVC","accumbens","rs9988963","G","C",0.737251,7.08865325024603e-05,421986,{"v":29.9151031094471,"d":"29.915"},{"v":0.0135266,"d":"0.014"},{"v":1.86634E-3,"d":"0.002"},{"v":4.19952334664066e-13,"d":"4.200E-13"},{"v":0.00889315927612245,"d":"0.009"},{"v":0.0102220221564626,"d":"0.010"},{"v":0.3843,"d":"0.384"}]
["FEV1/FVC","amygdala","rs10059996","G","T",0.645,0.000567418368,321047,{"v":182.270253444304,"d":"182.270"},{"v":0.0352,"d":"0.035"},{"v":0.0026,"d":"0.003"},{"v":1.53003018914347e-42,"d":"1.530E-42"},{"v":0.00231473982403545,"d":"0.002"},{"v":0.00922207101209342,"d":"0.009"},{"v":0.8019,"d":"0.802"}]
["FEV1/FVC","amygdala","rs10172023","G","C",0.334,9.483232608E-5,321047,{"v":30.4483316124657,"d":"30.448"},{"v":0.0146,"d":"0.015"},{"v":0.0025,"d":"0.003"},{"v":7.46002014086309e-09,"d":"7.460E-09"},{"v":0.0034903991521386,"d":"0.003"},{"v":0.00866104007974838,"d":"0.009"},{"v":0.6866,"d":"0.687"}]
["FEV1/FVC","amygdala","rs10400826","A","G",0.189,0.00011300954112,321047,{"v":36.2852487081763,"d":"36.285"},{"v":-0.0192,"d":"-0.019"},0.003,{"v":1.91999456795429e-10,"d":"1.920E-10"},{"v":0.00778529190550016,"d":"0.008"},{"v":0.0103527817892289,"d":"0.010"},{"v":0.4523,"d":"0.452"}]
["FEV1/FVC","amygdala","rs10460533","A","G",0.285,0.0001814453355,321047,{"v":58.2626892287918,"d":"58.263"},{"v":0.0211,"d":"0.021"},{"v":0.0026,"d":"0.003"},{"v":5.93061866400718e-16,"d":"5.931E-16"},{"v":0.0167320667945093,"d":"0.017"},{"v":0.00899090101800606,"d":"0.009"},{"v":0.06278,"d":"0.063"}]
["FEV1/FVC","amygdala","rs1050785","A","C",0.602,0.00015872755808,321047,{"v":50.9667787161224,"d":"50.967"},{"v":-0.0182,"d":"-0.018"},{"v":0.0025,"d":"0.003"},{"v":2.99985318119079e-13,"d":"3.000E-13"},{"v":-1.58075407118155E-3,"d":"-0.002"},{"v":0.00836377815439974,"d":"0.008"},{"v":0.8502,"d":"0.850"}]
["FEV1/FVC","amygdala","rs10508468","C","T",0.379,0.00010591155,321047,{"v":34.0059751952922,"d":"34.006"},-0.015,{"v":0.0024,"d":"0.002"},{"v":8.70001497192316E-10,"d":"8.700E-10"},{"v":-0.00598658927912941,"d":"-0.006"},{"v":8.40813101001321E-3,"d":"0.008"},{"v":0.4767,"d":"0.477"}]
["FEV1/FVC","amygdala","rs1054085","C","T",0.624,1.12736832E-4,321047,{"v":36.1976770408753,"d":"36.198"},{"v":0.0155,"d":"0.016"},{"v":0.0025,"d":"0.003"},{"v":2.95998833804091e-10,"d":"2.960E-10"},{"v":0.0107870975938116,"d":"0.011"},{"v":0.00840771441450632,"d":"0.008"},{"v":0.1996,"d":"0.200"}]
["FEV1/FVC","amygdala","rs10748849","T","C",0.393,0.00015116499768,321047,{"v":48.5381039425455,"d":"48.538"},{"v":0.0178,"d":"0.018"},{"v":0.0024,"d":"0.002"},{"v":2.88004981744286e-13,"d":"2.880E-13"},{"v":-0.00248498383948556,"d":"-0.002"},{"v":0.00836694895449682,"d":"0.008"},{"v":0.7668,"d":"0.767"}]
["FEV1/FVC","amygdala","rs10775456","G","A",0.681,8.637857118e-05,321047,{"v":27.7338039908452,"d":"27.734"},{"v":-0.0141,"d":"-0.014"},{"v":0.0026,"d":"0.003"},{"v":4.18996118727866e-08,"d":"4.190E-08"},{"v":-0.00623981180490592,"d":"-0.006"},{"v":8.75148920744169E-3,"d":"0.009"},{"v":0.4761,"d":"0.476"}]
["FEV1/FVC","amygdala","rs10831984","G","A",0.454,0.00027146272608,321047,{"v":87.1754157703658,"d":"87.175"},{"v":0.0234,"d":"0.023"},{"v":0.0024,"d":"0.002"},{"v":7.24936555587396e-23,"d":"7.249E-23"},{"v":0.00983738516435861,"d":"0.010"},{"v":0.00820465818545338,"d":"0.008"},{"v":0.2306,"d":"0.231"}]
["FEV1/FVC","amygdala","rs10836366","C","T",0.251,1.3716783038E-4,321047,{"v":44.0430873990889,"d":"44.043"},{"v":-0.0191,"d":"-0.019"},{"v":0.0027,"d":"0.003"},{"v":2.33023649672246E-12,"d":"2.330E-12"},{"v":0.0106620747847623,"d":"0.011"},{"v":9.42712182560769E-3,"d":"0.009"},{"v":0.2579,"d":"0.258"}]
["FEV1/FVC","amygdala","rs10851744","T","C",0.867,8.950209198e-05,321047,{"v":28.7367711208512,"d":"28.737"},{"v":-0.0197,"d":"-0.020"},{"v":0.0035,"d":"0.004"},{"v":1.45000667005009E-8,"d":"1.450E-08"},{"v":-5.61660289633491E-3,"d":"-0.006"},{"v":0.0119756991393068,"d":"0.012"},0.639]
["FEV1/FVC","amygdala","rs10904220","G","A",0.659,8.8089848e-05,321047,{"v":28.2832967224692,"d":"28.283"},-0.014,{"v":0.0025,"d":"0.003"},{"v":2.18997925035306e-08,"d":"2.190E-08"},{"v":-4.11798455125698E-3,"d":"-0.004"},{"v":0.00863309130242553,"d":"0.009"},{"v":0.6332,"d":"0.633"}]
["FEV1/FVC","amygdala","rs10983184","T","C",0.64,0.000343429632,321047,{"v":110.294244517246,"d":"110.294"},{"v":0.0273,"d":"0.027"},{"v":0.0025,"d":"0.003"},{"v":9.04898774394417e-28,"d":"9.049E-28"},{"v":-0.00682072780709926,"d":"-0.007"},{"v":0.00852590975887407,"d":"0.009"},{"v":0.4238,"d":"0.424"}]
["FEV1/FVC","amygdala","rs10987386","T","C",0.187,2.0396783022E-4,321047,{"v":65.4962111730605,"d":"65.496"},{"v":-0.0259,"d":"-0.026"},{"v":0.0031,"d":"0.003"},{"v":4.51024361117193e-17,"d":"4.510E-17"},{"v":-0.0169304146945533,"d":"-0.017"},{"v":0.0103108493876695,"d":"0.010"},{"v":0.1006,"d":"0.101"}]
["FEV1/FVC","amygdala","rs11000805","C","G",0.187,0.00015120699198,321047,{"v":48.551590080111,"d":"48.552"},{"v":-0.0223,"d":"-0.022"},{"v":0.0031,"d":"0.003"},{"v":5.37031796370253e-13,"d":"5.370E-13"},{"v":0.000583634969293395,"d":"0.001"},{"v":0.0104220530230963,"d":"0.010"},{"v":0.9555,"d":"0.956"}]
["FEV1/FVC","amygdala","rs11042775","A","G",0.356,9.6405512e-05,321047,{"v":30.9534916872543,"d":"30.953"},{"v":0.0145,"d":"0.015"},{"v":0.0025,"d":"0.003"},{"v":5.58997672992753e-09,"d":"5.590E-09"},{"v":-0.0079937295049882,"d":"-0.008"},{"v":0.00865122240799589,"d":"0.009"},{"v":0.3555,"d":"0.356"}]
["FEV1/FVC","amygdala","rs11067615","G","T",0.513,0.00013113129528,321047,{"v":42.1045679196961,"d":"42.105"},{"v":0.0162,"d":"0.016"},{"v":0.0024,"d":"0.002"},{"v":1.15000571869924E-11,"d":"1.150E-11"},{"v":0.00357859482760962,"d":"0.004"},{"v":0.00815169664603559,"d":"0.008"},{"v":0.6607,"d":"0.661"}]
["FEV1/FVC","amygdala","rs11098196","T","G",0.508,1.9203082752E-4,321047,{"v":61.6623780986515,"d":"61.662"},{"v":-0.0196,"d":"-0.020"},{"v":0.0024,"d":"0.002"},{"v":2.41991437833922e-16,"d":"2.420E-16"},{"v":0.00569222111984468,"d":"0.006"},{"v":0.0081550445843047,"d":"0.008"},{"v":0.4851,"d":"0.485"}]
["FEV1/FVC","amygdala","rs111231071","T","C",0.0717,0.0001566122546478,321047,{"v":50.2874569254125,"d":"50.287"},{"v":0.0343,"d":"0.034"},{"v":0.0046,"d":"0.005"},{"v":1.23993808595095e-13,"d":"1.240E-13"},{"v":-7.05019820178271E-3,"d":"-0.007"},{"v":0.0157370495575507,"d":"0.016"},{"v":0.6543,"d":"0.654"}]
["FEV1/FVC","amygdala","rs111628829","A","G",0.0438,9.400316142e-05,321047,{"v":30.182082169226,"d":"30.182"},{"v":0.0335,"d":"0.034"},{"v":0.0058,"d":"0.006"},{"v":7.69998714277137e-09,"d":"7.700E-09"},{"v":0.0346440769287858,"d":"0.035"},{"v":0.0195839892192119,"d":"0.020"},{"v":0.07695,"d":"0.077"}]
["FEV1/FVC","amygdala","rs11172113","C","T",0.411,2.4948177582E-4,321047,{"v":80.1148639166514,"d":"80.115"},{"v":0.0227,"d":"0.023"},{"v":0.0024,"d":"0.002"},{"v":7.04044321469975e-21,"d":"7.040E-21"},{"v":0.0127227909544709,"d":"0.013"},{"v":0.00828846316252174,"d":"0.008"},{"v":0.1248,"d":"0.125"}]
["FEV1/FVC","amygdala","rs11200633","T","C",0.216,0.00012485394432,321047,{"v":40.0887397915002,"d":"40.089"},{"v":-0.0192,"d":"-0.019"},{"v":0.0029,"d":"0.003"},{"v":3.94003427644745e-11,"d":"3.940E-11"},{"v":-1.5417801414728E-3,"d":"-0.002"},{"v":0.00994696865466321,"d":"0.010"},{"v":0.8767,"d":"0.877"}]
["FEV1/FVC","amygdala","rs112009052","A","T",0.014,0.000564555992,321047,{"v":181.350260828041,"d":"181.350"},0.143,{"v":0.0104,"d":"0.010"},{"v":3.82032226884408e-43,"d":"3.820E-43"},{"v":0.00310719146735584,"d":"0.003"},{"v":0.0345243496372872,"d":"0.035"},0.928]
["FEV1/FVC","amygdala","rs11234768","C","T",0.154,2.3922487512E-4,321047,{"v":76.8203273661212,"d":"76.820"},{"v":-0.0303,"d":"-0.030"},{"v":3.3E-3,"d":"0.003"},{"v":5.06990708274702e-20,"d":"5.070E-20"},{"v":0.00253521588117362,"d":"0.003"},{"v":0.0113179280409537,"d":"0.011"},{"v":0.8225,"d":"0.823"}]
["FEV1/FVC","amygdala","rs112731178","T","C",0.0958,2.77191552E-4,321047,{"v":89.0156361941889,"d":"89.016"},{"v":0.04,"d":"0.040"},{"v":0.0041,"d":"0.004"},{"v":5.75970181254672e-23,"d":"5.760E-23"},{"v":0.0181235598361366,"d":"0.018"},{"v":0.0138136888994944,"d":"0.014"},{"v":0.1896,"d":"0.190"}]
["FEV1/FVC","amygdala","rs113336697","T","C",0.0887,1.109730617528E-4,321047,{"v":35.6313007249634,"d":"35.631"},{"v":0.0262,"d":"0.026"},{"v":0.0042,"d":"0.004"},{"v":7.01003199231399e-10,"d":"7.010E-10"},{"v":-0.0141441533828993,"d":"-0.014"},{"v":0.0144771273110535,"d":"0.014"},{"v":0.3288,"d":"0.329"}]
["FEV1/FVC","amygdala","rs115503647","G","A",0.052,1.42366848E-4,321047,{"v":45.7126726852838,"d":"45.713"},-0.038,{"v":5.3E-3,"d":"0.005"},{"v":1.20005182020427e-12,"d":"1.200E-12"},{"v":0.00889679446287873,"d":"0.009"},{"v":0.0184964541847791,"d":"0.018"},{"v":0.6304,"d":"0.630"}]
["FEV1/FVC","amygdala","rs1155612","C","T",0.509,0.0004059934155,321047,{"v":130.395095629437,"d":"130.395"},{"v":-0.0285,"d":"-0.029"},{"v":0.0024,"d":"0.002"},{"v":6.49980009683024e-33,"d":"6.500E-33"},{"v":-0.0130214845273817,"d":"-0.013"},{"v":0.00817418991047187,"d":"0.008"},{"v":0.1111,"d":"0.111"}]
["FEV1/FVC","amygdala","rs11596235","T","C",0.309,{"$f":"2*F4677*(1-F4677)*J4677*J4677","v":8.732500062e-05},321047,{"$f":"G4677/(1-G4677)*(H4677-2)","v":{"v":28.0377032164987,"d":"28.038"}},{"v":-0.0143,"d":"-0.014"},{"v":0.0026,"d":"0.003"},{"v":3.47000419640784e-08,"d":"3.470E-08"},{"v":0.0073122040399951,"d":"0.007"},{"v":0.00902741239505568,"d":"0.009"},{"v":0.4178,"d":"0.418"}]
["FEV1/FVC","amygdala","rs11620380","A","C",0.105,0.00013701555,321047,{"v":43.9941851372234,"d":"43.994"},-0.027,{"v":0.0039,"d":"0.004"},{"v":4.60044666393479e-12,"d":"4.600E-12"},{"v":0.0220144187873551,"d":"0.022"},{"v":0.0130262833061273,"d":"0.013"},{"v":0.0911,"d":"0.091"}]
["FEV1/FVC","amygdala","rs11637595","T","C",0.273,1.2017815992E-4,321047,{"v":38.5872346943784,"d":"38.587"},{"v":0.0174,"d":"0.017"},{"v":0.0027,"d":"0.003"},{"v":8.23948372044989e-11,"d":"8.239E-11"},{"v":0.00243497689369467,"d":"0.002"},{"v":0.00922339732460102,"d":"0.009"},{"v":0.7914,"d":"0.791"}]
["FEV1/FVC","amygdala","rs11648508","T","G",0.683,0.00047729416928,321047,{"v":153.306078673964,"d":"153.306"},{"v":0.0332,"d":"0.033"},{"v":0.0026,"d":"0.003"},{"v":9.86052412530848e-39,"d":"9.861E-39"},{"v":-0.00754243888811887,"d":"-0.008"},{"v":0.00889438548127225,"d":"0.009"},{"v":0.3964,"d":"0.396"}]
["FEV1/FVC","amygdala","rs11653958","A","G",0.743,1.4821234718E-4,321047,{"v":47.5898864091698,"d":"47.590"},{"v":0.0197,"d":"0.020"},{"v":2.8E-3,"d":"0.003"},{"v":9.17064749114933e-13,"d":"9.171E-13"},{"v":-0.00861301833118882,"d":"-0.009"},{"v":0.00919212201834452,"d":"0.009"},{"v":0.3489,"d":"0.349"}]
["FEV1/FVC","amygdala","rs11691805","A","T",0.616,2.3737663488E-4,321047,{"v":76.2266761769286,"d":"76.227"},{"v":-0.0224,"d":"-0.022"},{"v":0.0024,"d":"0.002"},{"v":2.70022528688824e-20,"d":"2.700E-20"},{"v":-0.00715201087389729,"d":"-0.007"},{"v":0.00838453795298628,"d":"0.008"},{"v":0.3938,"d":"0.394"}]
["FEV1/FVC","amygdala","rs117014247","T","C",0.024,9.2770752e-05,321047,{"v":29.7863493778711,"d":"29.786"},{"v":-0.0445,"d":"-0.045"},{"v":0.0079,"d":"0.008"},{"v":2.09001787280615e-08,"d":"2.090E-08"},{"v":-0.00293973082626503,"d":"-0.003"},{"v":0.029997253329235,"d":"0.030"},{"v":0.9215,"d":"0.922"}]
["FEV1/FVC","amygdala","rs11709963","C","T",0.163,8.645359608e-05,321047,{"v":27.7578945233047,"d":"27.758"},{"v":-0.0178,"d":"-0.018"},{"v":0.0032,"d":"0.003"},{"v":3.68001848354504e-08,"d":"3.680E-08"},{"v":0.0052803501141377,"d":"0.005"},{"v":0.0113555916433069,"d":"0.011"},{"v":0.6421,"d":"0.642"}]
["FEV1/FVC","amygdala","rs11771259","G","C",0.119,1.585689875E-4,321047,{"v":50.9158542673964,"d":"50.916"},{"v":-0.0275,"d":"-0.028"},{"v":0.0036,"d":"0.004"},{"v":5.03037081084624e-14,"d":"5.030E-14"},{"v":-0.014567175759408,"d":"-0.015"},{"v":0.0123346111425978,"d":"0.012"},{"v":0.2375,"d":"0.238"}]
["FEV1/FVC","amygdala","rs117827273","G","C",0.15,1.750422E-4,321047,{"v":56.2062615666784,"d":"56.206"},{"v":-0.0262,"d":"-0.026"},{"v":3.3E-3,"d":"0.003"},{"v":4.92039535681451e-15,"d":"4.920E-15"},{"v":-0.0238501713270048,"d":"-0.024"},{"v":0.0123704208127618,"d":"0.012"},{"v":0.05382,"d":"0.054"}]
["FEV1/FVC","amygdala","rs11824553","A","C",0.0815,9.1339929395e-05,321047,{"v":29.3269063501732,"d":"29.327"},{"v":-0.0247,"d":"-0.025"},{"v":0.0044,"d":"0.004"},{"v":1.680002778533e-08,"d":"1.680E-08"},{"v":-0.00360540959407574,"d":"-0.004"},{"v":0.0144795566027138,"d":"0.014"},0.803]
["FEV1/FVC","amygdala","rs11888819","C","A",0.274,0.000258700662,321047,{"v":83.0760458598503,"d":"83.076"},{"v":0.0255,"d":"0.026"},{"v":0.0027,"d":"0.003"},{"v":6.87068440014232e-22,"d":"6.871E-22"},{"v":0.00185714072478692,"d":"0.002"},{"v":0.00914847647678286,"d":"0.009"},{"v":0.8394,"d":"0.839"}]
["FEV1/FVC","amygdala","rs1192415","A","G",0.812,0.000591084032,321047,{"v":189.876806201633,"d":"189.877"},0.044,0.003,{"v":2.2798170642803e-47,"d":"2.280E-47"},{"v":0.00506820590486762,"d":"0.005"},{"v":0.0104284072116618,"d":"0.010"},{"v":0.6272,"d":"0.627"}]
["FEV1/FVC","amygdala","rs12023835","C","T",0.398,1.916768E-4,321047,{"v":61.5486757092042,"d":"61.549"},{"v":-0.02,"d":"-0.020"},{"v":0.0024,"d":"0.002"},{"v":2.54976408779928e-16,"d":"2.550E-16"},{"v":5.27252256550125E-3,"d":"0.005"},{"v":0.00834259899604629,"d":"0.008"},{"v":0.5276,"d":"0.528"}]
["FEV1/FVC","amygdala","rs12034227","C","A",0.336,0.00027443576832,321047,{"v":88.1304173791002,"d":"88.130"},{"v":-0.0248,"d":"-0.025"},{"v":0.0025,"d":"0.003"},{"v":3.80978089846419e-23,"d":"3.810E-23"},{"v":-0.0019308646673762,"d":"-0.002"},{"v":0.00858162074389423,"d":"0.009"},{"v":0.8223,"d":"0.822"}]
["FEV1/FVC","amygdala","rs12134019","T","C",0.14,0.000232904168,321047,{"v":74.7901375503208,"d":"74.790"},{"v":0.0311,"d":"0.031"},{"v":0.0035,"d":"0.004"},{"v":2.44005715942821E-19,"d":"2.440E-19"},{"v":-0.0109045814585761,"d":"-0.011"},{"v":0.0116501938660001,"d":"0.012"},{"v":0.3494,"d":"0.349"}]
["FEV1/FVC","amygdala","rs12134534","C","T",0.591,2.9973639438E-4,321047,{"v":96.2577226764534,"d":"96.258"},{"v":0.0249,"d":"0.025"},{"v":0.0024,"d":"0.002"},{"v":6.9598519276479e-25,"d":"6.960E-25"},{"v":0.00132598930570608,"d":"0.001"},{"v":0.00828743316066297,"d":"0.008"},{"v":0.8729,"d":"0.873"}]
["FEV1/FVC","amygdala","rs12189242","A","C",0.247,0.0001273108395,321047,{"v":40.8777126431909,"d":"40.878"},{"v":0.0185,"d":"0.019"},{"v":0.0027,"d":"0.003"},{"v":1.21004076085696e-11,"d":"1.210E-11"},{"v":0.00491914880001636,"d":"0.005"},{"v":0.0095147945841709,"d":"0.010"},{"v":0.6051,"d":"0.605"}]
["FEV1/FVC","amygdala","rs1219514","G","A",0.9211,9.15716888958e-05,321047,{"v":29.4013251905556,"d":"29.401"},{"v":-0.0251,"d":"-0.025"},{"v":0.0044,"d":"0.004"},{"v":1.47000902137229E-8,"d":"1.470E-08"},{"v":0.00797082340836927,"d":"0.008"},{"v":0.0150962564552448,"d":"0.015"},{"v":0.5977,"d":"0.598"}]
["FEV1/FVC","amygdala","rs12202314","C","T",0.325,0.0001916503875,321047,{"v":61.5401928567453,"d":"61.540"},{"v":0.0209,"d":"0.021"},{"v":0.0025,"d":"0.003"},{"v":2.17020120356835E-16,"d":"2.170E-16"},{"v":0.0148502871670995,"d":"0.015"},{"v":0.00865401350064076,"d":"0.009"},{"v":0.08609,"d":"0.086"}]
["FEV1/FVC","amygdala","rs1245035","A","C",0.626,9.1776608e-05,321047,{"v":29.4671255081866,"d":"29.467"},-0.014,{"v":0.0025,"d":"0.003"},{"v":1.6100152882906e-08,"d":"1.610E-08"},{"v":-0.000638534495690694,"d":"-0.001"},{"v":0.00840176968014071,"d":"0.008"},{"v":0.9397,"d":"0.940"}]
["FEV1/FVC","amygdala","rs12470864","A","G",0.385,0.0001951452195,321047,{"v":62.6626253061473,"d":"62.663"},{"v":-0.0203,"d":"-0.020"},{"v":0.0024,"d":"0.002"},{"v":1.03992016582906E-16,"d":"1.040E-16"},{"v":-2.49147651241211E-3,"d":"-0.002"},{"v":0.00838880980610138,"d":"0.008"},{"v":0.7667,"d":"0.767"}]
["FEV1/FVC","amygdala","rs12522114","A","C",0.265,0.0005246809995,321047,{"v":168.534638407007,"d":"168.535"},{"v":-0.0367,"d":"-0.037"},{"v":0.0027,"d":"0.003"},{"v":1.46994132651384e-41,"d":"1.470E-41"},{"v":-0.0093411832310803,"d":"-0.009"},{"v":0.00923954820087072,"d":"0.009"},{"v":0.3121,"d":"0.312"}]
["FEV1/FVC","amygdala","rs12575589","T","C",0.121,8.93947395e-05,321047,{"v":28.702299977407,"d":"28.702"},{"v":0.0205,"d":"0.021"},{"v":0.0037,"d":"0.004"},{"v":2.67997041655656e-08,"d":"2.680E-08"},{"v":0.00980618677339579,"d":"0.010"},{"v":0.0122730748102576,"d":"0.012"},{"v":0.4242,"d":"0.424"}]
["FEV1/FVC","amygdala","rs12607689","G","T",0.409,0.00012068546232,321047,{"v":38.7501408291853,"d":"38.750"},{"v":0.0158,"d":"0.016"},{"v":0.0024,"d":"0.002"},{"v":6.82967440807965e-11,"d":"6.830E-11"},{"v":0.00361335500190492,"d":"0.004"},{"v":0.00828751147225898,"d":"0.008"},{"v":0.6632,"d":"0.663"}]
["FEV1/FVC","amygdala","rs12627254","T","G",0.128,0.00028450695168,321047,{"v":91.3655284300879,"d":"91.366"},{"v":0.0357,"d":"0.036"},{"v":0.0035,"d":"0.004"},{"v":6.85014871471006e-24,"d":"6.850E-24"},{"v":-0.00529423247150349,"d":"-0.005"},{"v":0.0118704763935056,"d":"0.012"},{"v":0.6557,"d":"0.656"}]
["FEV1/FVC","amygdala","rs12635856","T","C",0.173,1.0006099598E-4,321047,{"v":32.1272971437494,"d":"32.127"},{"v":-0.0187,"d":"-0.019"},{"v":0.0032,"d":"0.003"},{"v":3.5899632269922e-09,"d":"3.590E-09"},{"v":-0.014593531734659,"d":"-0.015"},{"v":0.0109643363896762,"d":"0.011"},{"v":0.1833,"d":"0.183"}]
["FEV1/FVC","amygdala","rs12698403","A","G",0.442,0.00027473277312,321047,{"v":88.2258216709589,"d":"88.226"},{"v":-0.0236,"d":"-0.024"},{"v":0.0024,"d":"0.002"},{"v":1.48013047302083e-22,"d":"1.480E-22"},{"v":-0.010588237484159,"d":"-0.011"},{"v":0.00822068127652096,"d":"0.008"},{"v":0.1979,"d":"0.198"}]
["FEV1/FVC","amygdala","rs12715478","G","A",0.406,0.000301455,321047,{"v":96.8098042745476,"d":"96.810"},-0.025,{"v":0.0024,"d":"0.002"},{"v":1.34989503505597E-24,"d":"1.350E-24"},{"v":-3.07289563180662E-3,"d":"-0.003"},{"v":0.00830512332920708,"d":"0.008"},{"v":0.7115,"d":"0.712"}]
["FEV1/FVC","amygdala","rs12781987","T","G",0.217,1.3729148622E-4,321047,{"v":44.0827973862698,"d":"44.083"},{"v":-0.0201,"d":"-0.020"},{"v":0.0029,"d":"0.003"},{"v":5.88030699481162e-12,"d":"5.880E-12"},{"v":-0.0112827454098242,"d":"-0.011"},{"v":0.00993199419878891,"d":"0.010"},{"v":0.2561,"d":"0.256"}]
["FEV1/FVC","amygdala","rs12875005","G","T",0.319,0.00014391649272,321047,{"v":46.2103208325941,"d":"46.210"},{"v":0.0182,"d":"0.018"},{"v":0.0025,"d":"0.003"},{"v":7.85959196518192e-13,"d":"7.860E-13"},{"v":-0.00451350521859959,"d":"-0.005"},{"v":0.0087471031368209,"d":"0.009"},{"v":0.6059,"d":"0.606"}]
["FEV1/FVC","amygdala","rs12935657","A","G",0.247,8.821925112e-05,321047,{"v":28.3248482727231,"d":"28.325"},{"v":0.0154,"d":"0.015"},{"v":0.0027,"d":"0.003"},{"v":1.88999214846034E-8,"d":"1.890E-08"},{"v":0.018578429672273,"d":"0.019"},{"v":0.00938778659538806,"d":"0.009"},{"v":0.04782,"d":"0.048"}]
["FEV1/FVC","amygdala","rs1293994","G","A",0.558,0.00011698438752,321047,{"v":37.5616468176056,"d":"37.562"},{"v":-0.0154,"d":"-0.015"},{"v":0.0024,"d":"0.002"},{"v":1.79998961724559E-10,"d":"1.800E-10"},{"v":-0.00608282030681827,"d":"-0.006"},{"v":0.00818683755964774,"d":"0.008"},{"v":0.4578,"d":"0.458"}]
["FEV1/FVC","amygdala","rs12941356","G","A",0.587,9.368018702e-05,321047,{"v":30.0783733894803,"d":"30.078"},{"v":-0.0139,"d":"-0.014"},{"v":0.0024,"d":"0.002"},{"v":8.73997116886224E-9,"d":"8.740E-09"},{"v":0.00303822657274989,"d":"0.003"},{"v":0.0082336763489157,"d":"0.008"},{"v":0.7123,"d":"0.712"}]
["FEV1/FVC","amygdala","rs1294417","C","T",0.542,0.00048019268312,321047,{"v":154.237523682595,"d":"154.238"},{"v":0.0311,"d":"0.031"},{"v":0.0024,"d":"0.002"},{"v":3.93006741341853E-39,"d":"3.930E-39"},{"v":0.00753756877775257,"d":"0.008"},{"v":0.00821085923502459,"d":"0.008"},{"v":0.3585,"d":"0.359"}]
["FEV1/FVC","amygdala","rs13030866","C","T",0.649,1.0250955E-4,321047,{"v":32.9135524331988,"d":"32.914"},0.015,{"v":0.0025,"d":"0.003"},{"v":1.94997929490347e-09,"d":"1.950E-09"},{"v":0.00320149421956251,"d":"0.003"},{"v":0.00853731791883336,"d":"0.009"},{"v":0.7074,"d":"0.707"}]
["FEV1/FVC","amygdala","rs13069228","C","T",0.361,8.786101752e-05,321047,{"v":28.2098189131022,"d":"28.210"},{"v":-0.0138,"d":"-0.014"},{"v":0.0025,"d":"0.003"},{"v":3.20000015974484e-08,"d":"3.200E-08"},{"v":0.000676623635748661,"d":"0.001"},{"v":0.00856485614871723,"d":"0.009"},{"v":0.9374,"d":"0.937"}]
["FEV1/FVC","amygdala","rs13199674","A","G",0.443,9.262539038e-05,321047,{"v":29.7396731033781,"d":"29.740"},{"v":-0.0137,"d":"-0.014"},{"v":0.0024,"d":"0.002"},{"v":1.3399851948998e-08,"d":"1.340E-08"},{"v":-6.49381949741119E-3,"d":"-0.006"},{"v":0.00819926704218584,"d":"0.008"},{"v":0.4283,"d":"0.428"}]
["FEV1/FVC","amygdala","rs13361953","C","T",0.336,0.00075741130752,321047,{"v":243.347427315863,"d":"243.347"},{"v":-0.0412,"d":"-0.041"},{"v":0.0025,"d":"0.003"},{"v":6.45059833284836e-60,"d":"6.451E-60"},{"v":-0.0108997274380748,"d":"-0.011"},{"v":0.0086437172387588,"d":"0.009"},{"v":0.2072,"d":"0.207"}]
["FEV1/FVC","amygdala","rs1391805","A","G",0.761,1.31316638E-4,321047,{"v":42.1640868928451,"d":"42.164"},-0.019,{"v":2.8E-3,"d":"0.003"},{"v":7.54049749485307e-12,"d":"7.540E-12"},{"v":-0.00247134734503051,"d":"-0.002"},{"v":0.00954188164104445,"d":"0.010"},{"v":0.7959,"d":"0.796"}]
["FEV1/FVC","amygdala","rs141942982","T","G",0.106,0.00024836507232,321047,{"v":79.7561732907217,"d":"79.756"},{"v":-0.0362,"d":"-0.036"},{"v":0.0039,"d":"0.004"},{"v":9.56973694587654e-21,"d":"9.570E-21"},{"v":1.10582929524443E-3,"d":"0.001"},{"v":0.0133232445210173,"d":"0.013"},{"v":0.9335,"d":"0.934"}]
["FEV1/FVC","amygdala","rs1424393","G","C",0.378,1.058022E-4,321047,{"v":33.9708614908816,"d":"33.971"},-0.015,{"v":0.0024,"d":"0.002"},{"v":8.10998404850637e-10,"d":"8.110E-10"},{"v":2.699157177511E-3,"d":"0.003"},{"v":0.00838247570655589,"d":"0.008"},{"v":0.7472,"d":"0.747"}]
["FEV1/FVC","amygdala","rs1429555","T","C",0.0689,0.0003311105119712,321047,{"v":106.33658347639,"d":"106.337"},{"v":0.0508,"d":"0.051"},{"v":0.0047,"d":"0.005"},{"v":2.09990670376242E-27,"d":"2.100E-27"},{"v":0.0153073670286237,"d":"0.015"},{"v":0.0156197622741058,"d":"0.016"},{"v":0.3273,"d":"0.327"}]
["FEV1/FVC","amygdala","rs1441207","C","G",0.26,1.26064328E-4,321047,{"v":40.4774249421345,"d":"40.477"},{"v":0.0181,"d":"0.018"},{"v":0.0027,"d":"0.003"},{"v":2.93967960949241e-11,"d":"2.940E-11"},{"v":-0.00980560666421753,"d":"-0.010"},{"v":0.00917269098617168,"d":"0.009"},{"v":0.2849,"d":"0.285"}]
["FEV1/FVC","amygdala","rs1441358","G","T",0.336,0.00183910874112,321047,{"v":591.524543751871,"d":"591.525"},{"v":-0.0642,"d":"-0.064"},{"v":0.0025,"d":"0.003"},{"v":4.12097519097339E-145,"d":"4.121E-145"},{"v":-0.00397361115252733,"d":"-0.004"},{"v":0.00861954696860593,"d":"0.009"},{"v":0.6448,"d":"0.645"}]
["FEV1/FVC","amygdala","rs1452909","A","G",0.251,0.0001286853155,321047,{"v":41.3190942753805,"d":"41.319"},{"v":-0.0185,"d":"-0.019"},{"v":2.8E-3,"d":"0.003"},{"v":2.17020120356835E-11,"d":"2.170E-11"},{"v":1.65962122694991E-3,"d":"0.002"},{"v":0.00937639111271133,"d":"0.009"},{"v":0.8592,"d":"0.859"}]
["FEV1/FVC","amygdala","rs1528628","G","A",0.545,1.00003358E-4,321047,{"v":32.1087890558369,"d":"32.109"},{"v":0.0142,"d":"0.014"},{"v":0.0024,"d":"0.002"},{"v":2.39001155148472e-09,"d":"2.390E-09"},{"v":0.0109704828364103,"d":"0.011"},{"v":0.008199165049634,"d":"0.008"},{"v":0.1809,"d":"0.181"}]
["FEV1/FVC","amygdala","rs1529672","A","C",0.174,0.00051432783192,321047,{"v":165.207349536661,"d":"165.207"},{"v":0.0423,"d":"0.042"},{"v":0.0031,"d":"0.003"},{"v":1.7298163592151E-41,"d":"1.730E-41"},{"v":1.47251305307794E-3,"d":"0.001"},{"v":0.0109889033811787,"d":"0.011"},{"v":0.8931,"d":"0.893"}]
["FEV1/FVC","amygdala","rs1561073","A","T",0.734,1.5776105688E-4,321047,{"v":50.6563901116814,"d":"50.656"},{"v":0.0201,"d":"0.020"},{"v":0.0027,"d":"0.003"},{"v":6.42983754108246e-14,"d":"6.430E-14"},{"v":-1.00340289287146E-3,"d":"-0.001"},{"v":0.00929076752658758,"d":"0.009"},{"v":0.9138,"d":"0.914"}]
["FEV1/FVC","amygdala","rs1566834","C","T",0.338,1.006902E-4,321047,{"v":32.3293405067615,"d":"32.329"},-0.015,{"v":0.0025,"d":"0.003"},{"v":2.18001760089786E-9,"d":"2.180E-09"},{"v":3.70277755646797E-4,"d":"0.000"},{"v":0.00861111059643715,"d":"0.009"},{"v":0.9656,"d":"0.966"}]
["FEV1/FVC","amygdala","rs1570203","A","G",0.53,0.000301490712,321047,{"v":96.8212763495834,"d":"96.821"},{"v":0.0246,"d":"0.025"},{"v":0.0024,"d":"0.002"},{"v":5.77962951195467e-25,"d":"5.780E-25"},{"v":-0.0133760136064065,"d":"-0.013"},{"v":0.00818605483868205,"d":"0.008"},{"v":0.1022,"d":"0.102"}]
["FEV1/FVC","amygdala","rs1593438","C","A",0.348,0.00013269331872,321047,{"v":42.606180063893,"d":"42.606"},{"v":0.0171,"d":"0.017"},{"v":0.0025,"d":"0.003"},{"v":1.10994127077482E-11,"d":"1.110E-11"},{"v":1.11722204679077E-3,"d":"0.001"},{"v":0.00852841257092188,"d":"0.009"},{"v":0.8961,"d":"0.896"}]
["FEV1/FVC","amygdala","rs163694","C","T",0.539,0.00013694174648,321047,{"v":43.970484393598,"d":"43.970"},{"v":-0.0166,"d":"-0.017"},{"v":0.0024,"d":"0.002"},{"v":4.97966354164486e-12,"d":"4.980E-12"},{"v":0.00716312439180467,"d":"0.007"},{"v":0.00816775871357431,"d":"0.008"},{"v":0.3804,"d":"0.380"}]
["FEV1/FVC","amygdala","rs16909922","G","A",0.095,0.000454285022,321047,{"v":145.912220624346,"d":"145.912"},{"v":-0.0514,"d":"-0.051"},{"v":0.0041,"d":"0.004"},{"v":3.30978665072838e-36,"d":"3.310E-36"},{"v":0.00934288035103919,"d":"0.009"},{"v":0.0137193544068123,"d":"0.014"},{"v":0.4959,"d":"0.496"}]
["FEV1/FVC","amygdala","rs17129265","T","C",0.167,1.057939155E-4,321047,{"v":33.9682012307082,"d":"33.968"},{"v":0.0195,"d":"0.020"},{"v":0.0032,"d":"0.003"},{"v":1.57000125656149E-9,"d":"1.570E-09"},{"v":0.00727099616737429,"d":"0.007"},{"v":0.0108360598619587,"d":"0.011"},{"v":0.5019,"d":"0.502"}]
["FEV1/FVC","amygdala","rs17513531","T","C",0.344,1.1844652032E-4,321047,{"v":38.0311677756211,"d":"38.031"},{"v":0.0162,"d":"0.016"},{"v":0.0025,"d":"0.003"},{"v":1.2499999625598e-10,"d":"1.250E-10"},{"v":1.17508373975374E-3,"d":"0.001"},{"v":0.0085772535748448,"d":"0.009"},{"v":0.8912,"d":"0.891"}]
["FEV1/FVC","amygdala","rs1756281","G","A",0.301,2.3635802862E-4,321047,{"v":75.8995027551523,"d":"75.900"},{"v":-0.0237,"d":"-0.024"},{"v":0.0026,"d":"0.003"},{"v":1.38006645597033E-19,"d":"1.380E-19"},{"v":-0.00444271316998486,"d":"-0.004"},{"v":0.0088149070833033,"d":"0.009"},{"v":0.6141,"d":"0.614"}]
["FEV1/FVC","amygdala","rs17666332","G","T",0.276,0.00028490506272,321047,{"v":91.493412797454,"d":"91.493"},{"v":-0.0267,"d":"-0.027"},{"v":0.0027,"d":"0.003"},{"v":9.21934357451561e-24,"d":"9.219E-24"},{"v":-5.66360847829656E-3,"d":"-0.006"},{"v":0.00909086433113413,"d":"0.009"},{"v":0.5332,"d":"0.533"}]
["FEV1/FVC","amygdala","rs17681353","G","A",0.039,9.340441422e-05,321047,{"v":29.9898213449552,"d":"29.990"},{"v":-0.0353,"d":"-0.035"},{"v":0.0062,"d":"0.006"},{"v":9.41000815932782e-09,"d":"9.410E-09"},{"v":-6.75524054857163E-3,"d":"-0.007"},{"v":0.0219325991836741,"d":"0.022"},{"v":0.7581,"d":"0.758"}]
["FEV1/FVC","amygdala","rs177392","T","C",0.595,9.04571955e-05,321047,{"v":29.0434575190123,"d":"29.043"},{"v":0.0137,"d":"0.014"},{"v":0.0025,"d":"0.003"},{"v":3.83998917424723e-08,"d":"3.840E-08"},{"v":0.00142992250872402,"d":"0.001"},{"v":0.00826544802730649,"d":"0.008"},0.863]
["FEV1/FVC","amygdala","rs1799807","C","T",0.019,0.00013330761912,321047,{"v":42.8034506064709,"d":"42.803"},{"v":-0.0598,"d":"-0.060"},{"v":0.0088,"d":"0.009"},{"v":8.59013521505394e-12,"d":"8.590E-12"},{"v":-0.0335043315813294,"d":"-0.034"},{"v":0.0340491174607006,"d":"0.034"},{"v":0.3249,"d":"0.325"}]
["FEV1/FVC","amygdala","rs1849496","A","C",0.0616,0.0001360150442112,321047,{"v":43.6728900388542,"d":"43.673"},{"v":0.0343,"d":"0.034"},0.005,{"v":4.96020927395974e-12,"d":"4.960E-12"},{"v":0.0132357530593868,"d":"0.013"},{"v":0.0172565228935943,"d":"0.017"},{"v":0.4431,"d":"0.443"}]
["FEV1/FVC","amygdala","rs1855971","A","G",0.835,1.005233955E-4,321047,{"v":32.2757779790924,"d":"32.276"},{"v":0.0191,"d":"0.019"},{"v":0.0032,"d":"0.003"},{"v":2.73999644912167E-9,"d":"2.740E-09"},{"v":-0.0165507805408469,"d":"-0.017"},{"v":0.0110045083383291,"d":"0.011"},{"v":0.1325,"d":"0.133"}]
["FEV1/FVC","amygdala","rs1896797","A","G",0.49,0.000426149472,321047,{"v":136.871484949283,"d":"136.871"},{"v":0.0292,"d":"0.029"},{"v":0.0024,"d":"0.002"},{"v":2.48027593769296e-34,"d":"2.480E-34"},{"v":2.02118075078539E-3,"d":"0.002"},{"v":0.00818291801937403,"d":"0.008"},{"v":0.8051,"d":"0.805"}]
["FEV1/FVC","amygdala","rs1928160","A","G",0.515,{"$f":"2*F4741*(1-F4741)*J4741*J4741","v":0.000437685728},321047,{"$f":"G4741/(1-G4741)*(H4741-2)","v":{"v":140.578343680455,"d":"140.578"}},{"v":-0.0296,"d":"-0.030"},{"v":0.0024,"d":"0.002"},{"v":5.77962951195462e-36,"d":"5.780E-36"},{"v":-0.00616630383790821,"d":"-0.006"},{"v":0.00814571180701217,"d":"0.008"},{"v":0.4489,"d":"0.449"}]
["FEV1/FVC","amygdala","rs193686","T","C",0.684,1.3696612992E-4,321047,{"v":43.978314719734,"d":"43.978"},{"v":-0.0178,"d":"-0.018"},{"v":0.0026,"d":"0.003"},{"v":4.07005239440234e-12,"d":"4.070E-12"},{"v":-0.0152872126030933,"d":"-0.015"},{"v":8.75556277382206E-3,"d":"0.009"},{"v":0.08084,"d":"0.081"}]
["FEV1/FVC","amygdala","rs1956028","C","T",0.126,0.00020623141728,321047,{"v":66.2232226697256,"d":"66.223"},{"v":-0.0306,"d":"-0.031"},{"v":0.0036,"d":"0.004"},{"v":2.36973618438321e-17,"d":"2.370E-17"},{"v":-0.0122326819540817,"d":"-0.012"},{"v":0.0123065210805651,"d":"0.012"},{"v":0.3201,"d":"0.320"}]
["FEV1/FVC","amygdala","rs2003254","T","A",0.283,9.376111488e-05,321047,{"v":30.104359744982,"d":"30.104"},{"v":-0.0152,"d":"-0.015"},{"v":0.0027,"d":"0.003"},{"v":1.09000878956623E-8,"d":"1.090E-08"},{"v":-0.00304469338669642,"d":"-0.003"},{"v":0.00914322338347273,"d":"0.009"},{"v":0.7392,"d":"0.739"}]
["FEV1/FVC","amygdala","rs201191","A","C",0.486,0.00024401354328,321047,{"v":78.3584485249981,"d":"78.358"},{"v":0.0221,"d":"0.022"},{"v":0.0024,"d":"0.002"},{"v":1.54988687314019e-20,"d":"1.550E-20"},{"v":0.00827398509150079,"d":"0.008"},{"v":0.00815170944975448,"d":"0.008"},{"v":0.31,"d":"0.310"}]
["FEV1/FVC","amygdala","rs2012453","G","A",0.589,0.00027655589118,321047,{"v":88.8114474128694,"d":"88.811"},{"v":-0.0239,"d":"-0.024"},{"v":0.0024,"d":"0.002"},{"v":4.25990584332205E-23,"d":"4.260E-23"},{"v":-0.00131696814747328,"d":"-0.001"},{"v":0.00828281853756782,"d":"0.008"},{"v":0.8739,"d":"0.874"}]
["FEV1/FVC","amygdala","rs2021956","G","A",0.189,8.549596062e-05,321047,{"v":27.450397575358,"d":"27.450"},{"v":-0.0167,"d":"-0.017"},0.003,{"v":3.68001848354504e-08,"d":"3.680E-08"},{"v":-1.43648234120182E-3,"d":"-0.001"},{"v":0.0106406099348283,"d":"0.011"},{"v":0.8927,"d":"0.893"}]
["FEV1/FVC","amygdala","rs2027761","T","C",0.113,0.00027295106382,321047,{"v":87.6534994000007,"d":"87.653"},{"v":0.0369,"d":"0.037"},{"v":3.8E-3,"d":"0.004"},{"v":1.31008658625703e-22,"d":"1.310E-22"},{"v":-0.0222464410908576,"d":"-0.022"},{"v":0.0128000236426108,"d":"0.013"},{"v":0.08224,"d":"0.082"}]
["FEV1/FVC","amygdala","rs2077177","C","T",0.409,1.6905343422E-4,321047,{"v":54.2829365059958,"d":"54.283"},{"v":-0.0187,"d":"-0.019"},{"v":0.0024,"d":"0.002"},{"v":1.21004076085696E-14,"d":"1.210E-14"},{"v":0.0099483484367035,"d":"0.010"},{"v":0.0083110680340046,"d":"0.008"},{"v":0.2311,"d":"0.231"}]
["FEV1/FVC","amygdala","rs2168721","G","A",0.612,0.00018618450048,321047,{"v":59.7847339474279,"d":"59.785"},{"v":0.0198,"d":"0.020"},{"v":0.0024,"d":"0.002"},{"v":6.88969505481138e-16,"d":"6.890E-16"},{"v":-0.00928961552557461,"d":"-0.009"},{"v":0.00836149012202935,"d":"0.008"},{"v":0.2664,"d":"0.266"}]
["FEV1/FVC","amygdala","rs2173982","C","G",0.673,9.903195e-05,321047,{"v":31.7968612929277,"d":"31.797"},-0.015,{"v":0.0025,"d":"0.003"},{"v":2.81002381128697e-09,"d":"2.810E-09"},{"v":-0.00997083552419219,"d":"-0.010"},{"v":0.00863275802960363,"d":"0.009"},{"v":0.2481,"d":"0.248"}]
["FEV1/FVC","amygdala","rs2244592","G","A",0.547,0.00051703574478,321047,{"v":166.077608743023,"d":"166.078"},{"v":0.0323,"d":"0.032"},{"v":0.0024,"d":"0.002"},{"v":4.60044666393475e-42,"d":"4.600E-42"},{"v":-0.00635345504630881,"d":"-0.006"},{"v":0.00815591148435021,"d":"0.008"},{"v":0.4361,"d":"0.436"}]
["FEV1/FVC","amygdala","rs227728","A","T",0.334,1.3008970008E-4,321047,{"v":41.7700816195738,"d":"41.770"},{"v":-0.0171,"d":"-0.017"},{"v":0.0025,"d":"0.003"},{"v":1.20005182020427e-11,"d":"1.200E-11"},{"v":-0.00428992018484248,"d":"-0.004"},{"v":0.0086316301505885,"d":"0.009"},{"v":0.6191,"d":"0.619"}]
["FEV1/FVC","amygdala","rs2285261","A","C",0.384,0.00017258723328,321047,{"v":55.4178327188009,"d":"55.418"},{"v":0.0191,"d":"0.019"},{"v":0.0024,"d":"0.002"},{"v":4.90004422793237e-15,"d":"4.900E-15"},{"v":0.00825655583576469,"d":"0.008"},{"v":0.0083822901885936,"d":"0.008"},{"v":0.3245,"d":"0.325"}]
["FEV1/FVC","amygdala","rs2297291","G","A",0.592,8.934899712e-05,321047,{"v":28.6876119897514,"d":"28.688"},{"v":0.0136,"d":"0.014"},{"v":0.0024,"d":"0.002"},{"v":2.13998140678151e-08,"d":"2.140E-08"},{"v":0.0046605215746645,"d":"0.005"},{"v":0.00863059550863796,"d":"0.009"},{"v":0.5893,"d":"0.589"}]
["FEV1/FVC","amygdala","rs2302643","A","G",0.444,0.00018390874272,321047,{"v":59.0538428245291,"d":"59.054"},{"v":-0.0193,"d":"-0.019"},{"v":0.0024,"d":"0.002"},{"v":1.8901662311869E-15,"d":"1.890E-15"},{"v":-8.16384153576428E-3,"d":"-0.008"},{"v":0.00820486586508973,"d":"0.008"},{"v":0.3196,"d":"0.320"}]
["FEV1/FVC","amygdala","rs2324154","A","C",0.509,0.00012320506862,321047,{"v":39.5592451546217,"d":"39.559"},{"v":0.0157,"d":"0.016"},{"v":0.0024,"d":"0.002"},{"v":2.51999686210924E-11,"d":"2.520E-11"},{"v":0.0159018367288469,"d":"0.016"},{"v":0.00817575153154085,"d":"0.008"},{"v":0.05174,"d":"0.052"}]
["FEV1/FVC","amygdala","rs2333570","G","C",0.75,0.000108375,321047,{"v":34.7970230023679,"d":"34.797"},0.017,{"v":0.0027,"d":"0.003"},{"v":5.62004767868478e-10,"d":"5.620E-10"},{"v":0.007506250553042,"d":"0.008"},{"v":0.00947758908212374,"d":"0.009"},{"v":0.4285,"d":"0.429"}]
["FEV1/FVC","amygdala","rs2533889","C","G",0.29,1.09411142E-4,321047,{"v":35.129743668763,"d":"35.130"},{"v":0.0163,"d":"0.016"},{"v":0.0026,"d":"0.003"},{"v":4.43996963520292e-10,"d":"4.440E-10"},{"v":-0.00143511898111673,"d":"-0.001"},{"v":0.00902590554161467,"d":"0.009"},{"v":0.8734,"d":"0.873"}]
["FEV1/FVC","amygdala","rs2543350","C","T",0.141,9.884279352e-05,321047,{"v":31.7361215325362,"d":"31.736"},{"v":0.0202,"d":"0.020"},{"v":0.0034,"d":"0.003"},{"v":4.27002089288657e-09,"d":"4.270E-09"},{"v":-0.00322731609848785,"d":"-0.003"},{"v":0.0114443833279711,"d":"0.011"},{"v":0.7777,"d":"0.778"}]
["FEV1/FVC","amygdala","rs2544536","C","T",0.512,0.00028544049152,321047,{"v":91.6654076190446,"d":"91.665"},{"v":0.0239,"d":"0.024"},{"v":0.0024,"d":"0.002"},{"v":4.14954042634362e-24,"d":"4.150E-24"},{"v":-0.00581197499745223,"d":"-0.006"},{"v":0.00818588027810174,"d":"0.008"},{"v":0.4775,"d":"0.478"}]
["FEV1/FVC","amygdala","rs2571445","G","A",0.603,0.00018960245982,321047,{"v":60.8824651780696,"d":"60.882"},{"v":0.0199,"d":"0.020"},{"v":0.0024,"d":"0.002"},{"v":3.08034953654257e-16,"d":"3.080E-16"},{"v":5.88447875483817e-05,"d":"0.000"},{"v":0.00840639822119739,"d":"0.008"},{"v":0.9945,"d":"0.995"}]
["FEV1/FVC","amygdala","rs2579762","C","A",0.473,0.0002095122755,321047,{"v":67.2769638376799,"d":"67.277"},{"v":-0.0205,"d":"-0.021"},{"v":0.0024,"d":"0.002"},{"v":9.25976574561246e-18,"d":"9.260E-18"},{"v":0.0104394533082345,"d":"0.010"},{"v":0.00814945613445319,"d":"0.008"},{"v":0.2,"d":"0.200"}]
["FEV1/FVC","amygdala","rs2609280","G","A",0.785,9.733895595E-4,321047,{"v":312.806333548899,"d":"312.806"},{"v":-0.0537,"d":"-0.054"},{"v":0.0029,"d":"0.003"},{"v":1.83020610631107E-76,"d":"1.830E-76"},{"v":-1.55890307647256E-3,"d":"-0.002"},{"v":0.00999296843892664,"d":"0.010"},{"v":0.8762,"d":"0.876"}]
["FEV1/FVC","amygdala","rs2687199","A","G",0.676,0.00015482368512,321047,{"v":49.7130667495432,"d":"49.713"},{"v":-0.0188,"d":"-0.019"},{"v":0.0026,"d":"0.003"},{"v":1.93018972763458E-13,"d":"1.930E-13"},{"v":-0.0128636581537893,"d":"-0.013"},{"v":0.0086449315549659,"d":"0.009"},{"v":0.1368,"d":"0.137"}]
["FEV1/FVC","amygdala","rs274995","C","T",0.42,1.29444168E-4,321047,{"v":41.562782975422,"d":"41.563"},{"v":-0.0163,"d":"-0.016"},{"v":0.0024,"d":"0.002"},{"v":1.46994132651384e-11,"d":"1.470E-11"},{"v":0.000272297905436753,"d":"0.000"},{"v":0.00825145167990162,"d":"0.008"},{"v":0.9735,"d":"0.974"}]
["FEV1/FVC","amygdala","rs2760751","G","A",0.728,0.00014447643392,321047,{"v":46.3901390096996,"d":"46.390"},{"v":-0.0191,"d":"-0.019"},{"v":0.0027,"d":"0.003"},{"v":6.29941180548559e-13,"d":"6.299E-13"},{"v":0.0114315516017502,"d":"0.011"},{"v":0.00911606985785504,"d":"0.009"},{"v":0.2097,"d":"0.210"}]
["FEV1/FVC","amygdala","rs2762969","G","C",0.713,9.331582862e-05,321047,{"v":29.9613760699425,"d":"29.961"},{"v":-0.0151,"d":"-0.015"},{"v":0.0026,"d":"0.003"},{"v":7.76998177256644e-09,"d":"7.770E-09"},{"v":1.73742090714052E-3,"d":"0.002"},{"v":0.00895577787185835,"d":"0.009"},0.846]
["FEV1/FVC","amygdala","rs2794360","A","G",0.104,0.000202954752,321047,{"v":65.1708350865126,"d":"65.171"},0.033,{"v":0.0039,"d":"0.004"},{"v":2.26986485188383e-17,"d":"2.270E-17"},{"v":-0.0152675550527231,"d":"-0.015"},{"v":0.0148084918067149,"d":"0.015"},{"v":0.3023,"d":"0.302"}]
["FEV1/FVC","amygdala","rs2798641","T","C",0.183,0.00060551955,321047,{"v":194.516807659591,"d":"194.517"},-0.045,{"v":0.0031,"d":"0.003"},{"v":3.89045144994284e-48,"d":"3.890E-48"},{"v":-0.0145582739789693,"d":"-0.015"},{"v":0.0104886700136667,"d":"0.010"},{"v":0.1652,"d":"0.165"}]
["FEV1/FVC","amygdala","rs2802544","C","T",0.721,1.0558433592E-4,321047,{"v":33.9009025297171,"d":"33.901"},{"v":0.0162,"d":"0.016"},{"v":0.0027,"d":"0.003"},{"v":1.81000593949755E-9,"d":"1.810E-09"},{"v":-0.00355509587531388,"d":"-0.004"},{"v":0.00902308597795401,"d":"0.009"},{"v":0.6934,"d":"0.693"}]
["FEV1/FVC","amygdala","rs2834457","A","T",0.622,2.8688384088E-4,321047,{"v":92.12905303191,"d":"92.129"},{"v":0.0247,"d":"0.025"},{"v":0.0024,"d":"0.002"},{"v":5.16059764663022e-24,"d":"5.161E-24"},{"v":0.00845836981452274,"d":"0.008"},{"v":0.00839123989535986,"d":"0.008"},{"v":0.3136,"d":"0.314"}]
["FEV1/FVC","amygdala","rs28490195","C","T",0.337,9.010525368e-05,321047,{"v":28.9304479530475,"d":"28.930"},{"v":-0.0142,"d":"-0.014"},{"v":0.0025,"d":"0.003"},{"v":1.88000931025943e-08,"d":"1.880E-08"},{"v":0.00309464835513341,"d":"0.003"},{"v":0.00862019040427134,"d":"0.009"},{"v":0.7193,"d":"0.719"}]
["FEV1/FVC","amygdala","rs301127","T","A",0.201,0.0001221355395,321047,{"v":39.2157939209249,"d":"39.216"},{"v":0.0195,"d":"0.020"},0.003,{"v":5.33949273574176e-11,"d":"5.339E-11"},{"v":-1.0800064862399E-3,"d":"-0.001"},{"v":0.0102857760594276,"d":"0.010"},{"v":0.9166,"d":"0.917"}]
["FEV1/FVC","amygdala","rs330939","G","T",0.379,0.00025335925632,321047,{"v":81.3603358394366,"d":"81.360"},{"v":-0.0232,"d":"-0.023"},{"v":0.0025,"d":"0.003"},{"v":4.45964203179319E-21,"d":"4.460E-21"},{"v":1.74119206176078E-3,"d":"0.002"},{"v":0.00841155585391682,"d":"0.008"},{"v":0.8362,"d":"0.836"}]
["FEV1/FVC","amygdala","rs335651","C","T",0.42,1.03851552E-4,321047,{"v":33.3444843882944,"d":"33.344"},{"v":-0.0146,"d":"-0.015"},{"v":0.0024,"d":"0.002"},{"v":1.6100152882906e-09,"d":"1.610E-09"},{"v":-0.0090115194134797,"d":"-0.009"},{"v":0.00825987113976141,"d":"0.008"},{"v":0.2754,"d":"0.275"}]
["FEV1/FVC","amygdala","rs34624010","A","G",0.266,2.3057925912E-4,321047,{"v":74.0433911144463,"d":"74.043"},{"v":0.0243,"d":"0.024"},{"v":0.0027,"d":"0.003"},{"v":2.06015549032001e-19,"d":"2.060E-19"},{"v":-0.00409366901004744,"d":"-0.004"},{"v":0.00911730291770032,"d":"0.009"},{"v":0.6535,"d":"0.654"}]
["FEV1/FVC","amygdala","rs35195586","T","G",0.0662,0.0002058079661568,321047,{"v":66.0872197710999,"d":"66.087"},{"v":-0.0408,"d":"-0.041"},{"v":0.0048,"d":"0.005"},{"v":1.77010895831743e-17,"d":"1.770E-17"},{"v":0.0149665137523929,"d":"0.015"},{"v":0.0166850766470378,"d":"0.017"},{"v":0.3698,"d":"0.370"}]
["FEV1/FVC","amygdala","rs35246838","C","T",0.132,0.00034142731392,321047,{"v":109.650969833545,"d":"109.651"},{"v":-0.0386,"d":"-0.039"},{"v":0.0036,"d":"0.004"},{"v":1.39990962656834e-27,"d":"1.400E-27"},{"v":-0.01552319089673,"d":"-0.016"},{"v":0.0121559834743383,"d":"0.012"},{"v":0.2016,"d":"0.202"}]
["FEV1/FVC","amygdala","rs35320030","C","T",0.168,9.361916928e-05,321047,{"v":30.0587802795369,"d":"30.059"},{"v":-0.0183,"d":"-0.018"},{"v":0.0032,"d":"0.003"},{"v":8.4000138087988e-09,"d":"8.400E-09"},{"v":0.014028316180313,"d":"0.014"},{"v":0.010916977572228,"d":"0.011"},{"v":0.1987,"d":"0.199"}]
["FEV1/FVC","amygdala","rs35420030","C","T",0.053,0.00020327355,321047,{"v":65.2732251799523,"d":"65.273"},0.045,{"v":5.3E-3,"d":"0.005"},{"v":3.08034953654258e-17,"d":"3.080E-17"},{"v":-0.032397951002004,"d":"-0.032"},{"v":0.0205310209138175,"d":"0.021"},{"v":0.1146,"d":"0.115"}]
["FEV1/FVC","amygdala","rs35495115","T","A",0.135,9.9109278e-05,321047,{"v":31.8216919804269,"d":"31.822"},{"v":-0.0206,"d":"-0.021"},{"v":0.0035,"d":"0.004"},{"v":2.82000578994689e-09,"d":"2.820E-09"},{"v":0.00151217525941146,"d":"0.002"},{"v":0.0121949617694473,"d":"0.012"},{"v":0.9017,"d":"0.902"}]
["FEV1/FVC","amygdala","rs35506173","T","C",0.275,0.0002613248,321047,{"v":83.9189505189606,"d":"83.919"},{"v":0.0256,"d":"0.026"},{"v":0.0027,"d":"0.003"},{"v":1.79019359926501e-21,"d":"1.790E-21"},{"v":0.00307614052305716,"d":"0.003"},{"v":0.00918250902405121,"d":"0.009"},{"v":0.7374,"d":"0.737"}]
["FEV1/FVC","amygdala","rs36049816","C","T",0.624,0.00016762007808,321047,{"v":53.8226097172369,"d":"53.823"},{"v":0.0189,"d":"0.019"},{"v":0.0024,"d":"0.002"},{"v":1.21004076085696E-14,"d":"1.210E-14"},{"v":0.00605323343037738,"d":"0.006"},{"v":0.00839560808651509,"d":"0.008"},0.471]
["FEV1/FVC","amygdala","rs3732986","G","A",0.538,0.00012253313688,321047,{"v":39.3434718086561,"d":"39.343"},{"v":-0.0157,"d":"-0.016"},{"v":0.0024,"d":"0.002"},{"v":3.34965439157828e-11,"d":"3.350E-11"},{"v":-0.000548697996559656,"d":"-0.001"},{"v":0.00818952233671129,"d":"0.008"},{"v":0.9467,"d":"0.947"}]
["FEV1/FVC","amygdala","rs374597","T","C",0.477,0.0002525893875,321047,{"v":81.1130482051019,"d":"81.113"},{"v":0.0225,"d":"0.023"},{"v":0.0024,"d":"0.002"},{"v":2.38012628219499e-21,"d":"2.380E-21"},{"v":0.00358714683627182,"d":"0.004"},{"v":0.00815260644607232,"d":"0.008"},{"v":0.6597,"d":"0.660"}]
["FEV1/FVC","amygdala","rs3754512","T","C",0.523,0.000758890782,321047,{"v":243.823126230124,"d":"243.823"},-0.039,{"v":0.0024,"d":"0.002"},{"v":4.35010760630698e-61,"d":"4.350E-61"},{"v":-0.0109709200490434,"d":"-0.011"},{"v":0.00818114843329111,"d":"0.008"},{"v":0.18,"d":"0.180"}]
["FEV1/FVC","amygdala","rs377731","A","G",0.379,0.0001611032355,321047,{"v":51.729722066694,"d":"51.730"},{"v":-0.0185,"d":"-0.019"},{"v":0.0025,"d":"0.003"},{"v":5.12979488285858e-14,"d":"5.130E-14"},{"v":0.00786214462031743,"d":"0.008"},{"v":0.00840871082386891,"d":"0.008"},{"v":0.3497,"d":"0.350"}]
["FEV1/FVC","amygdala","rs3779505","A","G",0.101,0.00013933832942,321047,{"v":44.740107980548,"d":"44.740"},{"v":0.0277,"d":"0.028"},{"v":0.0039,"d":"0.004"},{"v":1.7298163592151e-12,"d":"1.730E-12"},{"v":-0.019123374724201,"d":"-0.019"},{"v":0.0134011035208136,"d":"0.013"},{"v":0.1537,"d":"0.154"}]
["FEV1/FVC","amygdala","rs4099470","T","C",0.0545,8.4889079555e-05,321047,{"v":27.2555282424403,"d":"27.256"},{"v":0.0287,"d":"0.029"},{"v":5.3E-3,"d":"0.005"},{"v":4.94003470541478e-08,"d":"4.940E-08"},{"v":-0.0201725266008284,"d":"-0.020"},{"v":0.0177575058105884,"d":"0.018"},0.256]
["FEV1/FVC","amygdala","rs4247294","A","G",0.44,8.98128e-05,321047,{"v":28.8365402664236,"d":"28.837"},{"v":-0.0135,"d":"-0.014"},{"v":0.0024,"d":"0.002"},{"v":1.58001059794135e-08,"d":"1.580E-08"},{"v":9.47058430635782E-3,"d":"0.009"},{"v":8.23529070118071E-3,"d":"0.008"},{"v":0.2501,"d":"0.250"}]
["FEV1/FVC","amygdala","rs4308141","G","C",0.199,0.00074680344288,321047,{"v":239.936696870706,"d":"239.937"},{"v":0.0484,"d":"0.048"},0.003,{"v":3.58013991843068e-59,"d":"3.580E-59"},{"v":-1.32945207432943E-3,"d":"-0.001"},{"v":0.0102265544179187,"d":"0.010"},{"v":0.8965,"d":"0.897"}]
["FEV1/FVC","amygdala","rs4353138","T","C",0.456,1.0575464448E-4,321047,{"v":33.9555907985146,"d":"33.956"},{"v":0.0146,"d":"0.015"},{"v":0.0024,"d":"0.002"},{"v":7.60991840137155e-10,"d":"7.610E-10"},{"v":-0.00884812739876487,"d":"-0.009"},{"v":0.00817756691198232,"d":"0.008"},{"v":0.2793,"d":"0.279"}]
["FEV1/FVC","amygdala","rs442217","C","G",0.332,9.715563008e-05,321047,{"v":31.1943599667311,"d":"31.194"},{"v":-0.0148,"d":"-0.015"},{"v":0.0025,"d":"0.003"},{"v":4.54004335334532e-09,"d":"4.540E-09"},{"v":0.00532774981926007,"d":"0.005"},{"v":0.00866300783619523,"d":"0.009"},{"v":0.5388,"d":"0.539"}]
["FEV1/FVC","amygdala","rs4438257","G","T",0.131,1.8884524032E-4,321047,{"v":60.6392716163556,"d":"60.639"},{"v":-0.0288,"d":"-0.029"},{"v":0.0035,"d":"0.004"},{"v":2.18021839718594e-16,"d":"2.180E-16"},{"v":0.00449194388733316,"d":"0.004"},{"v":0.0123066955817347,"d":"0.012"},{"v":0.7153,"d":"0.715"}]
["FEV1/FVC","amygdala","rs4478547","G","T",0.647,0.00017191447352,321047,{"v":55.2017721348223,"d":"55.202"},{"v":-0.0194,"d":"-0.019"},{"v":0.0025,"d":"0.003"},{"v":8.000184448551e-15,"d":"8.000E-15"},{"v":0.000822064721878241,"d":"0.001"},{"v":0.00847489403998187,"d":"0.008"},{"v":0.9226,"d":"0.923"}]
["FEV1/FVC","amygdala","rs4721457","C","T",0.151,1.5264911328E-4,321047,{"v":49.0147166260082,"d":"49.015"},{"v":-0.0244,"d":"-0.024"},{"v":3.3E-3,"d":"0.003"},{"v":1.7298163592151E-13,"d":"1.730E-13"},{"v":-0.00792635956019629,"d":"-0.008"},{"v":0.0114377482831115,"d":"0.011"},0.488]
["FEV1/FVC","amygdala","rs4848578","T","C",0.788,9.999638048e-05,321047,{"v":32.1065485098423,"d":"32.107"},{"v":-0.0173,"d":"-0.017"},{"v":0.0029,"d":"0.003"},{"v":2.83002322734476E-9,"d":"2.830E-09"},{"v":0.0146845042709365,"d":"0.015"},{"v":0.00989521851141272,"d":"0.010"},{"v":0.1377,"d":"0.138"}]
["FEV1/FVC","amygdala","rs4854343","A","G",0.828,9.2285568e-05,321047,{"v":29.6305546511261,"d":"29.631"},0.018,{"v":0.0031,"d":"0.003"},{"v":8.15999701715927e-09,"d":"8.160E-09"},{"v":0.0200944958739324,"d":"0.020"},{"v":0.0108326123309609,"d":"0.011"},{"v":0.06353,"d":"0.064"}]
["FEV1/FVC","amygdala","rs4884168","G","A",0.361,8.913897918e-05,321047,{"v":28.6201747440037,"d":"28.620"},{"v":-0.0139,"d":"-0.014"},{"v":0.0025,"d":"0.003"},{"v":2.56998151730474e-08,"d":"2.570E-08"},{"v":2.80289161809507E-3,"d":"0.003"},{"v":0.00844244463281647,"d":"0.008"},{"v":0.7401,"d":"0.740"}]
["FEV1/FVC","amygdala","rs4886509","A","C",0.669,0.00027901756878,321047,{"v":89.6021959558481,"d":"89.602"},{"v":0.0251,"d":"0.025"},{"v":0.0025,"d":"0.003"},{"v":6.09958095872238e-23,"d":"6.100E-23"},{"v":0.000617111742339483,"d":"0.001"},{"v":0.00869171468083779,"d":"0.009"},{"v":0.9434,"d":"0.943"}]
["FEV1/FVC","amygdala","rs4982712","G","A",0.603,0.00017102571822,321047,{"v":54.9163438130825,"d":"54.916"},{"v":0.0189,"d":"0.019"},{"v":0.0024,"d":"0.002"},{"v":6.51928549134064e-15,"d":"6.519E-15"},{"v":0.0070744986340027,"d":"0.007"},{"v":0.00822616120232872,"d":"0.008"},{"v":0.3899,"d":"0.390"}]
["FEV1/FVC","amygdala","rs5027392","A","G",0.389,1.0272011022E-4,321047,{"v":32.981165614547,"d":"32.981"},{"v":0.0147,"d":"0.015"},{"v":0.0025,"d":"0.003"},{"v":2.10998807108148e-09,"d":"2.110E-09"},{"v":-7.870297390672E-3,"d":"-0.008"},{"v":0.00839946359730202,"d":"0.008"},{"v":0.3486,"d":"0.349"}]
["FEV1/FVC","amygdala","rs55703445","T","C",0.219,0.0002586964875,321047,{"v":83.0747049638117,"d":"83.075"},{"v":-0.0275,"d":"-0.028"},{"v":0.0029,"d":"0.003"},{"v":1.69980851320349e-21,"d":"1.700E-21"},{"v":-0.00936940502841033,"d":"-0.009"},{"v":0.00989377510919781,"d":"0.010"},{"v":0.3435,"d":"0.344"}]
["FEV1/FVC","amygdala","rs55966786","A","G",0.0723,{"$f":"2*F4805*(1-F4805)*J4805*J4805","v":1.1281629822E-4},321047,{"$f":"G4805/(1-G4805)*(H4805-2)","v":{"v":36.2231950288128,"d":"36.223"}},-0.029,{"v":0.0046,"d":"0.005"},{"v":3.84999353294714e-10,"d":"3.850E-10"},{"v":0.00830807470028182,"d":"0.008"},{"v":0.0153003217316424,"d":"0.015"},{"v":0.5874,"d":"0.587"}]
["FEV1/FVC","amygdala","rs56077333","A","C",0.324,8.957643552e-05,321047,{"v":28.7606430174032,"d":"28.761"},{"v":-0.0143,"d":"-0.014"},{"v":0.0026,"d":"0.003"},{"v":2.21998479543701e-08,"d":"2.220E-08"},{"v":-0.00430502546916492,"d":"-0.004"},{"v":0.00875005176659536,"d":"0.009"},{"v":0.6225,"d":"0.623"}]
["FEV1/FVC","amygdala","rs567508","A","G",0.842,0.00013350428672,321047,{"v":42.8666066057614,"d":"42.867"},{"v":0.0224,"d":"0.022"},{"v":3.3E-3,"d":"0.003"},{"v":1.58015612899719e-11,"d":"1.580E-11"},{"v":-0.000688239383320549,"d":"-0.001"},{"v":0.0111006352148476,"d":"0.011"},{"v":0.9506,"d":"0.951"}]
["FEV1/FVC","amygdala","rs56919232","C","T",0.214,1.0420574208E-4,321047,{"v":33.4582190046137,"d":"33.458"},{"v":0.0176,"d":"0.018"},{"v":0.0029,"d":"0.003"},{"v":1.63000899120869e-09,"d":"1.630E-09"},{"v":0.00962756899115383,"d":"0.010"},{"v":0.00990490636949982,"d":"0.010"},{"v":0.3312,"d":"0.331"}]
["FEV1/FVC","amygdala","rs57347370","T","G",0.257,9.7766912E-5,321047,{"v":31.3906472296853,"d":"31.391"},0.016,{"v":0.0027,"d":"0.003"},{"v":4.97004132695834e-09,"d":"4.970E-09"},{"v":0.00371195173127228,"d":"0.004"},{"v":0.009210798340626,"d":"0.009"},{"v":0.6866,"d":"0.687"}]
["FEV1/FVC","amygdala","rs5748428","T","G",0.222,1.0944667488E-4,321047,{"v":35.1411538192866,"d":"35.141"},{"v":0.0178,"d":"0.018"},{"v":2.8E-3,"d":"0.003"},{"v":3.79996853036855e-10,"d":"3.800E-10"},{"v":0.011346088240638,"d":"0.011"},{"v":0.00985759186849523,"d":"0.010"},{"v":0.2498,"d":"0.250"}]
["FEV1/FVC","amygdala","rs5758000","T","C",0.645,1.05804768E-4,321047,{"v":33.9716861089273,"d":"33.972"},{"v":0.0152,"d":"0.015"},{"v":0.0025,"d":"0.003"},{"v":7.299951924762e-10,"d":"7.300E-10"},{"v":-0.00970717541802264,"d":"-0.010"},{"v":0.00849271690115717,"d":"0.008"},{"v":0.2531,"d":"0.253"}]
["FEV1/FVC","amygdala","rs58095595","A","G",0.172,1.0500046848E-4,321047,{"v":33.7134153275651,"d":"33.713"},{"v":0.0192,"d":"0.019"},{"v":0.0032,"d":"0.003"},{"v":2.10998807108148e-09,"d":"2.110E-09"},{"v":-0.00831765620129546,"d":"-0.008"},{"v":0.010528678735817,"d":"0.011"},{"v":0.4294,"d":"0.429"}]
["FEV1/FVC","amygdala","rs58769314","C","T",0.266,1.1822414688E-4,321047,{"v":37.9597589952126,"d":"37.960"},{"v":-0.0174,"d":"-0.017"},{"v":0.0027,"d":"0.003"},{"v":1.13998726556998E-10,"d":"1.140E-10"},{"v":0.00474516077226558,"d":"0.005"},{"v":0.00923183029623654,"d":"0.009"},{"v":0.6071,"d":"0.607"}]
["FEV1/FVC","amygdala","rs594476","C","G",0.707,0.00013723339448,321047,{"v":44.0641422026409,"d":"44.064"},{"v":0.0182,"d":"0.018"},{"v":0.0026,"d":"0.003"},{"v":5.50047252867633E-12,"d":"5.500E-12"},{"v":0.00630487303124275,"d":"0.006"},{"v":0.00908483145712211,"d":"0.009"},{"v":0.4874,"d":"0.487"}]
["FEV1/FVC","amygdala","rs60568503","A","G",0.376,0.00028628351232,321047,{"v":91.9362100338923,"d":"91.936"},{"v":0.0247,"d":"0.025"},{"v":0.0025,"d":"0.003"},{"v":1.26998911891811E-23,"d":"1.270E-23"},{"v":-0.0119405794805861,"d":"-0.012"},{"v":0.00842071895668981,"d":"0.008"},{"v":0.1563,"d":"0.156"}]
["FEV1/FVC","amygdala","rs61147355","A","G",0.141,0.00019537948128,321047,{"v":62.7378632587177,"d":"62.738"},{"v":0.0284,"d":"0.028"},{"v":0.0034,"d":"0.003"},{"v":1.53992652605949E-16,"d":"1.540E-16"},{"v":0.00604827108180993,"d":"0.006"},{"v":0.0116537015063775,"d":"0.012"},{"v":0.6038,"d":"0.604"}]
["FEV1/FVC","amygdala","rs6119231","A","G",0.169,1.5776636382E-4,321047,{"v":50.658094415946,"d":"50.658"},{"v":-0.0237,"d":"-0.024"},{"v":0.0032,"d":"0.003"},{"v":6.29941180548559e-14,"d":"6.299E-14"},{"v":0.00606913125407718,"d":"0.006"},{"v":0.0107799844655012,"d":"0.011"},{"v":0.5733,"d":"0.573"}]
["FEV1/FVC","amygdala","rs6132863","A","G",0.18,9.0405e-05,321047,{"v":29.026697383577,"d":"29.027"},{"v":-0.0175,"d":"-0.018"},{"v":0.0031,"d":"0.003"},{"v":1.32999497464925e-08,"d":"1.330E-08"},{"v":0.00758295183258479,"d":"0.008"},{"v":0.010680213848711,"d":"0.011"},{"v":0.4777,"d":"0.478"}]
["FEV1/FVC","amygdala","rs6134919","T","C",0.416,9.119631872e-05,321047,{"v":29.2807924439425,"d":"29.281"},{"v":-0.0137,"d":"-0.014"},{"v":0.0024,"d":"0.002"},{"v":9.45997524641149e-09,"d":"9.460E-09"},{"v":1.6395693631041E-3,"d":"0.002"},{"v":0.00828065334901061,"d":"0.008"},{"v":0.8427,"d":"0.843"}]
["FEV1/FVC","amygdala","rs61603681","A","T",0.349,1.3442910432E-4,321047,{"v":43.1635942397273,"d":"43.164"},{"v":0.0172,"d":"0.017"},{"v":0.0025,"d":"0.003"},{"v":3.17980142769152E-12,"d":"3.180E-12"},{"v":0.00511687405082216,"d":"0.005"},{"v":0.00854236068584668,"d":"0.009"},{"v":0.5495,"d":"0.550"}]
["FEV1/FVC","amygdala","rs61764202","T","C",0.327,1.1838059232E-4,321047,{"v":38.0099969073224,"d":"38.010"},{"v":0.0164,"d":"0.016"},{"v":0.0025,"d":"0.003"},{"v":1.09999319893519e-10,"d":"1.100E-10"},{"v":0.0165731563415013,"d":"0.017"},{"v":0.00865438973446546,"d":"0.009"},{"v":0.05545,"d":"0.055"}]
["FEV1/FVC","amygdala","rs61963203","G","T",0.021,1.0990389102E-4,321047,{"v":35.2879729780524,"d":"35.288"},{"v":0.0517,"d":"0.052"},{"v":0.0084,"d":"0.008"},{"v":9.45997524641149e-10,"d":"9.460E-10"},{"v":0.0191689009443367,"d":"0.019"},{"v":0.0288688267233986,"d":"0.029"},0.507]
["FEV1/FVC","amygdala","rs62092156","A","G",0.0942,1.100983088352E-4,321047,{"v":35.3504035796475,"d":"35.350"},{"v":0.0254,"d":"0.025"},{"v":0.0041,"d":"0.004"},{"v":4.06003708025499e-10,"d":"4.060E-10"},{"v":-0.0230712959051594,"d":"-0.023"},{"v":0.0139235340405307,"d":"0.014"},{"v":0.09747,"d":"0.097"}]
["FEV1/FVC","amygdala","rs62201738","C","A",0.078,0.00079402311768,321047,{"v":255.119722773234,"d":"255.120"},{"v":0.0743,"d":"0.074"},{"v":0.0044,"d":"0.004"},{"v":9.449307890343e-63,"d":"9.449E-63"},{"v":0.00457774686977349,"d":"0.005"},{"v":0.0158399545666903,"d":"0.016"},{"v":0.7724,"d":"0.772"}]
["FEV1/FVC","amygdala","rs62283793","T","C",0.053,1.16041592E-4,321047,{"v":37.2588964853043,"d":"37.259"},0.034,{"v":5.3E-3,"d":"0.005"},{"v":2.06999835343168E-10,"d":"2.070E-10"},{"v":1.75310596603595E-3,"d":"0.002"},{"v":0.0178888363881219,"d":"0.018"},{"v":0.9218,"d":"0.922"}]
["FEV1/FVC","amygdala","rs62289340","T","C",0.436,1.3716033312E-4,321047,{"v":44.04067978082,"d":"44.041"},{"v":0.0167,"d":"0.017"},{"v":0.0024,"d":"0.002"},{"v":2.35993477555164e-12,"d":"2.360E-12"},{"v":0.013941291313731,"d":"0.014"},{"v":0.00823466704886652,"d":"0.008"},{"v":0.09036,"d":"0.090"}]
["FEV1/FVC","amygdala","rs62316310","A","G",0.26,2.84690432E-4,321047,{"v":91.424467412563,"d":"91.424"},{"v":0.0272,"d":"0.027"},{"v":0.0027,"d":"0.003"},{"v":2.23975234517842e-23,"d":"2.240E-23"},{"v":0.00280512267336874,"d":"0.003"},{"v":0.00935040891122915,"d":"0.009"},{"v":0.7639,"d":"0.764"}]
["FEV1/FVC","amygdala","rs62321845","G","A",0.194,0.00016399769048,321047,{"v":52.6592745395584,"d":"52.659"},{"v":-0.0229,"d":"-0.023"},0.003,{"v":3.3296608520688e-14,"d":"3.330E-14"},{"v":-0.00359855466214876,"d":"-0.004"},{"v":0.0105220896554057,"d":"0.011"},{"v":0.7325,"d":"0.733"}]
["FEV1/FVC","amygdala","rs62394997","A","G",0.0598,9.98582508768e-05,321047,{"v":32.0621938273371,"d":"32.062"},{"v":0.0298,"d":"0.030"},{"v":0.0051,"d":"0.005"},{"v":4.90004422793237e-09,"d":"4.900E-09"},{"v":5.58965941130188E-3,"d":"0.006"},{"v":0.017146194513196,"d":"0.017"},{"v":0.7445,"d":"0.745"}]
["FEV1/FVC","amygdala","rs631126","C","T",0.75,0.00024576,321047,{"v":78.9194144352916,"d":"78.919"},{"v":0.0256,"d":"0.026"},{"v":0.0027,"d":"0.003"},{"v":7.23935710242304e-21,"d":"7.239E-21"},{"v":0.0064270807186854,"d":"0.006"},{"v":0.00945158929218441,"d":"0.009"},{"v":0.4966,"d":"0.497"}]
["FEV1/FVC","amygdala","rs6433079","C","A",0.239,1.8089321582E-4,321047,{"v":58.085369722253,"d":"58.085"},{"v":0.0223,"d":"0.022"},{"v":2.8E-3,"d":"0.003"},{"v":1.50003019045595E-15,"d":"1.500E-15"},{"v":-0.00225609078770587,"d":"-0.002"},{"v":0.00955970672756726,"d":"0.010"},{"v":0.8132,"d":"0.813"}]
["FEV1/FVC","amygdala","rs659398","C","T",0.728,2.5550400512E-4,321047,{"v":82.049247235036,"d":"82.049"},{"v":0.0254,"d":"0.025"},{"v":0.0027,"d":"0.003"},{"v":5.08042447994844e-21,"d":"5.080E-21"},{"v":0.00260581994653342,"d":"0.003"},{"v":0.00914322788257339,"d":"0.009"},{"v":0.7755,"d":"0.776"}]
["FEV1/FVC","amygdala","rs6676141","C","T",0.205,2.27174112E-4,321047,{"v":72.9496850669658,"d":"72.950"},{"v":0.0264,"d":"0.026"},0.003,{"v":4.1696538224499e-19,"d":"4.170E-19"},{"v":0.00440210453335576,"d":"0.004"},{"v":0.0100275729689197,"d":"0.010"},{"v":0.6606,"d":"0.661"}]
["FEV1/FVC","amygdala","rs6722557","C","G",0.256,1.5852699648E-4,321047,{"v":50.9023689845904,"d":"50.902"},{"v":-0.0204,"d":"-0.020"},{"v":0.0027,"d":"0.003"},{"v":8.05007636108061e-14,"d":"8.050E-14"},{"v":-0.00883085124521437,"d":"-0.009"},{"v":0.00929563288969934,"d":"0.009"},{"v":0.3421,"d":"0.342"}]
["FEV1/FVC","amygdala","rs6769798","G","A",0.168,1.0521219072E-4,321047,{"v":33.7814019850108,"d":"33.781"},{"v":-0.0194,"d":"-0.019"},{"v":3.3E-3,"d":"0.003"},{"v":4.20000686246632E-9,"d":"4.200E-09"},{"v":-0.0121682143143053,"d":"-0.012"},{"v":0.0108936565034067,"d":"0.011"},{"v":0.2639,"d":"0.264"}]
["FEV1/FVC","amygdala","rs6809164","G","T",0.271,2.1266831232E-4,321047,{"v":68.2906215800131,"d":"68.291"},{"v":-0.0232,"d":"-0.023"},{"v":0.0027,"d":"0.003"},{"v":5.26017266390706e-18,"d":"5.260E-18"},{"v":-0.00411917179436233,"d":"-0.004"},{"v":0.00915371509858294,"d":"0.009"},{"v":0.6528,"d":"0.653"}]
["FEV1/FVC","amygdala","rs6907678","C","T",0.607,0.00013147022712,321047,{"v":42.2134088721923,"d":"42.213"},{"v":0.0166,"d":"0.017"},{"v":0.0024,"d":"0.002"},{"v":6.20011864208725e-12,"d":"6.200E-12"},{"v":-0.00396895274033591,"d":"-0.004"},{"v":0.00832065564011722,"d":"0.008"},{"v":0.6336,"d":"0.634"}]
["FEV1/FVC","amygdala","rs7046050","C","G",0.709,9.284355e-05,321047,{"v":29.8097251504575,"d":"29.810"},-0.015,{"v":0.0026,"d":"0.003"},{"v":1.4100028808959e-08,"d":"1.410E-08"},{"v":0.00293827215818283,"d":"0.003"},{"v":0.00864197693583186,"d":"0.009"},{"v":0.7341,"d":"0.734"}]
["FEV1/FVC","amygdala","rs7048006","C","T",0.413,9.639541422e-05,321047,{"v":30.9502492203537,"d":"30.950"},{"v":-0.0141,"d":"-0.014"},{"v":0.0024,"d":"0.002"},{"v":7.00003159130898e-09,"d":"7.000E-09"},{"v":-0.00699223563685699,"d":"-0.007"},{"v":0.00829446694763581,"d":"0.008"},{"v":0.3993,"d":"0.399"}]
["FEV1/FVC","amygdala","rs7093310","T","C",0.902,2.04371552E-4,321047,{"v":65.6258769741686,"d":"65.626"},0.034,0.004,{"v":2.13993213245595e-17,"d":"2.140E-17"},{"v":0.00387723918652014,"d":"0.004"},{"v":0.0138472828090005,"d":"0.014"},{"v":0.7791,"d":"0.779"}]
["FEV1/FVC","amygdala","rs7118465","T","C",0.681,0.00026938070478,321047,{"v":86.5066315834792,"d":"86.507"},{"v":-0.0249,"d":"-0.025"},{"v":0.0026,"d":"0.003"},{"v":2.08977726445704e-22,"d":"2.090E-22"},{"v":3.16091116124268E-3,"d":"0.003"},{"v":0.0087559865962401,"d":"0.009"},{"v":0.7183,"d":"0.718"}]
["FEV1/FVC","amygdala","rs7139311","T","C",0.535,1.14953952E-4,321047,{"v":36.9096344281844,"d":"36.910"},{"v":0.0152,"d":"0.015"},{"v":0.0024,"d":"0.002"},{"v":1.45000667005009e-10,"d":"1.450E-10"},{"v":0.00829230643433241,"d":"0.008"},{"v":0.00819397869005179,"d":"0.008"},{"v":0.3114,"d":"0.311"}]
["FEV1/FVC","amygdala","rs7155530","A","G",0.398,9.936525312e-05,321047,{"v":31.9038878257997,"d":"31.904"},{"v":-0.0144,"d":"-0.014"},{"v":0.0024,"d":"0.002"},{"v":2.60999695102702e-09,"d":"2.610E-09"},{"v":4.09032425486886E-4,"d":"0.000"},{"v":0.00834760052014054,"d":"0.008"},{"v":0.9605,"d":"0.961"}]
["FEV1/FVC","amygdala","rs72651496","A","G",0.263,1.1072014382E-4,321047,{"v":35.5500846831808,"d":"35.550"},{"v":-0.0169,"d":"-0.017"},{"v":0.0027,"d":"0.003"},{"v":2.78997299740827e-10,"d":"2.790E-10"},{"v":0.00615431702376071,"d":"0.006"},{"v":0.00925461206580557,"d":"0.009"},{"v":0.5058,"d":"0.506"}]
["FEV1/FVC","amygdala","rs72673442","C","T",0.049,0.00024910800222,321047,{"v":79.9948059190104,"d":"79.995"},{"v":-0.0517,"d":"-0.052"},{"v":0.0055,"d":"0.006"},{"v":8.80035111687326e-21,"d":"8.800E-21"},{"v":-0.00513582978637846,"d":"-0.005"},{"v":0.0195278699101843,"d":"0.020"},{"v":0.7925,"d":"0.793"}]
["FEV1/FVC","amygdala","rs72692823","C","T",0.149,1.065745595E-4,321047,{"v":34.2188763163475,"d":"34.219"},{"v":0.0205,"d":"0.021"},{"v":0.0034,"d":"0.003"},{"v":9.34996531931504e-10,"d":"9.350E-10"},{"v":-0.00284956944525433,"d":"-0.003"},{"v":0.0113078152589458,"d":"0.011"},{"v":0.8011,"d":"0.801"}]
["FEV1/FVC","amygdala","rs7307510","C","T",0.813,0.00058599132702,321047,{"v":188.239892527556,"d":"188.240"},{"v":-0.0439,"d":"-0.044"},{"v":0.0031,"d":"0.003"},{"v":1.44012437117557e-46,"d":"1.440E-46"},{"v":-0.00697917979722804,"d":"-0.007"},{"v":0.0103548661679941,"d":"0.010"},{"v":0.5005,"d":"0.501"}]
["FEV1/FVC","amygdala","rs73158393","G","C",0.257,1.604943155E-4,321047,{"v":51.5341684607895,"d":"51.534"},{"v":0.0205,"d":"0.021"},{"v":0.0027,"d":"0.003"},{"v":3.55959018006082E-14,"d":"3.560E-14"},{"v":-0.00697846215799704,"d":"-0.007"},{"v":0.00937965343816806,"d":"0.009"},{"v":0.4571,"d":"0.457"}]
["FEV1/FVC","amygdala","rs73158411","A","G",0.368,0.000246065408,321047,{"v":79.0175123877848,"d":"79.018"},0.023,{"v":0.0025,"d":"0.003"},{"v":1.40993794935872E-20,"d":"1.410E-20"},{"v":0.00170509317911072,"d":"0.002"},{"v":8.48305064234188E-3,"d":"0.008"},{"v":0.8405,"d":"0.841"}]
["FEV1/FVC","amygdala","rs73182224","A","G",0.239,0.00014117084222,321047,{"v":45.3285921160456,"d":"45.329"},{"v":-0.0197,"d":"-0.020"},{"v":0.0029,"d":"0.003"},{"v":2.0100182471137e-11,"d":"2.010E-11"},{"v":-0.0032845566984545,"d":"-0.003"},{"v":0.0100445158974144,"d":"0.010"},{"v":0.7436,"d":"0.744"}]
["FEV1/FVC","amygdala","rs74001718","T","A",0.044,9.497714688e-05,321047,{"v":30.4948344324586,"d":"30.495"},{"v":-0.0336,"d":"-0.034"},{"v":0.0058,"d":"0.006"},{"v":8.23000312277345e-09,"d":"8.230E-09"},{"v":0.0137853073289928,"d":"0.014"},{"v":0.0196652030370795,"d":"0.020"},{"v":0.4833,"d":"0.483"}]
["FEV1/FVC","amygdala","rs7401714","G","A",0.574,0.00012676613208,321047,{"v":40.7027926092075,"d":"40.703"},{"v":-0.0161,"d":"-0.016"},{"v":0.0024,"d":"0.002"},{"v":1.67996409548482E-11,"d":"1.680E-11"},{"v":-0.00097750677468564,"d":"-0.001"},{"v":0.00821434264441714,"d":"0.008"},{"v":0.9056,"d":"0.906"}]
["FEV1/FVC","amygdala","rs7426380","G","A",0.449,2.3085295488E-4,321047,{"v":74.1313003291797,"d":"74.131"},{"v":0.0216,"d":"0.022"},{"v":0.0024,"d":"0.002"},{"v":2.0100182471137e-19,"d":"2.010E-19"},{"v":0.00603129818816553,"d":"0.006"},{"v":0.008172490769872,"d":"0.008"},{"v":0.4605,"d":"0.461"}]
["FEV1/FVC","amygdala","rs751859","A","T",0.21,1.94315352E-4,321047,{"v":62.3960967023341,"d":"62.396"},{"v":0.0242,"d":"0.024"},{"v":0.0029,"d":"0.003"},{"v":8.77000821143638e-17,"d":"8.770E-17"},{"v":0.0106060249905291,"d":"0.011"},{"v":0.00973029815644872,"d":"0.010"},{"v":0.2759,"d":"0.276"}]
["FEV1/FVC","amygdala","rs755249","T","C",0.233,2.0416302062E-4,321047,{"v":65.558901658339,"d":"65.559"},{"v":-0.0239,"d":"-0.024"},{"v":2.8E-3,"d":"0.003"},{"v":9.81974024865489e-18,"d":"9.820E-18"},{"v":-0.00748970780634498,"d":"-0.007"},{"v":0.0095776314659143,"d":"0.010"},{"v":0.4344,"d":"0.434"}]
["FEV1/FVC","amygdala","rs7565460","T","C",0.45,1.026432E-4,321047,{"v":32.9564689014287,"d":"32.956"},{"v":0.0144,"d":"0.014"},{"v":0.0024,"d":"0.002"},{"v":1.15000571869924e-09,"d":"1.150E-09"},{"v":-0.00373747611851687,"d":"-0.004"},{"v":0.00825049915787388,"d":"0.008"},{"v":0.6508,"d":"0.651"}]
["FEV1/FVC","amygdala","rs75928020","A","G",0.219,0.00010238052462,321047,{"v":32.8721209916204,"d":"32.872"},{"v":-0.0173,"d":"-0.017"},{"v":0.0029,"d":"0.003"},{"v":1.70000422215636e-09,"d":"1.700E-09"},{"v":0.00443996687242919,"d":"0.004"},{"v":0.00988856764460844,"d":"0.010"},{"v":0.6537,"d":"0.654"}]
["FEV1/FVC","amygdala","rs7634731","G","A",0.264,2.1827722752E-4,321047,{"v":70.0921120210414,"d":"70.092"},{"v":0.0237,"d":"0.024"},{"v":0.0027,"d":"0.003"},{"v":2.18021839718594e-18,"d":"2.180E-18"},{"v":-0.00655324994884944,"d":"-0.007"},{"v":0.00919109389740454,"d":"0.009"},{"v":0.4758,"d":"0.476"}]
["FEV1/FVC","amygdala","rs764688","C","T",0.714,9.312110808e-05,321047,{"v":29.8988503576192,"d":"29.899"},{"v":0.0151,"d":"0.015"},{"v":0.0026,"d":"0.003"},{"v":8.34007584215871e-09,"d":"8.340E-09"},{"v":0.0111281683813421,"d":"0.011"},{"v":0.00910652077032908,"d":"0.009"},{"v":0.2217,"d":"0.222"}]
["FEV1/FVC","amygdala","rs76525968","T","G",0.268,1.201578E-4,321047,{"v":38.5806966726347,"d":"38.581"},{"v":-0.0175,"d":"-0.018"},{"v":0.0027,"d":"0.003"},{"v":8.02971257669863e-11,"d":"8.030E-11"},{"v":-0.0148614303013328,"d":"-0.015"},{"v":0.00921924956658359,"d":"0.009"},{"v":0.1069,"d":"0.107"}]
["FEV1/FVC","amygdala","rs7733410","A","G",0.441,0.0012573701595,321047,{"v":404.180607491586,"d":"404.181"},{"v":0.0505,"d":"0.051"},{"v":0.0024,"d":"0.002"},{"v":1.55991164440755E-96,"d":"1.560E-96"},{"v":0.0130633667180345,"d":"0.013"},{"v":0.00821595391071353,"d":"0.008"},{"v":0.1118,"d":"0.112"}]
["FEV1/FVC","amygdala","rs7784940","G","T",0.204,9.832675968e-05,321047,{"v":31.5704187784458,"d":"31.570"},{"v":-0.0174,"d":"-0.017"},{"v":0.0029,"d":"0.003"},{"v":3.16002122743251e-09,"d":"3.160E-09"},{"v":0.0156812424487686,"d":"0.016"},{"v":0.0101365497406391,"d":"0.010"},{"v":0.1219,"d":"0.122"}]
["FEV1/FVC","amygdala","rs78227763","T","C",0.0315,0.0001347832395,321047,{"v":43.277318182419,"d":"43.277"},0.047,{"v":0.0069,"d":"0.007"},{"v":8.64967918775692e-12,"d":"8.650E-12"},{"v":-0.0303439135236437,"d":"-0.030"},{"v":0.0234860011792908,"d":"0.023"},{"v":0.1962,"d":"0.196"}]
["FEV1/FVC","amygdala","rs78442819","C","G",0.2,4.0328E-4,321047,{"v":129.523261740995,"d":"129.523"},{"v":-0.0355,"d":"-0.036"},{"v":0.0031,"d":"0.003"},{"v":2.25009057227931e-31,"d":"2.250E-31"},{"v":-0.00979305914754617,"d":"-0.010"},{"v":0.0102976436882715,"d":"0.010"},{"v":0.3415,"d":"0.342"}]
["FEV1/FVC","amygdala","rs7896518","G","A",0.427,1.2684233982E-4,321047,{"v":40.72726492909,"d":"40.727"},{"v":-0.0161,"d":"-0.016"},{"v":0.0024,"d":"0.002"},{"v":3.71022288617465E-11,"d":"3.710E-11"},{"v":0.00618912430850015,"d":"0.006"},{"v":0.00823021849534594,"d":"0.008"},{"v":0.4518,"d":"0.452"}]
["FEV1/FVC","amygdala","rs7974933","G","A",0.143,0.000129658958,321047,{"v":41.6317581014851,"d":"41.632"},0.023,{"v":0.0034,"d":"0.003"},{"v":2.53980281377282e-11,"d":"2.540E-11"},{"v":1.26342501776818E-4,"d":"0.000"},{"v":0.0114856819797107,"d":"0.011"},{"v":0.9911,"d":"0.991"}]
["FEV1/FVC","amygdala","rs8068952","C","G",0.784,0.000275099328,321047,{"v":88.3435670136786,"d":"88.344"},{"v":-0.0285,"d":"-0.029"},{"v":0.0029,"d":"0.003"},{"v":1.21004076085695e-22,"d":"1.210E-22"},{"v":5.03491045793275E-3,"d":"0.005"},{"v":0.00960860774414648,"d":"0.010"},{"v":0.5999,"d":"0.600"}]
["FEV1/FVC","amygdala","rs8080108","C","T",0.311,1.0698521912E-4,321047,{"v":34.3507446943285,"d":"34.351"},{"v":-0.0158,"d":"-0.016"},{"v":0.0026,"d":"0.003"},{"v":1e-09,"d":"1.000E-09"},{"v":-0.0136543115818125,"d":"-0.014"},{"v":0.00883774212415051,"d":"0.009"},{"v":0.1224,"d":"0.122"}]
["FEV1/FVC","amygdala","rs8089099","A","G",0.275,{"$f":"2*F4869*(1-F4869)*J4869*J4869","v":0.0002202096875},321047,{"$f":"G4869/(1-G4869)*(H4869-2)","v":{"v":70.7127907649941,"d":"70.713"}},{"v":0.0235,"d":"0.024"},{"v":0.0027,"d":"0.003"},{"v":1.51984745292848E-18,"d":"1.520E-18"},{"v":1.77644013600818E-3,"d":"0.002"},{"v":0.00915690791756796,"d":"0.009"},{"v":0.8458,"d":"0.846"}]
["FEV1/FVC","amygdala","rs811075","C","G",0.351,9.447280128e-05,321047,{"v":30.3328861196602,"d":"30.333"},{"v":0.0144,"d":"0.014"},{"v":0.0025,"d":"0.003"},{"v":9.21000784234801e-09,"d":"9.210E-09"},{"v":0.00758447755811978,"d":"0.008"},{"v":0.00847427660125115,"d":"0.008"},{"v":0.3707,"d":"0.371"}]
["FEV1/FVC","amygdala","rs838327","G","A",0.25,8.550375e-05,321047,{"v":27.452898744541,"d":"27.453"},{"v":-0.0151,"d":"-0.015"},{"v":2.8E-3,"d":"0.003"},{"v":4.29002674812652e-08,"d":"4.290E-08"},{"v":-0.0130598202811151,"d":"-0.013"},{"v":0.00939555415907564,"d":"0.009"},{"v":0.1644,"d":"0.164"}]
["FEV1/FVC","amygdala","rs840467","C","T",0.812,0.00027661572512,321047,{"v":88.8306674306346,"d":"88.831"},{"v":-0.0301,"d":"-0.030"},{"v":0.0031,"d":"0.003"},{"v":1.61994399390362e-22,"d":"1.620E-22"},{"v":7.48788155506368E-3,"d":"0.007"},{"v":0.0104433494491823,"d":"0.010"},{"v":0.4735,"d":"0.474"}]
["FEV1/FVC","amygdala","rs898614","T","C",0.648,0.00010401633792,321047,{"v":33.397399082675,"d":"33.397"},{"v":0.0151,"d":"0.015"},{"v":0.0025,"d":"0.003"},{"v":1.55998348264765e-09,"d":"1.560E-09"},{"v":-1.77367886153589E-3,"d":"-0.002"},{"v":0.00852730221892255,"d":"0.009"},{"v":0.8354,"d":"0.835"}]
["FEV1/FVC","amygdala","rs911930","G","T",0.694,1.1845239192E-4,321047,{"v":38.0330532700883,"d":"38.033"},{"v":0.0167,"d":"0.017"},{"v":0.0026,"d":"0.003"},{"v":1.29998996537545e-10,"d":"1.300E-10"},{"v":0.0062353640416693,"d":"0.006"},{"v":0.00880701135828997,"d":"0.009"},{"v":0.4791,"d":"0.479"}]
["FEV1/FVC","amygdala","rs9295562","T","C",0.306,1.0737548568E-4,321047,{"v":34.4760646843254,"d":"34.476"},{"v":-0.0159,"d":"-0.016"},{"v":0.0026,"d":"0.003"},{"v":5.37997180932844E-10,"d":"5.380E-10"},{"v":0.00388239795624416,"d":"0.004"},{"v":0.00884373110761768,"d":"0.009"},{"v":0.6607,"d":"0.661"}]
["FEV1/FVC","amygdala","rs9321207","G","A",0.581,1.1397327102E-4,321047,{"v":36.5947196145124,"d":"36.595"},{"v":0.0153,"d":"0.015"},{"v":0.0024,"d":"0.002"},{"v":2.39999313805789e-10,"d":"2.400E-10"},{"v":0.00140406178813875,"d":"0.001"},{"v":0.00825918698905147,"d":"0.008"},{"v":0.8646,"d":"0.865"}]
["FEV1/FVC","amygdala","rs9333118","A","C",0.094,0.00012881055,321047,{"v":41.3593105402883,"d":"41.359"},{"v":-0.0275,"d":"-0.028"},0.004,{"v":1.05002587211089E-11,"d":"1.050E-11"},{"v":0.00818138555135319,"d":"0.008"},{"v":0.0140092218345089,"d":"0.014"},{"v":0.5592,"d":"0.559"}]
["FEV1/FVC","amygdala","rs9351958","C","G",0.202,0.000383727078,321047,{"v":123.240950646392,"d":"123.241"},{"v":0.0345,"d":"0.035"},0.003,{"v":3.22998124059562E-31,"d":"3.230E-31"},{"v":-0.0130007137376672,"d":"-0.013"},{"v":0.0101647488175662,"d":"0.010"},{"v":0.2007,"d":"0.201"}]
["FEV1/FVC","amygdala","rs9403133","G","A",0.758,1.06026008E-4,321047,{"v":34.0427291530335,"d":"34.043"},0.017,{"v":2.8E-3,"d":"0.003"},{"v":1.51001061400434e-09,"d":"1.510E-09"},{"v":-0.00266594896521128,"d":"-0.003"},{"v":0.00938714424370169,"d":"0.009"},{"v":0.7766,"d":"0.777"}]
["FEV1/FVC","amygdala","rs941747","T","C",0.468,9.620930592e-05,321047,{"v":30.8904885715514,"d":"30.890"},{"v":-0.0139,"d":"-0.014"},{"v":0.0024,"d":"0.002"},{"v":4.56005415125173e-09,"d":"4.560E-09"},{"v":-0.00904946298572604,"d":"-0.009"},{"v":0.00815266935650995,"d":"0.008"},0.267]
["FEV1/FVC","amygdala","rs943613","T","C",0.446,8.610383232e-05,321047,{"v":27.6455852380101,"d":"27.646"},{"v":-0.0132,"d":"-0.013"},{"v":0.0024,"d":"0.002"},{"v":3.29997006285229E-8,"d":"3.300E-08"},{"v":0.000592719825757852,"d":"0.001"},{"v":0.00823221980219238,"d":"0.008"},{"v":0.9429,"d":"0.943"}]
["FEV1/FVC","amygdala","rs9533803","T","C",0.213,0.00022838382702,321047,{"v":73.3382350124149,"d":"73.338"},{"v":-0.0261,"d":"-0.026"},{"v":0.0029,"d":"0.003"},{"v":2.92011530139415e-19,"d":"2.920E-19"},{"v":-0.0168936471177363,"d":"-0.017"},{"v":9.96087683828791E-3,"d":"0.010"},{"v":0.08983,"d":"0.090"}]
["FEV1/FVC","amygdala","rs9600261","A","G",0.184,0.00012867040512,321047,{"v":41.3143061402587,"d":"41.314"},{"v":0.0207,"d":"0.021"},{"v":0.0031,"d":"0.003"},{"v":2.11008524186048e-11,"d":"2.110E-11"},{"v":0.00268839470576423,"d":"0.003"},{"v":0.0104606797889659,"d":"0.010"},{"v":0.7975,"d":"0.798"}]
["FEV1/FVC","amygdala","rs9634470","C","T",0.265,0.000168534912,321047,{"v":54.1164113276609,"d":"54.116"},{"v":0.0208,"d":"0.021"},{"v":0.0027,"d":"0.003"},{"v":2.73023481294007e-14,"d":"2.730E-14"},{"v":0.00471250426729825,"d":"0.005"},{"v":0.00944389632725099,"d":"0.009"},{"v":0.6175,"d":"0.618"}]
["FEV1/FVC","amygdala","rs9636166","C","A",0.126,2.77567542E-4,321047,{"v":89.1364128964204,"d":"89.136"},{"v":-0.0355,"d":"-0.036"},{"v":0.0036,"d":"0.004"},{"v":3.6601594055805e-23,"d":"3.660E-23"},{"v":0.00391884947082341,"d":"0.004"},{"v":0.0121703399715013,"d":"0.012"},{"v":0.7472,"d":"0.747"}]
["FEV1/FVC","amygdala","rs9661687","T","C",0.863,1.7366005742E-4,321047,{"v":55.7623768319664,"d":"55.762"},{"v":-0.0271,"d":"-0.027"},{"v":0.0035,"d":"0.004"},{"v":6.10942024905571e-15,"d":"6.109E-15"},{"v":0.000457579817663885,"d":"0.000"},{"v":0.0117328158375355,"d":"0.012"},0.969]
["FEV1/FVC","amygdala","rs979455","C","T",0.325,0.0001313134875,321047,{"v":42.1630751748824,"d":"42.163"},{"v":-0.0173,"d":"-0.017"},{"v":0.0025,"d":"0.003"},{"v":9.21934357451561e-12,"d":"9.219E-12"},{"v":-0.00368492006823993,"d":"-0.004"},{"v":0.00869084921754701,"d":"0.009"},{"v":0.6712,"d":"0.671"}]
["FEV1/FVC","amygdala","rs9850438","C","T",0.172,0.000102824352,321047,{"v":33.0146387966808,"d":"33.015"},0.019,{"v":0.0032,"d":"0.003"},{"v":2.06001318473549e-09,"d":"2.060E-09"},{"v":-0.00359164965269365,"d":"-0.004"},{"v":0.0110512297005958,"d":"0.011"},{"v":0.7448,"d":"0.745"}]
["FEV1/FVC","amygdala","rs985256","C","A",0.782,1.0924443032E-4,321047,{"v":35.076210012665,"d":"35.076"},{"v":-0.0179,"d":"-0.018"},{"v":0.0029,"d":"0.003"},{"v":5.86003216751055e-10,"d":"5.860E-10"},{"v":0.00555672225972621,"d":"0.006"},{"v":0.00976576847052058,"d":"0.010"},{"v":0.5695,"d":"0.570"}]
["FEV1/FVC","amygdala","rs9874847","T","C",0.143,1.8942462968E-4,321047,{"v":60.8253520554038,"d":"60.825"},{"v":0.0278,"d":"0.028"},{"v":0.0034,"d":"0.003"},{"v":6.03948629376381e-16,"d":"6.039E-16"},{"v":-0.00793943644157264,"d":"-0.008"},{"v":0.0114566182418076,"d":"0.011"},0.488]
["FEV1/FVC","amygdala","rs988799","C","G",0.793,0.00027230681088,321047,{"v":87.4465523907736,"d":"87.447"},{"v":-0.0288,"d":"-0.029"},{"v":0.0029,"d":"0.003"},{"v":9.89008445021067e-23,"d":"9.890E-23"},{"v":-0.0204426014917764,"d":"-0.020"},{"v":0.00972068544544762,"d":"0.010"},{"v":0.03548,"d":"0.035"}]
["FEV1/FVC","amygdala","rs9905278","T","C",0.492,0.00021626462208,321047,{"v":69.445694242494,"d":"69.446"},{"v":-0.0208,"d":"-0.021"},{"v":0.0024,"d":"0.002"},{"v":2.90001336905406e-18,"d":"2.900E-18"},{"v":-0.0121032684470028,"d":"-0.012"},{"v":0.00815034912256081,"d":"0.008"},{"v":0.1375,"d":"0.138"}]
["FEV1/FVC","amygdala","rs9912501","T","C",0.522,0.00028505206872,321047,{"v":91.5406352496623,"d":"91.541"},{"v":0.0239,"d":"0.024"},{"v":0.0024,"d":"0.002"},{"v":6.07015806341045E-24,"d":"6.070E-24"},{"v":0.012358984422756,"d":"0.012"},{"v":0.00816852903024188,"d":"0.008"},{"v":0.1302,"d":"0.130"}]
["FEV1/FVC","amygdala","rs995758","T","C",0.398,0.00239523642008,321047,{"v":770.824984561112,"d":"770.825"},{"v":0.0707,"d":"0.071"},{"v":0.0024,"d":"0.002"},{"v":1.47910838816817e-185,"d":"1.479E-185"},{"v":0.00276491669319329,"d":"0.003"},{"v":0.00827819369219548,"d":"0.008"},{"v":0.7383,"d":"0.738"}]
["FEV1/FVC","amygdala","rs996865","T","C",0.0752,0.000313821632,321047,{"v":100.78249357205,"d":"100.782"},{"v":-0.0475,"d":"-0.048"},{"v":0.0046,"d":"0.005"},{"v":1.82011990846011e-25,"d":"1.820E-25"},{"v":0.000136635632314018,"d":"0.000"},{"v":0.0151817369237797,"d":"0.015"},{"v":0.9925,"d":"0.993"}]
["FEV1/FVC","amygdala","rs9970286","A","G",0.329,0.00024590786528,321047,{"v":78.966909192885,"d":"78.967"},{"v":0.0236,"d":"0.024"},{"v":0.0025,"d":"0.003"},{"v":1.91999456795429E-20,"d":"1.920E-20"},{"v":-0.00696104139013005,"d":"-0.007"},{"v":0.00872310951144117,"d":"0.009"},{"v":0.4251,"d":"0.425"}]
[]
["Notes: MR, Mendelian randomization; SNP, single nucleotide polymorphisms; MAF, minor allele frequency; Beta, estimate coefficient; SE, standard error of coefficient estimate; FEV1, forced expiratory volume in one second; FVC, forced vital capacity; SA, surface area; TH, thickness."]

{"sheet":"Table S4","index":3,"n_rows":111,"n_cols":30,"rows_kept":111,"merged":[[0,0,0,5],[2,0,3,0],[2,1,3,1],[2,2,3,2],[2,3,3,3],[2,4,2,8],[2,9,2,13],[2,14,2,18],[2,19,2,23],[2,24,2,28],[2,29,3,29],[110,0,111,9]]}
["Supplementary Table S4. Univariable MR analysis results of lung function on cortical surface area."]
["Causal effects were estimated using five two-sample MR methods (IVW, MR Egger, weighted median, weighted mode, and simple mode). P value < 0.05 was regarded as nominally significant, P_FDR < 0.05 was considered significant."]
["Exposure ","Outcome ","Lobe","IVs N","IVW",{"$nulls":4},"MR Egger",{"$nulls":4},"Weighted Median",{"$nulls":4},"Maximum likelihood",{"$nulls":4},"Robust adjusted profile score",{"$nulls":4},"P_FDR"]
[{"$nulls":4},"Estimate (β)","SE","P value","95% lower CI","95% upper CI","Estimate (β)","SE","P value","95% lower CI","95% upper CI","Estimate (β)","SE","P value","95% lower CI","95% upper CI","Estimate (β)","SE","P value","95% lower CI","95% upper CI","Estimate (β)","SE","P value","95% lower CI","95% upper CI"]
["FEV1","global cortex","global ",204,{"v":4428.03713942833,"d":"4428.037"},{"v":610.452826674923,"d":"610.453"},{"v":4.05560051136029e-13,"d":"0.000"},{"v":3231.54959914548,"d":"3231.550"},{"v":5624.52467971118,"d":"5624.525"},{"v":1982.69451893745,"d":"1982.695"},{"v":1949.65435900133,"d":"1949.654"},{"v":0.310395271149839,"d":"0.310"},{"v":-1838.62802470515,"d":"-1838.628"},{"v":5804.01706258004,"d":"5804.017"},{"v":3783.1797553504,"d":"3783.180"},{"v":933.047177757857,"d":"933.047"},{"v":5.0209419650212E-5,"d":"0.000"},{"v":1954.407286945,"d":"1954.407"},{"v":5611.9522237558,"d":"5611.952"},{"v":4550.83191067243,"d":"4550.832"},{"v":617.236724907578,"d":"617.237"},{"v":1.66940985547298E-13,"d":"0.000"},{"v":3341.04792985358,"d":"3341.048"},{"v":5760.61589149129,"d":"5760.616"},{"v":4507.48191793354,"d":"4507.482"},{"v":655.914511778779,"d":"655.915"},{"v":6.32826528800748e-12,"d":"0.000"},{"v":3221.88947484713,"d":"3221.889"},{"v":5793.07436101995,"d":"5793.074"},{"v":4.05560051136029e-13,"d":"0.000"}]
["FEV1","caudal anterior cingulate","frontal",243,{"v":-0.405236812915692,"d":"-0.405"},{"v":4.30257326109884,"d":"4.303"},{"v":0.924962393863926,"d":"0.925"},{"v":-8.83828040466942,"d":"-8.838"},{"v":8.02780677883804,"d":"8.028"},{"v":4.1132016276243,"d":"4.113"},{"v":13.9317038643027,"d":"13.932"},{"v":0.768064446435241,"d":"0.768"},{"v":-23.1929379464091,"d":"-23.193"},{"v":31.4193412016577,"d":"31.419"},{"v":1.87717854064808,"d":"1.877"},{"v":6.02602751430837,"d":"6.026"},{"v":0.755411591046047,"d":"0.755"},{"v":-9.93383538739633,"d":"-9.934"},{"v":13.6881924686925,"d":"13.688"},{"v":-0.403499361619268,"d":"-0.403"},{"v":3.87548520644054,"d":"3.875"},{"v":0.917077428056757,"d":"0.917"},{"v":-7.99945036624272,"d":"-7.999"},{"v":7.19245164300419,"d":"7.192"},{"v":-1.95005050131533,"d":"-1.950"},{"v":4.46800850569124,"d":"4.468"},{"v":0.662512186258339,"d":"0.663"},{"v":-10.7073471724702,"d":"-10.707"},{"v":6.8072461698395,"d":"6.807"},0.999]
["FEV1","caudal middle frontal","frontal",242,{"v":7.16832440581105,"d":"7.168"},{"v":11.0816319739647,"d":"11.082"},{"v":0.517719054532568,"d":"0.518"},{"v":-14.5516742631598,"d":"-14.552"},{"v":28.8883230747819,"d":"28.888"},{"v":0.490864823285868,"d":"0.491"},{"v":35.8347288286957,"d":"35.835"},{"v":0.989082283247239,"d":"0.989"},{"v":-69.7452036809578,"d":"-69.745"},{"v":70.7269333275295,"d":"70.727"},{"v":7.00795863633535,"d":"7.008"},{"v":15.6837868503217,"d":"15.684"},{"v":0.654999090608248,"d":"0.655"},{"v":-23.7322635902952,"d":"-23.732"},{"v":37.7481808629659,"d":"37.748"},{"v":7.1536670966008,"d":"7.154"},{"v":10.2622936239331,"d":"10.262"},{"v":0.485751055464344,"d":"0.486"},{"v":-12.960428406308,"d":"-12.960"},{"v":27.2677625995096,"d":"27.268"},{"v":9.01336679466172,"d":"9.013"},{"v":11.700579375651,"d":"11.701"},{"v":0.441101150093119,"d":"0.441"},{"v":-13.9197687816142,"d":"-13.920"},{"v":31.9465023709377,"d":"31.947"},{"v":0.838666666666667,"d":"0.839"}]
["FEV1","frontal pole","frontal",243,{"v":-2.40185465747107,"d":"-2.402"},{"v":1.21642045284274,"d":"1.216"},{"v":0.048321885011601,"d":"0.048"},{"v":-4.78603874504283,"d":"-4.786"},{"v":-0.0176705698993009,"d":"-0.018"},{"v":6.97152489231544,"d":"6.972"},{"v":3.88899365901129,"d":"3.889"},{"v":0.0742862791522155,"d":"0.074"},{"v":-0.65090267934669,"d":"-0.651"},{"v":14.5939524639776,"d":"14.594"},{"v":-0.483608429330659,"d":"-0.484"},{"v":1.83566547987448,"d":"1.836"},{"v":0.792202766583828,"d":"0.792"},{"v":-4.08151276988465,"d":"-4.082"},{"v":3.11429591122333,"d":"3.114"},{"v":-2.4239695780979,"d":"-2.424"},{"v":1.15244373754559,"d":"1.152"},{"v":0.0354369258203766,"d":"0.035"},{"v":-4.68275930368726,"d":"-4.683"},{"v":-0.165179852508536,"d":"-0.165"},{"v":-1.80317948718254,"d":"-1.803"},{"v":1.28873651591525,"d":"1.289"},{"v":0.161757819365224,"d":"0.162"},{"v":-4.32910305837644,"d":"-4.329"},{"v":0.722744084011362,"d":"0.723"},{"v":0.324888888888889,"d":"0.325"}]
["FEV1","lateral orbitofrontal","frontal",240,{"v":9.52920078352655,"d":"9.529"},{"v":8.51314667953855,"d":"8.513"},{"v":0.262990349482784,"d":"0.263"},{"v":-7.156566708369,"d":"-7.157"},{"v":26.2149682754221,"d":"26.215"},{"v":23.3690293956123,"d":"23.369"},{"v":27.5095792869529,"d":"27.510"},{"v":0.396464054244609,"d":"0.396"},{"v":-30.5497460068154,"d":"-30.550"},{"v":77.28780479804,"d":"77.288"},{"v":16.781663895909,"d":"16.782"},{"v":11.2072013002456,"d":"11.207"},{"v":0.134289192770217,"d":"0.134"},{"v":-5.18445065257242,"d":"-5.184"},{"v":38.7477784443905,"d":"38.748"},{"v":9.38385102084808,"d":"9.384"},{"v":7.20017319377972,"d":"7.200"},{"v":0.19247874571525,"d":"0.192"},{"v":-4.72848843896017,"d":"-4.728"},{"v":23.4961904806563,"d":"23.496"},{"v":9.79527413913797,"d":"9.795"},{"v":8.47660390239044,"d":"8.477"},{"v":0.247858776215893,"d":"0.248"},{"v":-6.81886950954729,"d":"-6.819"},{"v":26.4094177878232,"d":"26.409"},{"v":0.500555555555556,"d":"0.501"}]
["FEV1","medial orbitofrontal","frontal",242,{"v":9.82628714646149,"d":"9.826"},{"v":5.73191447269086,"d":"5.732"},{"v":0.0864715242377787,"d":"0.086"},{"v":-1.40826522001259,"d":"-1.408"},{"v":21.0608395129356,"d":"21.061"},{"v":31.6141282005827,"d":"31.614"},{"v":18.4793344240577,"d":"18.479"},{"v":0.0884133449538351,"d":"0.088"},{"v":-4.60536727057039,"d":"-4.605"},{"v":67.8336236717359,"d":"67.834"},{"v":6.06140010087312,"d":"6.061"},{"v":7.81430272616226,"d":"7.814"},{"v":0.437937818430217,"d":"0.438"},{"v":-9.2546332424049,"d":"-9.255"},{"v":21.3774334441511,"d":"21.377"},{"v":9.65355456740354,"d":"9.654"},{"v":5.32131302072774,"d":"5.321"},{"v":0.0696576856005074,"d":"0.070"},{"v":-0.776218953222834,"d":"-0.776"},{"v":20.0833280880299,"d":"20.083"},{"v":10.059239155143,"d":"10.059"},{"v":5.68594029257728,"d":"5.686"},{"v":0.0768700813993471,"d":"0.077"},{"v":-1.08520381830847,"d":"-1.085"},{"v":21.2036821285945,"d":"21.204"},{"v":0.324888888888889,"d":"0.325"}]
["FEV1","paracentral","frontal",243,{"v":0.913886550598676,"d":"0.914"},{"v":6.79889996549521,"d":"6.799"},{"v":0.893072977505691,"d":"0.893"},{"v":-12.4119573817719,"d":"-12.412"},{"v":14.2397304829693,"d":"14.240"},{"v":26.343318210194,"d":"26.343"},{"v":21.9520602083004,"d":"21.952"},{"v":0.231302704478618,"d":"0.231"},{"v":-16.6827197980747,"d":"-16.683"},{"v":69.3693562184627,"d":"69.369"},{"v":7.97683263616315,"d":"7.977"},{"v":9.00193725363934,"d":"9.002"},{"v":0.375550712203907,"d":"0.376"},{"v":-9.66696438096996,"d":"-9.667"},{"v":25.6206296532963,"d":"25.621"},{"v":0.907508794694279,"d":"0.908"},{"v":5.77474502094742,"d":"5.775"},{"v":0.875125593597819,"d":"0.875"},{"v":-10.4109914463627,"d":"-10.411"},{"v":12.2260090357512,"d":"12.226"},{"v":-0.728610374949806,"d":"-0.729"},{"v":6.98703411384514,"d":"6.987"},{"v":0.916946869940907,"d":"0.917"},{"v":-14.4231972380863,"d":"-14.423"},{"v":12.9659764881867,"d":"12.966"},0.999]
["FEV1","parsopercularis","frontal",243,{"v":9.48243369033632,"d":"9.482"},{"v":8.13330819740922,"d":"8.133"},{"v":0.243664341996101,"d":"0.244"},{"v":-6.45885037658574,"d":"-6.459"},{"v":25.4237177572584,"d":"25.424"},{"v":12.488488949012,"d":"12.488"},{"v":26.3447457169582,"d":"26.345"},{"v":0.635899872728776,"d":"0.636"},{"v":-39.147212656226,"d":"-39.147"},{"v":64.12419055425,"d":"64.124"},{"v":7.15500553657119,"d":"7.155"},{"v":10.7126275218796,"d":"10.713"},{"v":0.504194947565247,"d":"0.504"},{"v":-13.8417444063129,"d":"-13.842"},{"v":28.1517554794553,"d":"28.152"},{"v":9.33181484931768,"d":"9.332"},{"v":6.84062085814143,"d":"6.841"},{"v":0.172511993523375,"d":"0.173"},{"v":-4.07580203263953,"d":"-4.076"},{"v":22.7394317312749,"d":"22.739"},{"v":9.2439740099558,"d":"9.244"},{"v":8.3625366962034,"d":"8.363"},{"v":0.268984959968214,"d":"0.269"},{"v":-7.14659791460286,"d":"-7.147"},{"v":25.6345459345145,"d":"25.635"},{"v":0.500555555555556,"d":"0.501"}]
["FEV1","parsorbitalis","frontal",243,{"v":-1.4495703611386,"d":"-1.450"},{"v":2.64156278691339,"d":"2.642"},{"v":0.583173706672069,"d":"0.583"},{"v":-6.62703342348884,"d":"-6.627"},{"v":3.72789270121163,"d":"3.728"},{"v":-4.63007218214873,"d":"-4.630"},{"v":8.54971585994168,"d":"8.550"},{"v":0.588630957509303,"d":"0.589"},{"v":-21.3875152676344,"d":"-21.388"},{"v":12.127370903337,"d":"12.127"},{"v":-0.378067479108262,"d":"-0.378"},{"v":3.7667859302721,"d":"3.767"},{"v":0.920051602842789,"d":"0.920"},{"v":-7.76096790244158,"d":"-7.761"},{"v":7.00483294422505,"d":"7.005"},{"v":-1.46020267664951,"d":"-1.460"},{"v":2.39935483788375,"d":"2.399"},{"v":0.542801949980675,"d":"0.543"},{"v":-6.16293815890167,"d":"-6.163"},{"v":3.24253280560265,"d":"3.243"},{"v":-2.54421885126667,"d":"-2.544"},{"v":2.68848863866345,"d":"2.688"},{"v":0.343976238252819,"d":"0.344"},{"v":-7.81365658304702,"d":"-7.814"},{"v":2.72521888051369,"d":"2.725"},{"v":0.86088,"d":"0.861"}]
["FEV1","parstriangularis","frontal",243,{"v":-8.10553157912205,"d":"-8.106"},{"v":7.08968953258197,"d":"7.090"},{"v":0.252920521895983,"d":"0.253"},{"v":-22.0013230629827,"d":"-22.001"},{"v":5.7902599047386,"d":"5.790"},{"v":27.5835011170955,"d":"27.584"},{"v":22.8307502771105,"d":"22.831"},{"v":0.228164825741207,"d":"0.228"},{"v":-17.164769426041,"d":"-17.165"},{"v":72.3317716602321,"d":"72.332"},{"v":-10.4286341239646,"d":"-10.429"},{"v":9.83123072505505,"d":"9.831"},{"v":0.288796311298181,"d":"0.289"},{"v":-29.6978463450725,"d":"-29.698"},{"v":8.84057809714329,"d":"8.841"},{"v":-8.33020758391483,"d":"-8.330"},{"v":6.3371823860722,"d":"6.337"},{"v":0.188678988482155,"d":"0.189"},{"v":-20.7510850606163,"d":"-20.751"},{"v":4.09066989278667,"d":"4.091"},{"v":-10.628232309957,"d":"-10.628"},{"v":7.22392108573388,"d":"7.224"},{"v":0.141222082268511,"d":"0.141"},{"v":-24.7871176379954,"d":"-24.787"},{"v":3.5306530180814,"d":"3.531"},{"v":0.500555555555556,"d":"0.501"}]
["FEV1","precentral","frontal",243,{"v":-17.6212274938294,"d":"-17.621"},{"v":14.1087878417736,"d":"14.109"},{"v":0.211681886518632,"d":"0.212"},{"v":-45.2744516637055,"d":"-45.274"},{"v":10.0319966760468,"d":"10.032"},{"v":39.4101901724822,"d":"39.410"},{"v":45.5078209902048,"d":"45.508"},{"v":0.387346440133378,"d":"0.387"},{"v":-49.7851389683193,"d":"-49.785"},{"v":128.605519313284,"d":"128.606"},{"v":-15.5654497441939,"d":"-15.565"},{"v":19.9494619048659,"d":"19.949"},{"v":0.435247215189482,"d":"0.435"},{"v":-54.666395077731,"d":"-54.666"},{"v":23.5354955893433,"d":"23.535"},{"v":-17.8266888221221,"d":"-17.827"},{"v":12.9862780008229,"d":"12.986"},{"v":0.169835450945377,"d":"0.170"},{"v":-43.279793703735,"d":"-43.280"},{"v":7.62641605949082,"d":"7.626"},{"v":-20.8520138253855,"d":"-20.852"},{"v":14.8240901969941,"d":"14.824"},{"v":0.159537055768753,"d":"0.160"},{"v":-49.9072306114941,"d":"-49.907"},{"v":8.20320296072298,"d":"8.203"},{"v":0.500555555555556,"d":"0.501"}]
["FEV1","rostral anterior cingulate","frontal",242,{"v":7.00573013359873,"d":"7.006"},{"v":4.05455401480872,"d":"4.055"},{"v":0.0840120696222733,"d":"0.084"},{"v":-0.941195735426372,"d":"-0.941"},{"v":14.9526560026238,"d":"14.953"},{"v":23.5143696292228,"d":"23.514"},{"v":13.1517488836452,"d":"13.152"},{"v":0.0750492967903023,"d":"0.075"},{"v":-2.26305818272183,"d":"-2.263"},{"v":49.2917974411674,"d":"49.292"},{"v":8.14732041574103,"d":"8.147"},{"v":5.84338711876213,"d":"5.843"},{"v":0.163232932462232,"d":"0.163"},{"v":-3.30571833703275,"d":"-3.306"},{"v":19.6003591685148,"d":"19.600"},{"v":7.09437906700715,"d":"7.094"},{"v":3.78396338426328,"d":"3.784"},{"v":0.0608128053203608,"d":"0.061"},{"v":-0.322189166148889,"d":"-0.322"},{"v":14.5109473001632,"d":"14.511"},{"v":5.78356582976472,"d":"5.784"},{"v":4.12483796315107,"d":"4.125"},{"v":0.160875939525367,"d":"0.161"},{"v":-2.30111657801138,"d":"-2.301"},{"v":13.8682482375408,"d":"13.868"},{"v":0.324888888888889,"d":"0.325"}]
["FEV1","rostral middle frontal","frontal",242,{"v":-26.1862050861916,"d":"-26.186"},{"v":17.8475290329362,"d":"17.848"},{"v":0.142316925920127,"d":"0.142"},{"v":-61.1673619907465,"d":"-61.167"},{"v":8.79495181836337,"d":"8.795"},{"v":-28.6079846146515,"d":"-28.608"},{"v":57.862021105897,"d":"57.862"},{"v":0.621463744120178,"d":"0.621"},{"v":-142.01754598221,"d":"-142.018"},{"v":84.8015767529065,"d":"84.802"},{"v":-10.1230466694728,"d":"-10.123"},{"v":24.1034239847638,"d":"24.103"},{"v":0.674497316393306,"d":"0.674"},{"v":-57.3657576796099,"d":"-57.366"},{"v":37.1196643406642,"d":"37.120"},{"v":-26.7326526503579,"d":"-26.733"},{"v":15.6119859195854,"d":"15.612"},{"v":0.0868384571091335,"d":"0.087"},{"v":-57.3321450527453,"d":"-57.332"},{"v":3.86683975202948,"d":"3.867"},{"v":-20.1706594124269,"d":"-20.171"},{"v":17.8097927588277,"d":"17.810"},{"v":0.257399061976743,"d":"0.257"},{"v":-55.0778532197291,"d":"-55.078"},{"v":14.7365343948753,"d":"14.737"},{"v":0.402333333333333,"d":"0.402"}]
["FEV1","superior frontal","frontal",242,{"v":7.04892895669936,"d":"7.049"},{"v":17.0065191371567,"d":"17.007"},{"v":0.678519730618762,"d":"0.679"},{"v":-26.2838485521277,"d":"-26.284"},{"v":40.3817064655264,"d":"40.382"},{"v":17.5738795672443,"d":"17.574"},{"v":54.9795434895411,"d":"54.980"},{"v":0.749516306976059,"d":"0.750"},{"v":-90.1860256722562,"d":"-90.186"},{"v":125.333784806745,"d":"125.334"},{"v":-9.45087977965574,"d":"-9.451"},{"v":24.7133738401552,"d":"24.713"},{"v":0.702150117258926,"d":"0.702"},{"v":-57.88909250636,"d":"-57.889"},{"v":38.9873329470485,"d":"38.987"},{"v":7.07822567458513,"d":"7.078"},{"v":15.6866714345622,"d":"15.687"},{"v":0.651827055187445,"d":"0.652"},{"v":-23.6676503371568,"d":"-23.668"},{"v":37.8241016863271,"d":"37.824"},{"v":4.33620099403337,"d":"4.336"},{"v":17.8423053374639,"d":"17.842"},{"v":0.807982785724736,"d":"0.808"},{"v":-30.6347174673959,"d":"-30.635"},{"v":39.3071194554626,"d":"39.307"},{"v":0.887923076923077,"d":"0.888"}]
["FEV1","bankssts","temporal",243,{"v":6.47259473366981,"d":"6.473"},{"v":4.73132991417861,"d":"4.731"},{"v":0.171303117759134,"d":"0.171"},{"v":-2.80081189812026,"d":"-2.801"},{"v":15.7460013654599,"d":"15.746"},{"v":6.94115158332478,"d":"6.941"},{"v":15.3159965438361,"d":"15.316"},{"v":0.650815224484757,"d":"0.651"},{"v":-23.0782016425941,"d":"-23.078"},{"v":36.9605048092436,"d":"36.961"},{"v":7.7298592255503,"d":"7.730"},{"v":6.53060687662754,"d":"6.531"},{"v":0.236557315274239,"d":"0.237"},{"v":-5.07013025263967,"d":"-5.070"},{"v":20.5298487037403,"d":"20.530"},{"v":6.42795930572186,"d":"6.428"},{"v":4.34447743413833,"d":"4.344"},{"v":0.138987986622376,"d":"0.139"},{"v":-2.08721646518926,"d":"-2.087"},{"v":14.943135076633,"d":"14.943"},{"v":7.06123410155716,"d":"7.061"},{"v":4.86833956030166,"d":"4.868"},{"v":0.146935878364347,"d":"0.147"},{"v":-2.4807114366341,"d":"-2.481"},{"v":16.6031796397484,"d":"16.603"},{"v":0.447230769230769,"d":"0.447"}]
["FEV1","entorhinal","temporal",241,{"v":2.43876061639868,"d":"2.439"},{"v":2.76837602774391,"d":"2.768"},{"v":0.37835275197563,"d":"0.378"},{"v":-2.98725639797938,"d":"-2.987"},{"v":7.86477763077674,"d":"7.865"},{"v":13.3928629509923,"d":"13.393"},{"v":8.92440061846732,"d":"8.924"},{"v":0.134752637801405,"d":"0.135"},{"v":-4.09896226120364,"d":"-4.099"},{"v":30.8846881631883,"d":"30.885"},{"v":2.23973438864248,"d":"2.240"},{"v":3.90285359926849,"d":"3.903"},{"v":0.566055117559914,"d":"0.566"},{"v":-5.40985866592375,"d":"-5.410"},{"v":9.88932744320871,"d":"9.889"},{"v":2.4898308527138,"d":"2.490"},{"v":2.46434774614438,"d":"2.464"},{"v":0.312332082988628,"d":"0.312"},{"v":-2.34029072972918,"d":"-2.340"},{"v":7.31995243515679,"d":"7.320"},{"v":2.88854985087395,"d":"2.889"},{"v":2.92210411170687,"d":"2.922"},{"v":0.322899469238836,"d":"0.323"},{"v":-2.83877420807152,"d":"-2.839"},{"v":8.61587390981942,"d":"8.616"},{"v":0.6426,"d":"0.643"}]
["FEV1","fusiform","temporal",243,{"v":5.6826185553902,"d":"5.683"},{"v":10.4493917563655,"d":"10.449"},{"v":0.586563346961244,"d":"0.587"},{"v":-14.7981892870861,"d":"-14.798"},{"v":26.1634263978665,"d":"26.163"},{"v":-0.619124079265235,"d":"-0.619"},{"v":33.8479701401572,"d":"33.848"},{"v":0.98542158534748,"d":"0.985"},{"v":-66.9611455539734,"d":"-66.961"},{"v":65.7228973954429,"d":"65.723"},{"v":3.09734901184203,"d":"3.097"},{"v":14.4824147816141,"d":"14.482"},{"v":0.830648706731686,"d":"0.831"},{"v":-25.2881839601217,"d":"-25.288"},{"v":31.4828819838057,"d":"31.483"},{"v":5.66603538499769,"d":"5.666"},{"v":9.71540992676992,"d":"9.715"},{"v":0.559758095044114,"d":"0.560"},{"v":-13.3761680714714,"d":"-13.376"},{"v":24.7082388414667,"d":"24.708"},{"v":8.05383887420571,"d":"8.054"},{"v":10.9888597293414,"d":"10.989"},{"v":0.463613673794355,"d":"0.464"},{"v":-13.4843261953034,"d":"-13.484"},{"v":29.5920039437148,"d":"29.592"},{"v":0.86088,"d":"0.861"}]
["FEV1","inferior temporal","temporal",243,{"v":0.0170996529267767,"d":"0.017"},{"v":12.7500092097323,"d":"12.750"},{"v":0.998929918814106,"d":"0.999"},{"v":-24.9729183981485,"d":"-24.973"},{"v":25.0071177040021,"d":"25.007"},{"v":7.97388066353423,"d":"7.974"},{"v":41.2709093739291,"d":"41.271"},{"v":0.846958598378525,"d":"0.847"},{"v":-72.9171017093669,"d":"-72.917"},{"v":88.8648630364354,"d":"88.865"},{"v":15.558709605126,"d":"15.559"},{"v":17.238941433965,"d":"17.239"},{"v":0.366773920455174,"d":"0.367"},{"v":-18.2296156054453,"d":"-18.230"},{"v":49.3470348156973,"d":"49.347"},{"v":0.0170996529267858,"d":"0.017"},{"v":11.0594309868601,"d":"11.059"},{"v":0.998766343074475,"d":"0.999"},{"v":-21.659385081319,"d":"-21.659"},{"v":21.6935843871725,"d":"21.694"},{"v":-0.179399781697251,"d":"-0.179"},{"v":13.3665245028127,"d":"13.367"},{"v":0.989291455785891,"d":"0.989"},{"v":-26.3777878072102,"d":"-26.378"},{"v":26.0189882438157,"d":"26.019"},0.999]
["FEV1","insula","temporal",212,{"v":11.2251260905268,"d":"11.225"},{"v":7.08152300210203,"d":"7.082"},{"v":0.11293707226097,"d":"0.113"},{"v":-2.65465899359314,"d":"-2.655"},{"v":25.1049111746468,"d":"25.105"},{"v":29.2261784056531,"d":"29.226"},{"v":22.9358896097393,"d":"22.936"},{"v":0.203981268795372,"d":"0.204"},{"v":-15.7281652294359,"d":"-15.728"},{"v":74.1805220407421,"d":"74.181"},{"v":14.018125715173,"d":"14.018"},{"v":10.8888662884535,"d":"10.889"},{"v":0.197961326879272,"d":"0.198"},{"v":-7.32405221019582,"d":"-7.324"},{"v":35.3603036405419,"d":"35.360"},{"v":11.5223107902876,"d":"11.522"},{"v":7.13468281417912,"d":"7.135"},{"v":0.106316824868395,"d":"0.106"},{"v":-2.46166752550349,"d":"-2.462"},{"v":25.5062891060787,"d":"25.506"},{"v":11.3932395013082,"d":"11.393"},{"v":7.41904756047432,"d":"7.419"},{"v":0.124618319900104,"d":"0.125"},{"v":-3.14809371722149,"d":"-3.148"},{"v":25.9345727198378,"d":"25.935"},{"v":0.352363636363636,"d":"0.352"}]
["FEV1","middle temporal","temporal",242,{"v":5.42059361087211,"d":"5.421"},{"v":11.3635630788292,"d":"11.364"},{"v":0.633351216743351,"d":"0.633"},{"v":-16.8519900236332,"d":"-16.852"},{"v":27.6931772453774,"d":"27.693"},{"v":53.4260228919497,"d":"53.426"},{"v":36.67801136169,"d":"36.678"},{"v":0.146527588236069,"d":"0.147"},{"v":-18.4628793769627,"d":"-18.463"},{"v":125.314925160862,"d":"125.315"},{"v":8.27764006019993,"d":"8.278"},{"v":14.4920419618368,"d":"14.492"},{"v":0.567874101347608,"d":"0.568"},{"v":-20.1267621850003,"d":"-20.127"},{"v":36.6820423054001,"d":"36.682"},{"v":5.40749780989068,"d":"5.407"},{"v":9.55657244532777,"d":"9.557"},{"v":0.57150206422295,"d":"0.572"},{"v":-13.3233841829517,"d":"-13.323"},{"v":24.1383798027331,"d":"24.138"},{"v":7.34130246950919,"d":"7.341"},{"v":11.7215096489194,"d":"11.722"},{"v":0.531111418049249,"d":"0.531"},{"v":-15.6328564423728,"d":"-15.633"},{"v":30.3154613813912,"d":"30.315"},{"v":0.86088,"d":"0.861"}]
["FEV1","parahippocampal","temporal",241,{"v":-1.21247868782574,"d":"-1.212"},{"v":3.38292916438465,"d":"3.383"},{"v":0.720035835425602,"d":"0.720"},{"v":-7.84301985001965,"d":"-7.843"},{"v":5.41806247436816,"d":"5.418"},{"v":-6.87995818995263,"d":"-6.880"},{"v":11.0582354210828,"d":"11.058"},{"v":0.534431738888443,"d":"0.534"},{"v":-28.5540996152749,"d":"-28.554"},{"v":14.7941832353697,"d":"14.794"},{"v":2.02561147726085,"d":"2.026"},{"v":4.3277646136183,"d":"4.328"},{"v":0.639748627547346,"d":"0.640"},{"v":-6.45680716543101,"d":"-6.457"},{"v":10.5080301199527,"d":"10.508"},{"v":-1.23146018050951,"d":"-1.231"},{"v":3.00252738281322,"d":"3.003"},{"v":0.681702372210388,"d":"0.682"},{"v":-7.11641385082343,"d":"-7.116"},{"v":4.65349348980441,"d":"4.653"},{"v":-0.741580715874107,"d":"-0.742"},{"v":3.5740040775924,"d":"3.574"},{"v":0.835624883428319,"d":"0.836"},{"v":-7.74662870795522,"d":"-7.747"},{"v":6.263467276207,"d":"6.263"},{"v":0.906666666666667,"d":"0.907"}]
["FEV1","superior temporal","temporal",242,{"v":10.7737318868863,"d":"10.774"},{"v":10.8944481841162,"d":"10.894"},{"v":0.322702545389591,"d":"0.323"},{"v":-10.5793865539814,"d":"-10.579"},{"v":32.126850327754,"d":"32.127"},{"v":21.7059180527053,"d":"21.706"},{"v":35.1947786579687,"d":"35.195"},{"v":0.537992881368437,"d":"0.538"},{"v":-47.2758481169134,"d":"-47.276"},{"v":90.6876842223241,"d":"90.688"},{"v":10.5908803318543,"d":"10.591"},{"v":14.2590256978926,"d":"14.259"},{"v":0.457633519423996,"d":"0.458"},{"v":-17.3568100360152,"d":"-17.357"},{"v":38.5385706997239,"d":"38.539"},{"v":10.665996220498,"d":"10.666"},{"v":9.23153918704721,"d":"9.232"},{"v":0.2479321669241,"d":"0.248"},{"v":-7.42782058611453,"d":"-7.428"},{"v":28.7598130271105,"d":"28.760"},{"v":10.6831642349234,"d":"10.683"},{"v":11.1094461770501,"d":"11.109"},{"v":0.336236061311037,"d":"0.336"},{"v":-11.0913502720947,"d":"-11.091"},{"v":32.4576787419416,"d":"32.458"},0.578]
["FEV1","temporal pole","temporal",243,{"v":0.464303620632473,"d":"0.464"},{"v":1.93176587314204,"d":"1.932"},{"v":0.810057454460049,"d":"0.810"},{"v":-3.32195749072593,"d":"-3.322"},{"v":4.25056473199088,"d":"4.251"},{"v":-2.33522603648045,"d":"-2.335"},{"v":6.24944671840562,"d":"6.249"},{"v":0.708978913367923,"d":"0.709"},{"v":-14.5841416045555,"d":"-14.584"},{"v":9.91368953159457,"d":"9.914"},{"v":0.0934300240933752,"d":"0.093"},{"v":2.84476482550501,"d":"2.845"},{"v":0.973799952222309,"d":"0.974"},{"v":-5.48230903389644,"d":"-5.482"},{"v":5.66916908208319,"d":"5.669"},{"v":0.475112637868884,"d":"0.475"},{"v":1.85206117259014,"d":"1.852"},{"v":0.797540207404393,"d":"0.798"},{"v":-3.15492726040778,"d":"-3.155"},{"v":4.10515253614555,"d":"4.105"},{"v":0.758972025733335,"d":"0.759"},{"v":1.99534164132635,"d":"1.995"},{"v":0.703669320389037,"d":"0.704"},{"v":-3.15189759126631,"d":"-3.152"},{"v":4.66984164273298,"d":"4.670"},{"v":0.983571428571429,"d":"0.984"}]
["FEV1","transverse temporal","temporal",242,{"v":0.328978093413403,"d":"0.329"},{"v":2.15705133611698,"d":"2.157"},{"v":0.878782439142941,"d":"0.879"},{"v":-3.89884252537587,"d":"-3.899"},{"v":4.55679871220268,"d":"4.557"},{"v":-9.74526081065766,"d":"-9.745"},{"v":6.95916438986292,"d":"6.959"},{"v":0.162700218051538,"d":"0.163"},{"v":-23.385223014789,"d":"-23.385"},{"v":3.89470139347366,"d":"3.895"},{"v":1.79308670972254,"d":"1.793"},{"v":3.05413904751347,"d":"3.054"},{"v":0.557136179280611,"d":"0.557"},{"v":-4.19302582340386,"d":"-4.193"},{"v":7.77919924284894,"d":"7.779"},{"v":0.330651533889808,"d":"0.331"},{"v":1.98236888889102,"d":"1.982"},{"v":0.86753043407734,"d":"0.868"},{"v":-3.5547914883366,"d":"-3.555"},{"v":4.21609455611621,"d":"4.216"},{"v":0.635985379906747,"d":"0.636"},{"v":2.2408317502446,"d":"2.241"},{"v":0.776550887528985,"d":"0.777"},{"v":-3.75604485057267,"d":"-3.756"},{"v":5.02801561038616,"d":"5.028"},0.999]
["FEV1","inferior parietal","parietal",231,{"v":32.5787840015522,"d":"32.579"},{"v":17.0468371173081,"d":"17.047"},{"v":0.0559874080806879,"d":"0.056"},{"v":-0.833016748371776,"d":"-0.833"},{"v":65.9905847514761,"d":"65.991"},{"v":102.50209994071,"d":"102.502"},{"v":55.4654520563979,"d":"55.465"},{"v":0.0658867367920964,"d":"0.066"},{"v":-6.21018608982948,"d":"-6.210"},{"v":211.21438597125,"d":"211.214"},{"v":53.5554780647361,"d":"53.555"},{"v":25.1637591974673,"d":"25.164"},{"v":0.0333140312707404,"d":"0.033"},{"v":4.23451003770018,"d":"4.235"},{"v":102.876446091772,"d":"102.876"},{"v":33.4599652408047,"d":"33.460"},{"v":17.2032424165571,"d":"17.203"},{"v":0.0517773658422524,"d":"0.052"},{"v":-0.258389895647191,"d":"-0.258"},{"v":67.1783203772566,"d":"67.178"},{"v":33.1686279452408,"d":"33.169"},{"v":18.4036363504811,"d":"18.404"},{"v":0.0715003191968883,"d":"0.072"},{"v":-2.90249930170224,"d":"-2.902"},{"v":69.2397551921837,"d":"69.240"},{"v":0.324888888888889,"d":"0.325"}]
["FEV1","isthmus cingulate","parietal",243,{"v":-0.0304228020552625,"d":"-0.030"},{"v":5.25666959723473,"d":"5.257"},{"v":0.995382295177605,"d":"0.995"},{"v":-10.3334952126353,"d":"-10.333"},{"v":10.2726496085248,"d":"10.273"},{"v":-8.97020193342418,"d":"-8.970"},{"v":17.0063239108304,"d":"17.006"},{"v":0.598357537664888,"d":"0.598"},{"v":-42.3025967986518,"d":"-42.303"},{"v":24.3621929318035,"d":"24.362"},{"v":6.84296229354263,"d":"6.843"},{"v":6.96491139025499,"d":"6.965"},{"v":0.325858047412077,"d":"0.326"},{"v":-6.80826403135715,"d":"-6.808"},{"v":20.4941886184424,"d":"20.494"},{"v":-0.0304228020552601,"d":"-0.030"},{"v":4.45669499082092,"d":"4.457"},{"v":0.994553431278968,"d":"0.995"},{"v":-8.76554498406427,"d":"-8.766"},{"v":8.70469937995375,"d":"8.705"},{"v":3.64195674073855,"d":"3.642"},{"v":5.48244821481964,"d":"5.482"},{"v":0.506502243769132,"d":"0.507"},{"v":-7.10364176030795,"d":"-7.104"},{"v":14.387555241785,"d":"14.388"},0.999]
["FEV1","postcentral","parietal",243,{"v":-24.7873168547809,"d":"-24.787"},{"v":12.0558543816041,"d":"12.056"},{"v":0.0397786766787188,"d":"0.040"},{"v":-48.4167914427249,"d":"-48.417"},{"v":-1.15784226683698,"d":"-1.158"},{"v":32.0028795741713,"d":"32.003"},{"v":38.8610920102357,"d":"38.861"},{"v":0.411026632802547,"d":"0.411"},{"v":-44.1648607658907,"d":"-44.165"},{"v":108.170619914233,"d":"108.171"},{"v":-29.2856276548046,"d":"-29.286"},{"v":17.2592128580922,"d":"17.259"},{"v":0.0897323389695629,"d":"0.090"},{"v":-63.1136848566652,"d":"-63.114"},{"v":4.54242954705607,"d":"4.542"},{"v":-25.132574425002,"d":"-25.133"},{"v":11.0469360580305,"d":"11.047"},{"v":0.0229016136611705,"d":"0.023"},{"v":-46.7845690987418,"d":"-46.785"},{"v":-3.48057975126223,"d":"-3.481"},{"v":-31.383871091215,"d":"-31.384"},{"v":12.4836008637358,"d":"12.484"},{"v":0.0119367762694014,"d":"0.012"},{"v":-55.8517287841371,"d":"-55.852"},{"v":-6.9160133982929,"d":"-6.916"},{"v":0.324888888888889,"d":"0.325"}]
["FEV1","posterior cingulate","parietal",242,{"v":-2.60085742548885,"d":"-2.601"},{"v":5.07102919316742,"d":"5.071"},{"v":0.608031405541992,"d":"0.608"},{"v":-12.540074644097,"d":"-12.540"},{"v":7.33835979311928,"d":"7.338"},{"v":-16.9572001056218,"d":"-16.957"},{"v":16.356319502684,"d":"16.356"},{"v":0.300901908953914,"d":"0.301"},{"v":-49.0155863308825,"d":"-49.016"},{"v":15.1011861196389,"d":"15.101"},{"v":-2.67563483894573,"d":"-2.676"},{"v":7.14835691931847,"d":"7.148"},{"v":0.70818062797455,"d":"0.708"},{"v":-16.6864144008099,"d":"-16.686"},{"v":11.3351447229185,"d":"11.335"},{"v":-2.61445211912684,"d":"-2.614"},{"v":4.46298448052078,"d":"4.463"},{"v":0.558004531031878,"d":"0.558"},{"v":-11.3619017009476,"d":"-11.362"},{"v":6.13299746269389,"d":"6.133"},{"v":-2.64388212123825,"d":"-2.644"},{"v":5.1481897397505,"d":"5.148"},{"v":0.607562667398065,"d":"0.608"},{"v":-12.7343340111492,"d":"-12.734"},{"v":7.44656976867274,"d":"7.447"},{"v":0.86088,"d":"0.861"}]
["FEV1","precuneus","parietal",243,{"v":21.642785065655,"d":"21.643"},{"v":11.8188093603497,"d":"11.819"},{"v":0.0670684071554169,"d":"0.067"},{"v":-1.5220812806305,"d":"-1.522"},{"v":44.8076514119404,"d":"44.808"},{"v":24.6400234373841,"d":"24.640"},{"v":38.263921933412,"d":"38.264"},{"v":0.520220704588245,"d":"0.520"},{"v":-50.3572635521034,"d":"-50.357"},{"v":99.6373104268716,"d":"99.637"},{"v":15.4714185778857,"d":"15.471"},{"v":16.7147275832203,"d":"16.715"},{"v":0.354645597426398,"d":"0.355"},{"v":-17.289447485226,"d":"-17.289"},{"v":48.2322846409974,"d":"48.232"},{"v":21.9360527439959,"d":"21.936"},{"v":11.0902546729248,"d":"11.090"},{"v":0.0479334979405221,"d":"0.048"},{"v":0.199153585063289,"d":"0.199"},{"v":43.6729519029284,"d":"43.673"},{"v":21.3846286590385,"d":"21.385"},{"v":12.1867462057808,"d":"12.187"},{"v":0.0793029815779696,"d":"0.079"},{"v":-2.50139390429186,"d":"-2.501"},{"v":45.2706512223688,"d":"45.271"},{"v":0.324888888888889,"d":"0.325"}]
["FEV1","superior parietal","parietal",243,{"v":0.163154969575194,"d":"0.163"},{"v":17.4638369048507,"d":"17.464"},{"v":0.992545914263872,"d":"0.993"},{"v":-34.0659653639322,"d":"-34.066"},{"v":34.3922753030826,"d":"34.392"},{"v":-42.501148165035,"d":"-42.501"},{"v":56.4712951298331,"d":"56.471"},{"v":0.452415745264349,"d":"0.452"},{"v":-153.184886619508,"d":"-153.185"},{"v":68.1825902894378,"d":"68.183"},{"v":1.42961199927785,"d":"1.430"},{"v":24.376693337993,"d":"24.377"},{"v":0.953233533769356,"d":"0.953"},{"v":-46.3487069431884,"d":"-46.349"},{"v":49.2079309417441,"d":"49.208"},{"v":0.16315496957515,"d":"0.163"},{"v":15.8568857729378,"d":"15.857"},{"v":0.991790535911014,"d":"0.992"},{"v":-30.9163411453828,"d":"-30.916"},{"v":31.2426510845331,"d":"31.243"},{"v":6.92932051137376,"d":"6.929"},{"v":17.4123149269586,"d":"17.412"},{"v":0.690663241471463,"d":"0.691"},{"v":-27.1988167454651,"d":"-27.199"},{"v":41.0574577682126,"d":"41.057"},0.999]
["FEV1","supramarginal","parietal",224,{"v":43.6131388002052,"d":"43.613"},{"v":13.2179128438698,"d":"13.218"},{"v":0.000968406410904085,"d":"0.001"},{"v":17.7060296262204,"d":"17.706"},{"v":69.52024797419,"d":"69.520"},{"v":64.8492382434971,"d":"64.849"},{"v":42.7602201437471,"d":"42.760"},{"v":0.130795725709651,"d":"0.131"},{"v":-18.9607932382472,"d":"-18.961"},{"v":148.659269725241,"d":"148.659"},{"v":40.158828693247,"d":"40.159"},{"v":19.692021385851,"d":"19.692"},{"v":0.0414155905308565,"d":"0.041"},{"v":1.56246677697894,"d":"1.562"},{"v":78.755190609515,"d":"78.755"},{"v":44.0256476146548,"d":"44.026"},{"v":13.3255811730043,"d":"13.326"},{"v":0.000953687263592495,"d":"0.001"},{"v":17.9075085155663,"d":"17.908"},{"v":70.1437867137434,"d":"70.144"},{"v":46.1820250538039,"d":"46.182"},{"v":13.8480860003785,"d":"13.848"},{"v":0.000853291251052325,"d":"0.001"},{"v":19.039776493062,"d":"19.040"},{"v":73.3242736145458,"d":"73.324"},0.034]
["FEV1","cuneus","occipital",224,{"v":-6.76770405670333,"d":"-6.768"},{"v":6.06981651247072,"d":"6.070"},{"v":0.264860401426829,"d":"0.265"},{"v":-18.6645444211459,"d":"-18.665"},{"v":5.12913630773928,"d":"5.129"},{"v":-28.3479005437968,"d":"-28.348"},{"v":19.4459259111896,"d":"19.446"},{"v":0.146314087977606,"d":"0.146"},{"v":-66.4619153297284,"d":"-66.462"},{"v":9.76611424213483,"d":"9.766"},{"v":-16.3941897712281,"d":"-16.394"},{"v":9.45065669615034,"d":"9.451"},{"v":0.0827914135989792,"d":"0.083"},{"v":-34.9174768956827,"d":"-34.917"},{"v":2.12909735322661,"d":"2.129"},{"v":-6.68549809882516,"d":"-6.685"},{"v":6.11577537772518,"d":"6.116"},{"v":0.274325200739217,"d":"0.274"},{"v":-18.6724178391665,"d":"-18.672"},{"v":5.30142164151619,"d":"5.301"},{"v":-7.37734092940024,"d":"-7.377"},{"v":6.3542284795106,"d":"6.354"},{"v":0.245636672945152,"d":"0.246"},{"v":-19.831628749241,"d":"-19.832"},{"v":5.07694689044053,"d":"5.077"},{"v":0.500555555555556,"d":"0.501"}]
["FEV1","lateral occipital","occipital",242,{"v":-32.8990936229208,"d":"-32.899"},{"v":18.1752479509121,"d":"18.175"},{"v":0.0702796215124356,"d":"0.070"},{"v":-68.5225796067085,"d":"-68.523"},{"v":2.72439236086696,"d":"2.724"},{"v":-149.343998947377,"d":"-149.344"},{"v":58.2198836053143,"d":"58.220"},{"v":0.0109215450238251,"d":"0.011"},{"v":-263.454970813793,"d":"-263.455"},{"v":-35.2330270809605,"d":"-35.233"},{"v":-28.0530245245818,"d":"-28.053"},{"v":23.4231519975013,"d":"23.423"},{"v":0.231048537827656,"d":"0.231"},{"v":-73.9624024396844,"d":"-73.962"},{"v":17.8563533905207,"d":"17.856"},{"v":-33.3606368670968,"d":"-33.361"},{"v":14.71690970406,"d":"14.717"},{"v":0.0234010095245008,"d":"0.023"},{"v":-62.2057798870544,"d":"-62.206"},{"v":-4.51549384713925,"d":"-4.515"},{"v":-33.1435573409197,"d":"-33.144"},{"v":18.9198467578793,"d":"18.920"},{"v":0.0798102972214929,"d":"0.080"},{"v":-70.2264569863632,"d":"-70.226"},{"v":3.93934230452381,"d":"3.939"},{"v":0.324888888888889,"d":"0.325"}]
["FEV1","lingual","occipital",214,{"v":-26.0142547031315,"d":"-26.014"},{"v":12.6195829453729,"d":"12.620"},{"v":0.0392630335366433,"d":"0.039"},{"v":-50.7486372760624,"d":"-50.749"},{"v":-1.27987213020056,"d":"-1.280"},{"v":-9.3498191695005,"d":"-9.350"},{"v":42.5123733819365,"d":"42.512"},{"v":0.826135965906335,"d":"0.826"},{"v":-92.674070998096,"d":"-92.674"},{"v":73.9744326590951,"d":"73.974"},{"v":-32.7928885040703,"d":"-32.793"},{"v":18.3735921469422,"d":"18.374"},{"v":0.0742964018168028,"d":"0.074"},{"v":-68.805129112077,"d":"-68.805"},{"v":3.21935210393637,"d":"3.219"},{"v":-26.0656424596235,"d":"-26.066"},{"v":12.7093873725046,"d":"12.709"},{"v":0.0402769935048562,"d":"0.040"},{"v":-50.9760417097325,"d":"-50.976"},{"v":-1.1552432095145,"d":"-1.155"},{"v":-27.4742203266416,"d":"-27.474"},{"v":13.2303394336291,"d":"13.230"},{"v":0.0378378124692395,"d":"0.038"},{"v":-53.4056856165548,"d":"-53.406"},{"v":-1.54275503672853,"d":"-1.543"},{"v":0.324888888888889,"d":"0.325"}]
["FEV1","pericalcarine","occipital",242,{"v":-14.5843320097904,"d":"-14.584"},{"v":9.23669503522678,"d":"9.237"},{"v":0.114346225155438,"d":"0.114"},{"v":-32.6882542788349,"d":"-32.688"},{"v":3.51959025925413,"d":"3.520"},{"v":-47.4832708075819,"d":"-47.483"},{"v":29.7931895450008,"d":"29.793"},{"v":0.112305301555283,"d":"0.112"},{"v":-105.877922315784,"d":"-105.878"},{"v":10.9113807006197,"d":"10.911"},{"v":-16.2151440345272,"d":"-16.215"},{"v":12.3634438616194,"d":"12.363"},{"v":0.189675583562687,"d":"0.190"},{"v":-40.4474940033013,"d":"-40.447"},{"v":8.01720593424689,"d":"8.017"},{"v":-14.8288869769739,"d":"-14.829"},{"v":7.8537579805685,"d":"7.854"},{"v":0.0590089972355451,"d":"0.059"},{"v":-30.2222526188882,"d":"-30.222"},{"v":0.564478664940339,"d":"0.564"},{"v":-12.2423287160938,"d":"-12.242"},{"v":9.45500470825312,"d":"9.455"},{"v":0.195389647316692,"d":"0.195"},{"v":-30.7741379442699,"d":"-30.774"},{"v":6.28948051208234,"d":"6.289"},{"v":0.352363636363636,"d":"0.352"}]
["FVC","global cortex","global ",254,{"v":3650.67384571195,"d":"3650.674"},{"v":576.736218769091,"d":"576.736"},{"v":2.45344246228471e-10,"d":"0.000"},{"v":2520.27085692453,"d":"2520.271"},{"v":4781.07683449937,"d":"4781.077"},{"v":3490.98657511761,"d":"3490.987"},{"v":1678.73736955773,"d":"1678.737"},{"v":0.0385797582377011,"d":"0.039"},{"v":200.661330784461,"d":"200.661"},{"v":6781.31181945075,"d":"6781.312"},{"v":2912.63757324839,"d":"2912.638"},{"v":872.159029174317,"d":"872.159"},{"v":0.000839077009888179,"d":"0.001"},{"v":1203.20587606672,"d":"1203.206"},{"v":4622.06927043005,"d":"4622.069"},{"v":3658.67625663899,"d":"3658.676"},{"v":559.110608238316,"d":"559.111"},{"v":5.99977767150858e-11,"d":"0.000"},{"v":2562.81946449189,"d":"2562.819"},{"v":4754.53304878609,"d":"4754.533"},{"v":3708.51899355778,"d":"3708.519"},{"v":642.170056042755,"d":"642.170"},{"v":7.69623946730501e-09,"d":"0.000"},{"v":2449.86568371398,"d":"2449.866"},{"v":4967.17230340157,"d":"4967.172"},{"v":2.45344246228471e-10,"d":"0.000"}]
["FVC","caudal anterior cingulate","frontal",298,{"v":3.81851911043988,"d":"3.819"},{"v":3.93402733865112,"d":"3.934"},{"v":0.331728236374323,"d":"0.332"},{"v":-3.89217447331632,"d":"-3.892"},{"v":11.5292126941961,"d":"11.529"},{"v":8.09162869465631,"d":"8.092"},{"v":11.2759483075486,"d":"11.276"},{"v":0.473569443625411,"d":"0.474"},{"v":-14.0092299881389,"d":"-14.009"},{"v":30.1924873774515,"d":"30.192"},{"v":10.2114886754525,"d":"10.211"},{"v":5.46731508037836,"d":"5.467"},{"v":0.0617991975255901,"d":"0.062"},{"v":-0.504448882089095,"d":"-0.504"},{"v":20.9274262329941,"d":"20.927"},{"v":3.85561503445595,"d":"3.856"},{"v":3.49952326329054,"d":"3.500"},{"v":0.270568474435523,"d":"0.271"},{"v":-3.0034505615935,"d":"-3.003"},{"v":10.7146806305054,"d":"10.715"},{"v":3.96062060981389,"d":"3.961"},{"v":4.06028724896512,"d":"4.060"},{"v":0.329335454181437,"d":"0.329"},{"v":-3.99754239815774,"d":"-3.998"},{"v":11.9187836177855,"d":"11.919"},0.595]
["FVC","caudal middle frontal","frontal",296,{"v":19.3289821808035,"d":"19.329"},{"v":10.468181030459,"d":"10.468"},{"v":0.0648267638429822,"d":"0.065"},{"v":-1.18865263889613,"d":"-1.189"},{"v":39.8466170005031,"d":"39.847"},{"v":-18.5117868066624,"d":"-18.512"},{"v":30.0156529491414,"d":"30.016"},{"v":0.537884987456276,"d":"0.538"},{"v":-77.3424665869796,"d":"-77.342"},{"v":40.3188929736548,"d":"40.319"},{"v":17.0666636621459,"d":"17.067"},{"v":14.7663467625618,"d":"14.766"},{"v":0.247770728978588,"d":"0.248"},{"v":-11.8753759924752,"d":"-11.875"},{"v":46.008703316767,"d":"46.009"},{"v":19.6408203203814,"d":"19.641"},{"v":9.30242687725195,"d":"9.302"},{"v":0.0347409344255084,"d":"0.035"},{"v":1.40806364096758,"d":"1.408"},{"v":37.8735769997952,"d":"37.874"},{"v":15.1800780475875,"d":"15.180"},{"v":11.2549519829228,"d":"11.255"},{"v":0.177418376963602,"d":"0.177"},{"v":-6.87962783894108,"d":"-6.880"},{"v":37.2397839341162,"d":"37.240"},{"v":0.315714285714286,"d":"0.316"}]
["FVC","frontal pole","frontal",298,{"v":-0.960701470732611,"d":"-0.961"},{"v":1.08582405314413,"d":"1.086"},{"v":0.37628222142149,"d":"0.376"},{"v":-3.08891661489511,"d":"-3.089"},{"v":1.16751367342989,"d":"1.168"},{"v":3.13729580955294,"d":"3.137"},{"v":3.10378514741743,"d":"3.104"},{"v":0.312939282177171,"d":"0.313"},{"v":-2.94612307938522,"d":"-2.946"},{"v":9.2207146984911,"d":"9.221"},{"v":1.54704668340131,"d":"1.547"},{"v":1.5889524798674,"d":"1.589"},{"v":0.330241885483749,"d":"0.330"},{"v":-1.5673001771388,"d":"-1.567"},{"v":4.66139354394141,"d":"4.661"},{"v":-0.976189368348383,"d":"-0.976"},{"v":1.04076829305829,"d":"1.041"},{"v":0.348269736749403,"d":"0.348"},{"v":-3.01609522274263,"d":"-3.016"},{"v":1.06371648604587,"d":"1.064"},{"v":-0.361210960408293,"d":"-0.361"},{"v":1.13694781624155,"d":"1.137"},{"v":0.750710750244235,"d":"0.751"},{"v":-2.58962868024173,"d":"-2.590"},{"v":1.86720675942514,"d":"1.867"},0.595]
["FVC","lateral orbitofrontal","frontal",296,{"v":6.56010383535445,"d":"6.560"},{"v":7.46070546288514,"d":"7.461"},{"v":0.379245500303901,"d":"0.379"},{"v":-8.06287887190043,"d":"-8.063"},{"v":21.1830865426093,"d":"21.183"},{"v":-18.4902875243221,"d":"-18.490"},{"v":21.3798095946235,"d":"21.380"},{"v":0.387827278723492,"d":"0.388"},{"v":-60.3947143297842,"d":"-60.395"},{"v":23.41413928114,"d":"23.414"},{"v":9.26538130105881,"d":"9.265"},{"v":10.6421321525216,"d":"10.642"},{"v":0.383955092499533,"d":"0.384"},{"v":-11.5931977178835,"d":"-11.593"},{"v":30.1239603200011,"d":"30.124"},{"v":6.63051762743719,"d":"6.631"},{"v":6.50543618465846,"d":"6.505"},{"v":0.308095107576719,"d":"0.308"},{"v":-6.12013729449338,"d":"-6.120"},{"v":19.3811725493678,"d":"19.381"},{"v":3.97590234798685,"d":"3.976"},{"v":7.56689824676952,"d":"7.567"},{"v":0.599281822964905,"d":"0.599"},{"v":-10.8552182156814,"d":"-10.855"},{"v":18.8070229116551,"d":"18.807"},0.595]
["FVC","medial orbitofrontal","frontal",268,{"v":8.61089680999345,"d":"8.611"},{"v":5.04242247174861,"d":"5.042"},{"v":0.087693791043235,"d":"0.088"},{"v":-1.27225123463383,"d":"-1.272"},{"v":18.4940448546207,"d":"18.494"},{"v":13.0170208002002,"d":"13.017"},{"v":14.3037818048253,"d":"14.304"},{"v":0.363625020950824,"d":"0.364"},{"v":-15.0183915372575,"d":"-15.018"},{"v":41.0524331376579,"d":"41.052"},{"v":8.79323505805477,"d":"8.793"},{"v":7.69712885700408,"d":"7.697"},{"v":0.253285899252996,"d":"0.253"},{"v":-6.29313750167323,"d":"-6.293"},{"v":23.8796076177828,"d":"23.880"},{"v":8.57293590506462,"d":"8.573"},{"v":5.07552082136573,"d":"5.076"},{"v":0.0912050364240323,"d":"0.091"},{"v":-1.37508490481221,"d":"-1.375"},{"v":18.5209567149414,"d":"18.521"},{"v":7.50958145836164,"d":"7.510"},{"v":5.27007079480182,"d":"5.270"},{"v":0.154171979641959,"d":"0.154"},{"v":-2.81975729944994,"d":"-2.820"},{"v":17.8389202161732,"d":"17.839"},0.374]
["FVC","paracentral","frontal",297,{"v":7.65195118571495,"d":"7.652"},{"v":5.96160428196306,"d":"5.962"},{"v":0.199303329452184,"d":"0.199"},{"v":-4.03279320693266,"d":"-4.033"},{"v":19.3366955783626,"d":"19.337"},{"v":-6.39390369025237,"d":"-6.394"},{"v":17.0500397518265,"d":"17.050"},{"v":0.707923876206742,"d":"0.708"},{"v":-39.8119816038323,"d":"-39.812"},{"v":27.0241742233276,"d":"27.024"},{"v":15.2454528210689,"d":"15.245"},{"v":8.12365678373043,"d":"8.124"},{"v":0.0605628329645655,"d":"0.061"},{"v":-0.676914475042787,"d":"-0.677"},{"v":31.1678201171805,"d":"31.168"},{"v":7.78178652885772,"d":"7.782"},{"v":5.21855740201606,"d":"5.219"},{"v":0.135915344494056,"d":"0.136"},{"v":-2.44658597909376,"d":"-2.447"},{"v":18.0101590368092,"d":"18.010"},{"v":7.38778577272825,"d":"7.388"},{"v":6.13409229410627,"d":"6.134"},{"v":0.228442253934272,"d":"0.228"},{"v":-4.63503512372003,"d":"-4.635"},{"v":19.4106066691765,"d":"19.411"},{"v":0.483285714285714,"d":"0.483"}]
["FVC","parsopercularis","frontal",278,{"v":13.3288380717076,"d":"13.329"},{"v":6.35511625544719,"d":"6.355"},{"v":0.0359635085990771,"d":"0.036"},{"v":0.87281021103111,"d":"0.873"},{"v":25.7848659323841,"d":"25.785"},{"v":-14.0474165918209,"d":"-14.047"},{"v":18.2594312832435,"d":"18.259"},{"v":0.44235893625175,"d":"0.442"},{"v":-49.8359019069782,"d":"-49.836"},{"v":21.7410687233364,"d":"21.741"},{"v":11.9860313132028,"d":"11.986"},{"v":9.35710866310465,"d":"9.357"},{"v":0.200209615757484,"d":"0.200"},{"v":-6.35390166648235,"d":"-6.354"},{"v":30.3259642928879,"d":"30.326"},{"v":13.2668162997792,"d":"13.267"},{"v":6.40080284819772,"d":"6.401"},{"v":0.0382020666104315,"d":"0.038"},{"v":0.721242717311666,"d":"0.721"},{"v":25.8123898822467,"d":"25.812"},{"v":15.1198558015307,"d":"15.120"},{"v":6.63878408856923,"d":"6.639"},{"v":0.0227561596518646,"d":"0.023"},{"v":2.10783898793501,"d":"2.108"},{"v":28.1318726151264,"d":"28.132"},{"v":0.2788,"d":"0.279"}]
["FVC","parsorbitalis","frontal",298,{"v":2.70634817182571,"d":"2.706"},{"v":2.30116387935889,"d":"2.301"},{"v":0.239563715450647,"d":"0.240"},{"v":-1.80393303171771,"d":"-1.804"},{"v":7.21662937536913,"d":"7.217"},{"v":-3.19337555646817,"d":"-3.193"},{"v":6.58754114629623,"d":"6.588"},{"v":0.628205226655252,"d":"0.628"},{"v":-16.1049562032088,"d":"-16.105"},{"v":9.71820509027243,"d":"9.718"},{"v":2.48559659651135,"d":"2.486"},{"v":3.40446379219615,"d":"3.404"},{"v":0.465329495490118,"d":"0.465"},{"v":-4.18715243619311,"d":"-4.187"},{"v":9.15834562921581,"d":"9.158"},{"v":2.67940951329015,"d":"2.679"},{"v":2.16598600563804,"d":"2.166"},{"v":0.216072544037688,"d":"0.216"},{"v":-1.56592305776041,"d":"-1.566"},{"v":6.92474208434071,"d":"6.925"},{"v":1.93620899512509,"d":"1.936"},{"v":2.36534400375799,"d":"2.365"},{"v":0.413029531976059,"d":"0.413"},{"v":-2.69986525224056,"d":"-2.700"},{"v":6.57228324249074,"d":"6.572"},{"v":0.49,"d":"0.490"}]
["FVC","parstriangularis","frontal",297,{"v":5.25560733228354,"d":"5.256"},{"v":6.3385578225169,"d":"6.339"},{"v":0.407020237720113,"d":"0.407"},{"v":-7.16796599984958,"d":"-7.168"},{"v":17.6791806644167,"d":"17.679"},{"v":3.01379694451874,"d":"3.014"},{"v":18.1915463523692,"d":"18.192"},{"v":0.868529985017861,"d":"0.869"},{"v":-32.6416339061249,"d":"-32.642"},{"v":38.6692277951623,"d":"38.669"},{"v":4.85476732542317,"d":"4.855"},{"v":9.26140892931395,"d":"9.261"},{"v":0.600144189384856,"d":"0.600"},{"v":-13.2975941760322,"d":"-13.298"},{"v":23.0071288268785,"d":"23.007"},{"v":5.34730517761072,"d":"5.347"},{"v":5.75853616515823,"d":"5.759"},{"v":0.353102859468128,"d":"0.353"},{"v":-5.93942570609941,"d":"-5.939"},{"v":16.6340360613209,"d":"16.634"},{"v":3.32123179876531,"d":"3.321"},{"v":6.71106718134641,"d":"6.711"},{"v":0.620678636504413,"d":"0.621"},{"v":-9.83245987667365,"d":"-9.832"},{"v":16.4749234742043,"d":"16.475"},0.595]
["FVC","precentral","frontal",297,{"v":6.3967168798906,"d":"6.397"},{"v":13.3695270227788,"d":"13.370"},{"v":0.632326404711824,"d":"0.632"},{"v":-19.8075560847558,"d":"-19.808"},{"v":32.600989844537,"d":"32.601"},{"v":8.31856892088101,"d":"8.319"},{"v":38.3450574076756,"d":"38.345"},{"v":0.828405217949076,"d":"0.828"},{"v":-66.8377435981631,"d":"-66.838"},{"v":83.4748814399251,"d":"83.475"},{"v":-2.17545100336756,"d":"-2.175"},{"v":19.2230091300748,"d":"19.223"},{"v":0.90989647800293,"d":"0.910"},{"v":-39.8525488983141,"d":"-39.853"},{"v":35.501646891579,"d":"35.502"},{"v":6.45803516984627,"d":"6.458"},{"v":11.7478987236721,"d":"11.748"},{"v":0.582512588226496,"d":"0.583"},{"v":-16.567846328551,"d":"-16.568"},{"v":29.4839166682436,"d":"29.484"},{"v":7.41907796539092,"d":"7.419"},{"v":14.0971474956562,"d":"14.097"},{"v":0.598692140335279,"d":"0.599"},{"v":-20.2113311260952,"d":"-20.211"},{"v":35.049487056877,"d":"35.049"},{"v":0.716266666666667,"d":"0.716"}]
["FVC","rostral anterior cingulate","frontal",297,{"v":5.10868693841897,"d":"5.109"},{"v":3.88979877740413,"d":"3.890"},{"v":0.189063330476315,"d":"0.189"},{"v":-2.51531866529313,"d":"-2.515"},{"v":12.7326925421311,"d":"12.733"},{"v":16.2251146825849,"d":"16.225"},{"v":11.1661879311303,"d":"11.166"},{"v":0.147270638484928,"d":"0.147"},{"v":-5.66061366243048,"d":"-5.661"},{"v":38.1108430276004,"d":"38.111"},{"v":6.62338248111524,"d":"6.623"},{"v":5.30222704669472,"d":"5.302"},{"v":0.211602935140293,"d":"0.212"},{"v":-3.76898253040641,"d":"-3.769"},{"v":17.0157474926369,"d":"17.016"},{"v":5.1391180415115,"d":"5.139"},{"v":3.41739718948165,"d":"3.417"},{"v":0.13263014683398,"d":"0.133"},{"v":-1.55898044987254,"d":"-1.559"},{"v":11.8372165328955,"d":"11.837"},{"v":3.71877252879394,"d":"3.719"},{"v":4.02502610672791,"d":"4.025"},{"v":0.355531797323374,"d":"0.356"},{"v":-4.17027864039276,"d":"-4.170"},{"v":11.6078236979806,"d":"11.608"},{"v":0.483285714285714,"d":"0.483"}]
["FVC","rostral middle frontal","frontal",295,{"v":-4.98946542089584,"d":"-4.989"},{"v":16.1998756431721,"d":"16.200"},{"v":0.75808685457007,"d":"0.758"},{"v":-36.7412216815131,"d":"-36.741"},{"v":26.7622908397214,"d":"26.762"},{"v":-36.9208028026352,"d":"-36.921"},{"v":46.5291193887944,"d":"46.529"},{"v":0.428129357135839,"d":"0.428"},{"v":-128.117876804672,"d":"-128.118"},{"v":54.2762711994017,"d":"54.276"},{"v":2.33793707633616,"d":"2.338"},{"v":22.982028332778,"d":"22.982"},{"v":0.918971841040895,"d":"0.919"},{"v":-42.7068384559087,"d":"-42.707"},{"v":47.382712608581,"d":"47.383"},{"v":-5.01062987068731,"d":"-5.011"},{"v":14.2198718569047,"d":"14.220"},{"v":0.724562188416063,"d":"0.725"},{"v":-32.8815787102204,"d":"-32.882"},{"v":22.8603189688458,"d":"22.860"},{"v":-3.51052676454779,"d":"-3.511"},{"v":16.6958197141972,"d":"16.696"},{"v":0.833461774629731,"d":"0.833"},{"v":-36.2343334043744,"d":"-36.234"},{"v":29.2132798752788,"d":"29.213"},{"v":0.805375,"d":"0.805"}]
["FVC","superior frontal","frontal",297,{"v":9.97875700659764,"d":"9.979"},{"v":16.2342766046961,"d":"16.234"},{"v":0.538771284016167,"d":"0.539"},{"v":-21.8404251386066,"d":"-21.840"},{"v":41.7979391518019,"d":"41.798"},{"v":-35.949495311801,"d":"-35.949"},{"v":46.6058964095143,"d":"46.606"},{"v":0.441116430016792,"d":"0.441"},{"v":-127.297052274449,"d":"-127.297"},{"v":55.3980616508471,"d":"55.398"},{"v":3.95486161264347,"d":"3.955"},{"v":21.777720285911,"d":"21.778"},{"v":0.855895653872967,"d":"0.856"},{"v":-38.729470147742,"d":"-38.729"},{"v":46.639193373029,"d":"46.639"},{"v":10.181478132338,"d":"10.181"},{"v":14.2047599030913,"d":"14.205"},{"v":0.473518963450616,"d":"0.474"},{"v":-17.6598512777209,"d":"-17.660"},{"v":38.0228075423969,"d":"38.023"},{"v":9.16296240373278,"d":"9.163"},{"v":17.3396539613082,"d":"17.340"},{"v":0.597194154403148,"d":"0.597"},{"v":-24.8227593604312,"d":"-24.823"},{"v":43.1486841678968,"d":"43.149"},{"v":0.6545,"d":"0.655"}]
["FVC","bankssts","temporal",298,{"v":3.41568350853636,"d":"3.416"},{"v":4.57554966287927,"d":"4.576"},{"v":0.455360722079866,"d":"0.455"},{"v":-5.55239383070702,"d":"-5.552"},{"v":12.3837608477797,"d":"12.384"},{"v":0.263132111706951,"d":"0.263"},{"v":13.1182790328022,"d":"13.118"},{"v":0.984010273837014,"d":"0.984"},{"v":-25.4486947925854,"d":"-25.449"},{"v":25.9749590159993,"d":"25.975"},{"v":6.5353644151655,"d":"6.535"},{"v":6.12550955611762,"d":"6.126"},{"v":0.286012698844335,"d":"0.286"},{"v":-5.47063431482503,"d":"-5.471"},{"v":18.541363145156,"d":"18.541"},{"v":3.43629773817177,"d":"3.436"},{"v":3.92939416756624,"d":"3.929"},{"v":0.38184012726552,"d":"0.382"},{"v":-4.26531483025806,"d":"-4.265"},{"v":11.1379103066016,"d":"11.138"},{"v":4.4543694932402,"d":"4.454"},{"v":4.75143045729014,"d":"4.751"},{"v":0.348511872578059,"d":"0.349"},{"v":-4.85843420304846,"d":"-4.858"},{"v":13.7671731895289,"d":"13.767"},0.595]
["FVC","entorhinal","temporal",297,{"v":3.95499965848629,"d":"3.955"},{"v":2.613028215163,"d":"2.613"},{"v":0.130135076265906,"d":"0.130"},{"v":-1.16653564323319,"d":"-1.167"},{"v":9.07653496020578,"d":"9.077"},{"v":15.6404035873347,"d":"15.640"},{"v":7.45494436136471,"d":"7.455"},{"v":0.0367564467994267,"d":"0.037"},{"v":1.02871263905986,"d":"1.029"},{"v":30.2520945356095,"d":"30.252"},{"v":3.71807237476303,"d":"3.718"},{"v":3.61990561564912,"d":"3.620"},{"v":0.304364623062449,"d":"0.304"},{"v":-3.37694263190924,"d":"-3.377"},{"v":10.8130873814353,"d":"10.813"},{"v":3.96443081429905,"d":"3.964"},{"v":2.22699690319469,"d":"2.227"},{"v":0.0750483097032295,"d":"0.075"},{"v":-0.40048311596254,"d":"-0.400"},{"v":8.32934474456063,"d":"8.329"},{"v":4.24772904692988,"d":"4.248"},{"v":2.72139592029579,"d":"2.721"},{"v":0.118555832088847,"d":"0.119"},{"v":-1.08620695684988,"d":"-1.086"},{"v":9.58166505070963,"d":"9.582"},{"v":0.4522,"d":"0.452"}]
["FVC","fusiform","temporal",297,{"v":-3.80735916775156,"d":"-3.807"},{"v":9.91309913692694,"d":"9.913"},{"v":0.700923935585755,"d":"0.701"},{"v":-23.2370334761284,"d":"-23.237"},{"v":15.6223151406252,"d":"15.622"},{"v":-9.06747757757295,"d":"-9.067"},{"v":28.4240441540118,"d":"28.424"},{"v":0.749946738711883,"d":"0.750"},{"v":-64.7786041194362,"d":"-64.779"},{"v":46.6436489642902,"d":"46.644"},{"v":-5.88803338706713,"d":"-5.888"},{"v":13.7544635704603,"d":"13.754"},{"v":0.668591679880208,"d":"0.669"},{"v":-32.8467819851693,"d":"-32.847"},{"v":21.070715211035,"d":"21.071"},{"v":-3.78671227199884,"d":"-3.787"},{"v":8.78895785490605,"d":"8.789"},{"v":0.666578286669769,"d":"0.667"},{"v":-21.0130696676147,"d":"-21.013"},{"v":13.439645123617,"d":"13.440"},{"v":-2.7772466265513,"d":"-2.777"},{"v":10.35845554875,"d":"10.358"},{"v":0.788611593899258,"d":"0.789"},{"v":-23.0798195021013,"d":"-23.080"},{"v":17.5253262489987,"d":"17.525"},{"v":0.768838709677419,"d":"0.769"}]
["FVC","inferior temporal","temporal",299,{"v":-13.9958855344307,"d":"-13.996"},{"v":12.0397319269571,"d":"12.040"},{"v":0.245042635851093,"d":"0.245"},{"v":-37.5937601112665,"d":"-37.594"},{"v":9.60198904240515,"d":"9.602"},{"v":44.4108871273156,"d":"44.411"},{"v":34.2978378698665,"d":"34.298"},{"v":0.196374349968945,"d":"0.196"},{"v":-22.8128750976227,"d":"-22.813"},{"v":111.634649352254,"d":"111.635"},{"v":3.0579467289399,"d":"3.058"},{"v":15.8796469501943,"d":"15.880"},{"v":0.847295587987368,"d":"0.847"},{"v":-28.066161293441,"d":"-28.066"},{"v":34.1820547513208,"d":"34.182"},{"v":-13.9561099973891,"d":"-13.956"},{"v":9.99052912256208,"d":"9.991"},{"v":0.162433413492132,"d":"0.162"},{"v":-33.5375470776107,"d":"-33.538"},{"v":5.62532708283263,"d":"5.625"},{"v":-16.2714502938244,"d":"-16.271"},{"v":12.8982011776861,"d":"12.898"},{"v":0.207118445137341,"d":"0.207"},{"v":-41.5519246020891,"d":"-41.552"},{"v":9.0090240144403,"d":"9.009"},{"v":0.49,"d":"0.490"}]
["FVC","insula","temporal",264,{"v":19.2609403207597,"d":"19.261"},{"v":6.41128169613245,"d":"6.411"},{"v":0.00266257305887652,"d":"0.003"},{"v":6.69482819634008,"d":"6.695"},{"v":31.8270524451793,"d":"31.827"},{"v":24.207120389719,"d":"24.207"},{"v":19.1698562343822,"d":"19.170"},{"v":0.207794542073294,"d":"0.208"},{"v":-13.36579782967,"d":"-13.366"},{"v":61.7800386091081,"d":"61.780"},{"v":12.2803871647272,"d":"12.280"},{"v":9.67639596745837,"d":"9.676"},{"v":0.204402708401571,"d":"0.204"},{"v":-6.68534893149121,"d":"-6.685"},{"v":31.2461232609456,"d":"31.246"},{"v":19.1214102916238,"d":"19.121"},{"v":6.45761171717814,"d":"6.458"},{"v":0.00306576882334761,"d":"0.003"},{"v":6.46449132595463,"d":"6.464"},{"v":31.7783292572929,"d":"31.778"},{"v":19.9507428254866,"d":"19.951"},{"v":6.70394287598879,"d":"6.704"},{"v":2.92062018559257E-3,"d":"0.003"},{"v":6.81101478854855,"d":"6.811"},{"v":33.0904708624246,"d":"33.090"},0.068]
["FVC","middle temporal","temporal",297,{"v":0.556377393117036,"d":"0.556"},{"v":10.3451564584688,"d":"10.345"},{"v":0.957109298255118,"d":"0.957"},{"v":-19.7201292654818,"d":"-19.720"},{"v":20.8328840517158,"d":"20.833"},{"v":39.6362742538086,"d":"39.636"},{"v":29.968173129398,"d":"29.968"},{"v":0.186988755446283,"d":"0.187"},{"v":-19.1013450798115,"d":"-19.101"},{"v":98.3738935874287,"d":"98.374"},{"v":10.4969926469199,"d":"10.497"},{"v":14.1915816212191,"d":"14.192"},{"v":0.459504298483917,"d":"0.460"},{"v":-17.3185073306694,"d":"-17.319"},{"v":38.3124926245092,"d":"38.312"},{"v":0.577493717916113,"d":"0.577"},{"v":8.65619087594087,"d":"8.656"},{"v":0.94680896570944,"d":"0.947"},{"v":-16.388640398928,"d":"-16.389"},{"v":17.5436278347602,"d":"17.544"},{"v":-1.09578969325924,"d":"-1.096"},{"v":10.6972148999302,"d":"10.697"},{"v":0.918409883852759,"d":"0.918"},{"v":-22.0623308971225,"d":"-22.062"},{"v":19.870751510604,"d":"19.871"},0.958]
["FVC","parahippocampal","temporal",298,{"v":-3.90435666596478,"d":"-3.904"},{"v":3.02528730543521,"d":"3.025"},{"v":0.196851490738006,"d":"0.197"},{"v":-9.83391978461779,"d":"-9.834"},{"v":2.02520645268824,"d":"2.025"},{"v":-0.27451180946985,"d":"-0.275"},{"v":8.68196125896223,"d":"8.682"},{"v":0.97479748712362,"d":"0.975"},{"v":-17.2911558770358,"d":"-17.291"},{"v":16.7421322580961,"d":"16.742"},{"v":-1.90372831879668,"d":"-1.904"},{"v":4.26737439350664,"d":"4.267"},{"v":0.655516109214036,"d":"0.656"},{"v":-10.2677821300697,"d":"-10.268"},{"v":6.46032549247634,"d":"6.460"},{"v":-3.97217173084443,"d":"-3.972"},{"v":2.69676565208789,"d":"2.697"},{"v":0.14076744194924,"d":"0.141"},{"v":-9.25783240893669,"d":"-9.258"},{"v":1.31348894724782,"d":"1.313"},{"v":-4.01824809378329,"d":"-4.018"},{"v":3.14944737834392,"d":"3.149"},{"v":0.202005668561939,"d":"0.202"},{"v":-10.1911649553374,"d":"-10.191"},{"v":2.15466876777079,"d":"2.155"},{"v":0.483285714285714,"d":"0.483"}]
["FVC","superior temporal","temporal",298,{"v":9.36199261545536,"d":"9.362"},{"v":10.1343118692577,"d":"10.134"},{"v":0.355594806926103,"d":"0.356"},{"v":-10.5012586482898,"d":"-10.501"},{"v":29.2252438792005,"d":"29.225"},{"v":-11.9997168591746,"d":"-12.000"},{"v":29.0166818310812,"d":"29.017"},{"v":0.679506479610734,"d":"0.680"},{"v":-68.8724132480937,"d":"-68.872"},{"v":44.8729795297445,"d":"44.873"},{"v":1.08812536621758,"d":"1.088"},{"v":13.8401287224517,"d":"13.840"},{"v":0.937334048832008,"d":"0.937"},{"v":-26.0385269297878,"d":"-26.039"},{"v":28.2147776622229,"d":"28.215"},{"v":9.50964341852338,"d":"9.510"},{"v":8.32308828436067,"d":"8.323"},{"v":0.253220539182819,"d":"0.253"},{"v":-6.80360961882354,"d":"-6.804"},{"v":25.8228964558703,"d":"25.823"},{"v":9.89653885504427,"d":"9.897"},{"v":10.504078085259,"d":"10.504"},{"v":0.346109918352078,"d":"0.346"},{"v":-10.6914541920634,"d":"-10.691"},{"v":30.4845319021519,"d":"30.485"},0.595]
["FVC","temporal pole","temporal",297,{"v":-0.1006608560845,"d":"-0.101"},{"v":1.90924435930551,"d":"1.909"},{"v":0.9579527109267,"d":"0.958"},{"v":-3.84277980032331,"d":"-3.843"},{"v":3.64145808815431,"d":"3.641"},{"v":5.19683681845354,"d":"5.197"},{"v":5.46848366033029,"d":"5.468"},{"v":0.342725044714322,"d":"0.343"},{"v":-5.52139115579384,"d":"-5.521"},{"v":15.9150647927009,"d":"15.915"},{"v":0.473982572421654,"d":"0.474"},{"v":2.7375142013155,"d":"2.738"},{"v":0.862538695719993,"d":"0.863"},{"v":-4.89154526215673,"d":"-4.892"},{"v":5.83951040700004,"d":"5.840"},{"v":-0.100660856084499,"d":"-0.101"},{"v":1.67688263227383,"d":"1.677"},{"v":0.952132885078704,"d":"0.952"},{"v":-3.38735081534122,"d":"-3.387"},{"v":3.18602910317222,"d":"3.186"},{"v":0.628425050264565,"d":"0.628"},{"v":2.01957262099263,"d":"2.020"},{"v":0.755673406582981,"d":"0.756"},{"v":-3.32993728688099,"d":"-3.330"},{"v":4.58678738741012,"d":"4.587"},0.958]
["FVC","transverse temporal","temporal",298,{"v":2.21530169576947,"d":"2.215"},{"v":1.87632690029858,"d":"1.876"},{"v":0.237738330867476,"d":"0.238"},{"v":-1.46229902881574,"d":"-1.462"},{"v":5.89290242035467,"d":"5.893"},{"v":3.17434525774902,"d":"3.174"},{"v":5.45074966536744,"d":"5.451"},{"v":0.560761777817738,"d":"0.561"},{"v":-7.50912408637116,"d":"-7.509"},{"v":13.8578146018692,"d":"13.858"},{"v":0.272004698666739,"d":"0.272"},{"v":2.73976760797736,"d":"2.740"},{"v":0.920915792303694,"d":"0.921"},{"v":-5.09793981296889,"d":"-5.098"},{"v":5.64194921030237,"d":"5.642"},{"v":2.19633281076146,"d":"2.196"},{"v":1.79377564908196,"d":"1.794"},{"v":0.22079424232952,"d":"0.221"},{"v":-1.31946746143917,"d":"-1.319"},{"v":5.7121330829621,"d":"5.712"},{"v":1.70953260271626,"d":"1.710"},{"v":1.91188063910772,"d":"1.912"},{"v":0.371234776598644,"d":"0.371"},{"v":-2.03775344993488,"d":"-2.038"},{"v":5.4568186553674,"d":"5.457"},{"v":0.49,"d":"0.490"}]
["FVC","inferior parietal","parietal",278,{"v":31.4211253554001,"d":"31.421"},{"v":15.3702710572749,"d":"15.370"},{"v":0.0409259732824082,"d":"0.041"},{"v":1.2953940831412,"d":"1.295"},{"v":61.5468566276589,"d":"61.547"},{"v":75.2583351769188,"d":"75.258"},{"v":43.4955320126588,"d":"43.496"},{"v":0.0847026422156541,"d":"0.085"},{"v":-9.99290756789247,"d":"-9.993"},{"v":160.50957792173,"d":"160.510"},{"v":45.7702814317324,"d":"45.770"},{"v":22.7413887068914,"d":"22.741"},{"v":0.044152270961346,"d":"0.044"},{"v":1.1971595662253,"d":"1.197"},{"v":90.3434032972395,"d":"90.343"},{"v":31.2523531631525,"d":"31.252"},{"v":15.4790700615034,"d":"15.479"},{"v":0.0434864761375054,"d":"0.043"},{"v":0.913375842605792,"d":"0.913"},{"v":61.5913304836991,"d":"61.591"},{"v":30.2777338479007,"d":"30.278"},{"v":16.0508410702354,"d":"16.051"},{"v":0.0592458776515536,"d":"0.059"},{"v":-1.18191464976062,"d":"-1.182"},{"v":61.737382345562,"d":"61.737"},{"v":0.2788,"d":"0.279"}]
["FVC","isthmus cingulate","parietal",298,{"v":-3.34810548425584,"d":"-3.348"},{"v":4.31715122048655,"d":"4.317"},{"v":0.43802309792175,"d":"0.438"},{"v":-11.8097218764095,"d":"-11.810"},{"v":5.11351090789781,"d":"5.114"},{"v":8.0672196478071,"d":"8.067"},{"v":12.3583063763547,"d":"12.358"},{"v":0.51440663199654,"d":"0.514"},{"v":-16.1550608498482,"d":"-16.155"},{"v":32.2895001454624,"d":"32.290"},{"v":5.8056722114802,"d":"5.806"},{"v":6.40501249943661,"d":"6.405"},{"v":0.364710222024443,"d":"0.365"},{"v":-6.74815228741555,"d":"-6.748"},{"v":18.359496710376,"d":"18.359"},{"v":-3.37751365722759,"d":"-3.378"},{"v":4.01575209350654,"d":"4.016"},{"v":0.400310806732299,"d":"0.400"},{"v":-11.2483877605004,"d":"-11.248"},{"v":4.49336044604524,"d":"4.493"},{"v":-0.690277469597665,"d":"-0.690"},{"v":4.47497100142662,"d":"4.475"},{"v":0.87741029518231,"d":"0.877"},{"v":-9.46122063239385,"d":"-9.461"},{"v":8.08066569319852,"d":"8.081"},0.595]
["FVC","postcentral","parietal",297,{"v":-6.14997329706795,"d":"-6.150"},{"v":11.3303927079148,"d":"11.330"},{"v":0.587277471959533,"d":"0.587"},{"v":-28.3575430045809,"d":"-28.358"},{"v":16.057596410445,"d":"16.058"},{"v":37.8659460619213,"d":"37.866"},{"v":32.3607223505725,"d":"32.361"},{"v":0.242896908341774,"d":"0.243"},{"v":-25.5610697452009,"d":"-25.561"},{"v":101.292961869043,"d":"101.293"},{"v":-15.7630439416668,"d":"-15.763"},{"v":15.5178364268966,"d":"15.518"},{"v":0.3097238472375,"d":"0.310"},{"v":-46.1780033383841,"d":"-46.178"},{"v":14.6519154550505,"d":"14.652"},{"v":-6.14431759712134,"d":"-6.144"},{"v":9.994378493709,"d":"9.994"},{"v":0.538701764643065,"d":"0.539"},{"v":-25.733299444791,"d":"-25.733"},{"v":13.4446642505483,"d":"13.445"},{"v":-15.3905887896574,"d":"-15.391"},{"v":11.7131903086453,"d":"11.713"},{"v":0.188861813153811,"d":"0.189"},{"v":-38.3484417946022,"d":"-38.348"},{"v":7.56726421528748,"d":"7.567"},{"v":0.688206896551724,"d":"0.688"}]
["FVC","posterior cingulate","parietal",298,{"v":3.15988886296916,"d":"3.160"},{"v":4.42323537853761,"d":"4.423"},{"v":0.474989723753429,"d":"0.475"},{"v":-5.50965247896454,"d":"-5.510"},{"v":11.8294302049029,"d":"11.829"},{"v":-10.6484384916188,"d":"-10.648"},{"v":12.6366758438914,"d":"12.637"},{"v":0.400098228979139,"d":"0.400"},{"v":-35.416323145646,"d":"-35.416"},{"v":14.1194461624084,"d":"14.119"},{"v":-3.87800931421556,"d":"-3.878"},{"v":6.58052924909832,"d":"6.581"},{"v":0.555649503320985,"d":"0.556"},{"v":-16.7758466424483,"d":"-16.776"},{"v":9.01982801401715,"d":"9.020"},{"v":3.16704336829745,"d":"3.167"},{"v":4.0208542299862,"d":"4.021"},{"v":0.430898908113902,"d":"0.431"},{"v":-4.71383092247549,"d":"-4.714"},{"v":11.0479176590704,"d":"11.048"},{"v":1.5286050117834,"d":"1.529"},{"v":4.6070473588598,"d":"4.607"},{"v":0.740042464624786,"d":"0.740"},{"v":-7.5012078115818,"d":"-7.501"},{"v":10.5584178351486,"d":"10.558"},{"v":0.598148148148148,"d":"0.598"}]
["FVC","precuneus","parietal",298,{"v":8.2709499806574,"d":"8.271"},{"v":10.9632006555401,"d":"10.963"},{"v":0.450592020879272,"d":"0.451"},{"v":-13.2169233042013,"d":"-13.217"},{"v":29.7588232655161,"d":"29.759"},{"v":1.89025526123325,"d":"1.890"},{"v":31.4116564352801,"d":"31.412"},{"v":0.952055373456839,"d":"0.952"},{"v":-59.6765913519158,"d":"-59.677"},{"v":63.4571018743823,"d":"63.457"},{"v":11.0846086587013,"d":"11.085"},{"v":15.1391400153428,"d":"15.139"},{"v":0.464057374677425,"d":"0.464"},{"v":-18.5881057713706,"d":"-18.588"},{"v":40.7573230887732,"d":"40.757"},{"v":8.32754365596496,"d":"8.328"},{"v":10.0194661390699,"d":"10.019"},{"v":0.405896542654557,"d":"0.406"},{"v":-11.3106099766121,"d":"-11.311"},{"v":27.965697288542,"d":"27.966"},{"v":8.09169210141296,"d":"8.092"},{"v":11.2486901189013,"d":"11.249"},{"v":0.471928205601581,"d":"0.472"},{"v":-13.9557405316335,"d":"-13.956"},{"v":30.1391247344595,"d":"30.139"},0.595]
["FVC","superior parietal","parietal",297,{"v":-12.4068187492733,"d":"-12.407"},{"v":15.8775696879206,"d":"15.878"},{"v":0.434564094028121,"d":"0.435"},{"v":-43.5268553375976,"d":"-43.527"},{"v":18.7132178390511,"d":"18.713"},{"v":-25.2938333434889,"d":"-25.294"},{"v":45.4108345772791,"d":"45.411"},{"v":0.577949786205482,"d":"0.578"},{"v":-114.299069114956,"d":"-114.299"},{"v":63.7114024279781,"d":"63.711"},{"v":-6.29380328606253,"d":"-6.294"},{"v":22.0459856755955,"d":"22.046"},{"v":0.775272418725045,"d":"0.775"},{"v":-49.5039352102296,"d":"-49.504"},{"v":36.9163286381046,"d":"36.916"},{"v":-12.4341454384139,"d":"-12.434"},{"v":14.3504513166489,"d":"14.350"},{"v":0.386235913376749,"d":"0.386"},{"v":-40.5610300190457,"d":"-40.561"},{"v":15.692739142218,"d":"15.693"},{"v":-9.13409255642529,"d":"-9.134"},{"v":16.342500276778,"d":"16.343"},{"v":0.576218728895816,"d":"0.576"},{"v":-41.1653930989102,"d":"-41.165"},{"v":22.8972079860596,"d":"22.897"},0.595]
["FVC","supramarginal","parietal",298,{"v":16.9795220039826,"d":"16.980"},{"v":12.8833146770617,"d":"12.883"},{"v":0.187521492585111,"d":"0.188"},{"v":-8.27177476305829,"d":"-8.272"},{"v":42.2308187710234,"d":"42.231"},{"v":47.2117921660995,"d":"47.212"},{"v":36.8933833158746,"d":"36.893"},{"v":0.201659156790367,"d":"0.202"},{"v":-25.0992391330147,"d":"-25.099"},{"v":119.522823465214,"d":"119.523"},{"v":10.2710688560453,"d":"10.271"},{"v":19.168544213377,"d":"19.169"},{"v":0.592076486033242,"d":"0.592"},{"v":-27.2992778021737,"d":"-27.299"},{"v":47.8414155142642,"d":"47.841"},{"v":17.3030542963903,"d":"17.303"},{"v":11.4850874320912,"d":"11.485"},{"v":0.13192166846247,"d":"0.132"},{"v":-5.20771707050846,"d":"-5.208"},{"v":39.8138256632891,"d":"39.814"},{"v":22.2826710314529,"d":"22.283"},{"v":13.1808871592385,"d":"13.181"},{"v":0.0909268088605504,"d":"0.091"},{"v":-3.55186780065453,"d":"-3.552"},{"v":48.1172098635603,"d":"48.117"},{"v":0.483285714285714,"d":"0.483"}]
["FVC","cuneus","occipital",275,{"v":-14.210872582395,"d":"-14.211"},{"v":5.44408216712033,"d":"5.444"},{"v":0.0090453869633361,"d":"0.009"},{"v":-24.8812736299508,"d":"-24.881"},{"v":-3.54047153483915,"d":"-3.540"},{"v":5.97586819896468,"d":"5.976"},{"v":15.5233228714486,"d":"15.523"},{"v":0.700566321904367,"d":"0.701"},{"v":-24.4498446290745,"d":"-24.450"},{"v":36.4015810270039,"d":"36.402"},{"v":-18.9661753666959,"d":"-18.966"},{"v":8.3134983290431,"d":"8.313"},{"v":0.0225264928406055,"d":"0.023"},{"v":-35.2606320916203,"d":"-35.261"},{"v":-2.67171864177138,"d":"-2.672"},{"v":-14.3422607568905,"d":"-14.342"},{"v":5.47840614901767,"d":"5.478"},{"v":0.0088456577567174,"d":"0.009"},{"v":-25.0799368089651,"d":"-25.080"},{"v":-3.60458470481585,"d":"-3.605"},{"v":-15.3375638857366,"d":"-15.338"},{"v":5.6892833140966,"d":"5.689"},{"v":0.00702052200294649,"d":"0.007"},{"v":-26.488559181366,"d":"-26.489"},{"v":-4.18656859010729,"d":"-4.187"},0.102]
["FVC","lateral occipital","occipital",265,{"v":-40.3967415225672,"d":"-40.397"},{"v":14.1651116777152,"d":"14.165"},{"v":0.00434659170462051,"d":"0.004"},{"v":-68.1603604108889,"d":"-68.160"},{"v":-12.6331226342455,"d":"-12.633"},{"v":-69.5942882735203,"d":"-69.594"},{"v":42.7662760167704,"d":"42.766"},{"v":0.104867206083182,"d":"0.105"},{"v":-153.41618926639,"d":"-153.416"},{"v":14.2276127193498,"d":"14.228"},{"v":-27.4404975885548,"d":"-27.440"},{"v":21.9570678761518,"d":"21.957"},{"v":0.211396677492297,"d":"0.211"},{"v":-70.4763506258124,"d":"-70.476"},{"v":15.5953554487028,"d":"15.595"},{"v":-41.1098288400591,"d":"-41.110"},{"v":14.2715658244,"d":"14.272"},{"v":0.00396993460267037,"d":"0.004"},{"v":-69.0820978558831,"d":"-69.082"},{"v":-13.1375598242351,"d":"-13.138"},{"v":-40.0471024257924,"d":"-40.047"},{"v":14.8054471619955,"d":"14.805"},{"v":0.006832706047196,"d":"0.007"},{"v":-69.0657788633036,"d":"-69.066"},{"v":-11.0284259882812,"d":"-11.028"},0.068]
["FVC","lingual","occipital",269,{"v":-17.1044294777538,"d":"-17.104"},{"v":11.3752605934279,"d":"11.375"},{"v":0.13267108198347,"d":"0.133"},{"v":-39.3999402408724,"d":"-39.400"},{"v":5.19108128536487,"d":"5.191"},{"v":28.5500138437031,"d":"28.550"},{"v":34.0518196924908,"d":"34.052"},{"v":0.402540084798479,"d":"0.403"},{"v":-38.1915527535789,"d":"-38.192"},{"v":95.2915804409851,"d":"95.292"},{"v":-1.9705258515053,"d":"-1.971"},{"v":17.0265827674823,"d":"17.027"},{"v":0.907864694136061,"d":"0.908"},{"v":-35.3426280757705,"d":"-35.343"},{"v":31.4015763727599,"d":"31.402"},{"v":-17.2698256354827,"d":"-17.270"},{"v":11.4514722924786,"d":"11.451"},{"v":0.131532057687606,"d":"0.132"},{"v":-39.7147113287406,"d":"-39.715"},{"v":5.17506005777533,"d":"5.175"},{"v":-16.2789318435623,"d":"-16.279"},{"v":11.897118488702,"d":"11.897"},{"v":0.171215439493973,"d":"0.171"},{"v":-39.5972840814182,"d":"-39.597"},{"v":7.03942039429361,"d":"7.039"},{"v":0.4522,"d":"0.452"}]
["FVC","pericalcarine","occipital",297,{"v":-15.9000069129143,"d":"-15.900"},{"v":8.50457354677991,"d":"8.505"},{"v":0.0615417349523406,"d":"0.062"},{"v":-32.5689710646029,"d":"-32.569"},{"v":0.768957238774318,"d":"0.769"},{"v":-17.1022462980558,"d":"-17.102"},{"v":24.4663840052535,"d":"24.466"},{"v":0.485096537004052,"d":"0.485"},{"v":-65.0563589483527,"d":"-65.056"},{"v":30.8518663522411,"d":"30.852"},{"v":-20.5368734142469,"d":"-20.537"},{"v":11.1260655870343,"d":"11.126"},{"v":0.0649162695214445,"d":"0.065"},{"v":-42.3439619648342,"d":"-42.344"},{"v":1.27021513634041,"d":"1.270"},{"v":-15.7969222658746,"d":"-15.797"},{"v":7.10298570498045,"d":"7.103"},{"v":0.0261495614339453,"d":"0.026"},{"v":-29.7187742476363,"d":"-29.719"},{"v":-1.8750702841129,"d":"-1.875"},{"v":-18.1486327272354,"d":"-18.149"},{"v":8.61779187767611,"d":"8.618"},{"v":0.0352087570534527,"d":"0.035"},{"v":-35.0395048074806,"d":"-35.040"},{"v":-1.2577606469902,"d":"-1.258"},{"v":0.315714285714286,"d":"0.316"}]
["FEV1/FVC","global cortex","global ",283,{"v":-283.300538042487,"d":"-283.301"},{"v":359.668332804916,"d":"359.668"},{"v":0.430888810520064,"d":"0.431"},{"v":-988.250470340122,"d":"-988.250"},{"v":421.649394255149,"d":"421.649"},{"v":-1056.58112817492,"d":"-1056.581"},{"v":875.63780172545,"d":"875.638"},{"v":0.228584983651623,"d":"0.229"},{"v":-2772.8312195568,"d":"-2772.831"},{"v":659.668963206964,"d":"659.669"},{"v":-503.681764113351,"d":"-503.682"},{"v":522.682374549817,"d":"522.682"},{"v":0.335222491334857,"d":"0.335"},{"v":-1528.13921823099,"d":"-1528.139"},{"v":520.775690004291,"d":"520.776"},{"v":-281.613206393829,"d":"-281.613"},{"v":317.513432455145,"d":"317.513"},{"v":0.37511486297626,"d":"0.375"},{"v":-903.939534005913,"d":"-903.940"},{"v":340.713121218254,"d":"340.713"},{"v":-277.680779090556,"d":"-277.681"},{"v":382.481950320611,"d":"382.482"},{"v":0.467840560615845,"d":"0.468"},{"v":-1027.34540171895,"d":"-1027.345"},{"v":471.983843537842,"d":"471.984"},{"v":0.430888810520064,"d":"0.431"}]
["FEV1/FVC","caudal anterior cingulate","frontal",284,{"v":-2.21565626342907,"d":"-2.216"},{"v":2.40138278009835,"d":"2.401"},{"v":0.356185192723819,"d":"0.356"},{"v":-6.92236651242184,"d":"-6.922"},{"v":2.49105398556371,"d":"2.491"},{"v":-8.59463891184279,"d":"-8.595"},{"v":5.85347722888288,"d":"5.853"},{"v":0.143138281159653,"d":"0.143"},{"v":-20.0674542804532,"d":"-20.067"},{"v":2.87817645676766,"d":"2.878"},{"v":0.0485681728060928,"d":"0.049"},{"v":3.78579387179142,"d":"3.786"},{"v":0.989764172700759,"d":"0.990"},{"v":-7.3715878159051,"d":"-7.372"},{"v":7.46872416151728,"d":"7.469"},{"v":-2.24746941790113,"d":"-2.247"},{"v":2.18987015896619,"d":"2.190"},{"v":0.304748976413977,"d":"0.305"},{"v":-6.53961492947486,"d":"-6.540"},{"v":2.04467609367261,"d":"2.045"},{"v":-2.40814376467738,"d":"-2.408"},{"v":2.48284178556315,"d":"2.483"},{"v":0.332089209068306,"d":"0.332"},{"v":-7.27451366438117,"d":"-7.275"},{"v":2.4582261350264,"d":"2.458"},{"v":0.861769230769231,"d":"0.862"}]
["FEV1/FVC","caudal middle frontal","frontal",283,{"v":-2.6715036578443,"d":"-2.672"},{"v":6.04469604651837,"d":"6.045"},{"v":0.658519373354531,"d":"0.659"},{"v":-14.5191079090203,"d":"-14.519"},{"v":9.1761005933317,"d":"9.176"},{"v":-9.94842140207114,"d":"-9.948"},{"v":14.7338139782338,"d":"14.734"},{"v":0.500097446167659,"d":"0.500"},{"v":-38.8266967994094,"d":"-38.827"},{"v":18.9298539952672,"d":"18.930"},{"v":0.337955398606133,"d":"0.338"},{"v":9.84615937242574,"d":"9.846"},{"v":0.972619125088927,"d":"0.973"},{"v":-18.9605169713483,"d":"-18.961"},{"v":19.6364277685606,"d":"19.636"},{"v":-2.70874640937119,"d":"-2.709"},{"v":5.78067220403831,"d":"5.781"},{"v":0.639365048972254,"d":"0.639"},{"v":-14.0388639292863,"d":"-14.039"},{"v":8.62137111054389,"d":"8.621"},{"v":-1.20101631537647,"d":"-1.201"},{"v":6.09054315587873,"d":"6.091"},{"v":0.84367601504214,"d":"0.844"},{"v":-13.1384809008988,"d":"-13.138"},{"v":10.7364482701458,"d":"10.736"},{"v":0.861769230769231,"d":"0.862"}]
["FEV1/FVC","frontal pole","frontal",284,{"v":-1.11647425939488,"d":"-1.116"},{"v":0.66686195871503,"d":"0.667"},{"v":0.0940871843873776,"d":"0.094"},{"v":-2.42352369847634,"d":"-2.424"},{"v":0.190575179686576,"d":"0.191"},{"v":-1.0799071602431,"d":"-1.080"},{"v":1.62864787986884,"d":"1.629"},{"v":0.50782750049949,"d":"0.508"},{"v":-4.27205700478603,"d":"-4.272"},{"v":2.11224268429983,"d":"2.112"},{"v":-1.10575144853634,"d":"-1.106"},{"v":1.0729503225746,"d":"1.073"},{"v":0.302742058048069,"d":"0.303"},{"v":-3.20873408078255,"d":"-3.209"},{"v":0.997231183709881,"d":"0.997"},{"v":-1.13966262770363,"d":"-1.140"},{"v":0.651332438203846,"d":"0.651"},{"v":0.0801631332020993,"d":"0.080"},{"v":-2.41627420658317,"d":"-2.416"},{"v":0.136948951175906,"d":"0.137"},{"v":-1.03060452667014,"d":"-1.031"},{"v":0.679597508209874,"d":"0.680"},{"v":0.129394864434846,"d":"0.129"},{"v":-2.36261564276149,"d":"-2.363"},{"v":0.301406589421213,"d":"0.301"},{"v":0.861769230769231,"d":"0.862"}]
["FEV1/FVC","lateral orbitofrontal","frontal",284,{"v":3.01526055361197,"d":"3.015"},{"v":5.00660317626291,"d":"5.007"},{"v":0.547003245836388,"d":"0.547"},{"v":-6.79768167186334,"d":"-6.798"},{"v":12.8282027790873,"d":"12.828"},{"v":6.93793728000505,"d":"6.938"},{"v":12.2100906950418,"d":"12.210"},{"v":0.570342228097269,"d":"0.570"},{"v":-16.9938404822769,"d":"-16.994"},{"v":30.869715042287,"d":"30.870"},{"v":3.61609595140819,"d":"3.616"},{"v":7.12505189313727,"d":"7.125"},{"v":0.611791029408231,"d":"0.612"},{"v":-10.3490057591409,"d":"-10.349"},{"v":17.5811976619572,"d":"17.581"},{"v":3.02743547489721,"d":"3.027"},{"v":4.04048491046436,"d":"4.040"},{"v":0.453691302168569,"d":"0.454"},{"v":-4.89191494961295,"d":"-4.892"},{"v":10.9467858994074,"d":"10.947"},{"v":4.44275385529354,"d":"4.443"},{"v":5.16383032737672,"d":"5.164"},{"v":0.389590543264449,"d":"0.390"},{"v":-5.67835358636483,"d":"-5.678"},{"v":14.5638612969519,"d":"14.564"},{"v":0.861769230769231,"d":"0.862"}]
["FEV1/FVC","medial orbitofrontal","frontal",284,{"v":3.63539456751215,"d":"3.635"},{"v":2.9702759127868,"d":"2.970"},{"v":0.2209805698143,"d":"0.221"},{"v":-2.18634622154998,"d":"-2.186"},{"v":9.45713535657428,"d":"9.457"},{"v":11.4212535292238,"d":"11.421"},{"v":7.23882330398002,"d":"7.239"},{"v":0.115737767229048,"d":"0.116"},{"v":-2.76684014657705,"d":"-2.767"},{"v":25.6093472050246,"d":"25.609"},{"v":4.34900494581498,"d":"4.349"},{"v":4.97863368731972,"d":"4.979"},{"v":0.382372175904864,"d":"0.382"},{"v":-5.40911708133167,"d":"-5.409"},{"v":14.1071269729616,"d":"14.107"},{"v":3.62963439512085,"d":"3.630"},{"v":2.98959248843029,"d":"2.990"},{"v":0.224713351731511,"d":"0.225"},{"v":-2.22996688220251,"d":"-2.230"},{"v":9.48923567244421,"d":"9.489"},{"v":3.00393101998513,"d":"3.004"},{"v":3.08752817247412,"d":"3.088"},{"v":0.330590953453175,"d":"0.331"},{"v":-3.04762419806414,"d":"-3.048"},{"v":9.05548623803441,"d":"9.055"},{"v":0.861769230769231,"d":"0.862"}]
["FEV1/FVC","paracentral","frontal",254,{"v":13.0762652070055,"d":"13.076"},{"v":3.53821985953462,"d":"3.538"},{"v":2.19265662844539E-4,"d":"0.000"},{"v":6.14135428231768,"d":"6.141"},{"v":20.0111761316934,"d":"20.011"},{"v":26.7748759984882,"d":"26.775"},{"v":9.07889394444047,"d":"9.079"},{"v":0.00348616997752721,"d":"0.003"},{"v":8.98024386738483,"d":"8.980"},{"v":44.5695081295915,"d":"44.570"},{"v":15.079836848999,"d":"15.080"},{"v":6.00874461563298,"d":"6.009"},{"v":0.0120851393727786,"d":"0.012"},{"v":3.30269740235838,"d":"3.303"},{"v":26.8569762956397,"d":"26.857"},{"v":13.2531421219391,"d":"13.253"},{"v":3.56002385585787,"d":"3.560"},{"v":0.000197050739509857,"d":"0.000"},{"v":6.27549536445772,"d":"6.275"},{"v":20.2307888794206,"d":"20.231"},{"v":14.0933904558509,"d":"14.093"},{"v":3.68765467812754,"d":"3.688"},{"v":1.32493969477639E-4,"d":"0.000"},{"v":6.8655872867209,"d":"6.866"},{"v":21.3211936249809,"d":"21.321"},{"v":0.0068,"d":"0.007"}]
["FEV1/FVC","parsopercularis","frontal",282,{"v":-2.28710731449554,"d":"-2.287"},{"v":4.39468711202459,"d":"4.395"},{"v":0.602767028591611,"d":"0.603"},{"v":-10.9006940540637,"d":"-10.901"},{"v":6.32647942507266,"d":"6.326"},{"v":-26.2402772747986,"d":"-26.240"},{"v":10.6008704730015,"d":"10.601"},{"v":0.0139046140914092,"d":"0.014"},{"v":-47.0179834018815,"d":"-47.018"},{"v":-5.46257114771571,"d":"-5.463"},{"v":-0.843219492191235,"d":"-0.843"},{"v":6.32129575815083,"d":"6.321"},{"v":0.893882219937616,"d":"0.894"},{"v":-13.2329591781669,"d":"-13.233"},{"v":11.5465201937844,"d":"11.547"},{"v":-2.33385683828061,"d":"-2.334"},{"v":3.88980659252872,"d":"3.890"},{"v":0.548510881566263,"d":"0.549"},{"v":-9.9578777596369,"d":"-9.958"},{"v":5.29016408307568,"d":"5.290"},{"v":-1.594886726599,"d":"-1.595"},{"v":4.51627391213924,"d":"4.516"},{"v":0.723981866966829,"d":"0.724"},{"v":-10.4467835943919,"d":"-10.447"},{"v":7.25701014119392,"d":"7.257"},{"v":0.861769230769231,"d":"0.862"}]
["FEV1/FVC","parsorbitalis","frontal",284,{"v":-0.717931867715619,"d":"-0.718"},{"v":1.57525091175864,"d":"1.575"},{"v":0.648564619784315,"d":"0.649"},{"v":-3.80542365476255,"d":"-3.805"},{"v":2.36955991933131,"d":"2.370"},{"v":-0.617637477047291,"d":"-0.618"},{"v":3.84674868665782,"d":"3.847"},{"v":0.872554198721208,"d":"0.873"},{"v":-8.15726490289662,"d":"-8.157"},{"v":6.92198994880204,"d":"6.922"},{"v":0.819670808404738,"d":"0.820"},{"v":2.22092829551786,"d":"2.221"},{"v":0.712077964960217,"d":"0.712"},{"v":-3.53334865081026,"d":"-3.533"},{"v":5.17269026761974,"d":"5.173"},{"v":-0.727881241821611,"d":"-0.728"},{"v":1.35760965556292,"d":"1.358"},{"v":0.591855484478215,"d":"0.592"},{"v":-3.38879616672494,"d":"-3.389"},{"v":1.93303368308172,"d":"1.933"},{"v":-0.227853483099947,"d":"-0.228"},{"v":1.56627221378215,"d":"1.566"},{"v":0.884335836337758,"d":"0.884"},{"v":-3.29774702211297,"d":"-3.298"},{"v":2.84204005591307,"d":"2.842"},{"v":0.861769230769231,"d":"0.862"}]
["FEV1/FVC","parstriangularis","frontal",283,{"v":-3.04391397686877,"d":"-3.044"},{"v":4.22486857596533,"d":"4.225"},{"v":0.471232326162344,"d":"0.471"},{"v":-11.3246563857608,"d":"-11.325"},{"v":5.23682843202327,"d":"5.237"},{"v":-14.9329020390036,"d":"-14.933"},{"v":10.2880704007168,"d":"10.288"},{"v":0.147762458702809,"d":"0.148"},{"v":-35.0975200244086,"d":"-35.098"},{"v":5.23171594640142,"d":"5.232"},{"v":-12.9257196875752,"d":"-12.926"},{"v":5.93449732453167,"d":"5.934"},{"v":0.0294012132714538,"d":"0.029"},{"v":-24.5573344436573,"d":"-24.557"},{"v":-1.29410493149311,"d":"-1.294"},{"v":-3.07805914819321,"d":"-3.078"},{"v":3.60838023825813,"d":"3.608"},{"v":0.393642275445032,"d":"0.394"},{"v":-10.1504844151791,"d":"-10.150"},{"v":3.99436611879272,"d":"3.994"},{"v":-3.78837584066314,"d":"-3.788"},{"v":4.28829492673597,"d":"4.288"},{"v":0.377008086906887,"d":"0.377"},{"v":-12.1934338970656,"d":"-12.193"},{"v":4.61668221573936,"d":"4.617"},{"v":0.861769230769231,"d":"0.862"}]
["FEV1/FVC","precentral","frontal",259,{"v":15.104154279345,"d":"15.104"},{"v":7.82512328463161,"d":"7.825"},{"v":0.053580457954574,"d":"0.054"},{"v":-0.233087358532943,"d":"-0.233"},{"v":30.441395917223,"d":"30.441"},{"v":23.716443795161,"d":"23.716"},{"v":19.5797798098985,"d":"19.580"},{"v":0.226903686836506,"d":"0.227"},{"v":-14.65992463224,"d":"-14.660"},{"v":62.0928122225621,"d":"62.093"},{"v":16.2199652845925,"d":"16.220"},{"v":12.3924720498415,"d":"12.392"},{"v":0.190583027156046,"d":"0.191"},{"v":-8.0692799330968,"d":"-8.069"},{"v":40.5092105022817,"d":"40.509"},{"v":15.3086640359904,"d":"15.309"},{"v":7.87122699577242,"d":"7.871"},{"v":0.0517883203390177,"d":"0.052"},{"v":-0.118940875723577,"d":"-0.119"},{"v":30.7362689477043,"d":"30.736"},{"v":15.6985597004428,"d":"15.699"},{"v":8.1489441587918,"d":"8.149"},{"v":0.0540478078450397,"d":"0.054"},{"v":-0.273370850789124,"d":"-0.273"},{"v":31.6704902516747,"d":"31.670"},{"v":0.861769230769231,"d":"0.862"}]
["FEV1/FVC","rostral anterior cingulate","frontal",283,{"v":-0.786932749543205,"d":"-0.787"},{"v":2.28329377359753,"d":"2.283"},{"v":0.730358976844858,"d":"0.730"},{"v":-5.26218854579437,"d":"-5.262"},{"v":3.68832304670796,"d":"3.688"},{"v":3.48165982787624,"d":"3.482"},{"v":5.56891585151085,"d":"5.569"},{"v":0.532350282518348,"d":"0.532"},{"v":-7.43341524108502,"d":"-7.433"},{"v":14.3967348968375,"d":"14.397"},{"v":-0.425114608613735,"d":"-0.425"},{"v":3.65806975442495,"d":"3.658"},{"v":0.907483875255359,"d":"0.907"},{"v":-7.59493132728664,"d":"-7.595"},{"v":6.74470211005917,"d":"6.745"},{"v":-0.795231238042377,"d":"-0.795"},{"v":2.12546888304091,"d":"2.125"},{"v":0.70829725179533,"d":"0.708"},{"v":-4.96115024880255,"d":"-4.961"},{"v":3.3706877727178,"d":"3.371"},{"v":-1.13707525727822,"d":"-1.137"},{"v":2.34454888814441,"d":"2.345"},{"v":0.627685710627788,"d":"0.628"},{"v":-5.73239107804126,"d":"-5.732"},{"v":3.45824056348482,"d":"3.458"},{"v":0.886428571428571,"d":"0.886"}]
["FEV1/FVC","rostral middle frontal","frontal",283,{"v":-16.1068416997734,"d":"-16.107"},{"v":10.7725177804249,"d":"10.773"},{"v":0.134867748664646,"d":"0.135"},{"v":-37.2209765494062,"d":"-37.221"},{"v":5.00729314985937,"d":"5.007"},{"v":7.11790530613756,"d":"7.118"},{"v":26.2532192164519,"d":"26.253"},{"v":0.786493916673278,"d":"0.786"},{"v":-44.3384043581082,"d":"-44.338"},{"v":58.5742149703833,"d":"58.574"},{"v":-19.7466186399337,"d":"-19.747"},{"v":15.1826857870864,"d":"15.183"},{"v":0.193395012194,"d":"0.193"},{"v":-49.5046827826231,"d":"-49.505"},{"v":10.0114455027556,"d":"10.011"},{"v":-16.214166947688,"d":"-16.214"},{"v":8.87590520508039,"d":"8.876"},{"v":0.0677355514484334,"d":"0.068"},{"v":-33.6109411496456,"d":"-33.611"},{"v":1.18260725426954,"d":"1.183"},{"v":-14.0629067656845,"d":"-14.063"},{"v":11.3513531285458,"d":"11.351"},{"v":0.215391820770409,"d":"0.215"},{"v":-36.3115588976343,"d":"-36.312"},{"v":8.18574536626527,"d":"8.186"},{"v":0.861769230769231,"d":"0.862"}]
["FEV1/FVC","superior frontal","frontal",284,{"v":10.723185445917,"d":"10.723"},{"v":10.3654060975152,"d":"10.365"},{"v":0.300894685663589,"d":"0.301"},{"v":-9.5930105052129,"d":"-9.593"},{"v":31.0393813970469,"d":"31.039"},{"v":48.9133197641379,"d":"48.913"},{"v":25.1959957280548,"d":"25.196"},{"v":0.0532163554303019,"d":"0.053"},{"v":-0.47083186284943,"d":"-0.471"},{"v":98.2974713911253,"d":"98.297"},{"v":16.7329636792639,"d":"16.733"},{"v":14.9299613098868,"d":"14.930"},{"v":0.262388316833538,"d":"0.262"},{"v":-12.5297604881141,"d":"-12.530"},{"v":45.995687846642,"d":"45.996"},{"v":10.7063354479566,"d":"10.706"},{"v":8.83768139889886,"d":"8.838"},{"v":0.225726180056406,"d":"0.226"},{"v":-6.61552009388514,"d":"-6.616"},{"v":28.0281909897984,"d":"28.028"},{"v":8.23237280169547,"d":"8.232"},{"v":11.0542174686576,"d":"11.054"},{"v":0.456436850562234,"d":"0.456"},{"v":-13.4338934368734,"d":"-13.434"},{"v":29.8986390402643,"d":"29.899"},{"v":0.861769230769231,"d":"0.862"}]
["FEV1/FVC","bankssts","temporal",284,{"v":0.633703240978486,"d":"0.634"},{"v":2.8048458923194,"d":"2.805"},{"v":0.82125464191454,"d":"0.821"},{"v":-4.86379470796754,"d":"-4.864"},{"v":6.13120118992451,"d":"6.131"},{"v":4.38605025282219,"d":"4.386"},{"v":6.84912001622075,"d":"6.849"},{"v":0.522444545733299,"d":"0.522"},{"v":-9.03822497897047,"d":"-9.038"},{"v":17.8103254846148,"d":"17.810"},{"v":-0.649432169191445,"d":"-0.649"},{"v":3.91045440845252,"d":"3.910"},{"v":0.868097233079062,"d":"0.868"},{"v":-8.31392280975838,"d":"-8.314"},{"v":7.01505847137549,"d":"7.015"},{"v":0.632536383446893,"d":"0.633"},{"v":2.45876911697631,"d":"2.459"},{"v":0.796980128174617,"d":"0.797"},{"v":-4.18665108582667,"d":"-4.187"},{"v":5.45172385272046,"d":"5.452"},{"v":-0.814244447071256,"d":"-0.814"},{"v":2.81975648221687,"d":"2.820"},{"v":0.772761905178722,"d":"0.773"},{"v":-6.34096715221632,"d":"-6.341"},{"v":4.71247825807381,"d":"4.712"},{"v":0.919096774193548,"d":"0.919"}]
["FEV1/FVC","entorhinal","temporal",284,{"v":1.47608110248962,"d":"1.476"},{"v":1.64372923645443,"d":"1.644"},{"v":0.369181576903752,"d":"0.369"},{"v":-1.74562820096107,"d":"-1.746"},{"v":4.69779040594031,"d":"4.698"},{"v":8.99828456393991,"d":"8.998"},{"v":3.97883814361199,"d":"3.979"},{"v":0.0244877561295823,"d":"0.024"},{"v":1.19976180246042,"d":"1.200"},{"v":16.7968073254194,"d":"16.797"},{"v":3.7833976807716,"d":"3.783"},{"v":2.40681597243665,"d":"2.407"},{"v":0.115961828185682,"d":"0.116"},{"v":-0.933961625204244,"d":"-0.934"},{"v":8.50075698674744,"d":"8.501"},{"v":1.46754890684447,"d":"1.468"},{"v":1.38936837968716,"d":"1.389"},{"v":0.29084462530004,"d":"0.291"},{"v":-1.25561311734238,"d":"-1.256"},{"v":4.19071093103131,"d":"4.191"},{"v":1.64104079063275,"d":"1.641"},{"v":1.72330344146048,"d":"1.723"},{"v":0.34096282731066,"d":"0.341"},{"v":-1.73663395462979,"d":"-1.737"},{"v":5.0187155358953,"d":"5.019"},{"v":0.861769230769231,"d":"0.862"}]
["FEV1/FVC","fusiform","temporal",284,{"v":5.47861977685398,"d":"5.479"},{"v":6.10539834598076,"d":"6.105"},{"v":0.369537376358517,"d":"0.370"},{"v":-6.48796098126831,"d":"-6.488"},{"v":17.4452005349763,"d":"17.445"},{"v":8.87800167861964,"d":"8.878"},{"v":14.9087397290665,"d":"14.909"},{"v":0.551993738615935,"d":"0.552"},{"v":-20.3431281903508,"d":"-20.343"},{"v":38.0991315475901,"d":"38.099"},{"v":6.69800100154639,"d":"6.698"},{"v":9.19511710347563,"d":"9.195"},{"v":0.466350281311487,"d":"0.466"},{"v":-11.3244285212659,"d":"-11.324"},{"v":24.7204305243586,"d":"24.720"},{"v":5.49909664184424,"d":"5.499"},{"v":5.49517589041609,"d":"5.495"},{"v":0.316965343800359,"d":"0.317"},{"v":-5.27144810337129,"d":"-5.271"},{"v":16.2696413870598,"d":"16.270"},{"v":4.54626119581719,"d":"4.546"},{"v":6.19869643095661,"d":"6.199"},{"v":0.463301000329063,"d":"0.463"},{"v":-7.60318380885776,"d":"-7.603"},{"v":16.6957062004921,"d":"16.696"},{"v":0.861769230769231,"d":"0.862"}]
["FEV1/FVC","inferior temporal","temporal",284,{"v":-1.4770641719812,"d":"-1.477"},{"v":7.20416676521689,"d":"7.204"},{"v":0.837549352148269,"d":"0.838"},{"v":-15.5972310318063,"d":"-15.597"},{"v":12.6431026878439,"d":"12.643"},{"v":-16.5334384949627,"d":"-16.533"},{"v":17.5650791159481,"d":"17.565"},{"v":0.347373390126755,"d":"0.347"},{"v":-50.960993562221,"d":"-50.961"},{"v":17.8941165722955,"d":"17.894"},{"v":-7.58391805161081,"d":"-7.584"},{"v":10.1227521276334,"d":"10.123"},{"v":0.453739517368178,"d":"0.454"},{"v":-27.4245122217723,"d":"-27.425"},{"v":12.2566761185507,"d":"12.257"},{"v":-1.46863389880664,"d":"-1.469"},{"v":6.25100189641187,"d":"6.251"},{"v":0.814252383251593,"d":"0.814"},{"v":-13.7205976157739,"d":"-13.721"},{"v":10.7833298181606,"d":"10.783"},{"v":-4.06745803692558,"d":"-4.067"},{"v":7.4997276804975,"d":"7.500"},{"v":0.587579186951692,"d":"0.588"},{"v":-18.7669242907007,"d":"-18.767"},{"v":10.6320082168495,"d":"10.632"},{"v":0.919096774193548,"d":"0.919"}]
["FEV1/FVC","insula","temporal",283,{"v":1.73593410441863,"d":"1.736"},{"v":4.40726160337844,"d":"4.407"},{"v":0.693669317963246,"d":"0.694"},{"v":-6.90229863820311,"d":"-6.902"},{"v":10.3741668470404,"d":"10.374"},{"v":-12.5845558362456,"d":"-12.585"},{"v":10.6996583822573,"d":"10.700"},{"v":0.240524699118841,"d":"0.241"},{"v":-33.55588626547,"d":"-33.556"},{"v":8.38677459297872,"d":"8.387"},{"v":3.36605154067093,"d":"3.366"},{"v":6.3044166705884,"d":"6.304"},{"v":0.593397170408716,"d":"0.593"},{"v":-8.99060513368233,"d":"-8.991"},{"v":15.7227082150242,"d":"15.723"},{"v":1.74353995063092,"d":"1.744"},{"v":3.75904077030596,"d":"3.759"},{"v":0.6427725842421,"d":"0.643"},{"v":-5.62417995916877,"d":"-5.624"},{"v":9.1112598604306,"d":"9.111"},{"v":1.13337632695628,"d":"1.133"},{"v":4.66630379420296,"d":"4.666"},{"v":0.808094298365594,"d":"0.808"},{"v":-8.01257910968152,"d":"-8.013"},{"v":10.2793317635941,"d":"10.279"},{"v":0.873925925925926,"d":"0.874"}]
["FEV1/FVC","middle temporal","temporal",283,{"v":-2.70250405736342,"d":"-2.703"},{"v":6.05544405408761,"d":"6.055"},{"v":0.655385401610499,"d":"0.655"},{"v":-14.5711744033751,"d":"-14.571"},{"v":9.16616628864829,"d":"9.166"},{"v":3.18808793736841,"d":"3.188"},{"v":14.8303924472295,"d":"14.830"},{"v":0.829946720701938,"d":"0.830"},{"v":-25.8794812592014,"d":"-25.879"},{"v":32.2556571339382,"d":"32.256"},{"v":3.96244789442305,"d":"3.962"},{"v":8.62990928515421,"d":"8.630"},{"v":0.646124369224273,"d":"0.646"},{"v":-12.9521743044792,"d":"-12.952"},{"v":20.8770700933253,"d":"20.877"},{"v":-2.72805970429454,"d":"-2.728"},{"v":5.4007161314984,"d":"5.401"},{"v":0.613468056433171,"d":"0.613"},{"v":-13.3134633220314,"d":"-13.313"},{"v":7.85734391344233,"d":"7.857"},{"v":-1.92353390966076,"d":"-1.924"},{"v":6.12635964937073,"d":"6.126"},{"v":0.753538769503754,"d":"0.754"},{"v":-13.9311988224274,"d":"-13.931"},{"v":10.0841310031059,"d":"10.084"},{"v":0.861769230769231,"d":"0.862"}]
["FEV1/FVC","parahippocampal","temporal",283,{"v":1.44391645309326,"d":"1.444"},{"v":1.82987897989982,"d":"1.830"},{"v":0.430066672513801,"d":"0.430"},{"v":-2.14264634751039,"d":"-2.143"},{"v":5.03047925369691,"d":"5.030"},{"v":1.54997844782415,"d":"1.550"},{"v":4.53404594381024,"d":"4.534"},{"v":0.732716835344819,"d":"0.733"},{"v":-7.33675160204392,"d":"-7.337"},{"v":10.4367084976922,"d":"10.437"},{"v":3.2698871016785,"d":"3.270"},{"v":2.85154869705728,"d":"2.852"},{"v":0.25150328014684,"d":"0.252"},{"v":-2.31914834455376,"d":"-2.319"},{"v":8.85892254791076,"d":"8.859"},{"v":1.42623014260162,"d":"1.426"},{"v":1.7005916146083,"d":"1.701"},{"v":0.401656176752999,"d":"0.402"},{"v":-1.90692942203065,"d":"-1.907"},{"v":4.75938970723389,"d":"4.759"},{"v":1.29310384496821,"d":"1.293"},{"v":1.86250415081439,"d":"1.863"},{"v":0.48750512848098,"d":"0.488"},{"v":-2.357404290628,"d":"-2.357"},{"v":4.94361198056442,"d":"4.944"},{"v":0.861769230769231,"d":"0.862"}]
["FEV1/FVC","superior temporal","temporal",282,{"v":5.30574182321744,"d":"5.306"},{"v":6.2462189112616,"d":"6.246"},{"v":0.3956406326283,"d":"0.396"},{"v":-6.9368472428553,"d":"-6.937"},{"v":17.5483308892902,"d":"17.548"},{"v":9.39942162297022,"d":"9.399"},{"v":15.2231789068568,"d":"15.223"},{"v":0.5374453910884,"d":"0.537"},{"v":-20.4380090344691,"d":"-20.438"},{"v":39.2368522804095,"d":"39.237"},{"v":11.726152912032,"d":"11.726"},{"v":9.05214406055001,"d":"9.052"},{"v":0.195182068712671,"d":"0.195"},{"v":-6.01604944664607,"d":"-6.016"},{"v":29.46835527071,"d":"29.468"},{"v":5.36363307059634,"d":"5.364"},{"v":5.22287105983845,"d":"5.223"},{"v":0.30444350047283,"d":"0.304"},{"v":-4.87319420668703,"d":"-4.873"},{"v":15.6004603478797,"d":"15.600"},{"v":5.05459320431959,"d":"5.055"},{"v":6.38495795582477,"d":"6.385"},{"v":0.42857015174439,"d":"0.429"},{"v":-7.45992438909697,"d":"-7.460"},{"v":17.5691107977361,"d":"17.569"},{"v":0.861769230769231,"d":"0.862"}]
["FEV1/FVC","temporal pole","temporal",284,{"v":-1.38075909670034,"d":"-1.381"},{"v":1.17266818020854,"d":"1.173"},{"v":0.239015620650624,"d":"0.239"},{"v":-3.67918872990909,"d":"-3.679"},{"v":0.917670536508402,"d":"0.918"},{"v":-3.25285088118986,"d":"-3.253"},{"v":2.86018990939257,"d":"2.860"},{"v":0.256384598716512,"d":"0.256"},{"v":-8.8588231035993,"d":"-8.859"},{"v":2.35312134121957,"d":"2.353"},{"v":-1.75671497224936,"d":"-1.757"},{"v":1.6372949237376,"d":"1.637"},{"v":0.28329920038107,"d":"0.283"},{"v":-4.96581302277507,"d":"-4.966"},{"v":1.45238307827634,"d":"1.452"},{"v":-1.39728802862413,"d":"-1.397"},{"v":1.0487131807685,"d":"1.049"},{"v":0.182734235594206,"d":"0.183"},{"v":-3.45276586293038,"d":"-3.453"},{"v":0.65818980568212,"d":"0.658"},{"v":-1.16944814328345,"d":"-1.169"},{"v":1.20250133918457,"d":"1.203"},{"v":0.330795417917309,"d":"0.331"},{"v":-3.52635076808521,"d":"-3.526"},{"v":1.18745448151831,"d":"1.187"},{"v":0.861769230769231,"d":"0.862"}]
["FEV1/FVC","transverse temporal","temporal",283,{"v":0.947326285140211,"d":"0.947"},{"v":1.38653985786474,"d":"1.387"},{"v":0.494461218809235,"d":"0.494"},{"v":-1.77029183627468,"d":"-1.770"},{"v":3.66494440655511,"d":"3.665"},{"v":0.460169432906096,"d":"0.460"},{"v":3.39830813350745,"d":"3.398"},{"v":0.892383613193887,"d":"0.892"},{"v":-6.20051450876852,"d":"-6.201"},{"v":7.12085337458071,"d":"7.121"},{"v":1.3505312493363,"d":"1.351"},{"v":1.88062406712908,"d":"1.881"},{"v":0.472677564161318,"d":"0.473"},{"v":-2.33549192223671,"d":"-2.335"},{"v":5.0365544209093,"d":"5.037"},{"v":0.942117483739734,"d":"0.942"},{"v":1.12472774499047,"d":"1.125"},{"v":0.402232653079638,"d":"0.402"},{"v":-1.26234889644158,"d":"-1.262"},{"v":3.14658386392105,"d":"3.147"},{"v":0.788082314255834,"d":"0.788"},{"v":1.40972961921657,"d":"1.410"},{"v":0.576140682060025,"d":"0.576"},{"v":-1.97498773940864,"d":"-1.975"},{"v":3.55115236792031,"d":"3.551"},{"v":0.861769230769231,"d":"0.862"}]
["FEV1/FVC","inferior parietal","parietal",284,{"v":-1.63189244855637,"d":"-1.632"},{"v":10.2517308203464,"d":"10.252"},{"v":0.873525374820293,"d":"0.874"},{"v":-21.7252848564353,"d":"-21.725"},{"v":18.4614999593226,"d":"18.461"},{"v":-10.1441663894368,"d":"-10.144"},{"v":25.0241832228487,"d":"25.024"},{"v":0.685509601411317,"d":"0.686"},{"v":-59.1915655062203,"d":"-59.192"},{"v":38.9032327273466,"d":"38.903"},{"v":-9.70461634768668,"d":"-9.705"},{"v":15.6995428486567,"d":"15.700"},{"v":0.536478819453093,"d":"0.536"},{"v":-40.4757203310538,"d":"-40.476"},{"v":21.0664876356804,"d":"21.066"},{"v":-1.64335141169779,"d":"-1.643"},{"v":9.37691395226528,"d":"9.377"},{"v":0.860879239338912,"d":"0.861"},{"v":-20.0221027581377,"d":"-20.022"},{"v":16.7353999347422,"d":"16.735"},{"v":-8.14416087166955,"d":"-8.144"},{"v":10.5958476169008,"d":"10.596"},{"v":0.442120023183436,"d":"0.442"},{"v":-28.9120222007952,"d":"-28.912"},{"v":12.6237004574561,"d":"12.624"},{"v":0.928625,"d":"0.929"}]
["FEV1/FVC","isthmus cingulate","parietal",284,{"v":-0.0173425123685923,"d":"-0.017"},{"v":2.71802441658226,"d":"2.718"},{"v":0.994909085845276,"d":"0.995"},{"v":-5.34467036886982,"d":"-5.345"},{"v":5.30998534413263,"d":"5.310"},{"v":-7.3386958285583,"d":"-7.339"},{"v":6.62304134161912,"d":"6.623"},{"v":0.268782114213186,"d":"0.269"},{"v":-20.3198568581318,"d":"-20.320"},{"v":5.64246520101518,"d":"5.642"},{"v":-6.27371310134541,"d":"-6.274"},{"v":4.04183250331124,"d":"4.042"},{"v":0.120615518920905,"d":"0.121"},{"v":-14.1957048078354,"d":"-14.196"},{"v":1.64827860514463,"d":"1.648"},{"v":-0.0173425123685917,"d":"-0.017"},{"v":2.5146385551342,"d":"2.515"},{"v":0.994497335155672,"d":"0.994"},{"v":-4.94603408043163,"d":"-4.946"},{"v":4.91134905569444,"d":"4.911"},{"v":-0.40108251701679,"d":"-0.401"},{"v":2.79719895076194,"d":"2.797"},{"v":0.885984393802026,"d":"0.886"},{"v":-5.88359246051019,"d":"-5.884"},{"v":5.08142742647661,"d":"5.081"},0.995]
["FEV1/FVC","postcentral","parietal",284,{"v":-4.23095797231986,"d":"-4.231"},{"v":6.60001020884058,"d":"6.600"},{"v":0.521488088761656,"d":"0.521"},{"v":-17.1669779816474,"d":"-17.167"},{"v":8.70506203700768,"d":"8.705"},{"v":7.44966468384077,"d":"7.450"},{"v":16.1145365662125,"d":"16.115"},{"v":0.644226481175112,"d":"0.644"},{"v":-24.1348269859357,"d":"-24.135"},{"v":39.0341563536172,"d":"39.034"},{"v":-3.81191232492911,"d":"-3.812"},{"v":10.8945325518985,"d":"10.895"},{"v":0.726419576030217,"d":"0.726"},{"v":-25.1651961266502,"d":"-25.165"},{"v":17.541371476792,"d":"17.541"},{"v":-4.26840890917407,"d":"-4.268"},{"v":6.24135206440272,"d":"6.241"},{"v":0.494043551940162,"d":"0.494"},{"v":-16.5014589554034,"d":"-16.501"},{"v":7.96464113705526,"d":"7.965"},{"v":-2.69857208921835,"d":"-2.699"},{"v":6.80343213699688,"d":"6.803"},{"v":0.691626580689161,"d":"0.692"},{"v":-16.0332990777322,"d":"-16.033"},{"v":10.6361548992955,"d":"10.636"},{"v":0.861769230769231,"d":"0.862"}]
["FEV1/FVC","posterior cingulate","parietal",284,{"v":1.51235173274895,"d":"1.512"},{"v":2.87981917128451,"d":"2.880"},{"v":0.599475373099018,"d":"0.599"},{"v":-4.13209384296868,"d":"-4.132"},{"v":7.15679730846658,"d":"7.157"},{"v":-8.72286668005027,"d":"-8.723"},{"v":7.00444155821463,"d":"7.004"},{"v":0.214042910166472,"d":"0.214"},{"v":-22.4515721341509,"d":"-22.452"},{"v":5.00583877405039,"d":"5.006"},{"v":0.391222008591405,"d":"0.391"},{"v":4.3614878672575,"d":"4.361"},{"v":0.928526245112807,"d":"0.929"},{"v":-8.15729421123329,"d":"-8.157"},{"v":8.9397382284161,"d":"8.940"},{"v":1.5042692229111,"d":"1.504"},{"v":2.51699160791325,"d":"2.517"},{"v":0.550076361069662,"d":"0.550"},{"v":-3.42903432859887,"d":"-3.429"},{"v":6.43757277442106,"d":"6.438"},{"v":1.29624449491548,"d":"1.296"},{"v":2.98899319485456,"d":"2.989"},{"v":0.664526195554863,"d":"0.665"},{"v":-4.56218216699946,"d":"-4.562"},{"v":7.15467115683043,"d":"7.155"},{"v":0.861769230769231,"d":"0.862"}]
["FEV1/FVC","precuneus","parietal",282,{"v":5.34762321458359,"d":"5.348"},{"v":6.75236260016461,"d":"6.752"},{"v":0.428382088956905,"d":"0.428"},{"v":-7.88700748173905,"d":"-7.887"},{"v":18.5822539109062,"d":"18.582"},{"v":21.8980780143464,"d":"21.898"},{"v":16.4028540763191,"d":"16.403"},{"v":0.182955413295866,"d":"0.183"},{"v":-10.251515975239,"d":"-10.252"},{"v":54.0476720039317,"d":"54.048"},{"v":15.5467475938543,"d":"15.547"},{"v":10.6534590670302,"d":"10.653"},{"v":0.144478558497737,"d":"0.144"},{"v":-5.33403217752486,"d":"-5.334"},{"v":36.4275273652335,"d":"36.428"},{"v":5.36165848719051,"d":"5.362"},{"v":6.30457153977099,"d":"6.305"},{"v":0.395080622807998,"d":"0.395"},{"v":-6.99530173076064,"d":"-6.995"},{"v":17.7186187051417,"d":"17.719"},{"v":4.38823230360347,"d":"4.388"},{"v":7.0799271968862,"d":"7.080"},{"v":0.53538077979712,"d":"0.535"},{"v":-9.48842500229348,"d":"-9.488"},{"v":18.2648896095004,"d":"18.265"},{"v":0.861769230769231,"d":"0.862"}]
["FEV1/FVC","superior parietal","parietal",283,{"v":-14.5892231782052,"d":"-14.589"},{"v":10.5135897984164,"d":"10.514"},{"v":0.16524248060765,"d":"0.165"},{"v":-35.1958591831013,"d":"-35.196"},{"v":6.01741282669089,"d":"6.017"},{"v":-36.3095127520873,"d":"-36.310"},{"v":25.6316504991332,"d":"25.632"},{"v":0.157710765977948,"d":"0.158"},{"v":-86.5475477303885,"d":"-86.548"},{"v":13.9285222262139,"d":"13.929"},{"v":-21.8254660927266,"d":"-21.825"},{"v":15.4919485756675,"d":"15.492"},{"v":0.158886507721341,"d":"0.159"},{"v":-52.189685301035,"d":"-52.190"},{"v":8.53875311558182,"d":"8.539"},{"v":-14.7096414100868,"d":"-14.710"},{"v":8.98485572284606,"d":"8.985"},{"v":0.10159715836571,"d":"0.102"},{"v":-32.3199586268651,"d":"-32.320"},{"v":2.90067580669148,"d":"2.901"},{"v":-14.1734949200349,"d":"-14.173"},{"v":11.1012379312831,"d":"11.101"},{"v":0.201690860436167,"d":"0.202"},{"v":-35.9319212653498,"d":"-35.932"},{"v":7.58493142527999,"d":"7.585"},{"v":0.861769230769231,"d":"0.862"}]
["FEV1/FVC","supramarginal","parietal",284,{"v":-5.6981547286722,"d":"-5.698"},{"v":8.21868464374189,"d":"8.219"},{"v":0.488110564475512,"d":"0.488"},{"v":-21.8067766304063,"d":"-21.807"},{"v":10.4104671730619,"d":"10.410"},{"v":-4.42049916720162,"d":"-4.420"},{"v":20.0690208734829,"d":"20.069"},{"v":0.825824294312652,"d":"0.826"},{"v":-43.7557800792282,"d":"-43.756"},{"v":34.914781744825,"d":"34.915"},{"v":-14.041524881307,"d":"-14.042"},{"v":12.4164994246393,"d":"12.416"},{"v":0.258107161379697,"d":"0.258"},{"v":-38.3778637536,"d":"-38.378"},{"v":10.2948139909861,"d":"10.295"},{"v":-5.73497871602909,"d":"-5.735"},{"v":7.19315817377813,"d":"7.193"},{"v":0.425287015061082,"d":"0.425"},{"v":-19.8335687366342,"d":"-19.834"},{"v":8.36361130457605,"d":"8.364"},{"v":-9.99923454462302,"d":"-9.999"},{"v":8.58753494816745,"d":"8.588"},{"v":0.244266247042483,"d":"0.244"},{"v":-26.8308030430312,"d":"-26.831"},{"v":6.83233395378519,"d":"6.832"},{"v":0.861769230769231,"d":"0.862"}]
["FEV1/FVC","cuneus","occipital",284,{"v":1.06030793447934,"d":"1.060"},{"v":3.80372786870546,"d":"3.804"},{"v":0.780432896731401,"d":"0.780"},{"v":-6.39499868818336,"d":"-6.395"},{"v":8.51561455714204,"d":"8.516"},{"v":-2.13424234696732,"d":"-2.134"},{"v":9.29366324339826,"d":"9.294"},{"v":0.818534192858282,"d":"0.819"},{"v":-20.3498223040279,"d":"-20.350"},{"v":16.0813376100933,"d":"16.081"},{"v":-0.0611097917300643,"d":"-0.061"},{"v":5.66850667981859,"d":"5.669"},{"v":0.991398507994241,"d":"0.991"},{"v":-11.1713828841745,"d":"-11.171"},{"v":11.0491633007144,"d":"11.049"},{"v":1.07164785560352,"d":"1.072"},{"v":3.32430268600162,"d":"3.324"},{"v":0.747174140689288,"d":"0.747"},{"v":-5.44398540895966,"d":"-5.444"},{"v":7.5872811201667,"d":"7.587"},{"v":1.13838778494787,"d":"1.138"},{"v":4.05432713416158,"d":"4.054"},{"v":0.7788765313217,"d":"0.779"},{"v":-6.80809339800882,"d":"-6.808"},{"v":9.08486896790457,"d":"9.085"},{"v":0.91448275862069,"d":"0.914"}]
["FEV1/FVC","lateral occipital","occipital",283,{"v":4.79054046834035,"d":"4.791"},{"v":8.8998183861732,"d":"8.900"},{"v":0.590387927443708,"d":"0.590"},{"v":-12.6531035685591,"d":"-12.653"},{"v":22.2341845052398,"d":"22.234"},{"v":-13.7147459281512,"d":"-13.715"},{"v":21.720365627176,"d":"21.720"},{"v":0.528277052661002,"d":"0.528"},{"v":-56.2866625574161,"d":"-56.287"},{"v":28.8571707011137,"d":"28.857"},{"v":-11.4826750635125,"d":"-11.483"},{"v":13.7284860141611,"d":"13.728"},{"v":0.402922974820336,"d":"0.403"},{"v":-38.3905076512683,"d":"-38.391"},{"v":15.4251575242434,"d":"15.425"},{"v":4.82606229255261,"d":"4.826"},{"v":8.28124602697906,"d":"8.281"},{"v":0.560048098694382,"d":"0.560"},{"v":-11.4051799203263,"d":"-11.405"},{"v":21.0573045054316,"d":"21.057"},{"v":4.50407440755887,"d":"4.504"},{"v":9.18213327502586,"d":"9.182"},{"v":0.623761790079274,"d":"0.624"},{"v":-13.4929068114918,"d":"-13.493"},{"v":22.5010556266096,"d":"22.501"},{"v":0.861769230769231,"d":"0.862"}]
["FEV1/FVC","lingual","occipital",281,{"v":-3.93488182743137,"d":"-3.935"},{"v":7.85447525123713,"d":"7.854"},{"v":0.616389964009778,"d":"0.616"},{"v":-19.3296533198561,"d":"-19.330"},{"v":11.4598896649934,"d":"11.460"},{"v":-20.6552813141753,"d":"-20.655"},{"v":19.1094349493545,"d":"19.109"},{"v":0.280677508279804,"d":"0.281"},{"v":-58.1097738149102,"d":"-58.110"},{"v":16.7992111865595,"d":"16.799"},{"v":-17.8096555426028,"d":"-17.810"},{"v":11.4377299162773,"d":"11.438"},{"v":0.119447444692494,"d":"0.119"},{"v":-40.2276061785064,"d":"-40.228"},{"v":4.60829509330075,"d":"4.608"},{"v":-3.9413080783598,"d":"-3.941"},{"v":6.69358946527416,"d":"6.694"},{"v":0.555983157562572,"d":"0.556"},{"v":-17.0607434302972,"d":"-17.061"},{"v":9.17812727357755,"d":"9.178"},{"v":-3.16099535880194,"d":"-3.161"},{"v":8.18303674413621,"d":"8.183"},{"v":0.699284611951672,"d":"0.699"},{"v":-19.1997473773089,"d":"-19.200"},{"v":12.877756659705,"d":"12.878"},{"v":0.861769230769231,"d":"0.862"}]
["FEV1/FVC","pericalcarine","occipital",284,{"v":0.530197064832949,"d":"0.530"},{"v":5.18670926103297,"d":"5.187"},{"v":0.918580271284295,"d":"0.919"},{"v":-9.63575308679166,"d":"-9.636"},{"v":10.6961472164576,"d":"10.696"},{"v":-15.6710360040242,"d":"-15.671"},{"v":12.6292689218106,"d":"12.629"},{"v":0.215692224443137,"d":"0.216"},{"v":-40.424403090773,"d":"-40.424"},{"v":9.08233108272457,"d":"9.082"},{"v":-4.36602733097576,"d":"-4.366"},{"v":7.97307642241751,"d":"7.973"},{"v":0.583969114839697,"d":"0.584"},{"v":-19.9932571189141,"d":"-19.993"},{"v":11.2612024569626,"d":"11.261"},{"v":0.532885232631057,"d":"0.533"},{"v":4.41463767016819,"d":"4.415"},{"v":0.903921757289732,"d":"0.904"},{"v":-8.11980460089859,"d":"-8.120"},{"v":9.1855750661607,"d":"9.186"},{"v":3.13041027533146,"d":"3.130"},{"v":5.2623966630322,"d":"5.262"},{"v":0.551934389699308,"d":"0.552"},{"v":-7.18388718421165,"d":"-7.184"},{"v":13.4447077348746,"d":"13.445"},{"v":0.946848484848485,"d":"0.947"}]
[]
["Notes: MR, Mendelian randomization; IVW, inverse variance weighted; IVs, instrumental variables; β, estimate coefficient; SE, standard error of coefficient estimate; CI, confidence interval; FEV1, forced expiratory volume in one second; FVC, forced vital capacity."]

{"sheet":"Table S5","index":4,"n_rows":111,"n_cols":30,"rows_kept":111,"merged":[[0,0,0,5],[2,0,3,0],[2,1,3,1],[2,2,3,2],[2,3,3,3],[2,4,2,8],[2,9,2,13],[2,14,2,18],[2,19,2,23],[2,24,2,28],[2,29,3,29],[110,0,111,9]]}
["Supplementary Table S5. Univariable MR analysis results of lung function on cortical thickness."]
["Causal effects were estimated using five two-sample MR methods (IVW, MR Egger, weighted median, weighted mode, and simple mode). P value < 0.05 was regarded as nominally significant, P_FDR < 0.05 was considered significant."]
["Exposure ","Outcome ","Lobe","IVs N","IVW",{"$nulls":4},"MR Egger",{"$nulls":4},"Weighted Median",{"$nulls":4},"Maximum likelihood",{"$nulls":4},"Robust adjusted profile score",{"$nulls":4},"P_FDR"]
[{"$nulls":4},"Estimate (β)","SE","P value","95% lower CI","95% upper CI","Estimate (β)","SE","P value","95% lower CI","95% upper CI","Estimate (β)","SE","P value","95% lower CI","95% upper CI","Estimate (β)","SE","P value","95% lower CI","95% upper CI","Estimate (β)","SE","P value","95% lower CI","95% upper CI"]
["FEV1","global cortex","global ",243,{"v":-0.00466284461642648,"d":"-0.005"},{"v":0.00446089913521812,"d":"0.004"},{"v":0.295898139100242,"d":"0.296"},{"v":-0.013406206921454,"d":"-0.013"},{"v":4.08051768860103E-3,"d":"0.004"},{"v":-0.00933334537590476,"d":"-0.009"},{"v":0.0144178690825019,"d":"0.014"},{"v":0.518024376718321,"d":"0.518"},{"v":-0.0375923687776086,"d":"-0.038"},{"v":0.018925678025799,"d":"0.019"},{"v":0,"d":"0.000"},{"v":0.00579416138506445,"d":"0.006"},{"v":1,"d":"1.000"},{"v":-0.0113565563147263,"d":"-0.011"},{"v":0.0113565563147263,"d":"0.011"},{"v":-0.00468852346532327,"d":"-0.005"},{"v":0.00390460477205562,"d":"0.004"},{"v":0.22984130722862,"d":"0.230"},{"v":-0.0123415488185523,"d":"-0.012"},{"v":0.00296450188790576,"d":"0.003"},{"v":-0.00491211353371927,"d":"-0.005"},{"v":0.00458772663136755,"d":"0.005"},{"v":0.284300947718523,"d":"0.284"},{"v":-0.0139040577311997,"d":"-0.014"},{"v":0.00407983066376113,"d":"0.004"},{"v":0.295898139100242,"d":"0.296"}]
["FEV1","caudal anterior cingulate","frontal",243,{"v":3.87861591132284E-4,"d":"0.000"},{"v":0.00782995166207837,"d":"0.008"},{"v":0.960492443133844,"d":"0.960"},{"v":-0.0149588436665413,"d":"-0.015"},{"v":0.0157345668488059,"d":"0.016"},{"v":-0.00806336393201344,"d":"-0.008"},{"v":0.0253288483854629,"d":"0.025"},{"v":0.750497404579111,"d":"0.750"},{"v":-0.0577079067675207,"d":"-0.058"},{"v":0.0415811789034938,"d":"0.042"},{"v":-4.48358314730466E-3,"d":"-0.004"},{"v":0.0116921518859443,"d":"0.012"},{"v":0.7013717116278,"d":"0.701"},{"v":-0.0274002008437555,"d":"-0.027"},{"v":0.0184330345491462,"d":"0.018"},{"v":0.000388772978537403,"d":"0.000"},{"v":0.00790101976306767,"d":"0.008"},{"v":0.960755593713559,"d":"0.961"},{"v":-0.0150972257570752,"d":"-0.015"},{"v":0.01587477171415,"d":"0.016"},{"v":2.46706561962988E-3,"d":"0.002"},{"v":0.00818404186527032,"d":"0.008"},{"v":0.763072657569554,"d":"0.763"},{"v":-0.0135736564362999,"d":"-0.014"},{"v":0.0185077876755597,"d":"0.019"},{"v":0.989090909090909,"d":"0.989"}]
["FEV1","caudal middle frontal","frontal",243,{"v":0.0100032204422164,"d":"0.010"},{"v":4.02648750622001E-3,"d":"0.004"},{"v":0.0129786707248117,"d":"0.013"},{"v":0.00211130493002522,"d":"0.002"},{"v":0.0178951359544077,"d":"0.018"},{"v":0.0172131190608655,"d":"0.017"},{"v":0.0130533969489776,"d":"0.013"},{"v":0.188531286657472,"d":"0.189"},{"v":-0.00837153895913051,"d":"-0.008"},{"v":0.0427977770808615,"d":"0.043"},{"v":0.00779927711620175,"d":"0.008"},{"v":0.00592803332097494,"d":"0.006"},{"v":0.188288140279721,"d":"0.188"},{"v":-0.00381966819290913,"d":"-0.004"},{"v":0.0194182224253126,"d":"0.019"},{"v":0.0101581733430075,"d":"0.010"},{"v":0.00379308631426266,"d":"0.004"},{"v":0.00740464196297318,"d":"0.007"},{"v":0.0027237241670527,"d":"0.003"},{"v":0.0175926225189623,"d":"0.018"},{"v":0.00884341689595792,"d":"0.009"},{"v":0.00425699195574226,"d":"0.004"},{"v":0.0377659168548722,"d":"0.038"},{"v":0.000499712662703095,"d":"0.000"},{"v":0.0171871211292127,"d":"0.017"},0.442]
["FEV1","frontal pole","frontal",242,{"v":-0.0120749032661359,"d":"-0.012"},{"v":0.00910178977084824,"d":"0.009"},{"v":0.184623983668384,"d":"0.185"},{"v":-0.0299144112169984,"d":"-0.030"},{"v":0.00576460468472667,"d":"0.006"},{"v":-0.0374506442059474,"d":"-0.037"},{"v":0.0293606926254957,"d":"0.029"},{"v":0.203352529512976,"d":"0.203"},{"v":-0.0949976017519189,"d":"-0.095"},{"v":0.0200963133400242,"d":"0.020"},{"v":-0.00421777758222318,"d":"-0.004"},{"v":0.0132905074683098,"d":"0.013"},{"v":0.750976041858374,"d":"0.751"},{"v":-0.0302671722201105,"d":"-0.030"},{"v":0.0218316170556641,"d":"0.022"},{"v":-0.0120976251725038,"d":"-0.012"},{"v":0.00853357580725754,"d":"0.009"},{"v":0.156292925684559,"d":"0.156"},{"v":-0.0288234337547286,"d":"-0.029"},{"v":0.00462818340972101,"d":"0.005"},{"v":-0.014834730370438,"d":"-0.015"},{"v":0.00957762514789246,"d":"0.010"},{"v":0.121407096974766,"d":"0.121"},{"v":-0.0336068756603072,"d":"-0.034"},{"v":0.00393741491943121,"d":"0.004"},{"v":0.636727272727273,"d":"0.637"}]
["FEV1","lateral orbitofrontal","frontal",242,{"v":-0.00613674285435446,"d":"-0.006"},{"v":0.00485560463491096,"d":"0.005"},{"v":0.206284836774687,"d":"0.206"},{"v":-0.0156537279387799,"d":"-0.016"},{"v":0.00338024223007102,"d":"0.003"},{"v":-0.0208072140995053,"d":"-0.021"},{"v":0.0156492068358408,"d":"0.016"},{"v":0.184911850713547,"d":"0.185"},{"v":-0.0514796594977533,"d":"-0.051"},{"v":0.00986523129874277,"d":"0.010"},{"v":0,"d":"0.000"},{"v":0.00715560488735802,"d":"0.007"},{"v":1,"d":"1.000"},{"v":-0.0140249855792217,"d":"-0.014"},{"v":0.0140249855792217,"d":"0.014"},{"v":-0.00612084499516548,"d":"-0.006"},{"v":0.00451164866234904,"d":"0.005"},{"v":0.174884214321996,"d":"0.175"},{"v":-0.0149636763733696,"d":"-0.015"},{"v":0.00272198638303864,"d":"0.003"},{"v":-0.00507179689785749,"d":"-0.005"},{"v":0.00507172177928618,"d":"0.005"},{"v":0.317303340135146,"d":"0.317"},{"v":-0.0150123715852584,"d":"-0.015"},{"v":0.00486877778954343,"d":"0.005"},{"v":0.636727272727273,"d":"0.637"}]
["FEV1","medial orbitofrontal","frontal",223,{"v":-0.00441268627891797,"d":"-0.004"},{"v":5.44687824608213E-3,"d":"0.005"},{"v":0.417864745752958,"d":"0.418"},{"v":-0.0150885676412389,"d":"-0.015"},{"v":0.00626319508340301,"d":"0.006"},{"v":0.00158053650366125,"d":"0.002"},{"v":0.0177172070800329,"d":"0.018"},{"v":0.928996506288201,"d":"0.929"},{"v":-0.0331451893732032,"d":"-0.033"},{"v":0.0363062623805257,"d":"0.036"},{"v":-0.00980991730967276,"d":"-0.010"},{"v":0.00808109302291918,"d":"0.008"},{"v":0.224772751858986,"d":"0.225"},{"v":-0.0256488596345944,"d":"-0.026"},{"v":0.00602902501524883,"d":"0.006"},{"v":-0.00444750423948785,"d":"-0.004"},{"v":0.00548773168413664,"d":"0.005"},{"v":0.417684512231824,"d":"0.418"},{"v":-0.0152034583403957,"d":"-0.015"},{"v":6.30844986141995E-3,"d":"0.006"},{"v":-0.00553996215900416,"d":"-0.006"},{"v":0.00570616381059188,"d":"0.006"},{"v":0.33161136938583,"d":"0.332"},{"v":-0.0167240432277643,"d":"-0.017"},{"v":0.00564411890975594,"d":"0.006"},0.836]
["FEV1","paracentral","frontal",242,{"v":0.00579878486883145,"d":"0.006"},{"v":0.00449964515026188,"d":"0.004"},{"v":0.197495279066786,"d":"0.197"},{"v":-0.00302051962568185,"d":"-0.003"},{"v":0.0146180893633447,"d":"0.015"},{"v":-0.00343811718020471,"d":"-0.003"},{"v":0.0145067603686763,"d":"0.015"},{"v":0.812858160466748,"d":"0.813"},{"v":-0.0318713675028102,"d":"-0.032"},{"v":0.0249951331424008,"d":"0.025"},{"v":0,"d":"0.000"},{"v":0.00650970358743301,"d":"0.007"},{"v":1,"d":"1.000"},{"v":-0.0127590190313687,"d":"-0.013"},{"v":0.0127590190313687,"d":"0.013"},{"v":5.86185333587343E-3,"d":"0.006"},{"v":0.00437164875959143,"d":"0.004"},{"v":0.179959643454178,"d":"0.180"},{"v":-0.00270657823292578,"d":"-0.003"},{"v":0.0144302849046726,"d":"0.014"},{"v":0.00481372011537853,"d":"0.005"},{"v":4.690228232774E-3,"d":"0.005"},{"v":0.304736244533729,"d":"0.305"},{"v":-0.00437912722085852,"d":"-0.004"},{"v":0.0140065674516156,"d":"0.014"},{"v":0.636727272727273,"d":"0.637"}]
["FEV1","parsopercularis","frontal",243,{"v":0.00709149808941681,"d":"0.007"},{"v":0.0043302974289372,"d":"0.004"},{"v":0.101495376898803,"d":"0.101"},{"v":-1.3958848713001E-3,"d":"-0.001"},{"v":0.0155788810501337,"d":"0.016"},{"v":-0.00357332220193993,"d":"-0.004"},{"v":0.0139770224682527,"d":"0.014"},{"v":0.798433845299293,"d":"0.798"},{"v":-0.0309682862397152,"d":"-0.031"},{"v":0.0238216418358353,"d":"0.024"},{"v":0.0088624838804483,"d":"0.009"},{"v":0.00587407907098457,"d":"0.006"},{"v":0.131364115313687,"d":"0.131"},{"v":-0.00265071109868146,"d":"-0.003"},{"v":0.0203756788595781,"d":"0.020"},{"v":0.0071659859658947,"d":"0.007"},{"v":3.62433462910318E-3,"d":"0.004"},{"v":0.0480205384930993,"d":"0.048"},{"v":6.22900928524701e-05,"d":"0.000"},{"v":0.0142696818389369,"d":"0.014"},{"v":0.00705689739159387,"d":"0.007"},{"v":0.0045487907334343,"d":"0.005"},{"v":0.120810938873202,"d":"0.121"},{"v":-1.85873244593737E-3,"d":"-0.002"},{"v":0.0159725272291251,"d":"0.016"},{"v":0.589333333333333,"d":"0.589"}]
["FEV1","parsorbitalis","frontal",243,{"v":-0.00464246692339635,"d":"-0.005"},{"v":0.00571796986287422,"d":"0.006"},{"v":0.416844278330293,"d":"0.417"},{"v":-0.0158496878546298,"d":"-0.016"},{"v":0.00656475400783712,"d":"0.007"},{"v":-0.00565180710975806,"d":"-0.006"},{"v":0.0184396088152477,"d":"0.018"},{"v":0.759485850564834,"d":"0.759"},{"v":-0.0417934403876436,"d":"-0.042"},{"v":0.0304898261681275,"d":"0.030"},{"v":-0.00655752230497606,"d":"-0.007"},{"v":0.00879927348073876,"d":"0.009"},{"v":0.45612996088381,"d":"0.456"},{"v":-0.023804098327224,"d":"-0.024"},{"v":0.0106890537172719,"d":"0.011"},{"v":-0.00467672207859317,"d":"-0.005"},{"v":0.00576880740198068,"d":"0.006"},{"v":0.417542960158593,"d":"0.418"},{"v":-0.0159835845864753,"d":"-0.016"},{"v":0.00663014042928896,"d":"0.007"},{"v":-3.74610940164565E-3,"d":"-0.004"},{"v":0.00597656263689739,"d":"0.006"},{"v":0.530790350014436,"d":"0.531"},{"v":-0.0154601721699645,"d":"-0.015"},{"v":0.00796795336667324,"d":"0.008"},0.836]
["FEV1","parstriangularis","frontal",243,{"v":7.28016083991956E-3,"d":"0.007"},{"v":0.00399393743401043,"d":"0.004"},{"v":0.0683332444615371,"d":"0.068"},{"v":-0.000547956530740885,"d":"-0.001"},{"v":0.01510827821058,"d":"0.015"},{"v":0.00482899523227934,"d":"0.005"},{"v":0.0129255356917332,"d":"0.013"},{"v":0.709029502549361,"d":"0.709"},{"v":-0.0205050547235177,"d":"-0.021"},{"v":0.0301630451880764,"d":"0.030"},{"v":0.0102145786938243,"d":"0.010"},{"v":0.00637256696629417,"d":"0.006"},{"v":0.10895704196988,"d":"0.109"},{"v":-0.00227565256011227,"d":"-0.002"},{"v":0.0227048099477609,"d":"0.023"},{"v":0.00735013295752228,"d":"0.007"},{"v":0.00397384607847505,"d":"0.004"},{"v":0.0643673301023666,"d":"0.064"},{"v":-0.000438605356288821,"d":"-0.000"},{"v":0.0151388712713334,"d":"0.015"},{"v":0.00685287344955522,"d":"0.007"},{"v":0.00423221753766136,"d":"0.004"},{"v":0.105400842497656,"d":"0.105"},{"v":-0.00144227292426105,"d":"-0.001"},{"v":0.0151480198233715,"d":"0.015"},{"v":0.589333333333333,"d":"0.589"}]
["FEV1","precentral","frontal",243,{"v":0.00407144388292918,"d":"0.004"},{"v":0.00423519617446725,"d":"0.004"},{"v":0.336383568946704,"d":"0.336"},{"v":-0.00422954061902663,"d":"-0.004"},{"v":0.012372428384885,"d":"0.012"},{"v":0.00857396314435971,"d":"0.009"},{"v":0.0137509277233775,"d":"0.014"},{"v":0.533533262622941,"d":"0.534"},{"v":-0.0183778551934602,"d":"-0.018"},{"v":0.0355257814821796,"d":"0.036"},{"v":0,"d":"0.000"},{"v":0.00593008521417804,"d":"0.006"},{"v":1,"d":"1.000"},{"v":-0.011622967019789,"d":"-0.012"},{"v":0.011622967019789,"d":"0.012"},{"v":0.00409346359258621,"d":"0.004"},{"v":0.00374745066503763,"d":"0.004"},{"v":0.274686811471321,"d":"0.275"},{"v":-0.00325153971088754,"d":"-0.003"},{"v":0.01143846689606,"d":"0.011"},{"v":0.00194900034083548,"d":"0.002"},{"v":0.00461342060149105,"d":"0.005"},{"v":0.672686970102388,"d":"0.673"},{"v":-0.00709330403808698,"d":"-0.007"},{"v":0.0109913047197579,"d":"0.011"},0.836]
["FEV1","rostral anterior cingulate","frontal",243,{"v":-0.0117038502060066,"d":"-0.012"},{"v":0.00760312732735536,"d":"0.008"},{"v":0.123719638782446,"d":"0.124"},{"v":-0.0266059797676231,"d":"-0.027"},{"v":3.19827935560993E-3,"d":"0.003"},{"v":0.00165012698667751,"d":"0.002"},{"v":0.0245855911933329,"d":"0.025"},{"v":0.94654369432637,"d":"0.947"},{"v":-0.046537631752255,"d":"-0.047"},{"v":0.04983788572561,"d":"0.050"},{"v":0,"d":"0.000"},{"v":0.0106302983949266,"d":"0.011"},{"v":1,"d":"1.000"},{"v":-0.0208353848540562,"d":"-0.021"},{"v":0.0208353848540562,"d":"0.021"},{"v":-0.0117085591444688,"d":"-0.012"},{"v":0.00706715557773539,"d":"0.007"},{"v":0.0975686232101825,"d":"0.098"},{"v":-0.0255601840768301,"d":"-0.026"},{"v":0.00214306578789262,"d":"0.002"},{"v":-0.00894976678146492,"d":"-0.009"},{"v":0.0079706633636798,"d":"0.008"},{"v":0.26150613954556,"d":"0.262"},{"v":-0.0245722669742773,"d":"-0.025"},{"v":0.0066727334113475,"d":"0.007"},{"v":0.59925,"d":"0.599"}]
["FEV1","rostral middle frontal","frontal",243,{"v":7.65903600881759e-06,"d":"0.000"},{"v":0.00366952231256034,"d":"0.004"},{"v":0.998334654588657,"d":"0.998"},{"v":-0.00718460469660944,"d":"-0.007"},{"v":0.00719992276862708,"d":"0.007"},{"v":0.0119458876856285,"d":"0.012"},{"v":0.0118820084957357,"d":"0.012"},{"v":0.315724130159732,"d":"0.316"},{"v":-0.0113428489660135,"d":"-0.011"},{"v":0.0352346243372705,"d":"0.035"},{"v":0,"d":"0.000"},{"v":0.00482393632278718,"d":"0.005"},{"v":1,"d":"1.000"},{"v":-0.00945491519266286,"d":"-0.009"},{"v":0.00945491519266286,"d":"0.009"},{"v":7.65903600881732e-06,"d":"0.000"},{"v":0.00332048409527252,"d":"0.003"},{"v":0.998159599327126,"d":"0.998"},{"v":-0.00650048979072533,"d":"-0.007"},{"v":0.00651580786274296,"d":"0.007"},{"v":0.00130129780813257,"d":"0.001"},{"v":0.00390612481726083,"d":"0.004"},{"v":0.73902640626421,"d":"0.739"},{"v":-0.00635470683369865,"d":"-0.006"},{"v":0.00895730244996378,"d":"0.009"},0.998]
["FEV1","superior frontal","frontal",243,{"v":1.82894768744946E-3,"d":"0.002"},{"v":0.00369176310711812,"d":"0.004"},{"v":0.620308572041618,"d":"0.620"},{"v":-5.40690800250205E-3,"d":"-0.005"},{"v":0.00906480337740096,"d":"0.009"},{"v":0.0058956866571278,"d":"0.006"},{"v":0.0120060525799061,"d":"0.012"},{"v":0.623831202982388,"d":"0.624"},{"v":-0.0176361763994881,"d":"-0.018"},{"v":0.0294275497137437,"d":"0.029"},{"v":0.00297390750784131,"d":"0.003"},{"v":0.00521664293375857,"d":"0.005"},{"v":0.568622957860023,"d":"0.569"},{"v":-7.25071264232549E-3,"d":"-0.007"},{"v":0.0131985276580081,"d":"0.013"},{"v":1.835925571674E-3,"d":"0.002"},{"v":3.39847082943793E-3,"d":"0.003"},{"v":0.58904457886577,"d":"0.589"},{"v":-0.00482507725402435,"d":"-0.005"},{"v":0.00849692839737235,"d":"0.008"},{"v":0.00294329621976044,"d":"0.003"},{"v":0.00396209158371718,"d":"0.004"},{"v":0.45756386761281,"d":"0.458"},{"v":-0.00482240328432524,"d":"-0.005"},{"v":0.0107089957238461,"d":"0.011"},{"v":0.916785714285714,"d":"0.917"}]
["FEV1","bankssts","temporal",243,{"v":-0.00368282035425141,"d":"-0.004"},{"v":5.04785394853442E-3,"d":"0.005"},{"v":0.465646094538265,"d":"0.466"},{"v":-0.0135766140933789,"d":"-0.014"},{"v":0.00621097338487606,"d":"0.006"},{"v":0.0211089527386323,"d":"0.021"},{"v":0.0162687436465207,"d":"0.016"},{"v":0.195694357687159,"d":"0.196"},{"v":-0.0107777848085484,"d":"-0.011"},{"v":0.0529956902858129,"d":"0.053"},{"v":-7.54638535352179E-3,"d":"-0.008"},{"v":0.00739648219834018,"d":"0.007"},{"v":0.307601936034739,"d":"0.308"},{"v":-0.0220434904622685,"d":"-0.022"},{"v":6.95071975522496E-3,"d":"0.007"},{"v":-3.67643347979226E-3,"d":"-0.004"},{"v":0.00476873225660796,"d":"0.005"},{"v":0.440739136032162,"d":"0.441"},{"v":-0.0130231487027439,"d":"-0.013"},{"v":0.00567028174315934,"d":"0.006"},{"v":-0.00366356184553551,"d":"-0.004"},{"v":0.0052840115825987,"d":"0.005"},{"v":0.488102706559145,"d":"0.488"},{"v":-0.014020224547429,"d":"-0.014"},{"v":0.00669310085635794,"d":"0.007"},{"v":0.880222222222222,"d":"0.880"}]
["FEV1","entorhinal","temporal",243,{"v":-0.00120683991483066,"d":"-0.001"},{"v":0.0132638057879864,"d":"0.013"},{"v":0.927502560210875,"d":"0.928"},{"v":-0.027203899259284,"d":"-0.027"},{"v":0.0247902194296227,"d":"0.025"},{"v":-0.0515340162126304,"d":"-0.052"},{"v":0.0428511055003784,"d":"0.043"},{"v":0.23029982053586,"d":"0.230"},{"v":-0.135522182993372,"d":"-0.136"},{"v":0.0324541505681113,"d":"0.032"},{"v":0.00849705591765818,"d":"0.008"},{"v":0.0189503383259165,"d":"0.019"},{"v":0.653875042996409,"d":"0.654"},{"v":-0.0286456072011382,"d":"-0.029"},{"v":0.0456397190364546,"d":"0.046"},{"v":-1.1995514949748E-3,"d":"-0.001"},{"v":0.0122769724352698,"d":"0.012"},{"v":0.922164610967224,"d":"0.922"},{"v":-0.0252624174681035,"d":"-0.025"},{"v":0.0228633144781539,"d":"0.023"},{"v":0.00111942638325522,"d":"0.001"},{"v":0.0133473584346572,"d":"0.013"},{"v":0.93316077900143,"d":"0.933"},{"v":-0.0250413961486729,"d":"-0.025"},{"v":0.0272802489151833,"d":"0.027"},0.986]
["FEV1","fusiform","temporal",243,{"v":0.0036697633036256,"d":"0.004"},{"v":0.00434833184567076,"d":"0.004"},{"v":0.398698805928486,"d":"0.399"},{"v":-0.00485296711388908,"d":"-0.005"},{"v":0.0121924937211403,"d":"0.012"},{"v":-0.020219718787507,"d":"-0.020"},{"v":0.0139350520535363,"d":"0.014"},{"v":0.148081056628833,"d":"0.148"},{"v":-0.0475324208124381,"d":"-0.048"},{"v":0.00709298323742401,"d":"0.007"},{"v":0.0058915204659899,"d":"0.006"},{"v":0.006275236429633,"d":"0.006"},{"v":0.347806556982007,"d":"0.348"},{"v":-0.00640794293609078,"d":"-0.006"},{"v":0.0181909838680706,"d":"0.018"},{"v":0.00370086028988792,"d":"0.004"},{"v":0.00406503068947992,"d":"0.004"},{"v":0.36260428986913,"d":"0.363"},{"v":-0.00426659986149272,"d":"-0.004"},{"v":0.0116683204412686,"d":"0.012"},{"v":0.00495895685815297,"d":"0.005"},{"v":4.63754077562528E-3,"d":"0.005"},{"v":0.28493115889959,"d":"0.285"},{"v":-0.00413062306207257,"d":"-0.004"},{"v":0.0140485367783785,"d":"0.014"},0.836]
["FEV1","inferior temporal","temporal",243,{"v":-0.00441688681699215,"d":"-0.004"},{"v":0.00483210373168029,"d":"0.005"},{"v":0.360679438770882,"d":"0.361"},{"v":-0.0138878101310855,"d":"-0.014"},{"v":0.00505403649710123,"d":"0.005"},{"v":-0.014343030366497,"d":"-0.014"},{"v":0.0156558676715109,"d":"0.016"},{"v":0.360507143307567,"d":"0.361"},{"v":-0.0450285310026584,"d":"-0.045"},{"v":0.0163424702696644,"d":"0.016"},{"v":0,"d":"0.000"},{"v":0.00680559054302864,"d":"0.007"},{"v":1,"d":"1.000"},{"v":-0.0133389574643361,"d":"-0.013"},{"v":0.0133389574643361,"d":"0.013"},{"v":-0.00444031340450895,"d":"-0.004"},{"v":0.00452631821096834,"d":"0.005"},{"v":0.326593260194657,"d":"0.327"},{"v":-0.0133118970980069,"d":"-0.013"},{"v":4.43127028898899E-3,"d":"0.004"},{"v":-0.00582151822805547,"d":"-0.006"},{"v":0.00495180274237609,"d":"0.005"},{"v":0.239740310098285,"d":"0.240"},{"v":-0.0155270516031126,"d":"-0.016"},{"v":0.00388401514700166,"d":"0.004"},0.836]
["FEV1","insula","temporal",241,{"v":-0.000982139270159766,"d":"-0.001"},{"v":0.00545622765878431,"d":"0.005"},{"v":0.857149936336496,"d":"0.857"},{"v":-0.011676345481377,"d":"-0.012"},{"v":0.00971206694105747,"d":"0.010"},{"v":0.0274788357698515,"d":"0.027"},{"v":0.0177339091297278,"d":"0.018"},{"v":0.122582762510447,"d":"0.123"},{"v":-0.00727962612441499,"d":"-0.007"},{"v":0.0622372976641179,"d":"0.062"},{"v":0.000452337634941278,"d":"0.000"},{"v":0.00747041379624085,"d":"0.007"},{"v":0.951717159703124,"d":"0.952"},{"v":-0.0141896734056908,"d":"-0.014"},{"v":0.0150943486755733,"d":"0.015"},{"v":-9.805600016767179E-4,"d":"-0.001"},{"v":0.0047679652932703,"d":"0.005"},{"v":0.837059740263112,"d":"0.837"},{"v":-0.0103257719764865,"d":"-0.010"},{"v":0.00836465197313307,"d":"0.008"},{"v":0.000152007145273458,"d":"0.000"},{"v":0.00583891688001079,"d":"0.006"},{"v":0.979230658978913,"d":"0.979"},{"v":-0.0112922699395477,"d":"-0.011"},{"v":0.0115962842300946,"d":"0.012"},{"v":0.971266666666667,"d":"0.971"}]
["FEV1","middle temporal","temporal",243,{"v":-0.00771388829384798,"d":"-0.008"},{"v":4.5438023864192E-3,"d":"0.005"},{"v":0.0895695934675734,"d":"0.090"},{"v":-0.0166197409712296,"d":"-0.017"},{"v":0.00119196438353366,"d":"0.001"},{"v":0.00983528021221681,"d":"0.010"},{"v":0.014679388569514,"d":"0.015"},{"v":0.503495350677371,"d":"0.503"},{"v":-0.0189363213840307,"d":"-0.019"},{"v":0.0386068818084643,"d":"0.039"},{"v":-0.0089016507815712,"d":"-0.009"},{"v":0.00675204115609273,"d":"0.007"},{"v":0.187381687454158,"d":"0.187"},{"v":-0.0221356514475129,"d":"-0.022"},{"v":4.33234988437055E-3,"d":"0.004"},{"v":-0.007710140970598,"d":"-0.008"},{"v":0.00425539717839612,"d":"0.004"},{"v":0.0700093917064082,"d":"0.070"},{"v":-0.0160507194402544,"d":"-0.016"},{"v":6.30437499058384E-4,"d":"0.001"},{"v":-0.00804753629175832,"d":"-0.008"},{"v":0.00478685839137061,"d":"0.005"},{"v":0.0927293483746935,"d":"0.093"},{"v":-0.0174297787388447,"d":"-0.017"},{"v":1.33470615532808E-3,"d":"0.001"},{"v":0.589333333333333,"d":"0.589"}]
["FEV1","parahippocampal","temporal",241,{"v":-0.00661238046660204,"d":"-0.007"},{"v":0.0132822363830261,"d":"0.013"},{"v":0.618599372447549,"d":"0.619"},{"v":-0.0326455637773333,"d":"-0.033"},{"v":0.0194208028441292,"d":"0.019"},{"v":0.0215531275564418,"d":"0.022"},{"v":0.0433523647994943,"d":"0.043"},{"v":0.619532192099491,"d":"0.620"},{"v":-0.0634175074505671,"d":"-0.063"},{"v":0.106523762563451,"d":"0.107"},{"v":-0.00607299524014191,"d":"-0.006"},{"v":0.0168518851372471,"d":"0.017"},{"v":0.718566846718293,"d":"0.719"},{"v":-0.0391026901091461,"d":"-0.039"},{"v":0.0269566996288623,"d":"0.027"},{"v":-0.00672253512531964,"d":"-0.007"},{"v":0.0106837634079463,"d":"0.011"},{"v":0.52919906244256,"d":"0.529"},{"v":-0.0276627114048944,"d":"-0.028"},{"v":0.0142176411542551,"d":"0.014"},{"v":-0.00684410414326512,"d":"-0.007"},{"v":0.0141181998330909,"d":"0.014"},{"v":0.62783827890311,"d":"0.628"},{"v":-0.0345157758161233,"d":"-0.035"},{"v":0.020827567529593,"d":"0.021"},{"v":0.916785714285714,"d":"0.917"}]
["FEV1","superior temporal","temporal",243,{"v":0.00177699074218883,"d":"0.002"},{"v":0.00476026314252968,"d":"0.005"},{"v":0.708927597869226,"d":"0.709"},{"v":-0.00755312501716935,"d":"-0.008"},{"v":0.011107106501547,"d":"0.011"},{"v":0.0260781609996388,"d":"0.026"},{"v":0.0152483650479817,"d":"0.015"},{"v":0.0885109146765064,"d":"0.089"},{"v":-0.00380863449440538,"d":"-0.004"},{"v":0.0559649564936829,"d":"0.056"},{"v":0,"d":"0.000"},{"v":0.00663290510270613,"d":"0.007"},{"v":1,"d":"1.000"},{"v":-0.013000494001304,"d":"-0.013"},{"v":0.013000494001304,"d":"0.013"},{"v":1.79377727716209E-3,"d":"0.002"},{"v":0.00427548683048404,"d":"0.004"},{"v":0.674814771882107,"d":"0.675"},{"v":-0.00658617691058663,"d":"-0.007"},{"v":0.0101737314649108,"d":"0.010"},{"v":0.00112598128105235,"d":"0.001"},{"v":0.00494913642100513,"d":"0.005"},{"v":0.820026683044141,"d":"0.820"},{"v":-0.0085743261041177,"d":"-0.009"},{"v":0.0108262886662224,"d":"0.011"},{"v":0.916785714285714,"d":"0.917"}]
["FEV1","temporal pole","temporal",243,{"v":-0.0062833894336661,"d":"-0.006"},{"v":0.0109557925742372,"d":"0.011"},{"v":0.566291223227081,"d":"0.566"},{"v":-0.027756742879171,"d":"-0.028"},{"v":0.0151899640118388,"d":"0.015"},{"v":9.94046014994685E-3,"d":"0.010"},{"v":0.0354382003560413,"d":"0.035"},{"v":0.779333591027158,"d":"0.779"},{"v":-0.0595184125478941,"d":"-0.060"},{"v":0.0793993328477878,"d":"0.079"},{"v":-0.00318101868934396,"d":"-0.003"},{"v":0.0158431029437323,"d":"0.016"},{"v":0.840868604187383,"d":"0.841"},{"v":-0.0342335004590593,"d":"-0.034"},{"v":0.0278714630803714,"d":"0.028"},{"v":-0.00629877275714821,"d":"-0.006"},{"v":0.0106633562033625,"d":"0.011"},{"v":0.554725957309921,"d":"0.555"},{"v":-0.0271989509157388,"d":"-0.027"},{"v":0.0146014054014424,"d":"0.015"},{"v":-0.00710980095774034,"d":"-0.007"},{"v":0.0113461941855149,"d":"0.011"},{"v":0.530905537603364,"d":"0.531"},{"v":-0.0293483415613496,"d":"-0.029"},{"v":0.0151287396458689,"d":"0.015"},{"v":0.916785714285714,"d":"0.917"}]
["FEV1","transverse temporal","temporal",242,{"v":-0.00300364868719119,"d":"-0.003"},{"v":0.00761662991402161,"d":"0.008"},{"v":0.693319679647001,"d":"0.693"},{"v":-0.0179322433186736,"d":"-0.018"},{"v":0.0119249459442912,"d":"0.012"},{"v":0.0195312454638983,"d":"0.020"},{"v":0.0246206995138942,"d":"0.025"},{"v":0.428395022171259,"d":"0.428"},{"v":-0.0287253255833343,"d":"-0.029"},{"v":0.067787816511131,"d":"0.068"},{"v":0,"d":"0.000"},{"v":0.0107828835794791,"d":"0.011"},{"v":1,"d":"1.000"},{"v":-0.0211344518157791,"d":"-0.021"},{"v":0.0211344518157791,"d":"0.021"},{"v":-3.04400056771768E-3,"d":"-0.003"},{"v":0.00686101895289051,"d":"0.007"},{"v":0.657284108746108,"d":"0.657"},{"v":-0.0164915977153831,"d":"-0.016"},{"v":0.0104035965799477,"d":"0.010"},{"v":-0.00159209899898268,"d":"-0.002"},{"v":0.00779849411480159,"d":"0.008"},{"v":0.83823263272177,"d":"0.838"},{"v":-0.0168771474639938,"d":"-0.017"},{"v":0.0136929494660284,"d":"0.014"},{"v":0.916785714285714,"d":"0.917"}]
["FEV1","inferior parietal","parietal",242,{"v":-2.79037306661175E-3,"d":"-0.003"},{"v":0.00318150662203909,"d":"0.003"},{"v":0.380453901180513,"d":"0.380"},{"v":-0.00902612604580837,"d":"-0.009"},{"v":0.00344537991258488,"d":"0.003"},{"v":-1.13898669578894E-3,"d":"-0.001"},{"v":0.0102397733083085,"d":"0.010"},{"v":0.911525634030903,"d":"0.912"},{"v":-0.0212089423800736,"d":"-0.021"},{"v":0.0189309689884957,"d":"0.019"},{"v":0.00027468807652162,"d":"0.000"},{"v":4.62140533939648E-3,"d":"0.005"},{"v":0.952603076998973,"d":"0.953"},{"v":-0.00878326638869547,"d":"-0.009"},{"v":0.00933264254173871,"d":"0.009"},{"v":-0.00279027453651598,"d":"-0.003"},{"v":0.00299789681684443,"d":"0.003"},{"v":0.351985992875766,"d":"0.352"},{"v":-0.00866615229753107,"d":"-0.009"},{"v":3.0856032244991E-3,"d":"0.003"},{"v":-1.45866249005805E-3,"d":"-0.001"},{"v":3.29625375732359E-3,"d":"0.003"},{"v":0.658112022138415,"d":"0.658"},{"v":-0.00791931985441229,"d":"-0.008"},{"v":0.00500199487429619,"d":"0.005"},0.836]
["FEV1","isthmus cingulate","parietal",242,{"v":0.00166757959791696,"d":"0.002"},{"v":0.00767629779485525,"d":"0.008"},{"v":0.828023276287774,"d":"0.828"},{"v":-0.0133779640799993,"d":"-0.013"},{"v":0.0167131232758333,"d":"0.017"},{"v":0.00474361310571375,"d":"0.005"},{"v":0.0248160072138088,"d":"0.025"},{"v":0.848568631764865,"d":"0.849"},{"v":-0.0438957610333514,"d":"-0.044"},{"v":0.0533829872447789,"d":"0.053"},{"v":0.0103625211339824,"d":"0.010"},{"v":9.92601915302555E-3,"d":"0.010"},{"v":0.296496709805101,"d":"0.296"},{"v":-0.00909247640594764,"d":"-0.009"},{"v":0.0298175186739125,"d":"0.030"},{"v":0.00168520173017728,"d":"0.002"},{"v":0.00675598191709209,"d":"0.007"},{"v":0.803021637751846,"d":"0.803"},{"v":-0.0115565228273232,"d":"-0.012"},{"v":0.0149269262876778,"d":"0.015"},{"v":2.87386200558276E-3,"d":"0.003"},{"v":0.0079730744805353,"d":"0.008"},{"v":0.71851370698327,"d":"0.719"},{"v":-0.0127533639762664,"d":"-0.013"},{"v":0.0185010879874319,"d":"0.019"},{"v":0.970758620689655,"d":"0.971"}]
["FEV1","postcentral","parietal",243,{"v":-0.00118192606935317,"d":"-0.001"},{"v":0.00379105015806245,"d":"0.004"},{"v":0.755217257294783,"d":"0.755"},{"v":-0.00861238437915558,"d":"-0.009"},{"v":0.00624853224044923,"d":"0.006"},{"v":-0.00880320028769309,"d":"-0.009"},{"v":0.0121840459145969,"d":"0.012"},{"v":0.470676200421143,"d":"0.471"},{"v":-0.032683930280303,"d":"-0.033"},{"v":0.0150775297049169,"d":"0.015"},{"v":0,"d":"0.000"},{"v":0.00530476384451074,"d":"0.005"},{"v":1,"d":"1.000"},{"v":-0.0103973371352411,"d":"-0.010"},{"v":0.0103973371352411,"d":"0.010"},{"v":-0.0011881970285665,"d":"-0.001"},{"v":0.00351428381686511,"d":"0.004"},{"v":0.735284041591467,"d":"0.735"},{"v":-0.0080761933096221,"d":"-0.008"},{"v":0.00569979925248911,"d":"0.006"},{"v":-0.00249635585531421,"d":"-0.002"},{"v":0.00390666706933951,"d":"0.004"},{"v":0.522823664912481,"d":"0.523"},{"v":-0.0101534233112197,"d":"-0.010"},{"v":0.00516071160059124,"d":"0.005"},{"v":0.916785714285714,"d":"0.917"}]
["FEV1","posterior cingulate","parietal",243,{"v":0.0031594480474203,"d":"0.003"},{"v":0.0055378643771877,"d":"0.006"},{"v":0.56832681649402,"d":"0.568"},{"v":-0.0076947661318676,"d":"-0.008"},{"v":0.0140136622267082,"d":"0.014"},{"v":0.0104894161479147,"d":"0.010"},{"v":0.0179672087643896,"d":"0.018"},{"v":0.559894900516332,"d":"0.560"},{"v":-0.0247263130302889,"d":"-0.025"},{"v":0.0457051453261182,"d":"0.046"},{"v":0,"d":"0.000"},{"v":0.00742018112341261,"d":"0.007"},{"v":1,"d":"1.000"},{"v":-0.0145435550018887,"d":"-0.015"},{"v":0.0145435550018887,"d":"0.015"},{"v":0.00317157449512542,"d":"0.003"},{"v":0.00468389004446792,"d":"0.005"},{"v":0.498327264679835,"d":"0.498"},{"v":-6.0088499920317E-3,"d":"-0.006"},{"v":0.0123519989822825,"d":"0.012"},{"v":0.00226582799696443,"d":"0.002"},{"v":0.00577134137866544,"d":"0.006"},{"v":0.69461501997508,"d":"0.695"},{"v":-0.00904600110521984,"d":"-0.009"},{"v":0.0135776570991487,"d":"0.014"},{"v":0.916785714285714,"d":"0.917"}]
["FEV1","precuneus","parietal",243,{"v":0.00123502727407035,"d":"0.001"},{"v":0.00348855713974978,"d":"0.003"},{"v":0.72332211704285,"d":"0.723"},{"v":-0.00560254471983922,"d":"-0.006"},{"v":0.00807259926797992,"d":"0.008"},{"v":-3.25236839292623E-3,"d":"-0.003"},{"v":0.0113278095992126,"d":"0.011"},{"v":0.77427203007756,"d":"0.774"},{"v":-0.025454875207383,"d":"-0.025"},{"v":0.0189501384215305,"d":"0.019"},{"v":0,"d":"0.000"},{"v":0.00487602648124354,"d":"0.005"},{"v":1,"d":"1.000"},{"v":-0.00955701190323735,"d":"-0.010"},{"v":0.00955701190323735,"d":"0.010"},{"v":1.24545053472718E-3,"d":"0.001"},{"v":0.00313802480561842,"d":"0.003"},{"v":0.691448609364081,"d":"0.691"},{"v":-4.90507808428491E-3,"d":"-0.005"},{"v":0.00739597915373928,"d":"0.007"},{"v":0.00220377814660396,"d":"0.002"},{"v":3.55283781525444E-3,"d":"0.004"},{"v":0.535069030633436,"d":"0.535"},{"v":-4.75978397129474E-3,"d":"-0.005"},{"v":0.00916734026450266,"d":"0.009"},{"v":0.916785714285714,"d":"0.917"}]
["FEV1","superior parietal","parietal",243,{"v":-0.00501971032212057,"d":"-0.005"},{"v":3.41153252950975E-3,"d":"0.003"},{"v":0.141184450338296,"d":"0.141"},{"v":-0.0117063140799597,"d":"-0.012"},{"v":1.66689343571854E-3,"d":"0.002"},{"v":-0.0162179333469405,"d":"-0.016"},{"v":0.0110498474494934,"d":"0.011"},{"v":0.143487803396983,"d":"0.143"},{"v":-0.0378756343479476,"d":"-0.038"},{"v":0.00543976765406662,"d":"0.005"},{"v":0,"d":"0.000"},{"v":0.00480728971212221,"d":"0.005"},{"v":1,"d":"1.000"},{"v":-0.00942228783575953,"d":"-0.009"},{"v":0.00942228783575953,"d":"0.009"},{"v":-0.00503118537883932,"d":"-0.005"},{"v":0.00309468081792741,"d":"0.003"},{"v":0.104002295950028,"d":"0.104"},{"v":-0.0110967597819771,"d":"-0.011"},{"v":1.03438902429841E-3,"d":"0.001"},{"v":-0.00442667715508679,"d":"-0.004"},{"v":0.00359973325765683,"d":"0.004"},{"v":0.218800603870059,"d":"0.219"},{"v":-0.0114821543400942,"d":"-0.011"},{"v":2.62880002992059E-3,"d":"0.003"},{"v":0.59925,"d":"0.599"}]
["FEV1","supramarginal","parietal",243,{"v":-5.83636699360614E-3,"d":"-0.006"},{"v":3.32641552369304E-3,"d":"0.003"},{"v":0.079336071708371,"d":"0.079"},{"v":-0.0123561414200445,"d":"-0.012"},{"v":0.000683407432832211,"d":"0.001"},{"v":-0.00833046037077959,"d":"-0.008"},{"v":0.0107801182387349,"d":"0.011"},{"v":0.44042074965307,"d":"0.440"},{"v":-0.0294594921186999,"d":"-0.029"},{"v":0.0127985713771407,"d":"0.013"},{"v":-0.00800652639335758,"d":"-0.008"},{"v":0.00483759195751395,"d":"0.005"},{"v":0.0979114284409882,"d":"0.098"},{"v":-0.0174882066300849,"d":"-0.017"},{"v":1.47515384336976E-3,"d":"0.001"},{"v":-0.00583930931171182,"d":"-0.006"},{"v":0.00301920998402939,"d":"0.003"},{"v":0.0531067264241699,"d":"0.053"},{"v":-0.0117569608804094,"d":"-0.012"},{"v":7.83422569857924e-05,"d":"0.000"},{"v":-5.6271451766905E-3,"d":"-0.006"},{"v":0.00345235623686818,"d":"0.003"},{"v":0.103113465190719,"d":"0.103"},{"v":-0.0123937634009521,"d":"-0.012"},{"v":1.13947304757113E-3,"d":"0.001"},{"v":0.589333333333333,"d":"0.589"}]
["FEV1","cuneus","occipital",243,{"v":0.00055437863885169,"d":"0.001"},{"v":0.00463588138639483,"d":"0.005"},{"v":0.904812455819561,"d":"0.905"},{"v":-0.00853194887848218,"d":"-0.009"},{"v":0.00964070615618556,"d":"0.010"},{"v":-0.00957194412738553,"d":"-0.010"},{"v":0.0149356206164533,"d":"0.015"},{"v":0.522209432819153,"d":"0.522"},{"v":-0.0388457605356341,"d":"-0.039"},{"v":0.019701872280863,"d":"0.020"},{"v":-0.00700957884479142,"d":"-0.007"},{"v":0.0065099745526816,"d":"0.007"},{"v":0.281594456940022,"d":"0.282"},{"v":-0.0197691289680474,"d":"-0.020"},{"v":0.00574997127846452,"d":"0.006"},{"v":0.000556805689465902,"d":"0.001"},{"v":0.00433680519097944,"d":"0.004"},{"v":0.897839747648948,"d":"0.898"},{"v":-0.0079433324848538,"d":"-0.008"},{"v":0.0090569438637856,"d":"0.009"},{"v":-3.6594077654209E-4,"d":"-0.000"},{"v":0.00486481283767435,"d":"0.005"},{"v":0.940038109050194,"d":"0.940"},{"v":-0.00990097393838381,"d":"-0.010"},{"v":0.00916909238529963,"d":"0.009"},0.986]
["FEV1","lateral occipital","occipital",243,{"v":-0.00135497004836684,"d":"-0.001"},{"v":0.00370411513007414,"d":"0.004"},{"v":0.714513366187672,"d":"0.715"},{"v":-0.00861503570331216,"d":"-0.009"},{"v":0.00590509560657847,"d":"0.006"},{"v":-0.0243323613418154,"d":"-0.024"},{"v":0.0118690862226808,"d":"0.012"},{"v":0.0414406071091682,"d":"0.041"},{"v":-0.0475957703382698,"d":"-0.048"},{"v":-1.068952345361E-3,"d":"-0.001"},{"v":-1.71264392561582E-4,"d":"-0.000"},{"v":0.00537865397097833,"d":"0.005"},{"v":0.974598453835544,"d":"0.975"},{"v":-0.0107134261756791,"d":"-0.011"},{"v":0.0103708973905559,"d":"0.010"},{"v":-0.00135409285313308,"d":"-0.001"},{"v":0.00354067146127039,"d":"0.004"},{"v":0.702135348114929,"d":"0.702"},{"v":-0.00829380891722305,"d":"-0.008"},{"v":0.00558562321095689,"d":"0.006"},{"v":-0.00152287586533965,"d":"-0.002"},{"v":0.00386649516824805,"d":"0.004"},{"v":0.693680951435083,"d":"0.694"},{"v":-0.00910120639510583,"d":"-0.009"},{"v":0.00605545466442654,"d":"0.006"},{"v":0.916785714285714,"d":"0.917"}]
["FEV1","lingual","occipital",242,{"v":0.00652017658446693,"d":"0.007"},{"v":0.00401144999929756,"d":"0.004"},{"v":0.104079173704973,"d":"0.104"},{"v":-1.34226541415629E-3,"d":"-0.001"},{"v":0.0143826185830902,"d":"0.014"},{"v":7.66630558064805E-4,"d":"0.001"},{"v":0.0129788884075334,"d":"0.013"},{"v":0.952947492926601,"d":"0.953"},{"v":-0.0246719907207006,"d":"-0.025"},{"v":0.0262052518368302,"d":"0.026"},{"v":0,"d":"0.000"},{"v":0.00556691348322841,"d":"0.006"},{"v":1,"d":"1.000"},{"v":-0.0109111504271277,"d":"-0.011"},{"v":0.0109111504271277,"d":"0.011"},{"v":0.0065740765706451,"d":"0.007"},{"v":0.00372432009408077,"d":"0.004"},{"v":0.0775343656929757,"d":"0.078"},{"v":-0.000725590813753218,"d":"-0.001"},{"v":0.0138737439550434,"d":"0.014"},{"v":0.00624258803714509,"d":"0.006"},{"v":0.00418938832854246,"d":"0.004"},{"v":0.136199168602538,"d":"0.136"},{"v":-1.96861308679813E-3,"d":"-0.002"},{"v":0.0144537891610883,"d":"0.014"},{"v":0.589333333333333,"d":"0.589"}]
["FEV1","pericalcarine","occipital",243,{"v":0.00146897605634228,"d":"0.001"},{"v":0.00455127054252275,"d":"0.005"},{"v":0.746875681055446,"d":"0.747"},{"v":-0.00745151420700231,"d":"-0.007"},{"v":0.0103894663196869,"d":"0.010"},{"v":-0.000808989679865768,"d":"-0.001"},{"v":0.0148006406305902,"d":"0.015"},{"v":0.956455339041386,"d":"0.956"},{"v":-0.0298182453158227,"d":"-0.030"},{"v":0.0282002659560911,"d":"0.028"},{"v":0.00609582317952706,"d":"0.006"},{"v":0.00636695514847713,"d":"0.006"},{"v":0.338357448705424,"d":"0.338"},{"v":-0.00638340891148812,"d":"-0.006"},{"v":0.0185750552705422,"d":"0.019"},{"v":0.00148452713788267,"d":"0.001"},{"v":0.00412313194440359,"d":"0.004"},{"v":0.718810925129523,"d":"0.719"},{"v":-0.00659681147314837,"d":"-0.007"},{"v":0.00956586574891372,"d":"0.010"},{"v":0.0033066200250345,"d":"0.003"},{"v":0.00482551034597658,"d":"0.005"},{"v":0.49319414498686,"d":"0.493"},{"v":-0.00615138025307958,"d":"-0.006"},{"v":0.0127646203031486,"d":"0.013"},{"v":0.916785714285714,"d":"0.917"}]
["FVC","global cortex","global ",299,{"v":-0.00733035801447159,"d":"-0.007"},{"v":0.0038006116879659,"d":"0.004"},{"v":0.0537642515221054,"d":"0.054"},{"v":-0.0147795569228848,"d":"-0.015"},{"v":1.18840893941569E-4,"d":"0.000"},{"v":-0.0208789383193479,"d":"-0.021"},{"v":0.0108620997752012,"d":"0.011"},{"v":0.0555392398400052,"d":"0.056"},{"v":-0.0421686538787422,"d":"-0.042"},{"v":0.00041077724004648,"d":"0.000"},{"v":-0.000850931214936653,"d":"-0.001"},{"v":0.0054212033736502,"d":"0.005"},{"v":0.875273591106011,"d":"0.875"},{"v":-0.011476489827291,"d":"-0.011"},{"v":0.00977462739741773,"d":"0.010"},{"v":-0.00733540731522569,"d":"-0.007"},{"v":0.00351479552784429,"d":"0.004"},{"v":0.0368873874755208,"d":"0.037"},{"v":-0.0142244065498005,"d":"-0.014"},{"v":-0.000446408080650888,"d":"-0.000"},{"v":-0.00663921193761861,"d":"-0.007"},{"v":0.00391484723894152,"d":"0.004"},{"v":0.0899037308156729,"d":"0.090"},{"v":-0.014312312525944,"d":"-0.014"},{"v":0.00103388865070677,"d":"0.001"},{"v":0.0537642515221054,"d":"0.054"}]
["FVC","caudal anterior cingulate","frontal",299,{"v":0.00177746380366321,"d":"0.002"},{"v":7.8392593068848E-3,"d":"0.008"},{"v":0.820626898792673,"d":"0.821"},{"v":-0.013587484437831,"d":"-0.014"},{"v":0.0171424120451574,"d":"0.017"},{"v":-0.0423680018986894,"d":"-0.042"},{"v":0.0223019179410876,"d":"0.022"},{"v":0.0584348546336131,"d":"0.058"},{"v":-0.0860797610632211,"d":"-0.086"},{"v":0.00134375726584232,"d":"0.001"},{"v":-0.00424838568582177,"d":"-0.004"},{"v":0.011528719411531,"d":"0.012"},{"v":0.712497044863949,"d":"0.712"},{"v":-0.0268446757324226,"d":"-0.027"},{"v":0.018347904360779,"d":"0.018"},{"v":0.00180181042566016,"d":"0.002"},{"v":0.00714729737420707,"d":"0.007"},{"v":0.800966283460188,"d":"0.801"},{"v":-0.0122068924277857,"d":"-0.012"},{"v":0.015810513279106,"d":"0.016"},{"v":2.60816658246625E-3,"d":"0.003"},{"v":0.00811613094371882,"d":"0.008"},{"v":0.747940697112158,"d":"0.748"},{"v":-0.0132994500672226,"d":"-0.013"},{"v":0.0185157832321551,"d":"0.019"},{"v":0.8935625,"d":"0.894"}]
["FVC","caudal middle frontal","frontal",299,{"v":0.00779363979803716,"d":"0.008"},{"v":3.53742137441899E-3,"d":"0.004"},{"v":0.0275807942135166,"d":"0.028"},{"v":0.000860293904175942,"d":"0.001"},{"v":0.0147269856918984,"d":"0.015"},{"v":0.0113213946200292,"d":"0.011"},{"v":0.0101261049429576,"d":"0.010"},{"v":0.264453257402113,"d":"0.264"},{"v":-0.00852577106816771,"d":"-0.009"},{"v":0.031168560308226,"d":"0.031"},{"v":0,"d":"0.000"},{"v":0.00532762826867614,"d":"0.005"},{"v":1,"d":"1.000"},{"v":-0.0104421514066052,"d":"-0.010"},{"v":0.0104421514066052,"d":"0.010"},{"v":0.007894177288936,"d":"0.008"},{"v":0.00341314993744693,"d":"0.003"},{"v":0.0207297040092768,"d":"0.021"},{"v":0.00120440341154002,"d":"0.001"},{"v":0.014583951166332,"d":"0.015"},{"v":0.00510731464475707,"d":"0.005"},{"v":0.00367257020356678,"d":"0.004"},{"v":0.164327052011707,"d":"0.164"},{"v":-0.00209092295423382,"d":"-0.002"},{"v":0.012305552243748,"d":"0.012"},0.238]
["FVC","frontal pole","frontal",299,{"v":-0.00191468265304625,"d":"-0.002"},{"v":0.00828055611643173,"d":"0.008"},{"v":0.817138970944104,"d":"0.817"},{"v":-0.0181445726412524,"d":"-0.018"},{"v":0.0143152073351599,"d":"0.014"},{"v":-0.000964379132710335,"d":"-0.001"},{"v":0.0236887547183503,"d":"0.024"},{"v":0.967554108219316,"d":"0.968"},{"v":-0.0473943383806769,"d":"-0.047"},{"v":0.0454655801152562,"d":"0.045"},{"v":0.00464023683045028,"d":"0.005"},{"v":0.0122008690955509,"d":"0.012"},{"v":0.703707751439908,"d":"0.704"},{"v":-0.0192734665968295,"d":"-0.019"},{"v":0.02855394025773,"d":"0.029"},{"v":-1.90490842514413E-3,"d":"-0.002"},{"v":0.00767426447626998,"d":"0.008"},{"v":0.803963941009289,"d":"0.804"},{"v":-0.0169464667986333,"d":"-0.017"},{"v":0.013136649948345,"d":"0.013"},{"v":-1.32181707161594E-3,"d":"-0.001"},{"v":0.00843305001191703,"d":"0.008"},{"v":0.875447816104626,"d":"0.875"},{"v":-0.0178505950949733,"d":"-0.018"},{"v":0.0152069609517414,"d":"0.015"},{"v":0.8935625,"d":"0.894"}]
["FVC","lateral orbitofrontal","frontal",297,{"v":-1.6516900795197E-3,"d":"-0.002"},{"v":0.00450348065933434,"d":"0.005"},{"v":0.713799121444847,"d":"0.714"},{"v":-0.010478512171815,"d":"-0.010"},{"v":0.0071751320127756,"d":"0.007"},{"v":-0.00805332159166562,"d":"-0.008"},{"v":0.0129248907267965,"d":"0.013"},{"v":0.533709251557255,"d":"0.534"},{"v":-0.0333861074161868,"d":"-0.033"},{"v":0.0172794642328555,"d":"0.017"},{"v":-0.000722059085200106,"d":"-0.001"},{"v":0.00625655903728293,"d":"0.006"},{"v":0.908121469708415,"d":"0.908"},{"v":-0.0129849147982747,"d":"-0.013"},{"v":0.0115407966278744,"d":"0.012"},{"v":-1.66365526031323E-3,"d":"-0.002"},{"v":0.00409761044072251,"d":"0.004"},{"v":0.68473804199398,"d":"0.685"},{"v":-9.69497172412934E-3,"d":"-0.010"},{"v":0.00636766120350288,"d":"0.006"},{"v":-0.00349450606337514,"d":"-0.003"},{"v":0.00468017716974327,"d":"0.005"},{"v":0.455268178505524,"d":"0.455"},{"v":-0.0126676533160719,"d":"-0.013"},{"v":0.00567864118932166,"d":"0.006"},{"v":0.8935625,"d":"0.894"}]
["FVC","medial orbitofrontal","frontal",299,{"v":-0.00489594641852155,"d":"-0.005"},{"v":0.00490645809670926,"d":"0.005"},{"v":0.318348422779525,"d":"0.318"},{"v":-0.0145126042880717,"d":"-0.015"},{"v":0.0047207114510286,"d":"0.005"},{"v":-0.0291751855065936,"d":"-0.029"},{"v":0.014033930970641,"d":"0.014"},{"v":0.0384843159197241,"d":"0.038"},{"v":-0.05668169020905,"d":"-0.057"},{"v":-0.00166868080413716,"d":"-0.002"},{"v":-0.0097019866021367,"d":"-0.010"},{"v":0.00746489892481433,"d":"0.007"},{"v":0.193710357035973,"d":"0.194"},{"v":-0.0243331884947728,"d":"-0.024"},{"v":0.00492921529049938,"d":"0.005"},{"v":-0.00489894675087175,"d":"-0.005"},{"v":0.00469148683528865,"d":"0.005"},{"v":0.296383382321308,"d":"0.296"},{"v":-0.0140942609480375,"d":"-0.014"},{"v":0.004296367446294,"d":"0.004"},{"v":-0.00349557456266508,"d":"-0.003"},{"v":0.00515763868082215,"d":"0.005"},{"v":0.497932069080294,"d":"0.498"},{"v":-0.0136045463770765,"d":"-0.014"},{"v":0.00661339725174633,"d":"0.007"},{"v":0.770666666666667,"d":"0.771"}]
["FVC","paracentral","frontal",297,{"v":0.000155912612372354,"d":"0.000"},{"v":0.0042336985577529,"d":"0.004"},{"v":0.970623285589678,"d":"0.971"},{"v":-0.00814213656082334,"d":"-0.008"},{"v":0.00845396178556804,"d":"0.008"},{"v":-3.10481848848943E-3,"d":"-0.003"},{"v":0.0121277618916092,"d":"0.012"},{"v":0.798122167566466,"d":"0.798"},{"v":-0.0268752317960435,"d":"-0.027"},{"v":0.0206655948190646,"d":"0.021"},{"v":0,"d":"0.000"},{"v":0.00635941120737906,"d":"0.006"},{"v":1,"d":"1.000"},{"v":-0.012464445966463,"d":"-0.012"},{"v":0.012464445966463,"d":"0.012"},{"v":0.000155927506706441,"d":"0.000"},{"v":0.00393924608543263,"d":"0.004"},{"v":0.968425514284291,"d":"0.968"},{"v":-0.00756499482074152,"d":"-0.008"},{"v":0.0078768498341544,"d":"0.008"},{"v":0.000479543326882908,"d":"0.000"},{"v":0.0043698129649837,"d":"0.004"},{"v":0.912615567107206,"d":"0.913"},{"v":-8.08529008448515E-3,"d":"-0.008"},{"v":0.00904437673825096,"d":"0.009"},0.999]
["FVC","parsopercularis","frontal",277,{"v":0.0131779136889723,"d":"0.013"},{"v":0.00341897717571029,"d":"0.003"},{"v":0.000116040410199705,"d":"0.0001"},{"v":6.47671842458013E-3,"d":"0.006"},{"v":0.0198791089533645,"d":"0.020"},{"v":0.00993652994313951,"d":"0.010"},{"v":0.0100902616554047,"d":"0.010"},{"v":0.325605444317658,"d":"0.326"},{"v":-0.00984038290145376,"d":"-0.010"},{"v":0.0297134427877328,"d":"0.030"},{"v":0.0143840687039991,"d":"0.014"},{"v":0.00526388105175732,"d":"0.005"},{"v":0.00628370519317913,"d":"0.006"},{"v":0.00406686184255476,"d":"0.004"},{"v":0.0247012755654434,"d":"0.025"},{"v":0.0132726772106109,"d":"0.013"},{"v":0.00344493684386969,"d":"0.003"},{"v":1.16771371586359E-4,"d":"0.000"},{"v":0.00652060099662632,"d":"0.007"},{"v":0.0200247534245955,"d":"0.020"},{"v":0.0136746063696668,"d":"0.014"},{"v":0.00357384925813744,"d":"0.004"},{"v":0.000130085672906131,"d":"0.000"},{"v":0.00666986182371738,"d":"0.007"},{"v":0.0206793509156162,"d":"0.021"},{"v":0.0034,"d":"0.003"}]
["FVC","parsorbitalis","frontal",299,{"v":-7.0692430884949E-3,"d":"-0.007"},{"v":5.31648395726903E-3,"d":"0.005"},{"v":0.183622443756438,"d":"0.184"},{"v":-0.0174895516447422,"d":"-0.017"},{"v":3.3510654677524E-3,"d":"0.003"},{"v":-0.0301640158604359,"d":"-0.030"},{"v":0.0151741029124855,"d":"0.015"},{"v":0.0477449580760628,"d":"0.048"},{"v":-0.0599052575689075,"d":"-0.060"},{"v":-0.000422774151964254,"d":"-0.000"},{"v":-0.00600990522696804,"d":"-0.006"},{"v":0.00785274149714012,"d":"0.008"},{"v":0.444077598067991,"d":"0.444"},{"v":-0.0214012785613627,"d":"-0.021"},{"v":0.0093814681074266,"d":"0.009"},{"v":-0.00707400665784628,"d":"-0.007"},{"v":0.00520674612662792,"d":"0.005"},{"v":0.17426598476221,"d":"0.174"},{"v":-0.017279229066037,"d":"-0.017"},{"v":0.00313121575034444,"d":"0.003"},{"v":-0.00627955384383281,"d":"-0.006"},{"v":0.00560561014796051,"d":"0.006"},{"v":0.262617192640046,"d":"0.263"},{"v":-0.0172665497338354,"d":"-0.017"},{"v":0.0047074420461698,"d":"0.005"},{"v":0.575166666666667,"d":"0.575"}]
["FVC","parstriangularis","frontal",299,{"v":0.00118102916526717,"d":"0.001"},{"v":0.00358882359703792,"d":"0.004"},{"v":0.742091199067121,"d":"0.742"},{"v":-0.00585306508492716,"d":"-0.006"},{"v":0.0082151234154615,"d":"0.008"},{"v":0.0104695072637658,"d":"0.010"},{"v":0.0102611056680992,"d":"0.010"},{"v":0.308411911001055,"d":"0.308"},{"v":-0.00964225984570865,"d":"-0.010"},{"v":0.0305812743732403,"d":"0.031"},{"v":0.00512793918638987,"d":"0.005"},{"v":0.00571178078472091,"d":"0.006"},{"v":0.36930129640814,"d":"0.369"},{"v":-0.00606715115166312,"d":"-0.006"},{"v":0.0163230295244429,"d":"0.016"},{"v":1.19044917921627E-3,"d":"0.001"},{"v":0.00358716981025066,"d":"0.004"},{"v":0.739992658773722,"d":"0.740"},{"v":-0.00584040364887503,"d":"-0.006"},{"v":0.00822130200730756,"d":"0.008"},{"v":1.28079944125534E-3,"d":"0.001"},{"v":0.00376452348396458,"d":"0.004"},{"v":0.733684204475137,"d":"0.734"},{"v":-0.00609766658731523,"d":"-0.006"},{"v":0.00865926546982591,"d":"0.009"},{"v":0.8935625,"d":"0.894"}]
["FVC","precentral","frontal",298,{"v":-1.02440631534011E-3,"d":"-0.001"},{"v":3.83277896707815E-3,"d":"0.004"},{"v":0.789257370260158,"d":"0.789"},{"v":-0.00853665309081328,"d":"-0.009"},{"v":0.00648784046013305,"d":"0.006"},{"v":-0.0119998356717599,"d":"-0.012"},{"v":0.0110090227648412,"d":"0.011"},{"v":0.276599660901542,"d":"0.277"},{"v":-0.0335775202908487,"d":"-0.034"},{"v":0.0095778489473289,"d":"0.010"},{"v":-0.00674745959057976,"d":"-0.007"},{"v":0.0055900973689972,"d":"0.006"},{"v":0.227417534603251,"d":"0.227"},{"v":-0.0177040504338143,"d":"-0.018"},{"v":0.00420913125265476,"d":"0.004"},{"v":-1.03091076241506E-3,"d":"-0.001"},{"v":0.00337455519833244,"d":"0.003"},{"v":0.759988946855395,"d":"0.760"},{"v":-7.64503895114663E-3,"d":"-0.008"},{"v":5.58321742631652E-3,"d":"0.006"},{"v":-0.00122362783327773,"d":"-0.001"},{"v":0.00406531254031868,"d":"0.004"},{"v":0.763420354592764,"d":"0.763"},{"v":-0.00919164041230235,"d":"-0.009"},{"v":6.74438474574688E-3,"d":"0.007"},{"v":0.8935625,"d":"0.894"}]
["FVC","rostral anterior cingulate","frontal",299,{"v":-0.00959332258107152,"d":"-0.010"},{"v":0.00719861765142254,"d":"0.007"},{"v":0.182642822561415,"d":"0.183"},{"v":-0.0237026131778597,"d":"-0.024"},{"v":0.00451596801571664,"d":"0.005"},{"v":-0.0368533977043917,"d":"-0.037"},{"v":0.0205326636968912,"d":"0.021"},{"v":0.0736916236689003,"d":"0.074"},{"v":-0.0770974185502984,"d":"-0.077"},{"v":0.00339062314151509,"d":"0.003"},{"v":-0.0107755955667867,"d":"-0.011"},{"v":0.0103007591947543,"d":"0.010"},{"v":0.295516148205251,"d":"0.296"},{"v":-0.0309650835885053,"d":"-0.031"},{"v":0.00941389245493178,"d":"0.009"},{"v":-0.00957089330344246,"d":"-0.010"},{"v":6.38283873842483E-3,"d":"0.006"},{"v":0.133751010619621,"d":"0.134"},{"v":-0.0220812572307551,"d":"-0.022"},{"v":0.00293947062387021,"d":"0.003"},{"v":-0.00775842860105935,"d":"-0.008"},{"v":0.00762990118474392,"d":"0.008"},{"v":0.309227063150854,"d":"0.309"},{"v":-0.0227130349231574,"d":"-0.023"},{"v":0.00719617772103873,"d":"0.007"},{"v":0.575166666666667,"d":"0.575"}]
["FVC","rostral middle frontal","frontal",299,{"v":0.00595575833236186,"d":"0.006"},{"v":0.00310750550136606,"d":"0.003"},{"v":0.0552923158102167,"d":"0.055"},{"v":-1.3495245031561E-4,"d":"-0.000"},{"v":0.0120464691150393,"d":"0.012"},{"v":0.0138185347408371,"d":"0.014"},{"v":0.00888477386911224,"d":"0.009"},{"v":0.12093832887545,"d":"0.121"},{"v":-0.00359562204262291,"d":"-0.004"},{"v":0.0312326915242971,"d":"0.031"},{"v":0.00629895757851081,"d":"0.006"},{"v":4.5888345547631E-3,"d":"0.005"},{"v":0.169854820608627,"d":"0.170"},{"v":-2.69515814882487E-3,"d":"-0.003"},{"v":0.0152930733058465,"d":"0.015"},{"v":0.00602527949643462,"d":"0.006"},{"v":0.00300970060231886,"d":"0.003"},{"v":0.0452897742608018,"d":"0.045"},{"v":0.000126266315889644,"d":"0.000"},{"v":0.0119242926769796,"d":"0.012"},{"v":0.00616872422634747,"d":"0.006"},{"v":0.00324690182987227,"d":"0.003"},{"v":0.0574488539492946,"d":"0.057"},{"v":-0.000195203360202184,"d":"-0.000"},{"v":0.0125326518128971,"d":"0.013"},{"v":0.34,"d":"0.340"}]
["FVC","superior frontal","frontal",299,{"v":0.0028398446076883,"d":"0.003"},{"v":0.00340374065328489,"d":"0.003"},{"v":0.404094774836928,"d":"0.404"},{"v":-3.83148707275008E-3,"d":"-0.004"},{"v":0.00951117628812669,"d":"0.010"},{"v":1.82801352179202E-3,"d":"0.002"},{"v":9.78488401379503E-3,"d":"0.010"},{"v":0.851929195541668,"d":"0.852"},{"v":-0.0173503591452462,"d":"-0.017"},{"v":0.0210063861888303,"d":"0.021"},{"v":0.00689707180045107,"d":"0.007"},{"v":0.00487758235296892,"d":"0.005"},{"v":0.157351648039017,"d":"0.157"},{"v":-0.00266298961136801,"d":"-0.003"},{"v":0.0164571332122702,"d":"0.016"},{"v":0.00285226046349797,"d":"0.003"},{"v":0.00305688865913023,"d":"0.003"},{"v":0.350789001863091,"d":"0.351"},{"v":-3.13924130839728E-3,"d":"-0.003"},{"v":0.00884376223539321,"d":"0.009"},{"v":0.0053326072440583,"d":"0.005"},{"v":0.00359833948082979,"d":"0.004"},{"v":0.138350046176257,"d":"0.138"},{"v":-1.72013813836808E-3,"d":"-0.002"},{"v":0.0123853526264847,"d":"0.012"},{"v":0.8585,"d":"0.859"}]
["FVC","bankssts","temporal",298,{"v":0.00235247337862484,"d":"0.002"},{"v":0.00439616925522509,"d":"0.004"},{"v":0.592567622237883,"d":"0.593"},{"v":-0.00626401836161634,"d":"-0.006"},{"v":0.010968965118866,"d":"0.011"},{"v":0.000996722697703352,"d":"0.001"},{"v":0.0126237898474465,"d":"0.013"},{"v":0.937121049503761,"d":"0.937"},{"v":-0.0237459054032917,"d":"-0.024"},{"v":0.0257393507986984,"d":"0.026"},{"v":0,"d":"0.000"},{"v":0.00677107004087867,"d":"0.007"},{"v":1,"d":"1.000"},{"v":-0.0132712972801222,"d":"-0.013"},{"v":0.0132712972801222,"d":"0.013"},{"v":2.39093632290869E-3,"d":"0.002"},{"v":0.00430687243404136,"d":"0.004"},{"v":0.578795862153242,"d":"0.579"},{"v":-0.00605053364781238,"d":"-0.006"},{"v":0.0108324062936298,"d":"0.011"},{"v":0.00179559716973003,"d":"0.002"},{"v":0.00448946959762987,"d":"0.004"},{"v":0.689187798164746,"d":"0.689"},{"v":-7.00376324162451E-3,"d":"-0.007"},{"v":0.0105949575810846,"d":"0.011"},{"v":0.876608695652174,"d":"0.877"}]
["FVC","entorhinal","temporal",275,{"v":-0.0274031455997087,"d":"-0.027"},{"v":0.0115228779614621,"d":"0.012"},{"v":0.0173996914985045,"d":"0.017"},{"v":-0.0499879864041745,"d":"-0.050"},{"v":-0.00481830479524285,"d":"-0.005"},{"v":-0.0296672020098913,"d":"-0.030"},{"v":0.0333144701623609,"d":"0.033"},{"v":0.373970846879215,"d":"0.374"},{"v":-0.0949635635281187,"d":"-0.095"},{"v":0.035629159508336,"d":"0.036"},{"v":-0.0140723592080731,"d":"-0.014"},{"v":0.0177442778575326,"d":"0.018"},{"v":0.427740167070155,"d":"0.428"},{"v":-0.048851143808837,"d":"-0.049"},{"v":0.0207064253926907,"d":"0.021"},{"v":-0.0277081605141993,"d":"-0.028"},{"v":0.0115979608636818,"d":"0.012"},{"v":0.0168917966818505,"d":"0.017"},{"v":-0.0504401638070156,"d":"-0.050"},{"v":-4.97615722138307E-3,"d":"-0.005"},{"v":-0.0251862623896945,"d":"-0.025"},{"v":0.0120459452442801,"d":"0.012"},{"v":0.0365415289395886,"d":"0.037"},{"v":-0.0487963150684836,"d":"-0.049"},{"v":-0.00157620971090552,"d":"-0.002"},0.238]
["FVC","fusiform","temporal",299,{"v":0.000847921368757489,"d":"0.001"},{"v":3.74722491362186E-3,"d":"0.004"},{"v":0.8209837947987,"d":"0.821"},{"v":-0.00649663946194136,"d":"-0.006"},{"v":0.00819248219945634,"d":"0.008"},{"v":-0.0271982034491129,"d":"-0.027"},{"v":0.0105027587058827,"d":"0.011"},{"v":0.0100815407400911,"d":"0.010"},{"v":-0.0477836105126429,"d":"-0.048"},{"v":-0.00661279638558283,"d":"-0.007"},{"v":0,"d":"0.000"},{"v":0.00591623026674036,"d":"0.006"},{"v":1,"d":"1.000"},{"v":-0.0115958113228111,"d":"-0.012"},{"v":0.0115958113228111,"d":"0.012"},{"v":0.00085166213123955,"d":"0.001"},{"v":0.00366405997192989,"d":"0.004"},{"v":0.816198820846956,"d":"0.816"},{"v":-0.00632989541374304,"d":"-0.006"},{"v":0.00803321967622214,"d":"0.008"},{"v":2.04947454065255E-3,"d":"0.002"},{"v":0.00392233475613189,"d":"0.004"},{"v":0.601312551470913,"d":"0.601"},{"v":-0.00563830158136594,"d":"-0.006"},{"v":0.00973725066267105,"d":"0.010"},{"v":0.8935625,"d":"0.894"}]
["FVC","inferior temporal","temporal",296,{"v":-0.0100134155390825,"d":"-0.010"},{"v":0.00434414056625917,"d":"0.004"},{"v":0.0211643620645588,"d":"0.021"},{"v":-0.0185279310489505,"d":"-0.019"},{"v":-0.00149890002921456,"d":"-0.001"},{"v":-0.032644121612727,"d":"-0.033"},{"v":0.0123384048223963,"d":"0.012"},{"v":0.00859003210197936,"d":"0.009"},{"v":-0.0568273950646237,"d":"-0.057"},{"v":-0.00846084816083024,"d":"-0.008"},{"v":-0.0114834040033565,"d":"-0.011"},{"v":0.00651774029912534,"d":"0.007"},{"v":0.0780914483827682,"d":"0.078"},{"v":-0.0242581749896421,"d":"-0.024"},{"v":1.2913669829292E-3,"d":"0.001"},{"v":-0.0100076157811981,"d":"-0.010"},{"v":0.00413908657484762,"d":"0.004"},{"v":0.0156132855060946,"d":"0.016"},{"v":-0.0181202254678994,"d":"-0.018"},{"v":-0.00189500609449676,"d":"-0.002"},{"v":-0.0114020215543794,"d":"-0.011"},{"v":0.00457437752632158,"d":"0.005"},{"v":0.012681722640444,"d":"0.013"},{"v":-0.0203678015059697,"d":"-0.020"},{"v":-0.00243624160278914,"d":"-0.002"},0.238]
["FVC","insula","temporal",296,{"v":-2.73282397958657E-3,"d":"-0.003"},{"v":0.00481776913410442,"d":"0.005"},{"v":0.570552176346624,"d":"0.571"},{"v":-0.0121756514824312,"d":"-0.012"},{"v":0.00671000352325808,"d":"0.007"},{"v":0.00706697743246669,"d":"0.007"},{"v":0.0139016812076928,"d":"0.014"},{"v":0.611586219142546,"d":"0.612"},{"v":-0.0201803177346111,"d":"-0.020"},{"v":0.0343142725995445,"d":"0.034"},{"v":0,"d":"0.000"},{"v":0.00679593802524152,"d":"0.007"},{"v":1,"d":"1.000"},{"v":-0.0133200385294734,"d":"-0.013"},{"v":0.0133200385294734,"d":"0.013"},{"v":-0.00272910155265859,"d":"-0.003"},{"v":0.00430211563994911,"d":"0.004"},{"v":0.525844167507343,"d":"0.526"},{"v":-0.0111612482069588,"d":"-0.011"},{"v":0.00570304510164166,"d":"0.006"},{"v":-0.00368702433036044,"d":"-0.004"},{"v":0.00499424816540883,"d":"0.005"},{"v":0.460360035384194,"d":"0.460"},{"v":-0.0134757507345617,"d":"-0.013"},{"v":0.00610170207384086,"d":"0.006"},{"v":0.876608695652174,"d":"0.877"}]
["FVC","middle temporal","temporal",275,{"v":-0.00736523444412926,"d":"-0.007"},{"v":3.91107748765822E-3,"d":"0.004"},{"v":0.059676964278266,"d":"0.060"},{"v":-0.0150309463199394,"d":"-0.015"},{"v":0.00030047743168085,"d":"0.000"},{"v":-0.0162902545012796,"d":"-0.016"},{"v":0.0109755540093996,"d":"0.011"},{"v":0.13890137293626,"d":"0.139"},{"v":-0.0378023403597028,"d":"-0.038"},{"v":0.0052218313571437,"d":"0.005"},{"v":-0.00930596508079227,"d":"-0.009"},{"v":0.00613589368773375,"d":"0.006"},{"v":0.129356642145351,"d":"0.129"},{"v":-0.0213323167087504,"d":"-0.021"},{"v":0.00272038654716588,"d":"0.003"},{"v":-0.00735024931411794,"d":"-0.007"},{"v":0.00393751617973406,"d":"0.004"},{"v":0.0619403759960132,"d":"0.062"},{"v":-0.0150677810263967,"d":"-0.015"},{"v":3.67282398160817E-4,"d":"0.000"},{"v":-0.00758434006194473,"d":"-0.008"},{"v":0.00408367738774915,"d":"0.004"},{"v":0.0632780238976955,"d":"0.063"},{"v":-0.0155883477419331,"d":"-0.016"},{"v":0.000419667618043597,"d":"0.000"},{"v":0.34,"d":"0.340"}]
["FVC","parahippocampal","temporal",298,{"v":0.00678814517807513,"d":"0.007"},{"v":0.0113595202148599,"d":"0.011"},{"v":0.550124731348307,"d":"0.550"},{"v":-0.0154765144430503,"d":"-0.015"},{"v":0.0290528047992006,"d":"0.029"},{"v":-1.6602150315669E-3,"d":"-0.002"},{"v":0.0325985394010733,"d":"0.033"},{"v":0.959416349003402,"d":"0.959"},{"v":-0.0655533522576705,"d":"-0.066"},{"v":0.0622329221945367,"d":"0.062"},{"v":0.0207678843369246,"d":"0.021"},{"v":0.0152109411208052,"d":"0.015"},{"v":0.172150797775725,"d":"0.172"},{"v":-9.04556025985352E-3,"d":"-0.009"},{"v":0.0505813289337028,"d":"0.051"},{"v":0.00691888671723103,"d":"0.007"},{"v":0.00959028030269607,"d":"0.010"},{"v":0.470634040344471,"d":"0.471"},{"v":-0.0118780626760533,"d":"-0.012"},{"v":0.0257158361105153,"d":"0.026"},{"v":0.0123567956960264,"d":"0.012"},{"v":0.0118247966264641,"d":"0.012"},{"v":0.296027533902562,"d":"0.296"},{"v":-0.0108198056918433,"d":"-0.011"},{"v":0.0355333970838961,"d":"0.036"},{"v":0.876608695652174,"d":"0.877"}]
["FVC","superior temporal","temporal",298,{"v":0.00522411717715501,"d":"0.005"},{"v":0.00410234171060999,"d":"0.004"},{"v":0.202859258040676,"d":"0.203"},{"v":-0.00281647257564058,"d":"-0.003"},{"v":0.0132647069299506,"d":"0.013"},{"v":0.0140918063858304,"d":"0.014"},{"v":0.0116936947916866,"d":"0.012"},{"v":0.229136002162282,"d":"0.229"},{"v":-0.00882783540587543,"d":"-0.009"},{"v":0.0370114481775361,"d":"0.037"},{"v":0.00817349695966219,"d":"0.008"},{"v":5.85223173464263E-3,"d":"0.006"},{"v":0.162520003064631,"d":"0.163"},{"v":-0.00329687724023736,"d":"-0.003"},{"v":0.0196438711595618,"d":"0.020"},{"v":5.28061148425328E-3,"d":"0.005"},{"v":0.00383212156529617,"d":"0.004"},{"v":0.168207480361911,"d":"0.168"},{"v":-0.00223034678372721,"d":"-0.002"},{"v":0.0127915697522338,"d":"0.013"},{"v":4.09376991977662E-3,"d":"0.004"},{"v":0.00419464256658146,"d":"0.004"},{"v":0.329088237575134,"d":"0.329"},{"v":-0.00412772951072304,"d":"-0.004"},{"v":0.0123152693502763,"d":"0.012"},{"v":0.575166666666667,"d":"0.575"}]
["FVC","temporal pole","temporal",297,{"v":-1.05052490776751E-5,"d":"-0.000"},{"v":0.00965271977810101,"d":"0.010"},{"v":0.999131646356209,"d":"0.999"},{"v":-0.0189298360141557,"d":"-0.019"},{"v":0.0189088255160003,"d":"0.019"},{"v":-0.00526787928876879,"d":"-0.005"},{"v":0.0277105693529638,"d":"0.028"},{"v":0.849358687039559,"d":"0.849"},{"v":-0.0595805952205779,"d":"-0.060"},{"v":0.0490448366430403,"d":"0.049"},{"v":-0.0087676164943644,"d":"-0.009"},{"v":0.0141800317770348,"d":"0.014"},{"v":0.536372821796903,"d":"0.536"},{"v":-0.0365604787773526,"d":"-0.037"},{"v":0.0190252457886238,"d":"0.019"},{"v":-1.05052490776729e-05,"d":"-0.000"},{"v":0.00963875441248773,"d":"0.010"},{"v":0.999130388219442,"d":"0.999"},{"v":-0.0189024638975536,"d":"-0.019"},{"v":0.0188814533993983,"d":"0.019"},{"v":-0.000134457694171684,"d":"-0.000"},{"v":0.00996562560855791,"d":"0.010"},{"v":0.989235150137995,"d":"0.989"},{"v":-0.0196670838869452,"d":"-0.020"},{"v":0.0193981684986018,"d":"0.019"},0.999]
["FVC","transverse temporal","temporal",298,{"v":-0.01269757140322,"d":"-0.013"},{"v":0.00702505170010517,"d":"0.007"},{"v":0.0706890014170122,"d":"0.071"},{"v":-0.0264666727354262,"d":"-0.026"},{"v":1.0715299289861E-3,"d":"0.001"},{"v":-0.0210304170507411,"d":"-0.021"},{"v":0.0201713740660242,"d":"0.020"},{"v":0.297990265987721,"d":"0.298"},{"v":-0.0605663102201484,"d":"-0.061"},{"v":0.0185054761186663,"d":"0.019"},{"v":-0.0276066029308579,"d":"-0.028"},{"v":0.00983607433583544,"d":"0.010"},{"v":5.00566789827947E-3,"d":"0.005"},{"v":-0.0468853086290953,"d":"-0.047"},{"v":-0.00832789723262043,"d":"-0.008"},{"v":-0.0126593539909324,"d":"-0.013"},{"v":0.00618971878672708,"d":"0.006"},{"v":0.0408328976174606,"d":"0.041"},{"v":-0.0247912028129174,"d":"-0.025"},{"v":-0.000527505168947269,"d":"-0.001"},{"v":-0.0146473772911452,"d":"-0.015"},{"v":0.00729791957514632,"d":"0.007"},{"v":0.0447430583541951,"d":"0.045"},{"v":-0.0289512996584319,"d":"-0.029"},{"v":-3.43454923858363E-4,"d":"-0.000"},{"v":0.344857142857143,"d":"0.345"}]
["FVC","inferior parietal","parietal",297,{"v":-0.0016214057317728,"d":"-0.002"},{"v":0.00302617290428389,"d":"0.003"},{"v":0.592100827349543,"d":"0.592"},{"v":-0.00755270462416923,"d":"-0.008"},{"v":0.00430989316062362,"d":"0.004"},{"v":-0.00851273999319078,"d":"-0.009"},{"v":0.00867561902377949,"d":"0.009"},{"v":0.327285499259416,"d":"0.327"},{"v":-0.0255169532797986,"d":"-0.026"},{"v":0.00849147329341702,"d":"0.008"},{"v":0,"d":"0.000"},{"v":0.0043496204807476,"d":"0.004"},{"v":1,"d":"1.000"},{"v":-8.52525614226529E-3,"d":"-0.009"},{"v":8.52525614226529E-3,"d":"0.009"},{"v":-0.00163833615806097,"d":"-0.002"},{"v":2.69769637064046E-3,"d":"0.003"},{"v":0.543645652001247,"d":"0.544"},{"v":-6.92582104451628E-3,"d":"-0.007"},{"v":0.00364914872839434,"d":"0.004"},{"v":-0.000701950693112158,"d":"-0.001"},{"v":3.15418013483647E-3,"d":"0.003"},{"v":0.823888739590564,"d":"0.824"},{"v":-6.88414375739165E-3,"d":"-0.007"},{"v":0.00548024237116733,"d":"0.005"},{"v":0.876608695652174,"d":"0.877"}]
["FVC","isthmus cingulate","parietal",299,{"v":-0.00464794600353006,"d":"-0.005"},{"v":0.00703832490208673,"d":"0.007"},{"v":0.509012099535681,"d":"0.509"},{"v":-0.0184430628116201,"d":"-0.018"},{"v":0.00914717080455993,"d":"0.009"},{"v":-5.50191202218014E-3,"d":"-0.006"},{"v":0.0202139164205711,"d":"0.020"},{"v":0.785669385247811,"d":"0.786"},{"v":-0.0451211882064995,"d":"-0.045"},{"v":0.0341173641621392,"d":"0.034"},{"v":0,"d":"0.000"},{"v":9.30401913335702E-3,"d":"0.009"},{"v":1,"d":"1.000"},{"v":-0.0182358775013798,"d":"-0.018"},{"v":0.0182358775013798,"d":"0.018"},{"v":-0.00470576162270302,"d":"-0.005"},{"v":0.00609875386645022,"d":"0.006"},{"v":0.440354955087111,"d":"0.440"},{"v":-0.0166593192009455,"d":"-0.017"},{"v":0.00724779595553942,"d":"0.007"},{"v":-0.00430905312943778,"d":"-0.004"},{"v":0.00723996382716975,"d":"0.007"},{"v":0.551725792494306,"d":"0.552"},{"v":-0.0184993822306905,"d":"-0.018"},{"v":0.00988127597181492,"d":"0.010"},{"v":0.876608695652174,"d":"0.877"}]
["FVC","postcentral","parietal",298,{"v":-0.00334523534158242,"d":"-0.003"},{"v":0.00327218609369041,"d":"0.003"},{"v":0.306627438138984,"d":"0.307"},{"v":-0.00975872008521562,"d":"-0.010"},{"v":0.00306824940205078,"d":"0.003"},{"v":0.00556273330890734,"d":"0.006"},{"v":0.00933017983309278,"d":"0.009"},{"v":0.551491547258186,"d":"0.551"},{"v":-0.0127244191639545,"d":"-0.013"},{"v":0.0238498857817692,"d":"0.024"},{"v":-0.00521855448430225,"d":"-0.005"},{"v":0.00494486768019258,"d":"0.005"},{"v":0.291266355927089,"d":"0.291"},{"v":-0.0149104951374797,"d":"-0.015"},{"v":4.47338616887521E-3,"d":"0.004"},{"v":-0.00334119685454168,"d":"-0.003"},{"v":0.00316787390976228,"d":"0.003"},{"v":0.291556740205704,"d":"0.292"},{"v":-0.00955022971767576,"d":"-0.010"},{"v":0.00286783600859239,"d":"0.003"},{"v":-0.00543983391191429,"d":"-0.005"},{"v":3.34090784938293E-3,"d":"0.003"},{"v":0.10347184191664,"d":"0.103"},{"v":-0.0119880132967048,"d":"-0.012"},{"v":1.10834547287625E-3,"d":"0.001"},{"v":0.770666666666667,"d":"0.771"}]
["FVC","posterior cingulate","parietal",297,{"v":0.00377271003761267,"d":"0.004"},{"v":0.00478214720315684,"d":"0.005"},{"v":0.430161397534327,"d":"0.430"},{"v":-0.00560029848057474,"d":"-0.006"},{"v":0.0131457185558001,"d":"0.013"},{"v":0.00183575557795196,"d":"0.002"},{"v":0.0137822182490233,"d":"0.014"},{"v":0.894128084175063,"d":"0.894"},{"v":-0.0251773921901338,"d":"-0.025"},{"v":0.0288489033460377,"d":"0.029"},{"v":1.55595576081908E-3,"d":"0.002"},{"v":0.00659216377980946,"d":"0.007"},{"v":0.81340852665914,"d":"0.813"},{"v":-0.0113646852476075,"d":"-0.011"},{"v":0.0144765967692456,"d":"0.014"},{"v":0.00381150455190027,"d":"0.004"},{"v":0.00422742651916889,"d":"0.004"},{"v":0.367262250805362,"d":"0.367"},{"v":-0.00447425142567076,"d":"-0.004"},{"v":0.0120972605294713,"d":"0.012"},{"v":0.00475773915875281,"d":"0.005"},{"v":0.00494647252662402,"d":"0.005"},{"v":0.336127541667351,"d":"0.336"},{"v":-0.00493734699343027,"d":"-0.005"},{"v":0.0144528253109359,"d":"0.014"},{"v":0.86,"d":"0.860"}]
["FVC","precuneus","parietal",299,{"v":-0.00309370142749228,"d":"-0.003"},{"v":3.2424239159845E-3,"d":"0.003"},{"v":0.340016672001426,"d":"0.340"},{"v":-0.00944885230282189,"d":"-0.009"},{"v":0.00326144944783734,"d":"0.003"},{"v":-0.0068065642178266,"d":"-0.007"},{"v":0.00927622543255238,"d":"0.009"},{"v":0.463671155106807,"d":"0.464"},{"v":-0.0249879660656293,"d":"-0.025"},{"v":0.0113748376299761,"d":"0.011"},{"v":0,"d":"0.000"},{"v":4.62475992999323E-3,"d":"0.005"},{"v":1,"d":"1.000"},{"v":-0.00906452946278674,"d":"-0.009"},{"v":0.00906452946278674,"d":"0.009"},{"v":-3.10166355856449E-3,"d":"-0.003"},{"v":0.00283823973664128,"d":"0.003"},{"v":0.274476179189839,"d":"0.274"},{"v":-0.0086646134423814,"d":"-0.009"},{"v":0.00246128632525242,"d":"0.002"},{"v":-0.00175564446261878,"d":"-0.002"},{"v":0.0033161728461884,"d":"0.003"},{"v":0.596514914682994,"d":"0.597"},{"v":-0.00825534324114805,"d":"-0.008"},{"v":0.00474405431591049,"d":"0.005"},{"v":0.770666666666667,"d":"0.771"}]
["FVC","superior parietal","parietal",299,{"v":-0.00415285843721824,"d":"-0.004"},{"v":0.00326097717345833,"d":"0.003"},{"v":0.202840236828251,"d":"0.203"},{"v":-0.0105443736971966,"d":"-0.011"},{"v":2.23865682276009E-3,"d":"0.002"},{"v":-0.00247762771455474,"d":"-0.002"},{"v":0.0093605999243845,"d":"0.009"},{"v":0.791434301404343,"d":"0.791"},{"v":-0.0208244035663484,"d":"-0.021"},{"v":0.0158691481372389,"d":"0.016"},{"v":-0.00493417584301056,"d":"-0.005"},{"v":0.00440626460475526,"d":"0.004"},{"v":0.262795058519039,"d":"0.263"},{"v":-0.0135704544683309,"d":"-0.014"},{"v":0.00370210278230975,"d":"0.004"},{"v":-0.00416292441734228,"d":"-0.004"},{"v":0.00279975617911087,"d":"0.003"},{"v":0.137044342084115,"d":"0.137"},{"v":-0.00965044652839959,"d":"-0.010"},{"v":0.00132459769371504,"d":"0.001"},{"v":-3.45822945950437E-3,"d":"-0.003"},{"v":0.00337488019483141,"d":"0.003"},{"v":0.305506200216891,"d":"0.306"},{"v":-0.0100729946413739,"d":"-0.010"},{"v":3.15653572236519E-3,"d":"0.003"},{"v":0.575166666666667,"d":"0.575"}]
["FVC","supramarginal","parietal",298,{"v":-0.000693391028553007,"d":"-0.001"},{"v":0.00290552673187604,"d":"0.003"},{"v":0.811380440656801,"d":"0.811"},{"v":-6.38822342303004E-3,"d":"-0.006"},{"v":5.00144136592402E-3,"d":"0.005"},{"v":-0.00788509779929996,"d":"-0.008"},{"v":8.33952950234235E-3,"d":"0.008"},{"v":0.345170396993035,"d":"0.345"},{"v":-0.024230575623891,"d":"-0.024"},{"v":0.00846038002529104,"d":"0.008"},{"v":-0.0054294992790345,"d":"-0.005"},{"v":0.00442289642344733,"d":"0.004"},{"v":0.219601269296776,"d":"0.220"},{"v":-0.0140983762689913,"d":"-0.014"},{"v":0.00323937771092227,"d":"0.003"},{"v":-0.000696810222753997,"d":"-0.001"},{"v":0.00272178754780359,"d":"0.003"},{"v":0.797941585820571,"d":"0.798"},{"v":-0.00603151381644903,"d":"-0.006"},{"v":0.00463789337094103,"d":"0.005"},{"v":-1.0953508949223E-3,"d":"-0.001"},{"v":3.04849725458195E-3,"d":"0.003"},{"v":0.719364336105485,"d":"0.719"},{"v":-0.00707040551390292,"d":"-0.007"},{"v":0.00487970372405831,"d":"0.005"},{"v":0.8935625,"d":"0.894"}]
["FVC","cuneus","occipital",299,{"v":0.000845154871170279,"d":"0.001"},{"v":4.20544904283665E-3,"d":"0.004"},{"v":0.840724676521458,"d":"0.841"},{"v":-7.39752525278955E-3,"d":"-0.007"},{"v":0.0090878349951301,"d":"0.009"},{"v":0.00935292834479325,"d":"0.009"},{"v":0.0120153050077502,"d":"0.012"},{"v":0.436942402923813,"d":"0.437"},{"v":-0.0141970694703971,"d":"-0.014"},{"v":0.0329029261599836,"d":"0.033"},{"v":0,"d":"0.000"},{"v":0.00597467083678396,"d":"0.006"},{"v":1,"d":"1.000"},{"v":-0.0117103548400966,"d":"-0.012"},{"v":0.0117103548400966,"d":"0.012"},{"v":0.000850964142889144,"d":"0.001"},{"v":3.89854346787022E-3,"d":"0.004"},{"v":0.827212939957164,"d":"0.827"},{"v":-0.00679018105413648,"d":"-0.007"},{"v":0.00849210933991477,"d":"0.008"},{"v":0.00052530522159772,"d":"0.001"},{"v":0.00434175742365646,"d":"0.004"},{"v":0.903699687227125,"d":"0.904"},{"v":-0.00798453932876895,"d":"-0.008"},{"v":0.00903514977196439,"d":"0.009"},{"v":0.8935625,"d":"0.894"}]
["FVC","lateral occipital","occipital",299,{"v":-0.00255133438821062,"d":"-0.003"},{"v":3.54629732241859E-3,"d":"0.004"},{"v":0.471872247981342,"d":"0.472"},{"v":-0.00950207714015106,"d":"-0.010"},{"v":0.00439940836372982,"d":"0.004"},{"v":-0.00915151012522876,"d":"-0.009"},{"v":0.010159662827464,"d":"0.010"},{"v":0.368440936682506,"d":"0.368"},{"v":-0.0290644492670581,"d":"-0.029"},{"v":0.0107614290166006,"d":"0.011"},{"v":-0.00811582456683365,"d":"-0.008"},{"v":0.00514016016585247,"d":"0.005"},{"v":0.114357849872849,"d":"0.114"},{"v":-0.0181905384919045,"d":"-0.018"},{"v":1.95888935823719E-3,"d":"0.002"},{"v":-0.00256188929234908,"d":"-0.003"},{"v":0.00319712094910745,"d":"0.003"},{"v":0.422951423822163,"d":"0.423"},{"v":-8.82824635259968E-3,"d":"-0.009"},{"v":0.00370446776790152,"d":"0.004"},{"v":-0.00407125055999982,"d":"-0.004"},{"v":3.65239582680346E-3,"d":"0.004"},{"v":0.264987811624149,"d":"0.265"},{"v":-0.0112299463805346,"d":"-0.011"},{"v":0.00308744526053496,"d":"0.003"},{"v":0.876608695652174,"d":"0.877"}]
["FVC","lingual","occipital",299,{"v":0.00593350524264596,"d":"0.006"},{"v":0.00348466890179272,"d":"0.003"},{"v":0.0886156548700303,"d":"0.089"},{"v":-0.000896445804867778,"d":"-0.001"},{"v":0.0127634562901597,"d":"0.013"},{"v":0.0163929488759144,"d":"0.016"},{"v":0.00995410316181039,"d":"0.010"},{"v":0.100645807592503,"d":"0.101"},{"v":-0.00311709332123395,"d":"-0.003"},{"v":0.0359029910730628,"d":"0.036"},{"v":0.00506062197919742,"d":"0.005"},{"v":0.00527454314581011,"d":"0.005"},{"v":0.337335766815312,"d":"0.337"},{"v":-5.27748258659039E-3,"d":"-0.005"},{"v":0.0153987265449852,"d":"0.015"},{"v":0.00596964074152728,"d":"0.006"},{"v":0.00335596067457963,"d":"0.003"},{"v":0.0752697279937723,"d":"0.075"},{"v":-0.000608042180648794,"d":"-0.001"},{"v":0.0125473236637034,"d":"0.013"},{"v":6.26482706846256E-3,"d":"0.006"},{"v":0.00364098669395979,"d":"0.004"},{"v":0.0853161840604332,"d":"0.085"},{"v":-0.000871506851698635,"d":"-0.001"},{"v":0.0134011609886238,"d":"0.013"},{"v":0.37825,"d":"0.378"}]
["FVC","pericalcarine","occipital",298,{"v":-1.07161835410652E-3,"d":"-0.001"},{"v":0.00410049408057593,"d":"0.004"},{"v":0.793831219307212,"d":"0.794"},{"v":-9.10858675203533E-3,"d":"-0.009"},{"v":0.00696535004382229,"d":"0.007"},{"v":0.013885896776161,"d":"0.014"},{"v":0.0117480017309141,"d":"0.012"},{"v":0.23816251756262,"d":"0.238"},{"v":-0.00914018661643068,"d":"-0.009"},{"v":0.0369119801687527,"d":"0.037"},{"v":0,"d":"0.000"},{"v":0.005891873787618,"d":"0.006"},{"v":1,"d":"1.000"},{"v":-0.0115480726237313,"d":"-0.012"},{"v":0.0115480726237313,"d":"0.012"},{"v":-0.00106621929848391,"d":"-0.001"},{"v":0.00372778343274942,"d":"0.004"},{"v":0.774863074369157,"d":"0.775"},{"v":-0.00837267482667278,"d":"-0.008"},{"v":0.00624023622970495,"d":"0.006"},{"v":-0.000270847623716531,"d":"-0.000"},{"v":0.00436743233105254,"d":"0.004"},{"v":0.950550648275627,"d":"0.951"},{"v":-0.00883101499257951,"d":"-0.009"},{"v":0.00828931974514645,"d":"0.008"},{"v":0.8935625,"d":"0.894"}]
["FEV1/FVC","global cortex","global ",284,{"v":0.00414154426497744,"d":"0.004"},{"v":0.00243495427947049,"d":"0.002"},{"v":0.0889671249830567,"d":"0.089"},{"v":-0.000630966122784731,"d":"-0.001"},{"v":0.0089140546527396,"d":"0.009"},{"v":-0.00466113605333225,"d":"-0.005"},{"v":5.90935904086946E-3,"d":"0.006"},{"v":0.430907971307688,"d":"0.431"},{"v":-0.0162434797734364,"d":"-0.016"},{"v":0.00692120766677189,"d":"0.007"},{"v":3.74181281891988E-3,"d":"0.004"},{"v":0.00358829320272239,"d":"0.004"},{"v":0.29704859116973,"d":"0.297"},{"v":-3.29124185841601E-3,"d":"-0.003"},{"v":0.0107748674962558,"d":"0.011"},{"v":0.00415512285693528,"d":"0.004"},{"v":0.0021976282004538,"d":"0.002"},{"v":0.0586603172505093,"d":"0.059"},{"v":-0.000152228415954168,"d":"-0.000"},{"v":0.00846247412982472,"d":"0.008"},{"v":0.00444304644235063,"d":"0.004"},{"v":0.00260092698426442,"d":"0.003"},{"v":0.0875890431024045,"d":"0.088"},{"v":-0.000654770446807638,"d":"-0.001"},{"v":0.00954086333150889,"d":"0.010"},{"v":0.0889671249830567,"d":"0.089"}]
["FEV1/FVC","caudal anterior cingulate","frontal",284,{"v":0.00201702365022881,"d":"0.002"},{"v":0.0047897708987623,"d":"0.005"},{"v":0.673674267764259,"d":"0.674"},{"v":-0.0073709273113453,"d":"-0.007"},{"v":0.0114049746118029,"d":"0.011"},{"v":0.00303181907385797,"d":"0.003"},{"v":0.0117263586677727,"d":"0.012"},{"v":0.796173108619942,"d":"0.796"},{"v":-0.0199518439149765,"d":"-0.020"},{"v":0.0260154820626924,"d":"0.026"},{"v":0.00280993086093197,"d":"0.003"},{"v":0.00761478957987594,"d":"0.008"},{"v":0.712120529671577,"d":"0.712"},{"v":-0.0121150567156249,"d":"-0.012"},{"v":0.0177349184374888,"d":"0.018"},{"v":0.00201723449198493,"d":"0.002"},{"v":0.00446037635156821,"d":"0.004"},{"v":0.651084162005708,"d":"0.651"},{"v":-6.72510315708876E-3,"d":"-0.007"},{"v":0.0107595721410586,"d":"0.011"},{"v":0.000667749505824826,"d":"0.001"},{"v":4.95484844104414E-3,"d":"0.005"},{"v":0.892796186355814,"d":"0.893"},{"v":-0.00904375343862169,"d":"-0.009"},{"v":0.0103792524502713,"d":"0.010"},{"v":0.91664,"d":"0.917"}]
["FEV1/FVC","caudal middle frontal","frontal",284,{"v":2.25810584963293e-05,"d":"0.000"},{"v":0.0022152380058436,"d":"0.002"},{"v":0.991866893814914,"d":"0.992"},{"v":-0.00431928543295714,"d":"-0.004"},{"v":0.00436444754994979,"d":"0.004"},{"v":-0.000359987808634318,"d":"-0.000"},{"v":0.00543568318797466,"d":"0.005"},{"v":0.947244200744703,"d":"0.947"},{"v":-0.0110139268570647,"d":"-0.011"},{"v":0.010293951239796,"d":"0.010"},{"v":-0.000825400216521314,"d":"-0.001"},{"v":0.00352792504450982,"d":"0.004"},{"v":0.81501451979102,"d":"0.815"},{"v":-0.00774013330376057,"d":"-0.008"},{"v":0.00608933287071794,"d":"0.006"},{"v":2.25810584963283e-05,"d":"0.000"},{"v":0.00214427109583896,"d":"0.002"},{"v":0.991597729891783,"d":"0.992"},{"v":-0.00418019028934804,"d":"-0.004"},{"v":0.00422535240634069,"d":"0.004"},{"v":-0.000315641516255773,"d":"-0.000"},{"v":0.00227750837900142,"d":"0.002"},{"v":0.889773580304571,"d":"0.890"},{"v":-0.00477955793909856,"d":"-0.005"},{"v":0.00414827490658702,"d":"0.004"},0.992]
["FEV1/FVC","frontal pole","frontal",284,{"v":-0.000931460756310134,"d":"-0.001"},{"v":0.00475143308789563,"d":"0.005"},{"v":0.844580535887503,"d":"0.845"},{"v":-0.0102442696085856,"d":"-0.010"},{"v":0.00838134809596529,"d":"0.008"},{"v":-0.00378362483226205,"d":"-0.004"},{"v":0.0115515988970386,"d":"0.012"},{"v":0.743501593282925,"d":"0.744"},{"v":-0.0264247586704577,"d":"-0.026"},{"v":0.0188575090059336,"d":"0.019"},{"v":0,"d":"0.000"},{"v":0.0080681858141812,"d":"0.008"},{"v":1,"d":"1.000"},{"v":-0.0158136441957952,"d":"-0.016"},{"v":0.0158136441957952,"d":"0.016"},{"v":-0.000928399236373242,"d":"-0.001"},{"v":4.78067898577598E-3,"d":"0.005"},{"v":0.846020695091242,"d":"0.846"},{"v":-0.0102985300484942,"d":"-0.010"},{"v":0.00844173157574767,"d":"0.008"},{"v":-0.00194406630028106,"d":"-0.002"},{"v":0.00494036872983535,"d":"0.005"},{"v":0.693945559736072,"d":"0.694"},{"v":-0.0116271890107583,"d":"-0.012"},{"v":0.00773905641019622,"d":"0.008"},{"v":0.944787878787879,"d":"0.945"}]
["FEV1/FVC","lateral orbitofrontal","frontal",284,{"v":-0.00529412777078464,"d":"-0.005"},{"v":0.0029447977501113,"d":"0.003"},{"v":0.0722103021383579,"d":"0.072"},{"v":-0.0110659313610028,"d":"-0.011"},{"v":0.000477675819433517,"d":"0.000"},{"v":-0.0178450999706995,"d":"-0.018"},{"v":0.00714198833712144,"d":"0.007"},{"v":0.013037095541281,"d":"0.013"},{"v":-0.0318433971114575,"d":"-0.032"},{"v":-3.84680282994149E-3,"d":"-0.004"},{"v":-0.00839192839243088,"d":"-0.008"},{"v":0.00423304839243681,"d":"0.004"},{"v":0.047425685885905,"d":"0.047"},{"v":-0.016688703241607,"d":"-0.017"},{"v":-9.51535432547231e-05,"d":"-0.000"},{"v":-0.00529114120600144,"d":"-0.005"},{"v":0.00254222138829124,"d":"0.003"},{"v":0.0374058855584032,"d":"0.037"},{"v":-0.0102738951270523,"d":"-0.010"},{"v":-0.000308387284950613,"d":"-0.000"},{"v":-0.00584181115958726,"d":"-0.006"},{"v":0.00309927774876442,"d":"0.003"},{"v":0.0594441012563808,"d":"0.059"},{"v":-0.0119163955471655,"d":"-0.012"},{"v":0.000232773227991013,"d":"0.000"},{"v":0.6885,"d":"0.689"}]
["FEV1/FVC","medial orbitofrontal","frontal",285,{"v":-0.00177121081401975,"d":"-0.002"},{"v":0.00327811754244137,"d":"0.003"},{"v":0.588980923203011,"d":"0.589"},{"v":-0.00819632119720485,"d":"-0.008"},{"v":0.00465389956916534,"d":"0.005"},{"v":-0.004469137907103,"d":"-0.004"},{"v":0.00809738603733414,"d":"0.008"},{"v":0.581436315705504,"d":"0.581"},{"v":-0.0203400145402779,"d":"-0.020"},{"v":0.0114017387260719,"d":"0.011"},{"v":-0.00582847835687406,"d":"-0.006"},{"v":0.00510859395455329,"d":"0.005"},{"v":0.253904735754066,"d":"0.254"},{"v":-0.0158413225077985,"d":"-0.016"},{"v":0.00418436579405038,"d":"0.004"},{"v":-1.77504753890165E-3,"d":"-0.002"},{"v":2.94748715048478E-3,"d":"0.003"},{"v":0.547025033762638,"d":"0.547"},{"v":-0.00755212235385183,"d":"-0.008"},{"v":0.00400202727604853,"d":"0.004"},{"v":-0.00273764517964889,"d":"-0.003"},{"v":0.00337342763172641,"d":"0.003"},{"v":0.417060103602327,"d":"0.417"},{"v":-0.00934956333783264,"d":"-0.009"},{"v":0.00387427297853487,"d":"0.004"},{"v":0.910272727272727,"d":"0.910"}]
["FEV1/FVC","paracentral","frontal",284,{"v":-0.000266249256291702,"d":"-0.000"},{"v":0.00256859311240913,"d":"0.003"},{"v":0.917442602263506,"d":"0.917"},{"v":-0.00530069175661359,"d":"-0.005"},{"v":0.00476819324403018,"d":"0.005"},{"v":0.0117765974294615,"d":"0.012"},{"v":0.0062209991149119,"d":"0.006"},{"v":0.0593763812866296,"d":"0.059"},{"v":-4.16560835765847E-4,"d":"-0.000"},{"v":0.0239697556946888,"d":"0.024"},{"v":0,"d":"0.000"},{"v":0.00394630730204133,"d":"0.004"},{"v":1,"d":"1.000"},{"v":-0.007734762312001,"d":"-0.008"},{"v":0.007734762312001,"d":"0.008"},{"v":-0.000266080626276942,"d":"-0.000"},{"v":2.45247906020599E-3,"d":"0.002"},{"v":0.913603398856439,"d":"0.914"},{"v":-0.00507293958428067,"d":"-0.005"},{"v":0.00454077833172679,"d":"0.005"},{"v":7.11120278297636e-05,"d":"0.000"},{"v":0.00266542570522858,"d":"0.003"},{"v":0.97871542297399,"d":"0.979"},{"v":-0.00515312235441826,"d":"-0.005"},{"v":0.00529534641007779,"d":"0.005"},{"v":0.944787878787879,"d":"0.945"}]
["FEV1/FVC","parsopercularis","frontal",284,{"v":-0.00227310553372616,"d":"-0.002"},{"v":0.00226284702172299,"d":"0.002"},{"v":0.315121554767063,"d":"0.315"},{"v":-0.00670828569630322,"d":"-0.007"},{"v":0.0021620746288509,"d":"0.002"},{"v":-0.00307000352996148,"d":"-0.003"},{"v":0.00554934316537395,"d":"0.006"},{"v":0.580551586470421,"d":"0.581"},{"v":-0.0139467161340944,"d":"-0.014"},{"v":7.80670907417146E-3,"d":"0.008"},{"v":-3.0962784416538E-3,"d":"-0.003"},{"v":0.00338989687064,"d":"0.003"},{"v":0.361040481313079,"d":"0.361"},{"v":-0.0097404763081082,"d":"-0.010"},{"v":0.0035479194248006,"d":"0.004"},{"v":-0.00228664819826254,"d":"-0.002"},{"v":2.04756123455955E-3,"d":"0.002"},{"v":0.264094091390045,"d":"0.264"},{"v":-0.00629986821799926,"d":"-0.006"},{"v":1.72657182147419E-3,"d":"0.002"},{"v":-0.00235591027453235,"d":"-0.002"},{"v":0.00236479326009947,"d":"0.002"},{"v":0.319131774414522,"d":"0.319"},{"v":-0.00699090506432731,"d":"-0.007"},{"v":0.00227908451526262,"d":"0.002"},{"v":0.846421052631579,"d":"0.846"}]
["FEV1/FVC","parsorbitalis","frontal",283,{"v":-0.000525089808355677,"d":"-0.001"},{"v":0.00340404982465021,"d":"0.003"},{"v":0.877409116823687,"d":"0.877"},{"v":-0.00719702746467009,"d":"-0.007"},{"v":0.00614684784795874,"d":"0.006"},{"v":5.29720795075564E-4,"d":"0.001"},{"v":0.00832085257798862,"d":"0.008"},{"v":0.949284751545921,"d":"0.949"},{"v":-0.0157791502577821,"d":"-0.016"},{"v":0.0168385918479333,"d":"0.017"},{"v":0,"d":"0.000"},{"v":0.00533034753268219,"d":"0.005"},{"v":1,"d":"1.000"},{"v":-0.0104474811640571,"d":"-0.010"},{"v":0.0104474811640571,"d":"0.010"},{"v":-0.000526733836600652,"d":"-0.001"},{"v":0.00326141000594797,"d":"0.003"},{"v":0.871695718637481,"d":"0.872"},{"v":-0.00691909744825868,"d":"-0.007"},{"v":0.00586562977505738,"d":"0.006"},{"v":-0.00206000644788663,"d":"-0.002"},{"v":3.50941007227498E-3,"d":"0.004"},{"v":0.557207010710385,"d":"0.557"},{"v":-0.00893845018954559,"d":"-0.009"},{"v":0.00481843729377233,"d":"0.005"},{"v":0.944787878787879,"d":"0.945"}]
["FEV1/FVC","parstriangularis","frontal",284,{"v":0.000531744055921148,"d":"0.001"},{"v":0.00230809439208341,"d":"0.002"},{"v":0.817794726869685,"d":"0.818"},{"v":-0.00399212095256234,"d":"-0.004"},{"v":5.05560906440463E-3,"d":"0.005"},{"v":0.00302521795177856,"d":"0.003"},{"v":5.60461331308289E-3,"d":"0.006"},{"v":0.589779674964816,"d":"0.590"},{"v":-0.0079598241418639,"d":"-0.008"},{"v":0.014010260045421,"d":"0.014"},{"v":-0.00325188752001429,"d":"-0.003"},{"v":3.53576007414305E-3,"d":"0.004"},{"v":0.357722311650149,"d":"0.358"},{"v":-0.0101819772653347,"d":"-0.010"},{"v":3.67820222530609E-3,"d":"0.004"},{"v":0.000532126400288459,"d":"0.001"},{"v":0.00223845677610383,"d":"0.002"},{"v":0.812098112694704,"d":"0.812"},{"v":-0.00385524888087504,"d":"-0.004"},{"v":0.00491950168145196,"d":"0.005"},{"v":3.87048500819708E-5,"d":"0.000"},{"v":0.00243455711250267,"d":"0.002"},{"v":0.987315680007696,"d":"0.987"},{"v":-0.00473302709042325,"d":"-0.005"},{"v":0.0048104367905872,"d":"0.005"},{"v":0.944787878787879,"d":"0.945"}]
["FEV1/FVC","precentral","frontal",284,{"v":0.00312456788603063,"d":"0.003"},{"v":0.00229106335435146,"d":"0.002"},{"v":0.17262836525721,"d":"0.173"},{"v":-0.00136591628849824,"d":"-0.001"},{"v":0.0076150520605595,"d":"0.008"},{"v":0.00631603902577446,"d":"0.006"},{"v":5.60393426164569E-3,"d":"0.006"},{"v":0.260670024526428,"d":"0.261"},{"v":-0.00466767212705109,"d":"-0.005"},{"v":0.0172997501786,"d":"0.017"},{"v":0,"d":"0.000"},{"v":0.00348395769390847,"d":"0.003"},{"v":1,"d":"1.000"},{"v":-0.00682855708006061,"d":"-0.007"},{"v":0.00682855708006061,"d":"0.007"},{"v":0.00315089827386857,"d":"0.003"},{"v":2.11540434386597E-3,"d":"0.002"},{"v":0.136355317523659,"d":"0.136"},{"v":-0.000995294240108732,"d":"-0.001"},{"v":0.00729709078784588,"d":"0.007"},{"v":0.0029363062015687,"d":"0.003"},{"v":0.00242961105370828,"d":"0.002"},{"v":0.226835813082039,"d":"0.227"},{"v":-0.00182573146369954,"d":"-0.002"},{"v":0.00769834386683693,"d":"0.008"},{"v":0.840285714285714,"d":"0.840"}]
["FEV1/FVC","rostral anterior cingulate","frontal",284,{"v":0.00124320076486306,"d":"0.001"},{"v":4.07130749210318E-3,"d":"0.004"},{"v":0.76009454406055,"d":"0.760"},{"v":-0.00673656191965918,"d":"-0.007"},{"v":0.0092229634493853,"d":"0.009"},{"v":2.17663718781329E-3,"d":"0.002"},{"v":0.00997109328785722,"d":"0.010"},{"v":0.827357360817557,"d":"0.827"},{"v":-0.0173667056563869,"d":"-0.017"},{"v":0.0217199800320134,"d":"0.022"},{"v":0.0052899905506082,"d":"0.005"},{"v":0.00690221780400809,"d":"0.007"},{"v":0.443427058360937,"d":"0.443"},{"v":-0.00823835634524765,"d":"-0.008"},{"v":0.018818337446464,"d":"0.019"},{"v":0.00124781640374982,"d":"0.001"},{"v":0.00399354488601569,"d":"0.004"},{"v":0.754692219473935,"d":"0.755"},{"v":-0.00657953157284095,"d":"-0.007"},{"v":0.00907516438034058,"d":"0.009"},{"v":0.00170703850385715,"d":"0.002"},{"v":0.00420674858853548,"d":"0.004"},{"v":0.684900052125316,"d":"0.685"},{"v":-0.00653818872967239,"d":"-0.007"},{"v":9.95226573738669E-3,"d":"0.010"},{"v":0.944787878787879,"d":"0.945"}]
["FEV1/FVC","rostral middle frontal","frontal",283,{"v":-0.00199926703544091,"d":"-0.002"},{"v":0.00188421982078707,"d":"0.002"},{"v":0.288663417859676,"d":"0.289"},{"v":-0.00569233788418357,"d":"-0.006"},{"v":1.69380381330175E-3,"d":"0.002"},{"v":-3.4278688011744E-3,"d":"-0.003"},{"v":0.00461435258804753,"d":"0.005"},{"v":0.458180353858927,"d":"0.458"},{"v":-0.0124719998737476,"d":"-0.012"},{"v":0.00561626227139876,"d":"0.006"},{"v":-0.00352225809908022,"d":"-0.004"},{"v":0.00301054117049159,"d":"0.003"},{"v":0.242011003848775,"d":"0.242"},{"v":-9.42291879324373E-3,"d":"-0.009"},{"v":0.00237840259508329,"d":"0.002"},{"v":-0.00200877943574933,"d":"-0.002"},{"v":0.00187549845746561,"d":"0.002"},{"v":0.284140520516423,"d":"0.284"},{"v":-0.00568475641238193,"d":"-0.006"},{"v":0.00166719754088327,"d":"0.002"},{"v":-0.00244868612394488,"d":"-0.002"},{"v":1.93604732729335E-3,"d":"0.002"},{"v":0.2059479459366,"d":"0.206"},{"v":-0.00624333888543985,"d":"-0.006"},{"v":1.3459666375501E-3,"d":"0.001"},{"v":0.846421052631579,"d":"0.846"}]
["FEV1/FVC","superior frontal","frontal",283,{"v":-0.00119606186834781,"d":"-0.001"},{"v":0.00214790760111798,"d":"0.002"},{"v":0.577630071264308,"d":"0.578"},{"v":-0.00540596076653906,"d":"-0.005"},{"v":0.00301383702984344,"d":"0.003"},{"v":-0.00202840471580729,"d":"-0.002"},{"v":0.00525373841113571,"d":"0.005"},{"v":0.69972374403636,"d":"0.700"},{"v":-0.0123257320016333,"d":"-0.012"},{"v":0.00826892257001871,"d":"0.008"},{"v":-0.00195293550703255,"d":"-0.002"},{"v":0.00321027486643447,"d":"0.003"},{"v":0.542962638129765,"d":"0.543"},{"v":-0.00824507424524411,"d":"-0.008"},{"v":0.00433920323117901,"d":"0.004"},{"v":-1.20428875452158E-3,"d":"-0.001"},{"v":0.00193007152601984,"d":"0.002"},{"v":0.532653403764368,"d":"0.533"},{"v":-0.00498722894552046,"d":"-0.005"},{"v":2.5786514364773E-3,"d":"0.003"},{"v":-0.000888214750434472,"d":"-0.001"},{"v":2.24850482843379E-3,"d":"0.002"},{"v":0.692824723281398,"d":"0.693"},{"v":-0.0052952842141647,"d":"-0.005"},{"v":0.00351885471329576,"d":"0.004"},{"v":0.910272727272727,"d":"0.910"}]
["FEV1/FVC","bankssts","temporal",284,{"v":0.00127110987159659,"d":"0.001"},{"v":0.00289245541763463,"d":"0.003"},{"v":0.660330409944797,"d":"0.660"},{"v":-0.00439810274696728,"d":"-0.004"},{"v":0.00694032249016046,"d":"0.007"},{"v":0.000727901259949493,"d":"0.001"},{"v":0.00709859553258703,"d":"0.007"},{"v":0.91839968205182,"d":"0.918"},{"v":-0.0131853459839211,"d":"-0.013"},{"v":0.0146411485038201,"d":"0.015"},{"v":0,"d":"0.000"},{"v":0.00446108812281481,"d":"0.004"},{"v":1,"d":"1.000"},{"v":-8.74373272071703E-3,"d":"-0.009"},{"v":8.74373272071703E-3,"d":"0.009"},{"v":0.00128147082834798,"d":"0.001"},{"v":0.00270931209667746,"d":"0.003"},{"v":0.636222077985999,"d":"0.636"},{"v":-0.00402878088113984,"d":"-0.004"},{"v":0.00659172253783579,"d":"0.007"},{"v":0.000730589362706159,"d":"0.001"},{"v":0.00299456173686538,"d":"0.003"},{"v":0.807252467595319,"d":"0.807"},{"v":-0.00513875164154998,"d":"-0.005"},{"v":0.00659993036696229,"d":"0.007"},{"v":0.91664,"d":"0.917"}]
["FEV1/FVC","entorhinal","temporal",262,{"v":0.0124217356474579,"d":"0.012"},{"v":0.00708980281108153,"d":"0.007"},{"v":0.0797640798416387,"d":"0.080"},{"v":-0.00147427786226191,"d":"-0.001"},{"v":0.0263177491571777,"d":"0.026"},{"v":0.012465048984026,"d":"0.012"},{"v":0.0170709866273771,"d":"0.017"},{"v":0.465931980653599,"d":"0.466"},{"v":-0.0209940848056331,"d":"-0.021"},{"v":0.0459241827736851,"d":"0.046"},{"v":0.00768762957638069,"d":"0.008"},{"v":0.0119850376711931,"d":"0.012"},{"v":0.521239723286923,"d":"0.521"},{"v":-0.0158030442591578,"d":"-0.016"},{"v":0.0311783034119192,"d":"0.031"},{"v":0.0125184634429404,"d":"0.013"},{"v":0.00712959282651325,"d":"0.007"},{"v":0.0791147938129972,"d":"0.079"},{"v":-0.00145553849702557,"d":"-0.001"},{"v":0.0264924653829064,"d":"0.026"},{"v":0.0111101705560519,"d":"0.011"},{"v":0.00737366722490215,"d":"0.007"},{"v":0.13187831579476,"d":"0.132"},{"v":-0.00334221720475631,"d":"-0.003"},{"v":0.0255625583168601,"d":"0.026"},{"v":0.6885,"d":"0.689"}]
["FEV1/FVC","fusiform","temporal",284,{"v":2.35761364133092E-3,"d":"0.002"},{"v":0.00249377956800082,"d":"0.002"},{"v":0.344455840495049,"d":"0.344"},{"v":-2.53019431195069E-3,"d":"-0.003"},{"v":0.00724542159461253,"d":"0.007"},{"v":-0.00191308980003488,"d":"-0.002"},{"v":0.00609762269601167,"d":"0.006"},{"v":0.753947771563448,"d":"0.754"},{"v":-0.0138644302842177,"d":"-0.014"},{"v":0.010038250684148,"d":"0.010"},{"v":0.00286045598158724,"d":"0.003"},{"v":3.88235312171412E-3,"d":"0.004"},{"v":0.461253664685467,"d":"0.461"},{"v":-0.00474895613697244,"d":"-0.005"},{"v":0.0104698681001469,"d":"0.010"},{"v":0.00236782327560491,"d":"0.002"},{"v":2.29936866870782E-3,"d":"0.002"},{"v":0.303117496276481,"d":"0.303"},{"v":-2.13893931506243E-3,"d":"-0.002"},{"v":0.00687458586627224,"d":"0.007"},{"v":0.0019162470791637,"d":"0.002"},{"v":2.61046293638652E-3,"d":"0.003"},{"v":0.462909683054195,"d":"0.463"},{"v":-0.00320026027615388,"d":"-0.003"},{"v":7.03275443448127E-3,"d":"0.007"},{"v":0.846421052631579,"d":"0.846"}]
["FEV1/FVC","inferior temporal","temporal",284,{"v":0.00313318682069607,"d":"0.003"},{"v":0.00280939060288902,"d":"0.003"},{"v":0.264741177787775,"d":"0.265"},{"v":-2.37321876096641E-3,"d":"-0.002"},{"v":0.00863959240235854,"d":"0.009"},{"v":-1.33505131452531E-3,"d":"-0.001"},{"v":0.00688768474452916,"d":"0.007"},{"v":0.846447247719572,"d":"0.846"},{"v":-0.0148349134138025,"d":"-0.015"},{"v":0.0121648107847519,"d":"0.012"},{"v":0,"d":"0.000"},{"v":4.49530684555425E-3,"d":"0.004"},{"v":1,"d":"1.000"},{"v":-0.00881080141728634,"d":"-0.009"},{"v":0.00881080141728634,"d":"0.009"},{"v":0.00315568066217755,"d":"0.003"},{"v":0.00257035448713969,"d":"0.003"},{"v":0.219551357957169,"d":"0.220"},{"v":-1.88221413261623E-3,"d":"-0.002"},{"v":0.00819357545697134,"d":"0.008"},{"v":0.00217444610140382,"d":"0.002"},{"v":0.00298592954665577,"d":"0.003"},{"v":0.466472265740297,"d":"0.466"},{"v":-3.67797581004149E-3,"d":"-0.004"},{"v":0.00802686801284913,"d":"0.008"},{"v":0.846421052631579,"d":"0.846"}]
["FEV1/FVC","insula","temporal",284,{"v":0.00084815522791135,"d":"0.001"},{"v":0.00308130610480274,"d":"0.003"},{"v":0.783117762363571,"d":"0.783"},{"v":-5.19120473750202E-3,"d":"-0.005"},{"v":0.00688751519332472,"d":"0.007"},{"v":-0.00772669353096693,"d":"-0.008"},{"v":0.0075091907111976,"d":"0.008"},{"v":0.304377912294459,"d":"0.304"},{"v":-0.0224447073249142,"d":"-0.022"},{"v":0.00699132026298036,"d":"0.007"},{"v":0.00520699566676985,"d":"0.005"},{"v":0.00445979639299855,"d":"0.004"},{"v":0.242991913294314,"d":"0.243"},{"v":-3.53420526350732E-3,"d":"-0.004"},{"v":0.013948196597047,"d":"0.014"},{"v":0.000853151221302032,"d":"0.001"},{"v":0.00266887128498923,"d":"0.003"},{"v":0.749220453286014,"d":"0.749"},{"v":-0.00437783649727687,"d":"-0.004"},{"v":0.00608413893988093,"d":"0.006"},{"v":0.000387925331793396,"d":"0.000"},{"v":0.00324661348876717,"d":"0.003"},{"v":0.904890215667065,"d":"0.905"},{"v":-0.00597543710619025,"d":"-0.006"},{"v":0.00675128776977704,"d":"0.007"},{"v":0.944787878787879,"d":"0.945"}]
["FEV1/FVC","middle temporal","temporal",284,{"v":0.00380301943301218,"d":"0.004"},{"v":0.00258282134693632,"d":"0.003"},{"v":0.140905236049765,"d":"0.141"},{"v":-1.25931040698301E-3,"d":"-0.001"},{"v":0.00886534927300736,"d":"0.009"},{"v":0.00771584955310238,"d":"0.008"},{"v":0.00632938628093555,"d":"0.006"},{"v":0.223843264638441,"d":"0.224"},{"v":-0.00468974755753131,"d":"-0.005"},{"v":0.0201214466637361,"d":"0.020"},{"v":0.0112717088147908,"d":"0.011"},{"v":0.00410888784814162,"d":"0.004"},{"v":0.00608342506191477,"d":"0.006"},{"v":0.00321828863243318,"d":"0.003"},{"v":0.0193251289971483,"d":"0.019"},{"v":0.00383047356399273,"d":"0.004"},{"v":0.00241160265356784,"d":"0.002"},{"v":0.112206796350803,"d":"0.112"},{"v":-0.000896267637000242,"d":"-0.001"},{"v":0.00855721476498571,"d":"0.009"},{"v":0.00472410217757139,"d":"0.005"},{"v":0.00268042558746342,"d":"0.003"},{"v":0.0779941725597993,"d":"0.078"},{"v":-0.000529531973856905,"d":"-0.001"},{"v":0.00997773632899968,"d":"0.010"},0.799]
["FEV1/FVC","parahippocampal","temporal",283,{"v":-0.000942014880109231,"d":"-0.001"},{"v":0.00719783572143135,"d":"0.007"},{"v":0.895874397179987,"d":"0.896"},{"v":-0.0150497728941147,"d":"-0.015"},{"v":0.0131657431338962,"d":"0.013"},{"v":-0.00042177702938199,"d":"-0.000"},{"v":0.017875641155855,"d":"0.018"},{"v":0.981192349921264,"d":"0.981"},{"v":-0.0354580336948578,"d":"-0.035"},{"v":0.0346144796360938,"d":"0.035"},{"v":-0.00349425060640802,"d":"-0.003"},{"v":0.0106762007325958,"d":"0.011"},{"v":0.743445943492423,"d":"0.743"},{"v":-0.0244196040422958,"d":"-0.024"},{"v":0.0174311028294798,"d":"0.017"},{"v":-0.000931966721248145,"d":"-0.001"},{"v":0.00604404777646566,"d":"0.006"},{"v":0.877455361643964,"d":"0.877"},{"v":-0.0127783003631208,"d":"-0.013"},{"v":0.0109143669206245,"d":"0.011"},{"v":-0.0038281671844537,"d":"-0.004"},{"v":0.00751018215204258,"d":"0.008"},{"v":0.610240442469175,"d":"0.610"},{"v":-0.0185481242024572,"d":"-0.019"},{"v":0.0108917898335498,"d":"0.011"},{"v":0.944787878787879,"d":"0.945"}]
["FEV1/FVC","superior temporal","temporal",284,{"v":0.00117244460173944,"d":"0.001"},{"v":2.73276270323033E-3,"d":"0.003"},{"v":0.667899416926598,"d":"0.668"},{"v":-0.00418377029659201,"d":"-0.004"},{"v":0.00652865950007089,"d":"0.007"},{"v":-0.0125676724722763,"d":"-0.013"},{"v":0.0066008001904296,"d":"0.007"},{"v":0.0579328857388932,"d":"0.058"},{"v":-0.0255052408455184,"d":"-0.026"},{"v":0.000369895900965688,"d":"0.000"},{"v":-0.00151250408788456,"d":"-0.002"},{"v":4.01316864618541E-3,"d":"0.004"},{"v":0.706258879761735,"d":"0.706"},{"v":-0.00937831463440798,"d":"-0.009"},{"v":0.00635330645863885,"d":"0.006"},{"v":0.00117754286956182,"d":"0.001"},{"v":0.00240455503410691,"d":"0.002"},{"v":0.624336704101314,"d":"0.624"},{"v":-0.00353538499728772,"d":"-0.004"},{"v":0.00589047073641136,"d":"0.006"},{"v":1.52456982958567E-3,"d":"0.002"},{"v":0.00283113139977639,"d":"0.003"},{"v":0.590230547023167,"d":"0.590"},{"v":-0.00402444771397607,"d":"-0.004"},{"v":0.0070735873731474,"d":"0.007"},{"v":0.91664,"d":"0.917"}]
["FEV1/FVC","temporal pole","temporal",284,{"v":0.0128593879644074,"d":"0.013"},{"v":0.00597948631771631,"d":"0.006"},{"v":0.0315090445513802,"d":"0.032"},{"v":0.00113959478168343,"d":"0.001"},{"v":0.0245791811471314,"d":"0.025"},{"v":0.00588271401193415,"d":"0.006"},{"v":0.0145829374187378,"d":"0.015"},{"v":0.686961845554609,"d":"0.687"},{"v":-0.0226998433287919,"d":"-0.023"},{"v":0.0344652713526602,"d":"0.034"},{"v":0.00635588869227131,"d":"0.006"},{"v":0.00936504705075749,"d":"0.009"},{"v":0.497339385175303,"d":"0.497"},{"v":-0.0119996035272134,"d":"-0.012"},{"v":0.024711380911756,"d":"0.025"},{"v":0.0129614708047603,"d":"0.013"},{"v":0.00601913063455885,"d":"0.006"},{"v":0.0312888876971292,"d":"0.031"},{"v":0.00116397476102499,"d":"0.001"},{"v":0.0247589668484957,"d":"0.025"},{"v":0.0125948571425282,"d":"0.013"},{"v":0.00632771543420728,"d":"0.006"},{"v":0.0465438921120903,"d":"0.047"},{"v":0.000192534891481943,"d":"0.000"},{"v":0.0249971793935745,"d":"0.025"},{"v":0.6885,"d":"0.689"}]
["FEV1/FVC","transverse temporal","temporal",284,{"v":0.00425017981409676,"d":"0.004"},{"v":0.00481407084185469,"d":"0.005"},{"v":0.377308636761369,"d":"0.377"},{"v":-0.00518539903593843,"d":"-0.005"},{"v":0.0136857586641319,"d":"0.014"},{"v":-0.0200457882828103,"d":"-0.020"},{"v":0.0117090829245365,"d":"0.012"},{"v":0.0879985906071532,"d":"0.088"},{"v":-0.0429955908149018,"d":"-0.043"},{"v":0.00290401424928124,"d":"0.003"},{"v":1.03388393810837E-3,"d":"0.001"},{"v":6.7263445089321E-3,"d":"0.007"},{"v":0.877841034486889,"d":"0.878"},{"v":-0.0121497512993985,"d":"-0.012"},{"v":0.0142175191756153,"d":"0.014"},{"v":0.00425995752216677,"d":"0.004"},{"v":3.8809306419007E-3,"d":"0.004"},{"v":0.272351272270949,"d":"0.272"},{"v":-0.00334666653595859,"d":"-0.003"},{"v":0.0118665815802921,"d":"0.012"},{"v":0.00716217627281687,"d":"0.007"},{"v":5.01536314938266E-3,"d":"0.005"},{"v":0.153278217692468,"d":"0.153"},{"v":-0.00266793549997315,"d":"-0.003"},{"v":0.0169922880456069,"d":"0.017"},{"v":0.846421052631579,"d":"0.846"}]
["FEV1/FVC","inferior parietal","parietal",284,{"v":0.0013744850248979,"d":"0.001"},{"v":0.0017772176541615,"d":"0.002"},{"v":0.439290719717449,"d":"0.439"},{"v":-0.00210886157725863,"d":"-0.002"},{"v":0.00485783162705444,"d":"0.005"},{"v":0.0106533282549492,"d":"0.011"},{"v":4.30841835130907E-3,"d":"0.004"},{"v":0.0140003566679329,"d":"0.014"},{"v":0.00220882828638337,"d":"0.002"},{"v":0.0190978282235149,"d":"0.019"},{"v":5.58971182972631E-3,"d":"0.006"},{"v":0.00288015711803136,"d":"0.003"},{"v":0.0522866322206443,"d":"0.052"},{"v":-5.53961216151625e-05,"d":"-0.000"},{"v":0.0112348197810678,"d":"0.011"},{"v":0.00138552653295992,"d":"0.001"},{"v":0.00168905483037291,"d":"0.002"},{"v":0.412046842252277,"d":"0.412"},{"v":-1.92502093457098E-3,"d":"-0.002"},{"v":0.00469607400049081,"d":"0.005"},{"v":0.00161998897003076,"d":"0.002"},{"v":1.85458094658962E-3,"d":"0.002"},{"v":0.382386930223714,"d":"0.382"},{"v":-2.01498968528489E-3,"d":"-0.002"},{"v":0.00525496762534641,"d":"0.005"},{"v":0.846421052631579,"d":"0.846"}]
["FEV1/FVC","isthmus cingulate","parietal",284,{"v":-1.29219669944379E-3,"d":"-0.001"},{"v":0.00408554195795797,"d":"0.004"},{"v":0.751785998341209,"d":"0.752"},{"v":-0.0092998589370414,"d":"-0.009"},{"v":6.71546553815383E-3,"d":"0.007"},{"v":0.014173404979218,"d":"0.014"},{"v":0.00992079562867278,"d":"0.010"},{"v":0.154209774000979,"d":"0.154"},{"v":-0.0052713544529807,"d":"-0.005"},{"v":0.0336181644114166,"d":"0.034"},{"v":-0.00460738407043367,"d":"-0.005"},{"v":0.00615876868194779,"d":"0.006"},{"v":0.454398939155054,"d":"0.454"},{"v":-0.0166785706870513,"d":"-0.017"},{"v":0.00746380254618401,"d":"0.007"},{"v":-1.29780199666885E-3,"d":"-0.001"},{"v":0.00381229753242529,"d":"0.004"},{"v":0.733536374151525,"d":"0.734"},{"v":-0.00876990516022243,"d":"-0.009"},{"v":0.00617430116688473,"d":"0.006"},{"v":-0.00302424138677829,"d":"-0.003"},{"v":4.24206433329427E-3,"d":"0.004"},{"v":0.475896884271835,"d":"0.476"},{"v":-0.0113386874800351,"d":"-0.011"},{"v":0.00529020470647848,"d":"0.005"},{"v":0.944787878787879,"d":"0.945"}]
["FEV1/FVC","postcentral","parietal",284,{"v":-0.00172075641917274,"d":"-0.002"},{"v":0.00201618052351793,"d":"0.002"},{"v":0.393396840089073,"d":"0.393"},{"v":-5.67247024526789E-3,"d":"-0.006"},{"v":0.00223095740692241,"d":"0.002"},{"v":0.000754904436095864,"d":"0.001"},{"v":0.00493246009569917,"d":"0.005"},{"v":0.878469671501662,"d":"0.878"},{"v":-0.00891271735147451,"d":"-0.009"},{"v":0.0104225262236662,"d":"0.010"},{"v":-0.00350794202786708,"d":"-0.004"},{"v":0.00317094896405485,"d":"0.003"},{"v":0.268607445987057,"d":"0.269"},{"v":-0.00972300199741459,"d":"-0.010"},{"v":2.70711794168044E-3,"d":"0.003"},{"v":-1.72821493696714E-3,"d":"-0.002"},{"v":1.9801024567092E-3,"d":"0.002"},{"v":0.382777189509508,"d":"0.383"},{"v":-0.00560921575211717,"d":"-0.006"},{"v":0.00215278587818289,"d":"0.002"},{"v":-1.38936620503381E-3,"d":"-0.001"},{"v":0.00207175563435066,"d":"0.002"},{"v":0.502460964595681,"d":"0.502"},{"v":-0.0054500072483611,"d":"-0.005"},{"v":0.00267127483829349,"d":"0.003"},{"v":0.846421052631579,"d":"0.846"}]
["FEV1/FVC","posterior cingulate","parietal",284,{"v":0.00214748201356248,"d":"0.002"},{"v":2.99145556406724E-3,"d":"0.003"},{"v":0.472836249874971,"d":"0.473"},{"v":-0.0037157708920093,"d":"-0.004"},{"v":0.00801073491913427,"d":"0.008"},{"v":0.0103118409895512,"d":"0.010"},{"v":7.30163810381521E-3,"d":"0.007"},{"v":0.158974798547826,"d":"0.159"},{"v":-0.00399936969392658,"d":"-0.004"},{"v":0.0246230516730291,"d":"0.025"},{"v":5.20789698618092E-3,"d":"0.005"},{"v":0.00432328819849156,"d":"0.004"},{"v":0.228352037209247,"d":"0.228"},{"v":-0.00326574788286254,"d":"-0.003"},{"v":0.0136815418552244,"d":"0.014"},{"v":2.15759293621768E-3,"d":"0.002"},{"v":2.64089368133558E-3,"d":"0.003"},{"v":0.413932150348296,"d":"0.414"},{"v":-0.00301855867920006,"d":"-0.003"},{"v":0.00733374455163542,"d":"0.007"},{"v":1.73383180111456E-3,"d":"0.002"},{"v":0.0030566316639988,"d":"0.003"},{"v":0.570553789646054,"d":"0.571"},{"v":-0.0042571662603231,"d":"-0.004"},{"v":0.00772482986255222,"d":"0.008"},{"v":0.846421052631579,"d":"0.846"}]
["FEV1/FVC","precuneus","parietal",284,{"v":3.01522666605055E-3,"d":"0.003"},{"v":1.99061323967958E-3,"d":"0.002"},{"v":0.12984269356169,"d":"0.130"},{"v":-0.000886375283721421,"d":"-0.001"},{"v":0.00691682861582252,"d":"0.007"},{"v":9.12448235818401E-3,"d":"0.009"},{"v":0.00485357903858976,"d":"0.005"},{"v":0.0611457886848034,"d":"0.061"},{"v":-0.000388532557451925,"d":"-0.000"},{"v":0.01863749727382,"d":"0.019"},{"v":0,"d":"0.000"},{"v":3.0559715924686E-3,"d":"0.003"},{"v":1,"d":"1.000"},{"v":-0.00598970432123845,"d":"-0.006"},{"v":0.00598970432123845,"d":"0.006"},{"v":0.00303922561663477,"d":"0.003"},{"v":0.00177457207473853,"d":"0.002"},{"v":0.086776455806408,"d":"0.087"},{"v":-0.00043893564985275,"d":"-0.000"},{"v":0.00651738688312229,"d":"0.007"},{"v":2.57639386116232E-3,"d":"0.003"},{"v":0.00206273220130098,"d":"0.002"},{"v":0.211657743400869,"d":"0.212"},{"v":-0.00146656125338761,"d":"-0.001"},{"v":0.00661934897571224,"d":"0.007"},0.799]
["FEV1/FVC","superior parietal","parietal",284,{"v":-1.49301045266175E-3,"d":"-0.001"},{"v":2.02456843955932E-3,"d":"0.002"},{"v":0.460851003767519,"d":"0.461"},{"v":-0.00546116459419803,"d":"-0.005"},{"v":0.00247514368887453,"d":"0.002"},{"v":0.00609877624611192,"d":"0.006"},{"v":0.00491741856800461,"d":"0.005"},{"v":0.215917799948456,"d":"0.216"},{"v":-3.53936414717712E-3,"d":"-0.004"},{"v":0.015736916639401,"d":"0.016"},{"v":-0.000256569505378642,"d":"-0.000"},{"v":2.88098612280946E-3,"d":"0.003"},{"v":0.929037293525427,"d":"0.929"},{"v":-0.00590330230608518,"d":"-0.006"},{"v":0.00539016329532789,"d":"0.005"},{"v":-0.00150429520304904,"d":"-0.002"},{"v":0.0017481396082803,"d":"0.002"},{"v":0.389506842419443,"d":"0.390"},{"v":-0.00493064883527843,"d":"-0.005"},{"v":0.00192205842918034,"d":"0.002"},{"v":-0.000757798065127343,"d":"-0.001"},{"v":0.00223168504215273,"d":"0.002"},{"v":0.734185511806717,"d":"0.734"},{"v":-0.0051319007477467,"d":"-0.005"},{"v":0.00361630461749201,"d":"0.004"},{"v":0.846421052631579,"d":"0.846"}]
["FEV1/FVC","supramarginal","parietal",284,{"v":0.00117755624369254,"d":"0.001"},{"v":0.00184047604072709,"d":"0.002"},{"v":0.522295682570323,"d":"0.522"},{"v":-0.00242977679613257,"d":"-0.002"},{"v":0.00478488928351764,"d":"0.005"},{"v":-0.00128187689864474,"d":"-0.001"},{"v":0.00448775822981548,"d":"0.004"},{"v":0.775364644392445,"d":"0.775"},{"v":-0.0100778830290831,"d":"-0.010"},{"v":0.0075141292317936,"d":"0.008"},{"v":0,"d":"0.000"},{"v":0.00287634443628293,"d":"0.003"},{"v":1,"d":"1.000"},{"v":-0.00563763509511455,"d":"-0.006"},{"v":0.00563763509511455,"d":"0.006"},{"v":1.17936510409658E-3,"d":"0.001"},{"v":1.70319700347476E-3,"d":"0.002"},{"v":0.488659810774743,"d":"0.489"},{"v":-2.15890102271396E-3,"d":"-0.002"},{"v":0.00451763123090711,"d":"0.005"},{"v":1.52617215949698E-3,"d":"0.002"},{"v":1.90465137806593E-3,"d":"0.002"},{"v":0.422965584726373,"d":"0.423"},{"v":-0.00220694454151224,"d":"-0.002"},{"v":0.00525928886050619,"d":"0.005"},{"v":0.8874,"d":"0.887"}]
["FEV1/FVC","cuneus","occipital",284,{"v":-0.00220615513046853,"d":"-0.002"},{"v":0.00260350247045257,"d":"0.003"},{"v":0.396783518261246,"d":"0.397"},{"v":-0.00730901997255557,"d":"-0.007"},{"v":0.00289670971161851,"d":"0.003"},{"v":-0.00549299761421906,"d":"-0.005"},{"v":0.0063433175624306,"d":"0.006"},{"v":0.387253553700579,"d":"0.387"},{"v":-0.017925900036583,"d":"-0.018"},{"v":0.00693990480814491,"d":"0.007"},{"v":-0.0062370606896897,"d":"-0.006"},{"v":4.08077630402224E-3,"d":"0.004"},{"v":0.126413121877346,"d":"0.126"},{"v":-0.0142353822455733,"d":"-0.014"},{"v":1.76126086619389E-3,"d":"0.002"},{"v":-0.00221040998600071,"d":"-0.002"},{"v":2.44362126549708E-3,"d":"0.002"},{"v":0.365696813593608,"d":"0.366"},{"v":-6.99990766637498E-3,"d":"-0.007"},{"v":0.00257908769437357,"d":"0.003"},{"v":-0.00286362220570411,"d":"-0.003"},{"v":2.70599328010802E-3,"d":"0.003"},{"v":0.289940670160211,"d":"0.290"},{"v":-0.00816736903471584,"d":"-0.008"},{"v":0.00244012462330761,"d":"0.002"},{"v":0.846421052631579,"d":"0.846"}]
["FEV1/FVC","lateral occipital","occipital",284,{"v":0.00366732434967313,"d":"0.004"},{"v":0.00210066353185275,"d":"0.002"},{"v":0.0808468731229163,"d":"0.081"},{"v":-0.000449976172758249,"d":"-0.000"},{"v":0.00778462487210452,"d":"0.008"},{"v":0.000440612770839841,"d":"0.000"},{"v":5.13106189572652E-3,"d":"0.005"},{"v":0.931629381505363,"d":"0.932"},{"v":-0.00961626854478414,"d":"-0.010"},{"v":0.0104974940864638,"d":"0.010"},{"v":0.00612512946076876,"d":"0.006"},{"v":0.00336270874406906,"d":"0.003"},{"v":0.0685328972203613,"d":"0.069"},{"v":-0.000465779677606596,"d":"-0.000"},{"v":0.0127160385991441,"d":"0.013"},{"v":0.00366977546906439,"d":"0.004"},{"v":0.00199331375179267,"d":"0.002"},{"v":0.0656153208304752,"d":"0.066"},{"v":-2.37119484449251E-4,"d":"-0.000"},{"v":0.00757667042257802,"d":"0.008"},{"v":0.0037210517357395,"d":"0.004"},{"v":0.00221969624277306,"d":"0.002"},{"v":0.0936640177172706,"d":"0.094"},{"v":-6.29552900095697E-4,"d":"-0.001"},{"v":0.0080716563715747,"d":"0.008"},{"v":0.6885,"d":"0.689"}]
["FEV1/FVC","lingual","occipital",284,{"v":-1.72815781298944E-3,"d":"-0.002"},{"v":0.00212402030632921,"d":"0.002"},{"v":0.415859328259125,"d":"0.416"},{"v":-0.0058912376133947,"d":"-0.006"},{"v":0.00243492198741581,"d":"0.002"},{"v":-0.00468870366615039,"d":"-0.005"},{"v":0.0051747251754993,"d":"0.005"},{"v":0.365668184475362,"d":"0.366"},{"v":-0.014831165010129,"d":"-0.015"},{"v":0.00545375767782823,"d":"0.005"},{"v":-0.0048736687403701,"d":"-0.005"},{"v":0.00379936118839166,"d":"0.004"},{"v":0.199576155090845,"d":"0.200"},{"v":-0.0123204166696177,"d":"-0.012"},{"v":0.00257307918887755,"d":"0.003"},{"v":-0.00172499934044725,"d":"-0.002"},{"v":0.00209614226180697,"d":"0.002"},{"v":0.410542106973094,"d":"0.411"},{"v":-5.83343817358892E-3,"d":"-0.006"},{"v":0.00238343949269441,"d":"0.002"},{"v":-0.00229515348096555,"d":"-0.002"},{"v":0.00220356683755827,"d":"0.002"},{"v":0.297614373559405,"d":"0.298"},{"v":-0.00661414448257975,"d":"-0.007"},{"v":0.00202383752064865,"d":"0.002"},{"v":0.846421052631579,"d":"0.846"}]
["FEV1/FVC","pericalcarine","occipital",286,{"v":-0.00245754497219718,"d":"-0.002"},{"v":0.00258100489766963,"d":"0.003"},{"v":0.341012828157216,"d":"0.341"},{"v":-7.51631457162964E-3,"d":"-0.008"},{"v":0.00260122462723529,"d":"0.003"},{"v":-0.0060230241555188,"d":"-0.006"},{"v":0.00633838791430593,"d":"0.006"},{"v":0.342795506047496,"d":"0.343"},{"v":-0.0184462644675584,"d":"-0.018"},{"v":0.00640021615652083,"d":"0.006"},{"v":-0.00318009111955606,"d":"-0.003"},{"v":0.00386287301595423,"d":"0.004"},{"v":0.410368650543221,"d":"0.410"},{"v":-0.0107513222308264,"d":"-0.011"},{"v":0.00439113999171424,"d":"0.004"},{"v":-2.46616987464378E-3,"d":"-0.002"},{"v":0.00231502482409686,"d":"0.002"},{"v":0.286745287317423,"d":"0.287"},{"v":-0.00700361852987361,"d":"-0.007"},{"v":0.00207127878058606,"d":"0.002"},{"v":-0.00210421565778506,"d":"-0.002"},{"v":2.66752512390806E-3,"d":"0.003"},{"v":0.430213166668976,"d":"0.430"},{"v":-0.00733256490064485,"d":"-0.007"},{"v":0.00312413358507472,"d":"0.003"},{"v":0.846421052631579,"d":"0.846"}]
[]
["Notes: MR, Mendelian randomization; IVW, inverse variance weighted; IVs, instrumental variables; β, estimate coefficient; SE, standard error of coefficient estimate; CI, confidence interval; FEV1, forced expiratory volume in one second; FVC, forced vital capacity."]

{"sheet":"Table S6","index":5,"n_rows":33,"n_cols":29,"rows_kept":33,"merged":[[0,0,0,5],[2,0,3,0],[2,1,3,1],[2,2,3,2],[2,3,2,7],[2,8,2,12],[2,13,2,17],[2,18,2,22],[2,23,2,27],[2,28,3,28],[32,0,33,8]]}
["Supplementary Table S6. Univariable MR analysis results of lung function on volume of subcortical structure."]
["Causal effects were estimated using five two-sample MR methods (IVW, MR Egger, weighted median, weighted mode, and simple mode). P value < 0.05 was regarded as nominally significant, P_FDR < 0.05 was considered significant."]
["Exposure ","Outcome ","IVs N","IVW",{"$nulls":4},"MR Egger",{"$nulls":4},"Weighted Median",{"$nulls":4},"Maximum likelihood",{"$nulls":4},"Robust adjusted profile score",{"$nulls":4},"P_FDR"]
[{"$nulls":3},"Estimate (β)","SE","P value","95% lower CI","95% upper CI","Estimate (β)","SE","P value","95% lower CI","95% upper CI","Estimate (β)","SE","P value","95% lower CI","95% upper CI","Estimate (β)","SE","P value","95% lower CI","95% upper CI","Estimate (β)","SE","P value","95% lower CI","95% upper CI"]
["FEV1","intracranial",226,{"v":0.00561341148933318,"d":"0.006"},{"v":0.00208681741851859,"d":"0.002"},{"v":0.00714650881955853,"d":"0.007"},{"v":1.52324934903675E-3,"d":"0.002"},{"v":0.00970357362962962,"d":"0.010"},{"v":-0.00815356897011626,"d":"-0.008"},{"v":0.00630042148755375,"d":"0.006"},{"v":0.196952914439831,"d":"0.197"},{"v":-0.0205023950857216,"d":"-0.021"},{"v":0.00419525714548909,"d":"0.004"},{"v":0.000845290118594307,"d":"0.001"},{"v":0.00249601346625525,"d":"0.002"},{"v":0.734868835814682,"d":"0.735"},{"v":-0.00404689627526598,"d":"-0.004"},{"v":0.00573747651245459,"d":"0.006"},{"v":0.00576715099544112,"d":"0.006"},{"v":1.65402430657413E-3,"d":"0.002"},{"v":0.000488948348064071,"d":"0.000"},{"v":0.00252526335455582,"d":"0.003"},{"v":0.00900903863632642,"d":"0.009"},{"v":0.0141598158572428,"d":"0.014"},{"v":0.00422409668077215,"d":"0.004"},{"v":0.000801858628089494,"d":"0.001"},{"v":0.0058805863629294,"d":"0.006"},{"v":0.0224390453515562,"d":"0.022"},{"v":0.0315,"d":"0.032"}]
["FEV1","pallidum",236,{"v":-0.0182373994489424,"d":"-0.018"},{"v":0.0469745633555124,"d":"0.047"},{"v":0.697838513667018,"d":"0.698"},{"v":-0.110307543625747,"d":"-0.110"},{"v":0.0738327447278618,"d":"0.074"},{"v":-0.0531830196275188,"d":"-0.053"},{"v":0.152838489709289,"d":"0.153"},{"v":0.728176464249028,"d":"0.728"},{"v":-0.352746459457726,"d":"-0.353"},{"v":0.246380420202688,"d":"0.246"},{"v":-0.0137774002592778,"d":"-0.014"},{"v":0.0610999465974212,"d":"0.061"},{"v":0.821598443819218,"d":"0.822"},{"v":-0.133533295590223,"d":"-0.134"},{"v":0.105978495071668,"d":"0.106"},{"v":-0.0182410926157979,"d":"-0.018"},{"v":0.0418818450342242,"d":"0.042"},{"v":0.663172697487974,"d":"0.663"},{"v":-0.100329508882877,"d":"-0.100"},{"v":0.0638473236512815,"d":"0.064"},{"v":-0.0118031502184949,"d":"-0.012"},{"v":0.0480897332391521,"d":"0.048"},{"v":0.806115662366113,"d":"0.806"},{"v":-0.106059027367233,"d":"-0.106"},{"v":0.0824527269302432,"d":"0.082"},{"v":0.78525,"d":"0.785"}]
["FEV1","putamen",235,{"v":-0.0550178485851197,"d":"-0.055"},{"v":0.048378962634909,"d":"0.048"},{"v":0.255443523166094,"d":"0.255"},{"v":-0.149840615349541,"d":"-0.150"},{"v":0.0398049181793019,"d":"0.040"},{"v":0.090516033661664,"d":"0.091"},{"v":0.15812057617914,"d":"0.158"},{"v":0.567569476432921,"d":"0.568"},{"v":-0.21940029564945,"d":"-0.219"},{"v":0.400432362972778,"d":"0.400"},{"v":-0.0353499936394433,"d":"-0.035"},{"v":0.0626692982513575,"d":"0.063"},{"v":0.57270516283266,"d":"0.573"},{"v":-0.158181818212104,"d":"-0.158"},{"v":0.0874818309332174,"d":"0.087"},{"v":-0.0559394796949014,"d":"-0.056"},{"v":0.0420772493347599,"d":"0.042"},{"v":0.183700487162646,"d":"0.184"},{"v":-0.138410888391031,"d":"-0.138"},{"v":0.026531929001228,"d":"0.027"},{"v":-0.0605607696188193,"d":"-0.061"},{"v":0.0508161787702351,"d":"0.051"},{"v":0.233354743529135,"d":"0.233"},{"v":-0.16016048000848,"d":"-0.160"},{"v":0.0390389407708415,"d":"0.039"},0.546]
["FEV1","thalamus",236,{"v":0.0522614889004096,"d":"0.052"},{"v":0.0511204846257441,"d":"0.051"},{"v":0.306629516054853,"d":"0.307"},{"v":-0.0479346609660488,"d":"-0.048"},{"v":0.152457638766868,"d":"0.152"},{"v":0.0122961148007668,"d":"0.012"},{"v":0.166221431054475,"d":"0.166"},{"v":0.941094027508495,"d":"0.941"},{"v":-0.313497890066005,"d":"-0.313"},{"v":0.338090119667539,"d":"0.338"},{"v":0.113578317342529,"d":"0.114"},{"v":0.0660016239932937,"d":"0.066"},{"v":0.0852796342653258,"d":"0.085"},{"v":-0.0157848656843271,"d":"-0.016"},{"v":0.242941500369384,"d":"0.243"},{"v":0.0533357497777176,"d":"0.053"},{"v":0.0419800882534625,"d":"0.042"},{"v":0.203906178778851,"d":"0.204"},{"v":-0.0289452231990688,"d":"-0.029"},{"v":0.135616722754504,"d":"0.136"},{"v":0.0616153523384066,"d":"0.062"},{"v":0.0536674229951905,"d":"0.054"},{"v":0.250928945536029,"d":"0.251"},{"v":-0.0435727967321666,"d":"-0.044"},{"v":0.16680350140898,"d":"0.167"},0.546]
["FEV1","caudate",234,{"v":0.0321407161651945,"d":"0.032"},{"v":0.0486813562513204,"d":"0.049"},{"v":0.509108558599887,"d":"0.509"},{"v":-0.0632747420873934,"d":"-0.063"},{"v":0.127556174417782,"d":"0.128"},{"v":0.0416395421087505,"d":"0.042"},{"v":0.158437997416179,"d":"0.158"},{"v":0.792928066277075,"d":"0.793"},{"v":-0.26889893282696,"d":"-0.269"},{"v":0.352178017044461,"d":"0.352"},{"v":0.0955208826619248,"d":"0.096"},{"v":0.0650860079155745,"d":"0.065"},{"v":0.142210162611582,"d":"0.142"},{"v":-0.0320476928526012,"d":"-0.032"},{"v":0.223089458176451,"d":"0.223"},{"v":0.0326265639301664,"d":"0.033"},{"v":0.0420937745029312,"d":"0.042"},{"v":0.438285072998674,"d":"0.438"},{"v":-0.0498772340955788,"d":"-0.050"},{"v":0.115130361955912,"d":"0.115"},{"v":0.050981996351339,"d":"0.051"},{"v":0.0499236079844062,"d":"0.050"},{"v":0.307159617609872,"d":"0.307"},{"v":-0.0468682752980971,"d":"-0.047"},{"v":0.148832268000775,"d":"0.149"},{"v":0.654428571428572,"d":"0.654"}]
["FEV1","accumbens",236,{"v":0.0697877306760824,"d":"0.070"},{"v":0.0496791118838028,"d":"0.050"},{"v":0.160089654671193,"d":"0.160"},{"v":-0.0275833286161712,"d":"-0.028"},{"v":0.167158789968336,"d":"0.167"},{"v":0.052631421180775,"d":"0.053"},{"v":0.162714041456362,"d":"0.163"},{"v":0.746636074235361,"d":"0.747"},{"v":-0.266288100073695,"d":"-0.266"},{"v":0.371550942435245,"d":"0.372"},{"v":0.0576731245202706,"d":"0.058"},{"v":0.0684326222518372,"d":"0.068"},{"v":0.399355753076887,"d":"0.399"},{"v":-0.0764548150933304,"d":"-0.076"},{"v":0.191801064133872,"d":"0.192"},{"v":0.0707522081991515,"d":"0.071"},{"v":0.04321285871532,"d":"0.043"},{"v":0.101568793498758,"d":"0.102"},{"v":-0.0139449948828757,"d":"-0.014"},{"v":0.155449411281179,"d":"0.155"},{"v":0.0834785179709359,"d":"0.083"},{"v":0.0519110486106114,"d":"0.052"},{"v":0.107811757678054,"d":"0.108"},{"v":-0.0182671373058625,"d":"-0.018"},{"v":0.185224173247734,"d":"0.185"},{"v":0.48,"d":"0.480"}]
["FEV1","amygdala",236,{"v":0.00482816197995319,"d":"0.005"},{"v":0.048288178890397,"d":"0.048"},{"v":0.920355109242954,"d":"0.920"},{"v":-0.0898166686452249,"d":"-0.090"},{"v":0.0994729926051313,"d":"0.099"},{"v":0.018871594584226,"d":"0.019"},{"v":0.157099294748461,"d":"0.157"},{"v":0.904486992463698,"d":"0.904"},{"v":-0.289043023122757,"d":"-0.289"},{"v":0.326786212291209,"d":"0.327"},{"v":-0.0314633885219787,"d":"-0.031"},{"v":0.0665906079221406,"d":"0.067"},{"v":0.636577161598063,"d":"0.637"},{"v":-0.161980980049374,"d":"-0.162"},{"v":0.0990542030054168,"d":"0.099"},{"v":0.00494406487413303,"d":"0.005"},{"v":0.0419116027572472,"d":"0.042"},{"v":0.906096096176463,"d":"0.906"},{"v":-0.0772026765300715,"d":"-0.077"},{"v":0.0870908062783375,"d":"0.087"},{"v":1.42277581347581E-3,"d":"0.001"},{"v":0.0526017024932132,"d":"0.053"},{"v":0.978421374280432,"d":"0.978"},{"v":-0.101676561073222,"d":"-0.102"},{"v":0.104522112700174,"d":"0.105"},{"v":0.92,"d":"0.920"}]
["FEV1","hippocampus",233,{"v":-0.00256356912756903,"d":"-0.003"},{"v":0.00282227746705237,"d":"0.003"},{"v":0.363702056238582,"d":"0.364"},{"v":-0.00809523296299167,"d":"-0.008"},{"v":2.96809470785361E-3,"d":"0.003"},{"v":-0.00549287141108637,"d":"-0.005"},{"v":0.00865344447923538,"d":"0.009"},{"v":0.526212307718814,"d":"0.526"},{"v":-0.0224536225903877,"d":"-0.022"},{"v":0.011467879768215,"d":"0.011"},{"v":-3.77949562239431E-3,"d":"-0.004"},{"v":0.00440864373673688,"d":"0.004"},{"v":0.39128345146262,"d":"0.391"},{"v":-0.0124204373463986,"d":"-0.012"},{"v":0.00486144610160998,"d":"0.005"},{"v":-0.00258127747936012,"d":"-0.003"},{"v":2.76643352584446E-3,"d":"0.003"},{"v":0.350783575565483,"d":"0.351"},{"v":-0.00800348719001527,"d":"-0.008"},{"v":2.84093223129503E-3,"d":"0.003"},{"v":-0.00417171736276831,"d":"-0.004"},{"v":0.00395777339406813,"d":"0.004"},{"v":0.291856981913929,"d":"0.292"},{"v":-0.0119289532151418,"d":"-0.012"},{"v":0.00358551848960523,"d":"0.004"},0.546]
["FEV1","brainstem",210,{"v":0.225997111993515,"d":"0.226"},{"v":0.0487877974757532,"d":"0.049"},{"v":3.61718825726775E-6,"d":"0.000004"},{"v":0.130373028941038,"d":"0.130"},{"v":0.321621195045991,"d":"0.322"},{"v":0.223681336667205,"d":"0.224"},{"v":0.157843478749549,"d":"0.158"},{"v":0.15794730156244,"d":"0.158"},{"v":-0.0856918816819116,"d":"-0.086"},{"v":0.533054555016321,"d":"0.533"},{"v":0.198931361108379,"d":"0.199"},{"v":0.0778051119372525,"d":"0.078"},{"v":0.0105642859347531,"d":"0.011"},{"v":0.046433341711364,"d":"0.046"},{"v":0.351429380505394,"d":"0.351"},{"v":0.230175978286951,"d":"0.230"},{"v":0.0492723140734036,"d":"0.049"},{"v":2.98997370236424e-06,"d":"0.000"},{"v":0.13360224270308,"d":"0.134"},{"v":0.326749713870822,"d":"0.327"},{"v":0.230798214697054,"d":"0.231"},{"v":0.051257557830528,"d":"0.051"},{"v":6.70905791652633e-06,"d":"0.000"},{"v":0.130333401349219,"d":"0.130"},{"v":0.331263028044889,"d":"0.331"},{"v":3.6e-05,"d":"0.000"}]
["FVC","intracranial",279,{"v":0.00648317919366797,"d":"0.006"},{"v":0.00211949587720786,"d":"0.002"},{"v":0.00222202635512661,"d":"0.002"},{"v":0.00232896727434057,"d":"0.002"},{"v":0.0106373911129954,"d":"0.011"},{"v":-0.00259405817582141,"d":"-0.003"},{"v":0.00571940830932966,"d":"0.006"},{"v":0.650505277864807,"d":"0.651"},{"v":-0.0138040984621075,"d":"-0.014"},{"v":0.00861598211046473,"d":"0.009"},{"v":0.00221581872932016,"d":"0.002"},{"v":0.00231862064167472,"d":"0.002"},{"v":0.339242789260116,"d":"0.339"},{"v":-0.00232867772836229,"d":"-0.002"},{"v":0.0067603151870026,"d":"0.007"},{"v":0.00652809283202802,"d":"0.007"},{"v":0.00166030018541142,"d":"0.002"},{"v":8.42858825002854e-05,"d":"0.000"},{"v":3.27390446862164E-3,"d":"0.003"},{"v":0.0097822811954344,"d":"0.010"},{"v":0.0103122054808517,"d":"0.010"},{"v":3.14965611153374E-3,"d":"0.003"},{"v":1.06009048905274E-3,"d":"0.001"},{"v":0.00413887950224561,"d":"0.004"},{"v":0.0164855314594579,"d":"0.016"},0.009]
["FVC","pallidum",296,{"v":0.0111951769465136,"d":"0.011"},{"v":0.0416558127205848,"d":"0.042"},{"v":0.788118797126598,"d":"0.788"},{"v":-0.0704502159858327,"d":"-0.070"},{"v":0.0928405698788599,"d":"0.093"},{"v":-0.00473205462755451,"d":"-0.005"},{"v":0.119609315805844,"d":"0.120"},{"v":0.968468702550116,"d":"0.968"},{"v":-0.239166313607009,"d":"-0.239"},{"v":0.2297022043519,"d":"0.230"},{"v":-0.0107250167096631,"d":"-0.011"},{"v":0.0609703877749484,"d":"0.061"},{"v":0.860368311111211,"d":"0.860"},{"v":-0.130226976748562,"d":"-0.130"},{"v":0.108776943329236,"d":"0.109"},{"v":0.0114290105006815,"d":"0.011"},{"v":0.0373082908217013,"d":"0.037"},{"v":0.759346017376405,"d":"0.759"},{"v":-0.0616952395098532,"d":"-0.062"},{"v":0.0845532605112161,"d":"0.085"},{"v":0.0153746628777647,"d":"0.015"},{"v":0.0432770246623872,"d":"0.043"},{"v":0.72239365746798,"d":"0.722"},{"v":-0.0694483054605141,"d":"-0.069"},{"v":0.100197631216044,"d":"0.100"},0.871]
["FVC","putamen",295,{"v":-0.0119017982233792,"d":"-0.012"},{"v":0.0427774464259709,"d":"0.043"},{"v":0.780838869951518,"d":"0.781"},{"v":-0.0957455932182823,"d":"-0.096"},{"v":0.0719419967715238,"d":"0.072"},{"v":-0.0232460640952557,"d":"-0.023"},{"v":0.122499666648738,"d":"0.122"},{"v":0.849625223681968,"d":"0.850"},{"v":-0.263345410726782,"d":"-0.263"},{"v":0.216853282536271,"d":"0.217"},{"v":0.0167643223760415,"d":"0.017"},{"v":0.0572795885130958,"d":"0.057"},{"v":0.769770329646577,"d":"0.770"},{"v":-0.0955036711096263,"d":"-0.096"},{"v":0.129032315861709,"d":"0.129"},{"v":-0.0118656131612894,"d":"-0.012"},{"v":0.037463491844596,"d":"0.037"},{"v":0.751452506173592,"d":"0.751"},{"v":-0.0852940571766975,"d":"-0.085"},{"v":0.0615628308541188,"d":"0.062"},{"v":-0.0128483262434105,"d":"-0.013"},{"v":0.044443435794587,"d":"0.044"},{"v":0.772509520459378,"d":"0.773"},{"v":-0.0999574604008011,"d":"-0.100"},{"v":0.07426080791398,"d":"0.074"},0.871]
["FVC","thalamus",296,{"v":0.0632482311258253,"d":"0.063"},{"v":0.0422878822942482,"d":"0.042"},{"v":0.134742666835434,"d":"0.135"},{"v":-0.0196360181709011,"d":"-0.020"},{"v":0.146132480422552,"d":"0.146"},{"v":0.0129197777074688,"d":"0.013"},{"v":0.121393091118881,"d":"0.121"},{"v":0.915314356900676,"d":"0.915"},{"v":-0.225010680885538,"d":"-0.225"},{"v":0.250850236300476,"d":"0.251"},{"v":0.155822594927468,"d":"0.156"},{"v":0.059981944681683,"d":"0.060"},{"v":0.00938162953228191,"d":"0.009"},{"v":0.0382579833513689,"d":"0.038"},{"v":0.273387206503566,"d":"0.273"},{"v":0.0642935050146,"d":"0.064"},{"v":0.037296974370705,"d":"0.037"},{"v":0.084739206789664,"d":"0.085"},{"v":-0.00880856475198169,"d":"-0.009"},{"v":0.137395574781182,"d":"0.137"},{"v":0.0770126613988307,"d":"0.077"},{"v":0.0447089231336879,"d":"0.045"},{"v":0.0849727433900317,"d":"0.085"},{"v":-0.0106168279431975,"d":"-0.011"},{"v":0.164642150740859,"d":"0.165"},{"v":0.3285,"d":"0.329"}]
["FVC","caudate",295,{"v":-0.00697098469934893,"d":"-0.007"},{"v":0.0428625971874024,"d":"0.043"},{"v":0.870805346436196,"d":"0.871"},{"v":-0.0909816751866576,"d":"-0.091"},{"v":0.0770397057879598,"d":"0.077"},{"v":0.129382417604716,"d":"0.129"},{"v":0.124532676060595,"d":"0.125"},{"v":0.299687593151211,"d":"0.300"},{"v":-0.11470162747405,"d":"-0.115"},{"v":0.373466462683483,"d":"0.373"},{"v":0.0565344630508062,"d":"0.057"},{"v":0.0584898600332186,"d":"0.058"},{"v":0.333759730049708,"d":"0.334"},{"v":-0.0581056626143022,"d":"-0.058"},{"v":0.171174588715915,"d":"0.171"},{"v":-0.00699470365756501,"d":"-0.007"},{"v":0.0375296224947912,"d":"0.038"},{"v":0.852148183223974,"d":"0.852"},{"v":-0.0805527637473557,"d":"-0.081"},{"v":0.0665633564322256,"d":"0.067"},{"v":0.0217647828491839,"d":"0.022"},{"v":0.0433381005729427,"d":"0.043"},{"v":0.61552053389117,"d":"0.616"},{"v":-0.0631778942737839,"d":"-0.063"},{"v":0.106707459972152,"d":"0.107"},0.871]
["FVC","accumbens",272,{"v":0.0578827477516194,"d":"0.058"},{"v":0.0397967526059166,"d":"0.040"},{"v":0.145819073479164,"d":"0.146"},{"v":-0.020118887355977,"d":"-0.020"},{"v":0.135884382859216,"d":"0.136"},{"v":0.253601235392658,"d":"0.254"},{"v":0.113995377497873,"d":"0.114"},{"v":0.0269306588259804,"d":"0.027"},{"v":0.0301702954968265,"d":"0.030"},{"v":0.47703217528849,"d":"0.477"},{"v":0.143197364226892,"d":"0.143"},{"v":0.0619526163216513,"d":"0.062"},{"v":0.0208106935858307,"d":"0.021"},{"v":0.0217702362364559,"d":"0.022"},{"v":0.264624492217329,"d":"0.265"},{"v":0.0585053035955896,"d":"0.059"},{"v":0.0401004694190529,"d":"0.040"},{"v":0.14457390216447,"d":"0.145"},{"v":-0.0200916164657542,"d":"-0.020"},{"v":0.137102223656933,"d":"0.137"},{"v":0.0624064322052437,"d":"0.062"},{"v":0.0419260703609847,"d":"0.042"},{"v":0.136622372793557,"d":"0.137"},{"v":-0.0197686657022863,"d":"-0.020"},{"v":0.144581530112774,"d":"0.145"},{"v":0.3285,"d":"0.329"}]
["FVC","amygdala",295,{"v":-0.0130102496863064,"d":"-0.013"},{"v":0.0435041055517491,"d":"0.044"},{"v":0.764895811197597,"d":"0.765"},{"v":-0.0982782965677347,"d":"-0.098"},{"v":0.0722577971951219,"d":"0.072"},{"v":-0.0188258968492215,"d":"-0.019"},{"v":0.126897293066624,"d":"0.127"},{"v":0.882164354987335,"d":"0.882"},{"v":-0.267544591259805,"d":"-0.268"},{"v":0.229892797561362,"d":"0.230"},{"v":-0.0787380976487997,"d":"-0.079"},{"v":0.0611742998525233,"d":"0.061"},{"v":0.198055696557156,"d":"0.198"},{"v":-0.198639725359745,"d":"-0.199"},{"v":0.0411635300621459,"d":"0.041"},{"v":-0.0129763868140695,"d":"-0.013"},{"v":0.0375496173109236,"d":"0.038"},{"v":0.729658577516677,"d":"0.730"},{"v":-0.0865736367434798,"d":"-0.087"},{"v":0.0606208631153408,"d":"0.061"},{"v":-0.0253417242019624,"d":"-0.025"},{"v":0.0444588249952327,"d":"0.044"},{"v":0.568674739190077,"d":"0.569"},{"v":-0.112481021192619,"d":"-0.112"},{"v":0.0617975727886936,"d":"0.062"},0.871]
["FVC","hippocampus",293,{"v":-0.00141558082043887,"d":"-0.001"},{"v":0.00210934106496803,"d":"0.002"},{"v":0.502156213395251,"d":"0.502"},{"v":-5.5498893077762E-3,"d":"-0.006"},{"v":0.00271872766689846,"d":"0.003"},{"v":0.0139439860766697,"d":"0.014"},{"v":0.00584976313013435,"d":"0.006"},{"v":0.0177815501085397,"d":"0.018"},{"v":0.0024784503416064,"d":"0.002"},{"v":0.0254095218117331,"d":"0.025"},{"v":-0.00325859631048805,"d":"-0.003"},{"v":0.0030218860560729,"d":"0.003"},{"v":0.280885639660767,"d":"0.281"},{"v":-0.00918149298039095,"d":"-0.009"},{"v":2.66430035941484E-3,"d":"0.003"},{"v":-0.00142493018180748,"d":"-0.001"},{"v":1.88635408225752E-3,"d":"0.002"},{"v":0.450015910971199,"d":"0.450"},{"v":-0.00512218418303222,"d":"-0.005"},{"v":0.00227232381941727,"d":"0.002"},{"v":-0.000943389620805877,"d":"-0.001"},{"v":0.00299965264289077,"d":"0.003"},{"v":0.753141603892843,"d":"0.753"},{"v":-0.00682270880087179,"d":"-0.007"},{"v":0.00493592955926004,"d":"0.005"},0.871]
["FVC","brainstem",250,{"v":0.203358861646194,"d":"0.203"},{"v":0.0441766888550411,"d":"0.044"},{"v":4.15834523388863e-06,"d":"0.000004"},{"v":0.116772551490313,"d":"0.117"},{"v":0.289945171802074,"d":"0.290"},{"v":0.204059579922831,"d":"0.204"},{"v":0.125636547837294,"d":"0.126"},{"v":0.105602206905145,"d":"0.106"},{"v":-0.042188053838264,"d":"-0.042"},{"v":0.450307213683927,"d":"0.450"},{"v":0.260352894068347,"d":"0.260"},{"v":0.0665083770277304,"d":"0.067"},{"v":9.05587089636265e-05,"d":"0.000"},{"v":0.129996475093995,"d":"0.130"},{"v":0.390709313042698,"d":"0.391"},{"v":0.204734962802043,"d":"0.205"},{"v":0.044533600394508,"d":"0.045"},{"v":4.27971552320252E-6,"d":"0.000"},{"v":0.117449106028807,"d":"0.117"},{"v":0.292020819575279,"d":"0.292"},{"v":0.214700132543738,"d":"0.215"},{"v":0.0463298280216651,"d":"0.046"},{"v":3.58378637944112e-06,"d":"0.000"},{"v":0.123893669621274,"d":"0.124"},{"v":0.305506595466201,"d":"0.306"},{"v":3.6e-05,"d":"0.000"}]
["FEV1/FVC","intracranial",275,{"v":6.38863651422604E-5,"d":"0.000"},{"v":0.00121660856411786,"d":"0.001"},{"v":0.958120854270191,"d":"0.958"},{"v":-0.00232066642052875,"d":"-0.002"},{"v":2.44843915081327E-3,"d":"0.002"},{"v":-0.00281258603975991,"d":"-0.003"},{"v":0.00297429403438084,"d":"0.003"},{"v":0.345172786191945,"d":"0.345"},{"v":-0.00864220234714636,"d":"-0.009"},{"v":0.00301703026762654,"d":"0.003"},{"v":6.54928446762438e-05,"d":"0.000"},{"v":1.67921406424781E-3,"d":"0.002"},{"v":0.968888728660016,"d":"0.969"},{"v":-3.22576672124947E-3,"d":"-0.003"},{"v":0.00335675241060196,"d":"0.003"},{"v":6.38618764478242e-05,"d":"0.000"},{"v":0.00112139475064279,"d":"0.001"},{"v":0.954586128995471,"d":"0.955"},{"v":-0.00213407183481204,"d":"-0.002"},{"v":0.00226179558770769,"d":"0.002"},{"v":-0.000227998072197331,"d":"-0.000"},{"v":0.00191531446247844,"d":"0.002"},{"v":0.905244063334136,"d":"0.905"},{"v":-0.00398201441865508,"d":"-0.004"},{"v":0.00352601827426042,"d":"0.004"},0.958]
["FEV1/FVC","pallidum",278,{"v":0.0116379757147541,"d":"0.012"},{"v":0.0262784177869794,"d":"0.026"},{"v":0.657858313648478,"d":"0.658"},{"v":-0.0398677231477256,"d":"-0.040"},{"v":0.0631436745772338,"d":"0.063"},{"v":-0.0214402163513562,"d":"-0.021"},{"v":0.065075882096196,"d":"0.065"},{"v":0.742054240467654,"d":"0.742"},{"v":-0.1489889452599,"d":"-0.149"},{"v":0.106108512557188,"d":"0.106"},{"v":0.0147396266363303,"d":"0.015"},{"v":0.0396340519451487,"d":"0.040"},{"v":0.709972514205267,"d":"0.710"},{"v":-0.0629431151761611,"d":"-0.063"},{"v":0.0924223684488218,"d":"0.092"},{"v":0.0117293492510069,"d":"0.012"},{"v":0.0236516056728314,"d":"0.024"},{"v":0.619949513445148,"d":"0.620"},{"v":-0.0346277978677426,"d":"-0.035"},{"v":0.0580864963697564,"d":"0.058"},{"v":0.0195233860080334,"d":"0.020"},{"v":0.0276014087257455,"d":"0.028"},{"v":0.479359590306602,"d":"0.479"},{"v":-0.0345753750944277,"d":"-0.035"},{"v":0.0736221471104945,"d":"0.074"},0.958]
["FEV1/FVC","putamen",279,{"v":0.0410318828683111,"d":"0.041"},{"v":0.0273589766700318,"d":"0.027"},{"v":0.133676733550239,"d":"0.134"},{"v":-0.0125917114049513,"d":"-0.013"},{"v":0.0946554771415735,"d":"0.095"},{"v":-0.00855431421717969,"d":"-0.009"},{"v":0.0677307616867418,"d":"0.068"},{"v":0.899587026765386,"d":"0.900"},{"v":-0.141306607123194,"d":"-0.141"},{"v":0.124197978688834,"d":"0.124"},{"v":0.0159111077328065,"d":"0.016"},{"v":0.0403618111352339,"d":"0.040"},{"v":0.693424573643835,"d":"0.693"},{"v":-0.0631980420922521,"d":"-0.063"},{"v":0.095020257557865,"d":"0.095"},{"v":0.0414932711245682,"d":"0.041"},{"v":0.0237038811230597,"d":"0.024"},{"v":0.0800347855082264,"d":"0.080"},{"v":-4.96633587662883E-3,"d":"-0.005"},{"v":0.0879528781257653,"d":"0.088"},{"v":0.0394090619635794,"d":"0.039"},{"v":0.029474393688592,"d":"0.029"},{"v":0.181202729858961,"d":"0.181"},{"v":-0.018360749666061,"d":"-0.018"},{"v":0.0971788735932197,"d":"0.097"},{"v":0.3015,"d":"0.302"}]
["FEV1/FVC","thalamus",278,{"v":0.0502230173845401,"d":"0.050"},{"v":0.0289767324719317,"d":"0.029"},{"v":0.0830567873492291,"d":"0.083"},{"v":-0.00657137826044611,"d":"-0.007"},{"v":0.107017413029526,"d":"0.107"},{"v":0.0725215736363513,"d":"0.073"},{"v":0.0717638024891421,"d":"0.072"},{"v":0.313112537868494,"d":"0.313"},{"v":-0.0681354792423672,"d":"-0.068"},{"v":0.21317862651507,"d":"0.213"},{"v":0.0467576780490002,"d":"0.047"},{"v":0.0417361701861766,"d":"0.042"},{"v":0.262579342485811,"d":"0.263"},{"v":-0.035045215515906,"d":"-0.035"},{"v":0.128560571613906,"d":"0.129"},{"v":0.0506397179782629,"d":"0.051"},{"v":0.0236786343000636,"d":"0.024"},{"v":0.0324660555852588,"d":"0.032"},{"v":0.00422959475013838,"d":"0.004"},{"v":0.0970498412063875,"d":"0.097"},{"v":0.0496364677620661,"d":"0.050"},{"v":0.03012813447601,"d":"0.030"},{"v":0.0994528198741814,"d":"0.099"},{"v":-0.00941467581091346,"d":"-0.009"},{"v":0.108687611335046,"d":"0.109"},0.249]
["FEV1/FVC","caudate",278,{"v":0.00645708247785163,"d":"0.006"},{"v":0.0267531916868817,"d":"0.027"},{"v":0.809278077756411,"d":"0.809"},{"v":-0.0459791732284365,"d":"-0.046"},{"v":0.0588933381841398,"d":"0.059"},{"v":-0.0453584951772651,"d":"-0.045"},{"v":0.0664748709429349,"d":"0.066"},{"v":0.495595938749439,"d":"0.496"},{"v":-0.175649242225417,"d":"-0.176"},{"v":0.0849322518708872,"d":"0.085"},{"v":-0.0166373285198557,"d":"-0.017"},{"v":0.0411823547293777,"d":"0.041"},{"v":0.686218840098866,"d":"0.686"},{"v":-0.0973547437894359,"d":"-0.097"},{"v":0.0640800867497245,"d":"0.064"},{"v":0.00651224860440206,"d":"0.007"},{"v":0.0237224051611247,"d":"0.024"},{"v":0.783685880100795,"d":"0.784"},{"v":-0.0399836655114024,"d":"-0.040"},{"v":0.0530081627202065,"d":"0.053"},{"v":1.00988281291635E-3,"d":"0.001"},{"v":0.0286447002272299,"d":"0.029"},{"v":0.971876018686822,"d":"0.972"},{"v":-0.0551337296324543,"d":"-0.055"},{"v":0.057153495258287,"d":"0.057"},0.958]
["FEV1/FVC","accumbens",279,{"v":0.012778379499678,"d":"0.013"},{"v":0.0264100358766995,"d":"0.026"},{"v":0.628495454360221,"d":"0.628"},{"v":-0.038985290818653,"d":"-0.039"},{"v":0.064542049818009,"d":"0.065"},{"v":-0.0161256135200627,"d":"-0.016"},{"v":0.0654546204295658,"d":"0.065"},{"v":0.805583511560992,"d":"0.806"},{"v":-0.144416669562012,"d":"-0.144"},{"v":0.112165442521886,"d":"0.112"},{"v":0.0306434153047739,"d":"0.031"},{"v":0.0416492127844804,"d":"0.042"},{"v":0.461882752610189,"d":"0.462"},{"v":-0.0509890417528078,"d":"-0.051"},{"v":0.112275872362356,"d":"0.112"},{"v":0.0128926780539213,"d":"0.013"},{"v":0.0242043586811562,"d":"0.024"},{"v":0.594269407511664,"d":"0.594"},{"v":-0.0345478649611448,"d":"-0.035"},{"v":0.0603332210689875,"d":"0.060"},{"v":0.0178719502859865,"d":"0.018"},{"v":0.0273588204469786,"d":"0.027"},{"v":0.51359981332213,"d":"0.514"},{"v":-0.0357513377900915,"d":"-0.036"},{"v":0.0714952383620645,"d":"0.071"},0.958]
["FEV1/FVC","amygdala",249,{"v":0.0753610581717538,"d":"0.075"},{"v":0.0251020490203805,"d":"0.025"},{"v":2.68047009142921E-3,"d":"0.003"},{"v":0.026161042091808,"d":"0.026"},{"v":0.1245610742517,"d":"0.125"},{"v":0.0486662026855263,"d":"0.049"},{"v":0.063747522487943,"d":"0.064"},{"v":0.445940867058056,"d":"0.446"},{"v":-0.0762789413908419,"d":"-0.076"},{"v":0.173611346761895,"d":"0.174"},{"v":0.0642862404131274,"d":"0.064"},{"v":0.0391491861593029,"d":"0.039"},{"v":0.100572659461606,"d":"0.101"},{"v":-0.0124461644591063,"d":"-0.012"},{"v":0.141018645285361,"d":"0.141"},{"v":0.0757200157430986,"d":"0.076"},{"v":0.0252352353043481,"d":"0.025"},{"v":0.00269477411036862,"d":"0.003"},{"v":0.0262589545465763,"d":"0.026"},{"v":0.125181076939621,"d":"0.125"},{"v":0.0768878080883498,"d":"0.077"},{"v":0.0261557776534905,"d":"0.026"},{"v":0.0032862468467521,"d":"0.003"},{"v":0.0256224838875084,"d":"0.026"},{"v":0.128153132289191,"d":"0.128"},0.027]
["FEV1/FVC","hippocampus",275,{"v":-8.1331460330476e-05,"d":"-0.000"},{"v":1.04938015735125E-3,"d":"0.001"},{"v":0.938222381423749,"d":"0.938"},{"v":-0.00213811656873893,"d":"-0.002"},{"v":1.97545364807798E-3,"d":"0.002"},{"v":-0.00215305929250227,"d":"-0.002"},{"v":2.7738006778541E-3,"d":"0.003"},{"v":0.438295364782833,"d":"0.438"},{"v":-7.5897086210963E-3,"d":"-0.008"},{"v":0.00328359003609177,"d":"0.003"},{"v":-0.000351344639914798,"d":"-0.000"},{"v":0.00132848725157048,"d":"0.001"},{"v":0.791418001027978,"d":"0.791"},{"v":-0.00295517965299294,"d":"-0.003"},{"v":0.00225249037316335,"d":"0.002"},{"v":-8.13328426088324e-05,"d":"-0.000"},{"v":0.000930652776461902,"d":"0.001"},{"v":0.93035887320449,"d":"0.930"},{"v":-0.00190541228447416,"d":"-0.002"},{"v":1.7427465992565E-3,"d":"0.002"},{"v":-0.000128678274417949,"d":"-0.000"},{"v":1.93519517478239E-3,"d":"0.002"},{"v":0.946984778620699,"d":"0.947"},{"v":-0.00392166081699144,"d":"-0.004"},{"v":3.66430426815554E-3,"d":"0.004"},0.958]
["FEV1/FVC","brainstem",279,{"v":0.0544954732668985,"d":"0.054"},{"v":0.0292958353101971,"d":"0.029"},{"v":0.0628603227430097,"d":"0.063"},{"v":-0.0029243639410878,"d":"-0.003"},{"v":0.111915310474885,"d":"0.112"},{"v":-0.0835295206119846,"d":"-0.084"},{"v":0.0706523765735784,"d":"0.071"},{"v":0.238116177472101,"d":"0.238"},{"v":-0.222008178696198,"d":"-0.222"},{"v":0.054949137472229,"d":"0.055"},{"v":-5.78300355868081E-4,"d":"-0.001"},{"v":0.042757832635627,"d":"0.043"},{"v":0.989208927818144,"d":"0.989"},{"v":-0.084383652321697,"d":"-0.084"},{"v":0.0832270516099609,"d":"0.083"},{"v":0.0549316189196752,"d":"0.055"},{"v":0.0257845221099956,"d":"0.026"},{"v":0.0331377303947923,"d":"0.033"},{"v":0.0043939555840838,"d":"0.004"},{"v":0.105469282255267,"d":"0.105"},{"v":0.0429989996623725,"d":"0.043"},{"v":0.0295483961440596,"d":"0.030"},{"v":0.145612274963041,"d":"0.146"},{"v":-0.0149158567799842,"d":"-0.015"},{"v":0.100913856104729,"d":"0.101"},0.249]
[]
["Notes: MR, Mendelian randomization; IVW, inverse variance weighted; IVs, instrumental variables; β, estimate coefficient; SE, standard error of coefficient estimate; CI, confidence interval; FEV1, forced expiratory volume in one second; FVC, forced vital capacity."]

{"sheet":"Table S7","index":6,"n_rows":82,"n_cols":13,"rows_kept":82,"merged":[[0,0,0,8],[2,0,3,0],[2,1,3,1],[2,2,3,2],[2,3,2,7],[2,8,2,12],[4,1,5,1],[6,1,7,1],[8,1,9,1],[10,1,11,1],[12,1,13,1],[14,1,15,1],[16,1,17,1],[18,1,19,1],[20,1,21,1],[22,1,23,1],[24,1,25,1],[26,1,27,1],[28,1,29,1],[30,1,31,1],[32,1,33,1],[34,1,35,1],[36,1,37,1],[38,1,39,1],[40,1,41,1],[42,1,43,1],[44,1,45,1],[46,1,47,1],[48,1,49,1],[50,1,51,1],[52,1,53,1],[54,1,55,1],[56,1,57,1],[58,1,59,1],[60,1,61,1],[62,1,63,1],[64,1,65,1],[66,1,67,1],[68,1,69,1],[70,1,71,1],[72,1,73,1],[74,1,75,1],[76,1,77,1],[78,1,79,1],[81,0,82,12]]}
["Supplementary Table S7. Multivariable MR analysis results of lung function on cortical SA and TH after conditioning on smoking and education."]
["Causal effects were estimated using two two-sample MR methods (IVW and MR Egger)."]
["Exposure ","Outcome ","IVs N","IVW",{"$nulls":4},"MR Egger"]
[{"$nulls":3},"Estimate (β)","SE","P value","95% lower CI","95% upper CI","Estimate (β)","SE","P value","95% lower CI","95% upper CI"]
["FEV1","SA_total",206,{"v":5032.62523058773,"d":"5032.625"},{"v":758.377555755192,"d":"758.378"},{"v":3.22218299400128E-11,"d":"3.222E-11"},{"v":3546.23253462404,"d":"3546.233"},{"v":6519.01792655143,"d":"6519.018"},{"v":6441.01856100115,"d":"6441.019"},{"v":2372.70837128912,"d":"2372.708"},{"v":0.00663504246527242,"d":"0.007"},{"$f":"I5-1.96*J5","v":{"v":1790.51015327448,"d":"1790.510"}},{"$f":"I5+1.96*J5","v":{"v":11091.5269687278,"d":"11091.527"}}]
["smoking",null,206,{"v":-901.369543279358,"d":"-901.370"},{"v":350.581083006881,"d":"350.581"},{"v":0.0101383965047634,"d":"0.010"},{"v":-1588.49583963389,"d":"-1588.496"},{"v":-214.243246924824,"d":"-214.243"},{"v":-882.587237093295,"d":"-882.587"},{"v":352.381625633902,"d":"352.382"},{"v":0.0122577930581813,"d":"0.012"},{"$f":"I6-1.96*J6","v":{"v":-1573.25522333574,"d":"-1573.255"}},{"$f":"I6+1.96*J6","v":{"v":-191.919250850847,"d":"-191.919"}}]
["FEV1","SA_total",249,{"v":4928.87939521596,"d":"4928.879"},{"v":836.718639364742,"d":"836.719"},{"v":3.84504987315043e-09,"d":"3.845E-09"},{"v":3288.94099686771,"d":"3288.941"},{"v":6568.81779356421,"d":"6568.818"},{"v":5100.84403486916,"d":"5100.844"},{"v":859.531438266782,"d":"859.531"},{"v":2.94836988540367E-9,"d":"2.948E-09"},{"v":3416.16241586627,"d":"3416.162"},{"v":6785.52565387205,"d":"6785.526"}]
["education",null,249,{"v":3988.21230124061,"d":"3988.212"},{"v":809.186718553625,"d":"809.187"},{"v":8.27923263784698e-07,"d":"8.279E-07"},{"v":2402.23547610735,"d":"2402.235"},{"v":5574.18912637386,"d":"5574.189"},{"v":4786.97671706851,"d":"4786.977"},{"v":1215.15713386202,"d":"1215.157"},{"v":8.16893661829284e-05,"d":"8.169E-05"},{"v":2405.26873469895,"d":"2405.269"},{"v":7168.68469943807,"d":"7168.685"}]
["FEV1","SA_supramarginal",219,{"v":46.8317563493501,"d":"46.832"},{"v":13.7173936714936,"d":"13.717"},{"v":0.000640067383630028,"d":"6.401E-04"},{"v":19.946158791465,"d":"19.946"},{"v":73.7173539072351,"d":"73.717"},{"v":75.4714083763651,"d":"75.471"},{"v":43.939911860479,"d":"43.940"},{"v":0.0858687040595068,"d":"0.086"},{"v":-10.6508188701737,"d":"-10.651"},{"v":161.593635622904,"d":"161.594"}]
["smoking",null,219,{"v":8.59864307927304,"d":"8.599"},{"v":6.17976225250233,"d":"6.180"},{"v":0.164098187359322,"d":"0.164"},{"v":-3.51346836865164,"d":"-3.513"},{"v":20.7107545271977,"d":"20.711"},{"v":8.9199428012934,"d":"8.920"},{"v":6.19748154066207,"d":"6.197"},{"v":0.150069764377138,"d":"0.150"},{"v":-3.22712101840426,"d":"-3.227"},{"v":21.0670066209911,"d":"21.067"}]
["FEV1","SA_supramarginal",263,{"v":37.2419572236219,"d":"37.242"},{"v":14.0498850787965,"d":"14.050"},{"v":0.00803263922424569,"d":"0.008"},{"v":9.70468848225412,"d":"9.705"},{"v":64.7792259649897,"d":"64.779"},{"v":34.1095875604523,"d":"34.110"},{"v":14.4181145722707,"d":"14.418"},{"v":0.0179938160558032,"d":"0.018"},{"v":5.85008299880173,"d":"5.850"},{"v":62.3690921221029,"d":"62.369"}]
["education",null,263,{"v":-14.5306004245321,"d":"-14.531"},{"v":13.8293767899929,"d":"13.829"},{"v":0.29339392999244,"d":"0.293"},{"v":-41.6356808615523,"d":"-41.636"},{"v":12.5744800124881,"d":"12.574"},{"v":-29.2361846408353,"d":"-29.236"},{"v":20.5498255371745,"d":"20.550"},{"v":0.154823876620484,"d":"0.155"},{"v":-69.5138426936973,"d":"-69.514"},{"v":11.0414734120267,"d":"11.041"}]
["FEV1","SA_lingual",210,{"v":-34.775228802693,"d":"-34.775"},{"v":13.072446673328,"d":"13.072"},{"v":0.0078095927807941,"d":"0.008"},{"v":-60.3967534722362,"d":"-60.397"},{"v":-9.15370413314971,"d":"-9.154"},{"v":-25.0778389924045,"d":"-25.078"},{"v":43.732715550661,"d":"43.733"},{"v":0.566350673903595,"d":"0.566"},{"v":-110.7939614717,"d":"-110.794"},{"v":60.638283486891,"d":"60.638"}]
["smoking",null,210,{"v":2.17160738486106,"d":"2.172"},{"v":5.68988537695808,"d":"5.690"},{"v":0.702712826086615,"d":"0.703"},{"v":-8.98036303013789,"d":"-8.980"},{"v":13.32357779986,"d":"13.324"},{"v":2.29556580524977,"d":"2.296"},{"v":5.71483829591828,"d":"5.715"},{"v":0.687915738360367,"d":"0.688"},{"v":-8.90551725475006,"d":"-8.906"},{"v":13.4966488652496,"d":"13.497"}]
["FEV1","SA_lingual",259,{"v":-28.5778918006402,"d":"-28.578"},{"v":14.3646439997032,"d":"14.365"},{"v":0.0466503978027442,"d":"0.047"},{"v":-56.7320766907978,"d":"-56.732"},{"v":-0.423706910482625,"d":"-0.424"},{"v":-25.5148415368352,"d":"-25.515"},{"v":14.725556161152,"d":"14.726"},{"v":0.0831505699294148,"d":"0.083"},{"v":-54.3769316126931,"d":"-54.377"},{"v":3.34724853902272,"d":"3.347"}]
["education",null,259,{"v":-12.9579311053224,"d":"-12.958"},{"v":13.9014741331172,"d":"13.901"},{"v":0.351271203534764,"d":"0.351"},{"v":-40.2043197382473,"d":"-40.204"},{"v":14.2884575276024,"d":"14.288"},{"v":1.66788153852052,"d":"1.668"},{"v":20.7576295371612,"d":"20.758"},{"v":0.935958662395833,"d":"0.936"},{"v":-39.0170723543154,"d":"-39.017"},{"v":42.3528354313565,"d":"42.353"}]
["FVC","SA_total",252,{"v":4331.00924604537,"d":"4331.009"},{"v":675.58177034964,"d":"675.582"},{"v":1.44772570262553E-10,"d":"1.448E-10"},{"v":3006.89330754827,"d":"3006.893"},{"v":5655.12518454247,"d":"5655.125"},{"v":4358.67507729219,"d":"4358.675"},{"v":676.351077269294,"d":"676.351"},{"v":1.16060667849698E-10,"d":"1.161E-10"},{"v":3033.02696584437,"d":"3033.027"},{"v":5684.32318874001,"d":"5684.323"}]
["smoking",null,252,{"v":-1082.23210041325,"d":"-1082.232"},{"v":322.024820885569,"d":"322.025"},{"v":0.000777423492741641,"d":"7.774E-04"},{"v":-1713.38915147692,"d":"-1713.389"},{"v":-451.07504934957,"d":"-451.075"},{"v":-1449.35387890249,"d":"-1449.354"},{"v":503.900325749329,"d":"503.900"},{"v":0.00402404101968165,"d":"0.004"},{"v":-2436.99851737117,"d":"-2436.999"},{"v":-461.709240433805,"d":"-461.709"}]
["FVC","SA_total",293,{"v":4445.73022024771,"d":"4445.730"},{"v":761.570435108159,"d":"761.570"},{"v":5.29636812436003e-09,"d":"5.296E-09"},{"v":2953.07959574522,"d":"2953.080"},{"v":5938.3808447502,"d":"5938.381"},{"v":4528.98350902235,"d":"4528.984"},{"v":778.708970426754,"d":"778.709"},{"v":6.026684953891e-09,"d":"6.027E-09"},{"v":3002.71392698591,"d":"3002.714"},{"v":6055.25309105879,"d":"6055.253"}]
["education",null,293,{"v":3448.3232399101,"d":"3448.323"},{"v":843.397881952694,"d":"843.398"},{"v":4.33969685173369e-05,"d":"4.340E-05"},{"v":1795.29376664545,"d":"1795.294"},{"v":5101.35271317474,"d":"5101.353"},{"v":3906.57824470541,"d":"3906.578"},{"v":1212.09458775088,"d":"1212.095"},{"v":0.00126856507933099,"d":"0.001"},{"v":1530.87285271369,"d":"1530.873"},{"v":6282.28363669714,"d":"6282.284"}]
["FVC","SA_parsopercularis",272,{"v":8.52094757965734,"d":"8.521"},{"v":6.5583029685015,"d":"6.558"},{"v":0.193854357597503,"d":"0.194"},{"v":-4.33309003830773,"d":"-4.333"},{"v":21.3749851976224,"d":"21.375"},{"v":9.18872387869147,"d":"9.189"},{"v":6.56798473220461,"d":"6.568"},{"v":0.16180781300763,"d":"0.162"},{"v":-3.68452619642957,"d":"-3.685"},{"v":22.0619739538125,"d":"22.062"}]
["smoking",null,272,{"v":0.609169776188006,"d":"0.609"},{"v":3.00654050534112,"d":"3.007"},{"v":0.839436076231249,"d":"0.839"},{"v":-5.28354133234145,"d":"-5.284"},{"v":6.50188088471746,"d":"6.502"},{"v":-6.29601628010553,"d":"-6.296"},{"v":4.756912109374,"d":"4.757"},{"v":0.185652172888243,"d":"0.186"},{"v":-15.6195640144786,"d":"-15.620"},{"v":3.02753145426751,"d":"3.028"}]
["FVC","SA_parsopercularis",318,{"v":8.95790952060496,"d":"8.958"},{"v":6.65911100111772,"d":"6.659"},{"v":0.178557097573725,"d":"0.179"},{"v":-4.09370821064024,"d":"-4.094"},{"v":22.0095272518502,"d":"22.010"},{"v":12.3528044081122,"d":"12.353"},{"v":6.71548449240683,"d":"6.715"},{"v":0.0658488843406632,"d":"0.066"},{"v":-0.809545197005185,"d":"-0.810"},{"v":25.5151540132296,"d":"25.515"}]
["education",null,318,{"v":-12.7330590865278,"d":"-12.733"},{"v":7.58055721488276,"d":"7.581"},{"v":0.0930157734299719,"d":"0.093"},{"v":-27.5906782104433,"d":"-27.591"},{"v":2.12456003738763,"d":"2.125"},{"v":7.87866818259514,"d":"7.879"},{"v":10.7479376494516,"d":"10.748"},{"v":0.463534034970301,"d":"0.464"},{"v":-13.18728961033,"d":"-13.187"},{"v":28.9446259755203,"d":"28.945"}]
["FVC","SA_insula",262,{"v":21.4061830455701,"d":"21.406"},{"v":6.78675434520327,"d":"6.787"},{"v":0.0016098731197248,"d":"0.002"},{"v":8.10438895705101,"d":"8.104"},{"v":34.7079771340892,"d":"34.708"},{"v":21.5751993122444,"d":"21.575"},{"v":6.80917918456591,"d":"6.809"},{"v":0.00153203360341126,"d":"0.002"},{"v":8.22920811049522,"d":"8.229"},{"v":34.9211905139936,"d":"34.921"}]
["smoking",null,262,{"v":5.83143323649029,"d":"5.831"},{"v":3.09735114349509,"d":"3.097"},{"v":0.0597388361282917,"d":"0.060"},{"v":-0.239263452234043,"d":"-0.239"},{"v":11.9021299252146,"d":"11.902"},{"v":4.29270653040516,"d":"4.293"},{"v":4.77591016747824,"d":"4.776"},{"v":0.36874598490887,"d":"0.369"},{"v":-5.06807739785219,"d":"-5.068"},{"v":13.6534904586625,"d":"13.653"}]
["FVC","SA_insula",304,{"v":19.4816565671982,"d":"19.482"},{"v":7.67969740438688,"d":"7.680"},{"v":0.0111879159150138,"d":"0.011"},{"v":4.42972624243417,"d":"4.430"},{"v":34.5335868919622,"d":"34.534"},{"v":19.016767178016,"d":"19.017"},{"v":7.79170774873023,"d":"7.792"},{"v":0.0146611911838375,"d":"0.015"},{"v":3.74501999050475,"d":"3.745"},{"v":34.2885143655272,"d":"34.289"}]
["education",null,304,{"v":9.118107310009,"d":"9.118"},{"v":8.45744155363512,"d":"8.457"},{"v":0.280981767832486,"d":"0.281"},{"v":-7.45817353646831,"d":"-7.458"},{"v":25.6943881564863,"d":"25.694"},{"v":5.87425652911057,"d":"5.874"},{"v":12.1609768867677,"d":"12.161"},{"v":0.629066269196167,"d":"0.629"},{"v":-17.9612581689541,"d":"-17.961"},{"v":29.7097712271753,"d":"29.710"}]
["FVC","SA_inferior parietal",273,{"v":31.7268557155442,"d":"31.727"},{"v":16.5007573109715,"d":"16.501"},{"v":0.0545112668886188,"d":"0.055"},{"v":-0.614034331595974,"d":"-0.614"},{"v":64.0677457626843,"d":"64.068"},{"v":30.2373408834158,"d":"30.237"},{"v":16.4795020399865,"d":"16.480"},{"v":0.0665285782614533,"d":"0.067"},{"v":-2.06248311495774,"d":"-2.062"},{"v":62.5371648817893,"d":"62.537"}]
["smoking",null,273,{"v":-2.46837302653835,"d":"-2.468"},{"v":7.81112334939345,"d":"7.811"},{"v":0.751996867461572,"d":"0.752"},{"v":-17.7778934701494,"d":"-17.778"},{"v":12.8411474170727,"d":"12.841"},{"v":12.47638597793,"d":"12.476"},{"v":12.1519504830692,"d":"12.152"},{"v":0.304562585882421,"d":"0.305"},{"v":-11.3414369688856,"d":"-11.341"},{"v":36.2942089247456,"d":"36.294"}]
["FVC","SA_inferior parietal",315,{"v":28.2347058980303,"d":"28.235"},{"v":17.6703736944705,"d":"17.670"},{"v":0.110075113110366,"d":"0.110"},{"v":-6.39859013649582,"d":"-6.399"},{"v":62.8680019325564,"d":"62.868"},{"v":26.9741383367445,"d":"26.974"},{"v":18.0548615048962,"d":"18.055"},{"v":0.135173082300229,"d":"0.135"},{"v":-8.41339021285205,"d":"-8.413"},{"v":62.361666886341,"d":"62.362"}]
["education",null,315,{"v":42.4809932653953,"d":"42.481"},{"v":20.2091071644602,"d":"20.209"},{"v":0.0355469910881476,"d":"0.036"},{"v":2.87187106334284,"d":"2.872"},{"v":82.0901154674477,"d":"82.090"},{"v":35.2431243753297,"d":"35.243"},{"v":28.8702636816592,"d":"28.870"},{"v":0.222183970089092,"d":"0.222"},{"v":-21.3425924407223,"d":"-21.343"},{"v":91.8288411913817,"d":"91.829"}]
["FVC","SA_cuneus",268,{"v":-15.4352752725019,"d":"-15.435"},{"v":5.61082828210317,"d":"5.611"},{"v":0.00594173069036483,"d":"0.006"},{"v":-26.4322966288629,"d":"-26.432"},{"v":-4.43825391614096,"d":"-4.438"},{"v":-14.7042838543309,"d":"-14.704"},{"v":5.63157013673381,"d":"5.632"},{"v":0.00902659773749179,"d":"0.009"},{"v":-25.7421613223292,"d":"-25.742"},{"v":-3.66640638633263,"d":"-3.666"}]
["smoking",null,268,{"v":-1.79831051020809,"d":"-1.798"},{"v":2.68211979455496,"d":"2.682"},{"v":0.502551179257462,"d":"0.503"},{"v":-7.05516870975778,"d":"-7.055"},{"v":3.45854768934159,"d":"3.459"},{"v":-6.59366759911093,"d":"-6.594"},{"v":4.15077311859988,"d":"4.151"},{"v":0.112164366801394,"d":"0.112"},{"v":-14.7291829115667,"d":"-14.729"},{"v":1.54184771334483,"d":"1.542"}]
["FVC","SA_cuneus",311,{"v":-10.8768530433946,"d":"-10.877"},{"v":5.67983043420654,"d":"5.680"},{"v":0.0554930029276951,"d":"0.055"},{"v":-22.0091161327339,"d":"-22.009"},{"v":0.255410045944759,"d":"0.255"},{"v":-10.8285729971948,"d":"-10.829"},{"v":5.78406183942362,"d":"5.784"},{"v":0.0611872501258475,"d":"0.061"},{"v":-22.1653342024651,"d":"-22.165"},{"v":0.508188208075493,"d":"0.508"}]
["education",null,311,{"v":-12.4066819949228,"d":"-12.407"},{"v":6.46514755945158,"d":"6.465"},{"v":0.0549830844144437,"d":"0.055"},{"v":-25.078138366185,"d":"-25.078"},{"v":0.264774376339275,"d":"0.265"},{"v":-12.1147635650042,"d":"-12.115"},{"v":9.24563287059571,"d":"9.246"},{"v":0.190086657008551,"d":"0.190"},{"v":-30.2362039913718,"d":"-30.236"},{"v":6.00667686136339,"d":"6.007"}]
["FVC","SA_lateral occipital",259,{"v":-40.999340389928,"d":"-40.999"},{"v":14.6279817006318,"d":"14.628"},{"v":0.00506607176177271,"d":"0.005"},{"v":-69.6696576896774,"d":"-69.670"},{"v":-12.3290230901786,"d":"-12.329"},{"v":-39.9174456833485,"d":"-39.917"},{"v":14.6957320158407,"d":"14.696"},{"v":0.00660238194615985,"d":"0.007"},{"v":-68.7210804343963,"d":"-68.721"},{"v":-11.1138109323007,"d":"-11.114"}]
["smoking",null,259,{"v":-1.35711060707507,"d":"-1.357"},{"v":6.61498509567045,"d":"6.615"},{"v":0.83744945088463,"d":"0.837"},{"v":-14.3222431528584,"d":"-14.322"},{"v":11.6080219387082,"d":"11.608"},{"v":-7.43916881056343,"d":"-7.439"},{"v":10.3220070413037,"d":"10.322"},{"v":0.471088249711175,"d":"0.471"},{"$f":"I38-1.96*J38","v":{"v":-27.6703026115187,"d":"-27.670"}},{"$f":"I38+1.96*J38","v":{"v":12.7919649903918,"d":"12.792"}}]
["FVC","SA_lateral occipital",304,{"v":-38.9585490967482,"d":"-38.959"},{"v":14.7091599396852,"d":"14.709"},{"v":0.00808280777256168,"d":"0.008"},{"v":-67.7879728213705,"d":"-67.788"},{"v":-10.1291253721259,"d":"-10.129"},{"v":-38.2226614528128,"d":"-38.223"},{"v":14.9063978615043,"d":"14.906"},{"v":0.0103420411153371,"d":"0.010"},{"v":-67.4392012613612,"d":"-67.439"},{"v":-9.00612164426438,"d":"-9.006"}]
["education",null,304,{"v":-9.84859007794937,"d":"-9.849"},{"v":16.0651679502843,"d":"16.065"},{"v":0.539849911285834,"d":"0.540"},{"v":-41.3357406660938,"d":"-41.336"},{"v":21.638560510195,"d":"21.639"},{"v":-4.77721092393982,"d":"-4.777"},{"v":23.1411043878423,"d":"23.141"},{"v":0.836448533259446,"d":"0.836"},{"v":-50.1337755241107,"d":"-50.134"},{"v":40.5793536762311,"d":"40.579"}]
["FEV1/FVC","SA_paracentral",251,{"v":13.4684792183084,"d":"13.468"},{"v":3.55302472779087,"d":"3.553"},{"v":1.50218480691928E-4,"d":"1.502E-04"},{"v":6.50467871565809,"d":"6.505"},{"v":20.4322797209588,"d":"20.432"},{"v":27.4711714226802,"d":"27.471"},{"v":9.13858038372908,"d":"9.139"},{"v":0.00264651962678122,"d":"0.003"},{"v":9.5595538705712,"d":"9.560"},{"v":45.3827889747892,"d":"45.383"}]
["smoking",null,251,{"v":-0.383450890087824,"d":"-0.383"},{"v":1.26027844119622,"d":"1.260"},{"v":0.760930680187697,"d":"0.761"},{"v":-2.85355124532469,"d":"-2.854"},{"v":2.08664946514904,"d":"2.087"},{"v":-0.526414426270926,"d":"-0.526"},{"v":1.26320670137029,"d":"1.263"},{"v":0.676876894324549,"d":"0.677"},{"v":-3.00229956095669,"d":"-3.002"},{"v":1.94947070841484,"d":"1.949"}]
["FEV1/FVC","SA_paracentral",300,{"v":13.71055095207,"d":"13.711"},{"v":3.60586109984295,"d":"3.606"},{"v":0.000143361345743103,"d":"1.434E-04"},{"v":6.64319306312386,"d":"6.643"},{"v":20.7779088410162,"d":"20.778"},{"v":13.7466112520196,"d":"13.747"},{"v":3.60641368183938,"d":"3.606"},{"v":0.000138007472631839,"d":"1.380E-04"},{"v":6.67804043561441,"d":"6.678"},{"v":20.8151820684248,"d":"20.815"}]
["education",null,300,{"v":5.88209279918833,"d":"5.882"},{"v":6.62747268924383,"d":"6.627"},{"v":0.374792650545357,"d":"0.375"},{"v":-7.1075149802524,"d":"-7.108"},{"v":18.8717005786291,"d":"18.872"},{"v":9.60507157290552,"d":"9.605"},{"v":9.29537911579499,"d":"9.295"},{"v":0.301455659196638,"d":"0.301"},{"v":-8.61387149405266,"d":"-8.614"},{"v":27.8240146398637,"d":"27.824"}]
["FEV1","TH_caudal middle frontal",238,{"v":0.00901336622187409,"d":"0.009"},{"v":0.00419822239920513,"d":"0.004"},{"v":0.0317974019555846,"d":"0.032"},{"v":0.00078500152034269,"d":"0.001"},{"v":0.0172417309234055,"d":"0.017"},{"v":0.0161595571923771,"d":"0.016"},{"v":0.0134151316002135,"d":"0.013"},{"v":0.228366691538715,"d":"0.228"},{"v":-0.0101341007440414,"d":"-0.010"},{"v":0.0424532151287956,"d":"0.042"}]
["smoking",null,238,{"v":-0.000935541793157669,"d":"-0.001"},{"v":1.91952884811368E-3,"d":"0.002"},{"v":0.62598839114897,"d":"0.626"},{"v":-4.69774920274613E-3,"d":"-0.005"},{"v":2.8266656164308E-3,"d":"0.003"},{"v":-8.64243565689756E-4,"d":"-0.001"},{"v":0.00192651930354603,"d":"0.002"},{"v":0.653717609907872,"d":"0.654"},{"v":-0.00464022140063997,"d":"-0.005"},{"v":0.00291173426926046,"d":"0.003"}]
["FEV1","TH_caudal middle frontal",279,{"v":0.0107004863682657,"d":"0.011"},{"v":4.45652787646862E-3,"d":"0.004"},{"v":0.0163466980079464,"d":"0.016"},{"v":0.00196585223428849,"d":"0.002"},{"v":0.019435120502243,"d":"0.019"},{"v":0.010751758606619,"d":"0.011"},{"v":0.00457284790010888,"d":"0.005"},{"v":0.0187121078889948,"d":"0.019"},{"v":0.00178897672240559,"d":"0.002"},{"v":0.0197145404908324,"d":"0.020"}]
["education",null,279,{"v":2.62610363491972E-3,"d":"0.003"},{"v":0.0045608520422191,"d":"0.005"},{"v":0.564755556869996,"d":"0.565"},{"v":-0.00631300210664567,"d":"-0.006"},{"v":0.0115652093764851,"d":"0.012"},{"v":0.00288626683833725,"d":"0.003"},{"v":0.00678755042335431,"d":"0.007"},{"v":0.670669363349862,"d":"0.671"},{"v":-0.0104173319914372,"d":"-0.010"},{"v":0.0161898656681117,"d":"0.016"}]
["FVC","TH_caudal middle frontal",292,{"v":0.00654162872193411,"d":"0.007"},{"v":0.00367160108352217,"d":"0.004"},{"v":0.0748009634076516,"d":"0.075"},{"v":-0.000654577167367588,"d":"-0.001"},{"v":0.0137378346112358,"d":"0.014"},{"v":0.00660839262562431,"d":"0.007"},{"v":0.00368519053067941,"d":"0.004"},{"v":0.0729362239410461,"d":"0.073"},{"v":-0.000614580814507332,"d":"-0.001"},{"v":0.013831366065756,"d":"0.014"}]
["smoking",null,292,{"v":-1.58861301657424E-3,"d":"-0.002"},{"v":1.71546611994054E-3,"d":"0.002"},{"v":0.354418295219591,"d":"0.354"},{"v":-0.00495086482835636,"d":"-0.005"},{"v":0.00177363879520788,"d":"0.002"},{"v":-0.00215963334935615,"d":"-0.002"},{"v":0.00266852013440627,"d":"0.003"},{"v":0.418342605257165,"d":"0.418"},{"v":-0.00738993281279244,"d":"-0.007"},{"v":3.07066611408014E-3,"d":"0.003"}]
["FVC","TH_caudal middle frontal",333,{"v":0.00749312295526459,"d":"0.007"},{"v":0.00393239799355299,"d":"0.004"},{"v":0.0567171358888456,"d":"0.057"},{"v":-0.000214235484976837,"d":"-0.000"},{"v":0.015200481395506,"d":"0.015"},{"v":0.00708404165679553,"d":"0.007"},{"v":0.00400320626096471,"d":"0.004"},{"v":0.076795137381694,"d":"0.077"},{"v":-0.000762242614695301,"d":"-0.001"},{"v":0.0149303259282864,"d":"0.015"}]
["education",null,333,{"v":-0.00462400622074422,"d":"-0.005"},{"v":4.617272711667E-3,"d":"0.005"},{"v":0.316605275950304,"d":"0.317"},{"v":-0.0136736944424111,"d":"-0.014"},{"v":0.00442568200092269,"d":"0.004"},{"v":-0.0072915632427433,"d":"-0.007"},{"v":0.00662529194757799,"d":"0.007"},{"v":0.271086103608459,"d":"0.271"},{"v":-0.0202771354599962,"d":"-0.020"},{"v":0.00569400897450956,"d":"0.006"}]
["FVC","TH_parsopercularis",272,{"v":0.0115174495171543,"d":"0.012"},{"v":0.00352087404638347,"d":"0.004"},{"v":0.00107095765406387,"d":"0.001"},{"v":0.00461666319214086,"d":"0.005"},{"v":0.0184182358421677,"d":"0.018"},{"v":0.0115365521404844,"d":"0.012"},{"v":3.52951453310497E-3,"d":"0.004"},{"v":1.08083040155478E-3,"d":"0.001"},{"v":0.00461870365559866,"d":"0.005"},{"v":0.0184544006253701,"d":"0.018"}]
["smoking",null,272,{"v":-0.000802976295118714,"d":"-0.001"},{"v":0.0016599134226529,"d":"0.002"},{"v":0.628566221280676,"d":"0.629"},{"v":-0.00405634682097302,"d":"-0.004"},{"v":0.00245039423073559,"d":"0.002"},{"v":-0.000956745757016031,"d":"-0.001"},{"v":2.5889497212712E-3,"d":"0.003"},{"v":0.711717988090014,"d":"0.712"},{"v":-0.00603108721070758,"d":"-0.006"},{"v":0.00411759569667552,"d":"0.004"}]
["FVC","TH_parsopercularis",314,{"v":0.0128217744623586,"d":"0.013"},{"v":0.00370748173731298,"d":"0.004"},{"v":0.000543492104260145,"d":"5.435E-04"},{"v":0.0055552437838852,"d":"0.006"},{"v":0.0200883051408321,"d":"0.020"},{"v":0.013265769528371,"d":"0.013"},{"v":0.00375921323724823,"d":"0.004"},{"v":0.000417340307322157,"d":"4.173E-04"},{"v":0.00589771158336447,"d":"0.006"},{"v":0.0206338274733775,"d":"0.021"}]
["education",null,314,{"v":-0.0022246607134125,"d":"-0.002"},{"v":0.00414790611845941,"d":"0.004"},{"v":0.59172813073899,"d":"0.592"},{"v":-0.0103544073168463,"d":"-0.010"},{"v":0.00590508589002127,"d":"0.006"},{"v":0.000897510587484152,"d":"0.001"},{"v":0.0059434476667778,"d":"0.006"},{"v":0.879969081041015,"d":"0.880"},{"v":-0.0107516468394003,"d":"-0.011"},{"v":0.0125466680143686,"d":"0.013"}]
["FVC","TH_entorhinal",268,{"v":-0.0283721437793345,"d":"-0.028"},{"v":0.0119142115798824,"d":"0.012"},{"v":0.0172483864382443,"d":"0.017"},{"v":-0.0517235693800941,"d":"-0.052"},{"v":-0.00502071817857484,"d":"-0.005"},{"v":-0.0277983371940748,"d":"-0.028"},{"v":0.011966082890452,"d":"0.012"},{"v":0.0201740950351967,"d":"0.020"},{"v":-0.0512518596593607,"d":"-0.051"},{"v":-0.00434481472878888,"d":"-0.004"}]
["smoking",null,268,{"v":-0.00657488792262086,"d":"-0.007"},{"v":0.00544005438211822,"d":"0.005"},{"v":0.226813857639027,"d":"0.227"},{"v":-0.0172371985855119,"d":"-0.017"},{"v":0.00408742274027015,"d":"0.004"},{"v":-0.00985661749164557,"d":"-0.010"},{"v":0.00837326567431378,"d":"0.008"},{"v":0.239134316228028,"d":"0.239"},{"v":-0.0262682182133006,"d":"-0.026"},{"v":0.00655498323000944,"d":"0.007"}]
["FVC","TH_entorhinal",312,{"v":-0.0199916277159577,"d":"-0.020"},{"v":0.0121661196896098,"d":"0.012"},{"v":0.100337142476257,"d":"0.100"},{"v":-0.0438367841391965,"d":"-0.044"},{"v":3.85352870728101E-3,"d":"0.004"},{"v":-0.0179611074992338,"d":"-0.018"},{"v":0.0123464705225618,"d":"0.012"},{"v":0.14573670149243,"d":"0.146"},{"v":-0.0421601897234549,"d":"-0.042"},{"v":6.23797472498733E-3,"d":"0.006"}]
["education",null,312,{"v":-0.0230020263728035,"d":"-0.023"},{"v":0.0135962912585005,"d":"0.014"},{"v":0.0906866271967337,"d":"0.091"},{"v":-0.0496502675627813,"d":"-0.050"},{"v":3.64621481717431E-3,"d":"0.004"},{"v":-0.00911828418031476,"d":"-0.009"},{"v":0.019753819117227,"d":"0.020"},{"v":0.644371053024634,"d":"0.644"},{"v":-0.0478357696500797,"d":"-0.048"},{"v":0.0295992012894502,"d":"0.030"}]
["FVC","TH_inferior temporal",289,{"v":-0.00876971953135975,"d":"-0.009"},{"v":0.00447821142181568,"d":"0.004"},{"v":0.0501938229828486,"d":"0.050"},{"v":-0.0175468526332744,"d":"-0.018"},{"v":7.41357055489451e-06,"d":"0.000"},{"v":-0.00889738096817337,"d":"-0.009"},{"v":0.00449641821789099,"d":"0.004"},{"v":0.047841820155621,"d":"0.048"},{"v":-0.0177103606752397,"d":"-0.018"},{"v":-8.44012611070279e-05,"d":"-0.000"}]
["smoking",null,289,{"v":-0.00107009435337908,"d":"-0.001"},{"v":2.07872080953904E-3,"d":"0.002"},{"v":0.606703247688763,"d":"0.607"},{"v":-0.00514431227398955,"d":"-0.005"},{"v":0.00300412356723139,"d":"0.003"},{"v":-8.42483068403269e-05,"d":"-0.000"},{"v":0.00324838267594539,"d":"0.003"},{"v":0.979308814626395,"d":"0.979"},{"v":-0.00645107835169329,"d":"-0.006"},{"v":0.00628258173801264,"d":"0.006"}]
["FVC","TH_inferior temporal",330,{"v":-6.71493035089371E-3,"d":"-0.007"},{"v":0.00452761350240673,"d":"0.005"},{"v":0.138046273628963,"d":"0.138"},{"v":-0.0155888897515282,"d":"-0.016"},{"v":2.15902904974073E-3,"d":"0.002"},{"v":-0.00662821091499261,"d":"-0.007"},{"v":0.00461152770582073,"d":"0.005"},{"v":0.150628941530554,"d":"0.151"},{"v":-0.0156668052184012,"d":"-0.016"},{"v":0.00241038338841602,"d":"0.002"}]
["education",null,330,{"v":-0.0157888172758862,"d":"-0.016"},{"v":0.00524317422856316,"d":"0.005"},{"v":0.00260124070779596,"d":"0.003"},{"v":-0.0260652499285385,"d":"-0.026"},{"v":-0.00551238462323377,"d":"-0.006"},{"v":-0.015237556256768,"d":"-0.015"},{"v":0.00748718939586369,"d":"0.007"},{"v":0.0418357452277524,"d":"0.042"},{"v":-0.0299124474726608,"d":"-0.030"},{"v":-5.62665040875168E-4,"d":"-0.001"}]
["FEV1/FVC","temporal pole",278,{"v":0.0131616737234184,"d":"0.013"},{"v":6.06744560086448E-3,"d":"0.006"},{"v":0.0300653678953674,"d":"0.030"},{"v":0.00126969886756804,"d":"0.001"},{"v":0.0250536485792688,"d":"0.025"},{"v":0.00704741226389003,"d":"0.007"},{"v":0.0147847604123436,"d":"0.015"},{"v":0.633599030569638,"d":"0.634"},{"v":-0.0219307181443034,"d":"-0.022"},{"v":0.0360255426720835,"d":"0.036"}]
["smoking",null,278,{"v":-0.00231406117328552,"d":"-0.002"},{"v":2.32119451873662E-3,"d":"0.002"},{"v":0.318800010753164,"d":"0.319"},{"v":-0.00686351883112108,"d":"-0.007"},{"v":2.23539648455004E-3,"d":"0.002"},{"v":-0.00226069690031859,"d":"-0.002"},{"v":0.00232751622002125,"d":"0.002"},{"v":0.331403101908952,"d":"0.331"},{"v":-0.00682262869156024,"d":"-0.007"},{"v":0.00230123489092306,"d":"0.002"}]
["FEV1/FVC","temporal pole",329,{"v":0.0124689988365558,"d":"0.012"},{"v":0.00624867528529295,"d":"0.006"},{"v":0.0459924317696352,"d":"0.046"},{"v":2.21820326296085E-4,"d":"0.000"},{"v":0.0247161773468155,"d":"0.025"},{"v":0.0127062371674856,"d":"0.013"},{"v":6.23521954493092E-3,"d":"0.006"},{"v":0.0415682250811658,"d":"0.042"},{"v":0.000485206859420998,"d":"0.000"},{"v":0.0249272674755502,"d":"0.025"}]
["education",null,329,{"v":0.0152304699488123,"d":"0.015"},{"v":0.0124830562587884,"d":"0.012"},{"v":0.222430217353763,"d":"0.222"},{"v":-9.23587073540026E-3,"d":"-0.009"},{"v":0.0396968106330248,"d":"0.040"},{"v":-0.00393296098970192,"d":"-0.004"},{"v":0.0172199541816699,"d":"0.017"},{"v":0.819338744861509,"d":"0.819"},{"v":-0.0376840711857749,"d":"-0.038"},{"v":0.0298181492063711,"d":"0.030"}]
["FEV1","brainstem",208,{"v":0.222750903864458,"d":"0.223"},{"v":0.0505780860076025,"d":"0.051"},{"v":1.06224372371552E-5,"d":"1.062E-05"},{"v":0.123619676882588,"d":"0.124"},{"v":0.321882130846328,"d":"0.322"},{"v":0.214501533233719,"d":"0.215"},{"v":0.15903937530689,"d":"0.159"},{"v":0.177422985426351,"d":"0.177"},{"v":-0.0972156423677853,"d":"-0.097"},{"v":0.526218708835223,"d":"0.526"}]
["smoking",null,208,{"v":-0.0187021085906523,"d":"-0.019"},{"v":0.023878073243622,"d":"0.024"},{"v":0.43348996391985,"d":"0.433"},{"v":-0.0655022721683609,"d":"-0.066"},{"v":0.0280980549870562,"d":"0.028"},{"v":-0.0187512264413846,"d":"-0.019"},{"v":0.0238949448571293,"d":"0.024"},{"v":0.432608297422927,"d":"0.433"},{"v":-0.065585318361358,"d":"-0.066"},{"v":0.0280828654785888,"d":"0.028"}]
["FEV1","brainstem",249,{"v":0.221109801950232,"d":"0.221"},{"v":0.062210807814259,"d":"0.062"},{"v":0.000379127330439596,"d":"3.791E-04"},{"v":0.0991788591851411,"d":"0.099"},{"v":0.343040744715322,"d":"0.343"},{"v":0.231018409322156,"d":"0.231"},{"v":0.0639656261740449,"d":"0.064"},{"v":0.000304310873232993,"d":"3.043E-04"},{"v":0.105645782021028,"d":"0.106"},{"v":0.356391036623284,"d":"0.356"}]
["education",null,249,{"v":0.0888815694701671,"d":"0.089"},{"v":0.0592543116007132,"d":"0.059"},{"v":0.133613956334676,"d":"0.134"},{"v":-0.0272547471959448,"d":"-0.027"},{"v":0.205017886136279,"d":"0.205"},{"v":0.133443676817842,"d":"0.133"},{"v":0.0884641747971901,"d":"0.088"},{"v":0.131439705616862,"d":"0.131"},{"v":-0.0399461057846506,"d":"-0.040"},{"v":0.306833459420335,"d":"0.307"}]
["FVC","brainstem",246,{"v":0.204733078431276,"d":"0.205"},{"v":0.0453894904978333,"d":"0.045"},{"v":6.46496035876398E-6,"d":"6.465E-06"},{"v":0.1157713117789,"d":"0.116"},{"v":0.293694845083652,"d":"0.294"},{"v":0.203900444843626,"d":"0.204"},{"v":0.0455305247838428,"d":"0.046"},{"v":7.52313358631695e-06,"d":"7.523E-06"},{"v":0.114660616267294,"d":"0.115"},{"v":0.293140273419958,"d":"0.293"}]
["smoking",null,246,{"v":-0.0178373088744269,"d":"-0.018"},{"v":0.0210635447209689,"d":"0.021"},{"v":0.397088102911882,"d":"0.397"},{"v":-0.0591210979142748,"d":"-0.059"},{"v":0.0234464801654209,"d":"0.023"},{"v":-0.0119662997742052,"d":"-0.012"},{"v":0.0328816776787695,"d":"0.033"},{"v":0.715917757709401,"d":"0.716"},{"v":-0.0764143880245934,"d":"-0.076"},{"v":0.052481788476183,"d":"0.052"}]
["FVC","brainstem",291,{"v":0.208598731011681,"d":"0.209"},{"v":0.0526272979165937,"d":"0.053"},{"v":7.37975096225251E-5,"d":"7.380E-05"},{"v":0.105451122491498,"d":"0.105"},{"v":0.311746339531865,"d":"0.312"},{"v":0.217069616195467,"d":"0.217"},{"v":0.0538524794867555,"d":"0.054"},{"v":5.55827533871446e-05,"d":"5.558E-05"},{"v":0.111518756401426,"d":"0.112"},{"v":0.322620475989508,"d":"0.323"}]
["education",null,291,{"v":0.157085826191845,"d":"0.157"},{"v":0.0577029542898314,"d":"0.058"},{"v":6.48256104161706E-3,"d":"0.006"},{"v":0.0439901139822141,"d":"0.044"},{"v":0.270181538401475,"d":"0.270"},{"v":0.201669502665958,"d":"0.202"},{"v":0.0826653638746526,"d":"0.083"},{"v":0.014703984987234,"d":"0.015"},{"v":0.0396453894716389,"d":"0.040"},{"v":0.363693615860277,"d":"0.364"}]
["FEV1/FVC","amygdala",245,{"v":0.0765077036666832,"d":"0.077"},{"v":0.0252662785067867,"d":"0.025"},{"v":0.00246132554178388,"d":"0.002"},{"v":0.0269867077700228,"d":"0.027"},{"v":0.126028699563344,"d":"0.126"},{"v":0.0552714877195651,"d":"0.055"},{"v":0.0640928463758443,"d":"0.064"},{"v":0.388486177110023,"d":"0.388"},{"v":-0.0703504911770897,"d":"-0.070"},{"v":0.18089346661622,"d":"0.181"}]
["smoking",null,245,{"v":-0.00473273247205864,"d":"-0.005"},{"v":0.00911283043757199,"d":"0.009"},{"v":0.603517917258585,"d":"0.604"},{"v":-0.0225935519269201,"d":"-0.023"},{"v":0.0131280869828028,"d":"0.013"},{"v":-0.00455839039940798,"d":"-0.005"},{"v":0.00912565165784406,"d":"0.009"},{"v":0.617417354518602,"d":"0.617"},{"v":-0.0224446676487823,"d":"-0.022"},{"v":0.0133278868499664,"d":"0.013"}]
["FEV1/FVC","amygdala",293,{"v":0.084971566697212,"d":"0.085"},{"v":0.0255384724498381,"d":"0.026"},{"v":0.000877238671031477,"d":"8.772E-04"},{"v":0.0349170804753609,"d":"0.035"},{"v":0.135026052919063,"d":"0.135"},{"v":0.0844470953295492,"d":"0.084"},{"v":0.025572950752897,"d":"0.026"},{"v":0.000959283413661937,"d":"9.593E-04"},{"v":0.0343241118538711,"d":"0.034"},{"v":0.134570078805227,"d":"0.135"}]
["education",null,293,{"v":0.143136127718644,"d":"0.143"},{"v":0.0482845788439896,"d":"0.048"},{"v":0.00303246804096748,"d":"0.003"},{"v":0.0485000921757403,"d":"0.049"},{"v":0.237772163261549,"d":"0.238"},{"v":0.161655080818857,"d":"0.162"},{"v":0.0672942597412725,"d":"0.067"},{"v":0.0162962593635494,"d":"0.016"},{"v":0.0297583317259629,"d":"0.030"},{"v":0.293551829911751,"d":"0.294"}]
[]
["Notes: MR, Mendelian randomization; SA, surface area; TH, thickness; IVW, inverse variance weighted; IVs, instrumental variables; β, estimate coefficient; SE, standard error of coefficient estimate; CI, confidence interval; FEV1, forced expiratory volume in one second; FVC, forced vital capacity."]

{"sheet":"Table S8","index":7,"n_rows":24,"n_cols":13,"rows_kept":24,"merged":[[0,0,0,12],[1,0,2,0],[1,1,2,1],[1,2,1,4],[1,5,1,7],[1,8,1,9],[1,10,1,12],[23,0,24,12]]}
["Supplementary Table S8. Heterogeneity and pleiotropy assessment for the identified univariable MR analysis results."]
["Exposure","Outcome","Cochrane’s Q test              \n (MR Egger)",null,null,"Cochrane’s Q test              \n (IVW)",null,null,"MR-PRESSO    global test",null,"MR-Egger intercept"]
[null,null,"Q’ test","Q_df","P value","Q’ test","Q_df","P value","RSSobs","P value","Egger_intercept","SE","P value"]
["FEV1","SA_total",{"v":192.856571514718,"d":"192.857"},202,{"v":0.665911318067197,"d":"0.666"},{"v":194.600687443837,"d":"194.601"},203,{"v":0.651559267295876,"d":"0.652"},{"v":196.6569,"d":"196.657"},{"v":0.67,"d":"0.670"},{"v":38.4174332326475,"d":"38.417"},{"v":29.0897956812653,"d":"29.090"},{"v":0.188112427771226,"d":"0.188"}]
["FEV1","SA_supramarginal",{"v":184.745100616028,"d":"184.745"},222,{"v":0.967539788713455,"d":"0.968"},{"v":185.017801584191,"d":"185.018"},223,{"v":0.96995262911528,"d":"0.970"},{"v":186.7774,"d":"186.777"},0.972,{"v":-0.332776945250265,"d":"-0.333"},{"v":0.637250068586089,"d":"0.637"},{"v":0.60204634737433,"d":"0.602"}]
["FEV1","SA_lingual",{"v":159.035910430044,"d":"159.036"},212,{"v":0.99737416867382,"d":"0.997"},{"v":159.204414872157,"d":"159.204"},213,{"v":0.997688237182156,"d":"0.998"},{"v":160.7174,"d":"160.717"},0.998,{"v":-0.259156405299225,"d":"-0.259"},{"v":0.631329772148323,"d":"0.631"},{"v":0.681858958516555,"d":"0.682"}]
["FVC","SA_total",{"v":275.180228185428,"d":"275.180"},252,{"v":0.151048310146627,"d":"0.151"},{"v":275.191437157893,"d":"275.191"},253,{"v":0.161451699950872,"d":"0.161"},{"v":277.4275,"d":"277.428"},{"v":0.1823333,"d":"0.182"},{"v":2.54682738335542,"d":"2.547"},{"v":25.1376660502041,"d":"25.138"},{"v":0.919380823503215,"d":"0.919"}]
["FVC","SA_parsopercularis",{"v":233.50992418783,"d":"233.510"},276,{"v":0.970074278409569,"d":"0.970"},{"v":236.067637100797,"d":"236.068"},277,{"v":0.964404246433383,"d":"0.964"},{"v":237.9056,"d":"237.906"},{"v":0.9666667,"d":"0.967"},{"v":0.437387323365554,"d":"0.437"},{"v":0.273489271152507,"d":"0.273"},{"v":0.11090134145748,"d":"0.111"}]
["FVC","SA_insula",{"v":216.494470982516,"d":"216.494"},262,{"v":0.981543225927631,"d":"0.982"},{"v":216.569428955115,"d":"216.569"},263,{"v":0.983335098748051,"d":"0.983"},{"v":218.2243,"d":"218.224"},0.981,{"v":-0.0775918433120199,"d":"-0.078"},{"v":0.283404768634815,"d":"0.283"},{"v":0.784465923398275,"d":"0.784"}]
["FVC","SA_inferior parietal",{"v":236.966701013479,"d":"236.967"},276,{"v":0.957113610908897,"d":"0.957"},{"v":238.127417556785,"d":"238.127"},277,{"v":0.95610140382237,"d":"0.956"},239.802,{"v":0.9603333,"d":"0.960"},{"v":-0.709461232144677,"d":"-0.709"},{"v":0.658514863006921,"d":"0.659"},{"v":0.282257735090675,"d":"0.282"}]
["FVC","SA_cuneus",{"v":207.697308300945,"d":"207.697"},273,{"v":0.998760156551733,"d":"0.999"},{"v":209.62554307607,"d":"209.626"},274,{"v":0.998518798974691,"d":"0.999"},{"v":211.2789,"d":"211.279"},0.999,{"v":-0.328933578580718,"d":"-0.329"},{"v":0.23687992365943,"d":"0.237"},{"v":0.166083586452728,"d":"0.166"}]
["FVC","SA_lateral occipital",{"v":223.776094737183,"d":"223.776"},263,{"v":0.961974700868982,"d":"0.962"},{"v":224.299643625537,"d":"224.300"},264,{"v":0.963548463023048,"d":"0.964"},{"v":225.9544,"d":"225.954"},{"v":0.9606667,"d":"0.961"},{"v":0.456845377005728,"d":"0.457"},{"v":0.631379698768062,"d":"0.631"},{"v":0.469974799395042,"d":"0.470"}]
["FEV1/FVC","SA_paracentral",{"v":205.209166724715,"d":"205.209"},252,{"v":0.986065071752379,"d":"0.986"},{"v":207.893462872093,"d":"207.893"},253,{"v":0.982504501766385,"d":"0.983"},{"v":209.4918,"d":"209.492"},0.982,{"v":-0.352636306972151,"d":"-0.353"},{"v":0.21523446276112,"d":"0.215"},{"v":0.102589915685237,"d":"0.103"}]
["FEV1","TH_caudal middle frontal",{"v":278.392718345923,"d":"278.393"},241,{"v":0.049236232753658,"d":"0.049"},{"v":278.782301850208,"d":"278.782"},242,{"v":0.0521925025310858,"d":"0.052"},{"v":281.2366,"d":"281.237"},0.053,{"v":-0.000114225450163434,"d":"-0.000"},{"v":0.000196690331807223,"d":"0.000"},{"v":0.561960039950919,"d":"0.562"}]
["FVC","TH_caudal middle frontal",{"v":325.933836271453,"d":"325.934"},297,{"v":0.119435493914225,"d":"0.119"},{"v":326.08560539922,"d":"326.086"},298,{"v":0.126465548548446,"d":"0.126"},{"v":328.5912,"d":"328.591"},{"v":0.1113333,"d":"0.111"},{"v":-5.73093609787806e-05,"d":"-0.000"},{"v":1.54106283299712E-4,"d":"0.000"},{"v":0.710245852855222,"d":"0.710"}]
["FVC","TH_parsopercularis",{"v":234.436729513604,"d":"234.437"},275,{"v":0.963595821202266,"d":"0.964"},{"v":234.553308576471,"d":"234.553"},276,{"v":0.966545679223745,"d":"0.967"},{"v":236.2694,"d":"236.269"},0.967,{"v":5.11769491415389e-05,"d":"0.000"},{"v":0.000149887050091313,"d":"0.000"},{"v":0.733035547884123,"d":"0.733"}]
["FVC","TH_entorhinal",{"v":211.610256137185,"d":"211.610"},273,{"v":0.997641648653028,"d":"0.998"},{"v":211.615502346388,"d":"211.616"},274,{"v":0.997948509483922,"d":"0.998"},213.112,{"v":0.9966667,"d":"0.997"},{"v":3.62712154807434e-05,"d":"0.000"},{"v":0.000500771157175313,"d":"0.001"},{"v":0.942312174216619,"d":"0.942"}]
["FVC","TH_inferior temporal",{"v":326.933978123294,"d":"326.934"},294,{"v":0.0904832016921086,"d":"0.090"},{"v":331.198629573385,"d":"331.199"},295,{"v":0.072073451432702,"d":"0.072"},{"v":333.5863,"d":"333.586"},0.069,{"v":3.64442575407227E-4,"d":"0.000"},{"v":1.86098854647695E-4,"d":"0.000"},{"v":0.0511369221678823,"d":"0.051"}]
["FEV1/FVC","TH_temporal pole",{"v":282.512741143324,"d":"282.513"},282,{"v":0.480200855838647,"d":"0.480"},{"v":282.788480277907,"d":"282.788"},283,{"v":0.492366492688076,"d":"0.492"},{"v":284.8552,"d":"284.855"},0.466,{"v":0.000188173088188499,"d":"0.000"},{"v":3.58676376428129E-4,"d":"0.000"},{"v":0.600251228526741,"d":"0.600"}]
["FEV1","brainstem",{"v":185.729008879864,"d":"185.729"},208,{"v":0.864450042670495,"d":"0.864"},{"v":185.729246864265,"d":"185.729"},209,{"v":0.875031248032678,"d":"0.875"},{"v":187.4863,"d":"187.486"},{"v":0.8933333,"d":"0.893"},{"v":3.59975300913233e-05,"d":"0.000"},{"v":2.3334497752242E-3,"d":"0.002"},{"v":0.987706515095125,"d":"0.988"}]
["FVC","brainstem",{"v":221.765911042722,"d":"221.766"},248,{"v":0.883376445523176,"d":"0.883"},{"v":221.765946538091,"d":"221.766"},249,{"v":0.892103497968893,"d":"0.892"},223.546,0.894,{"v":-1.13382410490089e-05,"d":"-0.000"},{"v":0.00190309223583223,"d":"0.002"},{"v":0.995251181900141,"d":"0.995"}]
["FEV1/FVC","amygdala",{"v":185.744702427447,"d":"185.745"},247,{"v":0.998619385021671,"d":"0.999"},{"v":185.952242124336,"d":"185.952"},248,{"v":0.998773055087322,"d":"0.999"},{"v":187.3244,"d":"187.324"},{"v":0.9986667,"d":"0.999"},{"v":0.000700189687692295,"d":"0.001"},{"v":0.00153696904645985,"d":"0.002"},{"v":0.649102863070873,"d":"0.649"}]
[]
["Notes: MR, Mendelian randomization; IVW, inverse variance weighted; MR-PRESSO, Mendelian randomization pleiotropy residual sum and outlier; RSSobs, observed residual sum of squares; SE, standard error of coefficient estimate; FEV1, forced expiratory volume in one second; FVC, forced vital capacity; SA, surface area; TH, thickness."]

{"sheet":"Table S9","index":8,"n_rows":43,"n_cols":9,"rows_kept":43,"merged":[[0,0,0,5],[1,0,2,0],[1,1,2,1],[1,2,1,3],[1,4,1,5],[1,6,1,8],[3,1,4,1],[5,1,6,1],[7,1,8,1],[9,1,10,1],[11,1,12,1],[13,1,14,1],[15,1,16,1],[17,1,18,1],[19,1,20,1],[21,1,22,1],[23,1,24,1],[25,1,26,1],[27,1,28,1],[29,1,30,1],[31,1,32,1],[33,1,34,1],[35,1,36,1],[37,1,38,1],[39,1,40,1],[42,0,43,8]]}
["Supplementary Table S9. Heterogeneity and pleiotropy assessment for the multivariable MR analysis results."]
["Exposure","Outcome","Cochrane’s Q test              \n (MR Egger)",null,"Cochrane’s Q test              \n (IVW)",null,"MR-Egger intercept"]
[null,null,"Q’ test","P value","Q’ test","P value","Egger_intercept","SE","P value"]
["FEV1, smoking","SA_total",{"v":312.789297682365,"d":"312.789"},{"v":1.14967112073495E-6,"d":"0.000"},{"v":313.394170197357,"d":"313.394"},{"v":1.29007984900308E-6,"d":"0.000"},{"v":-22.2472041742353,"d":"-22.247"},{"v":35.5076097957063,"d":"35.508"},{"v":0.530955890836777,"d":"0.531"}]
["FEV1, education",null,{"v":435.120450890835,"d":"435.120"},{"v":1.13957406731605E-12,"d":"0.000"},{"v":436.494638591126,"d":"436.495"},{"v":1.12432671746441e-12,"d":"0.000"},{"v":-14.7016167226349,"d":"-14.702"},{"v":16.6793553819866,"d":"16.679"},{"v":0.378087315381177,"d":"0.378"}]
["FEV1, smoking","SA_supramarginal",{"v":174.925376089298,"d":"174.925"},{"v":0.981460446584077,"d":"0.981"},{"v":175.396082901344,"d":"175.396"},{"v":0.982511766945824,"d":"0.983"},{"v":-0.445957651465615,"d":"-0.446"},{"v":0.650007515350447,"d":"0.650"},{"v":0.492662181567042,"d":"0.493"}]
["FEV1, education",null,{"v":242.546074773689,"d":"242.546"},{"v":0.774523954959339,"d":"0.775"},{"v":243.482063237495,"d":"243.482"},{"v":0.774949577088639,"d":"0.775"},{"v":0.266189017765444,"d":"0.266"},{"v":0.275140730301587,"d":"0.275"},{"v":0.333311645907869,"d":"0.333"}]
["FEV1, smoking","SA_lingual",{"v":173.534858057947,"d":"173.535"},{"v":0.956325258906613,"d":"0.956"},{"v":173.588852112803,"d":"173.589"},{"v":0.960556209967075,"d":"0.961"},{"v":-0.149932800017343,"d":"-0.150"},{"v":0.645243561787664,"d":"0.645"},{"v":0.816253592381639,"d":"0.816"}]
["FEV1, education",null,{"v":303.702799110274,"d":"303.703"},{"v":0.0217491993371669,"d":"0.022"},{"v":304.771085487047,"d":"304.771"},{"v":0.021792051076128,"d":"0.022"},{"v":-0.265989825228785,"d":"-0.266"},{"v":0.280301610931354,"d":"0.280"},{"v":0.342650376757929,"d":"0.343"}]
["FVC, smoking","SA_total",{"v":366.553679889608,"d":"366.554"},{"v":1.73781706877712e-06,"d":"0.000"},{"v":367.874874028596,"d":"367.875"},{"v":1.70484119697068E-6,"d":"0.000"},{"v":15.1317296158486,"d":"15.132"},{"v":15.9725542387978,"d":"15.973"},{"v":0.343456303027848,"d":"0.343"}]
["FVC, education",null,{"v":527.907790912887,"d":"527.908"},{"v":4.57449231328069e-16,"d":"0.000"},{"v":528.413388261487,"d":"528.413"},{"v":5.52539781208552e-16,"d":"0.000"},{"v":-8.02939139462536,"d":"-8.029"},{"v":15.2356248738422,"d":"15.236"},{"v":0.598183693787676,"d":"0.598"}]
["FVC, smoking","SA_parsopercularis",{"v":251.739891870706,"d":"251.740"},{"v":0.767845958793703,"d":"0.768"},{"v":255.248748342655,"d":"255.249"},{"v":0.731682557754418,"d":"0.732"},{"v":0.290421662139318,"d":"0.290"},{"v":0.155040872831994,"d":"0.155"},{"v":0.0610415743936375,"d":"0.061"}]
["FVC, education",null,{"v":317.412673958452,"d":"317.413"},{"v":0.451280549827011,"d":"0.451"},{"v":324.649437621416,"d":"324.649"},{"v":0.356649565426248,"d":"0.357"},{"v":-0.350026847598792,"d":"-0.350"},{"v":0.130612883325811,"d":"0.131"},{"v":7.36485674660036E-3,"d":"0.007"}]
["FVC, smoking","SA_insula",{"v":279.494488002779,"d":"279.494"},{"v":0.182237017542723,"d":"0.182"},{"v":279.68826592584,"d":"279.688"},{"v":0.191721571533924,"d":"0.192"},{"v":0.0655934594403574,"d":"0.066"},{"v":0.154790794645131,"d":"0.155"},{"v":0.671744092983514,"d":"0.672"}]
["FVC, education",null,{"v":408.211184523735,"d":"408.211"},{"v":3.68546799273927e-05,"d":"0.000"},{"v":408.398569216758,"d":"408.399"},{"v":4.2203352373791e-05,"d":"0.000"},{"v":0.0557168914553714,"d":"0.056"},{"v":0.14989219680727,"d":"0.150"},{"v":0.710106478788765,"d":"0.710"}]
["FVC, smoking","SA_inferior parietal",{"v":291.991046531621,"d":"291.991"},{"v":0.170977150654837,"d":"0.171"},{"v":294.767109480888,"d":"294.767"},{"v":0.15364685158787,"d":"0.154"},{"v":-0.621673729608052,"d":"-0.622"},{"v":0.388016993151064,"d":"0.388"},{"v":0.109115433352544,"d":"0.109"}]
["FVC, education",null,{"v":384.00348136219,"d":"384.003"},{"v":0.00333695641500279,"d":"0.003"},{"v":384.155571249747,"d":"384.156"},{"v":3.68837660484509E-3,"d":"0.004"},{"v":0.124357319800726,"d":"0.124"},{"v":0.353762234004366,"d":"0.354"},{"v":0.725192293063961,"d":"0.725"}]
["FVC, smoking","SA_cuneus",{"v":201.171742304719,"d":"201.172"},{"v":0.998664347817047,"d":"0.999"},{"v":203.463232473899,"d":"203.463"},{"v":0.998300939135496,"d":"0.998"},{"v":0.200496056111152,"d":"0.200"},{"v":0.132448436191933,"d":"0.132"},{"v":0.130084975340745,"d":"0.130"}]
["FVC, education",null,{"v":280.967342825642,"d":"280.967"},{"v":0.86339784031523,"d":"0.863"},{"v":280.969293589338,"d":"280.969"},{"v":0.872137218762229,"d":"0.872"},{"v":-5.02455642465564E-3,"d":"-0.005"},{"v":0.113761522368453,"d":"0.114"},{"v":0.964770927344177,"d":"0.965"}]
["FVC, smoking","SA_lateral occipital",{"v":219.364123872436,"d":"219.364"},{"v":0.952901249124154,"d":"0.953"},{"v":219.95329261888,"d":"219.953"},{"v":0.954499639837178,"d":"0.954"},{"v":0.258736152145321,"d":"0.259"},{"v":0.337083321565967,"d":"0.337"},{"v":0.44274073943831,"d":"0.443"}]
["FVC, education",null,{"v":286.723332761326,"d":"286.723"},{"v":0.713640546525778,"d":"0.714"},{"v":286.816039795349,"d":"286.816"},{"v":0.726163150833297,"d":"0.726"},{"v":-0.0868230239289018,"d":"-0.087"},{"v":0.285153406552828,"d":"0.285"},{"v":0.760763523968441,"d":"0.761"}]
["FEV1/FVC, smoking","SA_paracentral",{"v":233.543860045094,"d":"233.544"},{"v":0.736329791003048,"d":"0.736"},{"v":236.309783459046,"d":"236.310"},{"v":0.708364105289723,"d":"0.708"},{"v":-0.360301136630594,"d":"-0.360"},{"v":0.216643446869867,"d":"0.217"},{"v":0.0962911079638825,"d":"0.096"}]
["FEV1/FVC, education",null,{"v":285.558728458573,"d":"285.559"},{"v":0.672981646876435,"d":"0.673"},{"v":285.885007872812,"d":"285.885"},{"v":0.682867581462847,"d":"0.683"},{"v":-0.0611678470225268,"d":"-0.061"},{"v":0.10708493010567,"d":"0.107"},{"v":0.567858160583566,"d":"0.568"}]
["FEV1, smoking","TH_caudal middle frontal",{"v":274.431543165563,"d":"274.432"},{"v":0.0395112413994007,"d":"0.040"},{"v":274.799016111397,"d":"274.799"},{"v":0.0421084785079117,"d":"0.042"},{"v":-1.12668026861785E-4,"d":"-0.000"},{"v":2.00849653081574E-4,"d":"0.000"},{"v":0.574826823825855,"d":"0.575"}]
["FEV1, education",null,{"v":348.773102068779,"d":"348.773"},{"v":1.93563668314366E-3,"d":"0.002"},{"v":348.776496939626,"d":"348.776"},{"v":2.202037811131E-3,"d":"0.002"},{"v":-4.6260282106298e-06,"d":"-0.000"},{"v":8.92511045306168e-05,"d":"0.000"},{"v":0.958662870323672,"d":"0.959"}]
["FVC, smoking","TH_caudal middle frontal",{"v":320.354292320695,"d":"320.354"},{"v":0.0989998842592735,"d":"0.099"},{"v":320.440993625416,"d":"320.441"},{"v":0.105696584556315,"d":"0.106"},{"v":2.42379743260781e-05,"d":"0.000"},{"v":8.66662203893969e-05,"d":"0.000"},{"v":0.779730409268747,"d":"0.780"}]
["FVC, education",null,{"v":410.96080611579,"d":"410.961"},{"v":0.00158521792792563,"d":"0.002"},{"v":411.354112460417,"d":"411.354"},{"v":0.001714330263112,"d":"0.002"},{"v":4.46836702382491e-05,"d":"0.000"},{"v":7.95108862612455e-05,"d":"0.000"},{"v":0.574128425681037,"d":"0.574"}]
["FVC, smoking","TH_parsopercularis",{"v":250.711420205546,"d":"250.711"},{"v":0.781767376387145,"d":"0.782"},{"v":250.717410315078,"d":"250.717"},{"v":0.794331204093044,"d":"0.794"},{"v":6.29686434661446e-06,"d":"0.000"},{"v":8.13592535728498e-05,"d":"0.000"},{"v":0.93830868354953,"d":"0.938"}]
["FVC, education",null,{"v":337.401052237675,"d":"337.401"},{"v":0.145350981548222,"d":"0.145"},{"v":337.985526780658,"d":"337.986"},{"v":0.149353055903887,"d":"0.149"},{"v":-5.29741198388334e-05,"d":"-0.000"},{"v":7.21728693076762e-05,"d":"0.000"},{"v":0.462955208604548,"d":"0.463"}]
["FVC, smoking","TH_entorhinal",{"v":205.504350337407,"d":"205.504"},{"v":0.997267705267934,"d":"0.997"},{"v":205.770155956389,"d":"205.770"},{"v":0.997522012455245,"d":"0.998"},{"v":1.42111961734732E-4,"d":"0.000"},{"v":0.0002756440078013,"d":"0.000"},{"v":0.606159378689903,"d":"0.606"}]
["FVC, education",null,{"v":316.819907365699,"d":"316.820"},{"v":0.367412936395086,"d":"0.367"},{"v":317.78249564641,"d":"317.782"},{"v":0.368172568331316,"d":"0.368"},{"v":-0.000235199961721136,"d":"-0.000"},{"v":2.42741456441206E-4,"d":"0.000"},{"v":0.332579124611344,"d":"0.333"}]
["FVC, smoking","TH_inferior temporal",{"v":320.87899164387,"d":"320.879"},{"v":0.0762759069566015,"d":"0.076"},{"v":321.054351785988,"d":"321.054"},{"v":0.0813054687007059,"d":"0.081"},{"v":-4.16464457696687e-05,"d":"-0.000"},{"v":1.05341651926571E-4,"d":"0.000"},{"v":0.692587239935972,"d":"0.693"}]
["FVC, education",null,{"v":366.752838077518,"d":"366.753"},{"v":0.0640788262462659,"d":"0.064"},{"v":366.764803828208,"d":"366.765"},{"v":0.0689744652270724,"d":"0.069"},{"v":-9.30286757762681e-06,"d":"-0.000"},{"v":9.00657623384625e-05,"d":"0.000"},{"v":0.917733032433277,"d":"0.918"}]
["FEV1/FVC, smoking","temporal pole",{"v":279.764027706163,"d":"279.764"},{"v":0.408902744564812,"d":"0.409"},{"v":279.973374521131,"d":"279.973"},{"v":0.42204699139867,"d":"0.422"},{"v":0.000165423294184702,"d":"0.000"},{"v":0.000364664154152622,"d":"0.000"},{"v":0.650093787310481,"d":"0.650"}]
["FEV1/FVC, education",null,{"v":342.358774098731,"d":"342.359"},{"v":0.255831283891678,"d":"0.256"},{"v":345.085150745503,"d":"345.085"},{"v":0.235606234962223,"d":"0.236"},{"v":0.000308814810133242,"d":"0.000"},{"v":1.91662489449558E-4,"d":"0.000"},{"v":0.107126808015666,"d":"0.107"}]
["FEV1, smoking","brainstem",{"v":198.655223722639,"d":"198.655"},{"v":0.61164952040681,"d":"0.612"},{"v":198.658216947976,"d":"198.658"},{"v":0.630486382329824,"d":"0.630"},{"v":0.000128094666188292,"d":"0.000"},{"v":0.00234132304549629,"d":"0.002"},{"v":0.956369202201407,"d":"0.956"}]
["FEV1, education",null,{"v":353.627218761457,"d":"353.627"},{"v":8.05673653357964e-06,"d":"0.000"},{"v":354.289970894966,"d":"354.290"},{"v":8.77219127007895e-06,"d":"0.000"},{"v":-0.000821346722275676,"d":"-0.001"},{"v":0.00120964030844097,"d":"0.001"},{"v":0.497137362844059,"d":"0.497"}]
["FVC, smoking","brainstem",{"v":234.168212542239,"d":"234.168"},{"v":0.646258230073862,"d":"0.646"},{"v":234.222278468477,"d":"234.222"},{"v":0.66216703722223,"d":"0.662"},{"v":-0.000249703808986153,"d":"-0.000"},{"v":1.07389876603908E-3,"d":"0.001"},{"v":0.816133527451287,"d":"0.816"}]
["FVC, education",null,{"v":377.844821179818,"d":"377.845"},{"v":0.000291103956314786,"d":"0.000"},{"v":378.590128310024,"d":"378.590"},{"v":0.000306349055654864,"d":"0.000"},{"v":-7.89295020359463E-4,"d":"-0.001"},{"v":0.00104720623179812,"d":"0.001"},{"v":0.451020387056527,"d":"0.451"}]
["FEV1/FVC, smoking","amygdala",{"v":182.728041448892,"d":"182.728"},{"v":0.998256439866003,"d":"0.998"},{"v":182.858024389196,"d":"182.858"},{"v":0.998469956647362,"d":"0.998"},{"v":0.000557237986655146,"d":"0.001"},{"v":0.00154560151946745,"d":"0.002"},{"v":0.718449727639756,"d":"0.718"}]
["FEV1/FVC, education",null,{"v":236.34713887509,"d":"236.347"},{"v":0.990716516079433,"d":"0.991"},{"v":236.503230539259,"d":"236.503"},{"v":0.991567290827567,"d":"0.992"},{"v":-0.000303639827850193,"d":"-0.000"},{"v":0.000768544256076443,"d":"0.001"},{"v":0.692780619039514,"d":"0.693"}]
[]
["Notes: MR, Mendelian randomization; IVW, inverse variance weighted; SE, standard error of coefficient estimate; FEV1, forced expiratory volume in one second; FVC, forced vital capacity; SA, surface area; TH, thickness."]